{"text_format":"2","workbook":"xlsx","n_sheets":28,"sheets":["RESUMO MODULO TOTAL","CRONOGRAMA TOTAL","Mob"," Canteiro","Adm Local","Projeto Executivo"," CONSUMO DE MAT. B TOTAL","CPU CODEVASF","BDI","ENC. SOCIAIS","Transporte Cap 50-70","Transporte RR-1C","RESUMO_Transp","MOMENTO DE TRANSPORTE - PRINC","MOMENTO DE TRANSPORTE - AUX","MC MODULO","ANP ESTADO","ANP REGIÃO","Curva ABC","MATERIAL SICRO","Pessoal Sicro","Equipamentos","SINTÉTICO SICRO","INSUMOS SINAPI","COMP Sint. Sinapi","Tabela 1","Tabelas 1 e 2","Tabelas 2 e 3 mob"],"not_rendered":{"charts":0,"images":19,"macros":1,"external_links":203,"defined_names":32584,"comments":3,"pivot_tables":0},"unopened":[],"bounds":{"document_bytes":16777216,"sheet_cells":100000,"run_cost":"one","rows_first":2000,"rows_last":500,"rows_between":2000,"halvings":0,"cell_chars":16384,"cell_head_chars":4096},"cells_cut":0,"cells_raw":0,"read":"whole","date_system":"1900"}

{"sheet":"RESUMO MODULO TOTAL","index":0,"n_rows":51,"n_cols":15,"rows_kept":51,"cut":false,"hidden":false,"merged":[[18,4,18,7],[1,1,3,11],[4,1,4,13],[5,1,8,1],[5,2,8,2],[5,3,8,3],[5,4,8,7],[6,9,7,9],[6,12,8,12],[6,13,8,13],[10,4,10,7],[11,4,11,7],[13,4,13,7],[14,4,14,7],[16,4,16,7],[33,4,33,7],[19,4,19,7],[20,4,20,7],[21,4,21,7],[23,4,23,7],[24,4,24,7],[25,4,25,7],[26,4,26,7],[28,4,28,7],[29,4,29,7],[30,4,30,7],[31,4,31,7],[47,4,47,7],[34,4,34,7],[35,4,35,7],[37,4,37,7],[39,4,39,7],[40,4,40,7],[41,4,41,7],[42,4,42,7],[43,4,43,7],[44,4,44,7],[45,4,45,7],[46,4,46,7]]}
[null,"CONTRATAÇÃO DE SERVIÇOS DE EXECUÇÃO DE CAPA ASFÁLTICA COM CONCRETO BETUMINOSO USINADO A QUENTE (CBUQ) EM VIAS DE DIVERSOS MUNICÍPIOS INSERIDOS NA ÁREA DE ATUAÇÃO DA 16ª SUPERINTENDÊNCIA REGIONAL DA CODEVASF, NO ESTADO DE MINAS GERAIS -  REGIÃO  NOROESTE",{"$nulls":11},"xxxxxxxxxxxx"]
[{"$nulls":12},"SICRO:",{"$f":"'SINTÉTICO SICRO'!B2","v":"Minas Gerais - Abril/2024"}]
[{"$nulls":12},"SINAPI:",{"$f":"RIGHT('INSUMOS SINAPI'!A3,7)","v":"06/2024"}]
[{"$nulls":12},"Data base do orçamento: ","2024-08-01"]
[null,{"$f":"B1","v":"CONTRATAÇÃO DE SERVIÇOS DE EXECUÇÃO DE CAPA ASFÁLTICA COM CONCRETO BETUMINOSO USINADO A QUENTE (CBUQ) EM VIAS DE DIVERSOS MUNICÍPIOS INSERIDOS NA ÁREA DE ATUAÇÃO DA 16ª SUPERINTENDÊNCIA REGIONAL DA CODEVASF, NO ESTADO DE MINAS GERAIS -  REGIÃO  NOROESTE"}]
[null,"ITEM","ORIGEM\nCOMPOSIÇÃO","CÓDIGO\nCOMPOSIÇÃO","DISCRIMINAÇÃO DOS SERVIÇOS",null,null,null,"BDI % =",{"$f":"BDI!C16","v":0.2339},"BDI  DIFERENCIADO%:",{"$f":"BDI!C66","v":0.15},"R$/m² =",{"$f":"N49/I8","v":117.13}]
[{"$nulls":8},"Total de m²","Encargos Sociais:","Horista R$","Mensalista R$","PREÇO UNITÁRIO COM BDI","PREÇO TOTAL COM BDI "]
[{"$nulls":8},{"$f":"'MC MODULO'!G1*'MC MODULO'!C1*'MC MODULO'!C2","v":224000},null,{"$f":"'ENC. SOCIAIS'!$E$47","v":108.9},{"$f":"'ENC. SOCIAIS'!$F$47","v":67.790000000000006}]
[{"$nulls":8},"UND","QTDE.","BDI","PREÇO UNITÁRIO "]
[{"$nulls":4},"MOBILIZAÇÃO/DESMOBILIZAÇÃO"]
[{"$f":"VLOOKUP(N11,'RESUMO MODULO TOTAL'!$O$11:$P$45,2,0)","v":{"$error":"#N/A"}},1,"Codevasf","Mob","Mobilização",null,null,null,"kmxfrente",{"$f":"Mob!B64*Mob!H6","v":8000},{"$f":"(M11/L11-1)","v":0.23389999999999977},{"$f":"Mob!B61","v":107.62697333333332},{"$f":"Mob!B63","v":132.80092239599998},{"$f":"ROUND(ROUND(J11,2)*ROUND(M11,6),2)","v":1062407.3799999999},{"$f":"N11/N49","v":4.0492530430169163E-2}]
[{"$f":"VLOOKUP(N12,'RESUMO MODULO TOTAL'!$O$11:$P$45,2,0)","v":{"$error":"#N/A"}},2,"Codevasf","Mob","Desmobilização",null,null,null,"kmxfrente",{"$f":"Mob!H6*Mob!B64","v":8000},{"$f":"(M12/L12-1)","v":0.23389999999999977},{"$f":"Mob!B61","v":107.62697333333332},{"$f":"Mob!B63","v":132.80092239599998},{"$f":"ROUND(ROUND(J12,2)*ROUND(M12,6),2)","v":1062407.3799999999},{"$f":"N12/$N$49","v":4.0492530430169163E-2}]
[{"$nulls":4},"INSTALAÇÃO DE CANTEIRO"]
[{"$f":"VLOOKUP(#REF!,'RESUMO MODULO TOTAL'!$O$11:$P$45,2,0)","v":{"$error":"#REF!"}},3,"Codevasf","Canteiro","Canteiro de Obras",null,null,null,"frente",{"$f":"'MC MODULO'!G1","v":16},{"$f":"(M14/L14-1)","v":0.2339},{"$f":"' Canteiro'!F11","v":22194.840000000004},{"$f":"' Canteiro'!F13","v":27386.213076000004},{"$f":"ROUND(ROUND(J14,2)*ROUND(M14,6),2)","v":438179.41},{"$f":"N14/J20","v":1.9561580803571428}]
[{"$f":"VLOOKUP(N14,'RESUMO MODULO TOTAL'!$O$11:$P$45,2,0)","v":{"$error":"#N/A"}},4,"SINAPI",103689,"Fornecimento e instalação de placa de obra com chapa galvanizada e estrutura de madeira. af_03/2022_ps",null,null,null,"m²",{"$f":"'MC MODULO'!H25","v":256},{"$f":"(M15/L15-1)","v":0.2339},{"$f":"VLOOKUP(D15,'COMP Sint. Sinapi'!G7:K1048576,5,0)","v":308.43},{"$f":"L15*(1+$J$6)","v":380.571777},{"$f":"ROUND(ROUND(J15,2)*ROUND(M15,6),2)","v":97426.37}]
[{"$nulls":4},"ADMINISTRAÇÃO LOCAL DA OBRA"]
[null,5,"Codevasf","Adm Local","Administração Local da Obra",null,null,null,"und",1,{"$f":"(M17/L17-1)","v":0.2339},{"$f":"'Adm Local'!J249","v":815404.50856663659},{"$f":"'Adm Local'!I251","v":1006127.6231203729},{"$f":"ROUND(ROUND(J17,2)*ROUND(M17,6),2)","v":1006127.62},{"$f":"N17/N49","v":3.8347487071751778E-2}]
[{"$f":"VLOOKUP(N18,'RESUMO MODULO TOTAL'!$O$11:$P$45,2,0)","v":{"$error":"#N/A"}},null,null,null,"PAVIMENTAÇÃO"]
[{"$f":"VLOOKUP(N19,'RESUMO MODULO TOTAL'!$O$11:$P$45,2,0)","v":{"$error":"#N/A"}},6,"SICRO",4011463,{"$f":"VLOOKUP(D19,'SINTÉTICO SICRO'!$A$4:$D$1048576,2,0)","v":"Concreto asfáltico - faixa C - areia e brita comerciais"},null,null,null,"t",{"$f":"'MC MODULO'!H33","v":26880},{"$f":"(M19/L19-1)","v":0.2339},{"$f":"ROUND(IF(C19=\"CODEVASF\",VLOOKUP(D19,'CPU CODEVASF'!E:I,5,FALSE),VLOOKUP(D19,'SINTÉTICO SICRO'!A:D,4,FALSE)),6)","v":222.99},{"$f":"ROUND(IF(C19=\"CODEVASF\",VLOOKUP(D19,'CPU CODEVASF'!E:H,4,FALSE),VLOOKUP(D19,'SINTÉTICO SICRO'!A:D,4,FALSE)*(1+$J$6)),6)","v":275.14736099999999},{"$f":"ROUND(ROUND(J19,2)*ROUND(M19,6),2)","v":7395961.0599999996}]
[{"$f":"VLOOKUP(N20,'RESUMO MODULO TOTAL'!$O$11:$P$45,2,0)","v":{"$error":"#N/A"}},7,"SICRO",4011353,{"$f":"VLOOKUP(D20,'SINTÉTICO SICRO'!$A$4:$D$1048576,2,0)","v":"Pintura de ligação"},null,null,null,"m²",{"$f":"'MC MODULO'!H39","v":224000},0.23389999999999977,{"$f":"ROUND(IF(C20=\"CODEVASF\",VLOOKUP(D20,'CPU CODEVASF'!E:I,5,FALSE),VLOOKUP(D20,'SINTÉTICO SICRO'!A:D,4,FALSE)),6)","v":0.27},{"$f":"ROUND(IF(C20=\"CODEVASF\",VLOOKUP(D20,'CPU CODEVASF'!E:H,4,FALSE),VLOOKUP(D20,'SINTÉTICO SICRO'!A:D,4,FALSE)*(1+$J$6)),6)","v":0.33315299999999998},74626.27]
[{"$f":"VLOOKUP(N21,'RESUMO MODULO TOTAL'!$O$11:$P$45,2,0)","v":{"$error":"#N/A"}},8,"SICRO",4915663,{"$f":"VLOOKUP(D21,'SINTÉTICO SICRO'!$A$4:$D$1048576,2,0)","v":"Fresagem descontínua de revestimento asfáltico - espessura de 5 cm"},null,null,null,"m³",{"$f":"'MC MODULO'!H45","v":1120},0.23390000000000022,{"$f":"ROUND(IF(C21=\"CODEVASF\",VLOOKUP(D21,'CPU CODEVASF'!E:I,5,FALSE),VLOOKUP(D21,'SINTÉTICO SICRO'!A:D,4,FALSE)),6)","v":72.55},{"$f":"ROUND(IF(C21=\"CODEVASF\",VLOOKUP(D21,'CPU CODEVASF'!E:H,4,FALSE),VLOOKUP(D21,'SINTÉTICO SICRO'!A:D,4,FALSE)*(1+$J$6)),6)","v":89.519445000000005},100261.78]
[{"$f":"VLOOKUP(N22,'RESUMO MODULO TOTAL'!$O$11:$P$45,2,0)","v":{"$error":"#N/A"}},9,"SICRO",4915618,{"$f":"VLOOKUP(D22,'SINTÉTICO SICRO'!$A$4:$D$1048576,2,0)","v":"Recomposição de camada granular do pavimento com material de jazida"},null,null,null,"m²",{"$f":"'MC MODULO'!H51","v":22400},0.2339,{"$f":"ROUND(IF(C22=\"CODEVASF\",VLOOKUP(D22,'CPU CODEVASF'!E:I,5,FALSE),VLOOKUP(D22,'SINTÉTICO SICRO'!A:D,4,FALSE)),6)","v":3.12},{"$f":"ROUND(IF(C22=\"CODEVASF\",VLOOKUP(D22,'CPU CODEVASF'!E:H,4,FALSE),VLOOKUP(D22,'SINTÉTICO SICRO'!A:D,4,FALSE)*(1+$J$6)),6)","v":3.8497680000000001},86234.8]
[{"$f":"VLOOKUP(N23,'RESUMO MODULO TOTAL'!$O$11:$P$45,2,0)","v":{"$error":"#N/A"}},null,null,null,"AQUISIÇÃO E TRANSPORTE DO MATERIAL BETUMINOSO"]
[{"$f":"VLOOKUP(N24,'RESUMO MODULO TOTAL'!$O$11:$P$45,2,0)","v":{"$error":"#N/A"}},10,"CODEVASF","CPU-13","AQUISIÇÃO DE CIMENTO ASFALTICO CAP 50/70",null,null,null,"t",{"$f":"' CONSUMO DE MAT. B TOTAL'!O16","v":1733.49},{"$f":"(M24/L24-1)","v":0.1500000000118431},{"$f":"ROUND(IF(C24=\"CODEVASF\",VLOOKUP(D24,'CPU CODEVASF'!E:I,5,FALSE),VLOOKUP(D24,'SINTÉTICO SICRO'!A:D,4,FALSE)),6)","v":4221.8631930000001},{"$f":"ROUND(IF(C24=\"CODEVASF\",VLOOKUP(D24,'CPU CODEVASF'!E:H,4,FALSE),VLOOKUP(D24,'SINTÉTICO SICRO'!A:D,4,FALSE)*(1+$J$6)),6)","v":4855.1426719999999},{"$f":"ROUND(ROUND(J24,2)*ROUND(M24,6),2)","v":8416341.2699999996}]
[{"$f":"VLOOKUP(N25,'RESUMO MODULO TOTAL'!$O$11:$P$45,2,0)","v":{"$error":"#N/A"}},11,"CODEVASF","CPU-17","TRANSPORTE CAP 50/70",null,null,null,"t",{"$f":"' CONSUMO DE MAT. B TOTAL'!O16","v":1733.49},0.1500111339287924,{"$f":"ROUND(IF(C25=\"CODEVASF\",VLOOKUP(D25,'CPU CODEVASF'!E:I,5,FALSE),VLOOKUP(D25,'SINTÉTICO SICRO'!A:D,4,FALSE)),6)","v":404.17},{"$f":"ROUND(IF(C25=\"CODEVASF\",VLOOKUP(D25,'CPU CODEVASF'!E:H,4,FALSE),VLOOKUP(D25,'SINTÉTICO SICRO'!A:D,4,FALSE)*(1+$J$6)),6)","v":464.8},805726.15]
[{"$f":"VLOOKUP(N26,'RESUMO MODULO TOTAL'!$O$11:$P$45,2,0)","v":{"$error":"#N/A"}},12,"CODEVASF","CPU-15","AQUISIÇÃO DE EMULSÃO ASFÁLTICA RR-1C",null,null,null,"t",{"$f":"' CONSUMO DE MAT. B TOTAL'!O14","v":100.8},0.15000000001622404,{"$f":"ROUND(IF(C26=\"CODEVASF\",VLOOKUP(D26,'CPU CODEVASF'!E:I,5,FALSE),VLOOKUP(D26,'SINTÉTICO SICRO'!A:D,4,FALSE)),6)","v":3081.8515130000001},{"$f":"ROUND(IF(C26=\"CODEVASF\",VLOOKUP(D26,'CPU CODEVASF'!E:H,4,FALSE),VLOOKUP(D26,'SINTÉTICO SICRO'!A:D,4,FALSE)*(1+$J$6)),6)","v":3544.1292400000002},357248.23]
[{"$f":"VLOOKUP(N27,'RESUMO MODULO TOTAL'!$O$11:$P$45,2,0)","v":{"$error":"#N/A"}},13,"CODEVASF","CPU-19","TRANSPORTE RR-1C",null,null,null,"t",{"$f":"' CONSUMO DE MAT. B TOTAL'!O14","v":100.8},0.15000000098201216,{"$f":"ROUND(IF(C27=\"CODEVASF\",VLOOKUP(D27,'CPU CODEVASF'!E:I,5,FALSE),VLOOKUP(D27,'SINTÉTICO SICRO'!A:D,4,FALSE)),6)","v":305.49523799999997},{"$f":"ROUND(IF(C27=\"CODEVASF\",VLOOKUP(D27,'CPU CODEVASF'!E:H,4,FALSE),VLOOKUP(D27,'SINTÉTICO SICRO'!A:D,4,FALSE)*(1+$J$6)),6)","v":351.319524},35413.01]
[{"$f":"VLOOKUP(N28,'RESUMO MODULO TOTAL'!$O$11:$P$45,2,0)","v":{"$error":"#N/A"}},null,null,null,"SINALIZAÇÃO"]
[{"$f":"VLOOKUP(N29,'RESUMO MODULO TOTAL'!$O$11:$P$45,2,0)","v":{"$error":"#N/A"}},14,"SICRO",5213440,{"$f":"VLOOKUP(D29,'SINTÉTICO SICRO'!$A$4:$D$1048576,2,0)","v":"Placa de regulamentação em aço D = 0,60 m - película retrorrefletiva tipo I + SI - fornecimento e implantação"},null,null,null,"und",{"$f":"'MC MODULO'!H58","v":96},{"$f":"(M29/L29-1)","v":0.2339},{"$f":"ROUND(IF(C29=\"CODEVASF\",VLOOKUP(D29,'CPU CODEVASF'!E:I,5,FALSE),VLOOKUP(D29,'SINTÉTICO SICRO'!A:D,4,FALSE)),6)","v":247.15},{"$f":"ROUND(IF(C29=\"CODEVASF\",VLOOKUP(D29,'CPU CODEVASF'!E:H,4,FALSE),VLOOKUP(D29,'SINTÉTICO SICRO'!A:D,4,FALSE)*(1+$J$6)),6)","v":304.95838500000002},{"$f":"ROUND(ROUND(J29,2)*ROUND(M29,6),2)","v":29276}]
[null,15,"SICRO",5213464,{"$f":"VLOOKUP(D30,'SINTÉTICO SICRO'!$A$4:$D$1048576,2,0)","v":"Placa de advertência em aço, lado de 0,60 m - película retrorrefletiva tipo I + SI - fornecimento e implantação"},null,null,null,"und",{"$f":"'MC MODULO'!H63","v":96},{"$f":"M30/L30-1","v":0.2339},{"$f":"ROUND(IF(C30=\"CODEVASF\",VLOOKUP(D30,'CPU CODEVASF'!E:I,5,FALSE),VLOOKUP(D30,'SINTÉTICO SICRO'!A:D,4,FALSE)),6)","v":247.18},{"$f":"ROUND(IF(C30=\"CODEVASF\",VLOOKUP(D30,'CPU CODEVASF'!E:H,4,FALSE),VLOOKUP(D30,'SINTÉTICO SICRO'!A:D,4,FALSE)*(1+$J$6)),6)","v":304.99540200000001},29279.56]
[{"$f":"VLOOKUP(N31,'RESUMO MODULO TOTAL'!$O$11:$P$45,2,0)","v":{"$error":"#N/A"}},16,"SICRO",5213863,{"$f":"VLOOKUP(D31,'SINTÉTICO SICRO'!$A$4:$D$1048576,2,0)","v":"Suporte metálico galvanizado para placa de advertência ou regulamentação - lado ou diâmetro de 0,60 m - fornecimento e implantação"},null,null,null,"und",{"$f":"'MC MODULO'!H69","v":192},{"$f":"(M31/L31-1)","v":0.2339},{"$f":"ROUND(IF(C31=\"CODEVASF\",VLOOKUP(D31,'CPU CODEVASF'!E:I,5,FALSE),VLOOKUP(D31,'SINTÉTICO SICRO'!A:D,4,FALSE)),6)","v":448.44},{"$f":"ROUND(IF(C31=\"CODEVASF\",VLOOKUP(D31,'CPU CODEVASF'!E:H,4,FALSE),VLOOKUP(D31,'SINTÉTICO SICRO'!A:D,4,FALSE)*(1+$J$6)),6)","v":553.33011599999998},106239.38]
[{"$f":"VLOOKUP(N32,'RESUMO MODULO TOTAL'!$O$11:$P$45,2,0)","v":{"$error":"#N/A"}},17,"SICRO",5213400,{"$f":"VLOOKUP(D32,'SINTÉTICO SICRO'!$A$4:$D$1048576,2,0)","v":"Pintura de faixa com tinta acrílica - espessura de 0,4 mm"},null,null,null,"m²",{"$f":"'MC MODULO'!H74+'MC MODULO'!H79","v":7680},0.2339,{"$f":"ROUND(IF(C32=\"CODEVASF\",VLOOKUP(D32,'CPU CODEVASF'!E:I,5,FALSE),VLOOKUP(D32,'SINTÉTICO SICRO'!A:D,4,FALSE)),6)","v":23.4},{"$f":"ROUND(IF(C32=\"CODEVASF\",VLOOKUP(D32,'CPU CODEVASF'!E:H,4,FALSE),VLOOKUP(D32,'SINTÉTICO SICRO'!A:D,4,FALSE)*(1+$J$6)),6)","v":28.873259999999998},221746.64]
[{"$f":"VLOOKUP(N33,'RESUMO MODULO TOTAL'!$O$11:$P$45,2,0)","v":{"$error":"#N/A"}},null,null,null,"DRENAGEM"]
[{"$f":"VLOOKUP(N34,'RESUMO MODULO TOTAL'!$O$11:$P$45,2,0)","v":{"$error":"#N/A"}},18,"SICRO",4915777,{"$f":"VLOOKUP(D34,'SINTÉTICO SICRO'!$A$4:$D$1048576,2,0)","v":"Reassentamento manual de meio-fio com material arrancado da pista"},null,null,null,"m",{"$f":"'MC MODULO'!H86","v":6400},{"$f":"(M34/L34-1)","v":0.2339},{"$f":"ROUND(IF(C34=\"CODEVASF\",VLOOKUP(D34,'CPU CODEVASF'!E:I,5,FALSE),VLOOKUP(D34,'SINTÉTICO SICRO'!A:D,4,FALSE)),6)","v":13.34},{"$f":"ROUND(IF(C34=\"CODEVASF\",VLOOKUP(D34,'CPU CODEVASF'!E:H,4,FALSE),VLOOKUP(D34,'SINTÉTICO SICRO'!A:D,4,FALSE)*(1+$J$6)),6)","v":16.460225999999999},{"$f":"ROUND(ROUND(J34,2)*ROUND(M34,6),2)","v":105345.45}]
[{"$f":"VLOOKUP(N35,'RESUMO MODULO TOTAL'!$O$11:$P$45,2,0)","v":{"$error":"#N/A"}},19,"SICRO",4915708,{"$f":"VLOOKUP(D35,'SINTÉTICO SICRO'!$A$4:$D$1048576,2,0)","v":"Limpeza de sarjeta e meio-fio"},null,null,null,"m",{"$f":"'MC MODULO'!H91","v":64000},0.23390000000000022,{"$f":"ROUND(IF(C35=\"CODEVASF\",VLOOKUP(D35,'CPU CODEVASF'!E:I,5,FALSE),VLOOKUP(D35,'SINTÉTICO SICRO'!A:D,4,FALSE)),6)","v":0.69},{"$f":"ROUND(IF(C35=\"CODEVASF\",VLOOKUP(D35,'CPU CODEVASF'!E:H,4,FALSE),VLOOKUP(D35,'SINTÉTICO SICRO'!A:D,4,FALSE)*(1+$J$6)),6)","v":0.85139100000000001},54489.02]
[{"$f":"VLOOKUP(N36,'RESUMO MODULO TOTAL'!$O$11:$P$45,2,0)","v":{"$error":"#N/A"}},20,"SICRO",4915724,{"$f":"VLOOKUP(D36,'SINTÉTICO SICRO'!$A$4:$D$1048576,2,0)","v":"Caiação mecanizada com fixador de cal"},null,null,null,"m²",{"$f":"'MC MODULO'!H96","v":7680},0.2339,{"$f":"ROUND(IF(C36=\"CODEVASF\",VLOOKUP(D36,'CPU CODEVASF'!E:I,5,FALSE),VLOOKUP(D36,'SINTÉTICO SICRO'!A:D,4,FALSE)),6)","v":1.79},{"$f":"ROUND(IF(C36=\"CODEVASF\",VLOOKUP(D36,'CPU CODEVASF'!E:H,4,FALSE),VLOOKUP(D36,'SINTÉTICO SICRO'!A:D,4,FALSE)*(1+$J$6)),6)","v":2.2086809999999999},16962.669999999998]
[{"$f":"VLOOKUP(N37,'RESUMO MODULO TOTAL'!$O$11:$P$45,2,0)","v":{"$error":"#N/A"}},null,null,null,"PROJETO EXECUTIVO"]
[{"$f":"VLOOKUP(N38,'RESUMO MODULO TOTAL'!$O$11:$P$45,2,0)","v":{"$error":"#N/A"}},21,"Codevasf","Composição Própria","Projeto Executivo",null,null,null,"m²",{"$f":"'MC MODULO'!H110","v":224000},{"$f":"(M38/L38-1)","v":0.23390036709533391},{"$f":"ROUND(('Projeto Executivo'!G29)/(1+J6),6)","v":1.299231},{"$f":"'Projeto Executivo'!G29","v":1.6031216078416377},{"$f":"ROUND(ROUND(J38,2)*ROUND(M38,6),2)","v":359099.33},{"$f":"N38/N49","v":1.3686690078789136E-2}]
[{"$f":"VLOOKUP(N39,'RESUMO MODULO TOTAL'!$O$11:$P$45,2,0)","v":{"$error":"#N/A"}},null,null,null,"MOMENTO DE TRANSPORTE"]
[{"$f":"VLOOKUP(N40,'RESUMO MODULO TOTAL'!$O$11:$P$45,2,0)","v":{"$error":"#N/A"}},22,"SICRO",5914359,{"$f":"VLOOKUP(D40,'SINTÉTICO SICRO'!$A$4:$D$1048576,2,0)","v":"Transporte com caminhão basculante de 10 m³ - rodovia em leito natural"},null,null,null,"tkm",{"$f":"ROUND(SUMIF('MOMENTO DE TRANSPORTE - PRINC'!A:A,'RESUMO MODULO TOTAL'!D40,'MOMENTO DE TRANSPORTE - PRINC'!K:K)+SUMIF('MOMENTO DE TRANSPORTE - AUX'!A:A,'RESUMO MODULO TOTAL'!D40,'MOMENTO DE TRANSPORTE - AUX'!K:K),2)","v":399111.93},{"$f":"(M40/L40-1)","v":0.23390000000000022},{"$f":"ROUND(IF(C40=\"CODEVASF\",VLOOKUP(D40,'CPU CODEVASF'!E:I,5,FALSE),VLOOKUP(D40,'SINTÉTICO SICRO'!A:D,4,FALSE)),6)","v":1.21},{"$f":"ROUND(IF(C40=\"CODEVASF\",VLOOKUP(D40,'CPU CODEVASF'!E:H,4,FALSE),VLOOKUP(D40,'SINTÉTICO SICRO'!A:D,4,FALSE)*(1+$J$6)),6)","v":1.4930190000000001},{"$f":"ROUND(ROUND(J40,2)*ROUND(M40,6),2)","v":595881.68999999994}]
[{"$f":"VLOOKUP(N41,'RESUMO MODULO TOTAL'!$O$11:$P$45,2,0)","v":{"$error":"#N/A"}},23,"SICRO",5914374,{"$f":"VLOOKUP(D41,'SINTÉTICO SICRO'!$A$4:$D$1048576,2,0)","v":"Transporte com caminhão basculante de 10 m³ - rodovia em revestimento primário"},null,null,null,"tkm",{"$f":"ROUND(SUMIF('MOMENTO DE TRANSPORTE - PRINC'!A:A,'RESUMO MODULO TOTAL'!D41,'MOMENTO DE TRANSPORTE - PRINC'!K:K)+SUMIF('MOMENTO DE TRANSPORTE - AUX'!A:A,'RESUMO MODULO TOTAL'!D41,'MOMENTO DE TRANSPORTE - AUX'!K:K),2)","v":399111.93},0.2339,{"$f":"ROUND(IF(C41=\"CODEVASF\",VLOOKUP(D41,'CPU CODEVASF'!E:I,5,FALSE),VLOOKUP(D41,'SINTÉTICO SICRO'!A:D,4,FALSE)),6)","v":0.97},{"$f":"ROUND(IF(C41=\"CODEVASF\",VLOOKUP(D41,'CPU CODEVASF'!E:H,4,FALSE),VLOOKUP(D41,'SINTÉTICO SICRO'!A:D,4,FALSE)*(1+$J$6)),6)","v":1.1968829999999999},477690.28]
[{"$f":"VLOOKUP(N42,'RESUMO MODULO TOTAL'!$O$11:$P$45,2,0)","v":{"$error":"#N/A"}},24,"SICRO",5914389,{"$f":"VLOOKUP(D42,'SINTÉTICO SICRO'!$A$4:$D$1048576,2,0)","v":"Transporte com caminhão basculante de 10 m³ - rodovia pavimentada"},null,null,null,"tkm",{"$f":"ROUND(SUMIF('MOMENTO DE TRANSPORTE - PRINC'!A:A,'RESUMO MODULO TOTAL'!D42,'MOMENTO DE TRANSPORTE - PRINC'!K:K)+SUMIF('MOMENTO DE TRANSPORTE - AUX'!A:A,'RESUMO MODULO TOTAL'!D42,'MOMENTO DE TRANSPORTE - AUX'!K:K),2)","v":3192895.43},0.2339,{"$f":"ROUND(IF(C42=\"CODEVASF\",VLOOKUP(D42,'CPU CODEVASF'!E:I,5,FALSE),VLOOKUP(D42,'SINTÉTICO SICRO'!A:D,4,FALSE)),6)","v":0.79},{"$f":"ROUND(IF(C42=\"CODEVASF\",VLOOKUP(D42,'CPU CODEVASF'!E:H,4,FALSE),VLOOKUP(D42,'SINTÉTICO SICRO'!A:D,4,FALSE)*(1+$J$6)),6)","v":0.97478100000000001},3112373.8]
[{"$f":"VLOOKUP(N43,'RESUMO MODULO TOTAL'!$O$11:$P$45,2,0)","v":{"$error":"#N/A"}},25,"SICRO",5914364,{"$f":"VLOOKUP(D43,'SINTÉTICO SICRO'!$A$4:$D$1048576,2,0)","v":"Transporte de cimento ou cal hidratada a granel com caminhão silo de 30 m³ - rodovia em leito natural"},null,null,null,"tkm",{"$f":"ROUND(SUMIF('MOMENTO DE TRANSPORTE - PRINC'!A:A,'RESUMO MODULO TOTAL'!D43,'MOMENTO DE TRANSPORTE - PRINC'!K:K)+SUMIF('MOMENTO DE TRANSPORTE - AUX'!A:A,'RESUMO MODULO TOTAL'!D43,'MOMENTO DE TRANSPORTE - AUX'!K:K),2)","v":9245.2099999999991},0.2339,{"$f":"ROUND(IF(C43=\"CODEVASF\",VLOOKUP(D43,'CPU CODEVASF'!E:I,5,FALSE),VLOOKUP(D43,'SINTÉTICO SICRO'!A:D,4,FALSE)),6)","v":0.89},{"$f":"ROUND(IF(C43=\"CODEVASF\",VLOOKUP(D43,'CPU CODEVASF'!E:H,4,FALSE),VLOOKUP(D43,'SINTÉTICO SICRO'!A:D,4,FALSE)*(1+$J$6)),6)","v":1.098171},10152.82]
[{"$f":"VLOOKUP(N44,'RESUMO MODULO TOTAL'!$O$11:$P$45,2,0)","v":{"$error":"#N/A"}},26,"SICRO",5914365,{"$f":"VLOOKUP(D44,'SINTÉTICO SICRO'!$A$4:$D$1048576,2,0)","v":"Transporte de cimento ou cal hidratada a granel com caminhão silo de 30 m³ - rodovia em revestimento primário"},null,null,null,"tkm",{"$f":"ROUND(SUMIF('MOMENTO DE TRANSPORTE - PRINC'!A:A,'RESUMO MODULO TOTAL'!D44,'MOMENTO DE TRANSPORTE - PRINC'!K:K)+SUMIF('MOMENTO DE TRANSPORTE - AUX'!A:A,'RESUMO MODULO TOTAL'!D44,'MOMENTO DE TRANSPORTE - AUX'!K:K),2)","v":9245.2099999999991},0.2339,{"$f":"ROUND(IF(C44=\"CODEVASF\",VLOOKUP(D44,'CPU CODEVASF'!E:I,5,FALSE),VLOOKUP(D44,'SINTÉTICO SICRO'!A:D,4,FALSE)),6)","v":0.71},{"$f":"ROUND(IF(C44=\"CODEVASF\",VLOOKUP(D44,'CPU CODEVASF'!E:H,4,FALSE),VLOOKUP(D44,'SINTÉTICO SICRO'!A:D,4,FALSE)*(1+$J$6)),6)","v":0.87606899999999999},8099.44]
[{"$f":"VLOOKUP(N45,'RESUMO MODULO TOTAL'!$O$11:$P$45,2,0)","v":{"$error":"#N/A"}},27,"SICRO",5914366,{"$f":"VLOOKUP(D45,'SINTÉTICO SICRO'!$A$4:$D$1048576,2,0)","v":"Transporte de cimento ou cal hidratada a granel com caminhão silo de 30 m³ - rodovia pavimentada"},null,null,null,"tkm",{"$f":"ROUND(SUMIF('MOMENTO DE TRANSPORTE - PRINC'!A:A,'RESUMO MODULO TOTAL'!D45,'MOMENTO DE TRANSPORTE - PRINC'!K:K)+SUMIF('MOMENTO DE TRANSPORTE - AUX'!A:A,'RESUMO MODULO TOTAL'!D45,'MOMENTO DE TRANSPORTE - AUX'!K:K),2)","v":73961.72},0.23390000000000022,{"$f":"ROUND(IF(C45=\"CODEVASF\",VLOOKUP(D45,'CPU CODEVASF'!E:I,5,FALSE),VLOOKUP(D45,'SINTÉTICO SICRO'!A:D,4,FALSE)),6)","v":0.57999999999999996},{"$f":"ROUND(IF(C45=\"CODEVASF\",VLOOKUP(D45,'CPU CODEVASF'!E:H,4,FALSE),VLOOKUP(D45,'SINTÉTICO SICRO'!A:D,4,FALSE)*(1+$J$6)),6)","v":0.71566200000000002},52931.59]
[{"$f":"VLOOKUP(N46,'RESUMO MODULO TOTAL'!$O$11:$P$45,2,0)","v":{"$error":"#N/A"}},28,"SICRO",5914314,{"$f":"VLOOKUP(D46,'SINTÉTICO SICRO'!$A$4:$D$1048576,2,0)","v":"Transporte com caminhão basculante de 6 m³ - rodovia em leito natural"},null,null,null,"tkm",{"$f":"ROUND(SUMIF('MOMENTO DE TRANSPORTE - PRINC'!A:A,'RESUMO MODULO TOTAL'!D46,'MOMENTO DE TRANSPORTE - PRINC'!K:K)+SUMIF('MOMENTO DE TRANSPORTE - AUX'!A:A,'RESUMO MODULO TOTAL'!D46,'MOMENTO DE TRANSPORTE - AUX'!K:K),2)","v":11090.42},0.2339,{"$f":"ROUND(IF(C46=\"CODEVASF\",VLOOKUP(D46,'CPU CODEVASF'!E:I,5,FALSE),VLOOKUP(D46,'SINTÉTICO SICRO'!A:D,4,FALSE)),6)","v":1.24},{"$f":"ROUND(IF(C46=\"CODEVASF\",VLOOKUP(D46,'CPU CODEVASF'!E:H,4,FALSE),VLOOKUP(D46,'SINTÉTICO SICRO'!A:D,4,FALSE)*(1+$J$6)),6)","v":1.530036},16968.740000000002]
[{"$f":"VLOOKUP(N47,'RESUMO MODULO TOTAL'!$O$11:$P$45,2,0)","v":{"$error":"#N/A"}},29,"SICRO",5914329,{"$f":"VLOOKUP(D47,'SINTÉTICO SICRO'!$A$4:$D$1048576,2,0)","v":"Transporte com caminhão basculante de 6 m³ - rodovia em revestimento primário"},null,null,null,"tkm",{"$f":"ROUND(SUMIF('MOMENTO DE TRANSPORTE - PRINC'!A:A,'RESUMO MODULO TOTAL'!D47,'MOMENTO DE TRANSPORTE - PRINC'!K:K)+SUMIF('MOMENTO DE TRANSPORTE - AUX'!A:A,'RESUMO MODULO TOTAL'!D47,'MOMENTO DE TRANSPORTE - AUX'!K:K),2)","v":11090.42},0.2339,{"$f":"ROUND(IF(C47=\"CODEVASF\",VLOOKUP(D47,'CPU CODEVASF'!E:I,5,FALSE),VLOOKUP(D47,'SINTÉTICO SICRO'!A:D,4,FALSE)),6)","v":0.99},{"$f":"ROUND(IF(C47=\"CODEVASF\",VLOOKUP(D47,'CPU CODEVASF'!E:H,4,FALSE),VLOOKUP(D47,'SINTÉTICO SICRO'!A:D,4,FALSE)*(1+$J$6)),6)","v":1.2215609999999999},13547.62]
[{"$f":"VLOOKUP(N48,'RESUMO MODULO TOTAL'!$O$11:$P$45,2,0)","v":{"$error":"#N/A"}},30,"SICRO",5914344,{"$f":"VLOOKUP(D48,'SINTÉTICO SICRO'!$A$4:$D$1048576,2,0)","v":"Transporte com caminhão basculante de 6 m³ - rodovia pavimentada"},null,null,null,"tkm",{"$f":"ROUND(SUMIF('MOMENTO DE TRANSPORTE - PRINC'!A:A,'RESUMO MODULO TOTAL'!D48,'MOMENTO DE TRANSPORTE - PRINC'!K:K)+SUMIF('MOMENTO DE TRANSPORTE - AUX'!A:A,'RESUMO MODULO TOTAL'!D48,'MOMENTO DE TRANSPORTE - AUX'!K:K),2)","v":88723.35},0.2339,{"$f":"ROUND(IF(C48=\"CODEVASF\",VLOOKUP(D48,'CPU CODEVASF'!E:I,5,FALSE),VLOOKUP(D48,'SINTÉTICO SICRO'!A:D,4,FALSE)),6)","v":0.81},{"$f":"ROUND(IF(C48=\"CODEVASF\",VLOOKUP(D48,'CPU CODEVASF'!E:H,4,FALSE),VLOOKUP(D48,'SINTÉTICO SICRO'!A:D,4,FALSE)*(1+$J$6)),6)","v":0.99945899999999999},88675.35]
[{"$nulls":9},"VALOR TOTAL DO SRP",null,null,null,{"$f":"INT(SUM(N11:N48))","v":26237120}]
[null,"Obs.: Os valores estão apresentados com apenas 2 casas decimais, mas os valores da presente planilha foram calculados utilizando a precisão de 6 casa decimais. "]
[{"$nulls":13},{"$f":"117.13*I8","v":26237120}]

{"sheet":"CRONOGRAMA TOTAL","index":1,"n_rows":36,"n_cols":17,"rows_kept":36,"cut":false,"hidden":false,"merged":[[26,0,26,1],[1,0,1,14],[2,0,2,14],[23,0,23,1],[24,0,24,1],[25,0,25,1]]}
[]
[{"$f":"'RESUMO MODULO TOTAL'!B1","v":"CONTRATAÇÃO DE SERVIÇOS DE EXECUÇÃO DE CAPA ASFÁLTICA COM CONCRETO BETUMINOSO USINADO A QUENTE (CBUQ) EM VIAS DE DIVERSOS MUNICÍPIOS INSERIDOS NA ÁREA DE ATUAÇÃO DA 16ª SUPERINTENDÊNCIA REGIONAL DA CODEVASF, NO ESTADO DE MINAS GERAIS -  REGIÃO  NOROESTE"}]
["Cronograma Físico e Financeiro "]
["Item","Descrição","Total Por Etapa","30 DIAS","60 DIAS","90 DIAS","120 DIAS","150 DIAS","180 DIAS","210 DIAS","240 DIAS","270 DIAS","300 DIAS","330 DIAS","360 DIAS"]
[null,{"$f":"'RESUMO MODULO TOTAL'!E10","v":"MOBILIZAÇÃO/DESMOBILIZAÇÃO"},{"$f":"SUM(D5:O5)","v":1},0.5,{"$nulls":10},0.5]
[null,null,{"$f":"SUM('RESUMO MODULO TOTAL'!N11:N12)","v":2124814.7599999998},{"$f":"$C$6*D5","v":1062407.3799999999},{"$nulls":10},{"$f":"$C$6*O5","v":1062407.3799999999},{"$f":"SUM(D6:O6)","v":2124814.7599999998},{"$f":"IF(P6=C6,\"OK\",\"\")","v":"OK"}]
[null,{"$f":"'RESUMO MODULO TOTAL'!E13","v":"INSTALAÇÃO DE CANTEIRO"},{"$f":"SUM(D7:O7)","v":1},0.1,0.5,0.4]
[null,null,{"$f":"SUM('RESUMO MODULO TOTAL'!N14:N15)","v":535605.78},{"$f":"$C$8*D7","v":53560.578000000009},{"$f":"$C$8*E7","v":267802.89},214242.31200000003,0,0,0,0,0,0,0,0,0,{"$f":"SUM(D8:O8)","v":535605.78},{"$f":"IF(P8=C8,\"OK\",\"\")","v":"OK"}]
[null,{"$f":"'RESUMO MODULO TOTAL'!E16","v":"ADMINISTRAÇÃO LOCAL DA OBRA"},{"$f":"SUM(D9:O9)","v":1.0000000043597173},{"$f":"(D6+D8+D12+D14+D16+D18+D20+D22)/($O$29-$C$10)","v":5.846251569435891E-2},{"$f":"(E6+E8+E12+E14+E16+E18+E20+E22)/($O$29-$C$10)","v":1.0614045058817462E-2},8.4912360470539693E-3,0.14299961976631004,0.14299961976631004,0.14299961976631004,0.14299961976631004,0.14299961976631004,0.14299961976631004,3.503570873021682E-3,3.503570873021682E-3,5.7427347215583444E-2]
[null,null,{"$f":"SUM('RESUMO MODULO TOTAL'!N17)","v":1006127.62},{"$f":"$C$10*D9","v":58820.751774777978},{"$f":"$C$10*E9","v":10679.083893600773},{"$f":"$C$10*F9","v":8543.2671148806185},143875.86709638248,143875.86709638248,143875.86709638248,143875.86709638248,143875.86709638248,143875.86709638248,3525.039423974627,3525.039423974627,57779.240176928593,{"$f":"SUM(D10:O10)","v":1006127.624386432},{"$f":"IF(P10=C10,\"OK\",\"\")","v":""}]
[null,{"$f":"'RESUMO MODULO TOTAL'!E18","v":"PAVIMENTAÇÃO"},{"$f":"SUM(D11:O11)","v":0.99999999999999989},null,null,null,{"$f":"1/6","v":0.16666666666666666},{"$f":"1/6","v":0.16666666666666666},0.16666666666666666,0.16666666666666666,0.16666666666666666,0.16666666666666666]
[null,null,{"$f":"SUM('RESUMO MODULO TOTAL'!N19:N22)","v":7657083.9099999992},{"$f":"$C$14*D11","v":0},{"$f":"$C$12*E11","v":0},0,1276180.6516666664,1276180.6516666664,1276180.6516666664,1276180.6516666664,1276180.6516666664,1276180.6516666664,0,0,0,{"$f":"SUM(D12:O12)","v":7657083.9099999983},{"$f":"IF(P12=C12,\"OK\",\"\")","v":"OK"}]
[null,{"$f":"'RESUMO MODULO TOTAL'!E23","v":"AQUISIÇÃO E TRANSPORTE DO MATERIAL BETUMINOSO"},{"$f":"SUM(D13:O13)","v":0.99999999999999989},null,null,null,{"$f":"1/6","v":0.16666666666666666},0.16666666666666666,0.16666666666666666,0.16666666666666666,0.16666666666666666,0.16666666666666666]
[null,null,{"$f":"SUM('RESUMO MODULO TOTAL'!N24:N27)","v":9614728.6600000001},{"$f":"$C$14*D13","v":0},{"$f":"$C$14*E13","v":0},0,1602454.7766666666,1602454.7766666666,1602454.7766666666,1602454.7766666666,1602454.7766666666,1602454.7766666666,0,0,0,{"$f":"SUM(D14:O14)","v":9614728.6600000001},{"$f":"IF(P14=C14,\"OK\",\"\")","v":"OK"}]
[null,{"$f":"'RESUMO MODULO TOTAL'!E28","v":"SINALIZAÇÃO"},{"$f":"SUM(D15:O15)","v":1},{"$nulls":11},1]
[null,null,{"$f":"SUM('RESUMO MODULO TOTAL'!N29:N32)","v":386541.58},{"$f":"$C$16*D15","v":0},{"$f":"$C$16*E15","v":0},0,0,0,0,0,0,0,0,0,386541.58,{"$f":"SUM(D16:O16)","v":386541.58},{"$f":"IF(P16=C16,\"OK\",\"\")","v":"OK"}]
[null,{"$f":"'RESUMO MODULO TOTAL'!E33","v":"DRENAGEM"},{"$f":"SUM(D17:O17)","v":1},{"$nulls":9},0.5,0.5]
[null,null,{"$f":"SUM('RESUMO MODULO TOTAL'!N34:N36)","v":176797.14},{"$f":"$C$18*D17","v":0},{"$f":"$C$18*E17","v":0},0,0,0,0,0,0,0,88398.57,88398.57,0,{"$f":"SUM(D18:O18)","v":176797.14},{"$f":"IF(P18=C18,\"OK\",\"\")","v":"OK"}]
[null,{"$f":"'RESUMO MODULO TOTAL'!E37","v":"PROJETO EXECUTIVO"},{"$f":"SUM(D19:O19)","v":1},1]
[null,null,{"$f":"SUM('RESUMO MODULO TOTAL'!N38)","v":359099.33},{"$f":"$C$20*D19","v":359099.33},{"$f":"$C$20*E19","v":0},0,0,0,0,0,0,0,0,0,0,{"$f":"SUM(D20:O20)","v":359099.33},{"$f":"IF(P20=C20,\"OK\",\"\")","v":"OK"}]
[null,{"$f":"'RESUMO MODULO TOTAL'!E39","v":"MOMENTO DE TRANSPORTE"},{"$f":"SUM(D21:O21)","v":0.99999999999999989},null,null,null,{"$f":"1/6","v":0.16666666666666666},{"$f":"1/6","v":0.16666666666666666},0.16666666666666666,0.16666666666666666,0.16666666666666666,0.16666666666666666]
[null,null,{"$f":"SUM('RESUMO MODULO TOTAL'!N40:N48)","v":4376321.33},{"$f":"$C$22*D21","v":0},{"$f":"$C$22*E21","v":0},0,729386.88833333331,729386.88833333331,729386.88833333331,729386.88833333331,729386.88833333331,729386.88833333331,0,0,0,{"$f":"SUM(D22:O22)","v":4376321.33},{"$f":"IF(P22=C22,\"OK\",\"\")","v":"OK"}]
[]
["Porcentagem",null,null,{"$f":"SUM(D6+D8+D10+D12+D14+D16+D18+D20+D22)/$O$29","v":5.8462515694358903E-2},{"$f":"SUM(E6+E8+E10+E12+E14+E16+E18+E20+E22)/$O$29","v":1.0614045058817462E-2},8.4912360470539693E-3,0.14299961976631004,0.14299961976631004,0.14299961976631004,0.14299961976631004,0.14299961976631004,0.14299961976631004,3.503570873021682E-3,3.503570873021682E-3,5.7427347215583444E-2]
["Custo",null,null,{"$f":"$O$29*D24","v":1533888.0397747778},{"$f":"$O$29*E24","v":278481.97389360081},{"$f":"$O$29*F24","v":222785.57911488065},3751898.1837630486,3751898.1837630486,3751898.1837630486,3751898.1837630486,3751898.1837630486,3751898.1837630486,91923.609423974631,91923.609423974631,1506728.2001769287]
["Porcentagem Acumulado",null,null,{"$f":"D24","v":5.8462515694358903E-2},{"$f":"D26+E24","v":6.9076560753176364E-2},{"$f":"E26+F24","v":7.7567796800230335E-2},0.22056741656654039,0.36356703633285042,0.50656665609916041,0.64956627586547044,0.79256589563178048,0.93556551539809052,0.93906908627111219,0.94257265714413385,{"$f":"N26+O24","v":1.0000000043597173}]
["Custo Acumulado",null,null,{"$f":"D25","v":1533888.0397747778},{"$f":"D27+E25","v":1812370.0136683786},2035155.5927832592,5787053.7765463078,9538951.9603093565,13290850.144072406,17042748.327835456,20794646.511598505,24546544.695361555,24638468.304785531,24730391.914209507,{"$f":"INT(N27+O25)","v":26237120}]
[]
[null,null,null,"Total Geral",{"$nulls":9},"R$",{"$f":"INT(C6+C8+C10+C12+C14+C16+C18+C20+C22)","v":26237120}]
[]
[]
[{"$nulls":14},{"$f":"O27-O29","v":0}]
[]
[{"$nulls":14},{"$f":"'RESUMO MODULO TOTAL'!N49","v":26237120}]
[]
[{"$nulls":14},{"$f":"O29-O34","v":0}]

{"sheet":"Mob","index":2,"n_rows":65,"n_cols":9,"rows_kept":65,"cut":false,"hidden":false,"merged":[[10,6,10,7],[58,0,58,1],[10,0,11,0],[10,1,11,1],[10,2,11,2],[10,3,11,3],[10,4,11,4],[10,5,11,5],[3,0,3,7],[4,0,8,4],[5,5,6,6],[5,7,6,7],[7,5,8,6],[7,7,8,7],[4,5,4,6]]}
[]
[]
[]
[{"$f":"#REF!","v":{"$error":"#REF!"}}]
["MOBILIZAÇÃO/DESMOBILIZAÇÃO (MOB)",{"$nulls":4},"Frentes de serviços",null,{"$f":"'MC MODULO'!G1","v":16}]
[{"$nulls":5},"Distância da Capital ao Canteiro:",null,500,"Fica a cargo de cada SR colocar a distancia adequada de acordo com o historico de mobilização"]
[]
[{"$nulls":5},"Velocidade média de transporte (pavim.):",null,60]
[]
["Transporte dos equipamentos"]
["CODIGO","EQUIPAMENTO","VEÍCULO TRANSPORTADOR","QTDE","K","FU","CUSTO DO TRANSPORTE"]
[{"$nulls":6},"(R$/h)","(R$)/km"]
["E9524",{"$f":"VLOOKUP(A13,Equipamentos!$A:$K,2,FALSE)","v":"Motoniveladora - 93 kW"},{"$f":"IFERROR(INDEX('Tabelas 2 e 3 mob'!A:K,MATCH(A13,'Tabelas 2 e 3 mob'!A:A,0),9),\"ERRO\")","v":"E9665"},0,2,1,{"$f":"IF(C13=\"Veículo(s) da própria frota.\",0,INDEX(Equipamentos!B:K,MATCH(C13,Equipamentos!A:A,0),9))","v":387.0539},{"$f":"((D13*E13*F13)/$H$8)*G13","v":0}]
["E9526",{"$f":"VLOOKUP(A14,Equipamentos!$A:$K,2,FALSE)","v":"Retroescavadeira de pneus - capacidade da caçamba da pá-carregadeira de 0,76 m³ e da retroescavadeira de 0,29 m³ - 58 kW "},{"$f":"IFERROR(INDEX('Tabelas 2 e 3 mob'!A:K,MATCH(A14,'Tabelas 2 e 3 mob'!A:A,0),9),\"ERRO\")","v":"E9665"},0,2,1,{"$f":"IF(C14=\"Veículo(s) da própria frota.\",0,INDEX(Equipamentos!B:K,MATCH(C14,Equipamentos!A:A,0),9))","v":387.0539},{"$f":"((D14*E14*F14)/$H$8)*G14","v":0}]
["E9577",{"$f":"VLOOKUP(A15,Equipamentos!$A:$K,2,FALSE)","v":"Trator agrícola sobre pneus - 77 kW"},{"$f":"IFERROR(INDEX('Tabelas 2 e 3 mob'!A:K,MATCH(A15,'Tabelas 2 e 3 mob'!A:A,0),9),\"ERRO\")","v":"E9665"},0,2,0.5,{"$f":"IF(C15=\"Veículo(s) da própria frota.\",0,INDEX(Equipamentos!B:K,MATCH(C15,Equipamentos!A:A,0),9))","v":387.0539},0]
["E9518",{"$f":"VLOOKUP(A16,Equipamentos!$A:$K,2,FALSE)","v":"Grade de 24 discos rebocável de D = 60 cm (24\")"},{"$f":"IFERROR(INDEX('Tabelas 2 e 3 mob'!A:K,MATCH(A16,'Tabelas 2 e 3 mob'!A:A,0),9),\"ERRO\")","v":"Veículo(s) da própria frota."},1,2,0,{"$f":"IF(C16=\"Veículo(s) da própria frota.\",0,INDEX(Equipamentos!B:K,MATCH(C16,Equipamentos!A:A,0),9))","v":0},0]
["E9530",{"$f":"VLOOKUP(A17,Equipamentos!$A:$K,2,FALSE)","v":"Rolo compactador liso vibratório autopropelido por pneus de 11 t - 97 kW"},{"$f":"IFERROR(INDEX('Tabelas 2 e 3 mob'!A:K,MATCH(A17,'Tabelas 2 e 3 mob'!A:A,0),9),\"ERRO\")","v":"E9666"},0,2,0.5,{"$f":"IF(C17=\"Veículo(s) da própria frota.\",0,INDEX(Equipamentos!B:K,MATCH(C17,Equipamentos!A:A,0),9))","v":412.2525},0]
["E9558",{"$f":"VLOOKUP(A18,Equipamentos!$A:$K,2,FALSE)","v":"Tanque de estocagem de asfalto com capacidade de 30.000 l"},{"$f":"IFERROR(INDEX('Tabelas 2 e 3 mob'!A:K,MATCH(A18,'Tabelas 2 e 3 mob'!A:A,0),9),\"ERRO\")","v":"E9665"},1,2,1,{"$f":"IF(C18=\"Veículo(s) da própria frota.\",0,INDEX(Equipamentos!B:K,MATCH(C18,Equipamentos!A:A,0),9))","v":387.0539},12.901796666666666]
["E9758",{"$f":"VLOOKUP(A19,Equipamentos!$A:$K,2,FALSE)","v":"Vibroacabadora de asfalto sobre pneus - 82 kW"},{"$f":"IFERROR(INDEX('Tabelas 2 e 3 mob'!A:K,MATCH(A19,'Tabelas 2 e 3 mob'!A:A,0),9),\"ERRO\")","v":"E9018"},0,2,0.5,{"$f":"IF(C19=\"Veículo(s) da própria frota.\",0,INDEX(Equipamentos!B:K,MATCH(C19,Equipamentos!A:A,0),9))","v":521.09220000000005},0]
["E9685",{"$f":"VLOOKUP(A20,Equipamentos!$A:$K,2,FALSE)","v":"Rolo compactador pé de carneiro vibratório autopropelido por pneus de 11,6 t - 82 kW"},{"$f":"IFERROR(INDEX('Tabelas 2 e 3 mob'!A:K,MATCH(A20,'Tabelas 2 e 3 mob'!A:A,0),9),\"ERRO\")","v":"E9666"},0,2,0.5,{"$f":"IF(C20=\"Veículo(s) da própria frota.\",0,INDEX(Equipamentos!B:K,MATCH(C20,Equipamentos!A:A,0),9))","v":412.2525},0]
["E9605",{"$f":"VLOOKUP(A21,Equipamentos!$A:$K,2,FALSE)","v":"Caminhão tanque com capacidade de 6.000 l - 136 kW"},{"$f":"IFERROR(INDEX('Tabelas 2 e 3 mob'!A:K,MATCH(A21,'Tabelas 2 e 3 mob'!A:A,0),9),\"ERRO\")","v":"E9605"},0,1,1,{"$f":"IF(C21=\"Veículo(s) da própria frota.\",0,INDEX(Equipamentos!B:K,MATCH(C21,Equipamentos!A:A,0),9))","v":245.83690000000001},0]
["E9579",{"$f":"VLOOKUP(A22,Equipamentos!$A:$K,2,FALSE)","v":"Caminhão basculante com capacidade de 10 m³ - 210 kW"},{"$f":"IFERROR(INDEX('Tabelas 2 e 3 mob'!A:K,MATCH(A22,'Tabelas 2 e 3 mob'!A:A,0),9),\"ERRO\")","v":"E9579"},5,1,1,{"$f":"IF(C22=\"Veículo(s) da própria frota.\",0,INDEX(Equipamentos!B:K,MATCH(C22,Equipamentos!A:A,0),9))","v":295.95170000000002},24.662641666666666]
["E9509",{"$f":"VLOOKUP(A23,Equipamentos!$A:$K,2,FALSE)","v":"Caminhão tanque distribuidor de asfalto com capacidade de 6.000 l - 7 kW/136 kW"},{"$f":"IFERROR(INDEX('Tabelas 2 e 3 mob'!A:K,MATCH(A23,'Tabelas 2 e 3 mob'!A:A,0),9),\"ERRO\")","v":"E9509"},1,1,1,{"$f":"IF(C23=\"Veículo(s) da própria frota.\",0,INDEX(Equipamentos!B:K,MATCH(C23,Equipamentos!A:A,0),9))","v":257.12020000000001},4.2853366666666668]
["E9762",{"$f":"VLOOKUP(A24,Equipamentos!$A:$K,2,FALSE)","v":"Rolo compactador de pneus autopropelido de 27 t - 85 kW"},{"$f":"IFERROR(INDEX('Tabelas 2 e 3 mob'!A:K,MATCH(A24,'Tabelas 2 e 3 mob'!A:A,0),9),\"ERRO\")","v":"E9666"},1,2,0.5,{"$f":"IF(C24=\"Veículo(s) da própria frota.\",0,INDEX(Equipamentos!B:K,MATCH(C24,Equipamentos!A:A,0),9))","v":412.2525},6.8708749999999998]
["E9681",{"$f":"VLOOKUP(A25,Equipamentos!$A:$K,2,FALSE)","v":"Rolo compactador liso tandem vibratório autopropelido de 10,4 t - 82 kW"},{"$f":"IFERROR(INDEX('Tabelas 2 e 3 mob'!A:K,MATCH(A25,'Tabelas 2 e 3 mob'!A:A,0),9),\"ERRO\")","v":"E9666"},1,2,0.5,{"$f":"IF(C25=\"Veículo(s) da própria frota.\",0,INDEX(Equipamentos!B:K,MATCH(C25,Equipamentos!A:A,0),9))","v":412.2525},6.8708749999999998]
["E9545",{"$f":"VLOOKUP(A26,Equipamentos!$A:$K,2,FALSE)","v":"Vibroacabadora de asfalto sobre esteiras - 82 kW"},{"$f":"IFERROR(INDEX('Tabelas 2 e 3 mob'!A:K,MATCH(A26,'Tabelas 2 e 3 mob'!A:A,0),9),\"ERRO\")","v":"E9018"},1,2,0.5,{"$f":"IF(C26=\"Veículo(s) da própria frota.\",0,INDEX(Equipamentos!B:K,MATCH(C26,Equipamentos!A:A,0),9))","v":521.09220000000005},8.6848700000000001]
["E9571",{"$f":"VLOOKUP(A27,Equipamentos!$A:$K,2,FALSE)","v":"Caminhão tanque com capacidade de 10.000 l - 188 kW"},{"$f":"IFERROR(INDEX('Tabelas 2 e 3 mob'!A:K,MATCH(A27,'Tabelas 2 e 3 mob'!A:A,0),9),\"ERRO\")","v":"E9571"},0,1,1,{"$f":"IF(C27=\"Veículo(s) da própria frota.\",0,INDEX(Equipamentos!B:K,MATCH(C27,Equipamentos!A:A,0),9))","v":322.78570000000002},0]
["E9514",{"$f":"VLOOKUP(A28,Equipamentos!$A:$K,2,FALSE)","v":"Distribuidor de agregados sobre pneus autopropelido - 130 kW"},{"$f":"IFERROR(INDEX('Tabelas 2 e 3 mob'!A:K,MATCH(A28,'Tabelas 2 e 3 mob'!A:A,0),9),\"ERRO\")","v":"E9665"},0,2,0.5,{"$f":"IF(C28=\"Veículo(s) da própria frota.\",0,INDEX(Equipamentos!B:K,MATCH(C28,Equipamentos!A:A,0),9))","v":387.0539},0]
["E9511",{"$f":"VLOOKUP(A29,Equipamentos!$A:$K,2,FALSE)","v":"Carregadeira de pneus com capacidade de 3,40 m³ - 195 kW"},{"$f":"IFERROR(INDEX('Tabelas 2 e 3 mob'!A:K,MATCH(A29,'Tabelas 2 e 3 mob'!A:A,0),9),\"ERRO\")","v":"E9665"},0,2,1,{"$f":"IF(C29=\"Veículo(s) da própria frota.\",0,INDEX(Equipamentos!B:K,MATCH(C29,Equipamentos!A:A,0),9))","v":387.0539},0]
["E9779",{"$f":"VLOOKUP(A30,Equipamentos!$A:$K,2,FALSE)","v":"Grupo gerador - 113 kVA"},{"$f":"IFERROR(INDEX('Tabelas 2 e 3 mob'!A:K,MATCH(A30,'Tabelas 2 e 3 mob'!A:A,0),9),\"ERRO\")","v":"Veículo(s) da própria frota."},1,2,0,{"$f":"IF(C30=\"Veículo(s) da própria frota.\",0,INDEX(Equipamentos!B:K,MATCH(C30,Equipamentos!A:A,0),9))","v":0},0]
["E9559",{"$f":"VLOOKUP(A31,Equipamentos!$A:$K,2,FALSE)","v":"Aquecedor de fluido térmico - 12 kW"},{"$f":"IFERROR(INDEX('Tabelas 2 e 3 mob'!A:K,MATCH(A31,'Tabelas 2 e 3 mob'!A:A,0),9),\"ERRO\")","v":"Veículo(s) da própria frota."},1,2,0,{"$f":"IF(C31=\"Veículo(s) da própria frota.\",0,INDEX(Equipamentos!B:K,MATCH(C31,Equipamentos!A:A,0),9))","v":0},0]
["E9584",{"$f":"VLOOKUP(A32,Equipamentos!$A:$K,2,FALSE)","v":"Carregadeira de pneus com capacidade de 1,72 m³ - 113 kW"},{"$f":"IFERROR(INDEX('Tabelas 2 e 3 mob'!A:K,MATCH(A32,'Tabelas 2 e 3 mob'!A:A,0),9),\"ERRO\")","v":"E9665"},0,2,1,{"$f":"IF(C32=\"Veículo(s) da própria frota.\",0,INDEX(Equipamentos!B:K,MATCH(C32,Equipamentos!A:A,0),9))","v":387.0539},0]
["E9021",{"$f":"VLOOKUP(A33,Equipamentos!$A:$K,2,FALSE)","v":"Grupo gerador - 456 kVA"},{"$f":"IFERROR(INDEX('Tabelas 2 e 3 mob'!A:K,MATCH(A33,'Tabelas 2 e 3 mob'!A:A,0),9),\"ERRO\")","v":"E9508"},1,2,1,{"$f":"IF(C33=\"Veículo(s) da própria frota.\",0,INDEX(Equipamentos!B:K,MATCH(C33,Equipamentos!A:A,0),9))","v":180.20490000000001},6.0068299999999999]
["E9687",{"$f":"VLOOKUP(A34,Equipamentos!$A:$K,2,FALSE)","v":"Caminhão carroceria com capacidade de 5 t - 115 kW"},{"$f":"IFERROR(INDEX('Tabelas 2 e 3 mob'!A:K,MATCH(A34,'Tabelas 2 e 3 mob'!A:A,0),9),\"ERRO\")","v":"E9687"},1,1,1,{"$f":"IF(C34=\"Veículo(s) da própria frota.\",0,INDEX(Equipamentos!B:K,MATCH(C34,Equipamentos!A:A,0),9))","v":147.5104},2.4585066666666666]
["E9667",{"$f":"VLOOKUP(A35,Equipamentos!$A:$K,2,FALSE)","v":"Caminhão basculante com capacidade de 14 m³ - 210 kW"},{"$f":"IFERROR(INDEX('Tabelas 2 e 3 mob'!A:K,MATCH(A35,'Tabelas 2 e 3 mob'!A:A,0),9),\"ERRO\")","v":"E9667"},0,1,1,{"$f":"IF(C35=\"Veículo(s) da própria frota.\",0,INDEX(Equipamentos!B:K,MATCH(C35,Equipamentos!A:A,0),9))","v":297.02710000000002},0]
["E9644",{"$f":"VLOOKUP(A36,Equipamentos!$A:$K,2,FALSE)","v":"Caminhão demarcador de faixas com sistema de pintura a frio - 28 kW/115 kW"},{"$f":"IFERROR(INDEX('Tabelas 2 e 3 mob'!A:K,MATCH(A36,'Tabelas 2 e 3 mob'!A:A,0),9),\"ERRO\")","v":"E9644"},1,1,1,{"$f":"IF(C36=\"Veículo(s) da própria frota.\",0,INDEX(Equipamentos!B:K,MATCH(C36,Equipamentos!A:A,0),9))","v":370.4914},6.1748566666666669]
["E9592",{"$f":"VLOOKUP(A37,Equipamentos!$A:$K,2,FALSE)","v":"Caminhão carroceria com capacidade de 15 t - 188 kW"},{"$f":"IFERROR(INDEX('Tabelas 2 e 3 mob'!A:K,MATCH(A37,'Tabelas 2 e 3 mob'!A:A,0),9),\"ERRO\")","v":"E9592"},1,1,1,{"$f":"IF(C37=\"Veículo(s) da própria frota.\",0,INDEX(Equipamentos!B:K,MATCH(C37,Equipamentos!A:A,0),9))","v":262.90050000000002},4.3816750000000004]
["E9540",{"$f":"VLOOKUP(A38,Equipamentos!$A:$K,2,FALSE)","v":"Trator sobre esteiras com lâmina - 127 kW"},{"$f":"IFERROR(INDEX('Tabelas 2 e 3 mob'!A:K,MATCH(A38,'Tabelas 2 e 3 mob'!A:A,0),9),\"ERRO\")","v":"E9018"},0,2,0.5,{"$f":"IF(C38=\"Veículo(s) da própria frota.\",0,INDEX(Equipamentos!B:K,MATCH(C38,Equipamentos!A:A,0),9))","v":521.09220000000005},0]
["E9515",{"$f":"VLOOKUP(A39,Equipamentos!$A:$K,2,FALSE)","v":"Escavadeira hidráulica sobre esteiras com caçamba com capacidade de 1,56 m³ - 118 kW"},{"$f":"IFERROR(INDEX('Tabelas 2 e 3 mob'!A:K,MATCH(A39,'Tabelas 2 e 3 mob'!A:A,0),9),\"ERRO\")","v":"E9666"},0,2,1,{"$f":"IF(C39=\"Veículo(s) da própria frota.\",0,INDEX(Equipamentos!B:K,MATCH(C39,Equipamentos!A:A,0),9))","v":412.2525},0]
["E9506",{"$f":"VLOOKUP(A40,Equipamentos!$A:$K,2,FALSE)","v":"Caminhão basculante com capacidade de 6 m³ - 136 kW"},{"$f":"IFERROR(INDEX('Tabelas 2 e 3 mob'!A:K,MATCH(A40,'Tabelas 2 e 3 mob'!A:A,0),9),\"ERRO\")","v":"E9506"},1,1,1,{"$f":"IF(C40=\"Veículo(s) da própria frota.\",0,INDEX(Equipamentos!B:K,MATCH(C40,Equipamentos!A:A,0),9))","v":181.1823},3.0197050000000001]
["E9256",{"$f":"VLOOKUP(A41,Equipamentos!$A:$K,2,FALSE)","v":"Equipamento para pintura com cal rebocável com dois bicos aplicadores e capacidade de 2.200 l"},{"$f":"IFERROR(INDEX('Tabelas 2 e 3 mob'!A:K,MATCH(A41,'Tabelas 2 e 3 mob'!A:A,0),9),\"ERRO\")","v":"Veículo(s) da própria frota."},1,2,0,{"$f":"IF(C41=\"Veículo(s) da própria frota.\",0,INDEX(Equipamentos!B:K,MATCH(C41,Equipamentos!A:A,0),9))","v":0},0]
["E9156",{"$f":"VLOOKUP(A42,Equipamentos!$A:$K,2,FALSE)","v":"Soprador de ar costal - 2,6 kW"},{"$f":"IFERROR(INDEX('Tabelas 2 e 3 mob'!A:K,MATCH(A42,'Tabelas 2 e 3 mob'!A:A,0),9),\"ERRO\")","v":"Veículo(s) da própria frota."},1,2,0,{"$f":"IF(C42=\"Veículo(s) da própria frota.\",0,INDEX(Equipamentos!B:K,MATCH(C42,Equipamentos!A:A,0),9))","v":0},0]
["E9146",{"$f":"VLOOKUP(A43,Equipamentos!$A:$K,2,FALSE)","v":"Caminhão silo com capacidade de 30 m³ - 265 kW"},{"$f":"IFERROR(INDEX('Tabelas 2 e 3 mob'!A:K,MATCH(A43,'Tabelas 2 e 3 mob'!A:A,0),9),\"ERRO\")","v":"E9146"},1,1,1,{"$f":"IF(C43=\"Veículo(s) da própria frota.\",0,INDEX(Equipamentos!B:K,MATCH(C43,Equipamentos!A:A,0),9))","v":454.03530000000001},7.5672550000000003]
["E9599",{"$f":"VLOOKUP(A44,Equipamentos!$A:$K,2,FALSE)","v":"Central de concreto com capacidade de 30 m³/h - dosadora RS"},{"$f":"IFERROR(INDEX('Tabelas 2 e 3 mob'!A:K,MATCH(A44,'Tabelas 2 e 3 mob'!A:A,0),9),\"ERRO\")","v":"E9018"},0,2,1,{"$f":"IF(C44=\"Veículo(s) da própria frota.\",0,INDEX(Equipamentos!B:K,MATCH(C44,Equipamentos!A:A,0),9))","v":521.09220000000005},0]
["E9103",{"$f":"VLOOKUP(A45,Equipamentos!$A:$K,2,FALSE)","v":"Extrusora para meio-fio de concreto - 10,44 kW"},{"$f":"IFERROR(INDEX('Tabelas 2 e 3 mob'!A:K,MATCH(A45,'Tabelas 2 e 3 mob'!A:A,0),9),\"ERRO\")","v":"Veículo(s) da própria frota."},0,2,0,{"$f":"IF(C45=\"Veículo(s) da própria frota.\",0,INDEX(Equipamentos!B:K,MATCH(C45,Equipamentos!A:A,0),9))","v":0},0]
["E9071",{"$f":"VLOOKUP(A46,Equipamentos!$A:$K,2,FALSE)","v":"Transportador manual carrinho de mão com capacidade de 80 l"},{"$f":"IFERROR(INDEX('Tabelas 2 e 3 mob'!A:K,MATCH(A46,'Tabelas 2 e 3 mob'!A:A,0),9),\"ERRO\")","v":"Veículo(s) da própria frota."},0,2,0,{"$f":"IF(C46=\"Veículo(s) da própria frota.\",0,INDEX(Equipamentos!B:K,MATCH(C46,Equipamentos!A:A,0),9))","v":0},0]
["E9064",{"$f":"VLOOKUP(A47,Equipamentos!$A:$K,2,FALSE)","v":"Transportador manual gerica com capacidade de 180 l"},{"$f":"IFERROR(INDEX('Tabelas 2 e 3 mob'!A:K,MATCH(A47,'Tabelas 2 e 3 mob'!A:A,0),9),\"ERRO\")","v":"Veículo(s) da própria frota."},0,2,0,{"$f":"IF(C47=\"Veículo(s) da própria frota.\",0,INDEX(Equipamentos!B:K,MATCH(C47,Equipamentos!A:A,0),9))","v":0},0]
["E9066",{"$f":"VLOOKUP(A48,Equipamentos!$A:$K,2,FALSE)","v":"Grupo gerador - 14 kVA"},{"$f":"IFERROR(INDEX('Tabelas 2 e 3 mob'!A:K,MATCH(A48,'Tabelas 2 e 3 mob'!A:A,0),9),\"ERRO\")","v":"Veículo(s) da própria frota."},0,2,0,{"$f":"IF(C48=\"Veículo(s) da própria frota.\",0,INDEX(Equipamentos!B:K,MATCH(C48,Equipamentos!A:A,0),9))","v":0},0]
["E9535",{"$f":"VLOOKUP(A49,Equipamentos!$A:$K,2,FALSE)","v":"Serra circular com bancada - D = 30 cm - 4 kW"},{"$f":"IFERROR(INDEX('Tabelas 2 e 3 mob'!A:K,MATCH(A49,'Tabelas 2 e 3 mob'!A:A,0),9),\"ERRO\")","v":"Veículo(s) da própria frota."},0,2,0,{"$f":"IF(C49=\"Veículo(s) da própria frota.\",0,INDEX(Equipamentos!B:K,MATCH(C49,Equipamentos!A:A,0),9))","v":0},0]
["E9507",{"$f":"VLOOKUP(A50,Equipamentos!$A:$K,2,FALSE)","v":"Plotadora de recorte com computador e programa computacional"},{"$f":"IFERROR(INDEX('Tabelas 2 e 3 mob'!A:K,MATCH(A50,'Tabelas 2 e 3 mob'!A:A,0),9),\"ERRO\")","v":"Veículo(s) da própria frota."},0,2,0,{"$f":"IF(C50=\"Veículo(s) da própria frota.\",0,INDEX(Equipamentos!B:K,MATCH(C50,Equipamentos!A:A,0),9))","v":0},0]
["E9568",{"$f":"VLOOKUP(A51,Equipamentos!$A:$K,2,FALSE)","v":"Furadeira de impacto de 12,5 mm - 0,80 kW"},{"$f":"IFERROR(INDEX('Tabelas 2 e 3 mob'!A:K,MATCH(A51,'Tabelas 2 e 3 mob'!A:A,0),9),\"ERRO\")","v":"Veículo(s) da própria frota."},0,2,0,{"$f":"IF(C51=\"Veículo(s) da própria frota.\",0,INDEX(Equipamentos!B:K,MATCH(C51,Equipamentos!A:A,0),9))","v":0},0]
["E9753",{"$f":"VLOOKUP(A52,Equipamentos!$A:$K,2,FALSE)","v":"Grupo gerador - 23 kVA"},{"$f":"IFERROR(INDEX('Tabelas 2 e 3 mob'!A:K,MATCH(A52,'Tabelas 2 e 3 mob'!A:A,0),9),\"ERRO\")","v":"Veículo(s) da própria frota."},0,2,0,{"$f":"IF(C52=\"Veículo(s) da própria frota.\",0,INDEX(Equipamentos!B:K,MATCH(C52,Equipamentos!A:A,0),9))","v":0},0]
["E9623",{"$f":"VLOOKUP(A53,Equipamentos!$A:$K,2,FALSE)","v":"Máquina de bancada guilhotina - 4,00 kW"},{"$f":"IFERROR(INDEX('Tabelas 2 e 3 mob'!A:K,MATCH(A53,'Tabelas 2 e 3 mob'!A:A,0),9),\"ERRO\")","v":"Veículo(s) da própria frota."},0,2,0,{"$f":"IF(C53=\"Veículo(s) da própria frota.\",0,INDEX(Equipamentos!B:K,MATCH(C53,Equipamentos!A:A,0),9))","v":0},0]
["E9622",{"$f":"VLOOKUP(A54,Equipamentos!$A:$K,2,FALSE)","v":"Máquina de bancada universal para corte de chapa - 1,50 kW"},{"$f":"IFERROR(INDEX('Tabelas 2 e 3 mob'!A:K,MATCH(A54,'Tabelas 2 e 3 mob'!A:A,0),9),\"ERRO\")","v":"Veículo(s) da própria frota."},0,2,0,{"$f":"IF(C54=\"Veículo(s) da própria frota.\",0,INDEX(Equipamentos!B:K,MATCH(C54,Equipamentos!A:A,0),9))","v":0},0]
["E9678",{"$f":"VLOOKUP(A55,Equipamentos!$A:$K,2,FALSE)","v":"Fresadora a frio - 455 kW"},{"$f":"IFERROR(INDEX('Tabelas 2 e 3 mob'!A:K,MATCH(A55,'Tabelas 2 e 3 mob'!A:A,0),9),\"ERRO\")","v":"E9666"},1,2,1,{"$f":"IF(C55=\"Veículo(s) da própria frota.\",0,INDEX(Equipamentos!B:K,MATCH(C55,Equipamentos!A:A,0),9))","v":412.2525},13.74175]
[{"$nulls":6},"TOTAL",{"$f":"SUM(H13:H55)","v":107.62697333333332}]
[]
[]
["CUSTO TOTAL MOBILIZAÇÃO E DESMOBILIZAÇÃO"]
["DESCRIÇÃO","VALOR"]
["Custo Mobilização (km)",{"$f":"H56","v":107.62697333333332}]
["BDI (%)",{"$f":"BDI!C16","v":0.2339}]
["Custo Mobilização (R$/km) com BDI",{"$f":"B61+(B61*B62)","v":132.80092239599998}]
["Total de Frentes",{"$f":"'MC MODULO'!G1","v":16}]
["Custo Mobilização (frentes x distancia)",{"$f":"B63*H6*B64","v":1062407.3791679998}]

{"sheet":" Canteiro","index":3,"n_rows":13,"n_cols":6,"rows_kept":13,"cut":false,"hidden":false,"merged":[[9,3,9,4],[3,0,3,5],[3,9,4,9],[4,7,4,8],[12,3,12,4]]}
[]
[]
[]
["CANTEIRO DE OBRAS PARA CONSTRUÇAO RODOVIÁRIA"]
["Descrição dos serviços","Tipo de container","Unidade","Quantidade","Preço unitário (R$)","Total (R$)"]
["Escritório e seção técnica"]
[{"$f":"VLOOKUP(B7,'INSUMOS SINAPI'!A:E,2,0)","v":"LOCACAO DE CONTAINER 2,30 X 6,00 M, ALT. 2,50 M, PARA ESCRITORIO, SEM DIVISORIAS INTERNAS E SEM SANITARIO (NAO INCLUI MOBILIZACAO/DESMOBILIZACAO)                                                                                                                                                                                                                                                                                                                                                         "},10776,"und",1,{"$f":"VLOOKUP(B7,'INSUMOS SINAPI'!A:E,5,0)","v":753.9},{"$f":"TRUNC(D7*E7,2)","v":753.9}]
["Banheiro e vestiário"]
[{"$f":"VLOOKUP(B9,'INSUMOS SINAPI'!A:E,2,0)","v":"LOCACAO DE CONTAINER 2,30 X 4,30 M, ALT. 2,50 M, PARA SANITARIO, COM 3 BACIAS, 4 CHUVEIROS, 1 LAVATORIO E 1 MICTORIO (NAO INCLUI MOBILIZACAO/DESMOBILIZACAO)                                                                                                                                                                                                                                                                                                                                              "},10777,"und",1,{"$f":"VLOOKUP(B9,'INSUMOS SINAPI'!A:E,5,0)","v":1095.67},{"$f":"TRUNC(D9*E9,2)","v":1095.67}]
[null,null,null,"TOTAL DO CANTEIRO",null,{"$f":"SUM(F7:F9)","v":1849.5700000000002}]
[null,null,null,"DURAÇÃO (MESES)",12,{"$f":"F10*E11","v":22194.840000000004}]
[null,null,null,"BDI",null,{"$f":"BDI!C16","v":0.2339}]
[null,null,null,"TOTAL DO CANTEIRO (com BDI)",null,{"$f":"F11+(F11*F12)","v":27386.213076000004}]

{"sheet":"Adm Local","index":4,"n_rows":251,"n_cols":10,"rows_kept":251,"cut":false,"hidden":false,"merged":[[224,3,224,4],[224,5,224,6],[224,7,224,8],[223,3,223,4],[76,7,76,8],[77,5,77,6],[77,7,77,8],[84,0,84,8],[85,3,85,4],[85,5,85,6],[85,7,85,8],[86,3,86,4],[86,5,86,6],[86,7,86,8],[223,5,223,6],[223,7,223,8],[215,3,215,4],[215,5,215,6],[215,7,215,8],[216,7,216,8],[220,0,220,8],[221,3,221,4],[221,5,221,6],[221,7,221,8],[225,7,225,8],[0,0,2,8],[87,3,87,4],[87,5,87,6],[87,7,87,8],[88,3,88,4],[88,5,88,6],[88,7,88,8],[89,5,89,6],[89,7,89,8],[64,3,64,4],[64,5,64,6],[64,7,64,8],[65,5,65,6],[65,7,65,8],[53,5,53,6],[53,7,53,8],[60,0,60,8],[61,3,61,4],[222,3,222,4],[222,5,222,6],[222,7,222,8],[61,5,61,6],[61,7,61,8],[249,3,249,4],[249,5,249,6],[250,3,250,4],[250,5,250,6],[240,5,240,6],[240,7,240,8],[241,3,241,4],[241,5,241,6],[241,7,241,8],[242,3,242,4],[242,5,242,6],[242,7,242,8],[243,3,243,4],[243,5,243,6],[243,7,243,8],[240,3,240,4],[238,3,238,4],[238,5,238,6],[238,7,238,8],[239,3,239,4],[239,5,239,6],[239,7,239,8],[236,3,236,4],[236,5,236,6],[236,7,236,8],[225,3,225,4],[225,5,225,6],[246,7,246,8],[247,3,247,4],[247,5,247,6],[247,7,247,8],[248,3,248,4],[248,5,248,6],[248,7,248,8],[244,3,244,4],[244,5,244,6],[244,7,244,8],[245,3,245,4],[245,5,245,6],[245,7,245,8],[237,3,237,4],[237,5,237,6],[237,7,237,8],[234,3,234,4],[234,5,234,6],[234,7,234,8],[235,3,235,4],[235,5,235,6],[235,7,235,8],[232,3,232,4],[232,5,232,6],[232,7,232,8],[233,3,233,4],[233,5,233,6],[233,7,233,8],[231,3,231,4],[231,5,231,6],[231,7,231,8],[226,3,226,4],[226,5,226,6],[226,7,226,8],[227,3,227,4],[227,5,227,6],[227,7,227,8],[230,3,230,4],[230,5,230,6],[230,7,230,8],[229,3,229,4],[229,5,229,6],[229,7,229,8],[228,3,228,4],[228,5,228,6],[228,7,228,8],[213,3,213,4],[213,5,213,6],[213,7,213,8],[214,3,214,4],[214,5,214,6],[214,7,214,8],[211,3,211,4],[211,5,211,6],[211,7,211,8],[212,3,212,4],[212,5,212,6],[212,7,212,8],[208,3,208,4],[208,5,208,6],[208,7,208,8],[210,3,210,4],[210,5,210,6],[210,7,210,8],[206,3,206,4],[206,5,206,6],[206,7,206,8],[207,3,207,4],[207,5,207,6],[207,7,207,8],[204,3,204,4],[204,5,204,6],[204,7,204,8],[205,3,205,4],[205,5,205,6],[205,7,205,8],[202,3,202,4],[202,5,202,6],[202,7,202,8],[203,3,203,4],[203,5,203,6],[203,7,203,8],[195,0,195,8],[196,1,196,4],[197,1,197,4],[198,1,198,4],[201,0,201,8],[175,0,175,8],[176,1,176,4],[189,0,189,8],[190,1,190,4],[191,1,191,4],[192,1,192,4],[157,5,157,6],[157,7,157,8],[159,0,159,8],[160,0,160,8],[161,1,161,4],[174,0,174,8],[155,3,155,4],[155,5,155,6],[155,7,155,8],[156,3,156,4],[156,5,156,6],[156,7,156,8],[152,3,152,4],[152,5,152,6],[152,7,152,8],[153,3,153,4],[153,5,153,6],[153,7,153,8],[154,7,154,8],[148,5,148,6],[148,7,148,8],[150,0,150,8],[151,3,151,4],[151,5,151,6],[151,7,151,8],[154,3,154,4],[154,5,154,6],[144,3,144,4],[144,5,144,6],[144,7,144,8],[147,3,147,4],[147,5,147,6],[147,7,147,8],[146,7,146,8],[145,3,145,4],[145,5,145,6],[145,7,145,8],[146,3,146,4],[146,5,146,6],[140,5,140,6],[140,7,140,8],[142,0,142,8],[143,3,143,4],[143,5,143,6],[143,7,143,8],[138,3,138,4],[138,5,138,6],[138,7,138,8],[139,3,139,4],[139,5,139,6],[139,7,139,8],[136,3,136,4],[136,5,136,6],[136,7,136,8],[137,3,137,4],[137,5,137,6],[137,7,137,8],[134,3,134,4],[134,5,134,6],[134,7,134,8],[135,3,135,4],[135,5,135,6],[135,7,135,8],[130,3,130,4],[130,5,130,6],[130,7,130,8],[131,5,131,6],[131,7,131,8],[133,0,133,8],[128,3,128,4],[128,5,128,6],[128,7,128,8],[129,3,129,4],[129,5,129,6],[129,7,129,8],[126,3,126,4],[126,5,126,6],[126,7,126,8],[127,3,127,4],[127,5,127,6],[127,7,127,8],[122,3,122,4],[122,5,122,6],[122,7,122,8],[123,5,123,6],[123,7,123,8],[125,0,125,8],[120,3,120,4],[120,5,120,6],[120,7,120,8],[121,3,121,4],[121,5,121,6],[121,7,121,8],[116,5,116,6],[116,7,116,8],[118,0,118,8],[119,3,119,4],[119,5,119,6],[119,7,119,8],[114,3,114,4],[114,5,114,6],[114,7,114,8],[115,3,115,4],[115,5,115,6],[115,7,115,8],[112,3,112,4],[112,5,112,6],[112,7,112,8],[113,3,113,4],[113,5,113,6],[113,7,113,8],[110,3,110,4],[110,5,110,6],[110,7,110,8],[111,3,111,4],[111,5,111,6],[111,7,111,8],[101,3,101,4],[101,5,101,6],[101,7,101,8],[102,5,102,6],[102,7,102,8],[109,0,109,8],[99,3,99,4],[99,5,99,6],[99,7,99,8],[100,3,100,4],[100,5,100,6],[100,7,100,8],[97,3,97,4],[97,5,97,6],[97,7,97,8],[98,3,98,4],[98,5,98,6],[98,7,98,8],[96,0,96,8],[62,3,62,4],[62,5,62,6],[62,7,62,8],[63,3,63,4],[63,5,63,6],[63,7,63,8],[72,0,72,8],[73,3,73,4],[73,5,73,6],[73,7,73,8],[74,3,74,4],[74,5,74,6],[74,7,74,8],[75,3,75,4],[75,5,75,6],[75,7,75,8],[76,3,76,4],[76,5,76,6],[52,5,52,6],[52,7,52,8],[32,0,32,8],[48,0,48,8],[49,3,49,4],[49,5,49,6],[49,7,49,8],[50,3,50,4],[50,5,50,6],[50,7,50,8],[51,3,51,4],[51,5,51,6],[51,7,51,8],[52,3,52,4],[28,3,28,4],[28,5,28,6],[28,7,28,8],[29,3,29,4],[29,5,29,6],[29,7,29,8],[26,3,26,4],[26,5,26,6],[26,7,26,8],[27,3,27,4],[27,5,27,6],[27,7,27,8],[24,3,24,4],[24,5,24,6],[24,7,24,8],[25,3,25,4],[25,5,25,6],[25,7,25,8],[22,3,22,4],[22,5,22,6],[22,7,22,8],[23,3,23,4],[23,5,23,6],[23,7,23,8],[20,3,20,4],[20,5,20,6],[20,7,20,8],[21,3,21,4],[21,5,21,6],[21,7,21,8],[18,3,18,4],[18,5,18,6],[18,7,18,8],[19,3,19,4],[19,5,19,6],[19,7,19,8],[16,3,16,4],[16,5,16,6],[16,7,16,8],[17,3,17,4],[17,5,17,6],[17,7,17,8],[14,3,14,4],[14,5,14,6],[14,7,14,8],[15,3,15,4],[15,5,15,6],[15,7,15,8],[12,3,12,4],[12,5,12,6],[12,7,12,8],[13,3,13,4],[13,5,13,6],[13,7,13,8],[10,3,10,4],[10,5,10,6],[10,7,10,8],[11,3,11,4],[11,5,11,6],[11,7,11,8],[9,3,9,4],[9,5,9,6],[9,7,9,8],[6,3,6,4],[6,5,6,6],[6,7,6,8],[7,3,7,4],[7,5,7,6],[7,7,7,8],[3,0,3,8],[4,3,4,4],[4,5,4,6],[4,7,4,8],[5,3,5,4],[5,5,5,6],[5,7,5,8],[8,3,8,4],[8,5,8,6],[8,7,8,8]]}
[]
[]
[]
["parcela fixa da administração local \n(mão de obra)"]
["Código","Discriminação ","Unidade"," Quantidade ",null,"Custo Unitário (R$)",null," Custo Total (R$)"]
[null,"Mão de Obra"]
[null,"Gerência Técnica"]
[null,"Geral"]
["P9955","Engenheiro chefe","mês",0.5,null,{"$f":"VLOOKUP(A9,'Pessoal Sicro'!$A$6:$G$118,6,0)","v":32610.415300000001},null,{"$f":"F9*D9","v":16305.20765}]
["P9840","Encarregado geral","mês",0.5,null,{"$f":"VLOOKUP(A10,'Pessoal Sicro'!$A$6:$G$118,6,0)","v":12668.913500000001},null,{"$f":"F10*D10","v":6334.4567500000003}]
["P9897","Técnico de meio ambiente","mês",0,null,{"$f":"VLOOKUP(A11,'Pessoal Sicro'!$A$6:$G$118,6,0)","v":7486.1463999999996},null,{"$f":"F11*D11","v":0}]
["P9948","Motorista","mês",0,null,{"$f":"VLOOKUP(A12,'Pessoal Sicro'!$A$6:$G$118,6,0)","v":4991.2365},null,{"$f":"F12*D12","v":0}]
["P9878","Secretária","mês",0,null,{"$f":"VLOOKUP(A13,'Pessoal Sicro'!$A$6:$G$118,6,0)","v":6062.3163999999997},null,{"$f":"F13*D13","v":0}]
[{"$nulls":5},"Subtotal do Item 1.1",null,{"$f":"SUM(H9:I13)","v":22639.664400000001}]
[null,"Auxiliar"]
["P9946","Engenheiro auxiliar","mês",1,null,{"$f":"VLOOKUP(A16,'Pessoal Sicro'!$A$6:$G$118,6,0)","v":22294.278999999999},null,{"$f":"D16*F16","v":22294.278999999999}]
["P9903","Auxiliar técnico","mês",0,null,{"$f":"VLOOKUP(A17,'Pessoal Sicro'!$A$6:$G$118,6,0)","v":4905.9522999999999},null,{"$f":"D17*F17","v":0}]
[{"$nulls":5},"Subtotal do Item 1.2",null,{"$f":"SUM(H16:I17)","v":22294.278999999999}]
[null,"Gerência Administrativa"]
[null,"Geral"]
["P9883","Chefe do setor administrativo","mês",1,null,{"$f":"VLOOKUP(A21,'Pessoal Sicro'!$A$6:$G$118,6,0)","v":9221.9076999999997},null,{"$f":"F21*D21","v":9221.9076999999997}]
["P9809","Encarregado administrativo","mês",1,null,{"$f":"VLOOKUP(A22,'Pessoal Sicro'!$A$6:$G$118,6,0)","v":9221.6293999999998},null,{"$f":"F22*D22","v":9221.6293999999998}]
["P9896","Porteiro","mês",0,null,{"$f":"VLOOKUP(A23,'Pessoal Sicro'!$A$6:$G$118,6,0)","v":4871.7862999999998},null,{"$f":"F23*D23","v":0}]
["P9827","Vigia","mês",0,null,{"$f":"VLOOKUP(A24,'Pessoal Sicro'!$A$6:$G$118,6,0)","v":4558.0291999999999},null,{"$f":"F24*D24","v":0}]
["P9948","Motorista","mês",0,null,{"$f":"VLOOKUP(A25,'Pessoal Sicro'!$A$6:$G$118,6,0)","v":4991.2365},null,{"$f":"F25*D25","v":0}]
[{"$nulls":5},"Subtotal do Item 1.3",null,{"$f":"SUM(H21:I25)","v":18443.537100000001}]
[null,"Auxiliar"]
["P9806","Auxiliar administrativo","mês",1,null,{"$f":"VLOOKUP(A28,'Pessoal Sicro'!$A$6:$G$118,6,0)","v":4303.2636000000002},null,{"$f":"F28*D28","v":4303.2636000000002}]
["P9842","Faxineiro","mês",0,null,{"$f":"VLOOKUP(A29,'Pessoal Sicro'!$A$6:$G$118,6,0)","v":4881.5743000000002},null,{"$f":"F29*D29","v":0}]
[{"$nulls":5},"Subtotal do Item 1.4",null,{"$f":"SUM(H28:I29)","v":4303.2636000000002}]
[{"$nulls":7},"Total da Mão de Obra da Parcela Fixa",{"$f":"H30+H26+H18+H14","v":67680.744100000011}]
[]
["parcela fixa da administração local \n(veículos)"]
["Código","Discriminação ","Unidade"," Quantidade ","Utilização Produtiva","Utilização Improdutiva","Custo Horário \nProdutivo (R$)","Custo Horário Improdutivo (R$)","Custo Total (R$)"]
[2,"Veículos"]
[null,"Gerência Técnica"]
["2.1","Geral"]
["E9093","Veículo Leve 53 kw","mês",1,44,176,{"$f":"VLOOKUP(A38,Equipamentos!$A$4:$K$541,10,0)","v":33.909700000000001},{"$f":"VLOOKUP(A38,Equipamentos!$A$4:$K$541,11,0)","v":6.0571000000000002},{"$f":"((E38*G38)+(F38*H38))*D38","v":2558.0763999999999}]
["E9560","Ônibus coletivo - 175 kw","mês",0,44,176,{"$f":"VLOOKUP(A39,Equipamentos!$A$4:$K$541,10,0)","v":345.303},{"$f":"VLOOKUP(A39,Equipamentos!$A$4:$K$541,11,0)","v":99.577799999999996},{"$f":"((E39*G39)+(F39*H39))*D39","v":0}]
[{"$nulls":7},"Subtotal do Item 2",{"$f":"SUM(I38:I39)","v":2558.0763999999999}]
["2.2","Auxiliar"]
["E9093","Veículo Leve 53 kw","mês",0,44,176,{"$f":"G38","v":33.909700000000001},{"$f":"H38","v":6.0571000000000002},{"$f":"((E42*G42)+(F42*H42))*D42","v":0}]
[{"$nulls":7},"Subtotal do Item 2",{"$f":"SUM(I42)","v":0}]
["2.3","Gerência Administrativa"]
["E9093","Veículo Leve 53 kw","mês",0,44,176,{"$f":"G38","v":33.909700000000001},{"$f":"H38","v":6.0571000000000002},{"$f":"((E45*G45)+(F45*H45))*D45","v":0}]
[{"$nulls":7},"Subtotal do Item 2",{"$f":"I45","v":0}]
[{"$nulls":7},"Total dos Veículos da Parcela Fixa",{"$f":"I46+I43+I40","v":2558.0763999999999}]
[]
["Composição de custo da equipe de produção de terraplenagem"]
["Código","Discriminação ","Unidade"," Quantidade ",null,"Custo Unitário (R$)",null," Custo Total (R$)"]
[null,"Equipe de Produção de Terraplenagem"]
["3.1","Mão de Obra"]
[{"$f":"'Pessoal Sicro'!A65","v":"P9892"},"Encarregado de produção ","mês",0,null,{"$f":"VLOOKUP(A53,'Pessoal Sicro'!$A$6:$G$118,6,0)","v":33.090699999999998},null,{"$f":"F53*D53","v":0}]
[{"$nulls":5},"Subtotal do Item 3.1",null,{"$f":"SUM(H53:H53)","v":0}]
["Código","Discriminação ","Unidade"," Quantidade ","Utilização Produtiva","Utilização Improdutiva","Custo Horário \nProdutivo (R$)","Custo Horário Improdutivo (R$)","Custo Total (R$)"]
["3.2","Veículos"]
[null,"Veículo Leve 53 kw","mês",0,44,176,{"$f":"G38","v":33.909700000000001},{"$f":"H38","v":6.0571000000000002},{"$f":"((E57*G57)+(F57*H57))*D57","v":0}]
[{"$nulls":7},"Subtotal do Item 3.2",{"$f":"SUM(I57:I57)","v":0}]
[{"$nulls":7},"Total da Equipe de Produção de Terraplenagem",{"$f":"I58+H54","v":0}]
[]
["Composição de custo da equipe de produção de pavimentação"]
["Código","Discriminação ","Unidade"," Quantidade ",null,"Custo Unitário (R$)",null," Custo Total (R$)"]
[null,"Equipe de Produção de Pavimentação"]
["3.1","Mão de Obra"]
[{"$f":"'Pessoal Sicro'!A70","v":"P9901"},"Encarregado de produção ","mês",1,null,{"$f":"VLOOKUP(A65,'Pessoal Sicro'!$A$6:$G$118,6,0)","v":8817.5745000000006},null,{"$f":"F65*D65","v":8817.5745000000006}]
[{"$nulls":5},"Subtotal do Item 3.1",null,{"$f":"SUM(H65:H65)","v":8817.5745000000006}]
["Código","Discriminação ","Unidade"," Quantidade ","Utilização Produtiva","Utilização Improdutiva","Custo Horário \nProdutivo (R$)","Custo Horário Improdutivo (R$)","Custo Total (R$)"]
["3.2","Veículos"]
[null,"Veículo Leve 53 kw","mês",1,44,176,{"$f":"$G$38","v":33.909700000000001},{"$f":"$H$38","v":6.0571000000000002},{"$f":"((E69*G69)+(F69*H69))*D69","v":2558.0763999999999}]
[{"$nulls":7},"Subtotal do Item 3.2",{"$f":"SUM(I69:I69)","v":2558.0763999999999}]
[{"$nulls":7},"Total da Equipe de Produção de Pavimentação",{"$f":"I70+H66","v":11375.650900000001}]
[]
["Composição de custo da equipe de produção de drenagem"]
["Código","Discriminação ","Unidade"," Quantidade ",null,"Custo Unitário (R$)",null," Custo Total (R$)"]
[null,"Equipe de Produção de Pavimentação"]
["3.1","Mão de Obra"]
[{"$f":"'Pessoal Sicro'!$A$70","v":"P9901"},"Encarregado de produção ","mês",1,null,{"$f":"VLOOKUP(A77,'Pessoal Sicro'!$A$6:$G$118,6,0)","v":8817.5745000000006},null,{"$f":"F77*D77","v":8817.5745000000006}]
[{"$nulls":5},"Subtotal do Item 3.1",null,{"$f":"SUM(H77:H77)","v":8817.5745000000006}]
["Código","Discriminação ","Unidade"," Quantidade ","Utilização Produtiva","Utilização Improdutiva","Custo Horário \nProdutivo (R$)","Custo Horário Improdutivo (R$)","Custo Total (R$)"]
["3.2","Veículos"]
[null,"Veículo Leve 53 kw","mês",1,44,176,{"$f":"$G$38","v":33.909700000000001},{"$f":"$H$38","v":6.0571000000000002},{"$f":"((E81*G81)+(F81*H81))*D81","v":2558.0763999999999}]
[{"$nulls":7},"Subtotal do Item 3.2",{"$f":"SUM(I81:I81)","v":2558.0763999999999}]
[{"$nulls":7},"Total da Equipe de Produção de Pavimentação",{"$f":"I82+H78","v":11375.650900000001}]
[]
["Composição de custo da equipe de produção de sinalização"]
["Código","Discriminação ","Unidade"," Quantidade ",null,"Custo Unitário (R$)",null," Custo Total (R$)"]
[null,"Equipe de Produção de Pavimentação"]
["3.1","Mão de Obra"]
[{"$f":"'Pessoal Sicro'!$A$70","v":"P9901"},"Encarregado de produção ","mês",1,null,{"$f":"VLOOKUP(A89,'Pessoal Sicro'!$A$6:$G$118,6,0)","v":8817.5745000000006},null,{"$f":"F89*D89","v":8817.5745000000006}]
[{"$nulls":5},"Subtotal do Item 3.1",null,{"$f":"SUM(H89:H89)","v":8817.5745000000006}]
["Código","Discriminação ","Unidade"," Quantidade ","Utilização Produtiva","Utilização Improdutiva","Custo Horário \nProdutivo (R$)","Custo Horário Improdutivo (R$)","Custo Total (R$)"]
["3.2","Veículos"]
[null,"Veículo Leve 53 kw","mês",1,44,176,{"$f":"$G$38","v":33.909700000000001},{"$f":"$H$38","v":6.0571000000000002},{"$f":"((E93*G93)+(F93*H93))*D93","v":2558.0763999999999}]
[{"$nulls":7},"Subtotal do Item 3.2",{"$f":"SUM(I93:I93)","v":2558.0763999999999}]
[{"$nulls":7},"Total da Equipe de Produção de Pavimentação",{"$f":"I94+H90","v":11375.650900000001}]
[]
["Composição de custo da equipe topografia"]
["Código","Discriminação ","Unidade"," Quantidade ",null,"Custo Unitário (R$)",null," Custo Total (R$)"]
[null,"Equipe de Topografia"]
["3.1","Mão de Obra"]
["P9949","Topográfo","mês",1,null,{"$f":"VLOOKUP(A101,'Pessoal Sicro'!$A:$G,6,0)","v":6588.6315999999997},null,{"$f":"F101*D101","v":6588.6315999999997}]
["P9950","Auxiliar de topografia","mês",1,null,{"$f":"VLOOKUP(A102,'Pessoal Sicro'!$A$6:$G$118,6,0)","v":5925.5096000000003},null,{"$f":"F102*D102","v":5925.5096000000003}]
[{"$nulls":5},"Subtotal do Item 3.1",null,{"$f":"SUM(H101:I102)","v":12514.1412}]
["Código","Discriminação ","Unidade"," Quantidade ","Utilização Produtiva","Utilização Improdutiva","Custo Horário \nProdutivo (R$)","Custo Horário Improdutivo (R$)","Custo Total (R$)"]
["3.2","Veículos"]
[null,"Veículo Leve 53 kw","mês",1,44,176,{"$f":"G38","v":33.909700000000001},{"$f":"H38","v":6.0571000000000002},{"$f":"((E106*G106)+(F106*H106))*D106","v":2558.0763999999999}]
[{"$nulls":7},"Subtotal do Item 3.2",{"$f":"SUM(I106:I106)","v":2558.0763999999999}]
[{"$nulls":7},"Total da Equipe de Produção de Topografia",{"$f":"I107+H103","v":15072.2176}]
[]
["Composição de custo do setor de medicina e segurança do trabalho"]
["Código","Discriminação ","Unidade"," Quantidade ",null,"Custo Unitário (R$)",null," Custo Total (R$)"]
[4,"Setor de Medicina e Segurança do Trabalho"]
["P9876","Técnico de segurança do trabalho","mês",1,null,{"$f":"VLOOKUP(A113,'Pessoal Sicro'!$A$6:$G$118,6,0)","v":7454.1464999999998},null,{"$f":"F113*D113","v":7454.1464999999998}]
["P9864","Engenheiro de segurança do trabalho","mês",0,null,{"$f":"VLOOKUP(A114,'Pessoal Sicro'!$A$6:$G$118,6,0)","v":22722.070899999999},null,{"$f":"F114*D114","v":0}]
["P9851","Médico do trabalho","mês",0,null,{"$f":"VLOOKUP(A115,'Pessoal Sicro'!$A$6:$G$118,6,0)","v":18141.2209},null,{"$f":"F115*D115","v":0}]
["P9951","Médico de câmara hiperbárica","mês",0,null,{"$f":"VLOOKUP(A116,'Pessoal Sicro'!$A$6:$G$118,6,0)","v":20089.938300000002},null,{"$f":"F116*D116","v":0}]
[{"$nulls":5},"Subtotal do Item 4",null,{"$f":"SUM(H113:I116)","v":7454.1464999999998}]
[]
["Parcela Variável - Composição de custo da equipe de frente de serviço"]
["Código","Discriminação ","Unidade"," Quantidade ",null,"Custo Unitário (R$)",null," Custo Total (R$)"]
[5,"Equipe de Frente de Serviço","equipexmês"]
["P9875","Encarregado de Turma","mês",1,null,{"$f":"VLOOKUP(A122,'Pessoal Sicro'!$A$6:$G$118,6,0)","v":5746.4645},null,{"$f":"F122*D122","v":5746.4645}]
["P9804","Apontador","mês",0.5,null,{"$f":"VLOOKUP(A123,'Pessoal Sicro'!$A$6:$G$118,6,0)","v":4223.8627999999999},null,{"$f":"F123*D123","v":2111.9313999999999}]
[{"$nulls":5},"Subtotal do Item 5",null,{"$f":"SUM(H122:I123)","v":7858.3958999999995}]
[]
["Parcela Variável - Composição de custo da equipe de frente de serviço (Terraplenagem) - Somente Compactação "]
["Código","Discriminação ","Unidade"," Quantidade ",null,"Produção Horária \n(und/h)",null,"Efs"]
["5.1","Equipe de Frente de Serviço","equipexmês"]
[null,null,"mês",{"$nulls":4},{"$f":"(D129)/(F129*182.49)","v":{"$error":"#DIV/0!"}}]
[null,null,"mês",{"$nulls":4},{"$f":"(D130)/(F130*182.49)","v":{"$error":"#DIV/0!"}}]
[null,null,"mês",{"$nulls":4},{"$f":"(D131)/(F131*182.49)","v":{"$error":"#DIV/0!"}}]
[{"$nulls":5},"Total de Equipes para Terraplenagem",null,{"$f":"SUM(H131:I131)","v":{"$error":"#DIV/0!"}}]
[]
["Parcela Variável - Composição de custo da acompanhamento das frentes de serviço de pavimentação"]
["Código","Discriminação ","Unidade"," Quantidade ",null,"Produção Horária \n(und/h)",null,"Efs"]
["5.2","Equipe de Frente de Serviço","equipe x mês"]
[4011463,{"$f":"VLOOKUP(A137,'SINTÉTICO SICRO'!$A$4:$D$6373,2,0)","v":"Concreto asfáltico - faixa C - areia e brita comerciais"},"m²",{"$f":"'RESUMO MODULO TOTAL'!J19","v":26880},null,99.6,null,{"$f":"(D137)/(F137*182.49)","v":1.4788729139804326}]
[4011353,{"$f":"VLOOKUP(A138,'SINTÉTICO SICRO'!$A$4:$D$6373,2,0)","v":"Pintura de ligação"},"m²",{"$f":"'RESUMO MODULO TOTAL'!J20","v":224000},null,1125,null,1.0910795720922304]
[4915663,{"$f":"VLOOKUP(A139,'SINTÉTICO SICRO'!$A$4:$D$6373,2,0)","v":"Fresagem descontínua de revestimento asfáltico - espessura de 5 cm"},"m²",{"$f":"'RESUMO MODULO TOTAL'!J21","v":1120},null,1500,null,4.0915483953458641E-3]
[4915618,{"$f":"VLOOKUP(A140,'SINTÉTICO SICRO'!$A$4:$D$6373,2,0)","v":"Recomposição de camada granular do pavimento com material de jazida"},"m³",{"$f":"'RESUMO MODULO TOTAL'!J22","v":22400},null,120.7,null,1.0169548621406455]
[{"$nulls":5},"Total de Equipes para Pavimentação",null,{"$f":"SUM(H137:I140)","v":3.5909988966086539}]
[]
["Parcela Variável - Composição de custo da acompanhamento das frentes de serviço de drenagem"]
["Código","Discriminação ","Unidade"," Quantidade ",null,"Efsdu",null,"Efs"]
["5.3","Frentes de Serviço para Drenagem","equipe x mês"]
[4915777,{"$f":"VLOOKUP(A146,'SINTÉTICO SICRO'!$A$4:$D$6373,2,0)","v":"Reassentamento manual de meio-fio com material arrancado da pista"},"m",{"$f":"'RESUMO MODULO TOTAL'!J34","v":6400},null,2.1000000000000001E-4,null,{"$f":"D146*F146","v":1.3440000000000001}]
[4915708,{"$f":"VLOOKUP(A147,'SINTÉTICO SICRO'!$A$4:$D$6373,2,0)","v":"Limpeza de sarjeta e meio-fio"},"m",{"$f":"'RESUMO MODULO TOTAL'!J35","v":64000},null,2.1000000000000001E-4,null,{"$f":"D147*F147","v":13.440000000000001}]
[4915724,{"$f":"VLOOKUP(A148,'SINTÉTICO SICRO'!$A$4:$D$6373,2,0)","v":"Caiação mecanizada com fixador de cal"},"m",{"$f":"'RESUMO MODULO TOTAL'!J36","v":7680},null,2.1000000000000001E-4,null,{"$f":"D148*F148","v":1.6128}]
[{"$nulls":5},"Total de Equipes para Drenagem",null,{"$f":"H148","v":1.6128}]
[]
["Parcela Variável - Composição de custo da acompanhamento das frentes de serviço de sinalização"]
["Código","Discriminação ","Unidade"," Quantidade ",null,"Produção Horária (und/h)",null,"Efs"]
["5.4","Frentes de Serviço para Sinalização","equipe x mês"]
[5213440,{"$f":"VLOOKUP(A154,'SINTÉTICO SICRO'!$A$4:$D$6373,2,0)","v":"Placa de regulamentação em aço D = 0,60 m - película retrorrefletiva tipo I + SI - fornecimento e implantação"},"Unidade",{"$f":"'RESUMO MODULO TOTAL'!J29","v":96},null,3,null,{"$f":"0.2*((D154)/(F154*182.49))","v":3.5070414817250255E-2}]
[5213464,{"$f":"VLOOKUP(A155,'SINTÉTICO SICRO'!$A$4:$D$6373,2,0)","v":"Placa de advertência em aço, lado de 0,60 m - película retrorrefletiva tipo I + SI - fornecimento e implantação"},"Unidade",{"$f":"'RESUMO MODULO TOTAL'!J30","v":96},null,4.0999999999999996,null,{"$f":"0.2*((D155)/(F155*182.49))","v":2.5661279134573362E-2}]
[5213863,{"$f":"VLOOKUP(A156,'SINTÉTICO SICRO'!$A$4:$D$6373,2,0)","v":"Suporte metálico galvanizado para placa de advertência ou regulamentação - lado ou diâmetro de 0,60 m - fornecimento e implantação"},"Unidade",{"$f":"'RESUMO MODULO TOTAL'!J31","v":192},null,4.0999999999999996,null,{"$f":"0.2*((D156)/(F156*182.49))","v":5.1322558269146723E-2}]
[5213400,{"$f":"VLOOKUP(A157,'SINTÉTICO SICRO'!$A$4:$D$6373,2,0)","v":"Pintura de faixa com tinta acrílica - espessura de 0,4 mm"},"m²",{"$f":"'RESUMO MODULO TOTAL'!J32","v":7680},null,177.07,null,4.753430595888667E-2]
[{"$nulls":5},"Total de Equipes para Sinalização",null,{"$f":"SUM(H154:I157)","v":0.15958855817985701},null,{"$f":"H158+H149","v":1.7723885581798571}]
[]
["3. PARCELA VARIÁVEL - EQUIPE DE CONTROLE TECNOLÓGICO"]
["LABORATÓRIO DE SOLOS"]
["Item","Discriminação",null,null,null,"Unidade","Quantidade","Custo Unitário (R$)","Custo Total (R$)"]
[null,"Laboratório de Solos (equipe x mês)"]
[null,"Mão de Obra"]
["P9858","Laboratorista",null,null,null,"func./mês",1,{"$f":"VLOOKUP(A165,'Pessoal Sicro'!$A$6:$G$118,6,0)","v":6184.3859000000002},{"$f":"TRUNC(G165*H165,2)","v":6184.38}]
["P9833","Auxiliar de laboratório",null,null,null,"func./mês",1,{"$f":"VLOOKUP(A166,'Pessoal Sicro'!$A$6:$G$118,6,0)","v":5893.9265999999998},{"$f":"TRUNC(G166*H166,2)","v":5893.92}]
[{"$nulls":7},"Subtotal do Item",{"$f":"SUM(I165:I166)","v":12078.3}]
["Item","Discriminação","Und","Quant","Utilização Produtiva","Utilização Improdutiva","Horário Produtivo (R$)","Horário Improdutivo (R$)","Total (R$)"]
[null,"Equipe de Controle Tecnológico"]
[null,"Veículos"]
["E9125","Van furgão a diesel - 93 kW","veic./mês",0.5,44,176,{"$f":"VLOOKUP(A171,Equipamentos!$A$4:$K$533,10,0)","v":81.056700000000006},{"$f":"VLOOKUP(A171,Equipamentos!$A$4:$K$533,11,0)","v":44.5745},{"$f":"D171*((E171*G171)+(F171*H171))","v":5705.8034000000007}]
[{"$nulls":7},"Subtotal do Item",{"$f":"SUM(I171:I171)","v":5705.8034000000007}]
[{"$nulls":7},"Total da Equipe do Laboratório de Solos",{"$f":"I167+I172","v":17784.1034}]
[]
["3. PARCELA VARIÁVEL - EQUIPE DE CONTROLE TECNOLÓGICO"]
["LABORATÓRIO DE ASFALTOS"]
["Item","Discriminação",null,null,null,"Unidade","Quantidade","Custo Unitário (R$)","Custo Total (R$)"]
[null,"Laboratório de Solos (equipe x mês)"]
[null,"Mão de Obra"]
["P9858","Laboratorista",null,null,null,"func./mês",1,{"$f":"VLOOKUP(A180,'Pessoal Sicro'!$A$6:$G$118,6,0)","v":6184.3859000000002},{"$f":"TRUNC(G180*H180,2)","v":6184.38}]
["P9833","Auxiliar de laboratório",null,null,null,"func./mês",1,{"$f":"VLOOKUP(A181,'Pessoal Sicro'!$A$6:$G$118,6,0)","v":5893.9265999999998},{"$f":"TRUNC(G181*H181,2)","v":5893.92}]
[{"$nulls":7},"Subtotal do Item",{"$f":"SUM(I180:I181)","v":12078.3}]
["Item","Discriminação","Und","Quant","Utilização Produtiva","Utilização Improdutiva","Horário Produtivo (R$)","Horário Improdutivo (R$)","Total (R$)"]
[null,"Equipe de Controle Tecnológico"]
[null,"Veículos"]
["E9125","Van furgão a diesel - 93 kW","veic./mês",0.5,44,176,{"$f":"VLOOKUP(A186,Equipamentos!$A$4:$K$533,10,0)","v":81.056700000000006},{"$f":"VLOOKUP(A186,Equipamentos!$A$4:$K$533,11,0)","v":44.5745},{"$f":"D186*((E186*G186)+(F186*H186))","v":5705.8034000000007}]
[{"$nulls":7},"Subtotal do Item",{"$f":"SUM(I186:I186)","v":5705.8034000000007}]
[{"$nulls":7},"Total da Equipe do Laboratório de Asfaltos",{"$f":"I182+I187","v":17784.1034}]
[]
["Equipes de laboratório de solos para pavimentação"]
["Item","Discriminação",null,null,null,"Und","Quant","QE","Els"]
["-","-",null,null,null,"-","-","-","-"]
["-","-",null,null,null,"-","-","-","-"]
[{"$nulls":7},"Total de equipes de Laboratório de Solos para Pavimentação","-"]
[]
["Equipes de laboratório de Asfalto"]
["Item","Discriminação",null,null,null,"Und","Quant","QE","Ela"]
[4011463,{"$f":"VLOOKUP(A198,'SINTÉTICO SICRO'!A:D,2,0)","v":"Concreto asfáltico - faixa C - areia e brita comerciais"},null,null,null,{"$f":"VLOOKUP(A198,'SINTÉTICO SICRO'!A:D,3,0)","v":"t"},{"$f":"VLOOKUP(A198,'RESUMO MODULO TOTAL'!D:J,7,FALSE)","v":26880},9000,{"$f":"G198/H198","v":2.9866666666666668}]
[4011353,{"$f":"VLOOKUP(A199,'SINTÉTICO SICRO'!A:D,2,0)","v":"Pintura de ligação"},null,null,null,{"$f":"VLOOKUP(A199,'SINTÉTICO SICRO'!A:D,3,0)","v":"m²"},{"$f":"VLOOKUP(A199,'RESUMO MODULO TOTAL'!D:J,7,FALSE)","v":224000},1610000,{"$f":"G199/H199","v":0.1391304347826087}]
[{"$nulls":7},"Total de equipes de Laboratório de Asfaltos",{"$f":"SUM(I198:I199)","v":3.1257971014492756}]
[]
["manutenção do canteiro de obras e acampamentos"]
["Código","Discriminação ","Unidade"," Quantidade ",null,"Custo Unitário (R$)",null," Custo Total (R$)"]
[null,"Manutenção do Canteiro de Obras e Acampamentos"]
["6.1","Mão de Obra"]
["P9952","Pedreiro","mês",0,null,{"$f":"VLOOKUP(A206,'Pessoal Sicro'!$A$6:$G$118,6,0)","v":4744.9332999999997},null,{"$f":"F206*D206","v":0}]
["P9954","Servente","mês",0,null,{"$f":"VLOOKUP(A207,'Pessoal Sicro'!$A$6:$G$118,6,0)","v":3812.1954000000001},null,{"$f":"F207*D207","v":0}]
["P9953","Eletricista","mês",0,null,{"$f":"VLOOKUP(A208,'Pessoal Sicro'!$A$6:$G$118,6,0)","v":5185.6702999999998},null,{"$f":"F208*D208","v":0}]
[{"$nulls":5},"Subtotal do Item 6.1",null,{"$f":"SUM(H206:I208)","v":0}]
[]
["Código","Discriminação ","Unidade"," Quantidade ",null,"Custo Produtivo (R$)",null," Custo Total (R$)"]
["6.2","Equipamentos"]
[null,"Caminhão guindauto de 6 toneladas","h/mês",0,null,null,null,{"$f":"F213*D213","v":0}]
[null,"Caminhão tanque de 8.000 litros","h/mês",0,null,null,null,{"$f":"F214*D214","v":0}]
["E9524","Motoniveladora","h/mês",0,null,{"$f":"VLOOKUP(A215,Equipamentos!$A$4:$K$541,10,0)","v":284.81099999999998},null,{"$f":"F215*D215","v":0}]
[{"$nulls":5},"Subtotal do Item 6.2",null,{"$f":"SUM(H213:I215)","v":0}]
[{"$nulls":6},"Total da Manutenção do Canteiro de Obras e Acampamentos",{"$f":"H216+H209","v":0}]
[]
[]
[]
["Resumo das parcelas de administração local"]
["Código","Discriminação ","Unidade"," Quantidade ",null,"Custo Unitário (R$)",null," Custo Total (R$)"]
[null,"Parcela Fixa"]
[null,"Mão de Obra","mês",5,null,{"$f":"H14+H18+H26+H30","v":67680.744100000011},null,{"$f":"F224*D224","v":338403.72050000005}]
[null,"Veículos","mês",5,null,{"$f":"I47","v":2558.0763999999999},null,{"$f":"F225*D225","v":12790.382}]
[{"$nulls":5},"Subtotal do Item 1",null,{"$f":"SUM(H224:I225)","v":351194.10250000004}]
[null,"Parcela Vinculada"]
[null,"Equipe de produção de terraplenagem","mês",4,null,{"$f":"I59","v":0},null,{"$f":"F228*D228","v":0}]
[null,"Equipe de produção de pavimentação","mês",6,null,{"$f":"I71","v":11375.650900000001},null,68253.905400000003]
[null,"Equipe de produção de drenagem","mês",2,null,{"$f":"I83","v":11375.650900000001},null,22751.301800000001]
[null,"Equipe de produção de sinalização","mês",1,null,{"$f":"I95","v":11375.650900000001},null,11375.650900000001]
[null,"Equipe de topografia","mês",10,null,{"$f":"I108","v":15072.2176},null,150722.17600000001]
[null,"Equipe de medicina e segurança do trabalho","mês",10,null,{"$f":"H117","v":7454.1464999999998},null,74541.464999999997]
[null,"Técnicos especializados","mês",0,null,null,null,0]
[{"$nulls":5},"Subtotal do Item 2",null,{"$f":"SUM(H228:I234)","v":327644.49910000002}]
[null,"Parcela Variável"]
[null,"Acompanhamento da Terraplenagem","equipe x mês","-",null,{"$f":"$H$124","v":7858.3958999999995},null,"-"]
[null,"Acompanhamento da Pavimentação","equipe x mês",{"$f":"H141","v":3.5909988966086539},null,{"$f":"$H$124","v":7858.3958999999995},null,{"$f":"F238*D238","v":28219.491006013966}]
[null,"Acompanhamento da Drenagem","equipe x mês",{"$f":"H149","v":1.6128},null,7858.3958999999995,null,{"$f":"F239*D239","v":12674.02090752}]
[null,"Acompanhamento da Sinalização","equipe x mês",{"$f":"H158","v":0.15958855817985701},null,7858.3958999999995,null,{"$f":"F240*D240","v":1254.1100712874997}]
[null,"Laboratório de Solos","equipe x mês",{"$f":"I194","v":"-"},null,{"$f":"I173","v":17784.1034},null,"-"]
[null,"Laboratório de asfaltos","equipe x mês",{"$f":"I200","v":3.1257971014492756},null,{"$f":"I188","v":17784.1034},null,{"$f":"F242*D242","v":55589.498859594205}]
[{"$nulls":5},"Subtotal do Item 3",null,{"$f":"SUM(H237:I242)","v":97737.120844415665}]
[null,"Manutenção dos Canteiros de Obras e Acampamentos"]
[null,"Equipe de manutenção","mês",0,null,{"$f":"H217","v":0},null,{"$f":"F245*D245","v":0}]
[{"$nulls":5},"Subtotal do Item 4",null,{"$f":"SUM(H245:I245)","v":0}]
[{"$nulls":6},"Subtotal",{"$f":"H246+H243+H235+H226","v":776575.72244441579}]
[null,"Despesas Diversas","%",0.05,null,"-",null,{"$f":"D248*H247","v":38828.786122220794}]
[{"$nulls":5},"TOTAL",null,{"$f":"H247+H248","v":815404.50856663659},null,{"$f":"H249","v":815404.50856663659}]
[{"$nulls":5},"BDI",null,null,{"$f":"BDI!C16","v":0.2339}]
[{"$nulls":5},"TOTAL COM BDI",null,null,{"$f":"H249+(H249*I250)","v":1006127.6231203729}]

{"sheet":"Projeto Executivo","index":5,"n_rows":29,"n_cols":7,"rows_kept":29,"cut":false,"hidden":false,"merged":[[0,0,2,6],[26,0,26,1],[27,0,27,1],[3,0,3,6],[4,2,6,4],[5,0,5,1],[16,0,16,1],[20,0,20,1],[25,0,25,1]]}
[]
[]
[]
["COMPOSIÇAO PREÇO PROJETO EXECUTIVO"]
[]
["DISCRIMINAÇAO",{"$nulls":4},"Pr. Unit.","Pr. Total"]
[]
["A· EOUIPE TECNICA",{"$nulls":5},{"$f":"G9+G12","v":14502.077182000001}]
[null,"A. 1 - Pessoal de Nível Superior","Unidade","Quantitativo","SICRO e Rel.Custos Gerais",null,{"$f":"G10+G11","v":11338.03988}]
[null,"Engenheiro","mês",0.4,"P9812",{"$f":"VLOOKUP(E10,'Pessoal Sicro'!A:G,6,0)","v":25050.783899999999},{"$f":"F10*D10","v":10020.313560000001}]
[null,"Topógrafo","mês",0.2,"P9949",{"$f":"VLOOKUP(E11,'Pessoal Sicro'!A:G,6,0)","v":6588.6315999999997},{"$f":"F11*D11","v":1317.72632}]
[null,"A.2 - Pessoal de Nível Técnico e Aux.",{"$nulls":4},{"$f":"G13+G14","v":3164.0373019999997}]
[null,"Auxiliar de topógrafo","mês",0.12,"P9950",{"$f":"VLOOKUP(E13,'Pessoal Sicro'!A:G,6,0)","v":5925.5096000000003},{"$f":"F13*D13","v":711.06115199999999}]
[null,"Auxiliar Técnico/Assistente de Engenharia ","mês",0.5,"P9903",{"$f":"VLOOKUP(E14,'Pessoal Sicro'!A:G,6,0)","v":4905.9522999999999},{"$f":"F14*D14","v":2452.97615}]
["B - ENCARGOS SOCIAIS",{"$nulls":5},{"$f":"G16","v":0}]
[null,{"$f":"CONCATENATE(\"Taxas \",'ENC. SOCIAIS'!E51,\"%\")","v":"Taxas %"},"JÁ INCLUSAS EM \"A\""]
["C - DESPESAS GERAIS",{"$nulls":5},{"$f":"G18+G20+G19","v":4884.0293557829264}]
[null,"C.1 - MATERIAIS DE CONSUMO","Estimativa % como referência de equipe técnica com encargos sociais ",0.03,null,{"$f":"G8+G16","v":14502.077182000001},{"$f":"F18*D18","v":435.06231546000004}]
[null,"C.2 - VEÍCULOS (Veículo leve picape 4 x 4 com capacidade de 1,10 t - 147 kW)","h",40,"E9684",{"$f":"VLOOKUP(E19,Equipamentos!A:K,10,0)","v":106.10850000000001},{"$f":"F19*D19","v":4244.34}]
[null,"C.3 - Estação total eletrônica com alcance máximo de 3.000 m","h",40.344448013195155,"E9553",{"$f":"VLOOKUP(E20,Equipamentos!A:K,10,0)","v":5.0720000000000001},{"$f":"F20*D20","v":204.62704032292584}]
["D - ENSAIOS",{"$nulls":5},{"$f":"SUM(G22:G25)","v":3057.5959720000001}]
[null,"Laboratorista","mês",0.2,"P9858",{"$f":"VLOOKUP(E22,'Pessoal Sicro'!A:G,6,0)","v":6184.3859000000002},{"$f":"F22*D22","v":1236.8771800000002}]
[null,"Auxiliar de Laboratório","mês",0.12,"P9833",{"$f":"VLOOKUP(E23,'Pessoal Sicro'!A:G,6,0)","v":5893.9265999999998},{"$f":"F23*D23","v":707.27119199999993}]
[null,"Laboratório de solos","mês",0.12,"B8957",{"$f":"VLOOKUP(E24,'Tabelas 1 e 2'!C14:G23,5,0)","v":4073.25},{"$f":"F24*D24","v":488.78999999999996}]
[null,"Laboratório de asfalto","mês",0.12,"B8955",{"$f":"VLOOKUP(E25,'Tabelas 1 e 2'!C15:G24,5,0)","v":5205.4799999999996},{"$f":"F25*D25","v":624.65759999999989}]
["I - SOMA (A+B+C+D)",{"$nulls":5},{"$f":"G8+G15+G17+G21","v":22443.702509782928}]
["II - CUSTOS ADMINISTRATIVOS",null,null,{"$f":"BDI!C17","v":0},null,null,{"$f":"D27*G26","v":0}]
[" TOTAL",{"$nulls":5},{"$f":"G26+G27","v":22443.702509782928}]
[{"$nulls":5},"Por m²:",{"$f":"G28/('MC MODULO'!C1*'MC MODULO'!C2)","v":1.6031216078416377}]

{"sheet":" CONSUMO DE MAT. B TOTAL","index":6,"n_rows":18,"n_cols":15,"rows_kept":18,"cut":false,"hidden":false,"merged":[[3,0,4,14],[5,0,6,14],[7,0,7,1],[7,2,7,10],[7,11,7,14],[16,0,16,14],[18,0,18,14],[9,0,9,14],[12,0,12,14],[14,0,14,14]]}
[]
[]
[]
[]
[]
["CONSUMO DO MATERIAL BETUMINOSO TOTAL"]
[]
["TRECHO",null,"QUANTIDADES",{"$nulls":8},"MAT. BETUMINOSO"]
["Inicio           (km)","Fim              (km)","Extensão     (m)","Largura       (m)","Espess.       (m)","Área            (m2)","Volume              (m3)","Densidade (t/m3)","Massa            (t)","Unid","Quant.","Tipo","Consumo Taxa de Aplicação","Unid. ","Quant."]
[]
[{"$nulls":4},1,{"$nulls":9},{"$f":"ROUND((F11*1.3)/1000,2)","v":0}]
[{"$nulls":4},1,null,{"$f":"F12*E12","v":0},{"$nulls":7},{"$f":"ROUND((F12*1.2)/1000,2)","v":0}]
["PINTURA DE LIGAÇÃO"]
[{"$nulls":4},1,{"$f":"'MC MODULO'!H39","v":224000},{"$f":"F14*E14","v":224000},{"$nulls":4},"RR-1C","0,4 l/m2","t",{"$f":"ROUND((F14*0.45)/1000,2)","v":100.8}]
["CBUQ FAIXA \"C\""]
[{"$nulls":6},{"$f":"F16*E16","v":0},null,{"$f":"'MC MODULO'!H33","v":26880},null,null,"CAP-50/70",6.4490000000000006E-2,"t",{"$f":"ROUND((I16*64.49)/1000,2)","v":1733.49}]
[]
[{"$nulls":6},{"$f":"F18*E18","v":0}]

{"sheet":"CPU CODEVASF","index":7,"n_rows":52,"n_cols":9,"rows_kept":52,"cut":false,"hidden":false,"merged":[[43,7,44,7],[49,4,49,6],[51,5,51,6],[43,0,44,0],[43,1,44,1],[43,2,44,2],[43,3,44,3],[43,4,44,4],[43,5,44,5],[43,6,44,6],[26,0,27,0],[26,1,27,1],[26,2,27,2],[26,3,27,3],[26,4,27,4],[0,0,2,7],[3,0,3,7],[4,0,6,3],[4,6,4,7],[5,4,6,5],[8,4,9,4],[8,5,9,5],[8,6,9,6],[8,7,9,7],[7,0,7,7],[8,0,9,0],[8,1,9,1],[8,2,9,2],[8,3,9,3],[11,4,11,6],[14,5,14,6],[17,7,18,7],[20,4,20,6],[23,5,23,6],[17,5,18,5],[17,6,18,6],[17,0,18,0],[17,1,18,1],[17,2,18,2],[17,3,18,3],[17,4,18,4],[26,5,27,5],[26,6,27,6],[26,7,27,7],[29,4,29,6],[32,5,32,6],[35,7,36,7],[38,4,38,6],[41,5,41,6],[35,0,36,0],[35,1,36,1],[35,2,36,2],[35,3,36,3],[35,4,36,4],[35,5,36,5],[35,6,36,6]]}
[]
[]
[]
[{"$f":"#REF!","v":{"$error":"#REF!"}}]
[{"$nulls":5},"BDI %:",{"$f":"BDI!C16","v":0.2339}]
[{"$nulls":4},"Encargos Sociais:",null,"Horista","Mensalista"]
[{"$nulls":6},{"$f":"'ENC. SOCIAIS'!E47/100","v":1.089},{"$f":"'ENC. SOCIAIS'!F47/100","v":0.67790000000000006}]
["COMPOSIÇÕES DE CUSTO UNITARIO"]
["CPU-13","CODEVASF",null,"AQUISIÇÃO DE CIMENTO ASFALTICO CAP 50/70","t","COEF.","PRECO UNITÁRIO (R$)","TOTAL (R$)"]
[]
[null,null,null,"CIMENTO ASFALTICO 50/70","t",1,{"$f":"RESUMO_Transp!V14","v":4221.8631926466524},{"$f":"F11*G11","v":4221.8631926466524}]
[{"$nulls":4},"Sub total:",null,null,{"$f":"SUM(H11)","v":4221.8631926466524}]
[{"$nulls":5},"BDI",0.15,{"$f":"H12*G13","v":633.27947889699783}]
[{"$nulls":6},"Total Serviços:",{"$f":"H12+H13","v":4855.1426715436501}]
[{"$nulls":4},{"$f":"A9","v":"CPU-13"},"PREÇO UNITÁRIO TOTAL:",null,{"$f":"H14","v":4855.1426715436501},{"$f":"H12","v":4221.8631926466524}]
[]
[]
["CPU-15","CODEVASF",null,"AQUISIÇÃO DE EMULSÃO ASFÁLTICA RR-1C","t","COEF.","PRECO UNITÁRIO (R$)","TOTAL (R$)"]
[]
[null,null,null,"EMULSÃO ASFÁLTICA RR-1C","t",1,{"$f":"RESUMO_Transp!V33","v":3081.851513057477},{"$f":"F20*G20","v":3081.851513057477}]
[{"$nulls":4},"Sub total:",null,null,{"$f":"SUM(H20)","v":3081.851513057477}]
[{"$nulls":5},"BDI",0.15,{"$f":"H21*G22","v":462.27772695862154}]
[{"$nulls":6},"Total Serviços:",{"$f":"H21+H22","v":3544.1292400160983}]
[{"$nulls":4},{"$f":"A18","v":"CPU-15"},"PREÇO UNITÁRIO TOTAL:",null,{"$f":"H23","v":3544.1292400160983},{"$f":"H21","v":3081.851513057477}]
[]
[]
["CPU-17","CODEVASF",null,"TRANSPORTE DE CIMENTO ASFALTICO CAP 50/70","t","COEF.","PRECO UNITÁRIO (R$)","TOTAL (R$)"]
[]
[null,null,null,"TRANSPORTE DE CIMENTO ASFALTICO 50/70","t",1,{"$f":"RESUMO_Transp!U14","v":404.16999999999996},{"$f":"F29*G29","v":404.16999999999996}]
[{"$nulls":4},"Sub total:",null,null,{"$f":"SUM(H29)","v":404.16999999999996}]
[{"$nulls":5},"BDI",0.15,{"$f":"ROUND(H30*G31,2)","v":60.63}]
[{"$nulls":6},"Total Serviços:",{"$f":"H30+H31","v":464.79999999999995}]
[{"$nulls":4},{"$f":"A27","v":"CPU-17"},"PREÇO UNITÁRIO TOTAL:",null,{"$f":"H32","v":464.79999999999995},{"$f":"H30","v":404.16999999999996}]
[]
[]
["CPU-19","CODEVASF",null,"TRANSPORTE DE EMULSÃO ASFÁLTICA RR-1C","UNID","COEF.","PRECO UNITÁRIO (R$)","TOTAL (R$)"]
[]
[null,null,null,"TRANSPORTE DE EMULSÃO ASFÁLTICA RR-1C","t",1,{"$f":"RESUMO_Transp!$U$33","v":305.49523809523805},{"$f":"F38*G38","v":305.49523809523805}]
[{"$nulls":4},"Sub total:",null,null,{"$f":"SUM(H38)","v":305.49523809523805}]
[{"$nulls":5},"BDI",0.15,{"$f":"H39*G40","v":45.824285714285708}]
[{"$nulls":6},"Total Serviços:",{"$f":"H39+H40","v":351.31952380952373}]
[{"$nulls":4},{"$f":"A36","v":"CPU-19"},"PREÇO UNITÁRIO TOTAL:",null,{"$f":"H41","v":351.31952380952373},{"$f":"H39","v":305.49523809523805}]
[]
["CPU-20","CODEVASF",null,"CONTROLE TECNOLÓGICO - PROJETO","m²","COEF.","PRECO UNITÁRIO (R$)","TOTAL (R$)"]
[]
["Insumo","SICRO","P9858","Laboratorista","mês",1.0714285714285714E-5,7199.4,{"$f":"F46*G46","v":7.7136428571428564E-2}]
["Composição","SICRO","P9833","Auxiliar de Laboratório","mês",1.0714285714285714E-5,4988,5.3442857142857139E-2]
["Composição","SICRO","*B8957","Laboratório de Solos","mês",1.0714285714285714E-5,4073.25,4.3641964285714284E-2]
["Composição","SICRO","*B8955","Laboratório de Asfalto","mês",1.0714285714285714E-5,5205.4799999999996,5.5772999999999996E-2]
[null,"*Relatório de Custos Gerais do DNIT, página 1",null,null,"Sub total:",null,null,{"$f":"SUM(H46:H49)","v":0.22999424999999998}]
[{"$nulls":5},"BDI",{"$f":"BDI!$C$16","v":0.2339},{"$f":"G51*H50","v":5.3795655074999997E-2}]
[{"$nulls":4},"CPU-20","PREÇO UNITÁRIO TOTAL:",null,{"$f":"H50+H51","v":0.28378990507499996},{"$f":"H50","v":0.22999424999999998}]

{"sheet":"BDI","index":8,"n_rows":67,"n_cols":3,"rows_kept":67,"cut":false,"hidden":false,"merged":[[53,0,53,3],[54,0,54,3],[16,1,16,3],[17,1,18,3],[3,0,3,3],[4,0,4,3]]}
[]
[]
[]
["DETALHAMENTO DO BDI  - SEM DESONERAÇÃO"]
[{"$f":"#REF!","v":{"$error":"#REF!"}}]
["Descrição dos serviços","Preço de Venda (%)","Custo Direto (%)"]
["ADMINISTRAÇÃO CENTRAL",null,0.06]
["CUSTOS FINANCEIROS",1.0200000000000001E-2]
["RISCOS",2.5000000000000001E-3]
["SEGUROS E GARANTIAS CONTRATUAIS",5.0000000000000001E-3]
["LUCRO OPERACIONAL",null,7.0000000000000007E-2]
["PIS",6.4999999999999997E-3]
["COFINS",0.03]
["ISSQN",0.03]
["Contribuição Previdenciaria",0]
[null,"BDI",{"$f":"ROUND(((1+(C7+C11))/(1-(B8+B9+B10+B12+B13+B14+B15))-1),4)","v":0.2339}]
["Observação: ","O percentual de ISSQN aqui utilizado consiste apenas em um referencial médio."]
[null,"O valor real do ISSQN a ser adotado deve ser aquele proveniente das alíquotas dos municípios situados na área de influência das obras."]
{"$rows_empty":35}
["DETALHAMENTO DO BDI DIFERENCIADO  - SEM DESONERAÇÃO"]
["EXECUÇÃO DE SERVIÇOS DE PAVIMENTAÇÃO COM CONCRETO BETUMINOSO USINADO A QUENTE (CBUQ), EM VIAS DE MUNICÍPIOS DIVERSOS INSERIDOS NA ÁREA DE ATUAÇÃO DA CIDEVASF, NO ESTADO DO RIO GRANDE DO NORTE - LOTE 1"]
["DESCRIÇÃO DOS SERVIÇOS","PREÇO DE VENDA (%)","CUSTO DIRETO (%)"]
["ADMINISTRAÇÃO CENTRAL",null,3.7699999999999997E-2]
["DESPESA FINANCEIRAS",1.0200000000000001E-2]
["SEGUROS E GARANTIAS CONTRATUAIS",2.5000000000000001E-3]
["RISCOS",5.0000000000000001E-3]
["LUCRO OPERACIONAL",null,0.05]
["PIS",6.4999999999999997E-3]
["COFINS",0.03]
["ISSQN",0]
["Contribuição Previdenciaria",0]
[null,"BDI",{"$f":"ROUND((1+(C57+C61))/(1-(B58+B59+B60+B62+B63+B64+B65))-1,4)","v":0.15}]
["Fonte da composição, valores de referência e fórmula do BDI:  Instrução Normativa N° 62/DNIT SEDE"]

{"sheet":"ENC. SOCIAIS","index":9,"n_rows":51,"n_cols":13,"rows_kept":51,"cut":false,"hidden":false,"merged":[[4,0,5,5],[46,0,46,1],[6,0,6,5],[7,2,7,3],[7,4,7,5],[8,0,8,5],[9,0,10,1],[9,2,10,2],[9,3,10,3],[9,4,10,4],[9,5,10,5],[11,0,11,5],[22,0,22,5],[34,0,34,5],[41,0,41,5],[45,0,45,5]]}
[]
[]
[]
[]
[{"$f":"'RESUMO MODULO TOTAL'!B1","v":"CONTRATAÇÃO DE SERVIÇOS DE EXECUÇÃO DE CAPA ASFÁLTICA COM CONCRETO BETUMINOSO USINADO A QUENTE (CBUQ) EM VIAS DE DIVERSOS MUNICÍPIOS INSERIDOS NA ÁREA DE ATUAÇÃO DA 16ª SUPERINTENDÊNCIA REGIONAL DA CODEVASF, NO ESTADO DE MINAS GERAIS -  REGIÃO  NOROESTE"}]
[]
["DETALHAMENTO DOS ENCARGOS SOCIAIS (%)"]
["VIGÊNCIA A PARTIR DE 12/2022",null,"COM DESONERAÇÃO",null,"SEM DESONERAÇÃO"]
[]
[null,null,"HORISTA","MENSALISTA","HORISTA","MENSALISTA"]
[]
["GRUPO A"]
["A1","INSS",0,0,20,20]
["A2","SESI",1.5,1.5,1.5,1.5]
["A3","SENAI",1,1,1,1]
["A4","INCRA",0.2,0.2,0.2,0.2]
["A5","SEBRAE",0.6,0.6,0.6,0.6]
["A6","Salário Educação",2.5,2.5,2.5,2.5]
["A7","Seguro Contra Acidentes de Trabalho",3,3,3,3]
["A8","FGTS",8,8,8,8]
["A9","SECONCI",1,1,1.2,1.2]
["A","Total",{"$f":"SUM(C13:C21)","v":17.8},{"$f":"SUM(D13:D21)","v":17.8},{"$f":"SUM(E13:E21)","v":38},{"$f":"SUM(F13:F21)","v":38}]
["GRUPO B"]
["B1","Repouso Semanal Remunerado",17.88,"-",17.760000000000002,"-"]
["B2","Feriados",3.94,"-",3.68,"-"]
["B3","Auxílio-enfermidade",0.91,0.69,0.86,0.64]
["B4","13° salário",10.98,8.33,11.14,8.33]
["B5","Licença-paternidade",7.0000000000000007E-2,0.06,0.06,0.04]
["B6","Faltas Justificadas",0.73,0.56000000000000005,0.74,0.56000000000000005]
["B7","Dias de chuva",1.45,"-",1.1000000000000001,"-"]
["B8","Auxílio Acidente de Trabalho",0.11,0.09,0.1,0.08]
["B9","Férias Gozadas",11.35,8.6199999999999992,0,0]
["B10","Salário Maternidade",0.03,0.03,0.04,0.03,{"$nulls":5},{"$f":"(#REF!)/(1+#REF!)","v":{"$error":"#REF!"}},{"$f":"(#REF!)","v":{"$error":"#REF!"}}]
["B","Total ",{"$f":"SUM(C24:C33)","v":47.45},{"$f":"SUM(D24:D33)","v":18.380000000000003},{"$f":"SUM(E24:E33)","v":35.480000000000004},{"$f":"SUM(F24:F33)","v":9.68}]
["GRUPO C"]
["C1","Aviso Prévio Indenizado",6.76,5.14,6.01,4.5]
["C2","Aviso Prévio Trabalhado",0.16,0.12,0.14000000000000001,0.11]
["C3","Férias Indenizadas",2.2799999999999998,1.73,12.16,9.1]
["C4","Depósito Rescisão Sem Justa Causa",3.81,2.89,2.59,1.94]
["C5","Indenização Adicional",0.56999999999999995,0.43,0.51,0.38]
["C","Total ",{"$f":"SUM(C36:C40)","v":13.58},{"$f":"SUM(D36:D40)","v":10.31},{"$f":"SUM(E36:E40)","v":21.41},{"$f":"SUM(F36:F40)","v":16.03}]
["GRUPO D"]
["D1","Reincidência de A sobre B",8.4499999999999993,3.27,13.48,3.68]
["D2","Reincidência de Grupo A sobre Aviso Prévio Trabalhado e Reincidência do FGTS sobre Aviso Prévio Indenizado",0.56999999999999995,0.43,0.53,0.4]
["D","Total",{"$f":"SUM(C43:C44)","v":9.02},{"$f":"SUM(D43:D44)","v":3.7},{"$f":"SUM(E43:E44)","v":14.01},{"$f":"SUM(F43:F44)","v":4.08}]
[]
["T O T A L (%)",null,{"$f":"C22+C34+C41+C45","v":87.85},{"$f":"D22+D34+D41+D45","v":50.190000000000012},{"$f":"E22+E34+E41+E45","v":108.9},{"$f":"F22+F34+F41+F45","v":67.790000000000006}]
[]
[]
[]
[{"$nulls":7},"Fonte: Sinapi Cálculos e Parâmetros 5ª Edição - Atualizada em Agosto 2023"]

{"sheet":"Transporte Cap 50-70","index":10,"n_rows":94,"n_cols":34,"rows_kept":94,"cut":false,"hidden":false,"merged":[[4,2,6,26],[15,3,27,3],[9,2,11,2],[13,9,13,10],[13,22,13,23],[9,12,11,12],[13,4,13,8],[10,19,10,20],[9,5,9,7],[10,4,10,5],[10,6,11,6]]}
[]
[]
[]
[]
[null,null,"MEMÓRIA DE CÁLCULO"]
[]
[]
[]
[]
[null,null,"REAJUSTE",null,null,"TIPOLOGIA DO MATERIAL",null,null,"CIMENTOS ASFÁLTICOS CAP-50-70",null,null,null,"IMPOSTOS","COFINS",6.4999999999999997E-3,6.4999999999999997E-3]
[{"$nulls":6},"ÍNDICE DE PAVIMENTAÇÃO DNIT","2014-07-01","ÍNDICE INICIAL",270.23700000000002,null,null,null,"PIS",0.03,0.03,null,null,null,"LEGENDA",{"$nulls":8},"As empresas tributadas pelo Lucro Presumido pagam 0,65% de PIS e 3% de COFINS"]
[{"$nulls":7},"2024-07-01","ÍNDICE FINAL",574.25699999999995,null,null,null," ICMS",0.18,0.18,{"$f":"1-(O12/1)","v":0.82000000000000006},{"$f":"1-(P12/1)","v":0.82000000000000006},{"$f":"1-(Q12/1)","v":0.17999999999999994},"ENTRADA DE DADOS",{"$nulls":8},"As empresas tributadas pelo Lucro Real pagam 1,65% de PIS e 7,60% de COFINS"]
[{"$nulls":6},"Data ANP",{"$f":"'ANP ESTADO'!A99611","v":"2024-07-01"}]
[null,null,"DATA-BASE","PRODUTOS","LOCALIDADES",{"$nulls":4},"CUSTO ANP (R$/Kg)",null,"CUSTO ANP","IMPOSTOS DO PRODUTO","CUSTO DO PRODUTO COM IMPOSTOS","DMT's","DMT's FLUVIAL","CUSTO DO TRANSPORTE RODOVIA PAVIMENTADA","CUSTO DO TRANSPORTE FLUVIAL","CUSTO DO TRANSPORTE TOTAL","ICMS","ATUALIZAÇÃO DO CUSTO DE TRANSPORTE","CUSTO DO TRANSPORTE RODOVIA PAVIMENTADA COM IMPOSTOS E ATUALIZAÇÃO MONETÁRIA","PEDÁGIO ",null,"TOTAL TRANSPORTE","AQUISIÇÃO DO PRODUTO","TOTAL GERAL ( TRANSP + AQUISIÇÃO)",null,1,2,3]
[null,null,{"$f":"H12","v":"2024-07-01"},null,"REFINARIAS","ENDEREÇO","ESTADO","CIDADE","DESTINO","ESTADO","REGIÃO","R$/t","R$/t","R$/t","KM","KM","R$/t","R$/t","R$/t","R$/t","R$/t","R$/t","CUSTO ","R$/t","R$/t","R$/t","R$/t",null,"TOTAL GERAL ( TRANSP + AQUISIÇÃO)","TOTAL TRANSPORTE","AQUISIÇÃO DO PRODUTO"]
[null,{"$f":"AA16","v":6340.9831610756291},1,{"$f":"I10","v":"CIMENTOS ASFÁLTICOS CAP-50-70"},"Refinaria Abreu e Lima","Rodovia PE 60, Km 10 - Ipojuca - PE CEP:55590-000","Pernambuco","IPOJUCA - PE","Paracatu - MG",{"$f":"VLOOKUP('Transporte Cap 50-70'!G16,OFFSET('ANP ESTADO'!$A$1,MATCH('Transporte Cap 50-70'!$I$10,'ANP ESTADO'!B:B,0)+MATCH('Transporte Cap 50-70'!$H$13,OFFSET('ANP ESTADO'!$A$1,MATCH('Transporte Cap 50-70'!$I$10,'ANP ESTADO'!B:B,0),0,100000,1),0),2,100000,2),2,FALSE)","v":"-"},{"$f":"VLOOKUP($H$13,OFFSET('ANP REGIÃO'!$A$9,MATCH('Transporte Cap 50-70'!$I$10,'ANP REGIÃO'!A:A,0),1,10000,10000),MATCH('Transporte Cap 50-70'!AH16,'ANP REGIÃO'!$B$8:$G$8,0),FALSE)","v":3.8238049868721431},{"$f":"IF(AND(J16=\"-\",K16=\"-\"),\"\",IF(AND(J16<>0,K16=\"-\"),J16*1000,IF(AND(J16=\"-\",K16<>0),K16*1000,IF(AND(J16<>0,K16<>0),J16*1000,\"\"))))","v":3823.8049868721432},{"$f":"ROUND(((L16/(1-$O$10-$O$11-$O$12))-L16),2)","v":1056.6099999999999},{"$f":"L16+M16","v":4880.4149868721433},2093,0,{"$f":"ROUND((26.939+0.253*O16),2)","v":556.47},null,{"$f":"Q16+R16","v":556.47},{"$f":"TRUNC(S16*($O$12/(1-$O$12)),2)","v":122.15},{"$f":"TRUNC(IF($J$11=\"\",\"\",(($J$12-$J$11)/$J$11)*(S16+T16)),2)","v":763.45},{"$f":"S16+T16+U16","v":1442.0700000000002},258.60000000000002,{"$f":"EVEN((' CONSUMO DE MAT. B TOTAL'!$O$16)*2/28)*W16/(' CONSUMO DE MAT. B TOTAL'!$O$16)","v":18.498174203485455},{"$f":"IF(AND(S16=\"\",T16=\"\"),\"\",V16+X16)","v":1460.5681742034856},{"$f":"IF(OR(L16=\"\",M16=\"\"),\"\",L16+M16)","v":4880.4149868721433},{"$f":"IF(OR(Y16=\"\",Z16=\"\"),\"\",Y16+Z16)","v":6340.9831610756291},null,{"$f":"AA16","v":6340.9831610756291},{"$f":"Y16","v":1460.5681742034856},{"$f":"Z16","v":4880.4149868721433},null,null,{"$f":"IF(OR(G16=$D$54,G16=$D$55,G16=$D$57,G16=$D$63,G16=$D$47,G16=$D$43,G16=$D$39,G16=$D$52,G16=$D$42),\"NORDESTE\",IF(OR(G16=$D$38,G16=$D$40,G16=$D$41,G16=$D$51,G16=$D$59,G16=$D$60,G16=$D$64),\"NORTE\",IF(OR(G16=$D$44,G16=$D$46,G16=$D$48,G16=$D$49),\"CENTRO-OESTE\",IF(OR(G16=$D$62,G16=$D$56,G16=$D$50,G16=$D$45),\"SUDESTE\",IF(OR(G16=$D$61,G16=$D$53,G16=$D$58),\"SUL\",\"\")))))","v":"NORDESTE"}]
[null,{"$f":"AA17","v":6577.6631610756285},3,null,"Refinaria Potiguar Clara Camarão","Rodovia RN 221, KM 25 - Guamaré - RN CEP:59598-000","Rio Grande do Norte","GUAMARÉ - RN","Paracatu - MG",{"$f":"VLOOKUP('Transporte Cap 50-70'!G17,OFFSET('ANP ESTADO'!$A$1,MATCH('Transporte Cap 50-70'!$I$10,'ANP ESTADO'!B:B,0)+MATCH('Transporte Cap 50-70'!$H$13,OFFSET('ANP ESTADO'!$A$1,MATCH('Transporte Cap 50-70'!$I$10,'ANP ESTADO'!B:B,0),0,100000,1),0),2,100000,2),2,FALSE)","v":"-"},{"$f":"VLOOKUP($H$13,OFFSET('ANP REGIÃO'!$A$9,MATCH('Transporte Cap 50-70'!$I$10,'ANP REGIÃO'!A:A,0),1,10000,10000),MATCH('Transporte Cap 50-70'!AH17,'ANP REGIÃO'!$B$8:$G$8,0),FALSE)","v":3.8238049868721431},{"$f":"IF(AND(J17=\"-\",K17=\"\"),\"\",IF(AND(J17<>0,K17=\"\"),J17*1000,IF(AND(J17=\"-\",K17<>0),K17*1000,IF(AND(J17<>0,K17<>0),J17*1000,\"\"))))","v":3823.8049868721432},{"$f":"ROUND(((L17/(1-$O$10-$O$11-$O$12))-L17),2)","v":1056.6099999999999},{"$f":"L17+M17","v":4880.4149868721433},2454,0,647.79999999999995,null,{"$f":"Q17+R17","v":647.79999999999995},{"$f":"TRUNC(S17*($O$12/(1-$O$12)),2)","v":142.19999999999999},{"$f":"TRUNC(IF($J$11=\"\",\"\",(($J$12-$J$11)/$J$11)*(S17+T17)),2)","v":888.75},{"$f":"S17+T17+U17","v":1678.75},258.60000000000002,{"$f":"EVEN((' CONSUMO DE MAT. B TOTAL'!$O$16)*2/28)*W17/(' CONSUMO DE MAT. B TOTAL'!$O$16)","v":18.498174203485455},{"$f":"IF(AND(S17=\"\",T17=\"\"),\"\",V17+X17)","v":1697.2481742034854},4880.4149868721433,{"$f":"IF(OR(Y17=\"\",Z17=\"\"),\"\",Y17+Z17)","v":6577.6631610756285},null,{"$f":"AA17","v":6577.6631610756285},{"$f":"Y17","v":1697.2481742034854},{"$f":"Z17","v":4880.4149868721433},null,null,{"$f":"IF(OR(G17=$D$54,G17=$D$55,G17=$D$57,G17=$D$63,G17=$D$47,G17=$D$43,G17=$D$39,G17=$D$52,G17=$D$42),\"NORDESTE\",IF(OR(G17=$D$38,G17=$D$40,G17=$D$41,G17=$D$51,G17=$D$59,G17=$D$60,G17=$D$64),\"NORTE\",IF(OR(G17=$D$44,G17=$D$46,G17=$D$48,G17=$D$49),\"CENTRO-OESTE\",IF(OR(G17=$D$62,G17=$D$56,G17=$D$50,G17=$D$45),\"SUDESTE\",IF(OR(G17=$D$61,G17=$D$53,G17=$D$58),\"SUL\",\"\")))))","v":"NORDESTE"}]
[null,6031.9608358030519,4,null,"Refinaria Landulpho Alves (RLAM)","Rodovia BA 523, KM 4 – Mataripe São Francisco do Conde - BA CEP:43900-000","Bahia","SÃO FRANCISCO DO CONDE - BA","Paracatu - MG",{"$f":"VLOOKUP('Transporte Cap 50-70'!G18,OFFSET('ANP ESTADO'!$A$1,MATCH('Transporte Cap 50-70'!$I$10,'ANP ESTADO'!B:B,0)+MATCH('Transporte Cap 50-70'!$H$13,OFFSET('ANP ESTADO'!$A$1,MATCH('Transporte Cap 50-70'!$I$10,'ANP ESTADO'!B:B,0),0,100000,1),0),2,100000,2),2,FALSE)","v":3.9349604896804897},{"$f":"VLOOKUP($H$13,OFFSET('ANP REGIÃO'!$A$9,MATCH('Transporte Cap 50-70'!$I$10,'ANP REGIÃO'!A:A,0),1,10000,10000),MATCH('Transporte Cap 50-70'!AH18,'ANP REGIÃO'!$B$8:$G$8,0),FALSE)","v":3.8238049868721431},3934.9604896804899,1087.32,5022.2804896804901,1403,0,381.9,null,381.9,83.83,523.95000000000005,989.68000000000006,279.60000000000002,{"$f":"EVEN((' CONSUMO DE MAT. B TOTAL'!$O$16)*2/28)*W18/(' CONSUMO DE MAT. B TOTAL'!$O$16)","v":20.000346122562},1009.680346122562,5022.2804896804901,6031.9608358030519,null,6031.9608358030519,1009.680346122562,5022.2804896804901,null,null,"NORDESTE"]
[null,6153.6592366361319,5,null,"Refinaria Lubrificantes e Derivados do Nordeste (Lubnor)","Av. Leite Barbosa, s/nº - Mucuripe Fortaleza - Ceará CEP:60180-420","Ceará","FORTALEZA - CE","Paracatu - MG",{"$f":"VLOOKUP('Transporte Cap 50-70'!G19,OFFSET('ANP ESTADO'!$A$1,MATCH('Transporte Cap 50-70'!$I$10,'ANP ESTADO'!B:B,0)+MATCH('Transporte Cap 50-70'!$H$13,OFFSET('ANP ESTADO'!$A$1,MATCH('Transporte Cap 50-70'!$I$10,'ANP ESTADO'!B:B,0),0,100000,1),0),2,100000,2),2,FALSE)","v":3.6010110624326463},{"$f":"VLOOKUP($H$13,OFFSET('ANP REGIÃO'!$A$9,MATCH('Transporte Cap 50-70'!$I$10,'ANP REGIÃO'!A:A,0),1,10000,10000),MATCH('Transporte Cap 50-70'!AH19,'ANP REGIÃO'!$B$8:$G$8,0),FALSE)","v":3.8238049868721431},3601.0110624326462,995.05,4596.0610624326464,2241,0,593.91,null,593.91,130.37,814.82,1539.1,258.60000000000002,{"$f":"EVEN((' CONSUMO DE MAT. B TOTAL'!$O$16)*2/28)*W19/(' CONSUMO DE MAT. B TOTAL'!$O$16)","v":18.498174203485455},1557.5981742034853,4596.0610624326464,6153.6592366361319,null,6153.6592366361319,1557.5981742034853,4596.0610624326464,null,null,"NORDESTE"]
[null,5008.3940905427917,6,null,"Refinaria Capuava (Recap)","Av. Alberto Soares Sampaio, 2122-A Capuava – Mauá - SP","São Paulo","MAUÁ - SP","Paracatu - MG",{"$f":"VLOOKUP('Transporte Cap 50-70'!G20,OFFSET('ANP ESTADO'!$A$1,MATCH('Transporte Cap 50-70'!$I$10,'ANP ESTADO'!B:B,0)+MATCH('Transporte Cap 50-70'!$H$13,OFFSET('ANP ESTADO'!$A$1,MATCH('Transporte Cap 50-70'!$I$10,'ANP ESTADO'!B:B,0),0,100000,1),0),2,100000,2),2,FALSE)","v":3.3412816275346398},{"$f":"VLOOKUP($H$13,OFFSET('ANP REGIÃO'!$A$9,MATCH('Transporte Cap 50-70'!$I$10,'ANP REGIÃO'!A:A,0),1,10000,10000),MATCH('Transporte Cap 50-70'!AH20,'ANP REGIÃO'!$B$8:$G$8,0),FALSE)","v":3.3437458887367963},3341.2816275346399,923.28,4264.5616275346401,932,0,262.74,null,262.74,57.67,360.46,680.87,880.2,{"$f":"EVEN((' CONSUMO DE MAT. B TOTAL'!$O$16)*2/28)*W20/(' CONSUMO DE MAT. B TOTAL'!$O$16)","v":62.96246300815119},743.83246300815119,4264.5616275346401,5008.3940905427917,null,5008.3940905427917,743.83246300815119,4264.5616275346401,null,null,"SUDESTE"]
[null,4831.672273797034,7,null,"Refinaria Duque de Caxias (Reduc)","Rodovia Washington Luiz, km 113,7 Campos Elíseos – Duque de Caxias - RJ CEP:25213-005","Rio de Janeiro","DUQUE DE CAXIAS - RJ","Paracatu - MG",{"$f":"VLOOKUP('Transporte Cap 50-70'!G21,OFFSET('ANP ESTADO'!$A$1,MATCH('Transporte Cap 50-70'!$I$10,'ANP ESTADO'!B:B,0)+MATCH('Transporte Cap 50-70'!$H$13,OFFSET('ANP ESTADO'!$A$1,MATCH('Transporte Cap 50-70'!$I$10,'ANP ESTADO'!B:B,0),0,100000,1),0),2,100000,2),2,FALSE)","v":3.2256672377137572},{"$f":"VLOOKUP($H$13,OFFSET('ANP REGIÃO'!$A$9,MATCH('Transporte Cap 50-70'!$I$10,'ANP REGIÃO'!A:A,0),1,10000,10000),MATCH('Transporte Cap 50-70'!AH21,'ANP REGIÃO'!$B$8:$G$8,0),FALSE)","v":3.3437458887367963},3225.667237713757,891.33,4116.9972377137574,918,0,259.19,null,259.19,56.89,355.59,671.67,601.20000000000005,{"$f":"EVEN((' CONSUMO DE MAT. B TOTAL'!$O$16)*2/28)*W21/(' CONSUMO DE MAT. B TOTAL'!$O$16)","v":43.005036083277091},714.67503608327706,4116.9972377137574,4831.672273797034,null,4831.672273797034,714.67503608327706,4116.9972377137574,null,null,"SUDESTE"]
[null,5830.3179249178538,8,null,"Refinaria Alberto Pasqualini (Refap)","Avenida Getúlio Vargas, 11001 - Bairro Brigadeira Canoas - RS - Brasil CEP:92420-221","Rio Grande do Sul","CANOAS - RS","Paracatu - MG",{"$f":"VLOOKUP('Transporte Cap 50-70'!G22,OFFSET('ANP ESTADO'!$A$1,MATCH('Transporte Cap 50-70'!$I$10,'ANP ESTADO'!B:B,0)+MATCH('Transporte Cap 50-70'!$H$13,OFFSET('ANP ESTADO'!$A$1,MATCH('Transporte Cap 50-70'!$I$10,'ANP ESTADO'!B:B,0),0,100000,1),0),2,100000,2),2,FALSE)","v":3.4172435971744006},{"$f":"VLOOKUP($H$13,OFFSET('ANP REGIÃO'!$A$9,MATCH('Transporte Cap 50-70'!$I$10,'ANP REGIÃO'!A:A,0),1,10000,10000),MATCH('Transporte Cap 50-70'!AH22,'ANP REGIÃO'!$B$8:$G$8,0),FALSE)","v":3.4173222318022667},3417.2435971744007,944.27,4361.5135971744003,1968,0,524.84,null,524.84,115.2,720.05,1360.0900000000001,1519.8,{"$f":"EVEN((' CONSUMO DE MAT. B TOTAL'!$O$16)*2/28)*W22/(' CONSUMO DE MAT. B TOTAL'!$O$16)","v":108.71432774345395},1468.804327743454,4361.5135971744003,5830.3179249178538,null,5830.3179249178538,1468.804327743454,4361.5135971744003,null,null,"SUL"]
[null,5317.0904963192625,9,null,"Unidade de Industrialização do Xisto (SIX)","Rodovia do Xisto, BR 476, km 153 São Mateus do Sul – PR CEP 83900-000","Paraná","SÃO MATEUS DO SUL - PR","Paracatu - MG",{"$f":"VLOOKUP('Transporte Cap 50-70'!G23,OFFSET('ANP ESTADO'!$A$1,MATCH('Transporte Cap 50-70'!$I$10,'ANP ESTADO'!B:B,0)+MATCH('Transporte Cap 50-70'!$H$13,OFFSET('ANP ESTADO'!$A$1,MATCH('Transporte Cap 50-70'!$I$10,'ANP ESTADO'!B:B,0),0,100000,1),0),2,100000,2),2,FALSE)","v":3.417370179444057},{"$f":"VLOOKUP($H$13,OFFSET('ANP REGIÃO'!$A$9,MATCH('Transporte Cap 50-70'!$I$10,'ANP REGIÃO'!A:A,0),1,10000,10000),MATCH('Transporte Cap 50-70'!AH23,'ANP REGIÃO'!$B$8:$G$8,0),FALSE)","v":3.4173222318022667},3417.3701794440572,944.3,4361.6701794440569,1251,0,343.44,null,343.44,75.38,471.17,889.99,914.7,{"$f":"EVEN((' CONSUMO DE MAT. B TOTAL'!$O$16)*2/28)*W23/(' CONSUMO DE MAT. B TOTAL'!$O$16)","v":65.430316875205506},955.42031687520557,4361.6701794440569,5317.0904963192625,null,5317.0904963192625,955.42031687520557,4361.6701794440569,null,null,"SUL"]
[null,4626.0331926466524,10,null,"Refinaria Gabriel Passos (Regap)","Av. Refinaria Gabriel Passos, 690 Distrito Industrial Paulo Camilo Sul Betim - MG CEP:32669-205","Minas Gerais","BETIM - MG","Paracatu - MG",{"$f":"VLOOKUP('Transporte Cap 50-70'!G24,OFFSET('ANP ESTADO'!$A$1,MATCH('Transporte Cap 50-70'!$I$10,'ANP ESTADO'!B:B,0)+MATCH('Transporte Cap 50-70'!$H$13,OFFSET('ANP ESTADO'!$A$1,MATCH('Transporte Cap 50-70'!$I$10,'ANP ESTADO'!B:B,0),0,100000,1),0),2,100000,2),2,FALSE)","v":3.307833192646652},{"$f":"VLOOKUP($H$13,OFFSET('ANP REGIÃO'!$A$9,MATCH('Transporte Cap 50-70'!$I$10,'ANP REGIÃO'!A:A,0),1,10000,10000),MATCH('Transporte Cap 50-70'!AH24,'ANP REGIÃO'!$B$8:$G$8,0),FALSE)","v":3.3437458887367963},3307.8331926466522,914.03,4221.8631926466524,510,0,155.97,null,155.97,34.229999999999997,213.97,404.16999999999996,0,{"$f":"EVEN((' CONSUMO DE MAT. B TOTAL'!$O$16)*2/28)*W24/(' CONSUMO DE MAT. B TOTAL'!$O$16)","v":0},404.16999999999996,4221.8631926466524,4626.0331926466524,null,4626.0331926466524,404.16999999999996,4221.8631926466524,null,null,"SUDESTE"]
[null,5319.7566642233178,11,null,"Refinaria Presidente Getúlio Vargas (Repar)","Rodovia do Xisto, BR 476, km 16 Araucária - PR CEP:83707-440","Paraná","ARAUCÁRIA - PR","Paracatu - MG",{"$f":"VLOOKUP('Transporte Cap 50-70'!G25,OFFSET('ANP ESTADO'!$A$1,MATCH('Transporte Cap 50-70'!$I$10,'ANP ESTADO'!B:B,0)+MATCH('Transporte Cap 50-70'!$H$13,OFFSET('ANP ESTADO'!$A$1,MATCH('Transporte Cap 50-70'!$I$10,'ANP ESTADO'!B:B,0),0,100000,1),0),2,100000,2),2,FALSE)","v":3.417370179444057},{"$f":"VLOOKUP($H$13,OFFSET('ANP REGIÃO'!$A$9,MATCH('Transporte Cap 50-70'!$I$10,'ANP REGIÃO'!A:A,0),1,10000,10000),MATCH('Transporte Cap 50-70'!AH25,'ANP REGIÃO'!$B$8:$G$8,0),FALSE)","v":3.4173222318022667},3417.3701794440572,944.3,4361.6701794440569,1241,0,340.91,null,340.91,74.83,467.71,883.45,1043.4000000000001,{"$f":"EVEN((' CONSUMO DE MAT. B TOTAL'!$O$16)*2/28)*W25/(' CONSUMO DE MAT. B TOTAL'!$O$16)","v":74.636484779260343},958.08648477926045,4361.6701794440569,5319.7566642233178,null,5319.7566642233178,958.08648477926045,4361.6701794440569,null,null,"SUL"]
[null,5015.5940905427915,12,null,"Refinaria Presidente Bernardes (RPBC)","Av. 9 de abril, 777 - Jardim das Indústrias Cubatão - SP CEP:11505-000","São Paulo","CUBATÃO - SP","Paracatu - MG",{"$f":"VLOOKUP('Transporte Cap 50-70'!G26,OFFSET('ANP ESTADO'!$A$1,MATCH('Transporte Cap 50-70'!$I$10,'ANP ESTADO'!B:B,0)+MATCH('Transporte Cap 50-70'!$H$13,OFFSET('ANP ESTADO'!$A$1,MATCH('Transporte Cap 50-70'!$I$10,'ANP ESTADO'!B:B,0),0,100000,1),0),2,100000,2),2,FALSE)","v":3.3412816275346398},{"$f":"VLOOKUP($H$13,OFFSET('ANP REGIÃO'!$A$9,MATCH('Transporte Cap 50-70'!$I$10,'ANP REGIÃO'!A:A,0),1,10000,10000),MATCH('Transporte Cap 50-70'!AH26,'ANP REGIÃO'!$B$8:$G$8,0),FALSE)","v":3.3437458887367963},3341.2816275346399,923.28,4264.5616275346401,943,0,265.52,null,265.52,58.28,364.27,688.06999999999994,880.2,{"$f":"EVEN((' CONSUMO DE MAT. B TOTAL'!$O$16)*2/28)*W26/(' CONSUMO DE MAT. B TOTAL'!$O$16)","v":62.96246300815119},751.03246300815113,4264.5616275346401,5015.5940905427915,null,5015.5940905427915,751.03246300815113,4264.5616275346401,null,null,"SUDESTE"]
[null,4879.3009375393131,13,null,"Refinaria de Paulínia (Replan)","Rodovia SP 332 - Km. 130 Bonfim - Paulínia – SP CEP:13140-000","São Paulo","PAULÍNIA - SP","Paracatu - MG",{"$f":"VLOOKUP('Transporte Cap 50-70'!G27,OFFSET('ANP ESTADO'!$A$1,MATCH('Transporte Cap 50-70'!$I$10,'ANP ESTADO'!B:B,0)+MATCH('Transporte Cap 50-70'!$H$13,OFFSET('ANP ESTADO'!$A$1,MATCH('Transporte Cap 50-70'!$I$10,'ANP ESTADO'!B:B,0),0,100000,1),0),2,100000,2),2,FALSE)","v":3.3412816275346398},{"$f":"VLOOKUP($H$13,OFFSET('ANP REGIÃO'!$A$9,MATCH('Transporte Cap 50-70'!$I$10,'ANP REGIÃO'!A:A,0),1,10000,10000),MATCH('Transporte Cap 50-70'!AH27,'ANP REGIÃO'!$B$8:$G$8,0),FALSE)","v":3.3437458887367963},3341.2816275346399,923.28,4264.5616275346401,752,0,217.2,null,217.2,47.67,297.98,562.85,725.4,{"$f":"EVEN((' CONSUMO DE MAT. B TOTAL'!$O$16)*2/28)*W27/(' CONSUMO DE MAT. B TOTAL'!$O$16)","v":51.889310004672652},614.73931000467269,4264.5616275346401,4879.3009375393131,null,4879.3009375393131,614.73931000467269,4264.5616275346401,null,null,"SUDESTE"]
[null,5007.25619254511,14,null,"Refinaria Henrique Lage (Revap)","Rodovia Presidente Dutra, KM 143, S/N Bairro Jardim Diamante - São José dos Campos – SP CEP:12223-900","São Paulo","SÃO JOSÉ DOS CAMPOS - SP","Paracatu - MG",{"$f":"VLOOKUP('Transporte Cap 50-70'!G28,OFFSET('ANP ESTADO'!$A$1,MATCH('Transporte Cap 50-70'!$I$10,'ANP ESTADO'!B:B,0)+MATCH('Transporte Cap 50-70'!$H$13,OFFSET('ANP ESTADO'!$A$1,MATCH('Transporte Cap 50-70'!$I$10,'ANP ESTADO'!B:B,0),0,100000,1),0),2,100000,2),2,FALSE)","v":3.3412816275346398},{"$f":"VLOOKUP($H$13,OFFSET('ANP REGIÃO'!$A$9,MATCH('Transporte Cap 50-70'!$I$10,'ANP REGIÃO'!A:A,0),1,10000,10000),MATCH('Transporte Cap 50-70'!AH28,'ANP REGIÃO'!$B$8:$G$8,0),FALSE)","v":3.3437458887367963},3341.2816275346399,923.28,4264.5616275346401,919,0,259.45,null,259.45,56.95,355.95,672.34999999999991,983.4,{"$f":"EVEN((' CONSUMO DE MAT. B TOTAL'!$O$16)*2/28)*W28/(' CONSUMO DE MAT. B TOTAL'!$O$16)","v":70.344565010470205},742.69456501047011,4264.5616275346401,5007.25619254511,null,5007.25619254511,742.69456501047011,4264.5616275346401,null,null,"SUDESTE"]
{"$rows_empty":9}
[null,null,null,"Acre"]
[null,null,null,"Alagoas"]
[null,null,null,"Amapá"]
[null,null,null,"Amazonas"]
[null,null,null,"Bahia"]
[null,null,null,"Ceará"]
[null,null,null,"Distrito Federal"]
[null,null,null,"Espírito Santo"]
[null,null,null,"Goiás"]
[null,null,null,"Maranhão"]
[null,null,null,"Mato Grosso"]
[null,null,null,"Mato Grosso do Sul"]
[null,null,null,"Minas Gerais"]
[null,null,null,"Pará"]
[null,null,null,"Paraíba"]
[null,null,null,"Paraná"]
[null,null,null,"Pernambuco"]
[null,null,null,"Piauí"]
[null,null,null,"Rio de Janeiro"]
[null,null,null,"Rio Grande do Norte"]
[null,null,null,"Rio Grande do Sul"]
[null,null,null,"Rondônia"]
[null,null,null,"Roraima"]
[null,null,null,"Santa Catarina"]
[null,null,null,"São Paulo"]
[null,null,null,"Sergipe"]
[null,null,null,"Tocantins"]
[]
[]
[]
[null,null,null,"ASFALTOS DILUÍDOS CM-30"]
[null,null,null,"ASFALTOS DILUÍDOS CM-70"]
[null,null,null,"ASFALTOS DILUÍDOS CR-250"]
[null,null,null,"ASFALTOS DILUÍDOS CR-70"]
[null,null,null,"CAP MODIFICADO POR BORRACHA DE PNEU AB22"]
[null,null,null,"CAP MODIFICADO POR BORRACHA DE PNEU AB8"]
[null,null,null,"CAP MODIFICADO POR POLÍMERO 55-75-E"]
[null,null,null,"CAP MODIFICADO POR POLÍMERO 60-85-E"]
[null,null,null,"CAP MODIFICADO POR POLÍMERO 65-90-E"]
[null,null,null,"CIMENTOS ASFÁLTICOS CAP-150-200"]
[null,null,null,"CIMENTOS ASFÁLTICOS CAP-30-45"]
[null,null,null,"CIMENTOS ASFÁLTICOS CAP-50-70"]
[null,null,null,"CIMENTOS ASFÁLTICOS CAP-85-100"]
[null,null,null,"EMULSÃO ASFÁLTICA CATIÔNICA DE RUPTURA CONTROLADA PARA SERVIÇO DE LAMA ASFÁLTICA"]
[null,null,null,"EMULSÃO ASFÁLTICA DE RUPTURA LENTA CATIÔNICA PARA SERVIÇO DE LAMA ASFÁLTICA"]
[null,null,null,"EMULSÃO ASFÁLTICA DE RUPTURA LENTA DE CARGA NEUTRA PARA SERVIÇO DE LAMA ASFÁLTICA"]
[null,null,null,"EMULSÃO ASFÁLTICA PARA SERVIÇO DE IMPRIMAÇÃO"]
[null,null,null,"EMULSÕES ASF. MOD. POR POLÍMEROS RC1C-E"]
[null,null,null,"EMULSÕES ASF. MOD. POR POLÍMEROS RL1C-E"]
[null,null,null,"EMULSÕES ASF. MOD. POR POLÍMEROS RM1C-E"]
[null,null,null,"EMULSÕES ASF. MOD. POR POLÍMEROS RR1C-E"]
[null,null,null,"EMULSÕES ASF. MOD. POR POLÍMEROS RR2C-E"]
[null,null,null,"EMULSÕES ASFÁLTICAS RL-1C"]
[null,null,null,"EMULSÕES ASFÁLTICAS RM-1C"]
[null,null,null,"EMULSÕES ASFÁLTICAS RM-2C"]
[null,null,null,"EMULSÕES ASFÁLTICAS RR-1C"]
[null,null,null,"EMULSÕES ASFÁLTICAS RR-2C"]

{"sheet":"Transporte RR-1C","index":11,"n_rows":101,"n_cols":34,"rows_kept":101,"cut":false,"hidden":false,"merged":[[13,4,13,8],[13,9,13,10],[13,22,13,23],[15,3,34,3],[4,2,6,26],[9,2,11,2],[9,5,9,7],[9,12,11,12],[10,4,10,5],[10,19,10,20],[10,6,11,6]]}
[]
[]
[]
[]
[null,null,"MEMÓRIA DE CÁLCULO"]
[]
[]
[]
[]
[null,null,"REAJUSTE",null,null,"TIPOLOGIA DO MATERIAL",null,null,"EMULSÕES ASFÁLTICAS RR-1C",null,null,null,"IMPOSTOS","COFINS",6.4999999999999997E-3,6.4999999999999997E-3]
[{"$nulls":6},"ÍNDICE DE PAVIMENTAÇÃO DNIT","2014-07-01","ÍNDICE INICIAL",270.23700000000002,null,null,null,"PIS",0.03,0.03,null,null,null,"LEGENDA",{"$nulls":8},"As empresas tributadas pelo Lucro Presumido pagam 0,65% de PIS e 3% de COFINS"]
[{"$nulls":7},{"$f":"'Transporte Cap 50-70'!H12","v":"2024-07-01"},"ÍNDICE FINAL",{"$f":"'Transporte Cap 50-70'!J12","v":574.25699999999995},null,null,null," ICMS",0.18,0.18,{"$f":"1-(O12/1)","v":0.82000000000000006},{"$f":"1-(P12/1)","v":0.82000000000000006},{"$f":"1-(Q12/1)","v":0.17999999999999994},"ENTRADA DE DADOS",{"$nulls":8},"As empresas tributadas pelo Lucro Real pagam 1,65% de PIS e 7,60% de COFINS"]
[{"$nulls":6},"Data ANP",{"$f":"'Transporte Cap 50-70'!H13","v":"2024-07-01"}]
[null,null,"DATA-BASE","PRODUTOS","LOCALIDADES",{"$nulls":4},"CUSTO ANP (R$/Kg)",null,"CUSTO ANP","IMPOSTOS DO PRODUTO","CUSTO DO PRODUTO COM IMPOSTOS","DMT's","DMT'S FLUVIAL","CUSTO DO TRANSPORTE RODOVIA PAVIMENTADA","CUSTO DO TRANSPORTE FLUVIAL","CUSTO DO TRANSPORTE TOTAL","ICMS","ATUALIZAÇÃO DO CUSTO DE TRANSPORTE","CUSTO DO TRANSPORTE RODOVIA PAVIMENTADA COM IMPOSTOS E ATUALIZAÇÃO MONETÁRIA","PEDÁGIO ",null,"TOTAL TRANSPORTE","AQUISIÇÃO DO PRODUTO","TOTAL GERAL ( TRANSP + AQUISIÇÃO)",null,1,2,3]
[null,null,{"$f":"H12","v":"2024-07-01"},null,"REFINARIAS","ENDEREÇO","ESTADO","CIDADE","DESTINO","ESTADO","REGIÃO","R$/t","R$/t","R$/t","KM","KM","R$/t","R$/t","R$/t","R$/t","R$/t","R$/t","CUSTO ","R$/t","R$/t","R$/t","R$/t",null,"TOTAL GERAL ( TRANSP + AQUISIÇÃO)","TOTAL TRANSPORTE","AQUISIÇÃO DO PRODUTO"]
[null,{"$f":"AA16","v":3774.5396393073984},1,{"$f":"I10","v":"EMULSÕES ASFÁLTICAS RR-1C"},"'CENTRO OESTE ASFALTOS LTDA.","SETOR DE INFLAMÁVEIS, S/N TRECHO 02 - LOTE 1.100 - GUARÁ - CEP:71225-000","Distrito Federal","BRASÍLIA - DF","Paracatu - MG",{"$f":"VLOOKUP(G16,OFFSET('ANP ESTADO'!$A$1,MATCH($I$10,'ANP ESTADO'!B:B,0)+MATCH($H$13,OFFSET('ANP ESTADO'!$A$1,MATCH($I$10,'ANP ESTADO'!B:B,0),0,100000,1),0),2,100000,2),2,FALSE)","v":"-"},{"$f":"VLOOKUP($H$13,OFFSET('ANP REGIÃO'!$A$9,MATCH('Transporte RR-1C'!$I$10,'ANP REGIÃO'!A:A,0),1,10000,10000),MATCH('Transporte RR-1C'!AH16,'ANP REGIÃO'!$B$8:$G$8,0),FALSE)","v":2.7772496393073984},{"$f":"IF(AND(J16=\"-\",K16=\"-\"),\"\",IF(AND(J16<>0,K16=\"-\"),J16*1000,IF(AND(J16=\"-\",K16<>0),K16*1000,IF(AND(J16<>0,K16<>0),J16*1000,\"\"))))","v":2777.2496393073984},{"$f":"ROUND(((L16/(1-$O$10-$O$11-$O$12))-L16),2)","v":767.42},{"$f":"L16+M16","v":3544.6696393073985},235,0,{"$f":"ROUND((26.939+0.253*O16),2)","v":86.39},null,{"$f":"R16+Q16","v":86.39},{"$f":"TRUNC(S16*($O$12/(1-$O$12)),2)","v":18.96},{"$f":"TRUNC(IF($J$11=\"\",\"\",(($J$12-$J$11)/$J$11)*(Q16+T16)),2)","v":118.52},{"$f":"S16+T16+U16","v":223.87},75.599999999999994,{"$f":"EVEN(' CONSUMO DE MAT. B TOTAL'!$O$14*2/28)*W16/' CONSUMO DE MAT. B TOTAL'!$O$14","v":6},{"$f":"IF(AND(Q16=\"\",T16=\"\"),\"\",V16+X16)","v":229.87},{"$f":"IF(OR(L16=\"\",M16=\"\"),\"\",L16+M16)","v":3544.6696393073985},{"$f":"IF(OR(Y16=\"\",Z16=\"\"),\"\",Y16+Z16)","v":3774.5396393073984},null,{"$f":"AA16","v":3774.5396393073984},{"$f":"Y16","v":229.87},{"$f":"Z16","v":3544.6696393073985},null,null,{"$f":"IF(OR(G16=$D$61,G16=$D$62,G16=$D$64,G16=$D$70,G16=$D$54,G16=$D$50,G16=$D$46,G16=$D$59,G16=$D$49),\"NORDESTE\",IF(OR(G16=$D$45,G16=$D$47,G16=$D$48,G16=$D$58,G16=$D$66,G16=$D$67,G16=$D$71),\"NORTE\",IF(OR(G16=$D$51,G16=$D$53,G16=$D$55,G16=$D$56),\"CENTRO-OESTE\",IF(OR(G16=$D$69,G16=$D$63,G16=$D$57,G16=$D$52),\"SUDESTE\",IF(OR(G16=$D$68,G16=$D$60,G16=$D$65),\"SUL\",\"\")))))","v":"CENTRO-OESTE"}]
[null,{"$f":"AA17","v":3572.3451552053925},3,null,"STRATURA ASFALTOS S/A","AVENIDA PRESIDENTE WILSON, 08  - JUNDIAÍ - CEP:75115-100","Goiás","ANÁPOLIS - GO","Paracatu - MG",{"$f":"VLOOKUP(G17,OFFSET('ANP ESTADO'!$A$1,MATCH($I$10,'ANP ESTADO'!B:B,0)+MATCH($H$13,OFFSET('ANP ESTADO'!$A$1,MATCH($I$10,'ANP ESTADO'!B:B,0),0,100000,1),0),2,100000,2),2,FALSE)","v":2.5659094409196781},{"$f":"VLOOKUP($H$13,OFFSET('ANP REGIÃO'!$A$9,MATCH('Transporte RR-1C'!$I$10,'ANP REGIÃO'!A:A,0),1,10000,10000),MATCH('Transporte RR-1C'!AH17,'ANP REGIÃO'!$B$8:$G$8,0),FALSE)","v":2.7772496393073984},{"$f":"IF(AND(J17=\"-\",K17=\"-\"),\"\",IF(AND(J17<>0,K17=\"-\"),J17*1000,IF(AND(J17=\"-\",K17<>0),K17*1000,IF(AND(J17<>0,K17<>0),J17*1000,\"\"))))","v":2565.9094409196782},{"$f":"ROUND(((L17/(1-$O$10-$O$11-$O$12))-L17),2)","v":709.02},{"$f":"L17+M17","v":3274.9294409196782},333,0,{"$f":"ROUND((26.939+0.253*O17),2)","v":111.19},null,{"$f":"R17+Q17","v":111.19},{"$f":"TRUNC(S17*($O$12/(1-$O$12)),2)","v":24.4},{"$f":"TRUNC(IF($J$11=\"\",\"\",(($J$12-$J$11)/$J$11)*(Q17+T17)),2)","v":152.54},{"$f":"S17+T17+U17","v":288.13},117,{"$f":"EVEN(' CONSUMO DE MAT. B TOTAL'!$O$14*2/28)*W17/' CONSUMO DE MAT. B TOTAL'!$O$14","v":9.2857142857142865},297.41571428571427,3274.9294409196782,{"$f":"IF(OR(Y17=\"\",Z17=\"\"),\"\",Y17+Z17)","v":3572.3451552053925},null,{"$f":"AA17","v":3572.3451552053925},{"$f":"Y17","v":297.41571428571427},3274.9294409196782,null,null,{"$f":"IF(OR(G17=$D$61,G17=$D$62,G17=$D$64,G17=$D$70,G17=$D$54,G17=$D$50,G17=$D$46,G17=$D$59,G17=$D$49),\"NORDESTE\",IF(OR(G17=$D$45,G17=$D$47,G17=$D$48,G17=$D$58,G17=$D$66,G17=$D$67,G17=$D$71),\"NORTE\",IF(OR(G17=$D$51,G17=$D$53,G17=$D$55,G17=$D$56),\"CENTRO-OESTE\",IF(OR(G17=$D$69,G17=$D$63,G17=$D$57,G17=$D$52),\"SUDESTE\",IF(OR(G17=$D$68,G17=$D$60,G17=$D$65),\"SUL\",\"\")))))","v":"CENTRO-OESTE"}]
[null,3610.3694409196783,4,null,"DISTRIBUIDORA BRASILEIRA DE ASFALTO SA - DISBRAL","VIA PRIMARIA 8, S/N QD-18, MODS. 24/47 - DAIAG - CEP:74980-970","Goiás","APARECIDA DE GOIANIA - GO","Paracatu - MG",{"$f":"VLOOKUP(G18,OFFSET('ANP ESTADO'!$A$1,MATCH($I$10,'ANP ESTADO'!B:B,0)+MATCH($H$13,OFFSET('ANP ESTADO'!$A$1,MATCH($I$10,'ANP ESTADO'!B:B,0),0,100000,1),0),2,100000,2),2,FALSE)","v":2.5659094409196781},{"$f":"VLOOKUP($H$13,OFFSET('ANP REGIÃO'!$A$9,MATCH('Transporte RR-1C'!$I$10,'ANP REGIÃO'!A:A,0),1,10000,10000),MATCH('Transporte RR-1C'!AH18,'ANP REGIÃO'!$B$8:$G$8,0),FALSE)","v":2.7772496393073984},2565.9094409196782,709.02,3274.9294409196782,396,0,127.13,null,127.13,27.9,174.41,329.44,75.599999999999994,{"$f":"EVEN(' CONSUMO DE MAT. B TOTAL'!$O$14*2/28)*W18/' CONSUMO DE MAT. B TOTAL'!$O$14","v":6},335.44,3274.9294409196782,3610.3694409196783,null,3610.3694409196783,335.44,3274.9294409196782,null,null,"CENTRO-OESTE"]
[2403,3624.1394409196782,5,null,"INDÚSTRIA NACIONAL DE ASFALTOS LTDA.","VIA PRIMEIRA E SEGUNDA 3, S/N.º LOTES 01 A 10 - DISTRITO AGROINDUSTRIAL - CEP:75370-000","Goiás","GOIANIRA - GO","Paracatu - MG",{"$f":"VLOOKUP(G19,OFFSET('ANP ESTADO'!$A$1,MATCH($I$10,'ANP ESTADO'!B:B,0)+MATCH($H$13,OFFSET('ANP ESTADO'!$A$1,MATCH($I$10,'ANP ESTADO'!B:B,0),0,100000,1),0),2,100000,2),2,FALSE)","v":2.5659094409196781},{"$f":"VLOOKUP($H$13,OFFSET('ANP REGIÃO'!$A$9,MATCH('Transporte RR-1C'!$I$10,'ANP REGIÃO'!A:A,0),1,10000,10000),MATCH('Transporte RR-1C'!AH19,'ANP REGIÃO'!$B$8:$G$8,0),FALSE)","v":2.7772496393073984},2565.9094409196782,709.02,3274.9294409196782,417,0,132.44,null,132.44,29.07,181.7,343.21,75.599999999999994,{"$f":"EVEN(' CONSUMO DE MAT. B TOTAL'!$O$14*2/28)*W19/' CONSUMO DE MAT. B TOTAL'!$O$14","v":6},349.21,3274.9294409196782,3624.1394409196782,null,3624.1394409196782,349.21,3274.9294409196782,null,null,"CENTRO-OESTE"]
[null,3387.3467511527151,6,null,"STRATURA ASFALTOS S/A","RUA VICTOR RODRIGUES RESENDE, 333  - DISTRITO IND. DE UBERLÂNDIA - CEP:38405-440","Minas Gerais","UBERLANDIA - MG","Paracatu - MG",{"$f":"VLOOKUP(G20,OFFSET('ANP ESTADO'!$A$1,MATCH($I$10,'ANP ESTADO'!B:B,0)+MATCH($H$13,OFFSET('ANP ESTADO'!$A$1,MATCH($I$10,'ANP ESTADO'!B:B,0),0,100000,1),0),2,100000,2),2,FALSE)","v":2.4146315130574774},{"$f":"VLOOKUP($H$13,OFFSET('ANP REGIÃO'!$A$9,MATCH('Transporte RR-1C'!$I$10,'ANP REGIÃO'!A:A,0),1,10000,10000),MATCH('Transporte RR-1C'!AH20,'ANP REGIÃO'!$B$8:$G$8,0),FALSE)","v":2.5568047096927602},2414.6315130574772,667.22,3081.851513057477,338,0,112.45,null,112.45,24.68,154.27000000000001,291.39999999999998,177.6,{"$f":"EVEN(' CONSUMO DE MAT. B TOTAL'!$O$14*2/28)*W20/' CONSUMO DE MAT. B TOTAL'!$O$14","v":14.095238095238095},305.49523809523805,3081.851513057477,3387.3467511527151,null,3387.3467511527151,305.49523809523805,3081.851513057477,null,null,"SUDESTE"]
[null,3392.9767511527152,7,null,"BETUNEL INDÚSTRIA E COMÉRCIO LTDA.","RUA   VICTOR RODRIGUES DE REZENDE, 185  - DISTRITO INDUSTRIAL - CEP:38402-334","Minas Gerais","UBERLANDIA - MG","Paracatu - MG",{"$f":"VLOOKUP(G21,OFFSET('ANP ESTADO'!$A$1,MATCH($I$10,'ANP ESTADO'!B:B,0)+MATCH($H$13,OFFSET('ANP ESTADO'!$A$1,MATCH($I$10,'ANP ESTADO'!B:B,0),0,100000,1),0),2,100000,2),2,FALSE)","v":2.4146315130574774},{"$f":"VLOOKUP($H$13,OFFSET('ANP REGIÃO'!$A$9,MATCH('Transporte RR-1C'!$I$10,'ANP REGIÃO'!A:A,0),1,10000,10000),MATCH('Transporte RR-1C'!AH21,'ANP REGIÃO'!$B$8:$G$8,0),FALSE)","v":2.5568047096927602},2414.6315130574772,667.22,3081.851513057477,342,0,113.47,null,113.47,24.9,155.66,294.02999999999997,215.4,{"$f":"EVEN(' CONSUMO DE MAT. B TOTAL'!$O$14*2/28)*W21/' CONSUMO DE MAT. B TOTAL'!$O$14","v":17.095238095238095},311.12523809523805,3081.851513057477,3392.9767511527152,null,3392.9767511527152,311.12523809523805,3081.851513057477,null,null,"SUDESTE"]
[null,5873.5585053224022,8,null,"ARAPETRO DISTRIBUIDORA DE PETRÓLEO LTDA.","RUA 04, S/N° LOTES 17 A 20. - DISTRITO INDUSTRIAL 1/8 - CEP:78600-000","Mato grosso","BARRA DO GARCAS - MT","Paracatu - MG",{"$f":"VLOOKUP(G22,OFFSET('ANP ESTADO'!$A$1,MATCH($I$10,'ANP ESTADO'!B:B,0)+MATCH($H$13,OFFSET('ANP ESTADO'!$A$1,MATCH($I$10,'ANP ESTADO'!B:B,0),0,100000,1),0),2,100000,2),2,FALSE)","v":4.165498505322403},{"$f":"VLOOKUP($H$13,OFFSET('ANP REGIÃO'!$A$9,MATCH('Transporte RR-1C'!$I$10,'ANP REGIÃO'!A:A,0),1,10000,10000),MATCH('Transporte RR-1C'!AH22,'ANP REGIÃO'!$B$8:$G$8,0),FALSE)","v":2.7772496393073984},{"$f":"IF(AND(J22=\"-\",K22=\"-\"),\"\",IF(AND(J22<>0,K22=\"-\"),J22*1000,IF(AND(J22=\"-\",K22<>0),K22*1000,IF(AND(J22<>0,K22<>0),J22*1000,\"\"))))","v":4165.4985053224027},{"$f":"ROUND(((L22/(1-$O$10-$O$11-$O$12))-L22),2)","v":1151.03},5316.5285053224025,734,0,212.64,null,212.64,46.67,291.72000000000003,551.03,75.599999999999994,{"$f":"EVEN(' CONSUMO DE MAT. B TOTAL'!$O$14*2/28)*W22/' CONSUMO DE MAT. B TOTAL'!$O$14","v":6},557.03,5316.5285053224025,5873.5585053224022,{"$nulls":6},"CENTRO-OESTE"]
[null,3509.271513057477,9,null,"DISTRIBUIDORA BRASILEIRA DE ASFALTO SA - DISBRAL","SÃO JUDAS TADEU, 288  - DISTRITO INDUSTRIAL - CEP:32450-000","Minas Gerais","SARZEDO - MG","Paracatu - MG",{"$f":"VLOOKUP(G23,OFFSET('ANP ESTADO'!$A$1,MATCH($I$10,'ANP ESTADO'!B:B,0)+MATCH($H$13,OFFSET('ANP ESTADO'!$A$1,MATCH($I$10,'ANP ESTADO'!B:B,0),0,100000,1),0),2,100000,2),2,FALSE)","v":2.4146315130574774},{"$f":"VLOOKUP($H$13,OFFSET('ANP REGIÃO'!$A$9,MATCH('Transporte RR-1C'!$I$10,'ANP REGIÃO'!A:A,0),1,10000,10000),MATCH('Transporte RR-1C'!AH23,'ANP REGIÃO'!$B$8:$G$8,0),FALSE)","v":2.5568047096927602},2414.6315130574772,667.22,3081.851513057477,518,0,157.99,null,157.99,34.68,216.75,409.42,226.8,{"$f":"EVEN(' CONSUMO DE MAT. B TOTAL'!$O$14*2/28)*W23/' CONSUMO DE MAT. B TOTAL'!$O$14","v":18},427.42,3081.851513057477,3509.271513057477,{"$nulls":6},"SUDESTE"]
[null,5388.122660347477,10,null,"'INDÚSTRIA NACIONAL DE ASFALTOS LTDA.","INDÚSTRIA NACIONAL DE ASFALTOS LTDA - CEP:77053-080","Tocantins"," PALMAS - TO","Paracatu - MG",{"$f":"VLOOKUP(G24,OFFSET('ANP ESTADO'!$A$1,MATCH($I$10,'ANP ESTADO'!B:B,0)+MATCH($H$13,OFFSET('ANP ESTADO'!$A$1,MATCH($I$10,'ANP ESTADO'!B:B,0),0,100000,1),0),2,100000,2),2,FALSE)","v":"-"},{"$f":"VLOOKUP($H$13,OFFSET('ANP REGIÃO'!$A$9,MATCH('Transporte RR-1C'!$I$10,'ANP REGIÃO'!A:A,0),1,10000,10000),MATCH('Transporte RR-1C'!AH24,'ANP REGIÃO'!$B$8:$G$8,0),FALSE)","v":3.6013393270141432},3601.3393270141432,995.14,4596.4793270141436,1041,0,290.31,null,290.31,63.72,{"$f":"TRUNC(IF($J$11=\"\",\"\",(($J$12-$J$11)/$J$11)*(Q24+T24)),2)","v":398.28},752.31,495.6,{"$f":"EVEN(' CONSUMO DE MAT. B TOTAL'!$O$14*2/28)*W24/' CONSUMO DE MAT. B TOTAL'!$O$14","v":39.333333333333336},791.64333333333332,4596.4793270141436,5388.122660347477,{"$nulls":6},"NORTE"]
[null,4221.0397303956715,11,null,"'NTA - NOVAS TÉCNICAS DE ASFALTOS S/A","RUA SOFIA ATAURI FADIN, 150 SALA A - B. SANTA TEREZINHA - CEP:13140-000","São Paulo","PAULINIA - SP","Paracatu - MG",{"$f":"VLOOKUP(G25,OFFSET('ANP ESTADO'!$A$1,MATCH($I$10,'ANP ESTADO'!B:B,0)+MATCH($H$13,OFFSET('ANP ESTADO'!$A$1,MATCH($I$10,'ANP ESTADO'!B:B,0),0,100000,1),0),2,100000,2),2,FALSE)","v":2.8210883018242425},{"$f":"VLOOKUP($H$13,OFFSET('ANP REGIÃO'!$A$9,MATCH('Transporte RR-1C'!$I$10,'ANP REGIÃO'!A:A,0),1,10000,10000),MATCH('Transporte RR-1C'!AH25,'ANP REGIÃO'!$B$8:$G$8,0),FALSE)","v":2.5568047096927602},2821.0883018242425,{"$f":"ROUND(((L25/(1-$O$10-$O$11-$O$12))-L25),2)","v":779.53},3600.6183018242427,752,0,217.2,null,217.2,47.67,297.98,562.85,725.4,{"$f":"EVEN(' CONSUMO DE MAT. B TOTAL'!$O$14*2/28)*W25/' CONSUMO DE MAT. B TOTAL'!$O$14","v":57.571428571428569},620.42142857142858,3600.6183018242427,4221.0397303956715,null,4221.0397303956715,620.42142857142858,3600.6183018242427,null,null,"SUDESTE"]
[null,4299.7392542051948,12,null,"COMPANHIA BRASILEIRA DE ASFALTOS DA AMAZÔNIA - IMPORTAÇÃO E EXPORTAÇÃO","Avenida Doutor Olindo Dártora 2451, Galpão 02, Morro Grande - CEP:07726-555","São Paulo","CAIEIRAS - SP","Paracatu - MG",{"$f":"VLOOKUP(G26,OFFSET('ANP ESTADO'!$A$1,MATCH($I$10,'ANP ESTADO'!B:B,0)+MATCH($H$13,OFFSET('ANP ESTADO'!$A$1,MATCH($I$10,'ANP ESTADO'!B:B,0),0,100000,1),0),2,100000,2),2,FALSE)","v":2.8210883018242425},{"$f":"VLOOKUP($H$13,OFFSET('ANP REGIÃO'!$A$9,MATCH('Transporte RR-1C'!$I$10,'ANP REGIÃO'!A:A,0),1,10000,10000),MATCH('Transporte RR-1C'!AH26,'ANP REGIÃO'!$B$8:$G$8,0),FALSE)","v":2.5568047096927602},2821.0883018242425,{"$f":"ROUND(((L26/(1-$O$10-$O$11-$O$12))-L26),2)","v":779.53},3600.6183018242427,851,0,242.24,null,242.24,53.17,332.33,627.74,899.4,{"$f":"EVEN(' CONSUMO DE MAT. B TOTAL'!$O$14*2/28)*W26/' CONSUMO DE MAT. B TOTAL'!$O$14","v":71.38095238095238},699.12095238095242,3600.6183018242427,4299.7392542051948,{"$nulls":6},"SUDESTE"]
[null,4333.3687134395623,13,null,"BETUNEL INDÚSTRIA E COMÉRCIO LTDA.","R 16 , 82, Vila Nova Campo Grande - CEP:79.103-834","Mato Grosso do Sul","CAMPO GRANDE - MS","Paracatu - MG",{"$f":"VLOOKUP(G27,OFFSET('ANP ESTADO'!$A$1,MATCH($I$10,'ANP ESTADO'!B:B,0)+MATCH($H$13,OFFSET('ANP ESTADO'!$A$1,MATCH($I$10,'ANP ESTADO'!B:B,0),0,100000,1),0),2,100000,2),2,FALSE)","v":2.7610134753443241},{"$f":"VLOOKUP($H$13,OFFSET('ANP REGIÃO'!$A$9,MATCH('Transporte RR-1C'!$I$10,'ANP REGIÃO'!A:A,0),1,10000,10000),MATCH('Transporte RR-1C'!AH27,'ANP REGIÃO'!$B$8:$G$8,0),FALSE)","v":2.7772496393073984},2761.013475344324,{"$f":"ROUND(((L27/(1-$O$10-$O$11-$O$12))-L27),2)","v":762.93},3523.9434753443238,1102,0,305.75,null,305.75,67.11,419.47,792.33,215.4,{"$f":"EVEN(' CONSUMO DE MAT. B TOTAL'!$O$14*2/28)*W27/' CONSUMO DE MAT. B TOTAL'!$O$14","v":17.095238095238095},809.42523809523811,3523.9434753443238,4333.3687134395623,{"$nulls":6},"CENTRO-OESTE"]
[null,6241.735648179545,14,null,"CENTRO OESTE ASFALTOS LTDA.","RUA   N, S/N.º LOTES 39/43 E LOTES 129/133 - DISTRITO INDUSTRIAL - CEP:78098-400","Mato Grosso","CUIABA - MT","Paracatu - MG",{"$f":"VLOOKUP(G28,OFFSET('ANP ESTADO'!$A$1,MATCH($I$10,'ANP ESTADO'!B:B,0)+MATCH($H$13,OFFSET('ANP ESTADO'!$A$1,MATCH($I$10,'ANP ESTADO'!B:B,0),0,100000,1),0),2,100000,2),2,FALSE)","v":4.165498505322403},{"$f":"VLOOKUP($H$13,OFFSET('ANP REGIÃO'!$A$9,MATCH('Transporte RR-1C'!$I$10,'ANP REGIÃO'!A:A,0),1,10000,10000),MATCH('Transporte RR-1C'!AH28,'ANP REGIÃO'!$B$8:$G$8,0),FALSE)","v":2.7772496393073984},4165.4985053224027,1151.03,5316.5285053224025,1282,0,351.29,null,351.29,77.11,481.95,910.35,187.2,{"$f":"EVEN(' CONSUMO DE MAT. B TOTAL'!$O$14*2/28)*W28/' CONSUMO DE MAT. B TOTAL'!$O$14","v":14.857142857142856},925.20714285714291,5316.5285053224025,6241.735648179545,{"$nulls":6},"CENTRO-OESTE"]
[null,6237.1097751636726,15,null,"BETUNEL INDÚSTRIA E COMÉRCIO LTDA.","RUA N ESQUINA COM RUA X, S/N QD. IND. 7 L 01/08 - DIST. IND. - CEP:78015-285","Mato Grosso","CUIABA - MT","Paracatu - MG",{"$f":"VLOOKUP(G29,OFFSET('ANP ESTADO'!$A$1,MATCH($I$10,'ANP ESTADO'!B:B,0)+MATCH($H$13,OFFSET('ANP ESTADO'!$A$1,MATCH($I$10,'ANP ESTADO'!B:B,0),0,100000,1),0),2,100000,2),2,FALSE)","v":4.165498505322403},{"$f":"VLOOKUP($H$13,OFFSET('ANP REGIÃO'!$A$9,MATCH('Transporte RR-1C'!$I$10,'ANP REGIÃO'!A:A,0),1,10000,10000),MATCH('Transporte RR-1C'!AH29,'ANP REGIÃO'!$B$8:$G$8,0),FALSE)","v":2.7772496393073984},4165.4985053224027,1151.03,5316.5285053224025,1275,0,349.51,null,349.51,76.72,479.51,905.74,187,{"$f":"EVEN(' CONSUMO DE MAT. B TOTAL'!$O$14*2/28)*W29/' CONSUMO DE MAT. B TOTAL'!$O$14","v":14.841269841269842},920.58126984126989,5316.5285053224025,6237.1097751636726,{"$nulls":6},"CENTRO-OESTE"]
[null,6242.3756481795454,16,null,"EMAM - EMULSÕES E TRANSPORTES LTDA.","RODOVIA DOS IMIGRANTES, S/Nº KM 8,6 -  - CEP:60035-351","Mato Grosso","VARZEA GRANDE - MT","Paracatu - MG",{"$f":"VLOOKUP(G30,OFFSET('ANP ESTADO'!$A$1,MATCH($I$10,'ANP ESTADO'!B:B,0)+MATCH($H$13,OFFSET('ANP ESTADO'!$A$1,MATCH($I$10,'ANP ESTADO'!B:B,0),0,100000,1),0),2,100000,2),2,FALSE)","v":4.165498505322403},{"$f":"VLOOKUP($H$13,OFFSET('ANP REGIÃO'!$A$9,MATCH('Transporte RR-1C'!$I$10,'ANP REGIÃO'!A:A,0),1,10000,10000),MATCH('Transporte RR-1C'!AH30,'ANP REGIÃO'!$B$8:$G$8,0),FALSE)","v":2.7772496393073984},4165.4985053224027,{"$f":"ROUND(((L30/(1-$O$10-$O$11-$O$12))-L30),2)","v":1151.03},5316.5285053224025,1283,0,351.54,null,351.54,77.16,482.29,910.99,187.2,{"$f":"EVEN(' CONSUMO DE MAT. B TOTAL'!$O$14*2/28)*W30/' CONSUMO DE MAT. B TOTAL'!$O$14","v":14.857142857142856},925.8471428571429,5316.5285053224025,6242.3756481795454,null,6242.3756481795454,925.8471428571429,5316.5285053224025,null,null,"CENTRO-OESTE"]
[null,4365.4259208718613,17,null,"VIAPOL LTDA.","VITO ARDITO, 6401 KM 118,5 - JARDIM CAMPO GRANDE - CEP:12282-535","São Paulo","CACAPAVA - SP","Paracatu - MG",{"$f":"VLOOKUP(G31,OFFSET('ANP ESTADO'!$A$1,MATCH($I$10,'ANP ESTADO'!B:B,0)+MATCH($H$13,OFFSET('ANP ESTADO'!$A$1,MATCH($I$10,'ANP ESTADO'!B:B,0),0,100000,1),0),2,100000,2),2,FALSE)","v":2.8210883018242425},{"$f":"VLOOKUP($H$13,OFFSET('ANP REGIÃO'!$A$9,MATCH('Transporte RR-1C'!$I$10,'ANP REGIÃO'!A:A,0),1,10000,10000),MATCH('Transporte RR-1C'!AH31,'ANP REGIÃO'!$B$8:$G$8,0),FALSE)","v":2.5568047096927602},2821.0883018242425,779.53,3600.6183018242427,941,0,265.01,null,265.01,58.17,363.58,686.76,983.4,{"$f":"EVEN(' CONSUMO DE MAT. B TOTAL'!$O$14*2/28)*W31/' CONSUMO DE MAT. B TOTAL'!$O$14","v":78.047619047619051},764.80761904761903,3600.6183018242427,4365.4259208718613,null,4365.4259208718613,764.80761904761903,3600.6183018242427,null,null,"SUDESTE"]
[null,3982.6989954070459,18,null,"STRATURA ASFALTOS S/A","RUA LUIS DE CAMÕES, 26  - CAMPOS ELÍSEOS - CEP:25225-030","Rio de Janeiro","DUQUE DE CAXIAS - RJ","Paracatu - MG",{"$f":"VLOOKUP(G32,OFFSET('ANP ESTADO'!$A$1,MATCH($I$10,'ANP ESTADO'!B:B,0)+MATCH($H$13,OFFSET('ANP ESTADO'!$A$1,MATCH($I$10,'ANP ESTADO'!B:B,0),0,100000,1),0),2,100000,2),2,FALSE)","v":"-"},{"$f":"VLOOKUP($H$13,OFFSET('ANP REGIÃO'!$A$9,MATCH('Transporte RR-1C'!$I$10,'ANP REGIÃO'!A:A,0),1,10000,10000),MATCH('Transporte RR-1C'!AH32,'ANP REGIÃO'!$B$8:$G$8,0),FALSE)","v":2.5568047096927602},2556.8047096927603,706.51,3263.3147096927605,918,0,259.19,null,259.19,56.89,355.59,671.67,601.20000000000005,{"$f":"EVEN(' CONSUMO DE MAT. B TOTAL'!$O$14*2/28)*W32/' CONSUMO DE MAT. B TOTAL'!$O$14","v":47.714285714285722},719.38428571428562,3263.3147096927605,3982.6989954070459,null,3982.6989954070459,719.38428571428562,3263.3147096927605,null,null,"SUDESTE"]
[null,3992.5389954070461,19,null,"PROBITEC - PRODUTOS BETUMINOSOS E TECNOLOGIA DE APLICAÇÃO LTDA.","AVENIDA CANAL DA PAVUNA, 620  - PAVUNA - CEP:21535-630","Rio de Janeiro","RIO DE JANEIRO - RJ","Paracatu - MG",{"$f":"VLOOKUP(G33,OFFSET('ANP ESTADO'!$A$1,MATCH($I$10,'ANP ESTADO'!B:B,0)+MATCH($H$13,OFFSET('ANP ESTADO'!$A$1,MATCH($I$10,'ANP ESTADO'!B:B,0),0,100000,1),0),2,100000,2),2,FALSE)","v":"-"},{"$f":"VLOOKUP($H$13,OFFSET('ANP REGIÃO'!$A$9,MATCH('Transporte RR-1C'!$I$10,'ANP REGIÃO'!A:A,0),1,10000,10000),MATCH('Transporte RR-1C'!AH33,'ANP REGIÃO'!$B$8:$G$8,0),FALSE)","v":2.5568047096927602},2556.8047096927603,706.51,3263.3147096927605,933,0,262.99,null,262.99,57.72,360.8,681.51,601.20000000000005,{"$f":"EVEN(' CONSUMO DE MAT. B TOTAL'!$O$14*2/28)*W33/' CONSUMO DE MAT. B TOTAL'!$O$14","v":47.714285714285722},729.22428571428577,3263.3147096927605,3992.5389954070461,null,3992.5389954070461,729.22428571428577,3263.3147096927605,null,null,"SUDESTE"]
[null,3986.9139893251504,20,null,"CASA DO ASFALTO DISTRIBUIDORA, INDÚSTRIA E COMÉRCIO DE ASFALTO LTDA.","BR 376, PARQUE INDUSTRIAL, S/N LOTE 6/7/7-A-3-1 - GL.PATR.MARIALVA - CEP:86990-000","Paraná","MARIALVA - PR","Paracatu - MG",{"$f":"VLOOKUP(G34,OFFSET('ANP ESTADO'!$A$1,MATCH($I$10,'ANP ESTADO'!B:B,0)+MATCH($H$13,OFFSET('ANP ESTADO'!$A$1,MATCH($I$10,'ANP ESTADO'!B:B,0),0,100000,1),0),2,100000,2),2,FALSE)","v":2.4664058940870555},{"$f":"VLOOKUP($H$13,OFFSET('ANP REGIÃO'!$A$9,MATCH('Transporte RR-1C'!$I$10,'ANP REGIÃO'!A:A,0),1,10000,10000),MATCH('Transporte RR-1C'!AH34,'ANP REGIÃO'!$B$8:$G$8,0),FALSE)","v":2.468814007400201},2466.4058940870555,681.53,3147.9358940870552,1079,0,299.93,null,299.93,65.83,411.48,777.24,777.9,{"$f":"EVEN(' CONSUMO DE MAT. B TOTAL'!$O$14*2/28)*W34/' CONSUMO DE MAT. B TOTAL'!$O$14","v":61.738095238095241},838.97809523809519,3147.9358940870552,3986.9139893251504,null,3986.9139893251504,838.97809523809519,3147.9358940870552,null,null,"SUL"]
[null,4030.5611321822935,21,null,"PETROBRAS DISTRIBUIDORA S.A.","RUA MAQUINISTA  ELEODORO JACINTO, 100  - OFICINAS - CEP:84045-170","Paraná","PONTA GROSSA - PR","Paracatu - MG",{"$f":"VLOOKUP(G35,OFFSET('ANP ESTADO'!$A$1,MATCH($I$10,'ANP ESTADO'!B:B,0)+MATCH($H$13,OFFSET('ANP ESTADO'!$A$1,MATCH($I$10,'ANP ESTADO'!B:B,0),0,100000,1),0),2,100000,2),2,FALSE)","v":2.4664058940870555},{"$f":"VLOOKUP($H$13,OFFSET('ANP REGIÃO'!$A$9,MATCH('Transporte RR-1C'!$I$10,'ANP REGIÃO'!A:A,0),1,10000,10000),MATCH('Transporte RR-1C'!AH35,'ANP REGIÃO'!$B$8:$G$8,0),FALSE)","v":2.468814007400201},2466.4058940870555,681.53,3147.9358940870552,1129,0,312.58,null,312.58,68.61,428.84,810.03,914.7,{"$f":"EVEN(' CONSUMO DE MAT. B TOTAL'!$O$14*2/28)*W35/' CONSUMO DE MAT. B TOTAL'!$O$14","v":72.595238095238102},882.62523809523805,3147.9358940870552,4030.5611321822935,null,4030.5611321822935,882.62523809523805,3147.9358940870552,null,null,"SUL"]
{"$rows_empty":9}
[null,null,null,"Acre"]
[null,null,null,"Alagoas"]
[null,null,null,"Amapá"]
[null,null,null,"Amazonas"]
[null,null,null,"Bahia"]
[null,null,null,"Ceará"]
[null,null,null,"Distrito Federal"]
[null,null,null,"Espírito Santo"]
[null,null,null,"Goiás"]
[null,null,null,"Maranhão"]
[null,null,null,"Mato Grosso"]
[null,null,null,"Mato Grosso do Sul"]
[null,null,null,"Minas Gerais"]
[null,null,null,"Pará"]
[null,null,null,"Paraíba"]
[null,null,null,"Paraná"]
[null,null,null,"Pernambuco"]
[null,null,null,"Piauí"]
[null,null,null,"Rio de Janeiro"]
[null,null,null,"Rio Grande do Norte"]
[null,null,null,"Rio Grande do Sul"]
[null,null,null,"Rondônia"]
[null,null,null,"Roraima"]
[null,null,null,"Santa Catarina"]
[null,null,null,"São Paulo"]
[null,null,null,"Sergipe"]
[null,null,null,"Tocantins"]
[]
[]
[]
[null,null,null,"ASFALTOS DILUÍDOS CM-30"]
[null,null,null,"ASFALTOS DILUÍDOS CM-70"]
[null,null,null,"ASFALTOS DILUÍDOS CR-250"]
[null,null,null,"ASFALTOS DILUÍDOS CR-70"]
[null,null,null,"CAP MODIFICADO POR BORRACHA DE PNEU AB22"]
[null,null,null,"CAP MODIFICADO POR BORRACHA DE PNEU AB8"]
[null,null,null,"CAP MODIFICADO POR POLÍMERO 55-75-E"]
[null,null,null,"CAP MODIFICADO POR POLÍMERO 60-85-E"]
[null,null,null,"CAP MODIFICADO POR POLÍMERO 65-90-E"]
[null,null,null,"CIMENTOS ASFÁLTICOS CAP-150-200"]
[null,null,null,"CIMENTOS ASFÁLTICOS CAP-30-45"]
[null,null,null,"CIMENTOS ASFÁLTICOS CAP-50-70"]
[null,null,null,"CIMENTOS ASFÁLTICOS CAP-85-100"]
[null,null,null,"EMULSÃO ASFÁLTICA CATIÔNICA DE RUPTURA CONTROLADA PARA SERVIÇO DE LAMA ASFÁLTICA"]
[null,null,null,"EMULSÃO ASFÁLTICA DE RUPTURA LENTA CATIÔNICA PARA SERVIÇO DE LAMA ASFÁLTICA"]
[null,null,null,"EMULSÃO ASFÁLTICA DE RUPTURA LENTA DE CARGA NEUTRA PARA SERVIÇO DE LAMA ASFÁLTICA"]
[null,null,null,"EMULSÃO ASFÁLTICA PARA SERVIÇO DE IMPRIMAÇÃO"]
[null,null,null,"EMULSÕES ASF. MOD. POR POLÍMEROS RC1C-E"]
[null,null,null,"EMULSÕES ASF. MOD. POR POLÍMEROS RL1C-E"]
[null,null,null,"EMULSÕES ASF. MOD. POR POLÍMEROS RM1C-E"]
[null,null,null,"EMULSÕES ASF. MOD. POR POLÍMEROS RR1C-E"]
[null,null,null,"EMULSÕES ASF. MOD. POR POLÍMEROS RR2C-E"]
[null,null,null,"EMULSÕES ASFÁLTICAS RL-1C"]
[null,null,null,"EMULSÕES ASFÁLTICAS RM-1C"]
[null,null,null,"EMULSÕES ASFÁLTICAS RM-2C"]
[null,null,null,"EMULSÕES ASFÁLTICAS RR-1C"]
[null,null,null,"EMULSÕES ASFÁLTICAS RR-2C"]

{"sheet":"RESUMO_Transp","index":12,"n_rows":38,"n_cols":23,"rows_kept":38,"cut":false,"hidden":false,"merged":[[32,2,37,2],[11,18,11,19],[13,2,18,2],[7,1,9,1],[7,4,7,5],[7,6,7,7],[7,10,9,10],[8,15,8,16],[2,1,2,8],[3,1,3,8],[4,1,4,8],[24,2,29,2],[11,3,11,6],[11,7,11,8]]}
{"$rows_empty":7}
[null,"REAJUSTE",null,null,"TIPOLOGIA DO MATERIAL",null,"LIGANTE BETUMINOSO",null,null,null,"IMPOSTOS","COFINS",{"$f":"'Transporte Cap 50-70'!O10","v":6.4999999999999997E-3}]
[null,null,"DATA INICIAL",null,null,"2014-07-01","ÍNDICE INICIAL",{"$f":"'Transporte Cap 50-70'!J11","v":270.23700000000002},null,null,null,"PIS",{"$f":"'Transporte Cap 50-70'!O11","v":0.03},null,null,"LEGENDA"]
[null,null,"DATA FINAL",null,null,{"$f":"'Transporte Cap 50-70'!H12","v":"2024-07-01"},"ÍNDICE FINAL",{"$f":"'Transporte Cap 50-70'!J12","v":574.25699999999995},null,null,null," ICMS",{"$f":"'Transporte Cap 50-70'!O12","v":0.18},null,null,"ENTRADA DE DADOS"]
[]
[null,"DATA-BASE","PRODUTOS","LOCALIDADES",null,null,null,"CUSTO ANP (R$/Kg)",null,"CUSTO ANP","IMPOSTOS DO PRODUTO","CUSTO DO PRODUTO COM IMPOSTOS","DMT's","DMT's FLUVIAL","CUSTO DO TRANSPORTE TOTAL","ICMS","ATUALIZAÇÃO DO CUSTO DE TRANSPORTE","CUSTO DO TRANSPORTE RODOVIA PAVIMENTADA COM IMPOSTOS E ATUALIZAÇÃO MONETÁRIA","PEDÁGIO ",null,"TOTAL TRANSPORTE","TOTAL PRODUTO","TOTAL GERAL"]
[null,{"$f":"F10","v":"2024-07-01"},null,"REFINARIAS","ENDEREÇO","ORIGEM\nREFINARIAS / DISTRIBUIDORAS","DESTINO","ESTADO","REGIÃO","R$/t","R$/t","R$/t","KM","KM","R$/t","R$/t","R$/t","R$/t","CUSTO POR EIXO","R$/t","R$/t","R$/t","R$/t"]
[null,1,"CAP 50/70","Refinaria Abreu e Lima","Rodovia PE 60, Km 10 - Ipojuca - PE CEP:55590-000",{"$f":"VLOOKUP($W14,'Transporte Cap 50-70'!$B:$AA,7,FALSE)","v":"BETIM - MG"},{"$f":"VLOOKUP($W14,'Transporte Cap 50-70'!$B:$AA,8,FALSE)","v":"Paracatu - MG"},{"$f":"VLOOKUP($W14,'Transporte Cap 50-70'!$B:$AA,9,FALSE)","v":3.307833192646652},{"$f":"VLOOKUP($W14,'Transporte Cap 50-70'!$B:$AA,10,FALSE)","v":3.3437458887367963},{"$f":"VLOOKUP($W14,'Transporte Cap 50-70'!$B:$AA,11,FALSE)","v":3307.8331926466522},{"$f":"VLOOKUP($W14,'Transporte Cap 50-70'!$B:$AA,12,FALSE)","v":914.03},{"$f":"VLOOKUP($W14,'Transporte Cap 50-70'!$B:$AA,13,FALSE)","v":4221.8631926466524},{"$f":"VLOOKUP($W14,'Transporte Cap 50-70'!$B:$AA,14,FALSE)","v":510},{"$f":"VLOOKUP($W14,'Transporte Cap 50-70'!$B:$AA,15,FALSE)","v":0},{"$f":"VLOOKUP(W14,'Transporte Cap 50-70'!$B$16:$AA$28,18,0)","v":155.97},{"$f":"VLOOKUP(W14,'Transporte Cap 50-70'!$B$16:$AA$28,19,0)","v":34.229999999999997},{"$f":"VLOOKUP(W14,'Transporte Cap 50-70'!$B$16:$AA$28,20,0)","v":213.97},{"$f":"VLOOKUP(W14,'Transporte Cap 50-70'!$B$16:$AA$28,21,0)","v":404.16999999999996},{"$f":"VLOOKUP(W14,'Transporte Cap 50-70'!$B$16:$AA$28,22,0)","v":0},{"$f":"VLOOKUP(W14,'Transporte Cap 50-70'!$B$16:$AA$28,23,0)","v":0},{"$f":"VLOOKUP(W14,'Transporte Cap 50-70'!$B$16:$AA$28,24,0)","v":404.16999999999996},{"$f":"VLOOKUP(W14,'Transporte Cap 50-70'!$B$16:$AA$28,25,0)","v":4221.8631926466524},{"$f":"SMALL('Transporte Cap 50-70'!$AA:$AA,1)","v":4626.0331926466524}]
[null,2,null,"Refinaria Potiguar Clara Camarão","Rodovia RN 221, KM 25 - Guamaré - RN CEP:59598-000",{"$f":"VLOOKUP($W15,'Transporte Cap 50-70'!$B:$AA,7,FALSE)","v":"DUQUE DE CAXIAS - RJ"},{"$f":"VLOOKUP($W15,'Transporte Cap 50-70'!$B:$AA,8,FALSE)","v":"Paracatu - MG"},{"$f":"VLOOKUP($W15,'Transporte Cap 50-70'!$B:$AA,9,FALSE)","v":3.2256672377137572},{"$f":"VLOOKUP($W15,'Transporte Cap 50-70'!$B:$AA,10,FALSE)","v":3.3437458887367963},{"$f":"VLOOKUP($W15,'Transporte Cap 50-70'!$B:$AA,11,FALSE)","v":3225.667237713757},{"$f":"VLOOKUP($W15,'Transporte Cap 50-70'!$B:$AA,12,FALSE)","v":891.33},{"$f":"VLOOKUP($W15,'Transporte Cap 50-70'!$B:$AA,13,FALSE)","v":4116.9972377137574},{"$f":"VLOOKUP($W15,'Transporte Cap 50-70'!$B:$AA,14,FALSE)","v":918},{"$f":"VLOOKUP($W15,'Transporte Cap 50-70'!$B:$AA,15,FALSE)","v":0},{"$f":"VLOOKUP(W15,'Transporte Cap 50-70'!$B$16:$AA$28,18,0)","v":259.19},{"$f":"VLOOKUP(W15,'Transporte Cap 50-70'!$B$16:$AA$28,19,0)","v":56.89},{"$f":"VLOOKUP(W15,'Transporte Cap 50-70'!$B$16:$AA$28,20,0)","v":355.59},{"$f":"VLOOKUP(W15,'Transporte Cap 50-70'!$B$16:$AA$28,21,0)","v":671.67},{"$f":"VLOOKUP(W15,'Transporte Cap 50-70'!$B$16:$AA$28,22,0)","v":601.20000000000005},{"$f":"VLOOKUP(W15,'Transporte Cap 50-70'!$B$16:$AA$28,23,0)","v":43.005036083277091},{"$f":"VLOOKUP(W15,'Transporte Cap 50-70'!$B$16:$AA$28,24,0)","v":714.67503608327706},{"$f":"VLOOKUP(W15,'Transporte Cap 50-70'!$B$16:$AA$28,25,0)","v":4116.9972377137574},{"$f":"SMALL('Transporte Cap 50-70'!$AA:$AA,2)","v":4831.672273797034}]
[null,3,null,"Complexo Petroquímico do Rio de Janeiro (Comperj)","Rodovia Estadual RJ-116 - Km 5,2 - Acesso A-1, s/n, Complemento Sambaetiba - Zona Urbana do 4º Distrito de Itaboraí - RJ CEP:24841-203",{"$f":"VLOOKUP($W16,'Transporte Cap 50-70'!$B:$AA,7,FALSE)","v":"PAULÍNIA - SP"},{"$f":"VLOOKUP($W16,'Transporte Cap 50-70'!$B:$AA,8,FALSE)","v":"Paracatu - MG"},{"$f":"VLOOKUP($W16,'Transporte Cap 50-70'!$B:$AA,9,FALSE)","v":3.3412816275346398},{"$f":"VLOOKUP($W16,'Transporte Cap 50-70'!$B:$AA,10,FALSE)","v":3.3437458887367963},{"$f":"VLOOKUP($W16,'Transporte Cap 50-70'!$B:$AA,11,FALSE)","v":3341.2816275346399},{"$f":"VLOOKUP($W16,'Transporte Cap 50-70'!$B:$AA,12,FALSE)","v":923.28},{"$f":"VLOOKUP($W16,'Transporte Cap 50-70'!$B:$AA,13,FALSE)","v":4264.5616275346401},{"$f":"VLOOKUP($W16,'Transporte Cap 50-70'!$B:$AA,14,FALSE)","v":752},{"$f":"VLOOKUP($W16,'Transporte Cap 50-70'!$B:$AA,15,FALSE)","v":0},{"$f":"VLOOKUP(W16,'Transporte Cap 50-70'!$B$16:$AA$28,18,0)","v":217.2},{"$f":"VLOOKUP(W16,'Transporte Cap 50-70'!$B$16:$AA$28,19,0)","v":47.67},{"$f":"VLOOKUP(W16,'Transporte Cap 50-70'!$B$16:$AA$28,20,0)","v":297.98},{"$f":"VLOOKUP(W16,'Transporte Cap 50-70'!$B$16:$AA$28,21,0)","v":562.85},{"$f":"VLOOKUP(W16,'Transporte Cap 50-70'!$B$16:$AA$28,22,0)","v":725.4},{"$f":"VLOOKUP(W16,'Transporte Cap 50-70'!$B$16:$AA$28,23,0)","v":51.889310004672652},{"$f":"VLOOKUP(W16,'Transporte Cap 50-70'!$B$16:$AA$28,24,0)","v":614.73931000467269},{"$f":"VLOOKUP(W16,'Transporte Cap 50-70'!$B$16:$AA$28,25,0)","v":4264.5616275346401},{"$f":"SMALL('Transporte Cap 50-70'!$AA:$AA,3)","v":4879.3009375393131}]
[null,4,null,null,null,{"$f":"VLOOKUP($W17,'Transporte Cap 50-70'!$B:$AA,7,FALSE)","v":"SÃO JOSÉ DOS CAMPOS - SP"},{"$f":"VLOOKUP($W17,'Transporte Cap 50-70'!$B:$AA,8,FALSE)","v":"Paracatu - MG"},{"$f":"VLOOKUP($W17,'Transporte Cap 50-70'!$B:$AA,9,FALSE)","v":3.3412816275346398},{"$f":"VLOOKUP($W17,'Transporte Cap 50-70'!$B:$AA,10,FALSE)","v":3.3437458887367963},{"$f":"VLOOKUP($W17,'Transporte Cap 50-70'!$B:$AA,11,FALSE)","v":3341.2816275346399},{"$f":"VLOOKUP($W17,'Transporte Cap 50-70'!$B:$AA,12,FALSE)","v":923.28},{"$f":"VLOOKUP($W17,'Transporte Cap 50-70'!$B:$AA,13,FALSE)","v":4264.5616275346401},{"$f":"VLOOKUP($W17,'Transporte Cap 50-70'!$B:$AA,14,FALSE)","v":919},{"$f":"VLOOKUP($W17,'Transporte Cap 50-70'!$B:$AA,15,FALSE)","v":0},{"$f":"VLOOKUP(W17,'Transporte Cap 50-70'!$B$16:$AA$28,18,0)","v":259.45},{"$f":"VLOOKUP(W17,'Transporte Cap 50-70'!$B$16:$AA$28,19,0)","v":56.95},{"$f":"VLOOKUP(W17,'Transporte Cap 50-70'!$B$16:$AA$28,20,0)","v":355.95},{"$f":"VLOOKUP(W17,'Transporte Cap 50-70'!$B$16:$AA$28,21,0)","v":672.34999999999991},{"$f":"VLOOKUP(W17,'Transporte Cap 50-70'!$B$16:$AA$28,22,0)","v":983.4},{"$f":"VLOOKUP(W17,'Transporte Cap 50-70'!$B$16:$AA$28,23,0)","v":70.344565010470205},{"$f":"VLOOKUP(W17,'Transporte Cap 50-70'!$B$16:$AA$28,24,0)","v":742.69456501047011},{"$f":"VLOOKUP(W17,'Transporte Cap 50-70'!$B$16:$AA$28,25,0)","v":4264.5616275346401},{"$f":"SMALL('Transporte Cap 50-70'!$AA:$AA,4)","v":5007.25619254511}]
[null,5,null,null,null,{"$f":"VLOOKUP($W18,'Transporte Cap 50-70'!$B:$AA,7,FALSE)","v":"MAUÁ - SP"},{"$f":"VLOOKUP($W18,'Transporte Cap 50-70'!$B:$AA,8,FALSE)","v":"Paracatu - MG"},{"$f":"VLOOKUP($W18,'Transporte Cap 50-70'!$B:$AA,9,FALSE)","v":3.3412816275346398},{"$f":"VLOOKUP($W18,'Transporte Cap 50-70'!$B:$AA,10,FALSE)","v":3.3437458887367963},{"$f":"VLOOKUP($W18,'Transporte Cap 50-70'!$B:$AA,11,FALSE)","v":3341.2816275346399},{"$f":"VLOOKUP($W18,'Transporte Cap 50-70'!$B:$AA,12,FALSE)","v":923.28},{"$f":"VLOOKUP($W18,'Transporte Cap 50-70'!$B:$AA,13,FALSE)","v":4264.5616275346401},{"$f":"VLOOKUP($W18,'Transporte Cap 50-70'!$B:$AA,14,FALSE)","v":932},{"$f":"VLOOKUP($W18,'Transporte Cap 50-70'!$B:$AA,15,FALSE)","v":0},{"$f":"VLOOKUP(W18,'Transporte Cap 50-70'!$B$16:$AA$28,18,0)","v":262.74},{"$f":"VLOOKUP(W18,'Transporte Cap 50-70'!$B$16:$AA$28,19,0)","v":57.67},{"$f":"VLOOKUP(W18,'Transporte Cap 50-70'!$B$16:$AA$28,20,0)","v":360.46},{"$f":"VLOOKUP(W18,'Transporte Cap 50-70'!$B$16:$AA$28,21,0)","v":680.87},{"$f":"VLOOKUP(W18,'Transporte Cap 50-70'!$B$16:$AA$28,22,0)","v":880.2},{"$f":"VLOOKUP(W18,'Transporte Cap 50-70'!$B$16:$AA$28,23,0)","v":62.96246300815119},{"$f":"VLOOKUP(W18,'Transporte Cap 50-70'!$B$16:$AA$28,24,0)","v":743.83246300815119},{"$f":"VLOOKUP(W18,'Transporte Cap 50-70'!$B$16:$AA$28,25,0)","v":4264.5616275346401},{"$f":"SMALL('Transporte Cap 50-70'!$AA:$AA,5)","v":5008.3940905427917}]
[null,6,null,null,null,{"$f":"VLOOKUP($W19,'Transporte Cap 50-70'!$B:$AA,7,FALSE)","v":"CUBATÃO - SP"},{"$f":"VLOOKUP($W19,'Transporte Cap 50-70'!$B:$AA,8,FALSE)","v":"Paracatu - MG"},{"$f":"VLOOKUP($W19,'Transporte Cap 50-70'!$B:$AA,9,FALSE)","v":3.3412816275346398},{"$f":"VLOOKUP($W19,'Transporte Cap 50-70'!$B:$AA,10,FALSE)","v":3.3437458887367963},{"$f":"VLOOKUP($W19,'Transporte Cap 50-70'!$B:$AA,11,FALSE)","v":3341.2816275346399},{"$f":"VLOOKUP($W19,'Transporte Cap 50-70'!$B:$AA,12,FALSE)","v":923.28},{"$f":"VLOOKUP($W19,'Transporte Cap 50-70'!$B:$AA,13,FALSE)","v":4264.5616275346401},{"$f":"VLOOKUP($W19,'Transporte Cap 50-70'!$B:$AA,14,FALSE)","v":943},{"$f":"VLOOKUP($W19,'Transporte Cap 50-70'!$B:$AA,15,FALSE)","v":0},{"$f":"VLOOKUP(W19,'Transporte Cap 50-70'!$B$16:$AA$28,18,0)","v":265.52},{"$f":"VLOOKUP(W19,'Transporte Cap 50-70'!$B$16:$AA$28,19,0)","v":58.28},{"$f":"VLOOKUP(W19,'Transporte Cap 50-70'!$B$16:$AA$28,20,0)","v":364.27},{"$f":"VLOOKUP(W19,'Transporte Cap 50-70'!$B$16:$AA$28,21,0)","v":688.06999999999994},{"$f":"VLOOKUP(W19,'Transporte Cap 50-70'!$B$16:$AA$28,22,0)","v":880.2},{"$f":"VLOOKUP(W19,'Transporte Cap 50-70'!$B$16:$AA$28,23,0)","v":62.96246300815119},{"$f":"VLOOKUP(W19,'Transporte Cap 50-70'!$B$16:$AA$28,24,0)","v":751.03246300815113},{"$f":"VLOOKUP(W19,'Transporte Cap 50-70'!$B$16:$AA$28,25,0)","v":4264.5616275346401},{"$f":"SMALL('Transporte Cap 50-70'!$AA:$AA,6)","v":5015.5940905427915}]
[{"$nulls":17},{"$f":"VLOOKUP(W20,'Transporte Cap 50-70'!$B$16:$AA$28,21,0)","v":{"$error":"#N/A"}},null,null,{"$f":"VLOOKUP(W20,'Transporte Cap 50-70'!$B$16:$AA$28,24,0)","v":{"$error":"#N/A"}}]
[{"$nulls":17},{"$f":"VLOOKUP(W21,'Transporte Cap 50-70'!$B$16:$AA$28,21,0)","v":{"$error":"#N/A"}},null,null,{"$f":"VLOOKUP(W21,'Transporte Cap 50-70'!$B$16:$AA$28,24,0)","v":{"$error":"#N/A"}}]
[{"$nulls":17},{"$f":"VLOOKUP(W22,'Transporte Cap 50-70'!$B$16:$AA$28,21,0)","v":{"$error":"#N/A"}},null,null,{"$f":"VLOOKUP(W22,'Transporte Cap 50-70'!$B$16:$AA$28,24,0)","v":{"$error":"#N/A"}}]
[{"$nulls":17},{"$f":"VLOOKUP(W23,'Transporte Cap 50-70'!$B$16:$AA$28,21,0)","v":{"$error":"#N/A"}},null,null,{"$f":"VLOOKUP(W23,'Transporte Cap 50-70'!$B$16:$AA$28,24,0)","v":{"$error":"#N/A"}}]
[{"$nulls":17},{"$f":"VLOOKUP(W24,'Transporte Cap 50-70'!$B$16:$AA$28,21,0)","v":{"$error":"#N/A"}},null,null,{"$f":"VLOOKUP(W24,'Transporte Cap 50-70'!$B$16:$AA$28,24,0)","v":{"$error":"#N/A"}}]
[null,1,"CAP MODIF. C/ POLÍMERO 60/85","Refinaria Abreu e Lima","Rodovia PE 60, Km 10 - Ipojuca - PE CEP:55590-000",{"$error":"#REF!"},"Palmas - TO",2.2618949483203123,2.3534139050749991,2261.8949483203123,393.19,2655.0849483203124,1181,1181,325.73,44.41,202.55,{"$f":"VLOOKUP(W25,'Transporte Cap 50-70'!$B$16:$AA$28,21,0)","v":{"$error":"#N/A"}},102,102,{"$f":"VLOOKUP(W25,'Transporte Cap 50-70'!$B$16:$AA$28,24,0)","v":{"$error":"#N/A"}},2655.0849483203124,3329.7749483203124]
[null,2,null,"Refinaria Potiguar Clara Camarão","Rodovia RN 221, KM 25 - Guamaré - RN CEP:59598-000","UBERLANDIA - MG","Palmas - TO",2.2618949483203123,2.3534139050749991,2261.8949483203123,393.19,2655.0849483203124,1182,1182,325.98,44.45,202.71,{"$f":"VLOOKUP(W26,'Transporte Cap 50-70'!$B$16:$AA$28,21,0)","v":{"$error":"#N/A"}},102,102,{"$f":"VLOOKUP(W26,'Transporte Cap 50-70'!$B$16:$AA$28,24,0)","v":{"$error":"#N/A"}},2655.0849483203124,3330.2249483203123]
[null,3,null,"Complexo Petroquímico do Rio de Janeiro (Comperj)","Rodovia Estadual RJ-116 - Km 5,2 - Acesso A-1, s/n, Complemento Sambaetiba - Zona Urbana do 4º Distrito de Itaboraí - RJ CEP:24841-203","GOIANIRA - GO","Palmas - TO","",2.5552069552432553,2555.2069552432554,444.18,2999.3869552432552,814,814,232.88,31.75,144.81,{"$f":"VLOOKUP(W27,'Transporte Cap 50-70'!$B$16:$AA$28,21,0)","v":{"$error":"#N/A"}},0,0,{"$f":"VLOOKUP(W27,'Transporte Cap 50-70'!$B$16:$AA$28,24,0)","v":{"$error":"#N/A"}},2999.3869552432552,3408.8269552432553]
[null,4,null,null,null,"BRASÍLIA - DF","Palmas - TO","",2.5552069552432553,2555.2069552432554,444.18,2999.3869552432552,822,822,234.9,32.03,146.07,{"$f":"VLOOKUP(W28,'Transporte Cap 50-70'!$B$16:$AA$28,21,0)","v":{"$error":"#N/A"}},0,0,{"$f":"VLOOKUP(W28,'Transporte Cap 50-70'!$B$16:$AA$28,24,0)","v":{"$error":"#N/A"}},2999.3869552432552,3412.3869552432552]
[null,5,null,null,null,"APARECIDA DE GOIANIA - GO","Palmas - TO","",2.5552069552432553,2555.2069552432554,444.18,2999.3869552432552,842,842,239.96,32.72,149.22,{"$f":"VLOOKUP(W29,'Transporte Cap 50-70'!$B$16:$AA$28,21,0)","v":{"$error":"#N/A"}},0,0,{"$f":"VLOOKUP(W29,'Transporte Cap 50-70'!$B$16:$AA$28,24,0)","v":{"$error":"#N/A"}},2999.3869552432552,3421.2869552432553]
[null,6,null,null,null,"ANÁPOLIS - GO","Palmas - TO","",2.5552069552432553,2555.2069552432554,444.18,2999.3869552432552,950,950,267.27999999999997,36.44,166.21,{"$f":"VLOOKUP(W30,'Transporte Cap 50-70'!$B$16:$AA$28,21,0)","v":{"$error":"#N/A"}},0,0,{"$f":"VLOOKUP(W30,'Transporte Cap 50-70'!$B$16:$AA$28,24,0)","v":{"$error":"#N/A"}},2999.3869552432552,3469.3169552432551]
[]
[]
[null,1,"RR1-C","Refinaria Abreu e Lima","Rodovia PE 60, Km 10 - Ipojuca - PE CEP:55590-000",{"$f":"VLOOKUP($W33,'Transporte RR-1C'!$B:$AA,7,FALSE)","v":"UBERLANDIA - MG"},{"$f":"VLOOKUP($W33,'Transporte RR-1C'!$B:$AA,8,FALSE)","v":"Paracatu - MG"},{"$f":"VLOOKUP($W33,'Transporte RR-1C'!$B:$AA,9,FALSE)","v":2.4146315130574774},{"$f":"VLOOKUP($W33,'Transporte RR-1C'!$B:$AA,10,FALSE)","v":2.5568047096927602},{"$f":"VLOOKUP($W33,'Transporte RR-1C'!$B:$AA,11,FALSE)","v":2414.6315130574772},{"$f":"VLOOKUP($W33,'Transporte RR-1C'!$B:$AA,12,FALSE)","v":667.22},{"$f":"VLOOKUP($W33,'Transporte RR-1C'!$B:$AA,13,FALSE)","v":3081.851513057477},{"$f":"VLOOKUP($W33,'Transporte RR-1C'!$B:$AA,14,FALSE)","v":338},{"$f":"VLOOKUP($W33,'Transporte RR-1C'!$B:$AA,15,FALSE)","v":0},{"$f":"VLOOKUP($W33,'Transporte RR-1C'!$B:$AA,18,FALSE)","v":112.45},{"$f":"VLOOKUP($W33,'Transporte RR-1C'!$B:$AA,19,FALSE)","v":24.68},{"$f":"VLOOKUP($W33,'Transporte RR-1C'!$B:$AA,20,FALSE)","v":154.27000000000001},{"$f":"VLOOKUP($W33,'Transporte RR-1C'!$B:$AA,21,FALSE)","v":291.39999999999998},{"$f":"VLOOKUP($W33,'Transporte RR-1C'!$B:$AA,22,FALSE)","v":177.6},{"$f":"VLOOKUP($W33,'Transporte RR-1C'!$B:$AA,23,FALSE)","v":14.095238095238095},{"$f":"VLOOKUP($W$33,'Transporte RR-1C'!$B$16:$AA$35,24,0)","v":305.49523809523805},{"$f":"VLOOKUP(W33,'Transporte RR-1C'!$B$16:$AA$35,25,0)","v":3081.851513057477},{"$f":"SMALL('Transporte RR-1C'!$AA:$AA,1)","v":3387.3467511527151}]
[null,2,null,"Refinaria Potiguar Clara Camarão","Rodovia RN 221, KM 25 - Guamaré - RN CEP:59598-000",{"$f":"VLOOKUP($W34,'Transporte RR-1C'!$B:$AA,7,FALSE)","v":"UBERLANDIA - MG"},{"$f":"VLOOKUP($W34,'Transporte RR-1C'!$B:$AA,8,FALSE)","v":"Paracatu - MG"},{"$f":"VLOOKUP($W34,'Transporte RR-1C'!$B:$AA,9,FALSE)","v":2.4146315130574774},{"$f":"VLOOKUP($W34,'Transporte RR-1C'!$B:$AA,10,FALSE)","v":2.5568047096927602},{"$f":"VLOOKUP($W34,'Transporte RR-1C'!$B:$AA,11,FALSE)","v":2414.6315130574772},{"$f":"VLOOKUP($W34,'Transporte RR-1C'!$B:$AA,12,FALSE)","v":667.22},{"$f":"VLOOKUP($W34,'Transporte RR-1C'!$B:$AA,13,FALSE)","v":3081.851513057477},{"$f":"VLOOKUP($W34,'Transporte RR-1C'!$B:$AA,14,FALSE)","v":342},{"$f":"VLOOKUP($W34,'Transporte RR-1C'!$B:$AA,15,FALSE)","v":0},{"$f":"VLOOKUP($W34,'Transporte RR-1C'!$B:$AA,18,FALSE)","v":113.47},{"$f":"VLOOKUP($W34,'Transporte RR-1C'!$B:$AA,19,FALSE)","v":24.9},{"$f":"VLOOKUP($W34,'Transporte RR-1C'!$B:$AA,20,FALSE)","v":155.66},{"$f":"VLOOKUP($W34,'Transporte RR-1C'!$B:$AA,21,FALSE)","v":294.02999999999997},{"$f":"VLOOKUP($W34,'Transporte RR-1C'!$B:$AA,22,FALSE)","v":215.4},{"$f":"VLOOKUP($W34,'Transporte RR-1C'!$B:$AA,23,FALSE)","v":17.095238095238095},{"$f":"VLOOKUP($W$33,'Transporte RR-1C'!$B$16:$AA$35,24,0)","v":305.49523809523805},{"$f":"VLOOKUP(W34,'Transporte RR-1C'!$B$16:$AA$35,25,0)","v":3081.851513057477},{"$f":"SMALL('Transporte RR-1C'!$AA:$AA,2)","v":3392.9767511527152}]
[null,3,null,"Complexo Petroquímico do Rio de Janeiro (Comperj)","Rodovia Estadual RJ-116 - Km 5,2 - Acesso A-1, s/n, Complemento Sambaetiba - Zona Urbana do 4º Distrito de Itaboraí - RJ CEP:24841-203",{"$f":"VLOOKUP($W35,'Transporte RR-1C'!$B:$AA,7,FALSE)","v":"SARZEDO - MG"},{"$f":"VLOOKUP($W35,'Transporte RR-1C'!$B:$AA,8,FALSE)","v":"Paracatu - MG"},{"$f":"VLOOKUP($W35,'Transporte RR-1C'!$B:$AA,9,FALSE)","v":2.4146315130574774},{"$f":"VLOOKUP($W35,'Transporte RR-1C'!$B:$AA,10,FALSE)","v":2.5568047096927602},{"$f":"VLOOKUP($W35,'Transporte RR-1C'!$B:$AA,11,FALSE)","v":2414.6315130574772},{"$f":"VLOOKUP($W35,'Transporte RR-1C'!$B:$AA,12,FALSE)","v":667.22},{"$f":"VLOOKUP($W35,'Transporte RR-1C'!$B:$AA,13,FALSE)","v":3081.851513057477},{"$f":"VLOOKUP($W35,'Transporte RR-1C'!$B:$AA,14,FALSE)","v":518},{"$f":"VLOOKUP($W35,'Transporte RR-1C'!$B:$AA,15,FALSE)","v":0},{"$f":"VLOOKUP($W35,'Transporte RR-1C'!$B:$AA,18,FALSE)","v":157.99},{"$f":"VLOOKUP($W35,'Transporte RR-1C'!$B:$AA,19,FALSE)","v":34.68},{"$f":"VLOOKUP($W35,'Transporte RR-1C'!$B:$AA,20,FALSE)","v":216.75},{"$f":"VLOOKUP($W35,'Transporte RR-1C'!$B:$AA,21,FALSE)","v":409.42},{"$f":"VLOOKUP($W35,'Transporte RR-1C'!$B:$AA,22,FALSE)","v":226.8},{"$f":"VLOOKUP($W35,'Transporte RR-1C'!$B:$AA,23,FALSE)","v":18},{"$f":"VLOOKUP($W$33,'Transporte RR-1C'!$B$16:$AA$35,24,0)","v":305.49523809523805},{"$f":"VLOOKUP(W35,'Transporte RR-1C'!$B$16:$AA$35,25,0)","v":3081.851513057477},{"$f":"SMALL('Transporte RR-1C'!$AA:$AA,3)","v":3509.271513057477}]
[null,4,null,"Refinaria Abreu e Lima","Rodovia PE 60, Km 10 - Ipojuca - PE CEP:55590-000",{"$f":"VLOOKUP($W36,'Transporte RR-1C'!$B:$AA,7,FALSE)","v":"ANÁPOLIS - GO"},{"$f":"VLOOKUP($W36,'Transporte RR-1C'!$B:$AA,8,FALSE)","v":"Paracatu - MG"},{"$f":"VLOOKUP($W36,'Transporte RR-1C'!$B:$AA,9,FALSE)","v":2.5659094409196781},{"$f":"VLOOKUP($W36,'Transporte RR-1C'!$B:$AA,10,FALSE)","v":2.7772496393073984},{"$f":"VLOOKUP($W36,'Transporte RR-1C'!$B:$AA,11,FALSE)","v":2565.9094409196782},{"$f":"VLOOKUP($W36,'Transporte RR-1C'!$B:$AA,12,FALSE)","v":709.02},{"$f":"VLOOKUP($W36,'Transporte RR-1C'!$B:$AA,13,FALSE)","v":3274.9294409196782},{"$f":"VLOOKUP($W36,'Transporte RR-1C'!$B:$AA,14,FALSE)","v":333},{"$f":"VLOOKUP($W36,'Transporte RR-1C'!$B:$AA,15,FALSE)","v":0},{"$f":"VLOOKUP($W36,'Transporte RR-1C'!$B:$AA,18,FALSE)","v":111.19},{"$f":"VLOOKUP($W36,'Transporte RR-1C'!$B:$AA,19,FALSE)","v":24.4},{"$f":"VLOOKUP($W36,'Transporte RR-1C'!$B:$AA,20,FALSE)","v":152.54},{"$f":"VLOOKUP($W36,'Transporte RR-1C'!$B:$AA,21,FALSE)","v":288.13},{"$f":"VLOOKUP($W36,'Transporte RR-1C'!$B:$AA,22,FALSE)","v":117},{"$f":"VLOOKUP($W36,'Transporte RR-1C'!$B:$AA,23,FALSE)","v":9.2857142857142865},{"$f":"VLOOKUP($W$33,'Transporte RR-1C'!$B$16:$AA$35,24,0)","v":305.49523809523805},{"$f":"VLOOKUP(W36,'Transporte RR-1C'!$B$16:$AA$35,25,0)","v":3274.9294409196782},{"$f":"SMALL('Transporte RR-1C'!$AA:$AA,4)","v":3572.3451552053925}]
[null,5,null,"Refinaria Potiguar Clara Camarão","Rodovia RN 221, KM 25 - Guamaré - RN CEP:59598-000",{"$f":"VLOOKUP($W37,'Transporte RR-1C'!$B:$AA,7,FALSE)","v":"APARECIDA DE GOIANIA - GO"},{"$f":"VLOOKUP($W37,'Transporte RR-1C'!$B:$AA,8,FALSE)","v":"Paracatu - MG"},{"$f":"VLOOKUP($W37,'Transporte RR-1C'!$B:$AA,9,FALSE)","v":2.5659094409196781},{"$f":"VLOOKUP($W37,'Transporte RR-1C'!$B:$AA,10,FALSE)","v":2.7772496393073984},{"$f":"VLOOKUP($W37,'Transporte RR-1C'!$B:$AA,11,FALSE)","v":2565.9094409196782},{"$f":"VLOOKUP($W37,'Transporte RR-1C'!$B:$AA,12,FALSE)","v":709.02},{"$f":"VLOOKUP($W37,'Transporte RR-1C'!$B:$AA,13,FALSE)","v":3274.9294409196782},{"$f":"VLOOKUP($W37,'Transporte RR-1C'!$B:$AA,14,FALSE)","v":396},{"$f":"VLOOKUP($W37,'Transporte RR-1C'!$B:$AA,15,FALSE)","v":0},{"$f":"VLOOKUP($W37,'Transporte RR-1C'!$B:$AA,18,FALSE)","v":127.13},{"$f":"VLOOKUP($W37,'Transporte RR-1C'!$B:$AA,19,FALSE)","v":27.9},{"$f":"VLOOKUP($W37,'Transporte RR-1C'!$B:$AA,20,FALSE)","v":174.41},{"$f":"VLOOKUP($W37,'Transporte RR-1C'!$B:$AA,21,FALSE)","v":329.44},{"$f":"VLOOKUP($W37,'Transporte RR-1C'!$B:$AA,22,FALSE)","v":75.599999999999994},{"$f":"VLOOKUP($W37,'Transporte RR-1C'!$B:$AA,23,FALSE)","v":6},{"$f":"VLOOKUP($W$33,'Transporte RR-1C'!$B$16:$AA$35,24,0)","v":305.49523809523805},{"$f":"VLOOKUP(W37,'Transporte RR-1C'!$B$16:$AA$35,25,0)","v":3274.9294409196782},{"$f":"SMALL('Transporte RR-1C'!$AA:$AA,5)","v":3610.3694409196783}]
[null,6,null,"Complexo Petroquímico do Rio de Janeiro (Comperj)","Rodovia Estadual RJ-116 - Km 5,2 - Acesso A-1, s/n, Complemento Sambaetiba - Zona Urbana do 4º Distrito de Itaboraí - RJ CEP:24841-203",{"$f":"VLOOKUP($W38,'Transporte RR-1C'!$B:$AA,7,FALSE)","v":"GOIANIRA - GO"},{"$f":"VLOOKUP($W38,'Transporte RR-1C'!$B:$AA,8,FALSE)","v":"Paracatu - MG"},{"$f":"VLOOKUP($W38,'Transporte RR-1C'!$B:$AA,9,FALSE)","v":2.5659094409196781},{"$f":"VLOOKUP($W38,'Transporte RR-1C'!$B:$AA,10,FALSE)","v":2.7772496393073984},{"$f":"VLOOKUP($W38,'Transporte RR-1C'!$B:$AA,11,FALSE)","v":2565.9094409196782},{"$f":"VLOOKUP($W38,'Transporte RR-1C'!$B:$AA,12,FALSE)","v":709.02},{"$f":"VLOOKUP($W38,'Transporte RR-1C'!$B:$AA,13,FALSE)","v":3274.9294409196782},{"$f":"VLOOKUP($W38,'Transporte RR-1C'!$B:$AA,14,FALSE)","v":417},{"$f":"VLOOKUP($W38,'Transporte RR-1C'!$B:$AA,15,FALSE)","v":0},{"$f":"VLOOKUP($W38,'Transporte RR-1C'!$B:$AA,18,FALSE)","v":132.44},{"$f":"VLOOKUP($W38,'Transporte RR-1C'!$B:$AA,19,FALSE)","v":29.07},{"$f":"VLOOKUP($W38,'Transporte RR-1C'!$B:$AA,20,FALSE)","v":181.7},{"$f":"VLOOKUP($W38,'Transporte RR-1C'!$B:$AA,21,FALSE)","v":343.21},{"$f":"VLOOKUP($W38,'Transporte RR-1C'!$B:$AA,22,FALSE)","v":75.599999999999994},{"$f":"VLOOKUP($W38,'Transporte RR-1C'!$B:$AA,23,FALSE)","v":6},{"$f":"VLOOKUP($W$33,'Transporte RR-1C'!$B$16:$AA$35,24,0)","v":305.49523809523805},{"$f":"VLOOKUP(W38,'Transporte RR-1C'!$B$16:$AA$35,25,0)","v":3274.9294409196782},{"$f":"SMALL('Transporte RR-1C'!$AA:$AA,6)","v":3624.1394409196782}]

{"sheet":"MOMENTO DE TRANSPORTE - PRINC","index":13,"n_rows":130,"n_cols":11,"rows_kept":130,"cut":false,"hidden":false,"merged":[[128,5,128,7],[124,3,124,7],[125,1,126,2],[125,3,126,3],[125,4,126,4],[125,5,125,7],[116,5,116,7],[118,1,118,10],[121,2,121,7],[121,9,121,10],[122,7,122,10],[109,2,109,7],[109,9,109,10],[110,7,110,10],[112,3,112,7],[113,1,114,2],[113,3,114,3],[113,4,114,4],[113,5,113,7],[102,1,103,2],[102,3,103,3],[102,4,103,4],[102,5,102,7],[105,5,105,7],[95,1,95,10],[98,2,98,7],[98,9,98,10],[99,7,99,10],[101,3,101,7],[80,1,80,10],[83,2,83,7],[83,9,83,10],[84,7,84,10],[86,3,86,7],[67,5,67,7],[71,2,71,7],[71,9,71,10],[72,7,72,10],[74,3,74,7],[63,3,63,7],[64,1,65,2],[64,3,65,3],[64,4,65,4],[64,5,64,7],[87,1,88,2],[87,3,88,3],[87,4,88,4],[87,5,87,7],[90,5,90,7],[75,1,76,2],[75,3,76,3],[75,4,76,4],[75,5,75,7],[78,5,78,7],[42,1,42,10],[45,2,45,7],[45,9,45,10],[46,7,46,10],[48,3,48,7],[49,1,50,2],[49,3,50,3],[49,4,50,4],[49,5,49,7],[57,1,57,10],[60,2,60,7],[60,9,60,10],[61,7,61,10],[52,5,52,7],[4,1,4,10],[19,1,19,10],[33,2,33,7],[33,9,33,10],[34,7,34,10],[29,5,29,7],[22,2,22,7],[22,9,22,10],[25,3,25,7],[23,7,23,10],[26,1,27,2],[26,3,27,3],[26,4,27,4],[26,5,26,7],[40,5,40,7],[36,3,36,7],[37,1,38,2],[37,3,38,3],[37,4,38,4],[37,5,37,7]]}
[]
[]
[]
[]
[null,{"$f":"'RESUMO MODULO TOTAL'!B1","v":"CONTRATAÇÃO DE SERVIÇOS DE EXECUÇÃO DE CAPA ASFÁLTICA COM CONCRETO BETUMINOSO USINADO A QUENTE (CBUQ) EM VIAS DE DIVERSOS MUNICÍPIOS INSERIDOS NA ÁREA DE ATUAÇÃO DA 16ª SUPERINTENDÊNCIA REGIONAL DA CODEVASF, NO ESTADO DE MINAS GERAIS -  REGIÃO  NOROESTE"}]
[null,"ESTADO:",{"$f":"'RESUMO MODULO TOTAL'!N1","v":"xxxxxxxxxxxx"},"DATA BASE:",{"$f":"'RESUMO MODULO TOTAL'!N2","v":"Minas Gerais - Abril/2024"}]
[]
[null,null,"RESUMO DO TRANSPORTE PRINCIPAL"]
[null,"CODIGO ","DESCRIÇÃO","TKM"]
[null,5914359,{"$f":"VLOOKUP(B10,'SINTÉTICO SICRO'!$A:$D,2,0)","v":"Transporte com caminhão basculante de 10 m³ - rodovia em leito natural"},{"$f":"ROUND(SUMIF('MOMENTO DE TRANSPORTE - PRINC'!A:A,B10,'MOMENTO DE TRANSPORTE - PRINC'!K:K),2)","v":334387.20000000001}]
[null,5914374,{"$f":"VLOOKUP(B11,'SINTÉTICO SICRO'!$A:$D,2,0)","v":"Transporte com caminhão basculante de 10 m³ - rodovia em revestimento primário"},{"$f":"ROUND(SUMIF('MOMENTO DE TRANSPORTE - PRINC'!A:A,B11,'MOMENTO DE TRANSPORTE - PRINC'!K:K),2)","v":334387.20000000001}]
[null,5914389,{"$f":"VLOOKUP(B12,'SINTÉTICO SICRO'!$A:$D,2,0)","v":"Transporte com caminhão basculante de 10 m³ - rodovia pavimentada"},{"$f":"ROUND(SUMIF('MOMENTO DE TRANSPORTE - PRINC'!A:A,B12,'MOMENTO DE TRANSPORTE - PRINC'!K:K),2)","v":2675097.6000000001}]
[null,5914314,{"$f":"VLOOKUP(B13,'SINTÉTICO SICRO'!$A:$D,2,0)","v":"Transporte com caminhão basculante de 6 m³ - rodovia em leito natural"},{"$f":"ROUND(SUMIF('MOMENTO DE TRANSPORTE - PRINC'!A:A,B13,'MOMENTO DE TRANSPORTE - PRINC'!K:K),2)","v":11090.42}]
[null,5914329,{"$f":"VLOOKUP(B14,'SINTÉTICO SICRO'!$A:$D,2,0)","v":"Transporte com caminhão basculante de 6 m³ - rodovia em revestimento primário"},{"$f":"ROUND(SUMIF('MOMENTO DE TRANSPORTE - PRINC'!A:A,B14,'MOMENTO DE TRANSPORTE - PRINC'!K:K),2)","v":11090.42}]
[null,5914344,{"$f":"VLOOKUP(B15,'SINTÉTICO SICRO'!$A:$D,2,0)","v":"Transporte com caminhão basculante de 6 m³ - rodovia pavimentada"},{"$f":"ROUND(SUMIF('MOMENTO DE TRANSPORTE - PRINC'!A:A,B15,'MOMENTO DE TRANSPORTE - PRINC'!K:K),2)","v":88723.35}]
[]
[null,"TIPO (P, RP ou LN)","DMT ESTIMADA"]
[null,"P"]
[]
[null,"COMPOSIÇÕES PRINCIPAIS"]
[null,"SISTEMA DE CUSTOS REFERENCIAIS DE OBRAS - SICRO"]
[null,"Custo Unitário de Referência",null,null,{"$f":"$E$6","v":"Minas Gerais - Abril/2024"},null,null,null,"Quantitativo",null,"t"]
[null,4011463,{"$f":"VLOOKUP(B23,'SINTÉTICO SICRO'!$A:$D,2,0)","v":"Concreto asfáltico - faixa C - areia e brita comerciais"},{"$nulls":5},{"$f":"SUMIF('RESUMO MODULO TOTAL'!D:D,B23,'RESUMO MODULO TOTAL'!J:J)*0.8","v":21504}]
[null,"D - ATIVIDADES AUXILIARES",null,"Quantidade","Unidade"]
[null,6416078,{"$f":"VLOOKUP(B25,'SINTÉTICO SICRO'!$A:$D,2,0)","v":"Usinagem de concreto asfáltico - faixa C - areia e brita comerciais"},1.02,"t"]
[]
[null,"F - MOMENTO DE TRANSPORTE",null,"Quantidade","Unidade","CÓDIGO TRANSPORTE"]
[{"$nulls":5},"LN","RP","P","TIPO (P, RP ou LN)","DMT ESTIMADA (km)","QUANTITATIVO TOTAL DE TRANSPORTE (tkm)"]
[{"$f":"IF(I29=\"P\",H29,IF(I29=\"RP\",G29,IF(I29=\"LN\",F29,\"\")))","v":5914389},6416078,{"$f":"VLOOKUP(B29,'SINTÉTICO SICRO'!$A:$D,2,0)","v":"Usinagem de concreto asfáltico - faixa C - areia e brita comerciais"},1.02,"tkm",5914359,5914374,5914389,{"$f":"$B$18","v":"P"},120,{"$f":"IF(ISBLANK(J29),\"\",J29*D29)*I23","v":2632089.6000000001}]
[{"$f":"IF(I30=\"P\",H30,IF(I30=\"RP\",G30,IF(I30=\"LN\",F30,\"\")))","v":""}]
["","Obs."]
[null,"SISTEMA DE CUSTOS REFERENCIAIS DE OBRAS - SICRO"]
[null,"Custo Unitário de Referência",null,null,{"$f":"$E$6","v":"Minas Gerais - Abril/2024"},null,null,null,"Quantitativo",null,"m³"]
[null,4915663,{"$f":"VLOOKUP(B34,'SINTÉTICO SICRO'!$A:$D,2,0)","v":"Fresagem descontínua de revestimento asfáltico - espessura de 5 cm"},{"$nulls":5},{"$f":"SUMIF('RESUMO MODULO TOTAL'!D:D,B34,'RESUMO MODULO TOTAL'!J:J)*0.8","v":896}]
[null,"D - ATIVIDADES AUXILIARES",null,"Quantidade","Unidade"]
[]
[]
[null,"F - MOMENTO DE TRANSPORTE",null,"Quantidade","Unidade","CÓDIGO TRANSPORTE"]
[{"$nulls":5},"LN","RP","P","TIPO (P, RP ou LN)","DMT ESTIMADA (km)","QUANTITATIVO TOTAL DE TRANSPORTE (tkm)"]
[{"$f":"IF(I40=\"P\",H40,IF(I40=\"RP\",G40,IF(I40=\"LN\",F40,\"\")))","v":5914389},"M3507","Revestimento asfáltico - Caminhão basculante 10 m³",2.4,"tkm",5914359,5914374,5914389,{"$f":"$B$18","v":"P"},20,{"$f":"IF(ISBLANK(J40),\"\",J40*D40)*I34","v":43008}]
[{"$f":"IF(I41=\"P\",H41,IF(I41=\"RP\",G41,IF(I41=\"LN\",F41,\"\")))","v":""}]
["","Obs."]
[null,"COMPOSIÇÕES PRINCIPAIS"]
[null,"SISTEMA DE CUSTOS REFERENCIAIS DE OBRAS - SICRO"]
[null,"Custo Unitário de Referência",null,null,{"$f":"$E$6","v":"Minas Gerais - Abril/2024"},null,null,null,"Quantitativo",null,"m²"]
[null,4915618,{"$f":"VLOOKUP(B46,'SINTÉTICO SICRO'!$A:$D,2,0)","v":"Recomposição de camada granular do pavimento com material de jazida"},{"$nulls":5},{"$f":"SUMIF('RESUMO MODULO TOTAL'!D:D,B46,'RESUMO MODULO TOTAL'!J:J)*0.8","v":17920}]
[null,"D - ATIVIDADES AUXILIARES",null,"Quantidade","Unidade"]
[null,4016096,{"$f":"VLOOKUP(B48,'SINTÉTICO SICRO'!$A:$D,2,0)","v":"Escavação e carga de material de jazida com escavadeira hidráulica de 1,56 m³"},0.22005,"t"]
[]
[null,"F - MOMENTO DE TRANSPORTE",null,"Quantidade","Unidade","CÓDIGO TRANSPORTE"]
[{"$nulls":5},"LN","RP","P","TIPO (P, RP ou LN)","DMT ESTIMADA (km)","QUANTITATIVO TOTAL DE TRANSPORTE (tkm)"]
[{"$f":"IF(I52=\"P\",H52,IF(I52=\"RP\",G52,IF(I52=\"LN\",F52,\"\")))","v":5914344},4016096,{"$f":"VLOOKUP(B52,'SINTÉTICO SICRO'!$A:$D,2,0)","v":"Escavação e carga de material de jazida com escavadeira hidráulica de 1,56 m³"},0.41259000000000001,"tkm",5914314,5914329,5914344,{"$f":"$B$18","v":"P"},12,{"$f":"IF(ISBLANK(J52),\"\",J52*D52)*I46","v":88723.353600000002}]
[{"$f":"IF(I53=\"P\",H53,IF(I53=\"RP\",G53,IF(I53=\"LN\",F53,\"\")))","v":""}]
["","Obs."]
[null,"TIPO (P, RP ou LN)","DMT ESTIMADA"]
[null,"LN",1]
[]
[null,"COMPOSIÇÕES PRINCIPAIS"]
[null,"SISTEMA DE CUSTOS REFERENCIAIS DE OBRAS - SICRO"]
[null,"Custo Unitário de Referência",null,null,{"$f":"$E$6","v":"Minas Gerais - Abril/2024"},null,null,null,"Quantitativo",null,"t"]
[null,4011463,{"$f":"VLOOKUP(B61,'SINTÉTICO SICRO'!$A:$D,2,0)","v":"Concreto asfáltico - faixa C - areia e brita comerciais"},{"$nulls":5},{"$f":"SUMIF('RESUMO MODULO TOTAL'!D:D,B61,'RESUMO MODULO TOTAL'!J:J)*0.1","v":2688}]
[null,"D - ATIVIDADES AUXILIARES",null,"Quantidade","Unidade"]
[null,6416078,{"$f":"VLOOKUP(B63,'SINTÉTICO SICRO'!$A:$D,2,0)","v":"Usinagem de concreto asfáltico - faixa C - areia e brita comerciais"},1.02,"t"]
[]
[null,"F - MOMENTO DE TRANSPORTE",null,"Quantidade","Unidade","CÓDIGO TRANSPORTE"]
[{"$nulls":5},"LN","RP","P","TIPO (P, RP ou LN)","DMT ESTIMADA (km)","QUANTITATIVO TOTAL DE TRANSPORTE (tkm)"]
[{"$f":"IF(I67=\"P\",H67,IF(I67=\"RP\",G67,IF(I67=\"LN\",F67,\"\")))","v":5914359},6416078,{"$f":"VLOOKUP(B67,'SINTÉTICO SICRO'!$A:$D,2,0)","v":"Usinagem de concreto asfáltico - faixa C - areia e brita comerciais"},1.02,"tkm",5914359,5914374,5914389,{"$f":"$B$56","v":"LN"},120,{"$f":"IF(ISBLANK(J67),\"\",J67*D67)*I61","v":329011.20000000001}]
[{"$f":"IF(I68=\"P\",H68,IF(I68=\"RP\",G68,IF(I68=\"LN\",F68,\"\")))","v":""}]
["","Obs."]
[null,"SISTEMA DE CUSTOS REFERENCIAIS DE OBRAS - SICRO"]
[null,"Custo Unitário de Referência",null,null,{"$f":"$E$6","v":"Minas Gerais - Abril/2024"},null,null,null,"Quantitativo",null,"m³"]
[null,4915663,{"$f":"VLOOKUP(B72,'SINTÉTICO SICRO'!$A:$D,2,0)","v":"Fresagem descontínua de revestimento asfáltico - espessura de 5 cm"},{"$nulls":5},{"$f":"SUMIF('RESUMO MODULO TOTAL'!D:D,B72,'RESUMO MODULO TOTAL'!J:J)*0.1","v":112}]
[null,"D - ATIVIDADES AUXILIARES",null,"Quantidade","Unidade"]
[]
[]
[null,"F - MOMENTO DE TRANSPORTE",null,"Quantidade","Unidade","CÓDIGO TRANSPORTE"]
[{"$nulls":5},"LN","RP","P","TIPO (P, RP ou LN)","DMT ESTIMADA (km)","QUANTITATIVO TOTAL DE TRANSPORTE (tkm)"]
[{"$f":"IF(I78=\"P\",H78,IF(I78=\"RP\",G78,IF(I78=\"LN\",F78,\"\")))","v":5914359},"M3507","Revestimento asfáltico - Caminhão basculante 10 m³",2.4,"tkm",5914359,5914374,5914389,{"$f":"$B$56","v":"LN"},20,{"$f":"IF(ISBLANK(J78),\"\",J78*D78)*I72","v":5376}]
[{"$f":"IF(I79=\"P\",H79,IF(I79=\"RP\",G79,IF(I79=\"LN\",F79,\"\")))","v":""}]
["","Obs."]
[null,"COMPOSIÇÕES PRINCIPAIS"]
[null,"SISTEMA DE CUSTOS REFERENCIAIS DE OBRAS - SICRO"]
[null,"Custo Unitário de Referência",null,null,{"$f":"$E$6","v":"Minas Gerais - Abril/2024"},null,null,null,"Quantitativo",null,"m²"]
[null,4915618,{"$f":"VLOOKUP(B84,'SINTÉTICO SICRO'!$A:$D,2,0)","v":"Recomposição de camada granular do pavimento com material de jazida"},{"$nulls":5},{"$f":"SUMIF('RESUMO MODULO TOTAL'!D:D,B84,'RESUMO MODULO TOTAL'!J:J)*0.1","v":2240}]
[null,"D - ATIVIDADES AUXILIARES",null,"Quantidade","Unidade"]
[null,4016096,{"$f":"VLOOKUP(B86,'SINTÉTICO SICRO'!$A:$D,2,0)","v":"Escavação e carga de material de jazida com escavadeira hidráulica de 1,56 m³"},0.22005,"t"]
[]
[null,"F - MOMENTO DE TRANSPORTE",null,"Quantidade","Unidade","CÓDIGO TRANSPORTE"]
[{"$nulls":5},"LN","RP","P","TIPO (P, RP ou LN)","DMT ESTIMADA (km)","QUANTITATIVO TOTAL DE TRANSPORTE (tkm)"]
[{"$f":"IF(I90=\"P\",H90,IF(I90=\"RP\",G90,IF(I90=\"LN\",F90,\"\")))","v":5914314},4016096,{"$f":"VLOOKUP(B90,'SINTÉTICO SICRO'!$A:$D,2,0)","v":"Escavação e carga de material de jazida com escavadeira hidráulica de 1,56 m³"},0.41259000000000001,"tkm",5914314,5914329,5914344,{"$f":"$B$56","v":"LN"},12,{"$f":"IF(ISBLANK(J90),\"\",J90*D90)*I84","v":11090.4192}]
[{"$f":"IF(I91=\"P\",H91,IF(I91=\"RP\",G91,IF(I91=\"LN\",F91,\"\")))","v":""}]
["","Obs."]
[null,"TIPO (P, RP ou LN)","DMT ESTIMADA"]
[null,"RP",1]
[]
[null,"COMPOSIÇÕES PRINCIPAIS"]
[null,"SISTEMA DE CUSTOS REFERENCIAIS DE OBRAS - SICRO"]
[null,"Custo Unitário de Referência",null,null,{"$f":"$E$6","v":"Minas Gerais - Abril/2024"},null,null,null,"Quantitativo",null,"t"]
[null,4011463,{"$f":"VLOOKUP(B99,'SINTÉTICO SICRO'!$A:$D,2,0)","v":"Concreto asfáltico - faixa C - areia e brita comerciais"},{"$nulls":5},{"$f":"SUMIF('RESUMO MODULO TOTAL'!D:D,B99,'RESUMO MODULO TOTAL'!J:J)*0.1","v":2688}]
[null,"D - ATIVIDADES AUXILIARES",null,"Quantidade","Unidade"]
[null,6416078,{"$f":"VLOOKUP(B101,'SINTÉTICO SICRO'!$A:$D,2,0)","v":"Usinagem de concreto asfáltico - faixa C - areia e brita comerciais"},1.02,"t"]
[]
[null,"F - MOMENTO DE TRANSPORTE",null,"Quantidade","Unidade","CÓDIGO TRANSPORTE"]
[{"$nulls":5},"LN","RP","P","TIPO (P, RP ou LN)","DMT ESTIMADA (km)","QUANTITATIVO TOTAL DE TRANSPORTE (tkm)"]
[{"$f":"IF(I105=\"P\",H105,IF(I105=\"RP\",G105,IF(I105=\"LN\",F105,\"\")))","v":5914374},6416078,{"$f":"VLOOKUP(B105,'SINTÉTICO SICRO'!$A:$D,2,0)","v":"Usinagem de concreto asfáltico - faixa C - areia e brita comerciais"},1.02,"tkm",5914359,5914374,5914389,{"$f":"$B$94","v":"RP"},120,{"$f":"IF(ISBLANK(J105),\"\",J105*D105)*I99","v":329011.20000000001}]
[{"$f":"IF(I106=\"P\",H106,IF(I106=\"RP\",G106,IF(I106=\"LN\",F106,\"\")))","v":""}]
["","Obs."]
[null,"SISTEMA DE CUSTOS REFERENCIAIS DE OBRAS - SICRO"]
[null,"Custo Unitário de Referência",null,null,{"$f":"$E$6","v":"Minas Gerais - Abril/2024"},null,null,null,"Quantitativo",null,"m³"]
[null,4915663,{"$f":"VLOOKUP(B110,'SINTÉTICO SICRO'!$A:$D,2,0)","v":"Fresagem descontínua de revestimento asfáltico - espessura de 5 cm"},{"$nulls":5},{"$f":"SUMIF('RESUMO MODULO TOTAL'!D:D,B110,'RESUMO MODULO TOTAL'!J:J)*0.1","v":112}]
[null,"D - ATIVIDADES AUXILIARES",null,"Quantidade","Unidade"]
[]
[]
[null,"F - MOMENTO DE TRANSPORTE",null,"Quantidade","Unidade","CÓDIGO TRANSPORTE"]
[{"$nulls":5},"LN","RP","P","TIPO (P, RP ou LN)","DMT ESTIMADA (km)","QUANTITATIVO TOTAL DE TRANSPORTE (tkm)"]
[{"$f":"IF(I116=\"P\",H116,IF(I116=\"RP\",G116,IF(I116=\"LN\",F116,\"\")))","v":5914374},"M3507","Revestimento asfáltico - Caminhão basculante 10 m³",2.4,"tkm",5914359,5914374,5914389,{"$f":"$B$94","v":"RP"},20,{"$f":"IF(ISBLANK(J116),\"\",J116*D116)*I110","v":5376}]
[{"$f":"IF(I117=\"P\",H117,IF(I117=\"RP\",G117,IF(I117=\"LN\",F117,\"\")))","v":""}]
["","Obs."]
[null,"COMPOSIÇÕES PRINCIPAIS"]
[null,"SISTEMA DE CUSTOS REFERENCIAIS DE OBRAS - SICRO"]
[null,"Custo Unitário de Referência",null,null,{"$f":"$E$6","v":"Minas Gerais - Abril/2024"},null,null,null,"Quantitativo",null,"m²"]
[null,4915618,{"$f":"VLOOKUP(B122,'SINTÉTICO SICRO'!$A:$D,2,0)","v":"Recomposição de camada granular do pavimento com material de jazida"},{"$nulls":5},{"$f":"SUMIF('RESUMO MODULO TOTAL'!D:D,B122,'RESUMO MODULO TOTAL'!J:J)*0.1","v":2240}]
[null,"D - ATIVIDADES AUXILIARES",null,"Quantidade","Unidade"]
[null,4016096,{"$f":"VLOOKUP(B124,'SINTÉTICO SICRO'!$A:$D,2,0)","v":"Escavação e carga de material de jazida com escavadeira hidráulica de 1,56 m³"},0.22005,"t"]
[]
[null,"F - MOMENTO DE TRANSPORTE",null,"Quantidade","Unidade","CÓDIGO TRANSPORTE"]
[{"$nulls":5},"LN","RP","P","TIPO (P, RP ou LN)","DMT ESTIMADA (km)","QUANTITATIVO TOTAL DE TRANSPORTE (tkm)"]
[{"$f":"IF(I128=\"P\",H128,IF(I128=\"RP\",G128,IF(I128=\"LN\",F128,\"\")))","v":5914329},4016096,{"$f":"VLOOKUP(B128,'SINTÉTICO SICRO'!$A:$D,2,0)","v":"Escavação e carga de material de jazida com escavadeira hidráulica de 1,56 m³"},0.41259000000000001,"tkm",5914314,5914329,5914344,{"$f":"$B$94","v":"RP"},12,{"$f":"IF(ISBLANK(J128),\"\",J128*D128)*I122","v":11090.4192}]
[{"$f":"IF(I129=\"P\",H129,IF(I129=\"RP\",G129,IF(I129=\"LN\",F129,\"\")))","v":""}]
["","Obs."]

{"sheet":"MOMENTO DE TRANSPORTE - AUX","index":14,"n_rows":103,"n_cols":13,"rows_kept":103,"cut":false,"hidden":false,"merged":[[72,5,72,7],[50,5,50,7],[64,2,64,7],[64,9,64,10],[65,1,66,2],[65,3,66,3],[65,4,66,4],[65,5,65,7],[42,2,42,7],[42,9,42,10],[43,1,44,2],[43,3,44,3],[43,4,44,4],[43,5,43,7],[28,5,28,7],[3,1,3,10],[6,1,6,3],[20,2,20,7],[20,9,20,10],[21,1,22,2],[21,3,22,3],[21,4,22,4],[21,5,21,7]]}
[]
[]
[]
[null,{"$f":"'RESUMO MODULO TOTAL'!B1","v":"CONTRATAÇÃO DE SERVIÇOS DE EXECUÇÃO DE CAPA ASFÁLTICA COM CONCRETO BETUMINOSO USINADO A QUENTE (CBUQ) EM VIAS DE DIVERSOS MUNICÍPIOS INSERIDOS NA ÁREA DE ATUAÇÃO DA 16ª SUPERINTENDÊNCIA REGIONAL DA CODEVASF, NO ESTADO DE MINAS GERAIS -  REGIÃO  NOROESTE"}]
[null,"ESTADO:",{"$f":"'RESUMO MODULO TOTAL'!N1","v":"xxxxxxxxxxxx"},"DATA BASE:",{"$f":"'MOMENTO DE TRANSPORTE - PRINC'!E6","v":"Minas Gerais - Abril/2024"}]
[]
[null,"RESUMO DO TRANSPORTE AUXILIAR"]
[null,"CODIGO ","DESCRIÇÃO","TKM"]
[null,5914359,{"$f":"VLOOKUP(B9,'SINTÉTICO SICRO'!$A:$D,2,0)","v":"Transporte com caminhão basculante de 10 m³ - rodovia em leito natural"},{"$f":"ROUND(SUMIF(A:A,B9,K:K),2)","v":64724.73}]
[null,5914374,{"$f":"VLOOKUP(B10,'SINTÉTICO SICRO'!$A:$D,2,0)","v":"Transporte com caminhão basculante de 10 m³ - rodovia em revestimento primário"},64724.73]
[null,5914389,{"$f":"VLOOKUP(B11,'SINTÉTICO SICRO'!$A:$D,2,0)","v":"Transporte com caminhão basculante de 10 m³ - rodovia pavimentada"},517797.83]
[null,5914364,{"$f":"VLOOKUP(B12,'SINTÉTICO SICRO'!$A:$D,2,0)","v":"Transporte de cimento ou cal hidratada a granel com caminhão silo de 30 m³ - rodovia em leito natural"},9245.2099999999991]
[null,5914365,{"$f":"VLOOKUP(B13,'SINTÉTICO SICRO'!$A:$D,2,0)","v":"Transporte de cimento ou cal hidratada a granel com caminhão silo de 30 m³ - rodovia em revestimento primário"},9245.2099999999991]
[null,5914366,{"$f":"VLOOKUP(B14,'SINTÉTICO SICRO'!$A:$D,2,0)","v":"Transporte de cimento ou cal hidratada a granel com caminhão silo de 30 m³ - rodovia pavimentada"},73961.72]
[]
[null,"TIPO (P, RP ou LN)","DMT ATÉ 50 KM NÃO DEVE SER PAGA","SOMENTE DEVE SER ADICIONADO A DISTÂNCIA EXCEDENTE A 50 KM"]
[null,"P"]
[]
[null,"SISTEMA DE CUSTOS REFERENCIAIS DE OBRAS - SICRO",{"$nulls":6},"Quantitivo"]
[null,"Custo Unitário de Referência",null,null,{"$f":"$E$5","v":"Minas Gerais - Abril/2024"},null,null,null,"(Coeficiente na composição principal) x (quantidade da principal no orçamento)",null,"t"]
[null,6416078,"Usinagem de concreto asfáltico - faixa C - areia e brita comerciais",{"$nulls":5},{"$f":"('MOMENTO DE TRANSPORTE - PRINC'!D25*VLOOKUP(C30,'RESUMO MODULO TOTAL'!D:O,7,FALSE))*0.8","v":21934.080000000002}]
[null,"F - MOMENTO DE TRANSPORTE",null,"Quantidade","Unidade","DMT"]
[{"$nulls":5},"LN","RP","P","TIPO (P, RP ou LN)","DMT ESTIMADA (km)","QUANTITATIVO TOTAL DE TRANSPORTE DE MATERIAL (tkm)"]
[{"$f":"IF(I24=\"P\",H24,IF(I24=\"RP\",G24,IF(I24=\"LN\",F24,\"\")))","v":5914389},"M0028","Areia média - Caminhão basculante 10 m³",0.48713000000000001,"tkm",5914359,5914374,5914389,{"$f":"$B$17","v":"P"},0,{"$f":"IF(ISBLANK(J24),\"\",J24*(D24*$I$21))","v":0}]
[{"$f":"IF(I25=\"P\",H25,IF(I25=\"RP\",G25,IF(I25=\"LN\",F25,\"\")))","v":5914389},"M0005","Brita 0 - Caminhão basculante 10 m³",9.3679999999999999E-2,"tkm",5914359,5914374,5914389,"P",60,{"$f":"IF(ISBLANK(J25),\"\",J25*(D25*$I$21))","v":123287.076864}]
[5914389,"M0191","Brita 1 - Caminhão basculante 10 m³",9.3679999999999999E-2,"tkm",5914359,5914374,5914389,"P",60,123287.076864]
[5914366,"M0344","Cal hidratada - a granel - Caminhão silo 30 m³",5.62E-2,"tkm",5914364,5914365,5914366,"P",60,73961.71776]
[5914389,"M1103","Pedrisco - Caminhão basculante 10 m³",0.20609,"tkm",5914359,5914374,5914389,"P",60,271223.67283200001]
[""]
[{"$f":"IF(I30=\"P\",H30,IF(I30=\"RP\",G30,IF(I30=\"LN\",F30,\"\")))","v":""},"PRINCIPAL:",{"$f":"'MOMENTO DE TRANSPORTE - PRINC'!B23","v":4011463}]
[null,"SISTEMA DE CUSTOS REFERENCIAIS DE OBRAS - SICRO",{"$nulls":6},"Quantitivo"]
[null,"Custo Unitário de Referência",null,null,{"$f":"$E$5","v":"Minas Gerais - Abril/2024"},null,null,null,"(Coeficiente na composição principal) x (quantidade da principal no orçamento)",null,"m³"]
[null,4016096,{"$f":"VLOOKUP(B33,'SINTÉTICO SICRO'!$A:$D,2,0)","v":"Escavação e carga de material de jazida com escavadeira hidráulica de 1,56 m³"}]
[null,"F - MOMENTO DE TRANSPORTE",null,"''","Unidade","DMT"]
[{"$nulls":5},"LN","RP","P","TIPO (P, RP ou LN)","DMT ESTIMADA (km)","QUANTITATIVO TOTAL DE TRANSPORTE DE MATERIAL (tkm)"]
[{"$f":"IF(I36=\"P\",H36,IF(I36=\"RP\",G36,IF(I36=\"LN\",F36,\"\")))","v":""},null,null,null,"tkm",{"$nulls":5},{"$f":"IF(ISBLANK(J36),\"\",J36*(D36*#REF!))","v":""}]
["","PRINCIPAL:",{"$f":"'MOMENTO DE TRANSPORTE - PRINC'!B46","v":4915618}]
[null,"TIPO (P, RP ou LN)","DMT ATÉ 50 KM NÃO DEVE SER PAGA","DMT ACIMA DE 50 KM"]
[null,"LN",0]
[]
[null,"SISTEMA DE CUSTOS REFERENCIAIS DE OBRAS - SICRO",{"$nulls":6},"Quantitivo"]
[null,"Custo Unitário de Referência",null,null,{"$f":"$E$5","v":"Minas Gerais - Abril/2024"},null,null,null,"(Coeficiente na composição principal) x (quantidade da principal no orçamento)",null,"t"]
[null,6416078,"Usinagem de concreto asfáltico - faixa C - areia e brita comerciais",{"$nulls":5},{"$f":"('MOMENTO DE TRANSPORTE - PRINC'!D25*VLOOKUP(C52,'RESUMO MODULO TOTAL'!D:O,7,FALSE))*0.1","v":2741.76}]
[null,"F - MOMENTO DE TRANSPORTE",null,"Quantidade","Unidade","DMT"]
[{"$nulls":5},"LN","RP","P","TIPO (P, RP ou LN)","DMT ESTIMADA (km)","QUANTITATIVO TOTAL DE TRANSPORTE DE MATERIAL (tkm)"]
[{"$f":"IF(I46=\"P\",H46,IF(I46=\"RP\",G46,IF(I46=\"LN\",F46,\"\")))","v":5914359},"M0028","Areia média - Caminhão basculante 10 m³",0.48713000000000001,"tkm",5914359,5914374,5914389,{"$f":"$B$39","v":"LN"},0,{"$f":"IF(ISBLANK(J46),\"\",J46*(D46*$I$43))","v":0}]
[5914359,"M0005","Brita 0 - Caminhão basculante 10 m³",9.3679999999999999E-2,"tkm",5914359,5914374,5914389,{"$f":"$B$39","v":"LN"},60,{"$f":"IF(ISBLANK(J47),\"\",J47*(D47*$I$43))","v":15410.884608}]
[5914359,"M0191","Brita 1 - Caminhão basculante 10 m³",9.3679999999999999E-2,"tkm",5914359,5914374,5914389,"LN",60,15410.884608]
[5914364,"M0344","Cal hidratada - a granel - Caminhão silo 30 m³",5.62E-2,"tkm",5914364,5914365,5914366,"LN",60,9245.2147199999999]
[5914359,"M1103","Pedrisco - Caminhão basculante 10 m³",0.20609,"tkm",5914359,5914374,5914389,"LN",60,33902.959104000001]
[""]
["","PRINCIPAL:",{"$f":"'MOMENTO DE TRANSPORTE - PRINC'!B23","v":4011463}]
[null,"SISTEMA DE CUSTOS REFERENCIAIS DE OBRAS - SICRO",{"$nulls":6},"Quantitivo"]
[null,"Custo Unitário de Referência",null,null,{"$f":"$E$5","v":"Minas Gerais - Abril/2024"},null,null,null,"(Coeficiente na composição principal) x (quantidade da principal no orçamento)",null,"m³"]
[null,4016096,{"$f":"VLOOKUP(B55,'SINTÉTICO SICRO'!$A:$D,2,0)","v":"Escavação e carga de material de jazida com escavadeira hidráulica de 1,56 m³"}]
[null,"F - MOMENTO DE TRANSPORTE",null,"''","Unidade","DMT"]
[{"$nulls":5},"LN","RP","P","TIPO (P, RP ou LN)","DMT ESTIMADA (km)","QUANTITATIVO TOTAL DE TRANSPORTE DE MATERIAL (tkm)"]
[{"$f":"IF(I58=\"P\",H58,IF(I58=\"RP\",G58,IF(I58=\"LN\",F58,\"\")))","v":""},null,null,null,"tkm",{"$nulls":5},{"$f":"IF(ISBLANK(J58),\"\",J58*(D58*#REF!))","v":""}]
["","PRINCIPAL:",{"$f":"'MOMENTO DE TRANSPORTE - PRINC'!B46","v":4915618}]
[null,"TIPO (P, RP ou LN)","DMT ATÉ 50 KM NÃO DEVE SER PAGA","DMT ACIMA DE 50 KM"]
[null,"RP",0,1]
[]
[null,"SISTEMA DE CUSTOS REFERENCIAIS DE OBRAS - SICRO",{"$nulls":6},"Quantitivo"]
[null,"Custo Unitário de Referência",null,null,{"$f":"$E$5","v":"Minas Gerais - Abril/2024"},null,null,null,"(Coeficiente na composição principal) x (quantidade da principal no orçamento)",null,"t"]
[null,6416078,"Usinagem de concreto asfáltico - faixa C - areia e brita comerciais",{"$nulls":5},{"$f":"('MOMENTO DE TRANSPORTE - PRINC'!D25*VLOOKUP(C74,'RESUMO MODULO TOTAL'!D:O,7,FALSE))*0.1","v":2741.76}]
[null,"F - MOMENTO DE TRANSPORTE",null,"Quantidade","Unidade","DMT"]
[{"$nulls":5},"LN","RP","P","TIPO (P, RP ou LN)","DMT ESTIMADA (km)","QUANTITATIVO TOTAL DE TRANSPORTE DE MATERIAL (tkm)"]
[{"$f":"IF(I68=\"P\",H68,IF(I68=\"RP\",G68,IF(I68=\"LN\",F68,\"\")))","v":5914374},"M0028","Areia média - Caminhão basculante 10 m³",0.48713000000000001,"tkm",5914359,5914374,5914389,{"$f":"$B$61","v":"RP"},0,{"$f":"IF(ISBLANK(J68),\"\",J68*(D68*$I$65))","v":0}]
[5914374,"M0005","Brita 0 - Caminhão basculante 10 m³",9.3679999999999999E-2,"tkm",5914359,5914374,5914389,{"$f":"$B$61","v":"RP"},60,{"$f":"IF(ISBLANK(J69),\"\",J69*(D69*$I$65))","v":15410.884608}]
[5914374,"M0191","Brita 1 - Caminhão basculante 10 m³",9.3679999999999999E-2,"tkm",5914359,5914374,5914389,"RP",60,15410.884608]
[5914365,"M0344","Cal hidratada - a granel - Caminhão silo 30 m³",5.62E-2,"tkm",5914364,5914365,5914366,"RP",60,9245.2147199999999]
[5914374,"M1103","Pedrisco - Caminhão basculante 10 m³",0.20609,"tkm",5914359,5914374,5914389,"RP",60,33902.959104000001]
[""]
["","PRINCIPAL:",{"$f":"'MOMENTO DE TRANSPORTE - PRINC'!B23","v":4011463}]
[null,"SISTEMA DE CUSTOS REFERENCIAIS DE OBRAS - SICRO",{"$nulls":6},"Quantitivo"]
[null,"Custo Unitário de Referência",null,null,{"$f":"$E$5","v":"Minas Gerais - Abril/2024"},null,null,null,"(Coeficiente na composição principal) x (quantidade da principal no orçamento)",null,"m³"]
[null,4016096,{"$f":"VLOOKUP(B77,'SINTÉTICO SICRO'!$A:$D,2,0)","v":"Escavação e carga de material de jazida com escavadeira hidráulica de 1,56 m³"}]
[null,"F - MOMENTO DE TRANSPORTE",null,"''","Unidade","DMT"]
[{"$nulls":5},"LN","RP","P","TIPO (P, RP ou LN)","DMT ESTIMADA (km)","QUANTITATIVO TOTAL DE TRANSPORTE DE MATERIAL (tkm)"]
[{"$f":"IF(I80=\"P\",H80,IF(I80=\"RP\",G80,IF(I80=\"LN\",F80,\"\")))","v":""},null,null,null,"tkm",{"$nulls":5},{"$f":"IF(ISBLANK(J80),\"\",J80*(D80*#REF!))","v":""}]
["","PRINCIPAL:",{"$f":"'MOMENTO DE TRANSPORTE - PRINC'!B68","v":0}]
[{"$f":"IF(I82=\"P\",H82,IF(I82=\"RP\",G82,IF(I82=\"LN\",F82,\"\")))","v":""}]
[""]
{"$rows_empty":19}
[{"$nulls":12},{"$f":"(#REF!)","v":{"$error":"#REF!"}}]

{"sheet":"MC MODULO","index":15,"n_rows":132,"n_cols":8,"rows_kept":132,"cut":false,"hidden":false,"merged":[[6,1,6,4],[11,1,11,4],[29,1,29,5],[59,1,59,4],[123,0,123,4],[16,1,16,4],[21,1,21,4],[54,1,54,4],[41,1,41,4],[47,1,47,4],[35,1,35,4]]}
["Extensão","=",2000,"m",null,"QUANTIDADE DE MODULOS",16]
["Largura","=",7,"m"]
[]
["Extensão","=",2,"km"]
[]
[null,"MOBUILIZAÇÃO"]
[1,"Implantação da obra"]
[]
[null,"Módulos(un)",null,"Módulos(un)"]
[null,{"$f":"G1","v":16},"=",{"$f":"B10","v":16}]
[]
[2,"Administração da obra"]
[]
[null,"Módulos(un)",null,"Módulos(un)"]
[null,{"$f":"G1","v":16},"=",{"$f":"B15","v":16}]
[]
[3,"Canteiro de Obras e Almoxarifado"]
[]
[null,"Módulos(un)",null,"Módulos(un)"]
[null,{"$f":"G1","v":16},"=",{"$f":"B20","v":16}]
[]
[4,"Placa de Obra em Chapa de Aço Galvanizado"]
[]
[null,"Módulos(un)","Comprimento(m)","Largura (m)",null,null,null,"Total de Area de placa (m²)"]
[null,{"$f":"G1","v":16},2,4,null,null,null,{"$f":"C25*D25*B25*2","v":256}]
[]
[]
[null,"PAVIMENTAÇÃO"]
[]
[5,"Concreto asfáltico - faixa C - areia e brita comerciais"]
[]
[null,"Extensão (m)","Largura (m)","Espessura (m)","Densidade (t/m³)","A",null,"Volume (t)"]
[null,{"$f":"$C$1*G1","v":32000},{"$f":"$C$2","v":7},0.05,2.4,null,"=",{"$f":"B33*C33*D33*E33","v":26880}]
[]
[]
[7,"Pintura de ligação"]
[]
[null,"Extensão (m)",null,"Largura (m)",null,null,null,"area (m2)"]
[null,{"$f":"$C$1*G1","v":32000},"x",{"$f":"$C$2","v":7},null,null,"=",{"$f":"B39*D39","v":224000}]
[]
[]
[9,"Fresagem descontínua de revestimento asfáltico - espessura de 5 cm"]
[]
[null,"Extensão (m)",null,"Largura (m)","Espessura (m)",null,null,"Volume (m3)"]
[null,{"$f":"$C$1*G1","v":32000},"x",{"$f":"$C$2","v":7},0.05,0.1,"=",{"$f":"B45*D45*E45*F45","v":1120}]
[]
[]
[9,"Recomposição de camada granular do pavimento com material de jazida"]
[]
[null,"Extensão (m)",null,"Largura (m)",null,null,null,"area (m2)"]
[null,{"$f":"$C$1*G1","v":32000},"x",{"$f":"$C$2","v":7},null,{"$f":"F45","v":0.1},"=",{"$f":"B51*D51*F51","v":22400}]
[]
[null,"SINALIZAÇÃO"]
[]
[14,"Fornecimento e implantação de placa de regulamentação em aço D = 0,60 m - película retrorrefletiva tipo I + SI"]
[]
[null,"Extensão (km)",null,"Quant. (un)",null,null,null,"Quant. (un)"]
[null,{"$f":"$C$4*$G$1","v":32},"x",3,null,null,"=",{"$f":"B58*D58","v":96}]
[]
[14,"Placa de advertência em aço, lado de 0,60 m - película retrorrefletiva tipo I + SI - fornecimento e implantação"]
[]
[null,"Extensão (km)",null,"Quant. (un)",null,null,null,"Quant. (un)"]
[null,{"$f":"$C$4*$G$1","v":32},"x",3,null,null,"=",{"$f":"B63*D63","v":96}]
[]
[]
[15,"Fornecimento e implantação de suporte metálico galvanizado para placa de regulamentação - D = 0,60 m"]
[]
[null,"Extensão (km)",null,"Quant. (un)",null,null,null,"Quant. (un)"]
[null,{"$f":"$C$4*$G$1","v":32},"x",null,null,null,"=",{"$f":"H58+H63","v":192}]
[]
[16,"Pintura de faixa com tinta acrílica - espessura de 0,4 mm (bordos)"]
[]
[null,"Extensão (m)",null,"Espessura (m)",null,null,null,"Quant. (m²)"]
[null,{"$f":"C1*G1","v":32000},"x",0.1,null,null,"=",{"$f":"B74*D74*2","v":6400}]
[]
[16,"Pintura de faixa com tinta acrílica - espessura de 0,4 mm (faixa central)"]
[]
[{"$nulls":7},"Quant. (m²)"]
[{"$nulls":7},{"$f":"B74*D74*0.4","v":1280}]
[]
[]
[null,"DRENAGEM"]
[17,"Reassentamento manual de meio fio com material arrancado da pista"]
[]
[null,"Extensão (m)",null,"Quant. (un)",null,null,0.1,"Extensão(m)"]
[null,{"$f":"$C$1*$G$1","v":32000},"x",2,null,null,"=",{"$f":"B86*D86*G85","v":6400}]
[]
[18,"Limpeza de sarjeta e meio-fio"]
[]
[null,"Extensão (m)",null,"Quant. (un)",null,null,null,"Extensão(m)"]
[null,{"$f":"$C$1*$G$1","v":32000},"x",2,null,null,"=",{"$f":"B91*D91","v":64000}]
[]
[19,"Caiação mecanizada com fixador de cal"]
[]
[null,"Extensão (m)",null,"Perimetro (m)",null,null,null,"Area (m²)"]
[null,{"$f":"$C$1*$G$1","v":32000},"x",{"$f":"0.24","v":0.24},null,null,"=",{"$f":"B96*D96","v":7680}]
[]
[]
[null,"SERVIÇOS COMPLEMENTARES"]
[20]
[]
[null,"Extensão (m)",null,"Largura (m)",null,null,0.1,"extensão (m)"]
[null,{"$f":"$C$1*G1","v":32000},"x",1,"x",null,"=",{"$f":"G102*B103","v":3200}]
[]
[]
[null,"PROJETO EXECUTIVO"]
[21,"Projeto Executivo"]
[]
[null,"Extensão (m)",null,"Largura (m)",null,"Quant. (un)",null,"Área (m²)"]
[null,{"$f":"$C$1*G1","v":32000},"x",{"$f":"C2","v":7},"x",1,"=",{"$f":"B110*D110","v":224000}]
[]
[null,"CONTROLE TECNOLOGICO - OBRA"]
[22,"Projeto Executivo"]
[]
[null,"Extensão (m)",null,"Largura (m)",null,"Quant. (un)",null,"meses"]
[{"$nulls":6},"=",{"$f":"0.5*G1","v":8}]
{"$rows_empty":15}
[{"$nulls":4},"   Perímetro caiação = 0,09 + 0,15"]

{"sheet":"ANP ESTADO","index":16,"n_rows":99614,"n_cols":4,"rows_kept":4500,"cut":true,"hidden":false,"merged":[[4,0,4,3],[4,7,4,13]],"bounds":{"rows_first":2000,"rows_last":500,"rows_between":2000,"halvings":0}}
["                       Agência Nacional do Petróleo, Gás Natural e Biocombustíveis"]
["                       Superintendência de Defesa da Concorrência"]
[]
[]
["PREÇO MÉDIO MENSAL PONDERADO PRATICADO PELOS DISTRIBUIDORES DE PRODUTOS ASFÁLTICOS (R$/KG)"]
[]
["Importante:","Quando não houver declaração de venda do produto selecionado, ou quando a declaração de venda do produto ocorrer por menos de 03 (três) distribuidoras, a tabela indicará campo vazio."]
["Mês","Produto","Estado","Preço"]
["2013-01-01","ASFALTOS DILUÍDOS CM-30","Acre","-"]
["2013-01-01","ASFALTOS DILUÍDOS CM-30","Alagoas","-"]
["2013-01-01","ASFALTOS DILUÍDOS CM-30","Amapá","-"]
["2013-01-01","ASFALTOS DILUÍDOS CM-30","Amazonas",1.4535270214060187]
["2013-01-01","ASFALTOS DILUÍDOS CM-30","Bahia",1.4640441420517516]
["2013-01-01","ASFALTOS DILUÍDOS CM-30","Ceará",1.4479979339846571]
["2013-01-01","ASFALTOS DILUÍDOS CM-30","Distrito Federal","-"]
["2013-01-01","ASFALTOS DILUÍDOS CM-30","Espírito Santo","-"]
["2013-01-01","ASFALTOS DILUÍDOS CM-30","Goiás",1.6863830648778011]
["2013-01-01","ASFALTOS DILUÍDOS CM-30","Maranhão","-"]
["2013-01-01","ASFALTOS DILUÍDOS CM-30","Mato Grosso","-"]
["2013-01-01","ASFALTOS DILUÍDOS CM-30","Mato Grosso do Sul","-"]
["2013-01-01","ASFALTOS DILUÍDOS CM-30","Minas Gerais",1.4511061136949568]
["2013-01-01","ASFALTOS DILUÍDOS CM-30","Pará","-"]
["2013-01-01","ASFALTOS DILUÍDOS CM-30","Paraíba","-"]
["2013-01-01","ASFALTOS DILUÍDOS CM-30","Paraná",1.5201250313327568]
["2013-01-01","ASFALTOS DILUÍDOS CM-30","Pernambuco","-"]
["2013-01-01","ASFALTOS DILUÍDOS CM-30","Piauí","-"]
["2013-01-01","ASFALTOS DILUÍDOS CM-30","Rio de Janeiro",1.3304751064278189]
["2013-01-01","ASFALTOS DILUÍDOS CM-30","Rio Grande do Norte","-"]
["2013-01-01","ASFALTOS DILUÍDOS CM-30","Rio Grande do Sul",1.5986110742416622]
["2013-01-01","ASFALTOS DILUÍDOS CM-30","Rondônia","-"]
["2013-01-01","ASFALTOS DILUÍDOS CM-30","Roraima","-"]
["2013-01-01","ASFALTOS DILUÍDOS CM-30","Santa Catarina","-"]
["2013-01-01","ASFALTOS DILUÍDOS CM-30","São Paulo",1.4710084232194318]
["2013-01-01","ASFALTOS DILUÍDOS CM-30","Sergipe","-"]
["2013-01-01","ASFALTOS DILUÍDOS CM-30","Tocantins","-"]
["2013-02-01","ASFALTOS DILUÍDOS CM-30","Acre","-"]
["2013-02-01","ASFALTOS DILUÍDOS CM-30","Alagoas","-"]
["2013-02-01","ASFALTOS DILUÍDOS CM-30","Amapá","-"]
["2013-02-01","ASFALTOS DILUÍDOS CM-30","Amazonas",1.4855781787830731]
["2013-02-01","ASFALTOS DILUÍDOS CM-30","Bahia",1.4570141012974054]
["2013-02-01","ASFALTOS DILUÍDOS CM-30","Ceará",1.4131923360976373]
["2013-02-01","ASFALTOS DILUÍDOS CM-30","Distrito Federal","-"]
["2013-02-01","ASFALTOS DILUÍDOS CM-30","Espírito Santo","-"]
["2013-02-01","ASFALTOS DILUÍDOS CM-30","Goiás",1.6674597105953242]
["2013-02-01","ASFALTOS DILUÍDOS CM-30","Maranhão","-"]
["2013-02-01","ASFALTOS DILUÍDOS CM-30","Mato Grosso","-"]
["2013-02-01","ASFALTOS DILUÍDOS CM-30","Mato Grosso do Sul","-"]
["2013-02-01","ASFALTOS DILUÍDOS CM-30","Minas Gerais",1.4521211168848078]
["2013-02-01","ASFALTOS DILUÍDOS CM-30","Pará","-"]
["2013-02-01","ASFALTOS DILUÍDOS CM-30","Paraíba","-"]
["2013-02-01","ASFALTOS DILUÍDOS CM-30","Paraná",1.4937831726234798]
["2013-02-01","ASFALTOS DILUÍDOS CM-30","Pernambuco","-"]
["2013-02-01","ASFALTOS DILUÍDOS CM-30","Piauí","-"]
["2013-02-01","ASFALTOS DILUÍDOS CM-30","Rio de Janeiro",1.4182349010292952]
["2013-02-01","ASFALTOS DILUÍDOS CM-30","Rio Grande do Norte","-"]
["2013-02-01","ASFALTOS DILUÍDOS CM-30","Rio Grande do Sul",1.4358617819236099]
["2013-02-01","ASFALTOS DILUÍDOS CM-30","Rondônia","-"]
["2013-02-01","ASFALTOS DILUÍDOS CM-30","Roraima","-"]
["2013-02-01","ASFALTOS DILUÍDOS CM-30","Santa Catarina","-"]
["2013-02-01","ASFALTOS DILUÍDOS CM-30","São Paulo",1.4341902042953412]
["2013-02-01","ASFALTOS DILUÍDOS CM-30","Sergipe","-"]
["2013-02-01","ASFALTOS DILUÍDOS CM-30","Tocantins","-"]
["2013-03-01","ASFALTOS DILUÍDOS CM-30","Acre","-"]
["2013-03-01","ASFALTOS DILUÍDOS CM-30","Alagoas","-"]
["2013-03-01","ASFALTOS DILUÍDOS CM-30","Amapá","-"]
["2013-03-01","ASFALTOS DILUÍDOS CM-30","Amazonas",1.5079239205862709]
["2013-03-01","ASFALTOS DILUÍDOS CM-30","Bahia",1.4494403251178087]
["2013-03-01","ASFALTOS DILUÍDOS CM-30","Ceará",1.4016074852948124]
["2013-03-01","ASFALTOS DILUÍDOS CM-30","Distrito Federal","-"]
["2013-03-01","ASFALTOS DILUÍDOS CM-30","Espírito Santo","-"]
["2013-03-01","ASFALTOS DILUÍDOS CM-30","Goiás",1.6617587007265764]
["2013-03-01","ASFALTOS DILUÍDOS CM-30","Maranhão","-"]
["2013-03-01","ASFALTOS DILUÍDOS CM-30","Mato Grosso","-"]
["2013-03-01","ASFALTOS DILUÍDOS CM-30","Mato Grosso do Sul","-"]
["2013-03-01","ASFALTOS DILUÍDOS CM-30","Minas Gerais",1.4432433296645579]
["2013-03-01","ASFALTOS DILUÍDOS CM-30","Pará","-"]
["2013-03-01","ASFALTOS DILUÍDOS CM-30","Paraíba","-"]
["2013-03-01","ASFALTOS DILUÍDOS CM-30","Paraná",1.4689959959501271]
["2013-03-01","ASFALTOS DILUÍDOS CM-30","Pernambuco","-"]
["2013-03-01","ASFALTOS DILUÍDOS CM-30","Piauí","-"]
["2013-03-01","ASFALTOS DILUÍDOS CM-30","Rio de Janeiro",1.4380555738810545]
["2013-03-01","ASFALTOS DILUÍDOS CM-30","Rio Grande do Norte","-"]
["2013-03-01","ASFALTOS DILUÍDOS CM-30","Rio Grande do Sul",1.5814258782658748]
["2013-03-01","ASFALTOS DILUÍDOS CM-30","Rondônia","-"]
["2013-03-01","ASFALTOS DILUÍDOS CM-30","Roraima","-"]
["2013-03-01","ASFALTOS DILUÍDOS CM-30","Santa Catarina","-"]
["2013-03-01","ASFALTOS DILUÍDOS CM-30","São Paulo",1.4660617024058002]
["2013-03-01","ASFALTOS DILUÍDOS CM-30","Sergipe","-"]
["2013-03-01","ASFALTOS DILUÍDOS CM-30","Tocantins","-"]
["2013-04-01","ASFALTOS DILUÍDOS CM-30","Acre","-"]
["2013-04-01","ASFALTOS DILUÍDOS CM-30","Alagoas","-"]
["2013-04-01","ASFALTOS DILUÍDOS CM-30","Amapá","-"]
["2013-04-01","ASFALTOS DILUÍDOS CM-30","Amazonas",1.4847966561231034]
["2013-04-01","ASFALTOS DILUÍDOS CM-30","Bahia",1.454836546307112]
["2013-04-01","ASFALTOS DILUÍDOS CM-30","Ceará",1.3870739617974539]
["2013-04-01","ASFALTOS DILUÍDOS CM-30","Distrito Federal","-"]
["2013-04-01","ASFALTOS DILUÍDOS CM-30","Espírito Santo","-"]
["2013-04-01","ASFALTOS DILUÍDOS CM-30","Goiás",1.6734818355604775]
["2013-04-01","ASFALTOS DILUÍDOS CM-30","Maranhão","-"]
["2013-04-01","ASFALTOS DILUÍDOS CM-30","Mato Grosso",1.9219384218389803]
["2013-04-01","ASFALTOS DILUÍDOS CM-30","Mato Grosso do Sul","-"]
["2013-04-01","ASFALTOS DILUÍDOS CM-30","Minas Gerais",1.4565566827656029]
["2013-04-01","ASFALTOS DILUÍDOS CM-30","Pará","-"]
["2013-04-01","ASFALTOS DILUÍDOS CM-30","Paraíba","-"]
["2013-04-01","ASFALTOS DILUÍDOS CM-30","Paraná",1.5344194983914978]
["2013-04-01","ASFALTOS DILUÍDOS CM-30","Pernambuco","-"]
["2013-04-01","ASFALTOS DILUÍDOS CM-30","Piauí","-"]
["2013-04-01","ASFALTOS DILUÍDOS CM-30","Rio de Janeiro",1.4184195161224069]
["2013-04-01","ASFALTOS DILUÍDOS CM-30","Rio Grande do Norte","-"]
["2013-04-01","ASFALTOS DILUÍDOS CM-30","Rio Grande do Sul",1.572582456389797]
["2013-04-01","ASFALTOS DILUÍDOS CM-30","Rondônia","-"]
["2013-04-01","ASFALTOS DILUÍDOS CM-30","Roraima","-"]
["2013-04-01","ASFALTOS DILUÍDOS CM-30","Santa Catarina","-"]
["2013-04-01","ASFALTOS DILUÍDOS CM-30","São Paulo",1.4757643482956038]
["2013-04-01","ASFALTOS DILUÍDOS CM-30","Sergipe","-"]
["2013-04-01","ASFALTOS DILUÍDOS CM-30","Tocantins","-"]
["2013-05-01","ASFALTOS DILUÍDOS CM-30","Acre","-"]
["2013-05-01","ASFALTOS DILUÍDOS CM-30","Alagoas","-"]
["2013-05-01","ASFALTOS DILUÍDOS CM-30","Amapá","-"]
["2013-05-01","ASFALTOS DILUÍDOS CM-30","Amazonas","-"]
["2013-05-01","ASFALTOS DILUÍDOS CM-30","Bahia",1.4925874242145125]
["2013-05-01","ASFALTOS DILUÍDOS CM-30","Ceará",1.3762630205188797]
["2013-05-01","ASFALTOS DILUÍDOS CM-30","Distrito Federal","-"]
["2013-05-01","ASFALTOS DILUÍDOS CM-30","Espírito Santo","-"]
["2013-05-01","ASFALTOS DILUÍDOS CM-30","Goiás",1.6682148189524701]
["2013-05-01","ASFALTOS DILUÍDOS CM-30","Maranhão","-"]
["2013-05-01","ASFALTOS DILUÍDOS CM-30","Mato Grosso",1.9030981590145519]
["2013-05-01","ASFALTOS DILUÍDOS CM-30","Mato Grosso do Sul","-"]
["2013-05-01","ASFALTOS DILUÍDOS CM-30","Minas Gerais",1.4647097164454981]
["2013-05-01","ASFALTOS DILUÍDOS CM-30","Pará","-"]
["2013-05-01","ASFALTOS DILUÍDOS CM-30","Paraíba","-"]
["2013-05-01","ASFALTOS DILUÍDOS CM-30","Paraná",1.4890278492054516]
["2013-05-01","ASFALTOS DILUÍDOS CM-30","Pernambuco","-"]
["2013-05-01","ASFALTOS DILUÍDOS CM-30","Piauí","-"]
["2013-05-01","ASFALTOS DILUÍDOS CM-30","Rio de Janeiro",1.3992560478193556]
["2013-05-01","ASFALTOS DILUÍDOS CM-30","Rio Grande do Norte","-"]
["2013-05-01","ASFALTOS DILUÍDOS CM-30","Rio Grande do Sul",1.5396369613878009]
["2013-05-01","ASFALTOS DILUÍDOS CM-30","Rondônia","-"]
["2013-05-01","ASFALTOS DILUÍDOS CM-30","Roraima","-"]
["2013-05-01","ASFALTOS DILUÍDOS CM-30","Santa Catarina","-"]
["2013-05-01","ASFALTOS DILUÍDOS CM-30","São Paulo",1.4512159364340786]
["2013-05-01","ASFALTOS DILUÍDOS CM-30","Sergipe","-"]
["2013-05-01","ASFALTOS DILUÍDOS CM-30","Tocantins","-"]
["2013-06-01","ASFALTOS DILUÍDOS CM-30","Acre","-"]
["2013-06-01","ASFALTOS DILUÍDOS CM-30","Alagoas","-"]
["2013-06-01","ASFALTOS DILUÍDOS CM-30","Amapá","-"]
["2013-06-01","ASFALTOS DILUÍDOS CM-30","Amazonas",1.5863258175048849]
["2013-06-01","ASFALTOS DILUÍDOS CM-30","Bahia",1.448129069812556]
["2013-06-01","ASFALTOS DILUÍDOS CM-30","Ceará",1.3827009885251489]
["2013-06-01","ASFALTOS DILUÍDOS CM-30","Distrito Federal","-"]
["2013-06-01","ASFALTOS DILUÍDOS CM-30","Espírito Santo","-"]
["2013-06-01","ASFALTOS DILUÍDOS CM-30","Goiás",1.6996138671289776]
["2013-06-01","ASFALTOS DILUÍDOS CM-30","Maranhão","-"]
["2013-06-01","ASFALTOS DILUÍDOS CM-30","Mato Grosso",1.9159756577927578]
["2013-06-01","ASFALTOS DILUÍDOS CM-30","Mato Grosso do Sul","-"]
["2013-06-01","ASFALTOS DILUÍDOS CM-30","Minas Gerais",1.4753668962896909]
["2013-06-01","ASFALTOS DILUÍDOS CM-30","Pará","-"]
["2013-06-01","ASFALTOS DILUÍDOS CM-30","Paraíba","-"]
["2013-06-01","ASFALTOS DILUÍDOS CM-30","Paraná",1.4321669740385425]
["2013-06-01","ASFALTOS DILUÍDOS CM-30","Pernambuco","-"]
["2013-06-01","ASFALTOS DILUÍDOS CM-30","Piauí","-"]
["2013-06-01","ASFALTOS DILUÍDOS CM-30","Rio de Janeiro",1.5274202263737213]
["2013-06-01","ASFALTOS DILUÍDOS CM-30","Rio Grande do Norte","-"]
["2013-06-01","ASFALTOS DILUÍDOS CM-30","Rio Grande do Sul",1.5986834901348475]
["2013-06-01","ASFALTOS DILUÍDOS CM-30","Rondônia","-"]
["2013-06-01","ASFALTOS DILUÍDOS CM-30","Roraima","-"]
["2013-06-01","ASFALTOS DILUÍDOS CM-30","Santa Catarina","-"]
["2013-06-01","ASFALTOS DILUÍDOS CM-30","São Paulo",1.4327481873578112]
["2013-06-01","ASFALTOS DILUÍDOS CM-30","Sergipe","-"]
["2013-06-01","ASFALTOS DILUÍDOS CM-30","Tocantins","-"]
["2013-07-01","ASFALTOS DILUÍDOS CM-30","Acre","-"]
["2013-07-01","ASFALTOS DILUÍDOS CM-30","Alagoas","-"]
["2013-07-01","ASFALTOS DILUÍDOS CM-30","Amapá","-"]
["2013-07-01","ASFALTOS DILUÍDOS CM-30","Amazonas",1.5098909307114052]
["2013-07-01","ASFALTOS DILUÍDOS CM-30","Bahia",1.4361500161396077]
["2013-07-01","ASFALTOS DILUÍDOS CM-30","Ceará",1.4248358446083929]
["2013-07-01","ASFALTOS DILUÍDOS CM-30","Distrito Federal","-"]
["2013-07-01","ASFALTOS DILUÍDOS CM-30","Espírito Santo","-"]
["2013-07-01","ASFALTOS DILUÍDOS CM-30","Goiás",1.6637784537782818]
["2013-07-01","ASFALTOS DILUÍDOS CM-30","Maranhão","-"]
["2013-07-01","ASFALTOS DILUÍDOS CM-30","Mato Grosso",1.9305895506226753]
["2013-07-01","ASFALTOS DILUÍDOS CM-30","Mato Grosso do Sul","-"]
["2013-07-01","ASFALTOS DILUÍDOS CM-30","Minas Gerais",1.4765723524617482]
["2013-07-01","ASFALTOS DILUÍDOS CM-30","Pará","-"]
["2013-07-01","ASFALTOS DILUÍDOS CM-30","Paraíba","-"]
["2013-07-01","ASFALTOS DILUÍDOS CM-30","Paraná",1.4771672738531896]
["2013-07-01","ASFALTOS DILUÍDOS CM-30","Pernambuco","-"]
["2013-07-01","ASFALTOS DILUÍDOS CM-30","Piauí","-"]
["2013-07-01","ASFALTOS DILUÍDOS CM-30","Rio de Janeiro",1.5844647130872824]
["2013-07-01","ASFALTOS DILUÍDOS CM-30","Rio Grande do Norte","-"]
["2013-07-01","ASFALTOS DILUÍDOS CM-30","Rio Grande do Sul",1.6124879253037883]
["2013-07-01","ASFALTOS DILUÍDOS CM-30","Rondônia","-"]
["2013-07-01","ASFALTOS DILUÍDOS CM-30","Roraima","-"]
["2013-07-01","ASFALTOS DILUÍDOS CM-30","Santa Catarina","-"]
["2013-07-01","ASFALTOS DILUÍDOS CM-30","São Paulo",1.5078449085221559]
["2013-07-01","ASFALTOS DILUÍDOS CM-30","Sergipe","-"]
["2013-07-01","ASFALTOS DILUÍDOS CM-30","Tocantins","-"]
["2013-08-01","ASFALTOS DILUÍDOS CM-30","Acre","-"]
["2013-08-01","ASFALTOS DILUÍDOS CM-30","Alagoas","-"]
["2013-08-01","ASFALTOS DILUÍDOS CM-30","Amapá","-"]
["2013-08-01","ASFALTOS DILUÍDOS CM-30","Amazonas",1.5092756412465567]
["2013-08-01","ASFALTOS DILUÍDOS CM-30","Bahia",1.4166993230667961]
["2013-08-01","ASFALTOS DILUÍDOS CM-30","Ceará",1.4474033636621826]
["2013-08-01","ASFALTOS DILUÍDOS CM-30","Distrito Federal","-"]
["2013-08-01","ASFALTOS DILUÍDOS CM-30","Espírito Santo","-"]
["2013-08-01","ASFALTOS DILUÍDOS CM-30","Goiás",1.733407290687675]
["2013-08-01","ASFALTOS DILUÍDOS CM-30","Maranhão","-"]
["2013-08-01","ASFALTOS DILUÍDOS CM-30","Mato Grosso",1.9368734488373014]
["2013-08-01","ASFALTOS DILUÍDOS CM-30","Mato Grosso do Sul","-"]
["2013-08-01","ASFALTOS DILUÍDOS CM-30","Minas Gerais",1.497135866276361]
["2013-08-01","ASFALTOS DILUÍDOS CM-30","Pará","-"]
["2013-08-01","ASFALTOS DILUÍDOS CM-30","Paraíba","-"]
["2013-08-01","ASFALTOS DILUÍDOS CM-30","Paraná",1.5549604317647849]
["2013-08-01","ASFALTOS DILUÍDOS CM-30","Pernambuco","-"]
["2013-08-01","ASFALTOS DILUÍDOS CM-30","Piauí","-"]
["2013-08-01","ASFALTOS DILUÍDOS CM-30","Rio de Janeiro",1.610072132228562]
["2013-08-01","ASFALTOS DILUÍDOS CM-30","Rio Grande do Norte","-"]
["2013-08-01","ASFALTOS DILUÍDOS CM-30","Rio Grande do Sul",1.4857528885719486]
["2013-08-01","ASFALTOS DILUÍDOS CM-30","Rondônia","-"]
["2013-08-01","ASFALTOS DILUÍDOS CM-30","Roraima","-"]
["2013-08-01","ASFALTOS DILUÍDOS CM-30","Santa Catarina","-"]
["2013-08-01","ASFALTOS DILUÍDOS CM-30","São Paulo",1.4933707014182394]
["2013-08-01","ASFALTOS DILUÍDOS CM-30","Sergipe","-"]
["2013-08-01","ASFALTOS DILUÍDOS CM-30","Tocantins","-"]
["2013-09-01","ASFALTOS DILUÍDOS CM-30","Acre","-"]
["2013-09-01","ASFALTOS DILUÍDOS CM-30","Alagoas","-"]
["2013-09-01","ASFALTOS DILUÍDOS CM-30","Amapá","-"]
["2013-09-01","ASFALTOS DILUÍDOS CM-30","Amazonas",1.4609016726129569]
["2013-09-01","ASFALTOS DILUÍDOS CM-30","Bahia",1.4552257782611762]
["2013-09-01","ASFALTOS DILUÍDOS CM-30","Ceará",1.4832578566834698]
["2013-09-01","ASFALTOS DILUÍDOS CM-30","Distrito Federal","-"]
["2013-09-01","ASFALTOS DILUÍDOS CM-30","Espírito Santo","-"]
["2013-09-01","ASFALTOS DILUÍDOS CM-30","Goiás",1.7695439322713993]
["2013-09-01","ASFALTOS DILUÍDOS CM-30","Maranhão","-"]
["2013-09-01","ASFALTOS DILUÍDOS CM-30","Mato Grosso",1.9944491035094916]
["2013-09-01","ASFALTOS DILUÍDOS CM-30","Mato Grosso do Sul","-"]
["2013-09-01","ASFALTOS DILUÍDOS CM-30","Minas Gerais",1.5520445899980486]
["2013-09-01","ASFALTOS DILUÍDOS CM-30","Pará","-"]
["2013-09-01","ASFALTOS DILUÍDOS CM-30","Paraíba","-"]
["2013-09-01","ASFALTOS DILUÍDOS CM-30","Paraná",1.4988253631307897]
["2013-09-01","ASFALTOS DILUÍDOS CM-30","Pernambuco","-"]
["2013-09-01","ASFALTOS DILUÍDOS CM-30","Piauí","-"]
["2013-09-01","ASFALTOS DILUÍDOS CM-30","Rio de Janeiro",1.5485200882073553]
["2013-09-01","ASFALTOS DILUÍDOS CM-30","Rio Grande do Norte","-"]
["2013-09-01","ASFALTOS DILUÍDOS CM-30","Rio Grande do Sul",1.466231451400871]
["2013-09-01","ASFALTOS DILUÍDOS CM-30","Rondônia","-"]
["2013-09-01","ASFALTOS DILUÍDOS CM-30","Roraima","-"]
["2013-09-01","ASFALTOS DILUÍDOS CM-30","Santa Catarina","-"]
["2013-09-01","ASFALTOS DILUÍDOS CM-30","São Paulo",1.5183323308106733]
["2013-09-01","ASFALTOS DILUÍDOS CM-30","Sergipe","-"]
["2013-09-01","ASFALTOS DILUÍDOS CM-30","Tocantins","-"]
["2013-10-01","ASFALTOS DILUÍDOS CM-30","Acre","-"]
["2013-10-01","ASFALTOS DILUÍDOS CM-30","Alagoas","-"]
["2013-10-01","ASFALTOS DILUÍDOS CM-30","Amapá","-"]
["2013-10-01","ASFALTOS DILUÍDOS CM-30","Amazonas",1.5243349537611375]
["2013-10-01","ASFALTOS DILUÍDOS CM-30","Bahia",1.4727836719438803]
["2013-10-01","ASFALTOS DILUÍDOS CM-30","Ceará",1.4803412015757087]
["2013-10-01","ASFALTOS DILUÍDOS CM-30","Distrito Federal","-"]
["2013-10-01","ASFALTOS DILUÍDOS CM-30","Espírito Santo","-"]
["2013-10-01","ASFALTOS DILUÍDOS CM-30","Goiás",1.7002748519093238]
["2013-10-01","ASFALTOS DILUÍDOS CM-30","Maranhão","-"]
["2013-10-01","ASFALTOS DILUÍDOS CM-30","Mato Grosso",1.9560474873532938]
["2013-10-01","ASFALTOS DILUÍDOS CM-30","Mato Grosso do Sul","-"]
["2013-10-01","ASFALTOS DILUÍDOS CM-30","Minas Gerais",1.5061274599279553]
["2013-10-01","ASFALTOS DILUÍDOS CM-30","Pará",1.7431022484656087]
["2013-10-01","ASFALTOS DILUÍDOS CM-30","Paraíba","-"]
["2013-10-01","ASFALTOS DILUÍDOS CM-30","Paraná",1.5123431624357759]
["2013-10-01","ASFALTOS DILUÍDOS CM-30","Pernambuco","-"]
["2013-10-01","ASFALTOS DILUÍDOS CM-30","Piauí","-"]
["2013-10-01","ASFALTOS DILUÍDOS CM-30","Rio de Janeiro",1.5104848924413496]
["2013-10-01","ASFALTOS DILUÍDOS CM-30","Rio Grande do Norte","-"]
["2013-10-01","ASFALTOS DILUÍDOS CM-30","Rio Grande do Sul",1.4366665414429234]
["2013-10-01","ASFALTOS DILUÍDOS CM-30","Rondônia","-"]
["2013-10-01","ASFALTOS DILUÍDOS CM-30","Roraima","-"]
["2013-10-01","ASFALTOS DILUÍDOS CM-30","Santa Catarina","-"]
["2013-10-01","ASFALTOS DILUÍDOS CM-30","São Paulo",1.4793466955826844]
["2013-10-01","ASFALTOS DILUÍDOS CM-30","Sergipe","-"]
["2013-10-01","ASFALTOS DILUÍDOS CM-30","Tocantins","-"]
["2013-11-01","ASFALTOS DILUÍDOS CM-30","Acre","-"]
["2013-11-01","ASFALTOS DILUÍDOS CM-30","Alagoas","-"]
["2013-11-01","ASFALTOS DILUÍDOS CM-30","Amapá","-"]
["2013-11-01","ASFALTOS DILUÍDOS CM-30","Amazonas",1.4995512809893463]
["2013-11-01","ASFALTOS DILUÍDOS CM-30","Bahia",1.5008772738611229]
["2013-11-01","ASFALTOS DILUÍDOS CM-30","Ceará",1.4875621424174903]
["2013-11-01","ASFALTOS DILUÍDOS CM-30","Distrito Federal","-"]
["2013-11-01","ASFALTOS DILUÍDOS CM-30","Espírito Santo","-"]
["2013-11-01","ASFALTOS DILUÍDOS CM-30","Goiás",1.792940583041257]
["2013-11-01","ASFALTOS DILUÍDOS CM-30","Maranhão","-"]
["2013-11-01","ASFALTOS DILUÍDOS CM-30","Mato Grosso",1.943476204233427]
["2013-11-01","ASFALTOS DILUÍDOS CM-30","Mato Grosso do Sul","-"]
["2013-11-01","ASFALTOS DILUÍDOS CM-30","Minas Gerais",1.4851520732604662]
["2013-11-01","ASFALTOS DILUÍDOS CM-30","Pará",1.7240862433505024]
["2013-11-01","ASFALTOS DILUÍDOS CM-30","Paraíba","-"]
["2013-11-01","ASFALTOS DILUÍDOS CM-30","Paraná",1.5581010922628975]
["2013-11-01","ASFALTOS DILUÍDOS CM-30","Pernambuco","-"]
["2013-11-01","ASFALTOS DILUÍDOS CM-30","Piauí","-"]
["2013-11-01","ASFALTOS DILUÍDOS CM-30","Rio de Janeiro",1.5673390277834358]
["2013-11-01","ASFALTOS DILUÍDOS CM-30","Rio Grande do Norte","-"]
["2013-11-01","ASFALTOS DILUÍDOS CM-30","Rio Grande do Sul",1.4257711845847554]
["2013-11-01","ASFALTOS DILUÍDOS CM-30","Rondônia","-"]
["2013-11-01","ASFALTOS DILUÍDOS CM-30","Roraima","-"]
["2013-11-01","ASFALTOS DILUÍDOS CM-30","Santa Catarina","-"]
["2013-11-01","ASFALTOS DILUÍDOS CM-30","São Paulo",1.4885140871545035]
["2013-11-01","ASFALTOS DILUÍDOS CM-30","Sergipe","-"]
["2013-11-01","ASFALTOS DILUÍDOS CM-30","Tocantins","-"]
["2013-12-01","ASFALTOS DILUÍDOS CM-30","Acre","-"]
["2013-12-01","ASFALTOS DILUÍDOS CM-30","Alagoas","-"]
["2013-12-01","ASFALTOS DILUÍDOS CM-30","Amapá","-"]
["2013-12-01","ASFALTOS DILUÍDOS CM-30","Amazonas",1.5260290448360885]
["2013-12-01","ASFALTOS DILUÍDOS CM-30","Bahia",1.4767110358523383]
["2013-12-01","ASFALTOS DILUÍDOS CM-30","Ceará",1.5036028855664643]
["2013-12-01","ASFALTOS DILUÍDOS CM-30","Distrito Federal","-"]
["2013-12-01","ASFALTOS DILUÍDOS CM-30","Espírito Santo","-"]
["2013-12-01","ASFALTOS DILUÍDOS CM-30","Goiás",1.8117439845237926]
["2013-12-01","ASFALTOS DILUÍDOS CM-30","Maranhão","-"]
["2013-12-01","ASFALTOS DILUÍDOS CM-30","Mato Grosso",1.9339186491243692]
["2013-12-01","ASFALTOS DILUÍDOS CM-30","Mato Grosso do Sul","-"]
["2013-12-01","ASFALTOS DILUÍDOS CM-30","Minas Gerais",1.4674477520485494]
["2013-12-01","ASFALTOS DILUÍDOS CM-30","Pará",1.7439002309289962]
["2013-12-01","ASFALTOS DILUÍDOS CM-30","Paraíba","-"]
["2013-12-01","ASFALTOS DILUÍDOS CM-30","Paraná",1.6568745232341642]
["2013-12-01","ASFALTOS DILUÍDOS CM-30","Pernambuco","-"]
["2013-12-01","ASFALTOS DILUÍDOS CM-30","Piauí","-"]
["2013-12-01","ASFALTOS DILUÍDOS CM-30","Rio de Janeiro",1.5550002197863031]
["2013-12-01","ASFALTOS DILUÍDOS CM-30","Rio Grande do Norte","-"]
["2013-12-01","ASFALTOS DILUÍDOS CM-30","Rio Grande do Sul",1.4462951563408815]
["2013-12-01","ASFALTOS DILUÍDOS CM-30","Rondônia","-"]
["2013-12-01","ASFALTOS DILUÍDOS CM-30","Roraima","-"]
["2013-12-01","ASFALTOS DILUÍDOS CM-30","Santa Catarina","-"]
["2013-12-01","ASFALTOS DILUÍDOS CM-30","São Paulo",1.5130913326024036]
["2013-12-01","ASFALTOS DILUÍDOS CM-30","Sergipe","-"]
["2013-12-01","ASFALTOS DILUÍDOS CM-30","Tocantins","-"]
["2014-01-01","ASFALTOS DILUÍDOS CM-30","Acre","-"]
["2014-01-01","ASFALTOS DILUÍDOS CM-30","Alagoas","-"]
["2014-01-01","ASFALTOS DILUÍDOS CM-30","Amapá","-"]
["2014-01-01","ASFALTOS DILUÍDOS CM-30","Amazonas",1.5470449444452594]
["2014-01-01","ASFALTOS DILUÍDOS CM-30","Bahia",1.4920329063705282]
["2014-01-01","ASFALTOS DILUÍDOS CM-30","Ceará",1.5006530489663283]
["2014-01-01","ASFALTOS DILUÍDOS CM-30","Distrito Federal","-"]
["2014-01-01","ASFALTOS DILUÍDOS CM-30","Espírito Santo","-"]
["2014-01-01","ASFALTOS DILUÍDOS CM-30","Goiás",1.7738596671771081]
["2014-01-01","ASFALTOS DILUÍDOS CM-30","Maranhão","-"]
["2014-01-01","ASFALTOS DILUÍDOS CM-30","Mato Grosso",1.9580558459311677]
["2014-01-01","ASFALTOS DILUÍDOS CM-30","Mato Grosso do Sul","-"]
["2014-01-01","ASFALTOS DILUÍDOS CM-30","Minas Gerais",1.4379164016219708]
["2014-01-01","ASFALTOS DILUÍDOS CM-30","Pará","-"]
["2014-01-01","ASFALTOS DILUÍDOS CM-30","Paraíba","-"]
["2014-01-01","ASFALTOS DILUÍDOS CM-30","Paraná",1.5931626552185376]
["2014-01-01","ASFALTOS DILUÍDOS CM-30","Pernambuco","-"]
["2014-01-01","ASFALTOS DILUÍDOS CM-30","Piauí","-"]
["2014-01-01","ASFALTOS DILUÍDOS CM-30","Rio de Janeiro",1.5297024806741535]
["2014-01-01","ASFALTOS DILUÍDOS CM-30","Rio Grande do Norte","-"]
["2014-01-01","ASFALTOS DILUÍDOS CM-30","Rio Grande do Sul",1.4383576433809089]
["2014-01-01","ASFALTOS DILUÍDOS CM-30","Rondônia","-"]
["2014-01-01","ASFALTOS DILUÍDOS CM-30","Roraima","-"]
["2014-01-01","ASFALTOS DILUÍDOS CM-30","Santa Catarina","-"]
["2014-01-01","ASFALTOS DILUÍDOS CM-30","São Paulo",1.5095089837973203]
["2014-01-01","ASFALTOS DILUÍDOS CM-30","Sergipe","-"]
["2014-01-01","ASFALTOS DILUÍDOS CM-30","Tocantins","-"]
["2014-02-01","ASFALTOS DILUÍDOS CM-30","Acre","-"]
["2014-02-01","ASFALTOS DILUÍDOS CM-30","Alagoas","-"]
["2014-02-01","ASFALTOS DILUÍDOS CM-30","Amapá","-"]
["2014-02-01","ASFALTOS DILUÍDOS CM-30","Amazonas",1.5421134264326049]
["2014-02-01","ASFALTOS DILUÍDOS CM-30","Bahia",1.4756850145413278]
["2014-02-01","ASFALTOS DILUÍDOS CM-30","Ceará",1.4903963045347111]
["2014-02-01","ASFALTOS DILUÍDOS CM-30","Distrito Federal","-"]
["2014-02-01","ASFALTOS DILUÍDOS CM-30","Espírito Santo","-"]
["2014-02-01","ASFALTOS DILUÍDOS CM-30","Goiás",1.7497348023305683]
["2014-02-01","ASFALTOS DILUÍDOS CM-30","Maranhão","-"]
["2014-02-01","ASFALTOS DILUÍDOS CM-30","Mato Grosso",1.9452610169953894]
["2014-02-01","ASFALTOS DILUÍDOS CM-30","Mato Grosso do Sul","-"]
["2014-02-01","ASFALTOS DILUÍDOS CM-30","Minas Gerais",1.5017209391402084]
["2014-02-01","ASFALTOS DILUÍDOS CM-30","Pará","-"]
["2014-02-01","ASFALTOS DILUÍDOS CM-30","Paraíba","-"]
["2014-02-01","ASFALTOS DILUÍDOS CM-30","Paraná",1.5623699544647331]
["2014-02-01","ASFALTOS DILUÍDOS CM-30","Pernambuco","-"]
["2014-02-01","ASFALTOS DILUÍDOS CM-30","Piauí","-"]
["2014-02-01","ASFALTOS DILUÍDOS CM-30","Rio de Janeiro",1.5704259723558247]
["2014-02-01","ASFALTOS DILUÍDOS CM-30","Rio Grande do Norte","-"]
["2014-02-01","ASFALTOS DILUÍDOS CM-30","Rio Grande do Sul",1.4471249920171849]
["2014-02-01","ASFALTOS DILUÍDOS CM-30","Rondônia","-"]
["2014-02-01","ASFALTOS DILUÍDOS CM-30","Roraima","-"]
["2014-02-01","ASFALTOS DILUÍDOS CM-30","Santa Catarina","-"]
["2014-02-01","ASFALTOS DILUÍDOS CM-30","São Paulo",1.4940466155892476]
["2014-02-01","ASFALTOS DILUÍDOS CM-30","Sergipe","-"]
["2014-02-01","ASFALTOS DILUÍDOS CM-30","Tocantins","-"]
["2014-03-01","ASFALTOS DILUÍDOS CM-30","Acre","-"]
["2014-03-01","ASFALTOS DILUÍDOS CM-30","Alagoas","-"]
["2014-03-01","ASFALTOS DILUÍDOS CM-30","Amapá","-"]
["2014-03-01","ASFALTOS DILUÍDOS CM-30","Amazonas",1.6042410511452168]
["2014-03-01","ASFALTOS DILUÍDOS CM-30","Bahia",1.4923505234971217]
["2014-03-01","ASFALTOS DILUÍDOS CM-30","Ceará",1.4823896656165243]
["2014-03-01","ASFALTOS DILUÍDOS CM-30","Distrito Federal","-"]
["2014-03-01","ASFALTOS DILUÍDOS CM-30","Espírito Santo","-"]
["2014-03-01","ASFALTOS DILUÍDOS CM-30","Goiás","-"]
["2014-03-01","ASFALTOS DILUÍDOS CM-30","Maranhão","-"]
["2014-03-01","ASFALTOS DILUÍDOS CM-30","Mato Grosso",2.0148421096338178]
["2014-03-01","ASFALTOS DILUÍDOS CM-30","Mato Grosso do Sul","-"]
["2014-03-01","ASFALTOS DILUÍDOS CM-30","Minas Gerais",1.4808934616073539]
["2014-03-01","ASFALTOS DILUÍDOS CM-30","Pará",1.7897777414216498]
["2014-03-01","ASFALTOS DILUÍDOS CM-30","Paraíba","-"]
["2014-03-01","ASFALTOS DILUÍDOS CM-30","Paraná",1.5533261261551996]
["2014-03-01","ASFALTOS DILUÍDOS CM-30","Pernambuco","-"]
["2014-03-01","ASFALTOS DILUÍDOS CM-30","Piauí","-"]
["2014-03-01","ASFALTOS DILUÍDOS CM-30","Rio de Janeiro",1.5525373138742444]
["2014-03-01","ASFALTOS DILUÍDOS CM-30","Rio Grande do Norte","-"]
["2014-03-01","ASFALTOS DILUÍDOS CM-30","Rio Grande do Sul",1.4385954794679006]
["2014-03-01","ASFALTOS DILUÍDOS CM-30","Rondônia","-"]
["2014-03-01","ASFALTOS DILUÍDOS CM-30","Roraima","-"]
["2014-03-01","ASFALTOS DILUÍDOS CM-30","Santa Catarina","-"]
["2014-03-01","ASFALTOS DILUÍDOS CM-30","São Paulo",1.5332047694123538]
["2014-03-01","ASFALTOS DILUÍDOS CM-30","Sergipe","-"]
["2014-03-01","ASFALTOS DILUÍDOS CM-30","Tocantins","-"]
["2014-04-01","ASFALTOS DILUÍDOS CM-30","Acre","-"]
["2014-04-01","ASFALTOS DILUÍDOS CM-30","Alagoas","-"]
["2014-04-01","ASFALTOS DILUÍDOS CM-30","Amapá","-"]
["2014-04-01","ASFALTOS DILUÍDOS CM-30","Amazonas","-"]
["2014-04-01","ASFALTOS DILUÍDOS CM-30","Bahia",1.4934269589846085]
["2014-04-01","ASFALTOS DILUÍDOS CM-30","Ceará",1.5100887018000997]
["2014-04-01","ASFALTOS DILUÍDOS CM-30","Distrito Federal","-"]
["2014-04-01","ASFALTOS DILUÍDOS CM-30","Espírito Santo","-"]
["2014-04-01","ASFALTOS DILUÍDOS CM-30","Goiás",1.7163165296459324]
["2014-04-01","ASFALTOS DILUÍDOS CM-30","Maranhão","-"]
["2014-04-01","ASFALTOS DILUÍDOS CM-30","Mato Grosso",1.8750689335459321]
["2014-04-01","ASFALTOS DILUÍDOS CM-30","Mato Grosso do Sul","-"]
["2014-04-01","ASFALTOS DILUÍDOS CM-30","Minas Gerais",1.5067285578610157]
["2014-04-01","ASFALTOS DILUÍDOS CM-30","Pará","-"]
["2014-04-01","ASFALTOS DILUÍDOS CM-30","Paraíba","-"]
["2014-04-01","ASFALTOS DILUÍDOS CM-30","Paraná",1.5652882738397911]
["2014-04-01","ASFALTOS DILUÍDOS CM-30","Pernambuco","-"]
["2014-04-01","ASFALTOS DILUÍDOS CM-30","Piauí","-"]
["2014-04-01","ASFALTOS DILUÍDOS CM-30","Rio de Janeiro",1.5716035990804058]
["2014-04-01","ASFALTOS DILUÍDOS CM-30","Rio Grande do Norte","-"]
["2014-04-01","ASFALTOS DILUÍDOS CM-30","Rio Grande do Sul",1.4746121856656131]
["2014-04-01","ASFALTOS DILUÍDOS CM-30","Rondônia","-"]
["2014-04-01","ASFALTOS DILUÍDOS CM-30","Roraima","-"]
["2014-04-01","ASFALTOS DILUÍDOS CM-30","Santa Catarina","-"]
["2014-04-01","ASFALTOS DILUÍDOS CM-30","São Paulo",1.5535714551516715]
["2014-04-01","ASFALTOS DILUÍDOS CM-30","Sergipe","-"]
["2014-04-01","ASFALTOS DILUÍDOS CM-30","Tocantins","-"]
["2014-05-01","ASFALTOS DILUÍDOS CM-30","Acre","-"]
["2014-05-01","ASFALTOS DILUÍDOS CM-30","Alagoas","-"]
["2014-05-01","ASFALTOS DILUÍDOS CM-30","Amapá","-"]
["2014-05-01","ASFALTOS DILUÍDOS CM-30","Amazonas",1.491238559599193]
["2014-05-01","ASFALTOS DILUÍDOS CM-30","Bahia",1.4910322714256705]
["2014-05-01","ASFALTOS DILUÍDOS CM-30","Ceará",1.5001648961941585]
["2014-05-01","ASFALTOS DILUÍDOS CM-30","Distrito Federal","-"]
["2014-05-01","ASFALTOS DILUÍDOS CM-30","Espírito Santo","-"]
["2014-05-01","ASFALTOS DILUÍDOS CM-30","Goiás",1.7308835228244213]
["2014-05-01","ASFALTOS DILUÍDOS CM-30","Maranhão","-"]
["2014-05-01","ASFALTOS DILUÍDOS CM-30","Mato Grosso",2.0018030360469137]
["2014-05-01","ASFALTOS DILUÍDOS CM-30","Mato Grosso do Sul","-"]
["2014-05-01","ASFALTOS DILUÍDOS CM-30","Minas Gerais",1.4950885405291816]
["2014-05-01","ASFALTOS DILUÍDOS CM-30","Pará",1.9122589243672752]
["2014-05-01","ASFALTOS DILUÍDOS CM-30","Paraíba","-"]
["2014-05-01","ASFALTOS DILUÍDOS CM-30","Paraná",1.6033534205593318]
["2014-05-01","ASFALTOS DILUÍDOS CM-30","Pernambuco","-"]
["2014-05-01","ASFALTOS DILUÍDOS CM-30","Piauí","-"]
["2014-05-01","ASFALTOS DILUÍDOS CM-30","Rio de Janeiro",1.5178603140588416]
["2014-05-01","ASFALTOS DILUÍDOS CM-30","Rio Grande do Norte","-"]
["2014-05-01","ASFALTOS DILUÍDOS CM-30","Rio Grande do Sul",1.5079021745611556]
["2014-05-01","ASFALTOS DILUÍDOS CM-30","Rondônia","-"]
["2014-05-01","ASFALTOS DILUÍDOS CM-30","Roraima","-"]
["2014-05-01","ASFALTOS DILUÍDOS CM-30","Santa Catarina","-"]
["2014-05-01","ASFALTOS DILUÍDOS CM-30","São Paulo",1.5043134366224236]
["2014-05-01","ASFALTOS DILUÍDOS CM-30","Sergipe","-"]
["2014-05-01","ASFALTOS DILUÍDOS CM-30","Tocantins","-"]
["2014-06-01","ASFALTOS DILUÍDOS CM-30","Acre","-"]
["2014-06-01","ASFALTOS DILUÍDOS CM-30","Alagoas","-"]
["2014-06-01","ASFALTOS DILUÍDOS CM-30","Amapá","-"]
["2014-06-01","ASFALTOS DILUÍDOS CM-30","Amazonas","-"]
["2014-06-01","ASFALTOS DILUÍDOS CM-30","Bahia",1.4921439411298603]
["2014-06-01","ASFALTOS DILUÍDOS CM-30","Ceará",1.5140383304480589]
["2014-06-01","ASFALTOS DILUÍDOS CM-30","Distrito Federal","-"]
["2014-06-01","ASFALTOS DILUÍDOS CM-30","Espírito Santo","-"]
["2014-06-01","ASFALTOS DILUÍDOS CM-30","Goiás",1.7753981100443417]
["2014-06-01","ASFALTOS DILUÍDOS CM-30","Maranhão","-"]
["2014-06-01","ASFALTOS DILUÍDOS CM-30","Mato Grosso",1.973799719364099]
["2014-06-01","ASFALTOS DILUÍDOS CM-30","Mato Grosso do Sul","-"]
["2014-06-01","ASFALTOS DILUÍDOS CM-30","Minas Gerais",1.4929416860704192]
["2014-06-01","ASFALTOS DILUÍDOS CM-30","Pará",1.8215155232669991]
["2014-06-01","ASFALTOS DILUÍDOS CM-30","Paraíba","-"]
["2014-06-01","ASFALTOS DILUÍDOS CM-30","Paraná",1.5321487292538272]
["2014-06-01","ASFALTOS DILUÍDOS CM-30","Pernambuco","-"]
["2014-06-01","ASFALTOS DILUÍDOS CM-30","Piauí","-"]
["2014-06-01","ASFALTOS DILUÍDOS CM-30","Rio de Janeiro",1.5638897266082119]
["2014-06-01","ASFALTOS DILUÍDOS CM-30","Rio Grande do Norte","-"]
["2014-06-01","ASFALTOS DILUÍDOS CM-30","Rio Grande do Sul",1.5009990038777468]
["2014-06-01","ASFALTOS DILUÍDOS CM-30","Rondônia","-"]
["2014-06-01","ASFALTOS DILUÍDOS CM-30","Roraima","-"]
["2014-06-01","ASFALTOS DILUÍDOS CM-30","Santa Catarina","-"]
["2014-06-01","ASFALTOS DILUÍDOS CM-30","São Paulo",1.5057881434128739]
["2014-06-01","ASFALTOS DILUÍDOS CM-30","Sergipe","-"]
["2014-06-01","ASFALTOS DILUÍDOS CM-30","Tocantins","-"]
["2014-07-01","ASFALTOS DILUÍDOS CM-30","Acre","-"]
["2014-07-01","ASFALTOS DILUÍDOS CM-30","Alagoas","-"]
["2014-07-01","ASFALTOS DILUÍDOS CM-30","Amapá","-"]
["2014-07-01","ASFALTOS DILUÍDOS CM-30","Amazonas",1.5126303356963178]
["2014-07-01","ASFALTOS DILUÍDOS CM-30","Bahia",1.4865607590218506]
["2014-07-01","ASFALTOS DILUÍDOS CM-30","Ceará",1.5092975223588267]
["2014-07-01","ASFALTOS DILUÍDOS CM-30","Distrito Federal","-"]
["2014-07-01","ASFALTOS DILUÍDOS CM-30","Espírito Santo","-"]
["2014-07-01","ASFALTOS DILUÍDOS CM-30","Goiás",1.5204314593094017]
["2014-07-01","ASFALTOS DILUÍDOS CM-30","Maranhão","-"]
["2014-07-01","ASFALTOS DILUÍDOS CM-30","Mato Grosso",1.8910040312227305]
["2014-07-01","ASFALTOS DILUÍDOS CM-30","Mato Grosso do Sul","-"]
["2014-07-01","ASFALTOS DILUÍDOS CM-30","Minas Gerais",1.4541998107237146]
["2014-07-01","ASFALTOS DILUÍDOS CM-30","Pará",1.8277620727484787]
["2014-07-01","ASFALTOS DILUÍDOS CM-30","Paraíba","-"]
["2014-07-01","ASFALTOS DILUÍDOS CM-30","Paraná",1.5101803739883815]
["2014-07-01","ASFALTOS DILUÍDOS CM-30","Pernambuco","-"]
["2014-07-01","ASFALTOS DILUÍDOS CM-30","Piauí","-"]
["2014-07-01","ASFALTOS DILUÍDOS CM-30","Rio de Janeiro",1.4398284027895898]
["2014-07-01","ASFALTOS DILUÍDOS CM-30","Rio Grande do Norte","-"]
["2014-07-01","ASFALTOS DILUÍDOS CM-30","Rio Grande do Sul",1.4952781410015059]
["2014-07-01","ASFALTOS DILUÍDOS CM-30","Rondônia","-"]
["2014-07-01","ASFALTOS DILUÍDOS CM-30","Roraima","-"]
["2014-07-01","ASFALTOS DILUÍDOS CM-30","Santa Catarina","-"]
["2014-07-01","ASFALTOS DILUÍDOS CM-30","São Paulo",1.5692258942286532]
["2014-07-01","ASFALTOS DILUÍDOS CM-30","Sergipe","-"]
["2014-07-01","ASFALTOS DILUÍDOS CM-30","Tocantins","-"]
["2014-08-01","ASFALTOS DILUÍDOS CM-30","Acre","-"]
["2014-08-01","ASFALTOS DILUÍDOS CM-30","Alagoas","-"]
["2014-08-01","ASFALTOS DILUÍDOS CM-30","Amapá","-"]
["2014-08-01","ASFALTOS DILUÍDOS CM-30","Amazonas",1.5208056700949988]
["2014-08-01","ASFALTOS DILUÍDOS CM-30","Bahia",1.4785035368511479]
["2014-08-01","ASFALTOS DILUÍDOS CM-30","Ceará",1.5155192196954475]
["2014-08-01","ASFALTOS DILUÍDOS CM-30","Distrito Federal","-"]
["2014-08-01","ASFALTOS DILUÍDOS CM-30","Espírito Santo","-"]
["2014-08-01","ASFALTOS DILUÍDOS CM-30","Goiás",1.4631698899687411]
["2014-08-01","ASFALTOS DILUÍDOS CM-30","Maranhão","-"]
["2014-08-01","ASFALTOS DILUÍDOS CM-30","Mato Grosso",1.9304625910887303]
["2014-08-01","ASFALTOS DILUÍDOS CM-30","Mato Grosso do Sul","-"]
["2014-08-01","ASFALTOS DILUÍDOS CM-30","Minas Gerais",1.4992368480293596]
["2014-08-01","ASFALTOS DILUÍDOS CM-30","Pará","-"]
["2014-08-01","ASFALTOS DILUÍDOS CM-30","Paraíba","-"]
["2014-08-01","ASFALTOS DILUÍDOS CM-30","Paraná",1.5240305304383157]
["2014-08-01","ASFALTOS DILUÍDOS CM-30","Pernambuco","-"]
["2014-08-01","ASFALTOS DILUÍDOS CM-30","Piauí","-"]
["2014-08-01","ASFALTOS DILUÍDOS CM-30","Rio de Janeiro",1.4057851625188353]
["2014-08-01","ASFALTOS DILUÍDOS CM-30","Rio Grande do Norte","-"]
["2014-08-01","ASFALTOS DILUÍDOS CM-30","Rio Grande do Sul",1.4702143171540545]
["2014-08-01","ASFALTOS DILUÍDOS CM-30","Rondônia","-"]
["2014-08-01","ASFALTOS DILUÍDOS CM-30","Roraima","-"]
["2014-08-01","ASFALTOS DILUÍDOS CM-30","Santa Catarina","-"]
["2014-08-01","ASFALTOS DILUÍDOS CM-30","São Paulo",1.4709698804392817]
["2014-08-01","ASFALTOS DILUÍDOS CM-30","Sergipe","-"]
["2014-08-01","ASFALTOS DILUÍDOS CM-30","Tocantins","-"]
["2014-09-01","ASFALTOS DILUÍDOS CM-30","Acre","-"]
["2014-09-01","ASFALTOS DILUÍDOS CM-30","Alagoas","-"]
["2014-09-01","ASFALTOS DILUÍDOS CM-30","Amapá","-"]
["2014-09-01","ASFALTOS DILUÍDOS CM-30","Amazonas",1.5135246591078624]
["2014-09-01","ASFALTOS DILUÍDOS CM-30","Bahia",1.5106624163262905]
["2014-09-01","ASFALTOS DILUÍDOS CM-30","Ceará",1.5673309453351099]
["2014-09-01","ASFALTOS DILUÍDOS CM-30","Distrito Federal","-"]
["2014-09-01","ASFALTOS DILUÍDOS CM-30","Espírito Santo","-"]
["2014-09-01","ASFALTOS DILUÍDOS CM-30","Goiás",1.7775777087436746]
["2014-09-01","ASFALTOS DILUÍDOS CM-30","Maranhão","-"]
["2014-09-01","ASFALTOS DILUÍDOS CM-30","Mato Grosso",2.0381650401319003]
["2014-09-01","ASFALTOS DILUÍDOS CM-30","Mato Grosso do Sul","-"]
["2014-09-01","ASFALTOS DILUÍDOS CM-30","Minas Gerais",1.4837917343054126]
["2014-09-01","ASFALTOS DILUÍDOS CM-30","Pará",1.859235925091449]
["2014-09-01","ASFALTOS DILUÍDOS CM-30","Paraíba","-"]
["2014-09-01","ASFALTOS DILUÍDOS CM-30","Paraná",1.5760080238683634]
["2014-09-01","ASFALTOS DILUÍDOS CM-30","Pernambuco","-"]
["2014-09-01","ASFALTOS DILUÍDOS CM-30","Piauí","-"]
["2014-09-01","ASFALTOS DILUÍDOS CM-30","Rio de Janeiro",1.478368244997909]
["2014-09-01","ASFALTOS DILUÍDOS CM-30","Rio Grande do Norte","-"]
["2014-09-01","ASFALTOS DILUÍDOS CM-30","Rio Grande do Sul",1.5572015458379578]
["2014-09-01","ASFALTOS DILUÍDOS CM-30","Rondônia","-"]
["2014-09-01","ASFALTOS DILUÍDOS CM-30","Roraima","-"]
["2014-09-01","ASFALTOS DILUÍDOS CM-30","Santa Catarina","-"]
["2014-09-01","ASFALTOS DILUÍDOS CM-30","São Paulo",1.5347052685785783]
["2014-09-01","ASFALTOS DILUÍDOS CM-30","Sergipe","-"]
["2014-09-01","ASFALTOS DILUÍDOS CM-30","Tocantins","-"]
["2014-10-01","ASFALTOS DILUÍDOS CM-30","Acre","-"]
["2014-10-01","ASFALTOS DILUÍDOS CM-30","Alagoas","-"]
["2014-10-01","ASFALTOS DILUÍDOS CM-30","Amapá","-"]
["2014-10-01","ASFALTOS DILUÍDOS CM-30","Amazonas",1.5696035731770417]
["2014-10-01","ASFALTOS DILUÍDOS CM-30","Bahia",1.5092353108857854]
["2014-10-01","ASFALTOS DILUÍDOS CM-30","Ceará",1.5110947008960001]
["2014-10-01","ASFALTOS DILUÍDOS CM-30","Distrito Federal","-"]
["2014-10-01","ASFALTOS DILUÍDOS CM-30","Espírito Santo","-"]
["2014-10-01","ASFALTOS DILUÍDOS CM-30","Goiás",1.6246091857755052]
["2014-10-01","ASFALTOS DILUÍDOS CM-30","Maranhão","-"]
["2014-10-01","ASFALTOS DILUÍDOS CM-30","Mato Grosso",1.938107946368246]
["2014-10-01","ASFALTOS DILUÍDOS CM-30","Mato Grosso do Sul","-"]
["2014-10-01","ASFALTOS DILUÍDOS CM-30","Minas Gerais",1.4769173807887346]
["2014-10-01","ASFALTOS DILUÍDOS CM-30","Pará",1.914772444513813]
["2014-10-01","ASFALTOS DILUÍDOS CM-30","Paraíba","-"]
["2014-10-01","ASFALTOS DILUÍDOS CM-30","Paraná",1.4365746213828052]
["2014-10-01","ASFALTOS DILUÍDOS CM-30","Pernambuco","-"]
["2014-10-01","ASFALTOS DILUÍDOS CM-30","Piauí","-"]
["2014-10-01","ASFALTOS DILUÍDOS CM-30","Rio de Janeiro",1.4391131019560579]
["2014-10-01","ASFALTOS DILUÍDOS CM-30","Rio Grande do Norte","-"]
["2014-10-01","ASFALTOS DILUÍDOS CM-30","Rio Grande do Sul",1.4898313701464032]
["2014-10-01","ASFALTOS DILUÍDOS CM-30","Rondônia","-"]
["2014-10-01","ASFALTOS DILUÍDOS CM-30","Roraima","-"]
["2014-10-01","ASFALTOS DILUÍDOS CM-30","Santa Catarina","-"]
["2014-10-01","ASFALTOS DILUÍDOS CM-30","São Paulo",1.4701726717799346]
["2014-10-01","ASFALTOS DILUÍDOS CM-30","Sergipe","-"]
["2014-10-01","ASFALTOS DILUÍDOS CM-30","Tocantins","-"]
["2014-11-01","ASFALTOS DILUÍDOS CM-30","Acre","-"]
["2014-11-01","ASFALTOS DILUÍDOS CM-30","Alagoas","-"]
["2014-11-01","ASFALTOS DILUÍDOS CM-30","Amapá","-"]
["2014-11-01","ASFALTOS DILUÍDOS CM-30","Amazonas",1.4787561973043968]
["2014-11-01","ASFALTOS DILUÍDOS CM-30","Bahia",1.5527867574076128]
["2014-11-01","ASFALTOS DILUÍDOS CM-30","Ceará",1.5926739084744492]
["2014-11-01","ASFALTOS DILUÍDOS CM-30","Distrito Federal","-"]
["2014-11-01","ASFALTOS DILUÍDOS CM-30","Espírito Santo","-"]
["2014-11-01","ASFALTOS DILUÍDOS CM-30","Goiás",1.5756791219070552]
["2014-11-01","ASFALTOS DILUÍDOS CM-30","Maranhão","-"]
["2014-11-01","ASFALTOS DILUÍDOS CM-30","Mato Grosso",1.9929676876804618]
["2014-11-01","ASFALTOS DILUÍDOS CM-30","Mato Grosso do Sul","-"]
["2014-11-01","ASFALTOS DILUÍDOS CM-30","Minas Gerais",1.4390341232191841]
["2014-11-01","ASFALTOS DILUÍDOS CM-30","Pará","-"]
["2014-11-01","ASFALTOS DILUÍDOS CM-30","Paraíba","-"]
["2014-11-01","ASFALTOS DILUÍDOS CM-30","Paraná",1.5536667225006813]
["2014-11-01","ASFALTOS DILUÍDOS CM-30","Pernambuco","-"]
["2014-11-01","ASFALTOS DILUÍDOS CM-30","Piauí","-"]
["2014-11-01","ASFALTOS DILUÍDOS CM-30","Rio de Janeiro",1.4800545091789903]
["2014-11-01","ASFALTOS DILUÍDOS CM-30","Rio Grande do Norte","-"]
["2014-11-01","ASFALTOS DILUÍDOS CM-30","Rio Grande do Sul",1.4925691951028917]
["2014-11-01","ASFALTOS DILUÍDOS CM-30","Rondônia","-"]
["2014-11-01","ASFALTOS DILUÍDOS CM-30","Roraima","-"]
["2014-11-01","ASFALTOS DILUÍDOS CM-30","Santa Catarina","-"]
["2014-11-01","ASFALTOS DILUÍDOS CM-30","São Paulo",1.5122719109415648]
["2014-11-01","ASFALTOS DILUÍDOS CM-30","Sergipe","-"]
["2014-11-01","ASFALTOS DILUÍDOS CM-30","Tocantins","-"]
["2014-12-01","ASFALTOS DILUÍDOS CM-30","Acre","-"]
["2014-12-01","ASFALTOS DILUÍDOS CM-30","Alagoas","-"]
["2014-12-01","ASFALTOS DILUÍDOS CM-30","Amapá","-"]
["2014-12-01","ASFALTOS DILUÍDOS CM-30","Amazonas",1.5822282822117755]
["2014-12-01","ASFALTOS DILUÍDOS CM-30","Bahia",1.6787212780815806]
["2014-12-01","ASFALTOS DILUÍDOS CM-30","Ceará",1.7166321668508724]
["2014-12-01","ASFALTOS DILUÍDOS CM-30","Distrito Federal","-"]
["2014-12-01","ASFALTOS DILUÍDOS CM-30","Espírito Santo","-"]
["2014-12-01","ASFALTOS DILUÍDOS CM-30","Goiás",1.9356190000626918]
["2014-12-01","ASFALTOS DILUÍDOS CM-30","Maranhão","-"]
["2014-12-01","ASFALTOS DILUÍDOS CM-30","Mato Grosso",2.0111752628723014]
["2014-12-01","ASFALTOS DILUÍDOS CM-30","Mato Grosso do Sul","-"]
["2014-12-01","ASFALTOS DILUÍDOS CM-30","Minas Gerais",1.6701488187808902]
["2014-12-01","ASFALTOS DILUÍDOS CM-30","Pará",1.966710274793229]
["2014-12-01","ASFALTOS DILUÍDOS CM-30","Paraíba","-"]
["2014-12-01","ASFALTOS DILUÍDOS CM-30","Paraná",1.6886910460398328]
["2014-12-01","ASFALTOS DILUÍDOS CM-30","Pernambuco","-"]
["2014-12-01","ASFALTOS DILUÍDOS CM-30","Piauí","-"]
["2014-12-01","ASFALTOS DILUÍDOS CM-30","Rio de Janeiro",1.5883843361265459]
["2014-12-01","ASFALTOS DILUÍDOS CM-30","Rio Grande do Norte","-"]
["2014-12-01","ASFALTOS DILUÍDOS CM-30","Rio Grande do Sul",1.6099653147945927]
["2014-12-01","ASFALTOS DILUÍDOS CM-30","Rondônia","-"]
["2014-12-01","ASFALTOS DILUÍDOS CM-30","Roraima","-"]
["2014-12-01","ASFALTOS DILUÍDOS CM-30","Santa Catarina","-"]
["2014-12-01","ASFALTOS DILUÍDOS CM-30","São Paulo",1.5955305071648389]
["2014-12-01","ASFALTOS DILUÍDOS CM-30","Sergipe","-"]
["2014-12-01","ASFALTOS DILUÍDOS CM-30","Tocantins","-"]
["2015-01-01","ASFALTOS DILUÍDOS CM-30","Acre","-"]
["2015-01-01","ASFALTOS DILUÍDOS CM-30","Alagoas","-"]
["2015-01-01","ASFALTOS DILUÍDOS CM-30","Amapá","-"]
["2015-01-01","ASFALTOS DILUÍDOS CM-30","Amazonas",1.8436752973061763]
["2015-01-01","ASFALTOS DILUÍDOS CM-30","Bahia",2.0380652186303823]
["2015-01-01","ASFALTOS DILUÍDOS CM-30","Ceará",2.0263385958659481]
["2015-01-01","ASFALTOS DILUÍDOS CM-30","Distrito Federal","-"]
["2015-01-01","ASFALTOS DILUÍDOS CM-30","Espírito Santo","-"]
["2015-01-01","ASFALTOS DILUÍDOS CM-30","Goiás",2.2253787624257231]
["2015-01-01","ASFALTOS DILUÍDOS CM-30","Maranhão","-"]
["2015-01-01","ASFALTOS DILUÍDOS CM-30","Mato Grosso",2.4857849412190269]
["2015-01-01","ASFALTOS DILUÍDOS CM-30","Mato Grosso do Sul","-"]
["2015-01-01","ASFALTOS DILUÍDOS CM-30","Minas Gerais",1.810863619344774]
["2015-01-01","ASFALTOS DILUÍDOS CM-30","Pará","-"]
["2015-01-01","ASFALTOS DILUÍDOS CM-30","Paraíba","-"]
["2015-01-01","ASFALTOS DILUÍDOS CM-30","Paraná",1.8470965182058714]
["2015-01-01","ASFALTOS DILUÍDOS CM-30","Pernambuco","-"]
["2015-01-01","ASFALTOS DILUÍDOS CM-30","Piauí","-"]
["2015-01-01","ASFALTOS DILUÍDOS CM-30","Rio de Janeiro",1.9044150109151972]
["2015-01-01","ASFALTOS DILUÍDOS CM-30","Rio Grande do Norte","-"]
["2015-01-01","ASFALTOS DILUÍDOS CM-30","Rio Grande do Sul",1.9850377917343058]
["2015-01-01","ASFALTOS DILUÍDOS CM-30","Rondônia","-"]
["2015-01-01","ASFALTOS DILUÍDOS CM-30","Roraima","-"]
["2015-01-01","ASFALTOS DILUÍDOS CM-30","Santa Catarina","-"]
["2015-01-01","ASFALTOS DILUÍDOS CM-30","São Paulo",1.9806267067549681]
["2015-01-01","ASFALTOS DILUÍDOS CM-30","Sergipe","-"]
["2015-01-01","ASFALTOS DILUÍDOS CM-30","Tocantins","-"]
["2015-02-01","ASFALTOS DILUÍDOS CM-30","Acre","-"]
["2015-02-01","ASFALTOS DILUÍDOS CM-30","Alagoas","-"]
["2015-02-01","ASFALTOS DILUÍDOS CM-30","Amapá","-"]
["2015-02-01","ASFALTOS DILUÍDOS CM-30","Amazonas",1.9057393108376339]
["2015-02-01","ASFALTOS DILUÍDOS CM-30","Bahia",1.9590368302280883]
["2015-02-01","ASFALTOS DILUÍDOS CM-30","Ceará",2.0116737615833107]
["2015-02-01","ASFALTOS DILUÍDOS CM-30","Distrito Federal","-"]
["2015-02-01","ASFALTOS DILUÍDOS CM-30","Espírito Santo","-"]
["2015-02-01","ASFALTOS DILUÍDOS CM-30","Goiás","-"]
["2015-02-01","ASFALTOS DILUÍDOS CM-30","Maranhão","-"]
["2015-02-01","ASFALTOS DILUÍDOS CM-30","Mato Grosso",2.4281981196581195]
["2015-02-01","ASFALTOS DILUÍDOS CM-30","Mato Grosso do Sul","-"]
["2015-02-01","ASFALTOS DILUÍDOS CM-30","Minas Gerais",1.7916464381814869]
["2015-02-01","ASFALTOS DILUÍDOS CM-30","Pará","-"]
["2015-02-01","ASFALTOS DILUÍDOS CM-30","Paraíba","-"]
["2015-02-01","ASFALTOS DILUÍDOS CM-30","Paraná",1.9195190758091181]
["2015-02-01","ASFALTOS DILUÍDOS CM-30","Pernambuco","-"]
["2015-02-01","ASFALTOS DILUÍDOS CM-30","Piauí","-"]
["2015-02-01","ASFALTOS DILUÍDOS CM-30","Rio de Janeiro",1.8487725159583641]
["2015-02-01","ASFALTOS DILUÍDOS CM-30","Rio Grande do Norte","-"]
["2015-02-01","ASFALTOS DILUÍDOS CM-30","Rio Grande do Sul",1.9364837098056416]
["2015-02-01","ASFALTOS DILUÍDOS CM-30","Rondônia","-"]
["2015-02-01","ASFALTOS DILUÍDOS CM-30","Roraima","-"]
["2015-02-01","ASFALTOS DILUÍDOS CM-30","Santa Catarina","-"]
["2015-02-01","ASFALTOS DILUÍDOS CM-30","São Paulo",2.0779300602464215]
["2015-02-01","ASFALTOS DILUÍDOS CM-30","Sergipe","-"]
["2015-02-01","ASFALTOS DILUÍDOS CM-30","Tocantins","-"]
["2015-03-01","ASFALTOS DILUÍDOS CM-30","Acre","-"]
["2015-03-01","ASFALTOS DILUÍDOS CM-30","Alagoas","-"]
["2015-03-01","ASFALTOS DILUÍDOS CM-30","Amapá","-"]
["2015-03-01","ASFALTOS DILUÍDOS CM-30","Amazonas",1.8035811153205663]
["2015-03-01","ASFALTOS DILUÍDOS CM-30","Bahia",1.9797124584142363]
["2015-03-01","ASFALTOS DILUÍDOS CM-30","Ceará",1.9514548417981805]
["2015-03-01","ASFALTOS DILUÍDOS CM-30","Distrito Federal","-"]
["2015-03-01","ASFALTOS DILUÍDOS CM-30","Espírito Santo","-"]
["2015-03-01","ASFALTOS DILUÍDOS CM-30","Goiás",2.1927332565679687]
["2015-03-01","ASFALTOS DILUÍDOS CM-30","Maranhão","-"]
["2015-03-01","ASFALTOS DILUÍDOS CM-30","Mato Grosso","-"]
["2015-03-01","ASFALTOS DILUÍDOS CM-30","Mato Grosso do Sul","-"]
["2015-03-01","ASFALTOS DILUÍDOS CM-30","Minas Gerais",1.8592465471486697]
["2015-03-01","ASFALTOS DILUÍDOS CM-30","Pará","-"]
["2015-03-01","ASFALTOS DILUÍDOS CM-30","Paraíba","-"]
["2015-03-01","ASFALTOS DILUÍDOS CM-30","Paraná",1.9391008524288935]
["2015-03-01","ASFALTOS DILUÍDOS CM-30","Pernambuco","-"]
["2015-03-01","ASFALTOS DILUÍDOS CM-30","Piauí","-"]
["2015-03-01","ASFALTOS DILUÍDOS CM-30","Rio de Janeiro",1.8656178637387386]
["2015-03-01","ASFALTOS DILUÍDOS CM-30","Rio Grande do Norte","-"]
["2015-03-01","ASFALTOS DILUÍDOS CM-30","Rio Grande do Sul",1.9221134951609518]
["2015-03-01","ASFALTOS DILUÍDOS CM-30","Rondônia","-"]
["2015-03-01","ASFALTOS DILUÍDOS CM-30","Roraima","-"]
["2015-03-01","ASFALTOS DILUÍDOS CM-30","Santa Catarina","-"]
["2015-03-01","ASFALTOS DILUÍDOS CM-30","São Paulo",1.9826086541770989]
["2015-03-01","ASFALTOS DILUÍDOS CM-30","Sergipe","-"]
["2015-03-01","ASFALTOS DILUÍDOS CM-30","Tocantins","-"]
["2015-04-01","ASFALTOS DILUÍDOS CM-30","Acre","-"]
["2015-04-01","ASFALTOS DILUÍDOS CM-30","Alagoas","-"]
["2015-04-01","ASFALTOS DILUÍDOS CM-30","Amapá","-"]
["2015-04-01","ASFALTOS DILUÍDOS CM-30","Amazonas","-"]
["2015-04-01","ASFALTOS DILUÍDOS CM-30","Bahia",2.0182186531283861]
["2015-04-01","ASFALTOS DILUÍDOS CM-30","Ceará",1.9780990107053897]
["2015-04-01","ASFALTOS DILUÍDOS CM-30","Distrito Federal","-"]
["2015-04-01","ASFALTOS DILUÍDOS CM-30","Espírito Santo","-"]
["2015-04-01","ASFALTOS DILUÍDOS CM-30","Goiás",2.2520955108331857]
["2015-04-01","ASFALTOS DILUÍDOS CM-30","Maranhão","-"]
["2015-04-01","ASFALTOS DILUÍDOS CM-30","Mato Grosso",2.4706438955823291]
["2015-04-01","ASFALTOS DILUÍDOS CM-30","Mato Grosso do Sul","-"]
["2015-04-01","ASFALTOS DILUÍDOS CM-30","Minas Gerais",1.8213234721222389]
["2015-04-01","ASFALTOS DILUÍDOS CM-30","Pará","-"]
["2015-04-01","ASFALTOS DILUÍDOS CM-30","Paraíba","-"]
["2015-04-01","ASFALTOS DILUÍDOS CM-30","Paraná",1.9699006009485249]
["2015-04-01","ASFALTOS DILUÍDOS CM-30","Pernambuco","-"]
["2015-04-01","ASFALTOS DILUÍDOS CM-30","Piauí","-"]
["2015-04-01","ASFALTOS DILUÍDOS CM-30","Rio de Janeiro",1.84082279677077]
["2015-04-01","ASFALTOS DILUÍDOS CM-30","Rio Grande do Norte","-"]
["2015-04-01","ASFALTOS DILUÍDOS CM-30","Rio Grande do Sul",1.9063036026996054]
["2015-04-01","ASFALTOS DILUÍDOS CM-30","Rondônia","-"]
["2015-04-01","ASFALTOS DILUÍDOS CM-30","Roraima","-"]
["2015-04-01","ASFALTOS DILUÍDOS CM-30","Santa Catarina","-"]
["2015-04-01","ASFALTOS DILUÍDOS CM-30","São Paulo",1.9037344995322731]
["2015-04-01","ASFALTOS DILUÍDOS CM-30","Sergipe","-"]
["2015-04-01","ASFALTOS DILUÍDOS CM-30","Tocantins","-"]
["2015-05-01","ASFALTOS DILUÍDOS CM-30","Acre","-"]
["2015-05-01","ASFALTOS DILUÍDOS CM-30","Alagoas","-"]
["2015-05-01","ASFALTOS DILUÍDOS CM-30","Amapá","-"]
["2015-05-01","ASFALTOS DILUÍDOS CM-30","Amazonas",1.9113516812739166]
["2015-05-01","ASFALTOS DILUÍDOS CM-30","Bahia",1.9643649797612657]
["2015-05-01","ASFALTOS DILUÍDOS CM-30","Ceará",1.9385491692040848]
["2015-05-01","ASFALTOS DILUÍDOS CM-30","Distrito Federal","-"]
["2015-05-01","ASFALTOS DILUÍDOS CM-30","Espírito Santo","-"]
["2015-05-01","ASFALTOS DILUÍDOS CM-30","Goiás",2.2060183742674941]
["2015-05-01","ASFALTOS DILUÍDOS CM-30","Maranhão","-"]
["2015-05-01","ASFALTOS DILUÍDOS CM-30","Mato Grosso",2.4085516525116026]
["2015-05-01","ASFALTOS DILUÍDOS CM-30","Mato Grosso do Sul","-"]
["2015-05-01","ASFALTOS DILUÍDOS CM-30","Minas Gerais",1.7646930202805851]
["2015-05-01","ASFALTOS DILUÍDOS CM-30","Pará","-"]
["2015-05-01","ASFALTOS DILUÍDOS CM-30","Paraíba","-"]
["2015-05-01","ASFALTOS DILUÍDOS CM-30","Paraná",2.076263791769934]
["2015-05-01","ASFALTOS DILUÍDOS CM-30","Pernambuco","-"]
["2015-05-01","ASFALTOS DILUÍDOS CM-30","Piauí","-"]
["2015-05-01","ASFALTOS DILUÍDOS CM-30","Rio de Janeiro",1.8513092086219372]
["2015-05-01","ASFALTOS DILUÍDOS CM-30","Rio Grande do Norte","-"]
["2015-05-01","ASFALTOS DILUÍDOS CM-30","Rio Grande do Sul",1.9467232328850232]
["2015-05-01","ASFALTOS DILUÍDOS CM-30","Rondônia","-"]
["2015-05-01","ASFALTOS DILUÍDOS CM-30","Roraima","-"]
["2015-05-01","ASFALTOS DILUÍDOS CM-30","Santa Catarina","-"]
["2015-05-01","ASFALTOS DILUÍDOS CM-30","São Paulo",1.8818684385874191]
["2015-05-01","ASFALTOS DILUÍDOS CM-30","Sergipe","-"]
["2015-05-01","ASFALTOS DILUÍDOS CM-30","Tocantins","-"]
["2015-06-01","ASFALTOS DILUÍDOS CM-30","Acre","-"]
["2015-06-01","ASFALTOS DILUÍDOS CM-30","Alagoas","-"]
["2015-06-01","ASFALTOS DILUÍDOS CM-30","Amapá","-"]
["2015-06-01","ASFALTOS DILUÍDOS CM-30","Amazonas","-"]
["2015-06-01","ASFALTOS DILUÍDOS CM-30","Bahia",2.0649718823529417]
["2015-06-01","ASFALTOS DILUÍDOS CM-30","Ceará",1.9220120292246414]
["2015-06-01","ASFALTOS DILUÍDOS CM-30","Distrito Federal","-"]
["2015-06-01","ASFALTOS DILUÍDOS CM-30","Espírito Santo","-"]
["2015-06-01","ASFALTOS DILUÍDOS CM-30","Goiás",2.2506241829455722]
["2015-06-01","ASFALTOS DILUÍDOS CM-30","Maranhão","-"]
["2015-06-01","ASFALTOS DILUÍDOS CM-30","Mato Grosso",2.4281963182153974]
["2015-06-01","ASFALTOS DILUÍDOS CM-30","Mato Grosso do Sul","-"]
["2015-06-01","ASFALTOS DILUÍDOS CM-30","Minas Gerais",1.8123355726191646]
["2015-06-01","ASFALTOS DILUÍDOS CM-30","Pará","-"]
["2015-06-01","ASFALTOS DILUÍDOS CM-30","Paraíba","-"]
["2015-06-01","ASFALTOS DILUÍDOS CM-30","Paraná",2.0003676800884533]
["2015-06-01","ASFALTOS DILUÍDOS CM-30","Pernambuco","-"]
["2015-06-01","ASFALTOS DILUÍDOS CM-30","Piauí","-"]
["2015-06-01","ASFALTOS DILUÍDOS CM-30","Rio de Janeiro",1.7576409243237323]
["2015-06-01","ASFALTOS DILUÍDOS CM-30","Rio Grande do Norte","-"]
["2015-06-01","ASFALTOS DILUÍDOS CM-30","Rio Grande do Sul",1.9147810265331728]
["2015-06-01","ASFALTOS DILUÍDOS CM-30","Rondônia","-"]
["2015-06-01","ASFALTOS DILUÍDOS CM-30","Roraima","-"]
["2015-06-01","ASFALTOS DILUÍDOS CM-30","Santa Catarina","-"]
["2015-06-01","ASFALTOS DILUÍDOS CM-30","São Paulo",1.9205662879414436]
["2015-06-01","ASFALTOS DILUÍDOS CM-30","Sergipe","-"]
["2015-06-01","ASFALTOS DILUÍDOS CM-30","Tocantins","-"]
["2015-07-01","ASFALTOS DILUÍDOS CM-30","Acre","-"]
["2015-07-01","ASFALTOS DILUÍDOS CM-30","Alagoas","-"]
["2015-07-01","ASFALTOS DILUÍDOS CM-30","Amapá","-"]
["2015-07-01","ASFALTOS DILUÍDOS CM-30","Amazonas","-"]
["2015-07-01","ASFALTOS DILUÍDOS CM-30","Bahia",1.9525683196479859]
["2015-07-01","ASFALTOS DILUÍDOS CM-30","Ceará",2.0101001823224549]
["2015-07-01","ASFALTOS DILUÍDOS CM-30","Distrito Federal","-"]
["2015-07-01","ASFALTOS DILUÍDOS CM-30","Espírito Santo","-"]
["2015-07-01","ASFALTOS DILUÍDOS CM-30","Goiás",1.9893052477758781]
["2015-07-01","ASFALTOS DILUÍDOS CM-30","Maranhão","-"]
["2015-07-01","ASFALTOS DILUÍDOS CM-30","Mato Grosso",2.2406543645944623]
["2015-07-01","ASFALTOS DILUÍDOS CM-30","Mato Grosso do Sul","-"]
["2015-07-01","ASFALTOS DILUÍDOS CM-30","Minas Gerais",1.7224794943222455]
["2015-07-01","ASFALTOS DILUÍDOS CM-30","Pará","-"]
["2015-07-01","ASFALTOS DILUÍDOS CM-30","Paraíba","-"]
["2015-07-01","ASFALTOS DILUÍDOS CM-30","Paraná",1.9309299283677583]
["2015-07-01","ASFALTOS DILUÍDOS CM-30","Pernambuco","-"]
["2015-07-01","ASFALTOS DILUÍDOS CM-30","Piauí","-"]
["2015-07-01","ASFALTOS DILUÍDOS CM-30","Rio de Janeiro",1.8306578794329917]
["2015-07-01","ASFALTOS DILUÍDOS CM-30","Rio Grande do Norte","-"]
["2015-07-01","ASFALTOS DILUÍDOS CM-30","Rio Grande do Sul",1.9332156955241173]
["2015-07-01","ASFALTOS DILUÍDOS CM-30","Rondônia","-"]
["2015-07-01","ASFALTOS DILUÍDOS CM-30","Roraima","-"]
["2015-07-01","ASFALTOS DILUÍDOS CM-30","Santa Catarina","-"]
["2015-07-01","ASFALTOS DILUÍDOS CM-30","São Paulo",1.8809198059801582]
["2015-07-01","ASFALTOS DILUÍDOS CM-30","Sergipe","-"]
["2015-07-01","ASFALTOS DILUÍDOS CM-30","Tocantins","-"]
["2015-08-01","ASFALTOS DILUÍDOS CM-30","Acre","-"]
["2015-08-01","ASFALTOS DILUÍDOS CM-30","Alagoas","-"]
["2015-08-01","ASFALTOS DILUÍDOS CM-30","Amapá","-"]
["2015-08-01","ASFALTOS DILUÍDOS CM-30","Amazonas","-"]
["2015-08-01","ASFALTOS DILUÍDOS CM-30","Bahia",1.9943519145464235]
["2015-08-01","ASFALTOS DILUÍDOS CM-30","Ceará",2.0461120563062565]
["2015-08-01","ASFALTOS DILUÍDOS CM-30","Distrito Federal","-"]
["2015-08-01","ASFALTOS DILUÍDOS CM-30","Espírito Santo","-"]
["2015-08-01","ASFALTOS DILUÍDOS CM-30","Goiás",2.229564821198819]
["2015-08-01","ASFALTOS DILUÍDOS CM-30","Maranhão","-"]
["2015-08-01","ASFALTOS DILUÍDOS CM-30","Mato Grosso",2.3919524221003194]
["2015-08-01","ASFALTOS DILUÍDOS CM-30","Mato Grosso do Sul","-"]
["2015-08-01","ASFALTOS DILUÍDOS CM-30","Minas Gerais",1.8251850363982463]
["2015-08-01","ASFALTOS DILUÍDOS CM-30","Pará","-"]
["2015-08-01","ASFALTOS DILUÍDOS CM-30","Paraíba","-"]
["2015-08-01","ASFALTOS DILUÍDOS CM-30","Paraná",1.9779824672606272]
["2015-08-01","ASFALTOS DILUÍDOS CM-30","Pernambuco","-"]
["2015-08-01","ASFALTOS DILUÍDOS CM-30","Piauí","-"]
["2015-08-01","ASFALTOS DILUÍDOS CM-30","Rio de Janeiro",1.7638437876840007]
["2015-08-01","ASFALTOS DILUÍDOS CM-30","Rio Grande do Norte","-"]
["2015-08-01","ASFALTOS DILUÍDOS CM-30","Rio Grande do Sul",1.8718989442759211]
["2015-08-01","ASFALTOS DILUÍDOS CM-30","Rondônia","-"]
["2015-08-01","ASFALTOS DILUÍDOS CM-30","Roraima","-"]
["2015-08-01","ASFALTOS DILUÍDOS CM-30","Santa Catarina","-"]
["2015-08-01","ASFALTOS DILUÍDOS CM-30","São Paulo",1.8560040924101151]
["2015-08-01","ASFALTOS DILUÍDOS CM-30","Sergipe","-"]
["2015-08-01","ASFALTOS DILUÍDOS CM-30","Tocantins","-"]
["2015-09-01","ASFALTOS DILUÍDOS CM-30","Acre","-"]
["2015-09-01","ASFALTOS DILUÍDOS CM-30","Alagoas","-"]
["2015-09-01","ASFALTOS DILUÍDOS CM-30","Amapá","-"]
["2015-09-01","ASFALTOS DILUÍDOS CM-30","Amazonas","-"]
["2015-09-01","ASFALTOS DILUÍDOS CM-30","Bahia",2.0777484395203141]
["2015-09-01","ASFALTOS DILUÍDOS CM-30","Ceará",2.093157706468161]
["2015-09-01","ASFALTOS DILUÍDOS CM-30","Distrito Federal","-"]
["2015-09-01","ASFALTOS DILUÍDOS CM-30","Espírito Santo","-"]
["2015-09-01","ASFALTOS DILUÍDOS CM-30","Goiás",2.2631444264273126]
["2015-09-01","ASFALTOS DILUÍDOS CM-30","Maranhão","-"]
["2015-09-01","ASFALTOS DILUÍDOS CM-30","Mato Grosso",2.4318366613694042]
["2015-09-01","ASFALTOS DILUÍDOS CM-30","Mato Grosso do Sul","-"]
["2015-09-01","ASFALTOS DILUÍDOS CM-30","Minas Gerais",1.9186203798107475]
["2015-09-01","ASFALTOS DILUÍDOS CM-30","Pará","-"]
["2015-09-01","ASFALTOS DILUÍDOS CM-30","Paraíba","-"]
["2015-09-01","ASFALTOS DILUÍDOS CM-30","Paraná",2.0515291933218358]
["2015-09-01","ASFALTOS DILUÍDOS CM-30","Pernambuco","-"]
["2015-09-01","ASFALTOS DILUÍDOS CM-30","Piauí","-"]
["2015-09-01","ASFALTOS DILUÍDOS CM-30","Rio de Janeiro",1.9160395782594835]
["2015-09-01","ASFALTOS DILUÍDOS CM-30","Rio Grande do Norte","-"]
["2015-09-01","ASFALTOS DILUÍDOS CM-30","Rio Grande do Sul",1.9340445959748491]
["2015-09-01","ASFALTOS DILUÍDOS CM-30","Rondônia","-"]
["2015-09-01","ASFALTOS DILUÍDOS CM-30","Roraima","-"]
["2015-09-01","ASFALTOS DILUÍDOS CM-30","Santa Catarina","-"]
["2015-09-01","ASFALTOS DILUÍDOS CM-30","São Paulo",1.9898352439836042]
["2015-09-01","ASFALTOS DILUÍDOS CM-30","Sergipe","-"]
["2015-09-01","ASFALTOS DILUÍDOS CM-30","Tocantins","-"]
["2015-10-01","ASFALTOS DILUÍDOS CM-30","Acre","-"]
["2015-10-01","ASFALTOS DILUÍDOS CM-30","Alagoas","-"]
["2015-10-01","ASFALTOS DILUÍDOS CM-30","Amapá","-"]
["2015-10-01","ASFALTOS DILUÍDOS CM-30","Amazonas",2.0822279651190119]
["2015-10-01","ASFALTOS DILUÍDOS CM-30","Bahia",2.2050839063869145]
["2015-10-01","ASFALTOS DILUÍDOS CM-30","Ceará",2.1476263351797829]
["2015-10-01","ASFALTOS DILUÍDOS CM-30","Distrito Federal","-"]
["2015-10-01","ASFALTOS DILUÍDOS CM-30","Espírito Santo","-"]
["2015-10-01","ASFALTOS DILUÍDOS CM-30","Goiás",2.3525589866195058]
["2015-10-01","ASFALTOS DILUÍDOS CM-30","Maranhão","-"]
["2015-10-01","ASFALTOS DILUÍDOS CM-30","Mato Grosso",2.5328747515467649]
["2015-10-01","ASFALTOS DILUÍDOS CM-30","Mato Grosso do Sul","-"]
["2015-10-01","ASFALTOS DILUÍDOS CM-30","Minas Gerais",1.9920239420005064]
["2015-10-01","ASFALTOS DILUÍDOS CM-30","Pará","-"]
["2015-10-01","ASFALTOS DILUÍDOS CM-30","Paraíba","-"]
["2015-10-01","ASFALTOS DILUÍDOS CM-30","Paraná",2.1713156086738969]
["2015-10-01","ASFALTOS DILUÍDOS CM-30","Pernambuco","-"]
["2015-10-01","ASFALTOS DILUÍDOS CM-30","Piauí","-"]
["2015-10-01","ASFALTOS DILUÍDOS CM-30","Rio de Janeiro",1.9995862311835897]
["2015-10-01","ASFALTOS DILUÍDOS CM-30","Rio Grande do Norte","-"]
["2015-10-01","ASFALTOS DILUÍDOS CM-30","Rio Grande do Sul",2.0477011168422026]
["2015-10-01","ASFALTOS DILUÍDOS CM-30","Rondônia","-"]
["2015-10-01","ASFALTOS DILUÍDOS CM-30","Roraima","-"]
["2015-10-01","ASFALTOS DILUÍDOS CM-30","Santa Catarina","-"]
["2015-10-01","ASFALTOS DILUÍDOS CM-30","São Paulo",2.1378872305508949]
["2015-10-01","ASFALTOS DILUÍDOS CM-30","Sergipe","-"]
["2015-10-01","ASFALTOS DILUÍDOS CM-30","Tocantins","-"]
["2015-11-01","ASFALTOS DILUÍDOS CM-30","Acre","-"]
["2015-11-01","ASFALTOS DILUÍDOS CM-30","Alagoas","-"]
["2015-11-01","ASFALTOS DILUÍDOS CM-30","Amapá","-"]
["2015-11-01","ASFALTOS DILUÍDOS CM-30","Amazonas","-"]
["2015-11-01","ASFALTOS DILUÍDOS CM-30","Bahia",2.4911649286714614]
["2015-11-01","ASFALTOS DILUÍDOS CM-30","Ceará",2.4076158807045194]
["2015-11-01","ASFALTOS DILUÍDOS CM-30","Distrito Federal","-"]
["2015-11-01","ASFALTOS DILUÍDOS CM-30","Espírito Santo","-"]
["2015-11-01","ASFALTOS DILUÍDOS CM-30","Goiás",2.6519842901030324]
["2015-11-01","ASFALTOS DILUÍDOS CM-30","Maranhão","-"]
["2015-11-01","ASFALTOS DILUÍDOS CM-30","Mato Grosso",2.7763479134869371]
["2015-11-01","ASFALTOS DILUÍDOS CM-30","Mato Grosso do Sul","-"]
["2015-11-01","ASFALTOS DILUÍDOS CM-30","Minas Gerais",2.2476605808400301]
["2015-11-01","ASFALTOS DILUÍDOS CM-30","Pará","-"]
["2015-11-01","ASFALTOS DILUÍDOS CM-30","Paraíba","-"]
["2015-11-01","ASFALTOS DILUÍDOS CM-30","Paraná",2.3898134886474796]
["2015-11-01","ASFALTOS DILUÍDOS CM-30","Pernambuco","-"]
["2015-11-01","ASFALTOS DILUÍDOS CM-30","Piauí","-"]
["2015-11-01","ASFALTOS DILUÍDOS CM-30","Rio de Janeiro",2.2904409806707129]
["2015-11-01","ASFALTOS DILUÍDOS CM-30","Rio Grande do Norte","-"]
["2015-11-01","ASFALTOS DILUÍDOS CM-30","Rio Grande do Sul",2.2418652592516231]
["2015-11-01","ASFALTOS DILUÍDOS CM-30","Rondônia","-"]
["2015-11-01","ASFALTOS DILUÍDOS CM-30","Roraima","-"]
["2015-11-01","ASFALTOS DILUÍDOS CM-30","Santa Catarina","-"]
["2015-11-01","ASFALTOS DILUÍDOS CM-30","São Paulo",2.3526086354638163]
["2015-11-01","ASFALTOS DILUÍDOS CM-30","Sergipe","-"]
["2015-11-01","ASFALTOS DILUÍDOS CM-30","Tocantins","-"]
["2015-12-01","ASFALTOS DILUÍDOS CM-30","Acre","-"]
["2015-12-01","ASFALTOS DILUÍDOS CM-30","Alagoas","-"]
["2015-12-01","ASFALTOS DILUÍDOS CM-30","Amapá","-"]
["2015-12-01","ASFALTOS DILUÍDOS CM-30","Amazonas",2.656570216126068]
["2015-12-01","ASFALTOS DILUÍDOS CM-30","Bahia",2.4679276024920083]
["2015-12-01","ASFALTOS DILUÍDOS CM-30","Ceará",2.3617221705871208]
["2015-12-01","ASFALTOS DILUÍDOS CM-30","Distrito Federal","-"]
["2015-12-01","ASFALTOS DILUÍDOS CM-30","Espírito Santo","-"]
["2015-12-01","ASFALTOS DILUÍDOS CM-30","Goiás","-"]
["2015-12-01","ASFALTOS DILUÍDOS CM-30","Maranhão","-"]
["2015-12-01","ASFALTOS DILUÍDOS CM-30","Mato Grosso",2.7808890417718604]
["2015-12-01","ASFALTOS DILUÍDOS CM-30","Mato Grosso do Sul","-"]
["2015-12-01","ASFALTOS DILUÍDOS CM-30","Minas Gerais",2.2162136349846078]
["2015-12-01","ASFALTOS DILUÍDOS CM-30","Pará","-"]
["2015-12-01","ASFALTOS DILUÍDOS CM-30","Paraíba","-"]
["2015-12-01","ASFALTOS DILUÍDOS CM-30","Paraná",2.5178176258303084]
["2015-12-01","ASFALTOS DILUÍDOS CM-30","Pernambuco","-"]
["2015-12-01","ASFALTOS DILUÍDOS CM-30","Piauí","-"]
["2015-12-01","ASFALTOS DILUÍDOS CM-30","Rio de Janeiro",2.2919812498533041]
["2015-12-01","ASFALTOS DILUÍDOS CM-30","Rio Grande do Norte","-"]
["2015-12-01","ASFALTOS DILUÍDOS CM-30","Rio Grande do Sul",2.2498893477167123]
["2015-12-01","ASFALTOS DILUÍDOS CM-30","Rondônia","-"]
["2015-12-01","ASFALTOS DILUÍDOS CM-30","Roraima","-"]
["2015-12-01","ASFALTOS DILUÍDOS CM-30","Santa Catarina","-"]
["2015-12-01","ASFALTOS DILUÍDOS CM-30","São Paulo",2.4276249474799352]
["2015-12-01","ASFALTOS DILUÍDOS CM-30","Sergipe","-"]
["2015-12-01","ASFALTOS DILUÍDOS CM-30","Tocantins","-"]
["2016-01-01","ASFALTOS DILUÍDOS CM-30","Acre","-"]
["2016-01-01","ASFALTOS DILUÍDOS CM-30","Alagoas","-"]
["2016-01-01","ASFALTOS DILUÍDOS CM-30","Amapá","-"]
["2016-01-01","ASFALTOS DILUÍDOS CM-30","Amazonas",2.6918765083698539]
["2016-01-01","ASFALTOS DILUÍDOS CM-30","Bahia",2.4471459891549925]
["2016-01-01","ASFALTOS DILUÍDOS CM-30","Ceará",2.3121224180770299]
["2016-01-01","ASFALTOS DILUÍDOS CM-30","Distrito Federal","-"]
["2016-01-01","ASFALTOS DILUÍDOS CM-30","Espírito Santo","-"]
["2016-01-01","ASFALTOS DILUÍDOS CM-30","Goiás","-"]
["2016-01-01","ASFALTOS DILUÍDOS CM-30","Maranhão","-"]
["2016-01-01","ASFALTOS DILUÍDOS CM-30","Mato Grosso",3.1073730637847641]
["2016-01-01","ASFALTOS DILUÍDOS CM-30","Mato Grosso do Sul","-"]
["2016-01-01","ASFALTOS DILUÍDOS CM-30","Minas Gerais",2.2423714141725015]
["2016-01-01","ASFALTOS DILUÍDOS CM-30","Pará","-"]
["2016-01-01","ASFALTOS DILUÍDOS CM-30","Paraíba","-"]
["2016-01-01","ASFALTOS DILUÍDOS CM-30","Paraná",2.2194313166148851]
["2016-01-01","ASFALTOS DILUÍDOS CM-30","Pernambuco","-"]
["2016-01-01","ASFALTOS DILUÍDOS CM-30","Piauí","-"]
["2016-01-01","ASFALTOS DILUÍDOS CM-30","Rio de Janeiro",2.2977123128616763]
["2016-01-01","ASFALTOS DILUÍDOS CM-30","Rio Grande do Norte","-"]
["2016-01-01","ASFALTOS DILUÍDOS CM-30","Rio Grande do Sul",2.2461993368983952]
["2016-01-01","ASFALTOS DILUÍDOS CM-30","Rondônia","-"]
["2016-01-01","ASFALTOS DILUÍDOS CM-30","Roraima","-"]
["2016-01-01","ASFALTOS DILUÍDOS CM-30","Santa Catarina","-"]
["2016-01-01","ASFALTOS DILUÍDOS CM-30","São Paulo",2.2560637318955679]
["2016-01-01","ASFALTOS DILUÍDOS CM-30","Sergipe","-"]
["2016-01-01","ASFALTOS DILUÍDOS CM-30","Tocantins","-"]
["2016-02-01","ASFALTOS DILUÍDOS CM-30","Acre","-"]
["2016-02-01","ASFALTOS DILUÍDOS CM-30","Alagoas","-"]
["2016-02-01","ASFALTOS DILUÍDOS CM-30","Amapá","-"]
["2016-02-01","ASFALTOS DILUÍDOS CM-30","Amazonas",2.4455823166213881]
["2016-02-01","ASFALTOS DILUÍDOS CM-30","Bahia",2.5877462311345574]
["2016-02-01","ASFALTOS DILUÍDOS CM-30","Ceará",2.4143394514772587]
["2016-02-01","ASFALTOS DILUÍDOS CM-30","Distrito Federal","-"]
["2016-02-01","ASFALTOS DILUÍDOS CM-30","Espírito Santo","-"]
["2016-02-01","ASFALTOS DILUÍDOS CM-30","Goiás","-"]
["2016-02-01","ASFALTOS DILUÍDOS CM-30","Maranhão","-"]
["2016-02-01","ASFALTOS DILUÍDOS CM-30","Mato Grosso",2.9804877610805089]
["2016-02-01","ASFALTOS DILUÍDOS CM-30","Mato Grosso do Sul","-"]
["2016-02-01","ASFALTOS DILUÍDOS CM-30","Minas Gerais",2.2482721103311611]
["2016-02-01","ASFALTOS DILUÍDOS CM-30","Pará","-"]
["2016-02-01","ASFALTOS DILUÍDOS CM-30","Paraíba","-"]
["2016-02-01","ASFALTOS DILUÍDOS CM-30","Paraná",2.3818384064321081]
["2016-02-01","ASFALTOS DILUÍDOS CM-30","Pernambuco","-"]
["2016-02-01","ASFALTOS DILUÍDOS CM-30","Piauí","-"]
["2016-02-01","ASFALTOS DILUÍDOS CM-30","Rio de Janeiro","-"]
["2016-02-01","ASFALTOS DILUÍDOS CM-30","Rio Grande do Norte","-"]
["2016-02-01","ASFALTOS DILUÍDOS CM-30","Rio Grande do Sul",2.3211147518245867]
["2016-02-01","ASFALTOS DILUÍDOS CM-30","Rondônia","-"]
["2016-02-01","ASFALTOS DILUÍDOS CM-30","Roraima","-"]
["2016-02-01","ASFALTOS DILUÍDOS CM-30","Santa Catarina","-"]
["2016-02-01","ASFALTOS DILUÍDOS CM-30","São Paulo",2.4229083378074496]
["2016-02-01","ASFALTOS DILUÍDOS CM-30","Sergipe","-"]
["2016-02-01","ASFALTOS DILUÍDOS CM-30","Tocantins","-"]
["2016-03-01","ASFALTOS DILUÍDOS CM-30","Acre","-"]
["2016-03-01","ASFALTOS DILUÍDOS CM-30","Alagoas","-"]
["2016-03-01","ASFALTOS DILUÍDOS CM-30","Amapá","-"]
["2016-03-01","ASFALTOS DILUÍDOS CM-30","Amazonas",2.3018474813314462]
["2016-03-01","ASFALTOS DILUÍDOS CM-30","Bahia",2.6029586722164404]
["2016-03-01","ASFALTOS DILUÍDOS CM-30","Ceará",2.4111578450534923]
["2016-03-01","ASFALTOS DILUÍDOS CM-30","Distrito Federal","-"]
["2016-03-01","ASFALTOS DILUÍDOS CM-30","Espírito Santo","-"]
["2016-03-01","ASFALTOS DILUÍDOS CM-30","Goiás",2.7119422907572592]
["2016-03-01","ASFALTOS DILUÍDOS CM-30","Maranhão","-"]
["2016-03-01","ASFALTOS DILUÍDOS CM-30","Mato Grosso",2.9865881517279105]
["2016-03-01","ASFALTOS DILUÍDOS CM-30","Mato Grosso do Sul","-"]
["2016-03-01","ASFALTOS DILUÍDOS CM-30","Minas Gerais",2.2101264518541166]
["2016-03-01","ASFALTOS DILUÍDOS CM-30","Pará","-"]
["2016-03-01","ASFALTOS DILUÍDOS CM-30","Paraíba","-"]
["2016-03-01","ASFALTOS DILUÍDOS CM-30","Paraná",2.5717608308910718]
["2016-03-01","ASFALTOS DILUÍDOS CM-30","Pernambuco","-"]
["2016-03-01","ASFALTOS DILUÍDOS CM-30","Piauí","-"]
["2016-03-01","ASFALTOS DILUÍDOS CM-30","Rio de Janeiro",2.1024523015217649]
["2016-03-01","ASFALTOS DILUÍDOS CM-30","Rio Grande do Norte","-"]
["2016-03-01","ASFALTOS DILUÍDOS CM-30","Rio Grande do Sul",2.2380876528155205]
["2016-03-01","ASFALTOS DILUÍDOS CM-30","Rondônia","-"]
["2016-03-01","ASFALTOS DILUÍDOS CM-30","Roraima","-"]
["2016-03-01","ASFALTOS DILUÍDOS CM-30","Santa Catarina","-"]
["2016-03-01","ASFALTOS DILUÍDOS CM-30","São Paulo",2.3578378881486142]
["2016-03-01","ASFALTOS DILUÍDOS CM-30","Sergipe","-"]
["2016-03-01","ASFALTOS DILUÍDOS CM-30","Tocantins","-"]
["2016-04-01","ASFALTOS DILUÍDOS CM-30","Acre","-"]
["2016-04-01","ASFALTOS DILUÍDOS CM-30","Alagoas","-"]
["2016-04-01","ASFALTOS DILUÍDOS CM-30","Amapá","-"]
["2016-04-01","ASFALTOS DILUÍDOS CM-30","Amazonas","-"]
["2016-04-01","ASFALTOS DILUÍDOS CM-30","Bahia",2.7312179952104003]
["2016-04-01","ASFALTOS DILUÍDOS CM-30","Ceará",2.7467442426145636]
["2016-04-01","ASFALTOS DILUÍDOS CM-30","Distrito Federal","-"]
["2016-04-01","ASFALTOS DILUÍDOS CM-30","Espírito Santo","-"]
["2016-04-01","ASFALTOS DILUÍDOS CM-30","Goiás",2.6770226925296279]
["2016-04-01","ASFALTOS DILUÍDOS CM-30","Maranhão","-"]
["2016-04-01","ASFALTOS DILUÍDOS CM-30","Mato Grosso",3.0260257767863572]
["2016-04-01","ASFALTOS DILUÍDOS CM-30","Mato Grosso do Sul","-"]
["2016-04-01","ASFALTOS DILUÍDOS CM-30","Minas Gerais",2.5061684692681112]
["2016-04-01","ASFALTOS DILUÍDOS CM-30","Pará","-"]
["2016-04-01","ASFALTOS DILUÍDOS CM-30","Paraíba","-"]
["2016-04-01","ASFALTOS DILUÍDOS CM-30","Paraná",2.8512277071323795]
["2016-04-01","ASFALTOS DILUÍDOS CM-30","Pernambuco","-"]
["2016-04-01","ASFALTOS DILUÍDOS CM-30","Piauí","-"]
["2016-04-01","ASFALTOS DILUÍDOS CM-30","Rio de Janeiro",2.6128697042039191]
["2016-04-01","ASFALTOS DILUÍDOS CM-30","Rio Grande do Norte","-"]
["2016-04-01","ASFALTOS DILUÍDOS CM-30","Rio Grande do Sul",2.5896347572273033]
["2016-04-01","ASFALTOS DILUÍDOS CM-30","Rondônia","-"]
["2016-04-01","ASFALTOS DILUÍDOS CM-30","Roraima","-"]
["2016-04-01","ASFALTOS DILUÍDOS CM-30","Santa Catarina","-"]
["2016-04-01","ASFALTOS DILUÍDOS CM-30","São Paulo",2.5814042171999265]
["2016-04-01","ASFALTOS DILUÍDOS CM-30","Sergipe","-"]
["2016-04-01","ASFALTOS DILUÍDOS CM-30","Tocantins","-"]
["2016-05-01","ASFALTOS DILUÍDOS CM-30","Acre","-"]
["2016-05-01","ASFALTOS DILUÍDOS CM-30","Alagoas","-"]
["2016-05-01","ASFALTOS DILUÍDOS CM-30","Amapá","-"]
["2016-05-01","ASFALTOS DILUÍDOS CM-30","Amazonas","-"]
["2016-05-01","ASFALTOS DILUÍDOS CM-30","Bahia",2.7469681153744698]
["2016-05-01","ASFALTOS DILUÍDOS CM-30","Ceará",2.6236072150419449]
["2016-05-01","ASFALTOS DILUÍDOS CM-30","Distrito Federal","-"]
["2016-05-01","ASFALTOS DILUÍDOS CM-30","Espírito Santo","-"]
["2016-05-01","ASFALTOS DILUÍDOS CM-30","Goiás",2.6880514741728891]
["2016-05-01","ASFALTOS DILUÍDOS CM-30","Maranhão","-"]
["2016-05-01","ASFALTOS DILUÍDOS CM-30","Mato Grosso",3.1569652897949845]
["2016-05-01","ASFALTOS DILUÍDOS CM-30","Mato Grosso do Sul","-"]
["2016-05-01","ASFALTOS DILUÍDOS CM-30","Minas Gerais",2.583800422481481]
["2016-05-01","ASFALTOS DILUÍDOS CM-30","Pará","-"]
["2016-05-01","ASFALTOS DILUÍDOS CM-30","Paraíba","-"]
["2016-05-01","ASFALTOS DILUÍDOS CM-30","Paraná",2.939177789203085]
["2016-05-01","ASFALTOS DILUÍDOS CM-30","Pernambuco","-"]
["2016-05-01","ASFALTOS DILUÍDOS CM-30","Piauí","-"]
["2016-05-01","ASFALTOS DILUÍDOS CM-30","Rio de Janeiro",2.566846185590939]
["2016-05-01","ASFALTOS DILUÍDOS CM-30","Rio Grande do Norte","-"]
["2016-05-01","ASFALTOS DILUÍDOS CM-30","Rio Grande do Sul",2.6476469066541997]
["2016-05-01","ASFALTOS DILUÍDOS CM-30","Rondônia","-"]
["2016-05-01","ASFALTOS DILUÍDOS CM-30","Roraima","-"]
["2016-05-01","ASFALTOS DILUÍDOS CM-30","Santa Catarina","-"]
["2016-05-01","ASFALTOS DILUÍDOS CM-30","São Paulo",2.5628439622449348]
["2016-05-01","ASFALTOS DILUÍDOS CM-30","Sergipe","-"]
["2016-05-01","ASFALTOS DILUÍDOS CM-30","Tocantins","-"]
["2016-06-01","ASFALTOS DILUÍDOS CM-30","Acre","-"]
["2016-06-01","ASFALTOS DILUÍDOS CM-30","Alagoas","-"]
["2016-06-01","ASFALTOS DILUÍDOS CM-30","Amapá","-"]
["2016-06-01","ASFALTOS DILUÍDOS CM-30","Amazonas",2.4521280960493224]
["2016-06-01","ASFALTOS DILUÍDOS CM-30","Bahia",2.6917980657906662]
["2016-06-01","ASFALTOS DILUÍDOS CM-30","Ceará",2.5980629252470804]
["2016-06-01","ASFALTOS DILUÍDOS CM-30","Distrito Federal","-"]
["2016-06-01","ASFALTOS DILUÍDOS CM-30","Espírito Santo","-"]
["2016-06-01","ASFALTOS DILUÍDOS CM-30","Goiás",2.8016739239319675]
["2016-06-01","ASFALTOS DILUÍDOS CM-30","Maranhão","-"]
["2016-06-01","ASFALTOS DILUÍDOS CM-30","Mato Grosso",3.1930815665959793]
["2016-06-01","ASFALTOS DILUÍDOS CM-30","Mato Grosso do Sul","-"]
["2016-06-01","ASFALTOS DILUÍDOS CM-30","Minas Gerais",2.6912620512264622]
["2016-06-01","ASFALTOS DILUÍDOS CM-30","Pará","-"]
["2016-06-01","ASFALTOS DILUÍDOS CM-30","Paraíba","-"]
["2016-06-01","ASFALTOS DILUÍDOS CM-30","Paraná",2.7805116884537893]
["2016-06-01","ASFALTOS DILUÍDOS CM-30","Pernambuco","-"]
["2016-06-01","ASFALTOS DILUÍDOS CM-30","Piauí","-"]
["2016-06-01","ASFALTOS DILUÍDOS CM-30","Rio de Janeiro",2.6951715237977347]
["2016-06-01","ASFALTOS DILUÍDOS CM-30","Rio Grande do Norte","-"]
["2016-06-01","ASFALTOS DILUÍDOS CM-30","Rio Grande do Sul",2.5920306772157864]
["2016-06-01","ASFALTOS DILUÍDOS CM-30","Rondônia","-"]
["2016-06-01","ASFALTOS DILUÍDOS CM-30","Roraima","-"]
["2016-06-01","ASFALTOS DILUÍDOS CM-30","Santa Catarina","-"]
["2016-06-01","ASFALTOS DILUÍDOS CM-30","São Paulo",2.5595021402880116]
["2016-06-01","ASFALTOS DILUÍDOS CM-30","Sergipe","-"]
["2016-06-01","ASFALTOS DILUÍDOS CM-30","Tocantins","-"]
["2016-07-01","ASFALTOS DILUÍDOS CM-30","Acre","-"]
["2016-07-01","ASFALTOS DILUÍDOS CM-30","Alagoas","-"]
["2016-07-01","ASFALTOS DILUÍDOS CM-30","Amapá","-"]
["2016-07-01","ASFALTOS DILUÍDOS CM-30","Amazonas","-"]
["2016-07-01","ASFALTOS DILUÍDOS CM-30","Bahia",2.7113870130164122]
["2016-07-01","ASFALTOS DILUÍDOS CM-30","Ceará",2.5356660574301033]
["2016-07-01","ASFALTOS DILUÍDOS CM-30","Distrito Federal","-"]
["2016-07-01","ASFALTOS DILUÍDOS CM-30","Espírito Santo","-"]
["2016-07-01","ASFALTOS DILUÍDOS CM-30","Goiás",2.8865516122086179]
["2016-07-01","ASFALTOS DILUÍDOS CM-30","Maranhão","-"]
["2016-07-01","ASFALTOS DILUÍDOS CM-30","Mato Grosso",3.2169503278506348]
["2016-07-01","ASFALTOS DILUÍDOS CM-30","Mato Grosso do Sul","-"]
["2016-07-01","ASFALTOS DILUÍDOS CM-30","Minas Gerais",2.588305254846484]
["2016-07-01","ASFALTOS DILUÍDOS CM-30","Pará","-"]
["2016-07-01","ASFALTOS DILUÍDOS CM-30","Paraíba","-"]
["2016-07-01","ASFALTOS DILUÍDOS CM-30","Paraná",2.7495566091936428]
["2016-07-01","ASFALTOS DILUÍDOS CM-30","Pernambuco","-"]
["2016-07-01","ASFALTOS DILUÍDOS CM-30","Piauí","-"]
["2016-07-01","ASFALTOS DILUÍDOS CM-30","Rio de Janeiro",2.618681083486802]
["2016-07-01","ASFALTOS DILUÍDOS CM-30","Rio Grande do Norte","-"]
["2016-07-01","ASFALTOS DILUÍDOS CM-30","Rio Grande do Sul",2.581287630580603]
["2016-07-01","ASFALTOS DILUÍDOS CM-30","Rondônia","-"]
["2016-07-01","ASFALTOS DILUÍDOS CM-30","Roraima","-"]
["2016-07-01","ASFALTOS DILUÍDOS CM-30","Santa Catarina","-"]
["2016-07-01","ASFALTOS DILUÍDOS CM-30","São Paulo",2.6258306371135975]
["2016-07-01","ASFALTOS DILUÍDOS CM-30","Sergipe","-"]
["2016-07-01","ASFALTOS DILUÍDOS CM-30","Tocantins","-"]
["2016-08-01","ASFALTOS DILUÍDOS CM-30","Acre","-"]
["2016-08-01","ASFALTOS DILUÍDOS CM-30","Alagoas","-"]
["2016-08-01","ASFALTOS DILUÍDOS CM-30","Amapá","-"]
["2016-08-01","ASFALTOS DILUÍDOS CM-30","Amazonas",2.6299263123263175]
["2016-08-01","ASFALTOS DILUÍDOS CM-30","Bahia",2.6986666709865879]
["2016-08-01","ASFALTOS DILUÍDOS CM-30","Ceará",2.5996674167770033]
["2016-08-01","ASFALTOS DILUÍDOS CM-30","Distrito Federal","-"]
["2016-08-01","ASFALTOS DILUÍDOS CM-30","Espírito Santo","-"]
["2016-08-01","ASFALTOS DILUÍDOS CM-30","Goiás",2.8670692918288951]
["2016-08-01","ASFALTOS DILUÍDOS CM-30","Maranhão","-"]
["2016-08-01","ASFALTOS DILUÍDOS CM-30","Mato Grosso",3.126852323553289]
["2016-08-01","ASFALTOS DILUÍDOS CM-30","Mato Grosso do Sul","-"]
["2016-08-01","ASFALTOS DILUÍDOS CM-30","Minas Gerais",2.714753149937978]
["2016-08-01","ASFALTOS DILUÍDOS CM-30","Pará","-"]
["2016-08-01","ASFALTOS DILUÍDOS CM-30","Paraíba","-"]
["2016-08-01","ASFALTOS DILUÍDOS CM-30","Paraná",2.8536093855539137]
["2016-08-01","ASFALTOS DILUÍDOS CM-30","Pernambuco","-"]
["2016-08-01","ASFALTOS DILUÍDOS CM-30","Piauí","-"]
["2016-08-01","ASFALTOS DILUÍDOS CM-30","Rio de Janeiro",2.5675301561048132]
["2016-08-01","ASFALTOS DILUÍDOS CM-30","Rio Grande do Norte","-"]
["2016-08-01","ASFALTOS DILUÍDOS CM-30","Rio Grande do Sul",2.6449414865112861]
["2016-08-01","ASFALTOS DILUÍDOS CM-30","Rondônia","-"]
["2016-08-01","ASFALTOS DILUÍDOS CM-30","Roraima","-"]
["2016-08-01","ASFALTOS DILUÍDOS CM-30","Santa Catarina","-"]
["2016-08-01","ASFALTOS DILUÍDOS CM-30","São Paulo",2.6465830655558436]
["2016-08-01","ASFALTOS DILUÍDOS CM-30","Sergipe","-"]
["2016-08-01","ASFALTOS DILUÍDOS CM-30","Tocantins","-"]
["2016-09-01","ASFALTOS DILUÍDOS CM-30","Acre","-"]
["2016-09-01","ASFALTOS DILUÍDOS CM-30","Alagoas","-"]
["2016-09-01","ASFALTOS DILUÍDOS CM-30","Amapá","-"]
["2016-09-01","ASFALTOS DILUÍDOS CM-30","Amazonas","-"]
["2016-09-01","ASFALTOS DILUÍDOS CM-30","Bahia",2.6372801915404365]
["2016-09-01","ASFALTOS DILUÍDOS CM-30","Ceará",2.4488915101973379]
["2016-09-01","ASFALTOS DILUÍDOS CM-30","Distrito Federal","-"]
["2016-09-01","ASFALTOS DILUÍDOS CM-30","Espírito Santo","-"]
["2016-09-01","ASFALTOS DILUÍDOS CM-30","Goiás",2.7830674796008013]
["2016-09-01","ASFALTOS DILUÍDOS CM-30","Maranhão","-"]
["2016-09-01","ASFALTOS DILUÍDOS CM-30","Mato Grosso",2.8643657377691047]
["2016-09-01","ASFALTOS DILUÍDOS CM-30","Mato Grosso do Sul","-"]
["2016-09-01","ASFALTOS DILUÍDOS CM-30","Minas Gerais",2.4918739840447541]
["2016-09-01","ASFALTOS DILUÍDOS CM-30","Pará","-"]
["2016-09-01","ASFALTOS DILUÍDOS CM-30","Paraíba","-"]
["2016-09-01","ASFALTOS DILUÍDOS CM-30","Paraná",2.4421200073310203]
["2016-09-01","ASFALTOS DILUÍDOS CM-30","Pernambuco","-"]
["2016-09-01","ASFALTOS DILUÍDOS CM-30","Piauí","-"]
["2016-09-01","ASFALTOS DILUÍDOS CM-30","Rio de Janeiro",2.4485622617516789]
["2016-09-01","ASFALTOS DILUÍDOS CM-30","Rio Grande do Norte","-"]
["2016-09-01","ASFALTOS DILUÍDOS CM-30","Rio Grande do Sul",2.3330569365213263]
["2016-09-01","ASFALTOS DILUÍDOS CM-30","Rondônia","-"]
["2016-09-01","ASFALTOS DILUÍDOS CM-30","Roraima","-"]
["2016-09-01","ASFALTOS DILUÍDOS CM-30","Santa Catarina","-"]
["2016-09-01","ASFALTOS DILUÍDOS CM-30","São Paulo",2.6107531549532244]
["2016-09-01","ASFALTOS DILUÍDOS CM-30","Sergipe","-"]
["2016-09-01","ASFALTOS DILUÍDOS CM-30","Tocantins","-"]
["2016-10-01","ASFALTOS DILUÍDOS CM-30","Acre","-"]
["2016-10-01","ASFALTOS DILUÍDOS CM-30","Alagoas","-"]
["2016-10-01","ASFALTOS DILUÍDOS CM-30","Amapá","-"]
["2016-10-01","ASFALTOS DILUÍDOS CM-30","Amazonas","-"]
["2016-10-01","ASFALTOS DILUÍDOS CM-30","Bahia",2.5017436213909163]
["2016-10-01","ASFALTOS DILUÍDOS CM-30","Ceará",2.3940726515109807]
["2016-10-01","ASFALTOS DILUÍDOS CM-30","Distrito Federal","-"]
["2016-10-01","ASFALTOS DILUÍDOS CM-30","Espírito Santo","-"]
["2016-10-01","ASFALTOS DILUÍDOS CM-30","Goiás",2.7675757181765634]
["2016-10-01","ASFALTOS DILUÍDOS CM-30","Maranhão","-"]
["2016-10-01","ASFALTOS DILUÍDOS CM-30","Mato Grosso",2.8803239746962288]
["2016-10-01","ASFALTOS DILUÍDOS CM-30","Mato Grosso do Sul","-"]
["2016-10-01","ASFALTOS DILUÍDOS CM-30","Minas Gerais",2.5162790547111911]
["2016-10-01","ASFALTOS DILUÍDOS CM-30","Pará",2.6664320277681481]
["2016-10-01","ASFALTOS DILUÍDOS CM-30","Paraíba","-"]
["2016-10-01","ASFALTOS DILUÍDOS CM-30","Paraná",2.4296834277271606]
["2016-10-01","ASFALTOS DILUÍDOS CM-30","Pernambuco","-"]
["2016-10-01","ASFALTOS DILUÍDOS CM-30","Piauí","-"]
["2016-10-01","ASFALTOS DILUÍDOS CM-30","Rio de Janeiro",2.3020178102766797]
["2016-10-01","ASFALTOS DILUÍDOS CM-30","Rio Grande do Norte","-"]
["2016-10-01","ASFALTOS DILUÍDOS CM-30","Rio Grande do Sul",2.3639318840468322]
["2016-10-01","ASFALTOS DILUÍDOS CM-30","Rondônia","-"]
["2016-10-01","ASFALTOS DILUÍDOS CM-30","Roraima","-"]
["2016-10-01","ASFALTOS DILUÍDOS CM-30","Santa Catarina","-"]
["2016-10-01","ASFALTOS DILUÍDOS CM-30","São Paulo",2.5441346985392479]
["2016-10-01","ASFALTOS DILUÍDOS CM-30","Sergipe","-"]
["2016-10-01","ASFALTOS DILUÍDOS CM-30","Tocantins","-"]
["2016-11-01","ASFALTOS DILUÍDOS CM-30","Acre","-"]
["2016-11-01","ASFALTOS DILUÍDOS CM-30","Alagoas","-"]
["2016-11-01","ASFALTOS DILUÍDOS CM-30","Amapá","-"]
["2016-11-01","ASFALTOS DILUÍDOS CM-30","Amazonas",2.2843667899593663]
["2016-11-01","ASFALTOS DILUÍDOS CM-30","Bahia","-"]
["2016-11-01","ASFALTOS DILUÍDOS CM-30","Ceará",2.3328574466821759]
["2016-11-01","ASFALTOS DILUÍDOS CM-30","Distrito Federal","-"]
["2016-11-01","ASFALTOS DILUÍDOS CM-30","Espírito Santo","-"]
["2016-11-01","ASFALTOS DILUÍDOS CM-30","Goiás",3.2333979234489894]
["2016-11-01","ASFALTOS DILUÍDOS CM-30","Maranhão","-"]
["2016-11-01","ASFALTOS DILUÍDOS CM-30","Mato Grosso",2.7493124575239305]
["2016-11-01","ASFALTOS DILUÍDOS CM-30","Mato Grosso do Sul","-"]
["2016-11-01","ASFALTOS DILUÍDOS CM-30","Minas Gerais",2.4173114909834532]
["2016-11-01","ASFALTOS DILUÍDOS CM-30","Pará","-"]
["2016-11-01","ASFALTOS DILUÍDOS CM-30","Paraíba","-"]
["2016-11-01","ASFALTOS DILUÍDOS CM-30","Paraná",2.4686306348138056]
["2016-11-01","ASFALTOS DILUÍDOS CM-30","Pernambuco","-"]
["2016-11-01","ASFALTOS DILUÍDOS CM-30","Piauí","-"]
["2016-11-01","ASFALTOS DILUÍDOS CM-30","Rio de Janeiro","-"]
["2016-11-01","ASFALTOS DILUÍDOS CM-30","Rio Grande do Norte","-"]
["2016-11-01","ASFALTOS DILUÍDOS CM-30","Rio Grande do Sul",2.3084806817918744]
["2016-11-01","ASFALTOS DILUÍDOS CM-30","Rondônia","-"]
["2016-11-01","ASFALTOS DILUÍDOS CM-30","Roraima","-"]
["2016-11-01","ASFALTOS DILUÍDOS CM-30","Santa Catarina","-"]
["2016-11-01","ASFALTOS DILUÍDOS CM-30","São Paulo",2.6043368181526549]
["2016-11-01","ASFALTOS DILUÍDOS CM-30","Sergipe","-"]
["2016-11-01","ASFALTOS DILUÍDOS CM-30","Tocantins","-"]
["2016-12-01","ASFALTOS DILUÍDOS CM-30","Acre","-"]
["2016-12-01","ASFALTOS DILUÍDOS CM-30","Alagoas","-"]
["2016-12-01","ASFALTOS DILUÍDOS CM-30","Amapá","-"]
["2016-12-01","ASFALTOS DILUÍDOS CM-30","Amazonas",2.2830533156309567]
["2016-12-01","ASFALTOS DILUÍDOS CM-30","Bahia",3.0030689295725295]
["2016-12-01","ASFALTOS DILUÍDOS CM-30","Ceará",2.2189181963258533]
["2016-12-01","ASFALTOS DILUÍDOS CM-30","Distrito Federal","-"]
["2016-12-01","ASFALTOS DILUÍDOS CM-30","Espírito Santo","-"]
["2016-12-01","ASFALTOS DILUÍDOS CM-30","Goiás","-"]
["2016-12-01","ASFALTOS DILUÍDOS CM-30","Maranhão","-"]
["2016-12-01","ASFALTOS DILUÍDOS CM-30","Mato Grosso",2.8655321072542455]
["2016-12-01","ASFALTOS DILUÍDOS CM-30","Mato Grosso do Sul","-"]
["2016-12-01","ASFALTOS DILUÍDOS CM-30","Minas Gerais",2.6274174642643748]
["2016-12-01","ASFALTOS DILUÍDOS CM-30","Pará","-"]
["2016-12-01","ASFALTOS DILUÍDOS CM-30","Paraíba","-"]
["2016-12-01","ASFALTOS DILUÍDOS CM-30","Paraná",2.5107862213117542]
["2016-12-01","ASFALTOS DILUÍDOS CM-30","Pernambuco","-"]
["2016-12-01","ASFALTOS DILUÍDOS CM-30","Piauí","-"]
["2016-12-01","ASFALTOS DILUÍDOS CM-30","Rio de Janeiro","-"]
["2016-12-01","ASFALTOS DILUÍDOS CM-30","Rio Grande do Norte","-"]
["2016-12-01","ASFALTOS DILUÍDOS CM-30","Rio Grande do Sul",2.2810473330070038]
["2016-12-01","ASFALTOS DILUÍDOS CM-30","Rondônia","-"]
["2016-12-01","ASFALTOS DILUÍDOS CM-30","Roraima","-"]
["2016-12-01","ASFALTOS DILUÍDOS CM-30","Santa Catarina","-"]
["2016-12-01","ASFALTOS DILUÍDOS CM-30","São Paulo",2.5582033119841081]
["2016-12-01","ASFALTOS DILUÍDOS CM-30","Sergipe","-"]
["2016-12-01","ASFALTOS DILUÍDOS CM-30","Tocantins","-"]
["2017-01-01","ASFALTOS DILUÍDOS CM-30","Acre","-"]
["2017-01-01","ASFALTOS DILUÍDOS CM-30","Alagoas","-"]
["2017-01-01","ASFALTOS DILUÍDOS CM-30","Amapá","-"]
["2017-01-01","ASFALTOS DILUÍDOS CM-30","Amazonas","-"]
["2017-01-01","ASFALTOS DILUÍDOS CM-30","Bahia","-"]
["2017-01-01","ASFALTOS DILUÍDOS CM-30","Ceará",2.1898095821449988]
["2017-01-01","ASFALTOS DILUÍDOS CM-30","Distrito Federal","-"]
["2017-01-01","ASFALTOS DILUÍDOS CM-30","Espírito Santo","-"]
["2017-01-01","ASFALTOS DILUÍDOS CM-30","Goiás","-"]
["2017-01-01","ASFALTOS DILUÍDOS CM-30","Maranhão","-"]
["2017-01-01","ASFALTOS DILUÍDOS CM-30","Mato Grosso",2.8395329452054794]
["2017-01-01","ASFALTOS DILUÍDOS CM-30","Mato Grosso do Sul","-"]
["2017-01-01","ASFALTOS DILUÍDOS CM-30","Minas Gerais",2.5192293580760783]
["2017-01-01","ASFALTOS DILUÍDOS CM-30","Pará","-"]
["2017-01-01","ASFALTOS DILUÍDOS CM-30","Paraíba","-"]
["2017-01-01","ASFALTOS DILUÍDOS CM-30","Paraná",2.4342778643485037]
["2017-01-01","ASFALTOS DILUÍDOS CM-30","Pernambuco","-"]
["2017-01-01","ASFALTOS DILUÍDOS CM-30","Piauí","-"]
["2017-01-01","ASFALTOS DILUÍDOS CM-30","Rio de Janeiro","-"]
["2017-01-01","ASFALTOS DILUÍDOS CM-30","Rio Grande do Norte","-"]
["2017-01-01","ASFALTOS DILUÍDOS CM-30","Rio Grande do Sul",2.3438676041624324]
["2017-01-01","ASFALTOS DILUÍDOS CM-30","Rondônia","-"]
["2017-01-01","ASFALTOS DILUÍDOS CM-30","Roraima","-"]
["2017-01-01","ASFALTOS DILUÍDOS CM-30","Santa Catarina","-"]
["2017-01-01","ASFALTOS DILUÍDOS CM-30","São Paulo",2.6107681898879123]
["2017-01-01","ASFALTOS DILUÍDOS CM-30","Sergipe","-"]
["2017-01-01","ASFALTOS DILUÍDOS CM-30","Tocantins","-"]
["2017-02-01","ASFALTOS DILUÍDOS CM-30","Acre","-"]
["2017-02-01","ASFALTOS DILUÍDOS CM-30","Alagoas","-"]
["2017-02-01","ASFALTOS DILUÍDOS CM-30","Amapá","-"]
["2017-02-01","ASFALTOS DILUÍDOS CM-30","Amazonas","-"]
["2017-02-01","ASFALTOS DILUÍDOS CM-30","Bahia","-"]
["2017-02-01","ASFALTOS DILUÍDOS CM-30","Ceará",2.2339391847804735]
["2017-02-01","ASFALTOS DILUÍDOS CM-30","Distrito Federal","-"]
["2017-02-01","ASFALTOS DILUÍDOS CM-30","Espírito Santo","-"]
["2017-02-01","ASFALTOS DILUÍDOS CM-30","Goiás","-"]
["2017-02-01","ASFALTOS DILUÍDOS CM-30","Maranhão","-"]
["2017-02-01","ASFALTOS DILUÍDOS CM-30","Mato Grosso",2.7731096434953537]
["2017-02-01","ASFALTOS DILUÍDOS CM-30","Mato Grosso do Sul","-"]
["2017-02-01","ASFALTOS DILUÍDOS CM-30","Minas Gerais",2.5819261618305358]
["2017-02-01","ASFALTOS DILUÍDOS CM-30","Pará","-"]
["2017-02-01","ASFALTOS DILUÍDOS CM-30","Paraíba","-"]
["2017-02-01","ASFALTOS DILUÍDOS CM-30","Paraná",2.5419959466782269]
["2017-02-01","ASFALTOS DILUÍDOS CM-30","Pernambuco","-"]
["2017-02-01","ASFALTOS DILUÍDOS CM-30","Piauí","-"]
["2017-02-01","ASFALTOS DILUÍDOS CM-30","Rio de Janeiro","-"]
["2017-02-01","ASFALTOS DILUÍDOS CM-30","Rio Grande do Norte","-"]
["2017-02-01","ASFALTOS DILUÍDOS CM-30","Rio Grande do Sul",2.2606895837957826]
["2017-02-01","ASFALTOS DILUÍDOS CM-30","Rondônia","-"]
["2017-02-01","ASFALTOS DILUÍDOS CM-30","Roraima","-"]
["2017-02-01","ASFALTOS DILUÍDOS CM-30","Santa Catarina","-"]
["2017-02-01","ASFALTOS DILUÍDOS CM-30","São Paulo",2.5541887469266427]
["2017-02-01","ASFALTOS DILUÍDOS CM-30","Sergipe","-"]
["2017-02-01","ASFALTOS DILUÍDOS CM-30","Tocantins","-"]
["2017-03-01","ASFALTOS DILUÍDOS CM-30","Acre","-"]
["2017-03-01","ASFALTOS DILUÍDOS CM-30","Alagoas","-"]
["2017-03-01","ASFALTOS DILUÍDOS CM-30","Amapá","-"]
["2017-03-01","ASFALTOS DILUÍDOS CM-30","Amazonas","-"]
["2017-03-01","ASFALTOS DILUÍDOS CM-30","Bahia",2.8070822016629586]
["2017-03-01","ASFALTOS DILUÍDOS CM-30","Ceará",2.3073185749652794]
["2017-03-01","ASFALTOS DILUÍDOS CM-30","Distrito Federal","-"]
["2017-03-01","ASFALTOS DILUÍDOS CM-30","Espírito Santo","-"]
["2017-03-01","ASFALTOS DILUÍDOS CM-30","Goiás","-"]
["2017-03-01","ASFALTOS DILUÍDOS CM-30","Maranhão","-"]
["2017-03-01","ASFALTOS DILUÍDOS CM-30","Mato Grosso",2.7880354710071207]
["2017-03-01","ASFALTOS DILUÍDOS CM-30","Mato Grosso do Sul","-"]
["2017-03-01","ASFALTOS DILUÍDOS CM-30","Minas Gerais",2.3507018286946719]
["2017-03-01","ASFALTOS DILUÍDOS CM-30","Pará","-"]
["2017-03-01","ASFALTOS DILUÍDOS CM-30","Paraíba","-"]
["2017-03-01","ASFALTOS DILUÍDOS CM-30","Paraná",2.391212659137234]
["2017-03-01","ASFALTOS DILUÍDOS CM-30","Pernambuco","-"]
["2017-03-01","ASFALTOS DILUÍDOS CM-30","Piauí","-"]
["2017-03-01","ASFALTOS DILUÍDOS CM-30","Rio de Janeiro",2.2805468541780449]
["2017-03-01","ASFALTOS DILUÍDOS CM-30","Rio Grande do Norte","-"]
["2017-03-01","ASFALTOS DILUÍDOS CM-30","Rio Grande do Sul",2.2386522173953449]
["2017-03-01","ASFALTOS DILUÍDOS CM-30","Rondônia","-"]
["2017-03-01","ASFALTOS DILUÍDOS CM-30","Roraima","-"]
["2017-03-01","ASFALTOS DILUÍDOS CM-30","Santa Catarina","-"]
["2017-03-01","ASFALTOS DILUÍDOS CM-30","São Paulo",2.5084269679051565]
["2017-03-01","ASFALTOS DILUÍDOS CM-30","Sergipe","-"]
["2017-03-01","ASFALTOS DILUÍDOS CM-30","Tocantins","-"]
["2017-04-01","ASFALTOS DILUÍDOS CM-30","Acre","-"]
["2017-04-01","ASFALTOS DILUÍDOS CM-30","Alagoas","-"]
["2017-04-01","ASFALTOS DILUÍDOS CM-30","Amapá","-"]
["2017-04-01","ASFALTOS DILUÍDOS CM-30","Amazonas",2.4379095337222316]
["2017-04-01","ASFALTOS DILUÍDOS CM-30","Bahia","-"]
["2017-04-01","ASFALTOS DILUÍDOS CM-30","Ceará",2.2128107534674903]
["2017-04-01","ASFALTOS DILUÍDOS CM-30","Distrito Federal","-"]
["2017-04-01","ASFALTOS DILUÍDOS CM-30","Espírito Santo","-"]
["2017-04-01","ASFALTOS DILUÍDOS CM-30","Goiás",2.9329097686983978]
["2017-04-01","ASFALTOS DILUÍDOS CM-30","Maranhão","-"]
["2017-04-01","ASFALTOS DILUÍDOS CM-30","Mato Grosso",2.6034040154984148]
["2017-04-01","ASFALTOS DILUÍDOS CM-30","Mato Grosso do Sul","-"]
["2017-04-01","ASFALTOS DILUÍDOS CM-30","Minas Gerais",2.2279008686757944]
["2017-04-01","ASFALTOS DILUÍDOS CM-30","Pará","-"]
["2017-04-01","ASFALTOS DILUÍDOS CM-30","Paraíba","-"]
["2017-04-01","ASFALTOS DILUÍDOS CM-30","Paraná",2.2554913928021132]
["2017-04-01","ASFALTOS DILUÍDOS CM-30","Pernambuco","-"]
["2017-04-01","ASFALTOS DILUÍDOS CM-30","Piauí","-"]
["2017-04-01","ASFALTOS DILUÍDOS CM-30","Rio de Janeiro","-"]
["2017-04-01","ASFALTOS DILUÍDOS CM-30","Rio Grande do Norte","-"]
["2017-04-01","ASFALTOS DILUÍDOS CM-30","Rio Grande do Sul",2.257216228266326]
["2017-04-01","ASFALTOS DILUÍDOS CM-30","Rondônia","-"]
["2017-04-01","ASFALTOS DILUÍDOS CM-30","Roraima","-"]
["2017-04-01","ASFALTOS DILUÍDOS CM-30","Santa Catarina","-"]
["2017-04-01","ASFALTOS DILUÍDOS CM-30","São Paulo",2.5460269244089608]
["2017-04-01","ASFALTOS DILUÍDOS CM-30","Sergipe","-"]
["2017-04-01","ASFALTOS DILUÍDOS CM-30","Tocantins","-"]
["2017-05-01","ASFALTOS DILUÍDOS CM-30","Acre","-"]
["2017-05-01","ASFALTOS DILUÍDOS CM-30","Alagoas","-"]
["2017-05-01","ASFALTOS DILUÍDOS CM-30","Amapá","-"]
["2017-05-01","ASFALTOS DILUÍDOS CM-30","Amazonas",2.1072414588415693]
["2017-05-01","ASFALTOS DILUÍDOS CM-30","Bahia",2.8255076173726867]
["2017-05-01","ASFALTOS DILUÍDOS CM-30","Ceará",2.1232136956115517]
["2017-05-01","ASFALTOS DILUÍDOS CM-30","Distrito Federal","-"]
["2017-05-01","ASFALTOS DILUÍDOS CM-30","Espírito Santo","-"]
["2017-05-01","ASFALTOS DILUÍDOS CM-30","Goiás","-"]
["2017-05-01","ASFALTOS DILUÍDOS CM-30","Maranhão","-"]
["2017-05-01","ASFALTOS DILUÍDOS CM-30","Mato Grosso",2.6509194930537472]
["2017-05-01","ASFALTOS DILUÍDOS CM-30","Mato Grosso do Sul","-"]
["2017-05-01","ASFALTOS DILUÍDOS CM-30","Minas Gerais",2.2115516694248365]
["2017-05-01","ASFALTOS DILUÍDOS CM-30","Pará","-"]
["2017-05-01","ASFALTOS DILUÍDOS CM-30","Paraíba","-"]
["2017-05-01","ASFALTOS DILUÍDOS CM-30","Paraná",2.2482531859735966]
["2017-05-01","ASFALTOS DILUÍDOS CM-30","Pernambuco","-"]
["2017-05-01","ASFALTOS DILUÍDOS CM-30","Piauí","-"]
["2017-05-01","ASFALTOS DILUÍDOS CM-30","Rio de Janeiro",2.0497993063133277]
["2017-05-01","ASFALTOS DILUÍDOS CM-30","Rio Grande do Norte","-"]
["2017-05-01","ASFALTOS DILUÍDOS CM-30","Rio Grande do Sul",2.1673345511727939]
["2017-05-01","ASFALTOS DILUÍDOS CM-30","Rondônia","-"]
["2017-05-01","ASFALTOS DILUÍDOS CM-30","Roraima","-"]
["2017-05-01","ASFALTOS DILUÍDOS CM-30","Santa Catarina","-"]
["2017-05-01","ASFALTOS DILUÍDOS CM-30","São Paulo",2.4310485580011854]
["2017-05-01","ASFALTOS DILUÍDOS CM-30","Sergipe","-"]
["2017-05-01","ASFALTOS DILUÍDOS CM-30","Tocantins","-"]
["2017-06-01","ASFALTOS DILUÍDOS CM-30","Acre","-"]
["2017-06-01","ASFALTOS DILUÍDOS CM-30","Alagoas","-"]
["2017-06-01","ASFALTOS DILUÍDOS CM-30","Amapá","-"]
["2017-06-01","ASFALTOS DILUÍDOS CM-30","Amazonas",2.1914498809123826]
["2017-06-01","ASFALTOS DILUÍDOS CM-30","Bahia",2.6691566300274787]
["2017-06-01","ASFALTOS DILUÍDOS CM-30","Ceará",2.1496881129872563]
["2017-06-01","ASFALTOS DILUÍDOS CM-30","Distrito Federal","-"]
["2017-06-01","ASFALTOS DILUÍDOS CM-30","Espírito Santo","-"]
["2017-06-01","ASFALTOS DILUÍDOS CM-30","Goiás",2.8652699667413559]
["2017-06-01","ASFALTOS DILUÍDOS CM-30","Maranhão","-"]
["2017-06-01","ASFALTOS DILUÍDOS CM-30","Mato Grosso",2.6906001056943172]
["2017-06-01","ASFALTOS DILUÍDOS CM-30","Mato Grosso do Sul","-"]
["2017-06-01","ASFALTOS DILUÍDOS CM-30","Minas Gerais",2.1995635974369794]
["2017-06-01","ASFALTOS DILUÍDOS CM-30","Pará","-"]
["2017-06-01","ASFALTOS DILUÍDOS CM-30","Paraíba","-"]
["2017-06-01","ASFALTOS DILUÍDOS CM-30","Paraná",2.3662771826357658]
["2017-06-01","ASFALTOS DILUÍDOS CM-30","Pernambuco","-"]
["2017-06-01","ASFALTOS DILUÍDOS CM-30","Piauí","-"]
["2017-06-01","ASFALTOS DILUÍDOS CM-30","Rio de Janeiro",2.1221875413894478]
["2017-06-01","ASFALTOS DILUÍDOS CM-30","Rio Grande do Norte","-"]
["2017-06-01","ASFALTOS DILUÍDOS CM-30","Rio Grande do Sul",2.2665980885976702]
["2017-06-01","ASFALTOS DILUÍDOS CM-30","Rondônia","-"]
["2017-06-01","ASFALTOS DILUÍDOS CM-30","Roraima","-"]
["2017-06-01","ASFALTOS DILUÍDOS CM-30","Santa Catarina","-"]
["2017-06-01","ASFALTOS DILUÍDOS CM-30","São Paulo",2.3429759037194846]
["2017-06-01","ASFALTOS DILUÍDOS CM-30","Sergipe","-"]
["2017-06-01","ASFALTOS DILUÍDOS CM-30","Tocantins","-"]
["2017-07-01","ASFALTOS DILUÍDOS CM-30","Acre","-"]
["2017-07-01","ASFALTOS DILUÍDOS CM-30","Alagoas","-"]
["2017-07-01","ASFALTOS DILUÍDOS CM-30","Amapá","-"]
["2017-07-01","ASFALTOS DILUÍDOS CM-30","Amazonas",2.3430741722241324]
["2017-07-01","ASFALTOS DILUÍDOS CM-30","Bahia","-"]
["2017-07-01","ASFALTOS DILUÍDOS CM-30","Ceará",2.2049699275262094]
["2017-07-01","ASFALTOS DILUÍDOS CM-30","Distrito Federal","-"]
["2017-07-01","ASFALTOS DILUÍDOS CM-30","Espírito Santo","-"]
["2017-07-01","ASFALTOS DILUÍDOS CM-30","Goiás","-"]
["2017-07-01","ASFALTOS DILUÍDOS CM-30","Maranhão","-"]
["2017-07-01","ASFALTOS DILUÍDOS CM-30","Mato Grosso",2.6621260012070911]
["2017-07-01","ASFALTOS DILUÍDOS CM-30","Mato Grosso do Sul","-"]
["2017-07-01","ASFALTOS DILUÍDOS CM-30","Minas Gerais",2.4534135084238162]
["2017-07-01","ASFALTOS DILUÍDOS CM-30","Pará","-"]
["2017-07-01","ASFALTOS DILUÍDOS CM-30","Paraíba","-"]
["2017-07-01","ASFALTOS DILUÍDOS CM-30","Paraná",2.3514182303854048]
["2017-07-01","ASFALTOS DILUÍDOS CM-30","Pernambuco","-"]
["2017-07-01","ASFALTOS DILUÍDOS CM-30","Piauí","-"]
["2017-07-01","ASFALTOS DILUÍDOS CM-30","Rio de Janeiro","-"]
["2017-07-01","ASFALTOS DILUÍDOS CM-30","Rio Grande do Norte","-"]
["2017-07-01","ASFALTOS DILUÍDOS CM-30","Rio Grande do Sul",2.2122317787802839]
["2017-07-01","ASFALTOS DILUÍDOS CM-30","Rondônia","-"]
["2017-07-01","ASFALTOS DILUÍDOS CM-30","Roraima","-"]
["2017-07-01","ASFALTOS DILUÍDOS CM-30","Santa Catarina","-"]
["2017-07-01","ASFALTOS DILUÍDOS CM-30","São Paulo",2.334729585186484]
["2017-07-01","ASFALTOS DILUÍDOS CM-30","Sergipe","-"]
["2017-07-01","ASFALTOS DILUÍDOS CM-30","Tocantins","-"]
["2017-08-01","ASFALTOS DILUÍDOS CM-30","Acre","-"]
["2017-08-01","ASFALTOS DILUÍDOS CM-30","Alagoas","-"]
["2017-08-01","ASFALTOS DILUÍDOS CM-30","Amapá","-"]
["2017-08-01","ASFALTOS DILUÍDOS CM-30","Amazonas",2.2035632961867035]
["2017-08-01","ASFALTOS DILUÍDOS CM-30","Bahia","-"]
["2017-08-01","ASFALTOS DILUÍDOS CM-30","Ceará",2.1351537238509102]
["2017-08-01","ASFALTOS DILUÍDOS CM-30","Distrito Federal","-"]
["2017-08-01","ASFALTOS DILUÍDOS CM-30","Espírito Santo","-"]
["2017-08-01","ASFALTOS DILUÍDOS CM-30","Goiás",2.6408628105674561]
["2017-08-01","ASFALTOS DILUÍDOS CM-30","Maranhão","-"]
["2017-08-01","ASFALTOS DILUÍDOS CM-30","Mato Grosso",2.6210476772710893]
["2017-08-01","ASFALTOS DILUÍDOS CM-30","Mato Grosso do Sul","-"]
["2017-08-01","ASFALTOS DILUÍDOS CM-30","Minas Gerais",2.3778984391475357]
["2017-08-01","ASFALTOS DILUÍDOS CM-30","Pará",2.7005776462557516]
["2017-08-01","ASFALTOS DILUÍDOS CM-30","Paraíba","-"]
["2017-08-01","ASFALTOS DILUÍDOS CM-30","Paraná",2.1018217767356706]
["2017-08-01","ASFALTOS DILUÍDOS CM-30","Pernambuco","-"]
["2017-08-01","ASFALTOS DILUÍDOS CM-30","Piauí","-"]
["2017-08-01","ASFALTOS DILUÍDOS CM-30","Rio de Janeiro","-"]
["2017-08-01","ASFALTOS DILUÍDOS CM-30","Rio Grande do Norte","-"]
["2017-08-01","ASFALTOS DILUÍDOS CM-30","Rio Grande do Sul",2.2245410140593309]
["2017-08-01","ASFALTOS DILUÍDOS CM-30","Rondônia","-"]
["2017-08-01","ASFALTOS DILUÍDOS CM-30","Roraima","-"]
["2017-08-01","ASFALTOS DILUÍDOS CM-30","Santa Catarina","-"]
["2017-08-01","ASFALTOS DILUÍDOS CM-30","São Paulo",2.2125572921987979]
["2017-08-01","ASFALTOS DILUÍDOS CM-30","Sergipe","-"]
["2017-08-01","ASFALTOS DILUÍDOS CM-30","Tocantins","-"]
["2017-09-01","ASFALTOS DILUÍDOS CM-30","Acre","-"]
["2017-09-01","ASFALTOS DILUÍDOS CM-30","Alagoas","-"]
["2017-09-01","ASFALTOS DILUÍDOS CM-30","Amapá","-"]
["2017-09-01","ASFALTOS DILUÍDOS CM-30","Amazonas",2.3313814246144298]
["2017-09-01","ASFALTOS DILUÍDOS CM-30","Bahia","-"]
["2017-09-01","ASFALTOS DILUÍDOS CM-30","Ceará",2.1213200204992875]
["2017-09-01","ASFALTOS DILUÍDOS CM-30","Distrito Federal","-"]
["2017-09-01","ASFALTOS DILUÍDOS CM-30","Espírito Santo","-"]
["2017-09-01","ASFALTOS DILUÍDOS CM-30","Goiás",2.6367790282923997]
["2017-09-01","ASFALTOS DILUÍDOS CM-30","Maranhão","-"]
["2017-09-01","ASFALTOS DILUÍDOS CM-30","Mato Grosso",2.6973094634419126]
["2017-09-01","ASFALTOS DILUÍDOS CM-30","Mato Grosso do Sul","-"]
["2017-09-01","ASFALTOS DILUÍDOS CM-30","Minas Gerais",2.5108870171893933]
["2017-09-01","ASFALTOS DILUÍDOS CM-30","Pará",2.7090399230733149]
["2017-09-01","ASFALTOS DILUÍDOS CM-30","Paraíba","-"]
["2017-09-01","ASFALTOS DILUÍDOS CM-30","Paraná",2.3966583600605942]
["2017-09-01","ASFALTOS DILUÍDOS CM-30","Pernambuco","-"]
["2017-09-01","ASFALTOS DILUÍDOS CM-30","Piauí","-"]
["2017-09-01","ASFALTOS DILUÍDOS CM-30","Rio de Janeiro","-"]
["2017-09-01","ASFALTOS DILUÍDOS CM-30","Rio Grande do Norte","-"]
["2017-09-01","ASFALTOS DILUÍDOS CM-30","Rio Grande do Sul",2.1912136176600714]
["2017-09-01","ASFALTOS DILUÍDOS CM-30","Rondônia","-"]
["2017-09-01","ASFALTOS DILUÍDOS CM-30","Roraima","-"]
["2017-09-01","ASFALTOS DILUÍDOS CM-30","Santa Catarina","-"]
["2017-09-01","ASFALTOS DILUÍDOS CM-30","São Paulo",2.3097402254780932]
["2017-09-01","ASFALTOS DILUÍDOS CM-30","Sergipe","-"]
["2017-09-01","ASFALTOS DILUÍDOS CM-30","Tocantins","-"]
["2017-10-01","ASFALTOS DILUÍDOS CM-30","Acre","-"]
["2017-10-01","ASFALTOS DILUÍDOS CM-30","Alagoas","-"]
["2017-10-01","ASFALTOS DILUÍDOS CM-30","Amapá","-"]
["2017-10-01","ASFALTOS DILUÍDOS CM-30","Amazonas",2.2091843585441406]
["2017-10-01","ASFALTOS DILUÍDOS CM-30","Bahia","-"]
["2017-10-01","ASFALTOS DILUÍDOS CM-30","Ceará",2.1602377541654674]
["2017-10-01","ASFALTOS DILUÍDOS CM-30","Distrito Federal","-"]
["2017-10-01","ASFALTOS DILUÍDOS CM-30","Espírito Santo","-"]
["2017-10-01","ASFALTOS DILUÍDOS CM-30","Goiás",2.5482166017803656]
["2017-10-01","ASFALTOS DILUÍDOS CM-30","Maranhão","-"]
["2017-10-01","ASFALTOS DILUÍDOS CM-30","Mato Grosso",2.7848612850779202]
["2017-10-01","ASFALTOS DILUÍDOS CM-30","Mato Grosso do Sul","-"]
["2017-10-01","ASFALTOS DILUÍDOS CM-30","Minas Gerais",2.6378402947764998]
["2017-10-01","ASFALTOS DILUÍDOS CM-30","Pará","-"]
["2017-10-01","ASFALTOS DILUÍDOS CM-30","Paraíba","-"]
["2017-10-01","ASFALTOS DILUÍDOS CM-30","Paraná",2.2164802653122195]
["2017-10-01","ASFALTOS DILUÍDOS CM-30","Pernambuco","-"]
["2017-10-01","ASFALTOS DILUÍDOS CM-30","Piauí","-"]
["2017-10-01","ASFALTOS DILUÍDOS CM-30","Rio de Janeiro","-"]
["2017-10-01","ASFALTOS DILUÍDOS CM-30","Rio Grande do Norte","-"]
["2017-10-01","ASFALTOS DILUÍDOS CM-30","Rio Grande do Sul",2.1731030244417089]
["2017-10-01","ASFALTOS DILUÍDOS CM-30","Rondônia","-"]
["2017-10-01","ASFALTOS DILUÍDOS CM-30","Roraima","-"]
["2017-10-01","ASFALTOS DILUÍDOS CM-30","Santa Catarina","-"]
["2017-10-01","ASFALTOS DILUÍDOS CM-30","São Paulo",2.2040938860607304]
["2017-10-01","ASFALTOS DILUÍDOS CM-30","Sergipe","-"]
["2017-10-01","ASFALTOS DILUÍDOS CM-30","Tocantins","-"]
["2017-11-01","ASFALTOS DILUÍDOS CM-30","Acre","-"]
["2017-11-01","ASFALTOS DILUÍDOS CM-30","Alagoas","-"]
["2017-11-01","ASFALTOS DILUÍDOS CM-30","Amapá","-"]
["2017-11-01","ASFALTOS DILUÍDOS CM-30","Amazonas",2.3845668336706232]
["2017-11-01","ASFALTOS DILUÍDOS CM-30","Bahia","-"]
["2017-11-01","ASFALTOS DILUÍDOS CM-30","Ceará",2.3883317473788224]
["2017-11-01","ASFALTOS DILUÍDOS CM-30","Distrito Federal","-"]
["2017-11-01","ASFALTOS DILUÍDOS CM-30","Espírito Santo","-"]
["2017-11-01","ASFALTOS DILUÍDOS CM-30","Goiás",2.9942342482453217]
["2017-11-01","ASFALTOS DILUÍDOS CM-30","Maranhão","-"]
["2017-11-01","ASFALTOS DILUÍDOS CM-30","Mato Grosso",2.8890161775549332]
["2017-11-01","ASFALTOS DILUÍDOS CM-30","Mato Grosso do Sul","-"]
["2017-11-01","ASFALTOS DILUÍDOS CM-30","Minas Gerais",2.5727077361724571]
["2017-11-01","ASFALTOS DILUÍDOS CM-30","Pará",2.7305834766489605]
["2017-11-01","ASFALTOS DILUÍDOS CM-30","Paraíba","-"]
["2017-11-01","ASFALTOS DILUÍDOS CM-30","Paraná",2.4817734287475437]
["2017-11-01","ASFALTOS DILUÍDOS CM-30","Pernambuco","-"]
["2017-11-01","ASFALTOS DILUÍDOS CM-30","Piauí","-"]
["2017-11-01","ASFALTOS DILUÍDOS CM-30","Rio de Janeiro","-"]
["2017-11-01","ASFALTOS DILUÍDOS CM-30","Rio Grande do Norte","-"]
["2017-11-01","ASFALTOS DILUÍDOS CM-30","Rio Grande do Sul",2.3295898682450842]
["2017-11-01","ASFALTOS DILUÍDOS CM-30","Rondônia","-"]
["2017-11-01","ASFALTOS DILUÍDOS CM-30","Roraima","-"]
["2017-11-01","ASFALTOS DILUÍDOS CM-30","Santa Catarina","-"]
["2017-11-01","ASFALTOS DILUÍDOS CM-30","São Paulo",2.6140330131825049]
["2017-11-01","ASFALTOS DILUÍDOS CM-30","Sergipe","-"]
["2017-11-01","ASFALTOS DILUÍDOS CM-30","Tocantins","-"]
["2017-12-01","ASFALTOS DILUÍDOS CM-30","Acre","-"]
["2017-12-01","ASFALTOS DILUÍDOS CM-30","Alagoas","-"]
["2017-12-01","ASFALTOS DILUÍDOS CM-30","Amapá","-"]
["2017-12-01","ASFALTOS DILUÍDOS CM-30","Amazonas",2.3343161659391405]
["2017-12-01","ASFALTOS DILUÍDOS CM-30","Bahia","-"]
["2017-12-01","ASFALTOS DILUÍDOS CM-30","Ceará",2.4048099862247136]
["2017-12-01","ASFALTOS DILUÍDOS CM-30","Distrito Federal","-"]
["2017-12-01","ASFALTOS DILUÍDOS CM-30","Espírito Santo","-"]
["2017-12-01","ASFALTOS DILUÍDOS CM-30","Goiás","-"]
["2017-12-01","ASFALTOS DILUÍDOS CM-30","Maranhão","-"]
["2017-12-01","ASFALTOS DILUÍDOS CM-30","Mato Grosso",3.0400681246400181]
["2017-12-01","ASFALTOS DILUÍDOS CM-30","Mato Grosso do Sul","-"]
["2017-12-01","ASFALTOS DILUÍDOS CM-30","Minas Gerais",2.724012173098652]
["2017-12-01","ASFALTOS DILUÍDOS CM-30","Pará","-"]
["2017-12-01","ASFALTOS DILUÍDOS CM-30","Paraíba","-"]
["2017-12-01","ASFALTOS DILUÍDOS CM-30","Paraná",2.439778885422506]
["2017-12-01","ASFALTOS DILUÍDOS CM-30","Pernambuco","-"]
["2017-12-01","ASFALTOS DILUÍDOS CM-30","Piauí","-"]
["2017-12-01","ASFALTOS DILUÍDOS CM-30","Rio de Janeiro","-"]
["2017-12-01","ASFALTOS DILUÍDOS CM-30","Rio Grande do Norte","-"]
["2017-12-01","ASFALTOS DILUÍDOS CM-30","Rio Grande do Sul",2.395712291642154]
["2017-12-01","ASFALTOS DILUÍDOS CM-30","Rondônia","-"]
["2017-12-01","ASFALTOS DILUÍDOS CM-30","Roraima","-"]
["2017-12-01","ASFALTOS DILUÍDOS CM-30","Santa Catarina","-"]
["2017-12-01","ASFALTOS DILUÍDOS CM-30","São Paulo",2.5688433802616917]
["2017-12-01","ASFALTOS DILUÍDOS CM-30","Sergipe","-"]
["2017-12-01","ASFALTOS DILUÍDOS CM-30","Tocantins","-"]
["2018-01-01","ASFALTOS DILUÍDOS CM-30","Acre","-"]
["2018-01-01","ASFALTOS DILUÍDOS CM-30","Alagoas","-"]
["2018-01-01","ASFALTOS DILUÍDOS CM-30","Amapá","-"]
["2018-01-01","ASFALTOS DILUÍDOS CM-30","Amazonas",2.8296097314706135]
["2018-01-01","ASFALTOS DILUÍDOS CM-30","Bahia",2.6390775075266859]
["2018-01-01","ASFALTOS DILUÍDOS CM-30","Ceará",2.6594696460134326]
["2018-01-01","ASFALTOS DILUÍDOS CM-30","Distrito Federal","-"]
["2018-01-01","ASFALTOS DILUÍDOS CM-30","Espírito Santo","-"]
["2018-01-01","ASFALTOS DILUÍDOS CM-30","Goiás","-"]
["2018-01-01","ASFALTOS DILUÍDOS CM-30","Maranhão","-"]
["2018-01-01","ASFALTOS DILUÍDOS CM-30","Mato Grosso",2.9353776201156889]
["2018-01-01","ASFALTOS DILUÍDOS CM-30","Mato Grosso do Sul","-"]
["2018-01-01","ASFALTOS DILUÍDOS CM-30","Minas Gerais",2.7077414103788602]
["2018-01-01","ASFALTOS DILUÍDOS CM-30","Pará","-"]
["2018-01-01","ASFALTOS DILUÍDOS CM-30","Paraíba","-"]
["2018-01-01","ASFALTOS DILUÍDOS CM-30","Paraná",2.7148437604254174]
["2018-01-01","ASFALTOS DILUÍDOS CM-30","Pernambuco","-"]
["2018-01-01","ASFALTOS DILUÍDOS CM-30","Piauí","-"]
["2018-01-01","ASFALTOS DILUÍDOS CM-30","Rio de Janeiro","-"]
["2018-01-01","ASFALTOS DILUÍDOS CM-30","Rio Grande do Norte","-"]
["2018-01-01","ASFALTOS DILUÍDOS CM-30","Rio Grande do Sul",2.4958208532309234]
["2018-01-01","ASFALTOS DILUÍDOS CM-30","Rondônia","-"]
["2018-01-01","ASFALTOS DILUÍDOS CM-30","Roraima","-"]
["2018-01-01","ASFALTOS DILUÍDOS CM-30","Santa Catarina","-"]
["2018-01-01","ASFALTOS DILUÍDOS CM-30","São Paulo",2.5734313176188577]
["2018-01-01","ASFALTOS DILUÍDOS CM-30","Sergipe","-"]
["2018-01-01","ASFALTOS DILUÍDOS CM-30","Tocantins","-"]
["2018-02-01","ASFALTOS DILUÍDOS CM-30","Acre","-"]
["2018-02-01","ASFALTOS DILUÍDOS CM-30","Alagoas","-"]
["2018-02-01","ASFALTOS DILUÍDOS CM-30","Amapá","-"]
["2018-02-01","ASFALTOS DILUÍDOS CM-30","Amazonas",2.7677157537344117]
["2018-02-01","ASFALTOS DILUÍDOS CM-30","Bahia","-"]
["2018-02-01","ASFALTOS DILUÍDOS CM-30","Ceará",2.6714016746816038]
["2018-02-01","ASFALTOS DILUÍDOS CM-30","Distrito Federal","-"]
["2018-02-01","ASFALTOS DILUÍDOS CM-30","Espírito Santo","-"]
["2018-02-01","ASFALTOS DILUÍDOS CM-30","Goiás","-"]
["2018-02-01","ASFALTOS DILUÍDOS CM-30","Maranhão","-"]
["2018-02-01","ASFALTOS DILUÍDOS CM-30","Mato Grosso",3.4155191774270679]
["2018-02-01","ASFALTOS DILUÍDOS CM-30","Mato Grosso do Sul","-"]
["2018-02-01","ASFALTOS DILUÍDOS CM-30","Minas Gerais",2.5914875887943971]
["2018-02-01","ASFALTOS DILUÍDOS CM-30","Pará","-"]
["2018-02-01","ASFALTOS DILUÍDOS CM-30","Paraíba","-"]
["2018-02-01","ASFALTOS DILUÍDOS CM-30","Paraná",2.602121434923506]
["2018-02-01","ASFALTOS DILUÍDOS CM-30","Pernambuco","-"]
["2018-02-01","ASFALTOS DILUÍDOS CM-30","Piauí","-"]
["2018-02-01","ASFALTOS DILUÍDOS CM-30","Rio de Janeiro","-"]
["2018-02-01","ASFALTOS DILUÍDOS CM-30","Rio Grande do Norte","-"]
["2018-02-01","ASFALTOS DILUÍDOS CM-30","Rio Grande do Sul",2.5200169090270457]
["2018-02-01","ASFALTOS DILUÍDOS CM-30","Rondônia","-"]
["2018-02-01","ASFALTOS DILUÍDOS CM-30","Roraima","-"]
["2018-02-01","ASFALTOS DILUÍDOS CM-30","Santa Catarina","-"]
["2018-02-01","ASFALTOS DILUÍDOS CM-30","São Paulo",2.6492281970571878]
["2018-02-01","ASFALTOS DILUÍDOS CM-30","Sergipe","-"]
["2018-02-01","ASFALTOS DILUÍDOS CM-30","Tocantins","-"]
["2018-03-01","ASFALTOS DILUÍDOS CM-30","Acre","-"]
["2018-03-01","ASFALTOS DILUÍDOS CM-30","Alagoas","-"]
["2018-03-01","ASFALTOS DILUÍDOS CM-30","Amapá","-"]
["2018-03-01","ASFALTOS DILUÍDOS CM-30","Amazonas","-"]
["2018-03-01","ASFALTOS DILUÍDOS CM-30","Bahia","-"]
["2018-03-01","ASFALTOS DILUÍDOS CM-30","Ceará",2.5305352367021676]
["2018-03-01","ASFALTOS DILUÍDOS CM-30","Distrito Federal","-"]
["2018-03-01","ASFALTOS DILUÍDOS CM-30","Espírito Santo","-"]
["2018-03-01","ASFALTOS DILUÍDOS CM-30","Goiás",2.572307561889156]
["2018-03-01","ASFALTOS DILUÍDOS CM-30","Maranhão","-"]
["2018-03-01","ASFALTOS DILUÍDOS CM-30","Mato Grosso","-"]
["2018-03-01","ASFALTOS DILUÍDOS CM-30","Mato Grosso do Sul","-"]
["2018-03-01","ASFALTOS DILUÍDOS CM-30","Minas Gerais",2.5803170789611758]
["2018-03-01","ASFALTOS DILUÍDOS CM-30","Pará","-"]
["2018-03-01","ASFALTOS DILUÍDOS CM-30","Paraíba","-"]
["2018-03-01","ASFALTOS DILUÍDOS CM-30","Paraná",2.6388981150381152]
["2018-03-01","ASFALTOS DILUÍDOS CM-30","Pernambuco","-"]
["2018-03-01","ASFALTOS DILUÍDOS CM-30","Piauí","-"]
["2018-03-01","ASFALTOS DILUÍDOS CM-30","Rio de Janeiro","-"]
["2018-03-01","ASFALTOS DILUÍDOS CM-30","Rio Grande do Norte","-"]
["2018-03-01","ASFALTOS DILUÍDOS CM-30","Rio Grande do Sul",2.5392107312231169]
["2018-03-01","ASFALTOS DILUÍDOS CM-30","Rondônia","-"]
["2018-03-01","ASFALTOS DILUÍDOS CM-30","Roraima","-"]
["2018-03-01","ASFALTOS DILUÍDOS CM-30","Santa Catarina","-"]
["2018-03-01","ASFALTOS DILUÍDOS CM-30","São Paulo",2.5654464302248843]
["2018-03-01","ASFALTOS DILUÍDOS CM-30","Sergipe","-"]
["2018-03-01","ASFALTOS DILUÍDOS CM-30","Tocantins","-"]
["2018-04-01","ASFALTOS DILUÍDOS CM-30","Acre","-"]
["2018-04-01","ASFALTOS DILUÍDOS CM-30","Alagoas","-"]
["2018-04-01","ASFALTOS DILUÍDOS CM-30","Amapá","-"]
["2018-04-01","ASFALTOS DILUÍDOS CM-30","Amazonas","-"]
["2018-04-01","ASFALTOS DILUÍDOS CM-30","Bahia","-"]
["2018-04-01","ASFALTOS DILUÍDOS CM-30","Ceará",2.5690595772621418]
["2018-04-01","ASFALTOS DILUÍDOS CM-30","Distrito Federal","-"]
["2018-04-01","ASFALTOS DILUÍDOS CM-30","Espírito Santo","-"]
["2018-04-01","ASFALTOS DILUÍDOS CM-30","Goiás","-"]
["2018-04-01","ASFALTOS DILUÍDOS CM-30","Maranhão","-"]
["2018-04-01","ASFALTOS DILUÍDOS CM-30","Mato Grosso",3.0150090266152541]
["2018-04-01","ASFALTOS DILUÍDOS CM-30","Mato Grosso do Sul","-"]
["2018-04-01","ASFALTOS DILUÍDOS CM-30","Minas Gerais",2.6038937002962359]
["2018-04-01","ASFALTOS DILUÍDOS CM-30","Pará","-"]
["2018-04-01","ASFALTOS DILUÍDOS CM-30","Paraíba","-"]
["2018-04-01","ASFALTOS DILUÍDOS CM-30","Paraná",2.5665385485097514]
["2018-04-01","ASFALTOS DILUÍDOS CM-30","Pernambuco","-"]
["2018-04-01","ASFALTOS DILUÍDOS CM-30","Piauí","-"]
["2018-04-01","ASFALTOS DILUÍDOS CM-30","Rio de Janeiro","-"]
["2018-04-01","ASFALTOS DILUÍDOS CM-30","Rio Grande do Norte","-"]
["2018-04-01","ASFALTOS DILUÍDOS CM-30","Rio Grande do Sul",2.522731708836123]
["2018-04-01","ASFALTOS DILUÍDOS CM-30","Rondônia","-"]
["2018-04-01","ASFALTOS DILUÍDOS CM-30","Roraima","-"]
["2018-04-01","ASFALTOS DILUÍDOS CM-30","Santa Catarina","-"]
["2018-04-01","ASFALTOS DILUÍDOS CM-30","São Paulo",2.6267079083009608]
["2018-04-01","ASFALTOS DILUÍDOS CM-30","Sergipe","-"]
["2018-04-01","ASFALTOS DILUÍDOS CM-30","Tocantins","-"]
["2018-05-01","ASFALTOS DILUÍDOS CM-30","Acre","-"]
["2018-05-01","ASFALTOS DILUÍDOS CM-30","Alagoas","-"]
["2018-05-01","ASFALTOS DILUÍDOS CM-30","Amapá","-"]
["2018-05-01","ASFALTOS DILUÍDOS CM-30","Amazonas","-"]
["2018-05-01","ASFALTOS DILUÍDOS CM-30","Bahia","-"]
["2018-05-01","ASFALTOS DILUÍDOS CM-30","Ceará",2.6703791605319718]
["2018-05-01","ASFALTOS DILUÍDOS CM-30","Distrito Federal","-"]
["2018-05-01","ASFALTOS DILUÍDOS CM-30","Espírito Santo","-"]
["2018-05-01","ASFALTOS DILUÍDOS CM-30","Goiás",2.6850186796693611]
["2018-05-01","ASFALTOS DILUÍDOS CM-30","Maranhão","-"]
["2018-05-01","ASFALTOS DILUÍDOS CM-30","Mato Grosso",3.2947766768306357]
["2018-05-01","ASFALTOS DILUÍDOS CM-30","Mato Grosso do Sul","-"]
["2018-05-01","ASFALTOS DILUÍDOS CM-30","Minas Gerais",2.6930583411764712]
["2018-05-01","ASFALTOS DILUÍDOS CM-30","Pará","-"]
["2018-05-01","ASFALTOS DILUÍDOS CM-30","Paraíba","-"]
["2018-05-01","ASFALTOS DILUÍDOS CM-30","Paraná",2.7220166776716588]
["2018-05-01","ASFALTOS DILUÍDOS CM-30","Pernambuco","-"]
["2018-05-01","ASFALTOS DILUÍDOS CM-30","Piauí","-"]
["2018-05-01","ASFALTOS DILUÍDOS CM-30","Rio de Janeiro","-"]
["2018-05-01","ASFALTOS DILUÍDOS CM-30","Rio Grande do Norte","-"]
["2018-05-01","ASFALTOS DILUÍDOS CM-30","Rio Grande do Sul",2.7692185328116663]
["2018-05-01","ASFALTOS DILUÍDOS CM-30","Rondônia","-"]
["2018-05-01","ASFALTOS DILUÍDOS CM-30","Roraima","-"]
["2018-05-01","ASFALTOS DILUÍDOS CM-30","Santa Catarina","-"]
["2018-05-01","ASFALTOS DILUÍDOS CM-30","São Paulo",2.687341200490164]
["2018-05-01","ASFALTOS DILUÍDOS CM-30","Sergipe","-"]
["2018-05-01","ASFALTOS DILUÍDOS CM-30","Tocantins","-"]
["2018-06-01","ASFALTOS DILUÍDOS CM-30","Acre","-"]
["2018-06-01","ASFALTOS DILUÍDOS CM-30","Alagoas","-"]
["2018-06-01","ASFALTOS DILUÍDOS CM-30","Amapá","-"]
["2018-06-01","ASFALTOS DILUÍDOS CM-30","Amazonas","-"]
["2018-06-01","ASFALTOS DILUÍDOS CM-30","Bahia",3.9829596999099728]
["2018-06-01","ASFALTOS DILUÍDOS CM-30","Ceará",2.82207177352455]
["2018-06-01","ASFALTOS DILUÍDOS CM-30","Distrito Federal","-"]
["2018-06-01","ASFALTOS DILUÍDOS CM-30","Espírito Santo","-"]
["2018-06-01","ASFALTOS DILUÍDOS CM-30","Goiás",3.0409220275377606]
["2018-06-01","ASFALTOS DILUÍDOS CM-30","Maranhão","-"]
["2018-06-01","ASFALTOS DILUÍDOS CM-30","Mato Grosso",3.3874427450109641]
["2018-06-01","ASFALTOS DILUÍDOS CM-30","Mato Grosso do Sul","-"]
["2018-06-01","ASFALTOS DILUÍDOS CM-30","Minas Gerais",2.8193514811925677]
["2018-06-01","ASFALTOS DILUÍDOS CM-30","Pará","-"]
["2018-06-01","ASFALTOS DILUÍDOS CM-30","Paraíba","-"]
["2018-06-01","ASFALTOS DILUÍDOS CM-30","Paraná",2.9999996830949947]
["2018-06-01","ASFALTOS DILUÍDOS CM-30","Pernambuco","-"]
["2018-06-01","ASFALTOS DILUÍDOS CM-30","Piauí","-"]
["2018-06-01","ASFALTOS DILUÍDOS CM-30","Rio de Janeiro","-"]
["2018-06-01","ASFALTOS DILUÍDOS CM-30","Rio Grande do Norte","-"]
["2018-06-01","ASFALTOS DILUÍDOS CM-30","Rio Grande do Sul",2.8766923463356977]
["2018-06-01","ASFALTOS DILUÍDOS CM-30","Rondônia","-"]
["2018-06-01","ASFALTOS DILUÍDOS CM-30","Roraima","-"]
["2018-06-01","ASFALTOS DILUÍDOS CM-30","Santa Catarina","-"]
["2018-06-01","ASFALTOS DILUÍDOS CM-30","São Paulo",2.8970185401166977]
["2018-06-01","ASFALTOS DILUÍDOS CM-30","Sergipe","-"]
["2018-06-01","ASFALTOS DILUÍDOS CM-30","Tocantins","-"]
["2018-07-01","ASFALTOS DILUÍDOS CM-30","Acre","-"]
["2018-07-01","ASFALTOS DILUÍDOS CM-30","Alagoas","-"]
["2018-07-01","ASFALTOS DILUÍDOS CM-30","Amapá","-"]
["2018-07-01","ASFALTOS DILUÍDOS CM-30","Amazonas",3.2498407212934874]
["2018-07-01","ASFALTOS DILUÍDOS CM-30","Bahia","-"]
["2018-07-01","ASFALTOS DILUÍDOS CM-30","Ceará",3.0054814489721133]
["2018-07-01","ASFALTOS DILUÍDOS CM-30","Distrito Federal","-"]
["2018-07-01","ASFALTOS DILUÍDOS CM-30","Espírito Santo","-"]
["2018-07-01","ASFALTOS DILUÍDOS CM-30","Goiás",3.115987180273057]
["2018-07-01","ASFALTOS DILUÍDOS CM-30","Maranhão","-"]
["2018-07-01","ASFALTOS DILUÍDOS CM-30","Mato Grosso",3.7325159531332806]
["2018-07-01","ASFALTOS DILUÍDOS CM-30","Mato Grosso do Sul","-"]
["2018-07-01","ASFALTOS DILUÍDOS CM-30","Minas Gerais",3.012014723009933]
["2018-07-01","ASFALTOS DILUÍDOS CM-30","Pará","-"]
["2018-07-01","ASFALTOS DILUÍDOS CM-30","Paraíba","-"]
["2018-07-01","ASFALTOS DILUÍDOS CM-30","Paraná",3.2795499850299406]
["2018-07-01","ASFALTOS DILUÍDOS CM-30","Pernambuco","-"]
["2018-07-01","ASFALTOS DILUÍDOS CM-30","Piauí","-"]
["2018-07-01","ASFALTOS DILUÍDOS CM-30","Rio de Janeiro","-"]
["2018-07-01","ASFALTOS DILUÍDOS CM-30","Rio Grande do Norte","-"]
["2018-07-01","ASFALTOS DILUÍDOS CM-30","Rio Grande do Sul",2.9644315188544867]
["2018-07-01","ASFALTOS DILUÍDOS CM-30","Rondônia","-"]
["2018-07-01","ASFALTOS DILUÍDOS CM-30","Roraima","-"]
["2018-07-01","ASFALTOS DILUÍDOS CM-30","Santa Catarina","-"]
["2018-07-01","ASFALTOS DILUÍDOS CM-30","São Paulo",3.112294930119142]
["2018-07-01","ASFALTOS DILUÍDOS CM-30","Sergipe","-"]
["2018-07-01","ASFALTOS DILUÍDOS CM-30","Tocantins","-"]
["2018-08-01","ASFALTOS DILUÍDOS CM-30","Acre","-"]
["2018-08-01","ASFALTOS DILUÍDOS CM-30","Alagoas","-"]
["2018-08-01","ASFALTOS DILUÍDOS CM-30","Amapá","-"]
["2018-08-01","ASFALTOS DILUÍDOS CM-30","Amazonas",3.4297362657296939]
["2018-08-01","ASFALTOS DILUÍDOS CM-30","Bahia",5.2119298517501713]
["2018-08-01","ASFALTOS DILUÍDOS CM-30","Ceará",3.3082803267785774]
["2018-08-01","ASFALTOS DILUÍDOS CM-30","Distrito Federal","-"]
["2018-08-01","ASFALTOS DILUÍDOS CM-30","Espírito Santo","-"]
["2018-08-01","ASFALTOS DILUÍDOS CM-30","Goiás",3.5604512797943237]
["2018-08-01","ASFALTOS DILUÍDOS CM-30","Maranhão","-"]
["2018-08-01","ASFALTOS DILUÍDOS CM-30","Mato Grosso",3.8920958187750792]
["2018-08-01","ASFALTOS DILUÍDOS CM-30","Mato Grosso do Sul","-"]
["2018-08-01","ASFALTOS DILUÍDOS CM-30","Minas Gerais",3.4957452123385426]
["2018-08-01","ASFALTOS DILUÍDOS CM-30","Pará","-"]
["2018-08-01","ASFALTOS DILUÍDOS CM-30","Paraíba","-"]
["2018-08-01","ASFALTOS DILUÍDOS CM-30","Paraná",3.3526853406497201]
["2018-08-01","ASFALTOS DILUÍDOS CM-30","Pernambuco","-"]
["2018-08-01","ASFALTOS DILUÍDOS CM-30","Piauí","-"]
["2018-08-01","ASFALTOS DILUÍDOS CM-30","Rio de Janeiro","-"]
["2018-08-01","ASFALTOS DILUÍDOS CM-30","Rio Grande do Norte","-"]
["2018-08-01","ASFALTOS DILUÍDOS CM-30","Rio Grande do Sul",3.3613976442899554]
["2018-08-01","ASFALTOS DILUÍDOS CM-30","Rondônia","-"]
["2018-08-01","ASFALTOS DILUÍDOS CM-30","Roraima","-"]
["2018-08-01","ASFALTOS DILUÍDOS CM-30","Santa Catarina","-"]
["2018-08-01","ASFALTOS DILUÍDOS CM-30","São Paulo",3.3334899424424513]
["2018-08-01","ASFALTOS DILUÍDOS CM-30","Sergipe","-"]
["2018-08-01","ASFALTOS DILUÍDOS CM-30","Tocantins","-"]
["2018-09-01","ASFALTOS DILUÍDOS CM-30","Acre","-"]
["2018-09-01","ASFALTOS DILUÍDOS CM-30","Alagoas","-"]
["2018-09-01","ASFALTOS DILUÍDOS CM-30","Amapá","-"]
["2018-09-01","ASFALTOS DILUÍDOS CM-30","Amazonas","-"]
["2018-09-01","ASFALTOS DILUÍDOS CM-30","Bahia",4.7018911439574138]
["2018-09-01","ASFALTOS DILUÍDOS CM-30","Ceará",3.3527405183330341]
["2018-09-01","ASFALTOS DILUÍDOS CM-30","Distrito Federal","-"]
["2018-09-01","ASFALTOS DILUÍDOS CM-30","Espírito Santo","-"]
["2018-09-01","ASFALTOS DILUÍDOS CM-30","Goiás","-"]
["2018-09-01","ASFALTOS DILUÍDOS CM-30","Maranhão","-"]
["2018-09-01","ASFALTOS DILUÍDOS CM-30","Mato Grosso",3.958684192041694]
["2018-09-01","ASFALTOS DILUÍDOS CM-30","Mato Grosso do Sul","-"]
["2018-09-01","ASFALTOS DILUÍDOS CM-30","Minas Gerais",3.3366588100114543]
["2018-09-01","ASFALTOS DILUÍDOS CM-30","Pará",2.9665387918733632]
["2018-09-01","ASFALTOS DILUÍDOS CM-30","Paraíba","-"]
["2018-09-01","ASFALTOS DILUÍDOS CM-30","Paraná",3.701188612682242]
["2018-09-01","ASFALTOS DILUÍDOS CM-30","Pernambuco","-"]
["2018-09-01","ASFALTOS DILUÍDOS CM-30","Piauí","-"]
["2018-09-01","ASFALTOS DILUÍDOS CM-30","Rio de Janeiro","-"]
["2018-09-01","ASFALTOS DILUÍDOS CM-30","Rio Grande do Norte","-"]
["2018-09-01","ASFALTOS DILUÍDOS CM-30","Rio Grande do Sul",3.4224156424271772]
["2018-09-01","ASFALTOS DILUÍDOS CM-30","Rondônia","-"]
["2018-09-01","ASFALTOS DILUÍDOS CM-30","Roraima","-"]
["2018-09-01","ASFALTOS DILUÍDOS CM-30","Santa Catarina","-"]
["2018-09-01","ASFALTOS DILUÍDOS CM-30","São Paulo",3.4525863891043875]
["2018-09-01","ASFALTOS DILUÍDOS CM-30","Sergipe","-"]
["2018-09-01","ASFALTOS DILUÍDOS CM-30","Tocantins","-"]
["2018-10-01","ASFALTOS DILUÍDOS CM-30","Acre","-"]
["2018-10-01","ASFALTOS DILUÍDOS CM-30","Alagoas","-"]
["2018-10-01","ASFALTOS DILUÍDOS CM-30","Amapá","-"]
["2018-10-01","ASFALTOS DILUÍDOS CM-30","Amazonas","-"]
["2018-10-01","ASFALTOS DILUÍDOS CM-30","Bahia",3.6442821123509042]
["2018-10-01","ASFALTOS DILUÍDOS CM-30","Ceará",3.4328021437376575]
["2018-10-01","ASFALTOS DILUÍDOS CM-30","Distrito Federal","-"]
["2018-10-01","ASFALTOS DILUÍDOS CM-30","Espírito Santo","-"]
["2018-10-01","ASFALTOS DILUÍDOS CM-30","Goiás","-"]
["2018-10-01","ASFALTOS DILUÍDOS CM-30","Maranhão","-"]
["2018-10-01","ASFALTOS DILUÍDOS CM-30","Mato Grosso",3.9925874569193076]
["2018-10-01","ASFALTOS DILUÍDOS CM-30","Mato Grosso do Sul","-"]
["2018-10-01","ASFALTOS DILUÍDOS CM-30","Minas Gerais",3.500456168648173]
["2018-10-01","ASFALTOS DILUÍDOS CM-30","Pará","-"]
["2018-10-01","ASFALTOS DILUÍDOS CM-30","Paraíba","-"]
["2018-10-01","ASFALTOS DILUÍDOS CM-30","Paraná",3.7650016169150518]
["2018-10-01","ASFALTOS DILUÍDOS CM-30","Pernambuco","-"]
["2018-10-01","ASFALTOS DILUÍDOS CM-30","Piauí","-"]
["2018-10-01","ASFALTOS DILUÍDOS CM-30","Rio de Janeiro","-"]
["2018-10-01","ASFALTOS DILUÍDOS CM-30","Rio Grande do Norte","-"]
["2018-10-01","ASFALTOS DILUÍDOS CM-30","Rio Grande do Sul",3.3743601784009032]
["2018-10-01","ASFALTOS DILUÍDOS CM-30","Rondônia","-"]
["2018-10-01","ASFALTOS DILUÍDOS CM-30","Roraima","-"]
["2018-10-01","ASFALTOS DILUÍDOS CM-30","Santa Catarina","-"]
["2018-10-01","ASFALTOS DILUÍDOS CM-30","São Paulo",3.3592440562824275]
["2018-10-01","ASFALTOS DILUÍDOS CM-30","Sergipe","-"]
["2018-10-01","ASFALTOS DILUÍDOS CM-30","Tocantins","-"]
["2018-11-01","ASFALTOS DILUÍDOS CM-30","Acre","-"]
["2018-11-01","ASFALTOS DILUÍDOS CM-30","Alagoas","-"]
["2018-11-01","ASFALTOS DILUÍDOS CM-30","Amapá","-"]
["2018-11-01","ASFALTOS DILUÍDOS CM-30","Amazonas","-"]
["2018-11-01","ASFALTOS DILUÍDOS CM-30","Bahia","-"]
["2018-11-01","ASFALTOS DILUÍDOS CM-30","Ceará",3.785586218989748]
["2018-11-01","ASFALTOS DILUÍDOS CM-30","Distrito Federal","-"]
["2018-11-01","ASFALTOS DILUÍDOS CM-30","Espírito Santo","-"]
["2018-11-01","ASFALTOS DILUÍDOS CM-30","Goiás","-"]
["2018-11-01","ASFALTOS DILUÍDOS CM-30","Maranhão","-"]
["2018-11-01","ASFALTOS DILUÍDOS CM-30","Mato Grosso",4.4419016627822279]
["2018-11-01","ASFALTOS DILUÍDOS CM-30","Mato Grosso do Sul","-"]
["2018-11-01","ASFALTOS DILUÍDOS CM-30","Minas Gerais",4.4644363107069855]
["2018-11-01","ASFALTOS DILUÍDOS CM-30","Pará","-"]
["2018-11-01","ASFALTOS DILUÍDOS CM-30","Paraíba","-"]
["2018-11-01","ASFALTOS DILUÍDOS CM-30","Paraná",4.1721586269154907]
["2018-11-01","ASFALTOS DILUÍDOS CM-30","Pernambuco","-"]
["2018-11-01","ASFALTOS DILUÍDOS CM-30","Piauí","-"]
["2018-11-01","ASFALTOS DILUÍDOS CM-30","Rio de Janeiro","-"]
["2018-11-01","ASFALTOS DILUÍDOS CM-30","Rio Grande do Norte","-"]
["2018-11-01","ASFALTOS DILUÍDOS CM-30","Rio Grande do Sul",3.680466132698728]
["2018-11-01","ASFALTOS DILUÍDOS CM-30","Rondônia","-"]
["2018-11-01","ASFALTOS DILUÍDOS CM-30","Roraima","-"]
["2018-11-01","ASFALTOS DILUÍDOS CM-30","Santa Catarina","-"]
["2018-11-01","ASFALTOS DILUÍDOS CM-30","São Paulo",3.9215744747245598]
["2018-11-01","ASFALTOS DILUÍDOS CM-30","Sergipe","-"]
["2018-11-01","ASFALTOS DILUÍDOS CM-30","Tocantins","-"]
["2018-12-01","ASFALTOS DILUÍDOS CM-30","Acre","-"]
["2018-12-01","ASFALTOS DILUÍDOS CM-30","Alagoas","-"]
["2018-12-01","ASFALTOS DILUÍDOS CM-30","Amapá","-"]
["2018-12-01","ASFALTOS DILUÍDOS CM-30","Amazonas","-"]
["2018-12-01","ASFALTOS DILUÍDOS CM-30","Bahia","-"]
["2018-12-01","ASFALTOS DILUÍDOS CM-30","Ceará",3.8755857630086408]
["2018-12-01","ASFALTOS DILUÍDOS CM-30","Distrito Federal","-"]
["2018-12-01","ASFALTOS DILUÍDOS CM-30","Espírito Santo","-"]
["2018-12-01","ASFALTOS DILUÍDOS CM-30","Goiás","-"]
["2018-12-01","ASFALTOS DILUÍDOS CM-30","Maranhão","-"]
["2018-12-01","ASFALTOS DILUÍDOS CM-30","Mato Grosso",4.6329895471646472]
["2018-12-01","ASFALTOS DILUÍDOS CM-30","Mato Grosso do Sul","-"]
["2018-12-01","ASFALTOS DILUÍDOS CM-30","Minas Gerais",3.8118114359421065]
["2018-12-01","ASFALTOS DILUÍDOS CM-30","Pará","-"]
["2018-12-01","ASFALTOS DILUÍDOS CM-30","Paraíba","-"]
["2018-12-01","ASFALTOS DILUÍDOS CM-30","Paraná",4.016919099795988]
["2018-12-01","ASFALTOS DILUÍDOS CM-30","Pernambuco","-"]
["2018-12-01","ASFALTOS DILUÍDOS CM-30","Piauí","-"]
["2018-12-01","ASFALTOS DILUÍDOS CM-30","Rio de Janeiro","-"]
["2018-12-01","ASFALTOS DILUÍDOS CM-30","Rio Grande do Norte","-"]
["2018-12-01","ASFALTOS DILUÍDOS CM-30","Rio Grande do Sul",3.8229929656067489]
["2018-12-01","ASFALTOS DILUÍDOS CM-30","Rondônia","-"]
["2018-12-01","ASFALTOS DILUÍDOS CM-30","Roraima","-"]
["2018-12-01","ASFALTOS DILUÍDOS CM-30","Santa Catarina","-"]
["2018-12-01","ASFALTOS DILUÍDOS CM-30","São Paulo",4.0561653274987419]
["2018-12-01","ASFALTOS DILUÍDOS CM-30","Sergipe","-"]
["2018-12-01","ASFALTOS DILUÍDOS CM-30","Tocantins","-"]
["2019-01-01","ASFALTOS DILUÍDOS CM-30","Acre","-"]
["2019-01-01","ASFALTOS DILUÍDOS CM-30","Alagoas","-"]
["2019-01-01","ASFALTOS DILUÍDOS CM-30","Amapá","-"]
["2019-01-01","ASFALTOS DILUÍDOS CM-30","Amazonas","-"]
["2019-01-01","ASFALTOS DILUÍDOS CM-30","Bahia","-"]
["2019-01-01","ASFALTOS DILUÍDOS CM-30","Ceará",3.8049328982055437]
["2019-01-01","ASFALTOS DILUÍDOS CM-30","Distrito Federal","-"]
["2019-01-01","ASFALTOS DILUÍDOS CM-30","Espírito Santo","-"]
["2019-01-01","ASFALTOS DILUÍDOS CM-30","Goiás","-"]
["2019-01-01","ASFALTOS DILUÍDOS CM-30","Maranhão","-"]
["2019-01-01","ASFALTOS DILUÍDOS CM-30","Mato Grosso","-"]
["2019-01-01","ASFALTOS DILUÍDOS CM-30","Mato Grosso do Sul","-"]
["2019-01-01","ASFALTOS DILUÍDOS CM-30","Minas Gerais",3.9111667577286124]
["2019-01-01","ASFALTOS DILUÍDOS CM-30","Pará","-"]
["2019-01-01","ASFALTOS DILUÍDOS CM-30","Paraíba","-"]
["2019-01-01","ASFALTOS DILUÍDOS CM-30","Paraná",4.3746054506287839]
["2019-01-01","ASFALTOS DILUÍDOS CM-30","Pernambuco","-"]
["2019-01-01","ASFALTOS DILUÍDOS CM-30","Piauí","-"]
["2019-01-01","ASFALTOS DILUÍDOS CM-30","Rio de Janeiro","-"]
["2019-01-01","ASFALTOS DILUÍDOS CM-30","Rio Grande do Norte","-"]
["2019-01-01","ASFALTOS DILUÍDOS CM-30","Rio Grande do Sul",3.8213292687809988]
["2019-01-01","ASFALTOS DILUÍDOS CM-30","Rondônia","-"]
["2019-01-01","ASFALTOS DILUÍDOS CM-30","Roraima","-"]
["2019-01-01","ASFALTOS DILUÍDOS CM-30","Santa Catarina","-"]
["2019-01-01","ASFALTOS DILUÍDOS CM-30","São Paulo",4.0145503757959125]
["2019-01-01","ASFALTOS DILUÍDOS CM-30","Sergipe","-"]
["2019-01-01","ASFALTOS DILUÍDOS CM-30","Tocantins","-"]
["2019-02-01","ASFALTOS DILUÍDOS CM-30","Acre","-"]
["2019-02-01","ASFALTOS DILUÍDOS CM-30","Alagoas","-"]
["2019-02-01","ASFALTOS DILUÍDOS CM-30","Amapá","-"]
["2019-02-01","ASFALTOS DILUÍDOS CM-30","Amazonas","-"]
["2019-02-01","ASFALTOS DILUÍDOS CM-30","Bahia","-"]
["2019-02-01","ASFALTOS DILUÍDOS CM-30","Ceará",4.0057287469787459]
["2019-02-01","ASFALTOS DILUÍDOS CM-30","Distrito Federal","-"]
["2019-02-01","ASFALTOS DILUÍDOS CM-30","Espírito Santo","-"]
["2019-02-01","ASFALTOS DILUÍDOS CM-30","Goiás","-"]
["2019-02-01","ASFALTOS DILUÍDOS CM-30","Maranhão","-"]
["2019-02-01","ASFALTOS DILUÍDOS CM-30","Mato Grosso","-"]
["2019-02-01","ASFALTOS DILUÍDOS CM-30","Mato Grosso do Sul","-"]
["2019-02-01","ASFALTOS DILUÍDOS CM-30","Minas Gerais",4.61189041500994]
["2019-02-01","ASFALTOS DILUÍDOS CM-30","Pará","-"]
["2019-02-01","ASFALTOS DILUÍDOS CM-30","Paraíba","-"]
["2019-02-01","ASFALTOS DILUÍDOS CM-30","Paraná",4.4203608777625165]
["2019-02-01","ASFALTOS DILUÍDOS CM-30","Pernambuco","-"]
["2019-02-01","ASFALTOS DILUÍDOS CM-30","Piauí","-"]
["2019-02-01","ASFALTOS DILUÍDOS CM-30","Rio de Janeiro","-"]
["2019-02-01","ASFALTOS DILUÍDOS CM-30","Rio Grande do Norte","-"]
["2019-02-01","ASFALTOS DILUÍDOS CM-30","Rio Grande do Sul",4.1843438560846566]
["2019-03-01","ASFALTOS DILUÍDOS CM-30","Amazonas","-"]
["2019-05-01","ASFALTOS DILUÍDOS CM-30","Bahia","-"]
["2019-07-01","ASFALTOS DILUÍDOS CM-30","Tocantins","-"]
["2019-08-01","ASFALTOS DILUÍDOS CM-30","Rio Grande do Norte","-"]
["2019-11-01","ASFALTOS DILUÍDOS CM-30","Alagoas","-"]
["2019-12-01","ASFALTOS DILUÍDOS CM-30","Piauí","-"]
["2020-02-01","ASFALTOS DILUÍDOS CM-30","Amazonas","-"]
["2020-04-01","ASFALTOS DILUÍDOS CM-30","Ceará",3.7141513663692782]
["2020-06-01","ASFALTOS DILUÍDOS CM-30","Rio Grande do Norte","-"]
["2020-08-01","ASFALTOS DILUÍDOS CM-30","Distrito Federal","-"]
["2020-08-01","ASFALTOS DILUÍDOS CM-30","Roraima","-"]
["2020-11-01","ASFALTOS DILUÍDOS CM-30","Goiás",4.1927996461681944]
["2020-12-01","ASFALTOS DILUÍDOS CM-30","Mato Grosso",4.6922215021636369]
["2021-03-01","ASFALTOS DILUÍDOS CM-30","Paraná",4.1677767979160407]
["2021-03-01","ASFALTOS DILUÍDOS CM-30","Sergipe","-"]
["2021-06-01","ASFALTOS DILUÍDOS CM-30","Piauí","-"]
["2021-09-01","ASFALTOS DILUÍDOS CM-30","Goiás",4.9479754126186899]
["2021-10-01","ASFALTOS DILUÍDOS CM-30","Mato Grosso",5.5081266723433249]
["2021-12-01","ASFALTOS DILUÍDOS CM-30","Rio Grande do Sul",4.9567186766034332]
["2022-01-01","ASFALTOS DILUÍDOS CM-30","Sergipe","-"]
["2022-03-01","ASFALTOS DILUÍDOS CM-30","Roraima","-"]
["2022-05-01","ASFALTOS DILUÍDOS CM-30","Pará","-"]
["2022-06-01","ASFALTOS DILUÍDOS CM-30","São Paulo","-"]
["2022-09-01","ASFALTOS DILUÍDOS CM-30","Mato Grosso do Sul","-"]
["2022-09-01","ASFALTOS DILUÍDOS CM-30","Tocantins","-"]
["2022-12-01","ASFALTOS DILUÍDOS CM-30","Tocantins","-"]
["2023-02-01","ASFALTOS DILUÍDOS CM-30","Alagoas","-"]
["2023-04-01","ASFALTOS DILUÍDOS CM-30","Amapá","-"]
["2023-05-01","ASFALTOS DILUÍDOS CM-30","Pernambuco","-"]
["2023-07-01","ASFALTOS DILUÍDOS CM-30","Bahia","-"]
["2023-09-01","ASFALTOS DILUÍDOS CM-30","Bahia","-"]
["2023-11-01","ASFALTOS DILUÍDOS CM-30","Mato Grosso do Sul","-"]
["2023-12-01","ASFALTOS DILUÍDOS CM-30","Rio Grande do Norte","-"]
["2024-02-01","ASFALTOS DILUÍDOS CM-30","Pará","-"]
["2024-04-01","ASFALTOS DILUÍDOS CM-30","Piauí","-"]
["2024-07-01","ASFALTOS DILUÍDOS CM-30","Bahia","-"]
["2013-01-01","ASFALTOS DILUÍDOS CM-70","Pernambuco","-"]
["2013-03-01","ASFALTOS DILUÍDOS CM-70","Rio Grande do Norte","-"]
["2013-04-01","ASFALTOS DILUÍDOS CM-70","Rio de Janeiro","-"]
["2013-07-01","ASFALTOS DILUÍDOS CM-70","Piauí","-"]
["2013-07-01","ASFALTOS DILUÍDOS CM-70","Rio Grande do Sul","-"]
["2013-11-01","ASFALTOS DILUÍDOS CM-70","Ceará","-"]
["2013-12-01","ASFALTOS DILUÍDOS CM-70","Pernambuco","-"]
["2014-02-01","ASFALTOS DILUÍDOS CM-70","Rio Grande do Sul","-"]
["2014-03-01","ASFALTOS DILUÍDOS CM-70","Roraima","-"]
["2014-04-01","ASFALTOS DILUÍDOS CM-70","Sergipe","-"]
["2014-07-01","ASFALTOS DILUÍDOS CM-70","Mato Grosso","-"]
["2014-09-01","ASFALTOS DILUÍDOS CM-70","Ceará","-"]
["2014-10-01","ASFALTOS DILUÍDOS CM-70","Sergipe","-"]
["2014-12-01","ASFALTOS DILUÍDOS CM-70","Espírito Santo","-"]
["2015-02-01","ASFALTOS DILUÍDOS CM-70","Pará","-"]
["2015-05-01","ASFALTOS DILUÍDOS CM-70","Amazonas","-"]
["2015-06-01","ASFALTOS DILUÍDOS CM-70","Mato Grosso do Sul","-"]
["2015-07-01","ASFALTOS DILUÍDOS CM-70","Amazonas","-"]
["2015-09-01","ASFALTOS DILUÍDOS CM-70","Minas Gerais","-"]
["2015-10-01","ASFALTOS DILUÍDOS CM-70","Rio de Janeiro","-"]
["2015-12-01","ASFALTOS DILUÍDOS CM-70","Paraíba","-"]
["2016-02-01","ASFALTOS DILUÍDOS CM-70","Pernambuco","-"]
["2016-05-01","ASFALTOS DILUÍDOS CM-70","Mato Grosso","-"]
["2016-06-01","ASFALTOS DILUÍDOS CM-70","Bahia","-"]
["2016-07-01","ASFALTOS DILUÍDOS CM-70","Santa Catarina","-"]
["2016-09-01","ASFALTOS DILUÍDOS CM-70","Rio Grande do Norte","-"]
["2016-12-01","ASFALTOS DILUÍDOS CM-70","Pernambuco","-"]
["2017-02-01","ASFALTOS DILUÍDOS CM-70","Paraná","-"]
["2017-04-01","ASFALTOS DILUÍDOS CM-70","Bahia","-"]
["2017-05-01","ASFALTOS DILUÍDOS CM-70","Alagoas","-"]
["2017-07-01","ASFALTOS DILUÍDOS CM-70","Rio Grande do Norte","-"]
["2017-09-01","ASFALTOS DILUÍDOS CM-70","São Paulo","-"]
["2017-11-01","ASFALTOS DILUÍDOS CM-70","Piauí","-"]
["2017-12-01","ASFALTOS DILUÍDOS CM-70","Tocantins","-"]
["2018-03-01","ASFALTOS DILUÍDOS CM-70","Ceará","-"]
["2018-03-01","ASFALTOS DILUÍDOS CM-70","São Paulo","-"]
["2018-05-01","ASFALTOS DILUÍDOS CM-70","Goiás","-"]
["2018-07-01","ASFALTOS DILUÍDOS CM-70","Roraima","-"]
["2018-10-01","ASFALTOS DILUÍDOS CM-70","Bahia","-"]
["2018-11-01","ASFALTOS DILUÍDOS CM-70","Mato Grosso","-"]
["2019-01-01","ASFALTOS DILUÍDOS CM-70","Distrito Federal","-"]
["2019-02-01","ASFALTOS DILUÍDOS CM-70","Sergipe","-"]
["2019-05-01","ASFALTOS DILUÍDOS CM-70","Roraima","-"]
["2019-07-01","ASFALTOS DILUÍDOS CM-70","Maranhão","-"]
["2019-09-01","ASFALTOS DILUÍDOS CM-70","Mato Grosso","-"]
["2019-09-01","ASFALTOS DILUÍDOS CM-70","Roraima","-"]
["2019-12-01","ASFALTOS DILUÍDOS CM-70","Sergipe","-"]
["2020-02-01","ASFALTOS DILUÍDOS CM-70","Rio de Janeiro","-"]
["2020-04-01","ASFALTOS DILUÍDOS CM-70","Pará","-"]
["2020-05-01","ASFALTOS DILUÍDOS CM-70","Rio Grande do Sul","-"]
["2020-06-01","ASFALTOS DILUÍDOS CM-70","Pernambuco","-"]
["2020-09-01","ASFALTOS DILUÍDOS CM-70","Amazonas","-"]
["2020-10-01","ASFALTOS DILUÍDOS CM-70","Amapá","-"]
["2021-01-01","ASFALTOS DILUÍDOS CM-70","Alagoas","-"]
["2021-02-01","ASFALTOS DILUÍDOS CM-70","Sergipe","-"]
["2021-04-01","ASFALTOS DILUÍDOS CM-70","Pernambuco","-"]
["2021-06-01","ASFALTOS DILUÍDOS CM-70","Acre","-"]
["2021-08-01","ASFALTOS DILUÍDOS CM-70","Bahia","-"]
["2021-10-01","ASFALTOS DILUÍDOS CM-70","Espírito Santo","-"]
["2021-11-01","ASFALTOS DILUÍDOS CM-70","Rio Grande do Norte","-"]
["2021-12-01","ASFALTOS DILUÍDOS CM-70","Rondônia","-"]
["2022-03-01","ASFALTOS DILUÍDOS CM-70","Ceará","-"]
["2022-04-01","ASFALTOS DILUÍDOS CM-70","Maranhão","-"]
["2022-07-01","ASFALTOS DILUÍDOS CM-70","Minas Gerais","-"]
["2022-07-01","ASFALTOS DILUÍDOS CM-70","São Paulo","-"]
["2022-10-01","ASFALTOS DILUÍDOS CM-70","Paraíba","-"]
["2022-11-01","ASFALTOS DILUÍDOS CM-70","Roraima","-"]
["2023-01-01","ASFALTOS DILUÍDOS CM-70","Pernambuco","-"]
["2023-03-01","ASFALTOS DILUÍDOS CM-70","Mato Grosso","-"]
["2023-05-01","ASFALTOS DILUÍDOS CM-70","São Paulo","-"]
["2023-07-01","ASFALTOS DILUÍDOS CM-70","Rio Grande do Norte","-"]
["2023-09-01","ASFALTOS DILUÍDOS CM-70","Roraima","-"]
["2023-10-01","ASFALTOS DILUÍDOS CM-70","Rondônia","-"]
["2024-01-01","ASFALTOS DILUÍDOS CM-70","Mato Grosso","-"]
["2024-01-01","ASFALTOS DILUÍDOS CM-70","Santa Catarina","-"]
["2024-04-01","ASFALTOS DILUÍDOS CM-70","Sergipe","-"]
["2024-06-01","ASFALTOS DILUÍDOS CM-70","Amazonas","-"]
["2013-01-01","ASFALTOS DILUÍDOS CR-250","Pará","-"]
["2013-02-01","ASFALTOS DILUÍDOS CR-250","Paraná","-"]
["2013-05-01","ASFALTOS DILUÍDOS CR-250","Distrito Federal","-"]
["2013-06-01","ASFALTOS DILUÍDOS CR-250","Amazonas","-"]
["2013-08-01","ASFALTOS DILUÍDOS CR-250","Goiás","-"]
["2013-09-01","ASFALTOS DILUÍDOS CR-250","Rio de Janeiro","-"]
["2013-11-01","ASFALTOS DILUÍDOS CR-250","Mato Grosso","-"]
["2014-01-01","ASFALTOS DILUÍDOS CR-250","Pernambuco","-"]
["2014-02-01","ASFALTOS DILUÍDOS CR-250","Minas Gerais","-"]
["2014-05-01","ASFALTOS DILUÍDOS CR-250","Bahia","-"]
["2014-06-01","ASFALTOS DILUÍDOS CR-250","Distrito Federal","-"]
["2014-08-01","ASFALTOS DILUÍDOS CR-250","Paraná","-"]
["2014-09-01","ASFALTOS DILUÍDOS CR-250","Rondônia","-"]
["2014-11-01","ASFALTOS DILUÍDOS CR-250","Piauí","-"]
["2015-01-01","ASFALTOS DILUÍDOS CR-250","Maranhão","-"]
["2015-03-01","ASFALTOS DILUÍDOS CR-250","São Paulo","-"]
["2015-04-01","ASFALTOS DILUÍDOS CR-250","São Paulo","-"]
["2015-06-01","ASFALTOS DILUÍDOS CR-250","Tocantins","-"]
["2015-08-01","ASFALTOS DILUÍDOS CR-250","Minas Gerais","-"]
["2015-11-01","ASFALTOS DILUÍDOS CR-250","Maranhão","-"]
["2016-01-01","ASFALTOS DILUÍDOS CR-250","Amapá","-"]
["2016-02-01","ASFALTOS DILUÍDOS CR-250","São Paulo","-"]
["2016-04-01","ASFALTOS DILUÍDOS CR-250","Bahia","-"]
["2016-06-01","ASFALTOS DILUÍDOS CR-250","Roraima","-"]
["2016-07-01","ASFALTOS DILUÍDOS CR-250","Distrito Federal","-"]
["2016-10-01","ASFALTOS DILUÍDOS CR-250","Mato Grosso","-"]
["2016-12-01","ASFALTOS DILUÍDOS CR-250","Amapá","-"]
["2017-01-01","ASFALTOS DILUÍDOS CR-250","Sergipe","-"]
["2017-03-01","ASFALTOS DILUÍDOS CR-250","Acre","-"]
["2017-04-01","ASFALTOS DILUÍDOS CR-250","Mato Grosso do Sul","-"]
["2017-06-01","ASFALTOS DILUÍDOS CR-250","Paraná","-"]
["2017-09-01","ASFALTOS DILUÍDOS CR-250","Espírito Santo","-"]
["2017-10-01","ASFALTOS DILUÍDOS CR-250","Amazonas","-"]
["2017-11-01","ASFALTOS DILUÍDOS CR-250","Rio Grande do Sul","-"]
["2018-01-01","ASFALTOS DILUÍDOS CR-250","Rio de Janeiro","-"]
["2018-04-01","ASFALTOS DILUÍDOS CR-250","Pernambuco","-"]
["2018-05-01","ASFALTOS DILUÍDOS CR-250","Pernambuco","-"]
["2018-08-01","ASFALTOS DILUÍDOS CR-250","Amazonas","-"]
["2018-08-01","ASFALTOS DILUÍDOS CR-250","Sergipe","-"]
["2018-11-01","ASFALTOS DILUÍDOS CR-250","Rio de Janeiro","-"]
["2018-12-01","ASFALTOS DILUÍDOS CR-250","Acre","-"]
["2019-01-01","ASFALTOS DILUÍDOS CR-250","Rondônia","-"]
["2019-04-01","ASFALTOS DILUÍDOS CR-250","Santa Catarina","-"]
["2019-05-01","ASFALTOS DILUÍDOS CR-250","Maranhão","-"]
["2019-08-01","ASFALTOS DILUÍDOS CR-250","Distrito Federal","-"]
["2019-09-01","ASFALTOS DILUÍDOS CR-250","Ceará","-"]
["2019-11-01","ASFALTOS DILUÍDOS CR-250","Rondônia","-"]
["2020-02-01","ASFALTOS DILUÍDOS CR-250","Alagoas","-"]
["2020-03-01","ASFALTOS DILUÍDOS CR-250","Maranhão","-"]
["2020-04-01","ASFALTOS DILUÍDOS CR-250","Paraíba","-"]
["2020-06-01","ASFALTOS DILUÍDOS CR-250","São Paulo","-"]
["2020-09-01","ASFALTOS DILUÍDOS CR-250","Mato Grosso","-"]
["2020-10-01","ASFALTOS DILUÍDOS CR-250","Minas Gerais","-"]
["2020-11-01","ASFALTOS DILUÍDOS CR-250","Paraíba","-"]
["2021-01-01","ASFALTOS DILUÍDOS CR-250","Rio Grande do Norte","-"]
["2021-03-01","ASFALTOS DILUÍDOS CR-250","Amapá","-"]
["2021-04-01","ASFALTOS DILUÍDOS CR-250","Rondônia","-"]
["2021-07-01","ASFALTOS DILUÍDOS CR-250","Acre","-"]
["2021-09-01","ASFALTOS DILUÍDOS CR-250","Piauí","-"]
["2021-10-01","ASFALTOS DILUÍDOS CR-250","Paraná","-"]
["2021-12-01","ASFALTOS DILUÍDOS CR-250","Rio Grande do Norte","-"]
["2022-02-01","ASFALTOS DILUÍDOS CR-250","Amazonas","-"]
["2022-05-01","ASFALTOS DILUÍDOS CR-250","Acre","-"]
["2022-06-01","ASFALTOS DILUÍDOS CR-250","Roraima","-"]
["2022-08-01","ASFALTOS DILUÍDOS CR-250","Paraná","-"]
["2022-09-01","ASFALTOS DILUÍDOS CR-250","Goiás","-"]
["2022-12-01","ASFALTOS DILUÍDOS CR-250","Amazonas","-"]
["2023-02-01","ASFALTOS DILUÍDOS CR-250","Bahia","-"]
["2023-03-01","ASFALTOS DILUÍDOS CR-250","Rio de Janeiro","-"]
["2023-05-01","ASFALTOS DILUÍDOS CR-250","Distrito Federal","-"]
["2023-07-01","ASFALTOS DILUÍDOS CR-250","Pernambuco","-"]
["2023-08-01","ASFALTOS DILUÍDOS CR-250","Goiás","-"]
["2023-09-01","ASFALTOS DILUÍDOS CR-250","Paraná","-"]
["2023-11-01","ASFALTOS DILUÍDOS CR-250","Santa Catarina","-"]
["2024-02-01","ASFALTOS DILUÍDOS CR-250","Mato Grosso do Sul","-"]
["2024-03-01","ASFALTOS DILUÍDOS CR-250","Rondônia","-"]
["2024-05-01","ASFALTOS DILUÍDOS CR-250","Pará","-"]
["2024-07-01","ASFALTOS DILUÍDOS CR-250","Maranhão","-"]
["2013-02-01","ASFALTOS DILUÍDOS CR-70","Rio Grande do Sul","-"]
["2013-03-01","ASFALTOS DILUÍDOS CR-70","São Paulo","-"]
["2013-04-01","ASFALTOS DILUÍDOS CR-70","Tocantins","-"]
["2013-07-01","ASFALTOS DILUÍDOS CR-70","Rio de Janeiro","-"]
["2013-08-01","ASFALTOS DILUÍDOS CR-70","Paraíba","-"]
["2013-11-01","ASFALTOS DILUÍDOS CR-70","Sergipe","-"]
["2013-12-01","ASFALTOS DILUÍDOS CR-70","Amapá","-"]
["2014-03-01","ASFALTOS DILUÍDOS CR-70","Acre","-"]
["2014-03-01","ASFALTOS DILUÍDOS CR-70","Piauí","-"]
["2014-06-01","ASFALTOS DILUÍDOS CR-70","Amapá","-"]
["2014-07-01","ASFALTOS DILUÍDOS CR-70","Paraná","-"]
["2014-10-01","ASFALTOS DILUÍDOS CR-70","Amapá","-"]
["2014-12-01","ASFALTOS DILUÍDOS CR-70","Ceará","-"]
["2015-02-01","ASFALTOS DILUÍDOS CR-70","Acre","-"]
["2015-03-01","ASFALTOS DILUÍDOS CR-70","Espírito Santo","-"]
["2015-05-01","ASFALTOS DILUÍDOS CR-70","Paraná","-"]
["2015-06-01","ASFALTOS DILUÍDOS CR-70","Maranhão","-"]
["2015-09-01","ASFALTOS DILUÍDOS CR-70","Amazonas","-"]
["2015-10-01","ASFALTOS DILUÍDOS CR-70","Pernambuco","-"]
["2015-12-01","ASFALTOS DILUÍDOS CR-70","Rio de Janeiro","-"]
["2016-01-01","ASFALTOS DILUÍDOS CR-70","Rio Grande do Sul","-"]
["2016-04-01","ASFALTOS DILUÍDOS CR-70","Rio Grande do Norte","-"]
["2016-05-01","ASFALTOS DILUÍDOS CR-70","Goiás","-"]
["2016-07-01","ASFALTOS DILUÍDOS CR-70","Rondônia","-"]
["2016-08-01","ASFALTOS DILUÍDOS CR-70","Santa Catarina","-"]
["2016-10-01","ASFALTOS DILUÍDOS CR-70","Santa Catarina","-"]
["2016-12-01","ASFALTOS DILUÍDOS CR-70","Rondônia","-"]
["2017-01-01","ASFALTOS DILUÍDOS CR-70","Sergipe","-"]
["2017-04-01","ASFALTOS DILUÍDOS CR-70","Maranhão","-"]
["2017-06-01","ASFALTOS DILUÍDOS CR-70","Santa Catarina","-"]
["2017-08-01","ASFALTOS DILUÍDOS CR-70","Alagoas","-"]
["2017-10-01","ASFALTOS DILUÍDOS CR-70","Rondônia","-"]
["2017-11-01","ASFALTOS DILUÍDOS CR-70","Amazonas","-"]
["2018-02-01","ASFALTOS DILUÍDOS CR-70","Maranhão","-"]
["2018-03-01","ASFALTOS DILUÍDOS CR-70","Mato Grosso","-"]
["2018-05-01","ASFALTOS DILUÍDOS CR-70","São Paulo","-"]
["2018-06-01","ASFALTOS DILUÍDOS CR-70","Minas Gerais","-"]
["2018-09-01","ASFALTOS DILUÍDOS CR-70","Minas Gerais","-"]
["2018-10-01","ASFALTOS DILUÍDOS CR-70","Paraíba","-"]
["2018-12-01","ASFALTOS DILUÍDOS CR-70","Paraná","-"]
["2019-02-01","ASFALTOS DILUÍDOS CR-70","Amapá","-"]
["2019-03-01","ASFALTOS DILUÍDOS CR-70","Piauí","-"]
["2019-06-01","ASFALTOS DILUÍDOS CR-70","Acre","-"]
["2019-06-01","ASFALTOS DILUÍDOS CR-70","Rio Grande do Norte","-"]
["2019-09-01","ASFALTOS DILUÍDOS CR-70","Paraná","-"]
["2019-10-01","ASFALTOS DILUÍDOS CR-70","Espírito Santo","-"]
["2019-12-01","ASFALTOS DILUÍDOS CR-70","Roraima","-"]
["2020-02-01","ASFALTOS DILUÍDOS CR-70","Ceará","-"]
["2020-03-01","ASFALTOS DILUÍDOS CR-70","São Paulo","-"]
["2020-05-01","ASFALTOS DILUÍDOS CR-70","Rio Grande do Sul","-"]
["2020-08-01","ASFALTOS DILUÍDOS CR-70","Rio Grande do Sul","-"]
["2020-09-01","ASFALTOS DILUÍDOS CR-70","Goiás","-"]
["2020-11-01","ASFALTOS DILUÍDOS CR-70","Distrito Federal","-"]
["2020-12-01","ASFALTOS DILUÍDOS CR-70","Santa Catarina","-"]
["2021-03-01","ASFALTOS DILUÍDOS CR-70","Rio Grande do Sul","-"]
["2021-05-01","ASFALTOS DILUÍDOS CR-70","Maranhão","-"]
["2021-07-01","ASFALTOS DILUÍDOS CR-70","Goiás","-"]
["2021-08-01","ASFALTOS DILUÍDOS CR-70","Mato Grosso do Sul","-"]
["2021-10-01","ASFALTOS DILUÍDOS CR-70","Santa Catarina","-"]
["2021-11-01","ASFALTOS DILUÍDOS CR-70","Pará","-"]
["2022-02-01","ASFALTOS DILUÍDOS CR-70","Rondônia","-"]
["2022-04-01","ASFALTOS DILUÍDOS CR-70","Maranhão","-"]
["2022-06-01","ASFALTOS DILUÍDOS CR-70","Maranhão","-"]
["2022-07-01","ASFALTOS DILUÍDOS CR-70","Alagoas","-"]
["2022-08-01","ASFALTOS DILUÍDOS CR-70","Rio de Janeiro","-"]
["2022-10-01","ASFALTOS DILUÍDOS CR-70","Tocantins","-"]
["2023-01-01","ASFALTOS DILUÍDOS CR-70","Paraíba","-"]
["2023-02-01","ASFALTOS DILUÍDOS CR-70","Paraíba","-"]
["2023-04-01","ASFALTOS DILUÍDOS CR-70","Acre","-"]
["2023-06-01","ASFALTOS DILUÍDOS CR-70","Amapá","-"]
["2023-08-01","ASFALTOS DILUÍDOS CR-70","Santa Catarina","-"]
["2023-09-01","ASFALTOS DILUÍDOS CR-70","Piauí","-"]
["2023-12-01","ASFALTOS DILUÍDOS CR-70","Paraíba","-"]
["2024-01-01","ASFALTOS DILUÍDOS CR-70","Ceará","-"]
["2024-04-01","ASFALTOS DILUÍDOS CR-70","Amapá","-"]
["2024-04-01","ASFALTOS DILUÍDOS CR-70","Espírito Santo","-"]
["2024-06-01","ASFALTOS DILUÍDOS CR-70","Ceará","-"]
["2013-02-01","CAP MODIFICADO POR BORRACHA DE PNEU AB22","Amazonas","-"]
["2013-02-01","CAP MODIFICADO POR BORRACHA DE PNEU AB22","Rio Grande do Sul","-"]
["2013-05-01","CAP MODIFICADO POR BORRACHA DE PNEU AB22","Ceará","-"]
["2013-06-01","CAP MODIFICADO POR BORRACHA DE PNEU AB22","Goiás","-"]
["2013-09-01","CAP MODIFICADO POR BORRACHA DE PNEU AB22","Ceará","-"]
["2013-11-01","CAP MODIFICADO POR BORRACHA DE PNEU AB22","Goiás","-"]
["2013-12-01","CAP MODIFICADO POR BORRACHA DE PNEU AB22","Rio Grande do Sul","-"]
["2014-02-01","CAP MODIFICADO POR BORRACHA DE PNEU AB22","Mato Grosso","-"]
["2014-04-01","CAP MODIFICADO POR BORRACHA DE PNEU AB22","Goiás","-"]
["2014-06-01","CAP MODIFICADO POR BORRACHA DE PNEU AB22","Piauí","-"]
["2014-07-01","CAP MODIFICADO POR BORRACHA DE PNEU AB22","Santa Catarina","-"]
["2014-09-01","CAP MODIFICADO POR BORRACHA DE PNEU AB22","Rio Grande do Norte","-"]
["2014-11-01","CAP MODIFICADO POR BORRACHA DE PNEU AB22","Rondônia","-"]
["2014-12-01","CAP MODIFICADO POR BORRACHA DE PNEU AB22","Pará","-"]
["2015-02-01","CAP MODIFICADO POR BORRACHA DE PNEU AB22","Alagoas","-"]
["2015-04-01","CAP MODIFICADO POR BORRACHA DE PNEU AB22","Alagoas","-"]
["2015-06-01","CAP MODIFICADO POR BORRACHA DE PNEU AB22","São Paulo","-"]
["2015-07-01","CAP MODIFICADO POR BORRACHA DE PNEU AB22","Tocantins","-"]
["2015-09-01","CAP MODIFICADO POR BORRACHA DE PNEU AB22","Tocantins","-"]
["2015-11-01","CAP MODIFICADO POR BORRACHA DE PNEU AB22","Paraíba","-"]
["2016-01-01","CAP MODIFICADO POR BORRACHA DE PNEU AB22","Alagoas","-"]
["2016-03-01","CAP MODIFICADO POR BORRACHA DE PNEU AB22","Amapá","-"]
["2016-05-01","CAP MODIFICADO POR BORRACHA DE PNEU AB22","Tocantins","-"]
["2016-07-01","CAP MODIFICADO POR BORRACHA DE PNEU AB22","Bahia","-"]
["2016-09-01","CAP MODIFICADO POR BORRACHA DE PNEU AB22","Paraíba","-"]
["2016-11-01","CAP MODIFICADO POR BORRACHA DE PNEU AB22","Mato Grosso do Sul","-"]
["2017-01-01","CAP MODIFICADO POR BORRACHA DE PNEU AB22","Amapá","-"]
["2017-02-01","CAP MODIFICADO POR BORRACHA DE PNEU AB22","Pará","-"]
["2017-04-01","CAP MODIFICADO POR BORRACHA DE PNEU AB22","Piauí","-"]
["2017-05-01","CAP MODIFICADO POR BORRACHA DE PNEU AB22","Paraná","-"]
["2017-06-01","CAP MODIFICADO POR BORRACHA DE PNEU AB22","Rio Grande do Sul","-"]
["2017-09-01","CAP MODIFICADO POR BORRACHA DE PNEU AB22","Espírito Santo","-"]
["2017-11-01","CAP MODIFICADO POR BORRACHA DE PNEU AB22","Rio de Janeiro","-"]
["2018-01-01","CAP MODIFICADO POR BORRACHA DE PNEU AB22","Ceará","-"]
["2018-02-01","CAP MODIFICADO POR BORRACHA DE PNEU AB22","Rio Grande do Sul","-"]
["2018-04-01","CAP MODIFICADO POR BORRACHA DE PNEU AB22","Rio Grande do Sul","-"]
["2018-05-01","CAP MODIFICADO POR BORRACHA DE PNEU AB22","Roraima","-"]
["2018-08-01","CAP MODIFICADO POR BORRACHA DE PNEU AB22","Goiás","-"]
["2018-10-01","CAP MODIFICADO POR BORRACHA DE PNEU AB22","Amapá","-"]
["2018-11-01","CAP MODIFICADO POR BORRACHA DE PNEU AB22","Santa Catarina","-"]
["2018-12-01","CAP MODIFICADO POR BORRACHA DE PNEU AB22","Sergipe","-"]
["2019-03-01","CAP MODIFICADO POR BORRACHA DE PNEU AB22","Acre","-"]
["2019-04-01","CAP MODIFICADO POR BORRACHA DE PNEU AB22","Pará","-"]
["2019-07-01","CAP MODIFICADO POR BORRACHA DE PNEU AB22","Espírito Santo","-"]
["2019-08-01","CAP MODIFICADO POR BORRACHA DE PNEU AB22","Alagoas","-"]
["2019-10-01","CAP MODIFICADO POR BORRACHA DE PNEU AB22","Maranhão","-"]
["2019-11-01","CAP MODIFICADO POR BORRACHA DE PNEU AB22","Tocantins","-"]
["2020-02-01","CAP MODIFICADO POR BORRACHA DE PNEU AB22","Pará","-"]
["2020-04-01","CAP MODIFICADO POR BORRACHA DE PNEU AB22","Minas Gerais","-"]
["2020-06-01","CAP MODIFICADO POR BORRACHA DE PNEU AB22","Alagoas","-"]
["2020-07-01","CAP MODIFICADO POR BORRACHA DE PNEU AB22","Paraíba","-"]
["2020-09-01","CAP MODIFICADO POR BORRACHA DE PNEU AB22","Tocantins","-"]
["2020-10-01","CAP MODIFICADO POR BORRACHA DE PNEU AB22","Pernambuco","-"]
["2021-01-01","CAP MODIFICADO POR BORRACHA DE PNEU AB22","Paraíba","-"]
["2021-02-01","CAP MODIFICADO POR BORRACHA DE PNEU AB22","Santa Catarina","-"]
["2021-05-01","CAP MODIFICADO POR BORRACHA DE PNEU AB22","Amapá","-"]
["2021-06-01","CAP MODIFICADO POR BORRACHA DE PNEU AB22","Bahia","-"]
["2021-07-01","CAP MODIFICADO POR BORRACHA DE PNEU AB22","Rondônia","-"]
["2021-09-01","CAP MODIFICADO POR BORRACHA DE PNEU AB22","Rio Grande do Norte","-"]
["2021-12-01","CAP MODIFICADO POR BORRACHA DE PNEU AB22","Alagoas","-"]
["2022-01-01","CAP MODIFICADO POR BORRACHA DE PNEU AB22","Espírito Santo","-"]
["2022-03-01","CAP MODIFICADO POR BORRACHA DE PNEU AB22","Amazonas","-"]
["2022-04-01","CAP MODIFICADO POR BORRACHA DE PNEU AB22","Roraima","-"]
["2022-06-01","CAP MODIFICADO POR BORRACHA DE PNEU AB22","Ceará","-"]
["2022-08-01","CAP MODIFICADO POR BORRACHA DE PNEU AB22","Rio Grande do Sul","-"]
["2022-11-01","CAP MODIFICADO POR BORRACHA DE PNEU AB22","Espírito Santo","-"]
["2022-12-01","CAP MODIFICADO POR BORRACHA DE PNEU AB22","Goiás","-"]
["2023-01-01","CAP MODIFICADO POR BORRACHA DE PNEU AB22","Mato Grosso","-"]
["2023-03-01","CAP MODIFICADO POR BORRACHA DE PNEU AB22","Mato Grosso","-"]
["2023-04-01","CAP MODIFICADO POR BORRACHA DE PNEU AB22","Sergipe","-"]
["2023-08-01","CAP MODIFICADO POR BORRACHA DE PNEU AB22","Distrito Federal","-"]
["2023-08-01","CAP MODIFICADO POR BORRACHA DE PNEU AB22","Pará","-"]
["2023-10-01","CAP MODIFICADO POR BORRACHA DE PNEU AB22","Rio Grande do Norte","-"]
["2023-12-01","CAP MODIFICADO POR BORRACHA DE PNEU AB22","Alagoas","-"]
["2024-02-01","CAP MODIFICADO POR BORRACHA DE PNEU AB22","Sergipe","-"]
["2024-03-01","CAP MODIFICADO POR BORRACHA DE PNEU AB22","Piauí","-"]
["2024-06-01","CAP MODIFICADO POR BORRACHA DE PNEU AB22","Pará","-"]
["2024-07-01","CAP MODIFICADO POR BORRACHA DE PNEU AB22","São Paulo","-"]
["2013-03-01","CAP MODIFICADO POR BORRACHA DE PNEU AB8","Alagoas","-"]
["2013-03-01","CAP MODIFICADO POR BORRACHA DE PNEU AB8","Tocantins","-"]
["2013-06-01","CAP MODIFICADO POR BORRACHA DE PNEU AB8","Tocantins","-"]
["2013-08-01","CAP MODIFICADO POR BORRACHA DE PNEU AB8","Roraima","-"]
["2013-10-01","CAP MODIFICADO POR BORRACHA DE PNEU AB8","Paraíba","-"]
["2013-11-01","CAP MODIFICADO POR BORRACHA DE PNEU AB8","Distrito Federal","-"]
["2014-01-01","CAP MODIFICADO POR BORRACHA DE PNEU AB8","Bahia","-"]
["2014-03-01","CAP MODIFICADO POR BORRACHA DE PNEU AB8","Bahia","-"]
["2014-06-01","CAP MODIFICADO POR BORRACHA DE PNEU AB8","Acre","-"]
["2014-06-01","CAP MODIFICADO POR BORRACHA DE PNEU AB8","Rio Grande do Norte","-"]
["2014-08-01","CAP MODIFICADO POR BORRACHA DE PNEU AB8","Pará","-"]
["2014-10-01","CAP MODIFICADO POR BORRACHA DE PNEU AB8","Espírito Santo","-"]
["2015-01-01","CAP MODIFICADO POR BORRACHA DE PNEU AB8","Maranhão","-"]
["2015-01-01","CAP MODIFICADO POR BORRACHA DE PNEU AB8","Roraima","-"]
["2015-04-01","CAP MODIFICADO POR BORRACHA DE PNEU AB8","Rio Grande do Norte","-"]
["2015-05-01","CAP MODIFICADO POR BORRACHA DE PNEU AB8","Rio de Janeiro","-"]
["2015-08-01","CAP MODIFICADO POR BORRACHA DE PNEU AB8","Espírito Santo","-"]
["2015-08-01","CAP MODIFICADO POR BORRACHA DE PNEU AB8","Rio Grande do Sul","-"]
["2015-11-01","CAP MODIFICADO POR BORRACHA DE PNEU AB8","Roraima","-"]
["2016-01-01","CAP MODIFICADO POR BORRACHA DE PNEU AB8","Pernambuco","-"]
["2016-03-01","CAP MODIFICADO POR BORRACHA DE PNEU AB8","Rio Grande do Sul","-"]
["2016-04-01","CAP MODIFICADO POR BORRACHA DE PNEU AB8","Rio de Janeiro","-"]
["2016-07-01","CAP MODIFICADO POR BORRACHA DE PNEU AB8","Goiás","-"]
["2016-08-01","CAP MODIFICADO POR BORRACHA DE PNEU AB8","Mato Grosso","-"]
["2016-10-01","CAP MODIFICADO POR BORRACHA DE PNEU AB8","Rondônia","-"]
["2016-11-01","CAP MODIFICADO POR BORRACHA DE PNEU AB8","Sergipe","-"]
["2017-01-01","CAP MODIFICADO POR BORRACHA DE PNEU AB8","Santa Catarina","-"]
["2017-03-01","CAP MODIFICADO POR BORRACHA DE PNEU AB8","Pará","-"]
["2017-06-01","CAP MODIFICADO POR BORRACHA DE PNEU AB8","Amazonas","-"]
["2017-07-01","CAP MODIFICADO POR BORRACHA DE PNEU AB8","Alagoas","-"]
["2017-09-01","CAP MODIFICADO POR BORRACHA DE PNEU AB8","Ceará","-"]
["2017-10-01","CAP MODIFICADO POR BORRACHA DE PNEU AB8","Pernambuco","-"]
["2017-11-01","CAP MODIFICADO POR BORRACHA DE PNEU AB8","Rio de Janeiro","-"]
["2018-01-01","CAP MODIFICADO POR BORRACHA DE PNEU AB8","Paraíba","-"]
["2018-03-01","CAP MODIFICADO POR BORRACHA DE PNEU AB8","Distrito Federal","-"]
["2018-06-01","CAP MODIFICADO POR BORRACHA DE PNEU AB8","Mato Grosso","-"]
["2018-07-01","CAP MODIFICADO POR BORRACHA DE PNEU AB8","Bahia","-"]
["2018-09-01","CAP MODIFICADO POR BORRACHA DE PNEU AB8","Minas Gerais","-"]
["2018-10-01","CAP MODIFICADO POR BORRACHA DE PNEU AB8","Rio Grande do Norte","-"]
["2019-01-01","CAP MODIFICADO POR BORRACHA DE PNEU AB8","Distrito Federal","-"]
["2019-03-01","CAP MODIFICADO POR BORRACHA DE PNEU AB8","Paraná",2.9481913114504175]
["2019-05-01","CAP MODIFICADO POR BORRACHA DE PNEU AB8","Bahia","-"]
["2019-06-01","CAP MODIFICADO POR BORRACHA DE PNEU AB8","Piauí","-"]
["2019-08-01","CAP MODIFICADO POR BORRACHA DE PNEU AB8","Rio Grande do Norte","-"]
["2019-10-01","CAP MODIFICADO POR BORRACHA DE PNEU AB8","São Paulo","-"]
["2019-12-01","CAP MODIFICADO POR BORRACHA DE PNEU AB8","Espírito Santo","-"]
["2020-01-01","CAP MODIFICADO POR BORRACHA DE PNEU AB8","Tocantins","-"]
["2020-03-01","CAP MODIFICADO POR BORRACHA DE PNEU AB8","Roraima","-"]
["2020-04-01","CAP MODIFICADO POR BORRACHA DE PNEU AB8","São Paulo","-"]
["2020-06-01","CAP MODIFICADO POR BORRACHA DE PNEU AB8","Goiás","-"]
["2020-08-01","CAP MODIFICADO POR BORRACHA DE PNEU AB8","Minas Gerais","-"]
["2020-11-01","CAP MODIFICADO POR BORRACHA DE PNEU AB8","Bahia","-"]
["2020-12-01","CAP MODIFICADO POR BORRACHA DE PNEU AB8","Acre","-"]
["2021-02-01","CAP MODIFICADO POR BORRACHA DE PNEU AB8","Distrito Federal","-"]
["2021-03-01","CAP MODIFICADO POR BORRACHA DE PNEU AB8","Sergipe","-"]
["2021-05-01","CAP MODIFICADO POR BORRACHA DE PNEU AB8","Goiás","-"]
["2021-07-01","CAP MODIFICADO POR BORRACHA DE PNEU AB8","Pará","-"]
["2021-08-01","CAP MODIFICADO POR BORRACHA DE PNEU AB8","Paraná",4.2051372341964477]
["2021-11-01","CAP MODIFICADO POR BORRACHA DE PNEU AB8","Mato Grosso do Sul","-"]
["2021-12-01","CAP MODIFICADO POR BORRACHA DE PNEU AB8","Amazonas","-"]
["2022-02-01","CAP MODIFICADO POR BORRACHA DE PNEU AB8","Pará","-"]
["2022-05-01","CAP MODIFICADO POR BORRACHA DE PNEU AB8","Pará","-"]
["2022-06-01","CAP MODIFICADO POR BORRACHA DE PNEU AB8","Rio Grande do Sul","-"]
["2022-09-01","CAP MODIFICADO POR BORRACHA DE PNEU AB8","Alagoas","-"]
["2022-09-01","CAP MODIFICADO POR BORRACHA DE PNEU AB8","Roraima","-"]
["2022-11-01","CAP MODIFICADO POR BORRACHA DE PNEU AB8","Bahia","-"]
["2023-01-01","CAP MODIFICADO POR BORRACHA DE PNEU AB8","Rio de Janeiro","-"]
["2023-03-01","CAP MODIFICADO POR BORRACHA DE PNEU AB8","Sergipe","-"]
["2023-05-01","CAP MODIFICADO POR BORRACHA DE PNEU AB8","Distrito Federal","-"]
["2023-07-01","CAP MODIFICADO POR BORRACHA DE PNEU AB8","Acre","-"]
["2023-09-01","CAP MODIFICADO POR BORRACHA DE PNEU AB8","Bahia","-"]
["2023-10-01","CAP MODIFICADO POR BORRACHA DE PNEU AB8","Amapá","-"]
["2023-12-01","CAP MODIFICADO POR BORRACHA DE PNEU AB8","Rio Grande do Norte","-"]
["2024-02-01","CAP MODIFICADO POR BORRACHA DE PNEU AB8","Sergipe","-"]
["2024-04-01","CAP MODIFICADO POR BORRACHA DE PNEU AB8","Espírito Santo","-"]
["2024-05-01","CAP MODIFICADO POR BORRACHA DE PNEU AB8","Maranhão","-"]
["2024-07-01","CAP MODIFICADO POR BORRACHA DE PNEU AB8","Espírito Santo","-"]
["2015-09-01","CAP MODIFICADO POR POLÍMERO 55-75-E","São Paulo","-"]
["2015-12-01","CAP MODIFICADO POR POLÍMERO 55-75-E","Paraíba","-"]
["2016-01-01","CAP MODIFICADO POR POLÍMERO 55-75-E","Minas Gerais","-"]
["2016-03-01","CAP MODIFICADO POR POLÍMERO 55-75-E","Pernambuco","-"]
["2016-05-01","CAP MODIFICADO POR POLÍMERO 55-75-E","Acre","-"]
["2016-06-01","CAP MODIFICADO POR POLÍMERO 55-75-E","Rio de Janeiro","-"]
["2016-08-01","CAP MODIFICADO POR POLÍMERO 55-75-E","Sergipe","-"]
["2016-11-01","CAP MODIFICADO POR POLÍMERO 55-75-E","Minas Gerais","-"]
["2016-12-01","CAP MODIFICADO POR POLÍMERO 55-75-E","Rondônia","-"]
["2017-03-01","CAP MODIFICADO POR POLÍMERO 55-75-E","Acre","-"]
["2017-03-01","CAP MODIFICADO POR POLÍMERO 55-75-E","Santa Catarina","-"]
["2017-06-01","CAP MODIFICADO POR POLÍMERO 55-75-E","Sergipe","-"]
["2017-08-01","CAP MODIFICADO POR POLÍMERO 55-75-E","Rio Grande do Norte","-"]
["2017-10-01","CAP MODIFICADO POR POLÍMERO 55-75-E","Pará","-"]
["2017-11-01","CAP MODIFICADO POR POLÍMERO 55-75-E","Ceará","-"]
["2018-02-01","CAP MODIFICADO POR POLÍMERO 55-75-E","Alagoas","-"]
["2018-03-01","CAP MODIFICADO POR POLÍMERO 55-75-E","Amazonas","-"]
["2018-04-01","CAP MODIFICADO POR POLÍMERO 55-75-E","Amazonas","-"]
["2018-06-01","CAP MODIFICADO POR POLÍMERO 55-75-E","Rio de Janeiro","-"]
["2018-08-01","CAP MODIFICADO POR POLÍMERO 55-75-E","Mato Grosso","-"]
["2018-10-01","CAP MODIFICADO POR POLÍMERO 55-75-E","Distrito Federal","-"]
["2018-11-01","CAP MODIFICADO POR POLÍMERO 55-75-E","Minas Gerais","-"]
["2019-02-01","CAP MODIFICADO POR POLÍMERO 55-75-E","Bahia","-"]
["2019-04-01","CAP MODIFICADO POR POLÍMERO 55-75-E","Goiás","-"]
["2019-05-01","CAP MODIFICADO POR POLÍMERO 55-75-E","Rio Grande do Norte","-"]
["2019-08-01","CAP MODIFICADO POR POLÍMERO 55-75-E","Distrito Federal","-"]
["2019-08-01","CAP MODIFICADO POR POLÍMERO 55-75-E","Piauí","-"]
["2019-10-01","CAP MODIFICADO POR POLÍMERO 55-75-E","Maranhão","-"]
["2020-01-01","CAP MODIFICADO POR POLÍMERO 55-75-E","Pará","-"]
["2020-01-01","CAP MODIFICADO POR POLÍMERO 55-75-E","São Paulo","-"]
["2020-04-01","CAP MODIFICADO POR POLÍMERO 55-75-E","Paraná",2.8150395467212963]
["2020-05-01","CAP MODIFICADO POR POLÍMERO 55-75-E","Minas Gerais","-"]
["2020-07-01","CAP MODIFICADO POR POLÍMERO 55-75-E","Alagoas","-"]
["2020-09-01","CAP MODIFICADO POR POLÍMERO 55-75-E","Acre","-"]
["2020-11-01","CAP MODIFICADO POR POLÍMERO 55-75-E","São Paulo","-"]
["2021-01-01","CAP MODIFICADO POR POLÍMERO 55-75-E","Bahia","-"]
["2021-03-01","CAP MODIFICADO POR POLÍMERO 55-75-E","Minas Gerais","-"]
["2021-04-01","CAP MODIFICADO POR POLÍMERO 55-75-E","Distrito Federal","-"]
["2021-07-01","CAP MODIFICADO POR POLÍMERO 55-75-E","Acre","-"]
["2021-09-01","CAP MODIFICADO POR POLÍMERO 55-75-E","Amapá","-"]
["2021-10-01","CAP MODIFICADO POR POLÍMERO 55-75-E","Sergipe","-"]
["2021-11-01","CAP MODIFICADO POR POLÍMERO 55-75-E","Piauí","-"]
["2022-01-01","CAP MODIFICADO POR POLÍMERO 55-75-E","Mato Grosso do Sul","-"]
["2022-03-01","CAP MODIFICADO POR POLÍMERO 55-75-E","Paraná",3.9323116035883006]
["2022-06-01","CAP MODIFICADO POR POLÍMERO 55-75-E","Espírito Santo","-"]
["2022-07-01","CAP MODIFICADO POR POLÍMERO 55-75-E","Amazonas","-"]
["2022-09-01","CAP MODIFICADO POR POLÍMERO 55-75-E","Maranhão","-"]
["2022-10-01","CAP MODIFICADO POR POLÍMERO 55-75-E","Rio de Janeiro","-"]
["2022-11-01","CAP MODIFICADO POR POLÍMERO 55-75-E","Roraima","-"]
["2023-02-01","CAP MODIFICADO POR POLÍMERO 55-75-E","Distrito Federal","-"]
["2023-05-01","CAP MODIFICADO POR POLÍMERO 55-75-E","Amazonas","-"]
["2023-06-01","CAP MODIFICADO POR POLÍMERO 55-75-E","Paraíba","-"]
["2023-08-01","CAP MODIFICADO POR POLÍMERO 55-75-E","Rio de Janeiro","-"]
["2023-09-01","CAP MODIFICADO POR POLÍMERO 55-75-E","Acre","-"]
["2023-12-01","CAP MODIFICADO POR POLÍMERO 55-75-E","Distrito Federal","-"]
["2024-01-01","CAP MODIFICADO POR POLÍMERO 55-75-E","Santa Catarina","-"]
["2024-02-01","CAP MODIFICADO POR POLÍMERO 55-75-E","Maranhão","-"]
["2024-04-01","CAP MODIFICADO POR POLÍMERO 55-75-E","Sergipe","-"]
["2024-05-01","CAP MODIFICADO POR POLÍMERO 55-75-E","São Paulo","-"]
["2015-09-01","CAP MODIFICADO POR POLÍMERO 60-85-E","Mato Grosso do Sul","-"]
["2015-12-01","CAP MODIFICADO POR POLÍMERO 60-85-E","Alagoas","-"]
["2016-01-01","CAP MODIFICADO POR POLÍMERO 60-85-E","Maranhão","-"]
["2016-03-01","CAP MODIFICADO POR POLÍMERO 60-85-E","Amazonas","-"]
["2016-04-01","CAP MODIFICADO POR POLÍMERO 60-85-E","São Paulo",2.301563988502926]
["2016-06-01","CAP MODIFICADO POR POLÍMERO 60-85-E","Ceará","-"]
["2016-08-01","CAP MODIFICADO POR POLÍMERO 60-85-E","Minas Gerais",2.1721482542249899]
["2016-10-01","CAP MODIFICADO POR POLÍMERO 60-85-E","Minas Gerais",1.4543314903379034]
["2016-12-01","CAP MODIFICADO POR POLÍMERO 60-85-E","Acre","-"]
["2017-01-01","CAP MODIFICADO POR POLÍMERO 60-85-E","Amapá","-"]
["2017-02-01","CAP MODIFICADO POR POLÍMERO 60-85-E","Rondônia","-"]
["2017-04-01","CAP MODIFICADO POR POLÍMERO 60-85-E","Piauí","-"]
["2017-07-01","CAP MODIFICADO POR POLÍMERO 60-85-E","Piauí","-"]
["2017-08-01","CAP MODIFICADO POR POLÍMERO 60-85-E","Ceará","-"]
["2017-10-01","CAP MODIFICADO POR POLÍMERO 60-85-E","Rio Grande do Norte","-"]
["2017-12-01","CAP MODIFICADO POR POLÍMERO 60-85-E","Amazonas","-"]
["2018-01-01","CAP MODIFICADO POR POLÍMERO 60-85-E","Rondônia","-"]
["2018-03-01","CAP MODIFICADO POR POLÍMERO 60-85-E","Rio de Janeiro","-"]
["2018-06-01","CAP MODIFICADO POR POLÍMERO 60-85-E","Paraná",2.3711622365530407]
["2018-07-01","CAP MODIFICADO POR POLÍMERO 60-85-E","São Paulo",2.7907990137773249]
["2018-10-01","CAP MODIFICADO POR POLÍMERO 60-85-E","Amazonas","-"]
["2018-10-01","CAP MODIFICADO POR POLÍMERO 60-85-E","Tocantins","-"]
["2019-01-01","CAP MODIFICADO POR POLÍMERO 60-85-E","Rio de Janeiro","-"]
["2019-03-01","CAP MODIFICADO POR POLÍMERO 60-85-E","Distrito Federal","-"]
["2019-05-01","CAP MODIFICADO POR POLÍMERO 60-85-E","Distrito Federal","-"]
["2019-06-01","CAP MODIFICADO POR POLÍMERO 60-85-E","Goiás","-"]
["2019-08-01","CAP MODIFICADO POR POLÍMERO 60-85-E","Rondônia","-"]
["2019-09-01","CAP MODIFICADO POR POLÍMERO 60-85-E","Santa Catarina","-"]
["2019-12-01","CAP MODIFICADO POR POLÍMERO 60-85-E","Mato Grosso do Sul","-"]
["2020-01-01","CAP MODIFICADO POR POLÍMERO 60-85-E","Mato Grosso do Sul","-"]
["2020-03-01","CAP MODIFICADO POR POLÍMERO 60-85-E","Pará","-"]
["2020-05-01","CAP MODIFICADO POR POLÍMERO 60-85-E","Maranhão","-"]
["2020-06-01","CAP MODIFICADO POR POLÍMERO 60-85-E","Paraná",2.8484283213915553]
["2020-08-01","CAP MODIFICADO POR POLÍMERO 60-85-E","São Paulo",2.9758383989612995]
["2020-11-01","CAP MODIFICADO POR POLÍMERO 60-85-E","Mato Grosso do Sul","-"]
["2020-12-01","CAP MODIFICADO POR POLÍMERO 60-85-E","Minas Gerais",3.4405185077956948]
["2021-01-01","CAP MODIFICADO POR POLÍMERO 60-85-E","Paraíba","-"]
["2021-03-01","CAP MODIFICADO POR POLÍMERO 60-85-E","Rio Grande do Sul","-"]
["2021-05-01","CAP MODIFICADO POR POLÍMERO 60-85-E","Amapá","-"]
["2021-06-01","CAP MODIFICADO POR POLÍMERO 60-85-E","Roraima","-"]
["2021-08-01","CAP MODIFICADO POR POLÍMERO 60-85-E","Piauí","-"]
["2021-11-01","CAP MODIFICADO POR POLÍMERO 60-85-E","Amapá","-"]
["2021-12-01","CAP MODIFICADO POR POLÍMERO 60-85-E","Ceará",4.8991315953840893]
["2022-02-01","CAP MODIFICADO POR POLÍMERO 60-85-E","Bahia","-"]
["2022-04-01","CAP MODIFICADO POR POLÍMERO 60-85-E","Amazonas","-"]
["2022-06-01","CAP MODIFICADO POR POLÍMERO 60-85-E","Piauí","-"]
["2022-08-01","CAP MODIFICADO POR POLÍMERO 60-85-E","Espírito Santo","-"]
["2022-10-01","CAP MODIFICADO POR POLÍMERO 60-85-E","Ceará",5.0046780418321752]
["2022-11-01","CAP MODIFICADO POR POLÍMERO 60-85-E","Maranhão","-"]
["2023-02-01","CAP MODIFICADO POR POLÍMERO 60-85-E","Amazonas","-"]
["2023-04-01","CAP MODIFICADO POR POLÍMERO 60-85-E","Ceará","-"]
["2023-05-01","CAP MODIFICADO POR POLÍMERO 60-85-E","Rio de Janeiro","-"]
["2023-06-01","CAP MODIFICADO POR POLÍMERO 60-85-E","Rio de Janeiro","-"]
["2023-09-01","CAP MODIFICADO POR POLÍMERO 60-85-E","Distrito Federal","-"]
["2023-10-01","CAP MODIFICADO POR POLÍMERO 60-85-E","Goiás","-"]
["2023-11-01","CAP MODIFICADO POR POLÍMERO 60-85-E","Pernambuco","-"]
["2024-01-01","CAP MODIFICADO POR POLÍMERO 60-85-E","Santa Catarina","-"]
["2024-03-01","CAP MODIFICADO POR POLÍMERO 60-85-E","Santa Catarina","-"]
["2024-05-01","CAP MODIFICADO POR POLÍMERO 60-85-E","Mato Grosso do Sul","-"]
["2024-06-01","CAP MODIFICADO POR POLÍMERO 60-85-E","Sergipe","-"]
["2015-09-01","CAP MODIFICADO POR POLÍMERO 65-90-E","Tocantins","-"]
["2015-12-01","CAP MODIFICADO POR POLÍMERO 65-90-E","Santa Catarina","-"]
["2016-02-01","CAP MODIFICADO POR POLÍMERO 65-90-E","Alagoas","-"]
["2016-04-01","CAP MODIFICADO POR POLÍMERO 65-90-E","Mato Grosso do Sul","-"]
["2016-05-01","CAP MODIFICADO POR POLÍMERO 65-90-E","Amazonas","-"]
["2016-06-01","CAP MODIFICADO POR POLÍMERO 65-90-E","Paraíba","-"]
["2016-09-01","CAP MODIFICADO POR POLÍMERO 65-90-E","Tocantins","-"]
["2016-10-01","CAP MODIFICADO POR POLÍMERO 65-90-E","Amapá","-"]
["2017-01-01","CAP MODIFICADO POR POLÍMERO 65-90-E","Alagoas","-"]
["2017-03-01","CAP MODIFICADO POR POLÍMERO 65-90-E","Minas Gerais","-"]
["2017-04-01","CAP MODIFICADO POR POLÍMERO 65-90-E","Paraíba","-"]
["2017-05-01","CAP MODIFICADO POR POLÍMERO 65-90-E","Mato Grosso","-"]
["2017-08-01","CAP MODIFICADO POR POLÍMERO 65-90-E","Amapá","-"]
["2017-09-01","CAP MODIFICADO POR POLÍMERO 65-90-E","Piauí","-"]
["2017-11-01","CAP MODIFICADO POR POLÍMERO 65-90-E","Piauí","-"]
["2017-12-01","CAP MODIFICADO POR POLÍMERO 65-90-E","Rio Grande do Norte","-"]
["2018-03-01","CAP MODIFICADO POR POLÍMERO 65-90-E","Ceará","-"]
["2018-05-01","CAP MODIFICADO POR POLÍMERO 65-90-E","Paraná","-"]
["2018-07-01","CAP MODIFICADO POR POLÍMERO 65-90-E","Amazonas","-"]
["2018-07-01","CAP MODIFICADO POR POLÍMERO 65-90-E","Roraima","-"]
["2018-09-01","CAP MODIFICADO POR POLÍMERO 65-90-E","São Paulo","-"]
["2018-11-01","CAP MODIFICADO POR POLÍMERO 65-90-E","Mato Grosso","-"]
["2019-02-01","CAP MODIFICADO POR POLÍMERO 65-90-E","Rio Grande do Sul","-"]
["2019-03-01","CAP MODIFICADO POR POLÍMERO 65-90-E","Goiás","-"]
["2019-05-01","CAP MODIFICADO POR POLÍMERO 65-90-E","Roraima","-"]
["2019-06-01","CAP MODIFICADO POR POLÍMERO 65-90-E","Santa Catarina","-"]
["2019-08-01","CAP MODIFICADO POR POLÍMERO 65-90-E","Goiás","-"]
["2019-10-01","CAP MODIFICADO POR POLÍMERO 65-90-E","Mato Grosso do Sul","-"]
["2020-01-01","CAP MODIFICADO POR POLÍMERO 65-90-E","Goiás","-"]
["2020-03-01","CAP MODIFICADO POR POLÍMERO 65-90-E","Acre","-"]
["2020-04-01","CAP MODIFICADO POR POLÍMERO 65-90-E","Santa Catarina","-"]
["2020-05-01","CAP MODIFICADO POR POLÍMERO 65-90-E","Pará","-"]
["2020-08-01","CAP MODIFICADO POR POLÍMERO 65-90-E","Mato Grosso do Sul","-"]
["2020-10-01","CAP MODIFICADO POR POLÍMERO 65-90-E","Maranhão","-"]
["2020-11-01","CAP MODIFICADO POR POLÍMERO 65-90-E","Tocantins","-"]
["2021-01-01","CAP MODIFICADO POR POLÍMERO 65-90-E","Mato Grosso do Sul","-"]
["2021-03-01","CAP MODIFICADO POR POLÍMERO 65-90-E","São Paulo","-"]
["2021-04-01","CAP MODIFICADO POR POLÍMERO 65-90-E","Pernambuco","-"]
["2021-07-01","CAP MODIFICADO POR POLÍMERO 65-90-E","Paraíba","-"]
["2021-08-01","CAP MODIFICADO POR POLÍMERO 65-90-E","Paraíba","-"]
["2021-10-01","CAP MODIFICADO POR POLÍMERO 65-90-E","Pernambuco","-"]
["2021-12-01","CAP MODIFICADO POR POLÍMERO 65-90-E","Amapá","-"]
["2022-01-01","CAP MODIFICADO POR POLÍMERO 65-90-E","Rio de Janeiro","-"]
["2022-03-01","CAP MODIFICADO POR POLÍMERO 65-90-E","Piauí","-"]
["2022-05-01","CAP MODIFICADO POR POLÍMERO 65-90-E","Sergipe","-"]
["2022-07-01","CAP MODIFICADO POR POLÍMERO 65-90-E","Ceará","-"]
["2022-08-01","CAP MODIFICADO POR POLÍMERO 65-90-E","Espírito Santo","-"]
["2022-10-01","CAP MODIFICADO POR POLÍMERO 65-90-E","Espírito Santo","-"]
["2022-11-01","CAP MODIFICADO POR POLÍMERO 65-90-E","Roraima","-"]
["2023-03-01","CAP MODIFICADO POR POLÍMERO 65-90-E","Amazonas","-"]
["2023-05-01","CAP MODIFICADO POR POLÍMERO 65-90-E","Ceará","-"]
["2023-06-01","CAP MODIFICADO POR POLÍMERO 65-90-E","Ceará","-"]
["2023-07-01","CAP MODIFICADO POR POLÍMERO 65-90-E","Goiás","-"]
["2023-09-01","CAP MODIFICADO POR POLÍMERO 65-90-E","Espírito Santo","-"]
["2023-10-01","CAP MODIFICADO POR POLÍMERO 65-90-E","Santa Catarina","-"]
["2024-01-01","CAP MODIFICADO POR POLÍMERO 65-90-E","Mato Grosso","-"]
["2024-03-01","CAP MODIFICADO POR POLÍMERO 65-90-E","Mato Grosso","-"]
["2024-05-01","CAP MODIFICADO POR POLÍMERO 65-90-E","Goiás","-"]
["2024-06-01","CAP MODIFICADO POR POLÍMERO 65-90-E","Minas Gerais",4.4499115408230994]
["2013-01-01","CIMENTO ASFÁLTICO MODIFICADO POR POLÍMERO SBS 50-65","Santa Catarina","-"]
["2013-03-01","CIMENTO ASFÁLTICO MODIFICADO POR POLÍMERO SBS 50-65","Rio Grande do Norte","-"]
["2013-05-01","CIMENTO ASFÁLTICO MODIFICADO POR POLÍMERO SBS 50-65","Mato Grosso do Sul","-"]
["2013-06-01","CIMENTO ASFÁLTICO MODIFICADO POR POLÍMERO SBS 50-65","Rondônia","-"]
["2013-08-01","CIMENTO ASFÁLTICO MODIFICADO POR POLÍMERO SBS 50-65","Tocantins","-"]
["2013-10-01","CIMENTO ASFÁLTICO MODIFICADO POR POLÍMERO SBS 50-65","Alagoas","-"]
["2013-12-01","CIMENTO ASFÁLTICO MODIFICADO POR POLÍMERO SBS 50-65","São Paulo","-"]
["2014-01-01","CIMENTO ASFÁLTICO MODIFICADO POR POLÍMERO SBS 50-65","Pernambuco","-"]
["2014-03-01","CIMENTO ASFÁLTICO MODIFICADO POR POLÍMERO SBS 50-65","Tocantins","-"]
["2014-05-01","CIMENTO ASFÁLTICO MODIFICADO POR POLÍMERO SBS 50-65","Paraíba","-"]
["2014-07-01","CIMENTO ASFÁLTICO MODIFICADO POR POLÍMERO SBS 50-65","Alagoas","-"]
["2014-09-01","CIMENTO ASFÁLTICO MODIFICADO POR POLÍMERO SBS 50-65","Amapá","-"]
["2014-11-01","CIMENTO ASFÁLTICO MODIFICADO POR POLÍMERO SBS 50-65","São Paulo","-"]
["2014-12-01","CIMENTO ASFÁLTICO MODIFICADO POR POLÍMERO SBS 50-65","Piauí","-"]
["2015-03-01","CIMENTO ASFÁLTICO MODIFICADO POR POLÍMERO SBS 50-65","Paraíba","-"]
["2015-04-01","CIMENTO ASFÁLTICO MODIFICADO POR POLÍMERO SBS 50-65","Distrito Federal","-"]
["2015-07-01","CIMENTO ASFÁLTICO MODIFICADO POR POLÍMERO SBS 50-65","Amapá","-"]
["2015-07-01","CIMENTO ASFÁLTICO MODIFICADO POR POLÍMERO SBS 50-65","Goiás","-"]
["2013-02-01","CIMENTO ASFÁLTICO MODIFICADO POR POLÍMERO SBS 55-75","Piauí","-"]
["2013-03-01","CIMENTO ASFÁLTICO MODIFICADO POR POLÍMERO SBS 55-75","Paraná","-"]
["2013-06-01","CIMENTO ASFÁLTICO MODIFICADO POR POLÍMERO SBS 55-75","Ceará","-"]
["2013-07-01","CIMENTO ASFÁLTICO MODIFICADO POR POLÍMERO SBS 55-75","Espírito Santo","-"]
["2013-09-01","CIMENTO ASFÁLTICO MODIFICADO POR POLÍMERO SBS 55-75","Rio de Janeiro","-"]
["2013-10-01","CIMENTO ASFÁLTICO MODIFICADO POR POLÍMERO SBS 55-75","Roraima","-"]
["2013-12-01","CIMENTO ASFÁLTICO MODIFICADO POR POLÍMERO SBS 55-75","Rio Grande do Sul","-"]
["2014-02-01","CIMENTO ASFÁLTICO MODIFICADO POR POLÍMERO SBS 55-75","Mato Grosso","-"]
["2014-03-01","CIMENTO ASFÁLTICO MODIFICADO POR POLÍMERO SBS 55-75","Roraima","-"]
["2014-06-01","CIMENTO ASFÁLTICO MODIFICADO POR POLÍMERO SBS 55-75","Goiás","-"]
["2014-08-01","CIMENTO ASFÁLTICO MODIFICADO POR POLÍMERO SBS 55-75","Rio de Janeiro","-"]
["2014-09-01","CIMENTO ASFÁLTICO MODIFICADO POR POLÍMERO SBS 55-75","Santa Catarina","-"]
["2014-10-01","CIMENTO ASFÁLTICO MODIFICADO POR POLÍMERO SBS 55-75","Paraná","-"]
["2015-01-01","CIMENTO ASFÁLTICO MODIFICADO POR POLÍMERO SBS 55-75","Acre","-"]
["2015-02-01","CIMENTO ASFÁLTICO MODIFICADO POR POLÍMERO SBS 55-75","Pará","-"]
["2015-04-01","CIMENTO ASFÁLTICO MODIFICADO POR POLÍMERO SBS 55-75","Amapá","-"]
["2015-06-01","CIMENTO ASFÁLTICO MODIFICADO POR POLÍMERO SBS 55-75","Alagoas","-"]
["2015-08-01","CIMENTO ASFÁLTICO MODIFICADO POR POLÍMERO SBS 55-75","Maranhão","-"]
["2013-01-01","CIMENTO ASFÁLTICO MODIFICADO POR POLÍMERO SBS 60-85","Pernambuco","-"]
["2013-03-01","CIMENTO ASFÁLTICO MODIFICADO POR POLÍMERO SBS 60-85","Mato Grosso do Sul","-"]
["2013-05-01","CIMENTO ASFÁLTICO MODIFICADO POR POLÍMERO SBS 60-85","Bahia","-"]
["2013-08-01","CIMENTO ASFÁLTICO MODIFICADO POR POLÍMERO SBS 60-85","Alagoas","-"]
["2013-09-01","CIMENTO ASFÁLTICO MODIFICADO POR POLÍMERO SBS 60-85","Paraíba","-"]
["2013-11-01","CIMENTO ASFÁLTICO MODIFICADO POR POLÍMERO SBS 60-85","Pernambuco","-"]
["2013-12-01","CIMENTO ASFÁLTICO MODIFICADO POR POLÍMERO SBS 60-85","Pernambuco","-"]
["2014-03-01","CIMENTO ASFÁLTICO MODIFICADO POR POLÍMERO SBS 60-85","Paraíba","-"]
["2014-05-01","CIMENTO ASFÁLTICO MODIFICADO POR POLÍMERO SBS 60-85","Minas Gerais",1.6293451885002099]
["2014-07-01","CIMENTO ASFÁLTICO MODIFICADO POR POLÍMERO SBS 60-85","Amapá","-"]
["2014-08-01","CIMENTO ASFÁLTICO MODIFICADO POR POLÍMERO SBS 60-85","Paraíba","-"]
["2014-10-01","CIMENTO ASFÁLTICO MODIFICADO POR POLÍMERO SBS 60-85","Piauí","-"]
["2014-11-01","CIMENTO ASFÁLTICO MODIFICADO POR POLÍMERO SBS 60-85","Rio Grande do Norte","-"]
["2014-12-01","CIMENTO ASFÁLTICO MODIFICADO POR POLÍMERO SBS 60-85","Santa Catarina","-"]
["2015-03-01","CIMENTO ASFÁLTICO MODIFICADO POR POLÍMERO SBS 60-85","Espírito Santo","-"]
["2015-05-01","CIMENTO ASFÁLTICO MODIFICADO POR POLÍMERO SBS 60-85","Rio Grande do Norte","-"]
["2015-06-01","CIMENTO ASFÁLTICO MODIFICADO POR POLÍMERO SBS 60-85","Roraima","-"]
["2015-08-01","CIMENTO ASFÁLTICO MODIFICADO POR POLÍMERO SBS 60-85","Ceará","-"]
["2013-02-01","CIMENTO ASFÁLTICO MODIFICADO POR POLÍMERO SBS 65-90","Mato Grosso","-"]
["2013-05-01","CIMENTO ASFÁLTICO MODIFICADO POR POLÍMERO SBS 65-90","Alagoas","-"]
["2013-06-01","CIMENTO ASFÁLTICO MODIFICADO POR POLÍMERO SBS 65-90","Goiás","-"]
["2013-08-01","CIMENTO ASFÁLTICO MODIFICADO POR POLÍMERO SBS 65-90","Roraima","-"]
["2013-09-01","CIMENTO ASFÁLTICO MODIFICADO POR POLÍMERO SBS 65-90","Mato Grosso","-"]
["2013-12-01","CIMENTO ASFÁLTICO MODIFICADO POR POLÍMERO SBS 65-90","Mato Grosso","-"]
["2014-02-01","CIMENTO ASFÁLTICO MODIFICADO POR POLÍMERO SBS 65-90","Distrito Federal","-"]
["2014-02-01","CIMENTO ASFÁLTICO MODIFICADO POR POLÍMERO SBS 65-90","Pará","-"]
["2014-05-01","CIMENTO ASFÁLTICO MODIFICADO POR POLÍMERO SBS 65-90","Goiás","-"]
["2014-06-01","CIMENTO ASFÁLTICO MODIFICADO POR POLÍMERO SBS 65-90","Alagoas","-"]
["2014-08-01","CIMENTO ASFÁLTICO MODIFICADO POR POLÍMERO SBS 65-90","Mato Grosso","-"]
["2014-09-01","CIMENTO ASFÁLTICO MODIFICADO POR POLÍMERO SBS 65-90","Pernambuco","-"]
["2014-12-01","CIMENTO ASFÁLTICO MODIFICADO POR POLÍMERO SBS 65-90","Pará","-"]
["2015-02-01","CIMENTO ASFÁLTICO MODIFICADO POR POLÍMERO SBS 65-90","Pará","-"]
["2015-04-01","CIMENTO ASFÁLTICO MODIFICADO POR POLÍMERO SBS 65-90","Alagoas","-"]
["2015-04-01","CIMENTO ASFÁLTICO MODIFICADO POR POLÍMERO SBS 65-90","Tocantins","-"]
["2015-07-01","CIMENTO ASFÁLTICO MODIFICADO POR POLÍMERO SBS 65-90","Pernambuco","-"]
["2013-01-01","CIMENTOS ASFÁLTICOS CAP-150-200","Roraima","-"]
["2013-03-01","CIMENTOS ASFÁLTICOS CAP-150-200","Bahia","-"]
["2013-04-01","CIMENTOS ASFÁLTICOS CAP-150-200","São Paulo","-"]
["2013-07-01","CIMENTOS ASFÁLTICOS CAP-150-200","Amapá","-"]
["2013-07-01","CIMENTOS ASFÁLTICOS CAP-150-200","Rondônia","-"]
["2013-11-01","CIMENTOS ASFÁLTICOS CAP-150-200","Acre","-"]
["2013-11-01","CIMENTOS ASFÁLTICOS CAP-150-200","Rio Grande do Norte","-"]
["2014-02-01","CIMENTOS ASFÁLTICOS CAP-150-200","Amapá","-"]
["2014-03-01","CIMENTOS ASFÁLTICOS CAP-150-200","Espírito Santo","-"]
["2014-05-01","CIMENTOS ASFÁLTICOS CAP-150-200","Bahia","-"]
["2014-06-01","CIMENTOS ASFÁLTICOS CAP-150-200","Roraima","-"]
["2014-09-01","CIMENTOS ASFÁLTICOS CAP-150-200","Mato Grosso do Sul","-"]
["2014-10-01","CIMENTOS ASFÁLTICOS CAP-150-200","Mato Grosso","-"]
["2015-01-01","CIMENTOS ASFÁLTICOS CAP-150-200","Espírito Santo","-"]
["2015-02-01","CIMENTOS ASFÁLTICOS CAP-150-200","Maranhão","-"]
["2015-04-01","CIMENTOS ASFÁLTICOS CAP-150-200","Roraima","-"]
["2015-06-01","CIMENTOS ASFÁLTICOS CAP-150-200","Pernambuco","-"]
["2015-08-01","CIMENTOS ASFÁLTICOS CAP-150-200","Mato Grosso","-"]
["2015-09-01","CIMENTOS ASFÁLTICOS CAP-150-200","Rio de Janeiro","-"]
["2015-10-01","CIMENTOS ASFÁLTICOS CAP-150-200","Pará","-"]
["2016-01-01","CIMENTOS ASFÁLTICOS CAP-150-200","Acre","-"]
["2016-03-01","CIMENTOS ASFÁLTICOS CAP-150-200","Rondônia","-"]
["2016-04-01","CIMENTOS ASFÁLTICOS CAP-150-200","Paraná","-"]
["2016-06-01","CIMENTOS ASFÁLTICOS CAP-150-200","Santa Catarina","-"]
["2016-08-01","CIMENTOS ASFÁLTICOS CAP-150-200","Pará","-"]
["2016-09-01","CIMENTOS ASFÁLTICOS CAP-150-200","Sergipe","-"]
["2016-12-01","CIMENTOS ASFÁLTICOS CAP-150-200","Alagoas","-"]
["2017-02-01","CIMENTOS ASFÁLTICOS CAP-150-200","Ceará","-"]
["2017-03-01","CIMENTOS ASFÁLTICOS CAP-150-200","Pernambuco","-"]
["2017-04-01","CIMENTOS ASFÁLTICOS CAP-150-200","Rio de Janeiro","-"]
["2017-07-01","CIMENTOS ASFÁLTICOS CAP-150-200","Amazonas","-"]
["2017-08-01","CIMENTOS ASFÁLTICOS CAP-150-200","Distrito Federal","-"]
["2017-11-01","CIMENTOS ASFÁLTICOS CAP-150-200","Mato Grosso","-"]
["2017-11-01","CIMENTOS ASFÁLTICOS CAP-150-200","Rondônia","-"]
["2018-02-01","CIMENTOS ASFÁLTICOS CAP-150-200","Minas Gerais","-"]
["2018-03-01","CIMENTOS ASFÁLTICOS CAP-150-200","Maranhão","-"]
["2018-05-01","CIMENTOS ASFÁLTICOS CAP-150-200","Paraíba","-"]
["2018-07-01","CIMENTOS ASFÁLTICOS CAP-150-200","Espírito Santo","-"]
["2018-09-01","CIMENTOS ASFÁLTICOS CAP-150-200","Rondônia","-"]
["2018-11-01","CIMENTOS ASFÁLTICOS CAP-150-200","Piauí","-"]
["2019-01-01","CIMENTOS ASFÁLTICOS CAP-150-200","Rio Grande do Norte","-"]
["2019-02-01","CIMENTOS ASFÁLTICOS CAP-150-200","Rio Grande do Norte","-"]
["2019-05-01","CIMENTOS ASFÁLTICOS CAP-150-200","Espírito Santo","-"]
["2019-05-01","CIMENTOS ASFÁLTICOS CAP-150-200","Rondônia","-"]
["2019-08-01","CIMENTOS ASFÁLTICOS CAP-150-200","Roraima","-"]
["2019-10-01","CIMENTOS ASFÁLTICOS CAP-150-200","Alagoas","-"]
["2019-12-01","CIMENTOS ASFÁLTICOS CAP-150-200","Mato Grosso","-"]
["2020-01-01","CIMENTOS ASFÁLTICOS CAP-150-200","Minas Gerais","-"]
["2020-02-01","CIMENTOS ASFÁLTICOS CAP-150-200","Tocantins","-"]
["2020-05-01","CIMENTOS ASFÁLTICOS CAP-150-200","Acre","-"]
["2020-07-01","CIMENTOS ASFÁLTICOS CAP-150-200","Distrito Federal","-"]
["2020-08-01","CIMENTOS ASFÁLTICOS CAP-150-200","Paraná","-"]
["2020-10-01","CIMENTOS ASFÁLTICOS CAP-150-200","Goiás","-"]
["2020-12-01","CIMENTOS ASFÁLTICOS CAP-150-200","Pará","-"]
["2021-03-01","CIMENTOS ASFÁLTICOS CAP-150-200","Bahia","-"]
["2021-04-01","CIMENTOS ASFÁLTICOS CAP-150-200","Alagoas","-"]
["2021-06-01","CIMENTOS ASFÁLTICOS CAP-150-200","Paraná","-"]
["2021-07-01","CIMENTOS ASFÁLTICOS CAP-150-200","Pará","-"]
["2021-08-01","CIMENTOS ASFÁLTICOS CAP-150-200","Rio de Janeiro","-"]
["2021-10-01","CIMENTOS ASFÁLTICOS CAP-150-200","Paraná","-"]
["2021-12-01","CIMENTOS ASFÁLTICOS CAP-150-200","Distrito Federal","-"]
["2022-02-01","CIMENTOS ASFÁLTICOS CAP-150-200","Roraima","-"]
["2022-03-01","CIMENTOS ASFÁLTICOS CAP-150-200","Rondônia","-"]
["2022-05-01","CIMENTOS ASFÁLTICOS CAP-150-200","São Paulo","-"]
["2022-09-01","CIMENTOS ASFÁLTICOS CAP-150-200","Bahia","-"]
["2022-10-01","CIMENTOS ASFÁLTICOS CAP-150-200","Distrito Federal","-"]
["2022-12-01","CIMENTOS ASFÁLTICOS CAP-150-200","Acre","-"]
["2023-01-01","CIMENTOS ASFÁLTICOS CAP-150-200","Rondônia","-"]
["2023-03-01","CIMENTOS ASFÁLTICOS CAP-150-200","Amapá","-"]
["2023-05-01","CIMENTOS ASFÁLTICOS CAP-150-200","Maranhão","-"]
["2023-07-01","CIMENTOS ASFÁLTICOS CAP-150-200","Sergipe","-"]
["2023-09-01","CIMENTOS ASFÁLTICOS CAP-150-200","Espírito Santo","-"]
["2023-11-01","CIMENTOS ASFÁLTICOS CAP-150-200","Acre","-"]
["2023-12-01","CIMENTOS ASFÁLTICOS CAP-150-200","Roraima","-"]
["2024-01-01","CIMENTOS ASFÁLTICOS CAP-150-200","São Paulo","-"]
["2024-03-01","CIMENTOS ASFÁLTICOS CAP-150-200","Maranhão","-"]
["2024-05-01","CIMENTOS ASFÁLTICOS CAP-150-200","Minas Gerais","-"]
["2013-01-01","CIMENTOS ASFÁLTICOS CAP-30-45","Ceará","-"]
["2013-02-01","CIMENTOS ASFÁLTICOS CAP-30-45","Acre","-"]
["2013-03-01","CIMENTOS ASFÁLTICOS CAP-30-45","Rio de Janeiro",0.86290345638098809]
["2013-05-01","CIMENTOS ASFÁLTICOS CAP-30-45","Paraná","-"]
["2013-08-01","CIMENTOS ASFÁLTICOS CAP-30-45","Paraíba","-"]
["2013-09-01","CIMENTOS ASFÁLTICOS CAP-30-45","Amazonas","-"]
["2013-12-01","CIMENTOS ASFÁLTICOS CAP-30-45","Acre","-"]
["2013-12-01","CIMENTOS ASFÁLTICOS CAP-30-45","Santa Catarina","-"]
["2014-03-01","CIMENTOS ASFÁLTICOS CAP-30-45","Paraná","-"]
["2014-05-01","CIMENTOS ASFÁLTICOS CAP-30-45","Rio Grande do Norte","-"]
["2014-07-01","CIMENTOS ASFÁLTICOS CAP-30-45","Pará","-"]
["2014-08-01","CIMENTOS ASFÁLTICOS CAP-30-45","Rondônia","-"]
["2014-11-01","CIMENTOS ASFÁLTICOS CAP-30-45","Alagoas","-"]
["2014-11-01","CIMENTOS ASFÁLTICOS CAP-30-45","Santa Catarina","-"]
["2015-02-01","CIMENTOS ASFÁLTICOS CAP-30-45","Pernambuco","-"]
["2015-03-01","CIMENTOS ASFÁLTICOS CAP-30-45","Rio de Janeiro","-"]
["2015-05-01","CIMENTOS ASFÁLTICOS CAP-30-45","Tocantins","-"]
["2015-07-01","CIMENTOS ASFÁLTICOS CAP-30-45","Distrito Federal","-"]
["2015-08-01","CIMENTOS ASFÁLTICOS CAP-30-45","Minas Gerais",1.0897715149988636]
["2015-10-01","CIMENTOS ASFÁLTICOS CAP-30-45","Rondônia","-"]
["2016-01-01","CIMENTOS ASFÁLTICOS CAP-30-45","Goiás","-"]
["2016-02-01","CIMENTOS ASFÁLTICOS CAP-30-45","Maranhão","-"]
["2016-03-01","CIMENTOS ASFÁLTICOS CAP-30-45","Mato Grosso do Sul","-"]
["2016-05-01","CIMENTOS ASFÁLTICOS CAP-30-45","Piauí","-"]
["2016-06-01","CIMENTOS ASFÁLTICOS CAP-30-45","Tocantins","-"]
["2016-10-01","CIMENTOS ASFÁLTICOS CAP-30-45","Pará","-"]
["2016-10-01","CIMENTOS ASFÁLTICOS CAP-30-45","Paraíba","-"]
["2017-01-01","CIMENTOS ASFÁLTICOS CAP-30-45","Paraná",1.5408481562981815]
["2017-02-01","CIMENTOS ASFÁLTICOS CAP-30-45","Minas Gerais",1.3549472525292474]
["2017-04-01","CIMENTOS ASFÁLTICOS CAP-30-45","Piauí","-"]
["2017-06-01","CIMENTOS ASFÁLTICOS CAP-30-45","Acre","-"]
["2017-08-01","CIMENTOS ASFÁLTICOS CAP-30-45","São Paulo",1.3899424720177787]
["2017-10-01","CIMENTOS ASFÁLTICOS CAP-30-45","Rio Grande do Sul","-"]
["2017-12-01","CIMENTOS ASFÁLTICOS CAP-30-45","Minas Gerais",1.440680155247229]
["2018-01-01","CIMENTOS ASFÁLTICOS CAP-30-45","Roraima","-"]
["2018-04-01","CIMENTOS ASFÁLTICOS CAP-30-45","Acre","-"]
["2018-06-01","CIMENTOS ASFÁLTICOS CAP-30-45","Amapá","-"]
["2018-07-01","CIMENTOS ASFÁLTICOS CAP-30-45","Paraná",1.9621106232935688]
["2018-09-01","CIMENTOS ASFÁLTICOS CAP-30-45","Bahia","-"]
["2018-11-01","CIMENTOS ASFÁLTICOS CAP-30-45","Pará","-"]
["2018-12-01","CIMENTOS ASFÁLTICOS CAP-30-45","Ceará","-"]
["2019-03-01","CIMENTOS ASFÁLTICOS CAP-30-45","Espírito Santo","-"]
["2019-03-01","CIMENTOS ASFÁLTICOS CAP-30-45","Rio Grande do Sul","-"]
["2019-06-01","CIMENTOS ASFÁLTICOS CAP-30-45","Maranhão","-"]
["2019-07-01","CIMENTOS ASFÁLTICOS CAP-30-45","Rio de Janeiro",2.6151834141262826]
["2019-09-01","CIMENTOS ASFÁLTICOS CAP-30-45","Mato Grosso do Sul","-"]
["2019-11-01","CIMENTOS ASFÁLTICOS CAP-30-45","Distrito Federal","-"]
["2019-12-01","CIMENTOS ASFÁLTICOS CAP-30-45","Pará","-"]
["2020-02-01","CIMENTOS ASFÁLTICOS CAP-30-45","Rondônia","-"]
["2020-05-01","CIMENTOS ASFÁLTICOS CAP-30-45","Rio de Janeiro",2.4205146189856341]
["2020-06-01","CIMENTOS ASFÁLTICOS CAP-30-45","Pernambuco","-"]
["2020-09-01","CIMENTOS ASFÁLTICOS CAP-30-45","Distrito Federal","-"]
["2020-10-01","CIMENTOS ASFÁLTICOS CAP-30-45","Santa Catarina","-"]
["2020-12-01","CIMENTOS ASFÁLTICOS CAP-30-45","Rondônia","-"]
["2021-01-01","CIMENTOS ASFÁLTICOS CAP-30-45","Sergipe","-"]
["2021-04-01","CIMENTOS ASFÁLTICOS CAP-30-45","Maranhão","-"]
["2021-05-01","CIMENTOS ASFÁLTICOS CAP-30-45","Acre","-"]
["2021-06-01","CIMENTOS ASFÁLTICOS CAP-30-45","Minas Gerais",3.3606417325774358]
["2021-08-01","CIMENTOS ASFÁLTICOS CAP-30-45","Tocantins","-"]
["2021-11-01","CIMENTOS ASFÁLTICOS CAP-30-45","Amazonas","-"]
["2021-12-01","CIMENTOS ASFÁLTICOS CAP-30-45","Paraíba","-"]
["2022-02-01","CIMENTOS ASFÁLTICOS CAP-30-45","Ceará","-"]
["2022-04-01","CIMENTOS ASFÁLTICOS CAP-30-45","Minas Gerais",4.4833323807394034]
["2022-05-01","CIMENTOS ASFÁLTICOS CAP-30-45","Espírito Santo",4.3633937350899705]
["2022-08-01","CIMENTOS ASFÁLTICOS CAP-30-45","Acre","-"]
["2022-09-01","CIMENTOS ASFÁLTICOS CAP-30-45","Paraíba","-"]
["2022-11-01","CIMENTOS ASFÁLTICOS CAP-30-45","Paraná","-"]
["2022-12-01","CIMENTOS ASFÁLTICOS CAP-30-45","Piauí","-"]
["2023-02-01","CIMENTOS ASFÁLTICOS CAP-30-45","Minas Gerais",3.031678092930064]
["2023-04-01","CIMENTOS ASFÁLTICOS CAP-30-45","Ceará","-"]
["2023-06-01","CIMENTOS ASFÁLTICOS CAP-30-45","Rio Grande do Norte","-"]
["2023-07-01","CIMENTOS ASFÁLTICOS CAP-30-45","Rio Grande do Sul","-"]
["2023-09-01","CIMENTOS ASFÁLTICOS CAP-30-45","Rondônia","-"]
["2023-11-01","CIMENTOS ASFÁLTICOS CAP-30-45","Rio de Janeiro",3.2754332209254668]
["2023-12-01","CIMENTOS ASFÁLTICOS CAP-30-45","Santa Catarina","-"]
["2024-03-01","CIMENTOS ASFÁLTICOS CAP-30-45","Distrito Federal","-"]
["2024-05-01","CIMENTOS ASFÁLTICOS CAP-30-45","Rio Grande do Sul","-"]
["2024-06-01","CIMENTOS ASFÁLTICOS CAP-30-45","Tocantins","-"]
["2013-02-01","CIMENTOS ASFÁLTICOS CAP-50-70","Rio de Janeiro",0.90637359933923067]
["2013-03-01","CIMENTOS ASFÁLTICOS CAP-50-70","Alagoas","-"]
["2013-06-01","CIMENTOS ASFÁLTICOS CAP-50-70","Distrito Federal","-"]
["2013-07-01","CIMENTOS ASFÁLTICOS CAP-50-70","São Paulo",0.88536328418446031]
["2013-09-01","CIMENTOS ASFÁLTICOS CAP-50-70","Rondônia","-"]
["2013-10-01","CIMENTOS ASFÁLTICOS CAP-50-70","Mato Grosso",1.3742794581734932]
["2014-01-01","CIMENTOS ASFÁLTICOS CAP-50-70","Maranhão","-"]
["2014-02-01","CIMENTOS ASFÁLTICOS CAP-50-70","Mato Grosso do Sul","-"]
["2014-04-01","CIMENTOS ASFÁLTICOS CAP-50-70","Pará",1.1644017233748014]
["2014-05-01","CIMENTOS ASFÁLTICOS CAP-50-70","Tocantins","-"]
["2014-07-01","CIMENTOS ASFÁLTICOS CAP-50-70","Paraná",0.90978812341994886]
["2014-09-01","CIMENTOS ASFÁLTICOS CAP-50-70","Paraíba","-"]
["2014-10-01","CIMENTOS ASFÁLTICOS CAP-50-70","Piauí","-"]
["2015-01-01","CIMENTOS ASFÁLTICOS CAP-50-70","Minas Gerais",1.095688259529803]
["2015-03-01","CIMENTOS ASFÁLTICOS CAP-50-70","Pará","-"]
["2015-05-01","CIMENTOS ASFÁLTICOS CAP-50-70","Acre","-"]
["2015-06-01","CIMENTOS ASFÁLTICOS CAP-50-70","Amapá","-"]
["2015-07-01","CIMENTOS ASFÁLTICOS CAP-50-70","Roraima","-"]
["2015-09-01","CIMENTOS ASFÁLTICOS CAP-50-70","Piauí","-"]
["2015-12-01","CIMENTOS ASFÁLTICOS CAP-50-70","Rio de Janeiro",1.3967647494942139]
["2016-01-01","CIMENTOS ASFÁLTICOS CAP-50-70","Ceará",1.550181495708322]
["2016-03-01","CIMENTOS ASFÁLTICOS CAP-50-70","Bahia",1.559388010262394]
["2016-04-01","CIMENTOS ASFÁLTICOS CAP-50-70","Rio Grande do Sul",1.5521735620869268]
["2016-07-01","CIMENTOS ASFÁLTICOS CAP-50-70","Piauí","-"]
["2016-09-01","CIMENTOS ASFÁLTICOS CAP-50-70","Santa Catarina","-"]
["2016-11-01","CIMENTOS ASFÁLTICOS CAP-50-70","Ceará",1.5089346928494358]
["2016-12-01","CIMENTOS ASFÁLTICOS CAP-50-70","Maranhão","-"]
["2017-02-01","CIMENTOS ASFÁLTICOS CAP-50-70","Rio Grande do Sul",1.3905698453947235]
["2017-03-01","CIMENTOS ASFÁLTICOS CAP-50-70","Mato Grosso do Sul","-"]
["2017-06-01","CIMENTOS ASFÁLTICOS CAP-50-70","Rio de Janeiro",1.3251186255745027]
["2017-08-01","CIMENTOS ASFÁLTICOS CAP-50-70","Espírito Santo","-"]
["2017-10-01","CIMENTOS ASFÁLTICOS CAP-50-70","Distrito Federal","-"]
["2017-10-01","CIMENTOS ASFÁLTICOS CAP-50-70","Sergipe","-"]
["2017-12-01","CIMENTOS ASFÁLTICOS CAP-50-70","Pernambuco","-"]
["2018-02-01","CIMENTOS ASFÁLTICOS CAP-50-70","Santa Catarina","-"]
["2018-05-01","CIMENTOS ASFÁLTICOS CAP-50-70","Minas Gerais",1.6751124290383712]
["2018-06-01","CIMENTOS ASFÁLTICOS CAP-50-70","Mato Grosso do Sul","-"]
["2018-08-01","CIMENTOS ASFÁLTICOS CAP-50-70","Paraíba","-"]
["2018-09-01","CIMENTOS ASFÁLTICOS CAP-50-70","Tocantins","-"]
["2018-12-01","CIMENTOS ASFÁLTICOS CAP-50-70","Rondônia","-"]
["2019-01-01","CIMENTOS ASFÁLTICOS CAP-50-70","Paraíba","-"]
["2019-04-01","CIMENTOS ASFÁLTICOS CAP-50-70","Mato Grosso do Sul","-"]
["2019-05-01","CIMENTOS ASFÁLTICOS CAP-50-70","Amazonas",2.7712310243027498]
["2019-07-01","CIMENTOS ASFÁLTICOS CAP-50-70","Tocantins","-"]
["2019-08-01","CIMENTOS ASFÁLTICOS CAP-50-70","Ceará",2.3462432673928615]
["2019-11-01","CIMENTOS ASFÁLTICOS CAP-50-70","Paraíba","-"]
["2020-01-01","CIMENTOS ASFÁLTICOS CAP-50-70","Alagoas","-"]
["2020-01-01","CIMENTOS ASFÁLTICOS CAP-50-70","Piauí","-"]
["2020-04-01","CIMENTOS ASFÁLTICOS CAP-50-70","Amazonas","-"]
["2020-05-01","CIMENTOS ASFÁLTICOS CAP-50-70","Ceará",2.1159048809637953]
["2020-08-01","CIMENTOS ASFÁLTICOS CAP-50-70","Amapá","-"]
["2020-10-01","CIMENTOS ASFÁLTICOS CAP-50-70","Distrito Federal","-"]
["2020-11-01","CIMENTOS ASFÁLTICOS CAP-50-70","Piauí","-"]
["2021-01-01","CIMENTOS ASFÁLTICOS CAP-50-70","Goiás",2.8870922124623672]
["2021-03-01","CIMENTOS ASFÁLTICOS CAP-50-70","Ceará",2.6081209551957767]
["2021-05-01","CIMENTOS ASFÁLTICOS CAP-50-70","Paraná",3.4744232045773842]
["2021-06-01","CIMENTOS ASFÁLTICOS CAP-50-70","Rio Grande do Sul",3.4406072016728473]
["2021-08-01","CIMENTOS ASFÁLTICOS CAP-50-70","Piauí","-"]
["2021-10-01","CIMENTOS ASFÁLTICOS CAP-50-70","Goiás",3.5492714768175651]
["2021-11-01","CIMENTOS ASFÁLTICOS CAP-50-70","Mato Grosso",4.5623885195618348]
["2021-12-01","CIMENTOS ASFÁLTICOS CAP-50-70","Tocantins",3.7436175661677109]
["2022-02-01","CIMENTOS ASFÁLTICOS CAP-50-70","Sergipe","-"]
["2022-05-01","CIMENTOS ASFÁLTICOS CAP-50-70","Roraima","-"]
["2022-06-01","CIMENTOS ASFÁLTICOS CAP-50-70","Santa Catarina","-"]
["2022-08-01","CIMENTOS ASFÁLTICOS CAP-50-70","São Paulo",4.173690708823119]
["2022-10-01","CIMENTOS ASFÁLTICOS CAP-50-70","Mato Grosso do Sul",3.3489252995718886]
["2022-11-01","CIMENTOS ASFÁLTICOS CAP-50-70","Tocantins",3.6920694857447929]
["2023-01-01","CIMENTOS ASFÁLTICOS CAP-50-70","Tocantins",3.4411878115114383]
["2023-04-01","CIMENTOS ASFÁLTICOS CAP-50-70","Santa Catarina","-"]
["2023-06-01","CIMENTOS ASFÁLTICOS CAP-50-70","Amapá","-"]
["2023-08-01","CIMENTOS ASFÁLTICOS CAP-50-70","Mato Grosso do Sul",3.2122981049580615]
["2023-09-01","CIMENTOS ASFÁLTICOS CAP-50-70","Bahia",3.4391359674105799]
["2023-11-01","CIMENTOS ASFÁLTICOS CAP-50-70","Tocantins",3.3014991666784597]
["2024-01-01","CIMENTOS ASFÁLTICOS CAP-50-70","Mato Grosso do Sul",3.3108529345347244]
["2024-03-01","CIMENTOS ASFÁLTICOS CAP-50-70","Paraíba","-"]
["2024-04-01","CIMENTOS ASFÁLTICOS CAP-50-70","Pará","-"]
["2024-07-01","CIMENTOS ASFÁLTICOS CAP-50-70","Minas Gerais",3.307833192646652]
["2013-01-01","CIMENTOS ASFÁLTICOS CAP-85-100","Bahia","-"]
["2013-03-01","CIMENTOS ASFÁLTICOS CAP-85-100","Pernambuco","-"]
["2013-04-01","CIMENTOS ASFÁLTICOS CAP-85-100","Rio Grande do Norte","-"]
["2013-06-01","CIMENTOS ASFÁLTICOS CAP-85-100","Rio de Janeiro","-"]
["2013-08-01","CIMENTOS ASFÁLTICOS CAP-85-100","Piauí","-"]
["2013-09-01","CIMENTOS ASFÁLTICOS CAP-85-100","Rio Grande do Sul","-"]
["2013-12-01","CIMENTOS ASFÁLTICOS CAP-85-100","Ceará","-"]
["2014-02-01","CIMENTOS ASFÁLTICOS CAP-85-100","Acre","-"]
["2014-03-01","CIMENTOS ASFÁLTICOS CAP-85-100","Rio Grande do Sul","-"]
["2014-04-01","CIMENTOS ASFÁLTICOS CAP-85-100","Roraima","-"]
["2014-06-01","CIMENTOS ASFÁLTICOS CAP-85-100","Sergipe","-"]
["2014-08-01","CIMENTOS ASFÁLTICOS CAP-85-100","Mato Grosso","-"]
["2014-11-01","CIMENTOS ASFÁLTICOS CAP-85-100","Ceará","-"]
["2014-11-01","CIMENTOS ASFÁLTICOS CAP-85-100","Sergipe","-"]
["2015-02-01","CIMENTOS ASFÁLTICOS CAP-85-100","Espírito Santo","-"]
["2015-03-01","CIMENTOS ASFÁLTICOS CAP-85-100","Pará","-"]
["2015-05-01","CIMENTOS ASFÁLTICOS CAP-85-100","Maranhão","-"]
["2015-07-01","CIMENTOS ASFÁLTICOS CAP-85-100","Mato Grosso do Sul","-"]
["2015-09-01","CIMENTOS ASFÁLTICOS CAP-85-100","Sergipe","-"]
["2015-11-01","CIMENTOS ASFÁLTICOS CAP-85-100","Minas Gerais","-"]
["2016-01-01","CIMENTOS ASFÁLTICOS CAP-85-100","Santa Catarina","-"]
["2016-02-01","CIMENTOS ASFÁLTICOS CAP-85-100","Paraíba","-"]
["2016-05-01","CIMENTOS ASFÁLTICOS CAP-85-100","Mato Grosso do Sul","-"]
["2016-07-01","CIMENTOS ASFÁLTICOS CAP-85-100","Mato Grosso","-"]
["2016-08-01","CIMENTOS ASFÁLTICOS CAP-85-100","Tocantins","-"]
["2016-10-01","CIMENTOS ASFÁLTICOS CAP-85-100","Alagoas","-"]
["2016-11-01","CIMENTOS ASFÁLTICOS CAP-85-100","Rio Grande do Norte","-"]
["2017-01-01","CIMENTOS ASFÁLTICOS CAP-85-100","Pernambuco","-"]
["2017-03-01","CIMENTOS ASFÁLTICOS CAP-85-100","Tocantins","-"]
["2017-05-01","CIMENTOS ASFÁLTICOS CAP-85-100","Bahia","-"]
["2017-07-01","CIMENTOS ASFÁLTICOS CAP-85-100","Alagoas","-"]
["2017-08-01","CIMENTOS ASFÁLTICOS CAP-85-100","Rio Grande do Norte","-"]
["2017-10-01","CIMENTOS ASFÁLTICOS CAP-85-100","Amazonas","-"]
["2017-12-01","CIMENTOS ASFÁLTICOS CAP-85-100","Piauí","-"]
["2018-03-01","CIMENTOS ASFÁLTICOS CAP-85-100","Bahia","-"]
["2018-04-01","CIMENTOS ASFÁLTICOS CAP-85-100","Distrito Federal","-"]
["2018-06-01","CIMENTOS ASFÁLTICOS CAP-85-100","Rio Grande do Norte","-"]
["2018-07-01","CIMENTOS ASFÁLTICOS CAP-85-100","Goiás","-"]
["2018-10-01","CIMENTOS ASFÁLTICOS CAP-85-100","Piauí","-"]
["2018-12-01","CIMENTOS ASFÁLTICOS CAP-85-100","Bahia","-"]
["2019-02-01","CIMENTOS ASFÁLTICOS CAP-85-100","Ceará","-"]
["2019-02-01","CIMENTOS ASFÁLTICOS CAP-85-100","Piauí","-"]
["2019-05-01","CIMENTOS ASFÁLTICOS CAP-85-100","Rio Grande do Sul","-"]
["2019-06-01","CIMENTOS ASFÁLTICOS CAP-85-100","Roraima","-"]
["2019-09-01","CIMENTOS ASFÁLTICOS CAP-85-100","Maranhão","-"]
["2019-10-01","CIMENTOS ASFÁLTICOS CAP-85-100","Mato Grosso","-"]
["2019-11-01","CIMENTOS ASFÁLTICOS CAP-85-100","Roraima","-"]
["2020-01-01","CIMENTOS ASFÁLTICOS CAP-85-100","Sergipe","-"]
["2020-02-01","CIMENTOS ASFÁLTICOS CAP-85-100","São Paulo","-"]
["2020-05-01","CIMENTOS ASFÁLTICOS CAP-85-100","Pará","-"]
["2020-07-01","CIMENTOS ASFÁLTICOS CAP-85-100","Rio Grande do Sul","-"]
["2020-09-01","CIMENTOS ASFÁLTICOS CAP-85-100","Mato Grosso do Sul","-"]
["2020-10-01","CIMENTOS ASFÁLTICOS CAP-85-100","Amazonas","-"]
["2020-12-01","CIMENTOS ASFÁLTICOS CAP-85-100","Amapá","-"]
["2021-02-01","CIMENTOS ASFÁLTICOS CAP-85-100","Alagoas","-"]
["2021-04-01","CIMENTOS ASFÁLTICOS CAP-85-100","Sergipe","-"]
["2021-05-01","CIMENTOS ASFÁLTICOS CAP-85-100","Pernambuco","-"]
["2021-08-01","CIMENTOS ASFÁLTICOS CAP-85-100","Acre","-"]
["2021-09-01","CIMENTOS ASFÁLTICOS CAP-85-100","Bahia","-"]
["2021-12-01","CIMENTOS ASFÁLTICOS CAP-85-100","Espírito Santo","-"]
["2021-12-01","CIMENTOS ASFÁLTICOS CAP-85-100","Rio Grande do Norte","-"]
["2022-03-01","CIMENTOS ASFÁLTICOS CAP-85-100","Pernambuco","-"]
["2022-04-01","CIMENTOS ASFÁLTICOS CAP-85-100","Pernambuco","-"]
["2022-07-01","CIMENTOS ASFÁLTICOS CAP-85-100","Bahia","-"]
["2022-07-01","CIMENTOS ASFÁLTICOS CAP-85-100","Rio de Janeiro","-"]
["2022-10-01","CIMENTOS ASFÁLTICOS CAP-85-100","Rio Grande do Norte","-"]
["2022-12-01","CIMENTOS ASFÁLTICOS CAP-85-100","Paraíba","-"]
["2023-02-01","CIMENTOS ASFÁLTICOS CAP-85-100","Piauí","-"]
["2023-03-01","CIMENTOS ASFÁLTICOS CAP-85-100","Pernambuco","-"]
["2023-06-01","CIMENTOS ASFÁLTICOS CAP-85-100","Ceará","-"]
["2023-06-01","CIMENTOS ASFÁLTICOS CAP-85-100","São Paulo","-"]
["2023-09-01","CIMENTOS ASFÁLTICOS CAP-85-100","Rio Grande do Norte","-"]
["2023-10-01","CIMENTOS ASFÁLTICOS CAP-85-100","Roraima","-"]
["2023-12-01","CIMENTOS ASFÁLTICOS CAP-85-100","Rondônia","-"]
["2024-02-01","CIMENTOS ASFÁLTICOS CAP-85-100","Mato Grosso","-"]
["2024-05-01","CIMENTOS ASFÁLTICOS CAP-85-100","Alagoas","-"]
["2024-05-01","CIMENTOS ASFÁLTICOS CAP-85-100","Sergipe","-"]
["2015-09-01","EMULSÃO ASFÁLTICA CATIÔNICA DE RUPTURA CONTROLADA PARA SERVIÇO DE LAMA ASFÁLTICA","Amazonas","-"]
["2015-10-01","EMULSÃO ASFÁLTICA CATIÔNICA DE RUPTURA CONTROLADA PARA SERVIÇO DE LAMA ASFÁLTICA","Pará","-"]
["2016-01-01","EMULSÃO ASFÁLTICA CATIÔNICA DE RUPTURA CONTROLADA PARA SERVIÇO DE LAMA ASFÁLTICA","Mato Grosso","-"]
["2016-01-01","EMULSÃO ASFÁLTICA CATIÔNICA DE RUPTURA CONTROLADA PARA SERVIÇO DE LAMA ASFÁLTICA","Minas Gerais","-"]
["2016-04-01","EMULSÃO ASFÁLTICA CATIÔNICA DE RUPTURA CONTROLADA PARA SERVIÇO DE LAMA ASFÁLTICA","Sergipe","-"]
["2016-06-01","EMULSÃO ASFÁLTICA CATIÔNICA DE RUPTURA CONTROLADA PARA SERVIÇO DE LAMA ASFÁLTICA","Goiás","-"]
["2016-08-01","EMULSÃO ASFÁLTICA CATIÔNICA DE RUPTURA CONTROLADA PARA SERVIÇO DE LAMA ASFÁLTICA","Pará","-"]
["2016-09-01","EMULSÃO ASFÁLTICA CATIÔNICA DE RUPTURA CONTROLADA PARA SERVIÇO DE LAMA ASFÁLTICA","Mato Grosso","-"]
["2016-10-01","EMULSÃO ASFÁLTICA CATIÔNICA DE RUPTURA CONTROLADA PARA SERVIÇO DE LAMA ASFÁLTICA","Pernambuco","-"]
["2016-12-01","EMULSÃO ASFÁLTICA CATIÔNICA DE RUPTURA CONTROLADA PARA SERVIÇO DE LAMA ASFÁLTICA","Minas Gerais","-"]
["2017-02-01","EMULSÃO ASFÁLTICA CATIÔNICA DE RUPTURA CONTROLADA PARA SERVIÇO DE LAMA ASFÁLTICA","Bahia","-"]
["2017-05-01","EMULSÃO ASFÁLTICA CATIÔNICA DE RUPTURA CONTROLADA PARA SERVIÇO DE LAMA ASFÁLTICA","Alagoas","-"]
["2017-06-01","EMULSÃO ASFÁLTICA CATIÔNICA DE RUPTURA CONTROLADA PARA SERVIÇO DE LAMA ASFÁLTICA","Paraná","-"]
["2017-08-01","EMULSÃO ASFÁLTICA CATIÔNICA DE RUPTURA CONTROLADA PARA SERVIÇO DE LAMA ASFÁLTICA","Pernambuco","-"]
["2017-09-01","EMULSÃO ASFÁLTICA CATIÔNICA DE RUPTURA CONTROLADA PARA SERVIÇO DE LAMA ASFÁLTICA","Piauí","-"]
["2017-12-01","EMULSÃO ASFÁLTICA CATIÔNICA DE RUPTURA CONTROLADA PARA SERVIÇO DE LAMA ASFÁLTICA","Bahia","-"]
["2018-01-01","EMULSÃO ASFÁLTICA CATIÔNICA DE RUPTURA CONTROLADA PARA SERVIÇO DE LAMA ASFÁLTICA","São Paulo","-"]
["2018-03-01","EMULSÃO ASFÁLTICA CATIÔNICA DE RUPTURA CONTROLADA PARA SERVIÇO DE LAMA ASFÁLTICA","Rio Grande do Norte","-"]
["2018-04-01","EMULSÃO ASFÁLTICA CATIÔNICA DE RUPTURA CONTROLADA PARA SERVIÇO DE LAMA ASFÁLTICA","Rondônia","-"]
["2018-06-01","EMULSÃO ASFÁLTICA CATIÔNICA DE RUPTURA CONTROLADA PARA SERVIÇO DE LAMA ASFÁLTICA","Distrito Federal","-"]
["2018-08-01","EMULSÃO ASFÁLTICA CATIÔNICA DE RUPTURA CONTROLADA PARA SERVIÇO DE LAMA ASFÁLTICA","Maranhão","-"]
["2018-11-01","EMULSÃO ASFÁLTICA CATIÔNICA DE RUPTURA CONTROLADA PARA SERVIÇO DE LAMA ASFÁLTICA","Amapá","-"]
["2018-11-01","EMULSÃO ASFÁLTICA CATIÔNICA DE RUPTURA CONTROLADA PARA SERVIÇO DE LAMA ASFÁLTICA","São Paulo","-"]
["2019-02-01","EMULSÃO ASFÁLTICA CATIÔNICA DE RUPTURA CONTROLADA PARA SERVIÇO DE LAMA ASFÁLTICA","Bahia","-"]
["2019-03-01","EMULSÃO ASFÁLTICA CATIÔNICA DE RUPTURA CONTROLADA PARA SERVIÇO DE LAMA ASFÁLTICA","Roraima","-"]
["2019-05-01","EMULSÃO ASFÁLTICA CATIÔNICA DE RUPTURA CONTROLADA PARA SERVIÇO DE LAMA ASFÁLTICA","Distrito Federal","-"]
["2019-07-01","EMULSÃO ASFÁLTICA CATIÔNICA DE RUPTURA CONTROLADA PARA SERVIÇO DE LAMA ASFÁLTICA","Mato Grosso","-"]
["2019-09-01","EMULSÃO ASFÁLTICA CATIÔNICA DE RUPTURA CONTROLADA PARA SERVIÇO DE LAMA ASFÁLTICA","São Paulo","-"]
["2019-11-01","EMULSÃO ASFÁLTICA CATIÔNICA DE RUPTURA CONTROLADA PARA SERVIÇO DE LAMA ASFÁLTICA","Maranhão","-"]
["2020-01-01","EMULSÃO ASFÁLTICA CATIÔNICA DE RUPTURA CONTROLADA PARA SERVIÇO DE LAMA ASFÁLTICA","Roraima","-"]
["2020-02-01","EMULSÃO ASFÁLTICA CATIÔNICA DE RUPTURA CONTROLADA PARA SERVIÇO DE LAMA ASFÁLTICA","Mato Grosso do Sul","-"]
["2020-05-01","EMULSÃO ASFÁLTICA CATIÔNICA DE RUPTURA CONTROLADA PARA SERVIÇO DE LAMA ASFÁLTICA","Mato Grosso","-"]
["2020-06-01","EMULSÃO ASFÁLTICA CATIÔNICA DE RUPTURA CONTROLADA PARA SERVIÇO DE LAMA ASFÁLTICA","Rio de Janeiro","-"]
["2020-08-01","EMULSÃO ASFÁLTICA CATIÔNICA DE RUPTURA CONTROLADA PARA SERVIÇO DE LAMA ASFÁLTICA","Sergipe","-"]
["2020-09-01","EMULSÃO ASFÁLTICA CATIÔNICA DE RUPTURA CONTROLADA PARA SERVIÇO DE LAMA ASFÁLTICA","Rio Grande do Sul","-"]
["2020-12-01","EMULSÃO ASFÁLTICA CATIÔNICA DE RUPTURA CONTROLADA PARA SERVIÇO DE LAMA ASFÁLTICA","Pará","-"]
["2021-01-01","EMULSÃO ASFÁLTICA CATIÔNICA DE RUPTURA CONTROLADA PARA SERVIÇO DE LAMA ASFÁLTICA","Paraná","-"]
["2021-03-01","EMULSÃO ASFÁLTICA CATIÔNICA DE RUPTURA CONTROLADA PARA SERVIÇO DE LAMA ASFÁLTICA","Santa Catarina","-"]
["2021-05-01","EMULSÃO ASFÁLTICA CATIÔNICA DE RUPTURA CONTROLADA PARA SERVIÇO DE LAMA ASFÁLTICA","Amazonas","-"]
["2021-06-01","EMULSÃO ASFÁLTICA CATIÔNICA DE RUPTURA CONTROLADA PARA SERVIÇO DE LAMA ASFÁLTICA","Sergipe","-"]
["2021-09-01","EMULSÃO ASFÁLTICA CATIÔNICA DE RUPTURA CONTROLADA PARA SERVIÇO DE LAMA ASFÁLTICA","Alagoas","-"]
["2021-10-01","EMULSÃO ASFÁLTICA CATIÔNICA DE RUPTURA CONTROLADA PARA SERVIÇO DE LAMA ASFÁLTICA","Acre","-"]
["2021-12-01","EMULSÃO ASFÁLTICA CATIÔNICA DE RUPTURA CONTROLADA PARA SERVIÇO DE LAMA ASFÁLTICA","Pernambuco","-"]
["2022-02-01","EMULSÃO ASFÁLTICA CATIÔNICA DE RUPTURA CONTROLADA PARA SERVIÇO DE LAMA ASFÁLTICA","Santa Catarina","-"]
["2022-04-01","EMULSÃO ASFÁLTICA CATIÔNICA DE RUPTURA CONTROLADA PARA SERVIÇO DE LAMA ASFÁLTICA","Bahia","-"]
["2022-05-01","EMULSÃO ASFÁLTICA CATIÔNICA DE RUPTURA CONTROLADA PARA SERVIÇO DE LAMA ASFÁLTICA","Distrito Federal","-"]
["2022-07-01","EMULSÃO ASFÁLTICA CATIÔNICA DE RUPTURA CONTROLADA PARA SERVIÇO DE LAMA ASFÁLTICA","Ceará","-"]
["2022-08-01","EMULSÃO ASFÁLTICA CATIÔNICA DE RUPTURA CONTROLADA PARA SERVIÇO DE LAMA ASFÁLTICA","Rondônia","-"]
["2022-12-01","EMULSÃO ASFÁLTICA CATIÔNICA DE RUPTURA CONTROLADA PARA SERVIÇO DE LAMA ASFÁLTICA","Alagoas","-"]
["2022-12-01","EMULSÃO ASFÁLTICA CATIÔNICA DE RUPTURA CONTROLADA PARA SERVIÇO DE LAMA ASFÁLTICA","Maranhão","-"]
["2023-02-01","EMULSÃO ASFÁLTICA CATIÔNICA DE RUPTURA CONTROLADA PARA SERVIÇO DE LAMA ASFÁLTICA","Paraíba","-"]
["2023-03-01","EMULSÃO ASFÁLTICA CATIÔNICA DE RUPTURA CONTROLADA PARA SERVIÇO DE LAMA ASFÁLTICA","São Paulo","-"]
["2023-05-01","EMULSÃO ASFÁLTICA CATIÔNICA DE RUPTURA CONTROLADA PARA SERVIÇO DE LAMA ASFÁLTICA","Pernambuco","-"]
["2023-07-01","EMULSÃO ASFÁLTICA CATIÔNICA DE RUPTURA CONTROLADA PARA SERVIÇO DE LAMA ASFÁLTICA","Roraima","-"]
["2023-10-01","EMULSÃO ASFÁLTICA CATIÔNICA DE RUPTURA CONTROLADA PARA SERVIÇO DE LAMA ASFÁLTICA","Maranhão","-"]
["2023-11-01","EMULSÃO ASFÁLTICA CATIÔNICA DE RUPTURA CONTROLADA PARA SERVIÇO DE LAMA ASFÁLTICA","Rio Grande do Norte","-"]
["2024-01-01","EMULSÃO ASFÁLTICA CATIÔNICA DE RUPTURA CONTROLADA PARA SERVIÇO DE LAMA ASFÁLTICA","São Paulo","-"]
["2024-02-01","EMULSÃO ASFÁLTICA CATIÔNICA DE RUPTURA CONTROLADA PARA SERVIÇO DE LAMA ASFÁLTICA","Rondônia","-"]
["2024-05-01","EMULSÃO ASFÁLTICA CATIÔNICA DE RUPTURA CONTROLADA PARA SERVIÇO DE LAMA ASFÁLTICA","Roraima","-"]
["2024-07-01","EMULSÃO ASFÁLTICA CATIÔNICA DE RUPTURA CONTROLADA PARA SERVIÇO DE LAMA ASFÁLTICA","Piauí","-"]
["2015-10-01","EMULSÃO ASFÁLTICA DE RUPTURA LENTA CATIÔNICA PARA SERVIÇO DE LAMA ASFÁLTICA","Mato Grosso","-"]
["2015-11-01","EMULSÃO ASFÁLTICA DE RUPTURA LENTA CATIÔNICA PARA SERVIÇO DE LAMA ASFÁLTICA","Rio Grande do Norte","-"]
["2016-01-01","EMULSÃO ASFÁLTICA DE RUPTURA LENTA CATIÔNICA PARA SERVIÇO DE LAMA ASFÁLTICA","Sergipe","-"]
["2016-03-01","EMULSÃO ASFÁLTICA DE RUPTURA LENTA CATIÔNICA PARA SERVIÇO DE LAMA ASFÁLTICA","Acre","-"]
["2016-05-01","EMULSÃO ASFÁLTICA DE RUPTURA LENTA CATIÔNICA PARA SERVIÇO DE LAMA ASFÁLTICA","Roraima","-"]
["2016-06-01","EMULSÃO ASFÁLTICA DE RUPTURA LENTA CATIÔNICA PARA SERVIÇO DE LAMA ASFÁLTICA","Paraná","-"]
["2016-08-01","EMULSÃO ASFÁLTICA DE RUPTURA LENTA CATIÔNICA PARA SERVIÇO DE LAMA ASFÁLTICA","Goiás","-"]
["2016-10-01","EMULSÃO ASFÁLTICA DE RUPTURA LENTA CATIÔNICA PARA SERVIÇO DE LAMA ASFÁLTICA","Amazonas","-"]
["2016-11-01","EMULSÃO ASFÁLTICA DE RUPTURA LENTA CATIÔNICA PARA SERVIÇO DE LAMA ASFÁLTICA","Mato Grosso","-"]
["2017-01-01","EMULSÃO ASFÁLTICA DE RUPTURA LENTA CATIÔNICA PARA SERVIÇO DE LAMA ASFÁLTICA","Rio de Janeiro","-"]
["2017-04-01","EMULSÃO ASFÁLTICA DE RUPTURA LENTA CATIÔNICA PARA SERVIÇO DE LAMA ASFÁLTICA","Distrito Federal","-"]
["2017-05-01","EMULSÃO ASFÁLTICA DE RUPTURA LENTA CATIÔNICA PARA SERVIÇO DE LAMA ASFÁLTICA","Pernambuco","-"]
["2017-08-01","EMULSÃO ASFÁLTICA DE RUPTURA LENTA CATIÔNICA PARA SERVIÇO DE LAMA ASFÁLTICA","Amazonas","-"]
["2017-08-01","EMULSÃO ASFÁLTICA DE RUPTURA LENTA CATIÔNICA PARA SERVIÇO DE LAMA ASFÁLTICA","Paraná","-"]
["2017-10-01","EMULSÃO ASFÁLTICA DE RUPTURA LENTA CATIÔNICA PARA SERVIÇO DE LAMA ASFÁLTICA","Distrito Federal","-"]
["2018-01-01","EMULSÃO ASFÁLTICA DE RUPTURA LENTA CATIÔNICA PARA SERVIÇO DE LAMA ASFÁLTICA","Mato Grosso do Sul","-"]
["2018-01-01","EMULSÃO ASFÁLTICA DE RUPTURA LENTA CATIÔNICA PARA SERVIÇO DE LAMA ASFÁLTICA","Rondônia","-"]
["2018-04-01","EMULSÃO ASFÁLTICA DE RUPTURA LENTA CATIÔNICA PARA SERVIÇO DE LAMA ASFÁLTICA","Pará","-"]
["2018-05-01","EMULSÃO ASFÁLTICA DE RUPTURA LENTA CATIÔNICA PARA SERVIÇO DE LAMA ASFÁLTICA","Maranhão","-"]
["2018-08-01","EMULSÃO ASFÁLTICA DE RUPTURA LENTA CATIÔNICA PARA SERVIÇO DE LAMA ASFÁLTICA","Rio Grande do Sul","-"]
["2018-08-01","EMULSÃO ASFÁLTICA DE RUPTURA LENTA CATIÔNICA PARA SERVIÇO DE LAMA ASFÁLTICA","São Paulo","-"]
["2018-11-01","EMULSÃO ASFÁLTICA DE RUPTURA LENTA CATIÔNICA PARA SERVIÇO DE LAMA ASFÁLTICA","Rondônia","-"]
["2019-01-01","EMULSÃO ASFÁLTICA DE RUPTURA LENTA CATIÔNICA PARA SERVIÇO DE LAMA ASFÁLTICA","Rio de Janeiro","-"]
["2019-03-01","EMULSÃO ASFÁLTICA DE RUPTURA LENTA CATIÔNICA PARA SERVIÇO DE LAMA ASFÁLTICA","Maranhão","-"]
["2019-04-01","EMULSÃO ASFÁLTICA DE RUPTURA LENTA CATIÔNICA PARA SERVIÇO DE LAMA ASFÁLTICA","Bahia","-"]
["2019-06-01","EMULSÃO ASFÁLTICA DE RUPTURA LENTA CATIÔNICA PARA SERVIÇO DE LAMA ASFÁLTICA","São Paulo","-"]
["2019-09-01","EMULSÃO ASFÁLTICA DE RUPTURA LENTA CATIÔNICA PARA SERVIÇO DE LAMA ASFÁLTICA","Acre","-"]
["2019-10-01","EMULSÃO ASFÁLTICA DE RUPTURA LENTA CATIÔNICA PARA SERVIÇO DE LAMA ASFÁLTICA","Roraima","-"]
["2019-12-01","EMULSÃO ASFÁLTICA DE RUPTURA LENTA CATIÔNICA PARA SERVIÇO DE LAMA ASFÁLTICA","Amapá","-"]
["2020-02-01","EMULSÃO ASFÁLTICA DE RUPTURA LENTA CATIÔNICA PARA SERVIÇO DE LAMA ASFÁLTICA","Mato Grosso","-"]
["2020-03-01","EMULSÃO ASFÁLTICA DE RUPTURA LENTA CATIÔNICA PARA SERVIÇO DE LAMA ASFÁLTICA","Amapá","-"]
["2020-06-01","EMULSÃO ASFÁLTICA DE RUPTURA LENTA CATIÔNICA PARA SERVIÇO DE LAMA ASFÁLTICA","Ceará","-"]
["2020-07-01","EMULSÃO ASFÁLTICA DE RUPTURA LENTA CATIÔNICA PARA SERVIÇO DE LAMA ASFÁLTICA","Acre","-"]
["2020-09-01","EMULSÃO ASFÁLTICA DE RUPTURA LENTA CATIÔNICA PARA SERVIÇO DE LAMA ASFÁLTICA","Espírito Santo","-"]
["2020-10-01","EMULSÃO ASFÁLTICA DE RUPTURA LENTA CATIÔNICA PARA SERVIÇO DE LAMA ASFÁLTICA","Paraná","-"]
["2021-01-01","EMULSÃO ASFÁLTICA DE RUPTURA LENTA CATIÔNICA PARA SERVIÇO DE LAMA ASFÁLTICA","Paraíba","-"]
["2021-02-01","EMULSÃO ASFÁLTICA DE RUPTURA LENTA CATIÔNICA PARA SERVIÇO DE LAMA ASFÁLTICA","Amazonas","-"]
["2021-05-01","EMULSÃO ASFÁLTICA DE RUPTURA LENTA CATIÔNICA PARA SERVIÇO DE LAMA ASFÁLTICA","Acre","-"]
["2021-06-01","EMULSÃO ASFÁLTICA DE RUPTURA LENTA CATIÔNICA PARA SERVIÇO DE LAMA ASFÁLTICA","Minas Gerais","-"]
["2021-08-01","EMULSÃO ASFÁLTICA DE RUPTURA LENTA CATIÔNICA PARA SERVIÇO DE LAMA ASFÁLTICA","Paraná","-"]
["2021-08-01","EMULSÃO ASFÁLTICA DE RUPTURA LENTA CATIÔNICA PARA SERVIÇO DE LAMA ASFÁLTICA","Sergipe","-"]
["2021-12-01","EMULSÃO ASFÁLTICA DE RUPTURA LENTA CATIÔNICA PARA SERVIÇO DE LAMA ASFÁLTICA","Amazonas","-"]
["2022-01-01","EMULSÃO ASFÁLTICA DE RUPTURA LENTA CATIÔNICA PARA SERVIÇO DE LAMA ASFÁLTICA","Rondônia","-"]
["2022-03-01","EMULSÃO ASFÁLTICA DE RUPTURA LENTA CATIÔNICA PARA SERVIÇO DE LAMA ASFÁLTICA","Rio de Janeiro","-"]
["2022-04-01","EMULSÃO ASFÁLTICA DE RUPTURA LENTA CATIÔNICA PARA SERVIÇO DE LAMA ASFÁLTICA","Santa Catarina","-"]
["2022-07-01","EMULSÃO ASFÁLTICA DE RUPTURA LENTA CATIÔNICA PARA SERVIÇO DE LAMA ASFÁLTICA","Pernambuco","-"]
["2022-08-01","EMULSÃO ASFÁLTICA DE RUPTURA LENTA CATIÔNICA PARA SERVIÇO DE LAMA ASFÁLTICA","Goiás","-"]
["2022-10-01","EMULSÃO ASFÁLTICA DE RUPTURA LENTA CATIÔNICA PARA SERVIÇO DE LAMA ASFÁLTICA","Tocantins","-"]
["2022-12-01","EMULSÃO ASFÁLTICA DE RUPTURA LENTA CATIÔNICA PARA SERVIÇO DE LAMA ASFÁLTICA","Distrito Federal","-"]
["2023-02-01","EMULSÃO ASFÁLTICA DE RUPTURA LENTA CATIÔNICA PARA SERVIÇO DE LAMA ASFÁLTICA","Alagoas","-"]
["2023-03-01","EMULSÃO ASFÁLTICA DE RUPTURA LENTA CATIÔNICA PARA SERVIÇO DE LAMA ASFÁLTICA","Rondônia","-"]
["2023-05-01","EMULSÃO ASFÁLTICA DE RUPTURA LENTA CATIÔNICA PARA SERVIÇO DE LAMA ASFÁLTICA","Amazonas","-"]
["2023-07-01","EMULSÃO ASFÁLTICA DE RUPTURA LENTA CATIÔNICA PARA SERVIÇO DE LAMA ASFÁLTICA","Maranhão","-"]
["2023-09-01","EMULSÃO ASFÁLTICA DE RUPTURA LENTA CATIÔNICA PARA SERVIÇO DE LAMA ASFÁLTICA","Mato Grosso","-"]
["2023-10-01","EMULSÃO ASFÁLTICA DE RUPTURA LENTA CATIÔNICA PARA SERVIÇO DE LAMA ASFÁLTICA","São Paulo","-"]
["2023-11-01","EMULSÃO ASFÁLTICA DE RUPTURA LENTA CATIÔNICA PARA SERVIÇO DE LAMA ASFÁLTICA","Tocantins","-"]
["2024-02-01","EMULSÃO ASFÁLTICA DE RUPTURA LENTA CATIÔNICA PARA SERVIÇO DE LAMA ASFÁLTICA","Goiás","-"]
["2024-03-01","EMULSÃO ASFÁLTICA DE RUPTURA LENTA CATIÔNICA PARA SERVIÇO DE LAMA ASFÁLTICA","Paraíba","-"]
["2024-06-01","EMULSÃO ASFÁLTICA DE RUPTURA LENTA CATIÔNICA PARA SERVIÇO DE LAMA ASFÁLTICA","Paraná","-"]
["2024-07-01","EMULSÃO ASFÁLTICA DE RUPTURA LENTA CATIÔNICA PARA SERVIÇO DE LAMA ASFÁLTICA","Amapá","-"]
["2015-10-01","EMULSÃO ASFÁLTICA DE RUPTURA LENTA DE CARGA NEUTRA PARA SERVIÇO DE LAMA ASFÁLTICA","Piauí","-"]
["2015-12-01","EMULSÃO ASFÁLTICA DE RUPTURA LENTA DE CARGA NEUTRA PARA SERVIÇO DE LAMA ASFÁLTICA","Acre","-"]
["2016-01-01","EMULSÃO ASFÁLTICA DE RUPTURA LENTA DE CARGA NEUTRA PARA SERVIÇO DE LAMA ASFÁLTICA","Rio Grande do Norte","-"]
["2016-03-01","EMULSÃO ASFÁLTICA DE RUPTURA LENTA DE CARGA NEUTRA PARA SERVIÇO DE LAMA ASFÁLTICA","Paraná","-"]
["2016-06-01","EMULSÃO ASFÁLTICA DE RUPTURA LENTA DE CARGA NEUTRA PARA SERVIÇO DE LAMA ASFÁLTICA","Amapá","-"]
["2016-07-01","EMULSÃO ASFÁLTICA DE RUPTURA LENTA DE CARGA NEUTRA PARA SERVIÇO DE LAMA ASFÁLTICA","Roraima","-"]
["2016-10-01","EMULSÃO ASFÁLTICA DE RUPTURA LENTA DE CARGA NEUTRA PARA SERVIÇO DE LAMA ASFÁLTICA","Acre","-"]
["2016-10-01","EMULSÃO ASFÁLTICA DE RUPTURA LENTA DE CARGA NEUTRA PARA SERVIÇO DE LAMA ASFÁLTICA","São Paulo","-"]
["2017-01-01","EMULSÃO ASFÁLTICA DE RUPTURA LENTA DE CARGA NEUTRA PARA SERVIÇO DE LAMA ASFÁLTICA","Paraná","-"]
["2017-03-01","EMULSÃO ASFÁLTICA DE RUPTURA LENTA DE CARGA NEUTRA PARA SERVIÇO DE LAMA ASFÁLTICA","Bahia","-"]
["2017-05-01","EMULSÃO ASFÁLTICA DE RUPTURA LENTA DE CARGA NEUTRA PARA SERVIÇO DE LAMA ASFÁLTICA","Amazonas","-"]
["2017-06-01","EMULSÃO ASFÁLTICA DE RUPTURA LENTA DE CARGA NEUTRA PARA SERVIÇO DE LAMA ASFÁLTICA","Distrito Federal","-"]
["2017-08-01","EMULSÃO ASFÁLTICA DE RUPTURA LENTA DE CARGA NEUTRA PARA SERVIÇO DE LAMA ASFÁLTICA","Rio de Janeiro","-"]
["2017-09-01","EMULSÃO ASFÁLTICA DE RUPTURA LENTA DE CARGA NEUTRA PARA SERVIÇO DE LAMA ASFÁLTICA","Rio Grande do Sul","-"]
["2017-12-01","EMULSÃO ASFÁLTICA DE RUPTURA LENTA DE CARGA NEUTRA PARA SERVIÇO DE LAMA ASFÁLTICA","Maranhão","-"]
["2018-01-01","EMULSÃO ASFÁLTICA DE RUPTURA LENTA DE CARGA NEUTRA PARA SERVIÇO DE LAMA ASFÁLTICA","Goiás","-"]
["2018-03-01","EMULSÃO ASFÁLTICA DE RUPTURA LENTA DE CARGA NEUTRA PARA SERVIÇO DE LAMA ASFÁLTICA","Mato Grosso do Sul","-"]
["2018-04-01","EMULSÃO ASFÁLTICA DE RUPTURA LENTA DE CARGA NEUTRA PARA SERVIÇO DE LAMA ASFÁLTICA","Santa Catarina","-"]
["2018-06-01","EMULSÃO ASFÁLTICA DE RUPTURA LENTA DE CARGA NEUTRA PARA SERVIÇO DE LAMA ASFÁLTICA","Pará","-"]
["2018-08-01","EMULSÃO ASFÁLTICA DE RUPTURA LENTA DE CARGA NEUTRA PARA SERVIÇO DE LAMA ASFÁLTICA","Rondônia","-"]
["2018-11-01","EMULSÃO ASFÁLTICA DE RUPTURA LENTA DE CARGA NEUTRA PARA SERVIÇO DE LAMA ASFÁLTICA","Maranhão","-"]
["2018-12-01","EMULSÃO ASFÁLTICA DE RUPTURA LENTA DE CARGA NEUTRA PARA SERVIÇO DE LAMA ASFÁLTICA","Maranhão","-"]
["2019-01-01","EMULSÃO ASFÁLTICA DE RUPTURA LENTA DE CARGA NEUTRA PARA SERVIÇO DE LAMA ASFÁLTICA","Mato Grosso do Sul","-"]
["2019-03-01","EMULSÃO ASFÁLTICA DE RUPTURA LENTA DE CARGA NEUTRA PARA SERVIÇO DE LAMA ASFÁLTICA","Rio de Janeiro","-"]
["2019-04-01","EMULSÃO ASFÁLTICA DE RUPTURA LENTA DE CARGA NEUTRA PARA SERVIÇO DE LAMA ASFÁLTICA","Tocantins","-"]
["2019-08-01","EMULSÃO ASFÁLTICA DE RUPTURA LENTA DE CARGA NEUTRA PARA SERVIÇO DE LAMA ASFÁLTICA","Paraíba","-"]
["2019-10-01","EMULSÃO ASFÁLTICA DE RUPTURA LENTA DE CARGA NEUTRA PARA SERVIÇO DE LAMA ASFÁLTICA","Maranhão","-"]
["2019-11-01","EMULSÃO ASFÁLTICA DE RUPTURA LENTA DE CARGA NEUTRA PARA SERVIÇO DE LAMA ASFÁLTICA","Acre","-"]
["2020-01-01","EMULSÃO ASFÁLTICA DE RUPTURA LENTA DE CARGA NEUTRA PARA SERVIÇO DE LAMA ASFÁLTICA","São Paulo","-"]
["2020-02-01","EMULSÃO ASFÁLTICA DE RUPTURA LENTA DE CARGA NEUTRA PARA SERVIÇO DE LAMA ASFÁLTICA","Amapá","-"]
["2020-05-01","EMULSÃO ASFÁLTICA DE RUPTURA LENTA DE CARGA NEUTRA PARA SERVIÇO DE LAMA ASFÁLTICA","Minas Gerais","-"]
["2020-06-01","EMULSÃO ASFÁLTICA DE RUPTURA LENTA DE CARGA NEUTRA PARA SERVIÇO DE LAMA ASFÁLTICA","Paraíba","-"]
["2020-08-01","EMULSÃO ASFÁLTICA DE RUPTURA LENTA DE CARGA NEUTRA PARA SERVIÇO DE LAMA ASFÁLTICA","Ceará","-"]
["2020-10-01","EMULSÃO ASFÁLTICA DE RUPTURA LENTA DE CARGA NEUTRA PARA SERVIÇO DE LAMA ASFÁLTICA","Amapá","-"]
["2020-11-01","EMULSÃO ASFÁLTICA DE RUPTURA LENTA DE CARGA NEUTRA PARA SERVIÇO DE LAMA ASFÁLTICA","Espírito Santo","-"]
["2021-02-01","EMULSÃO ASFÁLTICA DE RUPTURA LENTA DE CARGA NEUTRA PARA SERVIÇO DE LAMA ASFÁLTICA","Acre","-"]
["2021-04-01","EMULSÃO ASFÁLTICA DE RUPTURA LENTA DE CARGA NEUTRA PARA SERVIÇO DE LAMA ASFÁLTICA","Amazonas","-"]
["2021-05-01","EMULSÃO ASFÁLTICA DE RUPTURA LENTA DE CARGA NEUTRA PARA SERVIÇO DE LAMA ASFÁLTICA","Paraná","-"]
["2021-07-01","EMULSÃO ASFÁLTICA DE RUPTURA LENTA DE CARGA NEUTRA PARA SERVIÇO DE LAMA ASFÁLTICA","Ceará","-"]
["2021-09-01","EMULSÃO ASFÁLTICA DE RUPTURA LENTA DE CARGA NEUTRA PARA SERVIÇO DE LAMA ASFÁLTICA","Amazonas","-"]
["2021-10-01","EMULSÃO ASFÁLTICA DE RUPTURA LENTA DE CARGA NEUTRA PARA SERVIÇO DE LAMA ASFÁLTICA","Ceará","-"]
["2022-01-01","EMULSÃO ASFÁLTICA DE RUPTURA LENTA DE CARGA NEUTRA PARA SERVIÇO DE LAMA ASFÁLTICA","Goiás","-"]
["2022-01-01","EMULSÃO ASFÁLTICA DE RUPTURA LENTA DE CARGA NEUTRA PARA SERVIÇO DE LAMA ASFÁLTICA","Rio Grande do Sul","-"]
["2022-03-01","EMULSÃO ASFÁLTICA DE RUPTURA LENTA DE CARGA NEUTRA PARA SERVIÇO DE LAMA ASFÁLTICA","Rondônia","-"]
["2022-05-01","EMULSÃO ASFÁLTICA DE RUPTURA LENTA DE CARGA NEUTRA PARA SERVIÇO DE LAMA ASFÁLTICA","Goiás","-"]
["2022-06-01","EMULSÃO ASFÁLTICA DE RUPTURA LENTA DE CARGA NEUTRA PARA SERVIÇO DE LAMA ASFÁLTICA","Santa Catarina","-"]
["2022-08-01","EMULSÃO ASFÁLTICA DE RUPTURA LENTA DE CARGA NEUTRA PARA SERVIÇO DE LAMA ASFÁLTICA","Santa Catarina","-"]
["2022-11-01","EMULSÃO ASFÁLTICA DE RUPTURA LENTA DE CARGA NEUTRA PARA SERVIÇO DE LAMA ASFÁLTICA","Rio Grande do Norte","-"]
["2022-12-01","EMULSÃO ASFÁLTICA DE RUPTURA LENTA DE CARGA NEUTRA PARA SERVIÇO DE LAMA ASFÁLTICA","Rondônia","-"]
["2023-03-01","EMULSÃO ASFÁLTICA DE RUPTURA LENTA DE CARGA NEUTRA PARA SERVIÇO DE LAMA ASFÁLTICA","Goiás","-"]
["2023-04-01","EMULSÃO ASFÁLTICA DE RUPTURA LENTA DE CARGA NEUTRA PARA SERVIÇO DE LAMA ASFÁLTICA","Alagoas","-"]
["2023-06-01","EMULSÃO ASFÁLTICA DE RUPTURA LENTA DE CARGA NEUTRA PARA SERVIÇO DE LAMA ASFÁLTICA","Santa Catarina","-"]
["2023-08-01","EMULSÃO ASFÁLTICA DE RUPTURA LENTA DE CARGA NEUTRA PARA SERVIÇO DE LAMA ASFÁLTICA","São Paulo","-"]
["2023-10-01","EMULSÃO ASFÁLTICA DE RUPTURA LENTA DE CARGA NEUTRA PARA SERVIÇO DE LAMA ASFÁLTICA","Rondônia","-"]
["2023-11-01","EMULSÃO ASFÁLTICA DE RUPTURA LENTA DE CARGA NEUTRA PARA SERVIÇO DE LAMA ASFÁLTICA","Tocantins","-"]
["2024-02-01","EMULSÃO ASFÁLTICA DE RUPTURA LENTA DE CARGA NEUTRA PARA SERVIÇO DE LAMA ASFÁLTICA","Maranhão","-"]
["2024-03-01","EMULSÃO ASFÁLTICA DE RUPTURA LENTA DE CARGA NEUTRA PARA SERVIÇO DE LAMA ASFÁLTICA","Mato Grosso do Sul","-"]
["2024-06-01","EMULSÃO ASFÁLTICA DE RUPTURA LENTA DE CARGA NEUTRA PARA SERVIÇO DE LAMA ASFÁLTICA","Amapá","-"]
["2024-06-01","EMULSÃO ASFÁLTICA DE RUPTURA LENTA DE CARGA NEUTRA PARA SERVIÇO DE LAMA ASFÁLTICA","Tocantins","-"]
["2015-10-01","EMULSÃO ASFÁLTICA PARA SERVIÇO DE IMPRIMAÇÃO","Bahia","-"]
["2015-11-01","EMULSÃO ASFÁLTICA PARA SERVIÇO DE IMPRIMAÇÃO","Paraíba","-"]
["2015-12-01","EMULSÃO ASFÁLTICA PARA SERVIÇO DE IMPRIMAÇÃO","Piauí","-"]
["2016-03-01","EMULSÃO ASFÁLTICA PARA SERVIÇO DE IMPRIMAÇÃO","Amapá","-"]
["2016-05-01","EMULSÃO ASFÁLTICA PARA SERVIÇO DE IMPRIMAÇÃO","Pará","-"]
["2016-07-01","EMULSÃO ASFÁLTICA PARA SERVIÇO DE IMPRIMAÇÃO","Acre","-"]
["2016-07-01","EMULSÃO ASFÁLTICA PARA SERVIÇO DE IMPRIMAÇÃO","Rio Grande do Norte","-"]
["2016-09-01","EMULSÃO ASFÁLTICA PARA SERVIÇO DE IMPRIMAÇÃO","Roraima","-"]
["2017-01-01","EMULSÃO ASFÁLTICA PARA SERVIÇO DE IMPRIMAÇÃO","Amapá","-"]
["2017-02-01","EMULSÃO ASFÁLTICA PARA SERVIÇO DE IMPRIMAÇÃO","Rio de Janeiro","-"]
["2017-03-01","EMULSÃO ASFÁLTICA PARA SERVIÇO DE IMPRIMAÇÃO","Ceará","-"]
["2017-05-01","EMULSÃO ASFÁLTICA PARA SERVIÇO DE IMPRIMAÇÃO","Rio Grande do Sul","-"]
["2017-06-01","EMULSÃO ASFÁLTICA PARA SERVIÇO DE IMPRIMAÇÃO","Rio Grande do Sul","-"]
["2017-08-01","EMULSÃO ASFÁLTICA PARA SERVIÇO DE IMPRIMAÇÃO","Roraima","-"]
["2017-10-01","EMULSÃO ASFÁLTICA PARA SERVIÇO DE IMPRIMAÇÃO","Goiás","-"]
["2018-01-01","EMULSÃO ASFÁLTICA PARA SERVIÇO DE IMPRIMAÇÃO","Ceará",2.1136413638684837]
["2018-02-01","EMULSÃO ASFÁLTICA PARA SERVIÇO DE IMPRIMAÇÃO","Sergipe","-"]
["2018-04-01","EMULSÃO ASFÁLTICA PARA SERVIÇO DE IMPRIMAÇÃO","Rio Grande do Sul","-"]
["2018-05-01","EMULSÃO ASFÁLTICA PARA SERVIÇO DE IMPRIMAÇÃO","Mato Grosso do Sul","-"]
["2018-08-01","EMULSÃO ASFÁLTICA PARA SERVIÇO DE IMPRIMAÇÃO","Goiás","-"]
["2018-10-01","EMULSÃO ASFÁLTICA PARA SERVIÇO DE IMPRIMAÇÃO","Espírito Santo","-"]
["2018-11-01","EMULSÃO ASFÁLTICA PARA SERVIÇO DE IMPRIMAÇÃO","Santa Catarina","-"]
["2019-01-01","EMULSÃO ASFÁLTICA PARA SERVIÇO DE IMPRIMAÇÃO","Maranhão","-"]
["2019-03-01","EMULSÃO ASFÁLTICA PARA SERVIÇO DE IMPRIMAÇÃO","Rondônia","-"]
["2019-04-01","EMULSÃO ASFÁLTICA PARA SERVIÇO DE IMPRIMAÇÃO","Pará","-"]
["2019-07-01","EMULSÃO ASFÁLTICA PARA SERVIÇO DE IMPRIMAÇÃO","Minas Gerais",1.9235156593946117]
["2019-08-01","EMULSÃO ASFÁLTICA PARA SERVIÇO DE IMPRIMAÇÃO","Alagoas","-"]
["2019-10-01","EMULSÃO ASFÁLTICA PARA SERVIÇO DE IMPRIMAÇÃO","Paraíba","-"]
["2019-11-01","EMULSÃO ASFÁLTICA PARA SERVIÇO DE IMPRIMAÇÃO","Tocantins","-"]
["2020-01-01","EMULSÃO ASFÁLTICA PARA SERVIÇO DE IMPRIMAÇÃO","Pernambuco","-"]
["2020-03-01","EMULSÃO ASFÁLTICA PARA SERVIÇO DE IMPRIMAÇÃO","Paraíba","-"]
["2020-05-01","EMULSÃO ASFÁLTICA PARA SERVIÇO DE IMPRIMAÇÃO","Santa Catarina","-"]
["2020-07-01","EMULSÃO ASFÁLTICA PARA SERVIÇO DE IMPRIMAÇÃO","Amapá","-"]
["2020-09-01","EMULSÃO ASFÁLTICA PARA SERVIÇO DE IMPRIMAÇÃO","Tocantins","-"]
["2020-10-01","EMULSÃO ASFÁLTICA PARA SERVIÇO DE IMPRIMAÇÃO","Rondônia","-"]
["2021-01-01","EMULSÃO ASFÁLTICA PARA SERVIÇO DE IMPRIMAÇÃO","Paraíba","-"]
["2021-03-01","EMULSÃO ASFÁLTICA PARA SERVIÇO DE IMPRIMAÇÃO","Alagoas","-"]
["2021-05-01","EMULSÃO ASFÁLTICA PARA SERVIÇO DE IMPRIMAÇÃO","Amapá","-"]
["2021-06-01","EMULSÃO ASFÁLTICA PARA SERVIÇO DE IMPRIMAÇÃO","Amazonas","-"]
["2021-07-01","EMULSÃO ASFÁLTICA PARA SERVIÇO DE IMPRIMAÇÃO","Ceará",2.2985659921240611]
["2021-09-01","EMULSÃO ASFÁLTICA PARA SERVIÇO DE IMPRIMAÇÃO","Ceará",2.3472058621277911]
["2021-10-01","EMULSÃO ASFÁLTICA PARA SERVIÇO DE IMPRIMAÇÃO","Rio Grande do Sul","-"]
["2022-01-01","EMULSÃO ASFÁLTICA PARA SERVIÇO DE IMPRIMAÇÃO","Espírito Santo","-"]
["2022-03-01","EMULSÃO ASFÁLTICA PARA SERVIÇO DE IMPRIMAÇÃO","Goiás","-"]
["2022-05-01","EMULSÃO ASFÁLTICA PARA SERVIÇO DE IMPRIMAÇÃO","Ceará",3.0780428892722784]
["2022-06-01","EMULSÃO ASFÁLTICA PARA SERVIÇO DE IMPRIMAÇÃO","Mato Grosso",3.2945222527036098]
["2022-08-01","EMULSÃO ASFÁLTICA PARA SERVIÇO DE IMPRIMAÇÃO","Rio Grande do Sul","-"]
["2022-09-01","EMULSÃO ASFÁLTICA PARA SERVIÇO DE IMPRIMAÇÃO","Minas Gerais",3.0788509502966521]
["2022-12-01","EMULSÃO ASFÁLTICA PARA SERVIÇO DE IMPRIMAÇÃO","Goiás","-"]
["2023-01-01","EMULSÃO ASFÁLTICA PARA SERVIÇO DE IMPRIMAÇÃO","Rio Grande do Norte","-"]
["2023-03-01","EMULSÃO ASFÁLTICA PARA SERVIÇO DE IMPRIMAÇÃO","Santa Catarina","-"]
["2023-04-01","EMULSÃO ASFÁLTICA PARA SERVIÇO DE IMPRIMAÇÃO","Sergipe","-"]
["2023-07-01","EMULSÃO ASFÁLTICA PARA SERVIÇO DE IMPRIMAÇÃO","Roraima","-"]
["2023-08-01","EMULSÃO ASFÁLTICA PARA SERVIÇO DE IMPRIMAÇÃO","Pará","-"]
["2023-10-01","EMULSÃO ASFÁLTICA PARA SERVIÇO DE IMPRIMAÇÃO","São Paulo",2.3355779311824758]
["2023-12-01","EMULSÃO ASFÁLTICA PARA SERVIÇO DE IMPRIMAÇÃO","Alagoas","-"]
["2024-01-01","EMULSÃO ASFÁLTICA PARA SERVIÇO DE IMPRIMAÇÃO","Tocantins","-"]
["2024-03-01","EMULSÃO ASFÁLTICA PARA SERVIÇO DE IMPRIMAÇÃO","Tocantins","-"]
["2024-06-01","EMULSÃO ASFÁLTICA PARA SERVIÇO DE IMPRIMAÇÃO","Roraima","-"]
["2024-07-01","EMULSÃO ASFÁLTICA PARA SERVIÇO DE IMPRIMAÇÃO","Paraíba","-"]
["2013-03-01","EMULSÕES ASF. MOD. POR POLÍMEROS RC1C-E","Mato Grosso do Sul","-"]
["2013-04-01","EMULSÕES ASF. MOD. POR POLÍMEROS RC1C-E","Bahia","-"]
["2013-06-01","EMULSÕES ASF. MOD. POR POLÍMEROS RC1C-E","Tocantins","-"]
["2013-07-01","EMULSÕES ASF. MOD. POR POLÍMEROS RC1C-E","Distrito Federal","-"]
["2013-10-01","EMULSÕES ASF. MOD. POR POLÍMEROS RC1C-E","Paraíba","-"]
["2013-11-01","EMULSÕES ASF. MOD. POR POLÍMEROS RC1C-E","Pará","-"]
["2014-02-01","EMULSÕES ASF. MOD. POR POLÍMEROS RC1C-E","Amapá","-"]
["2014-02-01","EMULSÕES ASF. MOD. POR POLÍMEROS RC1C-E","Paraná",1.249680354748941]
["2014-05-01","EMULSÕES ASF. MOD. POR POLÍMEROS RC1C-E","Piauí","-"]
["2014-06-01","EMULSÕES ASF. MOD. POR POLÍMEROS RC1C-E","Rio Grande do Norte","-"]
["2014-08-01","EMULSÕES ASF. MOD. POR POLÍMEROS RC1C-E","Rio de Janeiro","-"]
["2014-10-01","EMULSÕES ASF. MOD. POR POLÍMEROS RC1C-E","Espírito Santo","-"]
["2014-11-01","EMULSÕES ASF. MOD. POR POLÍMEROS RC1C-E","Rio Grande do Sul","-"]
["2015-02-01","EMULSÕES ASF. MOD. POR POLÍMEROS RC1C-E","Ceará","-"]
["2015-04-01","EMULSÕES ASF. MOD. POR POLÍMEROS RC1C-E","Pernambuco","-"]
["2015-05-01","EMULSÕES ASF. MOD. POR POLÍMEROS RC1C-E","Rio Grande do Sul",1.6372355369025746]
["2015-08-01","EMULSÕES ASF. MOD. POR POLÍMEROS RC1C-E","Espírito Santo","-"]
["2015-08-01","EMULSÕES ASF. MOD. POR POLÍMEROS RC1C-E","Sergipe","-"]
["2015-10-01","EMULSÕES ASF. MOD. POR POLÍMEROS RC1C-E","Mato Grosso","-"]
["2015-12-01","EMULSÕES ASF. MOD. POR POLÍMEROS RC1C-E","Acre","-"]
["2016-01-01","EMULSÕES ASF. MOD. POR POLÍMEROS RC1C-E","Sergipe","-"]
["2016-04-01","EMULSÕES ASF. MOD. POR POLÍMEROS RC1C-E","Santa Catarina","-"]
["2016-05-01","EMULSÕES ASF. MOD. POR POLÍMEROS RC1C-E","Pará","-"]
["2016-07-01","EMULSÕES ASF. MOD. POR POLÍMEROS RC1C-E","Maranhão","-"]
["2016-09-01","EMULSÕES ASF. MOD. POR POLÍMEROS RC1C-E","Alagoas","-"]
["2016-11-01","EMULSÕES ASF. MOD. POR POLÍMEROS RC1C-E","Sergipe","-"]
["2017-01-01","EMULSÕES ASF. MOD. POR POLÍMEROS RC1C-E","Minas Gerais","-"]
["2017-03-01","EMULSÕES ASF. MOD. POR POLÍMEROS RC1C-E","Pará","-"]
["2017-04-01","EMULSÕES ASF. MOD. POR POLÍMEROS RC1C-E","Paraíba","-"]
["2017-07-01","EMULSÕES ASF. MOD. POR POLÍMEROS RC1C-E","Alagoas","-"]
["2017-09-01","EMULSÕES ASF. MOD. POR POLÍMEROS RC1C-E","Mato Grosso","-"]
["2017-10-01","EMULSÕES ASF. MOD. POR POLÍMEROS RC1C-E","Tocantins","-"]
["2017-12-01","EMULSÕES ASF. MOD. POR POLÍMEROS RC1C-E","Minas Gerais",1.754370868238909]
["2018-02-01","EMULSÕES ASF. MOD. POR POLÍMEROS RC1C-E","Paraíba","-"]
["2018-03-01","EMULSÕES ASF. MOD. POR POLÍMEROS RC1C-E","Pernambuco","-"]
["2018-04-01","EMULSÕES ASF. MOD. POR POLÍMEROS RC1C-E","Rondônia","-"]
["2018-07-01","EMULSÕES ASF. MOD. POR POLÍMEROS RC1C-E","Bahia","-"]
["2018-09-01","EMULSÕES ASF. MOD. POR POLÍMEROS RC1C-E","Piauí","-"]
["2018-10-01","EMULSÕES ASF. MOD. POR POLÍMEROS RC1C-E","Rio Grande do Norte","-"]
["2018-12-01","EMULSÕES ASF. MOD. POR POLÍMEROS RC1C-E","Amazonas","-"]
["2019-02-01","EMULSÕES ASF. MOD. POR POLÍMEROS RC1C-E","Espírito Santo","-"]
["2019-04-01","EMULSÕES ASF. MOD. POR POLÍMEROS RC1C-E","Tocantins","-"]
["2019-05-01","EMULSÕES ASF. MOD. POR POLÍMEROS RC1C-E","Roraima","-"]
["2019-08-01","EMULSÕES ASF. MOD. POR POLÍMEROS RC1C-E","Rio Grande do Norte","-"]
["2019-09-01","EMULSÕES ASF. MOD. POR POLÍMEROS RC1C-E","Goiás","-"]
["2019-12-01","EMULSÕES ASF. MOD. POR POLÍMEROS RC1C-E","Espírito Santo","-"]
["2020-02-01","EMULSÕES ASF. MOD. POR POLÍMEROS RC1C-E","Bahia","-"]
["2020-02-01","EMULSÕES ASF. MOD. POR POLÍMEROS RC1C-E","Mato Grosso","-"]
["2020-05-01","EMULSÕES ASF. MOD. POR POLÍMEROS RC1C-E","Distrito Federal","-"]
["2020-05-01","EMULSÕES ASF. MOD. POR POLÍMEROS RC1C-E","Sergipe","-"]
["2020-08-01","EMULSÕES ASF. MOD. POR POLÍMEROS RC1C-E","Goiás","-"]
["2020-11-01","EMULSÕES ASF. MOD. POR POLÍMEROS RC1C-E","Goiás","-"]
["2020-12-01","EMULSÕES ASF. MOD. POR POLÍMEROS RC1C-E","Mato Grosso",2.5411971734156946]
["2021-02-01","EMULSÕES ASF. MOD. POR POLÍMEROS RC1C-E","Mato Grosso do Sul","-"]
["2021-03-01","EMULSÕES ASF. MOD. POR POLÍMEROS RC1C-E","Sergipe","-"]
["2021-05-01","EMULSÕES ASF. MOD. POR POLÍMEROS RC1C-E","Pará","-"]
["2021-07-01","EMULSÕES ASF. MOD. POR POLÍMEROS RC1C-E","Pará","-"]
["2021-09-01","EMULSÕES ASF. MOD. POR POLÍMEROS RC1C-E","Rio Grande do Sul","-"]
["2021-11-01","EMULSÕES ASF. MOD. POR POLÍMEROS RC1C-E","Alagoas","-"]
["2021-12-01","EMULSÕES ASF. MOD. POR POLÍMEROS RC1C-E","Roraima","-"]
["2022-02-01","EMULSÕES ASF. MOD. POR POLÍMEROS RC1C-E","Tocantins","-"]
["2022-03-01","EMULSÕES ASF. MOD. POR POLÍMEROS RC1C-E","Rio de Janeiro","-"]
["2022-06-01","EMULSÕES ASF. MOD. POR POLÍMEROS RC1C-E","Sergipe","-"]
["2022-07-01","EMULSÕES ASF. MOD. POR POLÍMEROS RC1C-E","Distrito Federal","-"]
["2022-10-01","EMULSÕES ASF. MOD. POR POLÍMEROS RC1C-E","Acre","-"]
["2022-11-01","EMULSÕES ASF. MOD. POR POLÍMEROS RC1C-E","Bahia","-"]
["2023-01-01","EMULSÕES ASF. MOD. POR POLÍMEROS RC1C-E","Amapá","-"]
["2023-02-01","EMULSÕES ASF. MOD. POR POLÍMEROS RC1C-E","Rio Grande do Norte","-"]
["2023-05-01","EMULSÕES ASF. MOD. POR POLÍMEROS RC1C-E","Maranhão","-"]
["2023-06-01","EMULSÕES ASF. MOD. POR POLÍMEROS RC1C-E","Espírito Santo","-"]
["2023-09-01","EMULSÕES ASF. MOD. POR POLÍMEROS RC1C-E","Bahia","-"]
["2023-10-01","EMULSÕES ASF. MOD. POR POLÍMEROS RC1C-E","Espírito Santo","-"]
["2023-12-01","EMULSÕES ASF. MOD. POR POLÍMEROS RC1C-E","Rio Grande do Norte","-"]
["2024-02-01","EMULSÕES ASF. MOD. POR POLÍMEROS RC1C-E","Paraíba","-"]
["2024-04-01","EMULSÕES ASF. MOD. POR POLÍMEROS RC1C-E","Espírito Santo","-"]
["2024-05-01","EMULSÕES ASF. MOD. POR POLÍMEROS RC1C-E","Pernambuco","-"]
["2024-07-01","EMULSÕES ASF. MOD. POR POLÍMEROS RC1C-E","Roraima","-"]
["2013-01-01","EMULSÕES ASF. MOD. POR POLÍMEROS RL1C-E","Rio de Janeiro","-"]
["2013-04-01","EMULSÕES ASF. MOD. POR POLÍMEROS RL1C-E","Rio Grande do Sul","-"]
["2013-05-01","EMULSÕES ASF. MOD. POR POLÍMEROS RL1C-E","Minas Gerais",1.069614405785416]
["2013-07-01","EMULSÕES ASF. MOD. POR POLÍMEROS RL1C-E","Rondônia","-"]
["2013-09-01","EMULSÕES ASF. MOD. POR POLÍMEROS RL1C-E","Mato Grosso","-"]
["2013-10-01","EMULSÕES ASF. MOD. POR POLÍMEROS RL1C-E","Santa Catarina","-"]
["2013-12-01","EMULSÕES ASF. MOD. POR POLÍMEROS RL1C-E","Sergipe","-"]
["2014-01-01","EMULSÕES ASF. MOD. POR POLÍMEROS RL1C-E","Sergipe","-"]
["2014-04-01","EMULSÕES ASF. MOD. POR POLÍMEROS RL1C-E","Pará","-"]
["2014-06-01","EMULSÕES ASF. MOD. POR POLÍMEROS RL1C-E","Ceará","-"]
["2014-08-01","EMULSÕES ASF. MOD. POR POLÍMEROS RL1C-E","Alagoas","-"]
["2014-09-01","EMULSÕES ASF. MOD. POR POLÍMEROS RL1C-E","Amazonas","-"]
["2014-12-01","EMULSÕES ASF. MOD. POR POLÍMEROS RL1C-E","Goiás","-"]
["2014-12-01","EMULSÕES ASF. MOD. POR POLÍMEROS RL1C-E","Rio de Janeiro","-"]
["2015-03-01","EMULSÕES ASF. MOD. POR POLÍMEROS RL1C-E","Mato Grosso","-"]
["2015-06-01","EMULSÕES ASF. MOD. POR POLÍMEROS RL1C-E","Alagoas","-"]
["2015-06-01","EMULSÕES ASF. MOD. POR POLÍMEROS RL1C-E","Minas Gerais","-"]
["2015-08-01","EMULSÕES ASF. MOD. POR POLÍMEROS RL1C-E","Bahia","-"]
["2015-10-01","EMULSÕES ASF. MOD. POR POLÍMEROS RL1C-E","Rio de Janeiro","-"]
["2015-12-01","EMULSÕES ASF. MOD. POR POLÍMEROS RL1C-E","Paraná","-"]
["2016-02-01","EMULSÕES ASF. MOD. POR POLÍMEROS RL1C-E","Distrito Federal","-"]
["2016-03-01","EMULSÕES ASF. MOD. POR POLÍMEROS RL1C-E","Piauí","-"]
["2016-06-01","EMULSÕES ASF. MOD. POR POLÍMEROS RL1C-E","Bahia","-"]
["2016-06-01","EMULSÕES ASF. MOD. POR POLÍMEROS RL1C-E","Rio Grande do Norte","-"]
["2016-09-01","EMULSÕES ASF. MOD. POR POLÍMEROS RL1C-E","Rio Grande do Norte","-"]
["2016-10-01","EMULSÕES ASF. MOD. POR POLÍMEROS RL1C-E","Tocantins","-"]
["2017-01-01","EMULSÕES ASF. MOD. POR POLÍMEROS RL1C-E","Espírito Santo","-"]
["2017-02-01","EMULSÕES ASF. MOD. POR POLÍMEROS RL1C-E","Maranhão","-"]
["2017-03-01","EMULSÕES ASF. MOD. POR POLÍMEROS RL1C-E","São Paulo","-"]
["2017-05-01","EMULSÕES ASF. MOD. POR POLÍMEROS RL1C-E","São Paulo","-"]
["2017-08-01","EMULSÕES ASF. MOD. POR POLÍMEROS RL1C-E","Bahia","-"]
["2017-09-01","EMULSÕES ASF. MOD. POR POLÍMEROS RL1C-E","Minas Gerais","-"]
["2017-11-01","EMULSÕES ASF. MOD. POR POLÍMEROS RL1C-E","Distrito Federal","-"]
["2018-01-01","EMULSÕES ASF. MOD. POR POLÍMEROS RL1C-E","Acre","-"]
["2018-04-01","EMULSÕES ASF. MOD. POR POLÍMEROS RL1C-E","Amapá","-"]
["2018-04-01","EMULSÕES ASF. MOD. POR POLÍMEROS RL1C-E","Sergipe","-"]
["2018-07-01","EMULSÕES ASF. MOD. POR POLÍMEROS RL1C-E","Minas Gerais","-"]
["2018-08-01","EMULSÕES ASF. MOD. POR POLÍMEROS RL1C-E","Mato Grosso do Sul","-"]
["2018-11-01","EMULSÕES ASF. MOD. POR POLÍMEROS RL1C-E","Mato Grosso","-"]
["2018-11-01","EMULSÕES ASF. MOD. POR POLÍMEROS RL1C-E","Pará","-"]
["2019-02-01","EMULSÕES ASF. MOD. POR POLÍMEROS RL1C-E","Sergipe","-"]
["2019-04-01","EMULSÕES ASF. MOD. POR POLÍMEROS RL1C-E","Maranhão","-"]
["2019-06-01","EMULSÕES ASF. MOD. POR POLÍMEROS RL1C-E","Pará","-"]
["2019-06-01","EMULSÕES ASF. MOD. POR POLÍMEROS RL1C-E","Roraima","-"]
["2019-10-01","EMULSÕES ASF. MOD. POR POLÍMEROS RL1C-E","Alagoas","-"]
["2019-11-01","EMULSÕES ASF. MOD. POR POLÍMEROS RL1C-E","Amazonas","-"]
["2019-12-01","EMULSÕES ASF. MOD. POR POLÍMEROS RL1C-E","Sergipe","-"]
["2020-02-01","EMULSÕES ASF. MOD. POR POLÍMEROS RL1C-E","Rio de Janeiro","-"]
["2020-04-01","EMULSÕES ASF. MOD. POR POLÍMEROS RL1C-E","Acre","-"]
["2020-06-01","EMULSÕES ASF. MOD. POR POLÍMEROS RL1C-E","Distrito Federal","-"]
["2020-08-01","EMULSÕES ASF. MOD. POR POLÍMEROS RL1C-E","Santa Catarina","-"]
["2020-10-01","EMULSÕES ASF. MOD. POR POLÍMEROS RL1C-E","Bahia","-"]
["2020-11-01","EMULSÕES ASF. MOD. POR POLÍMEROS RL1C-E","Sergipe","-"]
["2021-01-01","EMULSÕES ASF. MOD. POR POLÍMEROS RL1C-E","Rio Grande do Norte","-"]
["2021-02-01","EMULSÕES ASF. MOD. POR POLÍMEROS RL1C-E","Mato Grosso do Sul","-"]
["2021-04-01","EMULSÕES ASF. MOD. POR POLÍMEROS RL1C-E","Espírito Santo","-"]
["2021-06-01","EMULSÕES ASF. MOD. POR POLÍMEROS RL1C-E","Maranhão","-"]
["2021-09-01","EMULSÕES ASF. MOD. POR POLÍMEROS RL1C-E","Amazonas","-"]
["2021-09-01","EMULSÕES ASF. MOD. POR POLÍMEROS RL1C-E","São Paulo","-"]
["2021-11-01","EMULSÕES ASF. MOD. POR POLÍMEROS RL1C-E","Pernambuco","-"]
["2022-01-01","EMULSÕES ASF. MOD. POR POLÍMEROS RL1C-E","Minas Gerais","-"]
["2022-04-01","EMULSÕES ASF. MOD. POR POLÍMEROS RL1C-E","Minas Gerais","-"]
["2022-05-01","EMULSÕES ASF. MOD. POR POLÍMEROS RL1C-E","Acre","-"]
["2022-07-01","EMULSÕES ASF. MOD. POR POLÍMEROS RL1C-E","São Paulo","-"]
["2022-08-01","EMULSÕES ASF. MOD. POR POLÍMEROS RL1C-E","Rondônia","-"]
["2022-11-01","EMULSÕES ASF. MOD. POR POLÍMEROS RL1C-E","Minas Gerais","-"]
["2023-01-01","EMULSÕES ASF. MOD. POR POLÍMEROS RL1C-E","Piauí","-"]
["2023-03-01","EMULSÕES ASF. MOD. POR POLÍMEROS RL1C-E","Acre","-"]
["2023-04-01","EMULSÕES ASF. MOD. POR POLÍMEROS RL1C-E","Rio Grande do Norte","-"]
["2023-06-01","EMULSÕES ASF. MOD. POR POLÍMEROS RL1C-E","Sergipe","-"]
["2023-07-01","EMULSÕES ASF. MOD. POR POLÍMEROS RL1C-E","Rondônia","-"]
["2023-10-01","EMULSÕES ASF. MOD. POR POLÍMEROS RL1C-E","Pará","-"]
["2023-11-01","EMULSÕES ASF. MOD. POR POLÍMEROS RL1C-E","Paraná","-"]
["2024-01-01","EMULSÕES ASF. MOD. POR POLÍMEROS RL1C-E","São Paulo","-"]
["2024-03-01","EMULSÕES ASF. MOD. POR POLÍMEROS RL1C-E","Amazonas","-"]
["2024-04-01","EMULSÕES ASF. MOD. POR POLÍMEROS RL1C-E","Tocantins","-"]
["2024-06-01","EMULSÕES ASF. MOD. POR POLÍMEROS RL1C-E","Rio de Janeiro","-"]
["2013-02-01","EMULSÕES ASF. MOD. POR POLÍMEROS RM1C-E","Distrito Federal","-"]
["2013-03-01","EMULSÕES ASF. MOD. POR POLÍMEROS RM1C-E","Distrito Federal","-"]
["2013-05-01","EMULSÕES ASF. MOD. POR POLÍMEROS RM1C-E","Goiás","-"]
["2013-07-01","EMULSÕES ASF. MOD. POR POLÍMEROS RM1C-E","Bahia","-"]
["2013-09-01","EMULSÕES ASF. MOD. POR POLÍMEROS RM1C-E","Rio de Janeiro","-"]
["2013-11-01","EMULSÕES ASF. MOD. POR POLÍMEROS RM1C-E","Mato Grosso do Sul","-"]
["2014-01-01","EMULSÕES ASF. MOD. POR POLÍMEROS RM1C-E","Distrito Federal","-"]
["2014-02-01","EMULSÕES ASF. MOD. POR POLÍMEROS RM1C-E","Pará","-"]
["2014-03-01","EMULSÕES ASF. MOD. POR POLÍMEROS RM1C-E","Maranhão","-"]
["2014-05-01","EMULSÕES ASF. MOD. POR POLÍMEROS RM1C-E","Paraná","-"]
["2014-06-01","EMULSÕES ASF. MOD. POR POLÍMEROS RM1C-E","São Paulo","-"]
["2014-09-01","EMULSÕES ASF. MOD. POR POLÍMEROS RM1C-E","Mato Grosso do Sul","-"]
["2014-11-01","EMULSÕES ASF. MOD. POR POLÍMEROS RM1C-E","Rio de Janeiro","-"]
["2015-01-01","EMULSÕES ASF. MOD. POR POLÍMEROS RM1C-E","Maranhão","-"]
["2015-02-01","EMULSÕES ASF. MOD. POR POLÍMEROS RM1C-E","Rio Grande do Sul","-"]
["2015-04-01","EMULSÕES ASF. MOD. POR POLÍMEROS RM1C-E","São Paulo","-"]
["2015-07-01","EMULSÕES ASF. MOD. POR POLÍMEROS RM1C-E","Acre","-"]
["2015-08-01","EMULSÕES ASF. MOD. POR POLÍMEROS RM1C-E","Minas Gerais","-"]
["2015-10-01","EMULSÕES ASF. MOD. POR POLÍMEROS RM1C-E","Amapá","-"]
["2015-12-01","EMULSÕES ASF. MOD. POR POLÍMEROS RM1C-E","Acre","-"]
["2016-01-01","EMULSÕES ASF. MOD. POR POLÍMEROS RM1C-E","Amapá","-"]
["2016-04-01","EMULSÕES ASF. MOD. POR POLÍMEROS RM1C-E","Ceará","-"]
["2016-04-01","EMULSÕES ASF. MOD. POR POLÍMEROS RM1C-E","Piauí","-"]
["2016-07-01","EMULSÕES ASF. MOD. POR POLÍMEROS RM1C-E","Espírito Santo","-"]
["2016-08-01","EMULSÕES ASF. MOD. POR POLÍMEROS RM1C-E","Paraná","-"]
["2016-10-01","EMULSÕES ASF. MOD. POR POLÍMEROS RM1C-E","Maranhão","-"]
["2016-12-01","EMULSÕES ASF. MOD. POR POLÍMEROS RM1C-E","Amazonas","-"]
["2017-01-01","EMULSÕES ASF. MOD. POR POLÍMEROS RM1C-E","Mato Grosso do Sul","-"]
["2017-03-01","EMULSÕES ASF. MOD. POR POLÍMEROS RM1C-E","Rio de Janeiro","-"]
["2017-06-01","EMULSÕES ASF. MOD. POR POLÍMEROS RM1C-E","Paraná","-"]
["2017-07-01","EMULSÕES ASF. MOD. POR POLÍMEROS RM1C-E","Paraíba","-"]
["2017-10-01","EMULSÕES ASF. MOD. POR POLÍMEROS RM1C-E","Amazonas","-"]
["2017-10-01","EMULSÕES ASF. MOD. POR POLÍMEROS RM1C-E","Pernambuco","-"]
["2018-01-01","EMULSÕES ASF. MOD. POR POLÍMEROS RM1C-E","Rio de Janeiro","-"]
["2018-02-01","EMULSÕES ASF. MOD. POR POLÍMEROS RM1C-E","Santa Catarina","-"]
["2018-05-01","EMULSÕES ASF. MOD. POR POLÍMEROS RM1C-E","Distrito Federal","-"]
["2018-05-01","EMULSÕES ASF. MOD. POR POLÍMEROS RM1C-E","Sergipe","-"]
["2018-07-01","EMULSÕES ASF. MOD. POR POLÍMEROS RM1C-E","Maranhão","-"]
["2018-09-01","EMULSÕES ASF. MOD. POR POLÍMEROS RM1C-E","Santa Catarina","-"]
["2018-12-01","EMULSÕES ASF. MOD. POR POLÍMEROS RM1C-E","Alagoas","-"]
["2019-01-01","EMULSÕES ASF. MOD. POR POLÍMEROS RM1C-E","Mato Grosso do Sul","-"]
["2019-03-01","EMULSÕES ASF. MOD. POR POLÍMEROS RM1C-E","Amazonas","-"]
["2019-05-01","EMULSÕES ASF. MOD. POR POLÍMEROS RM1C-E","Maranhão","-"]
["2019-06-01","EMULSÕES ASF. MOD. POR POLÍMEROS RM1C-E","Ceará","-"]
["2019-08-01","EMULSÕES ASF. MOD. POR POLÍMEROS RM1C-E","São Paulo","-"]
["2019-11-01","EMULSÕES ASF. MOD. POR POLÍMEROS RM1C-E","Alagoas","-"]
["2019-12-01","EMULSÕES ASF. MOD. POR POLÍMEROS RM1C-E","Minas Gerais","-"]
["2020-01-01","EMULSÕES ASF. MOD. POR POLÍMEROS RM1C-E","Paraíba","-"]
["2020-03-01","EMULSÕES ASF. MOD. POR POLÍMEROS RM1C-E","Mato Grosso","-"]
["2020-05-01","EMULSÕES ASF. MOD. POR POLÍMEROS RM1C-E","Amapá","-"]
["2020-07-01","EMULSÕES ASF. MOD. POR POLÍMEROS RM1C-E","Piauí","-"]
["2020-08-01","EMULSÕES ASF. MOD. POR POLÍMEROS RM1C-E","Piauí","-"]
["2020-10-01","EMULSÕES ASF. MOD. POR POLÍMEROS RM1C-E","Rio Grande do Norte","-"]
["2020-12-01","EMULSÕES ASF. MOD. POR POLÍMEROS RM1C-E","Ceará","-"]
["2021-03-01","EMULSÕES ASF. MOD. POR POLÍMEROS RM1C-E","Paraná","-"]
["2021-04-01","EMULSÕES ASF. MOD. POR POLÍMEROS RM1C-E","Amazonas","-"]
["2021-06-01","EMULSÕES ASF. MOD. POR POLÍMEROS RM1C-E","Piauí","-"]
["2021-07-01","EMULSÕES ASF. MOD. POR POLÍMEROS RM1C-E","São Paulo","-"]
["2021-10-01","EMULSÕES ASF. MOD. POR POLÍMEROS RM1C-E","Paraná","-"]
["2021-10-01","EMULSÕES ASF. MOD. POR POLÍMEROS RM1C-E","Tocantins","-"]
["2022-02-01","EMULSÕES ASF. MOD. POR POLÍMEROS RM1C-E","Amazonas","-"]
["2022-03-01","EMULSÕES ASF. MOD. POR POLÍMEROS RM1C-E","Roraima","-"]
["2022-05-01","EMULSÕES ASF. MOD. POR POLÍMEROS RM1C-E","Rio de Janeiro","-"]
["2022-06-01","EMULSÕES ASF. MOD. POR POLÍMEROS RM1C-E","Goiás","-"]
["2022-09-01","EMULSÕES ASF. MOD. POR POLÍMEROS RM1C-E","Distrito Federal","-"]
["2022-10-01","EMULSÕES ASF. MOD. POR POLÍMEROS RM1C-E","Goiás","-"]
["2023-01-01","EMULSÕES ASF. MOD. POR POLÍMEROS RM1C-E","Acre","-"]
["2023-01-01","EMULSÕES ASF. MOD. POR POLÍMEROS RM1C-E","Santa Catarina","-"]
["2023-03-01","EMULSÕES ASF. MOD. POR POLÍMEROS RM1C-E","Pará","-"]
["2023-05-01","EMULSÕES ASF. MOD. POR POLÍMEROS RM1C-E","Mato Grosso do Sul","-"]
["2023-08-01","EMULSÕES ASF. MOD. POR POLÍMEROS RM1C-E","Maranhão","-"]
["2023-09-01","EMULSÕES ASF. MOD. POR POLÍMEROS RM1C-E","Maranhão","-"]
["2023-11-01","EMULSÕES ASF. MOD. POR POLÍMEROS RM1C-E","Mato Grosso do Sul","-"]
["2023-12-01","EMULSÕES ASF. MOD. POR POLÍMEROS RM1C-E","São Paulo","-"]
["2024-03-01","EMULSÕES ASF. MOD. POR POLÍMEROS RM1C-E","Mato Grosso do Sul","-"]
["2024-03-01","EMULSÕES ASF. MOD. POR POLÍMEROS RM1C-E","Rio Grande do Sul","-"]
["2024-05-01","EMULSÕES ASF. MOD. POR POLÍMEROS RM1C-E","Paraíba","-"]
["2013-01-01","EMULSÕES ASF. MOD. POR POLÍMEROS RR1C-E","Pernambuco","-"]
["2013-02-01","EMULSÕES ASF. MOD. POR POLÍMEROS RR1C-E","Amapá","-"]
["2013-04-01","EMULSÕES ASF. MOD. POR POLÍMEROS RR1C-E","Amapá","-"]
["2013-05-01","EMULSÕES ASF. MOD. POR POLÍMEROS RR1C-E","Piauí","-"]
["2013-08-01","EMULSÕES ASF. MOD. POR POLÍMEROS RR1C-E","Sergipe","-"]
["2013-11-01","EMULSÕES ASF. MOD. POR POLÍMEROS RR1C-E","Acre","-"]
["2013-12-01","EMULSÕES ASF. MOD. POR POLÍMEROS RR1C-E","Amapá","-"]
["2014-01-01","EMULSÕES ASF. MOD. POR POLÍMEROS RR1C-E","Espírito Santo","-"]
["2014-03-01","EMULSÕES ASF. MOD. POR POLÍMEROS RR1C-E","Piauí","-"]
["2014-06-01","EMULSÕES ASF. MOD. POR POLÍMEROS RR1C-E","Amazonas","-"]
["2014-07-01","EMULSÕES ASF. MOD. POR POLÍMEROS RR1C-E","Ceará","-"]
["2014-09-01","EMULSÕES ASF. MOD. POR POLÍMEROS RR1C-E","Ceará","-"]
["2014-11-01","EMULSÕES ASF. MOD. POR POLÍMEROS RR1C-E","Amazonas","-"]
["2014-11-01","EMULSÕES ASF. MOD. POR POLÍMEROS RR1C-E","Roraima","-"]
["2015-01-01","EMULSÕES ASF. MOD. POR POLÍMEROS RR1C-E","Paraíba","-"]
["2015-03-01","EMULSÕES ASF. MOD. POR POLÍMEROS RR1C-E","Rio Grande do Sul","-"]
["2015-06-01","EMULSÕES ASF. MOD. POR POLÍMEROS RR1C-E","Mato Grosso","-"]
["2015-07-01","EMULSÕES ASF. MOD. POR POLÍMEROS RR1C-E","Goiás","-"]
["2015-09-01","EMULSÕES ASF. MOD. POR POLÍMEROS RR1C-E","Minas Gerais","-"]
["2015-10-01","EMULSÕES ASF. MOD. POR POLÍMEROS RR1C-E","Santa Catarina","-"]
["2016-01-01","EMULSÕES ASF. MOD. POR POLÍMEROS RR1C-E","Rio Grande do Norte","-"]
["2016-02-01","EMULSÕES ASF. MOD. POR POLÍMEROS RR1C-E","Mato Grosso do Sul","-"]
["2016-05-01","EMULSÕES ASF. MOD. POR POLÍMEROS RR1C-E","Goiás","-"]
["2016-06-01","EMULSÕES ASF. MOD. POR POLÍMEROS RR1C-E","Piauí","-"]
["2016-08-01","EMULSÕES ASF. MOD. POR POLÍMEROS RR1C-E","Santa Catarina","-"]
["2016-10-01","EMULSÕES ASF. MOD. POR POLÍMEROS RR1C-E","São Paulo","-"]
["2016-12-01","EMULSÕES ASF. MOD. POR POLÍMEROS RR1C-E","Mato Grosso do Sul","-"]
["2017-01-01","EMULSÕES ASF. MOD. POR POLÍMEROS RR1C-E","Tocantins","-"]
["2017-04-01","EMULSÕES ASF. MOD. POR POLÍMEROS RR1C-E","Maranhão","-"]
["2017-05-01","EMULSÕES ASF. MOD. POR POLÍMEROS RR1C-E","Alagoas","-"]
["2017-07-01","EMULSÕES ASF. MOD. POR POLÍMEROS RR1C-E","São Paulo","-"]
["2017-08-01","EMULSÕES ASF. MOD. POR POLÍMEROS RR1C-E","Pernambuco","-"]
["2017-11-01","EMULSÕES ASF. MOD. POR POLÍMEROS RR1C-E","Bahia","-"]
["2017-12-01","EMULSÕES ASF. MOD. POR POLÍMEROS RR1C-E","Paraíba","-"]
["2018-02-01","EMULSÕES ASF. MOD. POR POLÍMEROS RR1C-E","Distrito Federal","-"]
["2018-04-01","EMULSÕES ASF. MOD. POR POLÍMEROS RR1C-E","Amapá","-"]
["2018-06-01","EMULSÕES ASF. MOD. POR POLÍMEROS RR1C-E","Pará","-"]
["2018-07-01","EMULSÕES ASF. MOD. POR POLÍMEROS RR1C-E","Piauí","-"]
["2018-09-01","EMULSÕES ASF. MOD. POR POLÍMEROS RR1C-E","Paraná","-"]
["2018-11-01","EMULSÕES ASF. MOD. POR POLÍMEROS RR1C-E","Ceará","-"]
["2018-12-01","EMULSÕES ASF. MOD. POR POLÍMEROS RR1C-E","Espírito Santo","-"]
["2019-03-01","EMULSÕES ASF. MOD. POR POLÍMEROS RR1C-E","Rio de Janeiro","-"]
["2019-03-01","EMULSÕES ASF. MOD. POR POLÍMEROS RR1C-E","Roraima","-"]
["2019-06-01","EMULSÕES ASF. MOD. POR POLÍMEROS RR1C-E","Rio Grande do Sul","-"]
["2019-07-01","EMULSÕES ASF. MOD. POR POLÍMEROS RR1C-E","Mato Grosso","-"]
["2019-09-01","EMULSÕES ASF. MOD. POR POLÍMEROS RR1C-E","Roraima","-"]
["2019-11-01","EMULSÕES ASF. MOD. POR POLÍMEROS RR1C-E","Goiás","-"]
["2019-12-01","EMULSÕES ASF. MOD. POR POLÍMEROS RR1C-E","São Paulo","-"]
["2020-02-01","EMULSÕES ASF. MOD. POR POLÍMEROS RR1C-E","Santa Catarina","-"]
["2020-05-01","EMULSÕES ASF. MOD. POR POLÍMEROS RR1C-E","Rio Grande do Sul","-"]
["2020-07-01","EMULSÕES ASF. MOD. POR POLÍMEROS RR1C-E","Acre","-"]
["2020-09-01","EMULSÕES ASF. MOD. POR POLÍMEROS RR1C-E","Goiás","-"]
["2020-10-01","EMULSÕES ASF. MOD. POR POLÍMEROS RR1C-E","Amapá","-"]
["2020-12-01","EMULSÕES ASF. MOD. POR POLÍMEROS RR1C-E","Santa Catarina","-"]
["2021-02-01","EMULSÕES ASF. MOD. POR POLÍMEROS RR1C-E","Maranhão","-"]
["2021-04-01","EMULSÕES ASF. MOD. POR POLÍMEROS RR1C-E","Mato Grosso do Sul","-"]
["2021-05-01","EMULSÕES ASF. MOD. POR POLÍMEROS RR1C-E","Mato Grosso do Sul","-"]
["2021-07-01","EMULSÕES ASF. MOD. POR POLÍMEROS RR1C-E","Tocantins","-"]
["2021-09-01","EMULSÕES ASF. MOD. POR POLÍMEROS RR1C-E","Alagoas","-"]
["2021-11-01","EMULSÕES ASF. MOD. POR POLÍMEROS RR1C-E","Paraíba","-"]
["2021-12-01","EMULSÕES ASF. MOD. POR POLÍMEROS RR1C-E","Pernambuco","-"]
["2022-02-01","EMULSÕES ASF. MOD. POR POLÍMEROS RR1C-E","Pernambuco","-"]
["2022-04-01","EMULSÕES ASF. MOD. POR POLÍMEROS RR1C-E","Paraíba","-"]
["2022-05-01","EMULSÕES ASF. MOD. POR POLÍMEROS RR1C-E","Rio de Janeiro","-"]
["2022-08-01","EMULSÕES ASF. MOD. POR POLÍMEROS RR1C-E","Amapá","-"]
["2022-10-01","EMULSÕES ASF. MOD. POR POLÍMEROS RR1C-E","Paraíba","-"]
["2022-11-01","EMULSÕES ASF. MOD. POR POLÍMEROS RR1C-E","Piauí","-"]
["2023-02-01","EMULSÕES ASF. MOD. POR POLÍMEROS RR1C-E","Paraíba","-"]
["2023-02-01","EMULSÕES ASF. MOD. POR POLÍMEROS RR1C-E","Santa Catarina","-"]
["2023-06-01","EMULSÕES ASF. MOD. POR POLÍMEROS RR1C-E","Amapá","-"]
["2023-07-01","EMULSÕES ASF. MOD. POR POLÍMEROS RR1C-E","Amazonas","-"]
["2023-09-01","EMULSÕES ASF. MOD. POR POLÍMEROS RR1C-E","Piauí","-"]
["2023-10-01","EMULSÕES ASF. MOD. POR POLÍMEROS RR1C-E","Ceará","-"]
["2024-01-01","EMULSÕES ASF. MOD. POR POLÍMEROS RR1C-E","Ceará","-"]
["2024-03-01","EMULSÕES ASF. MOD. POR POLÍMEROS RR1C-E","Alagoas","-"]
["2024-03-01","EMULSÕES ASF. MOD. POR POLÍMEROS RR1C-E","Goiás","-"]
["2024-05-01","EMULSÕES ASF. MOD. POR POLÍMEROS RR1C-E","Roraima","-"]
["2024-07-01","EMULSÕES ASF. MOD. POR POLÍMEROS RR1C-E","Mato Grosso","-"]
["2013-02-01","EMULSÕES ASF. MOD. POR POLÍMEROS RR2C-E","Mato Grosso","-"]
["2013-03-01","EMULSÕES ASF. MOD. POR POLÍMEROS RR2C-E","Minas Gerais","-"]
["2013-06-01","EMULSÕES ASF. MOD. POR POLÍMEROS RR2C-E","Goiás","-"]
["2013-08-01","EMULSÕES ASF. MOD. POR POLÍMEROS RR2C-E","Goiás","-"]
["2013-09-01","EMULSÕES ASF. MOD. POR POLÍMEROS RR2C-E","Santa Catarina","-"]
["2013-10-01","EMULSÕES ASF. MOD. POR POLÍMEROS RR2C-E","Rondônia","-"]
["2014-01-01","EMULSÕES ASF. MOD. POR POLÍMEROS RR2C-E","Mato Grosso do Sul","-"]
["2014-02-01","EMULSÕES ASF. MOD. POR POLÍMEROS RR2C-E","Pará","-"]
["2014-05-01","EMULSÕES ASF. MOD. POR POLÍMEROS RR2C-E","Pará","-"]
["2014-06-01","EMULSÕES ASF. MOD. POR POLÍMEROS RR2C-E","Alagoas","-"]
["2014-07-01","EMULSÕES ASF. MOD. POR POLÍMEROS RR2C-E","Tocantins","-"]
["2014-09-01","EMULSÕES ASF. MOD. POR POLÍMEROS RR2C-E","Pernambuco","-"]
["2014-12-01","EMULSÕES ASF. MOD. POR POLÍMEROS RR2C-E","Roraima","-"]
["2015-01-01","EMULSÕES ASF. MOD. POR POLÍMEROS RR2C-E","Paraíba","-"]
["2015-04-01","EMULSÕES ASF. MOD. POR POLÍMEROS RR2C-E","Alagoas","-"]
["2015-05-01","EMULSÕES ASF. MOD. POR POLÍMEROS RR2C-E","Bahia","-"]
["2015-07-01","EMULSÕES ASF. MOD. POR POLÍMEROS RR2C-E","Pernambuco","-"]
["2015-08-01","EMULSÕES ASF. MOD. POR POLÍMEROS RR2C-E","Distrito Federal","-"]
["2015-11-01","EMULSÕES ASF. MOD. POR POLÍMEROS RR2C-E","Paraíba","-"]
["2016-01-01","EMULSÕES ASF. MOD. POR POLÍMEROS RR2C-E","Amapá","-"]
["2016-03-01","EMULSÕES ASF. MOD. POR POLÍMEROS RR2C-E","Amapá","-"]
["2016-04-01","EMULSÕES ASF. MOD. POR POLÍMEROS RR2C-E","Bahia","-"]
["2016-06-01","EMULSÕES ASF. MOD. POR POLÍMEROS RR2C-E","Piauí","-"]
["2016-07-01","EMULSÕES ASF. MOD. POR POLÍMEROS RR2C-E","Rio Grande do Norte","-"]
["2016-10-01","EMULSÕES ASF. MOD. POR POLÍMEROS RR2C-E","Espírito Santo","-"]
["2016-11-01","EMULSÕES ASF. MOD. POR POLÍMEROS RR2C-E","Espírito Santo","-"]
["2016-12-01","EMULSÕES ASF. MOD. POR POLÍMEROS RR2C-E","Rio Grande do Sul","-"]
["2017-02-01","EMULSÕES ASF. MOD. POR POLÍMEROS RR2C-E","Roraima","-"]
["2017-05-01","EMULSÕES ASF. MOD. POR POLÍMEROS RR2C-E","Pernambuco","-"]
["2017-06-01","EMULSÕES ASF. MOD. POR POLÍMEROS RR2C-E","Mato Grosso","-"]
["2017-08-01","EMULSÕES ASF. MOD. POR POLÍMEROS RR2C-E","Rio de Janeiro","-"]
["2017-10-01","EMULSÕES ASF. MOD. POR POLÍMEROS RR2C-E","Goiás","-"]
["2017-12-01","EMULSÕES ASF. MOD. POR POLÍMEROS RR2C-E","Roraima","-"]
["2018-01-01","EMULSÕES ASF. MOD. POR POLÍMEROS RR2C-E","Acre","-"]
["2018-04-01","EMULSÕES ASF. MOD. POR POLÍMEROS RR2C-E","Mato Grosso","-"]
["2018-05-01","EMULSÕES ASF. MOD. POR POLÍMEROS RR2C-E","Santa Catarina","-"]
["2018-06-01","EMULSÕES ASF. MOD. POR POLÍMEROS RR2C-E","Pará","-"]
["2018-08-01","EMULSÕES ASF. MOD. POR POLÍMEROS RR2C-E","Sergipe","-"]
["2018-10-01","EMULSÕES ASF. MOD. POR POLÍMEROS RR2C-E","Alagoas","-"]
["2019-01-01","EMULSÕES ASF. MOD. POR POLÍMEROS RR2C-E","Ceará","-"]
["2019-01-01","EMULSÕES ASF. MOD. POR POLÍMEROS RR2C-E","Pernambuco","-"]
["2019-04-01","EMULSÕES ASF. MOD. POR POLÍMEROS RR2C-E","Pará","-"]
["2019-06-01","EMULSÕES ASF. MOD. POR POLÍMEROS RR2C-E","Amazonas","-"]
["2019-08-01","EMULSÕES ASF. MOD. POR POLÍMEROS RR2C-E","Alagoas","-"]
["2019-10-01","EMULSÕES ASF. MOD. POR POLÍMEROS RR2C-E","Mato Grosso",2.4815069936934058]
["2019-11-01","EMULSÕES ASF. MOD. POR POLÍMEROS RR2C-E","Pernambuco","-"]
["2020-01-01","EMULSÕES ASF. MOD. POR POLÍMEROS RR2C-E","Minas Gerais","-"]
["2020-03-01","EMULSÕES ASF. MOD. POR POLÍMEROS RR2C-E","Paraíba","-"]
["2020-04-01","EMULSÕES ASF. MOD. POR POLÍMEROS RR2C-E","Paraíba","-"]
["2020-07-01","EMULSÕES ASF. MOD. POR POLÍMEROS RR2C-E","Amapá","-"]
["2020-07-01","EMULSÕES ASF. MOD. POR POLÍMEROS RR2C-E","Rondônia","-"]
["2020-10-01","EMULSÕES ASF. MOD. POR POLÍMEROS RR2C-E","Piauí","-"]
["2020-11-01","EMULSÕES ASF. MOD. POR POLÍMEROS RR2C-E","Rio Grande do Norte","-"]
["2021-01-01","EMULSÕES ASF. MOD. POR POLÍMEROS RR2C-E","Rio Grande do Norte","-"]
["2021-03-01","EMULSÕES ASF. MOD. POR POLÍMEROS RR2C-E","Espírito Santo","-"]
["2021-04-01","EMULSÕES ASF. MOD. POR POLÍMEROS RR2C-E","Rondônia","-"]
["2021-06-01","EMULSÕES ASF. MOD. POR POLÍMEROS RR2C-E","Roraima","-"]
["2021-09-01","EMULSÕES ASF. MOD. POR POLÍMEROS RR2C-E","Alagoas","-"]
["2021-10-01","EMULSÕES ASF. MOD. POR POLÍMEROS RR2C-E","Mato Grosso",3.4516287536150205]
["2022-01-01","EMULSÕES ASF. MOD. POR POLÍMEROS RR2C-E","Espírito Santo","-"]
["2022-03-01","EMULSÕES ASF. MOD. POR POLÍMEROS RR2C-E","Bahia","-"]
["2022-04-01","EMULSÕES ASF. MOD. POR POLÍMEROS RR2C-E","Roraima","-"]
["2022-06-01","EMULSÕES ASF. MOD. POR POLÍMEROS RR2C-E","Distrito Federal","-"]
["2022-08-01","EMULSÕES ASF. MOD. POR POLÍMEROS RR2C-E","Mato Grosso","-"]
["2022-09-01","EMULSÕES ASF. MOD. POR POLÍMEROS RR2C-E","Goiás","-"]
["2022-10-01","EMULSÕES ASF. MOD. POR POLÍMEROS RR2C-E","Pará","-"]
["2022-12-01","EMULSÕES ASF. MOD. POR POLÍMEROS RR2C-E","Mato Grosso","-"]
["2023-02-01","EMULSÕES ASF. MOD. POR POLÍMEROS RR2C-E","Alagoas","-"]
["2023-04-01","EMULSÕES ASF. MOD. POR POLÍMEROS RR2C-E","Sergipe","-"]
["2023-06-01","EMULSÕES ASF. MOD. POR POLÍMEROS RR2C-E","Pará","-"]
["2023-08-01","EMULSÕES ASF. MOD. POR POLÍMEROS RR2C-E","Pará","-"]
["2023-09-01","EMULSÕES ASF. MOD. POR POLÍMEROS RR2C-E","Paraná","-"]
["2023-12-01","EMULSÕES ASF. MOD. POR POLÍMEROS RR2C-E","Alagoas","-"]
["2024-01-01","EMULSÕES ASF. MOD. POR POLÍMEROS RR2C-E","Roraima","-"]
["2024-03-01","EMULSÕES ASF. MOD. POR POLÍMEROS RR2C-E","Pernambuco","-"]
["2024-04-01","EMULSÕES ASF. MOD. POR POLÍMEROS RR2C-E","São Paulo","-"]
["2024-07-01","EMULSÕES ASF. MOD. POR POLÍMEROS RR2C-E","Bahia","-"]
["2013-01-01","EMULSÕES ASFÁLTICAS LA-E","Distrito Federal","-"]
["2013-04-01","EMULSÕES ASFÁLTICAS LA-E","Acre","-"]
["2013-04-01","EMULSÕES ASFÁLTICAS LA-E","Rondônia","-"]
["2013-07-01","EMULSÕES ASFÁLTICAS LA-E","Amapá","-"]
["2013-08-01","EMULSÕES ASFÁLTICAS LA-E","Rio Grande do Norte","-"]
["2013-10-01","EMULSÕES ASFÁLTICAS LA-E","Bahia","-"]
["2013-12-01","EMULSÕES ASFÁLTICAS LA-E","Espírito Santo","-"]
["2014-03-01","EMULSÕES ASFÁLTICAS LA-E","Acre","-"]
["2014-03-01","EMULSÕES ASFÁLTICAS LA-E","Roraima","-"]
["2014-06-01","EMULSÕES ASFÁLTICAS LA-E","Rio Grande do Norte","-"]
["2014-07-01","EMULSÕES ASFÁLTICAS LA-E","Maranhão","-"]
["2014-10-01","EMULSÕES ASFÁLTICAS LA-E","Espírito Santo","-"]
["2014-12-01","EMULSÕES ASFÁLTICAS LA-E","Ceará","-"]
["2015-01-01","EMULSÕES ASFÁLTICAS LA-E","Roraima","-"]
["2015-02-01","EMULSÕES ASFÁLTICAS LA-E","Rio de Janeiro","-"]
["2015-05-01","EMULSÕES ASFÁLTICAS LA-E","Mato Grosso","-"]
["2015-06-01","EMULSÕES ASFÁLTICAS LA-E","Minas Gerais","-"]
["2015-08-01","EMULSÕES ASFÁLTICAS LA-E","Rondônia","-"]
["2013-02-01","EMULSÕES ASFÁLTICAS RL-1C","Acre","-"]
["2013-03-01","EMULSÕES ASFÁLTICAS RL-1C","Santa Catarina","-"]
["2013-05-01","EMULSÕES ASFÁLTICAS RL-1C","Paraná",0.82919201005571375]
["2013-06-01","EMULSÕES ASFÁLTICAS RL-1C","Sergipe","-"]
["2013-09-01","EMULSÕES ASFÁLTICAS RL-1C","Pará","-"]
["2013-11-01","EMULSÕES ASFÁLTICAS RL-1C","Rondônia","-"]
["2014-01-01","EMULSÕES ASFÁLTICAS RL-1C","Alagoas","-"]
["2014-02-01","EMULSÕES ASFÁLTICAS RL-1C","Amazonas","-"]
["2014-04-01","EMULSÕES ASFÁLTICAS RL-1C","Amazonas","-"]
["2014-05-01","EMULSÕES ASFÁLTICAS RL-1C","Rio de Janeiro","-"]
["2014-08-01","EMULSÕES ASFÁLTICAS RL-1C","Tocantins","-"]
["2014-09-01","EMULSÕES ASFÁLTICAS RL-1C","Distrito Federal","-"]
["2014-11-01","EMULSÕES ASFÁLTICAS RL-1C","Minas Gerais",0.90817259094869818]
["2014-12-01","EMULSÕES ASFÁLTICAS RL-1C","Rondônia","-"]
["2015-04-01","EMULSÕES ASFÁLTICAS RL-1C","Goiás",1.2833727016623195]
["2015-04-01","EMULSÕES ASFÁLTICAS RL-1C","Maranhão","-"]
["2015-07-01","EMULSÕES ASFÁLTICAS RL-1C","Distrito Federal","-"]
["2015-08-01","EMULSÕES ASFÁLTICAS RL-1C","Piauí","-"]
["2015-10-01","EMULSÕES ASFÁLTICAS RL-1C","Rondônia","-"]
["2015-11-01","EMULSÕES ASFÁLTICAS RL-1C","Rio Grande do Norte","-"]
["2016-02-01","EMULSÕES ASFÁLTICAS RL-1C","Rio Grande do Norte","-"]
["2016-04-01","EMULSÕES ASFÁLTICAS RL-1C","Paraná",1.520769374893121]
["2016-06-01","EMULSÕES ASFÁLTICAS RL-1C","Espírito Santo","-"]
["2016-07-01","EMULSÕES ASFÁLTICAS RL-1C","Piauí","-"]
["2016-09-01","EMULSÕES ASFÁLTICAS RL-1C","Roraima","-"]
["2016-10-01","EMULSÕES ASFÁLTICAS RL-1C","São Paulo",1.3158284034370304]
["2017-01-01","EMULSÕES ASFÁLTICAS RL-1C","Rio Grande do Sul","-"]
["2017-02-01","EMULSÕES ASFÁLTICAS RL-1C","Minas Gerais",1.2578712106210161]
["2017-04-01","EMULSÕES ASFÁLTICAS RL-1C","Roraima","-"]
["2017-06-01","EMULSÕES ASFÁLTICAS RL-1C","Acre","-"]
["2017-09-01","EMULSÕES ASFÁLTICAS RL-1C","Amapá","-"]
["2017-09-01","EMULSÕES ASFÁLTICAS RL-1C","Paraná",1.2122275584505402]
["2017-12-01","EMULSÕES ASFÁLTICAS RL-1C","Bahia","-"]
["2018-01-01","EMULSÕES ASFÁLTICAS RL-1C","Pará","-"]
["2018-04-01","EMULSÕES ASFÁLTICAS RL-1C","Acre","-"]
["2018-04-01","EMULSÕES ASFÁLTICAS RL-1C","Pará","-"]
["2018-07-01","EMULSÕES ASFÁLTICAS RL-1C","Paraná",1.4643765638718145]
["2018-09-01","EMULSÕES ASFÁLTICAS RL-1C","Maranhão","-"]
["2018-11-01","EMULSÕES ASFÁLTICAS RL-1C","Pará","-"]
["2018-12-01","EMULSÕES ASFÁLTICAS RL-1C","Mato Grosso do Sul","-"]
["2019-03-01","EMULSÕES ASFÁLTICAS RL-1C","Alagoas","-"]
["2019-04-01","EMULSÕES ASFÁLTICAS RL-1C","Rio de Janeiro","-"]
["2019-06-01","EMULSÕES ASFÁLTICAS RL-1C","Pernambuco","-"]
["2019-07-01","EMULSÕES ASFÁLTICAS RL-1C","Rio de Janeiro","-"]
["2019-09-01","EMULSÕES ASFÁLTICAS RL-1C","Pernambuco","-"]
["2019-11-01","EMULSÕES ASFÁLTICAS RL-1C","Distrito Federal","-"]
["2020-01-01","EMULSÕES ASFÁLTICAS RL-1C","Santa Catarina","-"]
["2020-02-01","EMULSÕES ASFÁLTICAS RL-1C","Rondônia","-"]
["2020-04-01","EMULSÕES ASFÁLTICAS RL-1C","Sergipe","-"]
["2020-06-01","EMULSÕES ASFÁLTICAS RL-1C","Maranhão","-"]
["2020-08-01","EMULSÕES ASFÁLTICAS RL-1C","Acre","-"]
["2020-10-01","EMULSÕES ASFÁLTICAS RL-1C","Espírito Santo","-"]
["2020-10-01","EMULSÕES ASFÁLTICAS RL-1C","Tocantins","-"]
["2021-02-01","EMULSÕES ASFÁLTICAS RL-1C","Amazonas","-"]
["2021-02-01","EMULSÕES ASFÁLTICAS RL-1C","São Paulo",2.1215440710248625]
["2021-05-01","EMULSÕES ASFÁLTICAS RL-1C","Ceará","-"]
["2021-06-01","EMULSÕES ASFÁLTICAS RL-1C","Minas Gerais",2.3664060240015008]
["2021-08-01","EMULSÕES ASFÁLTICAS RL-1C","Espírito Santo","-"]
["2021-10-01","EMULSÕES ASFÁLTICAS RL-1C","Acre","-"]
["2021-12-01","EMULSÕES ASFÁLTICAS RL-1C","Paraíba","-"]
["2022-01-01","EMULSÕES ASFÁLTICAS RL-1C","Paraná",2.8284400548413622]
["2022-04-01","EMULSÕES ASFÁLTICAS RL-1C","Minas Gerais",3.1604588926843564]
["2022-06-01","EMULSÕES ASFÁLTICAS RL-1C","Piauí","-"]
["2022-08-01","EMULSÕES ASFÁLTICAS RL-1C","Acre","-"]
["2022-09-01","EMULSÕES ASFÁLTICAS RL-1C","Rio Grande do Norte","-"]
["2022-11-01","EMULSÕES ASFÁLTICAS RL-1C","Paraná",2.974600657869638]
["2022-12-01","EMULSÕES ASFÁLTICAS RL-1C","Rondônia","-"]
["2023-03-01","EMULSÕES ASFÁLTICAS RL-1C","Pará","-"]
["2023-04-01","EMULSÕES ASFÁLTICAS RL-1C","Ceará","-"]
["2023-06-01","EMULSÕES ASFÁLTICAS RL-1C","São Paulo",2.4284439825106006]
["2023-07-01","EMULSÕES ASFÁLTICAS RL-1C","Rio Grande do Sul","-"]
["2023-09-01","EMULSÕES ASFÁLTICAS RL-1C","Tocantins","-"]
["2023-11-01","EMULSÕES ASFÁLTICAS RL-1C","Rio de Janeiro","-"]
["2024-01-01","EMULSÕES ASFÁLTICAS RL-1C","Alagoas","-"]
["2024-03-01","EMULSÕES ASFÁLTICAS RL-1C","Distrito Federal","-"]
["2024-05-01","EMULSÕES ASFÁLTICAS RL-1C","Goiás",2.6911815678628037]
["2024-06-01","EMULSÕES ASFÁLTICAS RL-1C","Rondônia","-"]
["2024-07-01","EMULSÕES ASFÁLTICAS RL-1C","Santa Catarina","-"]
["2013-03-01","EMULSÕES ASFÁLTICAS RM-1C","Distrito Federal","-"]
["2013-06-01","EMULSÕES ASFÁLTICAS RM-1C","Distrito Federal","-"]
["2013-07-01","EMULSÕES ASFÁLTICAS RM-1C","Pará","-"]
["2013-09-01","EMULSÕES ASFÁLTICAS RM-1C","Rondônia","-"]
["2013-10-01","EMULSÕES ASFÁLTICAS RM-1C","Paraná",0.88781523634519122]
["2014-01-01","EMULSÕES ASFÁLTICAS RM-1C","Maranhão","-"]
["2014-01-01","EMULSÕES ASFÁLTICAS RM-1C","Piauí","-"]
["2014-03-01","EMULSÕES ASFÁLTICAS RM-1C","Minas Gerais",0.86677595722781331]
["2014-05-01","EMULSÕES ASFÁLTICAS RM-1C","Tocantins","-"]
["2014-07-01","EMULSÕES ASFÁLTICAS RM-1C","Rio Grande do Sul",0.92673870713197004]
["2014-09-01","EMULSÕES ASFÁLTICAS RM-1C","São Paulo",1.0001261281057976]
["2014-10-01","EMULSÕES ASFÁLTICAS RM-1C","Roraima","-"]
["2015-01-01","EMULSÕES ASFÁLTICAS RM-1C","Minas Gerais","-"]
["2015-03-01","EMULSÕES ASFÁLTICAS RM-1C","Rio de Janeiro","-"]
["2015-05-01","EMULSÕES ASFÁLTICAS RM-1C","Acre","-"]
["2015-06-01","EMULSÕES ASFÁLTICAS RM-1C","Bahia","-"]
["2015-08-01","EMULSÕES ASFÁLTICAS RM-1C","Paraná",1.2713057884743604]
["2015-09-01","EMULSÕES ASFÁLTICAS RM-1C","Piauí","-"]
["2015-12-01","EMULSÕES ASFÁLTICAS RM-1C","Espírito Santo","-"]
["2016-01-01","EMULSÕES ASFÁLTICAS RM-1C","Ceará",1.4987221121298884]
["2016-03-01","EMULSÕES ASFÁLTICAS RM-1C","Maranhão","-"]
["2016-04-01","EMULSÕES ASFÁLTICAS RM-1C","Rio Grande do Sul",1.3244731058427441]
["2016-06-01","EMULSÕES ASFÁLTICAS RM-1C","Mato Grosso do Sul","-"]
["2016-08-01","EMULSÕES ASFÁLTICAS RM-1C","Rio de Janeiro",1.5812134695671283]
["2016-11-01","EMULSÕES ASFÁLTICAS RM-1C","Espírito Santo","-"]
["2016-12-01","EMULSÕES ASFÁLTICAS RM-1C","Distrito Federal","-"]
["2017-02-01","EMULSÕES ASFÁLTICAS RM-1C","Rio Grande do Sul","-"]
["2017-03-01","EMULSÕES ASFÁLTICAS RM-1C","Pernambuco","-"]
["2017-06-01","EMULSÕES ASFÁLTICAS RM-1C","Rio de Janeiro","-"]
["2017-08-01","EMULSÕES ASFÁLTICAS RM-1C","Minas Gerais",1.8363878361880466]
["2017-10-01","EMULSÕES ASFÁLTICAS RM-1C","Distrito Federal","-"]
["2017-10-01","EMULSÕES ASFÁLTICAS RM-1C","Sergipe","-"]
["2018-01-01","EMULSÕES ASFÁLTICAS RM-1C","Rondônia","-"]
["2018-02-01","EMULSÕES ASFÁLTICAS RM-1C","Acre","-"]
["2018-05-01","EMULSÕES ASFÁLTICAS RM-1C","Maranhão","-"]
["2018-06-01","EMULSÕES ASFÁLTICAS RM-1C","Mato Grosso do Sul","-"]
["2018-08-01","EMULSÕES ASFÁLTICAS RM-1C","Amazonas","-"]
["2018-09-01","EMULSÕES ASFÁLTICAS RM-1C","Tocantins","-"]
["2018-11-01","EMULSÕES ASFÁLTICAS RM-1C","Ceará",1.9736566205147541]
["2019-01-01","EMULSÕES ASFÁLTICAS RM-1C","Paraíba","-"]
["2019-04-01","EMULSÕES ASFÁLTICAS RM-1C","Alagoas","-"]
["2019-05-01","EMULSÕES ASFÁLTICAS RM-1C","Minas Gerais","-"]
["2019-07-01","EMULSÕES ASFÁLTICAS RM-1C","Amazonas","-"]
["2019-09-01","EMULSÕES ASFÁLTICAS RM-1C","Acre","-"]
["2019-10-01","EMULSÕES ASFÁLTICAS RM-1C","Amapá","-"]
["2020-01-01","EMULSÕES ASFÁLTICAS RM-1C","Distrito Federal","-"]
["2020-01-01","EMULSÕES ASFÁLTICAS RM-1C","Piauí","-"]
["2020-04-01","EMULSÕES ASFÁLTICAS RM-1C","Goiás","-"]
["2020-05-01","EMULSÕES ASFÁLTICAS RM-1C","Ceará",1.7222756754826409]
["2020-06-01","EMULSÕES ASFÁLTICAS RM-1C","Rondônia","-"]
["2020-08-01","EMULSÕES ASFÁLTICAS RM-1C","Rio Grande do Sul","-"]
["2020-11-01","EMULSÕES ASFÁLTICAS RM-1C","Piauí","-"]
["2020-12-01","EMULSÕES ASFÁLTICAS RM-1C","Rio de Janeiro","-"]
["2021-03-01","EMULSÕES ASFÁLTICAS RM-1C","Ceará",2.0584348406073172]
["2021-03-01","EMULSÕES ASFÁLTICAS RM-1C","Tocantins","-"]
["2021-06-01","EMULSÕES ASFÁLTICAS RM-1C","Rio Grande do Sul","-"]
["2021-08-01","EMULSÕES ASFÁLTICAS RM-1C","Roraima","-"]
["2021-10-01","EMULSÕES ASFÁLTICAS RM-1C","Rio de Janeiro","-"]
["2021-11-01","EMULSÕES ASFÁLTICAS RM-1C","São Paulo","-"]
["2022-02-01","EMULSÕES ASFÁLTICAS RM-1C","Distrito Federal","-"]
["2022-02-01","EMULSÕES ASFÁLTICAS RM-1C","Tocantins","-"]
["2022-05-01","EMULSÕES ASFÁLTICAS RM-1C","Rondônia","-"]
["2022-06-01","EMULSÕES ASFÁLTICAS RM-1C","Santa Catarina","-"]
["2022-09-01","EMULSÕES ASFÁLTICAS RM-1C","Amapá","-"]
["2022-10-01","EMULSÕES ASFÁLTICAS RM-1C","Mato Grosso do Sul","-"]
["2022-11-01","EMULSÕES ASFÁLTICAS RM-1C","Paraná",2.7933109781714149]
["2023-01-01","EMULSÕES ASFÁLTICAS RM-1C","Tocantins","-"]
["2023-04-01","EMULSÕES ASFÁLTICAS RM-1C","Mato Grosso do Sul","-"]
["2023-05-01","EMULSÕES ASFÁLTICAS RM-1C","Paraíba","-"]
["2023-08-01","EMULSÕES ASFÁLTICAS RM-1C","Mato Grosso do Sul","-"]
["2023-08-01","EMULSÕES ASFÁLTICAS RM-1C","Rio Grande do Sul","-"]
["2023-11-01","EMULSÕES ASFÁLTICAS RM-1C","Tocantins","-"]
["2024-01-01","EMULSÕES ASFÁLTICAS RM-1C","Pernambuco","-"]
["2024-02-01","EMULSÕES ASFÁLTICAS RM-1C","Amapá","-"]
["2024-04-01","EMULSÕES ASFÁLTICAS RM-1C","Rio de Janeiro","-"]
["2024-05-01","EMULSÕES ASFÁLTICAS RM-1C","Piauí","-"]
["2024-07-01","EMULSÕES ASFÁLTICAS RM-1C","Rio Grande do Sul",2.885315160836027]
["2013-02-01","EMULSÕES ASFÁLTICAS RM-2C","Ceará","-"]
["2013-05-01","EMULSÕES ASFÁLTICAS RM-2C","Amapá","-"]
["2013-06-01","EMULSÕES ASFÁLTICAS RM-2C","Santa Catarina","-"]
["2013-08-01","EMULSÕES ASFÁLTICAS RM-2C","Piauí","-"]
["2013-09-01","EMULSÕES ASFÁLTICAS RM-2C","Sergipe","-"]
["2013-12-01","EMULSÕES ASFÁLTICAS RM-2C","Ceará","-"]
["2014-02-01","EMULSÕES ASFÁLTICAS RM-2C","Ceará","-"]
["2014-03-01","EMULSÕES ASFÁLTICAS RM-2C","Rio Grande do Sul","-"]
["2014-05-01","EMULSÕES ASFÁLTICAS RM-2C","Espírito Santo","-"]
["2014-07-01","EMULSÕES ASFÁLTICAS RM-2C","Rio de Janeiro","-"]
["2014-08-01","EMULSÕES ASFÁLTICAS RM-2C","Mato Grosso","-"]
["2014-11-01","EMULSÕES ASFÁLTICAS RM-2C","Mato Grosso","-"]
["2014-11-01","EMULSÕES ASFÁLTICAS RM-2C","Sergipe","-"]
["2015-02-01","EMULSÕES ASFÁLTICAS RM-2C","Minas Gerais","-"]
["2015-03-01","EMULSÕES ASFÁLTICAS RM-2C","Santa Catarina","-"]
["2015-05-01","EMULSÕES ASFÁLTICAS RM-2C","Paraíba","-"]
["2015-07-01","EMULSÕES ASFÁLTICAS RM-2C","Mato Grosso do Sul","-"]
["2015-10-01","EMULSÕES ASFÁLTICAS RM-2C","Mato Grosso","-"]
["2015-10-01","EMULSÕES ASFÁLTICAS RM-2C","Tocantins","-"]
["2016-01-01","EMULSÕES ASFÁLTICAS RM-2C","Santa Catarina","-"]
["2016-02-01","EMULSÕES ASFÁLTICAS RM-2C","Rio Grande do Norte","-"]
["2016-05-01","EMULSÕES ASFÁLTICAS RM-2C","Mato Grosso do Sul","-"]
["2016-06-01","EMULSÕES ASFÁLTICAS RM-2C","Tocantins","-"]
["2016-08-01","EMULSÕES ASFÁLTICAS RM-2C","Tocantins","-"]
["2016-10-01","EMULSÕES ASFÁLTICAS RM-2C","Alagoas","-"]
["2016-12-01","EMULSÕES ASFÁLTICAS RM-2C","Paraíba","-"]
["2017-01-01","EMULSÕES ASFÁLTICAS RM-2C","Amazonas","-"]
["2017-04-01","EMULSÕES ASFÁLTICAS RM-2C","Minas Gerais","-"]
["2017-05-01","EMULSÕES ASFÁLTICAS RM-2C","Bahia","-"]
["2017-07-01","EMULSÕES ASFÁLTICAS RM-2C","Distrito Federal","-"]
["2017-09-01","EMULSÕES ASFÁLTICAS RM-2C","Amapá","-"]
["2017-10-01","EMULSÕES ASFÁLTICAS RM-2C","Goiás","-"]
["2017-12-01","EMULSÕES ASFÁLTICAS RM-2C","Piauí","-"]
["2018-03-01","EMULSÕES ASFÁLTICAS RM-2C","Bahia","-"]
["2018-04-01","EMULSÕES ASFÁLTICAS RM-2C","Ceará","-"]
["2018-05-01","EMULSÕES ASFÁLTICAS RM-2C","Piauí","-"]
["2018-07-01","EMULSÕES ASFÁLTICAS RM-2C","Rio Grande do Sul","-"]
["2018-08-01","EMULSÕES ASFÁLTICAS RM-2C","Roraima","-"]
["2018-10-01","EMULSÕES ASFÁLTICAS RM-2C","Paraná","-"]
["2018-12-01","EMULSÕES ASFÁLTICAS RM-2C","Mato Grosso","-"]
["2019-02-01","EMULSÕES ASFÁLTICAS RM-2C","Roraima","-"]
["2019-03-01","EMULSÕES ASFÁLTICAS RM-2C","Sergipe","-"]
["2019-05-01","EMULSÕES ASFÁLTICAS RM-2C","São Paulo","-"]
["2019-07-01","EMULSÕES ASFÁLTICAS RM-2C","Santa Catarina","-"]
["2019-10-01","EMULSÕES ASFÁLTICAS RM-2C","Rio Grande do Sul","-"]
["2019-11-01","EMULSÕES ASFÁLTICAS RM-2C","Mato Grosso do Sul","-"]
["2020-01-01","EMULSÕES ASFÁLTICAS RM-2C","Sergipe","-"]
["2020-03-01","EMULSÕES ASFÁLTICAS RM-2C","Amapá","-"]
["2020-05-01","EMULSÕES ASFÁLTICAS RM-2C","Santa Catarina","-"]
["2020-07-01","EMULSÕES ASFÁLTICAS RM-2C","Sergipe","-"]
["2020-09-01","EMULSÕES ASFÁLTICAS RM-2C","Mato Grosso do Sul","-"]
["2020-10-01","EMULSÕES ASFÁLTICAS RM-2C","Mato Grosso do Sul","-"]
["2020-12-01","EMULSÕES ASFÁLTICAS RM-2C","Tocantins","-"]
["2021-01-01","EMULSÕES ASFÁLTICAS RM-2C","Pará","-"]
["2021-04-01","EMULSÕES ASFÁLTICAS RM-2C","Paraíba","-"]
["2021-05-01","EMULSÕES ASFÁLTICAS RM-2C","Pernambuco","-"]
["2021-07-01","EMULSÕES ASFÁLTICAS RM-2C","Pernambuco","-"]
["2021-09-01","EMULSÕES ASFÁLTICAS RM-2C","Bahia","-"]
["2021-10-01","EMULSÕES ASFÁLTICAS RM-2C","Rio de Janeiro","-"]
["2021-12-01","EMULSÕES ASFÁLTICAS RM-2C","Rio Grande do Norte","-"]
["2022-03-01","EMULSÕES ASFÁLTICAS RM-2C","Paraíba","-"]
["2022-04-01","EMULSÕES ASFÁLTICAS RM-2C","Piauí","-"]
["2022-06-01","EMULSÕES ASFÁLTICAS RM-2C","Pernambuco","-"]
["2022-08-01","EMULSÕES ASFÁLTICAS RM-2C","Ceará","-"]
["2022-09-01","EMULSÕES ASFÁLTICAS RM-2C","Espírito Santo","-"]
["2022-12-01","EMULSÕES ASFÁLTICAS RM-2C","Rio Grande do Norte","-"]
["2022-12-01","EMULSÕES ASFÁLTICAS RM-2C","Roraima","-"]
["2023-03-01","EMULSÕES ASFÁLTICAS RM-2C","Rondônia","-"]
["2023-06-01","EMULSÕES ASFÁLTICAS RM-2C","Ceará","-"]
["2023-06-01","EMULSÕES ASFÁLTICAS RM-2C","Espírito Santo","-"]
["2023-09-01","EMULSÕES ASFÁLTICAS RM-2C","Rio Grande do Sul","-"]
["2023-10-01","EMULSÕES ASFÁLTICAS RM-2C","Roraima","-"]
["2023-12-01","EMULSÕES ASFÁLTICAS RM-2C","Tocantins","-"]
["2024-02-01","EMULSÕES ASFÁLTICAS RM-2C","Mato Grosso","-"]
["2024-03-01","EMULSÕES ASFÁLTICAS RM-2C","Minas Gerais","-"]
["2024-05-01","EMULSÕES ASFÁLTICAS RM-2C","Sergipe","-"]
["2013-01-01","EMULSÕES ASFÁLTICAS RR-1C","Goiás","-"]
["2013-02-01","EMULSÕES ASFÁLTICAS RR-1C","Santa Catarina","-"]
["2013-04-01","EMULSÕES ASFÁLTICAS RR-1C","Mato Grosso","-"]
["2013-06-01","EMULSÕES ASFÁLTICAS RR-1C","Mato Grosso do Sul","-"]
["2013-07-01","EMULSÕES ASFÁLTICAS RR-1C","Amazonas","-"]
["2013-10-01","EMULSÕES ASFÁLTICAS RR-1C","Pará","-"]
["2013-11-01","EMULSÕES ASFÁLTICAS RR-1C","Alagoas","-"]
["2014-01-01","EMULSÕES ASFÁLTICAS RR-1C","Paraná",0.77751115159720885]
["2014-02-01","EMULSÕES ASFÁLTICAS RR-1C","Pernambuco","-"]
["2014-04-01","EMULSÕES ASFÁLTICAS RR-1C","Alagoas","-"]
["2014-06-01","EMULSÕES ASFÁLTICAS RR-1C","Bahia","-"]
["2014-08-01","EMULSÕES ASFÁLTICAS RR-1C","São Paulo",0.77414596575847383]
["2014-09-01","EMULSÕES ASFÁLTICAS RR-1C","Rio Grande do Norte","-"]
["2014-12-01","EMULSÕES ASFÁLTICAS RR-1C","Pernambuco","-"]
["2015-01-01","EMULSÕES ASFÁLTICAS RR-1C","Distrito Federal","-"]
["2015-04-01","EMULSÕES ASFÁLTICAS RR-1C","Bahia","-"]
["2015-06-01","EMULSÕES ASFÁLTICAS RR-1C","Amapá","-"]
["2015-07-01","EMULSÕES ASFÁLTICAS RR-1C","Rio Grande do Norte","-"]
["2015-09-01","EMULSÕES ASFÁLTICAS RR-1C","Bahia","-"]
["2015-11-01","EMULSÕES ASFÁLTICAS RR-1C","Piauí","-"]
["2015-12-01","EMULSÕES ASFÁLTICAS RR-1C","Distrito Federal","-"]
["2016-03-01","EMULSÕES ASFÁLTICAS RR-1C","Ceará",1.2931030628187365]
["2016-04-01","EMULSÕES ASFÁLTICAS RR-1C","Espírito Santo","-"]
["2016-06-01","EMULSÕES ASFÁLTICAS RR-1C","Maranhão","-"]
["2016-07-01","EMULSÕES ASFÁLTICAS RR-1C","Roraima","-"]
["2016-09-01","EMULSÕES ASFÁLTICAS RR-1C","Mato Grosso do Sul","-"]
["2016-11-01","EMULSÕES ASFÁLTICAS RR-1C","Mato Grosso",1.4151698501967755]
["2017-01-01","EMULSÕES ASFÁLTICAS RR-1C","Rio de Janeiro","-"]
["2017-02-01","EMULSÕES ASFÁLTICAS RR-1C","Sergipe","-"]
["2017-04-01","EMULSÕES ASFÁLTICAS RR-1C","Rio Grande do Sul",1.0279887784948623]
["2017-06-01","EMULSÕES ASFÁLTICAS RR-1C","Pará","-"]
["2017-07-01","EMULSÕES ASFÁLTICAS RR-1C","Paraná",1.1208239264310922]
["2017-10-01","EMULSÕES ASFÁLTICAS RR-1C","Santa Catarina","-"]
["2017-12-01","EMULSÕES ASFÁLTICAS RR-1C","Sergipe","-"]
["2018-01-01","EMULSÕES ASFÁLTICAS RR-1C","Sergipe","-"]
["2018-03-01","EMULSÕES ASFÁLTICAS RR-1C","Alagoas","-"]
["2018-05-01","EMULSÕES ASFÁLTICAS RR-1C","Acre","-"]
["2018-06-01","EMULSÕES ASFÁLTICAS RR-1C","Pernambuco","-"]
["2018-09-01","EMULSÕES ASFÁLTICAS RR-1C","Santa Catarina","-"]
["2018-10-01","EMULSÕES ASFÁLTICAS RR-1C","Bahia",1.7044107342328205]
["2019-01-01","EMULSÕES ASFÁLTICAS RR-1C","Alagoas","-"]
["2019-02-01","EMULSÕES ASFÁLTICAS RR-1C","Ceará","-"]
["2019-04-01","EMULSÕES ASFÁLTICAS RR-1C","Pernambuco","-"]
["2019-06-01","EMULSÕES ASFÁLTICAS RR-1C","Minas Gerais",1.8465779975842662]
["2019-08-01","EMULSÕES ASFÁLTICAS RR-1C","Bahia","-"]
["2019-09-01","EMULSÕES ASFÁLTICAS RR-1C","Paraíba","-"]
["2019-11-01","EMULSÕES ASFÁLTICAS RR-1C","Rio Grande do Norte","-"]
["2019-12-01","EMULSÕES ASFÁLTICAS RR-1C","Pernambuco","-"]
["2020-03-01","EMULSÕES ASFÁLTICAS RR-1C","Piauí","-"]
["2020-04-01","EMULSÕES ASFÁLTICAS RR-1C","Maranhão","-"]
["2020-06-01","EMULSÕES ASFÁLTICAS RR-1C","Rio Grande do Norte","-"]
["2020-07-01","EMULSÕES ASFÁLTICAS RR-1C","São Paulo",1.7234251905471443]
["2020-09-01","EMULSÕES ASFÁLTICAS RR-1C","Rondônia","-"]
["2020-11-01","EMULSÕES ASFÁLTICAS RR-1C","Roraima","-"]
["2021-02-01","EMULSÕES ASFÁLTICAS RR-1C","Piauí","-"]
["2021-03-01","EMULSÕES ASFÁLTICAS RR-1C","Mato Grosso","-"]
["2021-05-01","EMULSÕES ASFÁLTICAS RR-1C","Amazonas","-"]
["2021-06-01","EMULSÕES ASFÁLTICAS RR-1C","Sergipe","-"]
["2021-09-01","EMULSÕES ASFÁLTICAS RR-1C","Roraima","-"]
["2021-10-01","EMULSÕES ASFÁLTICAS RR-1C","Alagoas","-"]
["2022-01-01","EMULSÕES ASFÁLTICAS RR-1C","Mato Grosso","-"]
["2022-02-01","EMULSÕES ASFÁLTICAS RR-1C","Goiás","-"]
["2022-04-01","EMULSÕES ASFÁLTICAS RR-1C","Sergipe","-"]
["2022-05-01","EMULSÕES ASFÁLTICAS RR-1C","Mato Grosso",3.476029418878785]
["2022-07-01","EMULSÕES ASFÁLTICAS RR-1C","Alagoas","-"]
["2022-10-01","EMULSÕES ASFÁLTICAS RR-1C","Distrito Federal","-"]
["2022-10-01","EMULSÕES ASFÁLTICAS RR-1C","Pernambuco","-"]
["2023-01-01","EMULSÕES ASFÁLTICAS RR-1C","Amazonas","-"]
["2023-02-01","EMULSÕES ASFÁLTICAS RR-1C","Paraná",2.2746693690997271]
["2023-05-01","EMULSÕES ASFÁLTICAS RR-1C","Alagoas","-"]
["2023-07-01","EMULSÕES ASFÁLTICAS RR-1C","Mato Grosso do Sul",2.548969233850777]
["2023-08-01","EMULSÕES ASFÁLTICAS RR-1C","Pernambuco","-"]
["2023-10-01","EMULSÕES ASFÁLTICAS RR-1C","Pará","-"]
["2023-12-01","EMULSÕES ASFÁLTICAS RR-1C","Bahia","-"]
["2024-01-01","EMULSÕES ASFÁLTICAS RR-1C","Distrito Federal","-"]
["2024-02-01","EMULSÕES ASFÁLTICAS RR-1C","Roraima","-"]
["2024-04-01","EMULSÕES ASFÁLTICAS RR-1C","Rondônia","-"]
["2024-07-01","EMULSÕES ASFÁLTICAS RR-1C","Amapá","-"]
["2013-01-01","EMULSÕES ASFÁLTICAS RR-2C","Maranhão","-"]
["2013-03-01","EMULSÕES ASFÁLTICAS RR-2C","Bahia","-"]
["2013-04-01","EMULSÕES ASFÁLTICAS RR-2C","São Paulo",0.78573300314278904]
["2013-08-01","EMULSÕES ASFÁLTICAS RR-2C","Acre","-"]
["2013-08-01","EMULSÕES ASFÁLTICAS RR-2C","Roraima","-"]
["2013-11-01","EMULSÕES ASFÁLTICAS RR-2C","Maranhão","-"]
["2013-12-01","EMULSÕES ASFÁLTICAS RR-2C","Maranhão","-"]
["2014-02-01","EMULSÕES ASFÁLTICAS RR-2C","São Paulo",0.80124765623386696]
["2014-05-01","EMULSÕES ASFÁLTICAS RR-2C","Ceará",0.83465610485760766]
["2014-06-01","EMULSÕES ASFÁLTICAS RR-2C","Roraima","-"]
["2014-08-01","EMULSÕES ASFÁLTICAS RR-2C","Espírito Santo","-"]
["2014-10-01","EMULSÕES ASFÁLTICAS RR-2C","Mato Grosso",1.0728591395329419]
["2014-10-01","EMULSÕES ASFÁLTICAS RR-2C","Rio Grande do Sul",0.79497988308476342]
["2015-01-01","EMULSÕES ASFÁLTICAS RR-2C","Sergipe","-"]
["2015-03-01","EMULSÕES ASFÁLTICAS RR-2C","Acre","-"]
["2015-05-01","EMULSÕES ASFÁLTICAS RR-2C","Minas Gerais",0.92074306166588793]
["2015-06-01","EMULSÕES ASFÁLTICAS RR-2C","Paraná",1.1591286344580531]
["2015-07-01","EMULSÕES ASFÁLTICAS RR-2C","Sergipe","-"]
["2015-10-01","EMULSÕES ASFÁLTICAS RR-2C","Amazonas","-"]
["2015-12-01","EMULSÕES ASFÁLTICAS RR-2C","Rondônia","-"]
["2016-02-01","EMULSÕES ASFÁLTICAS RR-2C","Alagoas","-"]
["2016-03-01","EMULSÕES ASFÁLTICAS RR-2C","Santa Catarina","-"]
["2016-05-01","EMULSÕES ASFÁLTICAS RR-2C","Pernambuco","-"]
["2016-08-01","EMULSÕES ASFÁLTICAS RR-2C","Amazonas","-"]
["2016-09-01","EMULSÕES ASFÁLTICAS RR-2C","Tocantins","-"]
["2016-10-01","EMULSÕES ASFÁLTICAS RR-2C","Distrito Federal","-"]
["2017-01-01","EMULSÕES ASFÁLTICAS RR-2C","Alagoas","-"]
["2017-01-01","EMULSÕES ASFÁLTICAS RR-2C","Rondônia","-"]
["2017-04-01","EMULSÕES ASFÁLTICAS RR-2C","Amazonas","-"]
["2017-05-01","EMULSÕES ASFÁLTICAS RR-2C","Maranhão","-"]
["2017-08-01","EMULSÕES ASFÁLTICAS RR-2C","Mato Grosso",1.4011431109619861]
["2017-08-01","EMULSÕES ASFÁLTICAS RR-2C","São Paulo",1.2770776851693868]
["2017-11-01","EMULSÕES ASFÁLTICAS RR-2C","Rondônia","-"]
["2017-12-01","EMULSÕES ASFÁLTICAS RR-2C","Rio Grande do Norte","-"]
["2018-03-01","EMULSÕES ASFÁLTICAS RR-2C","Maranhão","-"]
["2018-05-01","EMULSÕES ASFÁLTICAS RR-2C","Paraná",1.3845016794200009]
["2018-06-01","EMULSÕES ASFÁLTICAS RR-2C","São Paulo",1.5120795131565401]
["2018-08-01","EMULSÕES ASFÁLTICAS RR-2C","Piauí","-"]
["2018-10-01","EMULSÕES ASFÁLTICAS RR-2C","Roraima","-"]
["2018-11-01","EMULSÕES ASFÁLTICAS RR-2C","Rio Grande do Norte","-"]
["2019-02-01","EMULSÕES ASFÁLTICAS RR-2C","Mato Grosso",2.6375775490104294]
["2019-03-01","EMULSÕES ASFÁLTICAS RR-2C","Amapá","-"]
["2019-05-01","EMULSÕES ASFÁLTICAS RR-2C","Roraima","-"]
["2019-07-01","EMULSÕES ASFÁLTICAS RR-2C","Acre","-"]
["2019-08-01","EMULSÕES ASFÁLTICAS RR-2C","São Paulo",2.1250229669037055]
["2019-10-01","EMULSÕES ASFÁLTICAS RR-2C","Paraná",2.0500637050761639]
["2020-01-01","EMULSÕES ASFÁLTICAS RR-2C","Bahia","-"]
["2020-02-01","EMULSÕES ASFÁLTICAS RR-2C","Amazonas","-"]
["2020-04-01","EMULSÕES ASFÁLTICAS RR-2C","Distrito Federal","-"]
["2020-05-01","EMULSÕES ASFÁLTICAS RR-2C","Rio de Janeiro","-"]
["2020-08-01","EMULSÕES ASFÁLTICAS RR-2C","Paraná",2.0150739469144625]
["2020-10-01","EMULSÕES ASFÁLTICAS RR-2C","Maranhão","-"]
["2020-12-01","EMULSÕES ASFÁLTICAS RR-2C","Amazonas","-"]
["2021-01-01","EMULSÕES ASFÁLTICAS RR-2C","Mato Grosso do Sul",2.2106978278950735]
["2021-02-01","EMULSÕES ASFÁLTICAS RR-2C","Distrito Federal","-"]
["2021-04-01","EMULSÕES ASFÁLTICAS RR-2C","Pará","-"]
["2021-05-01","EMULSÕES ASFÁLTICAS RR-2C","Rondônia","-"]
["2021-09-01","EMULSÕES ASFÁLTICAS RR-2C","Maranhão","-"]
["2021-11-01","EMULSÕES ASFÁLTICAS RR-2C","Bahia","-"]
["2021-12-01","EMULSÕES ASFÁLTICAS RR-2C","Distrito Federal","-"]
["2022-01-01","EMULSÕES ASFÁLTICAS RR-2C","Rio de Janeiro","-"]
["2022-03-01","EMULSÕES ASFÁLTICAS RR-2C","Rondônia","-"]
["2022-04-01","EMULSÕES ASFÁLTICAS RR-2C","Rio Grande do Sul","-"]
["2022-07-01","EMULSÕES ASFÁLTICAS RR-2C","Maranhão","-"]
["2022-09-01","EMULSÕES ASFÁLTICAS RR-2C","Acre","-"]
["2022-10-01","EMULSÕES ASFÁLTICAS RR-2C","São Paulo",3.0776193444586046]
["2022-11-01","EMULSÕES ASFÁLTICAS RR-2C","Tocantins",3.0292024957338701]
["2023-01-01","EMULSÕES ASFÁLTICAS RR-2C","Pernambuco","-"]
["2023-01-01","EMULSÕES ASFÁLTICAS RR-2C","Piauí","-"]
["2023-01-01","EMULSÕES ASFÁLTICAS RR-2C","Rio de Janeiro","-"]
["2023-01-01","EMULSÕES ASFÁLTICAS RR-2C","Rio Grande do Norte","-"]
["2023-01-01","EMULSÕES ASFÁLTICAS RR-2C","Rio Grande do Sul","-"]
["2023-01-01","EMULSÕES ASFÁLTICAS RR-2C","Rondônia","-"]
["2023-01-01","EMULSÕES ASFÁLTICAS RR-2C","Roraima","-"]
["2023-01-01","EMULSÕES ASFÁLTICAS RR-2C","Santa Catarina","-"]
["2023-01-01","EMULSÕES ASFÁLTICAS RR-2C","São Paulo",2.7745776485766096]
["2023-01-01","EMULSÕES ASFÁLTICAS RR-2C","Sergipe","-"]
["2023-01-01","EMULSÕES ASFÁLTICAS RR-2C","Tocantins",3.0146574974736251]
["2023-02-01","EMULSÕES ASFÁLTICAS RR-2C","Acre","-"]
["2023-02-01","EMULSÕES ASFÁLTICAS RR-2C","Alagoas","-"]
["2023-02-01","EMULSÕES ASFÁLTICAS RR-2C","Amapá","-"]
["2023-02-01","EMULSÕES ASFÁLTICAS RR-2C","Amazonas","-"]
["2023-02-01","EMULSÕES ASFÁLTICAS RR-2C","Bahia","-"]
["2023-02-01","EMULSÕES ASFÁLTICAS RR-2C","Ceará",2.5076920992678122]
["2023-02-01","EMULSÕES ASFÁLTICAS RR-2C","Distrito Federal","-"]
["2023-02-01","EMULSÕES ASFÁLTICAS RR-2C","Espírito Santo","-"]
["2023-02-01","EMULSÕES ASFÁLTICAS RR-2C","Goiás",2.5904923346915725]
["2023-02-01","EMULSÕES ASFÁLTICAS RR-2C","Maranhão","-"]
["2023-02-01","EMULSÕES ASFÁLTICAS RR-2C","Mato Grosso",3.4700680940392221]
["2023-02-01","EMULSÕES ASFÁLTICAS RR-2C","Mato Grosso do Sul","-"]
["2023-02-01","EMULSÕES ASFÁLTICAS RR-2C","Minas Gerais",3.079872139739261]
["2023-02-01","EMULSÕES ASFÁLTICAS RR-2C","Pará","-"]
["2023-02-01","EMULSÕES ASFÁLTICAS RR-2C","Paraíba","-"]
["2023-02-01","EMULSÕES ASFÁLTICAS RR-2C","Paraná",2.7587444043970222]
["2023-02-01","EMULSÕES ASFÁLTICAS RR-2C","Pernambuco","-"]
["2023-02-01","EMULSÕES ASFÁLTICAS RR-2C","Piauí","-"]
["2023-02-01","EMULSÕES ASFÁLTICAS RR-2C","Rio de Janeiro","-"]
["2023-02-01","EMULSÕES ASFÁLTICAS RR-2C","Rio Grande do Norte","-"]
["2023-02-01","EMULSÕES ASFÁLTICAS RR-2C","Rio Grande do Sul",2.5770834710091064]
["2023-02-01","EMULSÕES ASFÁLTICAS RR-2C","Rondônia","-"]
["2023-02-01","EMULSÕES ASFÁLTICAS RR-2C","Roraima","-"]
["2023-02-01","EMULSÕES ASFÁLTICAS RR-2C","Santa Catarina","-"]
["2023-02-01","EMULSÕES ASFÁLTICAS RR-2C","São Paulo",2.6240950846687885]
["2023-02-01","EMULSÕES ASFÁLTICAS RR-2C","Sergipe","-"]
["2023-02-01","EMULSÕES ASFÁLTICAS RR-2C","Tocantins",2.9203834664674897]
["2023-03-01","EMULSÕES ASFÁLTICAS RR-2C","Acre","-"]
["2023-03-01","EMULSÕES ASFÁLTICAS RR-2C","Alagoas","-"]
["2023-03-01","EMULSÕES ASFÁLTICAS RR-2C","Amapá","-"]
["2023-03-01","EMULSÕES ASFÁLTICAS RR-2C","Amazonas",3.5192358682305511]
["2023-03-01","EMULSÕES ASFÁLTICAS RR-2C","Bahia","-"]
["2023-03-01","EMULSÕES ASFÁLTICAS RR-2C","Ceará",2.5325621813755719]
["2023-03-01","EMULSÕES ASFÁLTICAS RR-2C","Distrito Federal","-"]
["2023-03-01","EMULSÕES ASFÁLTICAS RR-2C","Espírito Santo","-"]
["2023-03-01","EMULSÕES ASFÁLTICAS RR-2C","Goiás",2.8495205708644367]
["2023-03-01","EMULSÕES ASFÁLTICAS RR-2C","Maranhão","-"]
["2023-03-01","EMULSÕES ASFÁLTICAS RR-2C","Mato Grosso",2.9706306488595402]
["2023-03-01","EMULSÕES ASFÁLTICAS RR-2C","Mato Grosso do Sul","-"]
["2023-03-01","EMULSÕES ASFÁLTICAS RR-2C","Minas Gerais",3.0576464958269818]
["2023-03-01","EMULSÕES ASFÁLTICAS RR-2C","Pará",3.1011822194637535]
["2023-03-01","EMULSÕES ASFÁLTICAS RR-2C","Paraíba","-"]
["2023-03-01","EMULSÕES ASFÁLTICAS RR-2C","Paraná",2.5726660443044369]
["2023-03-01","EMULSÕES ASFÁLTICAS RR-2C","Pernambuco","-"]
["2023-03-01","EMULSÕES ASFÁLTICAS RR-2C","Piauí","-"]
["2023-03-01","EMULSÕES ASFÁLTICAS RR-2C","Rio de Janeiro","-"]
["2023-03-01","EMULSÕES ASFÁLTICAS RR-2C","Rio Grande do Norte","-"]
["2023-03-01","EMULSÕES ASFÁLTICAS RR-2C","Rio Grande do Sul","-"]
["2023-03-01","EMULSÕES ASFÁLTICAS RR-2C","Rondônia","-"]
["2023-03-01","EMULSÕES ASFÁLTICAS RR-2C","Roraima","-"]
["2023-03-01","EMULSÕES ASFÁLTICAS RR-2C","Santa Catarina","-"]
["2023-03-01","EMULSÕES ASFÁLTICAS RR-2C","São Paulo",2.6290626834960165]
["2023-03-01","EMULSÕES ASFÁLTICAS RR-2C","Sergipe","-"]
["2023-03-01","EMULSÕES ASFÁLTICAS RR-2C","Tocantins",2.9969686363438517]
["2023-04-01","EMULSÕES ASFÁLTICAS RR-2C","Acre","-"]
["2023-04-01","EMULSÕES ASFÁLTICAS RR-2C","Alagoas","-"]
["2023-04-01","EMULSÕES ASFÁLTICAS RR-2C","Amapá","-"]
["2023-04-01","EMULSÕES ASFÁLTICAS RR-2C","Amazonas",3.8825905779481666]
["2023-04-01","EMULSÕES ASFÁLTICAS RR-2C","Bahia","-"]
["2023-04-01","EMULSÕES ASFÁLTICAS RR-2C","Ceará",2.5196266596903136]
["2023-04-01","EMULSÕES ASFÁLTICAS RR-2C","Distrito Federal","-"]
["2023-04-01","EMULSÕES ASFÁLTICAS RR-2C","Espírito Santo","-"]
["2023-04-01","EMULSÕES ASFÁLTICAS RR-2C","Goiás",2.8219924057423493]
["2023-04-01","EMULSÕES ASFÁLTICAS RR-2C","Maranhão","-"]
["2023-04-01","EMULSÕES ASFÁLTICAS RR-2C","Mato Grosso",3.0079968754055]
["2023-04-01","EMULSÕES ASFÁLTICAS RR-2C","Mato Grosso do Sul","-"]
["2023-04-01","EMULSÕES ASFÁLTICAS RR-2C","Minas Gerais",2.7903807773658191]
["2023-04-01","EMULSÕES ASFÁLTICAS RR-2C","Pará","-"]
["2023-04-01","EMULSÕES ASFÁLTICAS RR-2C","Paraíba","-"]
["2023-04-01","EMULSÕES ASFÁLTICAS RR-2C","Paraná",2.580656652097201]
["2023-04-01","EMULSÕES ASFÁLTICAS RR-2C","Pernambuco","-"]
["2023-04-01","EMULSÕES ASFÁLTICAS RR-2C","Piauí","-"]
["2023-04-01","EMULSÕES ASFÁLTICAS RR-2C","Rio de Janeiro","-"]
["2023-04-01","EMULSÕES ASFÁLTICAS RR-2C","Rio Grande do Norte","-"]
["2023-04-01","EMULSÕES ASFÁLTICAS RR-2C","Rio Grande do Sul","-"]
["2023-04-01","EMULSÕES ASFÁLTICAS RR-2C","Rondônia","-"]
["2023-04-01","EMULSÕES ASFÁLTICAS RR-2C","Roraima","-"]
["2023-04-01","EMULSÕES ASFÁLTICAS RR-2C","Santa Catarina","-"]
["2023-04-01","EMULSÕES ASFÁLTICAS RR-2C","São Paulo",2.6878444642354671]
["2023-04-01","EMULSÕES ASFÁLTICAS RR-2C","Sergipe","-"]
["2023-04-01","EMULSÕES ASFÁLTICAS RR-2C","Tocantins",2.9386954658770916]
["2023-05-01","EMULSÕES ASFÁLTICAS RR-2C","Acre","-"]
["2023-05-01","EMULSÕES ASFÁLTICAS RR-2C","Alagoas","-"]
["2023-05-01","EMULSÕES ASFÁLTICAS RR-2C","Amapá","-"]
["2023-05-01","EMULSÕES ASFÁLTICAS RR-2C","Amazonas",3.681565455775202]
["2023-05-01","EMULSÕES ASFÁLTICAS RR-2C","Bahia","-"]
["2023-05-01","EMULSÕES ASFÁLTICAS RR-2C","Ceará",2.5701330160839944]
["2023-05-01","EMULSÕES ASFÁLTICAS RR-2C","Distrito Federal","-"]
["2023-05-01","EMULSÕES ASFÁLTICAS RR-2C","Espírito Santo","-"]
["2023-05-01","EMULSÕES ASFÁLTICAS RR-2C","Goiás",2.7922785854332375]
["2023-05-01","EMULSÕES ASFÁLTICAS RR-2C","Maranhão","-"]
["2023-05-01","EMULSÕES ASFÁLTICAS RR-2C","Mato Grosso",3.0023505156459875]
["2023-05-01","EMULSÕES ASFÁLTICAS RR-2C","Mato Grosso do Sul","-"]
["2023-05-01","EMULSÕES ASFÁLTICAS RR-2C","Minas Gerais",2.7768514256709835]
["2023-05-01","EMULSÕES ASFÁLTICAS RR-2C","Pará",3.1712197403285636]
["2023-05-01","EMULSÕES ASFÁLTICAS RR-2C","Paraíba","-"]
["2023-05-01","EMULSÕES ASFÁLTICAS RR-2C","Paraná",2.3876226939306577]
["2023-05-01","EMULSÕES ASFÁLTICAS RR-2C","Pernambuco","-"]
["2023-05-01","EMULSÕES ASFÁLTICAS RR-2C","Piauí","-"]
["2023-05-01","EMULSÕES ASFÁLTICAS RR-2C","Rio de Janeiro","-"]
["2023-05-01","EMULSÕES ASFÁLTICAS RR-2C","Rio Grande do Norte","-"]
["2023-05-01","EMULSÕES ASFÁLTICAS RR-2C","Rio Grande do Sul","-"]
["2023-05-01","EMULSÕES ASFÁLTICAS RR-2C","Rondônia","-"]
["2023-05-01","EMULSÕES ASFÁLTICAS RR-2C","Roraima","-"]
["2023-05-01","EMULSÕES ASFÁLTICAS RR-2C","Santa Catarina","-"]
["2023-05-01","EMULSÕES ASFÁLTICAS RR-2C","São Paulo",2.4961734919163256]
["2023-05-01","EMULSÕES ASFÁLTICAS RR-2C","Sergipe","-"]
["2023-05-01","EMULSÕES ASFÁLTICAS RR-2C","Tocantins","-"]
["2023-06-01","EMULSÕES ASFÁLTICAS RR-2C","Acre","-"]
["2023-06-01","EMULSÕES ASFÁLTICAS RR-2C","Alagoas","-"]
["2023-06-01","EMULSÕES ASFÁLTICAS RR-2C","Amapá","-"]
["2023-06-01","EMULSÕES ASFÁLTICAS RR-2C","Amazonas",4.0092992488741599]
["2023-06-01","EMULSÕES ASFÁLTICAS RR-2C","Bahia","-"]
["2023-06-01","EMULSÕES ASFÁLTICAS RR-2C","Ceará",2.5524836726394859]
["2023-06-01","EMULSÕES ASFÁLTICAS RR-2C","Distrito Federal","-"]
["2023-06-01","EMULSÕES ASFÁLTICAS RR-2C","Espírito Santo","-"]
["2023-06-01","EMULSÕES ASFÁLTICAS RR-2C","Goiás",2.7315522958849106]
["2023-06-01","EMULSÕES ASFÁLTICAS RR-2C","Maranhão","-"]
["2023-06-01","EMULSÕES ASFÁLTICAS RR-2C","Mato Grosso",2.9814298018924514]
["2023-06-01","EMULSÕES ASFÁLTICAS RR-2C","Mato Grosso do Sul","-"]
["2023-06-01","EMULSÕES ASFÁLTICAS RR-2C","Minas Gerais",2.7246073556148187]
["2023-06-01","EMULSÕES ASFÁLTICAS RR-2C","Pará","-"]
["2023-06-01","EMULSÕES ASFÁLTICAS RR-2C","Paraíba","-"]
["2023-06-01","EMULSÕES ASFÁLTICAS RR-2C","Paraná",2.5597369057648169]
["2023-06-01","EMULSÕES ASFÁLTICAS RR-2C","Pernambuco","-"]
["2023-06-01","EMULSÕES ASFÁLTICAS RR-2C","Piauí","-"]
["2023-06-01","EMULSÕES ASFÁLTICAS RR-2C","Rio de Janeiro","-"]
["2023-06-01","EMULSÕES ASFÁLTICAS RR-2C","Rio Grande do Norte","-"]
["2023-06-01","EMULSÕES ASFÁLTICAS RR-2C","Rio Grande do Sul","-"]
["2023-06-01","EMULSÕES ASFÁLTICAS RR-2C","Rondônia","-"]
["2023-06-01","EMULSÕES ASFÁLTICAS RR-2C","Roraima","-"]
["2023-06-01","EMULSÕES ASFÁLTICAS RR-2C","Santa Catarina","-"]
["2023-06-01","EMULSÕES ASFÁLTICAS RR-2C","São Paulo",2.4924548546167089]
["2023-06-01","EMULSÕES ASFÁLTICAS RR-2C","Sergipe","-"]
["2023-06-01","EMULSÕES ASFÁLTICAS RR-2C","Tocantins",2.675294507824884]
["2023-07-01","EMULSÕES ASFÁLTICAS RR-2C","Acre","-"]
["2023-07-01","EMULSÕES ASFÁLTICAS RR-2C","Alagoas","-"]
["2023-07-01","EMULSÕES ASFÁLTICAS RR-2C","Amapá","-"]
["2023-07-01","EMULSÕES ASFÁLTICAS RR-2C","Amazonas",3.6065213582095432]
["2023-07-01","EMULSÕES ASFÁLTICAS RR-2C","Bahia","-"]
["2023-07-01","EMULSÕES ASFÁLTICAS RR-2C","Ceará",2.5672415332575156]
["2023-07-01","EMULSÕES ASFÁLTICAS RR-2C","Distrito Federal","-"]
["2023-07-01","EMULSÕES ASFÁLTICAS RR-2C","Espírito Santo","-"]
["2023-07-01","EMULSÕES ASFÁLTICAS RR-2C","Goiás",2.6796071702448128]
["2023-07-01","EMULSÕES ASFÁLTICAS RR-2C","Maranhão","-"]
["2023-07-01","EMULSÕES ASFÁLTICAS RR-2C","Mato Grosso",2.9798254759572975]
["2023-07-01","EMULSÕES ASFÁLTICAS RR-2C","Mato Grosso do Sul",2.7378386517330808]
["2023-07-01","EMULSÕES ASFÁLTICAS RR-2C","Minas Gerais",2.6455719449202437]
["2023-07-01","EMULSÕES ASFÁLTICAS RR-2C","Pará","-"]
["2023-07-01","EMULSÕES ASFÁLTICAS RR-2C","Paraíba","-"]
["2023-07-01","EMULSÕES ASFÁLTICAS RR-2C","Paraná",2.5631897637677361]
["2023-07-01","EMULSÕES ASFÁLTICAS RR-2C","Pernambuco","-"]
["2023-07-01","EMULSÕES ASFÁLTICAS RR-2C","Piauí","-"]
["2023-07-01","EMULSÕES ASFÁLTICAS RR-2C","Rio de Janeiro","-"]
["2023-07-01","EMULSÕES ASFÁLTICAS RR-2C","Rio Grande do Norte","-"]
["2023-07-01","EMULSÕES ASFÁLTICAS RR-2C","Rio Grande do Sul","-"]
["2023-07-01","EMULSÕES ASFÁLTICAS RR-2C","Rondônia","-"]
["2023-07-01","EMULSÕES ASFÁLTICAS RR-2C","Roraima","-"]
["2023-07-01","EMULSÕES ASFÁLTICAS RR-2C","Santa Catarina","-"]
["2023-07-01","EMULSÕES ASFÁLTICAS RR-2C","São Paulo",2.5241436463351001]
["2023-07-01","EMULSÕES ASFÁLTICAS RR-2C","Sergipe","-"]
["2023-07-01","EMULSÕES ASFÁLTICAS RR-2C","Tocantins",2.704200153311842]
["2023-08-01","EMULSÕES ASFÁLTICAS RR-2C","Acre","-"]
["2023-08-01","EMULSÕES ASFÁLTICAS RR-2C","Alagoas","-"]
["2023-08-01","EMULSÕES ASFÁLTICAS RR-2C","Amapá","-"]
["2023-08-01","EMULSÕES ASFÁLTICAS RR-2C","Amazonas",3.6847888545823548]
["2023-08-01","EMULSÕES ASFÁLTICAS RR-2C","Bahia","-"]
["2023-08-01","EMULSÕES ASFÁLTICAS RR-2C","Ceará",2.5832733233303067]
["2023-08-01","EMULSÕES ASFÁLTICAS RR-2C","Distrito Federal","-"]
["2023-08-01","EMULSÕES ASFÁLTICAS RR-2C","Espírito Santo","-"]
["2023-08-01","EMULSÕES ASFÁLTICAS RR-2C","Goiás",2.8803241587642638]
["2023-08-01","EMULSÕES ASFÁLTICAS RR-2C","Maranhão","-"]
["2023-08-01","EMULSÕES ASFÁLTICAS RR-2C","Mato Grosso",2.9732980090484924]
["2023-08-01","EMULSÕES ASFÁLTICAS RR-2C","Mato Grosso do Sul",2.7770091352692807]
["2023-08-01","EMULSÕES ASFÁLTICAS RR-2C","Minas Gerais",2.6816683138463508]
["2023-08-01","EMULSÕES ASFÁLTICAS RR-2C","Pará","-"]
["2023-08-01","EMULSÕES ASFÁLTICAS RR-2C","Paraíba","-"]
["2023-08-01","EMULSÕES ASFÁLTICAS RR-2C","Paraná",2.6621856287663497]
["2023-08-01","EMULSÕES ASFÁLTICAS RR-2C","Pernambuco","-"]
["2023-08-01","EMULSÕES ASFÁLTICAS RR-2C","Piauí","-"]
["2023-08-01","EMULSÕES ASFÁLTICAS RR-2C","Rio de Janeiro","-"]
["2023-08-01","EMULSÕES ASFÁLTICAS RR-2C","Rio Grande do Norte","-"]
["2023-08-01","EMULSÕES ASFÁLTICAS RR-2C","Rio Grande do Sul","-"]
["2023-08-01","EMULSÕES ASFÁLTICAS RR-2C","Rondônia","-"]
["2023-08-01","EMULSÕES ASFÁLTICAS RR-2C","Roraima","-"]
["2023-08-01","EMULSÕES ASFÁLTICAS RR-2C","Santa Catarina","-"]
["2023-08-01","EMULSÕES ASFÁLTICAS RR-2C","São Paulo",2.5738127240129205]
["2023-08-01","EMULSÕES ASFÁLTICAS RR-2C","Sergipe","-"]
["2023-08-01","EMULSÕES ASFÁLTICAS RR-2C","Tocantins",2.7318124093818046]
["2023-09-01","EMULSÕES ASFÁLTICAS RR-2C","Acre","-"]
["2023-09-01","EMULSÕES ASFÁLTICAS RR-2C","Alagoas","-"]
["2023-09-01","EMULSÕES ASFÁLTICAS RR-2C","Amapá","-"]
["2023-09-01","EMULSÕES ASFÁLTICAS RR-2C","Amazonas",3.7573868292638877]
["2023-09-01","EMULSÕES ASFÁLTICAS RR-2C","Bahia","-"]
["2023-09-01","EMULSÕES ASFÁLTICAS RR-2C","Ceará",2.6987763251280157]
["2023-09-01","EMULSÕES ASFÁLTICAS RR-2C","Distrito Federal","-"]
["2023-09-01","EMULSÕES ASFÁLTICAS RR-2C","Espírito Santo","-"]
["2023-09-01","EMULSÕES ASFÁLTICAS RR-2C","Goiás",3.0014388343209228]
["2023-09-01","EMULSÕES ASFÁLTICAS RR-2C","Maranhão","-"]
["2023-09-01","EMULSÕES ASFÁLTICAS RR-2C","Mato Grosso",3.1578336993461313]
["2023-09-01","EMULSÕES ASFÁLTICAS RR-2C","Mato Grosso do Sul",2.9057554681864852]
["2023-09-01","EMULSÕES ASFÁLTICAS RR-2C","Minas Gerais",2.8867392644349232]
["2023-09-01","EMULSÕES ASFÁLTICAS RR-2C","Pará","-"]
["2023-09-01","EMULSÕES ASFÁLTICAS RR-2C","Paraíba","-"]
["2023-09-01","EMULSÕES ASFÁLTICAS RR-2C","Paraná",2.3875991256382418]
["2023-09-01","EMULSÕES ASFÁLTICAS RR-2C","Pernambuco","-"]
["2023-09-01","EMULSÕES ASFÁLTICAS RR-2C","Piauí","-"]
["2023-09-01","EMULSÕES ASFÁLTICAS RR-2C","Rio de Janeiro","-"]
["2023-09-01","EMULSÕES ASFÁLTICAS RR-2C","Rio Grande do Norte","-"]
["2023-09-01","EMULSÕES ASFÁLTICAS RR-2C","Rio Grande do Sul",2.6183637345807753]
["2023-09-01","EMULSÕES ASFÁLTICAS RR-2C","Rondônia","-"]
["2023-09-01","EMULSÕES ASFÁLTICAS RR-2C","Roraima","-"]
["2023-09-01","EMULSÕES ASFÁLTICAS RR-2C","Santa Catarina","-"]
["2023-09-01","EMULSÕES ASFÁLTICAS RR-2C","São Paulo",2.6086916683273946]
["2023-09-01","EMULSÕES ASFÁLTICAS RR-2C","Sergipe","-"]
["2023-09-01","EMULSÕES ASFÁLTICAS RR-2C","Tocantins","-"]
["2023-10-01","EMULSÕES ASFÁLTICAS RR-2C","Acre","-"]
["2023-10-01","EMULSÕES ASFÁLTICAS RR-2C","Alagoas","-"]
["2023-10-01","EMULSÕES ASFÁLTICAS RR-2C","Amapá","-"]
["2023-10-01","EMULSÕES ASFÁLTICAS RR-2C","Amazonas",4.1309363633071383]
["2023-10-01","EMULSÕES ASFÁLTICAS RR-2C","Bahia","-"]
["2023-10-01","EMULSÕES ASFÁLTICAS RR-2C","Ceará",2.7088196950454617]
["2023-10-01","EMULSÕES ASFÁLTICAS RR-2C","Distrito Federal","-"]
["2023-10-01","EMULSÕES ASFÁLTICAS RR-2C","Espírito Santo","-"]
["2023-10-01","EMULSÕES ASFÁLTICAS RR-2C","Goiás",2.9767718508470189]
["2023-10-01","EMULSÕES ASFÁLTICAS RR-2C","Maranhão","-"]
["2023-10-01","EMULSÕES ASFÁLTICAS RR-2C","Mato Grosso",2.9709119071023156]
["2023-10-01","EMULSÕES ASFÁLTICAS RR-2C","Mato Grosso do Sul","-"]
["2023-10-01","EMULSÕES ASFÁLTICAS RR-2C","Minas Gerais",2.7764861019122957]
["2023-10-01","EMULSÕES ASFÁLTICAS RR-2C","Pará",3.4577160881555309]
["2023-10-01","EMULSÕES ASFÁLTICAS RR-2C","Paraíba","-"]
["2023-10-01","EMULSÕES ASFÁLTICAS RR-2C","Paraná",2.5944171988205604]
["2023-10-01","EMULSÕES ASFÁLTICAS RR-2C","Pernambuco","-"]
["2023-10-01","EMULSÕES ASFÁLTICAS RR-2C","Piauí","-"]
["2023-10-01","EMULSÕES ASFÁLTICAS RR-2C","Rio de Janeiro","-"]
["2023-10-01","EMULSÕES ASFÁLTICAS RR-2C","Rio Grande do Norte","-"]
["2023-10-01","EMULSÕES ASFÁLTICAS RR-2C","Rio Grande do Sul",2.6346091077505842]
["2023-10-01","EMULSÕES ASFÁLTICAS RR-2C","Rondônia","-"]
["2023-10-01","EMULSÕES ASFÁLTICAS RR-2C","Roraima","-"]
["2023-10-01","EMULSÕES ASFÁLTICAS RR-2C","Santa Catarina","-"]
["2023-10-01","EMULSÕES ASFÁLTICAS RR-2C","São Paulo",2.6464244945786821]
["2023-10-01","EMULSÕES ASFÁLTICAS RR-2C","Sergipe","-"]
["2023-10-01","EMULSÕES ASFÁLTICAS RR-2C","Tocantins",2.9293060440637109]
["2023-11-01","EMULSÕES ASFÁLTICAS RR-2C","Acre","-"]
["2023-11-01","EMULSÕES ASFÁLTICAS RR-2C","Alagoas","-"]
["2023-11-01","EMULSÕES ASFÁLTICAS RR-2C","Amapá","-"]
["2023-11-01","EMULSÕES ASFÁLTICAS RR-2C","Amazonas",3.6577904883671906]
["2023-11-01","EMULSÕES ASFÁLTICAS RR-2C","Bahia","-"]
["2023-11-01","EMULSÕES ASFÁLTICAS RR-2C","Ceará",2.7553879995956172]
["2023-11-01","EMULSÕES ASFÁLTICAS RR-2C","Distrito Federal","-"]
["2023-11-01","EMULSÕES ASFÁLTICAS RR-2C","Espírito Santo","-"]
["2023-11-01","EMULSÕES ASFÁLTICAS RR-2C","Goiás",3.2345992659556089]
["2023-11-01","EMULSÕES ASFÁLTICAS RR-2C","Maranhão","-"]
["2023-11-01","EMULSÕES ASFÁLTICAS RR-2C","Mato Grosso",3.2082442978652725]
["2023-11-01","EMULSÕES ASFÁLTICAS RR-2C","Mato Grosso do Sul",2.8207850837687585]
["2023-11-01","EMULSÕES ASFÁLTICAS RR-2C","Minas Gerais",2.8585102508937457]
["2023-11-01","EMULSÕES ASFÁLTICAS RR-2C","Pará","-"]
["2023-11-01","EMULSÕES ASFÁLTICAS RR-2C","Paraíba","-"]
["2023-11-01","EMULSÕES ASFÁLTICAS RR-2C","Paraná",2.4865216861678427]
["2023-11-01","EMULSÕES ASFÁLTICAS RR-2C","Pernambuco","-"]
["2023-11-01","EMULSÕES ASFÁLTICAS RR-2C","Piauí","-"]
["2023-11-01","EMULSÕES ASFÁLTICAS RR-2C","Rio de Janeiro","-"]
["2023-11-01","EMULSÕES ASFÁLTICAS RR-2C","Rio Grande do Norte","-"]
["2023-11-01","EMULSÕES ASFÁLTICAS RR-2C","Rio Grande do Sul",2.5783635110054455]
["2023-11-01","EMULSÕES ASFÁLTICAS RR-2C","Rondônia","-"]
["2023-11-01","EMULSÕES ASFÁLTICAS RR-2C","Roraima","-"]
["2023-11-01","EMULSÕES ASFÁLTICAS RR-2C","Santa Catarina","-"]
["2023-11-01","EMULSÕES ASFÁLTICAS RR-2C","São Paulo",2.6756182915104523]
["2023-11-01","EMULSÕES ASFÁLTICAS RR-2C","Sergipe","-"]
["2023-11-01","EMULSÕES ASFÁLTICAS RR-2C","Tocantins",2.9348231951785553]
["2023-12-01","EMULSÕES ASFÁLTICAS RR-2C","Acre","-"]
["2023-12-01","EMULSÕES ASFÁLTICAS RR-2C","Alagoas","-"]
["2023-12-01","EMULSÕES ASFÁLTICAS RR-2C","Amapá","-"]
["2023-12-01","EMULSÕES ASFÁLTICAS RR-2C","Amazonas",4.1145943894461414]
["2023-12-01","EMULSÕES ASFÁLTICAS RR-2C","Bahia","-"]
["2023-12-01","EMULSÕES ASFÁLTICAS RR-2C","Ceará",2.7475801990686466]
["2023-12-01","EMULSÕES ASFÁLTICAS RR-2C","Distrito Federal","-"]
["2023-12-01","EMULSÕES ASFÁLTICAS RR-2C","Espírito Santo","-"]
["2023-12-01","EMULSÕES ASFÁLTICAS RR-2C","Goiás",2.6717929953325639]
["2023-12-01","EMULSÕES ASFÁLTICAS RR-2C","Maranhão","-"]
["2023-12-01","EMULSÕES ASFÁLTICAS RR-2C","Mato Grosso",3.0104911730712773]
["2023-12-01","EMULSÕES ASFÁLTICAS RR-2C","Mato Grosso do Sul",2.9656443701431492]
["2023-12-01","EMULSÕES ASFÁLTICAS RR-2C","Minas Gerais",2.7209441989834149]
["2023-12-01","EMULSÕES ASFÁLTICAS RR-2C","Pará",3.411307497730319]
["2023-12-01","EMULSÕES ASFÁLTICAS RR-2C","Paraíba","-"]
["2023-12-01","EMULSÕES ASFÁLTICAS RR-2C","Paraná",2.5461323789780361]
["2023-12-01","EMULSÕES ASFÁLTICAS RR-2C","Pernambuco","-"]
["2023-12-01","EMULSÕES ASFÁLTICAS RR-2C","Piauí","-"]
["2023-12-01","EMULSÕES ASFÁLTICAS RR-2C","Rio de Janeiro","-"]
["2023-12-01","EMULSÕES ASFÁLTICAS RR-2C","Rio Grande do Norte","-"]
["2023-12-01","EMULSÕES ASFÁLTICAS RR-2C","Rio Grande do Sul",2.7029570010932642]
["2023-12-01","EMULSÕES ASFÁLTICAS RR-2C","Rondônia","-"]
["2023-12-01","EMULSÕES ASFÁLTICAS RR-2C","Roraima","-"]
["2023-12-01","EMULSÕES ASFÁLTICAS RR-2C","Santa Catarina","-"]
["2023-12-01","EMULSÕES ASFÁLTICAS RR-2C","São Paulo",2.6445320735403888]
["2023-12-01","EMULSÕES ASFÁLTICAS RR-2C","Sergipe","-"]
["2023-12-01","EMULSÕES ASFÁLTICAS RR-2C","Tocantins","-"]
["2024-01-01","EMULSÕES ASFÁLTICAS RR-2C","Acre","-"]
["2024-01-01","EMULSÕES ASFÁLTICAS RR-2C","Alagoas","-"]
["2024-01-01","EMULSÕES ASFÁLTICAS RR-2C","Amapá","-"]
["2024-01-01","EMULSÕES ASFÁLTICAS RR-2C","Amazonas",3.3103210363579865]
["2024-01-01","EMULSÕES ASFÁLTICAS RR-2C","Bahia","-"]
["2024-01-01","EMULSÕES ASFÁLTICAS RR-2C","Ceará",2.5316198461333674]
["2024-01-01","EMULSÕES ASFÁLTICAS RR-2C","Distrito Federal","-"]
["2024-01-01","EMULSÕES ASFÁLTICAS RR-2C","Espírito Santo","-"]
["2024-01-01","EMULSÕES ASFÁLTICAS RR-2C","Goiás",2.8743934779916853]
["2024-01-01","EMULSÕES ASFÁLTICAS RR-2C","Maranhão","-"]
["2024-01-01","EMULSÕES ASFÁLTICAS RR-2C","Mato Grosso",3.3977053413212182]
["2024-01-01","EMULSÕES ASFÁLTICAS RR-2C","Mato Grosso do Sul",2.6965374616292785]
["2024-01-01","EMULSÕES ASFÁLTICAS RR-2C","Minas Gerais",2.883351210762831]
["2024-01-01","EMULSÕES ASFÁLTICAS RR-2C","Pará","-"]
["2024-01-01","EMULSÕES ASFÁLTICAS RR-2C","Paraíba","-"]
["2024-01-01","EMULSÕES ASFÁLTICAS RR-2C","Paraná",2.5525240898917181]
["2024-01-01","EMULSÕES ASFÁLTICAS RR-2C","Pernambuco","-"]
["2024-01-01","EMULSÕES ASFÁLTICAS RR-2C","Piauí","-"]
["2024-01-01","EMULSÕES ASFÁLTICAS RR-2C","Rio de Janeiro","-"]
["2024-01-01","EMULSÕES ASFÁLTICAS RR-2C","Rio Grande do Norte","-"]
["2024-01-01","EMULSÕES ASFÁLTICAS RR-2C","Rio Grande do Sul",2.6921488123933446]
["2024-01-01","EMULSÕES ASFÁLTICAS RR-2C","Rondônia","-"]
["2024-01-01","EMULSÕES ASFÁLTICAS RR-2C","Roraima","-"]
["2024-01-01","EMULSÕES ASFÁLTICAS RR-2C","Santa Catarina","-"]
["2024-01-01","EMULSÕES ASFÁLTICAS RR-2C","São Paulo",2.5442266436429466]
["2024-01-01","EMULSÕES ASFÁLTICAS RR-2C","Sergipe","-"]
["2024-01-01","EMULSÕES ASFÁLTICAS RR-2C","Tocantins","-"]
["2024-02-01","EMULSÕES ASFÁLTICAS RR-2C","Acre","-"]
["2024-02-01","EMULSÕES ASFÁLTICAS RR-2C","Alagoas","-"]
["2024-02-01","EMULSÕES ASFÁLTICAS RR-2C","Amapá","-"]
["2024-02-01","EMULSÕES ASFÁLTICAS RR-2C","Amazonas",4.248298290600431]
["2024-02-01","EMULSÕES ASFÁLTICAS RR-2C","Bahia","-"]
["2024-02-01","EMULSÕES ASFÁLTICAS RR-2C","Ceará",2.5191503370752053]
["2024-02-01","EMULSÕES ASFÁLTICAS RR-2C","Distrito Federal","-"]
["2024-02-01","EMULSÕES ASFÁLTICAS RR-2C","Espírito Santo","-"]
["2024-02-01","EMULSÕES ASFÁLTICAS RR-2C","Goiás",2.7966368010781486]
["2024-02-01","EMULSÕES ASFÁLTICAS RR-2C","Maranhão","-"]
["2024-02-01","EMULSÕES ASFÁLTICAS RR-2C","Mato Grosso",3.2252323227304998]
["2024-02-01","EMULSÕES ASFÁLTICAS RR-2C","Mato Grosso do Sul",2.7413912967784442]
["2024-02-01","EMULSÕES ASFÁLTICAS RR-2C","Minas Gerais",2.8778714744049414]
["2024-02-01","EMULSÕES ASFÁLTICAS RR-2C","Pará","-"]
["2024-02-01","EMULSÕES ASFÁLTICAS RR-2C","Paraíba","-"]
["2024-02-01","EMULSÕES ASFÁLTICAS RR-2C","Paraná",2.5623127855214669]
["2024-02-01","EMULSÕES ASFÁLTICAS RR-2C","Pernambuco","-"]
["2024-02-01","EMULSÕES ASFÁLTICAS RR-2C","Piauí","-"]
["2024-02-01","EMULSÕES ASFÁLTICAS RR-2C","Rio de Janeiro","-"]
["2024-02-01","EMULSÕES ASFÁLTICAS RR-2C","Rio Grande do Norte","-"]
["2024-02-01","EMULSÕES ASFÁLTICAS RR-2C","Rio Grande do Sul",2.6175448778485908]
["2024-02-01","EMULSÕES ASFÁLTICAS RR-2C","Rondônia","-"]
["2024-02-01","EMULSÕES ASFÁLTICAS RR-2C","Roraima","-"]
["2024-02-01","EMULSÕES ASFÁLTICAS RR-2C","Santa Catarina","-"]
["2024-02-01","EMULSÕES ASFÁLTICAS RR-2C","São Paulo",2.5935200228370361]
["2024-02-01","EMULSÕES ASFÁLTICAS RR-2C","Sergipe","-"]
["2024-02-01","EMULSÕES ASFÁLTICAS RR-2C","Tocantins","-"]
["2024-03-01","EMULSÕES ASFÁLTICAS RR-2C","Acre","-"]
["2024-03-01","EMULSÕES ASFÁLTICAS RR-2C","Alagoas","-"]
["2024-03-01","EMULSÕES ASFÁLTICAS RR-2C","Amapá","-"]
["2024-03-01","EMULSÕES ASFÁLTICAS RR-2C","Amazonas","-"]
["2024-03-01","EMULSÕES ASFÁLTICAS RR-2C","Bahia","-"]
["2024-03-01","EMULSÕES ASFÁLTICAS RR-2C","Ceará",2.5578626906298965]
["2024-03-01","EMULSÕES ASFÁLTICAS RR-2C","Distrito Federal","-"]
["2024-03-01","EMULSÕES ASFÁLTICAS RR-2C","Espírito Santo","-"]
["2024-03-01","EMULSÕES ASFÁLTICAS RR-2C","Goiás",2.5324859114087368]
["2024-03-01","EMULSÕES ASFÁLTICAS RR-2C","Maranhão","-"]
["2024-03-01","EMULSÕES ASFÁLTICAS RR-2C","Mato Grosso",3.2142033314018912]
["2024-03-01","EMULSÕES ASFÁLTICAS RR-2C","Mato Grosso do Sul",2.7213220198489489]
["2024-03-01","EMULSÕES ASFÁLTICAS RR-2C","Minas Gerais",2.8376833700606432]
["2024-03-01","EMULSÕES ASFÁLTICAS RR-2C","Pará","-"]
["2024-03-01","EMULSÕES ASFÁLTICAS RR-2C","Paraíba","-"]
["2024-03-01","EMULSÕES ASFÁLTICAS RR-2C","Paraná",2.5798154599222438]
["2024-03-01","EMULSÕES ASFÁLTICAS RR-2C","Pernambuco","-"]
["2024-03-01","EMULSÕES ASFÁLTICAS RR-2C","Piauí","-"]
["2024-03-01","EMULSÕES ASFÁLTICAS RR-2C","Rio de Janeiro","-"]
["2024-03-01","EMULSÕES ASFÁLTICAS RR-2C","Rio Grande do Norte","-"]
["2024-03-01","EMULSÕES ASFÁLTICAS RR-2C","Rio Grande do Sul",2.7020602859145755]
["2024-03-01","EMULSÕES ASFÁLTICAS RR-2C","Rondônia","-"]
["2024-03-01","EMULSÕES ASFÁLTICAS RR-2C","Roraima","-"]
["2024-03-01","EMULSÕES ASFÁLTICAS RR-2C","Santa Catarina","-"]
["2024-03-01","EMULSÕES ASFÁLTICAS RR-2C","São Paulo",2.6075844973272346]
["2024-03-01","EMULSÕES ASFÁLTICAS RR-2C","Sergipe","-"]
["2024-03-01","EMULSÕES ASFÁLTICAS RR-2C","Tocantins","-"]
["2024-04-01","EMULSÕES ASFÁLTICAS RR-2C","Acre","-"]
["2024-04-01","EMULSÕES ASFÁLTICAS RR-2C","Alagoas","-"]
["2024-04-01","EMULSÕES ASFÁLTICAS RR-2C","Amapá","-"]
["2024-04-01","EMULSÕES ASFÁLTICAS RR-2C","Amazonas",3.7511368882569718]
["2024-04-01","EMULSÕES ASFÁLTICAS RR-2C","Bahia","-"]
["2024-04-01","EMULSÕES ASFÁLTICAS RR-2C","Ceará",2.4431961177829522]
["2024-04-01","EMULSÕES ASFÁLTICAS RR-2C","Distrito Federal","-"]
["2024-04-01","EMULSÕES ASFÁLTICAS RR-2C","Espírito Santo","-"]
["2024-04-01","EMULSÕES ASFÁLTICAS RR-2C","Goiás",2.7740328979051507]
["2024-04-01","EMULSÕES ASFÁLTICAS RR-2C","Maranhão","-"]
["2024-04-01","EMULSÕES ASFÁLTICAS RR-2C","Mato Grosso",3.1649247101118183]
["2024-04-01","EMULSÕES ASFÁLTICAS RR-2C","Mato Grosso do Sul",2.8315529823361829]
["2024-04-01","EMULSÕES ASFÁLTICAS RR-2C","Minas Gerais",2.7707079564980783]
["2024-04-01","EMULSÕES ASFÁLTICAS RR-2C","Pará",3.1069607352468673]
["2024-04-01","EMULSÕES ASFÁLTICAS RR-2C","Paraíba","-"]
["2024-04-01","EMULSÕES ASFÁLTICAS RR-2C","Paraná",2.6175822397737041]
["2024-04-01","EMULSÕES ASFÁLTICAS RR-2C","Pernambuco","-"]
["2024-04-01","EMULSÕES ASFÁLTICAS RR-2C","Piauí","-"]
["2024-04-01","EMULSÕES ASFÁLTICAS RR-2C","Rio de Janeiro",3.5237229523208082]
["2024-04-01","EMULSÕES ASFÁLTICAS RR-2C","Rio Grande do Norte","-"]
["2024-04-01","EMULSÕES ASFÁLTICAS RR-2C","Rio Grande do Sul",2.6639191472647439]
["2024-04-01","EMULSÕES ASFÁLTICAS RR-2C","Rondônia","-"]
["2024-04-01","EMULSÕES ASFÁLTICAS RR-2C","Roraima","-"]
["2024-04-01","EMULSÕES ASFÁLTICAS RR-2C","Santa Catarina","-"]
["2024-04-01","EMULSÕES ASFÁLTICAS RR-2C","São Paulo",2.6381143848607365]
["2024-04-01","EMULSÕES ASFÁLTICAS RR-2C","Sergipe","-"]
["2024-04-01","EMULSÕES ASFÁLTICAS RR-2C","Tocantins","-"]
["2024-05-01","EMULSÕES ASFÁLTICAS RR-2C","Acre","-"]
["2024-05-01","EMULSÕES ASFÁLTICAS RR-2C","Alagoas","-"]
["2024-05-01","EMULSÕES ASFÁLTICAS RR-2C","Amapá","-"]
["2024-05-01","EMULSÕES ASFÁLTICAS RR-2C","Amazonas",3.0822955853357281]
["2024-05-01","EMULSÕES ASFÁLTICAS RR-2C","Bahia","-"]
["2024-05-01","EMULSÕES ASFÁLTICAS RR-2C","Ceará",2.5255827216631612]
["2024-05-01","EMULSÕES ASFÁLTICAS RR-2C","Distrito Federal","-"]
["2024-05-01","EMULSÕES ASFÁLTICAS RR-2C","Espírito Santo","-"]
["2024-05-01","EMULSÕES ASFÁLTICAS RR-2C","Goiás",2.7231072303771042]
["2024-05-01","EMULSÕES ASFÁLTICAS RR-2C","Maranhão","-"]
["2024-05-01","EMULSÕES ASFÁLTICAS RR-2C","Mato Grosso",3.3375436107294689]
["2024-05-01","EMULSÕES ASFÁLTICAS RR-2C","Mato Grosso do Sul","-"]
["2024-05-01","EMULSÕES ASFÁLTICAS RR-2C","Minas Gerais",2.6237363909337859]
["2024-05-01","EMULSÕES ASFÁLTICAS RR-2C","Pará","-"]
["2024-05-01","EMULSÕES ASFÁLTICAS RR-2C","Paraíba","-"]
["2024-05-01","EMULSÕES ASFÁLTICAS RR-2C","Paraná",2.7211145833023855]
["2024-05-01","EMULSÕES ASFÁLTICAS RR-2C","Pernambuco","-"]
["2024-05-01","EMULSÕES ASFÁLTICAS RR-2C","Piauí","-"]
["2024-05-01","EMULSÕES ASFÁLTICAS RR-2C","Rio de Janeiro","-"]
["2024-05-01","EMULSÕES ASFÁLTICAS RR-2C","Rio Grande do Norte","-"]
["2024-05-01","EMULSÕES ASFÁLTICAS RR-2C","Rio Grande do Sul",2.8027101717490357]
["2024-05-01","EMULSÕES ASFÁLTICAS RR-2C","Rondônia","-"]
["2024-05-01","EMULSÕES ASFÁLTICAS RR-2C","Roraima","-"]
["2024-05-01","EMULSÕES ASFÁLTICAS RR-2C","Santa Catarina","-"]
["2024-05-01","EMULSÕES ASFÁLTICAS RR-2C","São Paulo",2.6727297338456282]
["2024-05-01","EMULSÕES ASFÁLTICAS RR-2C","Sergipe","-"]
["2024-05-01","EMULSÕES ASFÁLTICAS RR-2C","Tocantins",2.6018508264547027]
["2024-06-01","EMULSÕES ASFÁLTICAS RR-2C","Acre","-"]
["2024-06-01","EMULSÕES ASFÁLTICAS RR-2C","Alagoas","-"]
["2024-06-01","EMULSÕES ASFÁLTICAS RR-2C","Amapá","-"]
["2024-06-01","EMULSÕES ASFÁLTICAS RR-2C","Amazonas",3.6174371874171607]
["2024-06-01","EMULSÕES ASFÁLTICAS RR-2C","Bahia","-"]
["2024-06-01","EMULSÕES ASFÁLTICAS RR-2C","Ceará",2.4765828477621596]
["2024-06-01","EMULSÕES ASFÁLTICAS RR-2C","Distrito Federal","-"]
["2024-06-01","EMULSÕES ASFÁLTICAS RR-2C","Espírito Santo","-"]
["2024-06-01","EMULSÕES ASFÁLTICAS RR-2C","Goiás",2.6707784420782139]
["2024-06-01","EMULSÕES ASFÁLTICAS RR-2C","Maranhão","-"]
["2024-06-01","EMULSÕES ASFÁLTICAS RR-2C","Mato Grosso",3.3365856866443457]
["2024-06-01","EMULSÕES ASFÁLTICAS RR-2C","Mato Grosso do Sul",2.7696491527122413]
["2024-06-01","EMULSÕES ASFÁLTICAS RR-2C","Minas Gerais",2.5708771586892714]
["2024-06-01","EMULSÕES ASFÁLTICAS RR-2C","Pará",3.2725561302628736]
["2024-06-01","EMULSÕES ASFÁLTICAS RR-2C","Paraíba","-"]
["2024-06-01","EMULSÕES ASFÁLTICAS RR-2C","Paraná",2.7801035095338702]
["2024-06-01","EMULSÕES ASFÁLTICAS RR-2C","Pernambuco","-"]
["2024-06-01","EMULSÕES ASFÁLTICAS RR-2C","Piauí","-"]
["2024-06-01","EMULSÕES ASFÁLTICAS RR-2C","Rio de Janeiro","-"]
["2024-06-01","EMULSÕES ASFÁLTICAS RR-2C","Rio Grande do Norte","-"]
["2024-06-01","EMULSÕES ASFÁLTICAS RR-2C","Rio Grande do Sul",2.8323497688896473]
["2024-06-01","EMULSÕES ASFÁLTICAS RR-2C","Rondônia","-"]
["2024-06-01","EMULSÕES ASFÁLTICAS RR-2C","Roraima","-"]
["2024-06-01","EMULSÕES ASFÁLTICAS RR-2C","Santa Catarina","-"]
["2024-06-01","EMULSÕES ASFÁLTICAS RR-2C","São Paulo",2.6132436865777655]
["2024-06-01","EMULSÕES ASFÁLTICAS RR-2C","Sergipe","-"]
["2024-06-01","EMULSÕES ASFÁLTICAS RR-2C","Tocantins",2.6162712158642951]
["2024-07-01","EMULSÕES ASFÁLTICAS RR-2C","Acre","-"]
["2024-07-01","EMULSÕES ASFÁLTICAS RR-2C","Alagoas","-"]
["2024-07-01","EMULSÕES ASFÁLTICAS RR-2C","Amapá","-"]
["2024-07-01","EMULSÕES ASFÁLTICAS RR-2C","Amazonas",3.6097103889455915]
["2024-07-01","EMULSÕES ASFÁLTICAS RR-2C","Bahia","-"]
["2024-07-01","EMULSÕES ASFÁLTICAS RR-2C","Ceará",2.6963978739691052]
["2024-07-01","EMULSÕES ASFÁLTICAS RR-2C","Distrito Federal","-"]
["2024-07-01","EMULSÕES ASFÁLTICAS RR-2C","Espírito Santo","-"]
["2024-07-01","EMULSÕES ASFÁLTICAS RR-2C","Goiás",2.887972464140856]
["2024-07-01","EMULSÕES ASFÁLTICAS RR-2C","Maranhão","-"]
["2024-07-01","EMULSÕES ASFÁLTICAS RR-2C","Mato Grosso",3.3975805975907254]
["2024-07-01","EMULSÕES ASFÁLTICAS RR-2C","Mato Grosso do Sul",2.9021389342926072]
["2024-07-01","EMULSÕES ASFÁLTICAS RR-2C","Minas Gerais",2.7498110056438207]
["2024-07-01","EMULSÕES ASFÁLTICAS RR-2C","Pará",3.3322321332470461]
["2024-07-01","EMULSÕES ASFÁLTICAS RR-2C","Paraíba","-"]
["2024-07-01","EMULSÕES ASFÁLTICAS RR-2C","Paraná",2.7171109121095545]
["2024-07-01","EMULSÕES ASFÁLTICAS RR-2C","Pernambuco","-"]
["2024-07-01","EMULSÕES ASFÁLTICAS RR-2C","Piauí","-"]
["2024-07-01","EMULSÕES ASFÁLTICAS RR-2C","Rio de Janeiro","-"]
["2024-07-01","EMULSÕES ASFÁLTICAS RR-2C","Rio Grande do Norte","-"]
["2024-07-01","EMULSÕES ASFÁLTICAS RR-2C","Rio Grande do Sul",2.7370878896555992]
["2024-07-01","EMULSÕES ASFÁLTICAS RR-2C","Rondônia","-"]
["2024-07-01","EMULSÕES ASFÁLTICAS RR-2C","Roraima","-"]
["2024-07-01","EMULSÕES ASFÁLTICAS RR-2C","Santa Catarina","-"]
["2024-07-01","EMULSÕES ASFÁLTICAS RR-2C","São Paulo",2.6712965257213921]
["2024-07-01","EMULSÕES ASFÁLTICAS RR-2C","Sergipe","-"]
["2024-07-01","EMULSÕES ASFÁLTICAS RR-2C","Tocantins","-"]
["Nota 1: Preços à vista, sem frete, com todos os impostos inclusos, à exceção do ICMS, do PIS/Pasep e da Cofins."]
["Nota 2: As informações são baseadas em dados preliminares, portanto sujeitos a reprocessamento por parte dos informantes nos moldes da Resolução ANP nº 729/2018."]
["Nota 3: Quando não houver declaração de venda do produto selecionado, ou quando a declaração de venda do produto ocorrer por menos de 03 (três) distribuidoras, a tabela indicará campo vazio."]

{"sheet":"ANP REGIÃO","index":17,"n_rows":4804,"n_cols":8,"rows_kept":4804,"cut":false,"hidden":false,"merged":[[4,11,4,17],[5,0,5,7]]}
["                       Agência Nacional do Petróleo, Gás Natural e Biocombustíveis"]
["                       Superintendência de Defesa da Concorrência"]
[]
[]
[]
["PREÇO MÉDIO MENSAL PONDERADO PRATICADO PELOS DISTRIBUIDORES DE PRODUTOS ASFÁLTICOS (R$/KG)"]
[]
["Produto","Mês","Norte","Nordeste","Centro-Oeste","Sudeste","Sul","Brasil"]
["ASFALTOS DILUÍDOS CM-30","2008-11-01",1.775468291899861,1.5508785295550009,2.0221432912585158,1.5544936696294056,1.5845328987092044,1.6428683696170379]
["ASFALTOS DILUÍDOS CM-30","2008-12-01",1.80683766686717,1.5091181918292929,2.0130201238521468,1.6109022231682415,1.6071875906046897,1.6375814707941805]
["ASFALTOS DILUÍDOS CM-30","2009-01-01",1.4970528576078774,1.5042963456495586,1.9630976707497438,1.5246722466199356,1.5851372087870144,1.5649458764763875]
["ASFALTOS DILUÍDOS CM-30","2009-02-01",1.4278711198662986,1.4976932831487411,1.9810650983822149,1.5834902312199159,1.595924062030226,1.5654510357834286]
["ASFALTOS DILUÍDOS CM-30","2009-03-01",1.4049414048856463,1.4976479867054073,1.8934302630295043,1.5275478196284176,1.5887200290570365,1.5327131466676831]
["ASFALTOS DILUÍDOS CM-30","2009-04-01",1.4105107475190612,1.4848262612397407,1.9092264287169598,1.4641493705796398,1.5538319284966349,1.5167176477872968]
["ASFALTOS DILUÍDOS CM-30","2009-05-01",1.4803556782469789,1.4668989281041607,1.89159043509598,1.4354437183828608,1.5416111798697305,1.5375743709266867]
["ASFALTOS DILUÍDOS CM-30","2009-06-01",1.5807510393097999,1.4448888371048489,1.8420741185475011,1.4242643148786893,1.5015266955745987,1.5413155753604335]
["ASFALTOS DILUÍDOS CM-30","2009-07-01",1.9054324764830874,1.4826182113007118,1.9490463446662596,1.5844352989750978,1.6103104362752931,1.6510325227966944]
["ASFALTOS DILUÍDOS CM-30","2009-08-01",1.716995183945121,1.4238549146732382,1.7123854783999459,1.4180008053082402,1.5206434973011045,1.5049114686211891]
["ASFALTOS DILUÍDOS CM-30","2009-09-01",1.6432949399073242,1.4453177609909018,1.7315188027842841,1.4193742513482777,1.5007358948821043,1.5055231197075323]
["ASFALTOS DILUÍDOS CM-30","2009-10-01",1.5880319242410621,1.4589326485129228,1.7620150557658878,1.4290244192068808,1.513753830896174,1.5116819041243308]
["ASFALTOS DILUÍDOS CM-30","2009-11-01",1.6393486036846736,1.4490597772941349,1.772650816856568,1.4341226770121553,1.5260431884539487,1.4996573923995862]
["ASFALTOS DILUÍDOS CM-30","2009-12-01",1.6642668525686795,1.4419666364804922,1.8905748020937783,1.429077727129088,1.5205393340203053,1.5088645979107518]
["ASFALTOS DILUÍDOS CM-30","2010-01-01",1.8425061442306077,1.4549771288677129,1.8650224473705366,1.4148176084557305,1.47445076513561,1.4977352271212736]
["ASFALTOS DILUÍDOS CM-30","2010-02-01",1.7098869153976686,1.4429564872331433,1.9198447411040516,1.4331462505851911,1.5008824478877547,1.4965422507909685]
["ASFALTOS DILUÍDOS CM-30","2010-03-01",1.5357434160141068,1.4488804992636382,1.9350627276766812,1.4350261163298175,1.4806186347273496,1.4867898022700077]
["ASFALTOS DILUÍDOS CM-30","2010-04-01",1.7100464793642653,1.4403002542747241,1.9119359608628461,1.4211021532045538,1.4812709367206716,1.5110864313452355]
["ASFALTOS DILUÍDOS CM-30","2010-05-01",1.7556104652601585,1.4352772207874813,1.8732938887963368,1.4069444319626079,1.4817760495024754,1.5371705654397583]
["ASFALTOS DILUÍDOS CM-30","2010-06-01",1.60222431364512,1.3960043359825052,1.731734721489826,1.3999962270804711,1.4919396204893465,1.4980734181535011]
["ASFALTOS DILUÍDOS CM-30","2010-07-01",1.5599016265733592,1.3810167084919864,1.7326882139830364,1.4029048556103791,1.4738544273665888,1.490075269458577]
["ASFALTOS DILUÍDOS CM-30","2010-08-01",1.5266393894179686,1.3881783604979265,1.7389460865755895,1.3987512362214454,1.4557498491251644,1.4958285155236237]
["ASFALTOS DILUÍDOS CM-30","2010-09-01",1.5653788291827495,1.4082046639368928,1.7570273782082926,1.411642875301925,1.4872577446280604,1.5122571279255641]
["ASFALTOS DILUÍDOS CM-30","2010-10-01",1.4817112940719965,1.4043577151639275,1.7511599466056109,1.403489436635176,1.4693408470419445,1.4998882602776933]
["ASFALTOS DILUÍDOS CM-30","2010-11-01",1.5192676718720106,1.4101309036969292,1.7794056254202684,1.4212838216245705,1.4585591123489405,1.4816586349871581]
["ASFALTOS DILUÍDOS CM-30","2010-12-01",1.5592875556846306,1.4098205101455943,1.8251856182643107,1.4176735724266665,1.4732438844109985,1.4691130309482876]
["ASFALTOS DILUÍDOS CM-30","2011-01-01",1.5259233049696748,1.4457940919018251,1.7746009235903832,1.4032742348206362,1.4660028138910168,1.4572560662014229]
["ASFALTOS DILUÍDOS CM-30","2011-02-01",1.5528251122422341,1.3920942592280916,1.7638361229571986,1.3851949371119521,1.4495588401983606,1.4262504783251191]
["ASFALTOS DILUÍDOS CM-30","2011-03-01",1.4692196925544694,1.369442916392615,1.6960179222585858,1.3538128040962221,1.4351706939633142,1.4001302489914176]
["ASFALTOS DILUÍDOS CM-30","2011-04-01",1.4705702617293523,1.3732204915693953,1.6508293935641825,1.3459281034814121,1.4219989396776103,1.4004935219520107]
["ASFALTOS DILUÍDOS CM-30","2011-05-01",1.4285289552102927,1.3226462666512504,1.700380912624452,1.3450681632968498,1.4393614312493497,1.4280580185794016]
["ASFALTOS DILUÍDOS CM-30","2011-06-01",1.4076221633546719,1.3057086567980729,1.7418436691513794,1.3546204948730511,1.399501692726387,1.4402998200984294]
["ASFALTOS DILUÍDOS CM-30","2011-07-01",1.2592340651332123,1.3120333050376822,1.737489695700698,1.3365638802479902,1.4224748872744075,1.420839252438473]
["ASFALTOS DILUÍDOS CM-30","2011-08-01",1.4706800609788393,1.2997787645934575,1.7274434847201194,1.3414778214791121,1.353018351786835,1.4256755337309983]
["ASFALTOS DILUÍDOS CM-30","2011-09-01",1.5613287195812997,1.3211960841365165,1.7298215476496697,1.3574514832033793,1.3956847977155606,1.4552024134611556]
["ASFALTOS DILUÍDOS CM-30","2011-10-01",1.5205697215342968,1.3262187355451922,1.7173804596917086,1.3326913923266841,1.3577774002014775,1.4422958710201133]
["ASFALTOS DILUÍDOS CM-30","2011-11-01",1.4658863342192192,1.3370411535561173,1.7410048856130245,1.3454861032743028,1.4475805650916878,1.4453541374392815]
["ASFALTOS DILUÍDOS CM-30","2011-12-01",1.4708838986818675,1.335587636015594,1.778724141037564,1.4082930677979837,1.4281123057372698,1.4224186038046347]
["ASFALTOS DILUÍDOS CM-30","2012-01-01",1.384955015343784,1.3501301556511212,1.7807838826602391,1.4213541069575866,1.4303524742082805,1.3946581672576805]
["ASFALTOS DILUÍDOS CM-30","2012-02-01",1.3321816775968491,1.3681438910682722,1.7410203936345245,1.4002009849686847,1.4254009857295182,1.4106057073584115]
["ASFALTOS DILUÍDOS CM-30","2012-03-01",1.4116218672253591,1.3491222141696635,1.6200960057076521,1.3932957641863888,1.4061305685364243,1.4097687857718448]
["ASFALTOS DILUÍDOS CM-30","2012-04-01",1.5490079115367077,1.3839764564229082,1.6407127520439628,1.4047163969885328,1.4406177932909374,1.4560848195158143]
["ASFALTOS DILUÍDOS CM-30","2012-05-01",1.5961789407631797,1.3863622723418332,1.7120611831014076,1.3992395496323984,1.4483508871038364,1.4984619690114278]
["ASFALTOS DILUÍDOS CM-30","2012-06-01",1.7014325756300936,1.3880535176053643,1.7403520072135485,1.4221187493315077,1.4491960719572869,1.5277227168892671]
["ASFALTOS DILUÍDOS CM-30","2012-07-01",1.6520267416801246,1.394368570348399,1.7186448460973875,1.4396702606544556,1.4618756698398216,1.5230691585214196]
["ASFALTOS DILUÍDOS CM-30","2012-08-01",1.6899988348486508,1.4033378504117666,1.7418950411875969,1.4217233694882419,1.4456857990864684,1.5365330783907734]
["ASFALTOS DILUÍDOS CM-30","2012-09-01",1.6901779719756052,1.4215000029945404,1.7809207242542573,1.4451804324814792,1.483645866209568,1.5494106529483214]
["ASFALTOS DILUÍDOS CM-30","2012-10-01",1.5748403417735901,1.4170661089937784,1.7948320359386707,1.4513045256427093,1.4820371089264335,1.5506318015756093]
["ASFALTOS DILUÍDOS CM-30","2012-11-01",1.6551635257231672,1.4558787477556379,1.8401297664388181,1.4612046147024229,1.483499722440758,1.5525007759277432]
["ASFALTOS DILUÍDOS CM-30","2012-12-01",1.7148761252476299,1.4358547414042895,1.8040665730235492,1.4522276502894624,1.5094176484265767,1.52341199897343]
["ASFALTOS DILUÍDOS CM-30","2013-01-01",1.49577633531191,1.4494945882804569,1.854050524926971,1.4463875204232581,1.5637536746433771,1.5021372585515669]
["ASFALTOS DILUÍDOS CM-30","2013-02-01",1.6350676663292762,1.4206096380056286,1.7310714983768278,1.4427463556625959,1.4618284045231364,1.4739560998096293]
["ASFALTOS DILUÍDOS CM-30","2013-03-01",1.6462290983770218,1.4132999826764656,1.8382808702142501,1.450015151581231,1.525760413213191,1.5065429040275125]
["ASFALTOS DILUÍDOS CM-30","2013-04-01",1.5818644742095733,1.3991895644616681,1.7938251131572354,1.4587047548011667,1.5519137019638134,1.5236236356982658]
["ASFALTOS DILUÍDOS CM-30","2013-05-01",1.8156467734021038,1.3901435173573402,1.8127833125555952,1.4495105198760894,1.5042334570917104,1.5499185916148586]
["ASFALTOS DILUÍDOS CM-30","2013-06-01",1.631101583269406,1.3831865363493894,1.8166421053117843,1.4742326405210737,1.5030436887514047,1.5810494287432473]
["ASFALTOS DILUÍDOS CM-30","2013-07-01",1.8659656299136016,1.4220511166820584,1.7930727534993904,1.4980188082141952,1.5333919012130266,1.5988051300497286]
["ASFALTOS DILUÍDOS CM-30","2013-08-01",1.7003255463797664,1.4350944152129526,1.8214526135394096,1.5117228677125905,1.5307935959615016,1.606176585023563]
["ASFALTOS DILUÍDOS CM-30","2013-09-01",1.5628737334467784,1.472197747846397,1.8798427121896333,1.5426528666514732,1.4906675433518579,1.6279458927397024]
["ASFALTOS DILUÍDOS CM-30","2013-10-01",1.6485040126782045,1.4721523452379741,1.8254949973735879,1.5011776822532599,1.4837891199596089,1.5975387750854628]
["ASFALTOS DILUÍDOS CM-30","2013-11-01",1.6191790616802137,1.4864133172033092,1.8440126788718751,1.4963268091994695,1.5060968778685144,1.5816658440637181]
["ASFALTOS DILUÍDOS CM-30","2013-12-01",1.6333582932936324,1.4948180974693182,1.8971971755011852,1.502864537815453,1.5170742961572261,1.5724752435084501]
["ASFALTOS DILUÍDOS CM-30","2014-01-01",1.6883112645542433,1.4941813053237418,1.798355903301921,1.484202293006369,1.5333538127163482,1.5429097373917113]
["ASFALTOS DILUÍDOS CM-30","2014-02-01",1.5983044344318567,1.4797065865711037,1.8143902154874776,1.5148293924294436,1.5228005876490054,1.5289702872818669]
["ASFALTOS DILUÍDOS CM-30","2014-03-01",1.6482876867145917,1.4728525009148317,1.7665731898758721,1.51302067306437,1.506185247658631,1.5301811776597249]
["ASFALTOS DILUÍDOS CM-30","2014-04-01",1.5344599867413866,1.4938987674094668,1.7572712776570749,1.5330213089948712,1.5242752737653176,1.5505663052842342]
["ASFALTOS DILUÍDOS CM-30","2014-05-01",1.5865832695017912,1.490834685405561,1.8043392514922791,1.5011381313711198,1.5670438242902647,1.5864522723947623]
["ASFALTOS DILUÍDOS CM-30","2014-06-01",1.6582771641997771,1.505801121088334,1.8395934446217679,1.5068631996744923,1.5237769525751934,1.6360707022927903]
["ASFALTOS DILUÍDOS CM-30","2014-07-01",1.8902995420863991,1.5007305138567979,1.708277865154757,1.4872939638147142,1.5059560688747375,1.5870651583370865]
["ASFALTOS DILUÍDOS CM-30","2014-08-01",1.6327418316997406,1.5019453239585232,1.6712031892731514,1.4823593406142497,1.5063273663854013,1.5579103773244307]
["ASFALTOS DILUÍDOS CM-30","2014-09-01",1.6695671702572692,1.5468304268817521,1.8647970160765246,1.4967645846910873,1.5705332417802202,1.6392810567885523]
["ASFALTOS DILUÍDOS CM-30","2014-10-01",1.7428769161761999,1.5089785690064217,1.7466504658087405,1.4707736452826126,1.4542734619226698,1.5791202203838035]
["ASFALTOS DILUÍDOS CM-30","2014-11-01",1.8647234193559832,1.5794305899027268,1.7491562181382097,1.4650844794435072,1.5291479878657286,1.6013598210971371]
["ASFALTOS DILUÍDOS CM-30","2014-12-01",1.8126719141051084,1.7048443484755709,1.9633100661617373,1.6236767016868801,1.6496446594888365,1.7188269809751979]
["ASFALTOS DILUÍDOS CM-30","2015-01-01",2.154807062237857,2.0237604465992796,2.318863736250087,1.866588966995945,1.8983804341416592,2.0077920317642164]
["ASFALTOS DILUÍDOS CM-30","2015-02-01",2.2602386249872826,2.005673765479961,2.39387576246911,1.8545197659023895,1.9273951074271198,2.0076537808820922]
["ASFALTOS DILUÍDOS CM-30","2015-03-01",2.1241764622724171,1.9688228488157713,2.2796432544485605,1.8877609106191235,1.9302171448271557,1.984816915690029]
["ASFALTOS DILUÍDOS CM-30","2015-04-01",2.0300495054839325,2.0015064478681905,2.3791189033714564,1.8524516695799333,1.9490252540308453,1.9806432104751772]
["ASFALTOS DILUÍDOS CM-30","2015-05-01",2.5072716513000879,1.946869908478553,2.2547581921999282,1.8074700012302962,2.0169295357804549,2.0054742341523029]
["ASFALTOS DILUÍDOS CM-30","2015-06-01",2.2483200417790403,1.9442597359725537,2.314331795603183,1.8469985947421261,1.9685651248900617,2.0425813437783229]
["ASFALTOS DILUÍDOS CM-30","2015-07-01",1.9922227576683553,1.9927916353986852,2.0467699532446439,1.7826486032573374,1.9316713850081439,1.9426273617200946]
["ASFALTOS DILUÍDOS CM-30","2015-08-01",2.3076059306822145,2.0380891268644983,2.2527481047097249,1.8280977048256251,1.9398244806048379,2.0819361602892656]
["ASFALTOS DILUÍDOS CM-30","2015-09-01",2.3142897041654931,2.0953075310397593,2.3445619869158953,1.9425510907359305,2.0053526142838649,2.1681755414132606]
["ASFALTOS DILUÍDOS CM-30","2015-10-01",2.3294566633542768,2.1705700120210771,2.4327301201697984,2.0356247510661434,2.1102611483942613,2.2375337815870444]
["ASFALTOS DILUÍDOS CM-30","2015-11-01",2.6060565663351674,2.4370983039590906,2.7116121412222856,2.2801138962695355,2.3264462967814099,2.4749987807903859]
["ASFALTOS DILUÍDOS CM-30","2015-12-01",2.6353740059557738,2.3959203086990479,2.6935283855254926,2.2725281293578652,2.3307406587865764,2.4528481564555822]
["ASFALTOS DILUÍDOS CM-30","2016-01-01",2.715863992571296,2.3738616473830558,2.8446706021403423,2.2636506579710223,2.232631691292259,2.4005633937967046]
["ASFALTOS DILUÍDOS CM-30","2016-02-01",2.8046831597962023,2.4668468163062847,2.7917870068634194,2.295637115076373,2.3465561728531039,2.4643485483679339]
["ASFALTOS DILUÍDOS CM-30","2016-03-01",2.5805021000515591,2.4706787528282432,2.707688024686739,2.2353019985078908,2.3831159721317374,2.4235639243350886]
["ASFALTOS DILUÍDOS CM-30","2016-04-01",2.9420063117520159,2.7407420323357798,2.7590718549873894,2.5444391782568454,2.7107516320277951,2.6802748334258815]
["ASFALTOS DILUÍDOS CM-30","2016-05-01",3.010579472190499,2.6502770473378652,2.8571213606999692,2.5755831524603727,2.7704133622011731,2.7097332699628347]
["ASFALTOS DILUÍDOS CM-30","2016-06-01",2.9091798437334044,2.6213850410237809,2.9434872809731996,2.6591095151444502,2.6847595547587253,2.7436195168269588]
["ASFALTOS DILUÍDOS CM-30","2016-07-01",2.9857403807234846,2.5916440449052458,2.9892780300364516,2.6043965993959093,2.6608844226339654,2.7451355392858749]
["ASFALTOS DILUÍDOS CM-30","2016-08-01",2.9352439186814849,2.6239173289893882,2.9704908538915533,2.6794865035270106,2.7270256489201157,2.7813859621875383]
["ASFALTOS DILUÍDOS CM-30","2016-09-01",2.6491368213054933,2.5210548514543203,2.78158392467622,2.5139331302502899,2.3712715009846734,2.5956171278003044]
["ASFALTOS DILUÍDOS CM-30","2016-10-01",2.6261092565318918,2.4444690926263486,2.7816178727337073,2.5073831267842106,2.3832539904481074,2.5669990365978546]
["ASFALTOS DILUÍDOS CM-30","2016-11-01",2.5350874082568811,2.3741455271406773,2.9527686743670913,2.4812637646203957,2.3822067705600443,2.5428423663590056]
["ASFALTOS DILUÍDOS CM-30","2016-12-01",2.5003910703638921,2.2534134827852079,3.0385194580992274,2.5894388924802212,2.3955934236287195,2.4764392949644827]
["ASFALTOS DILUÍDOS CM-30","2017-01-01",2.3928755043294307,2.2326956737638795,3.0890809705267994,2.5357440394357544,2.3786948325024055,2.3742161919082898]
["ASFALTOS DILUÍDOS CM-30","2017-02-01",2.6803941399450149,2.2718972247441918,2.7644080315024548,2.5739336852397301,2.3846443980420249,2.4707214660150472]
["ASFALTOS DILUÍDOS CM-30","2017-03-01",2.2388412099546269,2.3869580790455664,2.6672202519696859,2.3721659474968226,2.3012188699930101,2.3787969856691022]
["ASFALTOS DILUÍDOS CM-30","2017-04-01",2.4201913984483658,2.3079695958724997,2.7940930144417431,2.2584099120969205,2.2564342971186231,2.3802684836931283]
["ASFALTOS DILUÍDOS CM-30","2017-05-01",2.4321066924406174,2.1679191277081702,2.6998369361907812,2.2553871917774004,2.2040269576345812,2.3615159091526872]
["ASFALTOS DILUÍDOS CM-30","2017-06-01",2.428301776188067,2.1819386891073642,2.7566720547790053,2.2345490215052068,2.3057785455472466,2.4455345302470208]
["ASFALTOS DILUÍDOS CM-30","2017-07-01",2.4537520606647312,2.2180753339264268,2.6946250217879819,2.4143292471305724,2.269601101789303,2.4734361063107033]
["ASFALTOS DILUÍDOS CM-30","2017-08-01",2.4479309760126604,2.1531120307177778,2.5953499516022815,2.3029190650855029,2.1701486665824552,2.380876423356896]
["ASFALTOS DILUÍDOS CM-30","2017-09-01",2.4945515044767554,2.1424398904201269,2.6231665031840565,2.3713080947914027,2.3036985067925064,2.3935422037636651]
["ASFALTOS DILUÍDOS CM-30","2017-10-01",2.349953943689814,2.1805600401416361,2.6141609567384387,2.4152549616620149,2.200795730162767,2.3679471208081657]
["ASFALTOS DILUÍDOS CM-30","2017-11-01",2.6701269906215921,2.4331691952027654,2.9086274641315479,2.5846948203371722,2.4151927087938279,2.6021013475834995]
["ASFALTOS DILUÍDOS CM-30","2017-12-01",2.5873526446779471,2.4253588817071559,2.9066337647932516,2.6028902977101533,2.4228897602441153,2.5317644644161175]
["ASFALTOS DILUÍDOS CM-30","2018-01-01",2.9503607547256228,2.6628629232060117,2.8759539934329186,2.6207384835627527,2.6469552515293611,2.7359563685933406]
["ASFALTOS DILUÍDOS CM-30","2018-02-01",2.6778995674574793,2.6724981640636885,2.9425954737982054,2.6204311297861467,2.5678856622288615,2.6683699327588881]
["ASFALTOS DILUÍDOS CM-30","2018-03-01",2.733363024842264,2.5890500217484171,2.8091725563599068,2.5619283929800578,2.5759460667688168,2.634876583533114]
["ASFALTOS DILUÍDOS CM-30","2018-04-01",2.7578011203975832,2.6695536015406049,2.7739082417039715,2.5954700600355576,2.5560423937698191,2.6643301999713014]
["ASFALTOS DILUÍDOS CM-30","2018-05-01",2.8412133622510223,2.6720258770016354,2.8845014821466051,2.6867180206320227,2.7364851031644366,2.7773789604101013]
["ASFALTOS DILUÍDOS CM-30","2018-06-01",3.0084447893246131,2.9196051783300918,3.1584548861308823,2.8467310801924182,2.9535239926489307,2.9822916346015909]
["ASFALTOS DILUÍDOS CM-30","2018-07-01",3.2682375492400708,3.0365240944190606,3.3993603985117833,3.0264675982736886,3.1977963096372659,3.1641265459600993]
["ASFALTOS DILUÍDOS CM-30","2018-08-01",3.5644131503767484,3.4151937693257381,3.7077062061816197,3.4250793489604385,3.3567224608647508,3.5155581124678132]
["ASFALTOS DILUÍDOS CM-30","2018-09-01",3.1739137775700708,3.4450641183998139,3.7352632395133192,3.3858161855531033,3.6073094538422108,3.4832384285860498]
["ASFALTOS DILUÍDOS CM-30","2018-10-01",3.4877781194032069,3.4605088037184499,3.7214440570019267,3.4325255648574613,3.6060208798740816,3.5453903440278856]
["ASFALTOS DILUÍDOS CM-30","2018-11-01",4.0472724835013763,3.8148933123426594,4.2801315857990856,4.1781267770448416,3.9676813672082725,3.9901471831919757]
["ASFALTOS DILUÍDOS CM-30","2018-12-01",3.9514911464300919,3.9671131945586988,4.3411442016061494,3.9167660661459327,3.9119933573908625,3.9997426540972283]
["ASFALTOS DILUÍDOS CM-30","2019-01-01",3.796855325440335,3.8700188889547351,4.2019017623856101,3.9541969966832955,3.9767860281367571,3.9339519113451713]
["ASFALTOS DILUÍDOS CM-30","2019-02-01",3.5165840732068481,4.0903611784584326,4.4984229528632644,4.4699424754083799,4.254590254190048,4.1885446787899623]
["ASFALTOS DILUÍDOS CM-30","2019-03-01",4.2167581170154946,4.361910727690451,4.9071948885050256,4.3987177285672878,4.2908239224565268,4.3602952785677864]
["ASFALTOS DILUÍDOS CM-30","2019-04-01",4.2816482053830862,4.2346614282381783,4.5316272152415111,4.4372265298088944,4.4668814710532265,4.3808204400429531]
["ASFALTOS DILUÍDOS CM-30","2019-05-01",4.2876446588586026,4.1906997381607392,4.8579108723037878,4.2674619632317254,4.6338063794549269,4.3664021512935012]
["ASFALTOS DILUÍDOS CM-30","2019-06-01",4.4756098919574763,3.9650529338558584,4.6627293398156695,4.3506006040881262,4.2112299208130288,4.3193236685829213]
["ASFALTOS DILUÍDOS CM-30","2019-07-01",4.3944989892750694,4.0580393046576262,4.8342219453142432,4.0946594136123524,4.2330032812984593,4.3469777568824259]
["ASFALTOS DILUÍDOS CM-30","2019-08-01",4.4817350398715394,3.9106624961596284,4.5763290808844896,4.1116165400705285,4.2554199851288832,4.2583450834425163]
["ASFALTOS DILUÍDOS CM-30","2019-09-01",4.4395787959021016,3.8599048964692,4.4952569677016117,4.1113214746306284,4.1173591515128498,4.2516070851894359]
["ASFALTOS DILUÍDOS CM-30","2019-10-01",4.3358886308542965,3.7723249620168713,4.4592423566364383,4.0560841149779971,3.9424580110701513,4.0774070200824255]
["ASFALTOS DILUÍDOS CM-30","2019-11-01",4.3162386923616687,3.9102455086162249,4.5818410769751399,4.0790240402787017,4.1066212744862112,4.0945612118040993]
["ASFALTOS DILUÍDOS CM-30","2019-12-01",4.1994359723448076,3.9801196625114534,4.6737748050882244,4.4342681423617796,3.9864103120620888,4.1646916164145047]
["ASFALTOS DILUÍDOS CM-30","2020-01-01",3.5929800297386127,3.8953206167915009,4.6854206234146343,4.3870746736704653,4.1244676680570382,4.053338937317176]
["ASFALTOS DILUÍDOS CM-30","2020-02-01",3.6426670163866413,3.8773951868791743,4.4381945434057508,3.6999446067471551,3.7781640114379087,3.8390104382859813]
["ASFALTOS DILUÍDOS CM-30","2020-03-01",4.6766683387540651,3.7911389770150254,4.2892223433757142,3.7184027336226184,3.6090861904150624,3.931170680085633]
["ASFALTOS DILUÍDOS CM-30","2020-04-01",4.3133628366737744,3.695765500307409,4.255395320746711,3.8658955306474549,3.7322533821170811,3.9641252109102116]
["ASFALTOS DILUÍDOS CM-30","2020-05-01",3.2491346579639497,3.6377699124207261,4.1135448820979521,3.7605500263874698,3.7106180989773567,3.6561750396403685]
["ASFALTOS DILUÍDOS CM-30","2020-06-01",4.0179030762543011,3.5670314916963957,4.2773691709380897,3.9378864851716089,3.6258300686208402,3.9245245060979554]
["ASFALTOS DILUÍDOS CM-30","2020-07-01",3.8404975092031708,3.5132704799925611,4.2154906897750486,3.9542238856372385,3.6888412749164861,3.8437744484666765]
["ASFALTOS DILUÍDOS CM-30","2020-08-01",4.1744672026234504,3.4653942193101739,4.2777102112355543,4.0674649403157481,3.6285886300574681,3.9471669167665953]
["ASFALTOS DILUÍDOS CM-30","2020-09-01",4.1673713305130189,3.7463608159296071,4.1674243560753164,3.795621791459133,3.6277299350208518,3.9731299454309621]
["ASFALTOS DILUÍDOS CM-30","2020-10-01",4.4080995270258247,3.7189898780058752,4.2789791922752292,4.0087469056209644,3.591048182814105,4.0396437701408869]
["ASFALTOS DILUÍDOS CM-30","2020-11-01",4.056306005875463,3.969209280824523,4.5479008925173545,4.2794554204004482,3.9733472444131079,4.1758261487573911]
["ASFALTOS DILUÍDOS CM-30","2020-12-01",4.1320641381592349,3.8516327512549782,4.4267043859560493,3.9062364218750001,3.8709398004987534,4.0353473741436776]
["ASFALTOS DILUÍDOS CM-30","2021-01-01",3.4898363334540634,3.9515259365843449,4.6282697015940615,4.0115770110932818,3.9351366380221178,3.9170923908491697]
["ASFALTOS DILUÍDOS CM-30","2021-02-01",4.0993181160271339,4.2671095227980738,4.8320616154999163,4.4142027055929844,4.1490489316030832,4.2681970400244511]
["ASFALTOS DILUÍDOS CM-30","2021-03-01",4.5283557922342821,4.2398317306284641,4.9263145623389848,4.269697838632478,4.130655409148801,4.3778337851486215]
["ASFALTOS DILUÍDOS CM-30","2021-04-01",4.3492718667699455,4.086995153956086,4.4775975223329212,4.1561133984777809,4.0441898216789101,4.2533617978714497]
["ASFALTOS DILUÍDOS CM-30","2021-05-01",4.4888894130685344,4.7079458152476352,5.1014896859269019,4.7840348955761325,4.5239866147826087,4.7905480845000747]
["ASFALTOS DILUÍDOS CM-30","2021-06-01",4.0104677110157372,4.4795921263082565,5.1130412121877136,4.7797399051560605,4.721214306605324,4.7648908843603293]
["ASFALTOS DILUÍDOS CM-30","2021-07-01",4.752234128166914,4.5593505060051864,5.0047582828911885,4.8027297199751091,4.7485506777572404,4.8175860470307148]
["ASFALTOS DILUÍDOS CM-30","2021-08-01",5.0852845318795925,4.7725012554966746,5.1985371416166712,5.2447352585460836,4.7613117496679944,5.0981691998909247]
["ASFALTOS DILUÍDOS CM-30","2021-09-01",5.1103002666714392,4.5380723645606951,5.2417211851326178,5.0171441968029349,4.8628612446892214,5.0169588861348151]
["ASFALTOS DILUÍDOS CM-30","2021-10-01",5.0806972614480195,4.668267419725785,5.119544199434471,5.384779064720119,4.6585164317148839,5.0212943116089832]
["ASFALTOS DILUÍDOS CM-30","2021-11-01",5.4365187533430426,5.0877678096084091,5.150063985365855,5.6342578836213262,5.1745301312734,5.228141289314542]
["ASFALTOS DILUÍDOS CM-30","2021-12-01",5.1842913863822799,4.9754869746435961,5.5721222512344166,6.1356552053102806,5.0118099196141479,5.3395658014179279]
["ASFALTOS DILUÍDOS CM-30","2022-01-01",4.9281919741255393,5.0235556226626787,6.0184075115776476,5.2147730264088663,5.4819792438642301,5.2507896788533772]
["ASFALTOS DILUÍDOS CM-30","2022-02-01",5.5456841887543158,5.7086284128952265,6.011065894160585,4.8651,5.7633671471135939,5.7360574279908949]
["ASFALTOS DILUÍDOS CM-30","2022-03-01",6.326844734544073,5.6446879044140807,5.9308072252475252,6.1811411426079372,5.4980416823056304,5.9227810376852732]
["ASFALTOS DILUÍDOS CM-30","2022-04-01",5.9742206806482363,5.8327473242923862,6.2066926146167143,5.720329996738422,6.1780029101899832,6.012354228732443]
["ASFALTOS DILUÍDOS CM-30","2022-05-01",5.3540155864053514,5.4643353093295337,6.0076116392395544,5.9950955829778598,5.4909500902222943,5.6707227436676151]
["ASFALTOS DILUÍDOS CM-30","2022-06-01",5.8024437980978982,5.3169642029150532,5.2526788904331729,5.8139315181077107,5.644996327649209,5.469498686629418]
["ASFALTOS DILUÍDOS CM-30","2022-07-01",5.9656147650299394,5.8293148785416005,5.9190997106894132,5.7424847752856536,5.6744305431680342,5.8620207016825967]
["ASFALTOS DILUÍDOS CM-30","2022-08-01",6.4242304633121403,5.7582568777084298,5.7523528425340276,5.7919053521795947,5.3127172396617626,5.8231860506201825]
["ASFALTOS DILUÍDOS CM-30","2022-09-01",5.5400970738727207,5.6099216185135523,5.9635924887053049,5.3021811937774777,4.9779291607226188,5.6994299207939951]
["ASFALTOS DILUÍDOS CM-30","2022-10-01",4.7856709989976602,4.7275210937576615,5.3391051467024848,4.8511600071415808,4.5325805131069403,5.0416617153352234]
["ASFALTOS DILUÍDOS CM-30","2022-11-01",7.7658559225776544,4.7756549822430978,5.2376261274762639,4.6363831377551019,4.4605931787998525,5.0749938622493769]
["ASFALTOS DILUÍDOS CM-30","2022-12-01",4.6572500000000003,4.9669053619704666,5.6551615535897968,4.8409356716417911,4.6610078614476942,5.1132494896259093]
["ASFALTOS DILUÍDOS CM-30","2023-01-01",4.9489503194263369,5.0562649220892126,5.3595979656070876,4.4264979589428979,4.1032678882694276,4.7156051288638947]
["ASFALTOS DILUÍDOS CM-30","2023-02-01",5.4074946666666666,4.3357711953065854,4.7466466007882886,4.6748847269736844,4.0145471734505751,4.4178007361899621]
["ASFALTOS DILUÍDOS CM-30","2023-03-01",4.9913099999999995,4.0135491198476396,4.7462502799274482,4.0807193704746583,4.0824849538172883,4.2703457233889024]
["ASFALTOS DILUÍDOS CM-30","2023-04-01",4.4384790147401088,4.0942013541234976,5.1358161857876716,4.3682650946372243,3.8593081492264183,4.1538187971295137]
["ASFALTOS DILUÍDOS CM-30","2023-05-01",5.0185892968749997,4.5062826432970153,5.6166382927268126,4.0347569254562323,4.0637017171681284,4.686492724584018]
["ASFALTOS DILUÍDOS CM-30","2023-06-01",4.4396445256166981,4.4958053542941228,5.2281745243523305,3.7720287448015117,4.009042073315273,4.5880451479802309]
["ASFALTOS DILUÍDOS CM-30","2023-07-01",4.3603993517100559,4.2501876337265845,6.1880491547639789,3.6992167814899357,4.3157737677281238,4.7907175528841668]
["ASFALTOS DILUÍDOS CM-30","2023-08-01",4.0432159990492789,4.1009017094086238,5.4141982276485141,3.9642979487929773,4.0559897783431387,4.6078106973203159]
["ASFALTOS DILUÍDOS CM-30","2023-09-01",5.6950162499999992,4.3585862764196586,5.1872525169853443,4.1125086564690889,4.2116462357089439,4.7486402113943784]
["ASFALTOS DILUÍDOS CM-30","2023-10-01",5.6851849999999997,4.2940756470348473,4.9129194755712451,4.3650951011817867,4.257370162289762,4.6094459052458969]
["ASFALTOS DILUÍDOS CM-30","2023-11-01",4.8150853974895407,4.3455994471278903,5.4045027466641233,4.0452711044025156,4.1646974052516406,4.781498942559435]
["ASFALTOS DILUÍDOS CM-30","2023-12-01",5.411492307692308,4.7000438956945336,5.3064157338380893,4.3132168619246851,4.1887320623811153,4.6648453529250782]
["ASFALTOS DILUÍDOS CM-30","2024-01-01",3.7161783908045978,4.3951638106517361,4.8881269466529096,3.9771967970464495,4.0570953313555913,4.2902289028023235]
["ASFALTOS DILUÍDOS CM-30","2024-02-01",5.3495885714285718,4.2818818708452042,5.361180559808612,4.2877861548731637,4.1511129458512555,4.3661949963243387]
["ASFALTOS DILUÍDOS CM-30","2024-03-01",6.4376241652021093,4.5129483576545502,4.9940359324035128,4.6806103035389564,4.1973881228300884,4.7251379668916966]
["ASFALTOS DILUÍDOS CM-30","2024-04-01",6.5240100177935947,5.3336688746475263,5.0113703573682553,3.991999625535561,4.1511612398915636,4.4394069861737675]
["ASFALTOS DILUÍDOS CM-30","2024-05-01",6.6199363302160599,"***",5.2153828803500994,4.2485579597254599,4.4781707669028128,4.9600785683065052]
["ASFALTOS DILUÍDOS CM-30","2024-06-01",6.4618208055744386,4.288169263434388,4.9216061240367335,4.5173397406958813,4.8975857869415806,4.922850802681447]
["ASFALTOS DILUÍDOS CM-30","2024-07-01",6.1206122388059692,4.5992554326494206,5.4974510694626613,4.6678385333333337,4.5144526530857751,4.9627403967728929]
["ASFALTOS DILUÍDOS CM-70","2008-11-01","***","***","***","***","***","***"]
["ASFALTOS DILUÍDOS CM-70","2008-12-01","***","***","***","***","***","***"]
["ASFALTOS DILUÍDOS CM-70","2009-01-01","***","***","***","***","***","***"]
["ASFALTOS DILUÍDOS CM-70","2009-02-01","***","***","***","***","***","***"]
["ASFALTOS DILUÍDOS CM-70","2009-03-01","***","***","***","***","***","***"]
["ASFALTOS DILUÍDOS CM-70","2009-04-01","***","***","***","***","***","***"]
["ASFALTOS DILUÍDOS CM-70","2009-05-01","***","***","***","***","***","***"]
["ASFALTOS DILUÍDOS CM-70","2009-06-01","***","***","***","***","***","***"]
["ASFALTOS DILUÍDOS CM-70","2009-07-01","***","***","***","***","***","***"]
["ASFALTOS DILUÍDOS CM-70","2009-08-01","***","***","***","***","***","***"]
["ASFALTOS DILUÍDOS CM-70","2009-09-01","***","***","***","***","***","***"]
["ASFALTOS DILUÍDOS CM-70","2009-10-01","***","***","***","***","***","***"]
["ASFALTOS DILUÍDOS CM-70","2009-11-01","***","***","***","***","***","***"]
["ASFALTOS DILUÍDOS CM-70","2009-12-01","***","***","***","***","***","***"]
["ASFALTOS DILUÍDOS CM-70","2010-01-01","***","***","***","***","***","***"]
["ASFALTOS DILUÍDOS CM-70","2010-02-01","***","***","***","***","***","***"]
["ASFALTOS DILUÍDOS CM-70","2010-03-01","***","***","***","***","***","***"]
["ASFALTOS DILUÍDOS CM-70","2010-04-01","***","***","***","***","***","***"]
["ASFALTOS DILUÍDOS CM-70","2010-05-01","***","***","***","***","***","***"]
["ASFALTOS DILUÍDOS CM-70","2010-06-01","***","***","***","***","***","***"]
["ASFALTOS DILUÍDOS CM-70","2010-07-01","***","***","***","***","***","***"]
["ASFALTOS DILUÍDOS CM-70","2010-08-01","***","***","***","***","***","***"]
["ASFALTOS DILUÍDOS CM-70","2010-09-01","***","***","***","***","***","***"]
["ASFALTOS DILUÍDOS CM-70","2010-10-01","***","***","***","***","***","***"]
["ASFALTOS DILUÍDOS CM-70","2010-11-01","***","***","***","***","***","***"]
["ASFALTOS DILUÍDOS CM-70","2010-12-01","***","***","***","***","***","***"]
["ASFALTOS DILUÍDOS CM-70","2011-01-01","***","***","***","***","***","***"]
["ASFALTOS DILUÍDOS CM-70","2011-02-01","***","***","***","***","***","***"]
["ASFALTOS DILUÍDOS CM-70","2011-03-01","***","***","***","***","***","***"]
["ASFALTOS DILUÍDOS CM-70","2011-04-01","***","***","***","***","***","***"]
["ASFALTOS DILUÍDOS CM-70","2011-05-01","***","***","***","***","***","***"]
["ASFALTOS DILUÍDOS CM-70","2011-06-01","***","***","***","***","***","***"]
["ASFALTOS DILUÍDOS CM-70","2011-07-01","***","***","***","***","***","***"]
["ASFALTOS DILUÍDOS CM-70","2011-08-01","***","***","***","***","***","***"]
["ASFALTOS DILUÍDOS CM-70","2011-09-01","***","***","***","***","***","***"]
["ASFALTOS DILUÍDOS CM-70","2011-10-01","***","***","***","***","***","***"]
["ASFALTOS DILUÍDOS CM-70","2011-11-01","***","***","***","***","***","***"]
["ASFALTOS DILUÍDOS CM-70","2011-12-01","***","***","***","***","***","***"]
["ASFALTOS DILUÍDOS CM-70","2012-01-01","***","***","***","***","***","***"]
["ASFALTOS DILUÍDOS CM-70","2012-02-01","***","***","***","***","***","***"]
["ASFALTOS DILUÍDOS CM-70","2012-03-01","***","***","***","***","***","***"]
["ASFALTOS DILUÍDOS CM-70","2012-04-01","***","***","***","***","***","***"]
["ASFALTOS DILUÍDOS CM-70","2012-05-01","***","***","***","***","***","***"]
["ASFALTOS DILUÍDOS CM-70","2012-06-01","***","***","***","***","***","***"]
["ASFALTOS DILUÍDOS CM-70","2012-07-01","***","***","***","***","***","***"]
["ASFALTOS DILUÍDOS CM-70","2012-08-01","***","***","***","***","***","***"]
["ASFALTOS DILUÍDOS CM-70","2012-09-01","***","***","***","***","***","***"]
["ASFALTOS DILUÍDOS CM-70","2012-10-01","***","***","***","***","***","***"]
["ASFALTOS DILUÍDOS CM-70","2012-11-01","***","***","***","***","***","***"]
["ASFALTOS DILUÍDOS CM-70","2012-12-01","***","***","***","***","***","***"]
["ASFALTOS DILUÍDOS CM-70","2013-01-01","***","***","***","***","***","***"]
["ASFALTOS DILUÍDOS CM-70","2013-02-01","***","***","***","***","***","***"]
["ASFALTOS DILUÍDOS CM-70","2013-03-01","***","***","***","***","***","***"]
["ASFALTOS DILUÍDOS CM-70","2013-04-01","***","***","***","***","***","***"]
["ASFALTOS DILUÍDOS CM-70","2013-05-01","***","***","***","***","***","***"]
["ASFALTOS DILUÍDOS CM-70","2013-06-01","***","***","***","***","***","***"]
["ASFALTOS DILUÍDOS CM-70","2013-07-01","***","***","***","***","***","***"]
["ASFALTOS DILUÍDOS CM-70","2013-08-01","***","***","***","***","***","***"]
["ASFALTOS DILUÍDOS CM-70","2013-09-01","***","***","***","***","***","***"]
["ASFALTOS DILUÍDOS CM-70","2013-10-01","***","***","***","***","***","***"]
["ASFALTOS DILUÍDOS CM-70","2013-11-01","***","***","***","***","***","***"]
["ASFALTOS DILUÍDOS CM-70","2013-12-01","***","***","***","***","***","***"]
["ASFALTOS DILUÍDOS CM-70","2014-01-01","***","***","***","***","***","***"]
["ASFALTOS DILUÍDOS CM-70","2014-02-01","***","***","***","***","***","***"]
["ASFALTOS DILUÍDOS CM-70","2014-03-01","***","***","***","***","***","***"]
["ASFALTOS DILUÍDOS CM-70","2014-04-01","***","***","***","***","***","***"]
["ASFALTOS DILUÍDOS CM-70","2014-05-01","***","***","***","***","***","***"]
["ASFALTOS DILUÍDOS CM-70","2014-06-01","***","***","***","***","***","***"]
["ASFALTOS DILUÍDOS CM-70","2014-07-01","***","***","***","***","***","***"]
["ASFALTOS DILUÍDOS CM-70","2014-08-01","***","***","***","***","***","***"]
["ASFALTOS DILUÍDOS CM-70","2014-09-01","***","***","***","***","***","***"]
["ASFALTOS DILUÍDOS CM-70","2014-10-01","***","***","***","***","***","***"]
["ASFALTOS DILUÍDOS CM-70","2014-11-01","***","***","***","***","***","***"]
["ASFALTOS DILUÍDOS CM-70","2014-12-01","***","***","***","***","***","***"]
["ASFALTOS DILUÍDOS CM-70","2015-01-01","***","***","***","***","***","***"]
["ASFALTOS DILUÍDOS CM-70","2015-02-01","***","***","***","***","***","***"]
["ASFALTOS DILUÍDOS CM-70","2015-03-01","***","***","***","***","***","***"]
["ASFALTOS DILUÍDOS CM-70","2015-04-01","***","***","***","***","***","***"]
["ASFALTOS DILUÍDOS CM-70","2015-05-01","***","***","***","***","***","***"]
["ASFALTOS DILUÍDOS CM-70","2015-06-01","***","***","***","***","***","***"]
["ASFALTOS DILUÍDOS CM-70","2015-07-01","***","***","***","***","***","***"]
["ASFALTOS DILUÍDOS CM-70","2015-08-01","***","***","***","***","***","***"]
["ASFALTOS DILUÍDOS CM-70","2015-09-01","***","***","***","***","***","***"]
["ASFALTOS DILUÍDOS CM-70","2015-10-01","***","***","***","***","***","***"]
["ASFALTOS DILUÍDOS CM-70","2015-11-01","***","***","***","***","***","***"]
["ASFALTOS DILUÍDOS CM-70","2015-12-01","***","***","***","***","***","***"]
["ASFALTOS DILUÍDOS CM-70","2016-01-01","***","***","***","***","***","***"]
["ASFALTOS DILUÍDOS CM-70","2016-02-01","***","***","***","***","***","***"]
["ASFALTOS DILUÍDOS CM-70","2016-03-01","***","***","***","***","***","***"]
["ASFALTOS DILUÍDOS CM-70","2016-04-01","***","***","***","***","***","***"]
["ASFALTOS DILUÍDOS CM-70","2016-05-01","***","***","***","***","***","***"]
["ASFALTOS DILUÍDOS CM-70","2016-06-01","***","***","***","***","***","***"]
["ASFALTOS DILUÍDOS CM-70","2016-07-01","***","***","***","***","***","***"]
["ASFALTOS DILUÍDOS CM-70","2016-08-01","***","***","***","***","***","***"]
["ASFALTOS DILUÍDOS CM-70","2016-09-01","***","***","***","***","***","***"]
["ASFALTOS DILUÍDOS CM-70","2016-10-01","***","***","***","***","***","***"]
["ASFALTOS DILUÍDOS CM-70","2016-11-01","***","***","***","***","***","***"]
["ASFALTOS DILUÍDOS CM-70","2016-12-01","***","***","***","***","***","***"]
["ASFALTOS DILUÍDOS CM-70","2017-01-01","***","***","***","***","***","***"]
["ASFALTOS DILUÍDOS CM-70","2017-02-01","***","***","***","***","***","***"]
["ASFALTOS DILUÍDOS CM-70","2017-03-01","***","***","***","***","***","***"]
["ASFALTOS DILUÍDOS CM-70","2017-04-01","***","***","***","***","***","***"]
["ASFALTOS DILUÍDOS CM-70","2017-05-01","***","***","***","***","***","***"]
["ASFALTOS DILUÍDOS CM-70","2017-06-01","***","***","***","***","***","***"]
["ASFALTOS DILUÍDOS CM-70","2017-07-01","***","***","***","***","***","***"]
["ASFALTOS DILUÍDOS CM-70","2017-08-01","***","***","***","***","***","***"]
["ASFALTOS DILUÍDOS CM-70","2017-09-01","***","***","***","***","***","***"]
["ASFALTOS DILUÍDOS CM-70","2017-10-01","***","***","***","***","***","***"]
["ASFALTOS DILUÍDOS CM-70","2017-11-01","***","***","***","***","***","***"]
["ASFALTOS DILUÍDOS CM-70","2017-12-01","***","***","***","***","***","***"]
["ASFALTOS DILUÍDOS CM-70","2018-01-01","***","***","***","***","***","***"]
["ASFALTOS DILUÍDOS CM-70","2018-02-01","***","***","***","***","***","***"]
["ASFALTOS DILUÍDOS CM-70","2018-03-01","***","***","***","***","***","***"]
["ASFALTOS DILUÍDOS CM-70","2018-04-01","***","***","***","***","***","***"]
["ASFALTOS DILUÍDOS CM-70","2018-05-01","***","***","***","***","***","***"]
["ASFALTOS DILUÍDOS CM-70","2018-06-01","***","***","***","***","***","***"]
["ASFALTOS DILUÍDOS CM-70","2018-07-01","***","***","***","***","***","***"]
["ASFALTOS DILUÍDOS CM-70","2018-08-01","***","***","***","***","***","***"]
["ASFALTOS DILUÍDOS CM-70","2018-09-01","***","***","***","***","***","***"]
["ASFALTOS DILUÍDOS CM-70","2018-10-01","***","***","***","***","***","***"]
["ASFALTOS DILUÍDOS CM-70","2018-11-01","***","***","***","***","***","***"]
["ASFALTOS DILUÍDOS CM-70","2018-12-01","***","***","***","***","***","***"]
["ASFALTOS DILUÍDOS CM-70","2019-01-01","***","***","***","***","***","***"]
["ASFALTOS DILUÍDOS CM-70","2019-02-01","***","***","***","***","***","***"]
["ASFALTOS DILUÍDOS CM-70","2019-03-01","***","***","***","***","***","***"]
["ASFALTOS DILUÍDOS CM-70","2019-04-01","***","***","***","***","***","***"]
["ASFALTOS DILUÍDOS CM-70","2019-05-01","***","***","***","***","***","***"]
["ASFALTOS DILUÍDOS CM-70","2019-06-01","***","***","***","***","***","***"]
["ASFALTOS DILUÍDOS CM-70","2019-07-01","***","***","***","***","***","***"]
["ASFALTOS DILUÍDOS CM-70","2019-08-01","***","***","***","***","***","***"]
["ASFALTOS DILUÍDOS CM-70","2019-09-01","***","***","***","***","***","***"]
["ASFALTOS DILUÍDOS CM-70","2019-10-01","***","***","***","***","***","***"]
["ASFALTOS DILUÍDOS CM-70","2019-11-01","***","***","***","***","***","***"]
["ASFALTOS DILUÍDOS CM-70","2019-12-01","***","***","***","***","***","***"]
["ASFALTOS DILUÍDOS CM-70","2020-01-01","***","***","***","***","***","***"]
["ASFALTOS DILUÍDOS CM-70","2020-02-01","***","***","***","***","***","***"]
["ASFALTOS DILUÍDOS CM-70","2020-03-01","***","***","***","***","***","***"]
["ASFALTOS DILUÍDOS CM-70","2020-04-01","***","***","***","***","***","***"]
["ASFALTOS DILUÍDOS CM-70","2020-05-01","***","***","***","***","***","***"]
["ASFALTOS DILUÍDOS CM-70","2020-06-01","***","***","***","***","***","***"]
["ASFALTOS DILUÍDOS CM-70","2020-07-01","***","***","***","***","***","***"]
["ASFALTOS DILUÍDOS CM-70","2020-08-01","***","***","***","***","***","***"]
["ASFALTOS DILUÍDOS CM-70","2020-09-01","***","***","***","***","***","***"]
["ASFALTOS DILUÍDOS CM-70","2020-10-01","***","***","***","***","***","***"]
["ASFALTOS DILUÍDOS CM-70","2020-11-01","***","***","***","***","***","***"]
["ASFALTOS DILUÍDOS CM-70","2020-12-01","***","***","***","***","***","***"]
["ASFALTOS DILUÍDOS CM-70","2021-01-01","***","***","***","***","***","***"]
["ASFALTOS DILUÍDOS CM-70","2021-02-01","***","***","***","***","***","***"]
["ASFALTOS DILUÍDOS CM-70","2021-03-01","***","***","***","***","***","***"]
["ASFALTOS DILUÍDOS CM-70","2021-04-01","***","***","***","***","***","***"]
["ASFALTOS DILUÍDOS CM-70","2021-05-01","***","***","***","***","***","***"]
["ASFALTOS DILUÍDOS CM-70","2021-06-01","***","***","***","***","***","***"]
["ASFALTOS DILUÍDOS CM-70","2021-07-01","***","***","***","***","***","***"]
["ASFALTOS DILUÍDOS CM-70","2021-08-01","***","***","***","***","***","***"]
["ASFALTOS DILUÍDOS CM-70","2021-09-01","***","***","***","***","***","***"]
["ASFALTOS DILUÍDOS CM-70","2021-10-01","***","***","***","***","***","***"]
["ASFALTOS DILUÍDOS CM-70","2021-11-01","***","***","***","***","***","***"]
["ASFALTOS DILUÍDOS CM-70","2021-12-01","***","***","***","***","***","***"]
["ASFALTOS DILUÍDOS CM-70","2022-01-01","***","***","***","***","***","***"]
["ASFALTOS DILUÍDOS CM-70","2022-02-01","***","***","***","***","***","***"]
["ASFALTOS DILUÍDOS CM-70","2022-03-01","***","***","***","***","***","***"]
["ASFALTOS DILUÍDOS CM-70","2022-04-01","***","***","***","***","***","***"]
["ASFALTOS DILUÍDOS CM-70","2022-05-01","***","***","***","***","***","***"]
["ASFALTOS DILUÍDOS CM-70","2022-06-01","***","***","***","***","***","***"]
["ASFALTOS DILUÍDOS CM-70","2022-07-01","***","***","***","***","***","***"]
["ASFALTOS DILUÍDOS CM-70","2022-08-01","***","***","***","***","***","***"]
["ASFALTOS DILUÍDOS CM-70","2022-09-01","***","***","***","***","***","***"]
["ASFALTOS DILUÍDOS CM-70","2022-10-01","***","***","***","***","***","***"]
["ASFALTOS DILUÍDOS CM-70","2022-11-01","***","***","***","***","***","***"]
["ASFALTOS DILUÍDOS CM-70","2022-12-01","***","***","***","***","***","***"]
["ASFALTOS DILUÍDOS CM-70","2023-01-01","***","***","***","***","***","***"]
["ASFALTOS DILUÍDOS CM-70","2023-02-01","***","***","***","***","***","***"]
["ASFALTOS DILUÍDOS CM-70","2023-03-01","***","***","***","***","***","***"]
["ASFALTOS DILUÍDOS CM-70","2023-04-01","***","***","***","***","***","***"]
["ASFALTOS DILUÍDOS CM-70","2023-05-01","***","***","***","***","***","***"]
["ASFALTOS DILUÍDOS CM-70","2023-06-01","***","***","***","***","***","***"]
["ASFALTOS DILUÍDOS CM-70","2023-07-01","***","***","***","***","***","***"]
["ASFALTOS DILUÍDOS CM-70","2023-08-01","***","***","***","***","***","***"]
["ASFALTOS DILUÍDOS CM-70","2023-09-01","***","***","***","***","***","***"]
["ASFALTOS DILUÍDOS CM-70","2023-10-01","***","***","***","***","***","***"]
["ASFALTOS DILUÍDOS CM-70","2023-11-01","***","***","***","***","***","***"]
["ASFALTOS DILUÍDOS CM-70","2023-12-01","***","***","***","***","***","***"]
["ASFALTOS DILUÍDOS CM-70","2024-01-01","***","***","***","***","***","***"]
["ASFALTOS DILUÍDOS CM-70","2024-02-01","***","***","***","***","***","***"]
["ASFALTOS DILUÍDOS CM-70","2024-03-01","***","***","***","***","***","***"]
["ASFALTOS DILUÍDOS CM-70","2024-04-01","***","***","***","***","***","***"]
["ASFALTOS DILUÍDOS CM-70","2024-05-01","***","***","***","***","***","***"]
["ASFALTOS DILUÍDOS CM-70","2024-06-01","***","***","***","***","***","***"]
["ASFALTOS DILUÍDOS CM-70","2024-07-01","***","***","***","***","***","***"]
["ASFALTOS DILUÍDOS CR-250","2008-11-01",1.5293300000000001,1.382781231929604,"***",1.6455625530342228,"***",1.5271202561821082]
["ASFALTOS DILUÍDOS CR-250","2008-12-01","***",1.3644034709803285,"***","***",1.97516,1.3680553765352297]
["ASFALTOS DILUÍDOS CR-250","2009-01-01",1.46539,1.3161387468728678,"***","***","***",1.3472730525557954]
["ASFALTOS DILUÍDOS CR-250","2009-02-01",1.46539,"***","***",1.6850369047619047,"***",1.4925128812936421]
["ASFALTOS DILUÍDOS CR-250","2009-03-01","***","***",2.0878385215937847,1.2574649116904959,1.9751699999999999,1.9938624004008343]
["ASFALTOS DILUÍDOS CR-250","2009-04-01","***",1.3165808569222852,2.1016071220565036,1.5373920903954803,1.3759999999999999,2.0235738092733859]
["ASFALTOS DILUÍDOS CR-250","2009-05-01","***",1.2916973696052363,2.011241987385143,"***",1.4449633167495854,1.9630402398172413]
["ASFALTOS DILUÍDOS CR-250","2009-06-01","***","***",2.0486666995409992,1.621780173347779,1.7706666666666666,2.0431579081423918]
["ASFALTOS DILUÍDOS CR-250","2009-07-01","***",1.3785278369508467,2.0497871073238216,1.5477000000000001,2.2229999999999999,1.9808434581379211]
["ASFALTOS DILUÍDOS CR-250","2009-08-01","***",1.2607561943620178,2.0687709943467345,1.5838650211565584,"***",1.9820897328284304]
["ASFALTOS DILUÍDOS CR-250","2009-09-01","***",1.3537027633546281,2.054056660209711,1.5477000000000001,"***",1.9975828162283231]
["ASFALTOS DILUÍDOS CR-250","2009-10-01","***",1.3460482161729383,2.1048815815336366,"***","***",2.0574969062417412]
["ASFALTOS DILUÍDOS CR-250","2009-11-01","***",1.3467747967479673,2.0478444768751118,1.6655034482758622,"***",1.9823581180349732]
["ASFALTOS DILUÍDOS CR-250","2009-12-01",2.0884,"***","***",1.5476000000000001,"***",2.0519174603174601]
["ASFALTOS DILUÍDOS CR-250","2010-01-01",1.4896,1.3537776563321073,"***",1.5476000000000001,"***",1.4123258863706922]
["ASFALTOS DILUÍDOS CR-250","2010-02-01","***","***","***","***","***","***"]
["ASFALTOS DILUÍDOS CR-250","2010-03-01","***","***","***",1.5476799999999999,1.5329999999999999,1.5361752978056427]
["ASFALTOS DILUÍDOS CR-250","2010-04-01","***",1.3786799999999999,"***",1.5476799999999999,"***",1.3973385702456527]
["ASFALTOS DILUÍDOS CR-250","2010-05-01","***",1.4693400000000001,"***",1.5476799999999999,"***",1.4871445454545453]
["ASFALTOS DILUÍDOS CR-250","2010-06-01","***",1.2052,"***","***",1.5427480314960631,1.3356980213089804]
["ASFALTOS DILUÍDOS CR-250","2010-07-01","***","***","***",1.5476799999999999,"***",1.5476799999999999]
["ASFALTOS DILUÍDOS CR-250","2010-08-01","***","***","***","***","***","***"]
["ASFALTOS DILUÍDOS CR-250","2010-09-01","***","***","***",1.5476799999999999,1.7222500000000001,1.5990241176470588]
["ASFALTOS DILUÍDOS CR-250","2010-10-01",1.6424999999999998,1.3476300000000001,"***","***","***",1.4719360748870238]
["ASFALTOS DILUÍDOS CR-250","2010-11-01",1.5969199999999999,"***","***","***","***",1.5969199999999999]
["ASFALTOS DILUÍDOS CR-250","2010-12-01",1.5969199999999999,"***","***",1.5476799999999999,"***",1.5911782332155475]
["ASFALTOS DILUÍDOS CR-250","2011-01-01",1.4896,"***","***",1.5476799999999999,"***",1.4920911357657556]
["ASFALTOS DILUÍDOS CR-250","2011-02-01",1.4896,"***","***","***","***",1.4896]
["ASFALTOS DILUÍDOS CR-250","2011-03-01","***","***","***","***","***","***"]
["ASFALTOS DILUÍDOS CR-250","2011-04-01","***","***","***",1.6361999999999999,1.4339,1.5217589590443685]
["ASFALTOS DILUÍDOS CR-250","2011-05-01","***","***","***","***","***","***"]
["ASFALTOS DILUÍDOS CR-250","2011-06-01","***","***","***",1.5476700000000001,"***",1.5476700000000001]
["ASFALTOS DILUÍDOS CR-250","2011-07-01",1.4896,"***","***","***",1.8260000000000001,1.5280457142857142]
["ASFALTOS DILUÍDOS CR-250","2011-08-01","***","***","***","***","***","***"]
["ASFALTOS DILUÍDOS CR-250","2011-09-01","***","***","***","***","***","***"]
["ASFALTOS DILUÍDOS CR-250","2011-10-01","***","***","***","***","***","***"]
["ASFALTOS DILUÍDOS CR-250","2011-11-01","***","***","***","***","***","***"]
["ASFALTOS DILUÍDOS CR-250","2011-12-01","***","***","***","***","***","***"]
["ASFALTOS DILUÍDOS CR-250","2012-01-01","***","***","***","***","***","***"]
["ASFALTOS DILUÍDOS CR-250","2012-02-01",1.4896,"***","***",1.57168,"***",1.5100703147699757]
["ASFALTOS DILUÍDOS CR-250","2012-03-01","***","***","***","***","***","***"]
["ASFALTOS DILUÍDOS CR-250","2012-04-01","***","***","***","***","***","***"]
["ASFALTOS DILUÍDOS CR-250","2012-05-01","***","***","***","***",1.4343999999999999,1.4343999999999999]
["ASFALTOS DILUÍDOS CR-250","2012-06-01",1.4896,"***","***","***","***",1.4896]
["ASFALTOS DILUÍDOS CR-250","2012-07-01","***","***","***","***","***","***"]
["ASFALTOS DILUÍDOS CR-250","2012-08-01","***","***","***",1.6972,"***",1.6972]
["ASFALTOS DILUÍDOS CR-250","2012-09-01","***","***","***","***","***","***"]
["ASFALTOS DILUÍDOS CR-250","2012-10-01","***","***","***","***","***","***"]
["ASFALTOS DILUÍDOS CR-250","2012-11-01","***","***","***","***","***","***"]
["ASFALTOS DILUÍDOS CR-250","2012-12-01","***","***","***","***","***","***"]
["ASFALTOS DILUÍDOS CR-250","2013-01-01",1.95122,"***","***",1.39585,"***",1.4617589943785134]
["ASFALTOS DILUÍDOS CR-250","2013-02-01",1.95122,"***","***","***","***",1.95122]
["ASFALTOS DILUÍDOS CR-250","2013-03-01",1.9512199999999997,"***","***","***","***",1.9512199999999997]
["ASFALTOS DILUÍDOS CR-250","2013-04-01","***","***","***",1.7104999999999999,"***",1.7104999999999999]
["ASFALTOS DILUÍDOS CR-250","2013-05-01","***","***","***","***","***","***"]
["ASFALTOS DILUÍDOS CR-250","2013-06-01","***","***","***","***",1.3348,1.3348]
["ASFALTOS DILUÍDOS CR-250","2013-07-01","***","***","***","***","***","***"]
["ASFALTOS DILUÍDOS CR-250","2013-08-01","***","***","***",1.7069000000000001,"***",1.7069000000000001]
["ASFALTOS DILUÍDOS CR-250","2013-09-01","***","***","***","***","***","***"]
["ASFALTOS DILUÍDOS CR-250","2013-10-01","***","***","***",1.7071000000000001,"***",1.7071000000000001]
["ASFALTOS DILUÍDOS CR-250","2013-11-01","***","***","***","***","***","***"]
["ASFALTOS DILUÍDOS CR-250","2013-12-01","***","***","***","***","***","***"]
["ASFALTOS DILUÍDOS CR-250","2014-01-01","***","***","***",1.7055,"***",1.7055]
["ASFALTOS DILUÍDOS CR-250","2014-02-01","***","***","***","***","***","***"]
["ASFALTOS DILUÍDOS CR-250","2014-03-01","***","***","***","***","***","***"]
["ASFALTOS DILUÍDOS CR-250","2014-04-01","***","***","***","***","***","***"]
["ASFALTOS DILUÍDOS CR-250","2014-05-01","***","***","***","***",1.3340000000000001,1.3340000000000001]
["ASFALTOS DILUÍDOS CR-250","2014-06-01","***","***","***","***",1.7875000000000001,1.7875000000000001]
["ASFALTOS DILUÍDOS CR-250","2014-07-01","***","***","***","***","***","***"]
["ASFALTOS DILUÍDOS CR-250","2014-08-01","***","***","***",1.7021999999999999,"***",1.7021999999999999]
["ASFALTOS DILUÍDOS CR-250","2014-09-01","***","***","***",1.7039,"***",1.7039]
["ASFALTOS DILUÍDOS CR-250","2014-10-01","***","***","***",1.7030000000000001,"***",1.7030000000000001]
["ASFALTOS DILUÍDOS CR-250","2014-11-01","***","***","***","***","***","***"]
["ASFALTOS DILUÍDOS CR-250","2014-12-01","***","***","***","***","***","***"]
["ASFALTOS DILUÍDOS CR-250","2015-01-01","***","***","***","***","***","***"]
["ASFALTOS DILUÍDOS CR-250","2015-02-01","***","***","***","***",1.5871,1.5871]
["ASFALTOS DILUÍDOS CR-250","2015-03-01","***","***","***","***","***","***"]
["ASFALTOS DILUÍDOS CR-250","2015-04-01","***","***","***","***","***","***"]
["ASFALTOS DILUÍDOS CR-250","2015-05-01","***","***","***","***","***","***"]
["ASFALTOS DILUÍDOS CR-250","2015-06-01","***","***","***",2.3921000000000001,"***",2.3921000000000001]
["ASFALTOS DILUÍDOS CR-250","2015-07-01","***","***","***","***","***","***"]
["ASFALTOS DILUÍDOS CR-250","2015-08-01","***","***","***","***","***","***"]
["ASFALTOS DILUÍDOS CR-250","2015-09-01","***","***","***",2.3885999999999998,"***",2.3885999999999998]
["ASFALTOS DILUÍDOS CR-250","2015-10-01","***","***","***","***","***","***"]
["ASFALTOS DILUÍDOS CR-250","2015-11-01","***","***","***","***",1.2641,1.2641]
["ASFALTOS DILUÍDOS CR-250","2015-12-01","***","***","***","***","***","***"]
["ASFALTOS DILUÍDOS CR-250","2016-01-01","***","***","***","***","***","***"]
["ASFALTOS DILUÍDOS CR-250","2016-02-01","***","***","***","***","***","***"]
["ASFALTOS DILUÍDOS CR-250","2016-03-01","***","***","***","***","***","***"]
["ASFALTOS DILUÍDOS CR-250","2016-04-01","***","***","***","***","***","***"]
["ASFALTOS DILUÍDOS CR-250","2016-05-01","***","***","***","***","***","***"]
["ASFALTOS DILUÍDOS CR-250","2016-06-01","***","***","***","***","***","***"]
["ASFALTOS DILUÍDOS CR-250","2016-07-01","***","***","***","***","***","***"]
["ASFALTOS DILUÍDOS CR-250","2016-08-01","***","***","***","***","***","***"]
["ASFALTOS DILUÍDOS CR-250","2016-09-01","***","***","***","***","***","***"]
["ASFALTOS DILUÍDOS CR-250","2016-10-01","***","***","***","***","***","***"]
["ASFALTOS DILUÍDOS CR-250","2016-11-01","***","***","***","***","***","***"]
["ASFALTOS DILUÍDOS CR-250","2016-12-01","***","***","***","***","***","***"]
["ASFALTOS DILUÍDOS CR-250","2017-01-01","***","***","***","***","***","***"]
["ASFALTOS DILUÍDOS CR-250","2017-02-01","***","***","***","***","***","***"]
["ASFALTOS DILUÍDOS CR-250","2017-03-01","***","***","***","***","***","***"]
["ASFALTOS DILUÍDOS CR-250","2017-04-01","***","***","***","***","***","***"]
["ASFALTOS DILUÍDOS CR-250","2017-05-01","***","***","***","***","***","***"]
["ASFALTOS DILUÍDOS CR-250","2017-06-01","***","***","***","***","***","***"]
["ASFALTOS DILUÍDOS CR-250","2017-07-01","***","***","***","***","***","***"]
["ASFALTOS DILUÍDOS CR-250","2017-08-01","***","***","***","***","***","***"]
["ASFALTOS DILUÍDOS CR-250","2017-09-01","***","***","***","***","***","***"]
["ASFALTOS DILUÍDOS CR-250","2017-10-01","***","***","***","***","***","***"]
["ASFALTOS DILUÍDOS CR-250","2017-11-01","***","***","***","***","***","***"]
["ASFALTOS DILUÍDOS CR-250","2017-12-01","***","***","***","***","***","***"]
["ASFALTOS DILUÍDOS CR-250","2018-01-01","***","***","***","***","***","***"]
["ASFALTOS DILUÍDOS CR-250","2018-02-01","***","***","***","***","***","***"]
["ASFALTOS DILUÍDOS CR-250","2018-03-01","***","***","***","***","***","***"]
["ASFALTOS DILUÍDOS CR-250","2018-04-01","***","***","***","***","***","***"]
["ASFALTOS DILUÍDOS CR-250","2018-05-01","***","***","***","***","***","***"]
["ASFALTOS DILUÍDOS CR-250","2018-06-01","***","***","***","***","***","***"]
["ASFALTOS DILUÍDOS CR-250","2018-07-01","***","***","***","***","***","***"]
["ASFALTOS DILUÍDOS CR-250","2018-08-01","***","***","***","***","***","***"]
["ASFALTOS DILUÍDOS CR-250","2018-09-01","***","***","***","***","***","***"]
["ASFALTOS DILUÍDOS CR-250","2018-10-01","***","***","***","***","***","***"]
["ASFALTOS DILUÍDOS CR-250","2018-11-01","***","***","***","***","***","***"]
["ASFALTOS DILUÍDOS CR-250","2018-12-01","***","***","***","***","***","***"]
["ASFALTOS DILUÍDOS CR-250","2019-01-01","***","***","***","***","***","***"]
["ASFALTOS DILUÍDOS CR-250","2019-02-01","***","***","***","***","***","***"]
["ASFALTOS DILUÍDOS CR-250","2019-03-01","***","***","***","***","***","***"]
["ASFALTOS DILUÍDOS CR-250","2019-04-01","***","***","***","***","***","***"]
["ASFALTOS DILUÍDOS CR-250","2019-05-01","***","***","***","***","***","***"]
["ASFALTOS DILUÍDOS CR-250","2019-06-01","***","***","***","***","***","***"]
["ASFALTOS DILUÍDOS CR-250","2019-07-01","***","***","***","***","***","***"]
["ASFALTOS DILUÍDOS CR-250","2019-08-01","***","***","***","***","***","***"]
["ASFALTOS DILUÍDOS CR-250","2019-09-01","***","***","***","***","***","***"]
["ASFALTOS DILUÍDOS CR-250","2019-10-01","***","***","***","***","***","***"]
["ASFALTOS DILUÍDOS CR-250","2019-11-01","***","***","***","***","***","***"]
["ASFALTOS DILUÍDOS CR-250","2019-12-01","***","***","***","***","***","***"]
["ASFALTOS DILUÍDOS CR-250","2020-01-01","***","***","***","***","***","***"]
["ASFALTOS DILUÍDOS CR-250","2020-02-01","***","***","***","***","***","***"]
["ASFALTOS DILUÍDOS CR-250","2020-03-01","***","***","***","***","***","***"]
["ASFALTOS DILUÍDOS CR-250","2020-04-01","***","***","***","***","***","***"]
["ASFALTOS DILUÍDOS CR-250","2020-05-01","***","***","***","***","***","***"]
["ASFALTOS DILUÍDOS CR-250","2020-06-01","***","***","***","***","***","***"]
["ASFALTOS DILUÍDOS CR-250","2020-07-01","***","***","***","***","***","***"]
["ASFALTOS DILUÍDOS CR-250","2020-08-01","***","***","***","***","***","***"]
["ASFALTOS DILUÍDOS CR-250","2020-09-01","***","***","***","***","***","***"]
["ASFALTOS DILUÍDOS CR-250","2020-10-01","***","***","***","***","***","***"]
["ASFALTOS DILUÍDOS CR-250","2020-11-01","***","***","***","***","***","***"]
["ASFALTOS DILUÍDOS CR-250","2020-12-01","***","***","***","***","***","***"]
["ASFALTOS DILUÍDOS CR-250","2021-01-01","***","***","***","***","***","***"]
["ASFALTOS DILUÍDOS CR-250","2021-02-01","***","***","***","***","***","***"]
["ASFALTOS DILUÍDOS CR-250","2021-03-01","***","***","***","***","***","***"]
["ASFALTOS DILUÍDOS CR-250","2021-04-01","***","***","***","***","***","***"]
["ASFALTOS DILUÍDOS CR-250","2021-05-01","***","***","***","***","***","***"]
["ASFALTOS DILUÍDOS CR-250","2021-06-01","***","***","***","***","***","***"]
["ASFALTOS DILUÍDOS CR-250","2021-07-01","***","***","***","***","***","***"]
["ASFALTOS DILUÍDOS CR-250","2021-08-01","***","***","***","***","***","***"]
["ASFALTOS DILUÍDOS CR-250","2021-09-01","***","***","***","***","***","***"]
["ASFALTOS DILUÍDOS CR-250","2021-10-01","***","***","***","***","***","***"]
["ASFALTOS DILUÍDOS CR-250","2021-11-01","***","***","***","***","***","***"]
["ASFALTOS DILUÍDOS CR-250","2021-12-01","***","***","***","***","***","***"]
["ASFALTOS DILUÍDOS CR-250","2022-01-01","***","***","***","***","***","***"]
["ASFALTOS DILUÍDOS CR-250","2022-02-01","***","***","***","***","***","***"]
["ASFALTOS DILUÍDOS CR-250","2022-03-01","***","***","***","***","***","***"]
["ASFALTOS DILUÍDOS CR-250","2022-04-01","***","***","***","***","***","***"]
["ASFALTOS DILUÍDOS CR-250","2022-05-01","***","***","***","***","***","***"]
["ASFALTOS DILUÍDOS CR-250","2022-06-01","***","***","***","***","***","***"]
["ASFALTOS DILUÍDOS CR-250","2022-07-01","***","***","***","***","***","***"]
["ASFALTOS DILUÍDOS CR-250","2022-08-01","***","***","***","***","***","***"]
["ASFALTOS DILUÍDOS CR-250","2022-09-01","***","***","***","***","***","***"]
["ASFALTOS DILUÍDOS CR-250","2022-10-01","***","***","***","***","***","***"]
["ASFALTOS DILUÍDOS CR-250","2022-11-01","***","***","***","***","***","***"]
["ASFALTOS DILUÍDOS CR-250","2022-12-01","***","***","***","***","***","***"]
["ASFALTOS DILUÍDOS CR-250","2023-01-01","***","***","***","***","***","***"]
["ASFALTOS DILUÍDOS CR-250","2023-02-01","***","***","***","***","***","***"]
["ASFALTOS DILUÍDOS CR-250","2023-03-01","***","***","***","***","***","***"]
["ASFALTOS DILUÍDOS CR-250","2023-04-01","***","***","***","***","***","***"]
["ASFALTOS DILUÍDOS CR-250","2023-05-01","***","***","***","***","***","***"]
["ASFALTOS DILUÍDOS CR-250","2023-06-01","***","***","***","***","***","***"]
["ASFALTOS DILUÍDOS CR-250","2023-07-01","***","***","***","***","***","***"]
["ASFALTOS DILUÍDOS CR-250","2023-08-01","***","***","***","***","***","***"]
["ASFALTOS DILUÍDOS CR-250","2023-09-01","***","***","***","***","***","***"]
["ASFALTOS DILUÍDOS CR-250","2023-10-01","***","***","***","***","***","***"]
["ASFALTOS DILUÍDOS CR-250","2023-11-01","***","***","***","***","***","***"]
["ASFALTOS DILUÍDOS CR-250","2023-12-01","***","***","***","***","***","***"]
["ASFALTOS DILUÍDOS CR-250","2024-01-01","***","***","***","***","***","***"]
["ASFALTOS DILUÍDOS CR-250","2024-02-01","***","***","***","***","***","***"]
["ASFALTOS DILUÍDOS CR-250","2024-03-01","***","***","***","***","***","***"]
["ASFALTOS DILUÍDOS CR-250","2024-04-01","***","***","***","***","***","***"]
["ASFALTOS DILUÍDOS CR-250","2024-05-01","***","***","***","***","***","***"]
["ASFALTOS DILUÍDOS CR-250","2024-06-01","***","***","***","***","***","***"]
["ASFALTOS DILUÍDOS CR-250","2024-07-01","***","***","***","***","***","***"]
["ASFALTOS DILUÍDOS CR-70","2008-11-01","***","***","***","***","***","***"]
["ASFALTOS DILUÍDOS CR-70","2008-12-01","***","***","***",1.9236199999999997,"***",1.9236199999999997]
["ASFALTOS DILUÍDOS CR-70","2009-01-01","***","***","***","***","***","***"]
["ASFALTOS DILUÍDOS CR-70","2009-02-01","***","***","***","***","***","***"]
["ASFALTOS DILUÍDOS CR-70","2009-03-01","***","***","***","***","***","***"]
["ASFALTOS DILUÍDOS CR-70","2009-04-01","***","***","***","***","***","***"]
["ASFALTOS DILUÍDOS CR-70","2009-05-01","***","***","***","***","***","***"]
["ASFALTOS DILUÍDOS CR-70","2009-06-01","***","***","***","***","***","***"]
["ASFALTOS DILUÍDOS CR-70","2009-07-01","***","***","***","***","***","***"]
["ASFALTOS DILUÍDOS CR-70","2009-08-01","***","***","***","***","***","***"]
["ASFALTOS DILUÍDOS CR-70","2009-09-01","***","***","***","***","***","***"]
["ASFALTOS DILUÍDOS CR-70","2009-10-01","***","***","***","***","***","***"]
["ASFALTOS DILUÍDOS CR-70","2009-11-01","***","***","***","***","***","***"]
["ASFALTOS DILUÍDOS CR-70","2009-12-01","***","***","***","***","***","***"]
["ASFALTOS DILUÍDOS CR-70","2010-01-01","***","***","***","***","***","***"]
["ASFALTOS DILUÍDOS CR-70","2010-02-01","***","***","***","***","***","***"]
["ASFALTOS DILUÍDOS CR-70","2010-03-01","***","***","***","***","***","***"]
["ASFALTOS DILUÍDOS CR-70","2010-04-01","***","***","***","***","***","***"]
["ASFALTOS DILUÍDOS CR-70","2010-05-01","***","***","***","***","***","***"]
["ASFALTOS DILUÍDOS CR-70","2010-06-01","***","***","***","***","***","***"]
["ASFALTOS DILUÍDOS CR-70","2010-07-01","***","***","***","***","***","***"]
["ASFALTOS DILUÍDOS CR-70","2010-08-01","***","***","***","***","***","***"]
["ASFALTOS DILUÍDOS CR-70","2010-09-01","***","***","***","***","***","***"]
["ASFALTOS DILUÍDOS CR-70","2010-10-01","***","***","***","***","***","***"]
["ASFALTOS DILUÍDOS CR-70","2010-11-01","***","***","***","***","***","***"]
["ASFALTOS DILUÍDOS CR-70","2010-12-01","***","***","***","***","***","***"]
["ASFALTOS DILUÍDOS CR-70","2011-01-01","***","***","***","***","***","***"]
["ASFALTOS DILUÍDOS CR-70","2011-02-01","***","***","***","***","***","***"]
["ASFALTOS DILUÍDOS CR-70","2011-03-01","***","***","***","***","***","***"]
["ASFALTOS DILUÍDOS CR-70","2011-04-01","***","***","***","***","***","***"]
["ASFALTOS DILUÍDOS CR-70","2011-05-01","***","***","***","***","***","***"]
["ASFALTOS DILUÍDOS CR-70","2011-06-01","***","***","***","***","***","***"]
["ASFALTOS DILUÍDOS CR-70","2011-07-01","***","***","***","***","***","***"]
["ASFALTOS DILUÍDOS CR-70","2011-08-01","***","***","***","***","***","***"]
["ASFALTOS DILUÍDOS CR-70","2011-09-01","***","***","***","***","***","***"]
["ASFALTOS DILUÍDOS CR-70","2011-10-01","***","***","***","***","***","***"]
["ASFALTOS DILUÍDOS CR-70","2011-11-01","***","***","***","***","***","***"]
["ASFALTOS DILUÍDOS CR-70","2011-12-01","***","***","***","***","***","***"]
["ASFALTOS DILUÍDOS CR-70","2012-01-01","***","***","***","***","***","***"]
["ASFALTOS DILUÍDOS CR-70","2012-02-01","***","***","***","***","***","***"]
["ASFALTOS DILUÍDOS CR-70","2012-03-01","***","***","***","***","***","***"]
["ASFALTOS DILUÍDOS CR-70","2012-04-01","***","***","***","***","***","***"]
["ASFALTOS DILUÍDOS CR-70","2012-05-01","***","***","***","***","***","***"]
["ASFALTOS DILUÍDOS CR-70","2012-06-01","***","***","***","***","***","***"]
["ASFALTOS DILUÍDOS CR-70","2012-07-01","***","***","***","***","***","***"]
["ASFALTOS DILUÍDOS CR-70","2012-08-01","***","***","***","***","***","***"]
["ASFALTOS DILUÍDOS CR-70","2012-09-01","***","***","***","***","***","***"]
["ASFALTOS DILUÍDOS CR-70","2012-10-01","***","***","***","***","***","***"]
["ASFALTOS DILUÍDOS CR-70","2012-11-01","***","***","***","***","***","***"]
["ASFALTOS DILUÍDOS CR-70","2012-12-01","***","***","***","***","***","***"]
["ASFALTOS DILUÍDOS CR-70","2013-01-01","***","***","***","***","***","***"]
["ASFALTOS DILUÍDOS CR-70","2013-02-01","***","***","***","***","***","***"]
["ASFALTOS DILUÍDOS CR-70","2013-03-01","***","***","***","***","***","***"]
["ASFALTOS DILUÍDOS CR-70","2013-04-01","***","***","***","***","***","***"]
["ASFALTOS DILUÍDOS CR-70","2013-05-01","***","***","***","***","***","***"]
["ASFALTOS DILUÍDOS CR-70","2013-06-01","***","***","***","***","***","***"]
["ASFALTOS DILUÍDOS CR-70","2013-07-01","***","***","***","***","***","***"]
["ASFALTOS DILUÍDOS CR-70","2013-08-01","***","***","***","***","***","***"]
["ASFALTOS DILUÍDOS CR-70","2013-09-01","***","***","***","***","***","***"]
["ASFALTOS DILUÍDOS CR-70","2013-10-01","***","***","***","***","***","***"]
["ASFALTOS DILUÍDOS CR-70","2013-11-01","***","***","***","***","***","***"]
["ASFALTOS DILUÍDOS CR-70","2013-12-01","***","***","***","***","***","***"]
["ASFALTOS DILUÍDOS CR-70","2014-01-01","***","***","***","***","***","***"]
["ASFALTOS DILUÍDOS CR-70","2014-02-01","***","***","***","***","***","***"]
["ASFALTOS DILUÍDOS CR-70","2014-03-01","***","***","***","***","***","***"]
["ASFALTOS DILUÍDOS CR-70","2014-04-01","***","***","***","***","***","***"]
["ASFALTOS DILUÍDOS CR-70","2014-05-01","***","***","***","***","***","***"]
["ASFALTOS DILUÍDOS CR-70","2014-06-01","***","***","***","***","***","***"]
["ASFALTOS DILUÍDOS CR-70","2014-07-01","***","***","***","***","***","***"]
["ASFALTOS DILUÍDOS CR-70","2014-08-01","***","***","***","***","***","***"]
["ASFALTOS DILUÍDOS CR-70","2014-09-01","***","***","***","***","***","***"]
["ASFALTOS DILUÍDOS CR-70","2014-10-01","***","***","***","***","***","***"]
["ASFALTOS DILUÍDOS CR-70","2014-11-01","***","***","***","***","***","***"]
["ASFALTOS DILUÍDOS CR-70","2014-12-01","***","***","***","***","***","***"]
["ASFALTOS DILUÍDOS CR-70","2015-01-01","***","***","***","***","***","***"]
["ASFALTOS DILUÍDOS CR-70","2015-02-01","***","***","***","***","***","***"]
["ASFALTOS DILUÍDOS CR-70","2015-03-01","***","***","***","***","***","***"]
["ASFALTOS DILUÍDOS CR-70","2015-04-01","***","***","***","***","***","***"]
["ASFALTOS DILUÍDOS CR-70","2015-05-01","***","***","***","***","***","***"]
["ASFALTOS DILUÍDOS CR-70","2015-06-01","***","***","***","***","***","***"]
["ASFALTOS DILUÍDOS CR-70","2015-07-01","***","***","***","***","***","***"]
["ASFALTOS DILUÍDOS CR-70","2015-08-01","***","***","***","***","***","***"]
["ASFALTOS DILUÍDOS CR-70","2015-09-01","***","***","***","***","***","***"]
["ASFALTOS DILUÍDOS CR-70","2015-10-01","***","***","***","***","***","***"]
["ASFALTOS DILUÍDOS CR-70","2015-11-01","***","***","***","***","***","***"]
["ASFALTOS DILUÍDOS CR-70","2015-12-01","***","***","***","***","***","***"]
["ASFALTOS DILUÍDOS CR-70","2016-01-01","***","***","***","***","***","***"]
["ASFALTOS DILUÍDOS CR-70","2016-02-01","***","***","***","***","***","***"]
["ASFALTOS DILUÍDOS CR-70","2016-03-01","***","***","***","***","***","***"]
["ASFALTOS DILUÍDOS CR-70","2016-04-01","***","***","***","***","***","***"]
["ASFALTOS DILUÍDOS CR-70","2016-05-01","***","***","***","***","***","***"]
["ASFALTOS DILUÍDOS CR-70","2016-06-01","***","***","***","***","***","***"]
["ASFALTOS DILUÍDOS CR-70","2016-07-01","***","***","***","***","***","***"]
["ASFALTOS DILUÍDOS CR-70","2016-08-01","***","***","***","***","***","***"]
["ASFALTOS DILUÍDOS CR-70","2016-09-01","***","***","***","***","***","***"]
["ASFALTOS DILUÍDOS CR-70","2016-10-01","***","***","***","***","***","***"]
["ASFALTOS DILUÍDOS CR-70","2016-11-01","***","***","***","***","***","***"]
["ASFALTOS DILUÍDOS CR-70","2016-12-01","***","***","***","***","***","***"]
["ASFALTOS DILUÍDOS CR-70","2017-01-01","***","***","***","***","***","***"]
["ASFALTOS DILUÍDOS CR-70","2017-02-01","***","***","***","***","***","***"]
["ASFALTOS DILUÍDOS CR-70","2017-03-01","***","***","***","***","***","***"]
["ASFALTOS DILUÍDOS CR-70","2017-04-01","***","***","***","***","***","***"]
["ASFALTOS DILUÍDOS CR-70","2017-05-01","***","***","***","***","***","***"]
["ASFALTOS DILUÍDOS CR-70","2017-06-01","***","***","***","***","***","***"]
["ASFALTOS DILUÍDOS CR-70","2017-07-01","***","***","***","***","***","***"]
["ASFALTOS DILUÍDOS CR-70","2017-08-01","***","***","***","***","***","***"]
["ASFALTOS DILUÍDOS CR-70","2017-09-01","***","***","***","***","***","***"]
["ASFALTOS DILUÍDOS CR-70","2017-10-01","***","***","***","***","***","***"]
["ASFALTOS DILUÍDOS CR-70","2017-11-01","***","***","***","***","***","***"]
["ASFALTOS DILUÍDOS CR-70","2017-12-01","***","***","***","***","***","***"]
["ASFALTOS DILUÍDOS CR-70","2018-01-01","***","***","***","***","***","***"]
["ASFALTOS DILUÍDOS CR-70","2018-02-01","***","***","***","***","***","***"]
["ASFALTOS DILUÍDOS CR-70","2018-03-01","***","***","***","***","***","***"]
["ASFALTOS DILUÍDOS CR-70","2018-04-01","***","***","***","***","***","***"]
["ASFALTOS DILUÍDOS CR-70","2018-05-01","***","***","***","***","***","***"]
["ASFALTOS DILUÍDOS CR-70","2018-06-01","***","***","***","***","***","***"]
["ASFALTOS DILUÍDOS CR-70","2018-07-01","***","***","***","***","***","***"]
["ASFALTOS DILUÍDOS CR-70","2018-08-01","***","***","***","***","***","***"]
["ASFALTOS DILUÍDOS CR-70","2018-09-01","***","***","***","***","***","***"]
["ASFALTOS DILUÍDOS CR-70","2018-10-01","***","***","***","***","***","***"]
["ASFALTOS DILUÍDOS CR-70","2018-11-01","***","***","***","***","***","***"]
["ASFALTOS DILUÍDOS CR-70","2018-12-01","***","***","***","***","***","***"]
["ASFALTOS DILUÍDOS CR-70","2019-01-01","***","***","***","***","***","***"]
["ASFALTOS DILUÍDOS CR-70","2019-02-01","***","***","***","***","***","***"]
["ASFALTOS DILUÍDOS CR-70","2019-03-01","***","***","***","***","***","***"]
["ASFALTOS DILUÍDOS CR-70","2019-04-01","***","***","***","***","***","***"]
["ASFALTOS DILUÍDOS CR-70","2019-05-01","***","***","***","***","***","***"]
["ASFALTOS DILUÍDOS CR-70","2019-06-01","***","***","***","***","***","***"]
["ASFALTOS DILUÍDOS CR-70","2019-07-01","***","***","***","***","***","***"]
["ASFALTOS DILUÍDOS CR-70","2019-08-01","***","***","***","***","***","***"]
["ASFALTOS DILUÍDOS CR-70","2019-09-01","***","***","***","***","***","***"]
["ASFALTOS DILUÍDOS CR-70","2019-10-01","***","***","***","***","***","***"]
["ASFALTOS DILUÍDOS CR-70","2019-11-01","***","***","***","***","***","***"]
["ASFALTOS DILUÍDOS CR-70","2019-12-01","***","***","***","***","***","***"]
["ASFALTOS DILUÍDOS CR-70","2020-01-01","***","***","***","***","***","***"]
["ASFALTOS DILUÍDOS CR-70","2020-02-01","***","***","***","***","***","***"]
["ASFALTOS DILUÍDOS CR-70","2020-03-01","***","***","***","***","***","***"]
["ASFALTOS DILUÍDOS CR-70","2020-04-01","***","***","***","***","***","***"]
["ASFALTOS DILUÍDOS CR-70","2020-05-01","***","***","***","***","***","***"]
["ASFALTOS DILUÍDOS CR-70","2020-06-01","***","***","***","***","***","***"]
["ASFALTOS DILUÍDOS CR-70","2020-07-01","***","***","***","***","***","***"]
["ASFALTOS DILUÍDOS CR-70","2020-08-01","***","***","***","***","***","***"]
["ASFALTOS DILUÍDOS CR-70","2020-09-01","***","***","***","***","***","***"]
["ASFALTOS DILUÍDOS CR-70","2020-10-01","***","***","***","***","***","***"]
["ASFALTOS DILUÍDOS CR-70","2020-11-01","***","***","***","***","***","***"]
["ASFALTOS DILUÍDOS CR-70","2020-12-01","***","***","***","***","***","***"]
["ASFALTOS DILUÍDOS CR-70","2021-01-01","***","***","***","***","***","***"]
["ASFALTOS DILUÍDOS CR-70","2021-02-01","***","***","***","***","***","***"]
["ASFALTOS DILUÍDOS CR-70","2021-03-01","***","***","***","***","***","***"]
["ASFALTOS DILUÍDOS CR-70","2021-04-01","***","***","***","***","***","***"]
["ASFALTOS DILUÍDOS CR-70","2021-05-01","***","***","***","***","***","***"]
["ASFALTOS DILUÍDOS CR-70","2021-06-01","***","***","***","***","***","***"]
["ASFALTOS DILUÍDOS CR-70","2021-07-01","***","***","***","***","***","***"]
["ASFALTOS DILUÍDOS CR-70","2021-08-01","***","***","***","***","***","***"]
["ASFALTOS DILUÍDOS CR-70","2021-09-01","***","***","***","***","***","***"]
["ASFALTOS DILUÍDOS CR-70","2021-10-01","***","***","***","***","***","***"]
["ASFALTOS DILUÍDOS CR-70","2021-11-01","***","***","***","***","***","***"]
["ASFALTOS DILUÍDOS CR-70","2021-12-01","***","***","***","***","***","***"]
["ASFALTOS DILUÍDOS CR-70","2022-01-01","***","***","***","***","***","***"]
["ASFALTOS DILUÍDOS CR-70","2022-02-01","***","***","***","***","***","***"]
["ASFALTOS DILUÍDOS CR-70","2022-03-01","***","***","***","***","***","***"]
["ASFALTOS DILUÍDOS CR-70","2022-04-01","***","***","***","***","***","***"]
["ASFALTOS DILUÍDOS CR-70","2022-05-01","***","***","***","***","***","***"]
["ASFALTOS DILUÍDOS CR-70","2022-06-01","***","***","***","***","***","***"]
["ASFALTOS DILUÍDOS CR-70","2022-07-01","***","***","***","***","***","***"]
["ASFALTOS DILUÍDOS CR-70","2022-08-01","***","***","***","***","***","***"]
["ASFALTOS DILUÍDOS CR-70","2022-09-01","***","***","***","***","***","***"]
["ASFALTOS DILUÍDOS CR-70","2022-10-01","***","***","***","***","***","***"]
["ASFALTOS DILUÍDOS CR-70","2022-11-01","***","***","***","***","***","***"]
["ASFALTOS DILUÍDOS CR-70","2022-12-01","***","***","***","***","***","***"]
["ASFALTOS DILUÍDOS CR-70","2023-01-01","***","***","***","***","***","***"]
["ASFALTOS DILUÍDOS CR-70","2023-02-01","***","***","***","***","***","***"]
["ASFALTOS DILUÍDOS CR-70","2023-03-01","***","***","***","***","***","***"]
["ASFALTOS DILUÍDOS CR-70","2023-04-01","***","***","***","***","***","***"]
["ASFALTOS DILUÍDOS CR-70","2023-05-01","***","***","***","***","***","***"]
["ASFALTOS DILUÍDOS CR-70","2023-06-01","***","***","***","***","***","***"]
["ASFALTOS DILUÍDOS CR-70","2023-07-01","***","***","***","***","***","***"]
["ASFALTOS DILUÍDOS CR-70","2023-08-01","***","***","***","***","***","***"]
["ASFALTOS DILUÍDOS CR-70","2023-09-01","***","***","***","***","***","***"]
["ASFALTOS DILUÍDOS CR-70","2023-10-01","***","***","***","***","***","***"]
["ASFALTOS DILUÍDOS CR-70","2023-11-01","***","***","***","***","***","***"]
["ASFALTOS DILUÍDOS CR-70","2023-12-01","***","***","***","***","***","***"]
["ASFALTOS DILUÍDOS CR-70","2024-01-01","***","***","***","***","***","***"]
["ASFALTOS DILUÍDOS CR-70","2024-02-01","***","***","***","***","***","***"]
["ASFALTOS DILUÍDOS CR-70","2024-03-01","***","***","***","***","***","***"]
["ASFALTOS DILUÍDOS CR-70","2024-04-01","***","***","***","***","***","***"]
["ASFALTOS DILUÍDOS CR-70","2024-05-01","***","***","***","***","***","***"]
["ASFALTOS DILUÍDOS CR-70","2024-06-01","***","***","***","***","***","***"]
["ASFALTOS DILUÍDOS CR-70","2024-07-01","***","***","***","***","***","***"]
["CAP MODIFICADO POR BORRACHA DE PNEU AB22","2009-12-01","***","***","***",1.1234650000000002,1.1484160238451666,1.1435287983662941]
["CAP MODIFICADO POR BORRACHA DE PNEU AB22","2010-01-01","***","***","***",1.15307,1.1135568954352684,1.1172737978187226]
["CAP MODIFICADO POR BORRACHA DE PNEU AB22","2010-02-01","***","***","***",1.15263,1.0478505613045961,1.055842506097963]
["CAP MODIFICADO POR BORRACHA DE PNEU AB22","2010-03-01","***","***","***",1.15307,1.3099999999999998,1.2378755288039769]
["CAP MODIFICADO POR BORRACHA DE PNEU AB22","2010-04-01","***","***","***",1.15307,1.2383678377406007,1.2235001047159302]
["CAP MODIFICADO POR BORRACHA DE PNEU AB22","2010-05-01","***","***","***",1.15307,1.3359892477432296,1.2764934501894964]
["CAP MODIFICADO POR BORRACHA DE PNEU AB22","2010-06-01","***","***","***",1.15307,1.2380530217228867,1.2329236520474438]
["CAP MODIFICADO POR BORRACHA DE PNEU AB22","2010-07-01","***","***","***",1.2225512921511628,1.1969165437093885,1.1987192796909021]
["CAP MODIFICADO POR BORRACHA DE PNEU AB22","2010-08-01","***","***","***",1.15198,1.1095153340030861,1.1101599429694073]
["CAP MODIFICADO POR BORRACHA DE PNEU AB22","2010-09-01","***","***","***",1.1499244358922422,1.1083586641111285,1.1101841179191574]
["CAP MODIFICADO POR BORRACHA DE PNEU AB22","2010-10-01","***","***","***",1.1834025863181672,1.1193421123161074,1.1260469456077544]
["CAP MODIFICADO POR BORRACHA DE PNEU AB22","2010-11-01","***","***","***",1.2288644330518697,1.0641401488136422,1.0888511015806661]
["CAP MODIFICADO POR BORRACHA DE PNEU AB22","2010-12-01","***","***","***",1.2462800000000001,1.0719775153527897,1.0789323518409664]
["CAP MODIFICADO POR BORRACHA DE PNEU AB22","2011-01-01","***","***","***",1.2462800000000001,0.98689694832691277,1.0350025977360253]
["CAP MODIFICADO POR BORRACHA DE PNEU AB22","2011-02-01","***","***","***",1.2226309585177642,1.0927516942646183,1.11805610644728]
["CAP MODIFICADO POR BORRACHA DE PNEU AB22","2011-03-01","***","***","***",1.2355602533505612,1.094557711840854,1.1461685961089061]
["CAP MODIFICADO POR BORRACHA DE PNEU AB22","2011-04-01","***","***","***",1.1059189336310127,1.0814333170533172,1.0998096510789537]
["CAP MODIFICADO POR BORRACHA DE PNEU AB22","2011-05-01","***","***","***",1.1276787427600587,1.1728104665174728,1.1345451619239686]
["CAP MODIFICADO POR BORRACHA DE PNEU AB22","2011-06-01","***","***","***",1.1088164820852175,1.0417412156536219,1.0988321598005937]
["CAP MODIFICADO POR BORRACHA DE PNEU AB22","2011-07-01","***","***","***",1.1690508266069644,1.1984424357553691,1.177022780020037]
["CAP MODIFICADO POR BORRACHA DE PNEU AB22","2011-08-01","***","***","***",1.1739893941559194,1.1978806147992389,1.1770156821024058]
["CAP MODIFICADO POR BORRACHA DE PNEU AB22","2011-09-01","***","***","***",1.2120613428599154,1.1975499860917942,1.2094636031908852]
["CAP MODIFICADO POR BORRACHA DE PNEU AB22","2011-10-01","***","***","***",1.2806207926124262,1.0520450466311604,1.1902302680057759]
["CAP MODIFICADO POR BORRACHA DE PNEU AB22","2011-11-01","***","***","***",1.2382708814290728,1.0559703947526058,1.1651232780718781]
["CAP MODIFICADO POR BORRACHA DE PNEU AB22","2011-12-01","***","***","***",1.2792969480583576,1.131017350694298,1.2320423748419553]
["CAP MODIFICADO POR BORRACHA DE PNEU AB22","2012-01-01","***","***","***",1.282298874318208,1.1734668251088536,1.2535014543417964]
["CAP MODIFICADO POR BORRACHA DE PNEU AB22","2012-02-01","***","***","***",1.2966007560263755,1.0784072586458422,1.2234963203519214]
["CAP MODIFICADO POR BORRACHA DE PNEU AB22","2012-03-01","***","***","***",1.29781835631012,1.1457979052549543,1.2304271122572366]
["CAP MODIFICADO POR BORRACHA DE PNEU AB22","2012-04-01","***","***","***",1.2948857233970461,1.0499673128589506,1.1535264392000653]
["CAP MODIFICADO POR BORRACHA DE PNEU AB22","2012-05-01","***","***","***",1.33,1.148808032114254,1.1660696455596802]
["CAP MODIFICADO POR BORRACHA DE PNEU AB22","2012-06-01","***","***","***","***",1.109305125743504,1.109305125743504]
["CAP MODIFICADO POR BORRACHA DE PNEU AB22","2012-07-01","***","***","***","***",1.1635868402288732,1.1635868402288732]
["CAP MODIFICADO POR BORRACHA DE PNEU AB22","2012-08-01","***","***","***",1.0637399999999999,1.1414061713818398,1.1363061935576304]
["CAP MODIFICADO POR BORRACHA DE PNEU AB22","2012-09-01","***","***","***",1.0637399999999999,1.2797773887465602,1.2069180933215946]
["CAP MODIFICADO POR BORRACHA DE PNEU AB22","2012-10-01","***","***","***",1.06867,1.2379055871702018,1.215887672471986]
["CAP MODIFICADO POR BORRACHA DE PNEU AB22","2012-11-01","***","***","***","***",1.2617477396963122,1.2617477396963122]
["CAP MODIFICADO POR BORRACHA DE PNEU AB22","2012-12-01","***","***","***","***",1.3118067572668932,1.3118067572668932]
["CAP MODIFICADO POR BORRACHA DE PNEU AB22","2013-01-01","***","***","***","***",1.2905989145951269,1.2905989145951269]
["CAP MODIFICADO POR BORRACHA DE PNEU AB22","2013-02-01","***","***","***","***",1.1556969115497078,1.1556969115497078]
["CAP MODIFICADO POR BORRACHA DE PNEU AB22","2013-03-01","***","***","***","***",1.3072032579041979,1.3072032579041979]
["CAP MODIFICADO POR BORRACHA DE PNEU AB22","2013-04-01","***","***","***","***",1.1964269387882378,1.1964269387882378]
["CAP MODIFICADO POR BORRACHA DE PNEU AB22","2013-05-01","***","***","***","***",1.2685492001459018,1.2685492001459018]
["CAP MODIFICADO POR BORRACHA DE PNEU AB22","2013-06-01","***","***","***","***",1.1563630036400152,1.1563630036400152]
["CAP MODIFICADO POR BORRACHA DE PNEU AB22","2013-07-01","***","***","***","***",1.2872586218234769,1.2872586218234769]
["CAP MODIFICADO POR BORRACHA DE PNEU AB22","2013-08-01","***","***","***","***",1.3293076114273989,1.3293076114273989]
["CAP MODIFICADO POR BORRACHA DE PNEU AB22","2013-09-01","***","***","***","***","***","***"]
["CAP MODIFICADO POR BORRACHA DE PNEU AB22","2013-10-01","***","***","***","***","***","***"]
["CAP MODIFICADO POR BORRACHA DE PNEU AB22","2013-11-01","***","***","***",1.2402,"***",1.2402]
["CAP MODIFICADO POR BORRACHA DE PNEU AB22","2013-12-01","***","***","***",1.2402,"***",1.2402]
["CAP MODIFICADO POR BORRACHA DE PNEU AB22","2014-01-01","***","***","***",1.2376,"***",1.2376]
["CAP MODIFICADO POR BORRACHA DE PNEU AB22","2014-02-01","***","***","***",1.2376,"***",1.2376]
["CAP MODIFICADO POR BORRACHA DE PNEU AB22","2014-03-01","***","***","***",1.258,1.5686,1.2852481664882227]
["CAP MODIFICADO POR BORRACHA DE PNEU AB22","2014-04-01","***","***","***",1.2566999999999997,"***",1.2566999999999997]
["CAP MODIFICADO POR BORRACHA DE PNEU AB22","2014-05-01","***","***","***",1.2648528509199661,"***",1.2648528509199661]
["CAP MODIFICADO POR BORRACHA DE PNEU AB22","2014-06-01","***","***","***",1.2696562557437312,"***",1.2696562557437312]
["CAP MODIFICADO POR BORRACHA DE PNEU AB22","2014-07-01","***","***","***",1.2954000000000001,"***",1.2954000000000001]
["CAP MODIFICADO POR BORRACHA DE PNEU AB22","2014-08-01","***","***","***",1.3118505057869316,"***",1.3118505057869316]
["CAP MODIFICADO POR BORRACHA DE PNEU AB22","2014-09-01","***","***","***","***","***","***"]
["CAP MODIFICADO POR BORRACHA DE PNEU AB22","2014-10-01","***","***","***","***",1.2496365728900256,1.2496365728900256]
["CAP MODIFICADO POR BORRACHA DE PNEU AB22","2014-11-01","***","***","***","***","***","***"]
["CAP MODIFICADO POR BORRACHA DE PNEU AB22","2014-12-01","***","***","***","***","***","***"]
["CAP MODIFICADO POR BORRACHA DE PNEU AB22","2015-01-01","***","***","***","***","***","***"]
["CAP MODIFICADO POR BORRACHA DE PNEU AB22","2015-02-01","***","***","***","***","***","***"]
["CAP MODIFICADO POR BORRACHA DE PNEU AB22","2015-03-01","***","***","***","***","***","***"]
["CAP MODIFICADO POR BORRACHA DE PNEU AB22","2015-04-01","***","***","***","***","***","***"]
["CAP MODIFICADO POR BORRACHA DE PNEU AB22","2015-05-01","***","***","***","***","***","***"]
["CAP MODIFICADO POR BORRACHA DE PNEU AB22","2015-06-01","***","***","***","***","***","***"]
["CAP MODIFICADO POR BORRACHA DE PNEU AB22","2015-07-01","***","***","***","***","***","***"]
["CAP MODIFICADO POR BORRACHA DE PNEU AB22","2015-08-01","***","***","***",1.2886,1.575,1.431687593214426]
["CAP MODIFICADO POR BORRACHA DE PNEU AB22","2015-09-01","***","***","***",1.3494040169529666,1.6302499977108846,1.4605944888526372]
["CAP MODIFICADO POR BORRACHA DE PNEU AB22","2015-10-01","***","***","***",1.3831219194810149,1.6719900000000001,1.4617239504458208]
["CAP MODIFICADO POR BORRACHA DE PNEU AB22","2015-11-01","***","***","***",1.4775499725666628,"***",1.4775499725666628]
["CAP MODIFICADO POR BORRACHA DE PNEU AB22","2015-12-01","***","***","***","***","***","***"]
["CAP MODIFICADO POR BORRACHA DE PNEU AB22","2016-01-01","***","***","***","***","***","***"]
["CAP MODIFICADO POR BORRACHA DE PNEU AB22","2016-02-01","***","***","***","***","***","***"]
["CAP MODIFICADO POR BORRACHA DE PNEU AB22","2016-03-01","***","***","***","***",1.6473999999999998,1.6473999999999998]
["CAP MODIFICADO POR BORRACHA DE PNEU AB22","2016-04-01","***","***","***","***",1.9315000000000002,1.9315000000000002]
["CAP MODIFICADO POR BORRACHA DE PNEU AB22","2016-05-01","***","***","***","***",1.9305999999999999,1.9305999999999999]
["CAP MODIFICADO POR BORRACHA DE PNEU AB22","2016-06-01","***","***","***","***",1.9297999999999997,1.9297999999999997]
["CAP MODIFICADO POR BORRACHA DE PNEU AB22","2016-07-01","***","***","***","***",1.9290999999999998,1.9290999999999998]
["CAP MODIFICADO POR BORRACHA DE PNEU AB22","2016-08-01","***","***","***","***",1.7562657956539345,1.7562657956539345]
["CAP MODIFICADO POR BORRACHA DE PNEU AB22","2016-09-01","***","***",1.9316,1.7023760811173783,1.6322832917768022,1.6837156688536918]
["CAP MODIFICADO POR BORRACHA DE PNEU AB22","2016-10-01","***","***",1.9357999999999997,1.7030172137301012,1.6143020545553739,1.7200696231973467]
["CAP MODIFICADO POR BORRACHA DE PNEU AB22","2016-11-01","***","***",1.9357999999999997,"***",1.6257803791595566,1.6876625635444014]
["CAP MODIFICADO POR BORRACHA DE PNEU AB22","2016-12-01","***","***","***","***",1.687262171508529,1.687262171508529]
["CAP MODIFICADO POR BORRACHA DE PNEU AB22","2017-01-01","***","***","***","***",1.6734079698981563,1.6734079698981563]
["CAP MODIFICADO POR BORRACHA DE PNEU AB22","2017-02-01","***","***","***","***",1.6419429357010527,1.6419429357010527]
["CAP MODIFICADO POR BORRACHA DE PNEU AB22","2017-03-01","***","***","***","***",1.6301132571894474,1.6301132571894474]
["CAP MODIFICADO POR BORRACHA DE PNEU AB22","2017-04-01","***","***","***","***","***","***"]
["CAP MODIFICADO POR BORRACHA DE PNEU AB22","2017-05-01","***","***","***",1.7444,1.6160751800895756,1.6507208966853968]
["CAP MODIFICADO POR BORRACHA DE PNEU AB22","2017-06-01","***","***","***",1.7341758884269813,1.6137336373855793,1.6726636681265685]
["CAP MODIFICADO POR BORRACHA DE PNEU AB22","2017-07-01","***","***","***","***",1.5218674902420921,1.5218674902420921]
["CAP MODIFICADO POR BORRACHA DE PNEU AB22","2017-08-01","***","***","***","***",1.5154307004538576,1.5154307004538576]
["CAP MODIFICADO POR BORRACHA DE PNEU AB22","2017-09-01","***","***","***","***",1.4300810300071445,1.4300810300071445]
["CAP MODIFICADO POR BORRACHA DE PNEU AB22","2017-10-01","***","***","***","***",1.6500083430238617,1.6500083430238617]
["CAP MODIFICADO POR BORRACHA DE PNEU AB22","2017-11-01","***","***","***","***",1.6011326072630774,1.6011326072630774]
["CAP MODIFICADO POR BORRACHA DE PNEU AB22","2017-12-01","***","***","***",1.6792700000000003,1.5867230534145214,1.5902267217916868]
["CAP MODIFICADO POR BORRACHA DE PNEU AB22","2018-01-01","***","***","***","***",1.9039517789379479,1.9039517789379479]
["CAP MODIFICADO POR BORRACHA DE PNEU AB22","2018-02-01","***","***","***","***",1.7922157314255907,1.7922157314255907]
["CAP MODIFICADO POR BORRACHA DE PNEU AB22","2018-03-01","***","***",2.0981999999999998,"***",2.023665998927231,2.0342826942655634]
["CAP MODIFICADO POR BORRACHA DE PNEU AB22","2018-04-01","***","***",2.1002000000000001,"***",2.0674864250658533,2.0740626225658523]
["CAP MODIFICADO POR BORRACHA DE PNEU AB22","2018-05-01","***","***","***",1.8197000000000001,2.1875293896010208,2.1613831664948453]
["CAP MODIFICADO POR BORRACHA DE PNEU AB22","2018-06-01","***","***","***",1.9634999999999998,2.2124254039946245,2.1202259111662136]
["CAP MODIFICADO POR BORRACHA DE PNEU AB22","2018-07-01","***","***","***",2.1217000000000001,2.2766539530729881,2.2429636025160433]
["CAP MODIFICADO POR BORRACHA DE PNEU AB22","2018-08-01","***","***","***",2.2972419134396356,2.3963496857915292,2.3720242672791563]
["CAP MODIFICADO POR BORRACHA DE PNEU AB22","2018-09-01","***","***","***",2.294196885938443,2.2647356710387272,2.270768597345461]
["CAP MODIFICADO POR BORRACHA DE PNEU AB22","2018-10-01","***","***","***",2.298828486109854,2.3356848506271377,2.3247831166189337]
["CAP MODIFICADO POR BORRACHA DE PNEU AB22","2018-11-01","***","***","***","***",2.4298255734606111,2.4298255734606111]
["CAP MODIFICADO POR BORRACHA DE PNEU AB22","2018-12-01","***","***","***","***",2.7139630278642475,2.7139630278642475]
["CAP MODIFICADO POR BORRACHA DE PNEU AB22","2019-01-01","***","***","***","***",2.5396018975705843,2.5396018975705843]
["CAP MODIFICADO POR BORRACHA DE PNEU AB22","2019-02-01","***","***","***","***",2.8893619486207345,2.8893619486207345]
["CAP MODIFICADO POR BORRACHA DE PNEU AB22","2019-03-01","***","***","***","***",2.9102769479894555,2.9102769479894555]
["CAP MODIFICADO POR BORRACHA DE PNEU AB22","2019-04-01","***","***","***","***",3.0029316905811894,3.0029316905811894]
["CAP MODIFICADO POR BORRACHA DE PNEU AB22","2019-05-01","***","***","***","***",2.9835210751944117,2.9835210751944117]
["CAP MODIFICADO POR BORRACHA DE PNEU AB22","2019-06-01","***","***","***","***",3.0021841383601977,3.0021841383601977]
["CAP MODIFICADO POR BORRACHA DE PNEU AB22","2019-07-01","***","***","***","***",2.9631306196895886,2.9631306196895886]
["CAP MODIFICADO POR BORRACHA DE PNEU AB22","2019-08-01","***","***","***","***",2.9122222973113523,2.9122222973113523]
["CAP MODIFICADO POR BORRACHA DE PNEU AB22","2019-09-01","***","***","***","***",2.9973432740283434,2.9973432740283434]
["CAP MODIFICADO POR BORRACHA DE PNEU AB22","2019-10-01","***","***","***","***",2.9728168499465148,2.9728168499465148]
["CAP MODIFICADO POR BORRACHA DE PNEU AB22","2019-11-01","***","***","***","***",2.9257857330931261,2.9257857330931261]
["CAP MODIFICADO POR BORRACHA DE PNEU AB22","2019-12-01","***","***","***","***",2.9262866558211074,2.9262866558211074]
["CAP MODIFICADO POR BORRACHA DE PNEU AB22","2020-01-01","***","***","***","***",3.0614853570727658,3.0614853570727658]
["CAP MODIFICADO POR BORRACHA DE PNEU AB22","2020-02-01","***","***","***","***",2.944124975454808,2.944124975454808]
["CAP MODIFICADO POR BORRACHA DE PNEU AB22","2020-03-01","***","***","***",2.3338133656417117,2.8701788772266985,2.602641914014745]
["CAP MODIFICADO POR BORRACHA DE PNEU AB22","2020-04-01","***","***","***","***",2.666526940683744,2.666526940683744]
["CAP MODIFICADO POR BORRACHA DE PNEU AB22","2020-05-01","***","***","***","***",2.5451535790889115,2.5451535790889115]
["CAP MODIFICADO POR BORRACHA DE PNEU AB22","2020-06-01","***","***","***","***",2.5092568124999999,2.5092568124999999]
["CAP MODIFICADO POR BORRACHA DE PNEU AB22","2020-07-01","***","***","***","***",2.5924619855218483,2.5924619855218483]
["CAP MODIFICADO POR BORRACHA DE PNEU AB22","2020-08-01","***","***","***","***",2.7246233338989625,2.7246233338989625]
["CAP MODIFICADO POR BORRACHA DE PNEU AB22","2020-09-01","***","***","***","***",2.8353251973114224,2.8353251973114224]
["CAP MODIFICADO POR BORRACHA DE PNEU AB22","2020-10-01","***","***","***","***",2.9223707309090283,2.9223707309090283]
["CAP MODIFICADO POR BORRACHA DE PNEU AB22","2020-11-01","***","***","***","***",3.0233679410381837,3.0233679410381837]
["CAP MODIFICADO POR BORRACHA DE PNEU AB22","2020-12-01","***","***","***","***",2.7597216973841814,2.7597216973841814]
["CAP MODIFICADO POR BORRACHA DE PNEU AB22","2021-01-01","***","***","***","***",2.6898269883937176,2.6898269883937176]
["CAP MODIFICADO POR BORRACHA DE PNEU AB22","2021-02-01","***","***","***","***",2.9053264217352979,2.9053264217352979]
["CAP MODIFICADO POR BORRACHA DE PNEU AB22","2021-03-01","***","***","***","***",2.9823204104420142,2.9823204104420142]
["CAP MODIFICADO POR BORRACHA DE PNEU AB22","2021-04-01","***","***","***","***",2.9887647948792551,2.9887647948792551]
["CAP MODIFICADO POR BORRACHA DE PNEU AB22","2021-05-01","***","***","***",3.1898499999999999,"***",3.1898499999999999]
["CAP MODIFICADO POR BORRACHA DE PNEU AB22","2021-06-01","***","***","***",3.1898500000000003,3.4306842448890822,3.3592222633832978]
["CAP MODIFICADO POR BORRACHA DE PNEU AB22","2021-07-01","***","***",3.33216,3.1898499999999994,3.5997505795544598,3.5507911458697343]
["CAP MODIFICADO POR BORRACHA DE PNEU AB22","2021-08-01","***","***",3.4804200000000001,3.4194599999999999,3.7650919144290227,3.625044297849203]
["CAP MODIFICADO POR BORRACHA DE PNEU AB22","2021-09-01","***","***",3.4876968518888658,3.4194600000000004,3.706781273646405,3.571104652296873]
["CAP MODIFICADO POR BORRACHA DE PNEU AB22","2021-10-01","***","***",3.4891000000000005,"***",3.8427306714007243,3.726719801092774]
["CAP MODIFICADO POR BORRACHA DE PNEU AB22","2021-11-01","***","***",3.8336125302297459,"***",3.694415536735058,3.7600724362414764]
["CAP MODIFICADO POR BORRACHA DE PNEU AB22","2021-12-01","***","***",3.8336999999999999,"***",4.0219128668427011,3.9713167077319116]
["CAP MODIFICADO POR BORRACHA DE PNEU AB22","2022-01-01","***","***","***","***",4.3282443506625894,4.3282443506625894]
["CAP MODIFICADO POR BORRACHA DE PNEU AB22","2022-02-01","***","***","***","***","***","***"]
["CAP MODIFICADO POR BORRACHA DE PNEU AB22","2022-03-01","***","***","***","***",4.1055573453744287,4.1055573453744287]
["CAP MODIFICADO POR BORRACHA DE PNEU AB22","2022-04-01","***","***","***","***",4.8064477756192323,4.8064477756192323]
["CAP MODIFICADO POR BORRACHA DE PNEU AB22","2022-05-01","***","***","***","***",4.3426154565846895,4.3426154565846895]
["CAP MODIFICADO POR BORRACHA DE PNEU AB22","2022-06-01","***","***","***",4.7340745704234877,4.3603267557128014,4.5433500180547259]
["CAP MODIFICADO POR BORRACHA DE PNEU AB22","2022-07-01","***","***","***",4.8250618466361113,4.4706022444650273,4.6680927759400888]
["CAP MODIFICADO POR BORRACHA DE PNEU AB22","2022-08-01","***","***",4.3657900000000005,4.71021,4.2637194547005288,4.4502342369668693]
["CAP MODIFICADO POR BORRACHA DE PNEU AB22","2022-09-01","***","***","***",4.4624897625166673,4.355322892547882,4.4290786800808579]
["CAP MODIFICADO POR BORRACHA DE PNEU AB22","2022-10-01","***","***","***",4.1182570288017848,3.9235122437037036,4.0391186946509743]
["CAP MODIFICADO POR BORRACHA DE PNEU AB22","2022-11-01","***","***","***",4.1808408318130388,3.7396840026283025,4.0042046159597895]
["CAP MODIFICADO POR BORRACHA DE PNEU AB22","2022-12-01","***","***","***",4.0950599999999993,3.8371325407279029,4.0170272063758397]
["CAP MODIFICADO POR BORRACHA DE PNEU AB22","2023-01-01","***","***","***","***",3.5740293598740736,3.5740293598740736]
["CAP MODIFICADO POR BORRACHA DE PNEU AB22","2023-02-01","***","***","***","***",3.6251798597801286,3.6251798597801286]
["CAP MODIFICADO POR BORRACHA DE PNEU AB22","2023-03-01","***","***","***","***",3.4189790671858455,3.4189790671858455]
["CAP MODIFICADO POR BORRACHA DE PNEU AB22","2023-04-01","***","***","***","***",3.6497567780748668,3.6497567780748668]
["CAP MODIFICADO POR BORRACHA DE PNEU AB22","2023-05-01","***","***","***",3.8208299999999999,3.5150387596479349,3.6932946574800924]
["CAP MODIFICADO POR BORRACHA DE PNEU AB22","2023-06-01","***","***","***",3.5966049338667014,"***",3.5966049338667014]
["CAP MODIFICADO POR BORRACHA DE PNEU AB22","2023-07-01","***","***","***",3.3800359871429517,"***",3.3800359871429517]
["CAP MODIFICADO POR BORRACHA DE PNEU AB22","2023-08-01","***","***","***",3.3800347111681646,"***",3.3800347111681646]
["CAP MODIFICADO POR BORRACHA DE PNEU AB22","2023-09-01","***","***","***","***","***","***"]
["CAP MODIFICADO POR BORRACHA DE PNEU AB22","2023-10-01","***","***","***","***","***","***"]
["CAP MODIFICADO POR BORRACHA DE PNEU AB22","2023-11-01","***","***","***","***","***","***"]
["CAP MODIFICADO POR BORRACHA DE PNEU AB22","2023-12-01","***","***","***","***","***","***"]
["CAP MODIFICADO POR BORRACHA DE PNEU AB22","2024-01-01","***","***","***","***","***","***"]
["CAP MODIFICADO POR BORRACHA DE PNEU AB22","2024-02-01","***","***","***","***","***","***"]
["CAP MODIFICADO POR BORRACHA DE PNEU AB22","2024-03-01","***","***","***","***","***","***"]
["CAP MODIFICADO POR BORRACHA DE PNEU AB22","2024-04-01","***","***","***","***","***","***"]
["CAP MODIFICADO POR BORRACHA DE PNEU AB22","2024-05-01","***","***","***","***","***","***"]
["CAP MODIFICADO POR BORRACHA DE PNEU AB22","2024-06-01","***","***","***","***","***","***"]
["CAP MODIFICADO POR BORRACHA DE PNEU AB22","2024-07-01","***","***","***","***","***","***"]
["CAP MODIFICADO POR BORRACHA DE PNEU AB8","2009-12-01","***",1.6191729898160816,"***",1.0609523581939377,1.3098775970497534,1.2964571042515038]
["CAP MODIFICADO POR BORRACHA DE PNEU AB8","2010-01-01","***",1.5287395638018277,"***",1.0437136467730741,1.2331276901370598,1.2492627974179116]
["CAP MODIFICADO POR BORRACHA DE PNEU AB8","2010-02-01","***",1.6189,"***",1.13432787504401,1.2594469931649332,1.2953022436582964]
["CAP MODIFICADO POR BORRACHA DE PNEU AB8","2010-03-01","***",1.5337693954631291,"***",1.1203269547736554,1.2587445683439562,1.2544756772283805]
["CAP MODIFICADO POR BORRACHA DE PNEU AB8","2010-04-01","***","***",1.5584,1.1320152246167043,1.2334920145666424,1.1958727832727607]
["CAP MODIFICADO POR BORRACHA DE PNEU AB8","2010-05-01","***","***",1.5570999999999999,1.1268721854527128,1.1358577003397186,1.1448166793615662]
["CAP MODIFICADO POR BORRACHA DE PNEU AB8","2010-06-01","***","***","***","***",1.1009852629038925,1.1009852629038925]
["CAP MODIFICADO POR BORRACHA DE PNEU AB8","2010-07-01","***","***","***","***",1.1575927179621193,1.1575927179621193]
["CAP MODIFICADO POR BORRACHA DE PNEU AB8","2010-08-01","***","***","***",1.1467761637718408,1.1369646198311878,1.1393901285564838]
["CAP MODIFICADO POR BORRACHA DE PNEU AB8","2010-09-01","***","***","***",1.005926604179016,1.1057108627323193,1.0912752020066672]
["CAP MODIFICADO POR BORRACHA DE PNEU AB8","2010-10-01","***",1.5018,"***",1.0477000000000001,1.0983352077291526,1.1034981759070928]
["CAP MODIFICADO POR BORRACHA DE PNEU AB8","2010-11-01","***",1.4632888922656129,"***",1.1765765724968842,1.2032237418022458,1.2073910889087933]
["CAP MODIFICADO POR BORRACHA DE PNEU AB8","2010-12-01","***",1.4986999999999999,"***",1.1608677434143244,1.2140573205989342,1.2103922989963849]
["CAP MODIFICADO POR BORRACHA DE PNEU AB8","2011-01-01","***",1.4986999999999999,"***",1.2285999999999999,1.0774357621541253,1.095852234418681]
["CAP MODIFICADO POR BORRACHA DE PNEU AB8","2011-02-01","***","***","***","***",1.1531682862418531,1.1531682862418531]
["CAP MODIFICADO POR BORRACHA DE PNEU AB8","2011-03-01","***",1.4990000000000001,"***",1.1689837556463754,1.1981252852301039,1.1968295138359033]
["CAP MODIFICADO POR BORRACHA DE PNEU AB8","2011-04-01","***","***","***",1.00360645109135,1.1113628611714035,1.1085885358553713]
["CAP MODIFICADO POR BORRACHA DE PNEU AB8","2011-05-01","***",1.6555,"***",1.0112000000000001,1.0875433862010788,1.0930747290711629]
["CAP MODIFICADO POR BORRACHA DE PNEU AB8","2011-06-01","***",1.4972000000000001,"***",1.0694987078519218,1.0794293698078377,1.1146388348849325]
["CAP MODIFICADO POR BORRACHA DE PNEU AB8","2011-07-01","***",1.6523999999999996,"***","***",1.0616728004746567,1.13230283718045]
["CAP MODIFICADO POR BORRACHA DE PNEU AB8","2011-08-01","***","***","***",0.9768,1.0587876343724356,1.0557410639221201]
["CAP MODIFICADO POR BORRACHA DE PNEU AB8","2011-09-01","***","***","***",1.1865991678903574,1.1261270384123565,1.1275175752232316]
["CAP MODIFICADO POR BORRACHA DE PNEU AB8","2011-10-01","***","***","***",0.98039999999999994,1.0811985369990924,1.0800477091732588]
["CAP MODIFICADO POR BORRACHA DE PNEU AB8","2011-11-01","***",1.6526000000000001,"***",1.1781999999999999,1.169035145324872,1.1787741567516654]
["CAP MODIFICADO POR BORRACHA DE PNEU AB8","2011-12-01","***","***","***",1.1021830237484433,1.2619989141270294,1.1892216573353691]
["CAP MODIFICADO POR BORRACHA DE PNEU AB8","2012-01-01","***","***","***",1.0661708911411409,1.1428234076621993,1.1021835452207907]
["CAP MODIFICADO POR BORRACHA DE PNEU AB8","2012-02-01","***","***","***",1.1022499134948098,1.2572668724706142,1.1660677742649022]
["CAP MODIFICADO POR BORRACHA DE PNEU AB8","2012-03-01","***","***","***",1.0549261797375431,1.0884500886819295,1.0679835457468079]
["CAP MODIFICADO POR BORRACHA DE PNEU AB8","2012-04-01","***",1.6051,"***",1.0777133933713559,1.0738306477672068,1.0802140752968346]
["CAP MODIFICADO POR BORRACHA DE PNEU AB8","2012-05-01","***","***","***",1.0918985103704379,1.1161429405957537,1.1026848608277917]
["CAP MODIFICADO POR BORRACHA DE PNEU AB8","2012-06-01","***","***","***",1.1527001851507062,1.1714950737583953,1.1647350558978251]
["CAP MODIFICADO POR BORRACHA DE PNEU AB8","2012-07-01","***","***","***",1.1570435171497822,1.3422725118545544,1.2740975889439403]
["CAP MODIFICADO POR BORRACHA DE PNEU AB8","2012-08-01","***","***","***",1.1619457264935051,1.2164282366999961,1.1896014117887943]
["CAP MODIFICADO POR BORRACHA DE PNEU AB8","2012-09-01","***","***","***",1.1730972932879522,1.3704738416193458,1.2885910018958944]
["CAP MODIFICADO POR BORRACHA DE PNEU AB8","2012-10-01","***","***","***",1.1673012787080324,1.1875130657910866,1.1788445221489403]
["CAP MODIFICADO POR BORRACHA DE PNEU AB8","2012-11-01","***","***","***",1.19815213826663,1.3567455479690402,1.2711575250778484]
["CAP MODIFICADO POR BORRACHA DE PNEU AB8","2012-12-01","***","***","***",1.186995598817064,1.3407999440320493,1.2310009919723564]
["CAP MODIFICADO POR BORRACHA DE PNEU AB8","2013-01-01","***","***","***",1.1566429983553468,1.3590648725773196,1.2592468086351629]
["CAP MODIFICADO POR BORRACHA DE PNEU AB8","2013-02-01","***","***","***",1.1706604714881521,1.2326813440111422,1.1983340795865309]
["CAP MODIFICADO POR BORRACHA DE PNEU AB8","2013-03-01","***","***","***",1.1781083404161554,1.3873908250087319,1.2535169570536087]
["CAP MODIFICADO POR BORRACHA DE PNEU AB8","2013-04-01","***","***",1.65,1.1754767855148143,1.2965283118648456,1.238292902609665]
["CAP MODIFICADO POR BORRACHA DE PNEU AB8","2013-05-01","***","***",1.65,1.2187666332957656,1.2014709676255222,1.2334313171922864]
["CAP MODIFICADO POR BORRACHA DE PNEU AB8","2013-06-01","***","***","***",1.2336671067142395,1.2065205549138345,1.2225362503408645]
["CAP MODIFICADO POR BORRACHA DE PNEU AB8","2013-07-01","***","***","***",1.2330444179375764,1.3989500633651444,1.3441614054256841]
["CAP MODIFICADO POR BORRACHA DE PNEU AB8","2013-08-01","***","***","***",1.2452399162508065,1.3716984574828397,1.3444955251608537]
["CAP MODIFICADO POR BORRACHA DE PNEU AB8","2013-09-01","***","***","***",1.2484582307113947,1.2757130885666805,1.2669449941845503]
["CAP MODIFICADO POR BORRACHA DE PNEU AB8","2013-10-01","***","***","***",1.2574417535843938,1.2513071926360673,1.2532113946659533]
["CAP MODIFICADO POR BORRACHA DE PNEU AB8","2013-11-01","***","***","***",1.2561418255145627,1.274924780393853,1.2680468498741837]
["CAP MODIFICADO POR BORRACHA DE PNEU AB8","2013-12-01","***","***","***",1.2477874668226194,1.2720476044962734,1.2618957613007982]
["CAP MODIFICADO POR BORRACHA DE PNEU AB8","2014-01-01","***","***","***",1.2932810719361127,1.3161819846399581,1.306601725671704]
["CAP MODIFICADO POR BORRACHA DE PNEU AB8","2014-02-01","***","***","***",1.2193101738086485,1.2594389982817531,1.2487040910182476]
["CAP MODIFICADO POR BORRACHA DE PNEU AB8","2014-03-01","***","***","***",1.312578315910415,1.3201403522497284,1.3186764923706322]
["CAP MODIFICADO POR BORRACHA DE PNEU AB8","2014-04-01","***","***",1.2971999999999999,1.2297958465320562,1.2907811578845032,1.2675586241507653]
["CAP MODIFICADO POR BORRACHA DE PNEU AB8","2014-05-01","***","***",1.2981,1.2312288883942284,1.2951243214092223,1.2687246987995167]
["CAP MODIFICADO POR BORRACHA DE PNEU AB8","2014-06-01","***","***",1.2937668762843206,1.1498324270316098,1.2705208657340905,1.2293013686523417]
["CAP MODIFICADO POR BORRACHA DE PNEU AB8","2014-07-01","***","***",1.2970000000000002,1.0829689120290709,1.3217699719935811,1.2307617233661532]
["CAP MODIFICADO POR BORRACHA DE PNEU AB8","2014-08-01","***","***",1.3862000000000001,1.2233743153263112,1.3645665026079274,1.3129158027904995]
["CAP MODIFICADO POR BORRACHA DE PNEU AB8","2014-09-01","***","***",1.3862000000000003,1.221841504137297,1.3120346346156013,1.2956517909907521]
["CAP MODIFICADO POR BORRACHA DE PNEU AB8","2014-10-01","***","***",1.2613848656717337,1.0620009799963297,1.2619096737842672,1.2150385341682899]
["CAP MODIFICADO POR BORRACHA DE PNEU AB8","2014-11-01","***","***",1.4453441259122564,1.0670025891542063,1.4066348107709632,1.3220595363627214]
["CAP MODIFICADO POR BORRACHA DE PNEU AB8","2014-12-01","***","***","***","***","***","***"]
["CAP MODIFICADO POR BORRACHA DE PNEU AB8","2015-01-01","***","***",1.5612000000000001,1.4800757702263883,1.817494834308327,1.6579997734190262]
["CAP MODIFICADO POR BORRACHA DE PNEU AB8","2015-02-01","***","***",1.4702,1.421023723931127,1.7600990271087489,1.66420728815014]
["CAP MODIFICADO POR BORRACHA DE PNEU AB8","2015-03-01","***","***",1.5612000000000004,1.4104565459989113,1.7216944527941518,1.675820410278493]
["CAP MODIFICADO POR BORRACHA DE PNEU AB8","2015-04-01","***","***","***",1.6088742046222251,1.5860921202574136,1.5909847054330197]
["CAP MODIFICADO POR BORRACHA DE PNEU AB8","2015-05-01","***","***",1.4702000000000002,1.6912124389107845,1.6207977754185059,1.6239052213956682]
["CAP MODIFICADO POR BORRACHA DE PNEU AB8","2015-06-01","***","***",1.5179011306820041,1.6145162271500908,1.6017483506977686,1.5935621528497768]
["CAP MODIFICADO POR BORRACHA DE PNEU AB8","2015-07-01","***","***",1.597793461302025,1.716642565189517,1.6046205431770173,1.622907870446918]
["CAP MODIFICADO POR BORRACHA DE PNEU AB8","2015-08-01","***","***",1.5943416703113067,1.5501896015113001,1.7220942288083445,1.6543857819324022]
["CAP MODIFICADO POR BORRACHA DE PNEU AB8","2015-09-01","***","***",1.6926561401637077,1.5738426935643286,1.6553241412191289,1.6647946940090854]
["CAP MODIFICADO POR BORRACHA DE PNEU AB8","2015-10-01","***","***",1.8182944091257496,1.7506096295951523,1.7862521413257295,1.7845721620899808]
["CAP MODIFICADO POR BORRACHA DE PNEU AB8","2015-11-01","***","***",1.7654000000000001,1.6974174340248325,1.8979885388954589,1.8565446439173232]
["CAP MODIFICADO POR BORRACHA DE PNEU AB8","2015-12-01","***","***","***",1.6107552900038624,1.8539203354988103,1.7954765562227901]
["CAP MODIFICADO POR BORRACHA DE PNEU AB8","2016-01-01","***","***","***",1.4357595705080297,1.8849056893643592,1.8137064656530872]
["CAP MODIFICADO POR BORRACHA DE PNEU AB8","2016-02-01","***","***","***",1.4452717952496548,1.8161798949642947,1.6799878123507856]
["CAP MODIFICADO POR BORRACHA DE PNEU AB8","2016-03-01","***","***",1.7392000000000001,1.7191866791116015,1.8393653384765103,1.8108244627034333]
["CAP MODIFICADO POR BORRACHA DE PNEU AB8","2016-04-01","***","***","***",1.9844119046434252,2.0758937691256998,2.0604458450313006]
["CAP MODIFICADO POR BORRACHA DE PNEU AB8","2016-05-01","***","***","***",1.874693801007091,1.9788140783579065,1.9613906464489621]
["CAP MODIFICADO POR BORRACHA DE PNEU AB8","2016-06-01","***","***","***",2.0888976160885777,2.0706527932673628,2.0731574995579511]
["CAP MODIFICADO POR BORRACHA DE PNEU AB8","2016-07-01","***","***","***",1.8777269944177848,2.0655002851193678,2.0511184112593503]
["CAP MODIFICADO POR BORRACHA DE PNEU AB8","2016-08-01","***","***","***",1.5725519758199464,2.0024954441672294,1.8897557982760023]
["CAP MODIFICADO POR BORRACHA DE PNEU AB8","2016-09-01","***","***","***",1.6788193731581895,1.9116851305045215,1.8728638268744222]
["CAP MODIFICADO POR BORRACHA DE PNEU AB8","2016-10-01","***","***","***",1.725519629107618,1.8919059711315318,1.8304053595463119]
["CAP MODIFICADO POR BORRACHA DE PNEU AB8","2016-11-01","***","***",1.7460451361525471,1.7110442843342453,1.8779468372768484,1.8500704313954792]
["CAP MODIFICADO POR BORRACHA DE PNEU AB8","2016-12-01","***","***",1.7463823457376351,1.6769229103277106,1.9051327058536027,1.8718492549393275]
["CAP MODIFICADO POR BORRACHA DE PNEU AB8","2017-01-01","***","***",1.7464498097971168,"***",1.8942195029371891,1.8754375090869764]
["CAP MODIFICADO POR BORRACHA DE PNEU AB8","2017-02-01","***","***",1.8445409898919485,1.6538999999999999,1.8934384004474281,1.8887869296586486]
["CAP MODIFICADO POR BORRACHA DE PNEU AB8","2017-03-01","***","***",1.8535146911115143,1.8960315506589049,1.8885790761143808,1.8872178987648442]
["CAP MODIFICADO POR BORRACHA DE PNEU AB8","2017-04-01","***","***","***","***","***","***"]
["CAP MODIFICADO POR BORRACHA DE PNEU AB8","2017-05-01","***","***",1.8065925692439728,1.6954062245752772,1.8804092085331536,1.827644043363186]
["CAP MODIFICADO POR BORRACHA DE PNEU AB8","2017-06-01","***","***",1.8247501199301148,1.5850772602869005,1.8824291876349191,1.8060853358611515]
["CAP MODIFICADO POR BORRACHA DE PNEU AB8","2017-07-01","***","***",1.8183932474881543,1.4795539904886645,1.8879976654430224,1.812321817649541]
["CAP MODIFICADO POR BORRACHA DE PNEU AB8","2017-08-01","***","***",1.7872480278291569,1.5738003638253639,1.8791611663327392,1.8361462138009805]
["CAP MODIFICADO POR BORRACHA DE PNEU AB8","2017-09-01","***","***",1.7902469689420364,1.5334923788025367,1.8232427397173425,1.80841092619879]
["CAP MODIFICADO POR BORRACHA DE PNEU AB8","2017-10-01","***","***",1.9343283379988281,1.627901409642869,1.8414767465938304,1.8252430848686816]
["CAP MODIFICADO POR BORRACHA DE PNEU AB8","2017-11-01","***","***",1.9563079934224892,1.7910055967526133,1.914035733816553,1.9041999246990375]
["CAP MODIFICADO POR BORRACHA DE PNEU AB8","2017-12-01","***","***",2.0670548810863241,1.928741866134752,1.917186920486148,1.9387046838092286]
["CAP MODIFICADO POR BORRACHA DE PNEU AB8","2018-01-01","***","***",2.4436176381318795,1.8712143585785712,2.0875129034718474,2.1116769274661533]
["CAP MODIFICADO POR BORRACHA DE PNEU AB8","2018-02-01","***","***",2.4572973095135602,2.1259722742779168,2.1320752843337347,2.1526991908948112]
["CAP MODIFICADO POR BORRACHA DE PNEU AB8","2018-03-01","***","***",2.3512685672034181,1.9081666874645489,2.1197819939351694,2.1066906863659698]
["CAP MODIFICADO POR BORRACHA DE PNEU AB8","2018-04-01","***","***",2.1793665604289978,1.9260251322613016,2.059467020592272,2.0285102640360222]
["CAP MODIFICADO POR BORRACHA DE PNEU AB8","2018-05-01","***","***",2.2768385258681785,1.9658183809376311,2.1288901724012419,2.0898719656784346]
["CAP MODIFICADO POR BORRACHA DE PNEU AB8","2018-06-01","***","***",2.3769615602632461,1.973070916090202,2.250823890967387,2.223058556750638]
["CAP MODIFICADO POR BORRACHA DE PNEU AB8","2018-07-01","***","***",2.4770607815804651,2.1014044141205663,2.3730649015579113,2.3398341379354712]
["CAP MODIFICADO POR BORRACHA DE PNEU AB8","2018-08-01","***","***",2.6996309021652989,2.346250935647165,2.4977445030786698,2.4786283819183055]
["CAP MODIFICADO POR BORRACHA DE PNEU AB8","2018-09-01","***","***",2.6647926189547579,2.4329752269541314,2.582177023731091,2.5362225687173616]
["CAP MODIFICADO POR BORRACHA DE PNEU AB8","2018-10-01","***","***",2.6701270670198061,2.3900118410220945,2.7108548334601932,2.5876638860388326]
["CAP MODIFICADO POR BORRACHA DE PNEU AB8","2018-11-01","***","***",2.8751160485502356,2.4821156336111123,2.8874585188209014,2.7797383109634497]
["CAP MODIFICADO POR BORRACHA DE PNEU AB8","2018-12-01","***","***",2.9101000000000004,2.4810177004495295,3.1577347781029119,2.9227552129228287]
["CAP MODIFICADO POR BORRACHA DE PNEU AB8","2019-01-01","***","***","***",2.479790898105076,2.9447065019913481,2.7176181048808568]
["CAP MODIFICADO POR BORRACHA DE PNEU AB8","2019-02-01","***","***","***",2.577441022243752,3.0767086670736559,2.9299480895698151]
["CAP MODIFICADO POR BORRACHA DE PNEU AB8","2019-03-01","***","***","***",2.6794149903996027,3.1125870325206022,2.9675906307015421]
["CAP MODIFICADO POR BORRACHA DE PNEU AB8","2019-04-01","***","***","***",2.7028248899620868,3.153835795447224,2.9966509308559535]
["CAP MODIFICADO POR BORRACHA DE PNEU AB8","2019-05-01","***","***","***",2.6686232661930216,3.0376717019818318,2.8702428528226371]
["CAP MODIFICADO POR BORRACHA DE PNEU AB8","2019-06-01","***","***","***",2.7316031068885498,3.6481446280570298,3.3804959658999856]
["CAP MODIFICADO POR BORRACHA DE PNEU AB8","2019-07-01",2.7736199999999998,"***",3.0228213710852945,2.9923763265422418,3.4390024773395762,3.2237123891444903]
["CAP MODIFICADO POR BORRACHA DE PNEU AB8","2019-08-01","***","***",2.8423113416618686,2.5535686564548046,3.0139607419042322,2.8622721793846084]
["CAP MODIFICADO POR BORRACHA DE PNEU AB8","2019-09-01","***","***",2.7282500000000001,2.760380112854548,2.975459794944403,2.8914658619880784]
["CAP MODIFICADO POR BORRACHA DE PNEU AB8","2019-10-01","***","***",2.6810403787779893,2.5449124114125712,2.9588827905201884,2.8563383809277632]
["CAP MODIFICADO POR BORRACHA DE PNEU AB8","2019-11-01","***","***",2.7082432241467256,2.5758734026857559,3.0063070590313057,2.8370260067749449]
["CAP MODIFICADO POR BORRACHA DE PNEU AB8","2019-12-01","***","***","***",2.6214992838887525,3.04157988495799,2.8895458324697287]
["CAP MODIFICADO POR BORRACHA DE PNEU AB8","2020-01-01","***",2.9613999999999998,2.8285380858564912,2.642050349730364,3.064224673890521,2.8752101094373783]
["CAP MODIFICADO POR BORRACHA DE PNEU AB8","2020-02-01","***","***","***",2.4590215008939551,2.8902676514651588,2.7252961731335468]
["CAP MODIFICADO POR BORRACHA DE PNEU AB8","2020-03-01","***","***","***",2.3604012498264133,2.8313532691075833,2.6559068400149655]
["CAP MODIFICADO POR BORRACHA DE PNEU AB8","2020-04-01","***","***","***",2.339614992484611,2.8244390683253342,2.6731035568013191]
["CAP MODIFICADO POR BORRACHA DE PNEU AB8","2020-05-01","***","***","***",2.3850887906873437,2.7957473788340796,2.7417292273163092]
["CAP MODIFICADO POR BORRACHA DE PNEU AB8","2020-06-01","***","***",2.5771700000000002,2.3767381042881222,2.8218500368677808,2.7419114566241722]
["CAP MODIFICADO POR BORRACHA DE PNEU AB8","2020-07-01","***","***",2.5771699999999997,2.3129896529738909,2.8327986519404655,2.7472629097630588]
["CAP MODIFICADO POR BORRACHA DE PNEU AB8","2020-08-01","***","***",2.6570066468307947,2.3621587992415791,2.9730478799993669,2.8776343464482292]
["CAP MODIFICADO POR BORRACHA DE PNEU AB8","2020-09-01","***","***",2.6857405585725362,2.3920221649897502,2.8995937668467771,2.8048162311105544]
["CAP MODIFICADO POR BORRACHA DE PNEU AB8","2020-10-01","***","***",2.7115296986279374,2.5988855005411979,2.945660296835936,2.8601320590732215]
["CAP MODIFICADO POR BORRACHA DE PNEU AB8","2020-11-01","***","***",2.9355785272915584,2.675728781446943,3.1036367791020836,2.9821229454202736]
["CAP MODIFICADO POR BORRACHA DE PNEU AB8","2020-12-01","***","***","***",2.8103980717931423,3.1560016642997661,3.0198328222421571]
["CAP MODIFICADO POR BORRACHA DE PNEU AB8","2021-01-01","***","***","***",2.6067625684844038,3.0235489155877113,2.9169518621704214]
["CAP MODIFICADO POR BORRACHA DE PNEU AB8","2021-02-01","***","***","***",2.7539341525183927,3.2378279376369576,3.2142956354110028]
["CAP MODIFICADO POR BORRACHA DE PNEU AB8","2021-03-01","***","***","***",2.8667480380630153,3.2664503620327867,3.2444312354152673]
["CAP MODIFICADO POR BORRACHA DE PNEU AB8","2021-04-01","***","***","***",3.2412820683288355,3.2403526438144885,3.2404824221821982]
["CAP MODIFICADO POR BORRACHA DE PNEU AB8","2021-05-01","***","***","***",3.4580315701443354,3.9605739483670725,3.898980732901407]
["CAP MODIFICADO POR BORRACHA DE PNEU AB8","2021-06-01","***","***","***",3.3895059892106629,3.9960151456310675,3.7901355069954188]
["CAP MODIFICADO POR BORRACHA DE PNEU AB8","2021-07-01","***","***","***",3.3634510522282417,4.0446007521421841,3.759377785639622]
["CAP MODIFICADO POR BORRACHA DE PNEU AB8","2021-08-01","***","***","***",3.5297912801513007,4.2221124396868657,3.8942494353864427]
["CAP MODIFICADO POR BORRACHA DE PNEU AB8","2021-09-01",3.1511999999999998,"***","***",3.6011649158390968,4.2437321077518497,3.9834978123132094]
["CAP MODIFICADO POR BORRACHA DE PNEU AB8","2021-10-01",3.1511999999999998,"***","***",3.5245837051341593,4.2745912764257028,3.9325664481350482]
["CAP MODIFICADO POR BORRACHA DE PNEU AB8","2021-11-01",3.52045270712581,"***","***",3.8006628269091718,4.6212462053760719,4.2402152571736771]
["CAP MODIFICADO POR BORRACHA DE PNEU AB8","2021-12-01",3.5833457410104543,"***","***",3.8033828378325953,4.6854496331091324,4.2649975870802219]
["CAP MODIFICADO POR BORRACHA DE PNEU AB8","2022-01-01",3.497057538755509,"***","***",4.0144421748724364,4.7195601493470978,4.3815922128366829]
["CAP MODIFICADO POR BORRACHA DE PNEU AB8","2022-02-01",3.9137117888445374,"***","***",4.1654182392975976,4.9238646993038815,4.5716481879346533]
["CAP MODIFICADO POR BORRACHA DE PNEU AB8","2022-03-01",3.9304842780259164,"***","***",4.6131177304825863,4.9770267131939656,4.6989390514146656]
["CAP MODIFICADO POR BORRACHA DE PNEU AB8","2022-04-01",3.8774367464514339,"***","***",4.8242816622633082,5.196583719406223,4.7874338282478828]
["CAP MODIFICADO POR BORRACHA DE PNEU AB8","2022-05-01",3.660831927826083,"***","***",4.8244025811017348,5.0464176427212664,4.6548960425668318]
["CAP MODIFICADO POR BORRACHA DE PNEU AB8","2022-06-01",3.6719077480359519,"***","***",4.743797212134913,5.0290272799759634,4.6866328666899362]
["CAP MODIFICADO POR BORRACHA DE PNEU AB8","2022-07-01",3.7343529358812262,"***","***",4.6606289161344456,5.0825126401802372,4.6618090061825308]
["CAP MODIFICADO POR BORRACHA DE PNEU AB8","2022-08-01",3.5750321729438737,"***",4.0312700000000001,4.4489613986405532,4.8768508374917063,4.4361456542627042]
["CAP MODIFICADO POR BORRACHA DE PNEU AB8","2022-09-01",3.3365857363622324,"***",3.8240599999999998,4.6197592231558557,4.6217078043360065,4.5503008775891045]
["CAP MODIFICADO POR BORRACHA DE PNEU AB8","2022-10-01","***","***",3.47411,4.3021714304330319,4.4511535000014888,4.3405292820668899]
["CAP MODIFICADO POR BORRACHA DE PNEU AB8","2022-11-01","***","***",3.4741100000000005,4.0708263984458517,4.434586615284875,4.1906987946351579]
["CAP MODIFICADO POR BORRACHA DE PNEU AB8","2022-12-01","***","***",3.4741100000000005,4.0976380053811656,4.3463166271576119,4.1922139377714531]
["CAP MODIFICADO POR BORRACHA DE PNEU AB8","2023-01-01","***","***",3.2876799999999999,3.9431334019414743,4.0941381731638247,3.9702865071179279]
["CAP MODIFICADO POR BORRACHA DE PNEU AB8","2023-02-01","***","***",3.1648200000000002,3.8471487854515276,3.9488899722169046,3.8264434764915318]
["CAP MODIFICADO POR BORRACHA DE PNEU AB8","2023-03-01","***","***",3.1110239967105264,3.7512055302047429,3.7377240375528613,3.7405507058514202]
["CAP MODIFICADO POR BORRACHA DE PNEU AB8","2023-04-01","***","***",3.4214352650579518,3.7576710928923611,3.809381577848034,3.7689590617057838]
["CAP MODIFICADO POR BORRACHA DE PNEU AB8","2023-05-01","***","***",3.0362700000000005,3.6646741477770171,3.7394772019109008,3.6750538668258668]
["CAP MODIFICADO POR BORRACHA DE PNEU AB8","2023-06-01","***","***",3.0685420543495487,3.5802435781107778,3.6692737443166061,3.6010590544106167]
["CAP MODIFICADO POR BORRACHA DE PNEU AB8","2023-07-01","***","***",3.0727600000000002,3.6019833523533649,3.7160559415567844,3.6278060436645401]
["CAP MODIFICADO POR BORRACHA DE PNEU AB8","2023-08-01","***","***",3.1472464245175935,3.5125904038928959,3.7738780307350064,3.5787945728490111]
["CAP MODIFICADO POR BORRACHA DE PNEU AB8","2023-09-01","***","***",3.3503692337931525,3.6843298768385142,3.8835923926532776,3.7265946398525798]
["CAP MODIFICADO POR BORRACHA DE PNEU AB8","2023-10-01","***","***",3.4330022577990751,3.7877844310715973,3.9085190294675551,3.8052185486637122]
["CAP MODIFICADO POR BORRACHA DE PNEU AB8","2023-11-01","***","***",3.3984516288066828,3.6909302022307457,3.8649913965636036,3.7486221682192258]
["CAP MODIFICADO POR BORRACHA DE PNEU AB8","2023-12-01","***","***",3.3329126010661927,3.6600620978133738,3.9306865709016363,3.7484043968830756]
["CAP MODIFICADO POR BORRACHA DE PNEU AB8","2024-01-01","***","***",3.2687299428881049,3.5459523431317019,3.7328256193985823,3.6129266699362814]
["CAP MODIFICADO POR BORRACHA DE PNEU AB8","2024-02-01","***","***",3.2461529889267937,3.5759373031108073,3.713683647510778,3.6277633764946806]
["CAP MODIFICADO POR BORRACHA DE PNEU AB8","2024-03-01","***","***",3.768001661584333,3.686297989317683,3.9738706711266518,3.7844369640854949]
["CAP MODIFICADO POR BORRACHA DE PNEU AB8","2024-04-01","***","***",3.5418537569765585,3.7790229305187455,3.9526792884731066,3.8320161507053103]
["CAP MODIFICADO POR BORRACHA DE PNEU AB8","2024-05-01","***","***",3.6155793997665691,3.9162706483486196,4.0338094711755685,3.9388972355490237]
["CAP MODIFICADO POR BORRACHA DE PNEU AB8","2024-06-01","***","***",3.6428001899364637,3.9478237356340236,3.9783707202814185,3.937622278133897]
["CAP MODIFICADO POR BORRACHA DE PNEU AB8","2024-07-01","***","***",3.7852116873744852,4.0960418376143402,4.1244485876031654,4.0861414260680062]
["CAP MODIFICADO POR POLÍMERO 55-75-E","2015-09-01","***",1.6953954542024339,"***",1.7171780593569659,1.8427670560180902,1.7930856450717323]
["CAP MODIFICADO POR POLÍMERO 55-75-E","2015-10-01","***",1.7919295146005085,"***",1.8216981373170267,1.9431443828715365,1.8327100508755547]
["CAP MODIFICADO POR POLÍMERO 55-75-E","2015-11-01","***",2.0899399999999999,"***",2.0610623072334988,2.0980868206719352,2.0821680017500475]
["CAP MODIFICADO POR POLÍMERO 55-75-E","2015-12-01","***",2.0899400000000004,"***",2.1194041720257233,1.9102433055954091,2.0405789762972462]
["CAP MODIFICADO POR POLÍMERO 55-75-E","2016-01-01","***",2.0091957557447584,"***",2.0785102353215286,1.7201859374222301,1.8957923340782121]
["CAP MODIFICADO POR POLÍMERO 55-75-E","2016-02-01","***",2.0063301928427961,2.310905,2.079184548767417,1.8023118118431345,1.9841543614525423]
["CAP MODIFICADO POR POLÍMERO 55-75-E","2016-03-01","***",2.0214688655215958,"***",2.0672555746521688,2.0347751135103787,2.0276903371049011]
["CAP MODIFICADO POR POLÍMERO 55-75-E","2016-04-01","***",2.2545417937441314,"***","***",2.1824163004798347,2.2168656133642992]
["CAP MODIFICADO POR POLÍMERO 55-75-E","2016-05-01","***",2.1741120239687413,"***",2.1983228359030837,2.1202284224342827,2.1761479773532821]
["CAP MODIFICADO POR POLÍMERO 55-75-E","2016-06-01","***",2.2013690696569923,2.7226504659750304,2.3371864428912605,1.8951029985298442,2.2386015067822616]
["CAP MODIFICADO POR POLÍMERO 55-75-E","2016-07-01","***",2.0094158478144157,2.7444926715815341,2.1513415837277052,1.903067973005351,2.1209947804802081]
["CAP MODIFICADO POR POLÍMERO 55-75-E","2016-08-01","***",2.3455907504428892,2.7878779623567924,2.2006004902073739,1.9521915117938957,2.26666565275417]
["CAP MODIFICADO POR POLÍMERO 55-75-E","2016-09-01","***",1.9169568693991934,2.6876199999999995,2.1986446215899091,1.8482440625648628,2.0090403977516913]
["CAP MODIFICADO POR POLÍMERO 55-75-E","2016-10-01","***",1.6509599937156796,2.6469499999999995,2.223755542022793,1.9299261856512009,1.9300860835637395]
["CAP MODIFICADO POR POLÍMERO 55-75-E","2016-11-01","***",1.6694185373178523,3.0737999999999994,"***",1.9879645083790136,2.0393290727149394]
["CAP MODIFICADO POR POLÍMERO 55-75-E","2016-12-01","***",2.014896679197447,3.0649600000000001,1.8466100000000003,1.8798449207970527,1.9359708182054569]
["CAP MODIFICADO POR POLÍMERO 55-75-E","2017-01-01","***",1.7502856718241042,3.0767500000000001,1.8466100000000001,1.8666449005293475,1.8444576318092083]
["CAP MODIFICADO POR POLÍMERO 55-75-E","2017-02-01","***",1.9385434414136908,"***",1.7677449945362214,1.853787885934127,1.8751690352169861]
["CAP MODIFICADO POR POLÍMERO 55-75-E","2017-03-01","***",1.9353736956812553,2.2661885349894639,1.734795304104664,1.8579610960031532,1.9158526995252947]
["CAP MODIFICADO POR POLÍMERO 55-75-E","2017-04-01","***",1.9464333678671788,3.0989954728033471,1.8550778250929307,1.8427725499266114,1.9250968210901029]
["CAP MODIFICADO POR POLÍMERO 55-75-E","2017-05-01","***",1.9039563231733876,2.5269077743321908,1.9044128680382506,1.8928333588070529,1.9413871921547505]
["CAP MODIFICADO POR POLÍMERO 55-75-E","2017-06-01","***",2.1172096084664647,2.6693845073026439,2.0272806462554129,1.8705994326738058,2.0103693759521213]
["CAP MODIFICADO POR POLÍMERO 55-75-E","2017-07-01","***",2.1524925359808305,2.3494000000000002,2.199113159472422,1.8121419314384277,2.0837330096015494]
["CAP MODIFICADO POR POLÍMERO 55-75-E","2017-08-01","***",1.7692563220340924,2.3960307059867989,2.2434644247581303,1.7969227701758321,1.9072511282277387]
["CAP MODIFICADO POR POLÍMERO 55-75-E","2017-09-01","***",2.0481444575514067,2.5192297014658562,2.0275513157577079,1.9437292345644701,2.0274748760412309]
["CAP MODIFICADO POR POLÍMERO 55-75-E","2017-10-01","***",1.9644684025423731,2.3753000000000002,1.8573066425068356,1.9513675655787222,1.9461461992358982]
["CAP MODIFICADO POR POLÍMERO 55-75-E","2017-11-01","***",2.1334792458409462,2.3496033587527538,2.1498566052416055,2.0025831462270638,2.1166516141605438]
["CAP MODIFICADO POR POLÍMERO 55-75-E","2017-12-01","***",2.2716249270993125,"***",1.8637360496715558,1.9268307513122342,2.0939470518103036]
["CAP MODIFICADO POR POLÍMERO 55-75-E","2018-01-01","***",2.3764415332459299,"***",2.0960360322380653,2.0950740781507982,2.3406826280382127]
["CAP MODIFICADO POR POLÍMERO 55-75-E","2018-02-01","***",2.3612414132643003,"***",2.0026096256249999,2.1370945383914064,2.2890838957222308]
["CAP MODIFICADO POR POLÍMERO 55-75-E","2018-03-01","***",2.2627476366262744,"***",2.1441819697482245,2.1094914164479608,2.2098190514116167]
["CAP MODIFICADO POR POLÍMERO 55-75-E","2018-04-01","***",2.2655558513983123,"***",2.1073867880059232,2.2154794820568924,2.2337498937418476]
["CAP MODIFICADO POR POLÍMERO 55-75-E","2018-05-01","***",2.4786504808505776,2.7254499999999999,2.0666626759143991,2.2605089784155075,2.3504600613973743]
["CAP MODIFICADO POR POLÍMERO 55-75-E","2018-06-01","***",2.5431826708981782,2.99715,2.5516623577969817,2.3813441306212471,2.5186892590982941]
["CAP MODIFICADO POR POLÍMERO 55-75-E","2018-07-01","***",2.5398066990989143,3.0834936951453646,2.464435209540794,2.5536240468598641,2.6050117997031252]
["CAP MODIFICADO POR POLÍMERO 55-75-E","2018-08-01",3.5969627608008428,2.80708646258817,3.2661887568493153,2.561305961555953,2.6597870431048856,2.8346884803198971]
["CAP MODIFICADO POR POLÍMERO 55-75-E","2018-09-01",2.9570599999999998,2.7589742499557759,3.3111899999999994,2.7067619814672694,2.8481124814499075,2.795817380500913]
["CAP MODIFICADO POR POLÍMERO 55-75-E","2018-10-01","***",2.7353999999999998,2.7538916476515376,2.6397216811079018,2.8005611762805556,2.7246612952191724]
["CAP MODIFICADO POR POLÍMERO 55-75-E","2018-11-01","***",3.0589757582721817,3.3192502664734085,3.0176501646056932,3.1071334286319763,3.079127614754968]
["CAP MODIFICADO POR POLÍMERO 55-75-E","2018-12-01","***",2.9936342923109973,"***",3.0105366824876745,3.1236333459941492,3.0583556114616366]
["CAP MODIFICADO POR POLÍMERO 55-75-E","2019-01-01","***",3.1185765394670688,3.9446300000000001,2.8912531535673009,3.0740611991686073,3.0536002911399085]
["CAP MODIFICADO POR POLÍMERO 55-75-E","2019-02-01","***",3.2960493662407835,4.3303599999999998,3.1459199999999998,3.3861594822035417,3.3458827981003005]
["CAP MODIFICADO POR POLÍMERO 55-75-E","2019-03-01","***",3.2972054433072246,"***",3.1459200000000003,3.2780724567711008,3.2854107359533704]
["CAP MODIFICADO POR POLÍMERO 55-75-E","2019-04-01","***",3.3319558515595773,"***",2.9959541469707438,3.3396190154013405,3.2804532588347386]
["CAP MODIFICADO POR POLÍMERO 55-75-E","2019-05-01","***",3.1823534118672319,"***",3.2968860466763465,3.3079748217475586,3.2496589226477792]
["CAP MODIFICADO POR POLÍMERO 55-75-E","2019-06-01","***",3.9636178187695297,"***",3.4129229658091997,3.3003987022606052,3.588267277823765]
["CAP MODIFICADO POR POLÍMERO 55-75-E","2019-07-01","***",3.6697643408920846,"***",3.2854123086561176,2.9635788879895619,3.3925371169333878]
["CAP MODIFICADO POR POLÍMERO 55-75-E","2019-08-01","***",3.3063196110231829,"***",3.1139297990900943,3.1123443585685751,3.1902282700622915]
["CAP MODIFICADO POR POLÍMERO 55-75-E","2019-09-01","***",3.101977528388959,"***",3.0922215043547117,3.1185072079449188,3.1079962059626598]
["CAP MODIFICADO POR POLÍMERO 55-75-E","2019-10-01","***",3.0507553803425709,"***",3.2093879389482729,3.118512410456618,3.127928505031861]
["CAP MODIFICADO POR POLÍMERO 55-75-E","2019-11-01","***",3.0666759556779568,"***",3.2338272620134223,3.1174160877467507,3.1188162493152234]
["CAP MODIFICADO POR POLÍMERO 55-75-E","2019-12-01","***",2.9295388368250284,3.8813,3.3093699999999999,3.2227881842256907,3.0999035089092288]
["CAP MODIFICADO POR POLÍMERO 55-75-E","2020-01-01","***",2.8031494736842104,"***",3.3019956447210674,3.1188116409951574,3.1383643911574661]
["CAP MODIFICADO POR POLÍMERO 55-75-E","2020-02-01","***",2.6827900831809877,"***",3.1567065377724695,3.0095799735086222,2.9649531492283963]
["CAP MODIFICADO POR POLÍMERO 55-75-E","2020-03-01","***",3.0648663130036335,3.92503,3.0358277644275375,3.0089743499023509,3.0533098060557684]
["CAP MODIFICADO POR POLÍMERO 55-75-E","2020-04-01","***",3.0405163384275049,"***",3.1725993819040128,2.9348398913430853,3.0010305405754751]
["CAP MODIFICADO POR POLÍMERO 55-75-E","2020-05-01","***",2.8702101565659275,"***",3.0671865430726939,3.0746339940487863,3.023495510101994]
["CAP MODIFICADO POR POLÍMERO 55-75-E","2020-06-01","***",3.1016014653079171,3.3318900000000005,2.9888901739877567,2.9925150223325376,3.0760670868944278]
["CAP MODIFICADO POR POLÍMERO 55-75-E","2020-07-01","***",3.0593283564652891,3.3325500000000003,3.0300296072195279,2.8226576350557382,2.9510218288236114]
["CAP MODIFICADO POR POLÍMERO 55-75-E","2020-08-01","***",3.2288710413132047,"***",3.3453599999999999,3.0006063128011906,3.1001770505525506]
["CAP MODIFICADO POR POLÍMERO 55-75-E","2020-09-01","***",3.1571041326153209,"***",3.4847100000000006,2.9274915813991904,3.057853239203133]
["CAP MODIFICADO POR POLÍMERO 55-75-E","2020-10-01","***",3.1668648436447757,"***",3.26938975402564,2.9531520559126898,3.0613176137854534]
["CAP MODIFICADO POR POLÍMERO 55-75-E","2020-11-01","***",3.2584921814790473,"***",3.5242099808748226,3.0956713222427896,3.1835695456804816]
["CAP MODIFICADO POR POLÍMERO 55-75-E","2020-12-01","***",3.357413489032981,3.6097700000000006,"***",3.0502669451383824,3.1205899578104792]
["CAP MODIFICADO POR POLÍMERO 55-75-E","2021-01-01","***",3.3368874904327344,"***",3.5026201782711066,3.1259719369598375,3.2538721869591547]
["CAP MODIFICADO POR POLÍMERO 55-75-E","2021-02-01","***",3.4608183614543728,"***",3.7320784525637087,3.2503668748817094,3.2991032759659693]
["CAP MODIFICADO POR POLÍMERO 55-75-E","2021-03-01","***",3.3307011078341011,"***",3.6629321315248666,3.3444096789181685,3.362994761617788]
["CAP MODIFICADO POR POLÍMERO 55-75-E","2021-04-01","***",3.5072844329034165,"***",3.1572029695121953,3.198558318134813,3.2281333422166307]
["CAP MODIFICADO POR POLÍMERO 55-75-E","2021-05-01","***",4.1816199999999997,"***",3.9331470897832825,3.3778392923542553,3.534792899845824]
["CAP MODIFICADO POR POLÍMERO 55-75-E","2021-06-01","***",3.7342891433494705,"***",4.1063900000000011,2.9620940888110883,3.3002914502097735]
["CAP MODIFICADO POR POLÍMERO 55-75-E","2021-07-01","***",3.8271079530916841,"***",4.1063900000000002,3.7443847338036025,3.7703498232005437]
["CAP MODIFICADO POR POLÍMERO 55-75-E","2021-08-01","***",3.8607287018761518,4.3929903314160503,"***",4.5344533708237202,4.3854174799516255]
["CAP MODIFICADO POR POLÍMERO 55-75-E","2021-09-01","***",4.0217578722261988,"***","***",4.6568941019543102,4.4541072747616912]
["CAP MODIFICADO POR POLÍMERO 55-75-E","2021-10-01","***",4.0420371929854806,"***","***",4.59167816431159,4.2886668760515985]
["CAP MODIFICADO POR POLÍMERO 55-75-E","2021-11-01","***",4.0831531140479402,"***","***",4.9703704989069983,4.3902978781695738]
["CAP MODIFICADO POR POLÍMERO 55-75-E","2021-12-01","***",4.3545857000429011,"***","***",4.9470442273663799,4.5688025652121524]
["CAP MODIFICADO POR POLÍMERO 55-75-E","2022-01-01","***",4.6346160249793993,"***","***",4.9880748892276747,4.7435773205607674]
["CAP MODIFICADO POR POLÍMERO 55-75-E","2022-02-01","***",5.2945301535342608,"***","***",4.8873720440324435,5.0354531909162406]
["CAP MODIFICADO POR POLÍMERO 55-75-E","2022-03-01","***",5.3661709190209024,"***",6.42,4.7783316535032938,5.0998691323196086]
["CAP MODIFICADO POR POLÍMERO 55-75-E","2022-04-01","***",5.659440551009971,"***",5.5512958261469469,5.4203822307575749,5.4775954404408642]
["CAP MODIFICADO POR POLÍMERO 55-75-E","2022-05-01",5.2715699999999996,5.4797291247240203,"***",4.8512394993530092,5.2078308682375232,5.185751289904279]
["CAP MODIFICADO POR POLÍMERO 55-75-E","2022-06-01","***",5.5487296938906754,5.0908767164429527,5.1639718002931794,5.186764690609591,5.2266701923115439]
["CAP MODIFICADO POR POLÍMERO 55-75-E","2022-07-01","***",5.4155189175155583,5.6180787800312011,5.1412263640842903,5.250795201873558,5.2698531199144822]
["CAP MODIFICADO POR POLÍMERO 55-75-E","2022-08-01","***",5.4644096095976682,5.6495100000000003,4.9378113856187138,5.0538072426816054,5.1658988471862672]
["CAP MODIFICADO POR POLÍMERO 55-75-E","2022-09-01","***",5.134430603646047,5.3412474170628403,4.7593903736893273,5.0093227727847891,5.0858747584803234]
["CAP MODIFICADO POR POLÍMERO 55-75-E","2022-10-01","***",5.3534618039663195,"***",4.3557178120700444,4.5003225581874835,4.6318069314100052]
["CAP MODIFICADO POR POLÍMERO 55-75-E","2022-11-01","***",4.5991001127972089,"***",4.2361773348711136,4.4672515038899361,4.3522454419270007]
["CAP MODIFICADO POR POLÍMERO 55-75-E","2022-12-01","***",4.8277301250377533,"***",4.1038387275891166,4.4622944547805616,4.4468637076692961]
["CAP MODIFICADO POR POLÍMERO 55-75-E","2023-01-01","***",4.6971885216893812,"***",4.9421400000000011,4.2234859334725332,4.5094509421015161]
["CAP MODIFICADO POR POLÍMERO 55-75-E","2023-02-01","***",4.616903570366893,4.2530900000000003,4.1887398852444973,4.1326309959461582,4.2798010645505444]
["CAP MODIFICADO POR POLÍMERO 55-75-E","2023-03-01","***",4.687667517811704,4.2165900000000001,4.1128664946311044,3.8142643876529525,3.9390268531536683]
["CAP MODIFICADO POR POLÍMERO 55-75-E","2023-04-01","***",4.65341,"***",4.7817800000000004,3.687750096529423,3.7740787668681066]
["CAP MODIFICADO POR POLÍMERO 55-75-E","2023-05-01","***",4.9023070524827146,"***",4.7817799999999995,3.7989692521723755,4.0087128977841324]
["CAP MODIFICADO POR POLÍMERO 55-75-E","2023-06-01","***",4.2684851499918928,"***",4.4667055586274182,3.7981845936165874,3.8420350804948522]
["CAP MODIFICADO POR POLÍMERO 55-75-E","2023-07-01","***",4.2537288700066211,"***",5.1262400000000001,3.657416731564691,3.7110557211295903]
["CAP MODIFICADO POR POLÍMERO 55-75-E","2023-08-01","***",3.9885625269960738,3.8460200000000002,4.901456895287958,3.714703512044947,3.8117397392388881]
["CAP MODIFICADO POR POLÍMERO 55-75-E","2023-09-01","***",4.5188442620432356,"***",4.4313000000000002,3.860048240448509,3.9179678127251534]
["CAP MODIFICADO POR POLÍMERO 55-75-E","2023-10-01","***",5.0547299477868757,"***",4.4627390407731315,3.8631680943559039,3.9647367041778478]
["CAP MODIFICADO POR POLÍMERO 55-75-E","2023-11-01","***",4.5752299999999995,"***",4.5740738772633636,3.8762063059689171,4.0155295134133162]
["CAP MODIFICADO POR POLÍMERO 55-75-E","2023-12-01","***",4.5480483703209833,"***",4.5020226271276034,3.9549561375986135,4.0704366890922552]
["CAP MODIFICADO POR POLÍMERO 55-75-E","2024-01-01","***",3.9067440879798259,"***",4.556984075550722,3.869280839638793,3.9589936510660504]
["CAP MODIFICADO POR POLÍMERO 55-75-E","2024-02-01","***",3.8469255551638026,"***",3.9658116780127837,3.8732437653478851,3.8785266215861505]
["CAP MODIFICADO POR POLÍMERO 55-75-E","2024-03-01","***",4.2227967064870988,"***",4.0888299999999997,3.9159569654859854,3.993574520086701]
["CAP MODIFICADO POR POLÍMERO 55-75-E","2024-04-01","***",4.2649351127680877,"***",4.1800004971628271,3.9652700520490058,4.0405753668382456]
["CAP MODIFICADO POR POLÍMERO 55-75-E","2024-05-01","***",4.2324107193882368,"***",3.56596,4.0066207331405428,4.0048425692832446]
["CAP MODIFICADO POR POLÍMERO 55-75-E","2024-06-01","***",4.2702547012698346,"***",4.0766081988030267,3.9912676280362134,4.0576148378551489]
["CAP MODIFICADO POR POLÍMERO 55-75-E","2024-07-01","***",4.4013879858236891,5.9683299999999999,4.3681570121806219,4.0178126180056895,4.1537813108591957]
["CAP MODIFICADO POR POLÍMERO 60-85-E","2015-09-01","***",1.2531712342079688,1.8926623753559986,1.9114423354707468,1.924115046617922,1.893043325458313]
["CAP MODIFICADO POR POLÍMERO 60-85-E","2015-10-01","***",0.60527238683127571,1.9355650039973953,1.915818649143626,2.0509838352072771,1.9452797087462326]
["CAP MODIFICADO POR POLÍMERO 60-85-E","2015-11-01","***",2.0164,2.1100214771063226,2.1081983699582318,2.1985927081289507,2.1344171943822072]
["CAP MODIFICADO POR POLÍMERO 60-85-E","2015-12-01","***",1.41113,2.1239398500648137,2.1856024475140297,2.1220601698571766,2.1529568347530486]
["CAP MODIFICADO POR POLÍMERO 60-85-E","2016-01-01","***",0.60104999999999997,"***",2.1313661120742071,2.29083109689739,2.1936135809789157]
["CAP MODIFICADO POR POLÍMERO 60-85-E","2016-02-01","***",2.2221600000000001,2.14000398009652,2.126814067307917,2.3190324346052433,2.2222527057065102]
["CAP MODIFICADO POR POLÍMERO 60-85-E","2016-03-01","***","***",2.3981655529511214,2.0457464349560288,2.2830741974701576,2.1505894321209058]
["CAP MODIFICADO POR POLÍMERO 60-85-E","2016-04-01","***","***",2.5878965474364821,2.2758136160071389,2.3370958916422806,2.3089270327111673]
["CAP MODIFICADO POR POLÍMERO 60-85-E","2016-05-01","***",2.5530900000000001,2.3583802702006058,2.3358852137415176,2.3671955360597523,2.3505973897908006]
["CAP MODIFICADO POR POLÍMERO 60-85-E","2016-06-01","***",1.7582071498257841,2.4876085326176445,2.2965793568049047,2.3585887860790375,2.3216251119571463]
["CAP MODIFICADO POR POLÍMERO 60-85-E","2016-07-01","***",1.7816216549081905,2.3945574321138978,2.3301768511818737,2.4564212883943615,2.3537426915080668]
["CAP MODIFICADO POR POLÍMERO 60-85-E","2016-08-01","***",2.5130892984062028,2.443039400324782,2.3567264041697755,2.4340184765413082,2.4047886594623029]
["CAP MODIFICADO POR POLÍMERO 60-85-E","2016-09-01",2.2290999999999999,"***",1.9864494038000098,2.0660229243560098,2.3049625742864759,2.1656476556889874]
["CAP MODIFICADO POR POLÍMERO 60-85-E","2016-10-01","***","***",2.2503204837327813,2.030382318410147,2.3369820988690733,2.223180742401123]
["CAP MODIFICADO POR POLÍMERO 60-85-E","2016-11-01","***","***",2.2745731003862879,2.019621429915047,2.3000285177157127,2.1856763215248312]
["CAP MODIFICADO POR POLÍMERO 60-85-E","2016-12-01","***","***",2.1792631414289407,1.9824562658755518,2.1652924821642059,2.0670076788226988]
["CAP MODIFICADO POR POLÍMERO 60-85-E","2017-01-01",1.81125,"***",1.914526166620198,1.9451576680687783,2.0536684491566226,1.9851466366800969]
["CAP MODIFICADO POR POLÍMERO 60-85-E","2017-02-01","***","***",2.4048799999999999,2.0047365711836704,2.0215099473027656,2.0153849811335531]
["CAP MODIFICADO POR POLÍMERO 60-85-E","2017-03-01","***","***",1.9718092729484418,2.0431406368149143,1.9330077833491637,1.991648904115207]
["CAP MODIFICADO POR POLÍMERO 60-85-E","2017-04-01","***","***",1.9417392474548527,1.9274630177947831,1.9701131238209448,1.9534193639194128]
["CAP MODIFICADO POR POLÍMERO 60-85-E","2017-05-01","***","***",1.8398175664355454,1.9236930227454796,1.9252443441654075,1.9212415855665488]
["CAP MODIFICADO POR POLÍMERO 60-85-E","2017-06-01","***","***",1.9590391683676356,2.0234578105624221,1.9546933602163521,1.9874079066367785]
["CAP MODIFICADO POR POLÍMERO 60-85-E","2017-07-01","***","***",1.9599138810522696,1.9123118677228297,1.9285653669324969,1.9257865217308878]
["CAP MODIFICADO POR POLÍMERO 60-85-E","2017-08-01","***",1.91,2.1788977923318931,1.8754382017051274,1.9052611491761893,1.9397072011380023]
["CAP MODIFICADO POR POLÍMERO 60-85-E","2017-09-01","***",2.0217268590810189,2.0131467477320442,1.8755009007866321,1.9285591899527263,1.9174436754930808]
["CAP MODIFICADO POR POLÍMERO 60-85-E","2017-10-01","***",2.2352117935464255,1.891909051730414,1.8750814823408124,1.9318636366355004,1.9084070930867227]
["CAP MODIFICADO POR POLÍMERO 60-85-E","2017-11-01","***",2.4664525888713364,2.1127029484724784,2.1018467397968306,2.0434117083884029,2.1152514607173116]
["CAP MODIFICADO POR POLÍMERO 60-85-E","2017-12-01","***",2.4664695231527496,2.02556639798558,2.1073903698669652,2.01629795028557,2.0984402713134291]
["CAP MODIFICADO POR POLÍMERO 60-85-E","2018-01-01","***",2.5469949475947322,2.4384371426566647,2.2358614527312675,2.2171168014774421,2.2629054895005178]
["CAP MODIFICADO POR POLÍMERO 60-85-E","2018-02-01","***",2.5612947680566411,2.2360692367149761,2.2315746289109679,2.1762960905145343,2.2149567719182968]
["CAP MODIFICADO POR POLÍMERO 60-85-E","2018-03-01","***","***",2.2646003229208609,2.2070469391799641,2.1264791384299855,2.1795876274408039]
["CAP MODIFICADO POR POLÍMERO 60-85-E","2018-04-01","***","***",2.2530100000000002,2.2375301506500862,2.1921167528385155,2.2244667319431342]
["CAP MODIFICADO POR POLÍMERO 60-85-E","2018-05-01","***",2.622374961131841,2.4159609188768467,2.4135010247529545,2.2548217490322249,2.376574591267993]
["CAP MODIFICADO POR POLÍMERO 60-85-E","2018-06-01","***",2.7072610102942862,2.6366735277545117,2.496114817059504,2.4197077653545853,2.4863998558944611]
["CAP MODIFICADO POR POLÍMERO 60-85-E","2018-07-01","***","***",2.9856520055014539,2.7687975713177142,2.5975237297684997,2.7183820918840818]
["CAP MODIFICADO POR POLÍMERO 60-85-E","2018-08-01","***",2.9785798440467288,3.43775198740865,2.809949831486322,2.8377436180356383,2.8595321784884824]
["CAP MODIFICADO POR POLÍMERO 60-85-E","2018-09-01","***",3.0288317837351397,3.1526582663304739,2.82299012679302,2.8319182067122717,2.8661217153191361]
["CAP MODIFICADO POR POLÍMERO 60-85-E","2018-10-01","***",2.9754735957686638,2.6978103392262791,2.8399603171882393,2.9087584341858652,2.8305252775557017]
["CAP MODIFICADO POR POLÍMERO 60-85-E","2018-11-01","***",3.4960399999999998,3.5065628178686712,3.2479593373890165,3.2154082821383607,3.2653535150540405]
["CAP MODIFICADO POR POLÍMERO 60-85-E","2018-12-01","***",3.4762639486091467,"***",3.062417022364742,3.2761020718399232,3.1850009025328765]
["CAP MODIFICADO POR POLÍMERO 60-85-E","2019-01-01","***","***",3.2984900000000001,3.1537928781818518,3.3104892304997509,3.2090943070935318]
["CAP MODIFICADO POR POLÍMERO 60-85-E","2019-02-01","***",3.8243,3.4370900000000004,3.2445725177690448,3.5067303436481461,3.3928274589658396]
["CAP MODIFICADO POR POLÍMERO 60-85-E","2019-03-01","***","***",3.4388100000000001,3.5817124289494147,3.4957396295506467,3.5314146829726725]
["CAP MODIFICADO POR POLÍMERO 60-85-E","2019-04-01","***","***",3.6030053906659671,3.6230722179114188,3.4086359567258615,3.5013793146388652]
["CAP MODIFICADO POR POLÍMERO 60-85-E","2019-05-01","***",2.92,3.4084485162137197,3.377171021636646,3.3369712096327668,3.3513016514541265]
["CAP MODIFICADO POR POLÍMERO 60-85-E","2019-06-01","***",2.83,3.4956463967390063,3.2959067433493567,3.3172709117229702,3.3198427580823728]
["CAP MODIFICADO POR POLÍMERO 60-85-E","2019-07-01","***",2.8806142784351469,3.3714609849303385,3.2505922060170143,3.2993135893047212,3.2750501233058933]
["CAP MODIFICADO POR POLÍMERO 60-85-E","2019-08-01","***",2.8901662890490902,3.5204971826625391,3.0400072618417791,3.0217354800796339,3.0431984971675203]
["CAP MODIFICADO POR POLÍMERO 60-85-E","2019-09-01","***",2.9309301776830137,3.3454565078242231,3.0924620231875752,2.9448002346399327,3.01290073172698]
["CAP MODIFICADO POR POLÍMERO 60-85-E","2019-10-01",5.1157286819825902,2.9521600000000001,3.4835160416586897,3.206771190528023,3.0223676088136973,3.1716192744850025]
["CAP MODIFICADO POR POLÍMERO 60-85-E","2019-11-01",5.0523374241735768,3.0047600000000001,3.2270415866150284,3.1396244421580617,3.0644136004264615,3.1922322316490379]
["CAP MODIFICADO POR POLÍMERO 60-85-E","2019-12-01",2.965626657762801,2.9665591317516409,3.3373148398801975,3.1291821337456192,3.1005852468144881,3.1189710140570588]
["CAP MODIFICADO POR POLÍMERO 60-85-E","2020-01-01","***","***",3.3063472398559095,3.2019147545618289,3.1704032948858543,3.1996312189612239]
["CAP MODIFICADO POR POLÍMERO 60-85-E","2020-02-01","***",3.09,3.3666734313373969,3.0284676665989543,3.0271525063124618,3.0350577961537981]
["CAP MODIFICADO POR POLÍMERO 60-85-E","2020-03-01",3.1619899999999999,"***",3.0209352421477447,3.0105097471600137,2.9941371554596361,3.0073074923039926]
["CAP MODIFICADO POR POLÍMERO 60-85-E","2020-04-01","***","***",2.8510669411839755,3.039518495705178,3.0676036161303171,3.037039259769537]
["CAP MODIFICADO POR POLÍMERO 60-85-E","2020-05-01",3.1061951230001719,"***",2.9128190626123645,2.8663722683874404,2.9475543302157359,2.8963264708594729]
["CAP MODIFICADO POR POLÍMERO 60-85-E","2020-06-01",3.3609231381455515,"***",2.9773387426176203,2.8857063178554077,3.0032841775396082,2.9328307182492757]
["CAP MODIFICADO POR POLÍMERO 60-85-E","2020-07-01","***",2.7247499999999998,3.0555668147559865,2.8374457906055532,2.9169283312164991,2.8975763172694018]
["CAP MODIFICADO POR POLÍMERO 60-85-E","2020-08-01","***",3.170399321718413,3.2092792019429885,3.00189738634832,3.0386347969171941,3.0748855623284332]
["CAP MODIFICADO POR POLÍMERO 60-85-E","2020-09-01","***",3.0878252015478878,3.2173951895787147,2.9978681642550993,3.0679912273306531,3.0699556679582574]
["CAP MODIFICADO POR POLÍMERO 60-85-E","2020-10-01","***",2.7798699999999998,3.0723038819939861,2.9720762557494225,3.0858062516787363,3.0262081688454492]
["CAP MODIFICADO POR POLÍMERO 60-85-E","2020-11-01","***",3.6761435633262258,3.2675540607214169,3.2709185181030196,3.3209484562158647,3.2906019565770781]
["CAP MODIFICADO POR POLÍMERO 60-85-E","2020-12-01","***",3.3960676198581559,3.3094809852023901,3.2038027019816311,3.3832263442815589,3.2786426451297301]
["CAP MODIFICADO POR POLÍMERO 60-85-E","2021-01-01","***",3.1765817139056587,3.5869801314781111,3.2539475720154503,3.3493346395686547,3.3107804170987825]
["CAP MODIFICADO POR POLÍMERO 60-85-E","2021-02-01","***",3.3177748383812675,3.7700710862629707,3.6072248569476661,3.5450143794151137,3.5782812268698088]
["CAP MODIFICADO POR POLÍMERO 60-85-E","2021-03-01","***",3.3587524163478961,3.2735467324069929,3.3592829129245536,3.5150851308302506,3.4129956475156265]
["CAP MODIFICADO POR POLÍMERO 60-85-E","2021-04-01",3.3293900000000001,3.32864,3.5622006001837789,3.3889220969885301,3.4756062618434518,3.4253847898296597]
["CAP MODIFICADO POR POLÍMERO 60-85-E","2021-05-01","***",3.4723597061136231,3.951514582246062,4.1615768297891504,4.0945094179250949,4.1001975649679476]
["CAP MODIFICADO POR POLÍMERO 60-85-E","2021-06-01","***",3.4819801872634413,4.1761560435245713,4.0819960696899722,4.1384935339785818,4.0548836579046528]
["CAP MODIFICADO POR POLÍMERO 60-85-E","2021-07-01","***",3.66656,4.9451973785201231,4.1727019915174957,4.0925884863852611,4.1961472804704778]
["CAP MODIFICADO POR POLÍMERO 60-85-E","2021-08-01","***",3.8082009178861291,5.2457261351803259,4.2554847281975539,4.1890839170485554,4.3244093917070732]
["CAP MODIFICADO POR POLÍMERO 60-85-E","2021-09-01","***",4.2890516608806868,5.2728018155608707,4.4650783396120275,4.3244818831483283,4.5248491020228867]
["CAP MODIFICADO POR POLÍMERO 60-85-E","2021-10-01","***",4.4406806812988577,4.8686489590394659,4.3797938883091767,4.3980637334059782,4.4496488853661038]
["CAP MODIFICADO POR POLÍMERO 60-85-E","2021-11-01","***",4.7070784469299252,5.2863263310791879,4.8440122851480805,4.8874882767850867,4.8869115639582104]
["CAP MODIFICADO POR POLÍMERO 60-85-E","2021-12-01","***",4.9547295907037698,5.207090158478012,4.8709201439275471,4.9947107493078446,4.9446146715279058]
["CAP MODIFICADO POR POLÍMERO 60-85-E","2022-01-01","***",4.8081102817246446,5.263903037186985,4.8784563436162349,5.0011090853498619,4.9186688574536603]
["CAP MODIFICADO POR POLÍMERO 60-85-E","2022-02-01","***",4.6529460332347208,5.5706980889483368,5.2045127435568288,5.3145722799009532,5.2228361292457102]
["CAP MODIFICADO POR POLÍMERO 60-85-E","2022-03-01","***",5.1594966866030587,5.0533934926902777,5.2173932049172516,5.3696156039234522,5.2385502663564143]
["CAP MODIFICADO POR POLÍMERO 60-85-E","2022-04-01","***",5.6225452787161263,5.6189118914318765,5.6965027771382752,5.2529354414335607,5.5624927079338056]
["CAP MODIFICADO POR POLÍMERO 60-85-E","2022-05-01","***",5.4080399697942481,5.616015125022833,5.6295370477716355,5.1251907984151801,5.4850449368408984]
["CAP MODIFICADO POR POLÍMERO 60-85-E","2022-06-01","***",5.31968714777976,5.6202348137024272,5.5215625229633289,5.0901059604266914,5.4182352462024834]
["CAP MODIFICADO POR POLÍMERO 60-85-E","2022-07-01","***",6.2405948121716293,5.7030823082137161,5.4933790996513645,5.2367948669495048,5.516680442555379]
["CAP MODIFICADO POR POLÍMERO 60-85-E","2022-08-01","***",5.6840757477419963,5.5853204934837475,5.3671212798247572,5.0136921654253692,5.4048444688737609]
["CAP MODIFICADO POR POLÍMERO 60-85-E","2022-09-01","***",5.4107226757301428,5.6591606222236299,5.1154518178758019,4.8087474057713679,5.1821317068372377]
["CAP MODIFICADO POR POLÍMERO 60-85-E","2022-10-01","***",5.0463689566594345,4.9083578473148375,4.7323336533961919,4.7512057378117376,4.7876477022245663]
["CAP MODIFICADO POR POLÍMERO 60-85-E","2022-11-01","***",5.0302210372112404,5.2320166409668678,4.6709251248786794,4.8135614945633449,4.8309031608133681]
["CAP MODIFICADO POR POLÍMERO 60-85-E","2022-12-01",4.9544996900861813,4.8125502509463649,6.0846393551166678,4.5058442660736411,4.7857041007691565,4.8264877020591772]
["CAP MODIFICADO POR POLÍMERO 60-85-E","2023-01-01","***",4.6664699920175066,5.5406798954535699,4.2945819754937515,4.3895263686975712,4.457778879279255]
["CAP MODIFICADO POR POLÍMERO 60-85-E","2023-02-01","***",4.8532126494431331,4.6698196309429045,4.3089346541180218,4.2217851675698155,4.3542531174748262]
["CAP MODIFICADO POR POLÍMERO 60-85-E","2023-03-01","***",5.4251470718902297,4.5502484265662364,4.2404564852797462,3.9898959894292529,4.2200551288305288]
["CAP MODIFICADO POR POLÍMERO 60-85-E","2023-04-01","***",4.7343999999999999,4.4903104310819772,4.3576109414762909,3.9008723072062788,4.2468802270024053]
["CAP MODIFICADO POR POLÍMERO 60-85-E","2023-05-01",4.8071173706914436,4.4499156833411257,5.1892829601018571,4.3340402856941047,3.8808492004096382,4.4982969039745679]
["CAP MODIFICADO POR POLÍMERO 60-85-E","2023-06-01",4.5875339404331283,4.2594599999999998,5.0941207108213211,4.2321367243352821,3.7454432539704481,4.467448155355906]
["CAP MODIFICADO POR POLÍMERO 60-85-E","2023-07-01",4.9155000593869129,4.6069399999999998,4.7788868436144814,4.0358222697719448,3.8635791505247896,4.2500323193857277]
["CAP MODIFICADO POR POLÍMERO 60-85-E","2023-08-01",4.8567413386693925,4.5233640866873071,4.8370653203146645,3.9270428133854547,3.8512205596235023,4.1282207656952234]
["CAP MODIFICADO POR POLÍMERO 60-85-E","2023-09-01",5.2653698451668625,5.4742080552531815,5.0956811103429098,4.2266871111981317,4.0660762119502349,4.4371641276556941]
["CAP MODIFICADO POR POLÍMERO 60-85-E","2023-10-01",4.6318293428285848,5.4991882177865481,4.8108385949335721,4.2603693182895697,4.0577638119459492,4.3307554912630977]
["CAP MODIFICADO POR POLÍMERO 60-85-E","2023-11-01",5.4463691295237524,5.4714668889480693,4.8121900238038009,4.2776023347352421,4.093510048579752,4.4168869548813694]
["CAP MODIFICADO POR POLÍMERO 60-85-E","2023-12-01",4.4843992221686326,4.4213135598628064,4.9458389147661226,4.2689462929526361,4.1003398215581432,4.4064960023666933]
["CAP MODIFICADO POR POLÍMERO 60-85-E","2024-01-01",6.2244866998892574,4.4738381798792943,4.4703800772114706,4.0466676090101181,3.9266583311041656,4.115369865251453]
["CAP MODIFICADO POR POLÍMERO 60-85-E","2024-02-01",5.7221560032760035,4.3346805398322843,4.5158752451611051,3.9532962753787415,3.8999850616668512,4.1035095870814047]
["CAP MODIFICADO POR POLÍMERO 60-85-E","2024-03-01",5.5171348391728889,5.1750449868828303,4.3499348639362516,3.949756251912393,3.9906340611067765,4.0988088316147779]
["CAP MODIFICADO POR POLÍMERO 60-85-E","2024-04-01",5.0408098792799159,4.0067155660486335,4.5592780870397647,3.8997535663954639,4.0383749114960716,4.1189074066869029]
["CAP MODIFICADO POR POLÍMERO 60-85-E","2024-05-01",4.6991132329460124,4.018563660933661,4.95408936304554,4.0806585433115279,4.1572405351145898,4.3901808754993885]
["CAP MODIFICADO POR POLÍMERO 60-85-E","2024-06-01",5.1478470955710947,4.3577541368544299,5.0182129283199979,3.9916539087046963,4.0934421799016674,4.3458290556401185]
["CAP MODIFICADO POR POLÍMERO 60-85-E","2024-07-01",5.0145929273707592,4.7001540890296472,4.9695787073992737,4.128487906177706,4.1464196187752043,4.4172912073228883]
["CAP MODIFICADO POR POLÍMERO 65-90-E","2015-09-01","***","***","***","***","***","***"]
["CAP MODIFICADO POR POLÍMERO 65-90-E","2015-10-01","***","***",1.82155,1.55888,1.9466000000000006,1.8700576252014653]
["CAP MODIFICADO POR POLÍMERO 65-90-E","2015-11-01","***",2.2246999999999999,"***",1.6900387529331682,2.1355163762967173,1.8745215560674739]
["CAP MODIFICADO POR POLÍMERO 65-90-E","2015-12-01","***","***","***",1.6944837612034505,2.0958999999999999,1.7132192564735143]
["CAP MODIFICADO POR POLÍMERO 65-90-E","2016-01-01","***",2.3607,"***",2.3210858352035912,"***",2.3257292713892932]
["CAP MODIFICADO POR POLÍMERO 65-90-E","2016-02-01","***",2.1938,"***",2.6292200000000001,2.147089423250768,2.2915581827531897]
["CAP MODIFICADO POR POLÍMERO 65-90-E","2016-03-01","***","***","***",1.9236413262447016,2.0958999999999999,1.9549353060144634]
["CAP MODIFICADO POR POLÍMERO 65-90-E","2016-04-01","***","***","***","***",2.4382090139674095,2.4382090139674095]
["CAP MODIFICADO POR POLÍMERO 65-90-E","2016-05-01","***","***","***",2.402661729172308,2.3422453871268654,2.3804700832333965]
["CAP MODIFICADO POR POLÍMERO 65-90-E","2016-06-01","***","***",2.2805200000000001,2.3779867618353645,2.259952711098804,2.3298746277932452]
["CAP MODIFICADO POR POLÍMERO 65-90-E","2016-07-01","***","***",2.2805200000000005,2.4198648504295619,2.2951986514946734,2.305933765726762]
["CAP MODIFICADO POR POLÍMERO 65-90-E","2016-08-01","***","***",2.2805200000000001,"***",2.3170317647800815,2.3161374191712545]
["CAP MODIFICADO POR POLÍMERO 65-90-E","2016-09-01","***","***",2.4327000000000001,2.205226025983487,2.0611791716447203,2.0837038112357851]
["CAP MODIFICADO POR POLÍMERO 65-90-E","2016-10-01","***","***",2.0818814169180913,1.9147860468027738,2.0459658783141004,2.022578093312462]
["CAP MODIFICADO POR POLÍMERO 65-90-E","2016-11-01","***","***","***",1.8286732818046729,2.00898474976362,1.9656936288136686]
["CAP MODIFICADO POR POLÍMERO 65-90-E","2016-12-01","***","***","***","***",1.8970115133214926,1.8970115133214926]
["CAP MODIFICADO POR POLÍMERO 65-90-E","2017-01-01","***","***","***","***",1.6231242228140972,1.6231242228140972]
["CAP MODIFICADO POR POLÍMERO 65-90-E","2017-02-01","***","***","***","***",1.6082047035338094,1.6082047035338094]
["CAP MODIFICADO POR POLÍMERO 65-90-E","2017-03-01","***","***","***","***",1.8309915040905302,1.8309915040905302]
["CAP MODIFICADO POR POLÍMERO 65-90-E","2017-04-01","***","***","***",2.0295278334946754,1.6899640591953449,1.7218521845454544]
["CAP MODIFICADO POR POLÍMERO 65-90-E","2017-05-01","***","***",1.8264199999999999,1.7751000000000001,1.8513767789683373,1.8503847129306914]
["CAP MODIFICADO POR POLÍMERO 65-90-E","2017-06-01","***","***",2.4799599999999997,2.015040598981451,1.968933762774655,2.0388803095770105]
["CAP MODIFICADO POR POLÍMERO 65-90-E","2017-07-01","***","***",2.2144497198965505,2.0035197764647736,1.9569000000000001,2.0276646547043691]
["CAP MODIFICADO POR POLÍMERO 65-90-E","2017-08-01","***","***",2.4127136041963011,1.9714313192037571,1.9569000000000003,2.0358817299221195]
["CAP MODIFICADO POR POLÍMERO 65-90-E","2017-09-01","***","***",2.5316578291530352,1.9940098016500516,1.9637643858267717,2.0464291416254694]
["CAP MODIFICADO POR POLÍMERO 65-90-E","2017-10-01","***","***",2.6283834077047179,2.0189193823209757,1.8366357756450595,2.1481928647824584]
["CAP MODIFICADO POR POLÍMERO 65-90-E","2017-11-01","***","***",2.5686692817792287,2.3690511495967885,2.0631097147844022,2.3169807051615914]
["CAP MODIFICADO POR POLÍMERO 65-90-E","2017-12-01","***",2.3750300000000002,2.6435635641620561,2.2241003413061611,2.1192000000000002,2.2447565981216897]
["CAP MODIFICADO POR POLÍMERO 65-90-E","2018-01-01","***",2.5321109700427957,2.4082699999999999,2.4470716776737502,"***",2.4583590677371583]
["CAP MODIFICADO POR POLÍMERO 65-90-E","2018-02-01","***",2.5274399999999999,"***","***",2.2187999999999999,2.2746262213934565]
["CAP MODIFICADO POR POLÍMERO 65-90-E","2018-03-01","***",2.5274399999999999,2.4082699999999999,"***",1.9971401162790696,2.18330072450805]
["CAP MODIFICADO POR POLÍMERO 65-90-E","2018-04-01","***",2.47174,2.3693599999999999,"***",2.0878999999999999,2.3156321348088529]
["CAP MODIFICADO POR POLÍMERO 65-90-E","2018-05-01","***",2.5092293363064009,"***",2.1265399999999999,2.2503894560482522,2.3127857875017348]
["CAP MODIFICADO POR POLÍMERO 65-90-E","2018-06-01","***",2.7120466145530147,2.804630200991908,2.2560121989528796,2.3363465419640663,2.4952213362794251]
["CAP MODIFICADO POR POLÍMERO 65-90-E","2018-07-01","***",2.8704700000000001,2.6909841569695852,2.6551053603254551,2.5738427095114536,2.6609078039826866]
["CAP MODIFICADO POR POLÍMERO 65-90-E","2018-08-01","***","***",2.8451041635072127,2.75008803119922,2.6785999999999999,2.781924202006909]
["CAP MODIFICADO POR POLÍMERO 65-90-E","2018-09-01","***","***",2.9582600000000006,2.588227299597738,2.6945213240049388,2.7194762340700018]
["CAP MODIFICADO POR POLÍMERO 65-90-E","2018-10-01","***","***",2.4863799999999996,2.5823507044906124,2.6855796653055344,2.6461121291098029]
["CAP MODIFICADO POR POLÍMERO 65-90-E","2018-11-01","***","***",3.3710300000000006,2.8811166935830084,2.9951060950447288,3.0007603004907102]
["CAP MODIFICADO POR POLÍMERO 65-90-E","2018-12-01","***","***",2.8938600000000001,3.0403049509363251,2.9863900000000005,3.0072769196752205]
["CAP MODIFICADO POR POLÍMERO 65-90-E","2019-01-01","***","***",3.3668100000000001,3.0815307779421488,2.9702676983770604,3.0477507497144631]
["CAP MODIFICADO POR POLÍMERO 65-90-E","2019-02-01","***","***","***",3.2435547966434837,3.4847299999999994,3.2508481342326161]
["CAP MODIFICADO POR POLÍMERO 65-90-E","2019-03-01","***","***","***",3.2414090214182192,3.2868999999999997,3.2497490009206085]
["CAP MODIFICADO POR POLÍMERO 65-90-E","2019-04-01","***","***","***",2.9872117804528147,3.3973878130617141,3.0413097469046639]
["CAP MODIFICADO POR POLÍMERO 65-90-E","2019-05-01","***","***","***",3.5808099999999996,3.2869000000000002,3.4986915110869132]
["CAP MODIFICADO POR POLÍMERO 65-90-E","2019-06-01","***","***","***",3.4817355351778656,3.3253197185383079,3.4108612031472916]
["CAP MODIFICADO POR POLÍMERO 65-90-E","2019-07-01","***","***","***","***",3.1891014553211661,3.1891014553211661]
["CAP MODIFICADO POR POLÍMERO 65-90-E","2019-08-01","***","***","***",3.3295399999999997,3.1606349724072311,3.2140277771993753]
["CAP MODIFICADO POR POLÍMERO 65-90-E","2019-09-01","***","***","***",3.888592315021655,3.1564066872377192,3.6910969607484105]
["CAP MODIFICADO POR POLÍMERO 65-90-E","2019-10-01","***","***","***",3.7084807442794956,"***",3.7084807442794956]
["CAP MODIFICADO POR POLÍMERO 65-90-E","2019-11-01","***","***","***",3.3165905540581018,"***",3.3165905540581018]
["CAP MODIFICADO POR POLÍMERO 65-90-E","2019-12-01","***","***","***",3.4165800000000002,3.4649999999999999,3.4441823199716208]
["CAP MODIFICADO POR POLÍMERO 65-90-E","2020-01-01","***","***","***",4.0702499999999997,"***",4.0702499999999997]
["CAP MODIFICADO POR POLÍMERO 65-90-E","2020-02-01","***","***","***","***","***","***"]
["CAP MODIFICADO POR POLÍMERO 65-90-E","2020-03-01","***","***","***",3.8525,"***",3.8525]
["CAP MODIFICADO POR POLÍMERO 65-90-E","2020-04-01","***","***","***","***",3.36836,3.36836]
["CAP MODIFICADO POR POLÍMERO 65-90-E","2020-05-01","***","***","***",3.1595300000000002,"***",3.1595300000000002]
["CAP MODIFICADO POR POLÍMERO 65-90-E","2020-06-01","***","***","***",3.0287714060284778,3.37113,3.0705843576839826]
["CAP MODIFICADO POR POLÍMERO 65-90-E","2020-07-01","***","***","***",2.9180130065840295,3.0287899999999999,2.9368747793444423]
["CAP MODIFICADO POR POLÍMERO 65-90-E","2020-08-01","***","***","***",3.208295842654735,3.6035903088710644,3.3300157039112324]
["CAP MODIFICADO POR POLÍMERO 65-90-E","2020-09-01","***",3.6783999999999999,"***",2.9572263989986896,1.4694107196024295,2.0403610225135527]
["CAP MODIFICADO POR POLÍMERO 65-90-E","2020-10-01","***",3.6783999999999994,"***",3.0749146935787501,2.9420709728534367,3.0838099019199872]
["CAP MODIFICADO POR POLÍMERO 65-90-E","2020-11-01","***",3.2835800000000002,"***",3.1591974659400544,3.3077576386491563,3.2644339414203642]
["CAP MODIFICADO POR POLÍMERO 65-90-E","2020-12-01","***",3.2835800000000002,"***",3.1590910750744889,3.1259513085322599,3.143313192924579]
["CAP MODIFICADO POR POLÍMERO 65-90-E","2021-01-01","***","***","***",3.1597642449959285,"***",3.1597642449959285]
["CAP MODIFICADO POR POLÍMERO 65-90-E","2021-02-01","***","***","***",3.4199975554418294,"***",3.4199975554418294]
["CAP MODIFICADO POR POLÍMERO 65-90-E","2021-03-01","***",4.2064000000000004,"***",3.4172844618641931,3.3537699999999999,3.4731874618923908]
["CAP MODIFICADO POR POLÍMERO 65-90-E","2021-04-01","***",4.2064000000000004,"***",3.4665533082875051,3.5064737636336472,3.5308457855634057]
["CAP MODIFICADO POR POLÍMERO 65-90-E","2021-05-01","***",5.2140000000000013,"***",4.2984020585130436,"***",4.4702606866137877]
["CAP MODIFICADO POR POLÍMERO 65-90-E","2021-06-01","***",5.2140000000000004,"***",4.1506740838323353,4.3075542695722362,4.3006888290680836]
["CAP MODIFICADO POR POLÍMERO 65-90-E","2021-07-01","***",4.4874499999999999,"***",4.2880269612191668,"***",4.2966660075747019]
["CAP MODIFICADO POR POLÍMERO 65-90-E","2021-08-01","***",4.7308300000000001,"***",4.3811282133624632,"***",4.4150593323470195]
["CAP MODIFICADO POR POLÍMERO 65-90-E","2021-09-01","***",4.5063899999999997,"***",4.308474006134511,4.9359400000000004,4.3770211788829902]
["CAP MODIFICADO POR POLÍMERO 65-90-E","2021-10-01","***","***","***",4.6386075597360721,4.9359400000000004,4.6413377465354912]
["CAP MODIFICADO POR POLÍMERO 65-90-E","2021-11-01","***","***","***",4.8226272033416935,"***",4.8226272033416935]
["CAP MODIFICADO POR POLÍMERO 65-90-E","2021-12-01","***",5.5515299999999996,"***",5.0271386175302037,"***",5.059512888660656]
["CAP MODIFICADO POR POLÍMERO 65-90-E","2022-01-01","***","***","***",5.1108941647655266,"***",5.1108941647655266]
["CAP MODIFICADO POR POLÍMERO 65-90-E","2022-02-01","***","***","***",5.5500062296779547,5.9308699999999996,5.5910537270753453]
["CAP MODIFICADO POR POLÍMERO 65-90-E","2022-03-01","***","***","***",5.6423773742937176,"***",5.6423773742937176]
["CAP MODIFICADO POR POLÍMERO 65-90-E","2022-04-01","***",6.3447699999999996,"***",6.0004299999999997,"***",6.130479515392719]
["CAP MODIFICADO POR POLÍMERO 65-90-E","2022-05-01","***",6.1749715629011552,5.5873900000000001,6.1204015976447499,5.9695099999999996,6.0845880953756541]
["CAP MODIFICADO POR POLÍMERO 65-90-E","2022-06-01","***",6.1620124509051015,5.5873899999999992,5.9855100000000006,"***",5.8608465581569753]
["CAP MODIFICADO POR POLÍMERO 65-90-E","2022-07-01","***",6.1486524889339229,5.6879900000000001,"***",6.0167000000000002,6.0822876450777201]
["CAP MODIFICADO POR POLÍMERO 65-90-E","2022-08-01","***",6.222785891703924,"***","***",5.3651799999999996,5.916028966177409]
["CAP MODIFICADO POR POLÍMERO 65-90-E","2022-09-01","***",6.0123366451401941,"***","***",5.5873576965962437,5.9197384572597658]
["CAP MODIFICADO POR POLÍMERO 65-90-E","2022-10-01","***",5.5958699999999997,"***",5.1038443809952723,"***",5.1648185966227409]
["CAP MODIFICADO POR POLÍMERO 65-90-E","2022-11-01","***",5.1053298461275425,"***",5.1578417588693393,"***",5.1502615575409072]
["CAP MODIFICADO POR POLÍMERO 65-90-E","2022-12-01","***",5.0620806692039322,"***",4.674058051128295,4.718143455292819,4.7266232003043154]
["CAP MODIFICADO POR POLÍMERO 65-90-E","2023-01-01","***",5.1244668730650158,"***",4.7105463185544707,"***",4.7827723154609147]
["CAP MODIFICADO POR POLÍMERO 65-90-E","2023-02-01","***",5.06386,"***",4.6839759250160853,4.7410399999999999,4.7643442608050046]
["CAP MODIFICADO POR POLÍMERO 65-90-E","2023-03-01","***",5.2004900000000003,"***",4.4260811354563998,4.4109499999999997,4.4844846928400317]
["CAP MODIFICADO POR POLÍMERO 65-90-E","2023-04-01","***",5.1834199999999999,3.5742599999999998,4.5764145271532763,"***",4.4274986396685172]
["CAP MODIFICADO POR POLÍMERO 65-90-E","2023-05-01","***","***",3.7837899999999998,4.5813380217112494,4.445834055532961,4.3592429575071128]
["CAP MODIFICADO POR POLÍMERO 65-90-E","2023-06-01","***","***","***",4.5228506090875857,4.3864967676078237,4.4753020709334645]
["CAP MODIFICADO POR POLÍMERO 65-90-E","2023-07-01","***","***","***",4.5322064288618806,4.4828542581681843,4.5197554302219514]
["CAP MODIFICADO POR POLÍMERO 65-90-E","2023-08-01","***","***","***",4.4510855095769015,4.4114800000000001,4.4442182459975186]
["CAP MODIFICADO POR POLÍMERO 65-90-E","2023-09-01","***","***","***",4.6859799999999998,4.4675789908814583,4.5637877477722606]
["CAP MODIFICADO POR POLÍMERO 65-90-E","2023-10-01","***","***","***",4.3485184566077422,4.7706299999999997,4.442149215541094]
["CAP MODIFICADO POR POLÍMERO 65-90-E","2023-11-01","***","***",4.0297499999999999,4.5253631621981363,4.4809678130959947,4.4404785105080604]
["CAP MODIFICADO POR POLÍMERO 65-90-E","2023-12-01","***","***",4.2520057773771969,4.4080255751668416,4.264759999999999,4.3178400548874283]
["CAP MODIFICADO POR POLÍMERO 65-90-E","2024-01-01","***","***",4.5437700000000003,4.3405943526532935,4.16282,4.3294500647148748]
["CAP MODIFICADO POR POLÍMERO 65-90-E","2024-02-01","***","***","***",4.5087866563649497,"***",4.5087866563649497]
["CAP MODIFICADO POR POLÍMERO 65-90-E","2024-03-01","***","***","***",4.70203001532016,4.26701,4.6806090894903472]
["CAP MODIFICADO POR POLÍMERO 65-90-E","2024-04-01","***","***",3.7585899999999999,4.2893563646037043,4.3119300000000003,4.2498905914294332]
["CAP MODIFICADO POR POLÍMERO 65-90-E","2024-05-01","***","***",3.8791099999999998,4.3543272290021537,4.2877217505683669,4.1413615850929766]
["CAP MODIFICADO POR POLÍMERO 65-90-E","2024-06-01","***",5.9355599999999997,3.8640400000000001,4.4499115408230994,"***",4.4808787273163704]
["CAP MODIFICADO POR POLÍMERO 65-90-E","2024-07-01","***",5.3412034405032331,"***",4.3666013227856917,4.5531199999999998,4.5691904396577163]
["CIMENTO ASFÁLTICO MODIFICADO POR POLÍMERO SBS 50-65","2009-12-01","***","***","***",1.5853699999999999,1.4175780343331446,1.4290957037247272]
["CIMENTO ASFÁLTICO MODIFICADO POR POLÍMERO SBS 50-65","2010-01-01","***","***","***","***",1.5227148666013648,1.5227148666013648]
["CIMENTO ASFÁLTICO MODIFICADO POR POLÍMERO SBS 50-65","2010-02-01","***","***","***","***",1.7089338120646214,1.7089338120646214]
["CIMENTO ASFÁLTICO MODIFICADO POR POLÍMERO SBS 50-65","2010-03-01","***","***",1.6739700000000002,"***",1.6360141964296577,1.6371726087725917]
["CIMENTO ASFÁLTICO MODIFICADO POR POLÍMERO SBS 50-65","2010-04-01","***","***",1.6727100013090854,"***",1.6092808441206579,1.6268555694871045]
["CIMENTO ASFÁLTICO MODIFICADO POR POLÍMERO SBS 50-65","2010-05-01","***","***",1.6741145680141454,1.7066100000000002,1.7158413319527466,1.7044144952166924]
["CIMENTO ASFÁLTICO MODIFICADO POR POLÍMERO SBS 50-65","2010-06-01","***","***","***",1.1916100000000001,1.5606875369553845,1.5222050036817372]
["CIMENTO ASFÁLTICO MODIFICADO POR POLÍMERO SBS 50-65","2010-07-01","***","***","***",1.1916100000000001,1.5982250446396034,1.5081673507049846]
["CIMENTO ASFÁLTICO MODIFICADO POR POLÍMERO SBS 50-65","2010-08-01","***","***","***",1.441050366177923,1.6364339523011098,1.5933854435437302]
["CIMENTO ASFÁLTICO MODIFICADO POR POLÍMERO SBS 50-65","2010-09-01","***","***","***",1.78783,1.539526029682075,1.5814451070872826]
["CIMENTO ASFÁLTICO MODIFICADO POR POLÍMERO SBS 50-65","2010-10-01","***","***","***",1.78783,1.4255098064800529,1.4532206071297715]
["CIMENTO ASFÁLTICO MODIFICADO POR POLÍMERO SBS 50-65","2010-11-01","***","***","***",1.1916100000000001,1.2947742270659188,1.2726645440186215]
["CIMENTO ASFÁLTICO MODIFICADO POR POLÍMERO SBS 50-65","2010-12-01","***","***","***","***","***","***"]
["CIMENTO ASFÁLTICO MODIFICADO POR POLÍMERO SBS 50-65","2011-01-01","***","***","***","***",1.2947756914893618,1.2947756914893618]
["CIMENTO ASFÁLTICO MODIFICADO POR POLÍMERO SBS 50-65","2011-02-01","***","***","***","***","***","***"]
["CIMENTO ASFÁLTICO MODIFICADO POR POLÍMERO SBS 50-65","2011-03-01","***","***","***","***","***","***"]
["CIMENTO ASFÁLTICO MODIFICADO POR POLÍMERO SBS 50-65","2011-04-01","***","***","***",1.2591949999999998,"***",1.2591949999999998]
["CIMENTO ASFÁLTICO MODIFICADO POR POLÍMERO SBS 50-65","2011-05-01","***","***",1.6439900000000001,1.1741618769349846,"***",1.324674936875329]
["CIMENTO ASFÁLTICO MODIFICADO POR POLÍMERO SBS 50-65","2011-06-01","***","***",1.6383241197205665,1.1746700000000001,"***",1.6014024503037811]
["CIMENTO ASFÁLTICO MODIFICADO POR POLÍMERO SBS 50-65","2011-07-01","***","***",1.4925409986848124,1.1730400000000001,"***",1.4723694653523691]
["CIMENTO ASFÁLTICO MODIFICADO POR POLÍMERO SBS 50-65","2011-08-01","***","***",1.3751659402633132,1.172925001042318,"***",1.3604365728383818]
["CIMENTO ASFÁLTICO MODIFICADO POR POLÍMERO SBS 50-65","2011-09-01","***","***",1.3750899999999999,1.1730031992486072,1.5575300000000001,1.3311407755452558]
["CIMENTO ASFÁLTICO MODIFICADO POR POLÍMERO SBS 50-65","2011-10-01","***","***","***",1.1704656716417912,"***",1.1704656716417912]
["CIMENTO ASFÁLTICO MODIFICADO POR POLÍMERO SBS 50-65","2011-11-01","***","***","***","***","***","***"]
["CIMENTO ASFÁLTICO MODIFICADO POR POLÍMERO SBS 50-65","2011-12-01","***","***","***",1.10371,"***",1.10371]
["CIMENTO ASFÁLTICO MODIFICADO POR POLÍMERO SBS 50-65","2012-01-01","***","***","***",1.1037133183023873,"***",1.1037133183023873]
["CIMENTO ASFÁLTICO MODIFICADO POR POLÍMERO SBS 50-65","2012-02-01","***","***","***",1.1037117226670166,"***",1.1037117226670166]
["CIMENTO ASFÁLTICO MODIFICADO POR POLÍMERO SBS 50-65","2012-03-01","***","***","***",1.1037119648497611,"***",1.1037119648497611]
["CIMENTO ASFÁLTICO MODIFICADO POR POLÍMERO SBS 50-65","2012-04-01","***","***","***",1.1037167049543315,"***",1.1037167049543315]
["CIMENTO ASFÁLTICO MODIFICADO POR POLÍMERO SBS 50-65","2012-05-01","***","***",1.56877,1.1252123441037252,"***",1.3474921098562627]
["CIMENTO ASFÁLTICO MODIFICADO POR POLÍMERO SBS 50-65","2012-06-01","***","***",1.56877,1.14682,"***",1.4321106049250534]
["CIMENTO ASFÁLTICO MODIFICADO POR POLÍMERO SBS 50-65","2012-07-01","***","***",1.5687700000000002,1.17455,1.36588,1.372143195945946]
["CIMENTO ASFÁLTICO MODIFICADO POR POLÍMERO SBS 50-65","2012-08-01","***","***",1.56877,1.17455,"***",1.4298126588968694]
["CIMENTO ASFÁLTICO MODIFICADO POR POLÍMERO SBS 50-65","2012-09-01","***","***",1.6187100000000001,"***","***",1.6187100000000001]
["CIMENTO ASFÁLTICO MODIFICADO POR POLÍMERO SBS 50-65","2012-10-01","***","***",1.6387456123380177,"***","***",1.6387456123380177]
["CIMENTO ASFÁLTICO MODIFICADO POR POLÍMERO SBS 50-65","2012-11-01","***","***","***","***","***","***"]
["CIMENTO ASFÁLTICO MODIFICADO POR POLÍMERO SBS 50-65","2012-12-01","***","***","***","***","***","***"]
["CIMENTO ASFÁLTICO MODIFICADO POR POLÍMERO SBS 50-65","2013-01-01","***","***","***","***","***","***"]
["CIMENTO ASFÁLTICO MODIFICADO POR POLÍMERO SBS 50-65","2013-02-01","***","***","***","***","***","***"]
["CIMENTO ASFÁLTICO MODIFICADO POR POLÍMERO SBS 50-65","2013-03-01","***","***","***","***","***","***"]
["CIMENTO ASFÁLTICO MODIFICADO POR POLÍMERO SBS 50-65","2013-04-01","***","***","***",1.3120000000000001,"***",1.3120000000000001]
["CIMENTO ASFÁLTICO MODIFICADO POR POLÍMERO SBS 50-65","2013-05-01","***","***","***",1.3120000000000001,1.3225199999999997,1.3135352611479936]
["CIMENTO ASFÁLTICO MODIFICADO POR POLÍMERO SBS 50-65","2013-06-01","***","***","***",1.3120000000000001,"***",1.3120000000000001]
["CIMENTO ASFÁLTICO MODIFICADO POR POLÍMERO SBS 50-65","2013-07-01","***","***","***",1.3120000000000001,"***",1.3120000000000001]
["CIMENTO ASFÁLTICO MODIFICADO POR POLÍMERO SBS 50-65","2013-08-01","***","***","***","***",1.569720259481038,1.569720259481038]
["CIMENTO ASFÁLTICO MODIFICADO POR POLÍMERO SBS 50-65","2013-09-01","***","***","***",1.3119999999999998,"***",1.3119999999999998]
["CIMENTO ASFÁLTICO MODIFICADO POR POLÍMERO SBS 50-65","2013-10-01","***","***","***","***",1.3614900000000001,1.3614900000000001]
["CIMENTO ASFÁLTICO MODIFICADO POR POLÍMERO SBS 50-65","2013-11-01","***","***","***",1.4475107365538549,"***",1.4475107365538549]
["CIMENTO ASFÁLTICO MODIFICADO POR POLÍMERO SBS 50-65","2013-12-01","***","***","***","***","***","***"]
["CIMENTO ASFÁLTICO MODIFICADO POR POLÍMERO SBS 50-65","2014-01-01","***","***","***",1.4235117923823748,"***",1.4235117923823748]
["CIMENTO ASFÁLTICO MODIFICADO POR POLÍMERO SBS 50-65","2014-02-01","***","***","***","***","***","***"]
["CIMENTO ASFÁLTICO MODIFICADO POR POLÍMERO SBS 50-65","2014-03-01","***","***",1.4269732497883438,"***","***",1.4269732497883438]
["CIMENTO ASFÁLTICO MODIFICADO POR POLÍMERO SBS 50-65","2014-04-01","***","***",1.3033859071393126,"***","***",1.3033859071393126]
["CIMENTO ASFÁLTICO MODIFICADO POR POLÍMERO SBS 50-65","2014-05-01","***","***","***","***","***","***"]
["CIMENTO ASFÁLTICO MODIFICADO POR POLÍMERO SBS 50-65","2014-06-01","***","***","***","***","***","***"]
["CIMENTO ASFÁLTICO MODIFICADO POR POLÍMERO SBS 50-65","2014-07-01","***","***","***","***","***","***"]
["CIMENTO ASFÁLTICO MODIFICADO POR POLÍMERO SBS 50-65","2014-08-01","***","***","***","***","***","***"]
["CIMENTO ASFÁLTICO MODIFICADO POR POLÍMERO SBS 50-65","2014-09-01","***","***","***","***","***","***"]
["CIMENTO ASFÁLTICO MODIFICADO POR POLÍMERO SBS 50-65","2014-10-01","***","***","***","***","***","***"]
["CIMENTO ASFÁLTICO MODIFICADO POR POLÍMERO SBS 50-65","2014-11-01","***","***","***","***","***","***"]
["CIMENTO ASFÁLTICO MODIFICADO POR POLÍMERO SBS 50-65","2014-12-01","***","***","***","***","***","***"]
["CIMENTO ASFÁLTICO MODIFICADO POR POLÍMERO SBS 50-65","2015-01-01","***","***","***","***","***","***"]
["CIMENTO ASFÁLTICO MODIFICADO POR POLÍMERO SBS 50-65","2015-02-01","***","***","***","***","***","***"]
["CIMENTO ASFÁLTICO MODIFICADO POR POLÍMERO SBS 50-65","2015-03-01","***","***","***","***","***","***"]
["CIMENTO ASFÁLTICO MODIFICADO POR POLÍMERO SBS 50-65","2015-04-01","***","***","***","***","***","***"]
["CIMENTO ASFÁLTICO MODIFICADO POR POLÍMERO SBS 50-65","2015-05-01","***","***","***","***","***","***"]
["CIMENTO ASFÁLTICO MODIFICADO POR POLÍMERO SBS 50-65","2015-06-01","***","***","***","***","***","***"]
["CIMENTO ASFÁLTICO MODIFICADO POR POLÍMERO SBS 50-65","2015-07-01","***","***","***","***","***","***"]
["CIMENTO ASFÁLTICO MODIFICADO POR POLÍMERO SBS 50-65","2015-08-01","***","***","***","***","***","***"]
["CIMENTO ASFÁLTICO MODIFICADO POR POLÍMERO SBS 55-75","2009-12-01","***","***","***","***",1.4085247007018027,1.4085247007018027]
["CIMENTO ASFÁLTICO MODIFICADO POR POLÍMERO SBS 55-75","2010-01-01","***",1.4791100000000001,"***","***",1.4119999999999999,1.450170925281842]
["CIMENTO ASFÁLTICO MODIFICADO POR POLÍMERO SBS 55-75","2010-02-01","***","***","***","***",1.3579000000000001,1.3579000000000001]
["CIMENTO ASFÁLTICO MODIFICADO POR POLÍMERO SBS 55-75","2010-03-01","***","***","***","***",1.3579000000000001,1.3579000000000001]
["CIMENTO ASFÁLTICO MODIFICADO POR POLÍMERO SBS 55-75","2010-04-01","***","***","***","***",1.3579000000000001,1.3579000000000001]
["CIMENTO ASFÁLTICO MODIFICADO POR POLÍMERO SBS 55-75","2010-05-01","***","***","***",1.335824099396322,1.3371411609498682,1.3365343806998256]
["CIMENTO ASFÁLTICO MODIFICADO POR POLÍMERO SBS 55-75","2010-06-01","***","***","***","***",1.3492483822797412,1.3492483822797412]
["CIMENTO ASFÁLTICO MODIFICADO POR POLÍMERO SBS 55-75","2010-07-01","***",1.44868,"***","***",1.355732030354772,1.3633325071423599]
["CIMENTO ASFÁLTICO MODIFICADO POR POLÍMERO SBS 55-75","2010-08-01","***","***","***",1.62704,1.3396139892340622,1.3549487880648332]
["CIMENTO ASFÁLTICO MODIFICADO POR POLÍMERO SBS 55-75","2010-09-01","***",1.48319,"***",1.370501854237814,1.3328438754411673,1.38662013509249]
["CIMENTO ASFÁLTICO MODIFICADO POR POLÍMERO SBS 55-75","2010-10-01","***",1.48319,"***",1.3792648636550497,1.3094420737032697,1.3460313551423719]
["CIMENTO ASFÁLTICO MODIFICADO POR POLÍMERO SBS 55-75","2010-11-01","***",1.4831999999999999,"***",1.3082450207117724,1.3296497617494727,1.351569664376058]
["CIMENTO ASFÁLTICO MODIFICADO POR POLÍMERO SBS 55-75","2010-12-01","***","***","***",1.308730630078907,1.3200754854685262,1.3111502506277277]
["CIMENTO ASFÁLTICO MODIFICADO POR POLÍMERO SBS 55-75","2011-01-01","***","***","***",1.2826475553595003,1.2474343583829841,1.279514402204893]
["CIMENTO ASFÁLTICO MODIFICADO POR POLÍMERO SBS 55-75","2011-02-01","***",0.78463168964546981,"***",1.26175681631375,1.2399592992740536,1.1299944498193728]
["CIMENTO ASFÁLTICO MODIFICADO POR POLÍMERO SBS 55-75","2011-03-01","***",1.2996251914733956,"***",1.2808501922158548,1.2338021676063153,1.2566854939877896]
["CIMENTO ASFÁLTICO MODIFICADO POR POLÍMERO SBS 55-75","2011-04-01","***",1.0047351598256449,"***",1.3206800000000001,1.2428463675927452,1.2017634792967831]
["CIMENTO ASFÁLTICO MODIFICADO POR POLÍMERO SBS 55-75","2011-05-01","***",0.64170635477482563,1.6392,1.1187288837828417,1.2408360401638112,1.0682881836423304]
["CIMENTO ASFÁLTICO MODIFICADO POR POLÍMERO SBS 55-75","2011-06-01","***",0.9634607956543827,1.6392,1.1553158220021182,1.2211396712761584,1.1620611962318583]
["CIMENTO ASFÁLTICO MODIFICADO POR POLÍMERO SBS 55-75","2011-07-01","***",1.2441821044546852,1.6490301929954567,1.2627355434567413,1.2302361423095272,1.3480658364966995]
["CIMENTO ASFÁLTICO MODIFICADO POR POLÍMERO SBS 55-75","2011-08-01","***",1.2361395761637386,1.6640999999999999,"***",1.2172296649084702,1.2565885736408151]
["CIMENTO ASFÁLTICO MODIFICADO POR POLÍMERO SBS 55-75","2011-09-01","***",1.4428999999999998,"***",1.362941052219832,1.2034974033416743,1.2434389605884895]
["CIMENTO ASFÁLTICO MODIFICADO POR POLÍMERO SBS 55-75","2011-10-01","***",1.3988614926909613,1.3739400000000002,1.4555,1.1737846124167846,1.3100462594905575]
["CIMENTO ASFÁLTICO MODIFICADO POR POLÍMERO SBS 55-75","2011-11-01","***",1.3504191808920394,"***",1.4382710150831222,1.2702042377648877,1.3281636099899812]
["CIMENTO ASFÁLTICO MODIFICADO POR POLÍMERO SBS 55-75","2011-12-01","***",1.3116941369013233,"***",1.3422100514973714,1.1460981355293409,1.2978681034792567]
["CIMENTO ASFÁLTICO MODIFICADO POR POLÍMERO SBS 55-75","2012-01-01","***",1.3209101535372507,"***",1.3580359146634615,1.2341807745169373,1.2956911162619853]
["CIMENTO ASFÁLTICO MODIFICADO POR POLÍMERO SBS 55-75","2012-02-01","***",1.2906930121566864,"***",1.361523249557969,1.2902423852007598,1.2963331392682682]
["CIMENTO ASFÁLTICO MODIFICADO POR POLÍMERO SBS 55-75","2012-03-01","***",1.3115648818346852,"***",1.41405759081048,1.2989899452948799,1.3128956451485816]
["CIMENTO ASFÁLTICO MODIFICADO POR POLÍMERO SBS 55-75","2012-04-01","***",1.3076635173024704,"***",1.457224823262554,1.2902646767325854,1.3099988146728867]
["CIMENTO ASFÁLTICO MODIFICADO POR POLÍMERO SBS 55-75","2012-05-01","***",0.96958820426787418,"***",1.3870342367136368,1.2912270096463021,1.1326667311411991]
["CIMENTO ASFÁLTICO MODIFICADO POR POLÍMERO SBS 55-75","2012-06-01","***",1.1701404730966323,"***",1.276637219589871,1.3103066359596838,1.2445550617666965]
["CIMENTO ASFÁLTICO MODIFICADO POR POLÍMERO SBS 55-75","2012-07-01","***",1.4348754328977129,"***",1.3393986185983831,1.4178661767344498,1.4087539366296193]
["CIMENTO ASFÁLTICO MODIFICADO POR POLÍMERO SBS 55-75","2012-08-01","***",1.3960953899499453,1.7139000000000004,1.3468000000000002,1.3615477289209512,1.4471253821595651]
["CIMENTO ASFÁLTICO MODIFICADO POR POLÍMERO SBS 55-75","2012-09-01","***",1.3566627289381497,1.7138999999999998,1.4555000000000002,1.4015400096954029,1.4170065712589315]
["CIMENTO ASFÁLTICO MODIFICADO POR POLÍMERO SBS 55-75","2012-10-01","***",1.3691242342553385,1.8283999999999998,1.3163934593724858,1.2594163143145904,1.3767138229706342]
["CIMENTO ASFÁLTICO MODIFICADO POR POLÍMERO SBS 55-75","2012-11-01","***",1.3636168697098827,1.8283999999999998,1.3734999999999999,1.3457855010068078,1.4825564020312414]
["CIMENTO ASFÁLTICO MODIFICADO POR POLÍMERO SBS 55-75","2012-12-01","***",1.343303356441595,1.8284,1.2056500000000001,1.3866577999718666,1.3880223914862104]
["CIMENTO ASFÁLTICO MODIFICADO POR POLÍMERO SBS 55-75","2013-01-01","***",1.3712148691432997,1.8283999999999998,1.3495842531400963,1.3870797655099896,1.3914965239138348]
["CIMENTO ASFÁLTICO MODIFICADO POR POLÍMERO SBS 55-75","2013-02-01","***",1.3809853174157587,1.8284,1.3744712404961985,1.3846009755322071,1.412811319542892]
["CIMENTO ASFÁLTICO MODIFICADO POR POLÍMERO SBS 55-75","2013-03-01","***",1.3783089802922501,"***",1.3098280882092461,1.3793575875974637,1.372979548535709]
["CIMENTO ASFÁLTICO MODIFICADO POR POLÍMERO SBS 55-75","2013-04-01","***",1.3669945456910382,1.8284,1.3283960771827525,1.4031320763378998,1.4070313081023453]
["CIMENTO ASFÁLTICO MODIFICADO POR POLÍMERO SBS 55-75","2013-05-01","***",1.3880124162323715,1.780431223560039,1.2963761451689109,1.4290360611426709,1.4362685830180963]
["CIMENTO ASFÁLTICO MODIFICADO POR POLÍMERO SBS 55-75","2013-06-01","***",1.4021579095618617,1.823902228540963,1.2984873752909876,1.5550054887103821,1.5004443970782166]
["CIMENTO ASFÁLTICO MODIFICADO POR POLÍMERO SBS 55-75","2013-07-01","***",1.3871723656684942,1.8052740763857449,1.3340344015646892,1.4476256065186222,1.4675567171586115]
["CIMENTO ASFÁLTICO MODIFICADO POR POLÍMERO SBS 55-75","2013-08-01","***",1.3728168280860054,1.8249272159868601,1.3488712859428196,1.4924977825197165,1.4391854077958457]
["CIMENTO ASFÁLTICO MODIFICADO POR POLÍMERO SBS 55-75","2013-09-01","***",1.376571897890442,1.8167627969621012,1.3137746593863753,1.4596725257068734,1.4437387626253335]
["CIMENTO ASFÁLTICO MODIFICADO POR POLÍMERO SBS 55-75","2013-10-01","***",1.3168143530316985,1.8378749281630924,"***",1.4889844262145326,1.4748210147873015]
["CIMENTO ASFÁLTICO MODIFICADO POR POLÍMERO SBS 55-75","2013-11-01","***",1.3216723795632224,1.8283778174694629,"***",1.4128924467879875,1.4291300504672884]
["CIMENTO ASFÁLTICO MODIFICADO POR POLÍMERO SBS 55-75","2013-12-01","***",1.4425347827174271,"***",1.3446484564476233,1.3839241651016494,1.4093714870036231]
["CIMENTO ASFÁLTICO MODIFICADO POR POLÍMERO SBS 55-75","2014-01-01","***",1.3379008202287013,1.8284,1.38392,1.4586311939232395,1.4162426627183733]
["CIMENTO ASFÁLTICO MODIFICADO POR POLÍMERO SBS 55-75","2014-02-01","***",1.3716805061792268,"***",1.4903,1.4023857909360811,1.3955580095368261]
["CIMENTO ASFÁLTICO MODIFICADO POR POLÍMERO SBS 55-75","2014-03-01","***",1.3360945071615984,1.8592,1.4895558710667691,1.4185017555694583,1.3862817576476258]
["CIMENTO ASFÁLTICO MODIFICADO POR POLÍMERO SBS 55-75","2014-04-01","***",1.0857983345219244,1.7494475125397766,1.4887999999999999,1.4518133299764735,1.2583130619063316]
["CIMENTO ASFÁLTICO MODIFICADO POR POLÍMERO SBS 55-75","2014-05-01","***",1.3366260577409521,1.7672516786494115,1.3472450359492123,1.4751856772984002,1.4181069734236309]
["CIMENTO ASFÁLTICO MODIFICADO POR POLÍMERO SBS 55-75","2014-06-01","***",1.3528025476803345,"***",1.3493300000000001,1.4381584461528123,1.3952794465748446]
["CIMENTO ASFÁLTICO MODIFICADO POR POLÍMERO SBS 55-75","2014-07-01","***",1.3427451420824639,"***","***",1.4253708750477643,1.3890519264987264]
["CIMENTO ASFÁLTICO MODIFICADO POR POLÍMERO SBS 55-75","2014-08-01","***",1.4111987108167772,"***","***",1.475277564825382,1.4495209358405572]
["CIMENTO ASFÁLTICO MODIFICADO POR POLÍMERO SBS 55-75","2014-09-01","***",1.3958124528805596,"***","***",1.5895094028906267,1.5040162000037711]
["CIMENTO ASFÁLTICO MODIFICADO POR POLÍMERO SBS 55-75","2014-10-01","***",1.3790596339041428,1.8783048773432078,1.4945898512614022,1.4357077744842186,1.4362620507822359]
["CIMENTO ASFÁLTICO MODIFICADO POR POLÍMERO SBS 55-75","2014-11-01","***",1.4297891531115385,1.83897669366257,1.49406207253886,1.5514262768528775,1.5108203419906561]
["CIMENTO ASFÁLTICO MODIFICADO POR POLÍMERO SBS 55-75","2014-12-01","***",1.5294325850217763,2.1386621097428469,1.7207290443942815,1.6982714784996336,1.6213491571764329]
["CIMENTO ASFÁLTICO MODIFICADO POR POLÍMERO SBS 55-75","2015-01-01","***",1.710178672625142,"***","***",1.9805023382300613,1.8054642290188492]
["CIMENTO ASFÁLTICO MODIFICADO POR POLÍMERO SBS 55-75","2015-02-01","***",1.6838658791076999,"***","***",1.812105632806976,1.7485498157394199]
["CIMENTO ASFÁLTICO MODIFICADO POR POLÍMERO SBS 55-75","2015-03-01","***",1.8045122924600154,"***",1.6868543579113273,1.8177668789522243,1.7696051082808801]
["CIMENTO ASFÁLTICO MODIFICADO POR POLÍMERO SBS 55-75","2015-04-01","***",1.80775,"***",1.7313555928686699,1.8111169557007989,1.7825483230139714]
["CIMENTO ASFÁLTICO MODIFICADO POR POLÍMERO SBS 55-75","2015-05-01","***",1.8964186374781087,"***",1.6515433688208552,1.7811996982095701,1.7771494487298456]
["CIMENTO ASFÁLTICO MODIFICADO POR POLÍMERO SBS 55-75","2015-06-01","***",2.0391962239640029,"***",1.7132863849712288,1.6930918749897574,1.7454252476155729]
["CIMENTO ASFÁLTICO MODIFICADO POR POLÍMERO SBS 55-75","2015-07-01","***",1.8790785057680079,"***",2.0011090738472621,1.8652297091043801,1.9063426047603085]
["CIMENTO ASFÁLTICO MODIFICADO POR POLÍMERO SBS 55-75","2015-08-01","***",1.61873,"***",1.8021404825650438,1.706215119281977,1.7395348412855596]
["CIMENTO ASFÁLTICO MODIFICADO POR POLÍMERO SBS 60-85","2009-12-01","***","***",1.7973052872604041,1.3416759596768886,1.3299791491041346,1.4597747057791763]
["CIMENTO ASFÁLTICO MODIFICADO POR POLÍMERO SBS 60-85","2010-01-01","***","***",1.7598133303156949,1.3653638486847555,1.3749035779869163,1.4847893832068557]
["CIMENTO ASFÁLTICO MODIFICADO POR POLÍMERO SBS 60-85","2010-02-01","***","***",1.7917892712492396,1.3470507055902985,1.3895835117380599,1.4663900059220458]
["CIMENTO ASFÁLTICO MODIFICADO POR POLÍMERO SBS 60-85","2010-03-01","***","***",1.8306406473151036,1.3565455023635553,1.3828577225809706,1.4610760610370581]
["CIMENTO ASFÁLTICO MODIFICADO POR POLÍMERO SBS 60-85","2010-04-01","***","***",1.787055545771806,1.3601565656967758,1.2897325091018714,1.5650739454750091]
["CIMENTO ASFÁLTICO MODIFICADO POR POLÍMERO SBS 60-85","2010-05-01","***",1.4083400000000001,1.8260760795673066,1.348022154544007,1.3400597122734763,1.5217681015078091]
["CIMENTO ASFÁLTICO MODIFICADO POR POLÍMERO SBS 60-85","2010-06-01","***",1.4083399999999997,1.8446227536039586,1.2808579669542601,1.3389870090351985,1.3892772831727151]
["CIMENTO ASFÁLTICO MODIFICADO POR POLÍMERO SBS 60-85","2010-07-01","***",1.4083400000000004,1.8334803777940551,1.285574364418574,1.3338362469253147,1.4324505767016498]
["CIMENTO ASFÁLTICO MODIFICADO POR POLÍMERO SBS 60-85","2010-08-01","***",1.4083399999999995,1.8200538202730991,1.2599148648422012,1.3488572866103561,1.3918757816090663]
["CIMENTO ASFÁLTICO MODIFICADO POR POLÍMERO SBS 60-85","2010-09-01","***","***",1.7773753409493085,1.2940079727324849,1.3686770810068987,1.4108881580325077]
["CIMENTO ASFÁLTICO MODIFICADO POR POLÍMERO SBS 60-85","2010-10-01","***","***",1.785539587049372,1.2824269304583,1.3481310768456736,1.4277829685906271]
["CIMENTO ASFÁLTICO MODIFICADO POR POLÍMERO SBS 60-85","2010-11-01","***","***",1.7713255331038242,1.2976995049326951,1.3487482527724053,1.4565097305338597]
["CIMENTO ASFÁLTICO MODIFICADO POR POLÍMERO SBS 60-85","2010-12-01","***",1.5686899999999999,1.8676232809424262,1.2801018771306343,1.3367118381059551,1.4033329494856448]
["CIMENTO ASFÁLTICO MODIFICADO POR POLÍMERO SBS 60-85","2011-01-01","***","***",1.7816071191782421,1.2666310282895501,1.3677614648007861,1.4008117677139884]
["CIMENTO ASFÁLTICO MODIFICADO POR POLÍMERO SBS 60-85","2011-02-01","***",1.6458900000000003,1.9541880622931247,1.3287698795595322,1.3742832479006735,1.4033895690650318]
["CIMENTO ASFÁLTICO MODIFICADO POR POLÍMERO SBS 60-85","2011-03-01","***",1.4768084117781677,1.8488699999999998,1.2339115296731684,1.366899673905714,1.3464988071236557]
["CIMENTO ASFÁLTICO MODIFICADO POR POLÍMERO SBS 60-85","2011-04-01","***","***",1.83944714083356,1.3074872933667403,1.3602523245328082,1.3911519284860143]
["CIMENTO ASFÁLTICO MODIFICADO POR POLÍMERO SBS 60-85","2011-05-01","***",1.3564799999999999,1.7291635397683958,1.271272317266626,1.3576078472320414,1.3777874689410468]
["CIMENTO ASFÁLTICO MODIFICADO POR POLÍMERO SBS 60-85","2011-06-01","***",1.3568699999999998,1.6981810503686494,1.299249989113098,1.3256809304152486,1.3769277827478783]
["CIMENTO ASFÁLTICO MODIFICADO POR POLÍMERO SBS 60-85","2011-07-01","***",1.3567399999999998,1.6800723630464756,1.3086946902916852,1.267300378525847,1.4103994796213684]
["CIMENTO ASFÁLTICO MODIFICADO POR POLÍMERO SBS 60-85","2011-08-01","***",1.3554399999999995,1.712637919875736,1.316895832193957,1.298189220252894,1.4301102943486832]
["CIMENTO ASFÁLTICO MODIFICADO POR POLÍMERO SBS 60-85","2011-09-01","***","***",1.7363432329452966,1.2807825247150331,1.271515590909249,1.3711510650954]
["CIMENTO ASFÁLTICO MODIFICADO POR POLÍMERO SBS 60-85","2011-10-01","***",1.43249,1.5629204195049886,1.2883071879414401,1.282078980398748,1.3766086500552375]
["CIMENTO ASFÁLTICO MODIFICADO POR POLÍMERO SBS 60-85","2011-11-01","***","***",1.448016364465798,1.2961291555119789,1.2444774148666677,1.3329690301020478]
["CIMENTO ASFÁLTICO MODIFICADO POR POLÍMERO SBS 60-85","2011-12-01","***",1.4181900000000001,1.3328846374954495,1.3180593391818556,1.2727961938335941,1.3185584151999703]
["CIMENTO ASFÁLTICO MODIFICADO POR POLÍMERO SBS 60-85","2012-01-01","***",1.41818,1.3926199686940965,1.3030516267523919,1.274805912711735,1.3132685568832039]
["CIMENTO ASFÁLTICO MODIFICADO POR POLÍMERO SBS 60-85","2012-02-01","***",1.41818,1.3411452366851391,1.3235784419763756,1.2774186858931564,1.3183942780558557]
["CIMENTO ASFÁLTICO MODIFICADO POR POLÍMERO SBS 60-85","2012-03-01","***",1.4181999999999997,1.3177278738478222,1.3414761902279959,1.2391253704690386,1.3242000972258234]
["CIMENTO ASFÁLTICO MODIFICADO POR POLÍMERO SBS 60-85","2012-04-01","***",1.4181900000000001,1.4243873216650655,1.3487324631650772,1.2441843522160376,1.3345905999942795]
["CIMENTO ASFÁLTICO MODIFICADO POR POLÍMERO SBS 60-85","2012-05-01","***",1.4181999999999999,1.4416238968928758,1.3800454745410353,1.2616042347410463,1.3547985906870252]
["CIMENTO ASFÁLTICO MODIFICADO POR POLÍMERO SBS 60-85","2012-06-01","***","***",1.473386504021448,1.4155632294629201,1.3231527647937642,1.4186747704073686]
["CIMENTO ASFÁLTICO MODIFICADO POR POLÍMERO SBS 60-85","2012-07-01","***","***",1.582979025530826,1.4464098669956076,1.3657937295328706,1.4834698761020879]
["CIMENTO ASFÁLTICO MODIFICADO POR POLÍMERO SBS 60-85","2012-08-01","***","***",1.5409183867945611,1.3931713236545333,1.3724223877327486,1.4642921052841527]
["CIMENTO ASFÁLTICO MODIFICADO POR POLÍMERO SBS 60-85","2012-09-01","***","***",1.5943221275862969,1.4045669634078148,1.346054360089701,1.5089808516342569]
["CIMENTO ASFÁLTICO MODIFICADO POR POLÍMERO SBS 60-85","2012-10-01",1.55,1.4182200000000003,1.5859510634013307,1.428806510441359,1.362102764062459,1.5106699186069072]
["CIMENTO ASFÁLTICO MODIFICADO POR POLÍMERO SBS 60-85","2012-11-01","***",1.4324900000000003,1.6196126905661397,1.4126842068778707,1.3269605753475624,1.4871822260311887]
["CIMENTO ASFÁLTICO MODIFICADO POR POLÍMERO SBS 60-85","2012-12-01","***",1.4182899999999998,1.5654608687800633,1.4057903388715856,1.3414212325139652,1.435464312862315]
["CIMENTO ASFÁLTICO MODIFICADO POR POLÍMERO SBS 60-85","2013-01-01","***","***",1.4991863498819875,1.4348296352714762,1.3485907021916628,1.4289054581823806]
["CIMENTO ASFÁLTICO MODIFICADO POR POLÍMERO SBS 60-85","2013-02-01","***","***",1.4541001097017485,1.4461664106103045,1.3571992048364154,1.4138698570745023]
["CIMENTO ASFÁLTICO MODIFICADO POR POLÍMERO SBS 60-85","2013-03-01","***",1.4182400000000002,1.4616055171013449,1.3363253094048591,1.3969275870448044,1.3846764380490912]
["CIMENTO ASFÁLTICO MODIFICADO POR POLÍMERO SBS 60-85","2013-04-01","***",1.4182300000000001,1.4911774717759883,1.3039314722481226,1.3627987946698967,1.3585326133056495]
["CIMENTO ASFÁLTICO MODIFICADO POR POLÍMERO SBS 60-85","2013-05-01","***","***",1.5093837113392909,1.2915791698691652,1.3474366976476435,1.3711231089542331]
["CIMENTO ASFÁLTICO MODIFICADO POR POLÍMERO SBS 60-85","2013-06-01","***","***",1.6416509178546135,1.4261365272045738,1.3643068454981093,1.4879326177146246]
["CIMENTO ASFÁLTICO MODIFICADO POR POLÍMERO SBS 60-85","2013-07-01","***",1.41821,1.6991976878896857,1.4791116575175398,1.3712126156274671,1.5094800630661498]
["CIMENTO ASFÁLTICO MODIFICADO POR POLÍMERO SBS 60-85","2013-08-01","***",1.41821,1.8454326139758728,1.4910126894256905,1.3545746519274373,1.5182874307177103]
["CIMENTO ASFÁLTICO MODIFICADO POR POLÍMERO SBS 60-85","2013-09-01","***","***",1.7201816071833729,1.4575988807770992,1.3658021018780169,1.4906674028176585]
["CIMENTO ASFÁLTICO MODIFICADO POR POLÍMERO SBS 60-85","2013-10-01","***","***",1.6469250340154868,1.4773483681699668,1.3867907780295823,1.4845071147097566]
["CIMENTO ASFÁLTICO MODIFICADO POR POLÍMERO SBS 60-85","2013-11-01","***","***",1.6656571819395145,1.4589850538407321,1.4117213275305618,1.476584667586248]
["CIMENTO ASFÁLTICO MODIFICADO POR POLÍMERO SBS 60-85","2013-12-01","***",2.21984,1.6674420536147974,1.4476702235456123,1.4334446804611107,1.4637061051006739]
["CIMENTO ASFÁLTICO MODIFICADO POR POLÍMERO SBS 60-85","2014-01-01","***","***",1.5931533891041718,1.4636374213373073,1.3649216052120874,1.462132657756998]
["CIMENTO ASFÁLTICO MODIFICADO POR POLÍMERO SBS 60-85","2014-02-01","***",2.2198380096354353,1.6563564489729201,1.4862420657846231,1.4158580779409786,1.5072340133417896]
["CIMENTO ASFÁLTICO MODIFICADO POR POLÍMERO SBS 60-85","2014-03-01","***",2.2198380235988204,1.6375762611286224,1.5001486084413898,1.6499897748619212,1.550844004464708]
["CIMENTO ASFÁLTICO MODIFICADO POR POLÍMERO SBS 60-85","2014-04-01","***",1.6316440328984685,1.5774234782780241,1.4735665647839542,1.5553809817417981,1.5075621288644818]
["CIMENTO ASFÁLTICO MODIFICADO POR POLÍMERO SBS 60-85","2014-05-01","***",1.3364256721712171,1.6735634184852446,1.5419092272851374,1.5283483535293834,1.558174617966573]
["CIMENTO ASFÁLTICO MODIFICADO POR POLÍMERO SBS 60-85","2014-06-01","***","***",1.6857432158929635,1.5075095651689208,1.4265820420660578,1.5280660365441696]
["CIMENTO ASFÁLTICO MODIFICADO POR POLÍMERO SBS 60-85","2014-07-01","***","***",1.695981326727078,1.4543104544323486,1.4203496795493766,1.534681209806829]
["CIMENTO ASFÁLTICO MODIFICADO POR POLÍMERO SBS 60-85","2014-08-01","***","***",1.6601533728556759,1.4455420406819435,1.4160834348456957,1.4894295402069531]
["CIMENTO ASFÁLTICO MODIFICADO POR POLÍMERO SBS 60-85","2014-09-01","***",2.21983,1.8424137339431834,1.5784619165156228,1.4496780126314568,1.6314077877957702]
["CIMENTO ASFÁLTICO MODIFICADO POR POLÍMERO SBS 60-85","2014-10-01","***",2.21984,1.6926416620170992,1.5051173618133395,1.4412481862202835,1.5458544225608117]
["CIMENTO ASFÁLTICO MODIFICADO POR POLÍMERO SBS 60-85","2014-11-01","***",2.21984,1.783673431557188,1.5213957890980729,1.473525077774356,1.5819572488017899]
["CIMENTO ASFÁLTICO MODIFICADO POR POLÍMERO SBS 60-85","2014-12-01","***",2.21983,1.8157257047251671,1.6571602722415804,1.5584433472397086,1.6741214704741225]
["CIMENTO ASFÁLTICO MODIFICADO POR POLÍMERO SBS 60-85","2015-01-01","***","***",1.634494627043332,1.752555319737878,1.7100752178338128,1.7219149629811901]
["CIMENTO ASFÁLTICO MODIFICADO POR POLÍMERO SBS 60-85","2015-02-01","***",1.4225580535506404,1.7441293407507081,1.7655466085606035,1.6843297546285096,1.7131272806198146]
["CIMENTO ASFÁLTICO MODIFICADO POR POLÍMERO SBS 60-85","2015-03-01","***",2.2300760133346409,1.6817304352577294,1.7336568484479011,1.7617241837071309,1.739364084749297]
["CIMENTO ASFÁLTICO MODIFICADO POR POLÍMERO SBS 60-85","2015-04-01","***",2.1488900000000002,1.7584167377369395,1.7142352782972576,1.7845759607059732,1.7547188481176113]
["CIMENTO ASFÁLTICO MODIFICADO POR POLÍMERO SBS 60-85","2015-05-01","***",2.11503,1.6313175679128442,1.6837590771749489,1.7766523041148201,1.7039927922822566]
["CIMENTO ASFÁLTICO MODIFICADO POR POLÍMERO SBS 60-85","2015-06-01","***","***",1.7273869637257608,1.612369554632535,1.877719931000196,1.7591965783776944]
["CIMENTO ASFÁLTICO MODIFICADO POR POLÍMERO SBS 60-85","2015-07-01","***",1.0702426516606856,1.7950972657149762,1.6676841185820601,1.8787060578159112,1.804062628790801]
["CIMENTO ASFÁLTICO MODIFICADO POR POLÍMERO SBS 60-85","2015-08-01","***",1.0800169753538311,2.0048510814991336,1.6622248536276525,1.8720301755299018,1.8551006594018449]
["CIMENTO ASFÁLTICO MODIFICADO POR POLÍMERO SBS 65-90","2009-12-01","***","***","***","***",1.3855999999999999,1.3855999999999999]
["CIMENTO ASFÁLTICO MODIFICADO POR POLÍMERO SBS 65-90","2010-01-01","***","***","***","***",1.5105999999999999,1.5105999999999999]
["CIMENTO ASFÁLTICO MODIFICADO POR POLÍMERO SBS 65-90","2010-02-01","***","***","***",1.4157999999999999,1.5027840629590767,1.4372035145881745]
["CIMENTO ASFÁLTICO MODIFICADO POR POLÍMERO SBS 65-90","2010-03-01","***","***","***",1.7021300000000001,1.48071782444124,1.5846814150492399]
["CIMENTO ASFÁLTICO MODIFICADO POR POLÍMERO SBS 65-90","2010-04-01","***","***","***","***","***","***"]
["CIMENTO ASFÁLTICO MODIFICADO POR POLÍMERO SBS 65-90","2010-05-01","***","***","***","***",1.3461000000000001,1.3461000000000001]
["CIMENTO ASFÁLTICO MODIFICADO POR POLÍMERO SBS 65-90","2010-06-01","***","***","***","***",1.3456999999999999,1.3456999999999999]
["CIMENTO ASFÁLTICO MODIFICADO POR POLÍMERO SBS 65-90","2010-07-01","***","***","***","***",1.4308870539824246,1.4308870539824246]
["CIMENTO ASFÁLTICO MODIFICADO POR POLÍMERO SBS 65-90","2010-08-01","***","***","***","***",1.3437638114414194,1.3437638114414194]
["CIMENTO ASFÁLTICO MODIFICADO POR POLÍMERO SBS 65-90","2010-09-01","***","***","***","***",1.3452999999999999,1.3452999999999999]
["CIMENTO ASFÁLTICO MODIFICADO POR POLÍMERO SBS 65-90","2010-10-01","***","***","***","***","***","***"]
["CIMENTO ASFÁLTICO MODIFICADO POR POLÍMERO SBS 65-90","2010-11-01","***","***","***","***",1.3455999999999997,1.3455999999999997]
["CIMENTO ASFÁLTICO MODIFICADO POR POLÍMERO SBS 65-90","2010-12-01","***","***","***",1.49577,"***",1.49577]
["CIMENTO ASFÁLTICO MODIFICADO POR POLÍMERO SBS 65-90","2011-01-01","***","***","***","***",1.471473478934761,1.471473478934761]
["CIMENTO ASFÁLTICO MODIFICADO POR POLÍMERO SBS 65-90","2011-02-01","***","***","***",1.4656447741424206,1.5205599999999999,1.4769252057751989]
["CIMENTO ASFÁLTICO MODIFICADO POR POLÍMERO SBS 65-90","2011-03-01","***","***","***",1.4531604621454066,1.5205566752063764,1.4915057364968822]
["CIMENTO ASFÁLTICO MODIFICADO POR POLÍMERO SBS 65-90","2011-04-01","***","***","***",1.4648865119475574,1.4098422529905237,1.4331544776553826]
["CIMENTO ASFÁLTICO MODIFICADO POR POLÍMERO SBS 65-90","2011-05-01","***","***","***",1.4505312517588069,1.2829991255355917,1.3635167973245463]
["CIMENTO ASFÁLTICO MODIFICADO POR POLÍMERO SBS 65-90","2011-06-01","***","***","***",1.4481417597159789,1.2542256669422911,1.3312255321883713]
["CIMENTO ASFÁLTICO MODIFICADO POR POLÍMERO SBS 65-90","2011-07-01","***","***","***",1.4477834563085155,1.3464154855400534,1.3996345228725657]
["CIMENTO ASFÁLTICO MODIFICADO POR POLÍMERO SBS 65-90","2011-08-01","***","***","***",1.4817691207780725,1.4175468379545912,1.4552340937675114]
["CIMENTO ASFÁLTICO MODIFICADO POR POLÍMERO SBS 65-90","2011-09-01","***","***","***",1.4738999964138424,1.3483071129931388,1.3953001697416973]
["CIMENTO ASFÁLTICO MODIFICADO POR POLÍMERO SBS 65-90","2011-10-01","***","***","***",3.8145400000000005,1.3499993749218653,1.6363332202640737]
["CIMENTO ASFÁLTICO MODIFICADO POR POLÍMERO SBS 65-90","2011-11-01","***","***","***",1.4758099999999998,1.3992214474633324,1.4512366700096433]
["CIMENTO ASFÁLTICO MODIFICADO POR POLÍMERO SBS 65-90","2011-12-01","***","***","***",1.4191217317804947,1.2791880907095829,1.3706950857576845]
["CIMENTO ASFÁLTICO MODIFICADO POR POLÍMERO SBS 65-90","2012-01-01","***","***","***",1.458362095295082,"***",1.458362095295082]
["CIMENTO ASFÁLTICO MODIFICADO POR POLÍMERO SBS 65-90","2012-02-01","***","***","***",1.4323982495388672,1.4065721090168111,1.4279707822802494]
["CIMENTO ASFÁLTICO MODIFICADO POR POLÍMERO SBS 65-90","2012-03-01","***","***","***",1.4821369798230541,1.039994285195277,1.3695502341380683]
["CIMENTO ASFÁLTICO MODIFICADO POR POLÍMERO SBS 65-90","2012-04-01","***","***","***",1.5486325446193863,"***",1.5486325446193863]
["CIMENTO ASFÁLTICO MODIFICADO POR POLÍMERO SBS 65-90","2012-05-01","***","***","***",1.5604873626809026,1.1076999999999999,1.5354658186725507]
["CIMENTO ASFÁLTICO MODIFICADO POR POLÍMERO SBS 65-90","2012-06-01","***","***","***",1.5807981125132995,"***",1.5807981125132995]
["CIMENTO ASFÁLTICO MODIFICADO POR POLÍMERO SBS 65-90","2012-07-01","***","***","***",1.7054343634392573,"***",1.7054343634392573]
["CIMENTO ASFÁLTICO MODIFICADO POR POLÍMERO SBS 65-90","2012-08-01","***","***","***",1.7291400000000001,"***",1.7291400000000001]
["CIMENTO ASFÁLTICO MODIFICADO POR POLÍMERO SBS 65-90","2012-09-01","***","***","***",1.615028975303034,1.353,1.5983357945515191]
["CIMENTO ASFÁLTICO MODIFICADO POR POLÍMERO SBS 65-90","2012-10-01","***","***","***",1.6526046344819156,"***",1.6526046344819156]
["CIMENTO ASFÁLTICO MODIFICADO POR POLÍMERO SBS 65-90","2012-11-01","***","***","***",1.6797814100940223,1.5986000000000002,1.6664340309777741]
["CIMENTO ASFÁLTICO MODIFICADO POR POLÍMERO SBS 65-90","2012-12-01","***","***","***","***","***","***"]
["CIMENTO ASFÁLTICO MODIFICADO POR POLÍMERO SBS 65-90","2013-01-01","***","***","***",1.5523100000000001,"***",1.5523100000000001]
["CIMENTO ASFÁLTICO MODIFICADO POR POLÍMERO SBS 65-90","2013-02-01","***","***","***",1.5694289219982471,"***",1.5694289219982471]
["CIMENTO ASFÁLTICO MODIFICADO POR POLÍMERO SBS 65-90","2013-03-01","***","***","***","***","***","***"]
["CIMENTO ASFÁLTICO MODIFICADO POR POLÍMERO SBS 65-90","2013-04-01","***","***","***",1.2172000000000001,1.3603799999999999,1.3039044133170929]
["CIMENTO ASFÁLTICO MODIFICADO POR POLÍMERO SBS 65-90","2013-05-01","***","***",2.0320000000000005,1.5507499999999999,1.3603799999999999,1.8671543887147337]
["CIMENTO ASFÁLTICO MODIFICADO POR POLÍMERO SBS 65-90","2013-06-01","***","***",2.032,"***","***",2.032]
["CIMENTO ASFÁLTICO MODIFICADO POR POLÍMERO SBS 65-90","2013-07-01","***","***",1.9375008744534665,"***",1.4302229126213593,1.7920235660986747]
["CIMENTO ASFÁLTICO MODIFICADO POR POLÍMERO SBS 65-90","2013-08-01","***","***",1.9973380918727914,"***",0.86665999999999999,1.83579567739802]
["CIMENTO ASFÁLTICO MODIFICADO POR POLÍMERO SBS 65-90","2013-09-01","***","***",2.1069799588243647,1.7026745885039214,"***",1.9764573001730656]
["CIMENTO ASFÁLTICO MODIFICADO POR POLÍMERO SBS 65-90","2013-10-01","***","***",2.0745827822805172,1.8091939519225089,"***",2.005898919749312]
["CIMENTO ASFÁLTICO MODIFICADO POR POLÍMERO SBS 65-90","2013-11-01","***","***",2.0416148233510238,1.6103099999999999,1.5908,1.8364561163538875]
["CIMENTO ASFÁLTICO MODIFICADO POR POLÍMERO SBS 65-90","2013-12-01","***","***",2.0897000000000001,1.6990799999999999,1.5908,1.6897324355439463]
["CIMENTO ASFÁLTICO MODIFICADO POR POLÍMERO SBS 65-90","2014-01-01","***","***","***",1.624100362482005,1.5908,1.6142261262009869]
["CIMENTO ASFÁLTICO MODIFICADO POR POLÍMERO SBS 65-90","2014-02-01","***","***",2.21,1.6195786521477316,1.5908,1.6940184240887166]
["CIMENTO ASFÁLTICO MODIFICADO POR POLÍMERO SBS 65-90","2014-03-01","***","***",2.056374328660699,1.7114,1.5908,1.8202255822605846]
["CIMENTO ASFÁLTICO MODIFICADO POR POLÍMERO SBS 65-90","2014-04-01","***","***","***","***","***","***"]
["CIMENTO ASFÁLTICO MODIFICADO POR POLÍMERO SBS 65-90","2014-05-01","***","***","***","***",1.5239160673645882,1.5239160673645882]
["CIMENTO ASFÁLTICO MODIFICADO POR POLÍMERO SBS 65-90","2014-06-01","***","***",2.1922000000000001,"***",1.4975807971251227,1.7475495796561964]
["CIMENTO ASFÁLTICO MODIFICADO POR POLÍMERO SBS 65-90","2014-07-01","***","***","***","***",1.366741252041372,1.366741252041372]
["CIMENTO ASFÁLTICO MODIFICADO POR POLÍMERO SBS 65-90","2014-08-01","***","***","***","***",1.4450482962756535,1.4450482962756535]
["CIMENTO ASFÁLTICO MODIFICADO POR POLÍMERO SBS 65-90","2014-09-01","***","***","***","***",1.2511443371378401,1.2511443371378401]
["CIMENTO ASFÁLTICO MODIFICADO POR POLÍMERO SBS 65-90","2014-10-01","***","***","***",1.12947,1.3698766083780214,1.2823746397324149]
["CIMENTO ASFÁLTICO MODIFICADO POR POLÍMERO SBS 65-90","2014-11-01","***","***","***",1.1404832288560371,1.4835949317826518,1.3369232868185514]
["CIMENTO ASFÁLTICO MODIFICADO POR POLÍMERO SBS 65-90","2014-12-01","***","***","***",1.2491799999999997,1.6455555981395347,1.5600458116290945]
["CIMENTO ASFÁLTICO MODIFICADO POR POLÍMERO SBS 65-90","2015-01-01","***","***","***",1.421483861336124,1.8485882133840998,1.5511466724042617]
["CIMENTO ASFÁLTICO MODIFICADO POR POLÍMERO SBS 65-90","2015-02-01","***","***","***",1.4472413917997151,1.833234117308246,1.4751977993005485]
["CIMENTO ASFÁLTICO MODIFICADO POR POLÍMERO SBS 65-90","2015-03-01","***","***",1.9569585229479471,1.5864792717135638,1.8187505279610974,1.6815485972790707]
["CIMENTO ASFÁLTICO MODIFICADO POR POLÍMERO SBS 65-90","2015-04-01","***","***","***",1.4081025612748723,1.8266110900473931,1.5414996259668063]
["CIMENTO ASFÁLTICO MODIFICADO POR POLÍMERO SBS 65-90","2015-05-01","***","***","***","***",1.7754500000000002,1.7754500000000002]
["CIMENTO ASFÁLTICO MODIFICADO POR POLÍMERO SBS 65-90","2015-06-01","***","***","***",1.7199599999999999,2.1328999999999998,1.9243479495798317]
["CIMENTO ASFÁLTICO MODIFICADO POR POLÍMERO SBS 65-90","2015-07-01","***","***","***",1.7629999999999999,"***",1.7629999999999999]
["CIMENTO ASFÁLTICO MODIFICADO POR POLÍMERO SBS 65-90","2015-08-01","***","***","***",1.7742931465732865,"***",1.7742931465732865]
["CIMENTOS ASFÁLTICOS CAP-150-200","2008-11-01","***","***","***","***","***","***"]
["CIMENTOS ASFÁLTICOS CAP-150-200","2008-12-01","***","***","***","***","***","***"]
["CIMENTOS ASFÁLTICOS CAP-150-200","2009-01-01","***","***","***","***","***","***"]
["CIMENTOS ASFÁLTICOS CAP-150-200","2009-02-01","***","***","***","***","***","***"]
["CIMENTOS ASFÁLTICOS CAP-150-200","2009-03-01","***","***","***","***","***","***"]
["CIMENTOS ASFÁLTICOS CAP-150-200","2009-04-01","***","***","***","***","***","***"]
["CIMENTOS ASFÁLTICOS CAP-150-200","2009-05-01","***","***","***","***","***","***"]
["CIMENTOS ASFÁLTICOS CAP-150-200","2009-06-01","***","***","***","***","***","***"]
["CIMENTOS ASFÁLTICOS CAP-150-200","2009-07-01","***","***","***","***","***","***"]
["CIMENTOS ASFÁLTICOS CAP-150-200","2009-08-01","***","***","***","***","***","***"]
["CIMENTOS ASFÁLTICOS CAP-150-200","2009-09-01","***","***","***","***","***","***"]
["CIMENTOS ASFÁLTICOS CAP-150-200","2009-10-01","***","***","***","***","***","***"]
["CIMENTOS ASFÁLTICOS CAP-150-200","2009-11-01","***","***","***","***","***","***"]
["CIMENTOS ASFÁLTICOS CAP-150-200","2009-12-01","***","***","***","***","***","***"]
["CIMENTOS ASFÁLTICOS CAP-150-200","2010-01-01","***","***","***","***","***","***"]
["CIMENTOS ASFÁLTICOS CAP-150-200","2010-02-01","***","***","***","***","***","***"]
["CIMENTOS ASFÁLTICOS CAP-150-200","2010-03-01","***","***","***","***","***","***"]
["CIMENTOS ASFÁLTICOS CAP-150-200","2010-04-01","***","***","***","***","***","***"]
["CIMENTOS ASFÁLTICOS CAP-150-200","2010-05-01","***","***","***","***","***","***"]
["CIMENTOS ASFÁLTICOS CAP-150-200","2010-06-01","***","***","***","***","***","***"]
["CIMENTOS ASFÁLTICOS CAP-150-200","2010-07-01","***","***","***","***","***","***"]
["CIMENTOS ASFÁLTICOS CAP-150-200","2010-08-01","***","***","***","***","***","***"]
["CIMENTOS ASFÁLTICOS CAP-150-200","2010-09-01","***","***","***","***","***","***"]
["CIMENTOS ASFÁLTICOS CAP-150-200","2010-10-01","***","***","***","***","***","***"]
["CIMENTOS ASFÁLTICOS CAP-150-200","2010-11-01","***","***","***","***","***","***"]
["CIMENTOS ASFÁLTICOS CAP-150-200","2010-12-01","***","***","***","***","***","***"]
["CIMENTOS ASFÁLTICOS CAP-150-200","2011-01-01","***","***","***","***","***","***"]
["CIMENTOS ASFÁLTICOS CAP-150-200","2011-02-01","***","***","***","***","***","***"]
["CIMENTOS ASFÁLTICOS CAP-150-200","2011-03-01","***","***","***","***","***","***"]
["CIMENTOS ASFÁLTICOS CAP-150-200","2011-04-01","***","***","***","***","***","***"]
["CIMENTOS ASFÁLTICOS CAP-150-200","2011-05-01","***","***","***","***","***","***"]
["CIMENTOS ASFÁLTICOS CAP-150-200","2011-06-01","***","***","***","***","***","***"]
["CIMENTOS ASFÁLTICOS CAP-150-200","2011-07-01","***","***","***","***","***","***"]
["CIMENTOS ASFÁLTICOS CAP-150-200","2011-08-01","***","***","***","***","***","***"]
["CIMENTOS ASFÁLTICOS CAP-150-200","2011-09-01","***","***","***","***","***","***"]
["CIMENTOS ASFÁLTICOS CAP-150-200","2011-10-01","***","***","***","***","***","***"]
["CIMENTOS ASFÁLTICOS CAP-150-200","2011-11-01","***","***","***","***","***","***"]
["CIMENTOS ASFÁLTICOS CAP-150-200","2011-12-01","***","***","***","***","***","***"]
["CIMENTOS ASFÁLTICOS CAP-150-200","2012-01-01","***","***","***","***","***","***"]
["CIMENTOS ASFÁLTICOS CAP-150-200","2012-02-01","***","***","***","***","***","***"]
["CIMENTOS ASFÁLTICOS CAP-150-200","2012-03-01","***","***","***","***","***","***"]
["CIMENTOS ASFÁLTICOS CAP-150-200","2012-04-01","***","***","***","***","***","***"]
["CIMENTOS ASFÁLTICOS CAP-150-200","2012-05-01","***","***","***","***","***","***"]
["CIMENTOS ASFÁLTICOS CAP-150-200","2012-06-01","***","***","***","***","***","***"]
["CIMENTOS ASFÁLTICOS CAP-150-200","2012-07-01","***","***","***","***","***","***"]
["CIMENTOS ASFÁLTICOS CAP-150-200","2012-08-01","***","***","***","***","***","***"]
["CIMENTOS ASFÁLTICOS CAP-150-200","2012-09-01","***","***","***","***","***","***"]
["CIMENTOS ASFÁLTICOS CAP-150-200","2012-10-01","***","***","***","***","***","***"]
["CIMENTOS ASFÁLTICOS CAP-150-200","2012-11-01","***","***","***","***","***","***"]
["CIMENTOS ASFÁLTICOS CAP-150-200","2012-12-01","***","***","***","***","***","***"]
["CIMENTOS ASFÁLTICOS CAP-150-200","2013-01-01","***","***","***","***","***","***"]
["CIMENTOS ASFÁLTICOS CAP-150-200","2013-02-01","***","***","***","***","***","***"]
["CIMENTOS ASFÁLTICOS CAP-150-200","2013-03-01","***","***","***","***","***","***"]
["CIMENTOS ASFÁLTICOS CAP-150-200","2013-04-01","***","***","***","***","***","***"]
["CIMENTOS ASFÁLTICOS CAP-150-200","2013-05-01","***","***","***","***","***","***"]
["CIMENTOS ASFÁLTICOS CAP-150-200","2013-06-01","***","***","***","***","***","***"]
["CIMENTOS ASFÁLTICOS CAP-150-200","2013-07-01","***","***","***","***","***","***"]
["CIMENTOS ASFÁLTICOS CAP-150-200","2013-08-01","***","***","***","***","***","***"]
["CIMENTOS ASFÁLTICOS CAP-150-200","2013-09-01","***","***","***","***","***","***"]
["CIMENTOS ASFÁLTICOS CAP-150-200","2013-10-01","***","***","***","***","***","***"]
["CIMENTOS ASFÁLTICOS CAP-150-200","2013-11-01","***","***","***","***","***","***"]
["CIMENTOS ASFÁLTICOS CAP-150-200","2013-12-01","***","***","***","***","***","***"]
["CIMENTOS ASFÁLTICOS CAP-150-200","2014-01-01","***","***","***","***","***","***"]
["CIMENTOS ASFÁLTICOS CAP-150-200","2014-02-01","***","***","***","***","***","***"]
["CIMENTOS ASFÁLTICOS CAP-150-200","2014-03-01","***","***","***","***","***","***"]
["CIMENTOS ASFÁLTICOS CAP-150-200","2014-04-01","***","***","***","***","***","***"]
["CIMENTOS ASFÁLTICOS CAP-150-200","2014-05-01","***","***","***","***","***","***"]
["CIMENTOS ASFÁLTICOS CAP-150-200","2014-06-01","***","***","***","***","***","***"]
["CIMENTOS ASFÁLTICOS CAP-150-200","2014-07-01","***","***","***","***","***","***"]
["CIMENTOS ASFÁLTICOS CAP-150-200","2014-08-01","***","***","***","***","***","***"]
["CIMENTOS ASFÁLTICOS CAP-150-200","2014-09-01","***","***","***","***","***","***"]
["CIMENTOS ASFÁLTICOS CAP-150-200","2014-10-01","***","***","***","***","***","***"]
["CIMENTOS ASFÁLTICOS CAP-150-200","2014-11-01","***","***","***","***","***","***"]
["CIMENTOS ASFÁLTICOS CAP-150-200","2014-12-01","***","***","***","***","***","***"]
["CIMENTOS ASFÁLTICOS CAP-150-200","2015-01-01","***","***","***","***","***","***"]
["CIMENTOS ASFÁLTICOS CAP-150-200","2015-02-01","***","***","***","***","***","***"]
["CIMENTOS ASFÁLTICOS CAP-150-200","2015-03-01","***","***","***","***","***","***"]
["CIMENTOS ASFÁLTICOS CAP-150-200","2015-04-01","***","***","***","***","***","***"]
["CIMENTOS ASFÁLTICOS CAP-150-200","2015-05-01","***","***","***","***","***","***"]
["CIMENTOS ASFÁLTICOS CAP-150-200","2015-06-01","***","***","***","***","***","***"]
["CIMENTOS ASFÁLTICOS CAP-150-200","2015-07-01","***","***","***","***","***","***"]
["CIMENTOS ASFÁLTICOS CAP-150-200","2015-08-01","***","***","***","***","***","***"]
["CIMENTOS ASFÁLTICOS CAP-150-200","2015-09-01","***","***","***","***","***","***"]
["CIMENTOS ASFÁLTICOS CAP-150-200","2015-10-01","***","***","***","***","***","***"]
["CIMENTOS ASFÁLTICOS CAP-150-200","2015-11-01","***","***","***","***","***","***"]
["CIMENTOS ASFÁLTICOS CAP-150-200","2015-12-01","***","***","***","***","***","***"]
["CIMENTOS ASFÁLTICOS CAP-150-200","2016-01-01","***","***","***","***","***","***"]
["CIMENTOS ASFÁLTICOS CAP-150-200","2016-02-01","***","***","***","***","***","***"]
["CIMENTOS ASFÁLTICOS CAP-150-200","2016-03-01","***","***","***","***","***","***"]
["CIMENTOS ASFÁLTICOS CAP-150-200","2016-04-01","***","***","***","***","***","***"]
["CIMENTOS ASFÁLTICOS CAP-150-200","2016-05-01","***","***","***","***","***","***"]
["CIMENTOS ASFÁLTICOS CAP-150-200","2016-06-01","***","***","***","***","***","***"]
["CIMENTOS ASFÁLTICOS CAP-150-200","2016-07-01","***","***","***","***","***","***"]
["CIMENTOS ASFÁLTICOS CAP-150-200","2016-08-01","***","***","***","***","***","***"]
["CIMENTOS ASFÁLTICOS CAP-150-200","2016-09-01","***","***","***","***","***","***"]
["CIMENTOS ASFÁLTICOS CAP-150-200","2016-10-01","***","***","***","***","***","***"]
["CIMENTOS ASFÁLTICOS CAP-150-200","2016-11-01","***","***","***","***","***","***"]
["CIMENTOS ASFÁLTICOS CAP-150-200","2016-12-01","***","***","***","***","***","***"]
["CIMENTOS ASFÁLTICOS CAP-150-200","2017-01-01","***","***","***","***","***","***"]
["CIMENTOS ASFÁLTICOS CAP-150-200","2017-02-01","***","***","***","***","***","***"]
["CIMENTOS ASFÁLTICOS CAP-150-200","2017-03-01","***","***","***","***","***","***"]
["CIMENTOS ASFÁLTICOS CAP-150-200","2017-04-01","***","***","***","***","***","***"]
["CIMENTOS ASFÁLTICOS CAP-150-200","2017-05-01","***","***","***","***","***","***"]
["CIMENTOS ASFÁLTICOS CAP-150-200","2017-06-01","***","***","***","***","***","***"]
["CIMENTOS ASFÁLTICOS CAP-150-200","2017-07-01","***","***","***","***","***","***"]
["CIMENTOS ASFÁLTICOS CAP-150-200","2017-08-01","***","***","***","***","***","***"]
["CIMENTOS ASFÁLTICOS CAP-150-200","2017-09-01","***","***","***","***","***","***"]
["CIMENTOS ASFÁLTICOS CAP-150-200","2017-10-01","***","***","***","***","***","***"]
["CIMENTOS ASFÁLTICOS CAP-150-200","2017-11-01","***","***","***","***","***","***"]
["CIMENTOS ASFÁLTICOS CAP-150-200","2017-12-01","***","***","***","***","***","***"]
["CIMENTOS ASFÁLTICOS CAP-150-200","2018-01-01","***","***","***","***","***","***"]
["CIMENTOS ASFÁLTICOS CAP-150-200","2018-02-01","***","***","***","***","***","***"]
["CIMENTOS ASFÁLTICOS CAP-150-200","2018-03-01","***","***","***","***","***","***"]
["CIMENTOS ASFÁLTICOS CAP-150-200","2018-04-01","***","***","***","***","***","***"]
["CIMENTOS ASFÁLTICOS CAP-150-200","2018-05-01","***","***","***","***","***","***"]
["CIMENTOS ASFÁLTICOS CAP-150-200","2018-06-01","***","***","***","***","***","***"]
["CIMENTOS ASFÁLTICOS CAP-150-200","2018-07-01","***","***","***","***","***","***"]
["CIMENTOS ASFÁLTICOS CAP-150-200","2018-08-01","***","***","***","***","***","***"]
["CIMENTOS ASFÁLTICOS CAP-150-200","2018-09-01","***","***","***","***","***","***"]
["CIMENTOS ASFÁLTICOS CAP-150-200","2018-10-01","***","***","***","***","***","***"]
["CIMENTOS ASFÁLTICOS CAP-150-200","2018-11-01","***","***","***","***","***","***"]
["CIMENTOS ASFÁLTICOS CAP-150-200","2018-12-01","***","***","***","***","***","***"]
["CIMENTOS ASFÁLTICOS CAP-150-200","2019-01-01","***","***","***","***","***","***"]
["CIMENTOS ASFÁLTICOS CAP-150-200","2019-02-01","***","***","***","***","***","***"]
["CIMENTOS ASFÁLTICOS CAP-150-200","2019-03-01","***","***","***","***","***","***"]
["CIMENTOS ASFÁLTICOS CAP-150-200","2019-04-01","***","***","***","***","***","***"]
["CIMENTOS ASFÁLTICOS CAP-150-200","2019-05-01","***","***","***","***","***","***"]
["CIMENTOS ASFÁLTICOS CAP-150-200","2019-06-01","***","***","***","***","***","***"]
["CIMENTOS ASFÁLTICOS CAP-150-200","2019-07-01","***","***","***","***","***","***"]
["CIMENTOS ASFÁLTICOS CAP-150-200","2019-08-01","***","***","***","***","***","***"]
["CIMENTOS ASFÁLTICOS CAP-150-200","2019-09-01","***","***","***","***","***","***"]
["CIMENTOS ASFÁLTICOS CAP-150-200","2019-10-01","***","***","***","***","***","***"]
["CIMENTOS ASFÁLTICOS CAP-150-200","2019-11-01","***","***","***","***","***","***"]
["CIMENTOS ASFÁLTICOS CAP-150-200","2019-12-01","***","***","***","***","***","***"]
["CIMENTOS ASFÁLTICOS CAP-150-200","2020-01-01","***","***","***","***","***","***"]
["CIMENTOS ASFÁLTICOS CAP-150-200","2020-02-01","***","***","***","***","***","***"]
["CIMENTOS ASFÁLTICOS CAP-150-200","2020-03-01","***","***","***","***","***","***"]
["CIMENTOS ASFÁLTICOS CAP-150-200","2020-04-01","***","***","***","***","***","***"]
["CIMENTOS ASFÁLTICOS CAP-150-200","2020-05-01","***","***","***","***","***","***"]
["CIMENTOS ASFÁLTICOS CAP-150-200","2020-06-01","***","***","***","***","***","***"]
["CIMENTOS ASFÁLTICOS CAP-150-200","2020-07-01","***","***","***","***","***","***"]
["CIMENTOS ASFÁLTICOS CAP-150-200","2020-08-01","***","***","***","***","***","***"]
["CIMENTOS ASFÁLTICOS CAP-150-200","2020-09-01","***","***","***","***","***","***"]
["CIMENTOS ASFÁLTICOS CAP-150-200","2020-10-01","***","***","***","***","***","***"]
["CIMENTOS ASFÁLTICOS CAP-150-200","2020-11-01","***","***","***","***","***","***"]
["CIMENTOS ASFÁLTICOS CAP-150-200","2020-12-01","***","***","***","***","***","***"]
["CIMENTOS ASFÁLTICOS CAP-150-200","2021-01-01","***","***","***","***","***","***"]
["CIMENTOS ASFÁLTICOS CAP-150-200","2021-02-01","***","***","***","***","***","***"]
["CIMENTOS ASFÁLTICOS CAP-150-200","2021-03-01","***","***","***","***","***","***"]
["CIMENTOS ASFÁLTICOS CAP-150-200","2021-04-01","***","***","***","***","***","***"]
["CIMENTOS ASFÁLTICOS CAP-150-200","2021-05-01","***","***","***",6.4181100000000004,"***",6.4181100000000004]
["CIMENTOS ASFÁLTICOS CAP-150-200","2021-06-01","***","***","***","***","***","***"]
["CIMENTOS ASFÁLTICOS CAP-150-200","2021-07-01","***","***","***","***","***","***"]
["CIMENTOS ASFÁLTICOS CAP-150-200","2021-08-01","***","***","***","***","***","***"]
["CIMENTOS ASFÁLTICOS CAP-150-200","2021-09-01","***","***","***","***","***","***"]
["CIMENTOS ASFÁLTICOS CAP-150-200","2021-10-01","***","***","***","***","***","***"]
["CIMENTOS ASFÁLTICOS CAP-150-200","2021-11-01","***","***","***","***","***","***"]
["CIMENTOS ASFÁLTICOS CAP-150-200","2021-12-01","***","***","***","***","***","***"]
["CIMENTOS ASFÁLTICOS CAP-150-200","2022-01-01","***","***","***","***","***","***"]
["CIMENTOS ASFÁLTICOS CAP-150-200","2022-02-01","***","***","***","***","***","***"]
["CIMENTOS ASFÁLTICOS CAP-150-200","2022-03-01","***","***","***","***","***","***"]
["CIMENTOS ASFÁLTICOS CAP-150-200","2022-04-01","***","***","***","***","***","***"]
["CIMENTOS ASFÁLTICOS CAP-150-200","2022-05-01","***","***","***","***","***","***"]
["CIMENTOS ASFÁLTICOS CAP-150-200","2022-06-01","***","***","***","***","***","***"]
["CIMENTOS ASFÁLTICOS CAP-150-200","2022-07-01","***","***","***","***","***","***"]
["CIMENTOS ASFÁLTICOS CAP-150-200","2022-08-01","***","***","***","***","***","***"]
["CIMENTOS ASFÁLTICOS CAP-150-200","2022-09-01","***","***","***","***","***","***"]
["CIMENTOS ASFÁLTICOS CAP-150-200","2022-10-01","***","***","***","***","***","***"]
["CIMENTOS ASFÁLTICOS CAP-150-200","2022-11-01","***","***","***",7.2317600000000004,"***",7.2317600000000004]
["CIMENTOS ASFÁLTICOS CAP-150-200","2022-12-01","***","***","***","***","***","***"]
["CIMENTOS ASFÁLTICOS CAP-150-200","2023-01-01","***","***","***","***","***","***"]
["CIMENTOS ASFÁLTICOS CAP-150-200","2023-02-01","***","***","***","***","***","***"]
["CIMENTOS ASFÁLTICOS CAP-150-200","2023-03-01","***","***","***","***","***","***"]
["CIMENTOS ASFÁLTICOS CAP-150-200","2023-04-01","***","***","***","***","***","***"]
["CIMENTOS ASFÁLTICOS CAP-150-200","2023-05-01","***","***","***","***","***","***"]
["CIMENTOS ASFÁLTICOS CAP-150-200","2023-06-01","***","***","***","***","***","***"]
["CIMENTOS ASFÁLTICOS CAP-150-200","2023-07-01","***","***","***","***","***","***"]
["CIMENTOS ASFÁLTICOS CAP-150-200","2023-08-01","***","***","***","***","***","***"]
["CIMENTOS ASFÁLTICOS CAP-150-200","2023-09-01","***","***","***","***","***","***"]
["CIMENTOS ASFÁLTICOS CAP-150-200","2023-10-01","***","***","***","***","***","***"]
["CIMENTOS ASFÁLTICOS CAP-150-200","2023-11-01","***","***","***","***","***","***"]
["CIMENTOS ASFÁLTICOS CAP-150-200","2023-12-01","***","***","***","***","***","***"]
["CIMENTOS ASFÁLTICOS CAP-150-200","2024-01-01","***","***","***","***","***","***"]
["CIMENTOS ASFÁLTICOS CAP-150-200","2024-02-01","***","***","***","***","***","***"]
["CIMENTOS ASFÁLTICOS CAP-150-200","2024-03-01","***","***","***","***","***","***"]
["CIMENTOS ASFÁLTICOS CAP-150-200","2024-04-01","***","***","***","***","***","***"]
["CIMENTOS ASFÁLTICOS CAP-150-200","2024-05-01","***","***","***","***","***","***"]
["CIMENTOS ASFÁLTICOS CAP-150-200","2024-06-01","***","***","***","***","***","***"]
["CIMENTOS ASFÁLTICOS CAP-150-200","2024-07-01","***","***","***","***","***","***"]
["CIMENTOS ASFÁLTICOS CAP-30-45","2008-11-01","***","***",2.202,0.96389878550085295,"***",0.96845674115569891]
["CIMENTOS ASFÁLTICOS CAP-30-45","2008-12-01","***","***","***",1.0096355085676287,"***",1.0096355085676287]
["CIMENTOS ASFÁLTICOS CAP-30-45","2009-01-01","***","***","***",0.90312768950474787,0.90890000000000004,0.90315261114342826]
["CIMENTOS ASFÁLTICOS CAP-30-45","2009-02-01","***","***","***",0.95408041011695011,"***",0.95408041011695011]
["CIMENTOS ASFÁLTICOS CAP-30-45","2009-03-01","***","***",1.2091621142564983,0.969488387405673,"***",0.98341130518243203]
["CIMENTOS ASFÁLTICOS CAP-30-45","2009-04-01","***","***",1.2592016208580439,0.9653514425145423,"***",0.9856917687129424]
["CIMENTOS ASFÁLTICOS CAP-30-45","2009-05-01","***","***",1.3017948047023307,0.9390335318817481,"***",0.96651429785302545]
["CIMENTOS ASFÁLTICOS CAP-30-45","2009-06-01","***","***",1.2924647285516548,0.91557454324125842,0.88366999999999996,0.9774661723595347]
["CIMENTOS ASFÁLTICOS CAP-30-45","2009-07-01",1.1983279291325424,"***",1.3162235749754951,1.0332699580752742,"***",1.0809272160906338]
["CIMENTOS ASFÁLTICOS CAP-30-45","2009-08-01",1.1425218841183826,"***",1.2914152885920664,0.94287912663724083,"***",0.99329363368317469]
["CIMENTOS ASFÁLTICOS CAP-30-45","2009-09-01",1.2179708502024291,"***",1.2733065313666061,0.95338647211387628,"***",1.016009727863405]
["CIMENTOS ASFÁLTICOS CAP-30-45","2009-10-01",1.1499900000000001,"***",1.3229985388633532,0.92445890217072479,0.90933990139109,1.0011250271507404]
["CIMENTOS ASFÁLTICOS CAP-30-45","2009-11-01",1.1455082054654391,0.92451993220216944,1.3000044142473726,0.92629696920978677,0.8655433723429663,0.97250195935376071]
["CIMENTOS ASFÁLTICOS CAP-30-45","2009-12-01",1.1418454485199971,"***",1.4794440377275715,0.97485862530318201,0.88864667686154564,0.9834314802968287]
["CIMENTOS ASFÁLTICOS CAP-30-45","2010-01-01",1.1327789624486604,"***",1.4777370874757705,0.93215318715670603,0.88842589522164661,0.94381773411585568]
["CIMENTOS ASFÁLTICOS CAP-30-45","2010-02-01",1.1441124987907516,"***",1.4677596757472788,0.9121543608355378,0.90126464215742774,0.92316997347175667]
["CIMENTOS ASFÁLTICOS CAP-30-45","2010-03-01",1.1405155319148936,"***",1.4205266495058486,0.90919240101119947,0.89570478428739309,0.92373510208075282]
["CIMENTOS ASFÁLTICOS CAP-30-45","2010-04-01",1.1443719701503043,"***",1.4627361365769516,0.9167226347684958,0.89346406072106266,0.92639350600934467]
["CIMENTOS ASFÁLTICOS CAP-30-45","2010-05-01",1.1417957860310919,"***","***",0.89498261321551742,0.88290000000000002,0.89676391266000621]
["CIMENTOS ASFÁLTICOS CAP-30-45","2010-06-01",0.93678558539508006,"***","***",0.8863714107791073,0.88685837633067999,0.88686164277118007]
["CIMENTOS ASFÁLTICOS CAP-30-45","2010-07-01",0.9121474590273152,"***","***",0.87158579567693806,0.96454826648538416,0.87197297593852807]
["CIMENTOS ASFÁLTICOS CAP-30-45","2010-08-01",0.91643472931962799,"***","***",0.86740075124328675,0.95063486967874289,0.86910649157224773]
["CIMENTOS ASFÁLTICOS CAP-30-45","2010-09-01",0.90718200800776505,"***","***",0.8627940222671544,0.95985513380601084,0.86450117298625906]
["CIMENTOS ASFÁLTICOS CAP-30-45","2010-10-01",0.98383149931168523,"***","***",0.89562248488449436,0.97526209593634161,0.89760032311158622]
["CIMENTOS ASFÁLTICOS CAP-30-45","2010-11-01",1.1562939228974558,"***","***",0.91140317675339311,"***",0.91262877329399739]
["CIMENTOS ASFÁLTICOS CAP-30-45","2010-12-01",1.2108562401491401,"***","***",0.91775743823208666,1.115,0.92012815641003765]
["CIMENTOS ASFÁLTICOS CAP-30-45","2011-01-01",1.1575427790802524,"***","***",0.91221318617782177,"***",0.91305628374382519]
["CIMENTOS ASFÁLTICOS CAP-30-45","2011-02-01",1.1853278507348732,"***","***",0.8866836683224586,"***",0.88754358404090872]
["CIMENTOS ASFÁLTICOS CAP-30-45","2011-03-01","***","***","***",0.86643167188030989,"***",0.86643167188030989]
["CIMENTOS ASFÁLTICOS CAP-30-45","2011-04-01","***","***","***",0.85190050777375126,"***",0.85190050777375126]
["CIMENTOS ASFÁLTICOS CAP-30-45","2011-05-01",1.1499900000000001,"***","***",0.8449292999098601,"***",0.84525819797462698]
["CIMENTOS ASFÁLTICOS CAP-30-45","2011-06-01",1.1219149829437778,"***","***",0.83361859559768159,"***",0.83434709813237584]
["CIMENTOS ASFÁLTICOS CAP-30-45","2011-07-01",0.87477161442307683,"***","***",0.83638682639756956,0.87853358875042109,0.83664383580805668]
["CIMENTOS ASFÁLTICOS CAP-30-45","2011-08-01",0.97814035014951295,"***","***",0.83792330514374114,0.87855069314349954,0.83924372574474571]
["CIMENTOS ASFÁLTICOS CAP-30-45","2011-09-01",1.0348991491174679,"***",1.2137,0.83507073984052205,0.87861915736346019,0.83817920650331679]
["CIMENTOS ASFÁLTICOS CAP-30-45","2011-10-01",1.0822499999999999,"***","***",0.83397037589623235,0.86319999999999997,0.83588148750095237]
["CIMENTOS ASFÁLTICOS CAP-30-45","2011-11-01",1.0822499999999999,"***","***",0.83073618965208951,0.86180000000000001,0.83217915346958149]
["CIMENTOS ASFÁLTICOS CAP-30-45","2011-12-01",0.87485000000000002,"***",1.0307999999999999,0.83025514296535508,0.94277999999999995,0.83068396005937728]
["CIMENTOS ASFÁLTICOS CAP-30-45","2012-01-01","***","***",1.034,0.83198640965103643,"***",0.83230224546898857]
["CIMENTOS ASFÁLTICOS CAP-30-45","2012-02-01","***","***",1.0352627540264778,0.83940208733302435,"***",0.84035969542097211]
["CIMENTOS ASFÁLTICOS CAP-30-45","2012-03-01",1.1415730218111542,"***",1.0333519829082654,0.85391003129658372,0.81542999999999999,0.85505706895701483]
["CIMENTOS ASFÁLTICOS CAP-30-45","2012-04-01","***","***",1.1080932106164383,0.86021770894794702,0.82633000000000001,0.86174695820497793]
["CIMENTOS ASFÁLTICOS CAP-30-45","2012-05-01",1.1564000000000001,"***",1.0928641756506217,0.86322191371031787,"***",0.86477360992484931]
["CIMENTOS ASFÁLTICOS CAP-30-45","2012-06-01","***","***",1.0942866042385411,0.86763749884787278,"***",0.86919341941932571]
["CIMENTOS ASFÁLTICOS CAP-30-45","2012-07-01","***","***",1.0966112444961371,0.86694574332193364,0.73311000000000004,0.86926138849551249]
["CIMENTOS ASFÁLTICOS CAP-30-45","2012-08-01","***","***",1.109068670321141,0.86912210655547795,"***",0.87047870373846858]
["CIMENTOS ASFÁLTICOS CAP-30-45","2012-09-01","***","***",1.0989199999999999,0.87404959699900908,0.73310999999999993,0.87351714016107185]
["CIMENTOS ASFÁLTICOS CAP-30-45","2012-10-01","***","***",1.120726317116878,0.87192522158921615,0.92335999999999985,0.87330993620751862]
["CIMENTOS ASFÁLTICOS CAP-30-45","2012-11-01","***","***",1.0935926746445739,0.88025317895736077,"***",0.88101317101768672]
["CIMENTOS ASFÁLTICOS CAP-30-45","2012-12-01","***","***",1.0942082618412068,0.87335111488523343,"***",0.87532681081000019]
["CIMENTOS ASFÁLTICOS CAP-30-45","2013-01-01","***","***",1.1126097397124444,0.86326126378558143,"***",0.86544014844190353]
["CIMENTOS ASFÁLTICOS CAP-30-45","2013-02-01","***","***","***",0.86810117121312724,"***",0.86810117121312724]
["CIMENTOS ASFÁLTICOS CAP-30-45","2013-03-01","***","***",1.0839799999999999,0.88674808734508548,"***",0.8871184155352998]
["CIMENTOS ASFÁLTICOS CAP-30-45","2013-04-01","***","***",1.0961563408896493,0.88448780846965769,"***",0.88523000996176338]
["CIMENTOS ASFÁLTICOS CAP-30-45","2013-05-01","***","***",1.1580256081215108,0.88689324560272076,"***",0.89340757516218638]
["CIMENTOS ASFÁLTICOS CAP-30-45","2013-06-01","***","***",1.0315984161521945,0.87332669843222344,"***",0.87706194722002417]
["CIMENTOS ASFÁLTICOS CAP-30-45","2013-07-01","***","***",1.1397635040159273,0.88105531667051185,"***",0.88759398367491382]
["CIMENTOS ASFÁLTICOS CAP-30-45","2013-08-01","***","***",1.1374981163451809,0.88988045249583847,0.96648385928821234,0.89673800084069433]
["CIMENTOS ASFÁLTICOS CAP-30-45","2013-09-01","***","***",1.1688582059518116,0.90564083949887542,"***",0.91710529604764124]
["CIMENTOS ASFÁLTICOS CAP-30-45","2013-10-01","***","***",1.1241316750198971,0.89339101584518432,"***",0.89910003852175069]
["CIMENTOS ASFÁLTICOS CAP-30-45","2013-11-01","***","***",1.1345695786622871,0.90200024319615169,"***",0.91290723735620116]
["CIMENTOS ASFÁLTICOS CAP-30-45","2013-12-01","***","***",1.0421830456920553,0.91214753923202607,1.0627200000000001,0.91570171921368948]
["CIMENTOS ASFÁLTICOS CAP-30-45","2014-01-01","***","***",1.1475820718796796,0.91088946236607116,1.0039461772876506,0.91843687568522692]
["CIMENTOS ASFÁLTICOS CAP-30-45","2014-02-01","***","***",1.0527563471958818,0.91579669277223186,1.0627200000000001,0.91776396306562558]
["CIMENTOS ASFÁLTICOS CAP-30-45","2014-03-01","***","***",1.118367274284316,0.9137732736248827,1.0627200000000001,0.91879709265568532]
["CIMENTOS ASFÁLTICOS CAP-30-45","2014-04-01","***","***",1.0756725302515024,0.90677938434455585,1.0627200000000001,0.91227790960539823]
["CIMENTOS ASFÁLTICOS CAP-30-45","2014-05-01","***","***",1.0755260311466264,0.90279709829397314,1.0627200000000001,0.91264641134677815]
["CIMENTOS ASFÁLTICOS CAP-30-45","2014-06-01","***","***",1.1218797036496888,0.89763499299156602,"***",0.91526791658935525]
["CIMENTOS ASFÁLTICOS CAP-30-45","2014-07-01","***","***",1.0594807753879203,0.89399277921585951,"***",0.90503382127052701]
["CIMENTOS ASFÁLTICOS CAP-30-45","2014-08-01","***","***",1.0931281678590601,0.89302351524009471,0.92156000000000016,0.91097459811152315]
["CIMENTOS ASFÁLTICOS CAP-30-45","2014-09-01","***","***",1.2093996899954327,0.90881813675403567,0.92156000000000016,0.9330361210419178]
["CIMENTOS ASFÁLTICOS CAP-30-45","2014-10-01","***","***",1.126023363718347,0.87978324033651167,1.0627200000000001,0.89565631357819886]
["CIMENTOS ASFÁLTICOS CAP-30-45","2014-11-01","***","***",1.1310787058454315,0.90050182576729332,1.0627200000000001,0.91621100269825062]
["CIMENTOS ASFÁLTICOS CAP-30-45","2014-12-01","***","***",1.2094707723841531,1.0061659133531129,"***",1.0174715846259297]
["CIMENTOS ASFÁLTICOS CAP-30-45","2015-01-01",1.5476000000000001,"***",1.4789824211477973,1.1831388346140339,"***",1.2079291165799595]
["CIMENTOS ASFÁLTICOS CAP-30-45","2015-02-01",1.5935999999999999,"***",1.4524657730446517,1.1903404196706422,"***",1.2011704656910502]
["CIMENTOS ASFÁLTICOS CAP-30-45","2015-03-01","***","***",1.4917478117518004,1.1863207832165119,0.92156000000000005,1.1991598829148478]
["CIMENTOS ASFÁLTICOS CAP-30-45","2015-04-01",1.3197000000000001,"***",1.3712196920393838,1.1669043821396738,1.1910999999999998,1.1707781213587753]
["CIMENTOS ASFÁLTICOS CAP-30-45","2015-05-01",1.2819350000000003,"***",1.2496642688448607,1.1716586894246632,"***",1.1758068625912648]
["CIMENTOS ASFÁLTICOS CAP-30-45","2015-06-01",1.3191200000000001,"***",1.3000260757632787,1.1597163765942815,"***",1.1656925379042655]
["CIMENTOS ASFÁLTICOS CAP-30-45","2015-07-01","***","***",1.2295591771103487,1.1498034919305045,1.1802999999999999,1.1541518555075092]
["CIMENTOS ASFÁLTICOS CAP-30-45","2015-08-01","***","***",1.2532767878528654,1.1488727950324293,1.1800126075658894,1.1541504011628865]
["CIMENTOS ASFÁLTICOS CAP-30-45","2015-09-01","***","***",1.3990007906656616,1.2213810452231366,1.2650800398465174,1.2314175120453796]
["CIMENTOS ASFÁLTICOS CAP-30-45","2015-10-01","***","***",1.443635030876363,1.2897214195995681,1.2984122856411568,1.2949785780044125]
["CIMENTOS ASFÁLTICOS CAP-30-45","2015-11-01","***","***",1.6947009388196914,1.4554257912241382,1.443783473056794,1.4621579789471342]
["CIMENTOS ASFÁLTICOS CAP-30-45","2015-12-01","***","***",1.7589037895383632,1.4723164948417438,1.4418261947454589,1.4766134875542452]
["CIMENTOS ASFÁLTICOS CAP-30-45","2016-01-01","***","***",1.7401016234422364,1.4709350978552804,1.4428172201022975,1.4718107846909161]
["CIMENTOS ASFÁLTICOS CAP-30-45","2016-02-01","***","***",1.6206697336199285,1.4655615129353645,1.4466349107314262,1.4669560554206267]
["CIMENTOS ASFÁLTICOS CAP-30-45","2016-03-01","***","***",1.5191637115198755,1.4681515467504698,1.4417528771730261,1.4688625342593586]
["CIMENTOS ASFÁLTICOS CAP-30-45","2016-04-01",1.6218399999999999,"***",1.7364547002332618,1.6167903153688672,1.6047846901640666,1.621627991272135]
["CIMENTOS ASFÁLTICOS CAP-30-45","2016-05-01",1.6218399999999999,"***",1.7533678801851769,1.6293389247825596,1.5871641613550143,1.6337069470239136]
["CIMENTOS ASFÁLTICOS CAP-30-45","2016-06-01","***","***",1.733242216322455,1.6317999569489499,1.6465775691492224,1.6381724612254234]
["CIMENTOS ASFÁLTICOS CAP-30-45","2016-07-01","***","***",1.7055866667248345,1.6383546215644806,1.678292250378548,1.6440729072855123]
["CIMENTOS ASFÁLTICOS CAP-30-45","2016-08-01","***","***",1.6663998857082323,1.6387239626262509,1.6350477030755379,1.6411678507476488]
["CIMENTOS ASFÁLTICOS CAP-30-45","2016-09-01","***","***",1.6046551414419903,1.5231140587310765,1.5326052893139017,1.5339610471851866]
["CIMENTOS ASFÁLTICOS CAP-30-45","2016-10-01",1.6735766502463054,"***",1.5773045588340349,1.4982071816986724,1.5383756980357686,1.5132775368772957]
["CIMENTOS ASFÁLTICOS CAP-30-45","2016-11-01","***","***",1.6380838464506422,1.4920079603645255,1.4957786042135404,1.5072778326022582]
["CIMENTOS ASFÁLTICOS CAP-30-45","2016-12-01","***","***",1.5144316757992191,1.4683557268268475,1.5471362886522191,1.4791328724744097]
["CIMENTOS ASFÁLTICOS CAP-30-45","2017-01-01",1.62096,"***",1.4978829866506864,1.4437797776518029,1.5408481562981815,1.4580894500009682]
["CIMENTOS ASFÁLTICOS CAP-30-45","2017-02-01","***","***",1.5932058169169234,1.4381285646787447,1.4947187551045313,1.4583774254740798]
["CIMENTOS ASFÁLTICOS CAP-30-45","2017-03-01",1.6719999999999999,"***",1.503729533588412,1.4355240878982125,1.4720203543193637,1.4452006217291478]
["CIMENTOS ASFÁLTICOS CAP-30-45","2017-04-01","***","***",1.4991807019742887,1.3828354104711336,1.4307786219562451,1.3996932664310946]
["CIMENTOS ASFÁLTICOS CAP-30-45","2017-05-01","***",1.3877342027183361,1.4911717459550751,1.3481409117494374,1.4063853766970464,1.3723398616314999]
["CIMENTOS ASFÁLTICOS CAP-30-45","2017-06-01",1.1928964462327967,1.4375421787105147,1.540286447605268,1.3617663931251867,1.4154846208395953,1.4005314147112784]
["CIMENTOS ASFÁLTICOS CAP-30-45","2017-07-01",1.3884262886433232,1.3858763071259006,1.5496459818109134,1.3658860226677434,1.3878180811259939,1.4015309321689344]
["CIMENTOS ASFÁLTICOS CAP-30-45","2017-08-01",1.4416948389489952,1.3736269219556372,1.4813723681895563,1.3594734118455321,1.3820177097557558,1.383176491798298]
["CIMENTOS ASFÁLTICOS CAP-30-45","2017-09-01",1.4774604252639434,1.4207683494939756,1.5448769848375781,1.3625638924139833,1.3921079098528923,1.3988892826808061]
["CIMENTOS ASFÁLTICOS CAP-30-45","2017-10-01",1.5351341629216142,1.4319901958504988,1.558736843591215,1.3903729939835083,1.4145480796768597,1.4251961042222401]
["CIMENTOS ASFÁLTICOS CAP-30-45","2017-11-01",1.4111836701882208,1.5713555402196702,1.6313413733281281,1.511291559194794,1.5492650476003826,1.5424695028042981]
["CIMENTOS ASFÁLTICOS CAP-30-45","2017-12-01",1.3932608583056978,1.567231485236861,1.6239610354677454,1.5359360368211539,1.5154918622795748,1.540247065719399]
["CIMENTOS ASFÁLTICOS CAP-30-45","2018-01-01",1.6476915690013041,1.6565482133467859,1.7210476510494954,1.6345102992524556,1.5560483995851249,1.6320460077652261]
["CIMENTOS ASFÁLTICOS CAP-30-45","2018-02-01",1.5207832253618192,1.6848502998502819,1.7109770876493224,1.6502653481033869,1.609484265298015,1.6487470301498095]
["CIMENTOS ASFÁLTICOS CAP-30-45","2018-03-01",1.491580158315178,1.6337909705925402,1.6447670189290815,1.6423356303771297,1.6094138275855994,1.6337427130144104]
["CIMENTOS ASFÁLTICOS CAP-30-45","2018-04-01",1.5350898668579127,1.6156584535958651,1.7219590321378506,1.582955638893307,1.5887633107008443,1.5957276371174169]
["CIMENTOS ASFÁLTICOS CAP-30-45","2018-05-01",1.6376558328131312,1.6812811383091628,1.8706448195821743,1.7191927945352512,1.7530972446643402,1.7327933643779989]
["CIMENTOS ASFÁLTICOS CAP-30-45","2018-06-01",1.8336274699343025,1.827537701612685,1.9932059993415836,1.8084922918920414,1.788995438204162,1.8325081297335521]
["CIMENTOS ASFÁLTICOS CAP-30-45","2018-07-01",1.7835403091787443,1.9503305153859225,2.0517924572644537,1.9350421976910559,1.9400145321501541,1.9501163059778668]
["CIMENTOS ASFÁLTICOS CAP-30-45","2018-08-01",1.8515338092195663,2.0970565219905164,2.276089913909626,2.1250608780663995,2.0844227507822755,2.12587811576467]
["CIMENTOS ASFÁLTICOS CAP-30-45","2018-09-01",1.8759813773982819,2.1222184952154386,2.2980150933476593,2.1623097115162091,2.1335432695848788,2.1598957858443106]
["CIMENTOS ASFÁLTICOS CAP-30-45","2018-10-01",2.0102612252088106,2.0943308860278491,2.1893098823558561,2.1812424332326543,2.2231288313716457,2.1666816275572258]
["CIMENTOS ASFÁLTICOS CAP-30-45","2018-11-01",2.2499273327196208,2.467134473990793,2.6231582693347923,2.4524434010275327,2.4637502365755037,2.4600656174966669]
["CIMENTOS ASFÁLTICOS CAP-30-45","2018-12-01",2.1946256801312605,2.4114492872033919,2.4944467619330344,2.4846401051421196,2.5259009497975264,2.4791962391879383]
["CIMENTOS ASFÁLTICOS CAP-30-45","2019-01-01",2.1719482325334449,2.3904946342152442,2.6067390324531954,2.4580470326185537,2.4981693280282999,2.462996179918346]
["CIMENTOS ASFÁLTICOS CAP-30-45","2019-02-01",2.487649734317237,2.5380220692080049,2.7157118300450254,2.6695284653977458,2.7445422570056799,2.6634013867069153]
["CIMENTOS ASFÁLTICOS CAP-30-45","2019-03-01",2.3374180074904194,2.5497505855969091,2.8721549703388689,2.6691157754951504,2.6913096547186193,2.6752786837826901]
["CIMENTOS ASFÁLTICOS CAP-30-45","2019-04-01",2.4543348176726818,2.5871013665182452,2.903504849499682,2.6731510743934792,2.7811138038989256,2.6959982813730003]
["CIMENTOS ASFÁLTICOS CAP-30-45","2019-05-01",2.2983703391820138,2.5964453978923867,2.8723715109593901,2.6876189305966105,2.787929340060634,2.7041945068215179]
["CIMENTOS ASFÁLTICOS CAP-30-45","2019-06-01",2.4379393811291683,2.5312102251240969,2.9418021928178271,2.6577845500934179,2.7737744884529585,2.7044633325711205]
["CIMENTOS ASFÁLTICOS CAP-30-45","2019-07-01",2.3901375469824955,2.5151906620235396,2.9600930635828724,2.6722754481992887,2.7556905584825238,2.6992101400604587]
["CIMENTOS ASFÁLTICOS CAP-30-45","2019-08-01",2.1977314172692632,2.3098604186648646,2.7087069498684011,2.4541473948861134,2.5378288443646846,2.4818408862472676]
["CIMENTOS ASFÁLTICOS CAP-30-45","2019-09-01",2.1307806560495659,2.3214022616986059,2.6917983255897733,2.4380465113080461,2.5297096280901603,2.4629840761999282]
["CIMENTOS ASFÁLTICOS CAP-30-45","2019-10-01",2.2474774518774323,2.3491677587854678,2.6948092754378852,2.4738825270552747,2.4813678752790884,2.4752250662286315]
["CIMENTOS ASFÁLTICOS CAP-30-45","2019-11-01",2.067977100756599,2.4090164372320646,2.7281502466107246,2.5423896208187049,2.5370655123381023,2.5280893569857685]
["CIMENTOS ASFÁLTICOS CAP-30-45","2019-12-01",2.0472294777653426,2.3596118754009128,2.7938789404352251,2.5506304123395727,2.50490399545096,2.5228359815960815]
["CIMENTOS ASFÁLTICOS CAP-30-45","2020-01-01",2.1168232528375213,2.3939028230092054,2.9000756703802844,2.5499748737291572,2.6045780201632418,2.540812459633754]
["CIMENTOS ASFÁLTICOS CAP-30-45","2020-02-01",2.0373928330178042,2.226411747798962,2.6091894054416005,2.3459006092633574,2.3795526333042503,2.3408255501688959]
["CIMENTOS ASFÁLTICOS CAP-30-45","2020-03-01",1.8789610853459127,2.1873698981501555,2.501807910126534,2.3410578401067066,2.3490944205222735,2.3211658798005281]
["CIMENTOS ASFÁLTICOS CAP-30-45","2020-04-01",1.8378897980997622,2.1612196169412701,2.4384086992003566,2.3045937303344841,2.3041973445100421,2.2924943276619993]
["CIMENTOS ASFÁLTICOS CAP-30-45","2020-05-01",2.0522176802602532,2.1252518077088602,2.4698937216243002,2.3173203301913121,2.3746367538734852,2.3105744759872446]
["CIMENTOS ASFÁLTICOS CAP-30-45","2020-06-01",2.0614990509379303,2.166315101787375,2.4457148297142255,2.2961935441919898,2.3914368451534371,2.3010076269484525]
["CIMENTOS ASFÁLTICOS CAP-30-45","2020-07-01",2.055494394882837,2.1640442215858249,2.4335703787523069,2.2979703952265593,2.3873226063181399,2.2939572654147558]
["CIMENTOS ASFÁLTICOS CAP-30-45","2020-08-01",2.2180138910270846,2.264861248238629,2.5793817661334071,2.4143540351426607,2.499962166759381,2.4070441389501145]
["CIMENTOS ASFÁLTICOS CAP-30-45","2020-09-01",2.1856712068342778,2.3238098055489838,2.613494058398905,2.4114040079933305,2.4645739773129045,2.4120117967003187]
["CIMENTOS ASFÁLTICOS CAP-30-45","2020-10-01",2.0923131978464657,2.3199381622544566,2.6310141112619609,2.433140258093804,2.4822316269216933,2.430708452761444]
["CIMENTOS ASFÁLTICOS CAP-30-45","2020-11-01",2.3139704845609481,2.4969735593468227,2.7637683227614294,2.6207119850201575,2.7073638589552202,2.6184578769840914]
["CIMENTOS ASFÁLTICOS CAP-30-45","2020-12-01",2.4520753664454431,"***",2.8173408138434834,2.5323478281875635,2.6066673517698011,2.5584373972765158]
["CIMENTOS ASFÁLTICOS CAP-30-45","2021-01-01",2.5732002442783997,"***",2.7031123347298331,2.5776982723268764,3.2358810219700662,2.601142740405157]
["CIMENTOS ASFÁLTICOS CAP-30-45","2021-02-01","***","***",2.797607010164409,2.839991403679333,3.2993265326276511,2.8431600586185755]
["CIMENTOS ASFÁLTICOS CAP-30-45","2021-03-01","***","***",2.851615649086674,2.8418649817622552,3.4076443931773208,2.8594615289257836]
["CIMENTOS ASFÁLTICOS CAP-30-45","2021-04-01","***","***",2.9539002065947391,2.8615062174872414,3.4491545325394815,2.8899094397810163]
["CIMENTOS ASFÁLTICOS CAP-30-45","2021-05-01","***","***",3.4424206419714181,3.4946755641262071,3.8990453571684967,3.4880048604229317]
["CIMENTOS ASFÁLTICOS CAP-30-45","2021-06-01",3.3012637347410094,"***",3.4260876515724448,3.5003204690754841,4.2544027379540799,3.503158103515529]
["CIMENTOS ASFÁLTICOS CAP-30-45","2021-07-01","***","***",3.5858127603798344,3.5366103741643045,3.9937766570642359,3.5478621828559285]
["CIMENTOS ASFÁLTICOS CAP-30-45","2021-08-01",3.13307,3.5390466688438926,3.7062241755769896,3.6894057164706573,4.0007530944444447,3.6922687013283659]
["CIMENTOS ASFÁLTICOS CAP-30-45","2021-09-01","***","***",3.6148760529848656,3.6845640925931273,3.7792582793791576,3.6738595602718811]
["CIMENTOS ASFÁLTICOS CAP-30-45","2021-10-01",3.41161,"***",3.5771676121935698,3.6697960476056699,3.5521616288372093,3.6539624810654439]
["CIMENTOS ASFÁLTICOS CAP-30-45","2021-11-01",3.7868880915800571,"***",4.0105582319407622,4.0174905618743004,4.7354179379277301,4.0241044347782609]
["CIMENTOS ASFÁLTICOS CAP-30-45","2021-12-01",3.5705,"***",4.1179092742642345,4.0288180521123014,4.1219880159036766,4.0360205065118118]
["CIMENTOS ASFÁLTICOS CAP-30-45","2022-01-01",3.823030000000001,"***",3.9163155203085975,4.0633324824494412,4.0234862916517375,4.0513571258310321]
["CIMENTOS ASFÁLTICOS CAP-30-45","2022-02-01",4.2186818703009576,"***",4.332309016376664,4.3340586646880199,4.8795526919817434,4.3339228362844642]
["CIMENTOS ASFÁLTICOS CAP-30-45","2022-03-01",4.3115555930387437,"***",4.3120532329331329,4.3648103858356357,4.6404149167568329,4.3597932011143845]
["CIMENTOS ASFÁLTICOS CAP-30-45","2022-04-01",4.1670056519355194,"***",4.7773250056806802,4.5184130406569212,4.645853301926663,4.5571931202116351]
["CIMENTOS ASFÁLTICOS CAP-30-45","2022-05-01",4.0886530293407422,"***",4.6237715768539855,4.4214617829770129,4.5072363450878639,4.4457418487702656]
["CIMENTOS ASFÁLTICOS CAP-30-45","2022-06-01",4.0256489360741545,"***",4.4687705649689384,4.4243574666988694,4.6000131542691411,4.4255082694288674]
["CIMENTOS ASFÁLTICOS CAP-30-45","2022-07-01",4.0883708830075474,"***",4.6933856777591894,4.4564854649055494,4.8369036733540183,4.4889436361082256]
["CIMENTOS ASFÁLTICOS CAP-30-45","2022-08-01",3.9438678124013054,"***",4.5792503871140244,4.2824433090519092,4.6279515637071418,4.3329766236538276]
["CIMENTOS ASFÁLTICOS CAP-30-45","2022-09-01",3.9329001466147564,"***",4.4003335774797003,4.0536042796840794,5.06960694058741,4.1215888349065919]
["CIMENTOS ASFÁLTICOS CAP-30-45","2022-10-01",3.6609896740954246,3.8188300000000002,4.0447564099401276,3.6282539341325646,4.5973336639490583,3.7003366665046351]
["CIMENTOS ASFÁLTICOS CAP-30-45","2022-11-01",3.6987617363462086,3.8242800000000003,4.0644587018114331,3.6125027140522441,4.7007613094364027,3.6911023839087376]
["CIMENTOS ASFÁLTICOS CAP-30-45","2022-12-01",3.2604870028937576,3.8592100000000005,3.8759141146761067,3.5899687194091103,4.7159500000000003,3.639500631614438]
["CIMENTOS ASFÁLTICOS CAP-30-45","2023-01-01",3.1283264961957533,"***",3.8962827351976959,3.4730745998984931,4.4178756779039574,3.5370266216042325]
["CIMENTOS ASFÁLTICOS CAP-30-45","2023-02-01",3.0192639761753721,"***",3.8398551501123528,3.3649234580046787,4.2690359072561064,3.4255517472290133]
["CIMENTOS ASFÁLTICOS CAP-30-45","2023-03-01",3.011321122442804,"***",3.5059096487254977,3.2119828747211896,4.2052676030557175,3.2654353976990338]
["CIMENTOS ASFÁLTICOS CAP-30-45","2023-04-01",3.9201921705349139,"***",3.4449413712836869,3.2032941126453101,4.0896218706520058,3.2769258697708756]
["CIMENTOS ASFÁLTICOS CAP-30-45","2023-05-01",3.290546204280361,"***",3.5601331506144867,3.1421904867987198,4.0717008450879275,3.2301441312397836]
["CIMENTOS ASFÁLTICOS CAP-30-45","2023-06-01",3.192112255667197,"***",3.5697929582624575,3.1527881788446077,3.6930170765315524,3.2338957150516237]
["CIMENTOS ASFÁLTICOS CAP-30-45","2023-07-01",3.1687063561326565,4.1558000000000002,3.5176021310000691,3.0671616527539523,3.7299637315243475,3.1381258551121514]
["CIMENTOS ASFÁLTICOS CAP-30-45","2023-08-01",3.5698996008643489,2.714,3.4661020638130431,3.059685837156068,3.3501970328464865,3.1581147818625168]
["CIMENTOS ASFÁLTICOS CAP-30-45","2023-09-01",3.8033632283698666,"***",3.619219726590706,3.3147911815909441,3.2872254382554655,3.3925147036236187]
["CIMENTOS ASFÁLTICOS CAP-30-45","2023-10-01",3.7600330581866497,3.3619629565299696,3.8200223276478678,3.3105228697941458,3.3518664634330393,3.4367387505640097]
["CIMENTOS ASFÁLTICOS CAP-30-45","2023-11-01",3.8301807448803231,"***",3.7547759032662325,3.3747593023223219,3.6097550971617665,3.469012497997908]
["CIMENTOS ASFÁLTICOS CAP-30-45","2023-12-01",3.829389295212954,"***",3.6963417419485141,3.3225710905842054,3.8801581842204609,3.3688653138149496]
["CIMENTOS ASFÁLTICOS CAP-30-45","2024-01-01",3.0459141573211181,"***",3.5830971417809394,3.2091761974122237,4.0791650106058892,3.2624504942271813]
["CIMENTOS ASFÁLTICOS CAP-30-45","2024-02-01",3.1116139747208247,"***",3.6831847425835584,3.2049842409957332,4.2047774179246069,3.2599051684648144]
["CIMENTOS ASFÁLTICOS CAP-30-45","2024-03-01",3.337022864461423,"***",3.628976708817981,3.285675407156472,4.0108926863864625,3.3301311218942491]
["CIMENTOS ASFÁLTICOS CAP-30-45","2024-04-01",3.8189139508478527,"***",3.5916369550797076,3.2443195159528031,3.6592456900042376,3.2957282976677007]
["CIMENTOS ASFÁLTICOS CAP-30-45","2024-05-01",3.6222874444250972,"***",3.6730234403671393,3.3282393560612564,4.1665251613776766,3.3901355839307792]
["CIMENTOS ASFÁLTICOS CAP-30-45","2024-06-01",3.3328678543176169,"***",3.7600099362528852,3.3258418022142582,4.1139195672552971,3.4011170393737844]
["CIMENTOS ASFÁLTICOS CAP-30-45","2024-07-01",3.9102810480876125,"***",3.8303938615195734,3.3337469533566368,4.2663850536082215,3.4438499716391195]
["CIMENTOS ASFÁLTICOS CAP-50-70","2008-11-01",1.1642002000093201,0.96805847217940089,1.4462434031071205,0.98865296439519579,0.96163141022272336,1.0166208832585175]
["CIMENTOS ASFÁLTICOS CAP-50-70","2008-12-01",1.159534923681445,0.9549372499360903,1.3348739119070991,1.0002482230918115,0.97362996778999378,1.0072500470996759]
["CIMENTOS ASFÁLTICOS CAP-50-70","2009-01-01",1.0455863869308708,0.96128733338734862,1.1830291692251789,0.97634598353562307,0.97364068075219268,0.98096183277499671]
["CIMENTOS ASFÁLTICOS CAP-50-70","2009-02-01",1.0370040640236622,0.93893550251968416,1.1555875081935618,0.96609601293683978,0.96455005583206455,0.96989216926771549]
["CIMENTOS ASFÁLTICOS CAP-50-70","2009-03-01",0.99575096443573208,0.94507491517794651,1.1962947855252439,0.95562842439706885,0.95789000009302427,0.96070465026889662]
["CIMENTOS ASFÁLTICOS CAP-50-70","2009-04-01",1.0483761956606816,0.93276962906464489,1.2271055402503233,0.94696213599386703,0.95204047834180672,0.95892044635957974]
["CIMENTOS ASFÁLTICOS CAP-50-70","2009-05-01",0.98411348111694719,0.92756987016966597,1.2513790175507091,0.92702080547710586,0.94462838353746115,0.94842652037425534]
["CIMENTOS ASFÁLTICOS CAP-50-70","2009-06-01",1.0464192542469533,0.91672658177820365,1.2310166634151205,0.91941342198420961,0.9309694040747355,0.93838120244848355]
["CIMENTOS ASFÁLTICOS CAP-50-70","2009-07-01",1.033264336326984,0.94908535630500002,1.2920838702085002,0.95873289307549625,0.99274622930982648,0.9819922708400608]
["CIMENTOS ASFÁLTICOS CAP-50-70","2009-08-01",1.0349538054103584,0.90675589720571104,1.1702388790294094,0.90784734242270304,0.91378744694585556,0.92533164047068861]
["CIMENTOS ASFÁLTICOS CAP-50-70","2009-09-01",1.0098097872527239,0.90300336799640746,1.174989043872694,0.90904139809446127,0.91526407427170442,0.92866703086483027]
["CIMENTOS ASFÁLTICOS CAP-50-70","2009-10-01",1.0211700468397511,0.92535273820083397,1.171002094013478,0.91403669659253028,0.92002388294013071,0.93589788725090006]
["CIMENTOS ASFÁLTICOS CAP-50-70","2009-11-01",1.044340118251357,0.91887338911969096,1.1715272744723926,0.92125550154293223,0.92071684623057215,0.94010158339962746]
["CIMENTOS ASFÁLTICOS CAP-50-70","2009-12-01",1.1218585293654242,0.91025923868113778,1.255824418499518,0.91336230496708692,0.91920196812230504,0.94658654460419245]
["CIMENTOS ASFÁLTICOS CAP-50-70","2010-01-01",1.133456656565206,0.90993276466361372,1.2404791318277666,0.90311848552795548,0.90926088264860372,0.93654207445196569]
["CIMENTOS ASFÁLTICOS CAP-50-70","2010-02-01",1.1013527642432519,0.90183694319641272,1.2042183536810329,0.88538084006085105,0.88195461178770562,0.91458263661504224]
["CIMENTOS ASFÁLTICOS CAP-50-70","2010-03-01",1.0086812168510952,0.90727898357370174,1.2471964241866265,0.89680880191717915,0.90539560946189657,0.92531076182851313]
["CIMENTOS ASFÁLTICOS CAP-50-70","2010-04-01",1.0468387417746579,0.90044773373281228,1.2270861378565312,0.89108356590527005,0.91192259420483879,0.92766388457798399]
["CIMENTOS ASFÁLTICOS CAP-50-70","2010-05-01",1.0660884296178164,0.90050984063744699,1.2580521862722975,0.88279613189736239,0.90804233225828879,0.92635779360326509]
["CIMENTOS ASFÁLTICOS CAP-50-70","2010-06-01",0.97359196965887629,0.8746055776850481,1.1188488736558733,0.86778115746824702,0.88487272859646693,0.89934749219147248]
["CIMENTOS ASFÁLTICOS CAP-50-70","2010-07-01",0.94048317721408992,0.88191334566549162,1.1161824506929665,0.8784123211625896,0.89486795950418752,0.91002922118350815]
["CIMENTOS ASFÁLTICOS CAP-50-70","2010-08-01",0.95537497314560615,0.87997920182273592,1.1144578378742624,0.87175335236552298,0.87191387444373059,0.89992394466737236]
["CIMENTOS ASFÁLTICOS CAP-50-70","2010-09-01",0.94856930782505522,0.88391502047921022,1.1472069790815675,0.88593007783279432,0.88619053495742783,0.91753025022135515]
["CIMENTOS ASFÁLTICOS CAP-50-70","2010-10-01",0.93155043440074436,0.87849137035388636,1.1449120776795689,0.92604237839513026,0.90666321243673897,0.93291972063342332]
["CIMENTOS ASFÁLTICOS CAP-50-70","2010-11-01",0.94659994636148115,0.8833077854620689,1.1649982175911049,0.94141447522328225,0.93709138126829072,0.93981869282739416]
["CIMENTOS ASFÁLTICOS CAP-50-70","2010-12-01",0.98308806326034937,0.87958773488733932,1.1483552105327666,0.9336381319482675,0.97301298947521808,0.9445180745884586]
["CIMENTOS ASFÁLTICOS CAP-50-70","2011-01-01",1.1491610385266406,0.89178964396001914,1.1835374322531569,0.92997072695845073,0.9742954647688713,0.95451828900897351]
["CIMENTOS ASFÁLTICOS CAP-50-70","2011-02-01",0.995723488472813,0.88568844700388272,1.1321288810020231,0.92934801097271968,0.90677255873700646,0.92939413837166729]
["CIMENTOS ASFÁLTICOS CAP-50-70","2011-03-01",0.95401434113952277,0.86206374768885141,1.1598445358156133,0.89649350794789551,0.88026310807736752,0.8979412194350056]
["CIMENTOS ASFÁLTICOS CAP-50-70","2011-04-01",0.92775404713012577,0.87538905225236696,1.106357818324039,0.86568725533676349,0.87869739583734841,0.88708092799146687]
["CIMENTOS ASFÁLTICOS CAP-50-70","2011-05-01",0.95713314917389825,0.85089927371574625,1.0541858677849316,0.85913591638177356,0.87485191810927998,0.8865656957747019]
["CIMENTOS ASFÁLTICOS CAP-50-70","2011-06-01",0.89970191920263842,0.8379916787396211,1.0730760351104163,0.85586121363580769,0.87167283289833286,0.87649929179840891]
["CIMENTOS ASFÁLTICOS CAP-50-70","2011-07-01",0.85928303553753838,0.83471891274128018,1.0618869288921617,0.84584023713535905,0.86933884976771802,0.86620679160785563]
["CIMENTOS ASFÁLTICOS CAP-50-70","2011-08-01",0.93713573997865574,0.83185464339433635,1.0894662754485147,0.83590658821371822,0.86675998200935256,0.86655590905851454]
["CIMENTOS ASFÁLTICOS CAP-50-70","2011-09-01",0.96017618756024015,0.82940369859884999,1.1376729849847493,0.83734407345244777,0.86744204467017583,0.87206915221180425]
["CIMENTOS ASFÁLTICOS CAP-50-70","2011-10-01",0.94897013141592634,0.83194110858229087,1.1191584739569629,0.84496143150439385,0.85428475233702139,0.86896474563318771]
["CIMENTOS ASFÁLTICOS CAP-50-70","2011-11-01",0.94341314446758262,0.83555050486229721,1.118742876272427,0.84763528312047332,0.86295168084467511,0.87340662638805899]
["CIMENTOS ASFÁLTICOS CAP-50-70","2011-12-01",0.96380364224795978,0.83848303782179212,1.0279255510609169,0.86470407984264119,0.87298816149848057,0.87729063696553533]
["CIMENTOS ASFÁLTICOS CAP-50-70","2012-01-01",0.91094616754733937,0.83848475664723077,1.1189066697035934,0.87824842320582863,0.86083055239174644,0.87176135167825974]
["CIMENTOS ASFÁLTICOS CAP-50-70","2012-02-01",0.89821523882099075,0.84048391113424137,1.1048181423313803,0.88878961800866274,0.87180920137599194,0.88305633766574132]
["CIMENTOS ASFÁLTICOS CAP-50-70","2012-03-01",0.92335652518874889,0.84223851298127173,1.0540589651729875,0.88500024524979404,0.88256779067320767,0.88519741849224631]
["CIMENTOS ASFÁLTICOS CAP-50-70","2012-04-01",0.9771495645959426,0.85548584932047189,1.0697358965953339,0.88116357071918949,0.87783413597573867,0.8991021429873991]
["CIMENTOS ASFÁLTICOS CAP-50-70","2012-05-01",1.0557194208547582,0.85996408754259779,1.0775841700232844,0.88831507864456227,0.87634450501714189,0.90491540050468933]
["CIMENTOS ASFÁLTICOS CAP-50-70","2012-06-01",1.0451933456375511,0.86496493906383531,1.1054021243771597,0.89333736767998018,0.87681068509828675,0.91623252084462758]
["CIMENTOS ASFÁLTICOS CAP-50-70","2012-07-01",1.0446609274716192,0.86262940962823376,1.1266983298377571,0.88602308192304791,0.8770858206865334,0.91046070900498444]
["CIMENTOS ASFÁLTICOS CAP-50-70","2012-08-01",1.080180152614985,0.88019503907373897,1.1374371971853692,0.88507258941438749,0.87261659812848869,0.91438699077706176]
["CIMENTOS ASFÁLTICOS CAP-50-70","2012-09-01",1.0593868034064398,0.88000563544075816,1.1393950495350895,0.86835895178032696,0.84321438360875633,0.89826538015749846]
["CIMENTOS ASFÁLTICOS CAP-50-70","2012-10-01",1.0657263784524351,0.88799516997055195,1.2145959956276788,0.89293064089049445,0.87950805411163513,0.930452334963219]
["CIMENTOS ASFÁLTICOS CAP-50-70","2012-11-01",1.0624498261196145,0.8760214501773631,1.1892648275926003,0.91063849900703142,0.89022301921924663,0.92844583979825834]
["CIMENTOS ASFÁLTICOS CAP-50-70","2012-12-01",1.0916302621762892,0.87465199697513918,1.1906737562499246,0.90824889408923559,0.90064562089656419,0.92884086828124157]
["CIMENTOS ASFÁLTICOS CAP-50-70","2013-01-01",1.0841074123580341,0.86617588669427537,1.1945336517496465,0.90572954724440102,0.9081291736969036,0.91737648723597631]
["CIMENTOS ASFÁLTICOS CAP-50-70","2013-02-01",1.0770174197052831,0.86416685523150627,1.1850045881068689,0.91349007287610395,0.92530605761954743,0.92551155576830835]
["CIMENTOS ASFÁLTICOS CAP-50-70","2013-03-01",1.0731001437013603,0.86383181069089299,1.2130314415168733,0.91628735654798643,0.93021430491819113,0.93071406305322724]
["CIMENTOS ASFÁLTICOS CAP-50-70","2013-04-01",1.0515393279621403,0.85969707242337945,1.2238423013681561,0.9092515680868527,0.92544341387138818,0.93423950621913021]
["CIMENTOS ASFÁLTICOS CAP-50-70","2013-05-01",1.102390840584037,0.87292189525414643,1.2287206187841304,0.91281804709238801,0.91851566988031208,0.95456335071210041]
["CIMENTOS ASFÁLTICOS CAP-50-70","2013-06-01",1.0512115150441912,0.86930597222385697,1.2147472011074534,0.90586924194177421,0.89853504271492834,0.95457664418670729]
["CIMENTOS ASFÁLTICOS CAP-50-70","2013-07-01",1.1234148209758463,0.89127496326120625,1.1928173642429478,0.91059811369325649,0.93118763536803206,0.95878075124699835]
["CIMENTOS ASFÁLTICOS CAP-50-70","2013-08-01",1.0788067306325237,0.89697453114441927,1.2272167442476718,0.91663850362942223,0.93233594739375325,0.9636290405531287]
["CIMENTOS ASFÁLTICOS CAP-50-70","2013-09-01",1.0693628930161776,0.89600650713743013,1.2750900934307716,0.92038689018417064,0.92390483170360627,0.96208068602037078]
["CIMENTOS ASFÁLTICOS CAP-50-70","2013-10-01",1.0283480533587641,0.90601703967767577,1.1974584874490555,0.91491851024945925,0.89095103582316448,0.9508317605935096]
["CIMENTOS ASFÁLTICOS CAP-50-70","2013-11-01",1.0379384075468276,0.91346681929754525,1.1918998676528052,0.910756130767712,0.91147419620068382,0.9542423636830436]
["CIMENTOS ASFÁLTICOS CAP-50-70","2013-12-01",1.0341083872463683,0.9285629923585258,1.2073980950078833,0.9136184773382392,0.90311647396212635,0.95884825526246187]
["CIMENTOS ASFÁLTICOS CAP-50-70","2014-01-01",1.0393866356835342,0.9286454107445653,1.1831448559293558,0.91389714665939537,0.91392201683065522,0.94955600071621138]
["CIMENTOS ASFÁLTICOS CAP-50-70","2014-02-01",1.0801068914145788,0.92349288443166855,1.1426567835283092,0.91723226023843518,0.91279990184824045,0.94659659947220909]
["CIMENTOS ASFÁLTICOS CAP-50-70","2014-03-01",1.0578973871917612,0.92210349613482268,1.1662322210686149,0.91833864524720821,0.91527330599291623,0.94969885625038775]
["CIMENTOS ASFÁLTICOS CAP-50-70","2014-04-01",1.0651644416496278,0.92424617902963435,1.1625454734699598,0.91306573731531782,0.89846391445543539,0.94773424108749693]
["CIMENTOS ASFÁLTICOS CAP-50-70","2014-05-01",1.0472353260566145,0.92304195017769242,1.1776412751407148,0.9237951044191971,0.90563295279396983,0.95585585242681614]
["CIMENTOS ASFÁLTICOS CAP-50-70","2014-06-01",1.0324792573750705,0.91856341091231652,1.2131744076245523,0.91367241771063568,0.90947963021300648,0.95768693925540649]
["CIMENTOS ASFÁLTICOS CAP-50-70","2014-07-01",1.0899277289014129,0.91250785653528699,1.1564804181244481,0.90124131326551982,0.90896155973720405,0.94462212214345398]
["CIMENTOS ASFÁLTICOS CAP-50-70","2014-08-01",1.128133367573348,0.91344092282650113,1.1256416101471862,0.91376504306709483,0.90505463804385677,0.94946614618601022]
["CIMENTOS ASFÁLTICOS CAP-50-70","2014-09-01",1.0994150800834761,0.9307395510670966,1.2076510198604598,0.92076751428916448,0.91561647080025266,0.96686540421225575]
["CIMENTOS ASFÁLTICOS CAP-50-70","2014-10-01",1.1389772876476258,0.91437666072012602,1.163213596483119,0.88626316682525186,0.89496995724703543,0.9429555720527244]
["CIMENTOS ASFÁLTICOS CAP-50-70","2014-11-01",1.0900549772151604,0.93601067313963304,1.1636504031717101,0.89857521842888488,0.91887743458887683,0.95477288647907965]
["CIMENTOS ASFÁLTICOS CAP-50-70","2014-12-01",1.2363141948191407,1.0293060302466643,1.3092659380895271,1.0036907177753511,0.9970741168618541,1.0413560421836723]
["CIMENTOS ASFÁLTICOS CAP-50-70","2015-01-01",1.3331020291117024,1.2658009689968814,1.5124032368468077,1.1200175157198535,1.1854791328029242,1.2112024705915188]
["CIMENTOS ASFÁLTICOS CAP-50-70","2015-02-01",1.4299714188617976,1.2573772214074843,1.5356215442324355,1.1254203658011519,1.1913420075738657,1.2116660603000915]
["CIMENTOS ASFÁLTICOS CAP-50-70","2015-03-01",1.3752684616025708,1.2246791315414842,1.4782303832841821,1.1581453791592358,1.192447014646937,1.2127168387529828]
["CIMENTOS ASFÁLTICOS CAP-50-70","2015-04-01",1.3134691474395337,1.2112090449808595,1.4892597596407817,1.1450940895543591,1.1767638965238483,1.1936587663224227]
["CIMENTOS ASFÁLTICOS CAP-50-70","2015-05-01",1.4688994865143121,1.219804947414036,1.4341223456504737,1.129963675793664,1.1716028249456858,1.2047272516353897]
["CIMENTOS ASFÁLTICOS CAP-50-70","2015-06-01",1.4980994053310124,1.2296318755939852,1.4428316596448605,1.1293785136337058,1.1746569923413057,1.2163629901637165]
["CIMENTOS ASFÁLTICOS CAP-50-70","2015-07-01",1.3276929424462149,1.2465547516674453,1.2046478282774973,1.1244700190615091,1.1672978230290452,1.1888552615853833]
["CIMENTOS ASFÁLTICOS CAP-50-70","2015-08-01",1.3853768174888657,1.2567499170991558,1.395164049013137,1.1169304231925394,1.1722417088818033,1.2189111181394481]
["CIMENTOS ASFÁLTICOS CAP-50-70","2015-09-01",1.4020240123201475,1.308169064576201,1.4937986728404213,1.1819154363670441,1.2201369730847724,1.2760322488003497]
["CIMENTOS ASFÁLTICOS CAP-50-70","2015-10-01",1.4966521672796267,1.3527144370713409,1.5775101426643408,1.2526741499373095,1.2783526152196965,1.3435583024461257]
["CIMENTOS ASFÁLTICOS CAP-50-70","2015-11-01",1.621494567445755,1.5172548331731528,1.7064256743023647,1.4186299218227765,1.4176480773209634,1.4889154300957572]
["CIMENTOS ASFÁLTICOS CAP-50-70","2015-12-01",1.7400574401317017,1.5194635601477331,1.7009060250103198,1.4181914430682963,1.4290280580594383,1.4964192179327931]
["CIMENTOS ASFÁLTICOS CAP-50-70","2016-01-01",1.781275061526602,1.5500283898349039,1.7627892573580628,1.451294199360998,1.4440659404971825,1.5048100264497251]
["CIMENTOS ASFÁLTICOS CAP-50-70","2016-02-01",1.7970452144298847,1.5343035680296913,1.7021055812296226,1.4394538032794713,1.4324901348803265,1.485649903715359]
["CIMENTOS ASFÁLTICOS CAP-50-70","2016-03-01",1.7421180957673104,1.5336459433032994,1.7258470482057702,1.4247330067308193,1.4480525027474631,1.4920293374883566]
["CIMENTOS ASFÁLTICOS CAP-50-70","2016-04-01",1.920659856268065,1.7246241294634763,1.9027849488273274,1.5967631494357639,1.6349489310160947,1.6683185406295418]
["CIMENTOS ASFÁLTICOS CAP-50-70","2016-05-01",1.9858603498410325,1.7261038862805982,1.9265272378722555,1.608465706897277,1.698862560816299,1.6998681044924306]
["CIMENTOS ASFÁLTICOS CAP-50-70","2016-06-01",1.9411020151480789,1.6946170470843793,1.9285820034568095,1.6348656831055393,1.6363676806634833,1.6934584315267283]
["CIMENTOS ASFÁLTICOS CAP-50-70","2016-07-01",1.7971693183635318,1.6791090604505949,1.9187882828757432,1.6443296527187463,1.6160883808289253,1.6779353538113631]
["CIMENTOS ASFÁLTICOS CAP-50-70","2016-08-01",1.8359559153657605,1.6864098093565567,1.9506635990932375,1.6481577723639083,1.6208831347220198,1.68951171275427]
["CIMENTOS ASFÁLTICOS CAP-50-70","2016-09-01",1.7656413933444108,1.5862595292065418,1.8182367959832988,1.5574530759905254,1.4789819501307466,1.5823193923591254]
["CIMENTOS ASFÁLTICOS CAP-50-70","2016-10-01",1.660961973817757,1.5902167313430198,1.7713341100148541,1.5577876656053495,1.4803879013423131,1.574252030712652]
["CIMENTOS ASFÁLTICOS CAP-50-70","2016-11-01",1.6202468992476728,1.5591364433461949,1.8255722389474909,1.5165156755886808,1.4729708332180156,1.5504842781527433]
["CIMENTOS ASFÁLTICOS CAP-50-70","2016-12-01",1.5382700375364895,1.4593338806479481,1.7867553820901454,1.5048656713788664,1.4680470321615726,1.5063560514488981]
["CIMENTOS ASFÁLTICOS CAP-50-70","2017-01-01",1.5364485295129546,1.4492924379727976,1.6096565609041529,1.4488348013450816,1.4536519204366727,1.4670384975294744]
["CIMENTOS ASFÁLTICOS CAP-50-70","2017-02-01",1.5642711347888594,1.447633482971016,1.6400757052002646,1.4569537863547508,1.4462316032555087,1.4686798016575233]
["CIMENTOS ASFÁLTICOS CAP-50-70","2017-03-01",1.5175738417375375,1.4358610536127476,1.6862413216489274,1.4562851525619092,1.455689739087781,1.4736420785100675]
["CIMENTOS ASFÁLTICOS CAP-50-70","2017-04-01",1.6592675620247761,1.3882567672161563,1.6656832257435064,1.3894329650908086,1.4091591868736766,1.4352671787446896]
["CIMENTOS ASFÁLTICOS CAP-50-70","2017-05-01",1.5052220160036573,1.4006083965896339,1.7101340874778825,1.3738648530720272,1.3921241120651013,1.4294543422631905]
["CIMENTOS ASFÁLTICOS CAP-50-70","2017-06-01",1.6394679265884482,1.424608649825942,1.6994010136294582,1.4290815132586419,1.3858353421618099,1.465920329920102]
["CIMENTOS ASFÁLTICOS CAP-50-70","2017-07-01",1.648025960872711,1.4028308330323052,1.751420700800226,1.4180337837940267,1.3563173438095999,1.453112686878401]
["CIMENTOS ASFÁLTICOS CAP-50-70","2017-08-01",1.4898806751607394,1.382825484354695,1.6305673038088857,1.4068473174327485,1.3776108367044124,1.4256328859507283]
["CIMENTOS ASFÁLTICOS CAP-50-70","2017-09-01",1.5488728765619215,1.4236384009391516,1.6992320027914536,1.4166103533727432,1.3767658054397163,1.4484593207404826]
["CIMENTOS ASFÁLTICOS CAP-50-70","2017-10-01",1.5714517430919963,1.4051179101869549,1.7434399123070126,1.4078106119474072,1.3980332892631129,1.4473426233472955]
["CIMENTOS ASFÁLTICOS CAP-50-70","2017-11-01",1.7039528842810301,1.5616891140658082,1.886686535981551,1.5108319641036283,1.5102091587256252,1.5875477199865655]
["CIMENTOS ASFÁLTICOS CAP-50-70","2017-12-01",1.6711296857002704,1.5697607156655975,1.896917348570804,1.546302307625651,1.5111535221937369,1.5843810067723421]
["CIMENTOS ASFÁLTICOS CAP-50-70","2018-01-01",1.7883866454375601,1.6422327847865301,1.85167665381581,1.5906701254672559,1.6130212682361014,1.6446943024308394]
["CIMENTOS ASFÁLTICOS CAP-50-70","2018-02-01",1.7974008038337594,1.6104601565302368,1.7913702231316986,1.599378895365734,1.6034718779593289,1.6212468608112225]
["CIMENTOS ASFÁLTICOS CAP-50-70","2018-03-01",1.8013597381611257,1.6064588891198981,1.8956986354909182,1.6117391185281764,1.6036252180727815,1.6388613189072474]
["CIMENTOS ASFÁLTICOS CAP-50-70","2018-04-01",1.791173348651655,1.6050932239418736,1.8574958780710245,1.6006849031766877,1.6396290487266216,1.6562120285653481]
["CIMENTOS ASFÁLTICOS CAP-50-70","2018-05-01",1.9135020362466497,1.7247004899502745,1.9454369536104017,1.7140554374767161,1.7142093728301666,1.7573254296279242]
["CIMENTOS ASFÁLTICOS CAP-50-70","2018-06-01",2.0655638588085274,1.822399722222076,2.0913163220082742,1.7994782549810844,1.7985402943637774,1.8596629705750489]
["CIMENTOS ASFÁLTICOS CAP-50-70","2018-07-01",2.0686276348694088,1.9451431619915991,2.1407827715002603,1.9403021857647682,1.944647406713385,1.975604883783193]
["CIMENTOS ASFÁLTICOS CAP-50-70","2018-08-01",2.2253463610556303,2.0957584128753965,2.4804068238619807,2.1024259235603977,2.0969791721755815,2.1397208930608778]
["CIMENTOS ASFÁLTICOS CAP-50-70","2018-09-01",2.3303221946613202,2.1233967215855536,2.4927376451938623,2.1340320879969994,2.1060368760513684,2.1733093659855629]
["CIMENTOS ASFÁLTICOS CAP-50-70","2018-10-01",2.2576205724913847,2.1476249120754725,2.2932107571908262,2.1766082678708067,2.1400388376879143,2.1776597065576584]
["CIMENTOS ASFÁLTICOS CAP-50-70","2018-11-01",2.4878078368167045,2.4027451503264685,2.8650562667739119,2.4286819178490608,2.4227802039430171,2.4454619775704876]
["CIMENTOS ASFÁLTICOS CAP-50-70","2018-12-01",2.4908078969943914,2.4209253621256082,2.7093246481957465,2.4282832693452816,2.4640008905163944,2.4580454611849039]
["CIMENTOS ASFÁLTICOS CAP-50-70","2019-01-01",2.485966355827014,2.3598363150238071,2.7708489226376587,2.4853304118858892,2.4520058774851274,2.4559230169622834]
["CIMENTOS ASFÁLTICOS CAP-50-70","2019-02-01",2.6443467696039056,2.5491674833705171,3.0507872983960009,2.7598832649405134,2.7581833791400885,2.7059191814735892]
["CIMENTOS ASFÁLTICOS CAP-50-70","2019-03-01",2.7049794983307636,2.5265844677412992,3.0739571007383386,2.7594368297237932,2.6930711918943446,2.6929741261771207]
["CIMENTOS ASFÁLTICOS CAP-50-70","2019-04-01",2.7607753188878066,2.5642432804089874,3.0739448974745427,2.7595556575960321,2.6966543361975792,2.7111868558212757]
["CIMENTOS ASFÁLTICOS CAP-50-70","2019-05-01",2.7623656498626374,2.5260565904727401,3.0755967027868971,2.7727958493633436,2.6937435420278475,2.7125232137293809]
["CIMENTOS ASFÁLTICOS CAP-50-70","2019-06-01",2.6275232241757065,2.5340987447340915,3.2093060812018823,2.6887152667018173,2.7048097090947207,2.6959936146940651]
["CIMENTOS ASFÁLTICOS CAP-50-70","2019-07-01",2.848599133046692,2.5076702007267917,3.129865949251927,2.758493059939592,2.6989900532261681,2.7132922282790952]
["CIMENTOS ASFÁLTICOS CAP-50-70","2019-08-01",2.6754559394369477,2.3351192760317976,2.9180333699623184,2.5834195289972977,2.5319168723857017,2.5390494014612557]
["CIMENTOS ASFÁLTICOS CAP-50-70","2019-09-01",2.5980567927868394,2.2991941677186176,3.0343326494694214,2.4806511018948472,2.5148259790889318,2.4959986121158075]
["CIMENTOS ASFÁLTICOS CAP-50-70","2019-10-01",2.5335368551069113,2.2703566819708074,2.8375604887431427,2.5098901477389446,2.5096354428455894,2.4733469425880368]
["CIMENTOS ASFÁLTICOS CAP-50-70","2019-11-01",2.6086438306634299,2.324278403690113,2.8673646878988301,2.5682421222511507,2.5563409353306699,2.5296322226405907]
["CIMENTOS ASFÁLTICOS CAP-50-70","2019-12-01",2.5261701917141268,2.3189910031031018,2.9506259448440653,2.6251278319394507,2.557357610616827,2.5301149347303005]
["CIMENTOS ASFÁLTICOS CAP-50-70","2020-01-01",2.6003580196633989,2.2975001512840669,3.0972670727609648,2.573995147807155,2.5484205240781628,2.5181505942533366]
["CIMENTOS ASFÁLTICOS CAP-50-70","2020-02-01",2.4219013818659691,2.1732091774843414,2.8828558258810091,2.3583219521897951,2.3604346639059313,2.3510962225295877]
["CIMENTOS ASFÁLTICOS CAP-50-70","2020-03-01",2.3282465692528196,2.1710881446428303,2.7560542278028,2.3215180311496075,2.3377587714193395,2.3218729750919924]
["CIMENTOS ASFÁLTICOS CAP-50-70","2020-04-01",2.3701199159246475,2.1900262052368706,2.6536854290770329,2.3451607686618678,2.302109989119054,2.3360078713595445]
["CIMENTOS ASFÁLTICOS CAP-50-70","2020-05-01",2.3686394261846795,2.1247552910756897,2.6064373281097986,2.2712297279282154,2.3152415632342191,2.3241992330683745]
["CIMENTOS ASFÁLTICOS CAP-50-70","2020-06-01",2.3042294317613932,2.1289858879119308,2.6211369740885591,2.2628582326877762,2.3085365757440117,2.2965341637850014]
["CIMENTOS ASFÁLTICOS CAP-50-70","2020-07-01",2.304044479362465,2.1338876596137539,2.6233830104391394,2.2346516674318262,2.2832193393500479,2.2747560037648777]
["CIMENTOS ASFÁLTICOS CAP-50-70","2020-08-01",2.4300027956989956,2.2669065783513469,2.7580819984891742,2.3709688699899845,2.4725525475311332,2.4126588088434686]
["CIMENTOS ASFÁLTICOS CAP-50-70","2020-09-01",2.4612302159098656,2.2840450880454655,2.7325767132507766,2.366205823942813,2.4412228987969318,2.4100378532673488]
["CIMENTOS ASFÁLTICOS CAP-50-70","2020-10-01",2.3780262155275858,2.3047325361740207,2.7378722852873492,2.3705598966014705,2.4484419282027829,2.4070227300439866]
["CIMENTOS ASFÁLTICOS CAP-50-70","2020-11-01",2.6109989548752015,2.4839440429499695,2.8383145460657015,2.5426616041723848,2.579844920940447,2.5728040803737011]
["CIMENTOS ASFÁLTICOS CAP-50-70","2020-12-01",2.4666655655762595,2.4640824326818569,2.8257379112810597,2.5868501223410867,2.6026143379342606,2.5712701546518679]
["CIMENTOS ASFÁLTICOS CAP-50-70","2021-01-01",2.3968975954785319,2.4622774998545367,2.907782240151195,2.6226718919314806,2.6213242937239376,2.5653805763117812]
["CIMENTOS ASFÁLTICOS CAP-50-70","2021-02-01",2.6222310409775678,2.673731127444992,3.0375320745977721,2.7814833596524906,2.782348255175616,2.7530042051350425]
["CIMENTOS ASFÁLTICOS CAP-50-70","2021-03-01",2.578814332831965,2.6270392548645867,3.0122661675057723,2.8348633925941438,2.8345419214023351,2.7743902670354887]
["CIMENTOS ASFÁLTICOS CAP-50-70","2021-04-01",2.6898427957607542,2.5990534043432278,3.0214540139862174,2.8122196895302602,2.8049925161599925,2.765914450867323]
["CIMENTOS ASFÁLTICOS CAP-50-70","2021-05-01",3.2587955331488296,3.199529933653531,3.6699109421536678,3.4186159196152395,3.416494653126791,3.3918465166180063]
["CIMENTOS ASFÁLTICOS CAP-50-70","2021-06-01",3.2391603984456503,3.1810943361580368,3.5368984914325114,3.4429599791044843,3.457318319649517,3.38047855982078]
["CIMENTOS ASFÁLTICOS CAP-50-70","2021-07-01",3.1373216685914094,3.15494384258978,3.5919838718924666,3.4484811553772126,3.4146979908217734,3.358942484993253]
["CIMENTOS ASFÁLTICOS CAP-50-70","2021-08-01",3.4628720904303045,3.2939924015883588,3.7814093566309896,3.703180764046488,3.6708938226830172,3.5867388859926872]
["CIMENTOS ASFÁLTICOS CAP-50-70","2021-09-01",3.5278877620433775,3.3263178909604361,3.788326593301047,3.6540910386363854,3.6888809122431803,3.604431583379764]
["CIMENTOS ASFÁLTICOS CAP-50-70","2021-10-01",3.5217613124562903,3.4210299498024654,3.6538369894595868,3.6802665752233978,3.6959141358793346,3.6127059700737445]
["CIMENTOS ASFÁLTICOS CAP-50-70","2021-11-01",3.8287371576631593,3.6976868410797987,4.057204092724124,4.032898063837103,4.00672376594121,3.9406413490900656]
["CIMENTOS ASFÁLTICOS CAP-50-70","2021-12-01",3.8916127711600792,3.7529240450135166,4.0449019099654313,4.0493181173020929,4.0142899130550713,3.9617180719974185]
["CIMENTOS ASFÁLTICOS CAP-50-70","2022-01-01",3.9788758393026189,3.8120644431570443,4.1533097845105278,4.0374365380778192,4.052110957059452,4.000659308351219]
["CIMENTOS ASFÁLTICOS CAP-50-70","2022-02-01",4.3087029640625119,4.0336251775326355,4.4522351382715364,4.27842408373004,4.286057279107963,4.2600070220247828]
["CIMENTOS ASFÁLTICOS CAP-50-70","2022-03-01",4.2574454333633094,4.094680611122385,4.4828529296613677,4.268890624198554,4.3259483699624921,4.2756834382585831]
["CIMENTOS ASFÁLTICOS CAP-50-70","2022-04-01",4.3688451161730795,4.2579998321215138,4.7632061029379953,4.4566133667422294,4.4459162741885585,4.4411848628963968]
["CIMENTOS ASFÁLTICOS CAP-50-70","2022-05-01",4.3528697365113782,4.2018566620318669,4.5833081981961854,4.3093842175109431,4.2489433809575514,4.30229361751132]
["CIMENTOS ASFÁLTICOS CAP-50-70","2022-06-01",4.3936847298741535,4.1962162000686973,4.6136357072876475,4.2900116584792052,4.1810562735013237,4.2899376668844038]
["CIMENTOS ASFÁLTICOS CAP-50-70","2022-07-01",4.5439142662038119,4.3247236022459781,4.7301334425517396,4.3487259522293122,4.2994675353113001,4.4010622330181279]
["CIMENTOS ASFÁLTICOS CAP-50-70","2022-08-01",4.6539061080139872,4.3504308034729178,4.6025056296727955,4.2101763533954246,4.1272996707472203,4.3190455581833893]
["CIMENTOS ASFÁLTICOS CAP-50-70","2022-09-01",4.8752751164537562,4.3409570929431069,4.4076018279111144,4.0676614809330065,3.861452894850498,4.2595706298206366]
["CIMENTOS ASFÁLTICOS CAP-50-70","2022-10-01",4.373319021557859,4.1071079583591548,4.0681957721761703,3.6310591059225499,3.5514967460088966,3.8800480150598844]
["CIMENTOS ASFÁLTICOS CAP-50-70","2022-11-01",4.2011656632619045,3.9620110588681543,4.0475521718081371,3.5860134918380138,3.4743300981902703,3.7871959426154698]
["CIMENTOS ASFÁLTICOS CAP-50-70","2022-12-01",4.3597539890170287,3.745890798610636,4.1320980266797376,3.4982670939458504,3.4515332814684285,3.7300679562108585]
["CIMENTOS ASFÁLTICOS CAP-50-70","2023-01-01",4.1198326035379926,3.5000449078699813,3.9146557017009842,3.2578948696970946,3.2963992178977946,3.4631739193854822]
["CIMENTOS ASFÁLTICOS CAP-50-70","2023-02-01",3.9385531731596499,3.4506332949429344,3.8368071056396134,3.1594029119675229,3.1788002865843632,3.3679711779516004]
["CIMENTOS ASFÁLTICOS CAP-50-70","2023-03-01",3.9600041484806292,3.3172854229256514,3.6926607702291365,3.1175453668862345,2.9654540592183865,3.2359252904357061]
["CIMENTOS ASFÁLTICOS CAP-50-70","2023-04-01",3.7306183204786798,3.2681898930827202,3.5862947498960098,3.1234147790345999,2.9429598659879121,3.1899899165524981]
["CIMENTOS ASFÁLTICOS CAP-50-70","2023-05-01",3.8497237818993599,3.2905144507941957,3.5567609181451343,3.1463887247929043,2.9175662363623585,3.2268291929431503]
["CIMENTOS ASFÁLTICOS CAP-50-70","2023-06-01",3.7712002958516959,3.3323163391206188,3.4273711414204819,3.1240774848656621,2.8993344519763053,3.2186092678799736]
["CIMENTOS ASFÁLTICOS CAP-50-70","2023-07-01",3.7422466988484206,3.3812676564397299,3.5796955347907908,3.1200534403384292,2.9718370166021493,3.2652957046207209]
["CIMENTOS ASFÁLTICOS CAP-50-70","2023-08-01",3.7235845471948972,3.3628518875696574,3.6860720075136317,3.1350839350716573,2.96147439080484,3.2611773436936375]
["CIMENTOS ASFÁLTICOS CAP-50-70","2023-09-01",4.0926243994159428,3.6310433946855167,3.8282034590378986,3.365031717453872,3.181764160209525,3.4998159627953691]
["CIMENTOS ASFÁLTICOS CAP-50-70","2023-10-01",4.0853009570929819,3.6154635123389598,3.7928201532420593,3.3467434077941576,3.1515419092246062,3.4564221832789084]
["CIMENTOS ASFÁLTICOS CAP-50-70","2023-11-01",3.8505252713389297,3.7281310039052444,3.969437078577847,3.4710389077979613,3.1884640096323027,3.538593144333225]
["CIMENTOS ASFÁLTICOS CAP-50-70","2023-12-01",3.9850683709256267,3.6985887867200984,3.8269836357998548,3.3408014906564358,3.2357081337827727,3.4785694902556874]
["CIMENTOS ASFÁLTICOS CAP-50-70","2024-01-01",3.9313769837333346,3.5674685518030458,3.609656766552217,3.2015259811633885,3.1538040559050482,3.3674771499353588]
["CIMENTOS ASFÁLTICOS CAP-50-70","2024-02-01",4.0056345534391822,3.4535764117580761,3.5503640911302359,3.1567107709108009,3.1425150710376535,3.32791304508592]
["CIMENTOS ASFÁLTICOS CAP-50-70","2024-03-01",3.8719084389860861,3.506239922582703,3.4592436690016992,3.1396080816703278,3.227378425529984,3.3411671703001553]
["CIMENTOS ASFÁLTICOS CAP-50-70","2024-04-01",3.8506281406173382,3.3894221237940809,3.3631983456431374,3.0860612081393168,3.2544558984706935,3.2726532960734636]
["CIMENTOS ASFÁLTICOS CAP-50-70","2024-05-01",3.7704835216479937,3.3562695898312351,3.520447498728418,3.2078969044202368,3.317947510856416,3.3579298120816037]
["CIMENTOS ASFÁLTICOS CAP-50-70","2024-06-01",3.7356061213299787,3.5108673314583925,3.4730854930730324,3.217674887600154,3.2956082972632541,3.3562675638353503]
["CIMENTOS ASFÁLTICOS CAP-50-70","2024-07-01",3.8698393882693298,3.8238049868721431,3.5967973698767346,3.3437458887367963,3.4173222318022667,3.532938819228459]
["CIMENTOS ASFÁLTICOS CAP-85-100","2008-11-01","***","***","***","***","***","***"]
["CIMENTOS ASFÁLTICOS CAP-85-100","2008-12-01","***","***","***","***","***","***"]
["CIMENTOS ASFÁLTICOS CAP-85-100","2009-01-01","***","***","***","***","***","***"]
["CIMENTOS ASFÁLTICOS CAP-85-100","2009-02-01","***","***","***","***","***","***"]
["CIMENTOS ASFÁLTICOS CAP-85-100","2009-03-01","***","***","***","***","***","***"]
["CIMENTOS ASFÁLTICOS CAP-85-100","2009-04-01","***","***","***","***","***","***"]
["CIMENTOS ASFÁLTICOS CAP-85-100","2009-05-01","***","***","***","***","***","***"]
["CIMENTOS ASFÁLTICOS CAP-85-100","2009-06-01","***","***","***","***","***","***"]
["CIMENTOS ASFÁLTICOS CAP-85-100","2009-07-01","***","***","***","***","***","***"]
["CIMENTOS ASFÁLTICOS CAP-85-100","2009-08-01","***","***","***","***","***","***"]
["CIMENTOS ASFÁLTICOS CAP-85-100","2009-09-01","***","***","***","***","***","***"]
["CIMENTOS ASFÁLTICOS CAP-85-100","2009-10-01","***","***","***","***","***","***"]
["CIMENTOS ASFÁLTICOS CAP-85-100","2009-11-01","***","***","***","***",1.13323,1.13323]
["CIMENTOS ASFÁLTICOS CAP-85-100","2009-12-01","***","***","***","***","***","***"]
["CIMENTOS ASFÁLTICOS CAP-85-100","2010-01-01","***","***","***","***","***","***"]
["CIMENTOS ASFÁLTICOS CAP-85-100","2010-02-01","***","***","***","***","***","***"]
["CIMENTOS ASFÁLTICOS CAP-85-100","2010-03-01","***","***","***","***","***","***"]
["CIMENTOS ASFÁLTICOS CAP-85-100","2010-04-01","***","***","***","***","***","***"]
["CIMENTOS ASFÁLTICOS CAP-85-100","2010-05-01","***","***","***","***","***","***"]
["CIMENTOS ASFÁLTICOS CAP-85-100","2010-06-01","***","***","***","***","***","***"]
["CIMENTOS ASFÁLTICOS CAP-85-100","2010-07-01","***","***","***","***","***","***"]
["CIMENTOS ASFÁLTICOS CAP-85-100","2010-08-01","***","***","***","***","***","***"]
["CIMENTOS ASFÁLTICOS CAP-85-100","2010-09-01","***","***","***","***","***","***"]
["CIMENTOS ASFÁLTICOS CAP-85-100","2010-10-01","***","***","***",1.19662,"***",1.19662]
["CIMENTOS ASFÁLTICOS CAP-85-100","2010-11-01","***","***","***",1.19662,"***",1.19662]
["CIMENTOS ASFÁLTICOS CAP-85-100","2010-12-01","***","***","***","***","***","***"]
["CIMENTOS ASFÁLTICOS CAP-85-100","2011-01-01","***","***","***","***","***","***"]
["CIMENTOS ASFÁLTICOS CAP-85-100","2011-02-01","***","***","***","***","***","***"]
["CIMENTOS ASFÁLTICOS CAP-85-100","2011-03-01","***","***","***","***","***","***"]
["CIMENTOS ASFÁLTICOS CAP-85-100","2011-04-01","***","***",1.2050000000000001,0.57030000000000003,"***",0.71767059689659085]
["CIMENTOS ASFÁLTICOS CAP-85-100","2011-05-01","***","***","***",0.56930000000000003,"***",0.56930000000000003]
["CIMENTOS ASFÁLTICOS CAP-85-100","2011-06-01","***","***","***","***",0.88490999999999997,0.88490999999999997]
["CIMENTOS ASFÁLTICOS CAP-85-100","2011-07-01","***","***",1.3648999999999998,"***","***",1.3648999999999998]
["CIMENTOS ASFÁLTICOS CAP-85-100","2011-08-01","***","***",1.3424453607802522,1.3506,"***",1.343165560112918]
["CIMENTOS ASFÁLTICOS CAP-85-100","2011-09-01","***","***",1.3371533215939639,"***","***",1.3371533215939639]
["CIMENTOS ASFÁLTICOS CAP-85-100","2011-10-01","***","***","***","***","***","***"]
["CIMENTOS ASFÁLTICOS CAP-85-100","2011-11-01","***","***",1.4185399999999999,"***","***",1.4185399999999999]
["CIMENTOS ASFÁLTICOS CAP-85-100","2011-12-01","***","***","***",0.93511945908301686,"***",0.93511945908301686]
["CIMENTOS ASFÁLTICOS CAP-85-100","2012-01-01","***","***",1.4185400000000001,"***","***",1.4185400000000001]
["CIMENTOS ASFÁLTICOS CAP-85-100","2012-02-01","***","***",1.41855,"***","***",1.41855]
["CIMENTOS ASFÁLTICOS CAP-85-100","2012-03-01","***","***","***","***","***","***"]
["CIMENTOS ASFÁLTICOS CAP-85-100","2012-04-01","***","***",1.4185399999999999,"***","***",1.4185399999999999]
["CIMENTOS ASFÁLTICOS CAP-85-100","2012-05-01","***","***",1.4185399999999999,"***","***",1.4185399999999999]
["CIMENTOS ASFÁLTICOS CAP-85-100","2012-06-01","***","***",1.4185400000000004,"***","***",1.4185400000000004]
["CIMENTOS ASFÁLTICOS CAP-85-100","2012-07-01","***","***",1.4185225066530773,"***","***",1.4185225066530773]
["CIMENTOS ASFÁLTICOS CAP-85-100","2012-08-01","***","***",1.4185369271393431,"***","***",1.4185369271393431]
["CIMENTOS ASFÁLTICOS CAP-85-100","2012-09-01","***","***",1.4311500061884379,"***","***",1.4311500061884379]
["CIMENTOS ASFÁLTICOS CAP-85-100","2012-10-01","***","***",1.4027483648897492,"***","***",1.4027483648897492]
["CIMENTOS ASFÁLTICOS CAP-85-100","2012-11-01","***","***",1.4089350775890115,"***","***",1.4089350775890115]
["CIMENTOS ASFÁLTICOS CAP-85-100","2012-12-01","***","***","***","***","***","***"]
["CIMENTOS ASFÁLTICOS CAP-85-100","2013-01-01","***","***","***","***","***","***"]
["CIMENTOS ASFÁLTICOS CAP-85-100","2013-02-01","***","***","***","***","***","***"]
["CIMENTOS ASFÁLTICOS CAP-85-100","2013-03-01","***","***","***","***","***","***"]
["CIMENTOS ASFÁLTICOS CAP-85-100","2013-04-01","***","***","***","***","***","***"]
["CIMENTOS ASFÁLTICOS CAP-85-100","2013-05-01","***","***","***","***","***","***"]
["CIMENTOS ASFÁLTICOS CAP-85-100","2013-06-01","***","***","***","***","***","***"]
["CIMENTOS ASFÁLTICOS CAP-85-100","2013-07-01","***","***","***","***","***","***"]
["CIMENTOS ASFÁLTICOS CAP-85-100","2013-08-01","***","***","***","***","***","***"]
["CIMENTOS ASFÁLTICOS CAP-85-100","2013-09-01","***","***","***","***","***","***"]
["CIMENTOS ASFÁLTICOS CAP-85-100","2013-10-01","***","***","***","***","***","***"]
["CIMENTOS ASFÁLTICOS CAP-85-100","2013-11-01","***","***","***","***","***","***"]
["CIMENTOS ASFÁLTICOS CAP-85-100","2013-12-01","***","***","***","***","***","***"]
["CIMENTOS ASFÁLTICOS CAP-85-100","2014-01-01","***","***","***","***","***","***"]
["CIMENTOS ASFÁLTICOS CAP-85-100","2014-02-01","***","***","***","***","***","***"]
["CIMENTOS ASFÁLTICOS CAP-85-100","2014-03-01","***","***","***","***","***","***"]
["CIMENTOS ASFÁLTICOS CAP-85-100","2014-04-01","***","***","***","***","***","***"]
["CIMENTOS ASFÁLTICOS CAP-85-100","2014-05-01","***","***","***","***",0.94121999999999995,0.94121999999999995]
["CIMENTOS ASFÁLTICOS CAP-85-100","2014-06-01","***","***","***","***","***","***"]
["CIMENTOS ASFÁLTICOS CAP-85-100","2014-07-01","***","***","***","***","***","***"]
["CIMENTOS ASFÁLTICOS CAP-85-100","2014-08-01","***","***","***","***",1.0109900000000001,1.0109900000000001]
["CIMENTOS ASFÁLTICOS CAP-85-100","2014-09-01","***","***","***","***","***","***"]
["CIMENTOS ASFÁLTICOS CAP-85-100","2014-10-01","***","***","***","***","***","***"]
["CIMENTOS ASFÁLTICOS CAP-85-100","2014-11-01","***","***","***","***","***","***"]
["CIMENTOS ASFÁLTICOS CAP-85-100","2014-12-01","***","***","***","***","***","***"]
["CIMENTOS ASFÁLTICOS CAP-85-100","2015-01-01","***","***","***","***","***","***"]
["CIMENTOS ASFÁLTICOS CAP-85-100","2015-02-01","***","***","***","***","***","***"]
["CIMENTOS ASFÁLTICOS CAP-85-100","2015-03-01","***","***","***","***","***","***"]
["CIMENTOS ASFÁLTICOS CAP-85-100","2015-04-01","***","***","***","***","***","***"]
["CIMENTOS ASFÁLTICOS CAP-85-100","2015-05-01","***","***","***","***","***","***"]
["CIMENTOS ASFÁLTICOS CAP-85-100","2015-06-01","***","***","***","***",1.3446,1.3446]
["CIMENTOS ASFÁLTICOS CAP-85-100","2015-07-01","***","***","***","***","***","***"]
["CIMENTOS ASFÁLTICOS CAP-85-100","2015-08-01","***","***","***","***","***","***"]
["CIMENTOS ASFÁLTICOS CAP-85-100","2015-09-01","***","***","***","***","***","***"]
["CIMENTOS ASFÁLTICOS CAP-85-100","2015-10-01","***","***","***","***","***","***"]
["CIMENTOS ASFÁLTICOS CAP-85-100","2015-11-01","***","***","***","***","***","***"]
["CIMENTOS ASFÁLTICOS CAP-85-100","2015-12-01","***","***","***","***","***","***"]
["CIMENTOS ASFÁLTICOS CAP-85-100","2016-01-01","***","***","***","***","***","***"]
["CIMENTOS ASFÁLTICOS CAP-85-100","2016-02-01","***","***","***","***","***","***"]
["CIMENTOS ASFÁLTICOS CAP-85-100","2016-03-01","***","***","***","***","***","***"]
["CIMENTOS ASFÁLTICOS CAP-85-100","2016-04-01","***","***","***","***","***","***"]
["CIMENTOS ASFÁLTICOS CAP-85-100","2016-05-01","***","***","***","***","***","***"]
["CIMENTOS ASFÁLTICOS CAP-85-100","2016-06-01","***","***","***","***","***","***"]
["CIMENTOS ASFÁLTICOS CAP-85-100","2016-07-01","***","***","***","***","***","***"]
["CIMENTOS ASFÁLTICOS CAP-85-100","2016-08-01","***","***","***","***","***","***"]
["CIMENTOS ASFÁLTICOS CAP-85-100","2016-09-01","***","***","***","***","***","***"]
["CIMENTOS ASFÁLTICOS CAP-85-100","2016-10-01","***","***","***","***","***","***"]
["CIMENTOS ASFÁLTICOS CAP-85-100","2016-11-01","***","***","***","***","***","***"]
["CIMENTOS ASFÁLTICOS CAP-85-100","2016-12-01","***","***","***","***","***","***"]
["CIMENTOS ASFÁLTICOS CAP-85-100","2017-01-01","***","***","***",1.4044165217391302,2.2347600000000001,2.1621444106463876]
["CIMENTOS ASFÁLTICOS CAP-85-100","2017-02-01","***","***","***",1.90513,"***",1.90513]
["CIMENTOS ASFÁLTICOS CAP-85-100","2017-03-01","***","***","***","***","***","***"]
["CIMENTOS ASFÁLTICOS CAP-85-100","2017-04-01","***","***","***",2.12534,"***",2.12534]
["CIMENTOS ASFÁLTICOS CAP-85-100","2017-05-01","***","***","***","***","***","***"]
["CIMENTOS ASFÁLTICOS CAP-85-100","2017-06-01","***","***","***","***","***","***"]
["CIMENTOS ASFÁLTICOS CAP-85-100","2017-07-01","***","***","***","***","***","***"]
["CIMENTOS ASFÁLTICOS CAP-85-100","2017-08-01","***","***","***","***","***","***"]
["CIMENTOS ASFÁLTICOS CAP-85-100","2017-09-01","***","***","***","***","***","***"]
["CIMENTOS ASFÁLTICOS CAP-85-100","2017-10-01","***","***","***","***","***","***"]
["CIMENTOS ASFÁLTICOS CAP-85-100","2017-11-01","***","***","***","***","***","***"]
["CIMENTOS ASFÁLTICOS CAP-85-100","2017-12-01","***","***","***",2.0910000000000002,"***",2.0910000000000002]
["CIMENTOS ASFÁLTICOS CAP-85-100","2018-01-01","***","***","***","***","***","***"]
["CIMENTOS ASFÁLTICOS CAP-85-100","2018-02-01","***","***","***","***","***","***"]
["CIMENTOS ASFÁLTICOS CAP-85-100","2018-03-01","***","***","***",4.444,"***",4.444]
["CIMENTOS ASFÁLTICOS CAP-85-100","2018-04-01","***","***","***","***","***","***"]
["CIMENTOS ASFÁLTICOS CAP-85-100","2018-05-01","***","***","***","***","***","***"]
["CIMENTOS ASFÁLTICOS CAP-85-100","2018-06-01","***","***","***","***","***","***"]
["CIMENTOS ASFÁLTICOS CAP-85-100","2018-07-01","***","***","***","***","***","***"]
["CIMENTOS ASFÁLTICOS CAP-85-100","2018-08-01","***","***","***","***","***","***"]
["CIMENTOS ASFÁLTICOS CAP-85-100","2018-09-01","***","***","***","***","***","***"]
["CIMENTOS ASFÁLTICOS CAP-85-100","2018-10-01","***","***","***","***","***","***"]
["CIMENTOS ASFÁLTICOS CAP-85-100","2018-11-01","***","***","***","***","***","***"]
["CIMENTOS ASFÁLTICOS CAP-85-100","2018-12-01","***","***","***","***","***","***"]
["CIMENTOS ASFÁLTICOS CAP-85-100","2019-01-01","***","***","***","***","***","***"]
["CIMENTOS ASFÁLTICOS CAP-85-100","2019-02-01","***","***","***","***","***","***"]
["CIMENTOS ASFÁLTICOS CAP-85-100","2019-03-01","***","***","***","***","***","***"]
["CIMENTOS ASFÁLTICOS CAP-85-100","2019-04-01","***","***","***","***","***","***"]
["CIMENTOS ASFÁLTICOS CAP-85-100","2019-05-01","***","***","***","***","***","***"]
["CIMENTOS ASFÁLTICOS CAP-85-100","2019-06-01","***","***","***","***","***","***"]
["CIMENTOS ASFÁLTICOS CAP-85-100","2019-07-01","***","***","***","***","***","***"]
["CIMENTOS ASFÁLTICOS CAP-85-100","2019-08-01","***","***","***","***","***","***"]
["CIMENTOS ASFÁLTICOS CAP-85-100","2019-09-01","***","***","***","***","***","***"]
["CIMENTOS ASFÁLTICOS CAP-85-100","2019-10-01","***","***","***","***","***","***"]
["CIMENTOS ASFÁLTICOS CAP-85-100","2019-11-01","***","***","***","***","***","***"]
["CIMENTOS ASFÁLTICOS CAP-85-100","2019-12-01","***","***","***","***","***","***"]
["CIMENTOS ASFÁLTICOS CAP-85-100","2020-01-01","***","***","***","***","***","***"]
["CIMENTOS ASFÁLTICOS CAP-85-100","2020-02-01","***","***","***","***","***","***"]
["CIMENTOS ASFÁLTICOS CAP-85-100","2020-03-01","***","***","***","***","***","***"]
["CIMENTOS ASFÁLTICOS CAP-85-100","2020-04-01","***","***","***","***","***","***"]
["CIMENTOS ASFÁLTICOS CAP-85-100","2020-05-01","***","***","***","***","***","***"]
["CIMENTOS ASFÁLTICOS CAP-85-100","2020-06-01","***","***","***","***","***","***"]
["CIMENTOS ASFÁLTICOS CAP-85-100","2020-07-01","***","***","***","***","***","***"]
["CIMENTOS ASFÁLTICOS CAP-85-100","2020-08-01","***","***","***",1.7318434873949582,"***",1.7318434873949582]
["CIMENTOS ASFÁLTICOS CAP-85-100","2020-09-01","***","***","***",1.9205066437515348,"***",1.9205066437515348]
["CIMENTOS ASFÁLTICOS CAP-85-100","2020-10-01","***","***","***","***","***","***"]
["CIMENTOS ASFÁLTICOS CAP-85-100","2020-11-01","***","***","***","***","***","***"]
["CIMENTOS ASFÁLTICOS CAP-85-100","2020-12-01","***","***","***","***","***","***"]
["CIMENTOS ASFÁLTICOS CAP-85-100","2021-01-01","***","***","***","***","***","***"]
["CIMENTOS ASFÁLTICOS CAP-85-100","2021-02-01","***","***","***","***","***","***"]
["CIMENTOS ASFÁLTICOS CAP-85-100","2021-03-01","***","***","***","***","***","***"]
["CIMENTOS ASFÁLTICOS CAP-85-100","2021-04-01","***","***","***","***","***","***"]
["CIMENTOS ASFÁLTICOS CAP-85-100","2021-05-01","***","***","***","***","***","***"]
["CIMENTOS ASFÁLTICOS CAP-85-100","2021-06-01","***","***","***","***","***","***"]
["CIMENTOS ASFÁLTICOS CAP-85-100","2021-07-01","***","***","***","***","***","***"]
["CIMENTOS ASFÁLTICOS CAP-85-100","2021-08-01","***","***","***","***","***","***"]
["CIMENTOS ASFÁLTICOS CAP-85-100","2021-09-01","***","***","***","***","***","***"]
["CIMENTOS ASFÁLTICOS CAP-85-100","2021-10-01","***","***","***","***","***","***"]
["CIMENTOS ASFÁLTICOS CAP-85-100","2021-11-01","***","***","***","***","***","***"]
["CIMENTOS ASFÁLTICOS CAP-85-100","2021-12-01","***","***","***","***","***","***"]
["CIMENTOS ASFÁLTICOS CAP-85-100","2022-01-01","***","***","***","***","***","***"]
["CIMENTOS ASFÁLTICOS CAP-85-100","2022-02-01","***","***","***","***","***","***"]
["CIMENTOS ASFÁLTICOS CAP-85-100","2022-03-01","***","***","***","***","***","***"]
["CIMENTOS ASFÁLTICOS CAP-85-100","2022-04-01","***","***","***","***","***","***"]
["CIMENTOS ASFÁLTICOS CAP-85-100","2022-05-01","***","***","***","***","***","***"]
["CIMENTOS ASFÁLTICOS CAP-85-100","2022-06-01","***","***","***","***","***","***"]
["CIMENTOS ASFÁLTICOS CAP-85-100","2022-07-01","***","***","***","***","***","***"]
["CIMENTOS ASFÁLTICOS CAP-85-100","2022-08-01","***","***","***","***","***","***"]
["CIMENTOS ASFÁLTICOS CAP-85-100","2022-09-01","***","***","***","***","***","***"]
["CIMENTOS ASFÁLTICOS CAP-85-100","2022-10-01","***","***","***","***","***","***"]
["CIMENTOS ASFÁLTICOS CAP-85-100","2022-11-01","***","***","***","***","***","***"]
["CIMENTOS ASFÁLTICOS CAP-85-100","2022-12-01","***","***","***","***","***","***"]
["CIMENTOS ASFÁLTICOS CAP-85-100","2023-01-01","***","***","***","***","***","***"]
["CIMENTOS ASFÁLTICOS CAP-85-100","2023-02-01","***","***","***","***","***","***"]
["CIMENTOS ASFÁLTICOS CAP-85-100","2023-03-01","***","***","***","***","***","***"]
["CIMENTOS ASFÁLTICOS CAP-85-100","2023-04-01","***","***","***","***","***","***"]
["CIMENTOS ASFÁLTICOS CAP-85-100","2023-05-01","***","***","***","***","***","***"]
["CIMENTOS ASFÁLTICOS CAP-85-100","2023-06-01","***","***","***","***","***","***"]
["CIMENTOS ASFÁLTICOS CAP-85-100","2023-07-01","***","***","***","***","***","***"]
["CIMENTOS ASFÁLTICOS CAP-85-100","2023-08-01","***","***","***","***","***","***"]
["CIMENTOS ASFÁLTICOS CAP-85-100","2023-09-01","***","***","***","***","***","***"]
["CIMENTOS ASFÁLTICOS CAP-85-100","2023-10-01","***","***","***","***","***","***"]
["CIMENTOS ASFÁLTICOS CAP-85-100","2023-11-01","***","***","***","***","***","***"]
["CIMENTOS ASFÁLTICOS CAP-85-100","2023-12-01","***","***","***","***","***","***"]
["CIMENTOS ASFÁLTICOS CAP-85-100","2024-01-01","***","***","***","***","***","***"]
["CIMENTOS ASFÁLTICOS CAP-85-100","2024-02-01","***","***","***","***","***","***"]
["CIMENTOS ASFÁLTICOS CAP-85-100","2024-03-01","***","***","***","***","***","***"]
["CIMENTOS ASFÁLTICOS CAP-85-100","2024-04-01","***","***","***","***","***","***"]
["CIMENTOS ASFÁLTICOS CAP-85-100","2024-05-01","***","***","***","***","***","***"]
["CIMENTOS ASFÁLTICOS CAP-85-100","2024-06-01","***","***","***","***","***","***"]
["CIMENTOS ASFÁLTICOS CAP-85-100","2024-07-01","***","***","***","***","***","***"]
["EMULSÃO ASFÁLTICA CATIÔNICA DE RUPTURA CONTROLADA PARA SERVIÇO DE LAMA ASFÁLTICA","2015-09-01","***",0.60999999999999988,"***","***","***",0.60999999999999988]
["EMULSÃO ASFÁLTICA CATIÔNICA DE RUPTURA CONTROLADA PARA SERVIÇO DE LAMA ASFÁLTICA","2015-10-01","***",0.61,"***","***","***",0.61]
["EMULSÃO ASFÁLTICA CATIÔNICA DE RUPTURA CONTROLADA PARA SERVIÇO DE LAMA ASFÁLTICA","2015-11-01","***",1.689795501022495,"***","***","***",1.689795501022495]
["EMULSÃO ASFÁLTICA CATIÔNICA DE RUPTURA CONTROLADA PARA SERVIÇO DE LAMA ASFÁLTICA","2015-12-01","***","***","***","***","***","***"]
["EMULSÃO ASFÁLTICA CATIÔNICA DE RUPTURA CONTROLADA PARA SERVIÇO DE LAMA ASFÁLTICA","2016-01-01","***","***","***","***","***","***"]
["EMULSÃO ASFÁLTICA CATIÔNICA DE RUPTURA CONTROLADA PARA SERVIÇO DE LAMA ASFÁLTICA","2016-02-01","***","***","***","***","***","***"]
["EMULSÃO ASFÁLTICA CATIÔNICA DE RUPTURA CONTROLADA PARA SERVIÇO DE LAMA ASFÁLTICA","2016-03-01","***","***","***","***","***","***"]
["EMULSÃO ASFÁLTICA CATIÔNICA DE RUPTURA CONTROLADA PARA SERVIÇO DE LAMA ASFÁLTICA","2016-04-01","***",2.13,"***","***","***",2.13]
["EMULSÃO ASFÁLTICA CATIÔNICA DE RUPTURA CONTROLADA PARA SERVIÇO DE LAMA ASFÁLTICA","2016-05-01","***",2.13,"***","***","***",2.13]
["EMULSÃO ASFÁLTICA CATIÔNICA DE RUPTURA CONTROLADA PARA SERVIÇO DE LAMA ASFÁLTICA","2016-06-01","***",1.42,"***","***","***",1.42]
["EMULSÃO ASFÁLTICA CATIÔNICA DE RUPTURA CONTROLADA PARA SERVIÇO DE LAMA ASFÁLTICA","2016-07-01","***","***","***",1.6910000000000001,"***",1.6910000000000001]
["EMULSÃO ASFÁLTICA CATIÔNICA DE RUPTURA CONTROLADA PARA SERVIÇO DE LAMA ASFÁLTICA","2016-08-01","***",1.42,"***",1.6920999999999999,"***",1.6412506050674398]
["EMULSÃO ASFÁLTICA CATIÔNICA DE RUPTURA CONTROLADA PARA SERVIÇO DE LAMA ASFÁLTICA","2016-09-01","***",1.42,1.4028000000000003,1.5048999999999999,"***",1.4719204599129896]
["EMULSÃO ASFÁLTICA CATIÔNICA DE RUPTURA CONTROLADA PARA SERVIÇO DE LAMA ASFÁLTICA","2016-10-01","***",1.4200000000000002,1.4058000000000002,1.5065000000000002,"***",1.4432348359881635]
["EMULSÃO ASFÁLTICA CATIÔNICA DE RUPTURA CONTROLADA PARA SERVIÇO DE LAMA ASFÁLTICA","2016-11-01","***",1.42,"***","***","***",1.42]
["EMULSÃO ASFÁLTICA CATIÔNICA DE RUPTURA CONTROLADA PARA SERVIÇO DE LAMA ASFÁLTICA","2016-12-01","***","***","***","***","***","***"]
["EMULSÃO ASFÁLTICA CATIÔNICA DE RUPTURA CONTROLADA PARA SERVIÇO DE LAMA ASFÁLTICA","2017-01-01","***","***","***","***","***","***"]
["EMULSÃO ASFÁLTICA CATIÔNICA DE RUPTURA CONTROLADA PARA SERVIÇO DE LAMA ASFÁLTICA","2017-02-01","***","***","***","***","***","***"]
["EMULSÃO ASFÁLTICA CATIÔNICA DE RUPTURA CONTROLADA PARA SERVIÇO DE LAMA ASFÁLTICA","2017-03-01","***","***","***","***","***","***"]
["EMULSÃO ASFÁLTICA CATIÔNICA DE RUPTURA CONTROLADA PARA SERVIÇO DE LAMA ASFÁLTICA","2017-04-01","***","***","***","***","***","***"]
["EMULSÃO ASFÁLTICA CATIÔNICA DE RUPTURA CONTROLADA PARA SERVIÇO DE LAMA ASFÁLTICA","2017-05-01","***","***","***","***","***","***"]
["EMULSÃO ASFÁLTICA CATIÔNICA DE RUPTURA CONTROLADA PARA SERVIÇO DE LAMA ASFÁLTICA","2017-06-01","***",1.41,1.3833,"***","***",1.3961805746140652]
["EMULSÃO ASFÁLTICA CATIÔNICA DE RUPTURA CONTROLADA PARA SERVIÇO DE LAMA ASFÁLTICA","2017-07-01","***",1.4097,1.4194392519697907,"***","***",1.4186773227254919]
["EMULSÃO ASFÁLTICA CATIÔNICA DE RUPTURA CONTROLADA PARA SERVIÇO DE LAMA ASFÁLTICA","2017-08-01","***","***",1.3834,"***","***",1.3834]
["EMULSÃO ASFÁLTICA CATIÔNICA DE RUPTURA CONTROLADA PARA SERVIÇO DE LAMA ASFÁLTICA","2017-09-01","***","***",1.3422000000000001,"***","***",1.3422000000000001]
["EMULSÃO ASFÁLTICA CATIÔNICA DE RUPTURA CONTROLADA PARA SERVIÇO DE LAMA ASFÁLTICA","2017-10-01","***","***",1.3260000000000001,1.266075020741672,1.1927022584520337,1.2618354709983683]
["EMULSÃO ASFÁLTICA CATIÔNICA DE RUPTURA CONTROLADA PARA SERVIÇO DE LAMA ASFÁLTICA","2017-11-01","***","***","***",1.3512599999999999,"***",1.3512599999999999]
["EMULSÃO ASFÁLTICA CATIÔNICA DE RUPTURA CONTROLADA PARA SERVIÇO DE LAMA ASFÁLTICA","2017-12-01","***","***","***",1.3113387299415351,1.1678200000000001,1.2862866875449226]
["EMULSÃO ASFÁLTICA CATIÔNICA DE RUPTURA CONTROLADA PARA SERVIÇO DE LAMA ASFÁLTICA","2018-01-01","***","***","***",1.3656299999999997,"***",1.3656299999999997]
["EMULSÃO ASFÁLTICA CATIÔNICA DE RUPTURA CONTROLADA PARA SERVIÇO DE LAMA ASFÁLTICA","2018-02-01","***","***","***",1.3656299999999997,"***",1.3656299999999997]
["EMULSÃO ASFÁLTICA CATIÔNICA DE RUPTURA CONTROLADA PARA SERVIÇO DE LAMA ASFÁLTICA","2018-03-01","***","***","***",1.3643267765361471,1.2826599999999999,1.3574379085357575]
["EMULSÃO ASFÁLTICA CATIÔNICA DE RUPTURA CONTROLADA PARA SERVIÇO DE LAMA ASFÁLTICA","2018-04-01","***","***","***",1.3468059623002917,"***",1.3468059623002917]
["EMULSÃO ASFÁLTICA CATIÔNICA DE RUPTURA CONTROLADA PARA SERVIÇO DE LAMA ASFÁLTICA","2018-05-01","***","***","***",1.40157,1.27651,1.3682738124345093]
["EMULSÃO ASFÁLTICA CATIÔNICA DE RUPTURA CONTROLADA PARA SERVIÇO DE LAMA ASFÁLTICA","2018-06-01","***",1.7265999999999999,"***",1.4650838645418325,"***",1.5399886282871358]
["EMULSÃO ASFÁLTICA CATIÔNICA DE RUPTURA CONTROLADA PARA SERVIÇO DE LAMA ASFÁLTICA","2018-07-01","***","***","***","***","***","***"]
["EMULSÃO ASFÁLTICA CATIÔNICA DE RUPTURA CONTROLADA PARA SERVIÇO DE LAMA ASFÁLTICA","2018-08-01","***","***","***","***","***","***"]
["EMULSÃO ASFÁLTICA CATIÔNICA DE RUPTURA CONTROLADA PARA SERVIÇO DE LAMA ASFÁLTICA","2018-09-01","***","***","***","***","***","***"]
["EMULSÃO ASFÁLTICA CATIÔNICA DE RUPTURA CONTROLADA PARA SERVIÇO DE LAMA ASFÁLTICA","2018-10-01","***","***","***","***",1.99068,1.99068]
["EMULSÃO ASFÁLTICA CATIÔNICA DE RUPTURA CONTROLADA PARA SERVIÇO DE LAMA ASFÁLTICA","2018-11-01","***","***","***","***","***","***"]
["EMULSÃO ASFÁLTICA CATIÔNICA DE RUPTURA CONTROLADA PARA SERVIÇO DE LAMA ASFÁLTICA","2018-12-01","***","***","***","***","***","***"]
["EMULSÃO ASFÁLTICA CATIÔNICA DE RUPTURA CONTROLADA PARA SERVIÇO DE LAMA ASFÁLTICA","2019-01-01","***","***","***","***","***","***"]
["EMULSÃO ASFÁLTICA CATIÔNICA DE RUPTURA CONTROLADA PARA SERVIÇO DE LAMA ASFÁLTICA","2019-02-01","***","***","***","***","***","***"]
["EMULSÃO ASFÁLTICA CATIÔNICA DE RUPTURA CONTROLADA PARA SERVIÇO DE LAMA ASFÁLTICA","2019-03-01","***","***","***","***","***","***"]
["EMULSÃO ASFÁLTICA CATIÔNICA DE RUPTURA CONTROLADA PARA SERVIÇO DE LAMA ASFÁLTICA","2019-04-01","***","***","***","***",2.3486199999999999,2.3486199999999999]
["EMULSÃO ASFÁLTICA CATIÔNICA DE RUPTURA CONTROLADA PARA SERVIÇO DE LAMA ASFÁLTICA","2019-05-01","***","***","***","***","***","***"]
["EMULSÃO ASFÁLTICA CATIÔNICA DE RUPTURA CONTROLADA PARA SERVIÇO DE LAMA ASFÁLTICA","2019-06-01","***","***","***","***","***","***"]
["EMULSÃO ASFÁLTICA CATIÔNICA DE RUPTURA CONTROLADA PARA SERVIÇO DE LAMA ASFÁLTICA","2019-07-01","***","***","***","***",2.3182500000000004,2.3182500000000004]
["EMULSÃO ASFÁLTICA CATIÔNICA DE RUPTURA CONTROLADA PARA SERVIÇO DE LAMA ASFÁLTICA","2019-08-01","***","***","***","***",2.3486199999999999,2.3486199999999999]
["EMULSÃO ASFÁLTICA CATIÔNICA DE RUPTURA CONTROLADA PARA SERVIÇO DE LAMA ASFÁLTICA","2019-09-01","***","***","***","***",2.3240099999999999,2.3240099999999999]
["EMULSÃO ASFÁLTICA CATIÔNICA DE RUPTURA CONTROLADA PARA SERVIÇO DE LAMA ASFÁLTICA","2019-10-01","***","***","***","***","***","***"]
["EMULSÃO ASFÁLTICA CATIÔNICA DE RUPTURA CONTROLADA PARA SERVIÇO DE LAMA ASFÁLTICA","2019-11-01","***","***","***",2.6280899999999998,"***",2.6280899999999998]
["EMULSÃO ASFÁLTICA CATIÔNICA DE RUPTURA CONTROLADA PARA SERVIÇO DE LAMA ASFÁLTICA","2019-12-01","***","***","***",2.6280899999999998,"***",2.6280899999999998]
["EMULSÃO ASFÁLTICA CATIÔNICA DE RUPTURA CONTROLADA PARA SERVIÇO DE LAMA ASFÁLTICA","2020-01-01","***",2.0081199999999999,"***","***","***",2.0081199999999999]
["EMULSÃO ASFÁLTICA CATIÔNICA DE RUPTURA CONTROLADA PARA SERVIÇO DE LAMA ASFÁLTICA","2020-02-01","***","***","***",2.6280899999999998,"***",2.6280899999999998]
["EMULSÃO ASFÁLTICA CATIÔNICA DE RUPTURA CONTROLADA PARA SERVIÇO DE LAMA ASFÁLTICA","2020-03-01","***",2.00813,"***","***","***",2.00813]
["EMULSÃO ASFÁLTICA CATIÔNICA DE RUPTURA CONTROLADA PARA SERVIÇO DE LAMA ASFÁLTICA","2020-04-01","***",2.0081199999999999,"***","***","***",2.0081199999999999]
["EMULSÃO ASFÁLTICA CATIÔNICA DE RUPTURA CONTROLADA PARA SERVIÇO DE LAMA ASFÁLTICA","2020-05-01","***",2.0081199999999999,"***",2.6280899999999998,"***",2.4163402265372165]
["EMULSÃO ASFÁLTICA CATIÔNICA DE RUPTURA CONTROLADA PARA SERVIÇO DE LAMA ASFÁLTICA","2020-06-01","***","***","***","***","***","***"]
["EMULSÃO ASFÁLTICA CATIÔNICA DE RUPTURA CONTROLADA PARA SERVIÇO DE LAMA ASFÁLTICA","2020-07-01","***","***","***",2.6280899999999994,"***",2.6280899999999994]
["EMULSÃO ASFÁLTICA CATIÔNICA DE RUPTURA CONTROLADA PARA SERVIÇO DE LAMA ASFÁLTICA","2020-08-01","***","***",2.4412500000000001,2.6280899999999998,"***",2.5034011814089308]
["EMULSÃO ASFÁLTICA CATIÔNICA DE RUPTURA CONTROLADA PARA SERVIÇO DE LAMA ASFÁLTICA","2020-09-01","***","***",2.4412500000000001,2.6280899999999998,"***",2.5037925079030559]
["EMULSÃO ASFÁLTICA CATIÔNICA DE RUPTURA CONTROLADA PARA SERVIÇO DE LAMA ASFÁLTICA","2020-10-01","***","***",2.4412499999999997,2.6280899999999998,"***",2.4876601820100235]
["EMULSÃO ASFÁLTICA CATIÔNICA DE RUPTURA CONTROLADA PARA SERVIÇO DE LAMA ASFÁLTICA","2020-11-01","***","***","***",2.6280899999999994,"***",2.6280899999999994]
["EMULSÃO ASFÁLTICA CATIÔNICA DE RUPTURA CONTROLADA PARA SERVIÇO DE LAMA ASFÁLTICA","2020-12-01","***","***",2.5987499999999999,2.4680200000000001,"***",2.5651313138082994]
["EMULSÃO ASFÁLTICA CATIÔNICA DE RUPTURA CONTROLADA PARA SERVIÇO DE LAMA ASFÁLTICA","2021-01-01","***","***","***","***","***","***"]
["EMULSÃO ASFÁLTICA CATIÔNICA DE RUPTURA CONTROLADA PARA SERVIÇO DE LAMA ASFÁLTICA","2021-02-01","***","***","***",2.4680200000000001,"***",2.4680200000000001]
["EMULSÃO ASFÁLTICA CATIÔNICA DE RUPTURA CONTROLADA PARA SERVIÇO DE LAMA ASFÁLTICA","2021-03-01","***","***","***",2.4623599999999999,"***",2.4623599999999999]
["EMULSÃO ASFÁLTICA CATIÔNICA DE RUPTURA CONTROLADA PARA SERVIÇO DE LAMA ASFÁLTICA","2021-04-01","***",2.331,"***","***","***",2.331]
["EMULSÃO ASFÁLTICA CATIÔNICA DE RUPTURA CONTROLADA PARA SERVIÇO DE LAMA ASFÁLTICA","2021-05-01","***","***","***",2.4258099999999998,"***",2.4258099999999998]
["EMULSÃO ASFÁLTICA CATIÔNICA DE RUPTURA CONTROLADA PARA SERVIÇO DE LAMA ASFÁLTICA","2021-06-01","***","***","***",2.4258099999999998,"***",2.4258099999999998]
["EMULSÃO ASFÁLTICA CATIÔNICA DE RUPTURA CONTROLADA PARA SERVIÇO DE LAMA ASFÁLTICA","2021-07-01","***","***","***",2.7059199999999999,"***",2.7059199999999999]
["EMULSÃO ASFÁLTICA CATIÔNICA DE RUPTURA CONTROLADA PARA SERVIÇO DE LAMA ASFÁLTICA","2021-08-01","***","***","***","***","***","***"]
["EMULSÃO ASFÁLTICA CATIÔNICA DE RUPTURA CONTROLADA PARA SERVIÇO DE LAMA ASFÁLTICA","2021-09-01","***","***","***",3.13598,"***",3.13598]
["EMULSÃO ASFÁLTICA CATIÔNICA DE RUPTURA CONTROLADA PARA SERVIÇO DE LAMA ASFÁLTICA","2021-10-01","***","***",3.1943999999999999,"***","***",3.1943999999999999]
["EMULSÃO ASFÁLTICA CATIÔNICA DE RUPTURA CONTROLADA PARA SERVIÇO DE LAMA ASFÁLTICA","2021-11-01","***","***",3.6162040636093602,"***","***",3.6162040636093602]
["EMULSÃO ASFÁLTICA CATIÔNICA DE RUPTURA CONTROLADA PARA SERVIÇO DE LAMA ASFÁLTICA","2021-12-01","***","***",3.7479760908551949,"***","***",3.7479760908551949]
["EMULSÃO ASFÁLTICA CATIÔNICA DE RUPTURA CONTROLADA PARA SERVIÇO DE LAMA ASFÁLTICA","2022-01-01","***","***","***","***","***","***"]
["EMULSÃO ASFÁLTICA CATIÔNICA DE RUPTURA CONTROLADA PARA SERVIÇO DE LAMA ASFÁLTICA","2022-02-01","***","***","***",3.4192499999999999,"***",3.4192499999999999]
["EMULSÃO ASFÁLTICA CATIÔNICA DE RUPTURA CONTROLADA PARA SERVIÇO DE LAMA ASFÁLTICA","2022-03-01","***","***","***","***","***","***"]
["EMULSÃO ASFÁLTICA CATIÔNICA DE RUPTURA CONTROLADA PARA SERVIÇO DE LAMA ASFÁLTICA","2022-04-01","***","***","***","***","***","***"]
["EMULSÃO ASFÁLTICA CATIÔNICA DE RUPTURA CONTROLADA PARA SERVIÇO DE LAMA ASFÁLTICA","2022-05-01","***","***","***","***","***","***"]
["EMULSÃO ASFÁLTICA CATIÔNICA DE RUPTURA CONTROLADA PARA SERVIÇO DE LAMA ASFÁLTICA","2022-06-01","***","***","***",3.5394700000000001,"***",3.5394700000000001]
["EMULSÃO ASFÁLTICA CATIÔNICA DE RUPTURA CONTROLADA PARA SERVIÇO DE LAMA ASFÁLTICA","2022-07-01","***","***","***",3.5394700000000001,"***",3.5394700000000001]
["EMULSÃO ASFÁLTICA CATIÔNICA DE RUPTURA CONTROLADA PARA SERVIÇO DE LAMA ASFÁLTICA","2022-08-01","***","***","***","***","***","***"]
["EMULSÃO ASFÁLTICA CATIÔNICA DE RUPTURA CONTROLADA PARA SERVIÇO DE LAMA ASFÁLTICA","2022-09-01","***","***","***","***","***","***"]
["EMULSÃO ASFÁLTICA CATIÔNICA DE RUPTURA CONTROLADA PARA SERVIÇO DE LAMA ASFÁLTICA","2022-10-01","***","***","***",3.5979138425357875,"***",3.5979138425357875]
["EMULSÃO ASFÁLTICA CATIÔNICA DE RUPTURA CONTROLADA PARA SERVIÇO DE LAMA ASFÁLTICA","2022-11-01","***","***","***",3.6104999999999996,"***",3.6104999999999996]
["EMULSÃO ASFÁLTICA CATIÔNICA DE RUPTURA CONTROLADA PARA SERVIÇO DE LAMA ASFÁLTICA","2022-12-01","***","***","***",3.6105,"***",3.6105]
["EMULSÃO ASFÁLTICA CATIÔNICA DE RUPTURA CONTROLADA PARA SERVIÇO DE LAMA ASFÁLTICA","2023-01-01","***","***","***","***","***","***"]
["EMULSÃO ASFÁLTICA CATIÔNICA DE RUPTURA CONTROLADA PARA SERVIÇO DE LAMA ASFÁLTICA","2023-02-01","***","***","***","***","***","***"]
["EMULSÃO ASFÁLTICA CATIÔNICA DE RUPTURA CONTROLADA PARA SERVIÇO DE LAMA ASFÁLTICA","2023-03-01","***","***","***","***","***","***"]
["EMULSÃO ASFÁLTICA CATIÔNICA DE RUPTURA CONTROLADA PARA SERVIÇO DE LAMA ASFÁLTICA","2023-04-01","***","***","***","***","***","***"]
["EMULSÃO ASFÁLTICA CATIÔNICA DE RUPTURA CONTROLADA PARA SERVIÇO DE LAMA ASFÁLTICA","2023-05-01","***","***","***","***","***","***"]
["EMULSÃO ASFÁLTICA CATIÔNICA DE RUPTURA CONTROLADA PARA SERVIÇO DE LAMA ASFÁLTICA","2023-06-01","***","***","***","***","***","***"]
["EMULSÃO ASFÁLTICA CATIÔNICA DE RUPTURA CONTROLADA PARA SERVIÇO DE LAMA ASFÁLTICA","2023-07-01","***","***","***","***","***","***"]
["EMULSÃO ASFÁLTICA CATIÔNICA DE RUPTURA CONTROLADA PARA SERVIÇO DE LAMA ASFÁLTICA","2023-08-01","***","***","***","***","***","***"]
["EMULSÃO ASFÁLTICA CATIÔNICA DE RUPTURA CONTROLADA PARA SERVIÇO DE LAMA ASFÁLTICA","2023-09-01","***","***","***","***","***","***"]
["EMULSÃO ASFÁLTICA CATIÔNICA DE RUPTURA CONTROLADA PARA SERVIÇO DE LAMA ASFÁLTICA","2023-10-01","***","***","***","***","***","***"]
["EMULSÃO ASFÁLTICA CATIÔNICA DE RUPTURA CONTROLADA PARA SERVIÇO DE LAMA ASFÁLTICA","2023-11-01","***","***","***","***","***","***"]
["EMULSÃO ASFÁLTICA CATIÔNICA DE RUPTURA CONTROLADA PARA SERVIÇO DE LAMA ASFÁLTICA","2023-12-01","***","***","***","***","***","***"]
["EMULSÃO ASFÁLTICA CATIÔNICA DE RUPTURA CONTROLADA PARA SERVIÇO DE LAMA ASFÁLTICA","2024-01-01","***","***","***","***","***","***"]
["EMULSÃO ASFÁLTICA CATIÔNICA DE RUPTURA CONTROLADA PARA SERVIÇO DE LAMA ASFÁLTICA","2024-02-01","***",2.9875799999999999,"***","***","***",2.9875799999999999]
["EMULSÃO ASFÁLTICA CATIÔNICA DE RUPTURA CONTROLADA PARA SERVIÇO DE LAMA ASFÁLTICA","2024-03-01","***",2.9074899999999997,"***","***","***",2.9074899999999997]
["EMULSÃO ASFÁLTICA CATIÔNICA DE RUPTURA CONTROLADA PARA SERVIÇO DE LAMA ASFÁLTICA","2024-04-01","***",2.9074900000000006,"***","***","***",2.9074900000000006]
["EMULSÃO ASFÁLTICA CATIÔNICA DE RUPTURA CONTROLADA PARA SERVIÇO DE LAMA ASFÁLTICA","2024-05-01","***",3.0521846814082045,"***","***","***",3.0521846814082045]
["EMULSÃO ASFÁLTICA CATIÔNICA DE RUPTURA CONTROLADA PARA SERVIÇO DE LAMA ASFÁLTICA","2024-06-01","***",3.1209845508390917,"***","***","***",3.1209845508390917]
["EMULSÃO ASFÁLTICA CATIÔNICA DE RUPTURA CONTROLADA PARA SERVIÇO DE LAMA ASFÁLTICA","2024-07-01","***",3.1665000000000001,"***","***","***",3.1665000000000001]
["EMULSÃO ASFÁLTICA DE RUPTURA LENTA CATIÔNICA PARA SERVIÇO DE LAMA ASFÁLTICA","2015-09-01","***","***","***","***","***","***"]
["EMULSÃO ASFÁLTICA DE RUPTURA LENTA CATIÔNICA PARA SERVIÇO DE LAMA ASFÁLTICA","2015-10-01","***","***","***","***","***","***"]
["EMULSÃO ASFÁLTICA DE RUPTURA LENTA CATIÔNICA PARA SERVIÇO DE LAMA ASFÁLTICA","2015-11-01","***","***","***","***","***","***"]
["EMULSÃO ASFÁLTICA DE RUPTURA LENTA CATIÔNICA PARA SERVIÇO DE LAMA ASFÁLTICA","2015-12-01","***","***","***","***","***","***"]
["EMULSÃO ASFÁLTICA DE RUPTURA LENTA CATIÔNICA PARA SERVIÇO DE LAMA ASFÁLTICA","2016-01-01","***","***","***","***","***","***"]
["EMULSÃO ASFÁLTICA DE RUPTURA LENTA CATIÔNICA PARA SERVIÇO DE LAMA ASFÁLTICA","2016-02-01","***","***","***","***","***","***"]
["EMULSÃO ASFÁLTICA DE RUPTURA LENTA CATIÔNICA PARA SERVIÇO DE LAMA ASFÁLTICA","2016-03-01","***","***","***","***","***","***"]
["EMULSÃO ASFÁLTICA DE RUPTURA LENTA CATIÔNICA PARA SERVIÇO DE LAMA ASFÁLTICA","2016-04-01","***","***","***","***","***","***"]
["EMULSÃO ASFÁLTICA DE RUPTURA LENTA CATIÔNICA PARA SERVIÇO DE LAMA ASFÁLTICA","2016-05-01","***","***","***","***","***","***"]
["EMULSÃO ASFÁLTICA DE RUPTURA LENTA CATIÔNICA PARA SERVIÇO DE LAMA ASFÁLTICA","2016-06-01","***","***","***","***","***","***"]
["EMULSÃO ASFÁLTICA DE RUPTURA LENTA CATIÔNICA PARA SERVIÇO DE LAMA ASFÁLTICA","2016-07-01","***","***","***","***","***","***"]
["EMULSÃO ASFÁLTICA DE RUPTURA LENTA CATIÔNICA PARA SERVIÇO DE LAMA ASFÁLTICA","2016-08-01","***","***","***","***","***","***"]
["EMULSÃO ASFÁLTICA DE RUPTURA LENTA CATIÔNICA PARA SERVIÇO DE LAMA ASFÁLTICA","2016-09-01","***","***","***","***","***","***"]
["EMULSÃO ASFÁLTICA DE RUPTURA LENTA CATIÔNICA PARA SERVIÇO DE LAMA ASFÁLTICA","2016-10-01","***","***","***","***","***","***"]
["EMULSÃO ASFÁLTICA DE RUPTURA LENTA CATIÔNICA PARA SERVIÇO DE LAMA ASFÁLTICA","2016-11-01","***","***","***","***","***","***"]
["EMULSÃO ASFÁLTICA DE RUPTURA LENTA CATIÔNICA PARA SERVIÇO DE LAMA ASFÁLTICA","2016-12-01","***","***","***","***","***","***"]
["EMULSÃO ASFÁLTICA DE RUPTURA LENTA CATIÔNICA PARA SERVIÇO DE LAMA ASFÁLTICA","2017-01-01","***","***","***","***","***","***"]
["EMULSÃO ASFÁLTICA DE RUPTURA LENTA CATIÔNICA PARA SERVIÇO DE LAMA ASFÁLTICA","2017-02-01","***","***","***","***","***","***"]
["EMULSÃO ASFÁLTICA DE RUPTURA LENTA CATIÔNICA PARA SERVIÇO DE LAMA ASFÁLTICA","2017-03-01","***","***","***","***","***","***"]
["EMULSÃO ASFÁLTICA DE RUPTURA LENTA CATIÔNICA PARA SERVIÇO DE LAMA ASFÁLTICA","2017-04-01","***","***","***","***","***","***"]
["EMULSÃO ASFÁLTICA DE RUPTURA LENTA CATIÔNICA PARA SERVIÇO DE LAMA ASFÁLTICA","2017-05-01","***","***","***","***","***","***"]
["EMULSÃO ASFÁLTICA DE RUPTURA LENTA CATIÔNICA PARA SERVIÇO DE LAMA ASFÁLTICA","2017-06-01","***","***","***","***","***","***"]
["EMULSÃO ASFÁLTICA DE RUPTURA LENTA CATIÔNICA PARA SERVIÇO DE LAMA ASFÁLTICA","2017-07-01","***","***","***","***","***","***"]
["EMULSÃO ASFÁLTICA DE RUPTURA LENTA CATIÔNICA PARA SERVIÇO DE LAMA ASFÁLTICA","2017-08-01","***","***","***","***","***","***"]
["EMULSÃO ASFÁLTICA DE RUPTURA LENTA CATIÔNICA PARA SERVIÇO DE LAMA ASFÁLTICA","2017-09-01","***","***","***","***","***","***"]
["EMULSÃO ASFÁLTICA DE RUPTURA LENTA CATIÔNICA PARA SERVIÇO DE LAMA ASFÁLTICA","2017-10-01","***","***","***","***","***","***"]
["EMULSÃO ASFÁLTICA DE RUPTURA LENTA CATIÔNICA PARA SERVIÇO DE LAMA ASFÁLTICA","2017-11-01","***","***","***","***","***","***"]
["EMULSÃO ASFÁLTICA DE RUPTURA LENTA CATIÔNICA PARA SERVIÇO DE LAMA ASFÁLTICA","2017-12-01","***","***","***","***","***","***"]
["EMULSÃO ASFÁLTICA DE RUPTURA LENTA CATIÔNICA PARA SERVIÇO DE LAMA ASFÁLTICA","2018-01-01","***","***","***","***","***","***"]
["EMULSÃO ASFÁLTICA DE RUPTURA LENTA CATIÔNICA PARA SERVIÇO DE LAMA ASFÁLTICA","2018-02-01","***","***","***","***","***","***"]
["EMULSÃO ASFÁLTICA DE RUPTURA LENTA CATIÔNICA PARA SERVIÇO DE LAMA ASFÁLTICA","2018-03-01","***","***","***","***","***","***"]
["EMULSÃO ASFÁLTICA DE RUPTURA LENTA CATIÔNICA PARA SERVIÇO DE LAMA ASFÁLTICA","2018-04-01","***","***","***","***","***","***"]
["EMULSÃO ASFÁLTICA DE RUPTURA LENTA CATIÔNICA PARA SERVIÇO DE LAMA ASFÁLTICA","2018-05-01","***","***","***","***","***","***"]
["EMULSÃO ASFÁLTICA DE RUPTURA LENTA CATIÔNICA PARA SERVIÇO DE LAMA ASFÁLTICA","2018-06-01","***","***","***","***","***","***"]
["EMULSÃO ASFÁLTICA DE RUPTURA LENTA CATIÔNICA PARA SERVIÇO DE LAMA ASFÁLTICA","2018-07-01","***","***","***","***","***","***"]
["EMULSÃO ASFÁLTICA DE RUPTURA LENTA CATIÔNICA PARA SERVIÇO DE LAMA ASFÁLTICA","2018-08-01","***","***","***","***","***","***"]
["EMULSÃO ASFÁLTICA DE RUPTURA LENTA CATIÔNICA PARA SERVIÇO DE LAMA ASFÁLTICA","2018-09-01","***","***","***","***","***","***"]
["EMULSÃO ASFÁLTICA DE RUPTURA LENTA CATIÔNICA PARA SERVIÇO DE LAMA ASFÁLTICA","2018-10-01","***","***","***","***","***","***"]
["EMULSÃO ASFÁLTICA DE RUPTURA LENTA CATIÔNICA PARA SERVIÇO DE LAMA ASFÁLTICA","2018-11-01","***","***","***","***","***","***"]
["EMULSÃO ASFÁLTICA DE RUPTURA LENTA CATIÔNICA PARA SERVIÇO DE LAMA ASFÁLTICA","2018-12-01","***","***","***","***","***","***"]
["EMULSÃO ASFÁLTICA DE RUPTURA LENTA CATIÔNICA PARA SERVIÇO DE LAMA ASFÁLTICA","2019-01-01","***","***","***","***","***","***"]
["EMULSÃO ASFÁLTICA DE RUPTURA LENTA CATIÔNICA PARA SERVIÇO DE LAMA ASFÁLTICA","2019-02-01","***","***","***","***","***","***"]
["EMULSÃO ASFÁLTICA DE RUPTURA LENTA CATIÔNICA PARA SERVIÇO DE LAMA ASFÁLTICA","2019-03-01","***","***","***","***","***","***"]
["EMULSÃO ASFÁLTICA DE RUPTURA LENTA CATIÔNICA PARA SERVIÇO DE LAMA ASFÁLTICA","2019-04-01","***","***","***","***","***","***"]
["EMULSÃO ASFÁLTICA DE RUPTURA LENTA CATIÔNICA PARA SERVIÇO DE LAMA ASFÁLTICA","2019-05-01","***","***","***","***","***","***"]
["EMULSÃO ASFÁLTICA DE RUPTURA LENTA CATIÔNICA PARA SERVIÇO DE LAMA ASFÁLTICA","2019-06-01","***","***","***","***","***","***"]
["EMULSÃO ASFÁLTICA DE RUPTURA LENTA CATIÔNICA PARA SERVIÇO DE LAMA ASFÁLTICA","2019-07-01","***","***","***","***","***","***"]
["EMULSÃO ASFÁLTICA DE RUPTURA LENTA CATIÔNICA PARA SERVIÇO DE LAMA ASFÁLTICA","2019-08-01","***","***","***","***","***","***"]
["EMULSÃO ASFÁLTICA DE RUPTURA LENTA CATIÔNICA PARA SERVIÇO DE LAMA ASFÁLTICA","2019-09-01","***","***","***","***","***","***"]
["EMULSÃO ASFÁLTICA DE RUPTURA LENTA CATIÔNICA PARA SERVIÇO DE LAMA ASFÁLTICA","2019-10-01","***","***","***","***","***","***"]
["EMULSÃO ASFÁLTICA DE RUPTURA LENTA CATIÔNICA PARA SERVIÇO DE LAMA ASFÁLTICA","2019-11-01","***","***","***","***","***","***"]
["EMULSÃO ASFÁLTICA DE RUPTURA LENTA CATIÔNICA PARA SERVIÇO DE LAMA ASFÁLTICA","2019-12-01","***","***","***","***","***","***"]
["EMULSÃO ASFÁLTICA DE RUPTURA LENTA CATIÔNICA PARA SERVIÇO DE LAMA ASFÁLTICA","2020-01-01","***","***","***","***","***","***"]
["EMULSÃO ASFÁLTICA DE RUPTURA LENTA CATIÔNICA PARA SERVIÇO DE LAMA ASFÁLTICA","2020-02-01","***","***","***","***","***","***"]
["EMULSÃO ASFÁLTICA DE RUPTURA LENTA CATIÔNICA PARA SERVIÇO DE LAMA ASFÁLTICA","2020-03-01","***","***","***","***","***","***"]
["EMULSÃO ASFÁLTICA DE RUPTURA LENTA CATIÔNICA PARA SERVIÇO DE LAMA ASFÁLTICA","2020-04-01","***","***","***","***","***","***"]
["EMULSÃO ASFÁLTICA DE RUPTURA LENTA CATIÔNICA PARA SERVIÇO DE LAMA ASFÁLTICA","2020-05-01","***","***","***","***","***","***"]
["EMULSÃO ASFÁLTICA DE RUPTURA LENTA CATIÔNICA PARA SERVIÇO DE LAMA ASFÁLTICA","2020-06-01","***","***","***","***","***","***"]
["EMULSÃO ASFÁLTICA DE RUPTURA LENTA CATIÔNICA PARA SERVIÇO DE LAMA ASFÁLTICA","2020-07-01","***","***","***","***","***","***"]
["EMULSÃO ASFÁLTICA DE RUPTURA LENTA CATIÔNICA PARA SERVIÇO DE LAMA ASFÁLTICA","2020-08-01","***","***","***","***","***","***"]
["EMULSÃO ASFÁLTICA DE RUPTURA LENTA CATIÔNICA PARA SERVIÇO DE LAMA ASFÁLTICA","2020-09-01","***","***","***","***","***","***"]
["EMULSÃO ASFÁLTICA DE RUPTURA LENTA CATIÔNICA PARA SERVIÇO DE LAMA ASFÁLTICA","2020-10-01","***","***","***","***","***","***"]
["EMULSÃO ASFÁLTICA DE RUPTURA LENTA CATIÔNICA PARA SERVIÇO DE LAMA ASFÁLTICA","2020-11-01","***","***","***","***","***","***"]
["EMULSÃO ASFÁLTICA DE RUPTURA LENTA CATIÔNICA PARA SERVIÇO DE LAMA ASFÁLTICA","2020-12-01","***","***","***","***","***","***"]
["EMULSÃO ASFÁLTICA DE RUPTURA LENTA CATIÔNICA PARA SERVIÇO DE LAMA ASFÁLTICA","2021-01-01","***","***","***","***","***","***"]
["EMULSÃO ASFÁLTICA DE RUPTURA LENTA CATIÔNICA PARA SERVIÇO DE LAMA ASFÁLTICA","2021-02-01","***","***","***","***","***","***"]
["EMULSÃO ASFÁLTICA DE RUPTURA LENTA CATIÔNICA PARA SERVIÇO DE LAMA ASFÁLTICA","2021-03-01","***","***","***","***","***","***"]
["EMULSÃO ASFÁLTICA DE RUPTURA LENTA CATIÔNICA PARA SERVIÇO DE LAMA ASFÁLTICA","2021-04-01","***","***","***","***","***","***"]
["EMULSÃO ASFÁLTICA DE RUPTURA LENTA CATIÔNICA PARA SERVIÇO DE LAMA ASFÁLTICA","2021-05-01","***","***","***","***","***","***"]
["EMULSÃO ASFÁLTICA DE RUPTURA LENTA CATIÔNICA PARA SERVIÇO DE LAMA ASFÁLTICA","2021-06-01","***","***","***","***","***","***"]
["EMULSÃO ASFÁLTICA DE RUPTURA LENTA CATIÔNICA PARA SERVIÇO DE LAMA ASFÁLTICA","2021-07-01","***","***","***","***","***","***"]
["EMULSÃO ASFÁLTICA DE RUPTURA LENTA CATIÔNICA PARA SERVIÇO DE LAMA ASFÁLTICA","2021-08-01","***","***","***","***","***","***"]
["EMULSÃO ASFÁLTICA DE RUPTURA LENTA CATIÔNICA PARA SERVIÇO DE LAMA ASFÁLTICA","2021-09-01","***","***","***","***","***","***"]
["EMULSÃO ASFÁLTICA DE RUPTURA LENTA CATIÔNICA PARA SERVIÇO DE LAMA ASFÁLTICA","2021-10-01","***","***","***","***","***","***"]
["EMULSÃO ASFÁLTICA DE RUPTURA LENTA CATIÔNICA PARA SERVIÇO DE LAMA ASFÁLTICA","2021-11-01","***","***","***","***","***","***"]
["EMULSÃO ASFÁLTICA DE RUPTURA LENTA CATIÔNICA PARA SERVIÇO DE LAMA ASFÁLTICA","2021-12-01","***","***","***","***","***","***"]
["EMULSÃO ASFÁLTICA DE RUPTURA LENTA CATIÔNICA PARA SERVIÇO DE LAMA ASFÁLTICA","2022-01-01","***","***","***","***","***","***"]
["EMULSÃO ASFÁLTICA DE RUPTURA LENTA CATIÔNICA PARA SERVIÇO DE LAMA ASFÁLTICA","2022-02-01","***","***","***","***","***","***"]
["EMULSÃO ASFÁLTICA DE RUPTURA LENTA CATIÔNICA PARA SERVIÇO DE LAMA ASFÁLTICA","2022-03-01","***","***","***","***","***","***"]
["EMULSÃO ASFÁLTICA DE RUPTURA LENTA CATIÔNICA PARA SERVIÇO DE LAMA ASFÁLTICA","2022-04-01","***","***","***","***","***","***"]
["EMULSÃO ASFÁLTICA DE RUPTURA LENTA CATIÔNICA PARA SERVIÇO DE LAMA ASFÁLTICA","2022-05-01","***","***","***","***","***","***"]
["EMULSÃO ASFÁLTICA DE RUPTURA LENTA CATIÔNICA PARA SERVIÇO DE LAMA ASFÁLTICA","2022-06-01","***","***","***","***","***","***"]
["EMULSÃO ASFÁLTICA DE RUPTURA LENTA CATIÔNICA PARA SERVIÇO DE LAMA ASFÁLTICA","2022-07-01","***","***","***","***","***","***"]
["EMULSÃO ASFÁLTICA DE RUPTURA LENTA CATIÔNICA PARA SERVIÇO DE LAMA ASFÁLTICA","2022-08-01","***","***","***","***","***","***"]
["EMULSÃO ASFÁLTICA DE RUPTURA LENTA CATIÔNICA PARA SERVIÇO DE LAMA ASFÁLTICA","2022-09-01","***","***","***","***","***","***"]
["EMULSÃO ASFÁLTICA DE RUPTURA LENTA CATIÔNICA PARA SERVIÇO DE LAMA ASFÁLTICA","2022-10-01","***","***","***","***","***","***"]
["EMULSÃO ASFÁLTICA DE RUPTURA LENTA CATIÔNICA PARA SERVIÇO DE LAMA ASFÁLTICA","2022-11-01","***","***","***","***","***","***"]
["EMULSÃO ASFÁLTICA DE RUPTURA LENTA CATIÔNICA PARA SERVIÇO DE LAMA ASFÁLTICA","2022-12-01","***","***","***","***","***","***"]
["EMULSÃO ASFÁLTICA DE RUPTURA LENTA CATIÔNICA PARA SERVIÇO DE LAMA ASFÁLTICA","2023-01-01","***","***","***","***","***","***"]
["EMULSÃO ASFÁLTICA DE RUPTURA LENTA CATIÔNICA PARA SERVIÇO DE LAMA ASFÁLTICA","2023-02-01","***","***","***","***","***","***"]
["EMULSÃO ASFÁLTICA DE RUPTURA LENTA CATIÔNICA PARA SERVIÇO DE LAMA ASFÁLTICA","2023-03-01","***","***","***","***","***","***"]
["EMULSÃO ASFÁLTICA DE RUPTURA LENTA CATIÔNICA PARA SERVIÇO DE LAMA ASFÁLTICA","2023-04-01","***","***","***","***","***","***"]
["EMULSÃO ASFÁLTICA DE RUPTURA LENTA CATIÔNICA PARA SERVIÇO DE LAMA ASFÁLTICA","2023-05-01","***","***","***","***","***","***"]
["EMULSÃO ASFÁLTICA DE RUPTURA LENTA CATIÔNICA PARA SERVIÇO DE LAMA ASFÁLTICA","2023-06-01","***","***","***","***","***","***"]
["EMULSÃO ASFÁLTICA DE RUPTURA LENTA CATIÔNICA PARA SERVIÇO DE LAMA ASFÁLTICA","2023-07-01","***","***","***","***","***","***"]
["EMULSÃO ASFÁLTICA DE RUPTURA LENTA CATIÔNICA PARA SERVIÇO DE LAMA ASFÁLTICA","2023-08-01","***","***","***","***","***","***"]
["EMULSÃO ASFÁLTICA DE RUPTURA LENTA CATIÔNICA PARA SERVIÇO DE LAMA ASFÁLTICA","2023-09-01","***","***","***","***","***","***"]
["EMULSÃO ASFÁLTICA DE RUPTURA LENTA CATIÔNICA PARA SERVIÇO DE LAMA ASFÁLTICA","2023-10-01","***","***","***","***","***","***"]
["EMULSÃO ASFÁLTICA DE RUPTURA LENTA CATIÔNICA PARA SERVIÇO DE LAMA ASFÁLTICA","2023-11-01","***","***","***","***","***","***"]
["EMULSÃO ASFÁLTICA DE RUPTURA LENTA CATIÔNICA PARA SERVIÇO DE LAMA ASFÁLTICA","2023-12-01","***","***","***","***","***","***"]
["EMULSÃO ASFÁLTICA DE RUPTURA LENTA CATIÔNICA PARA SERVIÇO DE LAMA ASFÁLTICA","2024-01-01","***","***","***","***","***","***"]
["EMULSÃO ASFÁLTICA DE RUPTURA LENTA CATIÔNICA PARA SERVIÇO DE LAMA ASFÁLTICA","2024-02-01","***","***","***","***","***","***"]
["EMULSÃO ASFÁLTICA DE RUPTURA LENTA CATIÔNICA PARA SERVIÇO DE LAMA ASFÁLTICA","2024-03-01","***","***","***","***","***","***"]
["EMULSÃO ASFÁLTICA DE RUPTURA LENTA CATIÔNICA PARA SERVIÇO DE LAMA ASFÁLTICA","2024-04-01","***","***","***","***","***","***"]
["EMULSÃO ASFÁLTICA DE RUPTURA LENTA CATIÔNICA PARA SERVIÇO DE LAMA ASFÁLTICA","2024-05-01","***","***","***","***","***","***"]
["EMULSÃO ASFÁLTICA DE RUPTURA LENTA CATIÔNICA PARA SERVIÇO DE LAMA ASFÁLTICA","2024-06-01","***","***","***","***","***","***"]
["EMULSÃO ASFÁLTICA DE RUPTURA LENTA CATIÔNICA PARA SERVIÇO DE LAMA ASFÁLTICA","2024-07-01","***","***","***","***","***","***"]
["EMULSÃO ASFÁLTICA DE RUPTURA LENTA DE CARGA NEUTRA PARA SERVIÇO DE LAMA ASFÁLTICA","2015-09-01","***","***","***","***","***","***"]
["EMULSÃO ASFÁLTICA DE RUPTURA LENTA DE CARGA NEUTRA PARA SERVIÇO DE LAMA ASFÁLTICA","2015-10-01","***","***","***","***","***","***"]
["EMULSÃO ASFÁLTICA DE RUPTURA LENTA DE CARGA NEUTRA PARA SERVIÇO DE LAMA ASFÁLTICA","2015-11-01","***","***","***","***","***","***"]
["EMULSÃO ASFÁLTICA DE RUPTURA LENTA DE CARGA NEUTRA PARA SERVIÇO DE LAMA ASFÁLTICA","2015-12-01","***","***","***",1.78091,"***",1.78091]
["EMULSÃO ASFÁLTICA DE RUPTURA LENTA DE CARGA NEUTRA PARA SERVIÇO DE LAMA ASFÁLTICA","2016-01-01","***","***","***","***","***","***"]
["EMULSÃO ASFÁLTICA DE RUPTURA LENTA DE CARGA NEUTRA PARA SERVIÇO DE LAMA ASFÁLTICA","2016-02-01","***","***","***","***","***","***"]
["EMULSÃO ASFÁLTICA DE RUPTURA LENTA DE CARGA NEUTRA PARA SERVIÇO DE LAMA ASFÁLTICA","2016-03-01","***","***","***","***","***","***"]
["EMULSÃO ASFÁLTICA DE RUPTURA LENTA DE CARGA NEUTRA PARA SERVIÇO DE LAMA ASFÁLTICA","2016-04-01","***","***","***","***","***","***"]
["EMULSÃO ASFÁLTICA DE RUPTURA LENTA DE CARGA NEUTRA PARA SERVIÇO DE LAMA ASFÁLTICA","2016-05-01","***","***","***","***","***","***"]
["EMULSÃO ASFÁLTICA DE RUPTURA LENTA DE CARGA NEUTRA PARA SERVIÇO DE LAMA ASFÁLTICA","2016-06-01","***","***","***","***","***","***"]
["EMULSÃO ASFÁLTICA DE RUPTURA LENTA DE CARGA NEUTRA PARA SERVIÇO DE LAMA ASFÁLTICA","2016-07-01","***","***","***","***","***","***"]
["EMULSÃO ASFÁLTICA DE RUPTURA LENTA DE CARGA NEUTRA PARA SERVIÇO DE LAMA ASFÁLTICA","2016-08-01","***","***","***","***","***","***"]
["EMULSÃO ASFÁLTICA DE RUPTURA LENTA DE CARGA NEUTRA PARA SERVIÇO DE LAMA ASFÁLTICA","2016-09-01","***","***","***","***","***","***"]
["EMULSÃO ASFÁLTICA DE RUPTURA LENTA DE CARGA NEUTRA PARA SERVIÇO DE LAMA ASFÁLTICA","2016-10-01","***","***","***","***","***","***"]
["EMULSÃO ASFÁLTICA DE RUPTURA LENTA DE CARGA NEUTRA PARA SERVIÇO DE LAMA ASFÁLTICA","2016-11-01","***","***","***","***","***","***"]
["EMULSÃO ASFÁLTICA DE RUPTURA LENTA DE CARGA NEUTRA PARA SERVIÇO DE LAMA ASFÁLTICA","2016-12-01","***","***","***","***","***","***"]
["EMULSÃO ASFÁLTICA DE RUPTURA LENTA DE CARGA NEUTRA PARA SERVIÇO DE LAMA ASFÁLTICA","2017-01-01","***","***","***","***",1.3629899999999999,1.3629899999999999]
["EMULSÃO ASFÁLTICA DE RUPTURA LENTA DE CARGA NEUTRA PARA SERVIÇO DE LAMA ASFÁLTICA","2017-02-01","***","***","***","***",1.4107400000000003,1.4107400000000003]
["EMULSÃO ASFÁLTICA DE RUPTURA LENTA DE CARGA NEUTRA PARA SERVIÇO DE LAMA ASFÁLTICA","2017-03-01","***","***","***","***",1.4107400000000001,1.4107400000000001]
["EMULSÃO ASFÁLTICA DE RUPTURA LENTA DE CARGA NEUTRA PARA SERVIÇO DE LAMA ASFÁLTICA","2017-04-01","***","***","***",1.2812077317731774,"***",1.2812077317731774]
["EMULSÃO ASFÁLTICA DE RUPTURA LENTA DE CARGA NEUTRA PARA SERVIÇO DE LAMA ASFÁLTICA","2017-05-01","***","***","***",1.6340114958448753,"***",1.6340114958448753]
["EMULSÃO ASFÁLTICA DE RUPTURA LENTA DE CARGA NEUTRA PARA SERVIÇO DE LAMA ASFÁLTICA","2017-06-01","***","***","***",1.31921,"***",1.31921]
["EMULSÃO ASFÁLTICA DE RUPTURA LENTA DE CARGA NEUTRA PARA SERVIÇO DE LAMA ASFÁLTICA","2017-07-01","***","***","***","***","***","***"]
["EMULSÃO ASFÁLTICA DE RUPTURA LENTA DE CARGA NEUTRA PARA SERVIÇO DE LAMA ASFÁLTICA","2017-08-01","***","***","***",1.9680600000000001,"***",1.9680600000000001]
["EMULSÃO ASFÁLTICA DE RUPTURA LENTA DE CARGA NEUTRA PARA SERVIÇO DE LAMA ASFÁLTICA","2017-09-01","***","***","***","***","***","***"]
["EMULSÃO ASFÁLTICA DE RUPTURA LENTA DE CARGA NEUTRA PARA SERVIÇO DE LAMA ASFÁLTICA","2017-10-01","***","***","***","***","***","***"]
["EMULSÃO ASFÁLTICA DE RUPTURA LENTA DE CARGA NEUTRA PARA SERVIÇO DE LAMA ASFÁLTICA","2017-11-01","***","***","***","***","***","***"]
["EMULSÃO ASFÁLTICA DE RUPTURA LENTA DE CARGA NEUTRA PARA SERVIÇO DE LAMA ASFÁLTICA","2017-12-01","***","***","***","***","***","***"]
["EMULSÃO ASFÁLTICA DE RUPTURA LENTA DE CARGA NEUTRA PARA SERVIÇO DE LAMA ASFÁLTICA","2018-01-01","***","***","***","***","***","***"]
["EMULSÃO ASFÁLTICA DE RUPTURA LENTA DE CARGA NEUTRA PARA SERVIÇO DE LAMA ASFÁLTICA","2018-02-01","***","***","***","***","***","***"]
["EMULSÃO ASFÁLTICA DE RUPTURA LENTA DE CARGA NEUTRA PARA SERVIÇO DE LAMA ASFÁLTICA","2018-03-01","***","***","***","***","***","***"]
["EMULSÃO ASFÁLTICA DE RUPTURA LENTA DE CARGA NEUTRA PARA SERVIÇO DE LAMA ASFÁLTICA","2018-04-01","***","***","***","***","***","***"]
["EMULSÃO ASFÁLTICA DE RUPTURA LENTA DE CARGA NEUTRA PARA SERVIÇO DE LAMA ASFÁLTICA","2018-05-01","***","***","***","***","***","***"]
["EMULSÃO ASFÁLTICA DE RUPTURA LENTA DE CARGA NEUTRA PARA SERVIÇO DE LAMA ASFÁLTICA","2018-06-01","***","***","***","***","***","***"]
["EMULSÃO ASFÁLTICA DE RUPTURA LENTA DE CARGA NEUTRA PARA SERVIÇO DE LAMA ASFÁLTICA","2018-07-01","***","***","***","***","***","***"]
["EMULSÃO ASFÁLTICA DE RUPTURA LENTA DE CARGA NEUTRA PARA SERVIÇO DE LAMA ASFÁLTICA","2018-08-01","***","***","***","***","***","***"]
["EMULSÃO ASFÁLTICA DE RUPTURA LENTA DE CARGA NEUTRA PARA SERVIÇO DE LAMA ASFÁLTICA","2018-09-01","***","***","***","***","***","***"]
["EMULSÃO ASFÁLTICA DE RUPTURA LENTA DE CARGA NEUTRA PARA SERVIÇO DE LAMA ASFÁLTICA","2018-10-01","***","***","***","***","***","***"]
["EMULSÃO ASFÁLTICA DE RUPTURA LENTA DE CARGA NEUTRA PARA SERVIÇO DE LAMA ASFÁLTICA","2018-11-01","***","***","***","***","***","***"]
["EMULSÃO ASFÁLTICA DE RUPTURA LENTA DE CARGA NEUTRA PARA SERVIÇO DE LAMA ASFÁLTICA","2018-12-01","***","***","***","***","***","***"]
["EMULSÃO ASFÁLTICA DE RUPTURA LENTA DE CARGA NEUTRA PARA SERVIÇO DE LAMA ASFÁLTICA","2019-01-01","***","***","***","***","***","***"]
["EMULSÃO ASFÁLTICA DE RUPTURA LENTA DE CARGA NEUTRA PARA SERVIÇO DE LAMA ASFÁLTICA","2019-02-01","***","***","***","***","***","***"]
["EMULSÃO ASFÁLTICA DE RUPTURA LENTA DE CARGA NEUTRA PARA SERVIÇO DE LAMA ASFÁLTICA","2019-03-01","***","***","***","***","***","***"]
["EMULSÃO ASFÁLTICA DE RUPTURA LENTA DE CARGA NEUTRA PARA SERVIÇO DE LAMA ASFÁLTICA","2019-04-01","***","***","***","***","***","***"]
["EMULSÃO ASFÁLTICA DE RUPTURA LENTA DE CARGA NEUTRA PARA SERVIÇO DE LAMA ASFÁLTICA","2019-05-01","***","***","***","***","***","***"]
["EMULSÃO ASFÁLTICA DE RUPTURA LENTA DE CARGA NEUTRA PARA SERVIÇO DE LAMA ASFÁLTICA","2019-06-01","***","***","***","***","***","***"]
["EMULSÃO ASFÁLTICA DE RUPTURA LENTA DE CARGA NEUTRA PARA SERVIÇO DE LAMA ASFÁLTICA","2019-07-01","***","***","***","***","***","***"]
["EMULSÃO ASFÁLTICA DE RUPTURA LENTA DE CARGA NEUTRA PARA SERVIÇO DE LAMA ASFÁLTICA","2019-08-01","***","***","***","***","***","***"]
["EMULSÃO ASFÁLTICA DE RUPTURA LENTA DE CARGA NEUTRA PARA SERVIÇO DE LAMA ASFÁLTICA","2019-09-01","***","***","***","***","***","***"]
["EMULSÃO ASFÁLTICA DE RUPTURA LENTA DE CARGA NEUTRA PARA SERVIÇO DE LAMA ASFÁLTICA","2019-10-01","***","***","***","***","***","***"]
["EMULSÃO ASFÁLTICA DE RUPTURA LENTA DE CARGA NEUTRA PARA SERVIÇO DE LAMA ASFÁLTICA","2019-11-01","***","***","***","***","***","***"]
["EMULSÃO ASFÁLTICA DE RUPTURA LENTA DE CARGA NEUTRA PARA SERVIÇO DE LAMA ASFÁLTICA","2019-12-01","***","***","***","***","***","***"]
["EMULSÃO ASFÁLTICA DE RUPTURA LENTA DE CARGA NEUTRA PARA SERVIÇO DE LAMA ASFÁLTICA","2020-01-01","***","***","***","***","***","***"]
["EMULSÃO ASFÁLTICA DE RUPTURA LENTA DE CARGA NEUTRA PARA SERVIÇO DE LAMA ASFÁLTICA","2020-02-01","***","***","***","***","***","***"]
["EMULSÃO ASFÁLTICA DE RUPTURA LENTA DE CARGA NEUTRA PARA SERVIÇO DE LAMA ASFÁLTICA","2020-03-01","***","***","***","***","***","***"]
["EMULSÃO ASFÁLTICA DE RUPTURA LENTA DE CARGA NEUTRA PARA SERVIÇO DE LAMA ASFÁLTICA","2020-04-01","***","***","***","***","***","***"]
["EMULSÃO ASFÁLTICA DE RUPTURA LENTA DE CARGA NEUTRA PARA SERVIÇO DE LAMA ASFÁLTICA","2020-05-01","***","***","***","***","***","***"]
["EMULSÃO ASFÁLTICA DE RUPTURA LENTA DE CARGA NEUTRA PARA SERVIÇO DE LAMA ASFÁLTICA","2020-06-01","***","***","***","***","***","***"]
["EMULSÃO ASFÁLTICA DE RUPTURA LENTA DE CARGA NEUTRA PARA SERVIÇO DE LAMA ASFÁLTICA","2020-07-01","***","***","***","***","***","***"]
["EMULSÃO ASFÁLTICA DE RUPTURA LENTA DE CARGA NEUTRA PARA SERVIÇO DE LAMA ASFÁLTICA","2020-08-01","***","***","***","***","***","***"]
["EMULSÃO ASFÁLTICA DE RUPTURA LENTA DE CARGA NEUTRA PARA SERVIÇO DE LAMA ASFÁLTICA","2020-09-01","***","***","***","***","***","***"]
["EMULSÃO ASFÁLTICA DE RUPTURA LENTA DE CARGA NEUTRA PARA SERVIÇO DE LAMA ASFÁLTICA","2020-10-01","***","***","***","***","***","***"]
["EMULSÃO ASFÁLTICA DE RUPTURA LENTA DE CARGA NEUTRA PARA SERVIÇO DE LAMA ASFÁLTICA","2020-11-01","***","***","***","***","***","***"]
["EMULSÃO ASFÁLTICA DE RUPTURA LENTA DE CARGA NEUTRA PARA SERVIÇO DE LAMA ASFÁLTICA","2020-12-01","***","***","***","***","***","***"]
["EMULSÃO ASFÁLTICA DE RUPTURA LENTA DE CARGA NEUTRA PARA SERVIÇO DE LAMA ASFÁLTICA","2021-01-01","***","***","***","***","***","***"]
["EMULSÃO ASFÁLTICA DE RUPTURA LENTA DE CARGA NEUTRA PARA SERVIÇO DE LAMA ASFÁLTICA","2021-02-01","***","***","***","***","***","***"]
["EMULSÃO ASFÁLTICA DE RUPTURA LENTA DE CARGA NEUTRA PARA SERVIÇO DE LAMA ASFÁLTICA","2021-03-01","***","***","***","***","***","***"]
["EMULSÃO ASFÁLTICA DE RUPTURA LENTA DE CARGA NEUTRA PARA SERVIÇO DE LAMA ASFÁLTICA","2021-04-01","***","***","***","***","***","***"]
["EMULSÃO ASFÁLTICA DE RUPTURA LENTA DE CARGA NEUTRA PARA SERVIÇO DE LAMA ASFÁLTICA","2021-05-01","***","***","***","***","***","***"]
["EMULSÃO ASFÁLTICA DE RUPTURA LENTA DE CARGA NEUTRA PARA SERVIÇO DE LAMA ASFÁLTICA","2021-06-01","***","***","***","***","***","***"]
["EMULSÃO ASFÁLTICA DE RUPTURA LENTA DE CARGA NEUTRA PARA SERVIÇO DE LAMA ASFÁLTICA","2021-07-01","***","***","***","***","***","***"]
["EMULSÃO ASFÁLTICA DE RUPTURA LENTA DE CARGA NEUTRA PARA SERVIÇO DE LAMA ASFÁLTICA","2021-08-01","***","***","***","***","***","***"]
["EMULSÃO ASFÁLTICA DE RUPTURA LENTA DE CARGA NEUTRA PARA SERVIÇO DE LAMA ASFÁLTICA","2021-09-01","***","***","***","***","***","***"]
["EMULSÃO ASFÁLTICA DE RUPTURA LENTA DE CARGA NEUTRA PARA SERVIÇO DE LAMA ASFÁLTICA","2021-10-01","***","***","***","***","***","***"]
["EMULSÃO ASFÁLTICA DE RUPTURA LENTA DE CARGA NEUTRA PARA SERVIÇO DE LAMA ASFÁLTICA","2021-11-01","***","***","***","***","***","***"]
["EMULSÃO ASFÁLTICA DE RUPTURA LENTA DE CARGA NEUTRA PARA SERVIÇO DE LAMA ASFÁLTICA","2021-12-01","***","***","***","***","***","***"]
["EMULSÃO ASFÁLTICA DE RUPTURA LENTA DE CARGA NEUTRA PARA SERVIÇO DE LAMA ASFÁLTICA","2022-01-01","***","***","***","***","***","***"]
["EMULSÃO ASFÁLTICA DE RUPTURA LENTA DE CARGA NEUTRA PARA SERVIÇO DE LAMA ASFÁLTICA","2022-02-01","***","***","***","***","***","***"]
["EMULSÃO ASFÁLTICA DE RUPTURA LENTA DE CARGA NEUTRA PARA SERVIÇO DE LAMA ASFÁLTICA","2022-03-01","***","***","***","***","***","***"]
["EMULSÃO ASFÁLTICA DE RUPTURA LENTA DE CARGA NEUTRA PARA SERVIÇO DE LAMA ASFÁLTICA","2022-04-01","***","***","***","***","***","***"]
["EMULSÃO ASFÁLTICA DE RUPTURA LENTA DE CARGA NEUTRA PARA SERVIÇO DE LAMA ASFÁLTICA","2022-05-01","***","***","***","***","***","***"]
["EMULSÃO ASFÁLTICA DE RUPTURA LENTA DE CARGA NEUTRA PARA SERVIÇO DE LAMA ASFÁLTICA","2022-06-01","***","***","***","***","***","***"]
["EMULSÃO ASFÁLTICA DE RUPTURA LENTA DE CARGA NEUTRA PARA SERVIÇO DE LAMA ASFÁLTICA","2022-07-01","***","***","***","***","***","***"]
["EMULSÃO ASFÁLTICA DE RUPTURA LENTA DE CARGA NEUTRA PARA SERVIÇO DE LAMA ASFÁLTICA","2022-08-01","***","***","***","***","***","***"]
["EMULSÃO ASFÁLTICA DE RUPTURA LENTA DE CARGA NEUTRA PARA SERVIÇO DE LAMA ASFÁLTICA","2022-09-01","***","***","***","***","***","***"]
["EMULSÃO ASFÁLTICA DE RUPTURA LENTA DE CARGA NEUTRA PARA SERVIÇO DE LAMA ASFÁLTICA","2022-10-01","***","***","***","***","***","***"]
["EMULSÃO ASFÁLTICA DE RUPTURA LENTA DE CARGA NEUTRA PARA SERVIÇO DE LAMA ASFÁLTICA","2022-11-01","***","***","***","***","***","***"]
["EMULSÃO ASFÁLTICA DE RUPTURA LENTA DE CARGA NEUTRA PARA SERVIÇO DE LAMA ASFÁLTICA","2022-12-01","***","***","***","***","***","***"]
["EMULSÃO ASFÁLTICA DE RUPTURA LENTA DE CARGA NEUTRA PARA SERVIÇO DE LAMA ASFÁLTICA","2023-01-01","***","***","***","***","***","***"]
["EMULSÃO ASFÁLTICA DE RUPTURA LENTA DE CARGA NEUTRA PARA SERVIÇO DE LAMA ASFÁLTICA","2023-02-01","***","***","***","***","***","***"]
["EMULSÃO ASFÁLTICA DE RUPTURA LENTA DE CARGA NEUTRA PARA SERVIÇO DE LAMA ASFÁLTICA","2023-03-01","***","***","***","***","***","***"]
["EMULSÃO ASFÁLTICA DE RUPTURA LENTA DE CARGA NEUTRA PARA SERVIÇO DE LAMA ASFÁLTICA","2023-04-01","***","***","***","***","***","***"]
["EMULSÃO ASFÁLTICA DE RUPTURA LENTA DE CARGA NEUTRA PARA SERVIÇO DE LAMA ASFÁLTICA","2023-05-01","***","***","***","***","***","***"]
["EMULSÃO ASFÁLTICA DE RUPTURA LENTA DE CARGA NEUTRA PARA SERVIÇO DE LAMA ASFÁLTICA","2023-06-01","***","***","***","***","***","***"]
["EMULSÃO ASFÁLTICA DE RUPTURA LENTA DE CARGA NEUTRA PARA SERVIÇO DE LAMA ASFÁLTICA","2023-07-01","***","***","***","***","***","***"]
["EMULSÃO ASFÁLTICA DE RUPTURA LENTA DE CARGA NEUTRA PARA SERVIÇO DE LAMA ASFÁLTICA","2023-08-01","***","***","***","***","***","***"]
["EMULSÃO ASFÁLTICA DE RUPTURA LENTA DE CARGA NEUTRA PARA SERVIÇO DE LAMA ASFÁLTICA","2023-09-01","***","***","***","***","***","***"]
["EMULSÃO ASFÁLTICA DE RUPTURA LENTA DE CARGA NEUTRA PARA SERVIÇO DE LAMA ASFÁLTICA","2023-10-01","***","***","***","***","***","***"]
["EMULSÃO ASFÁLTICA DE RUPTURA LENTA DE CARGA NEUTRA PARA SERVIÇO DE LAMA ASFÁLTICA","2023-11-01","***","***","***","***","***","***"]
["EMULSÃO ASFÁLTICA DE RUPTURA LENTA DE CARGA NEUTRA PARA SERVIÇO DE LAMA ASFÁLTICA","2023-12-01","***","***","***","***","***","***"]
["EMULSÃO ASFÁLTICA DE RUPTURA LENTA DE CARGA NEUTRA PARA SERVIÇO DE LAMA ASFÁLTICA","2024-01-01","***","***","***","***","***","***"]
["EMULSÃO ASFÁLTICA DE RUPTURA LENTA DE CARGA NEUTRA PARA SERVIÇO DE LAMA ASFÁLTICA","2024-02-01","***","***","***","***","***","***"]
["EMULSÃO ASFÁLTICA DE RUPTURA LENTA DE CARGA NEUTRA PARA SERVIÇO DE LAMA ASFÁLTICA","2024-03-01","***","***","***","***","***","***"]
["EMULSÃO ASFÁLTICA DE RUPTURA LENTA DE CARGA NEUTRA PARA SERVIÇO DE LAMA ASFÁLTICA","2024-04-01","***","***","***","***","***","***"]
["EMULSÃO ASFÁLTICA DE RUPTURA LENTA DE CARGA NEUTRA PARA SERVIÇO DE LAMA ASFÁLTICA","2024-05-01","***","***","***","***","***","***"]
["EMULSÃO ASFÁLTICA DE RUPTURA LENTA DE CARGA NEUTRA PARA SERVIÇO DE LAMA ASFÁLTICA","2024-06-01","***","***","***","***","***","***"]
["EMULSÃO ASFÁLTICA DE RUPTURA LENTA DE CARGA NEUTRA PARA SERVIÇO DE LAMA ASFÁLTICA","2024-07-01","***","***","***","***","***","***"]
["EMULSÃO ASFÁLTICA PARA SERVIÇO DE IMPRIMAÇÃO","2015-09-01","***","***",1.4717220003202049,1.4096112734159074,1.4193069532859328,1.446822740151299]
["EMULSÃO ASFÁLTICA PARA SERVIÇO DE IMPRIMAÇÃO","2015-10-01","***",1.9176,1.781092886124624,1.4955308126593099,1.6322685873497631,1.6558735877785684]
["EMULSÃO ASFÁLTICA PARA SERVIÇO DE IMPRIMAÇÃO","2015-11-01","***",1.9491000000000001,1.851497011280008,1.5423770651148661,1.7165669846000993,1.7111602719051495]
["EMULSÃO ASFÁLTICA PARA SERVIÇO DE IMPRIMAÇÃO","2015-12-01","***",1.9329001129943502,1.9289875347995546,1.5349218527808066,1.7583001329948014,1.7451550601173027]
["EMULSÃO ASFÁLTICA PARA SERVIÇO DE IMPRIMAÇÃO","2016-01-01","***",2.0734232378223494,1.7298643690939413,1.5701077270194985,1.8257659849583492,1.7351025423644171]
["EMULSÃO ASFÁLTICA PARA SERVIÇO DE IMPRIMAÇÃO","2016-02-01","***","***",1.9732574718275353,1.5621659796115781,1.7777156657003466,1.6603494935167886]
["EMULSÃO ASFÁLTICA PARA SERVIÇO DE IMPRIMAÇÃO","2016-03-01","***",2.0640000000000001,1.954123306098047,1.5733089191379386,1.7422350461028668,1.6939279132448939]
["EMULSÃO ASFÁLTICA PARA SERVIÇO DE IMPRIMAÇÃO","2016-04-01","***","***",2.1729798992309735,1.7525258127145407,1.8008038630578787,1.8146813159618167]
["EMULSÃO ASFÁLTICA PARA SERVIÇO DE IMPRIMAÇÃO","2016-05-01","***",1.7919240662460567,2.118228549569467,1.7355234617836999,1.9137052848109848,1.8802597980249405]
["EMULSÃO ASFÁLTICA PARA SERVIÇO DE IMPRIMAÇÃO","2016-06-01","***",2.3814000000000002,2.0685431061761879,1.7727581593359081,1.866770418484206,1.8919590595887776]
["EMULSÃO ASFÁLTICA PARA SERVIÇO DE IMPRIMAÇÃO","2016-07-01","***",2.2549342402884771,2.057723744701883,1.7455767606817247,1.9228265695583726,1.9082666921964366]
["EMULSÃO ASFÁLTICA PARA SERVIÇO DE IMPRIMAÇÃO","2016-08-01","***",1.9722799120284216,2.0208821239199635,1.8171883423962276,1.885670286408119,1.914476303570678]
["EMULSÃO ASFÁLTICA PARA SERVIÇO DE IMPRIMAÇÃO","2016-09-01","***",1.5627763159710244,1.8440562928701951,1.5798445022986489,1.6956428947170663,1.6976975163017372]
["EMULSÃO ASFÁLTICA PARA SERVIÇO DE IMPRIMAÇÃO","2016-10-01","***",1.3846296727384657,1.8077131124999994,1.5586842050456009,1.7103719054645461,1.6861737127229937]
["EMULSÃO ASFÁLTICA PARA SERVIÇO DE IMPRIMAÇÃO","2016-11-01",1.8555506785714286,1.5683234213680513,1.8844597698120391,1.502814868711015,1.6454688381756071,1.6395871836940492]
["EMULSÃO ASFÁLTICA PARA SERVIÇO DE IMPRIMAÇÃO","2016-12-01",1.835539482993197,1.7820216889674323,1.7095233511963166,1.4685483053029356,1.7295495707354236,1.6919890208808703]
["EMULSÃO ASFÁLTICA PARA SERVIÇO DE IMPRIMAÇÃO","2017-01-01",1.8523369286359528,1.9103789201849,1.7347059970384997,1.3295956145425254,1.7152723192149464,1.6610438044154168]
["EMULSÃO ASFÁLTICA PARA SERVIÇO DE IMPRIMAÇÃO","2017-02-01",1.80267,1.6531303859872608,1.692170593425987,1.5038838855913981,1.6521456953841025,1.6307036896274727]
["EMULSÃO ASFÁLTICA PARA SERVIÇO DE IMPRIMAÇÃO","2017-03-01","***",1.8867000000000003,1.8112680378486055,1.4228776705346042,1.6713104675337158,1.5907534057935775]
["EMULSÃO ASFÁLTICA PARA SERVIÇO DE IMPRIMAÇÃO","2017-04-01",1.80267,1.9221112673830594,1.9080195351925628,1.4540572151287079,1.4810554970551493,1.5422089253019704]
["EMULSÃO ASFÁLTICA PARA SERVIÇO DE IMPRIMAÇÃO","2017-05-01","***",1.798720788171672,1.9108605754545833,1.4473522046819021,1.5792215321643097,1.6012454388775854]
["EMULSÃO ASFÁLTICA PARA SERVIÇO DE IMPRIMAÇÃO","2017-06-01","***",1.928042078211333,1.7547227717460026,1.5224507626460311,1.6157893204478087,1.6626244760566549]
["EMULSÃO ASFÁLTICA PARA SERVIÇO DE IMPRIMAÇÃO","2017-07-01","***",1.8200533150144438,1.7937393923183163,1.5130407463586413,1.5841936541858999,1.6338958205168921]
["EMULSÃO ASFÁLTICA PARA SERVIÇO DE IMPRIMAÇÃO","2017-08-01",2.0585001865378132,1.8604519498001415,1.8188039432332377,1.4662376294908728,1.6024065110271175,1.6858944252430712]
["EMULSÃO ASFÁLTICA PARA SERVIÇO DE IMPRIMAÇÃO","2017-09-01",2.1347865658783785,1.912976607365793,1.7309102069523037,1.4955104023610026,1.7016208187846578,1.6378792960882471]
["EMULSÃO ASFÁLTICA PARA SERVIÇO DE IMPRIMAÇÃO","2017-10-01",1.9739520872469212,2.0452770015331643,1.7447005355811598,1.5035520794776804,1.6649430589906942,1.6895213192639258]
["EMULSÃO ASFÁLTICA PARA SERVIÇO DE IMPRIMAÇÃO","2017-11-01",2.2336100000000001,2.1274698169846036,1.7658597976295769,1.5960234244052445,1.7149270506442769,1.7348380917195407]
["EMULSÃO ASFÁLTICA PARA SERVIÇO DE IMPRIMAÇÃO","2017-12-01",2.0474999999999999,2.1473485538110029,1.8056750821779453,1.5046702154828409,1.713302354625726,1.793716006729597]
["EMULSÃO ASFÁLTICA PARA SERVIÇO DE IMPRIMAÇÃO","2018-01-01","***",2.1136413638684837,1.7047400385048834,1.661529397695241,1.7933764125799576,1.8390607333859526]
["EMULSÃO ASFÁLTICA PARA SERVIÇO DE IMPRIMAÇÃO","2018-02-01",2.2785099999999998,2.0658926604692343,1.8006337253545488,1.6419065684557534,1.7814624818836775,1.7641855811241458]
["EMULSÃO ASFÁLTICA PARA SERVIÇO DE IMPRIMAÇÃO","2018-03-01",2.2487019364214351,2.0861432800225783,1.9422039728402196,1.6115233037469801,1.8381134033956901,1.8777657953659046]
["EMULSÃO ASFÁLTICA PARA SERVIÇO DE IMPRIMAÇÃO","2018-04-01",2.2489575499112688,2.124686455890973,1.8978037947725068,1.6093467640342376,1.8135804273660479,1.8005182668979485]
["EMULSÃO ASFÁLTICA PARA SERVIÇO DE IMPRIMAÇÃO","2018-05-01","***",1.6126478213586228,2.0262988983512402,1.7277407187953555,1.886713069113602,1.7973856697043356]
["EMULSÃO ASFÁLTICA PARA SERVIÇO DE IMPRIMAÇÃO","2018-06-01",2.5311933305099097,1.896695403468095,2.112269213085765,1.7636055451565207,1.9582836458415978,1.9553870655161913]
["EMULSÃO ASFÁLTICA PARA SERVIÇO DE IMPRIMAÇÃO","2018-07-01",2.0369999999999999,1.7043749202437319,2.1750624815865645,1.8698214052011728,2.0236902374215862,1.9568261828570443]
["EMULSÃO ASFÁLTICA PARA SERVIÇO DE IMPRIMAÇÃO","2018-08-01",2.4222804352806415,2.1440126394777175,2.2640288331904372,1.9046096054385497,2.1279229118504173,2.1252186176818904]
["EMULSÃO ASFÁLTICA PARA SERVIÇO DE IMPRIMAÇÃO","2018-09-01",2.3363446925730522,2.2616459603713808,2.2680425644164259,1.8891011288312105,2.1329636128967833,2.1162671078665434]
["EMULSÃO ASFÁLTICA PARA SERVIÇO DE IMPRIMAÇÃO","2018-10-01",2.2061509825119234,2.320035007940946,2.2529405629192727,1.9093879243100309,2.150117762859733,2.1277288771141061]
["EMULSÃO ASFÁLTICA PARA SERVIÇO DE IMPRIMAÇÃO","2018-11-01","***",2.4775578172098047,2.347241355345544,2.048181918630879,2.2622156464294187,2.2770121207177478]
["EMULSÃO ASFÁLTICA PARA SERVIÇO DE IMPRIMAÇÃO","2018-12-01",2.6970100000000001,2.4878049135929841,2.2755942229183495,1.9267085426847577,2.2704107290574749,2.1773289110451319]
["EMULSÃO ASFÁLTICA PARA SERVIÇO DE IMPRIMAÇÃO","2019-01-01",2.569534034699779,2.0477524468903763,2.273538935697442,1.9026970882528318,2.2676028906672214,2.1379930658384958]
["EMULSÃO ASFÁLTICA PARA SERVIÇO DE IMPRIMAÇÃO","2019-02-01","***",2.0257277589489724,2.4624917058645401,1.9703196337051905,2.3070408404815756,2.1551676978941878]
["EMULSÃO ASFÁLTICA PARA SERVIÇO DE IMPRIMAÇÃO","2019-03-01",2.6691099999999999,1.6959436318303136,2.5465520276717553,1.9552438313539189,2.4281821113268061,2.2045408586361903]
["EMULSÃO ASFÁLTICA PARA SERVIÇO DE IMPRIMAÇÃO","2019-04-01",3.35955,1.9818107514303227,2.3125620717113136,2.0354331516730602,2.2397450546167494,2.1774734721493982]
["EMULSÃO ASFÁLTICA PARA SERVIÇO DE IMPRIMAÇÃO","2019-05-01","***",1.8234970544595721,2.4254257239463191,1.9132360206144159,2.2897054462858146,2.0706776060769183]
["EMULSÃO ASFÁLTICA PARA SERVIÇO DE IMPRIMAÇÃO","2019-06-01",2.2517219839142086,2.0564316331744847,2.3626354541824299,1.9853630545154812,2.3117404267678539,2.1754297162835736]
["EMULSÃO ASFÁLTICA PARA SERVIÇO DE IMPRIMAÇÃO","2019-07-01",2.3897042241771573,1.9267336846819376,2.3502997148567633,1.8861192366997852,2.3443128931004193,2.1300336245449243]
["EMULSÃO ASFÁLTICA PARA SERVIÇO DE IMPRIMAÇÃO","2019-08-01",2.4204981811922095,1.9366342717638025,2.2289583891939122,1.9191860417525901,2.0707519605165676,2.0746355600434843]
["EMULSÃO ASFÁLTICA PARA SERVIÇO DE IMPRIMAÇÃO","2019-09-01","***",1.72595770251872,2.1658361328552553,1.9828711191237132,2.1233871540218638,2.0320109511814355]
["EMULSÃO ASFÁLTICA PARA SERVIÇO DE IMPRIMAÇÃO","2019-10-01",4.5373264802536761,2.4236474290967682,2.2699362042611231,1.9603570112969801,2.0919216161557252,2.2362857279303823]
["EMULSÃO ASFÁLTICA PARA SERVIÇO DE IMPRIMAÇÃO","2019-11-01",5.6230687732466951,2.6715909938236941,2.7934442152445098,2.0930103721866944,1.9917861432045603,2.4255786535411881]
["EMULSÃO ASFÁLTICA PARA SERVIÇO DE IMPRIMAÇÃO","2019-12-01",2.3584000000000001,3.0904484000344756,2.6985981808610187,1.99483101942341,2.0674729614924576,2.3388369589663549]
["EMULSÃO ASFÁLTICA PARA SERVIÇO DE IMPRIMAÇÃO","2020-01-01",3.6791948315847596,4.1110188511601589,2.2090466486420044,2.2934666147576288,2.1807412851880241,2.3621384832723091]
["EMULSÃO ASFÁLTICA PARA SERVIÇO DE IMPRIMAÇÃO","2020-02-01",2.1811774007807414,2.1654909296132416,2.3830260641579271,2.2917209365781708,1.9559190447735786,2.1193258904026702]
["EMULSÃO ASFÁLTICA PARA SERVIÇO DE IMPRIMAÇÃO","2020-03-01",2.1471933954276037,1.9745777774206508,2.2907157166825649,2.1034900110826631,1.9431246398375084,2.0570322765095441]
["EMULSÃO ASFÁLTICA PARA SERVIÇO DE IMPRIMAÇÃO","2020-04-01",2.0778829341696397,1.793610134150381,2.2503999009644868,1.8989067760757625,2.0198990328425186,1.996356513702779]
["EMULSÃO ASFÁLTICA PARA SERVIÇO DE IMPRIMAÇÃO","2020-05-01",2.2555799800760732,1.8382469968106199,2.04921303898035,1.8409840556324244,2.1390478487386093,2.0004694352028545]
["EMULSÃO ASFÁLTICA PARA SERVIÇO DE IMPRIMAÇÃO","2020-06-01",2.1355224401584296,1.8717526592631764,2.0038524815999561,1.8457568575565277,2.1776289934903108,1.9814549341740808]
["EMULSÃO ASFÁLTICA PARA SERVIÇO DE IMPRIMAÇÃO","2020-07-01",2.3472582310469319,1.8385508340644319,2.0749291448471241,1.8187960953023425,2.1207410166589744,1.9855505192296981]
["EMULSÃO ASFÁLTICA PARA SERVIÇO DE IMPRIMAÇÃO","2020-08-01",2.3394068348445596,1.8707316968504784,2.1051079563256461,1.821531322006902,2.3315088349322686,2.0288077844879919]
["EMULSÃO ASFÁLTICA PARA SERVIÇO DE IMPRIMAÇÃO","2020-09-01",2.3620475670480823,1.8818332306167003,2.1206819463732454,1.8097786931062012,2.2764226232558142,2.0419763580939101]
["EMULSÃO ASFÁLTICA PARA SERVIÇO DE IMPRIMAÇÃO","2020-10-01",2.5521439381897189,2.0400156077004343,2.0565348781561954,1.8438136785625752,2.117957078695349,2.0469068041644838]
["EMULSÃO ASFÁLTICA PARA SERVIÇO DE IMPRIMAÇÃO","2020-11-01",2.4177600491974358,2.0188306190867253,2.1679761156056374,1.9405702252841677,2.2862254143170171,2.1147758396697172]
["EMULSÃO ASFÁLTICA PARA SERVIÇO DE IMPRIMAÇÃO","2020-12-01",2.3378236417126823,2.0841264732830966,2.1625742851821004,1.8335132127921996,2.2766193632809539,2.0952730475821557]
["EMULSÃO ASFÁLTICA PARA SERVIÇO DE IMPRIMAÇÃO","2021-01-01",2.347244482758621,2.0375597878691645,2.1396080159366542,2.0393461044153844,2.2376702420775714,2.0954109971087274]
["EMULSÃO ASFÁLTICA PARA SERVIÇO DE IMPRIMAÇÃO","2021-02-01",2.3501493848565898,2.056014115717268,2.1588145218720154,1.9805419662265893,2.2036431279255186,2.1088280212173074]
["EMULSÃO ASFÁLTICA PARA SERVIÇO DE IMPRIMAÇÃO","2021-03-01",2.343814607712766,1.969391522550507,2.1533056388479248,2.0575737712482201,2.4169572172627878,2.1614513911194146]
["EMULSÃO ASFÁLTICA PARA SERVIÇO DE IMPRIMAÇÃO","2021-04-01",2.4893339250275637,2.0094747183833115,2.2065015696897596,2.0225825563419222,2.3671075612262298,2.1681865962186944]
["EMULSÃO ASFÁLTICA PARA SERVIÇO DE IMPRIMAÇÃO","2021-05-01",2.5603540979658761,2.3435163980556548,2.457967603936039,2.4267227848229345,2.7680441952971298,2.5118451187675048]
["EMULSÃO ASFÁLTICA PARA SERVIÇO DE IMPRIMAÇÃO","2021-06-01",2.5979053203325209,2.2069928780173469,2.4392551551554367,2.3694899931799145,2.6563028965188091,2.4059176206771271]
["EMULSÃO ASFÁLTICA PARA SERVIÇO DE IMPRIMAÇÃO","2021-07-01",2.4877789729600099,2.2985659921240611,2.4157101048123479,2.346950719202165,2.5056567606381792,2.3916177185434626]
["EMULSÃO ASFÁLTICA PARA SERVIÇO DE IMPRIMAÇÃO","2021-08-01",2.742960745203034,2.2921504163659039,2.4581779088688727,2.4122336335128094,2.6645593237887648,2.4453203266611006]
["EMULSÃO ASFÁLTICA PARA SERVIÇO DE IMPRIMAÇÃO","2021-09-01",2.7361295292805354,2.3472058621277911,2.5007145940183619,2.4364476848492838,2.7185047802971698,2.4887002947269417]
["EMULSÃO ASFÁLTICA PARA SERVIÇO DE IMPRIMAÇÃO","2021-10-01",2.7711781203321229,2.2997943112176391,2.6102565992943241,2.3568543962721984,2.7147784922709639,2.502040352146762]
["EMULSÃO ASFÁLTICA PARA SERVIÇO DE IMPRIMAÇÃO","2021-11-01",3.2692235431946162,2.4903316498765697,2.7374106313084097,2.6827509963977656,3.1193826345188782,2.7718410004092489]
["EMULSÃO ASFÁLTICA PARA SERVIÇO DE IMPRIMAÇÃO","2021-12-01",3.0232395197510824,2.4811121239696741,2.8399219184106168,2.7897857359420737,3.0907552560988689,2.7695953079483986]
["EMULSÃO ASFÁLTICA PARA SERVIÇO DE IMPRIMAÇÃO","2022-01-01",3.1666615251287764,2.481387776339024,2.7500260733344808,2.8233744563615524,2.8680127154040589,2.7139794918540954]
["EMULSÃO ASFÁLTICA PARA SERVIÇO DE IMPRIMAÇÃO","2022-02-01",3.0130564295865194,2.5115472186482144,2.9902902135669787,2.8740507177825525,3.2858949624965774,2.7548944818147176]
["EMULSÃO ASFÁLTICA PARA SERVIÇO DE IMPRIMAÇÃO","2022-03-01",2.6530668181818178,2.5834505076381014,2.9893677349524816,2.9960875739952,3.2109117195300594,2.8387753231243074]
["EMULSÃO ASFÁLTICA PARA SERVIÇO DE IMPRIMAÇÃO","2022-04-01",3.1752210021198692,2.940810703564269,3.3647037660408499,3.0254126235653729,3.3443792665933461,3.1323690863580556]
["EMULSÃO ASFÁLTICA PARA SERVIÇO DE IMPRIMAÇÃO","2022-05-01",3.0254911624216048,3.0780428892722784,3.2428600844879454,2.9954721791758256,3.2211547963766369,3.1142319039385353]
["EMULSÃO ASFÁLTICA PARA SERVIÇO DE IMPRIMAÇÃO","2022-06-01",3.6042888992827633,2.8092826705882352,3.2421525773346196,3.0548692157720279,3.1202498527210061,3.1022324317211183]
["EMULSÃO ASFÁLTICA PARA SERVIÇO DE IMPRIMAÇÃO","2022-07-01",3.4499439039665964,3.0348787201779102,3.3563751586175035,3.0616644898099823,3.2482423979123425,3.2208183723553989]
["EMULSÃO ASFÁLTICA PARA SERVIÇO DE IMPRIMAÇÃO","2022-08-01",3.3751389350154999,3.1220525103388717,3.2507862014749653,3.0489916859357522,3.0750210139125702,3.1839754819147492]
["EMULSÃO ASFÁLTICA PARA SERVIÇO DE IMPRIMAÇÃO","2022-09-01",3.2297256626561928,2.9600224090719442,3.225590487197985,3.0296922171785332,2.9285265107581853,3.092850095982473]
["EMULSÃO ASFÁLTICA PARA SERVIÇO DE IMPRIMAÇÃO","2022-10-01",2.935023095195846,2.9086159784433829,3.1679567346382225,2.8126770393215117,3.0105865418280522,2.989660612175725]
["EMULSÃO ASFÁLTICA PARA SERVIÇO DE IMPRIMAÇÃO","2022-11-01",2.9075154359690019,2.8680256058162539,3.1302584511687539,2.783119177985331,3.0188929179218427,2.9518353931359811]
["EMULSÃO ASFÁLTICA PARA SERVIÇO DE IMPRIMAÇÃO","2022-12-01",3.1460890492363855,2.8836224971110211,3.0842276081993569,2.6200572645143412,2.968354368522979,2.9477420729651174]
["EMULSÃO ASFÁLTICA PARA SERVIÇO DE IMPRIMAÇÃO","2023-01-01",3.8304929538251491,2.6506506503031555,3.7344407531553907,2.9369341704325373,2.8237329120440404,2.919766584205989]
["EMULSÃO ASFÁLTICA PARA SERVIÇO DE IMPRIMAÇÃO","2023-02-01",3.4133893972384484,2.4792648831875175,3.1333218813703287,2.6523342416099243,3.1679657370950047,2.8125589134745792]
["EMULSÃO ASFÁLTICA PARA SERVIÇO DE IMPRIMAÇÃO","2023-03-01",3.5901048167945904,2.4145219695785145,2.8183603233850856,2.480602476721836,2.5785954413552723,2.6069080807161735]
["EMULSÃO ASFÁLTICA PARA SERVIÇO DE IMPRIMAÇÃO","2023-04-01",2.8250312966243478,2.5919587799430368,2.6577796107966027,2.5803076548062727,2.5932050439301864,2.6128176019535871]
["EMULSÃO ASFÁLTICA PARA SERVIÇO DE IMPRIMAÇÃO","2023-05-01",3.0429693417960846,2.5710268530500762,2.8081399934176865,2.3133460501123841,2.4410065126863336,2.5847333100638288]
["EMULSÃO ASFÁLTICA PARA SERVIÇO DE IMPRIMAÇÃO","2023-06-01",2.9723964454576812,2.2668458757660641,2.6939132050872843,2.2833170288798188,2.5303938847813896,2.5360126160424636]
["EMULSÃO ASFÁLTICA PARA SERVIÇO DE IMPRIMAÇÃO","2023-07-01",2.8821984790862936,2.2594110713559488,2.7539668765588168,2.2901569172070624,2.512011643394199,2.5559367978409413]
["EMULSÃO ASFÁLTICA PARA SERVIÇO DE IMPRIMAÇÃO","2023-08-01",2.7599007776265299,2.2519800763491018,2.7191533246964581,2.2484444720773578,2.5402393394585627,2.5142633929458533]
["EMULSÃO ASFÁLTICA PARA SERVIÇO DE IMPRIMAÇÃO","2023-09-01",2.9963490996753093,2.4694270879331937,2.8359607079418838,2.3542105755106055,2.5440572242567523,2.6296176286072672]
["EMULSÃO ASFÁLTICA PARA SERVIÇO DE IMPRIMAÇÃO","2023-10-01",2.9069041499660679,2.3466247757107976,2.7833585392391194,2.2449571863692013,2.5161631257360222,2.5548858726305226]
["EMULSÃO ASFÁLTICA PARA SERVIÇO DE IMPRIMAÇÃO","2023-11-01",3.0181251174746495,2.3975742733603242,2.8357085214027693,2.3057315663117457,2.4853234413728993,2.572672654733811]
["EMULSÃO ASFÁLTICA PARA SERVIÇO DE IMPRIMAÇÃO","2023-12-01",2.9937428089594218,2.2685369069181678,2.7311677809768633,2.3025249018134035,2.7201461208829767,2.5120108245592774]
["EMULSÃO ASFÁLTICA PARA SERVIÇO DE IMPRIMAÇÃO","2024-01-01",3.1576856514478879,2.3099500424127517,2.6017947218421353,2.3588540766402923,2.802549309967008,2.5373917743397296]
["EMULSÃO ASFÁLTICA PARA SERVIÇO DE IMPRIMAÇÃO","2024-02-01",3.234264558593213,2.2708615396454501,2.9665520767683202,2.4553468603164843,2.5576459832485345,2.6139879569074673]
["EMULSÃO ASFÁLTICA PARA SERVIÇO DE IMPRIMAÇÃO","2024-03-01",2.6702058955338024,2.4236607271309123,2.9815662589960108,2.4739468321703972,2.6390660255654708,2.5783919491563876]
["EMULSÃO ASFÁLTICA PARA SERVIÇO DE IMPRIMAÇÃO","2024-04-01",2.9503289613675987,2.3977666569139311,2.7515861276104396,2.432173726034859,2.5948871731624283,2.5758307695536784]
["EMULSÃO ASFÁLTICA PARA SERVIÇO DE IMPRIMAÇÃO","2024-05-01",2.6731142865479063,2.2813300612065581,2.7293088782774348,2.2721972972263225,2.6037438786779208,2.4768549450201895]
["EMULSÃO ASFÁLTICA PARA SERVIÇO DE IMPRIMAÇÃO","2024-06-01",2.8272212648087556,2.212118134446988,2.680425728561346,2.3290443651920096,2.728540167542866,2.5003945712804874]
["EMULSÃO ASFÁLTICA PARA SERVIÇO DE IMPRIMAÇÃO","2024-07-01",2.8467844628704033,2.3746331376635825,2.7308762651570158,2.2487735151282049,2.671186451783333,2.5167889319488714]
["EMULSÕES ASF. MOD. POR POLÍMEROS RC1C-E","2009-12-01","***",1.1249974622097942,1.5012044702572058,1.0900798700620846,1.151130149816231,1.1683242533717153]
["EMULSÕES ASF. MOD. POR POLÍMEROS RC1C-E","2010-01-01","***",1.1223363337167658,1.4157852740584027,1.0761393660013314,1.1651924106492932,1.1467530703502113]
["EMULSÕES ASF. MOD. POR POLÍMEROS RC1C-E","2010-02-01","***",1.1344336512451259,1.4143909262474355,1.1024085153895054,1.1392542378874455,1.1564077223627776]
["EMULSÕES ASF. MOD. POR POLÍMEROS RC1C-E","2010-03-01","***",1.1300057804492121,1.3818383980646003,1.1281897382399328,1.134015585180544,1.1480818886759294]
["EMULSÕES ASF. MOD. POR POLÍMEROS RC1C-E","2010-04-01","***",1.1171007272806979,1.2989352979825408,1.1023387644332401,1.2256434109430649,1.1585751896097041]
["EMULSÕES ASF. MOD. POR POLÍMEROS RC1C-E","2010-05-01","***",1.1152479897652927,1.2936459694096301,1.0918828325528409,1.2216601265202642,1.148750335293629]
["EMULSÕES ASF. MOD. POR POLÍMEROS RC1C-E","2010-06-01","***",1.10612930410162,1.2859711135024787,1.0848081888090657,1.22739985995969,1.1676931182482189]
["EMULSÕES ASF. MOD. POR POLÍMEROS RC1C-E","2010-07-01","***",1.1020354164535162,1.3083709777081185,1.0671102711288294,1.2302566956844019,1.141761029854385]
["EMULSÕES ASF. MOD. POR POLÍMEROS RC1C-E","2010-08-01","***",1.1477252622478387,1.213071513014315,1.0671942635545479,1.2287279908781303,1.1263273024146228]
["EMULSÕES ASF. MOD. POR POLÍMEROS RC1C-E","2010-09-01","***",1.1240271988603991,1.2048207812444864,1.0812034053441875,1.2227587568451816,1.1407292574373391]
["EMULSÕES ASF. MOD. POR POLÍMEROS RC1C-E","2010-10-01","***",1.12382505243718,1.2402748419216565,1.0629624864075402,1.227489407154192,1.1605848421899869]
["EMULSÕES ASF. MOD. POR POLÍMEROS RC1C-E","2010-11-01","***",1.127163555318405,1.2599578586370248,1.083439300496432,1.152436103324803,1.1519706552296827]
["EMULSÕES ASF. MOD. POR POLÍMEROS RC1C-E","2010-12-01","***",1.1180315056056933,1.2236586101220752,1.0749838007420212,1.0954672327393018,1.10823103888343]
["EMULSÕES ASF. MOD. POR POLÍMEROS RC1C-E","2011-01-01","***",1.1461730858179697,1.2363849138491549,1.0415796559565325,1.0716663188414266,1.0989677141413692]
["EMULSÕES ASF. MOD. POR POLÍMEROS RC1C-E","2011-02-01","***",1.1164302921771911,1.2504619394501797,1.0358900782134814,1.0289122660034395,1.0539672213759068]
["EMULSÕES ASF. MOD. POR POLÍMEROS RC1C-E","2011-03-01","***",1.1174118832480158,1.3198188749214332,1.0419353598656744,1.0679306437908918,1.0991659220299679]
["EMULSÕES ASF. MOD. POR POLÍMEROS RC1C-E","2011-04-01","***",1.0929120640569396,1.2777195395489738,1.0155519392305301,1.0312878541324213,1.0613240023224555]
["EMULSÕES ASF. MOD. POR POLÍMEROS RC1C-E","2011-05-01","***",1.1333055436153809,1.335280122793459,1.028016591150843,1.0303283854901206,1.0829396048763413]
["EMULSÕES ASF. MOD. POR POLÍMEROS RC1C-E","2011-06-01","***",1.0548344565616961,1.1947211464033625,0.97101998251654198,1.0453341463634946,1.0295728794896428]
["EMULSÕES ASF. MOD. POR POLÍMEROS RC1C-E","2011-07-01","***",1.0103309518664301,1.2503282297918179,0.97315089914352504,1.1184684719284386,1.0488825637407684]
["EMULSÕES ASF. MOD. POR POLÍMEROS RC1C-E","2011-08-01","***",1.0243519017122233,1.295179172523105,0.98326954029948133,1.1885867471062075,1.078822969841932]
["EMULSÕES ASF. MOD. POR POLÍMEROS RC1C-E","2011-09-01","***",0.99319086976320592,1.3285561246995141,1.0054746683238018,1.568061437875039,1.1857470332937741]
["EMULSÕES ASF. MOD. POR POLÍMEROS RC1C-E","2011-10-01","***",0.98000889615917497,1.128925610195777,1.0521928427561575,1.2146136738477096,1.0760154636389638]
["EMULSÕES ASF. MOD. POR POLÍMEROS RC1C-E","2011-11-01","***",0.87861219387367473,1.18702022006749,1.045232774735831,1.3764207342773651,1.1040722078712992]
["EMULSÕES ASF. MOD. POR POLÍMEROS RC1C-E","2011-12-01","***",0.94987084953146628,1.2273952102194425,1.0099211100246777,1.5096180565539343,1.1494316206746151]
["EMULSÕES ASF. MOD. POR POLÍMEROS RC1C-E","2012-01-01","***",1.0273643712861378,1.208450860576896,1.0538665073903686,1.4359563057531255,1.1360094165805719]
["EMULSÕES ASF. MOD. POR POLÍMEROS RC1C-E","2012-02-01","***",1.0265920586824346,1.191665069972357,1.056466299769069,1.1224067407600966,1.0822853202375438]
["EMULSÕES ASF. MOD. POR POLÍMEROS RC1C-E","2012-03-01","***",1.0515732614997984,1.1866229311017857,1.1014503311160788,1.125374753666059,1.10485504824346]
["EMULSÕES ASF. MOD. POR POLÍMEROS RC1C-E","2012-04-01","***",1.0463841142217984,1.2660407152557718,1.1202346548579882,1.1911450988237182,1.130536870656643]
["EMULSÕES ASF. MOD. POR POLÍMEROS RC1C-E","2012-05-01","***",1.0230424666882276,1.285265209933349,1.1185578521406547,1.1318183179718204,1.1268649057851496]
["EMULSÕES ASF. MOD. POR POLÍMEROS RC1C-E","2012-06-01","***",1.0763058022506005,1.2673700579357619,1.1315320437594911,1.1706642725381415,1.1559037488707784]
["EMULSÕES ASF. MOD. POR POLÍMEROS RC1C-E","2012-07-01","***",1.0498189945357634,1.3999638502940106,1.1109503301061849,1.2219652017431315,1.1642874285363398]
["EMULSÕES ASF. MOD. POR POLÍMEROS RC1C-E","2012-08-01",1.1550039807524057,1.0576747971137774,1.4005061760838382,1.0772248897912731,1.2146278904057515,1.1343902425561538]
["EMULSÕES ASF. MOD. POR POLÍMEROS RC1C-E","2012-09-01",1.3126953851444294,1.0783472235853095,1.3711627975047167,1.1351364751957154,1.1854630869470792,1.1691538300792861]
["EMULSÕES ASF. MOD. POR POLÍMEROS RC1C-E","2012-10-01",1.3394600000000001,1.0826936749561786,1.3748843083591722,1.1132680889930426,1.2526001632164856,1.1668020932768566]
["EMULSÕES ASF. MOD. POR POLÍMEROS RC1C-E","2012-11-01","***",1.1480441404825192,1.3833119896722983,1.1337157660561346,1.2416035854920027,1.1803426317380132]
["EMULSÕES ASF. MOD. POR POLÍMEROS RC1C-E","2012-12-01",1.40892,1.1473087920925731,1.3479291458558369,1.1168303138315863,1.388632091303946,1.1851309792736946]
["EMULSÕES ASF. MOD. POR POLÍMEROS RC1C-E","2013-01-01","***",1.1068925732799548,1.3186500000000001,1.1122713710323253,1.209105370392213,1.1383407012113103]
["EMULSÕES ASF. MOD. POR POLÍMEROS RC1C-E","2013-02-01","***",1.1273708835974863,1.4234605547187449,1.0965513124873782,1.200365957902785,1.1412895347639416]
["EMULSÕES ASF. MOD. POR POLÍMEROS RC1C-E","2013-03-01","***",1.1036774407360979,1.65,1.130694767881808,1.2804810097110606,1.1641214427427828]
["EMULSÕES ASF. MOD. POR POLÍMEROS RC1C-E","2013-04-01","***",1.1274804529855085,1.5576226186625415,1.1483371713035944,1.3054082575941424,1.1976170730110067]
["EMULSÕES ASF. MOD. POR POLÍMEROS RC1C-E","2013-05-01","***",1.157535912472444,1.5446702955223881,1.1811169914917092,1.302122823761372,1.2215407805136647]
["EMULSÕES ASF. MOD. POR POLÍMEROS RC1C-E","2013-06-01","***",1.1916057818042463,1.5037569421399704,1.1814021519920321,1.2976378910462272,1.2357224495398178]
["EMULSÕES ASF. MOD. POR POLÍMEROS RC1C-E","2013-07-01","***",1.2045938195980779,1.4270994286978738,1.2142421669115382,1.3365954579975081,1.2522782227989238]
["EMULSÕES ASF. MOD. POR POLÍMEROS RC1C-E","2013-08-01","***",1.1865055846713901,1.4340845220180809,1.2367312882182677,1.3994277430284272,1.2896922295147963]
["EMULSÕES ASF. MOD. POR POLÍMEROS RC1C-E","2013-09-01","***",1.3049627102297741,1.5172540324291843,1.2177425932695489,1.2714871894185784,1.2864671547629916]
["EMULSÕES ASF. MOD. POR POLÍMEROS RC1C-E","2013-10-01",1.184925,1.2912742226630733,1.4717286144183583,1.221021080629257,1.2904612482814586,1.2919139839934626]
["EMULSÕES ASF. MOD. POR POLÍMEROS RC1C-E","2013-11-01","***",1.3021849410156059,1.4578905522692402,1.2358621543808483,1.3045326707760916,1.2974252460222016]
["EMULSÕES ASF. MOD. POR POLÍMEROS RC1C-E","2013-12-01","***",1.3446567270177905,1.5380718752157676,1.1983555060343936,1.317872779964901,1.3127753370478132]
["EMULSÕES ASF. MOD. POR POLÍMEROS RC1C-E","2014-01-01","***",1.3135002822628952,1.5090714663191251,1.2258328950604314,1.3093216405833725,1.2985462925217168]
["EMULSÕES ASF. MOD. POR POLÍMEROS RC1C-E","2014-02-01","***",1.3581667001468865,1.510661817826972,1.2649584104491196,1.279991476173898,1.312766950678816]
["EMULSÕES ASF. MOD. POR POLÍMEROS RC1C-E","2014-03-01","***",1.3078937482545319,1.4241690309237218,1.2365484449166031,1.2641022964487394,1.2931454657264152]
["EMULSÕES ASF. MOD. POR POLÍMEROS RC1C-E","2014-04-01","***",1.3510091676975233,1.3913668313841692,1.1859426508248181,1.3038012582427436,1.3179735952924496]
["EMULSÕES ASF. MOD. POR POLÍMEROS RC1C-E","2014-05-01","***",1.3451243803002242,1.3838800388803358,1.2475926795069259,1.3925420259611025,1.3478947207454026]
["EMULSÕES ASF. MOD. POR POLÍMEROS RC1C-E","2014-06-01","***",1.4457758324498891,1.4443604348837797,1.2703546503960561,1.4261621354949163,1.3801012116708664]
["EMULSÕES ASF. MOD. POR POLÍMEROS RC1C-E","2014-07-01",1.4313181434599158,1.4092881457075548,1.4284587611149047,1.2749059378394769,1.3920441361296199,1.3631387997118012]
["EMULSÕES ASF. MOD. POR POLÍMEROS RC1C-E","2014-08-01",1.445872,1.3466524710729635,1.4195094611929826,1.2828450374476037,1.3820444534859917,1.3491650645057238]
["EMULSÕES ASF. MOD. POR POLÍMEROS RC1C-E","2014-09-01",1.4050666666666667,1.430957484727807,1.5297012623350417,1.3451900484440831,1.4085876395858052,1.4251755133913036]
["EMULSÕES ASF. MOD. POR POLÍMEROS RC1C-E","2014-10-01",1.437271763527054,1.3694041206410177,1.4275563526662334,1.2339295195910751,1.3544867281666095,1.3428969686808248]
["EMULSÕES ASF. MOD. POR POLÍMEROS RC1C-E","2014-11-01",1.4248429381846635,1.4517914383766044,1.493591009094412,1.2407457438936986,1.4153330790594985,1.4148786906213311]
["EMULSÕES ASF. MOD. POR POLÍMEROS RC1C-E","2014-12-01",1.541411574734209,1.4352496887092756,1.5240712998345916,1.374881434997546,1.4681536818443339,1.4513922105424466]
["EMULSÕES ASF. MOD. POR POLÍMEROS RC1C-E","2015-01-01",1.6640699999999999,1.7476690080201649,1.9534644600607503,1.6947961578098716,1.7240500473481319,1.7601758112705266]
["EMULSÕES ASF. MOD. POR POLÍMEROS RC1C-E","2015-02-01",2.61246,1.552593523771346,1.9965035807379174,1.4764141552968577,1.739549304921066,1.7058344687225115]
["EMULSÕES ASF. MOD. POR POLÍMEROS RC1C-E","2015-03-01",2.3652500958525344,1.5210053128671708,1.9856847429182178,1.3858565932493743,1.6223108422814108,1.7150667962789021]
["EMULSÕES ASF. MOD. POR POLÍMEROS RC1C-E","2015-04-01",2.0753699999999999,1.3688307012218548,1.8940614236317777,1.3659499220272902,1.5998860078272417,1.5857109353362775]
["EMULSÕES ASF. MOD. POR POLÍMEROS RC1C-E","2015-05-01","***",1.4357438943754417,1.6709046347807046,1.3493991490118491,1.6362412373444506,1.4827988745645075]
["EMULSÕES ASF. MOD. POR POLÍMEROS RC1C-E","2015-06-01","***",1.3657807210532549,1.698183406320477,1.398928853730697,1.6059590519288345,1.503811004116931]
["EMULSÕES ASF. MOD. POR POLÍMEROS RC1C-E","2015-07-01",1.49769,1.3929732295237625,1.6790018607561334,1.3418424681814372,1.5587985777097393,1.4511562252105705]
["EMULSÕES ASF. MOD. POR POLÍMEROS RC1C-E","2015-08-01",1.5204274482518698,1.488965664376158,1.6824712031467968,1.3287649930294669,1.616372105364082,1.5208139012308572]
["EMULSÕES ASF. MOD. POR POLÍMEROS RC1C-E","2015-09-01",1.6019000000000001,1.6341163754420058,1.716661764358431,1.4419594224894345,1.3044542894025031,1.4392199992169461]
["EMULSÕES ASF. MOD. POR POLÍMEROS RC1C-E","2015-10-01","***",1.7773064574533985,2.1424040001345941,1.429540958540181,1.4017076534638198,1.4868951153000773]
["EMULSÕES ASF. MOD. POR POLÍMEROS RC1C-E","2015-11-01",1.7647000000000004,1.7929059115805945,2.2065135785117258,1.5609665980017349,1.6712810007864991,1.7161023512156017]
["EMULSÕES ASF. MOD. POR POLÍMEROS RC1C-E","2015-12-01",1.7646999999999997,1.6546615113072256,2.1055908130269287,1.5422357216344185,1.6166820437795304,1.6971454661426497]
["EMULSÕES ASF. MOD. POR POLÍMEROS RC1C-E","2016-01-01",2.9923663015251818,1.780883063810182,1.8597592382495951,1.5274389908398125,1.8146120882495556,1.8182656552440575]
["EMULSÕES ASF. MOD. POR POLÍMEROS RC1C-E","2016-02-01",3.1519942195299793,1.8072458197577275,1.858577107263055,1.5683904112317846,1.8562801449347619,1.850122981146253]
["EMULSÕES ASF. MOD. POR POLÍMEROS RC1C-E","2016-03-01",3.2870607280070923,1.6666447281620507,1.84508216504303,1.5569201404189956,1.7938798665024549,1.7873915117423176]
["EMULSÕES ASF. MOD. POR POLÍMEROS RC1C-E","2016-04-01",3.4336199999999999,1.8097797060439038,1.8886648536344284,1.6650924868449448,1.9426649934017397,1.8690073561913223]
["EMULSÕES ASF. MOD. POR POLÍMEROS RC1C-E","2016-05-01",2.6172200000000001,1.8095122972680924,1.795742453679702,1.6998189818034655,1.9744048583169493,1.818226332350787]
["EMULSÕES ASF. MOD. POR POLÍMEROS RC1C-E","2016-06-01",2.7742499999999994,1.5931027647005558,1.8162392698751912,1.6574796173095472,1.9764401579246744,1.7634669650030232]
["EMULSÕES ASF. MOD. POR POLÍMEROS RC1C-E","2016-07-01",2.7742499999999999,1.6603816690096271,1.8979902538785778,1.7104181674960321,1.9516712463267007,1.7943855871012859]
["EMULSÕES ASF. MOD. POR POLÍMEROS RC1C-E","2016-08-01",2.7742499999999999,1.6301098056809804,1.8540468573555753,1.7657811034615882,2.006478871311248,1.8517957095244217]
["EMULSÕES ASF. MOD. POR POLÍMEROS RC1C-E","2016-09-01",2.9049700000000001,1.701501045592112,1.8390729971195077,1.5794951089273137,1.7359205677285414,1.7244356751366379]
["EMULSÕES ASF. MOD. POR POLÍMEROS RC1C-E","2016-10-01",2.9049700000000005,1.7438641944241409,1.8475148134032793,1.6467597117611241,1.7650163752659638,1.7890765785745739]
["EMULSÕES ASF. MOD. POR POLÍMEROS RC1C-E","2016-11-01",2.6777598692754983,1.6858481303812025,1.8454490332873779,1.579165275534816,1.7697974971269006,1.7313882535270677]
["EMULSÕES ASF. MOD. POR POLÍMEROS RC1C-E","2016-12-01",2.1479395296994106,1.6225943815807062,1.8404246841685956,1.4753300640788967,1.7272505855575355,1.6482371352014966]
["EMULSÕES ASF. MOD. POR POLÍMEROS RC1C-E","2017-01-01",2.4670971346394328,1.68588278275001,1.7441683791310805,1.4762617329110042,1.7514871180648504,1.6587530917299795]
["EMULSÕES ASF. MOD. POR POLÍMEROS RC1C-E","2017-02-01",2.4565132422802849,1.6303720396820311,1.7786030910475303,1.4450694083010769,1.7260976333620488,1.6120705559220971]
["EMULSÕES ASF. MOD. POR POLÍMEROS RC1C-E","2017-03-01",2.6826647224859737,1.5725711890982315,1.7609781511268714,1.4681683132228573,1.7369340377331943,1.6324636190123645]
["EMULSÕES ASF. MOD. POR POLÍMEROS RC1C-E","2017-04-01",2.4716615019157087,1.5284401311336464,1.8316258591291412,1.4793744315252568,1.7949692891099356,1.6531394771751273]
["EMULSÕES ASF. MOD. POR POLÍMEROS RC1C-E","2017-05-01",2.0095589148214641,1.4773517563974417,1.8267142130468548,1.4685361477529115,1.7769695352528057,1.6135704045936921]
["EMULSÕES ASF. MOD. POR POLÍMEROS RC1C-E","2017-06-01",1.8188328010606649,1.4654575838858894,1.6728675648196556,1.4589521963407417,1.7685894079075979,1.5926867145766093]
["EMULSÕES ASF. MOD. POR POLÍMEROS RC1C-E","2017-07-01",1.926787017014489,1.4889938826790259,1.6800667987378626,1.4624371057128056,1.7146979597942851,1.616829298657795]
["EMULSÕES ASF. MOD. POR POLÍMEROS RC1C-E","2017-08-01",1.8100617722749186,1.4718851832829691,1.7042857808862766,1.4468612990407095,1.7404270052245872,1.6031879946633518]
["EMULSÕES ASF. MOD. POR POLÍMEROS RC1C-E","2017-09-01",2.3925010677624363,1.6634573937735406,1.7004059180767059,1.4469082192732685,1.7035616706648637,1.6321422043773441]
["EMULSÕES ASF. MOD. POR POLÍMEROS RC1C-E","2017-10-01",2.3850507335104165,1.7102944995837195,1.6327767700168934,1.4334509892772245,1.7517174269483751,1.664454933946893]
["EMULSÕES ASF. MOD. POR POLÍMEROS RC1C-E","2017-11-01",2.40272,1.822556394527717,1.7343741635514309,1.5189248656933454,1.7467060351380126,1.6812596393627313]
["EMULSÕES ASF. MOD. POR POLÍMEROS RC1C-E","2017-12-01","***",1.7769609539473681,1.8191803343786299,1.5928358745694724,1.7650567202624095,1.7102603031822092]
["EMULSÕES ASF. MOD. POR POLÍMEROS RC1C-E","2018-01-01","***",1.826572427618947,1.8568667883804786,1.593350424095558,1.8689203762675779,1.7202658468950269]
["EMULSÕES ASF. MOD. POR POLÍMEROS RC1C-E","2018-02-01","***",1.7613824564504406,1.7030894245718156,1.607019177253163,1.8369099304673817,1.6962298570587953]
["EMULSÕES ASF. MOD. POR POLÍMEROS RC1C-E","2018-03-01","***",1.6542475779447194,1.8190898887026481,1.6130793310558889,1.818194921830298,1.6950212759079917]
["EMULSÕES ASF. MOD. POR POLÍMEROS RC1C-E","2018-04-01","***",1.6775427874592288,1.8668107783018868,1.6367775418189598,1.8525373552009463,1.726796614448133]
["EMULSÕES ASF. MOD. POR POLÍMEROS RC1C-E","2018-05-01",2.2947600000000001,1.7477595576591476,1.9497870117442708,1.6731898783774046,1.9803067712531108,1.7862687932961188]
["EMULSÕES ASF. MOD. POR POLÍMEROS RC1C-E","2018-06-01","***",1.7933672410966524,2.0408467630828362,1.706340166407122,1.9821130546733079,1.8625042210881302]
["EMULSÕES ASF. MOD. POR POLÍMEROS RC1C-E","2018-07-01",2.0163000000000002,1.8826945075978461,2.1324877064786047,1.8943761836636626,2.0641378309065859,2.0139423338950557]
["EMULSÕES ASF. MOD. POR POLÍMEROS RC1C-E","2018-08-01",2.1330150582177083,1.986627880880268,2.2509212878245761,2.0822481923243572,2.1488582948203083,2.144503560435151]
["EMULSÕES ASF. MOD. POR POLÍMEROS RC1C-E","2018-09-01",2.1388516765423491,2.0753034745184036,2.2186059082430556,2.196225493017872,2.174229223194724,2.1740641014363464]
["EMULSÕES ASF. MOD. POR POLÍMEROS RC1C-E","2018-10-01",2.4091915792519716,2.1057688388845186,1.9753217567837802,2.1832813186944717,2.148440920647912,2.0964909042871063]
["EMULSÕES ASF. MOD. POR POLÍMEROS RC1C-E","2018-11-01",2.565282061128527,2.3693550165754287,2.590575354623295,2.2962242472566707,2.3140427472906553,2.4029002206536862]
["EMULSÕES ASF. MOD. POR POLÍMEROS RC1C-E","2018-12-01",2.3493400000000002,2.3018660590798627,2.3176081549820493,2.3307820501027767,2.3912758532667771,2.3343796861813906]
["EMULSÕES ASF. MOD. POR POLÍMEROS RC1C-E","2019-01-01",2.3312499999999998,2.4228769078777095,2.6617262910494608,2.2698375513055948,2.3569698319080978,2.4454807661374751]
["EMULSÕES ASF. MOD. POR POLÍMEROS RC1C-E","2019-02-01","***",2.455265132242642,2.64863370567618,2.6521840175567637,2.3681202229193348,2.5282471593017495]
["EMULSÕES ASF. MOD. POR POLÍMEROS RC1C-E","2019-03-01","***",2.4194593902545907,2.8288140164284337,2.5014575822334577,2.3943784461345414,2.5406140760548759]
["EMULSÕES ASF. MOD. POR POLÍMEROS RC1C-E","2019-04-01","***",2.4452311385273671,2.8108165135230996,2.4641380597655007,2.4976747433675612,2.5797790317898701]
["EMULSÕES ASF. MOD. POR POLÍMEROS RC1C-E","2019-05-01","***",2.4267955912536983,2.6468966466671442,2.5045540312717911,2.478085034287199,2.5380524707969214]
["EMULSÕES ASF. MOD. POR POLÍMEROS RC1C-E","2019-06-01",2.9501257583019513,2.4976600804694051,2.5252649626875994,2.5174090670887121,2.5332289166706734,2.5270382433855989]
["EMULSÕES ASF. MOD. POR POLÍMEROS RC1C-E","2019-07-01",2.3374567310606058,2.4251416301237048,2.6035848829442276,2.3528772675337564,2.5200139926034004,2.4757854537527861]
["EMULSÕES ASF. MOD. POR POLÍMEROS RC1C-E","2019-08-01",2.099420787172865,2.352140983042458,2.5834152101813568,2.2668267100027442,2.4340697918651961,2.3515662868625369]
["EMULSÕES ASF. MOD. POR POLÍMEROS RC1C-E","2019-09-01",2.1048897174111945,2.2944493887643183,2.6670596471640229,2.2493492302794476,2.3989068217023366,2.3559136758416233]
["EMULSÕES ASF. MOD. POR POLÍMEROS RC1C-E","2019-10-01",2.3879482424989718,2.2691392158049455,2.6843578510841173,2.3123320437277353,2.4141647663965489,2.4021783256685469]
["EMULSÕES ASF. MOD. POR POLÍMEROS RC1C-E","2019-11-01",3.2943041667770863,2.3900935937791545,2.5786385817591495,2.2923713239680676,2.4344270528950966,2.4130837746663358]
["EMULSÕES ASF. MOD. POR POLÍMEROS RC1C-E","2019-12-01",2.2023600000000001,2.3345212840272893,2.6329710191317148,2.3493017735483726,2.4640666536509976,2.413901803527267]
["EMULSÕES ASF. MOD. POR POLÍMEROS RC1C-E","2020-01-01",3.6739999999999999,2.2181605096106107,2.6017392832108346,2.2589791286468159,2.4677743473543261,2.3464003222552838]
["EMULSÕES ASF. MOD. POR POLÍMEROS RC1C-E","2020-02-01","***",2.2861759617636817,2.5420464468695738,2.1435248713043,2.3972244000410816,2.2802186122856938]
["EMULSÕES ASF. MOD. POR POLÍMEROS RC1C-E","2020-03-01","***",2.4240241953311101,2.4255268840103001,2.1633013803706791,2.303430220479938,2.2867149240879048]
["EMULSÕES ASF. MOD. POR POLÍMEROS RC1C-E","2020-04-01","***",2.1124749599713883,2.3608361241894817,2.2124679166864007,2.3288215678100088,2.2687727190140001]
["EMULSÕES ASF. MOD. POR POLÍMEROS RC1C-E","2020-05-01","***",2.2371542287733246,2.0240588391351779,2.2246649009664861,2.3469379115161142,2.2307520057985455]
["EMULSÕES ASF. MOD. POR POLÍMEROS RC1C-E","2020-06-01",2.19842,2.1233119685873745,2.2859282512739876,2.2385165303997869,2.1942374247470959,2.2178467082075142]
["EMULSÕES ASF. MOD. POR POLÍMEROS RC1C-E","2020-07-01",2.1141302870019829,2.1696106349994886,2.3415892762084694,2.2059854781764208,2.3231823849348356,2.2482138291115383]
["EMULSÕES ASF. MOD. POR POLÍMEROS RC1C-E","2020-08-01",2.0930528456981743,2.3137248446338807,2.5084267684367902,2.2870791010583598,2.4287316484283261,2.3556193877773932]
["EMULSÕES ASF. MOD. POR POLÍMEROS RC1C-E","2020-09-01",2.1536471547629255,2.2967606126791336,2.5213940688687249,2.2744366592762626,2.4182144555035299,2.3526803725743539]
["EMULSÕES ASF. MOD. POR POLÍMEROS RC1C-E","2020-10-01",2.3380701104186095,2.2812309624374176,2.6107033606454957,2.302406326964233,2.4427651243723858,2.4126324285932976]
["EMULSÕES ASF. MOD. POR POLÍMEROS RC1C-E","2020-11-01",2.4722627299416855,2.4773590457414127,2.7745613479626305,2.4002878892406847,2.5289077492448828,2.5054277244287477]
["EMULSÕES ASF. MOD. POR POLÍMEROS RC1C-E","2020-12-01",2.4139746136819893,2.4581990113082268,2.6860123733952057,2.3985008330583608,2.6064185918295459,2.5227810713094008]
["EMULSÕES ASF. MOD. POR POLÍMEROS RC1C-E","2021-01-01",2.3511752584035728,2.4541477941273504,2.8905167226183006,2.4674805651992378,2.5991788384998253,2.5405241640864111]
["EMULSÕES ASF. MOD. POR POLÍMEROS RC1C-E","2021-02-01",2.5284502380023413,2.5597974788736275,2.8684150537033992,2.6152167382470668,2.705607835038609,2.6622912296213839]
["EMULSÕES ASF. MOD. POR POLÍMEROS RC1C-E","2021-03-01",2.5213200000000002,2.5618016569365971,2.9692093517890772,2.6054078507218614,2.6852775259111756,2.6543962049536503]
["EMULSÕES ASF. MOD. POR POLÍMEROS RC1C-E","2021-04-01","***",2.640218994039115,2.7641888526996508,2.5655878695898426,2.7505524324511366,2.6738766405884968]
["EMULSÕES ASF. MOD. POR POLÍMEROS RC1C-E","2021-05-01",4.0621999999999989,3.0281294577935856,3.0619746122916238,3.0760313350627717,3.2403922046583351,3.1275986787558852]
["EMULSÕES ASF. MOD. POR POLÍMEROS RC1C-E","2021-06-01",3.201877497749495,3.2717418672727274,3.0668103470023986,3.054237506764697,3.1087813621984792,3.0851901192079123]
["EMULSÕES ASF. MOD. POR POLÍMEROS RC1C-E","2021-07-01",3.0459508317206114,3.1194337327667614,3.2114184362195801,3.1001280697975147,3.0640252643117303,3.1299747315723927]
["EMULSÕES ASF. MOD. POR POLÍMEROS RC1C-E","2021-08-01",3.2173289123288122,3.1087859834243652,3.4971362663953642,3.3262876450552725,3.1378006720864193,3.3201799757849444]
["EMULSÕES ASF. MOD. POR POLÍMEROS RC1C-E","2021-09-01",3.0314576817948384,3.2060753232180637,3.5059866013403802,3.3969443737033926,3.215302462936342,3.3231791685490299]
["EMULSÕES ASF. MOD. POR POLÍMEROS RC1C-E","2021-10-01",3.0856650238163357,3.2189818822489085,3.4591703630263582,3.2942783257452293,3.3339949792630006,3.2974085465009266]
["EMULSÕES ASF. MOD. POR POLÍMEROS RC1C-E","2021-11-01",3.0288667580044417,3.3941555840590643,3.692904938616929,3.5949088480460705,3.5570574144351181,3.5053760829981742]
["EMULSÕES ASF. MOD. POR POLÍMEROS RC1C-E","2021-12-01",3.3622228515836401,3.3961872489661213,3.773099472304557,3.6122170958686199,3.8132931500728628,3.5482797661789265]
["EMULSÕES ASF. MOD. POR POLÍMEROS RC1C-E","2022-01-01",3.4506690059356453,3.47022436850781,3.8188361118938983,3.5682181686834604,3.7456307754627631,3.5970630315271688]
["EMULSÕES ASF. MOD. POR POLÍMEROS RC1C-E","2022-02-01",3.4303199999999996,3.6864139104211895,4.0832628424318882,3.883412320854192,3.7991991185342764,3.811302851468541]
["EMULSÕES ASF. MOD. POR POLÍMEROS RC1C-E","2022-03-01",3.9576372576339374,3.6759478078203762,4.0053914266391262,3.8356568091855801,3.9054963598235761,3.8393060175902587]
["EMULSÕES ASF. MOD. POR POLÍMEROS RC1C-E","2022-04-01",3.6481522042073689,3.8196209164206536,4.2570337679286308,4.0358776958832987,4.1842258413041886,4.0335401468979333]
["EMULSÕES ASF. MOD. POR POLÍMEROS RC1C-E","2022-05-01",3.7789313609526012,4.0566069275485175,4.1492163053848783,3.8317878917391073,3.907701949289812,3.9754420829225983]
["EMULSÕES ASF. MOD. POR POLÍMEROS RC1C-E","2022-06-01",3.7420897076866066,3.8482784087594362,4.0891728366553366,3.8118770449815478,4.0654621599264225,3.9537725073391581]
["EMULSÕES ASF. MOD. POR POLÍMEROS RC1C-E","2022-07-01",3.7913976382555754,3.9642035546660788,4.166960783050234,3.8591406734033082,3.9695978036039974,4.0002217812824012]
["EMULSÕES ASF. MOD. POR POLÍMEROS RC1C-E","2022-08-01",3.6861991186155993,4.1020259852744703,4.1155652760214254,3.7726728099149756,3.9237924368312664,3.9814816952537142]
["EMULSÕES ASF. MOD. POR POLÍMEROS RC1C-E","2022-09-01",3.5584268974466426,4.2260592333128493,3.956711624616863,3.6806676878522562,3.8551209785988099,3.8837379896513964]
["EMULSÕES ASF. MOD. POR POLÍMEROS RC1C-E","2022-10-01",3.5622462957237748,3.8060540368300764,3.6090661323010478,3.4834645992112994,3.7759549613404495,3.6087696978759141]
["EMULSÕES ASF. MOD. POR POLÍMEROS RC1C-E","2022-11-01",3.6595493871934313,4.0486058436244479,3.9160063511769629,3.5016385492511795,3.6481102649496031,3.7892140747457219]
["EMULSÕES ASF. MOD. POR POLÍMEROS RC1C-E","2022-12-01",3.5069335796353633,4.0045537702534268,3.8505299276999279,3.4750259796404115,3.6180403202415756,3.7605520042353748]
["EMULSÕES ASF. MOD. POR POLÍMEROS RC1C-E","2023-01-01",3.4736174796900388,3.4998188085610114,3.5830110296085875,3.3157932760782001,3.5328230115160362,3.4501689238461171]
["EMULSÕES ASF. MOD. POR POLÍMEROS RC1C-E","2023-02-01",3.4813048283791845,3.4357982593994465,3.7779110493421189,3.2578336326077317,3.324035123940948,3.4728869589765816]
["EMULSÕES ASF. MOD. POR POLÍMEROS RC1C-E","2023-03-01",4.2333559605323021,3.3612850345705092,3.6757527403977455,3.2408996877544061,3.0781773132523349,3.3687089268388819]
["EMULSÕES ASF. MOD. POR POLÍMEROS RC1C-E","2023-04-01",3.1256858314196299,3.2173679081671058,3.5564243264137545,3.2739829701817551,3.2133709613797889,3.3334662549669081]
["EMULSÕES ASF. MOD. POR POLÍMEROS RC1C-E","2023-05-01",2.9558989993592077,3.2987128104021712,3.4851641439389294,3.2753717877907436,3.1359499359473948,3.3162709069279792]
["EMULSÕES ASF. MOD. POR POLÍMEROS RC1C-E","2023-06-01",2.9036140918970701,3.2454031131672094,3.3302020689090797,3.1118054574850165,3.073140198137343,3.2039913910368742]
["EMULSÕES ASF. MOD. POR POLÍMEROS RC1C-E","2023-07-01",3.0961028846595369,3.4058632927015267,3.4294210208271876,3.0143352534069776,3.1028822952297426,3.2933831547783776]
["EMULSÕES ASF. MOD. POR POLÍMEROS RC1C-E","2023-08-01",2.9920521495576438,3.3165703171359819,3.4754428670194994,3.0664980455249853,3.0937270668137078,3.2870146874294965]
["EMULSÕES ASF. MOD. POR POLÍMEROS RC1C-E","2023-09-01",3.4922599795810259,3.5027549681021193,3.6023484454768684,3.2048241336599066,3.2642715574999839,3.4477896436705815]
["EMULSÕES ASF. MOD. POR POLÍMEROS RC1C-E","2023-10-01",3.4918251026370069,3.4758875818411927,3.5094414870526625,3.1777668949828075,3.181188871569034,3.3903638407088885]
["EMULSÕES ASF. MOD. POR POLÍMEROS RC1C-E","2023-11-01",3.6378074306816592,3.5340946630189509,3.7065224135686843,3.2958961589586409,3.2236986264887095,3.5017359100454528]
["EMULSÕES ASF. MOD. POR POLÍMEROS RC1C-E","2023-12-01",3.3841284662089457,3.4136589429802586,3.6226180146557589,3.2251409299024743,3.2459044920562983,3.3952809958856891]
["EMULSÕES ASF. MOD. POR POLÍMEROS RC1C-E","2024-01-01",3.2954800020648363,3.3442107807941066,3.6079101573097159,3.0738161367120767,3.2290896707088104,3.3024097721637546]
["EMULSÕES ASF. MOD. POR POLÍMEROS RC1C-E","2024-02-01",3.1301100000000002,3.2996251027768833,3.4071522196770334,2.9759034287847284,3.2488810589423793,3.232736530933134]
["EMULSÕES ASF. MOD. POR POLÍMEROS RC1C-E","2024-03-01",2.9363460756529562,3.201733656705644,3.4212294537372445,3.0501459278824528,3.2737435195350448,3.2355827224480787]
["EMULSÕES ASF. MOD. POR POLÍMEROS RC1C-E","2024-04-01",2.9489193700804712,3.2997466249588121,3.4798907796477532,3.0454251975516207,3.2925890868577294,3.3043486919272285]
["EMULSÕES ASF. MOD. POR POLÍMEROS RC1C-E","2024-05-01",3.134715944543419,3.2396704099523097,3.5493213801704155,3.199128650675557,3.3268555246004072,3.3350013217934102]
["EMULSÕES ASF. MOD. POR POLÍMEROS RC1C-E","2024-06-01",3.2058456844788261,3.1960158101525735,3.4857720935587486,3.0586563904273762,3.3163928964019793,3.2734477866974547]
["EMULSÕES ASF. MOD. POR POLÍMEROS RC1C-E","2024-07-01",3.4146056923555643,3.4977969409362029,3.7226251474589596,3.152690313365587,3.4113421367872445,3.4697480201061501]
["EMULSÕES ASF. MOD. POR POLÍMEROS RL1C-E","2009-12-01","***",1.02372,1.5320287970068789,1.0725852722820761,1.187344129333729,1.1884002443380917]
["EMULSÕES ASF. MOD. POR POLÍMEROS RL1C-E","2010-01-01","***",1.0585643380698453,1.4833595426561124,1.1766507736060741,1.2098515572105475,1.1402030226886712]
["EMULSÕES ASF. MOD. POR POLÍMEROS RL1C-E","2010-02-01","***",1.0601111550764128,1.4253430398132538,1.2112000000000001,1.2087874705973458,1.1747844091925919]
["EMULSÕES ASF. MOD. POR POLÍMEROS RL1C-E","2010-03-01","***",1.0742376646810117,1.369580650704548,"***",1.178857941959724,1.1462039723039044]
["EMULSÕES ASF. MOD. POR POLÍMEROS RL1C-E","2010-04-01","***",1.0317613108166319,1.2738615472013368,"***",1.1991873693581938,1.1410236341851516]
["EMULSÕES ASF. MOD. POR POLÍMEROS RL1C-E","2010-05-01","***",1.0249304455124306,1.3160093515283844,"***",1.2081029245773924,1.1657579415860035]
["EMULSÕES ASF. MOD. POR POLÍMEROS RL1C-E","2010-06-01","***",1.0631043347298788,1.267840358310641,0.85331938903295179,1.1815474195224567,1.1692650934837752]
["EMULSÕES ASF. MOD. POR POLÍMEROS RL1C-E","2010-07-01","***",1.0301412453751355,1.3396218082417681,0.88133898263798938,1.134833093419761,1.08753193041937]
["EMULSÕES ASF. MOD. POR POLÍMEROS RL1C-E","2010-08-01","***",1.0008433118581237,1.2532388558469763,0.89367908611778146,1.1360307643913454,1.1020851863058065]
["EMULSÕES ASF. MOD. POR POLÍMEROS RL1C-E","2010-09-01","***",1.0244811004545684,1.2191567172093194,0.91600206581139887,1.1532813396888184,1.0868293583499022]
["EMULSÕES ASF. MOD. POR POLÍMEROS RL1C-E","2010-10-01","***",0.99910381474841381,1.2534287378104148,0.91820793844492454,1.1373939289982589,1.101576179193519]
["EMULSÕES ASF. MOD. POR POLÍMEROS RL1C-E","2010-11-01","***",0.99885257357077839,1.3123021757622777,0.94102762594718703,1.0996379941987831,1.0879306559197102]
["EMULSÕES ASF. MOD. POR POLÍMEROS RL1C-E","2010-12-01","***",1.0231396751339781,1.3005202263019309,0.91044259282444528,1.1276897560843315,1.1198107633790571]
["EMULSÕES ASF. MOD. POR POLÍMEROS RL1C-E","2011-01-01","***",1.06846,1.2599507571964956,0.91578308182784263,1.0876344415450512,1.0829109222756121]
["EMULSÕES ASF. MOD. POR POLÍMEROS RL1C-E","2011-02-01","***",1.0468388359030838,1.2789125545171338,1.1173999999999997,1.0867935045916439,1.1015004639467552]
["EMULSÕES ASF. MOD. POR POLÍMEROS RL1C-E","2011-03-01","***",1.0460136032535676,1.1934748785554492,0.99345000000000006,1.0815850919791705,1.077874575085066]
["EMULSÕES ASF. MOD. POR POLÍMEROS RL1C-E","2011-04-01","***",0.9518899999999999,1.165071585025653,0.89339999999999997,1.0602631704160368,1.0759705966281441]
["EMULSÕES ASF. MOD. POR POLÍMEROS RL1C-E","2011-05-01","***",1.02355,1.1660563513269526,1.0631000000000002,1.090333660922634,1.1091373603811479]
["EMULSÕES ASF. MOD. POR POLÍMEROS RL1C-E","2011-06-01","***",1.0037728923296763,1.1394255684609416,1.0609999999999999,1.099344439740173,1.0879929138861064]
["EMULSÕES ASF. MOD. POR POLÍMEROS RL1C-E","2011-07-01","***",0.98571022166029176,1.0900742239880805,1.0712591127453888,1.1018255326189701,1.0590463789261351]
["EMULSÕES ASF. MOD. POR POLÍMEROS RL1C-E","2011-08-01","***",0.94731756454426563,1.174690253990792,0.98680393507410025,1.0721306054655046,1.0598281922072097]
["EMULSÕES ASF. MOD. POR POLÍMEROS RL1C-E","2011-09-01","***","***",1.1194394729818491,1.0455405689277901,1.1081643448058913,1.1082915971565543]
["EMULSÕES ASF. MOD. POR POLÍMEROS RL1C-E","2011-10-01","***",0.91261416114011584,1.0869431589356349,0.87043494070053773,1.1025805803126125,1.0690616748404302]
["EMULSÕES ASF. MOD. POR POLÍMEROS RL1C-E","2011-11-01","***",0.96307110328638501,1.0956991098062394,0.8273809322811525,1.1349048287893357,1.0883204926517283]
["EMULSÕES ASF. MOD. POR POLÍMEROS RL1C-E","2011-12-01","***",0.87379249716958363,1.0967003135388196,1.0433358486325652,1.158861778498629,1.1092314194655912]
["EMULSÕES ASF. MOD. POR POLÍMEROS RL1C-E","2012-01-01","***","***",1.0877738410227904,1.0461883959044367,1.0858484249456217,1.0762743391086409]
["EMULSÕES ASF. MOD. POR POLÍMEROS RL1C-E","2012-02-01","***","***",1.1836433061778682,"***",1.0709065334889958,1.083644712154336]
["EMULSÕES ASF. MOD. POR POLÍMEROS RL1C-E","2012-03-01","***","***",1.0842880403015542,"***",1.105981412704738,1.0986970413177148]
["EMULSÕES ASF. MOD. POR POLÍMEROS RL1C-E","2012-04-01","***","***",1.1095409232381721,"***",1.1891202597675232,1.1323532602873121]
["EMULSÕES ASF. MOD. POR POLÍMEROS RL1C-E","2012-05-01","***",0.94464999999999999,1.098513907686389,1.0165,1.1673181224093279,1.1063662681290163]
["EMULSÕES ASF. MOD. POR POLÍMEROS RL1C-E","2012-06-01","***",0.96163194501718219,1.1610579314645768,1.0449486045869025,1.1351775865842619,1.1495860253378962]
["EMULSÕES ASF. MOD. POR POLÍMEROS RL1C-E","2012-07-01","***",0.95782,1.2018663172065194,1.0507806641053787,1.0943033887453975,1.1774784353543699]
["EMULSÕES ASF. MOD. POR POLÍMEROS RL1C-E","2012-08-01","***","***",1.2327306087544967,0.99990000000000001,1.1369150781755943,1.2108398663146747]
["EMULSÕES ASF. MOD. POR POLÍMEROS RL1C-E","2012-09-01","***",1.06264,1.2421090150664893,1.0613484135009565,1.1371857642901173,1.2218442919202008]
["EMULSÕES ASF. MOD. POR POLÍMEROS RL1C-E","2012-10-01","***",1.06264,1.2356809522188203,1.0208371123311901,1.1467394287142831,1.1851869467247611]
["EMULSÕES ASF. MOD. POR POLÍMEROS RL1C-E","2012-11-01","***","***",1.2516165178492298,1.0393833142939939,1.1776342498799506,1.155732675678238]
["EMULSÕES ASF. MOD. POR POLÍMEROS RL1C-E","2012-12-01","***","***",1.2608066500512507,0.92764503297442813,1.1125656335508975,1.0706652442940119]
["EMULSÕES ASF. MOD. POR POLÍMEROS RL1C-E","2013-01-01","***",0.91137000000000001,1.1786000000000001,0.99686000000000008,1.1580527418864714,1.0904460955752215]
["EMULSÕES ASF. MOD. POR POLÍMEROS RL1C-E","2013-02-01","***","***",1.0815161331528427,1.1008590455105083,1.1231977079540956,1.1050251623562644]
["EMULSÕES ASF. MOD. POR POLÍMEROS RL1C-E","2013-03-01","***",0.91446000000000005,1.0062090809806499,1.0868489631319864,1.1539998541265486,1.066144355525696]
["EMULSÕES ASF. MOD. POR POLÍMEROS RL1C-E","2013-04-01","***",0.9144620040691761,1.1475921826931998,1.0640057283729862,1.2329232492304405,1.1237308309114933]
["EMULSÕES ASF. MOD. POR POLÍMEROS RL1C-E","2013-05-01","***",1.0515300000000001,1.1847372746365925,1.0685726644298847,1.3428819771132736,1.1470955183867828]
["EMULSÕES ASF. MOD. POR POLÍMEROS RL1C-E","2013-06-01","***","***",1.184515753005412,1.1283487636985021,1.2949231038786482,1.1656755304300337]
["EMULSÕES ASF. MOD. POR POLÍMEROS RL1C-E","2013-07-01","***",0.996,1.1975379437520375,1.1238005312792936,1.2241393749368674,1.1628061949169357]
["EMULSÕES ASF. MOD. POR POLÍMEROS RL1C-E","2013-08-01","***",0.99602508029468495,1.2494124699445366,1.1381202124825074,1.3114037107045615,1.2008906508938486]
["EMULSÕES ASF. MOD. POR POLÍMEROS RL1C-E","2013-09-01","***",1.1312323170283192,1.2520634154815893,1.1853845557046119,1.3530443719391865,1.2345506473113637]
["EMULSÕES ASF. MOD. POR POLÍMEROS RL1C-E","2013-10-01","***",1.1170576754599435,1.19456345530638,1.1288564182235374,1.3929916235481783,1.1954086202523588]
["EMULSÕES ASF. MOD. POR POLÍMEROS RL1C-E","2013-11-01","***",1.1294503123764335,1.2519725951049692,1.1719657241967658,1.3726670739324407,1.2541506320696849]
["EMULSÕES ASF. MOD. POR POLÍMEROS RL1C-E","2013-12-01","***",1.1294500000000001,1.2989992006352569,1.1573713884023233,1.287973409182108,1.2754914845247067]
["EMULSÕES ASF. MOD. POR POLÍMEROS RL1C-E","2014-01-01","***",1.1427700000000001,1.372394937906299,1.2065040179659317,1.2560600893632066,1.2796878995334886]
["EMULSÕES ASF. MOD. POR POLÍMEROS RL1C-E","2014-02-01","***",1.1435999999999999,1.2299757085961323,1.0373113472047739,1.2104255884820441,1.1626653722061919]
["EMULSÕES ASF. MOD. POR POLÍMEROS RL1C-E","2014-03-01","***",1.0318791973791974,1.2303993288352273,0.88554223733187765,1.2202221109808313,1.1159292579413862]
["EMULSÕES ASF. MOD. POR POLÍMEROS RL1C-E","2014-04-01","***",0.90585623119706737,1.2149793114112648,0.92704144131777644,1.2350792663712982,1.1359471071960365]
["EMULSÕES ASF. MOD. POR POLÍMEROS RL1C-E","2014-05-01","***",1.257522685804771,1.2697250639029884,1.112066283318905,1.2355571974202659,1.2450686269168789]
["EMULSÕES ASF. MOD. POR POLÍMEROS RL1C-E","2014-06-01","***",1.4182797260080504,1.2673419302913906,1.0924872267518486,1.266170934724292,1.2576005676080038]
["EMULSÕES ASF. MOD. POR POLÍMEROS RL1C-E","2014-07-01",1.355199090909091,1.2211681745416318,1.1032238759689925,0.95883557624879745,1.2804993540609135,1.1086851890767651]
["EMULSÕES ASF. MOD. POR POLÍMEROS RL1C-E","2014-08-01",1.5751900000000001,1.0261367597895965,1.0014999050668507,0.92555602109905677,1.3060651703989945,1.0159736662628955]
["EMULSÕES ASF. MOD. POR POLÍMEROS RL1C-E","2014-09-01","***",1.2340196189458579,1.2697694658489309,0.93070352203777895,1.2957578748734562,1.2507084930276484]
["EMULSÕES ASF. MOD. POR POLÍMEROS RL1C-E","2014-10-01",0.89761999999999986,1.1322857954020333,1.1353704149636226,0.98688067924018741,1.2213153519500934,1.1171651157107951]
["EMULSÕES ASF. MOD. POR POLÍMEROS RL1C-E","2014-11-01",0.90525422756857066,1.0102064800935913,1.1436818341108712,1.0347567679222358,1.2372976397154882,1.1227517123499935]
["EMULSÕES ASF. MOD. POR POLÍMEROS RL1C-E","2014-12-01",0.99155000000000004,1.6238556364176444,1.107951840851997,1.3198677249921607,1.3846824844893693,1.1692689852378464]
["EMULSÕES ASF. MOD. POR POLÍMEROS RL1C-E","2015-01-01","***",1.7783058041893514,1.5561981455564902,1.20302,1.2411163247657939,1.5202013773124026]
["EMULSÕES ASF. MOD. POR POLÍMEROS RL1C-E","2015-02-01","***",1.4900000000000002,1.2777296307744421,1.5636399999999999,1.5058953171659537,1.370850309521038]
["EMULSÕES ASF. MOD. POR POLÍMEROS RL1C-E","2015-03-01","***",1.3709053576282277,1.3892457247013807,1.56853,1.3179709229726237,1.3641131420901615]
["EMULSÕES ASF. MOD. POR POLÍMEROS RL1C-E","2015-04-01","***",1.2234786989519335,1.5086420250719277,1.5361199999999999,1.4224702085722853,1.4028049304107328]
["EMULSÕES ASF. MOD. POR POLÍMEROS RL1C-E","2015-05-01","***",1.1959348377620509,1.4442483338009988,1.4889499559424875,1.4042737230485414,1.4296351374724461]
["EMULSÕES ASF. MOD. POR POLÍMEROS RL1C-E","2015-06-01","***","***",1.4436429114437199,1.5652599999999999,1.2760637018271825,1.3871328278489219]
["EMULSÕES ASF. MOD. POR POLÍMEROS RL1C-E","2015-07-01","***",1.8600000000000003,1.1767506854349388,1.1029721688270628,1.2186831137336271,1.1926282196481222]
["EMULSÕES ASF. MOD. POR POLÍMEROS RL1C-E","2015-08-01","***","***",1.5062950200198273,1.220186600310603,1.3974525874055916,1.4755943260201903]
["EMULSÕES ASF. MOD. POR POLÍMEROS RL1C-E","2015-09-01",1.5380985564212553,"***",1.4976523944169196,1.28326472765771,1.3325103389830508,1.4713935424108973]
["EMULSÕES ASF. MOD. POR POLÍMEROS RL1C-E","2015-10-01",1.5396269727967988,1.205087576168929,1.5299030718875954,1.1300515825449007,1.5969199999999999,1.4358391347395418]
["EMULSÕES ASF. MOD. POR POLÍMEROS RL1C-E","2015-11-01",1.70207,1.7858595718574597,1.8087935970883091,1.6165712852807839,1.67411,1.7531095933060377]
["EMULSÕES ASF. MOD. POR POLÍMEROS RL1C-E","2015-12-01",1.7815984279338406,"***",1.7082612294228519,1.7400404843527255,1.4354612531098598,1.7101024379972962]
["EMULSÕES ASF. MOD. POR POLÍMEROS RL1C-E","2016-01-01","***","***",1.7428976843664437,1.2707541606648198,1.4631744138965259,1.4628378597924108]
["EMULSÕES ASF. MOD. POR POLÍMEROS RL1C-E","2016-02-01",1.6494501694915253,"***",1.5879340297453368,1.6785759904248951,1.627361804740671,1.6130966812411103]
["EMULSÕES ASF. MOD. POR POLÍMEROS RL1C-E","2016-03-01",1.628546462034679,"***",1.7172545654427567,1.548898430962343,1.35365,1.6878617735699577]
["EMULSÕES ASF. MOD. POR POLÍMEROS RL1C-E","2016-04-01",1.67350150997151,2.37,1.9555894925206698,"***",1.5416832540166769,1.9202531253137707]
["EMULSÕES ASF. MOD. POR POLÍMEROS RL1C-E","2016-05-01",1.694367367303609,"***",1.9866646248415227,1.5920342433762078,1.7001699090773588,1.7926031482698124]
["EMULSÕES ASF. MOD. POR POLÍMEROS RL1C-E","2016-06-01",1.6409844983391166,"***",2.0489585514061068,1.5188038158798702,1.5918908927712774,1.756901731719321]
["EMULSÕES ASF. MOD. POR POLÍMEROS RL1C-E","2016-07-01",1.6417052606929612,"***",2.0133568501586461,1.4398094206061383,1.4557978095022284,1.7123868884027944]
["EMULSÕES ASF. MOD. POR POLÍMEROS RL1C-E","2016-08-01",1.6898123406614731,"***",1.9006425267418954,1.4948910102166262,1.4560500000000001,1.7865810387402685]
["EMULSÕES ASF. MOD. POR POLÍMEROS RL1C-E","2016-09-01",1.4665205785376783,"***",1.7634790837596899,1.4484578613046952,1.371,1.6775573362278966]
["EMULSÕES ASF. MOD. POR POLÍMEROS RL1C-E","2016-10-01",1.4218381901806798,1.45,1.8214070417599373,2.133200692981903,1.3709999999999998,1.7792425450610898]
["EMULSÕES ASF. MOD. POR POLÍMEROS RL1C-E","2016-11-01",1.4315949167724116,"***",2.2905769909914149,1.9188216083230292,1.371,2.188028474574006]
["EMULSÕES ASF. MOD. POR POLÍMEROS RL1C-E","2016-12-01","***","***",2.1212619321389967,1.8762455214723925,1.3709784314568112,2.0058506686384714]
["EMULSÕES ASF. MOD. POR POLÍMEROS RL1C-E","2017-01-01","***","***",2.3381669244238985,1.9404602922077923,1.37097,2.0445144983802388]
["EMULSÕES ASF. MOD. POR POLÍMEROS RL1C-E","2017-02-01","***","***",2.0834266814612499,2.2105811094265584,1.3709700000000002,2.0984078736021377]
["EMULSÕES ASF. MOD. POR POLÍMEROS RL1C-E","2017-03-01","***","***",2.2534733621409484,2.2575663935238723,1.37097,2.0608085908747822]
["EMULSÕES ASF. MOD. POR POLÍMEROS RL1C-E","2017-04-01","***","***",2.4231083170994179,2.0476681668672283,1.3665799999999999,2.1981441615421238]
["EMULSÕES ASF. MOD. POR POLÍMEROS RL1C-E","2017-05-01",1.3653199999999999,"***",2.1939963383485002,2.1691381043784639,1.3665799999999999,1.9630381067474574]
["EMULSÕES ASF. MOD. POR POLÍMEROS RL1C-E","2017-06-01",1.3787272224695097,"***",2.1812642738098891,1.8735071761322788,"***",2.0261925595716668]
["EMULSÕES ASF. MOD. POR POLÍMEROS RL1C-E","2017-07-01",1.3723299999999998,"***",2.1024764568534553,1.7797273981611546,"***",2.0559084473949318]
["EMULSÕES ASF. MOD. POR POLÍMEROS RL1C-E","2017-08-01","***","***",1.9042397207311279,2.1384462953462808,"***",1.9085097781760543]
["EMULSÕES ASF. MOD. POR POLÍMEROS RL1C-E","2017-09-01",1.3805756869604469,"***",2.0671421431496628,2.0418639999782049,"***",2.0376404485622639]
["EMULSÕES ASF. MOD. POR POLÍMEROS RL1C-E","2017-10-01",1.4123887492036524,"***",2.0408992667471297,2.2484113814629949,"***",2.0695592481067302]
["EMULSÕES ASF. MOD. POR POLÍMEROS RL1C-E","2017-11-01",1.4712700000000001,1.55925,2.1338326546177839,2.2470739929002144,"***",2.1078730343187084]
["EMULSÕES ASF. MOD. POR POLÍMEROS RL1C-E","2017-12-01",1.4712699999999999,1.55925,2.1898316519877716,2.3804582183908045,"***",2.1280098010294686]
["EMULSÕES ASF. MOD. POR POLÍMEROS RL1C-E","2018-01-01","***","***",1.6145666149432782,"***","***",1.6145666149432782]
["EMULSÕES ASF. MOD. POR POLÍMEROS RL1C-E","2018-02-01","***","***",1.5872762062718606,"***","***",1.5872762062718606]
["EMULSÕES ASF. MOD. POR POLÍMEROS RL1C-E","2018-03-01","***","***",1.6476296609202428,"***","***",1.6476296609202428]
["EMULSÕES ASF. MOD. POR POLÍMEROS RL1C-E","2018-04-01","***","***",1.6252411006218834,1.6180600000000001,"***",1.6246885083001497]
["EMULSÕES ASF. MOD. POR POLÍMEROS RL1C-E","2018-05-01","***","***",1.5877489637980069,"***","***",1.5877489637980069]
["EMULSÕES ASF. MOD. POR POLÍMEROS RL1C-E","2018-06-01","***","***",1.832930334737449,"***","***",1.832930334737449]
["EMULSÕES ASF. MOD. POR POLÍMEROS RL1C-E","2018-07-01","***","***",1.9074802317001429,2.3034400000000002,"***",1.9439239470343612]
["EMULSÕES ASF. MOD. POR POLÍMEROS RL1C-E","2018-08-01",1.927,"***",2.0378398860593894,"***","***",2.0358527959543449]
["EMULSÕES ASF. MOD. POR POLÍMEROS RL1C-E","2018-09-01","***","***",2.1855527269408124,"***","***",2.1855527269408124]
["EMULSÕES ASF. MOD. POR POLÍMEROS RL1C-E","2018-10-01","***",1.9805600000000001,2.0937629132932698,1.968,"***",2.0864472267643497]
["EMULSÕES ASF. MOD. POR POLÍMEROS RL1C-E","2018-11-01","***",2.2325599999999999,2.3583192448645871,2.1648000000000001,"***",2.3352712410487633]
["EMULSÕES ASF. MOD. POR POLÍMEROS RL1C-E","2018-12-01","***",2.0299999999999998,2.0715596498970283,"***","***",2.0518467754407665]
["EMULSÕES ASF. MOD. POR POLÍMEROS RL1C-E","2019-01-01","***",2.2325599999999999,2.3638657587358782,"***","***",2.3505173582170071]
["EMULSÕES ASF. MOD. POR POLÍMEROS RL1C-E","2019-02-01","***","***",2.5128929826950812,"***",2.18248,2.5122325265851124]
["EMULSÕES ASF. MOD. POR POLÍMEROS RL1C-E","2019-03-01","***","***",2.5525698418345777,"***","***",2.5525698418345777]
["EMULSÕES ASF. MOD. POR POLÍMEROS RL1C-E","2019-04-01","***","***",2.5190075848513902,"***","***",2.5190075848513902]
["EMULSÕES ASF. MOD. POR POLÍMEROS RL1C-E","2019-05-01","***","***",2.5947528566365405,"***","***",2.5947528566365405]
["EMULSÕES ASF. MOD. POR POLÍMEROS RL1C-E","2019-06-01","***","***",2.5756834778351094,"***","***",2.5756834778351094]
["EMULSÕES ASF. MOD. POR POLÍMEROS RL1C-E","2019-07-01","***","***",2.6339024480259146,"***",3.6011199999999999,2.6364637316950459]
["EMULSÕES ASF. MOD. POR POLÍMEROS RL1C-E","2019-08-01","***","***",2.4591963360555642,"***","***",2.4591963360555642]
["EMULSÕES ASF. MOD. POR POLÍMEROS RL1C-E","2019-09-01","***","***",2.6096139014429101,"***","***",2.6096139014429101]
["EMULSÕES ASF. MOD. POR POLÍMEROS RL1C-E","2019-10-01","***","***",2.586292796099452,1.9275715983998607,"***",2.4161527455076364]
["EMULSÕES ASF. MOD. POR POLÍMEROS RL1C-E","2019-11-01",2.05905,1.9530000000000001,2.344175846260709,1.9105699999999999,"***",2.1984066684253443]
["EMULSÕES ASF. MOD. POR POLÍMEROS RL1C-E","2019-12-01","***","***",2.3397363832376978,1.91726,"***",2.2608207579185522]
["EMULSÕES ASF. MOD. POR POLÍMEROS RL1C-E","2020-01-01","***","***",2.65401,2.1825000000000001,"***",2.5109614585764293]
["EMULSÕES ASF. MOD. POR POLÍMEROS RL1C-E","2020-02-01","***","***","***","***","***","***"]
["EMULSÕES ASF. MOD. POR POLÍMEROS RL1C-E","2020-03-01","***","***",2.2298759693621295,"***","***",2.2298759693621295]
["EMULSÕES ASF. MOD. POR POLÍMEROS RL1C-E","2020-04-01","***","***",2.2285900000000001,"***","***",2.2285900000000001]
["EMULSÕES ASF. MOD. POR POLÍMEROS RL1C-E","2020-05-01","***","***",2.2617554714330863,"***",3.6011199999999999,2.2664423333449979]
["EMULSÕES ASF. MOD. POR POLÍMEROS RL1C-E","2020-06-01","***","***",2.1753930715783025,"***","***",2.1753930715783025]
["EMULSÕES ASF. MOD. POR POLÍMEROS RL1C-E","2020-07-01","***",1.862951059377945,2.1324940838833477,"***","***",2.0647657496289744]
["EMULSÕES ASF. MOD. POR POLÍMEROS RL1C-E","2020-08-01",2.1328382901443441,2.0277004935438527,2.2073144364456279,2.0217100000000001,"***",2.1405328169161337]
["EMULSÕES ASF. MOD. POR POLÍMEROS RL1C-E","2020-09-01",2.1584296998864434,2.0163690741239373,2.192614518780807,2.0217100000000001,3.2737500000000002,2.119879340000594]
["EMULSÕES ASF. MOD. POR POLÍMEROS RL1C-E","2020-10-01",2.35676,1.9664099999999998,2.1852590764513677,"***","***",2.1072666796296033]
["EMULSÕES ASF. MOD. POR POLÍMEROS RL1C-E","2020-11-01",2.1065900000000002,2.0308385185400777,2.2723746986635165,"***","***",2.1886718917941343]
["EMULSÕES ASF. MOD. POR POLÍMEROS RL1C-E","2020-12-01",2.10276,2.0997957894072083,2.3340289443633555,"***","***",2.1719404278970416]
["EMULSÕES ASF. MOD. POR POLÍMEROS RL1C-E","2021-01-01","***",2.142521433202015,2.485038322817315,"***","***",2.2293999728301328]
["EMULSÕES ASF. MOD. POR POLÍMEROS RL1C-E","2021-02-01","***",2.2131132812704051,2.6752508830364059,"***","***",2.2908774474833273]
["EMULSÕES ASF. MOD. POR POLÍMEROS RL1C-E","2021-03-01","***",2.2266090944423396,2.3237017172289955,"***",4.8924399999999997,2.2516948170922801]
["EMULSÕES ASF. MOD. POR POLÍMEROS RL1C-E","2021-04-01","***",2.2226347534928088,2.3774873387920632,"***","***",2.2809558804943446]
["EMULSÕES ASF. MOD. POR POLÍMEROS RL1C-E","2021-05-01","***",2.6408150867521614,2.8201249183168322,"***","***",2.778250400037944]
["EMULSÕES ASF. MOD. POR POLÍMEROS RL1C-E","2021-06-01",2.7941048126858279,2.7219822776021325,2.7303304115547258,"***",5.8745500000000002,2.7325574274997546]
["EMULSÕES ASF. MOD. POR POLÍMEROS RL1C-E","2021-07-01",2.6031618254614548,2.7435516290623059,2.8785755191951279,"***",5.8745599999999998,2.8655068382675681]
["EMULSÕES ASF. MOD. POR POLÍMEROS RL1C-E","2021-08-01","***",2.8309810250809062,3.076932024033916,3.1686999999999999,"***",3.0452618357105541]
["EMULSÕES ASF. MOD. POR POLÍMEROS RL1C-E","2021-09-01",2.7897799999999995,2.830980337258223,3.0950539095938736,3.1686999999999999,"***",2.9971183265315258]
["EMULSÕES ASF. MOD. POR POLÍMEROS RL1C-E","2021-10-01","***",2.8309811302954784,2.9890402388488972,"***","***",2.9642829443294367]
["EMULSÕES ASF. MOD. POR POLÍMEROS RL1C-E","2021-11-01","***",3.02915,2.9934399988506031,"***","***",2.9961237870631203]
["EMULSÕES ASF. MOD. POR POLÍMEROS RL1C-E","2021-12-01",2.50285,3.02915,3.3885607344503095,"***","***",3.2999144143106056]
["EMULSÕES ASF. MOD. POR POLÍMEROS RL1C-E","2022-01-01","***","***",3.3838127493796519,"***",3.3483299999999998,3.3838048269617205]
["EMULSÕES ASF. MOD. POR POLÍMEROS RL1C-E","2022-02-01","***","***",4.0285234084761044,"***","***",4.0285234084761044]
["EMULSÕES ASF. MOD. POR POLÍMEROS RL1C-E","2022-03-01","***","***",3.7434526941667214,"***","***",3.7434526941667214]
["EMULSÕES ASF. MOD. POR POLÍMEROS RL1C-E","2022-04-01","***",3.3810799999999999,3.8767376580064239,"***","***",3.8440513893501906]
["EMULSÕES ASF. MOD. POR POLÍMEROS RL1C-E","2022-05-01","***","***",3.8769191358138846,"***","***",3.8769191358138846]
["EMULSÕES ASF. MOD. POR POLÍMEROS RL1C-E","2022-06-01","***","***",3.8526523753241468,"***","***",3.8526523753241468]
["EMULSÕES ASF. MOD. POR POLÍMEROS RL1C-E","2022-07-01","***",3.5129436526757911,3.8424058742129503,"***","***",3.6937415846473192]
["EMULSÕES ASF. MOD. POR POLÍMEROS RL1C-E","2022-08-01","***",3.6054467984938778,3.9619444182037835,"***","***",3.8295425248427932]
["EMULSÕES ASF. MOD. POR POLÍMEROS RL1C-E","2022-09-01","***",3.6246248494392375,3.8362795715723506,"***","***",3.721222836099801]
["EMULSÕES ASF. MOD. POR POLÍMEROS RL1C-E","2022-10-01","***",3.6125510254231532,3.4370704019656015,"***","***",3.5106990905849815]
["EMULSÕES ASF. MOD. POR POLÍMEROS RL1C-E","2022-11-01","***",3.5431308985765124,3.5752506588854653,"***","***",3.5644788757035335]
["EMULSÕES ASF. MOD. POR POLÍMEROS RL1C-E","2022-12-01","***",3.49797,3.572834842822215,"***","***",3.5251059780131673]
["EMULSÕES ASF. MOD. POR POLÍMEROS RL1C-E","2023-01-01","***",3.4318199577947768,"***","***","***",3.4318199577947768]
["EMULSÕES ASF. MOD. POR POLÍMEROS RL1C-E","2023-02-01","***",3.4176899999999999,3.9512198131880356,"***","***",3.8854257779294206]
["EMULSÕES ASF. MOD. POR POLÍMEROS RL1C-E","2023-03-01","***","***",3.3465507235762093,4.0088800000000004,"***",3.530366585165587]
["EMULSÕES ASF. MOD. POR POLÍMEROS RL1C-E","2023-04-01","***","***",3.6266582710570359,4.1654296706192362,"***",3.6557566996957993]
["EMULSÕES ASF. MOD. POR POLÍMEROS RL1C-E","2023-05-01","***","***",3.7813204780461582,4.1536799999999996,"***",3.793395716406267]
["EMULSÕES ASF. MOD. POR POLÍMEROS RL1C-E","2023-06-01","***","***",3.4535528961185071,3.4182800000000002,"***",3.4535000627223367]
["EMULSÕES ASF. MOD. POR POLÍMEROS RL1C-E","2023-07-01","***","***",3.4999470224383846,4.0849230731553172,"***",3.5504168266150469]
["EMULSÕES ASF. MOD. POR POLÍMEROS RL1C-E","2023-08-01","***",3.2110983722266107,3.5256439337403771,"***","***",3.4538466390775957]
["EMULSÕES ASF. MOD. POR POLÍMEROS RL1C-E","2023-09-01","***",3.4526159464200288,3.4989581662997162,4.1815579690491385,"***",3.5613632790744667]
["EMULSÕES ASF. MOD. POR POLÍMEROS RL1C-E","2023-10-01","***",3.1278600000000001,3.5044214432653304,4.2376269429937885,"***",3.7514319921825998]
["EMULSÕES ASF. MOD. POR POLÍMEROS RL1C-E","2023-11-01","***",3.4672800000000001,3.3614491869633225,4.3680025046229707,"***",3.5926109192469493]
["EMULSÕES ASF. MOD. POR POLÍMEROS RL1C-E","2023-12-01","***","***",2.8345906714673741,4.3746900704934539,"***",3.2557165707467064]
["EMULSÕES ASF. MOD. POR POLÍMEROS RL1C-E","2024-01-01","***","***",3.7850600000000001,2.9024200000000002,"***",3.559821991701245]
["EMULSÕES ASF. MOD. POR POLÍMEROS RL1C-E","2024-02-01","***","***",3.4983240834888059,4.5088800000000004,"***",3.5168324336080583]
["EMULSÕES ASF. MOD. POR POLÍMEROS RL1C-E","2024-03-01",2.6892,"***",2.5602703351104341,"***","***",2.5900814040634694]
["EMULSÕES ASF. MOD. POR POLÍMEROS RL1C-E","2024-04-01",2.7951000000000001,"***",2.915417591211829,"***","***",2.9107756415367882]
["EMULSÕES ASF. MOD. POR POLÍMEROS RL1C-E","2024-05-01","***","***",3.0294281997153392,8.0474899999999998,"***",3.0374254295655874]
["EMULSÕES ASF. MOD. POR POLÍMEROS RL1C-E","2024-06-01","***","***",2.7362379185619665,"***","***",2.7362379185619665]
["EMULSÕES ASF. MOD. POR POLÍMEROS RL1C-E","2024-07-01","***","***",3.153736280935985,"***","***",3.153736280935985]
["EMULSÕES ASF. MOD. POR POLÍMEROS RM1C-E","2009-12-01","***","***","***","***","***","***"]
["EMULSÕES ASF. MOD. POR POLÍMEROS RM1C-E","2010-01-01","***","***","***","***","***","***"]
["EMULSÕES ASF. MOD. POR POLÍMEROS RM1C-E","2010-02-01","***","***","***","***","***","***"]
["EMULSÕES ASF. MOD. POR POLÍMEROS RM1C-E","2010-03-01","***","***","***","***","***","***"]
["EMULSÕES ASF. MOD. POR POLÍMEROS RM1C-E","2010-04-01","***","***","***","***",0.9883900000000001,0.9883900000000001]
["EMULSÕES ASF. MOD. POR POLÍMEROS RM1C-E","2010-05-01","***","***","***","***",1.0001899999999999,1.0001899999999999]
["EMULSÕES ASF. MOD. POR POLÍMEROS RM1C-E","2010-06-01","***","***","***","***",1.0179,1.0179]
["EMULSÕES ASF. MOD. POR POLÍMEROS RM1C-E","2010-07-01","***","***","***","***",1.00525,1.00525]
["EMULSÕES ASF. MOD. POR POLÍMEROS RM1C-E","2010-08-01","***","***","***","***","***","***"]
["EMULSÕES ASF. MOD. POR POLÍMEROS RM1C-E","2010-09-01","***","***","***","***","***","***"]
["EMULSÕES ASF. MOD. POR POLÍMEROS RM1C-E","2010-10-01","***","***","***","***","***","***"]
["EMULSÕES ASF. MOD. POR POLÍMEROS RM1C-E","2010-11-01","***","***","***","***","***","***"]
["EMULSÕES ASF. MOD. POR POLÍMEROS RM1C-E","2010-12-01","***","***","***","***","***","***"]
["EMULSÕES ASF. MOD. POR POLÍMEROS RM1C-E","2011-01-01","***","***","***","***","***","***"]
["EMULSÕES ASF. MOD. POR POLÍMEROS RM1C-E","2011-02-01","***","***","***","***","***","***"]
["EMULSÕES ASF. MOD. POR POLÍMEROS RM1C-E","2011-03-01","***","***","***","***","***","***"]
["EMULSÕES ASF. MOD. POR POLÍMEROS RM1C-E","2011-04-01","***","***","***","***","***","***"]
["EMULSÕES ASF. MOD. POR POLÍMEROS RM1C-E","2011-05-01","***","***","***","***","***","***"]
["EMULSÕES ASF. MOD. POR POLÍMEROS RM1C-E","2011-06-01","***","***","***","***","***","***"]
["EMULSÕES ASF. MOD. POR POLÍMEROS RM1C-E","2011-07-01","***","***","***","***","***","***"]
["EMULSÕES ASF. MOD. POR POLÍMEROS RM1C-E","2011-08-01","***","***","***","***","***","***"]
["EMULSÕES ASF. MOD. POR POLÍMEROS RM1C-E","2011-09-01","***","***","***","***","***","***"]
["EMULSÕES ASF. MOD. POR POLÍMEROS RM1C-E","2011-10-01","***","***","***","***","***","***"]
["EMULSÕES ASF. MOD. POR POLÍMEROS RM1C-E","2011-11-01","***","***","***","***","***","***"]
["EMULSÕES ASF. MOD. POR POLÍMEROS RM1C-E","2011-12-01","***","***","***","***","***","***"]
["EMULSÕES ASF. MOD. POR POLÍMEROS RM1C-E","2012-01-01","***","***","***","***","***","***"]
["EMULSÕES ASF. MOD. POR POLÍMEROS RM1C-E","2012-02-01","***","***","***","***","***","***"]
["EMULSÕES ASF. MOD. POR POLÍMEROS RM1C-E","2012-03-01","***","***","***","***","***","***"]
["EMULSÕES ASF. MOD. POR POLÍMEROS RM1C-E","2012-04-01","***","***","***","***","***","***"]
["EMULSÕES ASF. MOD. POR POLÍMEROS RM1C-E","2012-05-01","***","***","***","***","***","***"]
["EMULSÕES ASF. MOD. POR POLÍMEROS RM1C-E","2012-06-01","***","***","***","***","***","***"]
["EMULSÕES ASF. MOD. POR POLÍMEROS RM1C-E","2012-07-01","***","***","***","***","***","***"]
["EMULSÕES ASF. MOD. POR POLÍMEROS RM1C-E","2012-08-01","***","***","***","***","***","***"]
["EMULSÕES ASF. MOD. POR POLÍMEROS RM1C-E","2012-09-01","***","***","***","***","***","***"]
["EMULSÕES ASF. MOD. POR POLÍMEROS RM1C-E","2012-10-01","***","***","***","***","***","***"]
["EMULSÕES ASF. MOD. POR POLÍMEROS RM1C-E","2012-11-01","***","***","***","***","***","***"]
["EMULSÕES ASF. MOD. POR POLÍMEROS RM1C-E","2012-12-01","***","***","***","***","***","***"]
["EMULSÕES ASF. MOD. POR POLÍMEROS RM1C-E","2013-01-01","***","***","***","***","***","***"]
["EMULSÕES ASF. MOD. POR POLÍMEROS RM1C-E","2013-02-01","***","***","***","***","***","***"]
["EMULSÕES ASF. MOD. POR POLÍMEROS RM1C-E","2013-03-01","***","***","***","***","***","***"]
["EMULSÕES ASF. MOD. POR POLÍMEROS RM1C-E","2013-04-01","***","***","***","***","***","***"]
["EMULSÕES ASF. MOD. POR POLÍMEROS RM1C-E","2013-05-01","***","***","***","***","***","***"]
["EMULSÕES ASF. MOD. POR POLÍMEROS RM1C-E","2013-06-01","***","***","***","***","***","***"]
["EMULSÕES ASF. MOD. POR POLÍMEROS RM1C-E","2013-07-01","***","***","***","***","***","***"]
["EMULSÕES ASF. MOD. POR POLÍMEROS RM1C-E","2013-08-01","***","***","***","***","***","***"]
["EMULSÕES ASF. MOD. POR POLÍMEROS RM1C-E","2013-09-01","***","***","***","***","***","***"]
["EMULSÕES ASF. MOD. POR POLÍMEROS RM1C-E","2013-10-01","***","***","***","***",1.6719999999999999,1.6719999999999999]
["EMULSÕES ASF. MOD. POR POLÍMEROS RM1C-E","2013-11-01","***","***","***","***","***","***"]
["EMULSÕES ASF. MOD. POR POLÍMEROS RM1C-E","2013-12-01","***","***","***","***","***","***"]
["EMULSÕES ASF. MOD. POR POLÍMEROS RM1C-E","2014-01-01","***","***","***","***","***","***"]
["EMULSÕES ASF. MOD. POR POLÍMEROS RM1C-E","2014-02-01","***","***","***","***","***","***"]
["EMULSÕES ASF. MOD. POR POLÍMEROS RM1C-E","2014-03-01","***","***","***","***","***","***"]
["EMULSÕES ASF. MOD. POR POLÍMEROS RM1C-E","2014-04-01","***","***","***","***","***","***"]
["EMULSÕES ASF. MOD. POR POLÍMEROS RM1C-E","2014-05-01","***","***","***","***","***","***"]
["EMULSÕES ASF. MOD. POR POLÍMEROS RM1C-E","2014-06-01","***","***","***","***","***","***"]
["EMULSÕES ASF. MOD. POR POLÍMEROS RM1C-E","2014-07-01","***","***","***","***","***","***"]
["EMULSÕES ASF. MOD. POR POLÍMEROS RM1C-E","2014-08-01","***","***",1.4913099999999999,"***","***",1.4913099999999999]
["EMULSÕES ASF. MOD. POR POLÍMEROS RM1C-E","2014-09-01","***","***","***","***","***","***"]
["EMULSÕES ASF. MOD. POR POLÍMEROS RM1C-E","2014-10-01","***","***","***","***","***","***"]
["EMULSÕES ASF. MOD. POR POLÍMEROS RM1C-E","2014-11-01","***","***","***","***","***","***"]
["EMULSÕES ASF. MOD. POR POLÍMEROS RM1C-E","2014-12-01","***","***","***","***","***","***"]
["EMULSÕES ASF. MOD. POR POLÍMEROS RM1C-E","2015-01-01","***","***","***","***","***","***"]
["EMULSÕES ASF. MOD. POR POLÍMEROS RM1C-E","2015-02-01","***","***","***","***","***","***"]
["EMULSÕES ASF. MOD. POR POLÍMEROS RM1C-E","2015-03-01","***","***","***","***","***","***"]
["EMULSÕES ASF. MOD. POR POLÍMEROS RM1C-E","2015-04-01","***","***","***","***","***","***"]
["EMULSÕES ASF. MOD. POR POLÍMEROS RM1C-E","2015-05-01","***","***","***","***","***","***"]
["EMULSÕES ASF. MOD. POR POLÍMEROS RM1C-E","2015-06-01","***","***","***","***","***","***"]
["EMULSÕES ASF. MOD. POR POLÍMEROS RM1C-E","2015-07-01","***","***","***",1.65802,"***",1.65802]
["EMULSÕES ASF. MOD. POR POLÍMEROS RM1C-E","2015-08-01","***","***","***","***","***","***"]
["EMULSÕES ASF. MOD. POR POLÍMEROS RM1C-E","2015-09-01","***","***","***","***","***","***"]
["EMULSÕES ASF. MOD. POR POLÍMEROS RM1C-E","2015-10-01","***","***","***","***","***","***"]
["EMULSÕES ASF. MOD. POR POLÍMEROS RM1C-E","2015-11-01","***","***","***","***","***","***"]
["EMULSÕES ASF. MOD. POR POLÍMEROS RM1C-E","2015-12-01","***","***","***",2.1626400000000001,"***",2.1626400000000001]
["EMULSÕES ASF. MOD. POR POLÍMEROS RM1C-E","2016-01-01","***","***","***",2.1626400000000001,"***",2.1626400000000001]
["EMULSÕES ASF. MOD. POR POLÍMEROS RM1C-E","2016-02-01","***","***","***","***","***","***"]
["EMULSÕES ASF. MOD. POR POLÍMEROS RM1C-E","2016-03-01","***","***","***","***","***","***"]
["EMULSÕES ASF. MOD. POR POLÍMEROS RM1C-E","2016-04-01","***","***","***","***","***","***"]
["EMULSÕES ASF. MOD. POR POLÍMEROS RM1C-E","2016-05-01","***","***","***","***","***","***"]
["EMULSÕES ASF. MOD. POR POLÍMEROS RM1C-E","2016-06-01","***","***","***","***","***","***"]
["EMULSÕES ASF. MOD. POR POLÍMEROS RM1C-E","2016-07-01","***","***","***","***","***","***"]
["EMULSÕES ASF. MOD. POR POLÍMEROS RM1C-E","2016-08-01","***","***","***","***","***","***"]
["EMULSÕES ASF. MOD. POR POLÍMEROS RM1C-E","2016-09-01","***","***","***","***","***","***"]
["EMULSÕES ASF. MOD. POR POLÍMEROS RM1C-E","2016-10-01","***","***","***","***","***","***"]
["EMULSÕES ASF. MOD. POR POLÍMEROS RM1C-E","2016-11-01","***","***","***","***","***","***"]
["EMULSÕES ASF. MOD. POR POLÍMEROS RM1C-E","2016-12-01","***","***","***",1.7301999999999997,"***",1.7301999999999997]
["EMULSÕES ASF. MOD. POR POLÍMEROS RM1C-E","2017-01-01","***","***","***","***","***","***"]
["EMULSÕES ASF. MOD. POR POLÍMEROS RM1C-E","2017-02-01","***","***","***",2.2707700000000002,"***",2.2707700000000002]
["EMULSÕES ASF. MOD. POR POLÍMEROS RM1C-E","2017-03-01","***","***","***","***","***","***"]
["EMULSÕES ASF. MOD. POR POLÍMEROS RM1C-E","2017-04-01","***","***","***","***","***","***"]
["EMULSÕES ASF. MOD. POR POLÍMEROS RM1C-E","2017-05-01","***","***","***","***","***","***"]
["EMULSÕES ASF. MOD. POR POLÍMEROS RM1C-E","2017-06-01","***","***","***","***","***","***"]
["EMULSÕES ASF. MOD. POR POLÍMEROS RM1C-E","2017-07-01","***","***","***","***","***","***"]
["EMULSÕES ASF. MOD. POR POLÍMEROS RM1C-E","2017-08-01","***","***","***","***","***","***"]
["EMULSÕES ASF. MOD. POR POLÍMEROS RM1C-E","2017-09-01","***","***","***","***","***","***"]
["EMULSÕES ASF. MOD. POR POLÍMEROS RM1C-E","2017-10-01","***","***","***","***","***","***"]
["EMULSÕES ASF. MOD. POR POLÍMEROS RM1C-E","2017-11-01","***","***","***","***","***","***"]
["EMULSÕES ASF. MOD. POR POLÍMEROS RM1C-E","2017-12-01","***","***","***","***","***","***"]
["EMULSÕES ASF. MOD. POR POLÍMEROS RM1C-E","2018-01-01","***","***","***","***","***","***"]
["EMULSÕES ASF. MOD. POR POLÍMEROS RM1C-E","2018-02-01","***","***","***","***","***","***"]
["EMULSÕES ASF. MOD. POR POLÍMEROS RM1C-E","2018-03-01","***","***","***","***","***","***"]
["EMULSÕES ASF. MOD. POR POLÍMEROS RM1C-E","2018-04-01","***","***","***","***","***","***"]
["EMULSÕES ASF. MOD. POR POLÍMEROS RM1C-E","2018-05-01","***","***","***","***","***","***"]
["EMULSÕES ASF. MOD. POR POLÍMEROS RM1C-E","2018-06-01","***","***","***","***","***","***"]
["EMULSÕES ASF. MOD. POR POLÍMEROS RM1C-E","2018-07-01","***","***","***","***","***","***"]
["EMULSÕES ASF. MOD. POR POLÍMEROS RM1C-E","2018-08-01","***","***","***","***","***","***"]
["EMULSÕES ASF. MOD. POR POLÍMEROS RM1C-E","2018-09-01","***","***","***","***","***","***"]
["EMULSÕES ASF. MOD. POR POLÍMEROS RM1C-E","2018-10-01","***","***","***","***","***","***"]
["EMULSÕES ASF. MOD. POR POLÍMEROS RM1C-E","2018-11-01","***","***","***","***","***","***"]
["EMULSÕES ASF. MOD. POR POLÍMEROS RM1C-E","2018-12-01","***","***","***","***","***","***"]
["EMULSÕES ASF. MOD. POR POLÍMEROS RM1C-E","2019-01-01","***","***","***","***","***","***"]
["EMULSÕES ASF. MOD. POR POLÍMEROS RM1C-E","2019-02-01","***","***","***","***","***","***"]
["EMULSÕES ASF. MOD. POR POLÍMEROS RM1C-E","2019-03-01","***","***","***","***","***","***"]
["EMULSÕES ASF. MOD. POR POLÍMEROS RM1C-E","2019-04-01","***","***","***","***","***","***"]
["EMULSÕES ASF. MOD. POR POLÍMEROS RM1C-E","2019-05-01","***","***","***","***","***","***"]
["EMULSÕES ASF. MOD. POR POLÍMEROS RM1C-E","2019-06-01","***","***","***","***","***","***"]
["EMULSÕES ASF. MOD. POR POLÍMEROS RM1C-E","2019-07-01","***","***","***","***","***","***"]
["EMULSÕES ASF. MOD. POR POLÍMEROS RM1C-E","2019-08-01","***","***","***","***","***","***"]
["EMULSÕES ASF. MOD. POR POLÍMEROS RM1C-E","2019-09-01","***","***","***","***","***","***"]
["EMULSÕES ASF. MOD. POR POLÍMEROS RM1C-E","2019-10-01","***","***","***","***","***","***"]
["EMULSÕES ASF. MOD. POR POLÍMEROS RM1C-E","2019-11-01","***","***","***","***","***","***"]
["EMULSÕES ASF. MOD. POR POLÍMEROS RM1C-E","2019-12-01","***","***","***","***","***","***"]
["EMULSÕES ASF. MOD. POR POLÍMEROS RM1C-E","2020-01-01","***","***","***","***","***","***"]
["EMULSÕES ASF. MOD. POR POLÍMEROS RM1C-E","2020-02-01","***","***","***","***","***","***"]
["EMULSÕES ASF. MOD. POR POLÍMEROS RM1C-E","2020-03-01","***","***","***","***","***","***"]
["EMULSÕES ASF. MOD. POR POLÍMEROS RM1C-E","2020-04-01","***","***","***","***","***","***"]
["EMULSÕES ASF. MOD. POR POLÍMEROS RM1C-E","2020-05-01","***","***","***","***","***","***"]
["EMULSÕES ASF. MOD. POR POLÍMEROS RM1C-E","2020-06-01","***","***","***","***","***","***"]
["EMULSÕES ASF. MOD. POR POLÍMEROS RM1C-E","2020-07-01","***","***","***","***","***","***"]
["EMULSÕES ASF. MOD. POR POLÍMEROS RM1C-E","2020-08-01","***","***","***","***","***","***"]
["EMULSÕES ASF. MOD. POR POLÍMEROS RM1C-E","2020-09-01","***","***","***","***","***","***"]
["EMULSÕES ASF. MOD. POR POLÍMEROS RM1C-E","2020-10-01","***","***","***","***","***","***"]
["EMULSÕES ASF. MOD. POR POLÍMEROS RM1C-E","2020-11-01","***","***","***","***","***","***"]
["EMULSÕES ASF. MOD. POR POLÍMEROS RM1C-E","2020-12-01","***","***","***","***","***","***"]
["EMULSÕES ASF. MOD. POR POLÍMEROS RM1C-E","2021-01-01","***","***","***","***","***","***"]
["EMULSÕES ASF. MOD. POR POLÍMEROS RM1C-E","2021-02-01","***","***","***","***","***","***"]
["EMULSÕES ASF. MOD. POR POLÍMEROS RM1C-E","2021-03-01","***","***","***","***","***","***"]
["EMULSÕES ASF. MOD. POR POLÍMEROS RM1C-E","2021-04-01","***","***","***","***","***","***"]
["EMULSÕES ASF. MOD. POR POLÍMEROS RM1C-E","2021-05-01","***","***","***","***","***","***"]
["EMULSÕES ASF. MOD. POR POLÍMEROS RM1C-E","2021-06-01","***","***","***","***","***","***"]
["EMULSÕES ASF. MOD. POR POLÍMEROS RM1C-E","2021-07-01","***","***","***","***","***","***"]
["EMULSÕES ASF. MOD. POR POLÍMEROS RM1C-E","2021-08-01","***","***","***","***","***","***"]
["EMULSÕES ASF. MOD. POR POLÍMEROS RM1C-E","2021-09-01","***","***","***","***","***","***"]
["EMULSÕES ASF. MOD. POR POLÍMEROS RM1C-E","2021-10-01","***","***","***","***","***","***"]
["EMULSÕES ASF. MOD. POR POLÍMEROS RM1C-E","2021-11-01","***","***","***","***","***","***"]
["EMULSÕES ASF. MOD. POR POLÍMEROS RM1C-E","2021-12-01","***","***","***","***","***","***"]
["EMULSÕES ASF. MOD. POR POLÍMEROS RM1C-E","2022-01-01","***","***","***","***","***","***"]
["EMULSÕES ASF. MOD. POR POLÍMEROS RM1C-E","2022-02-01","***","***","***","***","***","***"]
["EMULSÕES ASF. MOD. POR POLÍMEROS RM1C-E","2022-03-01","***","***","***","***","***","***"]
["EMULSÕES ASF. MOD. POR POLÍMEROS RM1C-E","2022-04-01","***","***","***","***","***","***"]
["EMULSÕES ASF. MOD. POR POLÍMEROS RM1C-E","2022-05-01","***","***","***","***","***","***"]
["EMULSÕES ASF. MOD. POR POLÍMEROS RM1C-E","2022-06-01","***","***","***","***","***","***"]
["EMULSÕES ASF. MOD. POR POLÍMEROS RM1C-E","2022-07-01","***","***","***","***","***","***"]
["EMULSÕES ASF. MOD. POR POLÍMEROS RM1C-E","2022-08-01","***","***","***","***","***","***"]
["EMULSÕES ASF. MOD. POR POLÍMEROS RM1C-E","2022-09-01","***","***","***","***","***","***"]
["EMULSÕES ASF. MOD. POR POLÍMEROS RM1C-E","2022-10-01","***","***","***","***","***","***"]
["EMULSÕES ASF. MOD. POR POLÍMEROS RM1C-E","2022-11-01","***","***","***","***","***","***"]
["EMULSÕES ASF. MOD. POR POLÍMEROS RM1C-E","2022-12-01","***","***","***","***","***","***"]
["EMULSÕES ASF. MOD. POR POLÍMEROS RM1C-E","2023-01-01","***","***","***","***","***","***"]
["EMULSÕES ASF. MOD. POR POLÍMEROS RM1C-E","2023-02-01","***","***","***","***","***","***"]
["EMULSÕES ASF. MOD. POR POLÍMEROS RM1C-E","2023-03-01","***","***","***","***","***","***"]
["EMULSÕES ASF. MOD. POR POLÍMEROS RM1C-E","2023-04-01","***","***","***","***","***","***"]
["EMULSÕES ASF. MOD. POR POLÍMEROS RM1C-E","2023-05-01","***","***","***","***","***","***"]
["EMULSÕES ASF. MOD. POR POLÍMEROS RM1C-E","2023-06-01","***","***","***","***","***","***"]
["EMULSÕES ASF. MOD. POR POLÍMEROS RM1C-E","2023-07-01","***","***","***","***","***","***"]
["EMULSÕES ASF. MOD. POR POLÍMEROS RM1C-E","2023-08-01","***","***","***","***","***","***"]
["EMULSÕES ASF. MOD. POR POLÍMEROS RM1C-E","2023-09-01","***","***","***","***","***","***"]
["EMULSÕES ASF. MOD. POR POLÍMEROS RM1C-E","2023-10-01","***","***","***","***","***","***"]
["EMULSÕES ASF. MOD. POR POLÍMEROS RM1C-E","2023-11-01","***","***","***","***","***","***"]
["EMULSÕES ASF. MOD. POR POLÍMEROS RM1C-E","2023-12-01","***","***","***","***","***","***"]
["EMULSÕES ASF. MOD. POR POLÍMEROS RM1C-E","2024-01-01","***","***","***","***","***","***"]
["EMULSÕES ASF. MOD. POR POLÍMEROS RM1C-E","2024-02-01","***","***","***","***","***","***"]
["EMULSÕES ASF. MOD. POR POLÍMEROS RM1C-E","2024-03-01","***","***","***","***","***","***"]
["EMULSÕES ASF. MOD. POR POLÍMEROS RM1C-E","2024-04-01","***","***","***","***","***","***"]
["EMULSÕES ASF. MOD. POR POLÍMEROS RM1C-E","2024-05-01","***","***","***","***","***","***"]
["EMULSÕES ASF. MOD. POR POLÍMEROS RM1C-E","2024-06-01","***","***","***","***","***","***"]
["EMULSÕES ASF. MOD. POR POLÍMEROS RM1C-E","2024-07-01","***","***","***","***","***","***"]
["EMULSÕES ASF. MOD. POR POLÍMEROS RR1C-E","2009-12-01","***","***","***",0.89054,1.0026314648010495,0.93210516903121188]
["EMULSÕES ASF. MOD. POR POLÍMEROS RR1C-E","2010-01-01","***","***","***",0.84518038935487216,0.95168362907842019,0.86149581901087313]
["EMULSÕES ASF. MOD. POR POLÍMEROS RR1C-E","2010-02-01","***","***","***",0.85204744344331373,0.95277601001072576,0.86041978901072769]
["EMULSÕES ASF. MOD. POR POLÍMEROS RR1C-E","2010-03-01","***","***","***",0.8738581558400168,0.95218094327597202,0.88504763487366256]
["EMULSÕES ASF. MOD. POR POLÍMEROS RR1C-E","2010-04-01","***","***","***",0.87244571809252325,0.94729999999999992,0.87690010957307329]
["EMULSÕES ASF. MOD. POR POLÍMEROS RR1C-E","2010-05-01","***",1.0957567615658363,"***",0.87534809785202861,0.94730000000000014,0.91388529088497239]
["EMULSÕES ASF. MOD. POR POLÍMEROS RR1C-E","2010-06-01","***",1.09592,"***",0.88266000000000011,0.95085037557547858,0.93425502657937443]
["EMULSÕES ASF. MOD. POR POLÍMEROS RR1C-E","2010-07-01","***","***","***",0.85158577156334225,0.9513265205479452,0.90659540193411903]
["EMULSÕES ASF. MOD. POR POLÍMEROS RR1C-E","2010-08-01","***","***","***",0.8453445985024528,0.94988868013151706,0.90009170212765943]
["EMULSÕES ASF. MOD. POR POLÍMEROS RR1C-E","2010-09-01","***","***","***",0.85007486525406306,0.90563987386124734,0.87062995722618264]
["EMULSÕES ASF. MOD. POR POLÍMEROS RR1C-E","2010-10-01","***","***","***",0.8714642813979252,0.90262350376925604,0.8787883790446841]
["EMULSÕES ASF. MOD. POR POLÍMEROS RR1C-E","2010-11-01","***","***","***",0.85416325882187549,0.88001997532387422,0.86225862095605998]
["EMULSÕES ASF. MOD. POR POLÍMEROS RR1C-E","2010-12-01","***","***","***",0.83430000000000015,0.94730000000000003,0.85775608436242556]
["EMULSÕES ASF. MOD. POR POLÍMEROS RR1C-E","2011-01-01","***","***","***","***",0.84119999999999995,0.84119999999999995]
["EMULSÕES ASF. MOD. POR POLÍMEROS RR1C-E","2011-02-01","***","***","***",0.83430000000000004,0.95066115029842657,0.88201998219848698]
["EMULSÕES ASF. MOD. POR POLÍMEROS RR1C-E","2011-03-01","***","***","***",1.0020500000000001,0.87156845238095237,0.92535473918575073]
["EMULSÕES ASF. MOD. POR POLÍMEROS RR1C-E","2011-04-01","***","***","***",0.83430000000000004,0.88671779319245037,0.87122056584479035]
["EMULSÕES ASF. MOD. POR POLÍMEROS RR1C-E","2011-05-01","***","***","***",0.83430000000000004,0.89410409556313986,0.84452322053675621]
["EMULSÕES ASF. MOD. POR POLÍMEROS RR1C-E","2011-06-01","***","***","***",0.87006825061830162,0.85879799139167867,0.86890655723158816]
["EMULSÕES ASF. MOD. POR POLÍMEROS RR1C-E","2011-07-01","***","***","***",0.89392704039318072,0.89030224126565605,0.89354882866772134]
["EMULSÕES ASF. MOD. POR POLÍMEROS RR1C-E","2011-08-01","***","***","***",0.93508360975963989,"***",0.93508360975963989]
["EMULSÕES ASF. MOD. POR POLÍMEROS RR1C-E","2011-09-01","***","***","***",0.93006348141119655,0.92777840006153611,0.92898289541407886]
["EMULSÕES ASF. MOD. POR POLÍMEROS RR1C-E","2011-10-01","***","***","***",0.92381979738856379,0.84602314049586769,0.86448322329059823]
["EMULSÕES ASF. MOD. POR POLÍMEROS RR1C-E","2011-11-01","***","***","***",1.0047567888111888,1.2438260040388296,1.1863319275633351]
["EMULSÕES ASF. MOD. POR POLÍMEROS RR1C-E","2011-12-01","***","***","***",1.1453,1.3910259210008658,1.3303187054920318]
["EMULSÕES ASF. MOD. POR POLÍMEROS RR1C-E","2012-01-01","***","***","***","***",0.94469526951545024,0.94469526951545024]
["EMULSÕES ASF. MOD. POR POLÍMEROS RR1C-E","2012-02-01","***","***","***",1.1452899999999999,0.893238352553542,0.97334647336480096]
["EMULSÕES ASF. MOD. POR POLÍMEROS RR1C-E","2012-03-01","***","***","***",0.95725903825136616,0.98369662454007345,0.98032090706112196]
["EMULSÕES ASF. MOD. POR POLÍMEROS RR1C-E","2012-04-01","***","***","***",1.008,0.8983183161004431,0.94356693938267033]
["EMULSÕES ASF. MOD. POR POLÍMEROS RR1C-E","2012-05-01","***","***","***",0.96094000000000002,0.89628793895191783,0.90696730183786212]
["EMULSÕES ASF. MOD. POR POLÍMEROS RR1C-E","2012-06-01","***","***","***",0.94838885517241378,0.94129988564894218,0.9433772918350849]
["EMULSÕES ASF. MOD. POR POLÍMEROS RR1C-E","2012-07-01","***","***","***",0.95052000000000003,1.0053579048469956,0.99194218660367806]
["EMULSÕES ASF. MOD. POR POLÍMEROS RR1C-E","2012-08-01","***","***","***",1.0327974677243741,0.97559505956552217,1.0058953217434294]
["EMULSÕES ASF. MOD. POR POLÍMEROS RR1C-E","2012-09-01","***","***","***",1.0316000000000001,1.0448996276420983,1.0420634585559194]
["EMULSÕES ASF. MOD. POR POLÍMEROS RR1C-E","2012-10-01","***","***","***",0.91969999999999996,1.0516000000000001,0.93591416953393802]
["EMULSÕES ASF. MOD. POR POLÍMEROS RR1C-E","2012-11-01","***","***","***","***",1.248419851617611,1.248419851617611]
["EMULSÕES ASF. MOD. POR POLÍMEROS RR1C-E","2012-12-01","***","***","***","***",1.3297201041743627,1.3297201041743627]
["EMULSÕES ASF. MOD. POR POLÍMEROS RR1C-E","2013-01-01","***","***","***","***",1.324947447031432,1.324947447031432]
["EMULSÕES ASF. MOD. POR POLÍMEROS RR1C-E","2013-02-01","***","***","***",0.91890000000000005,1.2961947615878484,1.2620222368983194]
["EMULSÕES ASF. MOD. POR POLÍMEROS RR1C-E","2013-03-01","***","***","***",0.96750000000000014,1.2785343681968764,1.2320034979589491]
["EMULSÕES ASF. MOD. POR POLÍMEROS RR1C-E","2013-04-01","***","***","***",1.0285,1.3772934016653446,1.3750945464933018]
["EMULSÕES ASF. MOD. POR POLÍMEROS RR1C-E","2013-05-01","***","***","***","***",1.2222535387697384,1.2222535387697384]
["EMULSÕES ASF. MOD. POR POLÍMEROS RR1C-E","2013-06-01","***","***","***",0.98640000000000005,1.3493719925751952,1.2816404837616318]
["EMULSÕES ASF. MOD. POR POLÍMEROS RR1C-E","2013-07-01","***","***","***",1.0881936094674556,1.356658311274215,1.3151271058787632]
["EMULSÕES ASF. MOD. POR POLÍMEROS RR1C-E","2013-08-01","***","***","***",1.2147699999999999,1.4131041855819868,1.3949340208498286]
["EMULSÕES ASF. MOD. POR POLÍMEROS RR1C-E","2013-09-01","***","***","***",1.2147699999999999,1.3382603515577278,1.333418729604414]
["EMULSÕES ASF. MOD. POR POLÍMEROS RR1C-E","2013-10-01","***","***","***",0.98640000000000005,1.3498686242786846,1.3311813227886362]
["EMULSÕES ASF. MOD. POR POLÍMEROS RR1C-E","2013-11-01","***",1.1371,1.1243627332931967,"***",1.3890231741228432,1.3251647594077731]
["EMULSÕES ASF. MOD. POR POLÍMEROS RR1C-E","2013-12-01","***","***","***","***",1.2377026907518482,1.2377026907518482]
["EMULSÕES ASF. MOD. POR POLÍMEROS RR1C-E","2014-01-01","***","***","***",0.88609000000000004,1.492464633439583,1.3394014237747092]
["EMULSÕES ASF. MOD. POR POLÍMEROS RR1C-E","2014-02-01","***","***","***",0.91219010821831858,1.3450023594322116,1.2401260278189488]
["EMULSÕES ASF. MOD. POR POLÍMEROS RR1C-E","2014-03-01","***","***","***",0.88609000000000016,1.2881413866027975,1.1952639477242]
["EMULSÕES ASF. MOD. POR POLÍMEROS RR1C-E","2014-04-01","***",0.69880500000000001,"***","***",1.33587744476245,1.193676303245887]
["EMULSÕES ASF. MOD. POR POLÍMEROS RR1C-E","2014-05-01","***",0.69883000000000006,"***","***",1.4274492617893351,1.160821645941037]
["EMULSÕES ASF. MOD. POR POLÍMEROS RR1C-E","2014-06-01","***",1.2101000000000002,"***",1.0291581626794259,1.416564262951004,1.2981517399744122]
["EMULSÕES ASF. MOD. POR POLÍMEROS RR1C-E","2014-07-01","***","***","***",0.97659999999999991,1.4013279142111152,1.359663828971271]
["EMULSÕES ASF. MOD. POR POLÍMEROS RR1C-E","2014-08-01","***","***",0.99380000000000002,1.0403,1.4064825666864877,1.3386385248745702]
["EMULSÕES ASF. MOD. POR POLÍMEROS RR1C-E","2014-09-01","***","***",1.0986,"***",1.2727809775031684,1.16250550627761]
["EMULSÕES ASF. MOD. POR POLÍMEROS RR1C-E","2014-10-01","***",1.0541,1.2508047256097561,"***",1.1422639098250338,1.1857019033823695]
["EMULSÕES ASF. MOD. POR POLÍMEROS RR1C-E","2014-11-01","***","***",1.29,1.0286999999999999,1.1997449951987709,1.2493924208761955]
["EMULSÕES ASF. MOD. POR POLÍMEROS RR1C-E","2014-12-01","***","***","***",1.0915703237228125,1.3793299999999999,1.2257307559803445]
["EMULSÕES ASF. MOD. POR POLÍMEROS RR1C-E","2015-01-01","***","***","***","***",1.3566806261180679,1.3566806261180679]
["EMULSÕES ASF. MOD. POR POLÍMEROS RR1C-E","2015-02-01","***",0.84189499999999995,"***",1.1667799999999999,1.3580797239120261,1.0927276618218691]
["EMULSÕES ASF. MOD. POR POLÍMEROS RR1C-E","2015-03-01","***",0.84173999999999993,"***",1.0744,1.3492419251282051,1.1550382592100896]
["EMULSÕES ASF. MOD. POR POLÍMEROS RR1C-E","2015-04-01","***","***","***",1.1322899048407116,1.2765727014591823,1.2417830446927376]
["EMULSÕES ASF. MOD. POR POLÍMEROS RR1C-E","2015-05-01","***","***","***",1.4910199910487305,1.3793299999999999,1.4785693268221294]
["EMULSÕES ASF. MOD. POR POLÍMEROS RR1C-E","2015-06-01","***","***","***",1.511195382757059,1.2586558695652172,1.3759550627673749]
["EMULSÕES ASF. MOD. POR POLÍMEROS RR1C-E","2015-07-01","***","***","***","***",1.3793299999999999,1.3793299999999999]
["EMULSÕES ASF. MOD. POR POLÍMEROS RR1C-E","2015-08-01","***","***","***",1.3466977468014534,1.23388506063782,1.3077403024662635]
["EMULSÕES ASF. MOD. POR POLÍMEROS RR1C-E","2015-09-01","***",0.87291000000000007,"***",1.2148399999999999,1.3793299999999999,1.1499396191456512]
["EMULSÕES ASF. MOD. POR POLÍMEROS RR1C-E","2015-10-01","***","***","***",1.2048783021690352,1.3793299999999999,1.3286791889074681]
["EMULSÕES ASF. MOD. POR POLÍMEROS RR1C-E","2015-11-01","***","***","***",1.2925068755020082,1.36981,1.3159099495959676]
["EMULSÕES ASF. MOD. POR POLÍMEROS RR1C-E","2015-12-01","***","***","***","***",1.36981,1.36981]
["EMULSÕES ASF. MOD. POR POLÍMEROS RR1C-E","2016-01-01","***","***","***","***",1.36981,1.36981]
["EMULSÕES ASF. MOD. POR POLÍMEROS RR1C-E","2016-02-01","***","***","***",1.18509,"***",1.18509]
["EMULSÕES ASF. MOD. POR POLÍMEROS RR1C-E","2016-03-01","***","***","***","***",1.3213944886896696,1.3213944886896696]
["EMULSÕES ASF. MOD. POR POLÍMEROS RR1C-E","2016-04-01","***","***","***","***","***","***"]
["EMULSÕES ASF. MOD. POR POLÍMEROS RR1C-E","2016-05-01","***","***","***","***",1.5654028007392473,1.5654028007392473]
["EMULSÕES ASF. MOD. POR POLÍMEROS RR1C-E","2016-06-01","***",1.5429600000000001,"***","***",1.7995532328406263,1.7866094663702057]
["EMULSÕES ASF. MOD. POR POLÍMEROS RR1C-E","2016-07-01","***",1.5505199999999999,"***","***",1.6469692312661499,1.6368770044168683]
["EMULSÕES ASF. MOD. POR POLÍMEROS RR1C-E","2016-08-01","***",1.54278,1.8303900000000002,"***",1.4733203244773516,1.6138318346118841]
["EMULSÕES ASF. MOD. POR POLÍMEROS RR1C-E","2016-09-01","***","***",1.6471604452690167,1.4177454226587163,1.5427672301444044,1.5583943757046914]
["EMULSÕES ASF. MOD. POR POLÍMEROS RR1C-E","2016-10-01","***","***","***",1.4019699999999999,1.3774717203743552,1.3813139682609075]
["EMULSÕES ASF. MOD. POR POLÍMEROS RR1C-E","2016-11-01","***","***","***","***",1.46079,1.46079]
["EMULSÕES ASF. MOD. POR POLÍMEROS RR1C-E","2016-12-01","***","***","***",1.2174700000000001,1.352965263573904,1.3423573907195696]
["EMULSÕES ASF. MOD. POR POLÍMEROS RR1C-E","2017-01-01","***","***","***","***",1.4228301741364544,1.4228301741364544]
["EMULSÕES ASF. MOD. POR POLÍMEROS RR1C-E","2017-02-01","***","***","***","***",1.4239487032141369,1.4239487032141369]
["EMULSÕES ASF. MOD. POR POLÍMEROS RR1C-E","2017-03-01","***","***","***","***",1.46079,1.46079]
["EMULSÕES ASF. MOD. POR POLÍMEROS RR1C-E","2017-04-01","***","***","***",1.0603,1.4627893591772152,1.3155118281496345]
["EMULSÕES ASF. MOD. POR POLÍMEROS RR1C-E","2017-05-01","***","***","***","***",1.46079,1.46079]
["EMULSÕES ASF. MOD. POR POLÍMEROS RR1C-E","2017-06-01","***","***","***","***",1.3958724687679083,1.3958724687679083]
["EMULSÕES ASF. MOD. POR POLÍMEROS RR1C-E","2017-07-01","***","***",1.2437,"***",1.4303691989664082,1.4042820566347733]
["EMULSÕES ASF. MOD. POR POLÍMEROS RR1C-E","2017-08-01","***","***","***",1.3461000000000001,1.3415985993015487,1.3420480318458277]
["EMULSÕES ASF. MOD. POR POLÍMEROS RR1C-E","2017-09-01","***","***",1.1777,1.2202436390408078,1.3167783982930299,1.2706298457511973]
["EMULSÕES ASF. MOD. POR POLÍMEROS RR1C-E","2017-10-01","***","***","***","***",1.3109794191958095,1.3109794191958095]
["EMULSÕES ASF. MOD. POR POLÍMEROS RR1C-E","2017-11-01","***","***","***","***",1.4324767785977859,1.4324767785977859]
["EMULSÕES ASF. MOD. POR POLÍMEROS RR1C-E","2017-12-01","***","***","***",1.15527,1.4390455897126784,1.3784607569532237]
["EMULSÕES ASF. MOD. POR POLÍMEROS RR1C-E","2018-01-01","***","***","***","***",1.4603554817944078,1.4603554817944078]
["EMULSÕES ASF. MOD. POR POLÍMEROS RR1C-E","2018-02-01","***","***","***","***",1.4585830151350283,1.4585830151350283]
["EMULSÕES ASF. MOD. POR POLÍMEROS RR1C-E","2018-03-01","***","***","***",1.2067075301327888,1.458595689166194,1.3936979293647036]
["EMULSÕES ASF. MOD. POR POLÍMEROS RR1C-E","2018-04-01","***","***","***",1.1761542709077912,1.4617748744664825,1.4191071516284035]
["EMULSÕES ASF. MOD. POR POLÍMEROS RR1C-E","2018-05-01","***","***",1.4948399999999999,1.2908318100890206,1.4715571388281747,1.4597138328496808]
["EMULSÕES ASF. MOD. POR POLÍMEROS RR1C-E","2018-06-01","***",1.57789,"***",1.63083,1.5913585134489894,1.5971873122866893]
["EMULSÕES ASF. MOD. POR POLÍMEROS RR1C-E","2018-07-01","***",1.57789,"***",1.6081463063707946,1.6020399365973932,1.604608451765235]
["EMULSÕES ASF. MOD. POR POLÍMEROS RR1C-E","2018-08-01","***","***","***",1.6742313674898635,1.6369256078100065,1.6444978452790662]
["EMULSÕES ASF. MOD. POR POLÍMEROS RR1C-E","2018-09-01","***","***",2.2341700000000002,1.8784508130081299,1.4692400000000003,1.8123022041166381]
["EMULSÕES ASF. MOD. POR POLÍMEROS RR1C-E","2018-10-01","***","***",2.2341700000000007,1.8489347157668929,1.4692400000000001,1.9321701432588034]
["EMULSÕES ASF. MOD. POR POLÍMEROS RR1C-E","2018-11-01","***","***","***","***","***","***"]
["EMULSÕES ASF. MOD. POR POLÍMEROS RR1C-E","2018-12-01","***","***","***","***",2.2082000000000002,2.2082000000000002]
["EMULSÕES ASF. MOD. POR POLÍMEROS RR1C-E","2019-01-01","***","***","***","***",2.3943699999999999,2.3943699999999999]
["EMULSÕES ASF. MOD. POR POLÍMEROS RR1C-E","2019-02-01","***","***",2.46007,"***",2.53078,2.4793220260408027]
["EMULSÕES ASF. MOD. POR POLÍMEROS RR1C-E","2019-03-01","***","***","***",2.2281200000000001,"***",2.2281200000000001]
["EMULSÕES ASF. MOD. POR POLÍMEROS RR1C-E","2019-04-01","***","***",2.46007,"***","***",2.46007]
["EMULSÕES ASF. MOD. POR POLÍMEROS RR1C-E","2019-05-01","***",2.2618,2.6475246147296718,"***",2.1901099999999998,2.4639514823187469]
["EMULSÕES ASF. MOD. POR POLÍMEROS RR1C-E","2019-06-01","***",2.2618200000000002,2.64662,"***",2.2395700000000001,2.4087667156105104]
["EMULSÕES ASF. MOD. POR POLÍMEROS RR1C-E","2019-07-01","***",2.3224532118504584,2.692232426398244,"***",2.1904599999999994,2.5693675399125349]
["EMULSÕES ASF. MOD. POR POLÍMEROS RR1C-E","2019-08-01","***",2.1289699999999998,2.6324100000000001,2.1677650925181013,2.173538428860418,2.3804612869449966]
["EMULSÕES ASF. MOD. POR POLÍMEROS RR1C-E","2019-09-01","***",2.1289799999999999,2.5795499999999998,2.1032899999999999,"***",2.3751069315023705]
["EMULSÕES ASF. MOD. POR POLÍMEROS RR1C-E","2019-10-01","***","***","***",2.1116279485820302,"***",2.1116279485820302]
["EMULSÕES ASF. MOD. POR POLÍMEROS RR1C-E","2019-11-01","***","***","***",2.2421600000000002,2.2077649072512644,2.2182431496247657]
["EMULSÕES ASF. MOD. POR POLÍMEROS RR1C-E","2019-12-01","***","***","***",2.0493600000000001,2.23848,2.1376642896935931]
["EMULSÕES ASF. MOD. POR POLÍMEROS RR1C-E","2020-01-01","***","***","***",2.2421799999999998,"***",2.2421799999999998]
["EMULSÕES ASF. MOD. POR POLÍMEROS RR1C-E","2020-02-01","***","***","***",2.1088,"***",2.1088]
["EMULSÕES ASF. MOD. POR POLÍMEROS RR1C-E","2020-03-01","***","***","***",2.1085400000000001,"***",2.1085400000000001]
["EMULSÕES ASF. MOD. POR POLÍMEROS RR1C-E","2020-04-01","***","***","***","***","***","***"]
["EMULSÕES ASF. MOD. POR POLÍMEROS RR1C-E","2020-05-01","***","***","***","***","***","***"]
["EMULSÕES ASF. MOD. POR POLÍMEROS RR1C-E","2020-06-01","***","***","***",2.3820000000000001,2.1860900000000001,2.2816695335129675]
["EMULSÕES ASF. MOD. POR POLÍMEROS RR1C-E","2020-07-01","***",1.85456,"***","***","***",1.85456]
["EMULSÕES ASF. MOD. POR POLÍMEROS RR1C-E","2020-08-01","***",1.9805600000000001,"***",2.0933593915211968,2.2533301575286413,2.1754737822436656]
["EMULSÕES ASF. MOD. POR POLÍMEROS RR1C-E","2020-09-01","***",1.9805600000000001,"***","***",1.2230786132407789,1.3531633213910281]
["EMULSÕES ASF. MOD. POR POLÍMEROS RR1C-E","2020-10-01","***",2.1169909623430962,"***","***",2.08819,2.1075862479679204]
["EMULSÕES ASF. MOD. POR POLÍMEROS RR1C-E","2020-11-01","***",2.016,"***","***",2.2705299999999999,2.1381327000630121]
["EMULSÕES ASF. MOD. POR POLÍMEROS RR1C-E","2020-12-01","***","***","***","***","***","***"]
["EMULSÕES ASF. MOD. POR POLÍMEROS RR1C-E","2021-01-01","***",2.016,"***","***",2.2397499999999999,2.1207387144259076]
["EMULSÕES ASF. MOD. POR POLÍMEROS RR1C-E","2021-02-01","***","***","***","***",2.45947,2.45947]
["EMULSÕES ASF. MOD. POR POLÍMEROS RR1C-E","2021-03-01","***","***","***","***",2.4467150647058822,2.4467150647058822]
["EMULSÕES ASF. MOD. POR POLÍMEROS RR1C-E","2021-04-01","***",2.6312000000000002,"***","***",2.4843189884064558,2.5237445584566771]
["EMULSÕES ASF. MOD. POR POLÍMEROS RR1C-E","2021-05-01","***","***","***","***",3.0254984626267389,3.0254984626267389]
["EMULSÕES ASF. MOD. POR POLÍMEROS RR1C-E","2021-06-01","***",3.0931999999999999,"***","***",2.8313657222770647,2.9601596438722622]
["EMULSÕES ASF. MOD. POR POLÍMEROS RR1C-E","2021-07-01","***","***","***",2.7347000000000001,3.0211000000000006,2.905569544171037]
["EMULSÕES ASF. MOD. POR POLÍMEROS RR1C-E","2021-08-01","***",2.9802499999999998,"***",2.7554599999999998,3.2498544636678197,3.1036280487486962]
["EMULSÕES ASF. MOD. POR POLÍMEROS RR1C-E","2021-09-01","***","***","***",3.0580465818547036,3.2546388999999998,3.1237672141742809]
["EMULSÕES ASF. MOD. POR POLÍMEROS RR1C-E","2021-10-01","***",3.0279400000000001,"***",3.3371881557177616,3.3223293691037732,3.2822440990080821]
["EMULSÕES ASF. MOD. POR POLÍMEROS RR1C-E","2021-11-01","***","***","***",3.1308131578947371,3.7197956847230675,3.47853083363277]
["EMULSÕES ASF. MOD. POR POLÍMEROS RR1C-E","2021-12-01","***",3.3168799999999998,"***",3.3643000000000001,3.6635167755385685,3.4848407662236118]
["EMULSÕES ASF. MOD. POR POLÍMEROS RR1C-E","2022-01-01","***","***","***","***",3.6922630674157308,3.6922630674157308]
["EMULSÕES ASF. MOD. POR POLÍMEROS RR1C-E","2022-02-01","***","***","***","***",3.9474800000000001,3.9474800000000001]
["EMULSÕES ASF. MOD. POR POLÍMEROS RR1C-E","2022-03-01","***","***","***","***",3.8811136250816451,3.8811136250816451]
["EMULSÕES ASF. MOD. POR POLÍMEROS RR1C-E","2022-04-01","***","***","***","***",3.9067799999999995,3.9067799999999995]
["EMULSÕES ASF. MOD. POR POLÍMEROS RR1C-E","2022-05-01","***",3.5609299999999999,"***","***",3.7803658879113717,3.7113541098950198]
["EMULSÕES ASF. MOD. POR POLÍMEROS RR1C-E","2022-06-01","***","***","***","***",3.7705199999999994,3.7705199999999994]
["EMULSÕES ASF. MOD. POR POLÍMEROS RR1C-E","2022-07-01","***",3.5950899999999999,"***","***",3.5305297726188587,3.5423670718088558]
["EMULSÕES ASF. MOD. POR POLÍMEROS RR1C-E","2022-08-01","***",3.78295,"***","***",3.2968199999999999,3.561594833625219]
["EMULSÕES ASF. MOD. POR POLÍMEROS RR1C-E","2022-09-01","***",3.7488000000000001,"***","***",3.20791,3.6752980429128743]
["EMULSÕES ASF. MOD. POR POLÍMEROS RR1C-E","2022-10-01","***",3.1893699999999998,"***","***",2.9241795302445301,3.0617632528255148]
["EMULSÕES ASF. MOD. POR POLÍMEROS RR1C-E","2022-11-01","***","***","***","***",3.2838170199370409,3.2838170199370409]
["EMULSÕES ASF. MOD. POR POLÍMEROS RR1C-E","2022-12-01","***","***","***","***",2.9880399999999998,2.9880399999999998]
["EMULSÕES ASF. MOD. POR POLÍMEROS RR1C-E","2023-01-01","***",3.0318700000000001,"***","***",3.3519600000000001,3.1779847808132149]
["EMULSÕES ASF. MOD. POR POLÍMEROS RR1C-E","2023-02-01","***","***","***","***",2.7701099999999999,2.7701099999999999]
["EMULSÕES ASF. MOD. POR POLÍMEROS RR1C-E","2023-03-01","***",2.9674399999999999,"***","***","***",2.9674399999999999]
["EMULSÕES ASF. MOD. POR POLÍMEROS RR1C-E","2023-04-01","***","***","***","***","***","***"]
["EMULSÕES ASF. MOD. POR POLÍMEROS RR1C-E","2023-05-01","***","***","***","***",3.4115480763116057,3.4115480763116057]
["EMULSÕES ASF. MOD. POR POLÍMEROS RR1C-E","2023-06-01","***","***","***","***","***","***"]
["EMULSÕES ASF. MOD. POR POLÍMEROS RR1C-E","2023-07-01","***","***","***",5.9894999999999996,2.43187,2.5307617303683112]
["EMULSÕES ASF. MOD. POR POLÍMEROS RR1C-E","2023-08-01","***","***","***",2.4742999999999999,1.8361637363966146,2.2469244334338647]
["EMULSÕES ASF. MOD. POR POLÍMEROS RR1C-E","2023-09-01","***",2.8280068670711529,3.5404,2.5739200000000002,2.7266699999999995,2.9644456129156995]
["EMULSÕES ASF. MOD. POR POLÍMEROS RR1C-E","2023-10-01","***",3.1496900000000001,3.5404000000000004,2.32484,2.7266699999999999,3.171523038360057]
["EMULSÕES ASF. MOD. POR POLÍMEROS RR1C-E","2023-11-01","***","***",3.5937000000000001,"***","***",3.5937000000000001]
["EMULSÕES ASF. MOD. POR POLÍMEROS RR1C-E","2023-12-01","***","***",3.69353,"***",2.7507700000000002,3.4187292293349909]
["EMULSÕES ASF. MOD. POR POLÍMEROS RR1C-E","2024-01-01","***","***",3.4829799999999995,2.3956599999999999,2.7116099999999999,2.9643051687270296]
["EMULSÕES ASF. MOD. POR POLÍMEROS RR1C-E","2024-02-01","***","***",3.3849799999999997,"***",2.7115999999999998,3.3452766106989458]
["EMULSÕES ASF. MOD. POR POLÍMEROS RR1C-E","2024-03-01","***","***","***",2.3956599999999999,2.8766428506047728,2.752864792425346]
["EMULSÕES ASF. MOD. POR POLÍMEROS RR1C-E","2024-04-01","***",2.6120399999999999,"***",2.3956599999999999,2.97343,2.7620548537647793]
["EMULSÕES ASF. MOD. POR POLÍMEROS RR1C-E","2024-05-01","***",2.6284863136363636,"***",2.8270299999999997,"***",2.672930119950609]
["EMULSÕES ASF. MOD. POR POLÍMEROS RR1C-E","2024-06-01","***","***","***","***","***","***"]
["EMULSÕES ASF. MOD. POR POLÍMEROS RR1C-E","2024-07-01","***","***","***","***",2.8773123670605614,2.8773123670605614]
["EMULSÕES ASF. MOD. POR POLÍMEROS RR2C-E","2009-12-01","***",0.91073000000000015,1.3482015124576889,0.97463384143280862,1.064896808041341,1.1251529238674067]
["EMULSÕES ASF. MOD. POR POLÍMEROS RR2C-E","2010-01-01","***",0.9693552443572403,1.3844562371787055,0.99360614972778138,1.1459363248461107,1.0605545362413358]
["EMULSÕES ASF. MOD. POR POLÍMEROS RR2C-E","2010-02-01","***",0.97387734613893795,1.3294654088567808,1.0191973787735122,1.0289061801553787,1.0252560058556988]
["EMULSÕES ASF. MOD. POR POLÍMEROS RR2C-E","2010-03-01","***",0.98538961557897331,1.3563176982107437,0.98313385779847928,1.0331116510426284,1.0211207741717185]
["EMULSÕES ASF. MOD. POR POLÍMEROS RR2C-E","2010-04-01","***",1.0259216150962451,1.363112940816396,1.0063451527980307,1.0375686460852214,1.0555331596185491]
["EMULSÕES ASF. MOD. POR POLÍMEROS RR2C-E","2010-05-01","***",1.0057743738571969,1.3778442603518921,1.0196485259137658,1.0109797276414916,1.1181722303374833]
["EMULSÕES ASF. MOD. POR POLÍMEROS RR2C-E","2010-06-01","***",1.0022666921185934,1.2876981818851252,0.99832096772613732,1.0424317771402385,1.0345939802202011]
["EMULSÕES ASF. MOD. POR POLÍMEROS RR2C-E","2010-07-01","***",1.0264999339416405,1.3213210761356364,0.9937038466277921,1.1646360662251656,1.0389420277703152]
["EMULSÕES ASF. MOD. POR POLÍMEROS RR2C-E","2010-08-01","***",1.0369185782919894,1.4376747133548193,0.95222752554253143,1.0748169951194884,1.0824424827087062]
["EMULSÕES ASF. MOD. POR POLÍMEROS RR2C-E","2010-09-01","***",0.97521682852227098,1.284456580863675,0.90286433857443882,1.1372663272397643,1.0656619840078314]
["EMULSÕES ASF. MOD. POR POLÍMEROS RR2C-E","2010-10-01","***",1.0427381205244024,1.2049290652502616,0.9658636812946495,1.0085314037626629,1.0329083311998859]
["EMULSÕES ASF. MOD. POR POLÍMEROS RR2C-E","2010-11-01","***",0.91288663384184887,1.173975467309712,0.9772618361117632,0.92572641885164297,0.99952363154160029]
["EMULSÕES ASF. MOD. POR POLÍMEROS RR2C-E","2010-12-01","***",0.91350776287425162,1.1860042742062866,0.93655554129965091,0.96251999999999993,0.97345868233789057]
["EMULSÕES ASF. MOD. POR POLÍMEROS RR2C-E","2011-01-01","***",0.876990195129566,1.2326601670275286,0.91837124792013314,0.93761864041003506,0.91315001623483461]
["EMULSÕES ASF. MOD. POR POLÍMEROS RR2C-E","2011-02-01","***",0.89596164658059729,"***",0.90391722854893719,0.94078084950949714,0.90510198348277504]
["EMULSÕES ASF. MOD. POR POLÍMEROS RR2C-E","2011-03-01","***",1.0425603096774194,1.14266,0.98263565344722392,0.94076174903193643,0.9816808458299825]
["EMULSÕES ASF. MOD. POR POLÍMEROS RR2C-E","2011-04-01","***",1.01892,"***",0.97933343078801793,0.93411320802130937,0.95512094993801011]
["EMULSÕES ASF. MOD. POR POLÍMEROS RR2C-E","2011-05-01","***","***",1.103676260861076,0.95844269973168883,0.92870896473853837,0.96062016096050473]
["EMULSÕES ASF. MOD. POR POLÍMEROS RR2C-E","2011-06-01","***",0.99434,1.1807970560446639,0.92473898881155314,0.94270465618153876,0.95531757880039658]
["EMULSÕES ASF. MOD. POR POLÍMEROS RR2C-E","2011-07-01","***",0.90549999999999997,1.1593346519079522,0.93690198653198642,0.93796602834577514,0.94844019907287991]
["EMULSÕES ASF. MOD. POR POLÍMEROS RR2C-E","2011-08-01","***",0.92192640057361386,1.327846235047478,0.90058197635880433,0.92986433260393864,0.95617189469650299]
["EMULSÕES ASF. MOD. POR POLÍMEROS RR2C-E","2011-09-01","***",1.0188999999999999,1.1825332688664352,0.92010725501388058,0.9220801830014187,1.0228430709444361]
["EMULSÕES ASF. MOD. POR POLÍMEROS RR2C-E","2011-10-01","***",1.0291999999999999,1.0211078098343551,0.85278281905381259,0.92233270840917359,0.95865456752187295]
["EMULSÕES ASF. MOD. POR POLÍMEROS RR2C-E","2011-11-01","***",1.0167213758947895,1.0572052130504548,0.90260209552904258,0.92230285534591205,1.0027919387519557]
["EMULSÕES ASF. MOD. POR POLÍMEROS RR2C-E","2011-12-01","***",0.94254161410853743,1.0198442419911584,0.94580500523012556,1.1406720837777564,1.0085832770758691]
["EMULSÕES ASF. MOD. POR POLÍMEROS RR2C-E","2012-01-01","***","***","***",0.9499488425345044,1.2959912,1.1457807584164481]
["EMULSÕES ASF. MOD. POR POLÍMEROS RR2C-E","2012-02-01","***","***",0.98616999999999999,1.0596629093476917,0.94771054271896815,1.0062128911593347]
["EMULSÕES ASF. MOD. POR POLÍMEROS RR2C-E","2012-03-01","***",0.91441830903887122,1.0160555699824882,1.0271862132034633,0.90274780667088217,0.96543823815209251]
["EMULSÕES ASF. MOD. POR POLÍMEROS RR2C-E","2012-04-01","***",0.99975758325430164,1.05167816441304,0.9940148131642097,0.81271701976143851,1.0328483323763917]
["EMULSÕES ASF. MOD. POR POLÍMEROS RR2C-E","2012-05-01","***",0.98930999999999991,1.0695710716912474,1.0661405811192766,0.93174103713188206,1.0610959913579545]
["EMULSÕES ASF. MOD. POR POLÍMEROS RR2C-E","2012-06-01","***",0.97567027619602753,1.1183954334854334,0.91789838738596219,0.97188565734164367,1.0730589498780974]
["EMULSÕES ASF. MOD. POR POLÍMEROS RR2C-E","2012-07-01","***",0.99142832561166061,1.1495598031692607,1.0006129988552921,0.77495000000000003,1.1135641637742253]
["EMULSÕES ASF. MOD. POR POLÍMEROS RR2C-E","2012-08-01","***",1.0083846462076642,1.1776659524165074,0.98261376747216311,0.85809412330634183,1.1299888137170995]
["EMULSÕES ASF. MOD. POR POLÍMEROS RR2C-E","2012-09-01","***",1.01586,1.172634867365008,0.87997914575666325,0.77495000000000014,1.1052008701795699]
["EMULSÕES ASF. MOD. POR POLÍMEROS RR2C-E","2012-10-01","***",1.01586,1.203518780900759,0.88132266274238213,0.77495000000000003,1.137102065849193]
["EMULSÕES ASF. MOD. POR POLÍMEROS RR2C-E","2012-11-01","***","***",1.2074963172320901,0.92897941839525133,0.77495000000000003,1.1241170972860712]
["EMULSÕES ASF. MOD. POR POLÍMEROS RR2C-E","2012-12-01","***",1.0310619154360261,1.2244743826645097,1.0867397145669291,0.77495000000000003,1.1109499297330991]
["EMULSÕES ASF. MOD. POR POLÍMEROS RR2C-E","2013-01-01","***",1.0207094422503427,1.1639900000000001,1.0191901817257594,0.77495000000000003,1.013285423148409]
["EMULSÕES ASF. MOD. POR POLÍMEROS RR2C-E","2013-02-01","***",1.040408108127854,1.165595168539326,1.1213133277832004,1.0846,1.0797058632227987]
["EMULSÕES ASF. MOD. POR POLÍMEROS RR2C-E","2013-03-01","***",1.0459037408031204,1.1457691854185419,1.0427425733936193,1.0860000000000001,1.0559334668384242]
["EMULSÕES ASF. MOD. POR POLÍMEROS RR2C-E","2013-04-01","***",1.0450615067519549,1.1722468467797387,1.0734656618705036,1.0851999999999997,1.092194868944506]
["EMULSÕES ASF. MOD. POR POLÍMEROS RR2C-E","2013-05-01","***",1.01586,1.1956835689441176,1.0189430222145688,1.0874811502376021,1.1725298780805569]
["EMULSÕES ASF. MOD. POR POLÍMEROS RR2C-E","2013-06-01","***",1.0707762262568159,1.1652365414842842,1.1324555936282374,"***",1.1568578755605823]
["EMULSÕES ASF. MOD. POR POLÍMEROS RR2C-E","2013-07-01","***",1.0465773569595673,1.1494511240295302,1.3725700000000001,0.9502744302949061,1.1296285660121443]
["EMULSÕES ASF. MOD. POR POLÍMEROS RR2C-E","2013-08-01",1.1894199999999999,1.0682611078346165,1.2315269669972844,1.0074673948480148,1.0851182650862068,1.1654649484550903]
["EMULSÕES ASF. MOD. POR POLÍMEROS RR2C-E","2013-09-01",1.1894199999999999,1.1440045906870879,1.2528628579577101,1.1019623604142199,1.0836609482620536,1.2098457782846987]
["EMULSÕES ASF. MOD. POR POLÍMEROS RR2C-E","2013-10-01",1.1894199999999999,1.0918590735436384,1.1911388203371553,1.0903726192209227,1.1026447060664544,1.1513442354059602]
["EMULSÕES ASF. MOD. POR POLÍMEROS RR2C-E","2013-11-01",1.1894199999999999,1.15428960458881,1.2205610993447065,1.0669682677895014,1.1345570929139241,1.1729076354105372]
["EMULSÕES ASF. MOD. POR POLÍMEROS RR2C-E","2013-12-01","***",1.2668440149370954,1.1935266914065994,0.98873296904943175,1.1240429736243138,1.1748054077038796]
["EMULSÕES ASF. MOD. POR POLÍMEROS RR2C-E","2014-01-01","***",1.247356749397867,1.2159570565571851,1.0686530727242818,1.1165981920427386,1.1783926418801733]
["EMULSÕES ASF. MOD. POR POLÍMEROS RR2C-E","2014-02-01","***",1.0548471918307802,1.261290915991903,1.0574515916557639,0.95132467546754673,1.1015334699168118]
["EMULSÕES ASF. MOD. POR POLÍMEROS RR2C-E","2014-03-01","***",1.0546396102592919,1.2107343531041335,1.032502960412818,"***",1.1093446478087736]
["EMULSÕES ASF. MOD. POR POLÍMEROS RR2C-E","2014-04-01","***",1.0544453727266359,1.2595154955199335,1.0732031631384593,1.1143799999999999,1.1711471907965776]
["EMULSÕES ASF. MOD. POR POLÍMEROS RR2C-E","2014-05-01","***",1.0572356763041122,1.2224131289725235,1.0642879506616005,1.0906,1.1427100535994106]
["EMULSÕES ASF. MOD. POR POLÍMEROS RR2C-E","2014-06-01","***",1.0127070776406544,1.2330664120299948,1.0569769532179196,0.99095999999999984,1.1457222562331786]
["EMULSÕES ASF. MOD. POR POLÍMEROS RR2C-E","2014-07-01","***",1.0610044606223692,1.1877229535623102,1.0339776766346456,0.96319894476385837,1.1296284937685945]
["EMULSÕES ASF. MOD. POR POLÍMEROS RR2C-E","2014-08-01","***",1.185060196115338,1.1631348804929769,1.1093563689436654,1.3945000000000001,1.1599434439559446]
["EMULSÕES ASF. MOD. POR POLÍMEROS RR2C-E","2014-09-01","***",1.2859173625880433,1.2292168192483086,1.0394028159546929,1.0980686474501107,1.209428199373332]
["EMULSÕES ASF. MOD. POR POLÍMEROS RR2C-E","2014-10-01","***",1.2075999888220745,1.140759223294723,1.0200284186428414,1.0012025230615806,1.1319441142669944]
["EMULSÕES ASF. MOD. POR POLÍMEROS RR2C-E","2014-11-01","***",1.2097424733375719,1.1481782517951935,1.0805822762439319,1.006739234411997,1.1508560082074619]
["EMULSÕES ASF. MOD. POR POLÍMEROS RR2C-E","2014-12-01","***",1.4203582304245668,1.2656279883147512,1.2965096950456951,1.1009080576093655,1.3043207249647133]
["EMULSÕES ASF. MOD. POR POLÍMEROS RR2C-E","2015-01-01","***",1.89,"***",1.3687025589586521,"***",1.6658315727895341]
["EMULSÕES ASF. MOD. POR POLÍMEROS RR2C-E","2015-02-01","***","***","***",1.3240290071954077,1.474788650100739,1.3532830774744249]
["EMULSÕES ASF. MOD. POR POLÍMEROS RR2C-E","2015-03-01","***",1.3440993359992559,1.5022999999999997,1.3077129657664694,1.4598499999999999,1.348052529738436]
["EMULSÕES ASF. MOD. POR POLÍMEROS RR2C-E","2015-04-01","***",1.7966579515744003,1.4824299999999999,1.3020135980583167,1.1632354545454546,1.4613749808653618]
["EMULSÕES ASF. MOD. POR POLÍMEROS RR2C-E","2015-05-01","***","***",1.4736734340949034,1.3437811129980404,1.0866682456631225,1.3685169804060329]
["EMULSÕES ASF. MOD. POR POLÍMEROS RR2C-E","2015-06-01","***",2.0246,1.4221099980919669,1.2850635255712732,1.1362413661971831,1.3419107360259646]
["EMULSÕES ASF. MOD. POR POLÍMEROS RR2C-E","2015-07-01","***",1.3040171705137751,1.2050277566137566,1.2723727289889981,1.0527027375603262,1.2187224509803922]
["EMULSÕES ASF. MOD. POR POLÍMEROS RR2C-E","2015-08-01","***","***",1.4304241234287407,1.2877805560334372,1.1832146505829233,1.3109193235217733]
["EMULSÕES ASF. MOD. POR POLÍMEROS RR2C-E","2015-09-01","***","***",1.3681639026177814,1.3284410235816815,1.1654292899767371,1.335152918025774]
["EMULSÕES ASF. MOD. POR POLÍMEROS RR2C-E","2015-10-01","***",1.9799999999999998,1.5313464230925111,1.3928056922388734,1.4202399999999999,1.584727438826778]
["EMULSÕES ASF. MOD. POR POLÍMEROS RR2C-E","2015-11-01","***",2.1295271177074286,1.7236552366822102,1.4988003398917344,"***",1.8252301252129475]
["EMULSÕES ASF. MOD. POR POLÍMEROS RR2C-E","2015-12-01","***",1.9659285604345857,1.5857699999999999,1.4862204200749829,"***",1.652229903089335]
["EMULSÕES ASF. MOD. POR POLÍMEROS RR2C-E","2016-01-01","***","***",2.39249,1.4319490265136525,"***",1.7155483694338571]
["EMULSÕES ASF. MOD. POR POLÍMEROS RR2C-E","2016-02-01","***","***",2.3908767881241566,1.3519587282764263,"***",1.4472652318167751]
["EMULSÕES ASF. MOD. POR POLÍMEROS RR2C-E","2016-03-01","***",1.53504,1.70774,1.4605829949832776,"***",1.4744193261511012]
["EMULSÕES ASF. MOD. POR POLÍMEROS RR2C-E","2016-04-01","***",1.7567199999999998,1.73264,1.5643557069314213,1.6958915113937467,1.6604180378746218]
["EMULSÕES ASF. MOD. POR POLÍMEROS RR2C-E","2016-05-01","***","***",1.5669751288304525,1.5305542446460139,1.6832552074891716,1.5599606403859498]
["EMULSÕES ASF. MOD. POR POLÍMEROS RR2C-E","2016-06-01","***","***",1.7023000640934001,1.5752502187631467,1.7093499999999997,1.6420744232150213]
["EMULSÕES ASF. MOD. POR POLÍMEROS RR2C-E","2016-07-01","***",1.5349599999999999,1.7126558824373053,1.5713038020383485,1.7058176536976537,1.6696668943707345]
["EMULSÕES ASF. MOD. POR POLÍMEROS RR2C-E","2016-08-01","***",1.5955299999999999,1.7508424629029866,1.6220628054342554,1.5319,1.695470408260968]
["EMULSÕES ASF. MOD. POR POLÍMEROS RR2C-E","2016-09-01","***",1.5374365511684127,1.6296106844046365,1.4705299722778378,1.4302934942495409,1.5485389053409508]
["EMULSÕES ASF. MOD. POR POLÍMEROS RR2C-E","2016-10-01","***",1.4657620751931499,1.4807369928755811,1.3314506740681997,1.4036390572890349,1.4397881801451071]
["EMULSÕES ASF. MOD. POR POLÍMEROS RR2C-E","2016-11-01","***",1.090746839641404,1.5489556537348004,1.3344953175813008,1.4941367172157973,1.3178127690310013]
["EMULSÕES ASF. MOD. POR POLÍMEROS RR2C-E","2016-12-01","***",1.1544616635543106,1.9311799999999999,1.343578928332217,"***",1.3351411672017202]
["EMULSÕES ASF. MOD. POR POLÍMEROS RR2C-E","2017-01-01","***",1.1538758823529411,"***",1.6008604170950214,1.5232481154059552,1.3988085043731777]
["EMULSÕES ASF. MOD. POR POLÍMEROS RR2C-E","2017-02-01","***",1.440448807243601,1.8829,1.3443576271186441,1.5224090422840622,1.4582330549979927]
["EMULSÕES ASF. MOD. POR POLÍMEROS RR2C-E","2017-03-01","***",1.4158900000000003,"***",1.4039715027437738,"***",1.4124174972328132]
["EMULSÕES ASF. MOD. POR POLÍMEROS RR2C-E","2017-04-01","***",1.4214227784346181,1.8724564568720381,1.6077348575387025,1.4981199999999999,1.5939213083599815]
["EMULSÕES ASF. MOD. POR POLÍMEROS RR2C-E","2017-05-01","***",1.4158900000000001,1.7492685177579828,1.3593678427152318,1.5034797092731831,1.597873081179884]
["EMULSÕES ASF. MOD. POR POLÍMEROS RR2C-E","2017-06-01","***",1.5218350415361568,1.7301512805636137,1.4325360549943884,1.4430000000000003,1.6799273818390517]
["EMULSÕES ASF. MOD. POR POLÍMEROS RR2C-E","2017-07-01","***",1.4831199999999998,1.6837631773108475,1.3304094357480889,1.3904146926833987,1.6380343919322031]
["EMULSÕES ASF. MOD. POR POLÍMEROS RR2C-E","2017-08-01","***",1.4828600000000001,1.4776571773016869,1.359223122395941,1.3949024939505525,1.46554936367542]
["EMULSÕES ASF. MOD. POR POLÍMEROS RR2C-E","2017-09-01","***",1.49241,1.5819643448284988,1.4225914688869412,1.3872618577871605,1.5637850130410551]
["EMULSÕES ASF. MOD. POR POLÍMEROS RR2C-E","2017-10-01","***","***",1.7548139726581242,1.5386678454267446,1.4028317361777516,1.7274472661327334]
["EMULSÕES ASF. MOD. POR POLÍMEROS RR2C-E","2017-11-01","***",1.6607000000000001,1.8019497802632578,2.0248467509831012,1.5366294498480246,1.772521303658251]
["EMULSÕES ASF. MOD. POR POLÍMEROS RR2C-E","2017-12-01","***",1.71302,1.6872102291982518,1.6093306759276524,1.5150585572404436,1.6490958815513532]
["EMULSÕES ASF. MOD. POR POLÍMEROS RR2C-E","2018-01-01","***",1.7705200000000001,1.7122480652854377,1.6568882694928084,1.723098764984667,1.7068311488104142]
["EMULSÕES ASF. MOD. POR POLÍMEROS RR2C-E","2018-02-01","***","***",1.6208777303411785,1.5017440075729815,1.6663459099804308,1.5993478908323473]
["EMULSÕES ASF. MOD. POR POLÍMEROS RR2C-E","2018-03-01","***",1.7359082045184304,1.7302030327806799,1.4395287370491803,1.5987413545816733,1.6489803003635983]
["EMULSÕES ASF. MOD. POR POLÍMEROS RR2C-E","2018-04-01","***",1.7085023280238605,1.692307551267298,1.5782218939253205,1.6356732360160187,1.6785284698620004]
["EMULSÕES ASF. MOD. POR POLÍMEROS RR2C-E","2018-05-01","***",1.7765505334389859,1.7077995419563465,1.6687254406908814,1.6897599999999999,1.7256480736373012]
["EMULSÕES ASF. MOD. POR POLÍMEROS RR2C-E","2018-06-01","***",1.6690443111444229,1.7988880673945729,1.6841103199718708,1.7847617012313675,1.7646454974132142]
["EMULSÕES ASF. MOD. POR POLÍMEROS RR2C-E","2018-07-01","***",1.9692499999999999,1.8439185862482508,1.7441110652346858,2.2279599999999999,1.8492824882864511]
["EMULSÕES ASF. MOD. POR POLÍMEROS RR2C-E","2018-08-01",3.3587799999999999,1.9654179475156921,2.1854208648984996,1.8819623016102598,1.97194,2.165980263808057]
["EMULSÕES ASF. MOD. POR POLÍMEROS RR2C-E","2018-09-01",2.4708184259573027,2.0565377374904141,2.2272392526537805,1.8523617291675303,1.9503253913622738,2.1241247743951344]
["EMULSÕES ASF. MOD. POR POLÍMEROS RR2C-E","2018-10-01","***",2.0033770084545148,1.7713993296849748,1.8022148714666226,1.98038,1.8702457819197829]
["EMULSÕES ASF. MOD. POR POLÍMEROS RR2C-E","2018-11-01","***",2.1326911196925464,2.4216285236130215,2.1122750312786085,2.2565845149608323,2.2388512726786503]
["EMULSÕES ASF. MOD. POR POLÍMEROS RR2C-E","2018-12-01",2.33256,2.0697199999999998,2.2177600000000002,2.1224763746201165,2.23010700821653,2.1631127314979066]
["EMULSÕES ASF. MOD. POR POLÍMEROS RR2C-E","2019-01-01","***",2.2000099999999998,"***",2.1652022601747039,2.0643973361747467,2.1589821217013534]
["EMULSÕES ASF. MOD. POR POLÍMEROS RR2C-E","2019-02-01","***","***","***",2.3185367674670254,2.2951897653596789,2.3165165457362686]
["EMULSÕES ASF. MOD. POR POLÍMEROS RR2C-E","2019-03-01","***",2.4764300000000001,"***",2.2734969208972848,2.1978187443227362,2.3004899778024419]
["EMULSÕES ASF. MOD. POR POLÍMEROS RR2C-E","2019-04-01","***",2.4884661793949649,2.2523488576844959,2.6665232520325204,2.2597713849632561,2.3299397600248568]
["EMULSÕES ASF. MOD. POR POLÍMEROS RR2C-E","2019-05-01","***",2.3824900000000002,2.249373832788967,2.5116499121538975,2.2641309883720933,2.3282346978740991]
["EMULSÕES ASF. MOD. POR POLÍMEROS RR2C-E","2019-06-01","***","***",2.7486408250151237,2.5123457204814055,2.2321478292046932,2.5941416320891357]
["EMULSÕES ASF. MOD. POR POLÍMEROS RR2C-E","2019-07-01",2.43831,2.7412835847142376,2.561814888430431,2.2512048607410993,2.2679897830374753,2.5457385344955838]
["EMULSÕES ASF. MOD. POR POLÍMEROS RR2C-E","2019-08-01",2.3455191267605633,2.3227346966666671,2.5525009547511313,2.3129090470887688,"***",2.5127410760027362]
["EMULSÕES ASF. MOD. POR POLÍMEROS RR2C-E","2019-09-01",2.3281356750102589,2.0440503115814224,2.4817195561959657,2.3520848983643003,2.2729148412524638,2.4204883333790947]
["EMULSÕES ASF. MOD. POR POLÍMEROS RR2C-E","2019-10-01",2.3624800000000001,3.011217255492781,2.3567727267681815,2.3191814927071057,2.192470313084907,2.4711996581402627]
["EMULSÕES ASF. MOD. POR POLÍMEROS RR2C-E","2019-11-01",2.36849,3.3502205157820995,2.4676782807865076,2.3225340573674331,2.2316018915635203,2.8422216610054343]
["EMULSÕES ASF. MOD. POR POLÍMEROS RR2C-E","2019-12-01",2.3686799999999999,3.1151456544171845,2.3543015436867338,2.3374460240160109,2.3543250404954739,2.8414480743293469]
["EMULSÕES ASF. MOD. POR POLÍMEROS RR2C-E","2020-01-01","***",3.0619413400800188,2.474122646573897,2.3700881022508575,2.3403816429966269,2.6374461712368973]
["EMULSÕES ASF. MOD. POR POLÍMEROS RR2C-E","2020-02-01",2.0538099999999999,3.2716576540755469,2.8653300000000002,2.41859,2.1598124990078049,2.7477419555304077]
["EMULSÕES ASF. MOD. POR POLÍMEROS RR2C-E","2020-03-01",2.1066623964646465,"***",2.1696447205960618,2.2224373307046115,2.0841862626114929,2.1507985547910846]
["EMULSÕES ASF. MOD. POR POLÍMEROS RR2C-E","2020-04-01",2.0355952302869551,"***",2.2015968598954934,2.1934076102659983,2.0950267971190559,2.1064516237145332]
["EMULSÕES ASF. MOD. POR POLÍMEROS RR2C-E","2020-05-01","***",2.2723900000000001,2.2972375617161718,2.2209613882010202,2.1553695526992289,2.2382648257188618]
["EMULSÕES ASF. MOD. POR POLÍMEROS RR2C-E","2020-06-01",2.0219871021729587,2.1570165542957924,2.4413150657816765,2.41859,2.5018799999999999,2.3028148817473699]
["EMULSÕES ASF. MOD. POR POLÍMEROS RR2C-E","2020-07-01",1.97315,2.121620962608286,2.3638028381539766,2.2103281977618172,1.4994911835205993,2.1406387866845664]
["EMULSÕES ASF. MOD. POR POLÍMEROS RR2C-E","2020-08-01","***",2.203842436108205,2.5932499689574411,2.3849091785150081,2.8673499999999996,2.5106721421474676]
["EMULSÕES ASF. MOD. POR POLÍMEROS RR2C-E","2020-09-01","***",2.1923949345335516,2.4273613854033291,2.2397767067176408,0.28672999999999993,2.3226628040798083]
["EMULSÕES ASF. MOD. POR POLÍMEROS RR2C-E","2020-10-01","***",2.2075696302382908,2.4423051481563021,2.3065642514171389,2.1341329036027261,2.3956152284716734]
["EMULSÕES ASF. MOD. POR POLÍMEROS RR2C-E","2020-11-01","***",2.2860410379951497,2.8261841950561126,2.3237399999999999,2.5703100000000001,2.6501792629108749]
["EMULSÕES ASF. MOD. POR POLÍMEROS RR2C-E","2020-12-01","***",2.3396254678858894,2.8461964888041922,2.3268200000000001,2.4196956687898092,2.560701490537848]
["EMULSÕES ASF. MOD. POR POLÍMEROS RR2C-E","2021-01-01","***",2.3767410620144283,2.9341315537848605,2.2185277478976069,2.2601421781055016,2.5576864574458642]
["EMULSÕES ASF. MOD. POR POLÍMEROS RR2C-E","2021-02-01","***",2.3527499999999999,3.1254121989580264,2.3695078082869512,2.1555800000000001,2.8338672706994035]
["EMULSÕES ASF. MOD. POR POLÍMEROS RR2C-E","2021-03-01","***",2.763569140499706,2.3166645016226242,2.3655854469916164,"***",2.5066435201785597]
["EMULSÕES ASF. MOD. POR POLÍMEROS RR2C-E","2021-04-01","***",2.3279999999999998,2.4540795533338402,2.3783185889376091,2.5152377513446424,2.4401183745659956]
["EMULSÕES ASF. MOD. POR POLÍMEROS RR2C-E","2021-05-01","***",2.8498000000000001,2.831064392483162,2.8946166502488597,3.0639599999999998,2.8679935524421265]
["EMULSÕES ASF. MOD. POR POLÍMEROS RR2C-E","2021-06-01","***",2.7936000000000001,2.9242336583408672,2.8083336144823376,3.0637442543728133,2.9310565560835586]
["EMULSÕES ASF. MOD. POR POLÍMEROS RR2C-E","2021-07-01","***",2.9639899999999999,3.125921793211182,2.9358050249293668,3.0126369038432439,3.0886699107905091]
["EMULSÕES ASF. MOD. POR POLÍMEROS RR2C-E","2021-08-01","***",2.8990900000000006,3.3423373468847353,3.1259175629904998,3.0846684136396285,3.2962011030982779]
["EMULSÕES ASF. MOD. POR POLÍMEROS RR2C-E","2021-09-01","***","***",3.2973198341934578,3.088923973256362,3.0064363607122346,3.2716967891139817]
["EMULSÕES ASF. MOD. POR POLÍMEROS RR2C-E","2021-10-01","***",3.0912600000000006,3.2885131134726384,2.9791415447739702,3.0169631818181819,3.2239709662123768]
["EMULSÕES ASF. MOD. POR POLÍMEROS RR2C-E","2021-11-01","***",3.385697294283037,3.502571825327299,3.3585344478722448,3.2982121758417668,3.4017871413287692]
["EMULSÕES ASF. MOD. POR POLÍMEROS RR2C-E","2021-12-01","***","***",3.5586173603524229,3.5337103658675795,3.5015484641509436,3.5355516644146645]
["EMULSÕES ASF. MOD. POR POLÍMEROS RR2C-E","2022-01-01","***",3.2460900000000001,3.7693536936060044,3.5001901449076613,3.8643467935000673,3.6674595797889928]
["EMULSÕES ASF. MOD. POR POLÍMEROS RR2C-E","2022-02-01","***",3.5857100000000002,3.8406183275145467,3.8451525133091264,4.0422099999999999,3.83759451029553]
["EMULSÕES ASF. MOD. POR POLÍMEROS RR2C-E","2022-03-01","***",3.6974153276353277,3.7419201387374401,3.9556631096691595,3.7222024290780142,3.866843605922778]
["EMULSÕES ASF. MOD. POR POLÍMEROS RR2C-E","2022-04-01","***",3.8544299999999998,4.6856900000000001,4.0458181291197235,4.1241105446849291,4.1141489564558684]
["EMULSÕES ASF. MOD. POR POLÍMEROS RR2C-E","2022-05-01",4.0049969570060142,4.1313700000000004,3.9169645708985987,4.1508882176555595,3.7809772825484766,4.0369837200164342]
["EMULSÕES ASF. MOD. POR POLÍMEROS RR2C-E","2022-06-01",3.8655033649017079,"***",3.8453874757897157,4.0250318570097319,3.7830738392749246,3.9441159177051635]
["EMULSÕES ASF. MOD. POR POLÍMEROS RR2C-E","2022-07-01",3.9166799999999999,3.6922299999999995,3.9892275891872018,3.8733046095961647,3.7096622727626767,3.8877545530495832]
["EMULSÕES ASF. MOD. POR POLÍMEROS RR2C-E","2022-08-01",3.7444899999999999,3.7760500000000001,4.0189779245664212,3.8011483682483211,3.4792555373051224,3.8890841148480719]
["EMULSÕES ASF. MOD. POR POLÍMEROS RR2C-E","2022-09-01","***",4.2418009108427546,4.053000061081323,3.7088813092117343,3.8063199999999999,3.8677118111396811]
["EMULSÕES ASF. MOD. POR POLÍMEROS RR2C-E","2022-10-01","***",3.1055511526328559,3.2695332481964305,3.712576289904614,3.3054116881775943,3.5698722948153399]
["EMULSÕES ASF. MOD. POR POLÍMEROS RR2C-E","2022-11-01","***",3.5929139204620464,3.6400621680206937,3.4623746992202009,"***",3.5194713574277463]
["EMULSÕES ASF. MOD. POR POLÍMEROS RR2C-E","2022-12-01","***",3.2589800000000007,3.6303540253845865,3.4135661563057242,3.4572393655371307,3.5389447600288797]
["EMULSÕES ASF. MOD. POR POLÍMEROS RR2C-E","2023-01-01","***","***","***",3.3638170275741328,3.0793328811449912,3.3408265310535579]
["EMULSÕES ASF. MOD. POR POLÍMEROS RR2C-E","2023-02-01","***",3.1933099999999999,3.1039579550367491,3.348338517894319,2.735728093058734,3.1954278909809783]
["EMULSÕES ASF. MOD. POR POLÍMEROS RR2C-E","2023-03-01","***",3.6410270004127114,3.0446717336864917,3.1101882689813425,2.8713062160202965,3.2610608927650335]
["EMULSÕES ASF. MOD. POR POLÍMEROS RR2C-E","2023-04-01","***",3.8463999015795869,3.044970889027804,3.0110756056213455,3.4107399999999997,3.1428392842301922]
["EMULSÕES ASF. MOD. POR POLÍMEROS RR2C-E","2023-05-01","***",3.201989415411024,3.2197198472724478,2.9478137865644802,2.9409981007218979,3.0638158369609592]
["EMULSÕES ASF. MOD. POR POLÍMEROS RR2C-E","2023-06-01","***",3.2163662222991687,3.3218876293340278,2.9017037694049161,3.1563150385147147,3.1102995277837215]
["EMULSÕES ASF. MOD. POR POLÍMEROS RR2C-E","2023-07-01","***",3.0564444727000746,3.3476616518863951,3.0412601153822032,2.964,3.1562408064102336]
["EMULSÕES ASF. MOD. POR POLÍMEROS RR2C-E","2023-08-01",3.39527,2.9390996956124313,3.3940534058331946,2.9036825083555313,2.5705577559986481,3.097199578169652]
["EMULSÕES ASF. MOD. POR POLÍMEROS RR2C-E","2023-09-01",3.7967428324839716,3.1265415292853307,3.3529604637725234,3.0066069704305081,3.0187740760983814,3.2114826237563987]
["EMULSÕES ASF. MOD. POR POLÍMEROS RR2C-E","2023-10-01",3.7189490073033711,3.060235180591977,3.4672701007077129,3.1135945415140416,3.065496559915164,3.2967803519847219]
["EMULSÕES ASF. MOD. POR POLÍMEROS RR2C-E","2023-11-01",3.9093570283766916,3.142113085898059,3.7203014185715242,3.1187153621825026,3.0274906449193857,3.3906457770228986]
["EMULSÕES ASF. MOD. POR POLÍMEROS RR2C-E","2023-12-01",4.0990000000000002,2.9067292059072618,3.689587716164545,3.2715966485225509,3.1460722200198217,3.2144224645675163]
["EMULSÕES ASF. MOD. POR POLÍMEROS RR2C-E","2024-01-01","***",2.7583119172444643,3.5355081544783231,2.5292139655130952,3.1224375838926175,2.8990815270261345]
["EMULSÕES ASF. MOD. POR POLÍMEROS RR2C-E","2024-02-01","***",2.7394105956398791,3.6880048115362651,3.0112846235252055,"***",3.0948030467849268]
["EMULSÕES ASF. MOD. POR POLÍMEROS RR2C-E","2024-03-01","***",3.1603027807141939,3.0623809196234615,2.923525464536977,"***",2.986530683472695]
["EMULSÕES ASF. MOD. POR POLÍMEROS RR2C-E","2024-04-01","***","***",3.1008640005402488,2.9338343389963297,"***",2.9729020254304208]
["EMULSÕES ASF. MOD. POR POLÍMEROS RR2C-E","2024-05-01","***",2.9975166666666668,3.2035828109300337,2.8098162042964652,2.9586700000000001,2.9714655958630041]
["EMULSÕES ASF. MOD. POR POLÍMEROS RR2C-E","2024-06-01","***",3.0296988910260461,3.2979862167569345,2.9216926524251985,2.9586700000000001,3.0721550632389953]
["EMULSÕES ASF. MOD. POR POLÍMEROS RR2C-E","2024-07-01","***",3.2269325330517802,3.725128926094794,3.0517222261839834,3.00461,3.3554888484810976]
["EMULSÕES ASFÁLTICAS LA-E","2008-11-01",2.3033221447253704,"***","***",0.98824298157453949,0.81794999999999995,2.098442299465241]
["EMULSÕES ASFÁLTICAS LA-E","2008-12-01","***","***","***",1.0900345919044461,"***",1.0900345919044461]
["EMULSÕES ASFÁLTICAS LA-E","2009-01-01","***","***","***",1.1149193050193051,"***",1.1149193050193051]
["EMULSÕES ASFÁLTICAS LA-E","2009-02-01","***","***","***",1.1002894454382828,"***",1.1002894454382828]
["EMULSÕES ASFÁLTICAS LA-E","2009-03-01","***","***",0.77302888986013996,1.223181492811257,"***",0.93673440315941692]
["EMULSÕES ASFÁLTICAS LA-E","2009-04-01","***","***","***",1.0326047691527143,"***",1.0326047691527143]
["EMULSÕES ASFÁLTICAS LA-E","2009-05-01","***","***","***",1.1254783427495292,0.67854999999999999,0.80113210227272724]
["EMULSÕES ASFÁLTICAS LA-E","2009-06-01","***","***","***",1.0738062992125983,"***",1.0738062992125983]
["EMULSÕES ASFÁLTICAS LA-E","2009-07-01","***","***","***",1.0759839390386869,"***",1.0759839390386869]
["EMULSÕES ASFÁLTICAS LA-E","2009-08-01","***","***",0.91224567881585228,1.0658639088729014,"***",0.92180669402985072]
["EMULSÕES ASFÁLTICAS LA-E","2009-09-01","***","***",0.92048999999999992,1.0538754042553191,"***",0.95201209372485918]
["EMULSÕES ASFÁLTICAS LA-E","2009-10-01","***","***",0.77695696078431375,1.1181319587628866,"***",0.85268688024408856]
["EMULSÕES ASFÁLTICAS LA-E","2009-11-01","***","***",0.74589394406518394,0.95686511306532662,"***",0.77735975829117487]
["EMULSÕES ASFÁLTICAS LA-E","2009-12-01","***","***","***",0.97666949806949799,"***",0.97666949806949799]
["EMULSÕES ASFÁLTICAS LA-E","2010-01-01","***","***","***",0.78245491689459279,"***",0.78245491689459279]
["EMULSÕES ASFÁLTICAS LA-E","2010-02-01","***","***","***",0.78837289422811374,"***",0.78837289422811374]
["EMULSÕES ASFÁLTICAS LA-E","2010-03-01","***","***","***",1.0517568835616438,"***",1.0517568835616438]
["EMULSÕES ASFÁLTICAS LA-E","2010-04-01","***","***",0.74590000000000001,0.98982251442704028,"***",0.82503292591602029]
["EMULSÕES ASFÁLTICAS LA-E","2010-05-01","***","***",0.81927176619159303,1.0002163324538258,0.66247999999999996,0.82116073858679861]
["EMULSÕES ASFÁLTICAS LA-E","2010-06-01","***","***",0.81640000000000001,1.0156338608562689,"***",0.86595274576915759]
["EMULSÕES ASFÁLTICAS LA-E","2010-07-01","***","***",0.7843,1.0380163937007874,"***",0.90121575471698112]
["EMULSÕES ASFÁLTICAS LA-E","2010-08-01","***","***",0.783895838587642,0.99216139877300624,"***",0.81055880301602268]
["EMULSÕES ASFÁLTICAS LA-E","2010-09-01","***","***",0.83652992957746464,0.98461505862646559,"***",0.88036077838373816]
["EMULSÕES ASFÁLTICAS LA-E","2010-10-01","***","***",0.82889248093633627,1.0560252293577981,"***",0.8593117339886347]
["EMULSÕES ASFÁLTICAS LA-E","2010-11-01","***","***",0.79390000000000005,1.0263447679324893,"***",0.96837160728424387]
["EMULSÕES ASFÁLTICAS LA-E","2010-12-01","***","***",0.83322314049586776,1.0125136700336699,"***",0.94000647058823528]
["EMULSÕES ASFÁLTICAS LA-E","2011-01-01","***","***","***",1.0195860676009891,"***",1.0195860676009891]
["EMULSÕES ASFÁLTICAS LA-E","2011-02-01","***","***","***",1.0396500692041521,"***",1.0396500692041521]
["EMULSÕES ASFÁLTICAS LA-E","2011-03-01","***","***",0.78149999999999997,1.061991591096455,"***",0.8872619832141746]
["EMULSÕES ASFÁLTICAS LA-E","2011-04-01","***","***",0.81405221502363856,1.0217681134564642,"***",0.85762455514044555]
["EMULSÕES ASFÁLTICAS LA-E","2011-05-01","***","***",0.79859831361502343,0.99949230832646307,"***",0.80735197463898267]
["EMULSÕES ASFÁLTICAS LA-E","2011-06-01","***","***",0.79322637396694229,1.0618031504922643,"***",0.8116036319892217]
["EMULSÕES ASFÁLTICAS LA-E","2011-07-01","***","***",0.75249248444839401,1.2156620930232558,"***",0.78754815184229054]
["EMULSÕES ASFÁLTICAS LA-E","2011-08-01","***","***",0.78047076193390452,1.0487035196850392,"***",0.82411098770176794]
["EMULSÕES ASFÁLTICAS LA-E","2011-09-01","***","***",0.81338728603470656,0.8607634885790566,"***",0.82687362100996453]
["EMULSÕES ASFÁLTICAS LA-E","2011-10-01","***","***",0.83520000000000016,1.053883241590214,"***",0.91659945361411477]
["EMULSÕES ASFÁLTICAS LA-E","2011-11-01","***","***",0.75600000000000001,0.99928899422918382,"***",0.78531454753153884]
["EMULSÕES ASFÁLTICAS LA-E","2011-12-01","***","***",0.75697344061520933,1.1632141015624999,"***",0.78458098221396333]
["EMULSÕES ASFÁLTICAS LA-E","2012-01-01","***","***","***",1.0630484400904294,"***",1.0630484400904294]
["EMULSÕES ASFÁLTICAS LA-E","2012-02-01","***","***","***",1.012449905511811,"***",1.012449905511811]
["EMULSÕES ASFÁLTICAS LA-E","2012-03-01","***","***","***",0.92201100658857971,"***",0.92201100658857971]
["EMULSÕES ASFÁLTICAS LA-E","2012-04-01","***","***",0.8266302922698715,0.77033506805157614,"***",0.7874570100523387]
["EMULSÕES ASFÁLTICAS LA-E","2012-05-01","***","***",0.75284071652237983,0.94700099712023023,"***",0.79239610369609847]
["EMULSÕES ASFÁLTICAS LA-E","2012-06-01","***","***",0.77016013179571652,0.92279252981795346,0.91839999999999999,0.9118600274290537]
["EMULSÕES ASFÁLTICAS LA-E","2012-07-01","***","***",0.81429265121537586,0.91462042395385035,"***",0.89007103188325598]
["EMULSÕES ASFÁLTICAS LA-E","2012-08-01","***","***",0.81479096690037511,0.95715338956657148,0.91839999999999999,0.87913682335837173]
["EMULSÕES ASFÁLTICAS LA-E","2012-09-01","***","***",0.82346089011421819,0.91773674082665557,0.91839999999999999,0.88099465924824372]
["EMULSÕES ASFÁLTICAS LA-E","2012-10-01","***","***",0.80310558347292016,0.90957737730663535,0.91839999999999988,0.85944706965409867]
["EMULSÕES ASFÁLTICAS LA-E","2012-11-01","***","***",0.81469999999999998,1.1081773519913887,0.91839999999999999,0.87662869315461955]
["EMULSÕES ASFÁLTICAS LA-E","2012-12-01","***","***",0.81469999999999987,1.0579856043956044,1.0062045608489503,0.91354224822183283]
["EMULSÕES ASFÁLTICAS LA-E","2013-01-01","***","***","***",1.1665648884381339,"***",1.1665648884381339]
["EMULSÕES ASFÁLTICAS LA-E","2013-02-01","***","***","***",1.0060459769167354,"***",1.0060459769167354]
["EMULSÕES ASFÁLTICAS LA-E","2013-03-01","***",0.90100000000000002,0.80871999999999999,1.0150619389701208,"***",0.92901406333538983]
["EMULSÕES ASFÁLTICAS LA-E","2013-04-01","***",0.90100000000000002,0.80871999999999999,0.91012707488986788,"***",0.8967267432432432]
["EMULSÕES ASFÁLTICAS LA-E","2013-05-01","***","***",0.8676768237791932,0.99040634042553199,"***",0.90852871671388102]
["EMULSÕES ASFÁLTICAS LA-E","2013-06-01","***","***",0.8397,0.99261574482297921,"***",0.93504147022074147]
["EMULSÕES ASFÁLTICAS LA-E","2013-07-01","***","***","***",1.4652888888888889,0.91839999999999988,0.95409389312977089]
["EMULSÕES ASFÁLTICAS LA-E","2013-08-01","***","***",0.86447505200126074,1.0107801412546737,"***",0.92758550896057368]
["EMULSÕES ASFÁLTICAS LA-E","2013-09-01","***","***",0.83757890704584037,"***","***",0.83757890704584037]
["EMULSÕES ASFÁLTICAS LA-E","2013-10-01","***","***",0.82574000000000003,1.5078277777777778,0.91839999999999999,0.88102365238095237]
["EMULSÕES ASFÁLTICAS LA-E","2013-11-01","***","***","***",1.4759,"***",1.4759]
["EMULSÕES ASFÁLTICAS LA-E","2013-12-01","***","***","***",1.4713020000000001,1.1561999999999999,1.1677355260115605]
["EMULSÕES ASFÁLTICAS LA-E","2014-01-01","***","***",0.83343336737588658,1.4690949999999998,1.1561999999999999,0.97361151286674297]
["EMULSÕES ASFÁLTICAS LA-E","2014-02-01","***","***",0.79852999999999996,1.4130976190476192,"***",0.91009163785259328]
["EMULSÕES ASFÁLTICAS LA-E","2014-03-01","***","***",0.84553999999999985,1.4622799999999998,"***",0.85806598610368778]
["EMULSÕES ASFÁLTICAS LA-E","2014-04-01","***","***","***",0.98882540664375707,"***",0.98882540664375707]
["EMULSÕES ASFÁLTICAS LA-E","2014-05-01","***","***",1.21,1.0644142616372392,"***",1.1364396472019465]
["EMULSÕES ASFÁLTICAS LA-E","2014-06-01","***","***",0.85942346292947558,1.0561305837611712,"***",0.99788989961183239]
["EMULSÕES ASFÁLTICAS LA-E","2014-07-01","***","***",0.62122000000000011,1.0487444833005894,"***",0.89187915671641793]
["EMULSÕES ASFÁLTICAS LA-E","2014-08-01","***",1.53,"***",1.0027548253826719,"***",1.2250985922997595]
["EMULSÕES ASFÁLTICAS LA-E","2014-09-01","***",1.53,0.87405999999999995,1.0506760204081635,"***",1.1200124000652636]
["EMULSÕES ASFÁLTICAS LA-E","2014-10-01","***",1.27,0.69171984848484847,1.049920786163522,"***",0.96198231882892316]
["EMULSÕES ASFÁLTICAS LA-E","2014-11-01","***",1.2699999999999998,0.65868000000000004,1.5342975000000001,"***",1.0842707941140701]
["EMULSÕES ASFÁLTICAS LA-E","2014-12-01","***","***","***",1.6844933333333336,"***",1.6844933333333336]
["EMULSÕES ASFÁLTICAS LA-E","2015-01-01","***","***","***","***","***","***"]
["EMULSÕES ASFÁLTICAS LA-E","2015-02-01","***","***","***",1.2839,"***",1.2839]
["EMULSÕES ASFÁLTICAS LA-E","2015-03-01","***","***","***","***","***","***"]
["EMULSÕES ASFÁLTICAS LA-E","2015-04-01","***","***","***",1.2090000000000001,"***",1.2090000000000001]
["EMULSÕES ASFÁLTICAS LA-E","2015-05-01","***","***","***",1.2312000000000001,"***",1.2312000000000001]
["EMULSÕES ASFÁLTICAS LA-E","2015-06-01","***",1.97,"***","***","***",1.97]
["EMULSÕES ASFÁLTICAS LA-E","2015-07-01","***","***","***","***","***","***"]
["EMULSÕES ASFÁLTICAS LA-E","2015-08-01","***","***","***",1.1745000000000001,"***",1.1745000000000001]
["EMULSÕES ASFÁLTICAS RL-1C","2008-11-01",1.1337367193710803,0.82909705758218244,1.0123072239738879,0.76819089891112302,0.78295181783867707,0.83507677968494176]
["EMULSÕES ASFÁLTICAS RL-1C","2008-12-01",1.6816414593794207,0.90851708075388216,1.0518602859719159,0.77048902264208219,0.84096474803779875,0.88006357164699955]
["EMULSÕES ASFÁLTICAS RL-1C","2009-01-01",1.7767251486634723,0.95670433042737102,1.048008490646664,0.77475230276824225,0.88206460479510163,0.92295130107878409]
["EMULSÕES ASFÁLTICAS RL-1C","2009-02-01",1.335909029960193,0.98164153888543937,1.0424075602804979,0.86729839232663619,0.88040202021181646,0.92851954103418766]
["EMULSÕES ASFÁLTICAS RL-1C","2009-03-01",1.2094642718525324,1.0838679811896412,1.0157732456475965,0.81030083621771209,0.90061806000153521,0.89425955952878577]
["EMULSÕES ASFÁLTICAS RL-1C","2009-04-01",1.2227006488215071,1.0290262168527851,1.0452953485436403,0.79489055608496717,0.86327962507348799,0.88437406599184176]
["EMULSÕES ASFÁLTICAS RL-1C","2009-05-01",1.399349754286338,0.984989917756108,1.0550202309492964,0.81191242332609614,0.91001509015194237,0.91222418698756369]
["EMULSÕES ASFÁLTICAS RL-1C","2009-06-01",1.2842121913145088,0.89913940419113747,1.0397378512653201,0.79617148751510081,0.89537956942264996,0.90267753689464392]
["EMULSÕES ASFÁLTICAS RL-1C","2009-07-01",1.4180000237846067,0.97209818842476248,1.0299306008657094,0.81623672202128539,0.97433216915045673,0.93779430065724156]
["EMULSÕES ASFÁLTICAS RL-1C","2009-08-01",1.2707500497232389,0.91162033457629288,1.0356661824195559,0.81238721664849756,0.9162965713317095,0.91481274182647465]
["EMULSÕES ASFÁLTICAS RL-1C","2009-09-01",1.3326649843862604,0.87112101696288302,1.0558386672175515,0.79724030791661327,0.87356679064048437,0.89900022901717147]
["EMULSÕES ASFÁLTICAS RL-1C","2009-10-01",1.4479635233368426,0.89492004474980535,1.0223184300890191,0.81959542481486203,0.88476568623238716,0.90677308326236505]
["EMULSÕES ASFÁLTICAS RL-1C","2009-11-01",1.3472131788931789,0.92637572964481407,1.0228731490364222,0.81124182981946369,0.89988311625296025,0.91191494172355481]
["EMULSÕES ASFÁLTICAS RL-1C","2009-12-01",1.4870461488223092,0.93173670793845254,1.010318496145681,0.79911653286453632,0.85675602550758778,0.9052453824202944]
["EMULSÕES ASFÁLTICAS RL-1C","2010-01-01",1.5100926910516004,0.84861539200723224,1.0485459459778459,0.84136823476461964,0.83260228943070469,0.89460549829265668]
["EMULSÕES ASFÁLTICAS RL-1C","2010-02-01",1.6671029493697729,0.8543367603196883,1.0301634386595484,0.87649349876000915,0.78187584191062764,0.89828149929194978]
["EMULSÕES ASFÁLTICAS RL-1C","2010-03-01",1.0359952470477645,0.77930315376850801,1.0199947591845175,0.85710019115268821,0.79304235325555539,0.86189391749043576]
["EMULSÕES ASFÁLTICAS RL-1C","2010-04-01",1.1200338069705094,0.72410152308280373,1.0429107519000169,0.82493974002127712,0.76740669341214951,0.8511063292387927]
["EMULSÕES ASFÁLTICAS RL-1C","2010-05-01",1.5772651834969316,0.71156682472061383,1.0276701726270399,0.81082938531425197,0.73930895680494813,0.83067256080542173]
["EMULSÕES ASFÁLTICAS RL-1C","2010-06-01",1.3902331122038867,0.70776594076212718,0.97860494859470093,0.81846515787974516,0.75829875901576038,0.84119292356714059]
["EMULSÕES ASFÁLTICAS RL-1C","2010-07-01",1.4465997985901307,0.71160120545443828,0.9564968835851132,0.80790649136605652,0.75401543822336781,0.83359454340534345]
["EMULSÕES ASFÁLTICAS RL-1C","2010-08-01",1.1841257615694769,0.70828243277414471,0.94081418768179192,0.765871243861871,0.74350204522738927,0.7920383085510464]
["EMULSÕES ASFÁLTICAS RL-1C","2010-09-01",1.250827468914752,0.71615812125723477,0.96665288745684086,0.75316963201170761,0.75588959100354836,0.80082669090372582]
["EMULSÕES ASFÁLTICAS RL-1C","2010-10-01",1.2089414767952189,0.71790035930401985,0.99988680901667726,0.77677819704464779,0.80340748505276116,0.84889697620471927]
["EMULSÕES ASFÁLTICAS RL-1C","2010-11-01",1.223075645233813,0.72646904460053241,0.98389369594880227,0.69449508009641536,0.75657561090435921,0.80137760262074764]
["EMULSÕES ASFÁLTICAS RL-1C","2010-12-01",1.2200442915685761,0.72270405732695464,0.94026399935283189,0.75597660658875032,0.76366957012592263,0.80325898437742804]
["EMULSÕES ASFÁLTICAS RL-1C","2011-01-01",1.0179717836447797,0.70475948617089712,0.98166222067122499,0.77189910009488694,0.76383277735968291,0.81353863613637145]
["EMULSÕES ASFÁLTICAS RL-1C","2011-02-01",1.25206722537142,0.72503751411188477,0.93291845035736953,0.74383552052645452,0.77223721673158652,0.79421292370703778]
["EMULSÕES ASFÁLTICAS RL-1C","2011-03-01",1.2707482630102833,0.72167428675154932,0.95248340997716319,0.74650864959502161,0.73644205225794557,0.79074268855053897]
["EMULSÕES ASFÁLTICAS RL-1C","2011-04-01",1.3569220621334424,0.71944409601369397,0.89030396631593289,0.74569874366422317,0.71082713390874752,0.78548259698309386]
["EMULSÕES ASFÁLTICAS RL-1C","2011-05-01",1.2877998305492546,0.73875797069304949,0.90834265450051543,0.72125295406553735,0.70718702579215731,0.77210141838247348]
["EMULSÕES ASFÁLTICAS RL-1C","2011-06-01",1.3052468520631095,0.76883359955821495,0.8798694337987174,0.72377178073897808,0.71933359404497743,0.78145920581843686]
["EMULSÕES ASFÁLTICAS RL-1C","2011-07-01",1.2508033153363489,0.68571783887207416,0.93805533341132585,0.73071928002733066,0.71811545537114529,0.77156768543051135]
["EMULSÕES ASFÁLTICAS RL-1C","2011-08-01",1.2880376501301125,0.68610112329782946,0.91786469656284042,0.75720519644660533,0.71506313810013411,0.80493951321486656]
["EMULSÕES ASFÁLTICAS RL-1C","2011-09-01",1.230759141615628,0.70168431233811979,0.91896527588917487,0.72895589640805469,0.71461552607360435,0.80382264692642535]
["EMULSÕES ASFÁLTICAS RL-1C","2011-10-01",1.194784287890239,0.68709666146580961,0.86511899697137606,0.72923079070262831,0.73022289948550734,0.78066939195723284]
["EMULSÕES ASFÁLTICAS RL-1C","2011-11-01",1.2799511780592734,0.70634661891935291,0.83524391490417538,0.70949278005651861,0.75998614988973401,0.77419319619442817]
["EMULSÕES ASFÁLTICAS RL-1C","2011-12-01",1.3067253731138544,0.68144987949992475,0.84060784518295806,0.70184592864075157,0.72693466546113117,0.76394882035292411]
["EMULSÕES ASFÁLTICAS RL-1C","2012-01-01",1.1973315040282213,0.70413994720122353,0.82047602618749838,0.7302117190609434,0.72891317644722509,0.76127942625958889]
["EMULSÕES ASFÁLTICAS RL-1C","2012-02-01",1.26167402231286,0.69680294535496612,0.83229839162029473,0.71548226477997456,0.72271914084337685,0.74953885666187836]
["EMULSÕES ASFÁLTICAS RL-1C","2012-03-01",1.2533495385936775,0.69199288038492113,0.79373715476282247,0.73316272250178161,0.72790643742932293,0.77027882839940276]
["EMULSÕES ASFÁLTICAS RL-1C","2012-04-01",1.3123663940886701,0.6920244654574158,0.82987399547818275,0.74205284276143768,0.72346825637727918,0.76915546291032422]
["EMULSÕES ASFÁLTICAS RL-1C","2012-05-01",1.3024841040114989,0.73764172830036323,0.8453271029312055,0.74845335951869441,0.73326877207688002,0.78410622390686346]
["EMULSÕES ASFÁLTICAS RL-1C","2012-06-01",1.2962296121792232,0.72425365108868833,0.86680952253272314,0.75079548404057117,0.77157581947382492,0.80017537234209501]
["EMULSÕES ASFÁLTICAS RL-1C","2012-07-01",1.4707906966807287,0.74361550053430292,0.9199315433900852,0.75368374146514583,0.77175863287701041,0.83454054302584291]
["EMULSÕES ASFÁLTICAS RL-1C","2012-08-01",1.3272728313954167,0.75698993166881956,0.8889690931406139,0.76618406235642489,0.77421126501566551,0.82449269471881959]
["EMULSÕES ASFÁLTICAS RL-1C","2012-09-01",1.4014646654332907,0.76429726068967552,0.91901220861843502,0.78846314811584395,0.76924146220797796,0.84483644953703985]
["EMULSÕES ASFÁLTICAS RL-1C","2012-10-01",1.2948489494554587,0.75654992787666941,0.93111831770554176,0.83726226452061658,0.76463455950234194,0.8606407475083363]
["EMULSÕES ASFÁLTICAS RL-1C","2012-11-01",1.2351895704422762,0.76297230787695569,0.95633254590442818,0.80918051630092624,0.76911495509903727,0.85506692776156046]
["EMULSÕES ASFÁLTICAS RL-1C","2012-12-01",1.2820861514129684,0.77695895557478734,0.87372102301264287,0.79263763788632702,0.80441913576035029,0.85157619753572]
["EMULSÕES ASFÁLTICAS RL-1C","2013-01-01",1.2318379111934885,0.77973151604028845,0.92836417098866486,0.85214133654857505,0.83567682354747097,0.86565322681083212]
["EMULSÕES ASFÁLTICAS RL-1C","2013-02-01",1.1872487810128942,0.78911340368009053,0.81598160853264012,0.84618523431601733,0.79075490037824248,0.83816108516722332]
["EMULSÕES ASFÁLTICAS RL-1C","2013-03-01",1.3348921943919785,0.75694678443027674,0.88556546171084216,0.90630104642983922,0.79185746863458406,0.86883531818065496]
["EMULSÕES ASFÁLTICAS RL-1C","2013-04-01",1.3374499944640803,0.80169346973121147,0.88750454945994783,0.86493247052189359,0.81279259837007334,0.86479494361614317]
["EMULSÕES ASFÁLTICAS RL-1C","2013-05-01",1.6532152573225218,0.79473728792491727,0.83666041784537226,0.88476178114698656,0.82486276090753363,0.86271567682634853]
["EMULSÕES ASFÁLTICAS RL-1C","2013-06-01",1.4650860236831744,0.78280722220145782,0.93039685345020384,0.86638886389244474,0.81920777540435341,0.89824164001460549]
["EMULSÕES ASFÁLTICAS RL-1C","2013-07-01",1.4859202449664428,0.77641291066447793,0.95880415635418936,0.89622488397002353,0.85351478458977992,0.90341165886025776]
["EMULSÕES ASFÁLTICAS RL-1C","2013-08-01",1.4003700203453353,0.76096465963835169,0.88023447158853252,0.88185225512170284,0.84578099086211567,0.88226316171090458]
["EMULSÕES ASFÁLTICAS RL-1C","2013-09-01",1.3296909638635863,0.75879144750110916,0.98358018449125828,0.9038698504830891,0.83574230246342529,0.91460111473294536]
["EMULSÕES ASFÁLTICAS RL-1C","2013-10-01",1.4282301762069141,0.80881747647433089,0.87526475679839422,0.8913920501088074,0.86156288408736947,0.88646285220181176]
["EMULSÕES ASFÁLTICAS RL-1C","2013-11-01",1.2838024568295758,0.83795460007379907,0.94170459474189583,0.9113356267080186,0.87087416094386605,0.91766094647498431]
["EMULSÕES ASFÁLTICAS RL-1C","2013-12-01",1.5705007365002028,0.84015883568126393,1.0262385733989601,0.93758184613896234,0.90672104235484652,0.97041663924442867]
["EMULSÕES ASFÁLTICAS RL-1C","2014-01-01",1.341931315243768,0.95241895416110356,1.018690591750874,0.95431173340574038,0.90527787344448551,0.97144162249002397]
["EMULSÕES ASFÁLTICAS RL-1C","2014-02-01",1.4007473584417507,0.88782474973168113,1.0182872809962591,0.94894911456754782,0.92824808501721323,0.96649487031938053]
["EMULSÕES ASFÁLTICAS RL-1C","2014-03-01",1.5499855367395465,0.84750452321553305,1.076052384194321,0.93276528272106518,0.97211535782443537,0.97147748071139517]
["EMULSÕES ASFÁLTICAS RL-1C","2014-04-01",1.4676601178189788,0.84994258968934067,1.0281082162468207,0.92803462885193644,1.0193915762026493,0.98149532708306142]
["EMULSÕES ASFÁLTICAS RL-1C","2014-05-01",1.4119103138170925,0.88340002770154136,1.0436179199523428,0.92623469777771206,1.0411657102537137,0.99818016727424441]
["EMULSÕES ASFÁLTICAS RL-1C","2014-06-01",1.3999514483978939,0.82666911088288142,1.0621752450439232,0.91109970873560142,1.007558416313582,0.99891201392835982]
["EMULSÕES ASFÁLTICAS RL-1C","2014-07-01",1.4374784482149294,0.89997833156881657,0.90631209324145401,0.91718241757498675,0.98644798595544525,0.94678351805832905]
["EMULSÕES ASFÁLTICAS RL-1C","2014-08-01",1.2986147093558418,0.89306288651903243,0.81922657685195066,0.90811340435626731,1.0302307016155672,0.90297161494096068]
["EMULSÕES ASFÁLTICAS RL-1C","2014-09-01",1.3310051145767032,0.92652164788166613,1.0377921682292568,0.89966969878572078,1.0086967947905445,0.98201718224524015]
["EMULSÕES ASFÁLTICAS RL-1C","2014-10-01",1.4533669842271295,0.99312573583032659,0.91186614208106398,0.91478586148748087,1.0062453431927467,0.94796903285534395]
["EMULSÕES ASFÁLTICAS RL-1C","2014-11-01",1.4998756236033097,0.95768163840277376,0.89962601209478754,0.93569424376288646,0.9750597618360769,0.94697423869026776]
["EMULSÕES ASFÁLTICAS RL-1C","2014-12-01",1.2792678123018388,0.99758056882255375,1.0135456343856988,1.0175641527935348,1.0896034389905265,1.0390355578921735]
["EMULSÕES ASFÁLTICAS RL-1C","2015-01-01",1.3144019456529017,1.1408793854680555,1.3787927530647111,1.048467606960273,1.2232335683032181,1.1580844612265353]
["EMULSÕES ASFÁLTICAS RL-1C","2015-02-01",1.5804051908637202,1.1718213826292434,1.3365670389030955,1.0380191091321045,1.3143784814877881,1.1641161869635197]
["EMULSÕES ASFÁLTICAS RL-1C","2015-03-01",1.6096865543656687,1.1657134724367351,1.350010163576751,0.99666524041691762,1.2556966947987875,1.1258784142775451]
["EMULSÕES ASFÁLTICAS RL-1C","2015-04-01",1.5788964185293166,1.1651086942908366,1.2995186131626164,1.0027871380700875,1.2631303447080555,1.1111597725529154]
["EMULSÕES ASFÁLTICAS RL-1C","2015-05-01",1.5988011916776117,1.100912942696685,1.3115423713779248,0.95598590574778453,1.2301983685125524,1.0964914368134209]
["EMULSÕES ASFÁLTICAS RL-1C","2015-06-01",1.349922752132124,1.2324326582393599,1.3215484462950651,0.97999644848122713,1.2528357262902721,1.1499861565713259]
["EMULSÕES ASFÁLTICAS RL-1C","2015-07-01",1.378890964037091,1.1201880396403758,1.1293216486838131,0.85317766385851246,1.2735099265576322,1.0301406005443117]
["EMULSÕES ASFÁLTICAS RL-1C","2015-08-01",1.6569267553725926,1.0889020928677209,1.2906253105378742,0.91126430831498795,1.2202366478604796,1.0887471559821549]
["EMULSÕES ASFÁLTICAS RL-1C","2015-09-01",1.8234600739634101,1.0881527826086959,1.2289230243264608,0.92332207016056278,1.1932406101937958,1.0890432153501726]
["EMULSÕES ASFÁLTICAS RL-1C","2015-10-01",1.6264592314884068,1.2162416493816448,1.3188067252633835,1.0812369985579073,1.2775595123124774,1.207548485253602]
["EMULSÕES ASFÁLTICAS RL-1C","2015-11-01",1.7031554268152134,1.2914047732170073,1.4294667621387251,1.1828121415480617,1.3834305894484857,1.3278412713371364]
["EMULSÕES ASFÁLTICAS RL-1C","2015-12-01",1.726412483021676,1.2916979502423265,1.3647676623544283,1.1879378311403754,1.2982124293581638,1.2897302063557512]
["EMULSÕES ASFÁLTICAS RL-1C","2016-01-01",1.7343974534653468,1.2428023811005977,1.4592186960035145,1.2468671993235709,1.360083131141391,1.3297636079208188]
["EMULSÕES ASFÁLTICAS RL-1C","2016-02-01",1.5573464552694229,1.1714925429288059,1.5530437277938862,1.1982444701580475,1.422907030348028,1.3212053784823625]
["EMULSÕES ASFÁLTICAS RL-1C","2016-03-01",1.8860514474293653,1.5778557660833987,1.5256856119048172,1.1675318613742252,1.444576221198157,1.3044714395048351]
["EMULSÕES ASFÁLTICAS RL-1C","2016-04-01",1.648696048608389,1.377631354485181,1.5905725843950178,1.2797983266958946,1.5042964332163005,1.4013999340840213]
["EMULSÕES ASFÁLTICAS RL-1C","2016-05-01",1.9573453076652907,1.3354859306120883,1.5942625369933248,1.2679933576691851,1.5304678160613394,1.4028095171561843]
["EMULSÕES ASFÁLTICAS RL-1C","2016-06-01",1.8918994455379008,1.3627591276445374,1.6663336964921001,1.3096060640868972,1.5031851445258591,1.4382924028528905]
["EMULSÕES ASFÁLTICAS RL-1C","2016-07-01",2.0076421612219386,1.3669709903988314,1.6189730926327199,1.3455611851683864,1.483208495100621,1.4511544319787149]
["EMULSÕES ASFÁLTICAS RL-1C","2016-08-01",1.9143376514908732,1.4455878037523451,1.657195090340321,1.318920242720184,1.516895408907192,1.4714929852668872]
["EMULSÕES ASFÁLTICAS RL-1C","2016-09-01",1.6240282841934388,1.3052087905482639,1.5026049970132751,1.2240494236582502,1.3857329862740357,1.3476346553194247]
["EMULSÕES ASFÁLTICAS RL-1C","2016-10-01",1.7069203615113944,1.2650152822307117,1.4832404686532412,1.2546497901255813,1.4039221400379824,1.3693256725333498]
["EMULSÕES ASFÁLTICAS RL-1C","2016-11-01",1.7655825565339498,1.3188025273938795,1.5251902972697937,1.2846913278246563,1.3816460181018351,1.3998865078614113]
["EMULSÕES ASFÁLTICAS RL-1C","2016-12-01",1.8517242551910924,1.324273895099541,1.477047112289704,1.2796468065704374,1.3139354831836909,1.3575951071860608]
["EMULSÕES ASFÁLTICAS RL-1C","2017-01-01",1.527615414709071,1.1785957439868591,1.4543974329313025,1.2354384621611605,1.3149247933996668,1.3077573032211409]
["EMULSÕES ASFÁLTICAS RL-1C","2017-02-01",1.7921095822813864,1.1880611051162451,1.4084625297490732,1.2626918148250739,1.340301708302811,1.2981381105752023]
["EMULSÕES ASFÁLTICAS RL-1C","2017-03-01",1.8590877466652553,1.165400750667519,1.5095380526998223,1.2853390126752755,1.3289876271956835,1.3374577933549783]
["EMULSÕES ASFÁLTICAS RL-1C","2017-04-01",1.3857881873620019,1.1562387973024628,1.5364962844977084,1.3580275094129557,1.2795021718158368,1.3544942072806532]
["EMULSÕES ASFÁLTICAS RL-1C","2017-05-01",1.5691271946034344,1.1280904559665876,1.4814699769081212,1.3351868705790004,1.3212422505729005,1.3397816083264311]
["EMULSÕES ASFÁLTICAS RL-1C","2017-06-01",1.6032647627510215,1.1651824399795676,1.4476974678194179,1.2972357055713715,1.3402915064112657,1.350873102253243]
["EMULSÕES ASFÁLTICAS RL-1C","2017-07-01",1.5404965391065053,1.1316500591731233,1.4508261971805807,1.2895475516764763,1.28869388152475,1.3342133127690328]
["EMULSÕES ASFÁLTICAS RL-1C","2017-08-01",1.5665998913834067,1.1277314490566039,1.3886070363695109,1.2871533078658968,1.2566576481772778,1.312024396776664]
["EMULSÕES ASFÁLTICAS RL-1C","2017-09-01",1.6322100353015718,1.2577376497228605,1.420726203520841,1.307780157207836,1.2104677848314107,1.3383426509585583]
["EMULSÕES ASFÁLTICAS RL-1C","2017-10-01",1.6466361323649754,1.1035673397712018,1.4483200610787628,1.3086672815248546,1.2370216260142091,1.3405602213494139]
["EMULSÕES ASFÁLTICAS RL-1C","2017-11-01",1.7094168676788428,1.1964455462807055,1.4747841861237316,1.3842792241253008,1.2785427916191225,1.3855940658165806]
["EMULSÕES ASFÁLTICAS RL-1C","2017-12-01",1.5684146161825723,1.1980565982044702,1.4608394024153954,1.3665407114070807,1.3477709872946095,1.3715688971412405]
["EMULSÕES ASFÁLTICAS RL-1C","2018-01-01",1.8600921694013879,1.2355019580021831,1.4758471822917953,1.2865629546425452,1.2892159966022867,1.3508658770559154]
["EMULSÕES ASFÁLTICAS RL-1C","2018-02-01",2.028287085987261,1.2301229910041209,1.4836997052597194,1.2947917494520824,1.2480700218568312,1.3145652037873143]
["EMULSÕES ASFÁLTICAS RL-1C","2018-03-01",2.1065612720925153,1.2104900433959016,1.4630612440396442,1.299837343892831,1.2841877957922285,1.3295024171745828]
["EMULSÕES ASFÁLTICAS RL-1C","2018-04-01",1.7592755235098763,1.228501621502325,1.4695917697488492,1.2804668508625874,1.3935110752545956,1.3506314066743323]
["EMULSÕES ASFÁLTICAS RL-1C","2018-05-01",1.9193039234449765,1.2621428281118898,1.4863430441874039,1.3433005905169124,1.3587834170757602,1.3691374796788405]
["EMULSÕES ASFÁLTICAS RL-1C","2018-06-01",1.8240053492951604,1.3165510449836839,1.5827154580180822,1.4089329335615239,1.4004620781909278,1.4588051820586565]
["EMULSÕES ASFÁLTICAS RL-1C","2018-07-01",1.9609351896507703,1.390314086871669,1.6041728204783374,1.4939493336446956,1.4643765638718145,1.5315665889019379]
["EMULSÕES ASFÁLTICAS RL-1C","2018-08-01",2.3817705816646559,1.4255047185893184,1.7691971038845788,1.608826027040555,1.5221223181977375,1.6685149252111491]
["EMULSÕES ASFÁLTICAS RL-1C","2018-09-01",1.9841175924440226,1.4930497962438785,1.7757050434344053,1.6254990559840248,1.5437363253466247,1.6577630828167256]
["EMULSÕES ASFÁLTICAS RL-1C","2018-10-01",2.0631185531249998,1.4921472362848256,1.629754978302635,1.5933682067412851,1.6716565903853127,1.6178824138874799]
["EMULSÕES ASFÁLTICAS RL-1C","2018-11-01",2.6475637347330578,1.5556966212062564,2.0112116989619886,1.7726185243565014,1.6644664361639139,1.8364501412607208]
["EMULSÕES ASFÁLTICAS RL-1C","2018-12-01",1.8279792227979272,1.5893000142375693,1.8603004601533923,1.7461125390659815,1.630714944286755,1.7262255014248922]
["EMULSÕES ASFÁLTICAS RL-1C","2019-01-01",2.635818598882377,2.0592965962385898,2.0636373485963375,1.8320327909834799,1.8941201299990973,1.9478866635284464]
["EMULSÕES ASFÁLTICAS RL-1C","2019-02-01",2.8139073338229892,2.1221237317340003,2.320688726705177,1.8734621485530341,1.9015232394514059,2.03150110019978]
["EMULSÕES ASFÁLTICAS RL-1C","2019-03-01",2.285577613024127,2.2671906340622305,2.3798522622725113,1.9605150318995812,1.9987293754083888,2.0812818507094004]
["EMULSÕES ASFÁLTICAS RL-1C","2019-04-01",2.5572009811010679,1.9661175855588524,2.3709521478060052,1.9958284647404589,1.9729791775191177,2.0872148444257976]
["EMULSÕES ASFÁLTICAS RL-1C","2019-05-01",2.7298414886695088,1.9965003940820669,2.2912616986964074,2.0065709427600846,2.0324223717271543,2.1054405541250683]
["EMULSÕES ASFÁLTICAS RL-1C","2019-06-01",2.7454786032786891,1.9446995871358157,2.2656297224447939,2.0247945367028244,1.9634730579955284,2.1148171115890544]
["EMULSÕES ASFÁLTICAS RL-1C","2019-07-01",2.4095478010835349,1.9715957089055915,2.176480912300863,2.036146168720669,1.9442434395441788,2.0653344756118033]
["EMULSÕES ASFÁLTICAS RL-1C","2019-08-01",2.1070846964734913,1.9021569694392575,2.037149360890977,1.9563564911788058,1.9904700929429686,1.9931314283365202]
["EMULSÕES ASFÁLTICAS RL-1C","2019-09-01",2.3977936286305463,1.8377744031782335,2.1395945838662072,1.9236540258371129,1.9730581604042765,2.0056963661247824]
["EMULSÕES ASFÁLTICAS RL-1C","2019-10-01",2.1139845910531445,1.8522747906690689,2.1244690048889545,1.9001005029070861,1.9952558066660184,1.9989864059268647]
["EMULSÕES ASFÁLTICAS RL-1C","2019-11-01",2.3902238315250521,1.90103629721989,2.0119086555162227,1.9662155593882871,1.993321198928415,1.98729504518833]
["EMULSÕES ASFÁLTICAS RL-1C","2019-12-01",1.9947895017838939,1.9737474431836555,2.1164318163017857,1.960219052018267,2.0434365307192959,2.0192939951908766]
["EMULSÕES ASFÁLTICAS RL-1C","2020-01-01",1.8509554715192336,1.7882379723265742,2.0848251078273141,1.9329832913948319,2.1184394422542274,1.9924072503966428]
["EMULSÕES ASFÁLTICAS RL-1C","2020-02-01",1.6422605323808883,1.7623552060133632,2.0939292198314794,1.9005049535812031,2.0293604173311266,1.9635675112486466]
["EMULSÕES ASFÁLTICAS RL-1C","2020-03-01",1.7821339816600048,1.7364126037160219,2.0405731092534665,1.7819197858056437,2.0651275622471927,1.9224465668475388]
["EMULSÕES ASFÁLTICAS RL-1C","2020-04-01",1.9212903983822045,1.7047786050996963,1.9413986435726875,1.811472926322764,1.9429929664459114,1.8687943837980365]
["EMULSÕES ASFÁLTICAS RL-1C","2020-05-01",1.84602017338241,1.6254413706102051,1.8869336636960361,1.7980058837471793,2.0133432076294202,1.8569839170928431]
["EMULSÕES ASFÁLTICAS RL-1C","2020-06-01",2.2869417929883142,1.6714534330726833,1.9532110498485866,1.7968346466294505,1.9074341892307944,1.8613752361675866]
["EMULSÕES ASFÁLTICAS RL-1C","2020-07-01",2.0723572284922178,1.742166824551632,1.8913290322015541,1.8583570150444084,1.9448622784756597,1.893368531680556]
["EMULSÕES ASFÁLTICAS RL-1C","2020-08-01",1.9322939680509583,1.8521269776817855,1.9503371636311113,1.9048103135026977,2.0141756370476855,1.9424530594805709]
["EMULSÕES ASFÁLTICAS RL-1C","2020-09-01",1.9680406072598609,1.8482556521867659,1.9633524701295031,1.8624247082262815,2.0098004277553203,1.9312253671243171]
["EMULSÕES ASFÁLTICAS RL-1C","2020-10-01",1.896759930378991,1.7810603696709584,1.9246654135892671,1.8507379156568775,2.0678038519988067,1.9325563260655181]
["EMULSÕES ASFÁLTICAS RL-1C","2020-11-01",2.0042622596598454,1.8892477925580715,2.064495812375799,1.9306559980732556,2.0898275170275307,2.0141069599725587]
["EMULSÕES ASFÁLTICAS RL-1C","2020-12-01",2.191598889038413,1.8519353063639004,2.043907161136735,1.9015685700316083,2.0520950208825433,1.9850224935848333]
["EMULSÕES ASFÁLTICAS RL-1C","2021-01-01",2.0646467338316543,1.8806377320675103,2.1260523156942144,1.8838693611196573,2.0964823984868159,1.9950111632810386]
["EMULSÕES ASFÁLTICAS RL-1C","2021-02-01",1.9684197106720673,2.0257758589705444,2.2510452537705046,2.0269586724664186,2.2078441067263141,2.1480883178214638]
["EMULSÕES ASFÁLTICAS RL-1C","2021-03-01",2.1845855751492129,2.0021545662851574,2.0673008745379673,1.989308949013598,2.2333652164006752,2.0721110798228239]
["EMULSÕES ASFÁLTICAS RL-1C","2021-04-01",2.1715900000000001,2.0489367012987012,2.1493808461331474,1.9604355425914717,2.1773941929446337,2.0820971189425639]
["EMULSÕES ASFÁLTICAS RL-1C","2021-05-01",2.2092031875217844,2.4363959649895413,2.494903773193887,2.3250479651021498,3.052240785843265,2.4418483885311639]
["EMULSÕES ASFÁLTICAS RL-1C","2021-06-01",2.1730939466370205,2.368935862657148,2.4800845368810398,2.4206554463186452,2.4896154773182562,2.4525153461975471]
["EMULSÕES ASFÁLTICAS RL-1C","2021-07-01",2.4191242708010336,2.3507914618357253,2.5201424663033816,2.4065323239030807,2.5230863681021773,2.4796917521439292]
["EMULSÕES ASFÁLTICAS RL-1C","2021-08-01",2.4679154051754888,2.4788242305147339,2.7080988113389588,2.5013227192607808,2.6132193858477972,2.6100630168066341]
["EMULSÕES ASFÁLTICAS RL-1C","2021-09-01",2.5034927129980566,2.4830448609324995,2.6536965304349267,2.5675863070320188,2.5812073942351357,2.5937230871753369]
["EMULSÕES ASFÁLTICAS RL-1C","2021-10-01",2.4335925512037373,2.4853675784165108,2.6188627007265444,2.6593691677311595,2.5835558766935462,2.5882142630248697]
["EMULSÕES ASFÁLTICAS RL-1C","2021-11-01",2.5315789938663511,2.7143948711943793,2.6511510273820109,2.7702008170170176,2.6918381740886281,2.6930830704605557]
["EMULSÕES ASFÁLTICAS RL-1C","2021-12-01",2.7405063029491119,2.7775651593962887,2.8055347310759422,2.8091795957200922,2.7559279323879751,2.7866207536702619]
["EMULSÕES ASFÁLTICAS RL-1C","2022-01-01",2.7448074712933117,2.6558534932451856,2.7855379472856612,2.8282165260325258,2.8284400548413622,2.7852382942958673]
["EMULSÕES ASFÁLTICAS RL-1C","2022-02-01",3.0746135942857142,2.7468614681865064,3.0430167511111117,3.0138797969741691,2.7225306131566023,2.8877573059039006]
["EMULSÕES ASFÁLTICAS RL-1C","2022-03-01",3.0691356345957006,2.7940439021931618,2.9168643941379284,3.0366092706453656,2.8447713538579431,2.93469443938671]
["EMULSÕES ASFÁLTICAS RL-1C","2022-04-01",3.2672809177820272,2.7769459352597847,3.1469815911330556,3.1642874187823282,2.9036314879552898,3.0393407871824674]
["EMULSÕES ASFÁLTICAS RL-1C","2022-05-01",3.0305917793773784,3.1849290479091081,3.1505533881392078,3.1754279734999913,2.8252387850640903,3.1026030806397573]
["EMULSÕES ASFÁLTICAS RL-1C","2022-06-01",3.1817183594068044,3.1320570820713134,3.2004653443208526,3.1800173588816478,2.9744257251303901,3.1454073835721417]
["EMULSÕES ASFÁLTICAS RL-1C","2022-07-01",1.9821709867338542,3.1220321431625702,3.2229369974596165,3.0845514352993675,3.0547470737403115,3.1006358460581636]
["EMULSÕES ASFÁLTICAS RL-1C","2022-08-01",3.5353510700247854,3.3433251757230749,3.1706453091638376,3.0925065545937751,3.1815151223471463,3.1843244723423596]
["EMULSÕES ASFÁLTICAS RL-1C","2022-09-01",3.9180343131387274,3.3231093131161087,3.0134132551119812,3.0563380239042752,3.106088569041213,3.1312297963033493]
["EMULSÕES ASFÁLTICAS RL-1C","2022-10-01",3.4268674756490425,3.4269938568035685,2.7883508496513798,2.9819437673531572,2.985622034553018,3.0184617471886264]
["EMULSÕES ASFÁLTICAS RL-1C","2022-11-01",3.9012557870483846,3.4617350202937933,2.9066697161907378,2.8461826162699411,2.9765785847214254,3.0104104191827368]
["EMULSÕES ASFÁLTICAS RL-1C","2022-12-01",3.6678319809244311,3.3723875209414675,2.8494436775185443,2.7585939333486924,2.929605848549242,2.9848026946616972]
["EMULSÕES ASFÁLTICAS RL-1C","2023-01-01",3.7258602184873948,3.1760972865012129,3.001617038174293,2.6935739518823398,2.9308847087048164,2.9769252699780013]
["EMULSÕES ASFÁLTICAS RL-1C","2023-02-01",3.6420587373618623,3.2083733957756579,2.7016006712905507,2.5959868114810751,2.915303455094822,2.8201037533172424]
["EMULSÕES ASFÁLTICAS RL-1C","2023-03-01",3.581302315208156,3.0473738158049448,2.8273261707789614,2.5667079655661578,2.8425234193294262,2.7760784541830827]
["EMULSÕES ASFÁLTICAS RL-1C","2023-04-01",3.1944402434658081,2.9925985140992699,3.0112124888456071,2.6068615400753381,2.8747278583170255,2.8331788630240315]
["EMULSÕES ASFÁLTICAS RL-1C","2023-05-01",3.167048608265977,2.9036993681481209,2.8583495800423888,2.5921670846894922,2.6725207831201563,2.75802995572228]
["EMULSÕES ASFÁLTICAS RL-1C","2023-06-01",3.2835637189211964,2.9481023451709087,2.7721148041261801,2.5751809089169391,2.644116986718184,2.7300681217883569]
["EMULSÕES ASFÁLTICAS RL-1C","2023-07-01",3.1708478311798083,2.732969760835863,2.8267051124651625,2.5416072737104205,2.6841439703047758,2.6982514716940655]
["EMULSÕES ASFÁLTICAS RL-1C","2023-08-01",3.036677738613049,2.783136735699359,2.883023354052721,2.4153755294540153,2.5814544032638556,2.6410541676633112]
["EMULSÕES ASFÁLTICAS RL-1C","2023-09-01",3.3483076617912237,2.7546797537004792,2.976282450627088,2.6405205985106108,2.6080038770196738,2.7610603016616393]
["EMULSÕES ASFÁLTICAS RL-1C","2023-10-01",3.289099207959099,2.8973954392085997,2.9504737453403229,2.5886299738041805,2.713302049966213,2.7868987444940285]
["EMULSÕES ASFÁLTICAS RL-1C","2023-11-01",2.876410597536871,2.8529796318783509,3.0209880407405838,2.5129901210822974,2.6862648455836555,2.7288935262596725]
["EMULSÕES ASFÁLTICAS RL-1C","2023-12-01",3.1656090264404715,3.0778295892240903,2.9343058854358217,2.4916221775103713,2.6623158427547002,2.7583881653877542]
["EMULSÕES ASFÁLTICAS RL-1C","2024-01-01",2.7356886006289303,2.7617483158426204,2.9984184287572369,2.4753254603877131,2.5535835588463485,2.6957943570235079]
["EMULSÕES ASFÁLTICAS RL-1C","2024-02-01",2.8670386366569858,2.7661053789458374,2.9053692173610504,2.5539528767585709,2.5415431443803134,2.6676760654483345]
["EMULSÕES ASFÁLTICAS RL-1C","2024-03-01",2.5048512605127167,2.7981131524290239,2.8131624794876546,2.4980238070604592,2.5583726422932691,2.6406528674063874]
["EMULSÕES ASFÁLTICAS RL-1C","2024-04-01",2.9015602544217689,2.7380778336059337,2.7396106206076096,2.4368141989254619,2.5962116115861886,2.5948626661675389]
["EMULSÕES ASFÁLTICAS RL-1C","2024-05-01",2.597611526062777,2.7114853551632532,2.7917974452542063,2.4305511979851171,2.601844132867408,2.5752561700705874]
["EMULSÕES ASFÁLTICAS RL-1C","2024-06-01",2.8991144430823113,2.7639774377234021,2.6876941910100336,2.392133511214793,2.6656152732703022,2.5553277641999754]
["EMULSÕES ASFÁLTICAS RL-1C","2024-07-01",3.2850664432823815,2.8439083669227392,2.8293459694048009,2.507762390912823,2.6328719858288792,2.6626157411146063]
["EMULSÕES ASFÁLTICAS RM-1C","2008-11-01",1.2440746756266305,0.83737125724693595,1.2302087565235102,1.0770216649742204,0.93029969398803902,0.99194697105575613]
["EMULSÕES ASFÁLTICAS RM-1C","2008-12-01",1.2757451960894022,0.88756640695071143,1.1972130708411794,1.0074814750540864,0.94581961125570146,0.99315543588644317]
["EMULSÕES ASFÁLTICAS RM-1C","2009-01-01",1.1692491401627692,0.93428388985236244,1.2055997645472507,0.9392693173620229,0.96282630756923537,1.0164850753236701]
["EMULSÕES ASFÁLTICAS RM-1C","2009-02-01",1.2185810448804506,0.91851765590709578,1.2456314268356794,0.99770133375213332,0.9497388182442883,1.0373901754860333]
["EMULSÕES ASFÁLTICAS RM-1C","2009-03-01",1.1627963120401728,0.9277118202078084,1.2102570091416185,0.9103957531099135,0.94034762056325694,1.0013663352842179]
["EMULSÕES ASFÁLTICAS RM-1C","2009-04-01",1.2711328476132235,0.87459951400745084,1.1978227296035973,0.92589123267579498,0.94190758478931191,0.98046008053262357]
["EMULSÕES ASFÁLTICAS RM-1C","2009-05-01",1.3753979956901705,0.86869089842699165,1.2313967657413556,0.88922972800331301,0.91997459936112735,0.9837775863242072]
["EMULSÕES ASFÁLTICAS RM-1C","2009-06-01",1.4422934168089547,0.88335770522804669,1.1986050068320748,0.87294991509975017,0.94398753174671501,0.96770110428401168]
["EMULSÕES ASFÁLTICAS RM-1C","2009-07-01",1.3991710608467058,0.85038391203860597,1.2397290640486094,0.98340286839061664,0.94138006025652521,0.94739118502226982]
["EMULSÕES ASFÁLTICAS RM-1C","2009-08-01",1.4135809115293387,0.84747785706760304,1.1265953153909967,0.89526325795762152,0.87568058619863809,0.91817900161395671]
["EMULSÕES ASFÁLTICAS RM-1C","2009-09-01",1.4715034676434675,0.83730006188485617,1.1732581770169879,0.87330593464086659,0.87515142553997183,0.90853638559109073]
["EMULSÕES ASFÁLTICAS RM-1C","2009-10-01",1.4403662767600971,0.84754292346029625,1.1898825896140159,0.88634172635386732,0.878008573618691,0.95039760947872098]
["EMULSÕES ASFÁLTICAS RM-1C","2009-11-01",1.4752813603562107,0.84055645592934836,1.1394213528453545,0.92195017553161274,0.86981725758585993,0.90203337414072537]
["EMULSÕES ASFÁLTICAS RM-1C","2009-12-01",1.1704376634999312,0.83864203028195738,1.0898878652110811,0.88652672790587239,0.89811291253426395,0.9265671573281139]
["EMULSÕES ASFÁLTICAS RM-1C","2010-01-01",1.1511888752211412,0.82339013886873635,1.1520021218137368,0.85553178721341006,0.86879759891354125,0.94813039075901606]
["EMULSÕES ASFÁLTICAS RM-1C","2010-02-01",1.3483415518824611,0.83630684544548306,1.1046151437657348,0.86912036553728034,0.85551358897807206,0.91978573476372016]
["EMULSÕES ASFÁLTICAS RM-1C","2010-03-01",1.1104721025658488,0.83199322443700308,1.1299371655437676,0.85050743807887752,0.85754784919594673,0.9137229974999298]
["EMULSÕES ASFÁLTICAS RM-1C","2010-04-01",1.0966126863441681,0.84044834611533503,1.1456176946905472,0.82265265382523323,0.86949607740950752,0.92735824552140889]
["EMULSÕES ASFÁLTICAS RM-1C","2010-05-01",1.0738392007894415,0.84954815538850414,1.0768264519534754,0.83109798137877589,0.81875251314607911,0.89980226668522512]
["EMULSÕES ASFÁLTICAS RM-1C","2010-06-01",1.1880163179803951,0.88348805291668808,1.0027454959827347,0.81660860565356852,0.83043972898024665,0.89271539860918281]
["EMULSÕES ASFÁLTICAS RM-1C","2010-07-01",1.214792852748114,0.85124598400050733,0.99520839597095156,1.0553408610172523,0.82131302795622796,0.92899880297332715]
["EMULSÕES ASFÁLTICAS RM-1C","2010-08-01",1.117648232917962,0.86775010589509294,1.040275194428149,0.83972803748384295,0.81359839643464227,0.87408684551949478]
["EMULSÕES ASFÁLTICAS RM-1C","2010-09-01",1.1190722773781085,0.84948488885167872,1.0652531903960194,0.79687197442419211,0.81479282245224505,0.86993555454404403]
["EMULSÕES ASFÁLTICAS RM-1C","2010-10-01",1.0159090696086417,0.8246800681987394,1.0316397489539009,0.95721208902352595,0.81430716097957001,0.89136019796629329]
["EMULSÕES ASFÁLTICAS RM-1C","2010-11-01",1.0878597151607545,0.80615534044900716,0.96710292728458214,0.96469666139976751,0.79958472508700773,0.87789754102628637]
["EMULSÕES ASFÁLTICAS RM-1C","2010-12-01",1.1506631971235517,0.81791017659960674,1.025397694948901,0.92341065245529308,0.83163011470656223,0.92206578790354088]
["EMULSÕES ASFÁLTICAS RM-1C","2011-01-01",1.1009037960795724,0.80535792796051042,1.074130929747648,0.86621481145842716,0.82742895359125457,0.90934624313128254]
["EMULSÕES ASFÁLTICAS RM-1C","2011-02-01",1.1893804375865216,0.80165347861447511,1.0819090155081026,0.8372027730086532,0.82581328441652213,0.90641993730568371]
["EMULSÕES ASFÁLTICAS RM-1C","2011-03-01",0.9799309268365094,0.80698824333826191,1.0228058474509325,0.99096270838989964,0.85468653979115516,0.90770122249176111]
["EMULSÕES ASFÁLTICAS RM-1C","2011-04-01",1.0216544633789779,0.80147597368795498,1.0355141002033987,0.91591943378753793,0.82446614171232036,0.89597489448547873]
["EMULSÕES ASFÁLTICAS RM-1C","2011-05-01",0.94107896478638187,0.80484471254569478,1.0191156004155506,0.96463839189391321,0.80120334982460006,0.86701741920643793]
["EMULSÕES ASFÁLTICAS RM-1C","2011-06-01",1.1103178831625042,0.79442537985310757,1.0331756140200801,0.97574190195274602,0.81325655368422678,0.90126143462723463]
["EMULSÕES ASFÁLTICAS RM-1C","2011-07-01",1.1201162286671553,0.79484422638329111,1.029953980446914,0.82885915461275028,0.81181453934896874,0.86091323102752237]
["EMULSÕES ASFÁLTICAS RM-1C","2011-08-01",1.0037899748800072,0.78157908151180266,1.0255700573440403,0.78388233676746089,0.82024004953760909,0.8343426858574996]
["EMULSÕES ASFÁLTICAS RM-1C","2011-09-01",0.91246930126353976,0.77596353481529012,1.026791585180751,0.75800776013137461,0.80537571233942606,0.8221870978683562]
["EMULSÕES ASFÁLTICAS RM-1C","2011-10-01",0.93742091604471833,0.77908928729115923,1.0558443433486642,0.74541231801684593,0.82193475035167485,0.8371499690094687]
["EMULSÕES ASFÁLTICAS RM-1C","2011-11-01",1.0056961423673156,0.78685274567164953,1.0500890812686077,0.76898537752309137,0.81639764301328765,0.8335211071780475]
["EMULSÕES ASFÁLTICAS RM-1C","2011-12-01",1.0321656286403107,0.78603018107453426,1.0557717877969099,0.74738072434082836,0.83097082648978149,0.8559323296368615]
["EMULSÕES ASFÁLTICAS RM-1C","2012-01-01",0.97718956895496834,0.78816376192361104,0.99055096257024666,0.83629194124627204,0.83567029634393342,0.8710153849825728]
["EMULSÕES ASFÁLTICAS RM-1C","2012-02-01",1.0056200337943373,0.78540672515515431,1.0436393927485568,0.90134453237467183,0.83223977207928035,0.8866582802145363]
["EMULSÕES ASFÁLTICAS RM-1C","2012-03-01",1.0465676978258955,0.79432799575872393,1.0294477815144547,0.89345190839583299,0.85218647044364004,0.878215503875036]
["EMULSÕES ASFÁLTICAS RM-1C","2012-04-01",1.1323340888376434,0.79383793537578506,1.0168887129992157,0.93013643344201302,0.86083166977686398,0.8918502267024131]
["EMULSÕES ASFÁLTICAS RM-1C","2012-05-01",1.3072376625512239,0.84637013159372632,1.0515696312684566,0.94645964547514339,0.84982788620084104,0.90412293346356587]
["EMULSÕES ASFÁLTICAS RM-1C","2012-06-01",1.2417558167207541,0.8397975462969427,1.0832595693578104,0.97754787835886603,0.86735899654228388,0.91915020546770265]
["EMULSÕES ASFÁLTICAS RM-1C","2012-07-01",1.2161289489092453,0.83493867821353485,1.0359146747118244,0.98582202201819646,0.87017300155207822,0.9200783822703249]
["EMULSÕES ASFÁLTICAS RM-1C","2012-08-01",1.2314005931034484,0.83935778892873858,1.0913175572674303,0.98793563356512926,0.86168719809992511,0.90920967288325949]
["EMULSÕES ASFÁLTICAS RM-1C","2012-09-01",0.84728706486191852,0.86318102775998085,1.060482788167584,0.90873533260834827,0.85439202185591467,0.87881156115243353]
["EMULSÕES ASFÁLTICAS RM-1C","2012-10-01",1.1832633836988431,0.88023826429980301,1.1000667754000857,0.96348602284317242,0.85032078464281946,0.91808221211157304]
["EMULSÕES ASFÁLTICAS RM-1C","2012-11-01",1.2091937268114132,0.88176344019212394,1.0960109303609533,0.9265937161941159,0.89230397873541945,0.93029045520229614]
["EMULSÕES ASFÁLTICAS RM-1C","2012-12-01",1.2200999999999997,0.85426092444060331,1.0558040570327178,0.92432547659660602,0.86409295466275982,0.94181012677620823]
["EMULSÕES ASFÁLTICAS RM-1C","2013-01-01",1.2284339326747162,0.87033193380989604,1.0887423500618352,1.053334332691509,0.89236908455807751,0.98126119521284116]
["EMULSÕES ASFÁLTICAS RM-1C","2013-02-01",1.2253841107352681,0.84867467032788479,1.1485429792311026,0.86964437804396477,0.89362647423683028,0.99942924583634152]
["EMULSÕES ASFÁLTICAS RM-1C","2013-03-01",1.2156765872873123,0.8494502078753271,1.1520893409978326,0.869632999161705,0.90750685694410671,0.99010968939959054]
["EMULSÕES ASFÁLTICAS RM-1C","2013-04-01",1.1986927540073484,0.84869761951604961,1.1693319655446488,0.87953942490553105,0.89016013521721771,0.98031303127467173]
["EMULSÕES ASFÁLTICAS RM-1C","2013-05-01",0.98938620657413212,0.86094833083901257,1.1444377843854776,0.88244038414607273,0.90423026642470827,0.95761708745943852]
["EMULSÕES ASFÁLTICAS RM-1C","2013-06-01",1.2174793086612636,0.86768896784428573,1.164136971088358,0.89372625910922276,0.90496241363478991,0.96615868448241948]
["EMULSÕES ASFÁLTICAS RM-1C","2013-07-01",1.1171583604310125,0.88426264089352791,1.1571427082421888,0.91663292644247196,0.94248917152269196,0.96138237357667244]
["EMULSÕES ASFÁLTICAS RM-1C","2013-08-01",1.2118713430306511,0.87054365052699401,1.1569895184202428,0.91867112505906579,0.91801887620495759,0.96375720995793401]
["EMULSÕES ASFÁLTICAS RM-1C","2013-09-01",1.202,0.90663111467864377,1.171295749180786,0.93298370704616451,0.90658975421904442,0.98569455387683791]
["EMULSÕES ASFÁLTICAS RM-1C","2013-10-01",1.2181492919878114,0.95006897728628836,1.1354721454815453,0.91839960772196483,0.89495813501768529,0.97929272525175515]
["EMULSÕES ASFÁLTICAS RM-1C","2013-11-01",1.1195558886944814,0.94802065957925663,1.1440306670461884,0.93026080733809891,0.91075605853383912,0.98575120139592476]
["EMULSÕES ASFÁLTICAS RM-1C","2013-12-01",1.2128139371554345,0.924216638581287,1.1896604811455453,0.91843757400422876,0.90599239644822016,1.0071186734164457]
["EMULSÕES ASFÁLTICAS RM-1C","2014-01-01",1.2067020436758733,0.94259640782181142,1.1412903035651072,0.92889875666732213,0.92234515003768069,1.0025032393494497]
["EMULSÕES ASFÁLTICAS RM-1C","2014-02-01",1.0579315772732258,0.92368605489971045,1.1429172288149934,0.93217781899228425,0.87922893799542923,0.96795597048398319]
["EMULSÕES ASFÁLTICAS RM-1C","2014-03-01",0.9997439288450648,0.93791855913735322,1.1657046266221616,0.92193538126391972,0.91895274771452173,0.97821862278597493]
["EMULSÕES ASFÁLTICAS RM-1C","2014-04-01",1.0310021510196676,0.94274368537637876,1.128477542203479,0.88914415488063392,0.91984325608798101,0.97323432777391894]
["EMULSÕES ASFÁLTICAS RM-1C","2014-05-01",1.1143157323548218,0.93449108802475611,1.1581051288412034,0.92385576145827886,0.90982706584962836,0.99508747499448846]
["EMULSÕES ASFÁLTICAS RM-1C","2014-06-01",1.0169746381699241,0.95563974707690769,1.1929335994173713,0.93609120504383891,0.9352096646059741,0.99275027025368912]
["EMULSÕES ASFÁLTICAS RM-1C","2014-07-01",0.88644807044706797,0.9483675122396592,1.0022731372522997,0.90942928363207809,0.91942553538204896,0.93980024814958585]
["EMULSÕES ASFÁLTICAS RM-1C","2014-08-01",1.2195540832485012,0.93945798005768544,1.0486856251470773,0.90207295975078772,0.92205139435985195,0.95508313764177033]
["EMULSÕES ASFÁLTICAS RM-1C","2014-09-01",1.170468620735081,0.93115061529545839,1.1577073614266999,0.91021734900408957,0.93515578457253623,0.96429925418195328]
["EMULSÕES ASFÁLTICAS RM-1C","2014-10-01",1.3542394211677606,0.93506156252423134,1.0563183132137126,0.86315841471376142,0.97135973935622555,0.9489259470168655]
["EMULSÕES ASFÁLTICAS RM-1C","2014-11-01",1.2293336289866013,0.96017017240788982,1.0970816325706858,0.92481923881065564,0.95140020348837206,0.97467027232499881]
["EMULSÕES ASFÁLTICAS RM-1C","2014-12-01",1.1319735098863155,1.0689854505157959,1.1058130844637208,0.8783799550814152,1.0118455786298257,1.0282630859181972]
["EMULSÕES ASFÁLTICAS RM-1C","2015-01-01",1.3663039621340931,1.3353018260124534,1.4089803100391451,1.0393082398893714,1.199734699349823,1.2703752728627753]
["EMULSÕES ASFÁLTICAS RM-1C","2015-02-01",1.6478061813855389,1.2955207990076321,1.3999763827123628,1.0165557140370221,1.1761570701637758,1.2526426904446903]
["EMULSÕES ASFÁLTICAS RM-1C","2015-03-01",1.5589427873762804,1.2605027625158327,1.4601410058534363,1.0875560601129803,1.1378319685617226,1.2525076139823397]
["EMULSÕES ASFÁLTICAS RM-1C","2015-04-01",1.3241754455136077,1.2771967615675162,1.4132283044708203,1.0923654477175413,1.2149305994750745,1.2624108976646942]
["EMULSÕES ASFÁLTICAS RM-1C","2015-05-01",1.5552132680022084,1.2785987089364168,1.4133167154701134,1.0234322514265173,1.1671401019813132,1.2669828619074477]
["EMULSÕES ASFÁLTICAS RM-1C","2015-06-01",1.5623747938184134,1.2522278641008713,1.4901750889259209,1.0220828389642531,1.1546196432832516,1.2854731199760379]
["EMULSÕES ASFÁLTICAS RM-1C","2015-07-01",1.4972154738651995,1.264458328077084,1.2560783739658024,1.0347053620116375,1.1810006773681725,1.2476002962438619]
["EMULSÕES ASFÁLTICAS RM-1C","2015-08-01",1.5477231585178022,1.3378228677958703,1.4831631620723167,1.0208515532316462,1.1421220969438861,1.298923017064793]
["EMULSÕES ASFÁLTICAS RM-1C","2015-09-01",1.5578782789954144,1.2801082484822721,1.3944477404254176,1.1208783545292689,1.0859062231588994,1.2553305044978029]
["EMULSÕES ASFÁLTICAS RM-1C","2015-10-01",1.662527932725268,1.2909606839048544,1.5455570567247257,1.0977588872173012,1.1332078077580878,1.3180389108792234]
["EMULSÕES ASFÁLTICAS RM-1C","2015-11-01",1.8338622435181615,1.5058168099363505,1.5859677649855599,1.3758140780678019,1.2458764281269585,1.4961979826208793]
["EMULSÕES ASFÁLTICAS RM-1C","2015-12-01",1.8777695619773731,1.4431751257945624,1.5835331875816046,1.2489359567552292,1.1891475882448894,1.4516128667788266]
["EMULSÕES ASFÁLTICAS RM-1C","2016-01-01",1.7409283222464698,1.4791194918534782,1.7134591762173246,1.2475936126613185,1.3203095498839823,1.4677294565828749]
["EMULSÕES ASFÁLTICAS RM-1C","2016-02-01",1.9385085667962687,1.5140419773488456,1.7216144482592244,1.2798829328634946,1.2929359483319467,1.5312358578416068]
["EMULSÕES ASFÁLTICAS RM-1C","2016-03-01",1.7843736950210707,1.512588694547701,1.7015461512301324,1.3431408401961054,1.3335937506472995,1.4925970905857922]
["EMULSÕES ASFÁLTICAS RM-1C","2016-04-01",1.80006117922675,1.6167340791734461,1.7867565217576311,1.3829176510506853,1.3426001867888202,1.541898976057938]
["EMULSÕES ASFÁLTICAS RM-1C","2016-05-01",1.755126411788573,1.7094488456586903,1.7928550321562347,1.4637279105207799,1.4273058337740265,1.60641896274598]
["EMULSÕES ASFÁLTICAS RM-1C","2016-06-01",1.8205085676551109,1.5173140759155508,1.7171148840770418,1.5115493939039371,1.3533683158821266,1.509405429616993]
["EMULSÕES ASFÁLTICAS RM-1C","2016-07-01",1.8189527171487472,1.470334662343511,1.7296839468592804,1.4939717954839484,1.4122387304201487,1.5083949722965055]
["EMULSÕES ASFÁLTICAS RM-1C","2016-08-01",1.9758494687440229,1.5302191190164971,1.7112679882593975,1.5107556680860244,1.4285483985026346,1.5632637808778107]
["EMULSÕES ASFÁLTICAS RM-1C","2016-09-01",1.6444586911442398,1.5032578217748696,1.5741901436708714,1.3311757407168434,1.278645770237917,1.4204560157760806]
["EMULSÕES ASFÁLTICAS RM-1C","2016-10-01",1.6558099254394296,1.4703067206074427,1.5116758776771082,1.3598163400259069,1.2495570878466304,1.4134255567498784]
["EMULSÕES ASFÁLTICAS RM-1C","2016-11-01",1.598621901157814,1.4510326702745142,1.7429948600369587,1.3373589897983582,1.3089074306257398,1.4475169464401583]
["EMULSÕES ASFÁLTICAS RM-1C","2016-12-01",1.7842162184362642,1.4330079691372393,1.7616727438377737,1.3329012360694386,1.2288198759824072,1.4582415504395472]
["EMULSÕES ASFÁLTICAS RM-1C","2017-01-01",1.6516441865129101,1.3225611786905576,1.8125244118606612,1.3026528046521966,1.2190395134316296,1.4117359143035897]
["EMULSÕES ASFÁLTICAS RM-1C","2017-02-01",1.6196794885446919,1.179923531817922,1.6970293396495046,1.3714264536859213,1.2548173172056125,1.3260330735952215]
["EMULSÕES ASFÁLTICAS RM-1C","2017-03-01",1.6939173962904914,1.2189000824215845,1.7763121341426584,1.3587478706392102,1.2153180161911408,1.3862117256511903]
["EMULSÕES ASFÁLTICAS RM-1C","2017-04-01",1.7124616299601394,1.2494399906972471,1.7872092215953399,1.2385920811579791,1.1621679500505928,1.385017912091866]
["EMULSÕES ASFÁLTICAS RM-1C","2017-05-01",1.7094804743222911,1.2070241369761581,1.6664202790934897,1.3427858774394266,1.1816139837011574,1.3750651962349436]
["EMULSÕES ASFÁLTICAS RM-1C","2017-06-01",1.6816326713947989,1.2528271545694243,1.8146677425405686,1.65509911689612,1.1163669943427763,1.362000046602247]
["EMULSÕES ASFÁLTICAS RM-1C","2017-07-01",1.6410656015280995,1.2432846598897036,1.6123913301049233,1.407942360062542,1.0758034116375832,1.2570175029594184]
["EMULSÕES ASFÁLTICAS RM-1C","2017-08-01",1.6761631933913737,1.2497292395764861,1.5136316681697921,1.4323507874999997,1.1387723095667803,1.2631308531775087]
["EMULSÕES ASFÁLTICAS RM-1C","2017-09-01",1.688621115778171,1.2370675026929987,1.7795554193356067,1.4087075520638774,1.135769276913716,1.2954755337066299]
["EMULSÕES ASFÁLTICAS RM-1C","2017-10-01",1.6789470045281121,1.2700495809202119,1.6104542960720822,1.5056643560085716,1.1050028607380595,1.3260411411446831]
["EMULSÕES ASFÁLTICAS RM-1C","2017-11-01",1.6910137283100632,1.318507677133079,1.6874571685149165,1.4590908597829075,1.0222031595779058,1.3548520408699223]
["EMULSÕES ASFÁLTICAS RM-1C","2017-12-01",1.7774686918862421,1.3419842252342902,1.6046481277473501,1.3931731327163808,1.1589382389750029,1.4325811635127581]
["EMULSÕES ASFÁLTICAS RM-1C","2018-01-01",1.8989063385577725,1.3783171042869371,1.5353010643394933,1.4613785948100002,1.1307527878855113,1.4571882655307402]
["EMULSÕES ASFÁLTICAS RM-1C","2018-02-01",1.7178404560988991,1.3067482196616174,1.5275124545702825,1.48708766193104,1.1391060725198281,1.3625410913531768]
["EMULSÕES ASFÁLTICAS RM-1C","2018-03-01",1.9343988253808084,1.3305726202127952,1.5455149828970745,1.4533731790739739,1.3771954222738567,1.4807028942560059]
["EMULSÕES ASFÁLTICAS RM-1C","2018-04-01",1.6871042184152896,1.3260416409905063,1.5353970997593038,1.4147212726915135,1.4862852011320513,1.4523387181508043]
["EMULSÕES ASFÁLTICAS RM-1C","2018-05-01",1.6918126626199632,1.450391579016262,1.5524364943131403,1.4594211711379927,1.2693003140377508,1.4601952243619425]
["EMULSÕES ASFÁLTICAS RM-1C","2018-06-01",1.8608319905785122,1.4646383854109559,1.7100193417166003,1.4296296397405321,1.6423499350833355,1.5962611306127075]
["EMULSÕES ASFÁLTICAS RM-1C","2018-07-01",1.8843249473951003,1.5753774895550132,1.6881124355605814,1.6164236326190835,1.6098421843306188,1.6409525559129283]
["EMULSÕES ASFÁLTICAS RM-1C","2018-08-01",1.7350076362052542,1.7074808071370779,1.8984421274126957,2.3351216704835869,1.7126626074026443,1.8653923204892395]
["EMULSÕES ASFÁLTICAS RM-1C","2018-09-01",2.2421754983821542,1.7385658792052334,1.9470503476821193,2.4023011806250696,1.8182721045566295,1.9929832017075235]
["EMULSÕES ASFÁLTICAS RM-1C","2018-10-01",2.6736504558721332,1.7939585005250016,1.7228296886782215,2.6811515289962546,1.8766269795765667,2.1360434865918747]
["EMULSÕES ASFÁLTICAS RM-1C","2018-11-01",3.1662958005636606,2.0049001032755851,2.0889110397241208,2.9804048795164602,1.9286064359376285,2.561817288699396]
["EMULSÕES ASFÁLTICAS RM-1C","2018-12-01",2.5235890087374853,1.8902582005571029,1.8778794960410339,2.7595711423649174,2.0028638773520973,2.1388882327528074]
["EMULSÕES ASFÁLTICAS RM-1C","2019-01-01",2.7000417112449608,2.0263812007721045,2.1401435726019571,2.3752739596170773,2.1046126948587403,2.2377215782525286]
["EMULSÕES ASFÁLTICAS RM-1C","2019-02-01",2.5733624764971501,2.1542414305680135,2.3266222765828877,2.2246261956885962,2.2402913233408142,2.2885883317330773]
["EMULSÕES ASFÁLTICAS RM-1C","2019-03-01",2.8039128535567817,2.1164654771507334,2.2966397089168376,2.3552267958130821,2.2269099649953943,2.3395193684561457]
["EMULSÕES ASFÁLTICAS RM-1C","2019-04-01",2.7538439997428235,2.0658516615049809,2.3667705242946089,2.3377453847810723,2.353345154889567,2.3333522488259275]
["EMULSÕES ASFÁLTICAS RM-1C","2019-05-01",2.7969122690888448,2.0706944561289027,2.3869999679722458,2.1514114061167944,2.2615761870261339,2.2930108152411943]
["EMULSÕES ASFÁLTICAS RM-1C","2019-06-01",2.8786715804206779,2.0150139348024609,2.4271920313692248,2.4445590406661033,2.2218819576401843,2.2990949752309149]
["EMULSÕES ASFÁLTICAS RM-1C","2019-07-01",2.6714989437684493,2.0765382613180163,2.4750797262471407,2.4072261088772917,2.2616874244421012,2.3371358884741809]
["EMULSÕES ASFÁLTICAS RM-1C","2019-08-01",2.6105183273124908,2.0178180587620402,2.4382153145880281,2.862795964312745,2.2316705899165901,2.3492405255405107]
["EMULSÕES ASFÁLTICAS RM-1C","2019-09-01",2.6169414750954818,2.0379581402271745,2.3889140219025826,2.8923801499953989,2.2615100605866463,2.3972090642093713]
["EMULSÕES ASFÁLTICAS RM-1C","2019-10-01",2.5795184776761699,1.9476248567562788,2.3166481776261767,3.0621034408231025,2.143885439242228,2.3382454204595176]
["EMULSÕES ASFÁLTICAS RM-1C","2019-11-01",2.7559181109736706,1.9595045753070652,2.1892937255071216,3.4006857775107808,2.1605882843526598,2.4762799914246103]
["EMULSÕES ASFÁLTICAS RM-1C","2019-12-01",2.5643978285879458,1.9826297196214957,2.2382257018169627,3.2700447978238021,2.1397160452083721,2.5283457387778498]
["EMULSÕES ASFÁLTICAS RM-1C","2020-01-01",2.4148274299845438,2.0941317018578753,2.2094822552485005,3.1719546686672624,2.1970384864997468,2.4254583600110244]
["EMULSÕES ASFÁLTICAS RM-1C","2020-02-01",2.492383953065676,1.8278887061654314,2.2506818284180961,2.7726498567096893,2.0965432526937491,2.192000924003727]
["EMULSÕES ASFÁLTICAS RM-1C","2020-03-01",2.6220254806379995,1.8600077105883774,2.0935512931815019,2.9644898953982293,2.1074885517773092,2.2851733688592399]
["EMULSÕES ASFÁLTICAS RM-1C","2020-04-01",2.7685419624096674,1.8383978988656022,2.0556880200649159,3.2110309400699588,2.0740192292004886,2.5598260144446194]
["EMULSÕES ASFÁLTICAS RM-1C","2020-05-01",2.5873227315798473,1.8324985356734531,2.0987700661687887,3.0280077796987976,2.262818894027419,2.3953100903291746]
["EMULSÕES ASFÁLTICAS RM-1C","2020-06-01",2.6653602997813737,1.827148860703113,2.1006188006560316,2.5744209548239638,1.994877755327545,2.1684036937577744]
["EMULSÕES ASFÁLTICAS RM-1C","2020-07-01",2.518747949134521,1.7447592093495172,2.1587461023122567,2.8737181068635738,1.9952807007260616,2.2026478039167801]
["EMULSÕES ASFÁLTICAS RM-1C","2020-08-01",2.4850709606845016,1.8043691707852343,2.1120853794063974,2.8153138965191924,2.078086265443837,2.2416182195989731]
["EMULSÕES ASFÁLTICAS RM-1C","2020-09-01",2.4387211421566795,1.8193145530364379,2.1249319616378082,3.150277193153745,2.0462239440688461,2.2986682876635061]
["EMULSÕES ASFÁLTICAS RM-1C","2020-10-01",2.4537260314192846,1.8931990864276063,2.0349097760900872,2.8966225637489713,2.0669731455560321,2.2249560539642759]
["EMULSÕES ASFÁLTICAS RM-1C","2020-11-01",2.6788735678640654,2.0282348868913092,2.1591436775428003,2.9492634684649812,2.1978360791324034,2.2971804531208218]
["EMULSÕES ASFÁLTICAS RM-1C","2020-12-01",2.5782098261565314,2.031621505422994,2.182355341060485,2.8198574550722637,2.2336993279057684,2.2530474852908866]
["EMULSÕES ASFÁLTICAS RM-1C","2021-01-01",2.6460557236152544,1.9772043132732453,2.2039075070457561,2.9169103005693482,2.3310170638219829,2.2639639514467942]
["EMULSÕES ASFÁLTICAS RM-1C","2021-02-01",2.7763632350908063,2.2314145150664366,2.3617696181759351,2.4934783763739907,2.0791072008120337,2.3330562750476069]
["EMULSÕES ASFÁLTICAS RM-1C","2021-03-01",2.7488581881121239,2.235616055189193,2.1610643416420219,2.8496555620010824,2.024870610598045,2.4319672912941215]
["EMULSÕES ASFÁLTICAS RM-1C","2021-04-01",2.7022177187715331,2.1545405267247157,2.3513964897280255,2.6040845155733323,2.1755969681687986,2.3554871614366903]
["EMULSÕES ASFÁLTICAS RM-1C","2021-05-01",2.7691541589985018,2.5542164010704012,2.6211269781238413,2.980714858806246,2.6535696066957,2.6652074322149648]
["EMULSÕES ASFÁLTICAS RM-1C","2021-06-01",2.8310897928610155,2.5766534197350079,2.4944611800774932,2.8136878898715612,2.785719333985933,2.6864717364832926]
["EMULSÕES ASFÁLTICAS RM-1C","2021-07-01",2.8192577986908383,2.5375287071369086,2.9232094227736738,3.0800879967300676,2.7666488233474591,2.7874428846374699]
["EMULSÕES ASFÁLTICAS RM-1C","2021-08-01",2.7901102225183978,2.7662159493828353,2.7345264303465724,3.2080260645661571,2.5996659750170985,2.89861943386278]
["EMULSÕES ASFÁLTICAS RM-1C","2021-09-01",3.0149762790055248,2.7097822189680998,3.0281167162675344,3.3832351041122846,2.7640196779512549,3.0442834418761717]
["EMULSÕES ASFÁLTICAS RM-1C","2021-10-01",3.0577732398294404,2.7416084647742265,2.7137322753938768,3.3095715435861974,2.924937996763278,3.0006139055606527]
["EMULSÕES ASFÁLTICAS RM-1C","2021-11-01",2.974116802697274,2.9188494352115475,2.5755678274899387,3.2562823109914105,2.8298921051848169,3.0145811183083739]
["EMULSÕES ASFÁLTICAS RM-1C","2021-12-01",3.1022162818722196,3.0353075421712803,3.2342096800184694,3.2563482037351443,2.9829561138478375,3.1480739165851901]
["EMULSÕES ASFÁLTICAS RM-1C","2022-01-01",3.5243332388407023,2.998015441976392,3.1117204931032187,3.1820726442157237,3.0274792927239824,3.1051654412349841]
["EMULSÕES ASFÁLTICAS RM-1C","2022-02-01",3.1470410345029936,3.1884414024906609,3.4177878797864931,3.3815293332855814,3.26762072349652,3.2970123716383584]
["EMULSÕES ASFÁLTICAS RM-1C","2022-03-01",3.2971135796024891,3.2349724220268903,3.3957945159661747,3.4089674000805394,3.3167783412684924,3.3431232328530331]
["EMULSÕES ASFÁLTICAS RM-1C","2022-04-01",3.232495087491511,3.202977451894681,3.632519496276315,3.4534832294951188,3.4964966247769187,3.3579776655172409]
["EMULSÕES ASFÁLTICAS RM-1C","2022-05-01",3.2677784139652237,3.3187918956782116,3.6409925444118771,3.4642361804008908,3.4431738629320621,3.4112118266302316]
["EMULSÕES ASFÁLTICAS RM-1C","2022-06-01",3.4891097789395684,3.2505582296130733,3.4968460600575511,3.4761861800015228,3.3328988742580674,3.3978575497327461]
["EMULSÕES ASFÁLTICAS RM-1C","2022-07-01",3.3716558738435118,3.4801715532604449,3.6378042606194452,3.4860360013792406,3.4087002781740363,3.4765934648092411]
["EMULSÕES ASFÁLTICAS RM-1C","2022-08-01",3.4159907069510269,3.3415832828988785,3.5642669701776648,3.4751693939673616,2.9704179487903599,3.3913389254258406]
["EMULSÕES ASFÁLTICAS RM-1C","2022-09-01",3.184089366559725,3.3026745944362652,3.5577997683482869,3.4978231406364664,2.8967105078839128,3.3585221292978207]
["EMULSÕES ASFÁLTICAS RM-1C","2022-10-01",3.1436407384363489,3.1510210859888717,2.8280262324316161,3.4874648149048855,3.0069169538308635,3.1537361082270832]
["EMULSÕES ASFÁLTICAS RM-1C","2022-11-01",3.014957998372247,3.0965618853550554,3.0093241312139623,3.3987008167439647,2.7949346515604963,3.0950125674184119]
["EMULSÕES ASFÁLTICAS RM-1C","2022-12-01",3.2973887615137634,3.3401545339691943,3.1573021480308916,3.31044459800267,2.9710173971439189,3.2478429828191677]
["EMULSÕES ASFÁLTICAS RM-1C","2023-01-01",3.4618784375205416,2.7712581713782143,3.3138610858985271,3.7794237778593534,2.6575248707510575,3.0829475190357107]
["EMULSÕES ASFÁLTICAS RM-1C","2023-02-01",3.051213300122356,2.876198402738698,3.0233817688703124,3.176460722460321,2.4314014709832472,2.9341423749155759]
["EMULSÕES ASFÁLTICAS RM-1C","2023-03-01",3.4308232290432468,2.7030070653166862,3.1772111793020454,3.1836061787825631,2.6188253744648504,2.9886116726739718]
["EMULSÕES ASFÁLTICAS RM-1C","2023-04-01",3.1746686978237602,2.5923755910240622,3.1717916579534098,3.0382346519787844,2.5593691590021042,2.7953761187031354]
["EMULSÕES ASFÁLTICAS RM-1C","2023-05-01",3.1638937469089345,2.7383579232745636,3.0077502908518396,2.9849140334861168,2.5990487339860908,2.8312145860335658]
["EMULSÕES ASFÁLTICAS RM-1C","2023-06-01",3.0911257811808448,2.5216644654372375,2.995133255565237,2.7342298649628272,2.580487162500896,2.6821373931849846]
["EMULSÕES ASFÁLTICAS RM-1C","2023-07-01",2.7902825923295453,2.6398198762102179,2.6615814785642544,2.8632474023022763,2.3590166043548857,2.6827134077601325]
["EMULSÕES ASFÁLTICAS RM-1C","2023-08-01",2.9437886281957626,2.6420421637817664,3.1345290640226628,2.7417938918461986,2.628139949833519,2.7013622959238752]
["EMULSÕES ASFÁLTICAS RM-1C","2023-09-01",3.0708926101694916,2.8668699207778898,3.1969746433431614,2.9282040884652174,2.7481440894269085,2.8847052069586612]
["EMULSÕES ASFÁLTICAS RM-1C","2023-10-01",3.1194481628965813,2.8792463064549141,3.0315695729235412,2.925786095207803,2.7558308714418787,2.8878107952646515]
["EMULSÕES ASFÁLTICAS RM-1C","2023-11-01",3.4732888441522864,3.0170359383323904,3.5236184152229479,2.6752653794452144,2.5290868128232891,2.9155708317108084]
["EMULSÕES ASFÁLTICAS RM-1C","2023-12-01",3.1393044859382204,3.2290611018631252,2.434868774517033,2.8330412234674656,2.6414087328461946,2.9388655721391577]
["EMULSÕES ASFÁLTICAS RM-1C","2024-01-01",3.1885069863408213,2.9262857380640588,3.0285282782589507,2.7086732346386495,2.6114630065547799,2.862475144835408]
["EMULSÕES ASFÁLTICAS RM-1C","2024-02-01",2.9511305704954842,2.7766891645412044,2.996795307836293,2.7674769367001169,2.6634504675419937,2.7900961256204351]
["EMULSÕES ASFÁLTICAS RM-1C","2024-03-01",3.1592422077570759,2.9290864819500544,3.0798212052989218,2.657677897844513,2.7625063737390443,2.8783513407274439]
["EMULSÕES ASFÁLTICAS RM-1C","2024-04-01",2.9583787506148549,2.8357869742019544,3.0954418919113929,2.6539026610674816,2.7610277700492052,2.8184672285686321]
["EMULSÕES ASFÁLTICAS RM-1C","2024-05-01",2.9773243672791438,2.8035492532735136,2.9198819501671882,2.7723471782596119,2.723919421286777,2.8141199648743864]
["EMULSÕES ASFÁLTICAS RM-1C","2024-06-01",2.9396719371727751,2.7875884870994474,2.6984849252491698,2.71251633694536,2.7939950416278445,2.7866457358200223]
["EMULSÕES ASFÁLTICAS RM-1C","2024-07-01",3.1712052795729133,2.8910904528592218,2.7554293019703682,2.826695341202734,2.841206876779276,2.8675549375004827]
["EMULSÕES ASFÁLTICAS RM-2C","2008-11-01","***","***","***","***","***","***"]
["EMULSÕES ASFÁLTICAS RM-2C","2008-12-01","***","***","***",0.81623000000000001,"***",0.81623000000000001]
["EMULSÕES ASFÁLTICAS RM-2C","2009-01-01",2.2606894197292067,"***","***",0.98309999999999986,"***",2.1628897703495786]
["EMULSÕES ASFÁLTICAS RM-2C","2009-02-01","***","***","***",2.7796333333333334,0.87446999999999986,2.16045525]
["EMULSÕES ASFÁLTICAS RM-2C","2009-03-01","***","***","***",0.83383232067510549,0.92679999999999996,0.89309269760326371]
["EMULSÕES ASFÁLTICAS RM-2C","2009-04-01","***","***","***",0.78739999999999999,"***",0.78739999999999999]
["EMULSÕES ASFÁLTICAS RM-2C","2009-05-01","***","***","***","***","***","***"]
["EMULSÕES ASFÁLTICAS RM-2C","2009-06-01","***","***","***",0.78454391640323151,0.87446999999999986,0.80125880183013998]
["EMULSÕES ASFÁLTICAS RM-2C","2009-07-01","***","***","***",0.88127797833935018,"***",0.88127797833935018]
["EMULSÕES ASFÁLTICAS RM-2C","2009-08-01","***","***","***",0.90200000000000002,"***",0.90200000000000002]
["EMULSÕES ASFÁLTICAS RM-2C","2009-09-01","***","***","***",0.90199999999999991,"***",0.90199999999999991]
["EMULSÕES ASFÁLTICAS RM-2C","2009-10-01","***","***","***",0.86578551310388374,1.0888,0.96305905643581968]
["EMULSÕES ASFÁLTICAS RM-2C","2009-11-01","***","***","***",0.90200000000000014,"***",0.90200000000000014]
["EMULSÕES ASFÁLTICAS RM-2C","2009-12-01","***","***","***",0.90200000000000002,"***",0.90200000000000002]
["EMULSÕES ASFÁLTICAS RM-2C","2010-01-01","***","***","***",0.86583953629588739,"***",0.86583953629588739]
["EMULSÕES ASFÁLTICAS RM-2C","2010-02-01","***","***","***",0.86248000000000002,"***",0.86248000000000002]
["EMULSÕES ASFÁLTICAS RM-2C","2010-03-01","***","***","***",0.86248000000000002,0.87176441348375699,0.87080383987326349]
["EMULSÕES ASFÁLTICAS RM-2C","2010-04-01","***","***","***",0.86088036577400384,0.87952101585595277,0.87408711728865207]
["EMULSÕES ASFÁLTICAS RM-2C","2010-05-01","***","***","***",0.85102999999999995,0.89494205151565343,0.8922133237533012]
["EMULSÕES ASFÁLTICAS RM-2C","2010-06-01","***","***","***",0.84967999999999999,0.89133205685796113,0.88963664394016484]
["EMULSÕES ASFÁLTICAS RM-2C","2010-07-01","***","***","***",0.8503431818181818,0.89546224502577443,0.88916656178750575]
["EMULSÕES ASFÁLTICAS RM-2C","2010-08-01","***","***","***",0.84782999999999997,0.89268361236710259,0.89050129105388598]
["EMULSÕES ASFÁLTICAS RM-2C","2010-09-01","***","***","***",0.79874639304973039,0.90085522871217449,0.88522828389344832]
["EMULSÕES ASFÁLTICAS RM-2C","2010-10-01","***","***","***",0.84733000000000003,0.86026621955983862,0.85962573338284465]
["EMULSÕES ASFÁLTICAS RM-2C","2010-11-01","***","***","***",0.84867000000000004,0.89062398734177217,0.88518601101749839]
["EMULSÕES ASFÁLTICAS RM-2C","2010-12-01","***","***","***",0.80433026126366303,0.78766000000000003,0.79996133577274153]
["EMULSÕES ASFÁLTICAS RM-2C","2011-01-01","***","***","***",0.77276500000000015,0.90049999999999997,0.85327818853974113]
["EMULSÕES ASFÁLTICAS RM-2C","2011-02-01","***","***","***",0.69686000000000003,0.89416398157873467,0.88218529255520983]
["EMULSÕES ASFÁLTICAS RM-2C","2011-03-01","***","***","***",0.68036495049504953,0.90166620472948489,0.87687926092866864]
["EMULSÕES ASFÁLTICAS RM-2C","2011-04-01","***","***","***",0.73064243727598566,0.90529588664913818,0.89586885775087743]
["EMULSÕES ASFÁLTICAS RM-2C","2011-05-01","***","***","***",0.71970285714285709,0.89892865232163077,0.88888401774138526]
["EMULSÕES ASFÁLTICAS RM-2C","2011-06-01","***","***","***",0.68755999999999995,0.89428349324358292,0.89171957632584231]
["EMULSÕES ASFÁLTICAS RM-2C","2011-07-01","***","***","***",0.69351913609467453,0.88057162363555808,0.84885084523530774]
["EMULSÕES ASFÁLTICAS RM-2C","2011-08-01","***","***","***",0.68755999999999995,0.80646522299306245,0.7990958258444375]
["EMULSÕES ASFÁLTICAS RM-2C","2011-09-01","***","***",1.17,0.72069564755838644,0.80807083488697273,0.83813055461724562]
["EMULSÕES ASFÁLTICAS RM-2C","2011-10-01","***","***","***",0.67960221630708884,0.73730212909766812,0.705756328125]
["EMULSÕES ASFÁLTICAS RM-2C","2011-11-01","***","***","***",0.68755999999999995,0.82348999999999994,0.81902321010474421]
["EMULSÕES ASFÁLTICAS RM-2C","2011-12-01","***","***","***",0.69324208241027907,0.85990123215356928,0.82438860932779456]
["EMULSÕES ASFÁLTICAS RM-2C","2012-01-01","***","***","***",0.72281758455756751,"***",0.72281758455756751]
["EMULSÕES ASFÁLTICAS RM-2C","2012-02-01","***","***","***",0.75697999999999999,0.87980719804514784,0.86052884638022376]
["EMULSÕES ASFÁLTICAS RM-2C","2012-03-01","***","***","***",0.73287936724068869,0.81946763385146815,0.79337726318329915]
["EMULSÕES ASFÁLTICAS RM-2C","2012-04-01","***","***","***",0.86426306569343059,0.81718040586080598,0.82173350906604314]
["EMULSÕES ASFÁLTICAS RM-2C","2012-05-01","***","***","***",0.80365069098949693,0.88907584208532775,0.8840666330632091]
["EMULSÕES ASFÁLTICAS RM-2C","2012-06-01","***","***","***",0.80007238158772509,0.95421,0.92449839580788262]
["EMULSÕES ASFÁLTICAS RM-2C","2012-07-01","***","***","***",0.80957268047006159,0.94296246753246749,0.93163159575985166]
["EMULSÕES ASFÁLTICAS RM-2C","2012-08-01","***","***","***",0.73655511218403857,0.95421,0.91372596090861058]
["EMULSÕES ASFÁLTICAS RM-2C","2012-09-01","***","***","***",0.95795076411960123,0.95421,0.95693631961259074]
["EMULSÕES ASFÁLTICAS RM-2C","2012-10-01","***","***","***",0.75697999999999999,0.87016175615664104,0.84253117790662191]
["EMULSÕES ASFÁLTICAS RM-2C","2012-11-01","***","***","***",0.73406229235880405,1.2217702777777777,0.99723662282043435]
["EMULSÕES ASFÁLTICAS RM-2C","2012-12-01","***","***","***",1.1447799999999999,0.95421,1.0544950688500188]
["EMULSÕES ASFÁLTICAS RM-2C","2013-01-01","***","***","***",0.86675557594291541,"***",0.86675557594291541]
["EMULSÕES ASFÁLTICAS RM-2C","2013-02-01","***","***","***",0.73373337850045162,"***",0.73373337850045162]
["EMULSÕES ASFÁLTICAS RM-2C","2013-03-01","***","***","***",0.84782582852431987,1.0893564646464646,0.94789018670529535]
["EMULSÕES ASFÁLTICAS RM-2C","2013-04-01",1.180746551724138,"***","***",0.7365739316239317,0.95421,0.99569431275393916]
["EMULSÕES ASFÁLTICAS RM-2C","2013-05-01","***","***","***",0.84741921170395873,0.95421,0.87163687250465804]
["EMULSÕES ASFÁLTICAS RM-2C","2013-06-01","***","***","***",0.83011795416433765,1.0434753323069026,0.97634618185015831]
["EMULSÕES ASFÁLTICAS RM-2C","2013-07-01","***","***","***",0.84782000000000002,0.84870000000000001,0.84839901667379225]
["EMULSÕES ASFÁLTICAS RM-2C","2013-08-01","***","***","***",0.78820795259501431,0.84870000000000001,0.80274407326917097]
["EMULSÕES ASFÁLTICAS RM-2C","2013-09-01","***","***","***",0.81859163934426238,0.84870000000000001,0.82905711229946522]
["EMULSÕES ASFÁLTICAS RM-2C","2013-10-01","***","***","***",0.74507999999999996,1.0206354838709677,0.8827113774787535]
["EMULSÕES ASFÁLTICAS RM-2C","2013-11-01","***","***","***",0.85117999999999994,0.84870000000000001,0.84983924376508446]
["EMULSÕES ASFÁLTICAS RM-2C","2013-12-01","***","***","***",0.78148743207245597,"***",0.78148743207245597]
["EMULSÕES ASFÁLTICAS RM-2C","2014-01-01","***","***","***","***","***","***"]
["EMULSÕES ASFÁLTICAS RM-2C","2014-02-01","***","***","***",0.78061205889755858,1.034606477577616,0.88129140230932856]
["EMULSÕES ASFÁLTICAS RM-2C","2014-03-01","***","***","***",0.87640787937743192,0.87805,0.877276351970669]
["EMULSÕES ASFÁLTICAS RM-2C","2014-04-01","***","***","***",0.78109045442941027,"***",0.78109045442941027]
["EMULSÕES ASFÁLTICAS RM-2C","2014-05-01","***","***","***","***","***","***"]
["EMULSÕES ASFÁLTICAS RM-2C","2014-06-01","***","***","***",0.77893150972762648,1.7374499999999999,1.020652952473327]
["EMULSÕES ASFÁLTICAS RM-2C","2014-07-01","***","***","***",0.84741000000000011,"***",0.84741000000000011]
["EMULSÕES ASFÁLTICAS RM-2C","2014-08-01","***","***","***",0.77939521511017829,"***",0.77939521511017829]
["EMULSÕES ASFÁLTICAS RM-2C","2014-09-01","***","***","***",0.7797662606671838,"***",0.7797662606671838]
["EMULSÕES ASFÁLTICAS RM-2C","2014-10-01","***","***","***",0.78453000000000006,"***",0.78453000000000006]
["EMULSÕES ASFÁLTICAS RM-2C","2014-11-01","***","***","***",0.77605862540192916,1.2828398550724636,0.99151090418977195]
["EMULSÕES ASFÁLTICAS RM-2C","2014-12-01","***","***","***","***","***","***"]
["EMULSÕES ASFÁLTICAS RM-2C","2015-01-01","***","***","***",1.0311776923076921,"***",1.0311776923076921]
["EMULSÕES ASFÁLTICAS RM-2C","2015-02-01","***","***","***",1.0527899999999999,"***",1.0527899999999999]
["EMULSÕES ASFÁLTICAS RM-2C","2015-03-01","***","***","***",1.0360962363296877,1.4190801779581641,1.2776910300344655]
["EMULSÕES ASFÁLTICAS RM-2C","2015-04-01","***","***","***","***","***","***"]
["EMULSÕES ASFÁLTICAS RM-2C","2015-05-01","***","***","***",1.0251139168017287,1.0545199999999999,1.0331074665617623]
["EMULSÕES ASFÁLTICAS RM-2C","2015-06-01","***","***","***",1.0247651411827383,1.3727157652303119,1.1700774402730376]
["EMULSÕES ASFÁLTICAS RM-2C","2015-07-01","***","***","***",1.0738971703373292,"***",1.0738971703373292]
["EMULSÕES ASFÁLTICAS RM-2C","2015-08-01","***","***","***",0.99763999999999997,1.1069582280781463,1.0646434586466167]
["EMULSÕES ASFÁLTICAS RM-2C","2015-09-01","***","***","***",1.0611699999999999,"***",1.0611699999999999]
["EMULSÕES ASFÁLTICAS RM-2C","2015-10-01","***","***",1.5336155142103722,"***","***",1.5336155142103722]
["EMULSÕES ASFÁLTICAS RM-2C","2015-11-01","***","***","***",1.1672899999999999,1.0545199999999999,1.096018125854993]
["EMULSÕES ASFÁLTICAS RM-2C","2015-12-01","***","***","***",1.1303399999999999,1.0850515496894411,1.0873226519174042]
["EMULSÕES ASFÁLTICAS RM-2C","2016-01-01",1.7201859210526316,"***","***",1.1303399999999999,1.47948935828877,1.4760628488971346]
["EMULSÕES ASFÁLTICAS RM-2C","2016-02-01","***","***","***",1.2200580092685873,1.4104300000000003,1.3674740468288247]
["EMULSÕES ASFÁLTICAS RM-2C","2016-03-01","***","***","***",1.1303399999999999,1.4104300000000001,1.3851720154805744]
["EMULSÕES ASFÁLTICAS RM-2C","2016-04-01","***","***","***",1.2781918642117378,1.5021424562261132,1.4721766290707521]
["EMULSÕES ASFÁLTICAS RM-2C","2016-05-01","***","***","***",1.2615400000000001,1.4104300000000001,1.4065002078521944]
["EMULSÕES ASFÁLTICAS RM-2C","2016-06-01","***","***","***",1.2765921996958949,1.4104299999999999,1.3900249323854417]
["EMULSÕES ASFÁLTICAS RM-2C","2016-07-01","***","***","***",1.2615400000000001,1.51536,1.4904298588090854]
["EMULSÕES ASFÁLTICAS RM-2C","2016-08-01",2.1663000000000001,"***","***",1.2761982030620469,1.5153599999999998,1.4774914438113191]
["EMULSÕES ASFÁLTICAS RM-2C","2016-09-01","***","***","***",1.6482326859045504,1.35608,1.4511773880057803]
["EMULSÕES ASFÁLTICAS RM-2C","2016-10-01","***","***","***",1.2810264509929534,"***",1.2810264509929534]
["EMULSÕES ASFÁLTICAS RM-2C","2016-11-01","***","***","***",1.2787535449583456,"***",1.2787535449583456]
["EMULSÕES ASFÁLTICAS RM-2C","2016-12-01","***","***","***",1.2615400000000001,1.35608,1.3489690560361038]
["EMULSÕES ASFÁLTICAS RM-2C","2017-01-01","***","***",1.75,1.2615400000000001,1.3397561215969895,1.3989072998718148]
["EMULSÕES ASFÁLTICAS RM-2C","2017-02-01","***","***","***",1.2791579153094463,1.33324,1.3247840794499617]
["EMULSÕES ASFÁLTICAS RM-2C","2017-03-01","***","***","***",1.2615400000000001,1.3332399999999998,1.3304645608941792]
["EMULSÕES ASFÁLTICAS RM-2C","2017-04-01","***","***","***",1.83,1.33324,1.39778917416355]
["EMULSÕES ASFÁLTICAS RM-2C","2017-05-01","***","***","***","***","***","***"]
["EMULSÕES ASFÁLTICAS RM-2C","2017-06-01","***","***",1.7129325058184639,1.2615400000000001,1.33324,1.4462352903798537]
["EMULSÕES ASFÁLTICAS RM-2C","2017-07-01","***","***",1.74051,1.2788003330486766,1.33324,1.3498259420551471]
["EMULSÕES ASFÁLTICAS RM-2C","2017-08-01","***","***","***",1.25719,1.33324,1.3148947107176732]
["EMULSÕES ASFÁLTICAS RM-2C","2017-09-01","***","***","***",1.2739290592575514,"***",1.2739290592575514]
["EMULSÕES ASFÁLTICAS RM-2C","2017-10-01","***","***","***",1.85215,"***",1.85215]
["EMULSÕES ASFÁLTICAS RM-2C","2017-11-01","***","***","***",1.2741456094182826,"***",1.2741456094182826]
["EMULSÕES ASFÁLTICAS RM-2C","2017-12-01",1.89551,"***",1.85331,1.5030796904247661,"***",1.8174043998965339]
["EMULSÕES ASFÁLTICAS RM-2C","2018-01-01",1.7751600000000001,"***","***",1.34555,1.3169,1.4745409932533733]
["EMULSÕES ASFÁLTICAS RM-2C","2018-02-01",1.89551,"***","***","***",1.4080999999999999,1.7562324697885197]
["EMULSÕES ASFÁLTICAS RM-2C","2018-03-01","***","***","***",1.3362911730945823,"***",1.3362911730945823]
["EMULSÕES ASFÁLTICAS RM-2C","2018-04-01","***","***","***",1.5862699999999998,"***",1.5862699999999998]
["EMULSÕES ASFÁLTICAS RM-2C","2018-05-01","***","***","***",1.7371415080789947,"***",1.7371415080789947]
["EMULSÕES ASFÁLTICAS RM-2C","2018-06-01","***","***","***","***",1.539734398782344,1.539734398782344]
["EMULSÕES ASFÁLTICAS RM-2C","2018-07-01","***","***","***",1.6635781402995984,"***",1.6635781402995984]
["EMULSÕES ASFÁLTICAS RM-2C","2018-08-01","***","***","***",1.852903392797038,"***",1.852903392797038]
["EMULSÕES ASFÁLTICAS RM-2C","2018-09-01","***","***","***","***","***","***"]
["EMULSÕES ASFÁLTICAS RM-2C","2018-10-01","***","***","***",1.7539369363636361,"***",1.7539369363636361]
["EMULSÕES ASFÁLTICAS RM-2C","2018-11-01",2.4884173611111113,"***","***",2.0099991304347822,"***",2.2204463182011032]
["EMULSÕES ASFÁLTICAS RM-2C","2018-12-01","***","***","***",2.3347536363636365,"***",2.3347536363636365]
["EMULSÕES ASFÁLTICAS RM-2C","2019-01-01","***","***","***",1.9040731233980224,"***",1.9040731233980224]
["EMULSÕES ASFÁLTICAS RM-2C","2019-02-01","***","***","***",2.0479867856626677,2.0344199999999999,2.0445307916846187]
["EMULSÕES ASFÁLTICAS RM-2C","2019-03-01",2.4885000000000002,"***","***",2.0938163753840593,2.2371300000000001,2.1625158023277997]
["EMULSÕES ASFÁLTICAS RM-2C","2019-04-01","***","***","***",2.1404994552699086,"***",2.1404994552699086]
["EMULSÕES ASFÁLTICAS RM-2C","2019-05-01","***","***","***",2.2083526107833724,"***",2.2083526107833724]
["EMULSÕES ASFÁLTICAS RM-2C","2019-06-01","***","***",2.2194600000000002,2.1846171338506304,2.2359100000000001,2.2065998740206831]
["EMULSÕES ASFÁLTICAS RM-2C","2019-07-01",2.4278228741623229,"***",2.2601357977922731,2.1467014506569195,1.9846607600611843,2.1183690459860025]
["EMULSÕES ASFÁLTICAS RM-2C","2019-08-01","***","***",2.04508,2.0812290883977904,1.9814039915933681,2.0364289013503494]
["EMULSÕES ASFÁLTICAS RM-2C","2019-09-01",2.27074,"***",2.0441685030130032,2.0449253815209341,1.8882677329082536,2.0237561115303495]
["EMULSÕES ASFÁLTICAS RM-2C","2019-10-01","***","***","***",2.041132055075022,1.8625542357614013,1.9817843114746372]
["EMULSÕES ASFÁLTICAS RM-2C","2019-11-01","***","***","***",2.0620786876235795,2.0069656914336971,2.0519864068659657]
["EMULSÕES ASFÁLTICAS RM-2C","2019-12-01",3.0960299999999998,"***","***",2.089128662939669,"***",2.1339495548631202]
["EMULSÕES ASFÁLTICAS RM-2C","2020-01-01","***","***","***",2.0250500796627726,2.2354652647657844,2.050942465461608]
["EMULSÕES ASFÁLTICAS RM-2C","2020-02-01","***","***","***",2.0300026031641707,2.0173492697319895,2.0279740196310314]
["EMULSÕES ASFÁLTICAS RM-2C","2020-03-01","***","***","***",1.8831589703215956,1.9955400000000001,1.9043207273431448]
["EMULSÕES ASFÁLTICAS RM-2C","2020-04-01","***","***","***",1.976670957999056,"***",1.976670957999056]
["EMULSÕES ASFÁLTICAS RM-2C","2020-05-01","***","***",2.0392306379383185,1.889174935653378,"***",1.9086289598795021]
["EMULSÕES ASFÁLTICAS RM-2C","2020-06-01",2.3037100000000001,"***",2.1768847627478753,1.9161755817578869,2.0230999999999999,1.9743465895696657]
["EMULSÕES ASFÁLTICAS RM-2C","2020-07-01","***","***","***",1.8634123367076403,1.9038057696447792,1.8674792597810772]
["EMULSÕES ASFÁLTICAS RM-2C","2020-08-01",2.3373835435435435,"***",2.079376712856043,2.0678055228080576,2.0712253386911597,2.1090912187890516]
["EMULSÕES ASFÁLTICAS RM-2C","2020-09-01","***","***",2.0991599999999999,2.0699460873239435,2.0890017273869343,2.0764613728637107]
["EMULSÕES ASFÁLTICAS RM-2C","2020-10-01","***","***",2.07348,1.963273223600325,1.8769496597760551,1.9569137212080234]
["EMULSÕES ASFÁLTICAS RM-2C","2020-11-01","***","***","***",2.0825105919481408,2.2443300000000002,2.0884963548996525]
["EMULSÕES ASFÁLTICAS RM-2C","2020-12-01","***","***","***",2.053273987068966,2.2418999999999998,2.1249334505268567]
["EMULSÕES ASFÁLTICAS RM-2C","2021-01-01","***","***","***",2.173017607085566,"***",2.173017607085566]
["EMULSÕES ASFÁLTICAS RM-2C","2021-02-01","***","***","***",2.3661116726336542,2.3188606578947368,2.3583793126535006]
["EMULSÕES ASFÁLTICAS RM-2C","2021-03-01","***","***","***",2.1841277339953518,2.2720600000000002,2.2140634260033445]
["EMULSÕES ASFÁLTICAS RM-2C","2021-04-01","***","***",2.3127200000000001,2.3151433515938091,2.2974584414414418,2.3109319673268089]
["EMULSÕES ASFÁLTICAS RM-2C","2021-05-01",2.6420820915032679,"***","***",2.7463130203442883,2.8340193553907582,2.7665031669639673]
["EMULSÕES ASFÁLTICAS RM-2C","2021-06-01","***","***",3.08643,2.66330323417389,2.79888,2.726376872471016]
["EMULSÕES ASFÁLTICAS RM-2C","2021-07-01","***","***",2.66974,2.8325034320731017,2.7988799999999996,2.817826042674731]
["EMULSÕES ASFÁLTICAS RM-2C","2021-08-01",2.8018100000000006,"***","***",2.8098894412955469,3.0114999999999994,2.8660102921145945]
["EMULSÕES ASFÁLTICAS RM-2C","2021-09-01",2.8018100000000001,"***","***",2.7629216075500795,3.0114999999999998,2.809700869876596]
["EMULSÕES ASFÁLTICAS RM-2C","2021-10-01","***","***","***",2.9013425036622817,3.013799405898578,2.9305265958735531]
["EMULSÕES ASFÁLTICAS RM-2C","2021-11-01","***","***","***",2.968186864247349,3.2958099999999999,3.0598907242753648]
["EMULSÕES ASFÁLTICAS RM-2C","2021-12-01","***","***","***",2.9297020456037726,"***",2.9297020456037726]
["EMULSÕES ASFÁLTICAS RM-2C","2022-01-01","***","***","***",2.9418923573285118,"***",2.9418923573285118]
["EMULSÕES ASFÁLTICAS RM-2C","2022-02-01","***","***","***",3.2677440005793743,"***",3.2677440005793743]
["EMULSÕES ASFÁLTICAS RM-2C","2022-03-01","***","***","***",3.2588862701712031,3.3854099999999998,3.2724400395130715]
["EMULSÕES ASFÁLTICAS RM-2C","2022-04-01","***","***","***",3.1581276415874329,3.5534699999999999,3.2061860544711753]
["EMULSÕES ASFÁLTICAS RM-2C","2022-05-01","***","***",2.5024299999999995,2.9024472487426944,3.3803800000000002,2.9275990465018373]
["EMULSÕES ASFÁLTICAS RM-2C","2022-06-01","***",4.0773900000000003,"***",3.2962321148313891,3.06863882106523,3.3023931674145479]
["EMULSÕES ASFÁLTICAS RM-2C","2022-07-01","***",3.5488900000000001,"***",3.0599675166643814,3.3441617079397497,3.1176123041656063]
["EMULSÕES ASFÁLTICAS RM-2C","2022-08-01","***","***","***",2.9758307996768978,3.3727203931775387,3.0578465948778981]
["EMULSÕES ASFÁLTICAS RM-2C","2022-09-01","***","***","***",3.1134794783929873,3.1156962228870606,3.1140073005498534]
["EMULSÕES ASFÁLTICAS RM-2C","2022-10-01","***","***","***",2.7010293290058236,3.1239817547568709,2.7462667888418366]
["EMULSÕES ASFÁLTICAS RM-2C","2022-11-01","***","***","***",2.5237768386118735,3.2123521509038513,2.5737149353042881]
["EMULSÕES ASFÁLTICAS RM-2C","2022-12-01","***","***","***",2.8252559438514404,2.9974288261485529,2.8586720099772176]
["EMULSÕES ASFÁLTICAS RM-2C","2023-01-01","***","***","***",2.74376295189021,3.1450716453115897,2.8035890449316252]
["EMULSÕES ASFÁLTICAS RM-2C","2023-02-01","***","***","***",2.6143701762798637,3.0775905263157894,2.6694239120955134]
["EMULSÕES ASFÁLTICAS RM-2C","2023-03-01","***","***","***",2.5022396022941233,2.8682239015079216,2.5504613150746951]
["EMULSÕES ASFÁLTICAS RM-2C","2023-04-01","***","***","***",2.4362702733416932,3.0515349015628166,2.5787471291800821]
["EMULSÕES ASFÁLTICAS RM-2C","2023-05-01","***","***",2.8923800000000006,2.4992644404518303,2.821459962357217,2.5489527159476695]
["EMULSÕES ASFÁLTICAS RM-2C","2023-06-01","***","***","***",2.3311881471990885,2.7648241118110239,2.3752131587951264]
["EMULSÕES ASFÁLTICAS RM-2C","2023-07-01","***","***","***",2.3018254205284663,2.8190166452016814,2.373513452302733]
["EMULSÕES ASFÁLTICAS RM-2C","2023-08-01","***","***",2.8209547234466084,2.3632790229047043,2.8625893189326557,2.4495314472114718]
["EMULSÕES ASFÁLTICAS RM-2C","2023-09-01","***","***",2.97226159782775,2.2891858218397854,3.0964656884970609,2.5359313764450455]
["EMULSÕES ASFÁLTICAS RM-2C","2023-10-01","***","***",3.038443263473054,2.4628081853081794,3.0611318553974054,2.6231187684459201]
["EMULSÕES ASFÁLTICAS RM-2C","2023-11-01","***","***",2.9347046453421957,2.5630156713839876,3.0789979773837062,2.6867156472684086]
["EMULSÕES ASFÁLTICAS RM-2C","2023-12-01","***","***",2.9526400000000002,2.4543046708677263,3.1667030066700872,2.5604252259976978]
["EMULSÕES ASFÁLTICAS RM-2C","2024-01-01","***","***",2.9216881339712919,2.4740384374533178,2.8512851035474585,2.5890055940311143]
["EMULSÕES ASFÁLTICAS RM-2C","2024-02-01","***","***",2.9771365768958189,2.4500414637449217,2.8957249242858314,2.6172577101662253]
["EMULSÕES ASFÁLTICAS RM-2C","2024-03-01","***","***","***",2.5339744866420069,2.9396387472779368,2.641051197398276]
["EMULSÕES ASFÁLTICAS RM-2C","2024-04-01","***","***",3.0269849839021248,2.5834829054164619,3.0045496165655132,2.7585414241366863]
["EMULSÕES ASFÁLTICAS RM-2C","2024-05-01","***","***",2.7106382839879153,2.4262249319286875,3.2989512584850766,2.6343504638475173]
["EMULSÕES ASFÁLTICAS RM-2C","2024-06-01","***","***",2.9251103362831858,2.5472848883715775,2.99918048902027,2.6621179630684129]
["EMULSÕES ASFÁLTICAS RM-2C","2024-07-01","***","***",2.9705251763606637,2.2303282786223648,3.2281432715321086,2.4370109606649271]
["EMULSÕES ASFÁLTICAS RR-1C","2008-11-01",1.1461917356273603,0.76840882469946381,1.1902450275502543,0.7778823116463196,0.96363937818157874,0.87853752784031081]
["EMULSÕES ASFÁLTICAS RR-1C","2008-12-01",1.0878486891778525,0.73657215135920806,1.1006574901312769,0.77156247219702023,0.87145006508213996,0.82980044701261835]
["EMULSÕES ASFÁLTICAS RR-1C","2009-01-01",1.4034966625369292,0.72020427361191741,0.95774023204108694,0.75841980527112618,0.83002997715983085,0.80427657038374878]
["EMULSÕES ASFÁLTICAS RR-1C","2009-02-01",1.4359120354384372,0.68655456748312094,1.131643366292135,0.84852009478080015,0.87289126655931915,0.84732102018859479]
["EMULSÕES ASFÁLTICAS RR-1C","2009-03-01",1.4614782122905028,0.71251216862540401,0.94048919534113751,0.74174829128648023,0.80402576786803126,0.76522063010042796]
["EMULSÕES ASFÁLTICAS RR-1C","2009-04-01",1.0026778309409889,0.73566945001519291,0.94100066754694844,0.72825697462072003,0.77543401692072,0.75614292051381449]
["EMULSÕES ASFÁLTICAS RR-1C","2009-05-01",0.9258534082923402,0.66686899395365151,1.008376143699337,0.7232158740500817,0.75008824754988968,0.75110664391143311]
["EMULSÕES ASFÁLTICAS RR-1C","2009-06-01",1.288659655540314,0.68408237453155074,0.9615357005519779,0.70466996717438202,0.7599146830048078,0.74756833614172002]
["EMULSÕES ASFÁLTICAS RR-1C","2009-07-01",1.1899667152450351,0.70222483922829593,1.0138471476359188,0.75443918170970103,0.79231470073505761,0.79214408199315067]
["EMULSÕES ASFÁLTICAS RR-1C","2009-08-01",1.4389065877712031,0.66411167834009688,0.93393813006167259,0.71303873103907256,0.74217619415270653,0.7338924542120091]
["EMULSÕES ASFÁLTICAS RR-1C","2009-09-01",1.0916213364827796,0.66557623301633762,0.92875823065301344,0.70347543727638895,0.74483946902021037,0.7326713107389643]
["EMULSÕES ASFÁLTICAS RR-1C","2009-10-01",1.1404012305762665,0.70039868236217373,1.1091528578746048,0.72383264898662159,0.73738518100242489,0.80285151115357589]
["EMULSÕES ASFÁLTICAS RR-1C","2009-11-01",1.2463634436629063,0.67965431022329215,1.2438647360305846,0.71455517964143556,0.73792220370124884,0.84981882339756176]
["EMULSÕES ASFÁLTICAS RR-1C","2009-12-01",1.2760502963504472,0.69744376668140662,1.2723439844509536,0.71250756915776103,0.84294741330219192,0.90820556065685087]
["EMULSÕES ASFÁLTICAS RR-1C","2010-01-01",1.3433965234708392,0.70475578555994312,1.1475356495994009,0.70002314847421576,0.77798587917948292,0.85108300519398661]
["EMULSÕES ASFÁLTICAS RR-1C","2010-02-01",1.3348048786366813,0.70811186342433274,1.0443329563315313,0.72600781329039255,0.81888443426889124,0.8124765701609068]
["EMULSÕES ASFÁLTICAS RR-1C","2010-03-01",1.1319444820124427,0.70450051010396098,1.0151834900424868,0.71905738461489177,0.8405899068333752,0.81854143350396147]
["EMULSÕES ASFÁLTICAS RR-1C","2010-04-01",1.1922205427918848,0.69633074404481943,0.94064266698797283,0.67955016016369152,0.77876597940302328,0.77501590196018022]
["EMULSÕES ASFÁLTICAS RR-1C","2010-05-01",1.1094985390428209,0.67789978697556463,0.9213891067952148,0.69463337954137805,0.72455063995092694,0.7733747663256777]
["EMULSÕES ASFÁLTICAS RR-1C","2010-06-01",0.9605351270794481,0.65763544109978522,0.85631709185724225,0.69573953378550568,0.73547211465017004,0.73596460076617864]
["EMULSÕES ASFÁLTICAS RR-1C","2010-07-01",1.0180140284724981,0.6662606947742995,0.98102916177579313,0.69587501560414711,0.71557560825399125,0.78585278107075562]
["EMULSÕES ASFÁLTICAS RR-1C","2010-08-01",0.96337623538653849,0.690964006192061,1.0127331491951732,0.67358103119080992,0.70497480969676263,0.7677892897060915]
["EMULSÕES ASFÁLTICAS RR-1C","2010-09-01",1.061102170844892,0.68107986076745675,0.95674222554917943,0.6769406133999758,0.7306262386801573,0.77559871242907885]
["EMULSÕES ASFÁLTICAS RR-1C","2010-10-01",1.0517857002517204,0.69074038815290806,0.89697939396390414,0.66510519671667911,0.72203077400666371,0.75945335932143743]
["EMULSÕES ASFÁLTICAS RR-1C","2010-11-01",1.0602593711260091,0.6923635384922171,0.98779058025444155,0.67310419135437716,0.76062382649235938,0.7750137607100962]
["EMULSÕES ASFÁLTICAS RR-1C","2010-12-01",1.0048663175412613,0.70235529542176978,0.94952568194505937,0.68956380277557627,0.77407559725964736,0.77572166936620379]
["EMULSÕES ASFÁLTICAS RR-1C","2011-01-01",0.82966495056237044,0.72102432001269889,0.85330135540194907,0.6757526144324123,0.71408287727647834,0.71207753689889397]
["EMULSÕES ASFÁLTICAS RR-1C","2011-02-01",0.76244582932296123,0.69763913112096954,0.8274794899249811,0.66644747229314272,0.71495325860994474,0.69464393632768706]
["EMULSÕES ASFÁLTICAS RR-1C","2011-03-01",0.98666655155604555,0.67096692933337521,0.80975719209762309,0.68021948574445656,0.70772575900676293,0.73728582947570609]
["EMULSÕES ASFÁLTICAS RR-1C","2011-04-01",0.89607567569285163,0.67006594069970715,0.69635832041844248,0.67253440436225376,0.69757828533743127,0.68798830762895558]
["EMULSÕES ASFÁLTICAS RR-1C","2011-05-01",0.83293505328328188,0.66604198470038234,0.84079136251488695,0.6638522969196905,0.73063846824235401,0.72134475517472796]
["EMULSÕES ASFÁLTICAS RR-1C","2011-06-01",0.83372655769069026,0.66973753857410401,0.91361848417662439,0.66939122354658243,0.70489422762705078,0.73193092344147437]
["EMULSÕES ASFÁLTICAS RR-1C","2011-07-01",0.91810793002467794,0.66601450206068602,0.82807407648040443,0.66659472998083091,0.68378448875858866,0.74191680917296476]
["EMULSÕES ASFÁLTICAS RR-1C","2011-08-01",0.98117460004750401,0.67378243095791934,0.90431981857166088,0.68092754358281016,0.70675563703636546,0.7583557406593352]
["EMULSÕES ASFÁLTICAS RR-1C","2011-09-01",0.82556535992993318,0.70861332864218252,0.9122792158436549,0.68215877937185798,0.70300743898122364,0.74319713768250717]
["EMULSÕES ASFÁLTICAS RR-1C","2011-10-01",0.87383832074216805,0.69682791262322619,0.9825634835463708,0.67887349756384696,0.6913283428930832,0.78490089177593625]
["EMULSÕES ASFÁLTICAS RR-1C","2011-11-01",0.77498255872098765,0.69714660717944044,0.87921974566729233,0.67273155528393414,0.69353398115385656,0.72256938513843127]
["EMULSÕES ASFÁLTICAS RR-1C","2011-12-01",0.70152469866785372,0.69306788526171814,0.86775461354094607,0.67462760019800594,0.75503747383256969,0.71625242630979802]
["EMULSÕES ASFÁLTICAS RR-1C","2012-01-01",0.76843737149761826,0.69228091371638756,0.82294039158631749,0.68393378725721532,0.71322910603424716,0.70938964664290283]
["EMULSÕES ASFÁLTICAS RR-1C","2012-02-01",0.72350061361470919,0.67664068817005385,0.85527940978728278,0.68817569560586334,0.7297751113109272,0.71433958778091211]
["EMULSÕES ASFÁLTICAS RR-1C","2012-03-01",0.88169653449621976,0.68497359703064875,0.7529941671811563,0.7003577225577029,0.73111034953534637,0.72741567251611505]
["EMULSÕES ASFÁLTICAS RR-1C","2012-04-01",0.75975916228691565,0.66848695057150498,0.71588001113333188,0.71241833167148128,0.76541699217955161,0.71864318573403307]
["EMULSÕES ASFÁLTICAS RR-1C","2012-05-01",1.064351825665198,0.67857025882394606,0.74293306285496064,0.69133628247508783,0.73631980092445459,0.71935858619617021]
["EMULSÕES ASFÁLTICAS RR-1C","2012-06-01",0.91444398201981059,0.67393119289488279,0.76034290768699819,0.69690362660978367,0.71998498811223355,0.71480663559467339]
["EMULSÕES ASFÁLTICAS RR-1C","2012-07-01",0.9628846725033946,0.68364827468583655,0.72176496058144701,0.7072841291464308,0.76571121221857241,0.72557325902897352]
["EMULSÕES ASFÁLTICAS RR-1C","2012-08-01",0.85927141581632649,0.69930281709151221,0.78199009178423085,0.70728419899787986,0.76666165838725697,0.7311920087415652]
["EMULSÕES ASFÁLTICAS RR-1C","2012-09-01",1.181654485315248,0.7091337078721166,0.78311585096087399,0.73276657393388089,0.75068752605051126,0.75164391308729051]
["EMULSÕES ASFÁLTICAS RR-1C","2012-10-01",1.0021047075978511,0.72483906359402106,0.77087857572657681,0.72294410287343336,0.74429275099866843,0.74021930066236041]
["EMULSÕES ASFÁLTICAS RR-1C","2012-11-01",0.88046607651001441,0.75226107811809517,0.74481505661712666,0.72831456687386231,0.75895592830224345,0.74596119095289515]
["EMULSÕES ASFÁLTICAS RR-1C","2012-12-01",0.71948834370292747,0.72101933914846639,0.64858965332637741,0.68063908629418823,0.84492535198102492,0.70981768849612936]
["EMULSÕES ASFÁLTICAS RR-1C","2013-01-01",1.0986197927986003,0.69257434965458742,0.79603366381089058,0.7403089177323704,0.86487390533218322,0.78032437902994112]
["EMULSÕES ASFÁLTICAS RR-1C","2013-02-01",1.1057061332250202,0.6977254917419291,0.72683774534379775,0.72356188389015896,0.85496335091374709,0.75328607298927208]
["EMULSÕES ASFÁLTICAS RR-1C","2013-03-01",0.83817935380791775,0.70444440856591961,0.66127036961101493,0.71419653649720272,0.85066877832686405,0.7391431797251995]
["EMULSÕES ASFÁLTICAS RR-1C","2013-04-01",1.0802730328844921,0.70594082752477738,0.61453520801406769,0.73231777618558758,0.83660793047449966,0.74220785816004164]
["EMULSÕES ASFÁLTICAS RR-1C","2013-05-01",1.2172842911592454,0.69856252977688316,0.67485237330893766,0.71454506301315646,0.88162795589415088,0.74974101294362738]
["EMULSÕES ASFÁLTICAS RR-1C","2013-06-01",1.1056104802955664,0.70289048650185382,0.713298555012706,0.70929603426549326,0.89518943520481364,0.75450852624219189]
["EMULSÕES ASFÁLTICAS RR-1C","2013-07-01",1.2564001897326711,0.7124733473836925,0.60789816080006542,0.69624796177915982,0.84328518630942706,0.72648839554568312]
["EMULSÕES ASFÁLTICAS RR-1C","2013-08-01",1.1441483159148036,0.71436813037322811,0.67444067352432013,0.73599855837199701,0.85562350065220516,0.75589433925737104]
["EMULSÕES ASFÁLTICAS RR-1C","2013-09-01",1.0137874653524792,0.78376789429697125,0.77060269847449547,0.74787690688290687,0.85866986650321842,0.78633571839237759]
["EMULSÕES ASFÁLTICAS RR-1C","2013-10-01",1.1110590901587476,0.8795540253140175,0.7503272015811453,0.75310240888460644,0.83846621070682836,0.80831576099343427]
["EMULSÕES ASFÁLTICAS RR-1C","2013-11-01",0.94924779784360025,0.87955652150854113,0.76776736852403948,0.7730057943869042,0.80769525194259784,0.8125268349333491]
["EMULSÕES ASFÁLTICAS RR-1C","2013-12-01",0.89690864219723254,0.90224861201791873,0.75180021586279411,0.76873239804874249,0.86631431823355365,0.82852704481780171]
["EMULSÕES ASFÁLTICAS RR-1C","2014-01-01",1.0892351767949175,0.86674408755246646,0.88347741152594694,0.78327264886568237,0.80283869181556056,0.83790171428587779]
["EMULSÕES ASFÁLTICAS RR-1C","2014-02-01",1.1972206223652948,0.87246710918289727,0.7978905911916655,0.77387795998710063,0.84616178601792968,0.81778822598684153]
["EMULSÕES ASFÁLTICAS RR-1C","2014-03-01",1.0451502005567506,0.80589772532907777,0.83337554811727144,0.77888583090957164,0.86425691892995715,0.81455800938044776]
["EMULSÕES ASFÁLTICAS RR-1C","2014-04-01",0.80888685455262144,0.91934162605375458,0.78996813000849331,0.77586469841190209,0.84070304986532818,0.81630502231268309]
["EMULSÕES ASFÁLTICAS RR-1C","2014-05-01",0.73614683026519045,0.83669528903042278,0.8951972556730794,0.75029083964291543,0.86435202572370451,0.80149986229684467]
["EMULSÕES ASFÁLTICAS RR-1C","2014-06-01",1.1539946509954426,0.8125769919686312,0.80186761632674297,0.74701177216330461,0.84637859763896828,0.78826839449712427]
["EMULSÕES ASFÁLTICAS RR-1C","2014-07-01",1.1934057553366173,0.84986199005032903,0.7864599242356598,0.74053540483355451,0.82324495698917888,0.78701571151934668]
["EMULSÕES ASFÁLTICAS RR-1C","2014-08-01",1.0733064297440851,0.73787627486066565,0.78336283247662919,0.75494633139486611,0.853122436168541,0.79367975723219442]
["EMULSÕES ASFÁLTICAS RR-1C","2014-09-01",1.3248166289396728,0.76482176138362834,0.9090356027509755,0.75814702293803138,0.8705706997831133,0.82213754676414053]
["EMULSÕES ASFÁLTICAS RR-1C","2014-10-01",1.3773813108053419,0.794552502733755,0.81107597765363126,0.72515993875957541,0.80901982153226548,0.78730550052582837]
["EMULSÕES ASFÁLTICAS RR-1C","2014-11-01",1.0855608815794215,0.83919959545113931,0.82586198542548173,0.74177622116323139,0.88058023253351347,0.82225040154743534]
["EMULSÕES ASFÁLTICAS RR-1C","2014-12-01",1.2337626345523549,0.91894253422135364,0.85154490348837208,0.82783306746674212,0.940180082021283,0.894773280114877]
["EMULSÕES ASFÁLTICAS RR-1C","2015-01-01",1.2717984123624049,1.1192591549145108,1.2016216769457668,0.90776537674480973,0.99709199296848117,0.9912214434041654]
["EMULSÕES ASFÁLTICAS RR-1C","2015-02-01",1.1330778978740312,1.0544092204225892,1.1384995033034451,0.92559389707192685,1.0668874436464084,1.0004987580500881]
["EMULSÕES ASFÁLTICAS RR-1C","2015-03-01",1.3890919850686576,0.99919900157201036,1.1228500564800805,0.93867345332076924,1.077391028219111,1.0167464164864037]
["EMULSÕES ASFÁLTICAS RR-1C","2015-04-01",2.0947529426055262,1.0674579280214342,1.0225630634493785,0.92129661031528742,1.0633313364174115,0.99479275329182937]
["EMULSÕES ASFÁLTICAS RR-1C","2015-05-01",1.4067173133278885,1.0297722793995827,1.0251152861350117,0.89330451376373909,0.973918259998104,0.96308495586727472]
["EMULSÕES ASFÁLTICAS RR-1C","2015-06-01",1.4724748431690129,1.0091615271396797,1.0930979719032223,0.91224224021321809,1.0451141285294916,1.0181060824049541]
["EMULSÕES ASFÁLTICAS RR-1C","2015-07-01",1.2854519856591287,1.0392525922762594,0.95168083739566733,0.8412560884767456,1.0026002084463532,0.92725433062368923]
["EMULSÕES ASFÁLTICAS RR-1C","2015-08-01",1.2441770460012027,1.133268527103048,1.0791239028615567,0.88926927249385246,1.0610180649932961,0.98959742787914728]
["EMULSÕES ASFÁLTICAS RR-1C","2015-09-01",1.480108828090581,1.031195072778099,1.1086473548663365,0.94525088375332578,1.1208094051855941,1.0338305510460919]
["EMULSÕES ASFÁLTICAS RR-1C","2015-10-01",1.1153095404157043,1.174313441991168,1.1786447859630846,0.98123572257147496,1.1817746151316433,1.0664608943363432]
["EMULSÕES ASFÁLTICAS RR-1C","2015-11-01",1.1631651822481914,1.289200014360447,1.2641407522649175,1.0925414374765945,1.2281906183717468,1.1749195430775363]
["EMULSÕES ASFÁLTICAS RR-1C","2015-12-01",1.4940769239282388,1.3655049957604459,1.1662317207921824,1.095258432880065,1.2628507801686115,1.1992324296388353]
["EMULSÕES ASFÁLTICAS RR-1C","2016-01-01",1.4015406611262715,1.2289651610604333,1.3744521839119277,1.0867181838932085,1.1796977526352317,1.1482430578054559]
["EMULSÕES ASFÁLTICAS RR-1C","2016-02-01",1.5451954198582576,1.2674534185878061,1.5475314149839787,1.1106257188544537,1.1877954973849398,1.181037631794783]
["EMULSÕES ASFÁLTICAS RR-1C","2016-03-01",1.4693942230386861,1.2732482074734912,1.3389015955876287,1.0948188316276946,1.2045396785775973,1.1676104392927296]
["EMULSÕES ASFÁLTICAS RR-1C","2016-04-01",1.6345179211339276,1.4163511180509596,1.3956716704403938,1.2099927159242965,1.299140290938283,1.2696904122037251]
["EMULSÕES ASFÁLTICAS RR-1C","2016-05-01",1.8984233093525182,1.3937507935155788,1.3543441959039784,1.2116468036827752,1.3232460884781312,1.2776656052735198]
["EMULSÕES ASFÁLTICAS RR-1C","2016-06-01",1.7713919338028743,1.2966127474138498,1.3702910925283123,1.2063539928039093,1.3143555935527924,1.2741025302640243]
["EMULSÕES ASFÁLTICAS RR-1C","2016-07-01",1.553803771597996,1.2256920537319504,1.4150027696736631,1.1985482381853494,1.3008393115249308,1.2498167537839215]
["EMULSÕES ASFÁLTICAS RR-1C","2016-08-01",1.6568234684016772,1.1018838158873099,1.4688170984930609,1.206645946390537,1.2973673824670251,1.2641473812911128]
["EMULSÕES ASFÁLTICAS RR-1C","2016-09-01",1.7731211668908871,1.1322021853906183,1.4890946936066145,1.140865993929868,1.1234887246183269,1.1711538882919978]
["EMULSÕES ASFÁLTICAS RR-1C","2016-10-01",1.2320684794708923,1.1871315122401984,1.3819863423521386,1.119773712626192,1.1307899487238464,1.1628274508149603]
["EMULSÕES ASFÁLTICAS RR-1C","2016-11-01",1.54433949836032,1.0872683435256578,1.467637020395431,1.1199620469375311,1.1368469355840531,1.1628167990319815]
["EMULSÕES ASFÁLTICAS RR-1C","2016-12-01",1.543073638596836,0.97823813164045892,1.5157295190111513,1.0912118276936931,1.1366253702173557,1.1189377210614171]
["EMULSÕES ASFÁLTICAS RR-1C","2017-01-01",1.6055271315570356,1.1316028415007484,1.3236249380996596,1.1103982320282597,1.0796133112468174,1.1109038245665697]
["EMULSÕES ASFÁLTICAS RR-1C","2017-02-01",1.8904233680032847,0.94497181233181227,1.4960705014831297,1.1131414808392688,1.1369077571592594,1.1199059004766609]
["EMULSÕES ASFÁLTICAS RR-1C","2017-03-01",1.9339924667048549,1.117781569543963,1.3747303523075773,1.0993955305634437,1.1219122822611072,1.1447122859510008]
["EMULSÕES ASFÁLTICAS RR-1C","2017-04-01",1.2115782586206896,1.1688138846721625,1.3394482865274346,1.1102466850644797,1.0966012955738076,1.1320029543537555]
["EMULSÕES ASFÁLTICAS RR-1C","2017-05-01",1.2991514500956023,1.157986162136432,1.3260372285463313,1.082820781527994,1.0987312224613848,1.1305617540140847]
["EMULSÕES ASFÁLTICAS RR-1C","2017-06-01",1.7670235925596125,1.1659306305172417,1.3932068983359889,1.0809475827366297,1.0882019768788096,1.1718487107829867]
["EMULSÕES ASFÁLTICAS RR-1C","2017-07-01",1.7439607308278027,1.1535055025107854,1.3320103931395881,1.0685809541734921,1.0938012206554604,1.1900818772576554]
["EMULSÕES ASFÁLTICAS RR-1C","2017-08-01",1.7559369539660346,1.1399790666346212,1.2878460799842562,1.0949221695946536,1.0754000810904563,1.187280532157615]
["EMULSÕES ASFÁLTICAS RR-1C","2017-09-01",1.6860267902260635,1.1733418336451777,1.4368332215340376,1.0562280561269088,1.1090864929925315,1.180934588018242]
["EMULSÕES ASFÁLTICAS RR-1C","2017-10-01",1.7820987095177585,1.126143728191102,1.5079603594584061,1.0986246310699073,1.0798684755547514,1.2530089888143168]
["EMULSÕES ASFÁLTICAS RR-1C","2017-11-01",1.8203951267183649,1.173951972728658,1.6195288282645155,1.1895688060348615,1.1691940411763555,1.2985682911411305]
["EMULSÕES ASFÁLTICAS RR-1C","2017-12-01",1.9892461724425883,1.2242780666129842,1.5625451414427161,1.2056049018457893,1.2380375036256996,1.3907825213420653]
["EMULSÕES ASFÁLTICAS RR-1C","2018-01-01",1.9732964403095963,1.2430391813692976,1.5213808121440253,1.2112724380134439,1.2505016651215559,1.3286199421360427]
["EMULSÕES ASFÁLTICAS RR-1C","2018-02-01",2.0999175425856542,1.2479372863266185,1.4108579721062813,1.176701077226646,1.2472872947202238,1.2866922919628798]
["EMULSÕES ASFÁLTICAS RR-1C","2018-03-01",1.9326236959521625,1.2164272369041997,1.425116236747618,1.1992574308292041,1.2484719887908093,1.2792438177688337]
["EMULSÕES ASFÁLTICAS RR-1C","2018-04-01",2.0119287245617561,1.2311014674529372,1.4838352998608284,1.1769715481379885,1.2608494228982632,1.3095466195145127]
["EMULSÕES ASFÁLTICAS RR-1C","2018-05-01",2.0473518838089544,1.295359887388001,1.4781858432087513,1.259694233318055,1.2856890886585575,1.36820856751558]
["EMULSÕES ASFÁLTICAS RR-1C","2018-06-01",1.9901220520179825,1.3999215586325202,1.5362336745362568,1.2874646514631733,1.3423999780554505,1.3849919925709666]
["EMULSÕES ASFÁLTICAS RR-1C","2018-07-01",2.065907629108247,1.4309733706444356,1.6242645432672702,1.4183062191351268,1.4518257133349877,1.5318065128713414]
["EMULSÕES ASFÁLTICAS RR-1C","2018-08-01",2.167168526284124,1.6505070712695948,1.7798473613945978,1.5151502786687565,1.5526900061855946,1.6858387427266845]
["EMULSÕES ASFÁLTICAS RR-1C","2018-09-01",2.2535485718681727,1.7104678915330995,1.7777500239466331,1.4938269707548963,1.5639597146197493,1.6543006418243766]
["EMULSÕES ASFÁLTICAS RR-1C","2018-10-01",2.2851618756087815,1.6878798080495905,1.6171154443669606,1.5367862271100987,1.5846812721928318,1.6585877620178697]
["EMULSÕES ASFÁLTICAS RR-1C","2018-11-01",2.5867169198520337,1.7802820428033193,1.9201414408375037,1.6847758483246154,1.7022134336925492,1.8121189830729272]
["EMULSÕES ASFÁLTICAS RR-1C","2018-12-01",2.3512532878733357,1.8444405416546135,1.7330339695386185,1.6817503351773802,1.7472075872548527,1.7741420601411786]
["EMULSÕES ASFÁLTICAS RR-1C","2019-01-01",2.0687054839968773,1.8952291054705155,2.0669794667201278,1.7076851793315941,1.779058615899038,1.780843157897521]
["EMULSÕES ASFÁLTICAS RR-1C","2019-02-01",2.0223163709836389,1.9320044119100095,2.1477165653224786,1.8965443050574888,1.9309379631829426,1.9369132309190058]
["EMULSÕES ASFÁLTICAS RR-1C","2019-03-01",2.2524525861289688,1.9399512946752309,2.1444182612130258,1.8834618714243665,1.8998877598456989,1.9251438745994149]
["EMULSÕES ASFÁLTICAS RR-1C","2019-04-01",2.1286981039544908,1.9980004876637012,2.174879181157586,1.8720472698521351,1.9279681785999023,1.9370170951550372]
["EMULSÕES ASFÁLTICAS RR-1C","2019-05-01",2.2397357788960526,1.9352499858310626,2.0646238306965268,1.9074425024319888,1.9559173148857494,1.9624643922889262]
["EMULSÕES ASFÁLTICAS RR-1C","2019-06-01",2.4906698345267313,1.9638389763894146,2.1447896159352773,1.8541310496466679,1.9204066884550328,2.0191025464549788]
["EMULSÕES ASFÁLTICAS RR-1C","2019-07-01",2.7519561230944807,1.8146104562427765,2.1238932731218365,1.8834050940727858,1.9674088179171842,2.0915535342056275]
["EMULSÕES ASFÁLTICAS RR-1C","2019-08-01",2.8825837005743491,1.7675809499814872,1.954806315000349,1.7977962858601704,1.865639325417382,1.9976956929319818]
["EMULSÕES ASFÁLTICAS RR-1C","2019-09-01",2.5821268752820017,1.8059019108550429,2.0088865497966544,1.9159243858674659,1.8371342090800395,2.0221684924063954]
["EMULSÕES ASFÁLTICAS RR-1C","2019-10-01",2.4494703146050285,1.8659633784250342,1.9774920845827233,1.8125389824592186,1.8001658505270228,1.925870393473341]
["EMULSÕES ASFÁLTICAS RR-1C","2019-11-01",2.8425915107264959,1.7830967058304601,2.1317178536343211,1.8196106747286434,1.8517542927044104,2.0066525314457451]
["EMULSÕES ASFÁLTICAS RR-1C","2019-12-01",2.4724393649773133,1.7771504597824057,1.9883509896907217,1.8853204695370154,1.8518256626423053,1.9626399512611334]
["EMULSÕES ASFÁLTICAS RR-1C","2020-01-01",2.6174317047131437,1.7866677795605301,1.9361792608771622,1.8431572566254677,1.8698800548556331,1.9449720000777417]
["EMULSÕES ASFÁLTICAS RR-1C","2020-02-01",2.8933631475971864,1.7428416789559926,2.0062844222281662,1.7864562781789151,1.7488260680435703,1.9286511721735402]
["EMULSÕES ASFÁLTICAS RR-1C","2020-03-01",2.2749140198624906,1.7050041314165096,1.8660595876654662,1.7631170993016843,1.7080554760561839,1.7863541263894174]
["EMULSÕES ASFÁLTICAS RR-1C","2020-04-01",1.9611101499013806,1.6379574172055655,2.0078281190849738,1.7373796045184353,1.6788197666705109,1.7513578392449649]
["EMULSÕES ASFÁLTICAS RR-1C","2020-05-01",2.0337384410979165,1.6547838385281022,1.9015125860502189,1.6827187897747187,1.661478306513962,1.7406580357811949]
["EMULSÕES ASFÁLTICAS RR-1C","2020-06-01",2.2046010447927089,1.6805755410849292,1.8239452924752579,1.6544020066390646,1.6167611066384915,1.7581563242987288]
["EMULSÕES ASFÁLTICAS RR-1C","2020-07-01",2.506995095711507,1.6162738126607485,1.8233691775713987,1.6535543589151294,1.6830466431256876,1.870451993595118]
["EMULSÕES ASFÁLTICAS RR-1C","2020-08-01",2.4917937164785648,1.7468784660041736,1.927878966297867,1.7217398186630282,1.7802441659297132,1.9240303419909277]
["EMULSÕES ASFÁLTICAS RR-1C","2020-09-01",2.3584308624005264,1.7657972444151824,1.9576049803425748,1.743674445028405,1.7530005626194576,1.8763490593302079]
["EMULSÕES ASFÁLTICAS RR-1C","2020-10-01",2.5568913971558356,1.7696895493945346,2.0094580368134705,1.7937723078302099,1.7218673640647091,1.9580610601020352]
["EMULSÕES ASFÁLTICAS RR-1C","2020-11-01",2.7356250570746088,1.9307901925271767,2.0352346056461119,1.8298806593172143,1.859081798194018,2.0679574492856663]
["EMULSÕES ASFÁLTICAS RR-1C","2020-12-01",2.7671130089415055,1.9033221917371914,2.162272016129033,1.8293443683391275,1.8843375357688141,2.4552057555687536]
["EMULSÕES ASFÁLTICAS RR-1C","2021-01-01",2.6858859756916669,1.8770008949272319,2.0615655312246552,1.8715576796338671,1.8566956344013197,2.2742526001116987]
["EMULSÕES ASFÁLTICAS RR-1C","2021-02-01",2.8657777986647233,2.0519979641946673,2.2528293847189915,1.9604434066284036,1.8824226210366499,2.3005067849984986]
["EMULSÕES ASFÁLTICAS RR-1C","2021-03-01",3.0249225383074654,2.0842250044793613,2.0668101791788853,1.9566936909579817,1.9640306082499246,2.4071265585165111]
["EMULSÕES ASFÁLTICAS RR-1C","2021-04-01",2.7493043848926493,2.0061768572951144,2.2219687326644681,1.9597441588428832,1.9507325157162112,2.3222108522711293]
["EMULSÕES ASFÁLTICAS RR-1C","2021-05-01",3.1200840326944164,2.5082146029252668,2.4401540514331632,2.3610233089838659,2.261141513856753,2.6575969651920373]
["EMULSÕES ASFÁLTICAS RR-1C","2021-06-01",3.1263332392365641,2.4171978138975421,2.3939625496992556,2.3229309448732605,2.3720702411517438,2.740630984325632]
["EMULSÕES ASFÁLTICAS RR-1C","2021-07-01",3.3433842179979849,2.4164030200475706,2.5552069552432553,2.3534139050749991,2.3952448062479443,2.9432390169180227]
["EMULSÕES ASFÁLTICAS RR-1C","2021-08-01",3.4928548007492606,2.6085769909483876,2.6661420867464996,2.5029488415849039,2.4650391712743054,3.0962764307235977]
["EMULSÕES ASFÁLTICAS RR-1C","2021-09-01",3.3977758816081067,2.5812517063957281,2.7143461726023044,2.5313061578124119,2.4611115601509903,3.0300504855599195]
["EMULSÕES ASFÁLTICAS RR-1C","2021-10-01",3.3623745549175408,2.6069207360490578,2.518030681296421,2.5362650909719684,2.5364909303124232,3.0171144827832332]
["EMULSÕES ASFÁLTICAS RR-1C","2021-11-01",3.4521204080334833,2.8202302004602404,2.6760989100369246,2.7286189827446479,2.7640474890659674,3.2227463038192403]
["EMULSÕES ASFÁLTICAS RR-1C","2021-12-01",3.7255543098596537,2.8130169410420129,2.9570810359429354,2.7770988250018811,2.8673117168938083,3.3303353992315654]
["EMULSÕES ASFÁLTICAS RR-1C","2022-01-01",3.6476680547662124,2.8037784920326221,3.0955015230449989,2.8180097112757947,2.7516219650337734,3.1838824535101797]
["EMULSÕES ASFÁLTICAS RR-1C","2022-02-01",3.9100309296993858,3.0031432356236771,3.5929820263246719,2.9758823673456378,2.9933116060940042,3.3365322664246189]
["EMULSÕES ASFÁLTICAS RR-1C","2022-03-01",4.2870304768205241,3.2820139136356845,2.9357804946983563,3.0189654103371297,2.9340016422740627,3.5172198644838999]
["EMULSÕES ASFÁLTICAS RR-1C","2022-04-01",4.0835117296154158,3.5908275641428005,3.4177515986430893,3.1149756540560829,2.9741045407580424,3.4642538206603168]
["EMULSÕES ASFÁLTICAS RR-1C","2022-05-01",4.1192134068763187,3.9418659210390739,3.3636449227169489,3.0939437443312268,3.0046704696044886,3.5074786705088004]
["EMULSÕES ASFÁLTICAS RR-1C","2022-06-01",4.1097850421798192,3.7706321441061177,3.3917216768916152,3.0678515927693306,3.0346963567474563,3.5593927604793265]
["EMULSÕES ASFÁLTICAS RR-1C","2022-07-01",4.2199184228711202,3.8077845185517014,3.4131185020924306,3.0925562870640286,2.9306002907656432,3.5838009093159719]
["EMULSÕES ASFÁLTICAS RR-1C","2022-08-01",4.0718584622646121,4.0774376456353725,3.3608652560377203,3.1681380399740049,3.018259160940036,3.5831515036290047]
["EMULSÕES ASFÁLTICAS RR-1C","2022-09-01",3.7545781546974308,3.9554203735912412,3.3313344196758012,3.0107474029964698,2.8184943258695778,3.4015679599916249]
["EMULSÕES ASFÁLTICAS RR-1C","2022-10-01",4.3218544738264377,3.8054046043929572,2.7621279141984023,2.8993835566337798,2.6858715732558225,3.5475683739502064]
["EMULSÕES ASFÁLTICAS RR-1C","2022-11-01",3.257664931388303,4.1383464845539288,3.0709998939235623,2.691657394015873,2.6425247297861385,3.1912931025704268]
["EMULSÕES ASFÁLTICAS RR-1C","2022-12-01",3.3948870808854341,4.2552255733297928,3.2057266110288514,2.8333628425503066,2.5506682455130831,3.4184079231091915]
["EMULSÕES ASFÁLTICAS RR-1C","2023-01-01",3.566447722182132,3.5682205865611416,2.8718751813767169,2.6191195840140526,2.4621514666834408,3.0010222474885322]
["EMULSÕES ASFÁLTICAS RR-1C","2023-02-01",4.5959489856093585,3.5569100939101004,2.892261254374878,2.5912414427933506,2.3104335881467741,3.1905964159868714]
["EMULSÕES ASFÁLTICAS RR-1C","2023-03-01",3.6466526544204614,3.3984609680274436,3.133091189968753,2.4282231799439864,2.3026411737277748,2.8770179615737148]
["EMULSÕES ASFÁLTICAS RR-1C","2023-04-01",3.0298562475117059,3.4566912868733879,3.0581353719471904,2.4459955727887959,2.3075646012044913,2.8041404876383811]
["EMULSÕES ASFÁLTICAS RR-1C","2023-05-01",4.0740380938121126,3.3317627385166295,2.7561766490984936,2.4201675421593585,2.2049363255039913,2.7583720504210785]
["EMULSÕES ASFÁLTICAS RR-1C","2023-06-01",4.0367850790539421,3.2388526235616286,2.7517994552691145,2.3415225214506945,2.22619602926863,3.1031978270718841]
["EMULSÕES ASFÁLTICAS RR-1C","2023-07-01",3.8529859131732529,3.1483240708140876,2.8254640699702933,2.2741024639284841,2.2548778139376977,2.8750260505600336]
["EMULSÕES ASFÁLTICAS RR-1C","2023-08-01",3.9178683014164384,3.1895652941292183,2.7467291469430415,2.2504317280087487,2.2239461261859579,2.8054147502164017]
["EMULSÕES ASFÁLTICAS RR-1C","2023-09-01",3.9033076775498827,3.3607487144065673,2.7840884662065246,2.3943081873181433,2.3614090355369317,3.0374049420901539]
["EMULSÕES ASFÁLTICAS RR-1C","2023-10-01",3.8877492038507513,3.4503158733522681,2.7490743814028309,2.3787364253191954,2.332315334019015,3.1345935620180581]
["EMULSÕES ASFÁLTICAS RR-1C","2023-11-01",4.1107618757828188,3.7353368556719087,2.9741875968792564,2.4315755784302264,2.3061331180261968,3.093702632056579]
["EMULSÕES ASFÁLTICAS RR-1C","2023-12-01",3.9665642360777458,3.7342001190255187,2.728887877029623,2.575032120803241,2.3732377405162057,3.0634735109870492]
["EMULSÕES ASFÁLTICAS RR-1C","2024-01-01",3.6257683348473466,3.3671725933480268,2.9951460052475798,2.5282775867902592,2.3396073120888512,2.8820667898148589]
["EMULSÕES ASFÁLTICAS RR-1C","2024-02-01",3.6303502690867391,3.3140049587994294,2.7066044979558015,2.4421998448679214,2.3417265057144792,2.780219619072489]
["EMULSÕES ASFÁLTICAS RR-1C","2024-03-01",3.5326067772511855,3.1645256229793941,2.5714111623513696,2.6074360580635894,2.4093027263694733,2.7650432364498059]
["EMULSÕES ASFÁLTICAS RR-1C","2024-04-01",3.553018429023532,2.6441649183212421,2.4893210880066583,2.4581747699315657,2.4508573099452771,2.6218849987471256]
["EMULSÕES ASFÁLTICAS RR-1C","2024-05-01",3.3932415698027336,2.7227922223469463,2.7626560285808148,2.4540833823443862,2.4768583357390384,2.7072500768703476]
["EMULSÕES ASFÁLTICAS RR-1C","2024-06-01",3.6116586457740647,2.7811912364283962,2.6506305987214334,2.508906134965506,2.4313889370621315,2.9237681457632396]
["EMULSÕES ASFÁLTICAS RR-1C","2024-07-01",3.6013393270141432,2.8205897508900026,2.7772496393073984,2.5568047096927602,2.468814007400201,2.8108817703987219]
["EMULSÕES ASFÁLTICAS RR-2C","2008-11-01",1.1860047651207701,0.77766557288396332,1.0356594885383481,0.87875336794945536,0.87898930510695594,0.93775887879787834]
["EMULSÕES ASFÁLTICAS RR-2C","2008-12-01",1.0276876384590246,0.78476307719606586,1.0333839993271019,0.92244237332212486,0.82038562799997927,0.9125333207315196]
["EMULSÕES ASFÁLTICAS RR-2C","2009-01-01",1.0510571200359695,0.77784577380212527,1.0325167961742188,0.8846485367219189,0.79965288024627612,0.88473107013127705]
["EMULSÕES ASFÁLTICAS RR-2C","2009-02-01",0.96217235978193283,0.7661383275120387,1.047467025103568,0.83774881079533381,0.80466389528904414,0.84502349311743485]
["EMULSÕES ASFÁLTICAS RR-2C","2009-03-01",0.98514635834036846,0.77842969807630258,1.0636889307737931,0.84046000575679558,0.80126093499976825,0.86401467059892856]
["EMULSÕES ASFÁLTICAS RR-2C","2009-04-01",1.0495375335922628,0.76861338538174562,1.1515099628986141,0.85306888973025763,0.80613444964878789,0.8771702351107511]
["EMULSÕES ASFÁLTICAS RR-2C","2009-05-01",1.0193264327207254,0.75772748792344058,1.1227723815032418,0.74561540421572126,0.78982750924353151,0.85963356515114775]
["EMULSÕES ASFÁLTICAS RR-2C","2009-06-01",1.0861110589217531,0.74426762568656324,1.0554438935335839,0.72785718631909013,0.7617658256113965,0.84754062667569141]
["EMULSÕES ASFÁLTICAS RR-2C","2009-07-01",1.2849757987093415,0.74038153607136648,1.1094148118355331,0.78792691123041858,0.79164141296766799,0.92135293181857159]
["EMULSÕES ASFÁLTICAS RR-2C","2009-08-01",1.0892319148291891,0.72008497365203183,1.0215112290490849,0.81831270493180785,0.77979004729406209,0.88338826477245835]
["EMULSÕES ASFÁLTICAS RR-2C","2009-09-01",1.0941912818000381,0.71521636350585516,1.0263816032137729,0.82163707986993795,0.77327177382057999,0.87072968555434915]
["EMULSÕES ASFÁLTICAS RR-2C","2009-10-01",0.94039371428711882,0.73884200961329016,1.031929453973623,0.82357966107231273,0.76035193425269099,0.89900360698327519]
["EMULSÕES ASFÁLTICAS RR-2C","2009-11-01",1.0568532698694313,0.7320417717071348,1.077125081652677,0.79052652508001664,0.77119389400553751,0.85607420192249972]
["EMULSÕES ASFÁLTICAS RR-2C","2009-12-01",1.1292411541174912,0.73688909780167267,1.0286771461470732,0.77169688219632049,0.75506123399292502,0.82470193944842052]
["EMULSÕES ASFÁLTICAS RR-2C","2010-01-01",1.0499464831193486,0.72338063248049556,1.0445763814291145,0.77246450195565475,0.75617388163890575,0.79349255145711661]
["EMULSÕES ASFÁLTICAS RR-2C","2010-02-01",1.0548732928559879,0.72431262235757887,0.99573374827200234,0.76339734429068917,0.75164282918582204,0.78797034843212599]
["EMULSÕES ASFÁLTICAS RR-2C","2010-03-01",1.0236663130563255,0.721431425156979,1.0334486196248018,0.75139080964981753,0.75360049162920029,0.78904908533316398]
["EMULSÕES ASFÁLTICAS RR-2C","2010-04-01",1.0247015341295078,0.72546426038869249,1.0163523748802779,0.77293297806636951,0.76991584227332599,0.80569458348784229]
["EMULSÕES ASFÁLTICAS RR-2C","2010-05-01",1.0625521384279262,0.71129609064700761,1.0108020023345456,0.75961664541190999,0.77512748134160536,0.82305943088924316]
["EMULSÕES ASFÁLTICAS RR-2C","2010-06-01",0.89864430644676396,0.69788871327569435,0.93440986929900571,0.76596108308637834,0.75494356096326731,0.80327965424573666]
["EMULSÕES ASFÁLTICAS RR-2C","2010-07-01",0.88637185489355852,0.69257739416250896,0.9317224602320795,0.76886240376136328,0.76685712164320741,0.80928371079027084]
["EMULSÕES ASFÁLTICAS RR-2C","2010-08-01",0.88956562661370286,0.69933012836881403,0.91445429956094071,0.713288489121359,0.77107030097185791,0.79190520792503383]
["EMULSÕES ASFÁLTICAS RR-2C","2010-09-01",0.92245566087829767,0.69929511035958869,0.90654850692161493,0.73079474155617152,0.76261219209368825,0.80159160678612906]
["EMULSÕES ASFÁLTICAS RR-2C","2010-10-01",0.88743056521880814,0.71023207738821481,0.91477542590862326,0.73571158898582545,0.73554586020353496,0.79923955790759416]
["EMULSÕES ASFÁLTICAS RR-2C","2010-11-01",0.91443051157493138,0.70656512353778089,0.911203916506652,0.73841442445548566,0.74479320214557554,0.79089742477565961]
["EMULSÕES ASFÁLTICAS RR-2C","2010-12-01",0.89985341144829056,0.70372284578530142,0.94917453439453436,0.7639360742603738,0.74440267205883204,0.78146179215994416]
["EMULSÕES ASFÁLTICAS RR-2C","2011-01-01",0.95069952708664218,0.71194104030725458,0.99751145630371185,0.75202052622807503,0.73554478258828104,0.76545632697547117]
["EMULSÕES ASFÁLTICAS RR-2C","2011-02-01",0.98821578676492694,0.71505058143369471,0.94460697090628876,0.74247372573490256,0.73921360164478567,0.76925972204404403]
["EMULSÕES ASFÁLTICAS RR-2C","2011-03-01",0.99589658301689488,0.71760435398850053,0.95429656484399306,0.73023268109412842,0.72198641444612899,0.75882236441141515]
["EMULSÕES ASFÁLTICAS RR-2C","2011-04-01",0.98387739548686959,0.70602833719340241,0.86259687129678531,0.71371093174120537,0.74389773759203892,0.76247597734656958]
["EMULSÕES ASFÁLTICAS RR-2C","2011-05-01",0.91615126797021906,0.68272257695258876,0.87623240618246068,0.72294266308585275,0.74907741079909074,0.77400782064323348]
["EMULSÕES ASFÁLTICAS RR-2C","2011-06-01",0.94780715375018765,0.67118944677163728,0.92569839282304756,0.72569025126808584,0.74473856717897857,0.80628440786959288]
["EMULSÕES ASFÁLTICAS RR-2C","2011-07-01",0.79337812251844797,0.64305424471628658,0.93299720046730206,0.72502093837008974,0.74471188228081697,0.78728661644081499]
["EMULSÕES ASFÁLTICAS RR-2C","2011-08-01",0.7965359125813728,0.66465791503236449,0.90937122978750362,0.72234222992595332,0.73925341716534887,0.78274147220766355]
["EMULSÕES ASFÁLTICAS RR-2C","2011-09-01",0.89863304493200591,0.67364778985119744,0.90889264283537852,0.67402318079308088,0.73684363816112541,0.7754366480211371]
["EMULSÕES ASFÁLTICAS RR-2C","2011-10-01",0.92081640931616404,0.67945373848598267,0.91162545869605427,0.6971101927049479,0.74114639968031371,0.78669395646164175]
["EMULSÕES ASFÁLTICAS RR-2C","2011-11-01",0.91827161712136651,0.66593022889335707,0.92234198031545322,0.71180768638226943,0.73899042814951343,0.79274564541949866]
["EMULSÕES ASFÁLTICAS RR-2C","2011-12-01",0.87177623292601913,0.67736955144787425,0.96702388466508082,0.74915453655754149,0.73882524091241153,0.78862595870913432]
["EMULSÕES ASFÁLTICAS RR-2C","2012-01-01",0.90680182884064275,0.68947966649142856,0.94618379210427317,0.75123175981206802,0.76136360044373086,0.75864243033217327]
["EMULSÕES ASFÁLTICAS RR-2C","2012-02-01",0.87911367760744608,0.69588599321215461,0.95726901233047068,0.73780639699333628,0.75666126240440768,0.75744744670671837]
["EMULSÕES ASFÁLTICAS RR-2C","2012-03-01",0.89277744056055885,0.69995003581761372,0.92661224659093522,0.7631729028743317,0.78071637219134515,0.78083433511984934]
["EMULSÕES ASFÁLTICAS RR-2C","2012-04-01",0.90094780785886963,0.70785586958546654,0.91843879192256739,0.75189698012071038,0.77546220546241262,0.77891692113175381]
["EMULSÕES ASFÁLTICAS RR-2C","2012-05-01",1.2845665727523012,0.71312612058473623,0.93241823387447498,0.75785447324961708,0.75603382811310849,0.82219732898120912]
["EMULSÕES ASFÁLTICAS RR-2C","2012-06-01",0.92045606091092003,0.71714045343040944,0.94328348062741407,0.74512941638296604,0.78770767023012889,0.83468751786263384]
["EMULSÕES ASFÁLTICAS RR-2C","2012-07-01",1.076963979008734,0.71986052658494837,0.94530689999743045,0.74568082186266571,0.82667445222201696,0.82341589866826004]
["EMULSÕES ASFÁLTICAS RR-2C","2012-08-01",1.0447101298093466,0.74404995877505975,0.95829352439216664,0.75038015750549958,0.79473559171614772,0.83772129038120513]
["EMULSÕES ASFÁLTICAS RR-2C","2012-09-01",1.1105699129789433,0.76415934085404857,0.9656930335927274,0.78218757350915646,0.8070021806822919,0.86553988971655882]
["EMULSÕES ASFÁLTICAS RR-2C","2012-10-01",0.89651782409514258,0.7648226869639807,0.98309457359139896,0.7775748712394277,0.80182611788298797,0.86388819264250472]
["EMULSÕES ASFÁLTICAS RR-2C","2012-11-01",0.98354002766930648,0.77503569143839535,1.0105194333769283,0.7927207815970001,0.82122048164064831,0.86955156508681231]
["EMULSÕES ASFÁLTICAS RR-2C","2012-12-01",0.92595945302907445,0.7662320557103145,1.0014132364290862,0.75187553075384228,0.82609230412185763,0.83669224252950058]
["EMULSÕES ASFÁLTICAS RR-2C","2013-01-01",0.95774885080444683,0.75588483739920309,1.0427891307003481,0.79643660368157454,0.84616517598402774,0.82887140828354322]
["EMULSÕES ASFÁLTICAS RR-2C","2013-02-01",1.0406373020478534,0.74759397934808636,0.99508193311787618,0.78625884524632905,0.79784629378448713,0.80673020027363496]
["EMULSÕES ASFÁLTICAS RR-2C","2013-03-01",1.0105474487233876,0.7389438558828284,1.0131143720430327,0.76949046964869461,0.80934238892073118,0.80616178541890049]
["EMULSÕES ASFÁLTICAS RR-2C","2013-04-01",1.0281120471184664,0.75067475985723742,1.0013605390256572,0.7685567476014119,0.82338001109316128,0.82598694787956572]
["EMULSÕES ASFÁLTICAS RR-2C","2013-05-01",1.0120627906957587,0.75171162421279158,1.0149387158041197,0.78690153652134887,0.83743806586740199,0.85693546994255942]
["EMULSÕES ASFÁLTICAS RR-2C","2013-06-01",1.0984476673746881,0.76460370962552637,1.0230143042207434,0.75008967545210825,0.83491954418428249,0.87847527511743273]
["EMULSÕES ASFÁLTICAS RR-2C","2013-07-01",0.77392501190552021,0.77878288626844039,0.99877737062428962,0.79508553712890107,0.82813619463935717,0.86815538066012288]
["EMULSÕES ASFÁLTICAS RR-2C","2013-08-01",1.0117386429167297,0.75886063209467547,1.0221744108171147,0.80991748400801367,0.85638075113235756,0.91102860569489807]
["EMULSÕES ASFÁLTICAS RR-2C","2013-09-01",0.95683386636102929,0.78500515082846622,1.0670266046680352,0.80423762403947618,0.81905467853602409,0.92756547685447577]
["EMULSÕES ASFÁLTICAS RR-2C","2013-10-01",1.0257757814259048,0.79052466565125834,1.0278378140333979,0.76985077594459839,0.82561451887404913,0.91629635087072792]
["EMULSÕES ASFÁLTICAS RR-2C","2013-11-01",0.93691592015777703,0.82692021000834215,1.0275495010784741,0.83077686589304556,0.85016116748372939,0.92042372560440167]
["EMULSÕES ASFÁLTICAS RR-2C","2013-12-01",0.97543385301100682,0.8025762687006649,1.0627448877111678,0.84214765978925465,0.86130403982482795,0.92173035931948555]
["EMULSÕES ASFÁLTICAS RR-2C","2014-01-01",1.0837297141045092,0.79858969739726793,1.0497101839075584,0.82190552026300223,0.83897590349020745,0.87469782165930043]
["EMULSÕES ASFÁLTICAS RR-2C","2014-02-01",1.025693696939848,0.80179770042362586,1.0590728731542025,0.80880693500388756,0.83781644126663213,0.86668090569857936]
["EMULSÕES ASFÁLTICAS RR-2C","2014-03-01",1.000866849660083,0.81239587248077505,1.0616378349776874,0.80763201190268141,0.86779931272561173,0.85841196129198938]
["EMULSÕES ASFÁLTICAS RR-2C","2014-04-01",1.1594848711056374,0.79691440009548009,1.0859034037760293,0.82344069594623581,0.8636822098071647,0.88272963249857039]
["EMULSÕES ASFÁLTICAS RR-2C","2014-05-01",1.0582627517652703,0.80949236867921071,1.0491177470333348,0.8399845447507055,0.87050362839566109,0.90554470790525898]
["EMULSÕES ASFÁLTICAS RR-2C","2014-06-01",1.0109621677371956,0.83552178712477843,1.0587776415734154,0.78481841787371143,0.88870351160057615,0.92708508396399614]
["EMULSÕES ASFÁLTICAS RR-2C","2014-07-01",1.1508399830201148,0.8489174368850918,0.96591461518704791,0.81812140961729973,0.87037988315306192,0.91171109585605681]
["EMULSÕES ASFÁLTICAS RR-2C","2014-08-01",1.0916762827552351,0.83808771486068157,0.919472136448513,0.82738565342982373,0.8558607587976893,0.88543184512571915]
["EMULSÕES ASFÁLTICAS RR-2C","2014-09-01",1.0742297093106616,0.85008846991814813,1.0659043939784172,0.8135331126643861,0.89119731334306496,0.95866258088488365]
["EMULSÕES ASFÁLTICAS RR-2C","2014-10-01",1.0933752428295078,0.88060978410514912,0.95302894230412094,0.78554125490538085,0.85443701849207165,0.91139917160065775]
["EMULSÕES ASFÁLTICAS RR-2C","2014-11-01",1.2084999728512678,0.90929680979517946,0.96671601633312099,0.79281018069092646,0.87830756254253306,0.93262516343366275]
["EMULSÕES ASFÁLTICAS RR-2C","2014-12-01",1.1733195141686963,0.97479973913927564,1.0811019358226572,0.95743193879134147,0.94471770902187446,1.0088546900330395]
["EMULSÕES ASFÁLTICAS RR-2C","2015-01-01",1.1974942761346909,1.1735737482546862,1.2467714419920852,1.025342721383574,1.1225559810063366,1.1585903484442719]
["EMULSÕES ASFÁLTICAS RR-2C","2015-02-01",1.3138584683462771,1.1213655613326337,1.2216030862851623,0.98311352896681115,1.0495339345942003,1.1368373374790675]
["EMULSÕES ASFÁLTICAS RR-2C","2015-03-01",1.3559925113257558,1.0596881895771542,1.2894042019950926,1.0809616590454936,1.0636650125355411,1.1289281805945497]
["EMULSÕES ASFÁLTICAS RR-2C","2015-04-01",1.1985585422550749,1.0958319872243889,1.3005537147189334,1.0428812335459468,1.0826236151274535,1.1148943907803934]
["EMULSÕES ASFÁLTICAS RR-2C","2015-05-01",1.3960662277306455,1.0733620860159381,1.246182259324168,1.0021866976426856,1.1007545004604327,1.1336037602660691]
["EMULSÕES ASFÁLTICAS RR-2C","2015-06-01",1.3738029836101526,1.070598601394444,1.2400291368255192,0.99510670262462975,1.1137137617235191,1.1581439880323197]
["EMULSÕES ASFÁLTICAS RR-2C","2015-07-01",1.2915544901173832,1.0782396821328417,1.0611909286829198,1.0072484445472174,1.1404108411616547,1.0886719806136569]
["EMULSÕES ASFÁLTICAS RR-2C","2015-08-01",1.2644389492358916,1.1098748142613037,1.2785713002472454,1.0093247984156792,1.1017859744041891,1.2007353305035777]
["EMULSÕES ASFÁLTICAS RR-2C","2015-09-01",1.3178222167105091,1.0793162903745952,1.2729908719334742,1.0412168829797834,1.1015058988908772,1.1993241667707197]
["EMULSÕES ASFÁLTICAS RR-2C","2015-10-01",1.3475910609364452,1.1515919369427989,1.3034316798932244,1.1408835708336198,1.153839863433008,1.2445506841065885]
["EMULSÕES ASFÁLTICAS RR-2C","2015-11-01",1.4219476311042603,1.2528977823002232,1.4632652382833597,1.2023260722378897,1.2091014097133812,1.3509407654186711]
["EMULSÕES ASFÁLTICAS RR-2C","2015-12-01",1.5005775899763167,1.2466905674903261,1.3857931469782372,1.2274435317644234,1.2352426092001128,1.3247389248337151]
["EMULSÕES ASFÁLTICAS RR-2C","2016-01-01",1.6489841751292391,1.3076282632331491,1.4491413888827895,1.2358730350079974,1.2644155209558658,1.3328124724100971]
["EMULSÕES ASFÁLTICAS RR-2C","2016-02-01",1.4040425978966906,1.2955796163300726,1.4551720277392293,1.2803424144945961,1.2506211519631303,1.3241249017582162]
["EMULSÕES ASFÁLTICAS RR-2C","2016-03-01",1.3737404725681612,1.27647148296601,1.4700769498354112,1.2373776159079404,1.2705861769372377,1.305985136244233]
["EMULSÕES ASFÁLTICAS RR-2C","2016-04-01",1.8031323295940906,1.364877411695095,1.5460723913427832,1.3373403028324489,1.3714673792970147,1.4262694176770088]
["EMULSÕES ASFÁLTICAS RR-2C","2016-05-01",1.7102055614999203,1.3931871019703457,1.5304737991034352,1.3786105124528174,1.3875955987901301,1.4487465103471819]
["EMULSÕES ASFÁLTICAS RR-2C","2016-06-01",1.6834621917161186,1.3076158114304404,1.6010919665553396,1.356493165706369,1.4241657077439134,1.4604616960242911]
["EMULSÕES ASFÁLTICAS RR-2C","2016-07-01",1.6111651204569051,1.3055962015036633,1.5874577441260496,1.4386016770426933,1.4249958544942616,1.4681297634542807]
["EMULSÕES ASFÁLTICAS RR-2C","2016-08-01",1.6042944555730914,1.3044006684628899,1.6128486125495336,1.4229043477148113,1.4247229275758995,1.4903735494037429]
["EMULSÕES ASFÁLTICAS RR-2C","2016-09-01",1.553851496196532,1.2150283632130348,1.4872524174442627,1.3105037105253383,1.2611711851144485,1.3821742114193818]
["EMULSÕES ASFÁLTICAS RR-2C","2017-01-01",1.3295876746587254,0.97529368058710841,1.5003093541431693,1.3613255863655229,1.2259310480635319,1.162473759755621]
["EMULSÕES ASFÁLTICAS RR-2C","2017-02-01",1.4037658906824355,1.0198585605870976,1.4605251549752429,1.3429240664997402,1.2001638942968333,1.2072304467276591]
["EMULSÕES ASFÁLTICAS RR-2C","2017-03-01",1.3968718336946988,1.1665844193583097,1.4231876339836147,1.3160723644059664,1.2102225969368148,1.2717657443337291]
["EMULSÕES ASFÁLTICAS RR-2C","2017-04-01",1.4061631137262074,1.1506254668179239,1.4732979449818155,1.3193940401053521,1.1820012709603336,1.2910710683970288]
["EMULSÕES ASFÁLTICAS RR-2C","2017-05-01",1.4040905911420187,1.1726007246709151,1.4867733051140943,1.3140967919320101,1.1876465988739124,1.3403886901233701]
["EMULSÕES ASFÁLTICAS RR-2C","2017-06-01",1.4180165227812969,1.1684172838844951,1.5310011089707642,1.310190923481293,1.1966920331458697,1.3648500164722874]
["EMULSÕES ASFÁLTICAS RR-2C","2017-07-01",1.4683032351132663,1.1821042315179353,1.5121518421393534,1.279054806325338,1.1332529777843998,1.3596206153764889]
["EMULSÕES ASFÁLTICAS RR-2C","2017-08-01",1.4659732608904723,1.1767755729291771,1.4039573392310976,1.2663431235738367,1.1787432600234897,1.3237918138953939]
["EMULSÕES ASFÁLTICAS RR-2C","2017-09-01",1.4318169843184565,1.1898936241353053,1.4537715938762008,1.285693733499309,1.1871601859074818,1.3557104427679683]
["EMULSÕES ASFÁLTICAS RR-2C","2017-10-01",1.4491825161573515,1.207247931507442,1.4640186621729441,1.3323982310869649,1.1739416100992857,1.3656793673117567]
["EMULSÕES ASFÁLTICAS RR-2C","2017-11-01",1.6182821244723802,1.3028339514031291,1.613822346548186,1.3221653058249512,1.3171489059517127,1.470333346304054]
["EMULSÕES ASFÁLTICAS RR-2C","2017-12-01",1.7125002440971306,1.2886934902522582,1.5429548396659947,1.3195933811261036,1.2911470687211588,1.4588224527224354]
["EMULSÕES ASFÁLTICAS RR-2C","2018-01-01",1.7515336292151191,1.3422873031567961,1.5094109583930098,1.4328183639485839,1.3355080841653342,1.4836715709672179]
["EMULSÕES ASFÁLTICAS RR-2C","2018-02-01",1.6610447362374416,1.3617859637129377,1.4817483937901115,1.4473927675821461,1.3768173297345929,1.464831025079206]
["EMULSÕES ASFÁLTICAS RR-2C","2018-03-01",1.6954410071578938,1.3542430540092358,1.5375908708380657,1.4470604820108977,1.3716501298316999,1.4762333231771931]
["EMULSÕES ASFÁLTICAS RR-2C","2018-04-01",1.5687528009889737,1.3328629020561542,1.5585033645258797,1.4457720027222314,1.3289872914575056,1.4374587251281956]
["EMULSÕES ASFÁLTICAS RR-2C","2018-05-01",1.7163026083236441,1.3834788285607762,1.5103835313012901,1.4576575745862743,1.389937608144785,1.4705688952497875]
["EMULSÕES ASFÁLTICAS RR-2C","2018-06-01",1.6716741875576386,1.4609526623690046,1.6477862351376675,1.5056177886693052,1.477334696437135,1.5493132904114215]
["EMULSÕES ASFÁLTICAS RR-2C","2018-07-01",1.8253082227990263,1.5732933124999999,1.7544677766475567,1.6004874978074706,1.5400833118241328,1.6672031017821791]
["EMULSÕES ASFÁLTICAS RR-2C","2018-08-01",1.8237348329219192,1.6856683889889545,1.9125286765249321,1.792216451929783,1.6785264626315743,1.8037470793696593]
["EMULSÕES ASFÁLTICAS RR-2C","2018-09-01",2.0523986018700042,1.6860471795771725,1.9361390855149667,1.7776622986446278,1.671035098067317,1.8592348438575659]
["EMULSÕES ASFÁLTICAS RR-2C","2018-10-01",2.0948296937314117,1.6883271818603525,1.7462853595717469,1.8021848956888453,1.8360439480275756,1.8157307890497472]
["EMULSÕES ASFÁLTICAS RR-2C","2018-11-01",2.3302103085686281,1.8411957128023935,2.2180064699423223,2.0313127776314679,1.9465198511700676,2.0870045956628331]
["EMULSÕES ASFÁLTICAS RR-2C","2018-12-01",2.4361316266045097,1.8393499622552583,2.1197689237108417,1.965038414689654,1.8961533620377922,2.0415136307555772]
["EMULSÕES ASFÁLTICAS RR-2C","2019-01-01",2.3991345843015304,1.8794259372218571,2.1853799053644076,1.9930195949447314,1.9291890399299196,2.0567036929498808]
["EMULSÕES ASFÁLTICAS RR-2C","2019-02-01",2.3935305933199142,2.0100960861601598,2.5045713226881685,2.2630791373111849,2.011119163324107,2.221643893102268]
["EMULSÕES ASFÁLTICAS RR-2C","2019-03-01",2.6796868563796195,1.9901953412149367,2.5579138928296858,2.2045042492184406,2.1221855575987485,2.3186042099253266]
["EMULSÕES ASFÁLTICAS RR-2C","2019-04-01",2.5151364924337956,2.0008711133696599,2.6333980969763933,2.2328616267732357,2.064076870973012,2.2770809235388998]
["EMULSÕES ASFÁLTICAS RR-2C","2019-05-01",2.130236099035983,1.9602812773391383,2.342473017478655,2.2107797640821767,2.1667787404248919,2.1630728056913133]
["EMULSÕES ASFÁLTICAS RR-2C","2019-06-01",2.1640004023312627,1.9250025893071754,2.3795330791824369,2.1424839632324493,2.180249833510187,2.1664218876157775]
["EMULSÕES ASFÁLTICAS RR-2C","2019-07-01",2.1615179943408442,1.9051335877053119,2.3700902877231584,2.1133180405618193,2.1666049432405368,2.1596773513500382]
["EMULSÕES ASFÁLTICAS RR-2C","2019-08-01",2.1481809366418849,1.7871269706863533,2.2736676089666341,2.1017264720781426,2.2305631470804643,2.0961132223137593]
["EMULSÕES ASFÁLTICAS RR-2C","2019-09-01",2.2749944295789932,1.7685931897088947,2.2749520229204818,2.1225434842050381,2.1952209533465918,2.1148551376961868]
["EMULSÕES ASFÁLTICAS RR-2C","2019-10-01",2.2524961567227826,1.9675231472624461,2.7384906229713128,2.140464842920998,2.0307587249754748,2.2988745877901753]
["EMULSÕES ASFÁLTICAS RR-2C","2019-11-01",2.3917174442554017,1.9231227266456397,2.512152538067824,2.2131398457308085,2.0431128800664373,2.2502473128028275]
["EMULSÕES ASFÁLTICAS RR-2C","2019-12-01",2.3919884072624522,1.9747996623618451,2.2505237811516414,2.1680659242486069,2.0507505043328487,2.1451935699272586]
["EMULSÕES ASFÁLTICAS RR-2C","2020-01-01",2.6176967003231986,1.8780382062314398,2.3352936603561383,2.1839891996075491,2.0472221450393495,2.1668040965205764]
["EMULSÕES ASFÁLTICAS RR-2C","2020-02-01",2.3231193990355696,1.8085269957869419,1.9789899591272726,2.0867364995803164,2.0257661032488543,2.0277399242873178]
["EMULSÕES ASFÁLTICAS RR-2C","2020-03-01",2.342808005513314,1.7940557638862922,1.7211304181993443,2.0453141869832105,1.9732840557989404,1.977121831129143]
["EMULSÕES ASFÁLTICAS RR-2C","2020-04-01",2.2240730834885021,1.7111360495033376,1.9436800343479061,1.9811404040070473,2.058778777406876,1.976530938882715]
["EMULSÕES ASFÁLTICAS RR-2C","2020-05-01",2.1531647858372311,1.6890004950705062,1.9149744998837386,1.9603349388846041,2.0178718450444366,1.9398605813392242]
["EMULSÕES ASFÁLTICAS RR-2C","2020-06-01",2.0788679536771095,1.6652410281559347,1.8330357408618185,1.8933000395325583,2.0136753030428336,1.8781888356284024]
["EMULSÕES ASFÁLTICAS RR-2C","2020-07-01",2.0544219055495532,1.6667189694659075,1.9149395193317231,1.899576427834716,1.9461358220848106,1.8893577757890485]
["EMULSÕES ASFÁLTICAS RR-2C","2020-08-01",2.1543678216757582,1.7733730018910185,2.0777540225277957,1.9996892515751252,1.9912568037037868,2.0096793301248019]
["EMULSÕES ASFÁLTICAS RR-2C","2020-09-01",2.1187831673682336,1.7856461237044037,2.0094154164761493,1.9832651947209383,1.9852846031484475,1.9762008668036497]
["EMULSÕES ASFÁLTICAS RR-2C","2020-10-01",2.1464286111245734,1.8266482066125822,1.9794450617759367,1.9848517880852443,1.9913562126682482,1.9779957152564804]
["EMULSÕES ASFÁLTICAS RR-2C","2020-11-01",2.1376816723114409,1.9380777485027982,2.1402438608489014,2.1672747672637573,2.0918311383258161,2.0903535768484067]
["EMULSÕES ASFÁLTICAS RR-2C","2020-12-01",2.1490044399500974,1.9454777606049933,1.9606696497771214,2.1883989731123372,2.0951376036445559,2.035179336495458]
["EMULSÕES ASFÁLTICAS RR-2C","2021-01-01",2.1393735849540185,1.8981612264009384,1.8354725973686459,2.2135263550144111,2.0580072059081282,2.0051177573215337]
["EMULSÕES ASFÁLTICAS RR-2C","2021-02-01",2.3508577507118704,2.0596027416889715,2.2519660018072147,2.4247311156864044,2.2197472071407698,2.2438069352317429]
["EMULSÕES ASFÁLTICAS RR-2C","2021-03-01",2.3250714306150009,2.0517918559048689,2.1828263772095058,2.3466687299279227,2.2734914636523507,2.2270420265188373]
["EMULSÕES ASFÁLTICAS RR-2C","2021-04-01",2.6889810867861912,2.0645253663669711,2.2891410701693373,2.2627266030870632,2.1779034200888803,2.2111387924732311]
["EMULSÕES ASFÁLTICAS RR-2C","2021-05-01",2.5745496094499001,2.5180315213446613,2.5567890474465726,2.6400274183860075,2.6094833731897507,2.5778018499335968]
["EMULSÕES ASFÁLTICAS RR-2C","2021-06-01",2.6722399675705408,2.4893505901848623,2.6009999536735515,2.7064951331304958,2.5552921185584028,2.5931272798618585]
["EMULSÕES ASFÁLTICAS RR-2C","2021-07-01",2.6431769206569165,2.4692622799259656,2.6563319289775995,2.6793157575261062,2.6620791096261516,2.610630402066493]
["EMULSÕES ASFÁLTICAS RR-2C","2021-08-01",2.7961407527887832,2.5759914248354314,2.8258074818475234,2.9191427775852907,2.7494512239446278,2.7664227491806077]
["EMULSÕES ASFÁLTICAS RR-2C","2021-09-01",2.830094258699333,2.6444601784336945,2.876162301397434,2.9267422256079656,2.8918415567704794,2.8068743600852644]
["EMULSÕES ASFÁLTICAS RR-2C","2021-10-01",2.9702878379404463,2.659644806101749,2.8209744927170664,2.8878564813611582,2.7931902764908703,2.8043071709721406]
["EMULSÕES ASFÁLTICAS RR-2C","2021-11-01",3.1288425054692297,2.8641569797826447,3.1550719837703785,3.3298848339432068,3.0708670042737229,3.1101825774701517]
["EMULSÕES ASFÁLTICAS RR-2C","2021-12-01",3.1416148138267768,2.9394743512613672,3.1796148150211683,3.3832212657234604,3.1174233894906123,3.1190781839195152]
["EMULSÕES ASFÁLTICAS RR-2C","2022-01-01",3.1680180966752389,2.8978883410610892,3.1718370526966604,3.2245494357151325,3.0766925593721233,3.0550736209655045]
["EMULSÕES ASFÁLTICAS RR-2C","2022-02-01",3.2922767112693143,3.0297198872500939,3.3177290502392736,3.399646589868567,3.2098987026663215,3.1990043731141529]
["EMULSÕES ASFÁLTICAS RR-2C","2022-03-01",3.0825143735363008,3.0500042385000845,3.2790615343344673,3.4098559609202037,3.2383783348331554,3.2088533928189276]
["EMULSÕES ASFÁLTICAS RR-2C","2022-04-01",3.4104994747810746,3.2162203422212721,3.4789274469856308,3.5252721458886924,3.00054992574153,3.3539676296553056]
["EMULSÕES ASFÁLTICAS RR-2C","2022-05-01",3.3636363462380134,3.1743785984524191,3.5119967937401126,2.7024184874129711,3.207091199150176,3.1292506581784498]
["EMULSÕES ASFÁLTICAS RR-2C","2022-06-01",3.6153029894262358,3.2053946913242877,3.4455839071143339,3.4582361526372583,3.1774448120884893,3.3735881530198797]
["EMULSÕES ASFÁLTICAS RR-2C","2022-07-01",3.5030009154948063,3.2969304243788469,3.6024628398006868,3.4750806334189273,3.3203778262125732,3.4479452704125833]
["EMULSÕES ASFÁLTICAS RR-2C","2022-08-01",3.5317087220741561,3.3395169467089989,3.540153068030317,3.3854273872748482,3.1514614825228127,3.4327931374233192]
["EMULSÕES ASFÁLTICAS RR-2C","2022-09-01",3.4611166205196167,3.3477991664831728,3.3700147015734134,3.2361076198657774,3.0452192921035408,3.3458284433524583]
["EMULSÕES ASFÁLTICAS RR-2C","2022-10-01",3.4407087288730906,3.2396973673631093,3.0816406308553566,3.0884257786256173,2.9761674905370374,3.1785213522037212]
["EMULSÕES ASFÁLTICAS RR-2C","2022-11-01",3.2314387037394514,3.142929577646707,3.2239381233414193,2.9171046643981984,2.7953862663167981,3.1216330233579428]
["EMULSÕES ASFÁLTICAS RR-2C","2022-12-01",3.1795323794024788,3.1393122599866921,3.0605759048792094,2.9247446234100298,2.7407330746581793,3.0496763148638495]
["EMULSÕES ASFÁLTICAS RR-2C","2023-01-01",3.2359240498456319,2.8821275827674335,3.1743967926609025,2.7981787230186401,2.6587045960863023,2.904143728641785]
["EMULSÕES ASFÁLTICAS RR-2C","2023-02-01",3.127258291047482,2.8628392906914342,3.1894738973220016,2.7364632961896005,2.6985125709752453,2.9003749035138853]
["EMULSÕES ASFÁLTICAS RR-2C","2023-03-01",3.2417182611113513,2.8190573657006235,2.9086944063153171,2.8172106055821451,2.530385896360182,2.8507331892043561]
["EMULSÕES ASFÁLTICAS RR-2C","2023-04-01",3.4081380308906026,2.9193557473760552,2.8965513162008643,2.7394980498049879,2.503562137875428,2.8547500149403975]
["EMULSÕES ASFÁLTICAS RR-2C","2023-05-01",3.1511809277988481,2.7777992165496261,2.9324742736171769,2.6186446088076356,2.3897364325137977,2.7687758905210926]
["EMULSÕES ASFÁLTICAS RR-2C","2023-06-01",3.233603037330671,2.7194016450848277,2.9275401489895247,2.5910125840766982,2.5725312379074721,2.8185192878852612]
["EMULSÕES ASFÁLTICAS RR-2C","2023-07-01",3.1307961536124727,2.7247528493187181,2.9163947946123114,2.5821073809604385,2.5236547511190492,2.8118154506951494]
["EMULSÕES ASFÁLTICAS RR-2C","2023-08-01",3.0677037232901774,2.7216455673154036,2.9443666246791231,2.6178307781847057,2.6577102024371473,2.8367618990188062]
["EMULSÕES ASFÁLTICAS RR-2C","2023-09-01",3.2744488849864211,2.8096427755648139,3.1190148443176664,2.7245526081478673,2.4250695979563992,2.9664101532014788]
["EMULSÕES ASFÁLTICAS RR-2C","2023-10-01",3.2626952234552484,2.839883928413546,2.9709860290854109,2.7051095096038824,2.6057283732394545,2.9142011431843406]
["EMULSÕES ASFÁLTICAS RR-2C","2023-11-01",3.2235832800521309,2.8872379234184913,3.1843065534303503,2.7414029368851089,2.4977279247892628,3.0028190183210888]
["EMULSÕES ASFÁLTICAS RR-2C","2023-12-01",3.3688845324018319,2.8489933251362687,2.9142958512112624,2.673718829052357,2.5652465120426715,2.8604912224089261]
["EMULSÕES ASFÁLTICAS RR-2C","2024-01-01",3.2043261979755915,2.6137829562431318,3.1347642561947389,2.6490363636324572,2.578343242379717,2.760727858120025]
["EMULSÕES ASFÁLTICAS RR-2C","2024-02-01",3.6109679154533718,2.5962893842837409,2.9902878128407462,2.7048609416540326,2.5740140978274222,2.7715169451357977]
["EMULSÕES ASFÁLTICAS RR-2C","2024-03-01",3.4520161496532866,2.6875793655124753,3.0479722002117411,2.7196841685316735,2.6062070216745044,2.788256085018729]
["EMULSÕES ASFÁLTICAS RR-2C","2024-04-01",3.3407242720069159,2.5814220899123526,3.000304036682099,2.6795946273877997,2.6318830630511858,2.7592814920274322]
["EMULSÕES ASFÁLTICAS RR-2C","2024-05-01",2.8996297793596146,2.6170608519820937,3.0787963662099749,2.662816597847915,2.7325513851864902,2.8024459450091719]
["EMULSÕES ASFÁLTICAS RR-2C","2024-06-01",3.0250808329361698,2.5523932793648507,3.1070457668540929,2.6046795854372573,2.7923408831871845,2.8326220070937813]
["EMULSÕES ASFÁLTICAS RR-2C","2024-07-01",3.1738146281031918,2.8413624631888381,3.2525046245272629,2.7112081493223505,2.722506480823716,3.0077527774200958]
["***: Sem comercialização."]
["Nota 1: Preços à vista, sem frete, com todos os impostos inclusos, à exceção do ICMS, do PIS/Pasep e da Cofins."]
["Nota 2: As informações são baseadas em dados preliminares, portanto sujeitos a reprocessamento por parte dos informantes nos moldes da Resolução ANP nº 729/2018."]

{"sheet":"Curva ABC","index":18,"n_rows":34,"n_cols":12,"rows_kept":34,"cut":false,"hidden":false,"merged":[]}
[]
[null,"Item","Descrição","Total R$","% individual","% acumul.","Classe",null,"Onde:","A <=",0.75]
[1,{"$f":"VLOOKUP(A3,#REF!,2,0)","v":{"$error":"#REF!"}},{"$f":"VLOOKUP(B3,#REF!,4,0)","v":{"$error":"#REF!"}},{"$f":"VLOOKUP(B3,#REF!,13,0)","v":{"$error":"#REF!"}},{"$f":"D3/#REF!","v":{"$error":"#REF!"}},{"$f":"E3","v":{"$error":"#REF!"}},{"$f":"IF(F3<=$K$2,\"A\",IF(AND(F3<=$L$3,F3>$J$3),\"B\",IF(F3>$K$4,\"C\")))","v":{"$error":"#REF!"}},null,null,0.75,"< B <=",0.95]
[2,{"$f":"VLOOKUP(A4,#REF!,2,0)","v":{"$error":"#REF!"}},{"$f":"VLOOKUP(B4,#REF!,4,0)","v":{"$error":"#REF!"}},{"$f":"VLOOKUP(B4,#REF!,13,0)","v":{"$error":"#REF!"}},{"$f":"D4/#REF!","v":{"$error":"#REF!"}},{"$f":"F3+E4","v":{"$error":"#REF!"}},{"$f":"IF(F4<=$K$2,\"A\",IF(AND(F4<=$L$3,F4>$J$3),\"B\",IF(F4>$K$4,\"C\")))","v":{"$error":"#REF!"}},null,null,"C >",0.95]
[3,{"$f":"VLOOKUP(A5,#REF!,2,0)","v":{"$error":"#REF!"}},{"$f":"VLOOKUP(B5,#REF!,4,0)","v":{"$error":"#REF!"}},{"$f":"VLOOKUP(B5,#REF!,13,0)","v":{"$error":"#REF!"}},{"$f":"D5/#REF!","v":{"$error":"#REF!"}},{"$f":"F4+E5","v":{"$error":"#REF!"}},{"$f":"IF(F5<=$K$2,\"A\",IF(AND(F5<=$L$3,F5>$J$3),\"B\",IF(F5>$K$4,\"C\")))","v":{"$error":"#REF!"}}]
[4,{"$f":"VLOOKUP(A6,#REF!,2,0)","v":{"$error":"#REF!"}},{"$f":"VLOOKUP(B6,#REF!,4,0)","v":{"$error":"#REF!"}},{"$f":"VLOOKUP(B6,#REF!,13,0)","v":{"$error":"#REF!"}},{"$f":"D6/#REF!","v":{"$error":"#REF!"}},{"$error":"#REF!"},{"$error":"#REF!"}]
[5,{"$f":"VLOOKUP(A7,#REF!,2,0)","v":{"$error":"#REF!"}},{"$f":"VLOOKUP(B7,#REF!,4,0)","v":{"$error":"#REF!"}},{"$f":"VLOOKUP(B7,#REF!,13,0)","v":{"$error":"#REF!"}},{"$f":"D7/#REF!","v":{"$error":"#REF!"}},{"$error":"#REF!"},{"$error":"#REF!"}]
[6,{"$f":"VLOOKUP(A8,#REF!,2,0)","v":{"$error":"#REF!"}},{"$f":"VLOOKUP(B8,#REF!,4,0)","v":{"$error":"#REF!"}},{"$f":"VLOOKUP(B8,#REF!,13,0)","v":{"$error":"#REF!"}},{"$f":"D8/#REF!","v":{"$error":"#REF!"}},{"$error":"#REF!"},{"$error":"#REF!"}]
[7,{"$f":"VLOOKUP(A9,#REF!,2,0)","v":{"$error":"#REF!"}},{"$f":"VLOOKUP(B9,#REF!,4,0)","v":{"$error":"#REF!"}},{"$f":"VLOOKUP(B9,#REF!,13,0)","v":{"$error":"#REF!"}},{"$f":"D9/#REF!","v":{"$error":"#REF!"}},{"$error":"#REF!"},{"$error":"#REF!"}]
[8,{"$f":"VLOOKUP(A10,#REF!,2,0)","v":{"$error":"#REF!"}},{"$f":"VLOOKUP(B10,#REF!,4,0)","v":{"$error":"#REF!"}},{"$f":"VLOOKUP(B10,#REF!,13,0)","v":{"$error":"#REF!"}},{"$f":"D10/#REF!","v":{"$error":"#REF!"}},{"$error":"#REF!"},{"$error":"#REF!"}]
[9,{"$f":"VLOOKUP(A11,#REF!,2,0)","v":{"$error":"#REF!"}},{"$f":"VLOOKUP(B11,#REF!,4,0)","v":{"$error":"#REF!"}},{"$f":"VLOOKUP(B11,#REF!,13,0)","v":{"$error":"#REF!"}},{"$f":"D11/#REF!","v":{"$error":"#REF!"}},{"$error":"#REF!"},{"$error":"#REF!"}]
[10,{"$f":"VLOOKUP(A12,#REF!,2,0)","v":{"$error":"#REF!"}},{"$f":"VLOOKUP(B12,#REF!,4,0)","v":{"$error":"#REF!"}},{"$f":"VLOOKUP(B12,#REF!,13,0)","v":{"$error":"#REF!"}},{"$f":"D12/#REF!","v":{"$error":"#REF!"}},{"$error":"#REF!"},{"$error":"#REF!"}]
[11,{"$f":"VLOOKUP(A13,#REF!,2,0)","v":{"$error":"#REF!"}},{"$f":"VLOOKUP(B13,#REF!,4,0)","v":{"$error":"#REF!"}},{"$f":"VLOOKUP(B13,#REF!,13,0)","v":{"$error":"#REF!"}},{"$f":"D13/#REF!","v":{"$error":"#REF!"}},{"$error":"#REF!"},{"$error":"#REF!"}]
[12,{"$f":"VLOOKUP(A14,#REF!,2,0)","v":{"$error":"#REF!"}},{"$f":"VLOOKUP(B14,#REF!,4,0)","v":{"$error":"#REF!"}},{"$f":"VLOOKUP(B14,#REF!,13,0)","v":{"$error":"#REF!"}},{"$f":"D14/#REF!","v":{"$error":"#REF!"}},{"$error":"#REF!"},{"$error":"#REF!"}]
[13,{"$f":"VLOOKUP(A15,#REF!,2,0)","v":{"$error":"#REF!"}},{"$f":"VLOOKUP(B15,#REF!,4,0)","v":{"$error":"#REF!"}},{"$f":"VLOOKUP(B15,#REF!,13,0)","v":{"$error":"#REF!"}},{"$f":"D15/#REF!","v":{"$error":"#REF!"}},{"$error":"#REF!"},{"$error":"#REF!"}]
[14,{"$f":"VLOOKUP(A16,#REF!,2,0)","v":{"$error":"#REF!"}},{"$f":"VLOOKUP(B16,#REF!,4,0)","v":{"$error":"#REF!"}},{"$f":"VLOOKUP(B16,#REF!,13,0)","v":{"$error":"#REF!"}},{"$f":"D16/#REF!","v":{"$error":"#REF!"}},{"$error":"#REF!"},{"$error":"#REF!"}]
[15,{"$f":"VLOOKUP(A17,#REF!,2,0)","v":{"$error":"#REF!"}},{"$f":"VLOOKUP(B17,#REF!,4,0)","v":{"$error":"#REF!"}},{"$f":"VLOOKUP(B17,#REF!,13,0)","v":{"$error":"#REF!"}},{"$f":"D17/#REF!","v":{"$error":"#REF!"}},{"$error":"#REF!"},{"$error":"#REF!"}]
[16,{"$f":"VLOOKUP(A18,#REF!,2,0)","v":{"$error":"#REF!"}},{"$f":"VLOOKUP(B18,#REF!,4,0)","v":{"$error":"#REF!"}},{"$f":"VLOOKUP(B18,#REF!,13,0)","v":{"$error":"#REF!"}},{"$f":"D18/#REF!","v":{"$error":"#REF!"}},{"$error":"#REF!"},{"$error":"#REF!"}]
[17,{"$f":"VLOOKUP(A19,#REF!,2,0)","v":{"$error":"#REF!"}},{"$f":"VLOOKUP(B19,#REF!,4,0)","v":{"$error":"#REF!"}},{"$f":"VLOOKUP(B19,#REF!,13,0)","v":{"$error":"#REF!"}},{"$f":"D19/#REF!","v":{"$error":"#REF!"}},{"$error":"#REF!"},{"$error":"#REF!"}]
[18,{"$f":"VLOOKUP(A20,#REF!,2,0)","v":{"$error":"#REF!"}},{"$f":"VLOOKUP(B20,#REF!,4,0)","v":{"$error":"#REF!"}},{"$f":"VLOOKUP(B20,#REF!,13,0)","v":{"$error":"#REF!"}},{"$f":"D20/#REF!","v":{"$error":"#REF!"}},{"$error":"#REF!"},{"$error":"#REF!"}]
[19,{"$f":"VLOOKUP(A21,#REF!,2,0)","v":{"$error":"#REF!"}},{"$f":"VLOOKUP(B21,#REF!,4,0)","v":{"$error":"#REF!"}},{"$f":"VLOOKUP(B21,#REF!,13,0)","v":{"$error":"#REF!"}},{"$f":"D21/#REF!","v":{"$error":"#REF!"}},{"$error":"#REF!"},{"$error":"#REF!"}]
[20,{"$f":"VLOOKUP(A22,#REF!,2,0)","v":{"$error":"#REF!"}},{"$f":"VLOOKUP(B22,#REF!,4,0)","v":{"$error":"#REF!"}},{"$f":"VLOOKUP(B22,#REF!,13,0)","v":{"$error":"#REF!"}},{"$f":"D22/#REF!","v":{"$error":"#REF!"}},{"$error":"#REF!"},{"$error":"#REF!"}]
[21,{"$f":"VLOOKUP(A23,#REF!,2,0)","v":{"$error":"#REF!"}},{"$f":"VLOOKUP(B23,#REF!,4,0)","v":{"$error":"#REF!"}},{"$f":"VLOOKUP(B23,#REF!,13,0)","v":{"$error":"#REF!"}},{"$f":"D23/#REF!","v":{"$error":"#REF!"}},{"$error":"#REF!"},{"$error":"#REF!"}]
[22,{"$f":"VLOOKUP(A24,#REF!,2,0)","v":{"$error":"#REF!"}},{"$f":"VLOOKUP(B24,#REF!,4,0)","v":{"$error":"#REF!"}},{"$f":"VLOOKUP(B24,#REF!,13,0)","v":{"$error":"#REF!"}},{"$f":"D24/#REF!","v":{"$error":"#REF!"}},{"$error":"#REF!"},{"$error":"#REF!"}]
[23,{"$f":"VLOOKUP(A25,#REF!,2,0)","v":{"$error":"#REF!"}},{"$f":"VLOOKUP(B25,#REF!,4,0)","v":{"$error":"#REF!"}},{"$f":"VLOOKUP(B25,#REF!,13,0)","v":{"$error":"#REF!"}},{"$f":"D25/#REF!","v":{"$error":"#REF!"}},{"$error":"#REF!"},{"$error":"#REF!"}]
[24,{"$f":"VLOOKUP(A26,#REF!,2,0)","v":{"$error":"#REF!"}},{"$f":"VLOOKUP(B26,#REF!,4,0)","v":{"$error":"#REF!"}},{"$f":"VLOOKUP(B26,#REF!,13,0)","v":{"$error":"#REF!"}},{"$f":"D26/#REF!","v":{"$error":"#REF!"}},{"$error":"#REF!"},{"$error":"#REF!"}]
[25,{"$f":"VLOOKUP(A27,#REF!,2,0)","v":{"$error":"#REF!"}},{"$f":"VLOOKUP(B27,#REF!,4,0)","v":{"$error":"#REF!"}},{"$f":"VLOOKUP(B27,#REF!,13,0)","v":{"$error":"#REF!"}},{"$f":"D27/#REF!","v":{"$error":"#REF!"}},{"$error":"#REF!"},{"$error":"#REF!"}]
[26,{"$f":"VLOOKUP(A28,#REF!,2,0)","v":{"$error":"#REF!"}},{"$f":"VLOOKUP(B28,#REF!,4,0)","v":{"$error":"#REF!"}},{"$f":"VLOOKUP(B28,#REF!,13,0)","v":{"$error":"#REF!"}},{"$f":"D28/#REF!","v":{"$error":"#REF!"}},{"$f":"F27+E28","v":{"$error":"#REF!"}},{"$f":"IF(F28<=$K$2,\"A\",IF(AND(F28<=$L$3,F28>$J$3),\"B\",IF(F28>$K$4,\"C\")))","v":{"$error":"#REF!"}}]
[27,{"$f":"VLOOKUP(A29,#REF!,2,0)","v":{"$error":"#REF!"}},{"$f":"VLOOKUP(B29,#REF!,4,0)","v":{"$error":"#REF!"}},{"$f":"VLOOKUP(B29,#REF!,13,0)","v":{"$error":"#REF!"}},{"$f":"D29/#REF!","v":{"$error":"#REF!"}},{"$error":"#REF!"},{"$error":"#REF!"}]
[28,{"$f":"VLOOKUP(A30,#REF!,2,0)","v":{"$error":"#REF!"}},{"$f":"VLOOKUP(B30,#REF!,4,0)","v":{"$error":"#REF!"}},{"$f":"VLOOKUP(B30,#REF!,13,0)","v":{"$error":"#REF!"}},{"$f":"D30/#REF!","v":{"$error":"#REF!"}},{"$error":"#REF!"},{"$error":"#REF!"}]
[29,{"$f":"VLOOKUP(A31,#REF!,2,0)","v":{"$error":"#REF!"}},{"$f":"VLOOKUP(B31,#REF!,4,0)","v":{"$error":"#REF!"}},{"$f":"VLOOKUP(B31,#REF!,13,0)","v":{"$error":"#REF!"}},{"$f":"D31/#REF!","v":{"$error":"#REF!"}},{"$error":"#REF!"},{"$error":"#REF!"}]
[30,{"$f":"VLOOKUP(A32,#REF!,2,0)","v":{"$error":"#REF!"}},{"$f":"VLOOKUP(B32,#REF!,4,0)","v":{"$error":"#REF!"}},{"$f":"VLOOKUP(B32,#REF!,13,0)","v":{"$error":"#REF!"}},{"$f":"D32/#REF!","v":{"$error":"#REF!"}},{"$error":"#REF!"},{"$error":"#REF!"}]
[31,{"$f":"VLOOKUP(A33,#REF!,2,0)","v":{"$error":"#REF!"}},{"$f":"VLOOKUP(B33,#REF!,4,0)","v":{"$error":"#REF!"}},{"$f":"VLOOKUP(B33,#REF!,13,0)","v":{"$error":"#REF!"}},{"$f":"D33/#REF!","v":{"$error":"#REF!"}},{"$error":"#REF!"},{"$error":"#REF!"}]
[32,{"$f":"VLOOKUP(A34,#REF!,2,0)","v":{"$error":"#REF!"}},{"$f":"VLOOKUP(B34,#REF!,4,0)","v":{"$error":"#REF!"}},{"$f":"VLOOKUP(B34,#REF!,13,0)","v":{"$error":"#REF!"}},{"$f":"D34/#REF!","v":{"$error":"#REF!"}},{"$error":"#REF!"},{"$error":"#REF!"}]

{"sheet":"MATERIAL SICRO","index":19,"n_rows":1661,"n_cols":4,"rows_kept":1661,"cut":false,"hidden":false,"merged":[[0,1,0,2]]}
["CGCIT","SISTEMA DE CUSTOS REFERENCIAIS DE OBRAS - SICRO",null,"DNIT"]
[null,"Distrito Federal - Outubro/2023"]
["Código","Descrição","Unidade","Preço Unitário (R$)"]
["M0003","Aço CA 25","kg",7.3311999999999999]
["M0004","Aço CA 50","kg",6.8395000000000001]
["M0005","Brita 0","m³",143.79169999999999]
["M0006","Fibra de poliamida para concreto","kg",26.314]
["M0007","Fibra de aço para concreto","kg",13.180400000000001]
["M0008","Detergente líquido neutro","l",4.2714999999999996]
["M0009","Aço CP 175 RB","kg",9.0854999999999997]
["M0010","Aditivo superplastificante para concreto e argamassa","kg",13.620699999999999]
["M0011","Aditivo modificador de viscosidade para concreto e argamassa","kg",10.654199999999999]
["M0012","Silicato de alumínio","kg",1.7124999999999999]
["M0013","Grampo de ancoragem em aço CA 50 - D = 12,5 mm","kg",6.8395000000000001]
["M0014","Aço CA 60","kg",8.3391000000000002]
["M0015","Espoleta elétrica Nº 8 - D = 6,0 mm","un",23.617899999999999]
["M0016","Grampo sargento em ferro fundido tipo C com abertura útil de 105 mm (4\")","un",51.759]
["M0017","Saco de aniagem ou de ráfia de 50 kg - C = 95 cm e L = 65 cm","un",2.7814000000000001]
["M0018","Grampo pesado em aço-carbono para cabo de aço - D = 13 mm (1/2\")","un",22.4986]
["M0019","Esticador em aço tipo olhal x olhal para cabo de aço - D = 13 mm","un",148.19800000000001]
["M0020","Grampo de ancoragem em aço CA 50 - D = 6,3 mm","kg",7.1631999999999998]
["M0021","Herbicida glifosato para áreas contínuas","l",25.049900000000001]
["M0025","Adesivo plástico para tubos de PVC","kg",51.148299999999999]
["M0026","Aditivo aglutinante para argamassa","l",7.0377000000000001]
["M0028","Areia média","m³",147.833]
["M0029","Sílica ativa para concreto e argamassa (microssílica)","kg",1.6407]
["M0030","Aditivo plastificante e retardador de pega para concreto e argamassa","kg",6.5452000000000004]
["M0032","Adesivo de contato para laminado elastoplástico","kg",42.165599999999998]
["M0035","Diluente tipo aguarrás para tintas e vernizes","l",14.668200000000001]
["M0039","Gasolina comum","l",5.2245999999999997]
["M0041","Contêiner com 2 banheiros - L = 2,44 m e C = 6,09 m (1 TEU)","un",77575.522700000001]
["M0042","Contêiner com janela - L = 2,44 m e C = 6,09 m (1 TEU)","un",55438.348299999998]
["M0043","Óleo diesel","l",5.5121000000000002]
["M0044","Abrasivo de vidro com granulometria de 210 a 420 micra","kg",8.69]
["M0045","Barreira plástica monobloco para canalização de trânsito - C = 100 cm, L = 50 cm e H = 55 cm","un",534.48080000000004]
["M0046","Barreira plástica para canalização de trânsito - C = 60 cm, L = 45 cm e H = 60 cm","un",301.27839999999998]
["M0047","Cone de sinalização em polietileno - H = 75 cm e base quadrada de 40 x 40 cm","un",106.4913]
["M0048","Balizador cônico refletivo em polietileno semiflexível - H = 114 cm e base octogonal de D = 40 cm","un",129.1028]
["M0049","Delimitador de tráfego flexível com chumbador e duas faixas refletivas - H = 77 cm e D = 21 cm","un",164.29400000000001]
["M0050","Aditivo natural tipo goma xantana para hidrossemeadura","kg",102.3145]
["M0051","Cilindro canalizador de tráfego em polietileno - H = 117 cm e base quadrada de 60 x 60 cm","un",173.9075]
["M0052","Fita adesiva de PVC - L = 50 mm e C = 50 m","m",0.1338]
["M0053","Tela plástica em polipropileno na cor laranja para tapume - L = 1,2 m","m",1.9406000000000001]
["M0054","Fita zebrada de cor laranja e branca - L = 7 a 8 cm","m",7.1900000000000006E-2]
["M0055","Barreira plástica articulável modular - C = 240 cm e H = 100 cm","un",1255.7415000000001]
["M0056","Ferramenta de corte para removedora de faixa de sinalização (Smith Cutter)","un",6579.0807000000004]
["M0057","Contêiner com janela - L = 4,88 m e C = 6,09 m (1 TEU duplo)","un",107810.59080000001]
["M0058","Contêiner com janela e 2 banheiros - L = 4,88 m e C = 6,09 m (1 TEU duplo)","un",112332.8817]
["M0059","Contêiner com revestimento térmico, janela e banheiro - L = 2,44 m e C = 6,09 m (1 TEU)","un",74542.900800000003]
["M0060","Contêiner com janela - L = 2,44 m e C = 4,58 m (3/4 TEU)","un",44090.317799999997]
["M0065","Contêiner com janela e banheiro - L = 2,44 m e 4,58 m (3/4 TEU)","un",55769.2454]
["M0066","Contêiner com revestimento térmico, janela e banheiro - L = 2,44 m e C = 12,90 m (2 TEU)","un",88785.7448]
["M0067","Tubo PEAD PE 100 PN 10 com flanges - D = 160 mm","m",159.50749999999999]
["M0068","Caibro de pinho - L = 7,5 cm e E = 10,0 cm","m",16.8367]
["M0069","Arame farpado em aço galvanizado - D = 1,60 mm","m",0.82699999999999996]
["M0071","Contêiner com 3 janelas para guarita - L = 2,44 m e C = 3,05 m (1/2 TEU)","un",33168.325199999999]
["M0072","Arame liso em aço galvanizado - D = 2,10 mm (14 BWG)","kg",19.566800000000001]
["M0073","Muda de árvore com altura de 0,30 a 0,80 m","un",11.283200000000001]
["M0074","Muda de arbusto com altura até 0,50 m","un",19.727]
["M0075","Arame liso recozido em aço-carbono - D = 1,24 mm (18 BWG)","kg",11.1128]
["M0076","Disco de corte abrasivo para policorte - D = 300 mm","un",15.2744]
["M0080","Areia fina","m³",147.833]
["M0081","Areia grossa","m³",133.56129999999999]
["M0082","Areia média lavada","m³",150.92179999999999]
["M0083","Argamassa pré-dosada para grauteamento","kg",1.6307]
["M0084","Argamassa pré-dosada autoadensável para grauteamento","kg",1.3998999999999999]
["M0085","Ancoragem ativa para 4 cordoalhas - D = 12,7 mm","un",381.61180000000002]
["M0086","Ancoragem ativa para 6 cordoalhas - D = 12,7 mm","un",482.94189999999998]
["M0087","Ancoragem ativa para 7 cordoalhas - D = 12,7 mm","un",559.68140000000005]
["M0088","Ancoragem ativa para 8 cordoalhas - D = 12,7 mm","un",655.92930000000001]
["M0089","Ancoragem ativa para 9 cordoalhas - D = 12,7 mm","un",742.38789999999995]
["M0091","Ancoragem ativa para 10 cordoalhas - D = 12,7 mm","un",810.47159999999997]
["M0092","Ancoragem ativa para 12 cordoalhas - D = 12,7 mm","un",1031.5930000000001]
["M0093","Ancoragem ativa para 15 cordoalhas - D = 12,7 mm","un",1426.8036999999999]
["M0094","Ancoragem ativa para 19 cordoalhas - D = 12,7 mm","un",1819.9467]
["M0098","Bambu com diâmetro médio de 10 cm","m",16.861599999999999]
["M0099","Equipamentos para a fábrica de dormentes de concreto protendido","ISF",549.79]
["M0100","Ancoragem ativa para 22 cordoalhas - D = 12,7 mm","un",2346.9847]
["M0101","Ancoragem ativa para 27 cordoalhas - D = 12,7 mm","un",2820.8348999999998]
["M0102","Ancoragem ativa para 31 cordoalhas - D = 12,7 mm","un",3168.4780000000001]
["M0103","Aditivo acelerador de pega para concreto e argamassa projetados","kg",6.9291999999999998]
["M0104","Asfalto diluído de petróleo - CM-30","t","-"]
["M0105","Ancoragem ativa para 4 cordoalhas - D = 15,2 mm","un",464.66840000000002]
["M0106","Ancoragem ativa para 6 cordoalhas - D = 15,2 mm","un",607.97270000000003]
["M0107","Geocomposto para drenagem","m²",27.676300000000001]
["M0108","Ancoragem ativa para 7 cordoalhas - D = 15,2 mm","un",719.50630000000001]
["M0109","Geodreno vertical - L = 10 cm e E = 5 mm","m",4.7664]
["M0110","Ancoragem ativa para 10 cordoalhas - D = 15,2 mm","un",1104.4395]
["M0111","Ancoragem ativa para 9 cordoalhas - D = 15,2 mm","un",979.88699999999994]
["M0112","Disco diamantado segmentado para corte de pavimento - D = 1.000 mm","un",5880.0210999999999]
["M0113","Ancoragem ativa para 12 cordoalhas - D = 15,2 mm","un",1358.7101]
["M0114","Disco diamantado segmentado para corte de pavimento - D = 1.500 mm","un",26162.5543]
["M0115","Biomanta vegetal de fibras de coco entrelaçadas com fios de polipropileno biodegradáveis - densidade 0,4 kg/m²","m²",6.5194999999999999]
["M0116","Mangote flangeado de borracha reforçada com lonas sintéticas - C = 1,80 m e D = 0,30 m","un",16539.52]
["M0117","Mangote flangeado de borracha reforçada com lonas sintéticas - C = 1,80 m e D = 0,40 m","un",20882.281800000001]
["M0118","Mangote flangeado de borracha reforçada com lonas sintéticas - C = 1,80 m e D = 0,45 m","un",24566.527699999999]
["M0119","Mangote flangeado de borracha reforçada com lonas sintéticas - C = 1,80 m e D = 0,50 m","un",26563.137699999999]
["M0120","Tubo PEAD PE 100 PN 8 com flanges - D = 250 mm","m",322.24529999999999]
["M0121","Tubo PEAD PE 100 PN 8 com flanges - D = 400 mm","m",2077.6525999999999]
["M0122","Tubo PEAD PE 100 PN 8 com flanges - D = 450 mm","m",2607.9679999999998]
["M0123","Tubo PEAD PE 100 PN 8 com flanges - D = 500 mm","m",2919.6192000000001]
["M0124","Flutuador bipartido em polietileno com núcleo de espuma em poliuretano para tubos - D = 0,30 m","un",4315.0478999999996]
["M0125","Flutuador bipartido em polietileno com núcleo de espuma em poliuretano para tubos - D = 0,40 m","un",5872.0511999999999]
["M0126","Flutuador bipartido em polietileno com núcleo de espuma em poliuretano para tubos - D = 0,45 m","un",6746.8766999999998]
["M0127","Flutuador bipartido em polietileno com núcleo de espuma em poliuretano para tubos - D = 0,50 m","un",7257.7250999999997]
["M0128","Biomanta vegetal de fibras de palha entrelaçadas com fios de polipropileno biodegradáveis - densidade 0,6 kg/m²","m²",5.7171000000000003]
["M0129","Retentor de sedimento em fibras vegetais - D = 20 cm","m",48.371899999999997]
["M0130","Ancoragem ativa para 15 cordoalhas - D = 15,2 mm","un",1773.5595000000001]
["M0131","Tubo PEAD corrugado com paredes estruturadas para drenagem - D = 400 mm","m",205.63679999999999]
["M0132","Tubo PEAD corrugado com paredes estruturadas para drenagem - D = 450 mm","m",229.26910000000001]
["M0133","Tubo PEAD corrugado com paredes estruturadas para drenagem - D = 500 mm","m",333.86720000000003]
["M0134","Tubo PEAD corrugado com paredes estruturadas para drenagem - D = 600 mm","m",493.02249999999998]
["M0135","Tubo PEAD corrugado com paredes estruturadas para drenagem - D = 750 mm","m",648.39239999999995]
["M0136","Tubo PEAD corrugado com paredes estruturadas para drenagem - D = 800 mm","m",720.21469999999999]
["M0137","Tubo PEAD corrugado com paredes estruturadas para drenagem - D = 900 mm","m",969.98969999999997]
["M0138","Ancoragem ativa para 19 cordoalhas - D = 15,2 mm","un",2318.3166999999999]
["M0139","Tubo PEAD corrugado com paredes estruturadas para drenagem - D = 1.000 mm","m",1283.1274000000001]
["M0140","Bentonita","kg",2.9342000000000001]
["M0141","Tubo PEAD corrugado com paredes estruturadas para drenagem - D = 1.050 mm","m",1349.913]
["M0142","Tubo PEAD corrugado com paredes estruturadas para drenagem - D = 1.200 mm","m",1703.4195]
["M0143","Tubo PEAD corrugado com paredes estruturadas para drenagem - D = 1.500 mm","m",1999.3344]
["M0144","Tubo PEAD corrugado com paredes estruturadas para drenagem - D = 1.800 mm","m",6920.3411999999998]
["M0145","Ancoragem ativa para 22 cordoalhas - D = 15,2 mm","un",2975.8083999999999]
["M0146","Ancoragem ativa para 27 cordoalhas - D = 15,2 mm","un",3915.3816999999999]
["M0147","Tubo PEAD corrugado com paredes estruturadas para drenagem - D = 2.000 mm","m",8340.3106000000007]
["M0148","Ancoragem ativa para lajes para 1 cordoalha - D = 12,7 mm","un",88.932699999999997]
["M0149","Tubo PEAD corrugado com paredes estruturadas para drenagem - D = 2.500 mm","m",13817.065399999999]
["M0150","Tubo PEAD corrugado com paredes estruturadas para drenagem - D = 3.000 mm","m",19226.580600000001]
["M0151","Ancoragem ativa para lajes para 2 cordoalhas - D = 12,7 mm","un",170.59039999999999]
["M0152","Ancoragem ativa para lajes para 3 cordoalhas - D = 12,7 mm","un",230.82390000000001]
["M0153","Ancoragem ativa para lajes para 4 cordoalhas - D = 12,7 mm","un",308.06169999999997]
["M0156","Bloco de concreto - L = 19 cm, A = 19 cm e C = 39 cm","un",4.3078000000000003]
["M0158","Tela metálica galvanizada dobrada em L - C = 2,0 m, L = 0,4 m e H = 0,4 m","un",453.24970000000002]
["M0160","Extintor de incêndio tipo espuma mecânica - V = 10 l","un",567.78089999999997]
["M0161","Barra de fibra de vidro (vergalhão) - D = 25,0 mm","m",59.260300000000001]
["M0162","Corrente de elo soldado em aço galvanizado com acabamento polido - D = 3,18 mm (1/8\")","m",7.2535999999999996]
["M0163","Gonzo com aba em aço galvanizado - D = 12,7 mm (1/2\")","un",2.8586]
["M0164","Tubo em aço galvanizado - E = 1,50 mm e seção de 20 x 20 mm","m",14.256]
["M0166","Tubo em aço galvanizado - E = 2,25 mm e D = 20 mm (3/4\")","m",36.913499999999999]
["M0167","Tela de poliamida industrial - E = 0,40 mm e malha de 1,6 mm","m²",15.5337]
["M0168","Abraçadeira de poliamida - E = 3,6 mm e C = 200 mm","un",0.21160000000000001]
["M0169","Roda em aço e pneu com câmara de ar 83/203 mm (3,25\"/8\") para carrinho de mão","un",63.395400000000002]
["M0173","Ancoragem ativa para lajes para 1 cordoalha - D = 15,2 mm","un",99.608599999999996]
["M0178","Ancoragem ativa para lajes para 2 cordoalhas - D = 15,2 mm","un",224.17740000000001]
["M0181","Ancoragem ativa para lajes para 3 cordoalhas - D = 15,2 mm","un",281.40550000000002]
["M0184","Ancoragem ativa para lajes para 4 cordoalhas - D = 15,2 mm","un",372.18029999999999]
["M0191","Brita 1","m³",129.77500000000001]
["M0192","Brita 2","m³",129.77500000000001]
["M0193","Brita 3","m³",125.40560000000001]
["M0194","Escória de aciaria","m³",13.394]
["M0198","Parafuso de cabeça chata em aço - D = 4,5 mm e bucha plástica - D = 8 mm (S8)","un",0.33450000000000002]
["M0199","Coroa de botões cruzados linha R32 - D = 43 mm (1 11/16’’)","un",320.69819999999999]
["M0201","Coroa de botões esféricos linha T38 - D = 89 mm (3 1/2\")","un",871.36389999999994]
["M0202","Coroa de botões esféricos linha T45 - D = 76 mm (3\")","un",673.21190000000001]
["M0204","Instalações físicas para a central de pré-moldagem de dormentes de concreto protendido","CMCC",1896.47]
["M0217","Enxofre","kg",4.4282000000000004]
["M0220","Adubo à base de nitrogênio, fósforo e potássio (NPK)","kg",3.78]
["M0222","Filer calcário","kg",0.1714]
["M0223","Sementes para hidrossemeadura","kg",29.9]
["M0224","Guia-chapéu pré-moldada - C = 120 cm","un",64.427000000000007]
["M0225","Adubo orgânico composto","kg",0.24660000000000001]
["M0229","Gabião tipo colchão em liga de zinco e alumínio revestido com polímero de malha hexagonal - E = 0,17 m","m²",207.42349999999999]
["M0230","Gabião tipo caixa em liga de zinco e alumínio de malha hexagonal - C = 2,00 m, L = 1,00 m e H = 0,50 m","un",609.47789999999998]
["M0231","Gabião tipo caixa em liga de zinco e alumínio de malha hexagonal - C = 2,00 m, L = 1,00 m e H = 1,00 m","un",964.38679999999999]
["M0232","Gabião tipo caixa em liga de zinco e alumínio revestido com polímero de malha hexagonal - C = 2,00 m, L = 1,00 m e H = 0,50 m","un",763.01670000000001]
["M0233","Gabião tipo caixa em liga de zinco e alumínio revestido com polímero de malha hexagonal - C = 2,00 m, L = 1,00 m e H = 1,00 m","un",1067.501]
["M0234","Gabião tipo saco em liga de zinco e alumínio revestido com polímero de malha hexagonal - D = 0,65 m","m³",557.0942]
["M0235","Gabião tipo colchão em liga de zinco e alumínio revestido com polímero de malha hexagonal - E = 0,23 m","m²",220.92080000000001]
["M0236","Gabião tipo colchão em liga de zinco e alumínio revestido com polímero de malha hexagonal - E = 0,30 m","m²",243.64850000000001]
["M0237","Energia elétrica","kWh",0.84099999999999997]
["M0253","Cabo de cobre flexível antichama isolado em PVC - tensão de 450/750 V e seção de 16 mm²","m",17.07]
["M0254","Mistura gasosa de argônio e dióxido de carbono para solda MIG/MAG","m³",38.463099999999997]
["M0256","Tinta à base de etil silicato de zinco bicomponente para fundo preparador de pintura","l",79.202799999999996]
["M0257","Diluente para tinta à base de etil silicato de zinco","l",28.664100000000001]
["M0260","Cabo de cobre PP flexível isolado em PVC - tensão de 300/500 V e seção de 3 x 1,5 mm²","m",5.6779999999999999]
["M0264","Bomba de combustível industrial eletrônica simples","un",25847.519499999999]
["M0265","Tanque de combustível aéreo horizontal com escada para visita - capacidade de 5.000 l","un",19550.397799999999]
["M0266","Cabo de cobre flexível antichama isolado em PVC - tensão de 0,6/1,0 kV e seção de 240 mm²","m",129.6]
["M0267","Módulo de torre de elevador de cremalheira","un",3764.8948999999998]
["M0268","Módulo de ancoragem de torre de elevador de cremalheira","un",2839.2743999999998]
["M0269","Cabo de cobre flexível antichama isolado em PVC - tensão de 0,6/1,0 kV e seção de 50 mm²","m",33.0002]
["M0284","Caibro de pinho - L = 7,5 cm e E = 7,5 cm","m",12.627599999999999]
["M0285","Pontalete para escoramento - D = 15 cm","m",7.8963000000000001]
["M0286","Tábua - E = 2,5 cm e L = 30 cm","m",12.7094]
["M0289","Tábua - E = 2,5 cm e L = 15 cm","m",5.8402000000000003]
["M0290","Tábua - E = 2,5 cm e L = 10 cm","m",4.0650000000000004]
["M0301","Pontalete para escoramento - D = 10 cm","m",3.5112000000000001]
["M0310","Peça de madeira - L = 7,5 cm e E = 2,5 cm","m",4.2092000000000001]
["M0311","Filtro de aspiração de ar externo com capacidade 3,58 l/s para compressor de ar respirável ","un",199.2236]
["M0312","Filtro de purificação de ar comprimido com capacidade de 35 MPa para compressor de ar respirável ","un",221.28960000000001]
["M0344","Cal hidratada - a granel","kg",0.46]
["M0345","Cal hidratada - saco","kg",0.74619999999999997]
["M0346","Disco de aço para bomba de projeção via seca","un",330]
["M0347","Disco de aço para bomba de projeção via úmida","un",1116.5324000000001]
["M0348","Disco de borracha para bomba de projeção via seca","un",265]
["M0349","Disco de borracha para bomba de projeção via úmida","un",600.6]
["M0350","Bico para bomba de projeção","un",290]
["M0351","Mangote para bomba de projeção","m",293.37240000000003]
["M0364","Perfil cartola em aço carbono SAE 1010/1020 galvanizado - 50 x 70 x 3 mm - aba 20 mm","m",134.22999999999999]
["M0365","Cantoneira em ferro de abas iguais - L = 25,4 mm e E = 4,76 mm","kg",10.4038]
["M0366","Cantoneira em aço ASTM A36 galvanizado","kg",9.8865999999999996]
["M0395","Chapa de alumínio - E = 1,5 mm","m²",197.57509999999999]
["M0408","Chumbador de expansão controlada por torque em aço zincado para concreto - D = 12,5 mm","un",9.4143000000000008]
["M0409","Chumbador de expansão controlada por torque em aço zincado para concreto - D = 6,3 mm","un",1.1048]
["M0410","Chumbador de expansão controlada por torque em aço zincado para concreto - D = 20,0 mm","un",21.164100000000001]
["M0411","Chumbador de expansão controlada por torque em aço zincado para concreto - D = 10,0 mm","un",4.2061999999999999]
["M0412","Chumbador de expansão controlada por torque em aço zincado para concreto - D = 16,0 mm","un",13.5075]
["M0413","Chumbador de expansão controlada por torque em aço zincado para concreto - D = 25,0 mm","un",33.791899999999998]
["M0421","Argamassa expansiva para desmonte de rocha e demolição de concreto","kg",10.318]
["M0424","Cimento Portland CP II - 32 - saco","kg",0.55120000000000002]
["M0427","Cordoalha nua tipo CP 190 RB - D = 12,7 mm","kg",11.350300000000001]
["M0428","Cordoalha nua tipo CP 190 RB - D = 15,2 mm","kg",11.350300000000001]
["M0429","Perfil de alumínio tipo L421 para placa de sinalização - seção de 33 x 40 mm","m",15.440300000000001]
["M0434","Tirante de barra de aço - tensão de escoamento = 950 MPa, tensão de ruptura = 1.050 MPa e D = 32 mm","m",282.65800000000002]
["M0442","Compensado plastificado - E = 10 mm","m²",41.885399999999997]
["M0443","Compensado plastificado - E = 12 mm","m²",49.763800000000003]
["M0444","Luva em aço para emenda tipo prensada - D = 12,5 mm","un",19.111999999999998]
["M0445","Luva em aço para emenda tipo prensada - D = 16,0 mm","un",26.9314]
["M0446","Compensado resinado - E = 10 mm","m²",28.161100000000001]
["M0447","Compensado resinado - E = 12 mm","m²",35.232199999999999]
["M0448","Compensado resinado - E = 14 mm","m²",39.923900000000003]
["M0450","Compensado de virola - E = 6 mm","m²",33.367800000000003]
["M0451","Concreto usinado - fck = 20 MPa (comercial)","m³","-"]
["M0452","Concreto usinado - fck = 25 MPa (comercial)","m³","-"]
["M0453","Concreto usinado - fck = 30 MPa (comercial)","m³","-"]
["M0454","Concreto usinado - fck = 35 MPa (comercial)","m³","-"]
["M0459","Compensado plastificado - E = 14 mm","m²",57.751800000000003]
["M0467","Luva em aço para emenda tipo prensada - D = 20,0 mm","un",38.110999999999997]
["M0468","Luva em aço para emenda tipo prensada - D = 25,0 mm","un",76.806600000000003]
["M0469","Luva em aço para emenda tipo prensada - D = 32,0 mm","un",152.20689999999999]
["M0470","Luva em aço para emenda com rosca cônica - D = 12,5 mm","un",17.242999999999999]
["M0471","Luva em aço para emenda com rosca cônica - D = 16,0 mm","un",29.799399999999999]
["M0472","Luva em aço para emenda com rosca cônica - D = 20,0 mm","un",39.320900000000002]
["M0481","Luva em aço para emenda com rosca cônica - D = 25,0 mm","un",56.5916]
["M0502","Luva em aço para emenda com rosca cônica - D = 32,0 mm","un",84.193299999999994]
["M0505","Broca de widia - D = 6,5 mm e C = 100 mm","un",4.0795000000000003]
["M0506","Broca de widia - D = 8 mm e C = 120 mm","un",8.0947999999999993]
["M0511","Abrasivo tipo granalha de aço","kg",11.1983]
["M0512","Bico venturi longo - D = 7,9 mm (5/16\")","un",505.09809999999999]
["M0521","Laminado elastoplástico - E = 1,5 mm","m²",228.53389999999999]
["M0532","Escora tubular galvanizada regulável telescópica para tunnel liner - L = 2,42 a 4,00 m e capacidade de 1.750 a 625 kg","kg",20.171099999999999]
["M0533","Escora tubular galvanizada regulável - L = 3,00 a 4,50 m e capacidade de 2.100 a 750 kg","un",191.20240000000001]
["M0534","Escora tubular galvanizada regulável - L = 2,00 a 3,10 m e capacidade de 3.200 a 1.500 kg","un",139.73230000000001]
["M0536","Quadro tubular contraventado com acessórios - C = 1,00 m, L = 1,00 m e H = 1,25 m","un",367.04759999999999]
["M0537","Sapata ajustável para andaime - base quadrada de 15 x 15 cm","un",91.8994]
["M0538","Escada metálica tipo marinheiro para andaime","m",134.8605]
["M0539","Quadro tubular contraventado para andaime - H = 100 cm e L = 100 cm","un",203.40649999999999]
["M0540","Quadro tubular contraventado para andaime - H = 100 cm e L = 150 cm","un",271.61250000000001]
["M0541","Quadro tubular contraventado para andaime - H = 100 cm e L = 200 cm","un",308.27440000000001]
["M0542","Diagonal tubular para andaime - C = 141 cm","un",73.478099999999998]
["M0543","Diagonal tubular para andaime - C = 212 cm","un",81.158000000000001]
["M0544","Diagonal tubular para andaime - C = 283 cm","un",85.613699999999994]
["M0545","Plataforma metálica de piso para andaime - C = 100 e L = 33 cm","un",245.6328]
["M0546","Plataforma metálica de piso para andaime - C = 150 e L = 37 cm","un",250.33250000000001]
["M0547","Plataforma metálica de piso para andaime - C = 200 e L = 33 cm","un",317.47070000000002]
["M0548","Quadro tubular tipo guarda-corpo para andaime - H = 120 cm e L = 100 cm","un",202.4572]
["M0549","Quadro tubular tipo guarda-corpo com acessórios para andaime - H = 120 cm e L = 150 cm","un",280.88850000000002]
["M0550","Quadro tubular tipo guarda-corpo com acessórios para andaime - H = 120 cm e L = 200 cm","un",389.02499999999998]
["M0560","Desmoldante para fôrmas de madeira","l",12.8421]
["M0562","Abraçadeira giratória em aço galvanizado para escada multidirecional - D = 48 mm","un",72.442899999999995]
["M0563","Tubo em aço galvanizado para escada multidirecional - C = 100 cm","un",106.0086]
["M0564","Peça base em aço galvanizado para escada multidirecional - C = 33 cm","un",155.35310000000001]
["M0565","Poste vertical em aço galvanizado para escada multidirecional - C = 100 cm","un",280.89839999999998]
["M0566","Poste vertical em aço galvanizado para escada multidirecional - C = 200 cm","un",451.82010000000002]
["M0567","Travessa em aço galvanizado para escada multidirecional - C = 75 cm","un",186.74850000000001]
["M0568","Travessa em aço galvanizado para escada multidirecional - C = 150 cm","un",334.77289999999999]
["M0569","Travessa em aço galvanizado para escada multidirecional - C = 250 cm","un",424.72359999999998]
["M0570","Diagonal em aço galvanizado para escada multidirecional - C = 150 cm para módulos de H = 200 cm","un",332.4606]
["M0571","Diagonal em aço galvanizado para escada multidirecional - C = 250 cm para módulos de H = 200 cm","un",359.6053]
["M0572","Piso em aço galvanizado para escada multidirecional - L = 32 cm e C = 150 cm","un",699.36410000000001]
["M0573","Escada de alumínio para escada multidirecional - H = 200 cm e C = 250 cm","un",6163.9669999999996]
["M0574","Corrimão externo em alumínio para escada multidirecional - C = 250 cm","un",1019.9842]
["M0575","Corrimão interno em alumínio para escada multidirecional - C = 250 cm","un",1540.9874]
["M0576","Conexão tubular em aço galvanizado com semiabraçadeira para travessas - C = 30 cm e D = 48,3 mm","un",331.65469999999999]
["M0601","Ponteiro para martelete - D = 32 mm e C = 1,00 m","un",754.55089999999996]
["M0602","Ponteiro para rompedor hidráulico de 1.700 kg","un",7152.0564000000004]
["M0603","Ponteiro para rompedor hidráulico de 520 kg","un",5860.7910000000002]
["M0614","Concreto usinado - fctM,k = 4,5 MPa (comercial)","m³","-"]
["M0615","Aditivo incorporador de ar para concreto e argamassa","kg",7.0641999999999996]
["M0639","Bico para corte a plasma CNC - 130A","un",161.7139]
["M0640","Bocal para corte a plasma CNC - 130A","un",109.47709999999999]
["M0641","Capa do bico para corte a plasma CNC - 130A","un",1319]
["M0642","Capa do bocal para corte a plasma CNC - 130A","un",642.78030000000001]
["M0643","Distribuidor de gás para corte a plasma CNC - 130A","un",184.42]
["M0644","Eletrodo para corte a plasma CNC - 130A","un",119.98909999999999]
["M0645","Tubo de água para corte a plasma CNC - 130A","un",187.7705]
["M0646","Estaca pré-moldada de concreto protendido com compressão admissível de 100 t","m",207.95330000000001]
["M0647","Estaca pré-moldada de concreto protendido com compressão admissível de 25 t","m",77.982500000000002]
["M0648","Estaca pré-moldada de concreto protendido com compressão admissível de 35 t","m",95.793499999999995]
["M0649","Estaca pré-moldada de concreto protendido com compressão admissível de 60 t","m",125.48860000000001]
["M0650","Estaca pré-moldada de concreto protendido com compressão admissível de 75 t","m",165.6216]
["M0666","Martelo de fundo DTH - DN = 76 mm (3\")","un",8641.4315999999999]
["M0667","Martelo de fundo DTH - DN = 127 mm (5\")","un",12353.2683]
["M0668","Martelo de fundo DTH - DN = 152 mm (6\")","un",18523.749400000001]
["M0669","Martelo de fundo DTH - DN = 203 mm (8\")","un",30881.030299999999]
["M0673","Estaca pré-moldada de concreto armado centrifugado com compressão admissível de 55 t","m",162.15039999999999]
["M0677","Estaca pré-moldada de concreto armado centrifugado com compressão admissível de 80 t","m",237.97559999999999]
["M0682","Aço em perfis ASTM A36","kg",9.3559000000000001]
["M0686","Estaca pré-moldada de concreto armado centrifugado com compressão admissível de 100 t","m",256.45999999999998]
["M0717","Tinta à base de resina epóxi bicomponente para fundo preparador de pintura","l",244.3546]
["M0718","Tinta esmalte à base de resina epóxi bicomponente","l",58.686]
["M0719","Diluente epóxi","l",36.213700000000003]
["M0721","Tinta anticorrosiva zarcão para fundo preparador de pintura","l",50.696899999999999]
["M0722","Estaca pré-moldada de concreto armado centrifugado com compressão admissível de 125 t","m",324.07069999999999]
["M0729","Fixador de cal para pintura","l",4.1660000000000004]
["M0734","Estaca pré-moldada de concreto armado centrifugado com compressão admissível de 170 t","m",510.81720000000001]
["M0741","Grama tipo batatais","m²",4.3465999999999996]
["M0745","Grampo em aço galvanizado para cerca - C = 25,4 mm e E = 3,76 mm (1\" x 9 BWG)","kg",14.6265]
["M0755","Estaca pré-moldada de concreto armado centrifugado com compressão admissível de 230 t","m",541.52760000000001]
["M0756","Estaca pré-moldada de concreto armado centrifugado com compressão admissível de 300 t","m",814.47109999999998]
["M0767","Sinalizador a LED com bateria","un",202.30260000000001]
["M0769","Lona plástica - E = 200 micra","m²",1.5676000000000001]
["M0771","Cavalete em polietileno zebrado com faixa refletiva","un",355]
["M0773","Perfil de alumínio tipo L463 para placa de sinalização - seção de 50 x 50 mm","m",53.831499999999998]
["M0783","Massa asfáltica comercial - capa de rolamento","t","-"]
["M0784","Massa asfáltica comercial - binder","t","-"]
["M0786","Placa de poliestireno expandido (EPS)","m³",320]
["M0787","Suporte em aço-carbono galvanizado tipo perfil C para placa de sinalização","kg",28.992899999999999]
["M0789","Conjunto para fixação de placas em aço galvanizado composto por barra chata, abraçadeira, parafusos, porcas e arruelas","kg",29.881599999999999]
["M0796","Semipórtico metálico para vão de 8,3 m e vento de 35 m/s","un",58128.829100000003]
["M0798","Apoio de neoprene fretado","dm³",86.930499999999995]
["M0804","Cabo de aço - D = 12,70 mm (1/2\")","m",33.996499999999997]
["M0805","Semipórtico duplo metálico para vão de 2 x 8,3 m e vento de 35 m/s","un",98035.424400000004]
["M0808","Brita 4","m³",123.45869999999999]
["M0809","Cabo de aço - D = 6,35 mm (1/4\")","m",12.754899999999999]
["M0810","Cabo de aço - D = 52,00 mm (2\")","m",952.62379999999996]
["M0812","Sapatilha em aço inox - D = 6,35 mm (1/4\")","un",2.7804000000000002]
["M0818","Semipórtico metálico para vão de 8,3 m e vento de 40 m/s","un",64628.494299999998]
["M0824","Semipórtico duplo metálico para vão de 2 x 8,3 m e vento de 40 m/s","un",108871.8374]
["M0831","Pórtico metálico para vão de 15,9 m e vento de 40 m/s","un",108889.41959999999]
["M0848","Semipórtico metálico para vão de 8,3 m e vento de 45 m/s","un",71040.573000000004]
["M0849","Corda de sisal - D = 12,0 mm","m",2.0931999999999999]
["M0851","Grampo leve em aço-carbono para cabo de aço - D = 6,3 mm (1/4\")","un",1.2706]
["M0852","Poste de concreto - carga nominal de 800 daN, H = 15 m e D = 520 mm","un",6060.4022999999997]
["M0858","Semipórtico duplo metálico para vão de 2 x 8,3 m e vento de 45 m/s","un",119708.2504]
["M0865","Pórtico metálico para vão de 15,9 m e vento de 45 m/s","un",119694.3374]
["M0868","Lâmpada fluorescente compacta eletrônica - potência de 20 W","un",10.0015]
["M0875","Manta asfáltica não-tecido em poliéster - E = 3 mm","m²",39.678899999999999]
["M0876","Manta asfáltica não-tecido em poliéster - E = 4 mm","m²",49.301000000000002]
["M0879","Lixa para ferro Nº 150","un",3.44]
["M0942","Estaca prancha metálica","kg",15.4938]
["M0945","Parafuso de cabeça sextavada em aço galvanizado com porca e arruela de pressão - D = 6,35 mm (1/4\")","cj",0.53820000000000001]
["M0946","Aço em perfis ASTM A572 grau 50","kg",13.1739]
["M0947","Parafuso de cabeça sextavada em aço galvanizado com porca e arruela de pressão - D = 9,525 mm (3/8\")","cj",2.0493000000000001]
["M0948","Arruela lisa em aço ASTM F436 para parafuso - D = 12,7 mm","un",1.3964000000000001]
["M0949","Arruela lisa em aço ASTM F436 para parafuso - D = 16,0 mm","un",1.8613999999999999]
["M0950","Arruela lisa em aço ASTM F436 para parafuso - D = 20,0 mm","un",2.2515999999999998]
["M0951","Parafuso de cabeça sextavada em aço ASTM A325 de alta resistência com rosca parcial - D = 12,7 mm e C = 38,10 mm","un",3.2593000000000001]
["M0952","Parafuso de cabeça sextavada em aço ASTM A325 de alta resistência com rosca parcial - D = 12,7 mm e C = 44,45 mm","un",3.5373000000000001]
["M0953","Parafuso de cabeça sextavada em aço ASTM A325 de alta resistência com rosca parcial - D = 12,7 mm e C = 50,80 mm","un",3.8953000000000002]
["M0954","Parafuso de cabeça sextavada em aço ASTM A325 de alta resistência com rosca parcial - D = 12,7 mm e C = 57,15 mm","un",4.4132999999999996]
["M0955","Parafuso de cabeça sextavada em aço ASTM A325 de alta resistência com rosca parcial - D = 16 mm e C = 44,45 mm","un",6.1765999999999996]
["M0956","Parafuso de cabeça sextavada em aço ASTM A325 de alta resistência com rosca parcial - D = 16 mm e C = 50,80 mm","un",6.7912999999999997]
["M0957","Parafuso de cabeça sextavada em aço ASTM A325 de alta resistência com rosca parcial - D = 16 mm e C = 63,50 mm","un",8.6359999999999992]
["M0958","Parafuso de cabeça sextavada em aço ASTM A325 de alta resistência com rosca parcial - D = 20 mm e C = 50,80 mm","un",9.1300000000000008]
["M0959","Parafuso de cabeça sextavada em aço ASTM A325 de alta resistência com rosca parcial - D = 20 mm e C = 57,15 mm","un",11.4]
["M0960","Parafuso de cabeça sextavada em aço ASTM A325 de alta resistência com rosca parcial - D = 20 mm e C = 63,50 mm","un",13.718]
["M0961","Parafuso de cabeça sextavada em aço ASTM A325 de alta resistência com rosca parcial - D = 20 mm e C = 76,20 mm","un",12.8262]
["M0962","Tubo em aço galvanizado - E = 2,00 mm e D = 50,80 mm (2\")","m",25.661799999999999]
["M0963","Tubo em aço galvanizado - E = 3,00 mm e seção de 80 x 80 mm","m",73.207899999999995]
["M0964","Aço em perfis ASTM A572 grau 50 perfurado","kg",13.597799999999999]
["M0965","Pino conector de cisalhamento para laje steel deck - D = 19 mm e C = 80 mm","un",8.3475000000000001]
["M0966","Porca sextavada pesada em aço ASTM A194 grau 2H para parafuso - D = 12,7 mm","un",1.5087999999999999]
["M0967","Porca sextavada pesada em aço ASTM A194 grau 2H para parafuso - D = 16 mm","un",3.4893000000000001]
["M0968","Porca sextavada pesada em aço ASTM A194 grau 2H para parafuso - D = 20 mm","un",5.4233000000000002]
["M0969","Steel deck em aço galvanizado ASTM A653 grau 40","m²",222.5051]
["M0970","Chapa de aço ASTM A572 grau 50 cortada e perfurada","kg",18.347000000000001]
["M0971","Suporte em aço-carbono para corrimão de guarda-corpo metálico","un",23.212199999999999]
["M0972","Fluido de resfriamento para usinagem de metais","l",17.8889]
["M0998","Madeira estrutural de eucalipto","m³",1998.6235999999999]
["M0999","Tela em aço CA 60 soldada nervurada","kg",10.2378]
["M1000","Tela em aço galvanizado para alambrado - E = 1,64 mm (BWG 16) e malha de 50 mm","m²",25.325700000000001]
["M1001","Tela em aço galvanizado para passarelas rodoviárias - E = 2,75 mm e malha de 50 mm","m²",74.627600000000001]
["M1010","Manta de PVC reforçada com tela de poliéster - E = 1,2 mm","m²",126.6855]
["M1011","Manta de PVC reforçada com tela de poliéster - E = 1,5 mm","m²",153.2577]
["M1022","Massa para vidro","kg",4]
["M1066","Cera de proteção para ancoragem de estais","kg",32.168799999999997]
["M1078","Parafuso de cabeça sextavada em aço inox - D = 12,7 mm (1/2\") e C = 127,0 mm (5\")","un",4.6060999999999996]
["M1079","Parafuso de cabeça sextavada em aço galvanizado tipo autoatarrachante com arruela de vedação - D = 6,3 mm e C = 19 mm","un",0.47110000000000002]
["M1097","Pedra de mão ou rachão","m³",120.0252]
["M1103","Pedrisco","m³",137.6003]
["M1118","Cruzeta de madeira para poste - H = 240 cm","un",159.30269999999999]
["M1129","Junta de dilatação em perfil extrudado de borracha vulcanizada","m","-"]
["M1130","Selante elástico à base de poliuretano","kg",106.806]
["M1131","Cordão de polietileno expandido de baixa densidade - D = 15,0 mm","m",0.22459999999999999]
["M1132","Junta de dilatação em elastômero e perfil VV - L = 20 mm e H = 40 mm","m",320.9579]
["M1134","Junta de dilatação em elastômero e perfil VV - L = 25 mm e H = 50 mm","m",430.91800000000001]
["M1135","Pó de pedra","m³",112.82170000000001]
["M1136","Cordão de polietileno expandido de baixa densidade - D = 10,0 mm","m",0.21740000000000001]
["M1142","Junta de dilatação em elastômero e perfil VV - L = 35 mm e H = 60 mm","m",800.10519999999997]
["M1150","Adesivo estrutural à base de resina epóxi bicomponente tipo ADE-52 ou similar","kg",127.6516]
["M1151","Junta de dilatação em elastômero e perfil VV - L = 40 mm e H = 70 mm","m",1126.1522]
["M1152","Junta de dilatação em elastômero e perfil VV - L = 50 mm e H = 80 mm","m",1379.6927000000001]
["M1176","Arame liso em aço galvanizado - D = 1,65 mm (16 BWG)","kg",20.829699999999999]
["M1205","Prego de ferro","kg",20]
["M1210","Pórtico metálico para vão de 15,9 m e vento de 35 m/s","un",98084.501799999998]
["M1218","Projetor externo em alumínio fundido para lâmpada de até 2.000 W","un",521.24149999999997]
["M1242","Coroa diamantada - D = 15,87 mm (5/8\")","un",418.03339999999997]
["M1243","Coroa diamantada - D = 19,50 mm (3/4\")","un",429.71289999999999]
["M1244","Coroa diamantada - D = 25,40 mm (1\")","un",530.00779999999997]
["M1245","Barra em aço SAE 1010/1020 roscada - D = 9,5 mm (3/8\")","m",11.150600000000001]
["M1300","Roller bit - Tooth cutter - série 8 - D = 700 mm","un",207532.39249999999]
["M1301","Roller bit - Tooth cutter - série 8 - D = 800 mm","un",223048.30350000001]
["M1302","Roller bit - Tooth cutter - série 8 - D = 900 mm","un",238620.85750000001]
["M1303","Roller bit - Tooth cutter - série 8 - D = 1.000 mm","un",266069.14409999998]
["M1304","Roller bit - Tooth cutter - série 8 - D = 1.100 mm","un",294450.47560000001]
["M1305","Roller bit - Tooth cutter - série 8 - D = 1.200 mm","un",299057.19650000002]
["M1306","Roller bit - Tooth cutter - série 8 - D = 1.300 mm","un",384746.07620000001]
["M1307","Roller bit - Tooth cutter - série 13 - D = 1.400 mm","un",390974.9215]
["M1308","Roller bit - Tooth cutter - série 13 - D = 1.500 mm","un",438271.70870000002]
["M1309","Roller bit - Tooth cutter - série 13 - D = 1.600 mm","un",480261.28499999997]
["M1310","Roller bit - Tooth cutter - série 13 - D = 1.700 mm","un",493154.86369999999]
["M1311","Roller bit - Tooth cutter - série 13 - D = 1.800 mm","un",533833.79280000005]
["M1312","Roller bit - Tooth cutter - cantilever - D = 600 mm","un",176972.40789999999]
["M1313","Roller bit - TCI button cutter - cantilever - D = 600 mm","un",181614.19089999999]
["M1314","Roller bit - TCI button cutter - série 8 - D = 700 mm","un",195475.07399999999]
["M1315","Roller bit - TCI button cutter - série 8 - D = 800 mm","un",209334.01689999999]
["M1316","Roller bit - TCI button cutter - série 8 - D = 900 mm","un",223205.43049999999]
["M1317","Roller bit - TCI button cutter - série 8 - D = 1.000 mm","un",247357.62520000001]
["M1318","Roller bit - TCI button cutter - série 8 - D = 1.100 mm","un",272426.78590000002]
["M1319","Roller bit - TCI button cutter - série 8 - D = 1.200 mm","un",276956.94339999999]
["M1320","Roller bit - TCI button cutter - série 8 - D = 1.300 mm","un",297093.80379999999]
["M1321","Roller bit - TCI button cutter - série 13 - D = 1.400 mm","un",303215.46029999998]
["M1322","Roller bit - TCI button cutter - série 13 - D = 1.500 mm","un",323436.13569999998]
["M1323","Roller bit - TCI button cutter - série 13 - D = 1.600 mm","un",370691.4682]
["M1324","Roller bit - TCI button cutter - série 13 - D = 1.700 mm","un",383366.84080000001]
["M1325","Roller bit - TCI button cutter - série 13 - D = 1.800 mm","un",413230.81969999999]
["M1328","Ripa de madeira - E = 4,0 cm e L = 1,5 cm","m",1.3469]
["M1337","Série de brocas integrais S11","un",764.154]
["M1341","Parafuso de cabeça sextavada em aço galvanizado - D = 15,875 mm (5/8\") e C = 101,600 mm (4\")","un",5.5602999999999998]
["M1350","Muda de árvore ornamental com altura de 2,00 a 3,00 m","un",81.013400000000004]
["M1351","Muda de árvore ornamental com altura de 1,00 a 2,00 m","un",64.928899999999999]
["M1356","Muda de árvore ornamental com altura até 1,00 m","un",28.9697]
["M1358","Sarrafo em madeira de terceira - E = 2,5 cm e L = 5 cm","m",2.0325000000000002]
["M1359","Muda de árvore frutífera com altura de 2,00 a 3,00 m","un",172.14920000000001]
["M1360","Muda de árvore frutífera com altura de 1,00 a 2,00 m","un",77.891599999999997]
["M1361","Muda de árvore frutífera com altura até 1,00 m","un",37.269500000000001]
["M1362","Tapete de floríferas com altura até 0,50 m","m²",56.671799999999998]
["M1364","Herbicida glifosato para aplicação localizada","l",25.329599999999999]
["M1366","Desengraxante líquido biodegradável","l",27.7193]
["M1367","Chapa fina em aço galvanizado","kg",11.4976]
["M1368","Pingadeira de elastômero com aba inclinada - L = 40 mm e H = 40 mm","m",165.50020000000001]
["M1369","Selador acrílico para pintura","l",8.5555000000000003]
["M1370","Aditivo látex de polímero SBR para concreto e argamassa","l",7.3829000000000002]
["M1376","Chapa fina em aço ASTM A36","kg",10.637499999999999]
["M1377","Treliça nervurada eletrossoldada em aço CA 60","kg",11.3734]
["M1378","Chapa grossa em aço ASTM A36","kg",9.8234999999999992]
["M1379","Argamassa polimérica monocomponente para reparos estruturais","kg",5.1515000000000004]
["M1382","Areia grossa lavada","m³",135.18049999999999]
["M1383","Areia fina lavada","m³",163.00620000000001]
["M1384","Tubo em aço-carbono com funil cônico tremonha para lançamento de concreto","kg",25.159199999999998]
["M1385","Disco de corte diamantado para concreto e asfalto - D = 350 mm","un",448.91609999999997]
["M1387","Adesivo estrutural à base de resina epóxi de média viscosidade","kg",59.609499999999997]
["M1388","Cordoalha tipo CP 177 RB para estais - D = 15,7 mm","kg",24.220700000000001]
["M1390","Adesivo estrutural à base de resina epóxi de baixa viscosidade","kg",255.52]
["M1391","Ponteiro para martelete - D = 22 mm e C = 1,00 m","un",421.36250000000001]
["M1397","Eletrodo revestido E60XX","kg",36.485999999999997]
["M1398","Vareta em aço-carbono para solda oxiacetileno AWS A 5.2 R45","kg",37.504300000000001]
["M1399","Broca de widia - D = 14 mm e C = 150 mm","un",29.991800000000001]
["M1400","Adesivo estrutural à base de resina epóxi de alta viscosidade","kg",60.65]
["M1401","Bico de adesão para injeção de adesivo estrutural à base de resina epóxi","un",7.4345999999999997]
["M1402","Bico de perfuração para injeção de adesivo estrutural à base de resina epóxi","un",5.1441999999999997]
["M1404","Aplicador manual de adesivo estrutural","un",2840.6188000000002]
["M1405","Disco diamantado para desbaste - D = 180 mm","un",484.53530000000001]
["M1406","Broca de aço rápido - D = 12,5 mm e C = 151 mm","un",35.829000000000001]
["M1408","Grelha metálica para canaletas - C = 1,00 m e L = 0,30 m","un",392.78640000000001]
["M1409","Porta-grelha metálica - C = 1,00 m e L = 0,30 m","m",108.43210000000001]
["M1429","Tábua de pinho de terceira - E = 2,5 cm","m²",40.649700000000003]
["M1432","Tampão de ferro fundido articulado para águas pluviais - DN 600 classe 400","un",625.08939999999996]
["M1433","Grelha metálica para canaletas - C = 0,50 m e L = 0,50 m","un",266.12270000000001]
["M1434","Porta-grelha metálica - C = 0,50 m e L = 0,50 m","m",154.69489999999999]
["M1446","Geogrelha bidirecional em polipropileno extrudado - resistência à tração de 30 kN/m, deformação inferior a 5% e malha de 36 x 34 mm","m²",30.317699999999999]
["M1447","Geogrelha unidirecional em poliéster - resistência à tração longitudinal de 50 kN/m","m²",19.9755]
["M1448","Geogrelha unidirecional em poliéster - resistência à tração longitudinal de 90 kN/m","m²",25.899799999999999]
["M1449","Geogrelha unidirecional em poliéster - resistência à tração longitudinal de 100 kN/m","m²",26.8369]
["M1450","Geogrelha unidirecional em poliéster - resistência à tração longitudinal de 150 kN/m","m²",28.801500000000001]
["M1451","Geogrelha unidirecional em poliéster - resistência à tração longitudinal de 200 kN/m","m²",38.081899999999997]
["M1452","Geogrelha unidirecional em poliéster - resistência à tração longitudinal de 300 kN/m","m²",56.895499999999998]
["M1453","Geogrelha unidirecional em poliéster - resistência à tração longitudinal de 400 kN/m","m²",75.605699999999999]
["M1454","Geocélula em PEAD - H = 75 mm e célula de 289 cm²","m²",40.148400000000002]
["M1455","Geocélula em PEAD - H = 100 mm e célula de 289 cm²","m²",50.2714]
["M1456","Geocélula em PEAD - H = 150 mm e célula de 289 cm²","m²",60.3217]
["M1457","Geocélula em PEAD - H = 200 mm e célula de 289 cm²","m²",70.753699999999995]
["M1458","Geocélula em PEAD - H = 75 mm e célula de 460 cm²","m²",33.181899999999999]
["M1459","Geocélula em PEAD - H = 100 mm e célula de 460 cm²","m²",41.294499999999999]
["M1460","Geocélula em PEAD - H = 150 mm e célula de 460 cm²","m²",49.236800000000002]
["M1461","Geocélula em PEAD - H = 200 mm e célula de 460 cm²","m²",57.443199999999997]
["M1462","Geocélula em PEAD - H = 75 mm e célula de 1.206 cm²","m²",29.997599999999998]
["M1463","Geocélula em PEAD - H = 100 mm e célula de 1.206 cm²","m²",39.121099999999998]
["M1464","Geocélula em PEAD - H = 150 mm e célula de 1.206 cm²","m²",46.479199999999999]
["M1465","Geocélula em PEAD - H = 200 mm e célula de 1.206 cm²","m²",54.1145]
["M1472","Tubo de PVC rosqueável para água fria - D = 75 mm (3\")","m",77.985299999999995]
["M1481","Coroa diamantada - D = 31,80 mm (1 1/4\")","un",651.03309999999999]
["M1496","Coroa diamantada - D = 38,10 mm (1 1/2\")","un",656.13480000000004]
["M1498","Coroa diamantada - D = 44,50 mm (1 3/4\")","un",709.45749999999998]
["M1518","Coroa diamantada - D = 50,80 mm (2\")","un",743.16039999999998]
["M1519","Coroa diamantada - D = 63,50 mm (2 1/2\")","un",808.68610000000001]
["M1520","Coroa diamantada - D = 76,20 mm (3\")","un",1173.2284]
["M1526","Coroa diamantada - D = 101,60 mm (4\")","un",1597.9809]
["M1527","Broca de widia - D = 10 mm e C = 150 mm","un",11.2713]
["M1528","Broca de widia - D = 13 mm e C = 150 mm","un",21.319600000000001]
["M1546","Telha trapezoidal em aço zincado - E = 0,43 mm","m²",55.613300000000002]
["M1553","Geotêxtil não-tecido agulhado em poliéster - resistência à tração longitudinal de 31 kN/m","m²",15.3413]
["M1556","Terra vegetal produzida","m³","-"]
["M1575","Tinta látex à base de resina acrílica","l",11.1258]
["M1577","Tinta plástica à base de resina metacrílica aplicada a frio por dispersão ou extrusão","kg",31.477]
["M1585","Massa termoplástica aplicada por extrusão","kg",12.1677]
["M1591","Suporte polimérico ecológico maciço colapsível para placa de sinalização - D = 6,4 cm","m",186.39410000000001]
["M1600","Trilho TR25 em aço-carbono usado","kg",5.1512000000000002]
["M1602","Trilho TR37 em aço-carbono usado","kg",5.1512000000000002]
["M1603","Trilho TR45 em aço-carbono usado","kg",5.1512000000000002]
["M1605","Trilho TR57 em aço-carbono usado","kg",5.1512000000000002]
["M1606","Trilho TR68 em aço-carbono usado","kg",5.1513]
["M1614","Tubo em aço galvanizado com rosca BSP classe leve - D = 50 mm (2\")","m",66.683099999999996]
["M1616","Tubo em aço galvanizado com rosca BSP classe leve - D = 20 mm (3/4\")","m",10.7318]
["M1617","Tubo em aço galvanizado com rosca BSP classe leve - D = 80 mm (3\")","m",120.154]
["M1618","Tubo em aço galvanizado com rosca BSP classe leve - D = 100 mm (4\")","m",151.2706]
["M1624","Suporte polimérico ecológico maciço colapsível para placa de sinalização - seção de 8 x 8 cm","m",241.2996]
["M1636","Suporte polimérico ecológico maciço colapsível para placa de sinalização - seção de 7 x 15 cm","m",499.66759999999999]
["M1638","Mourão de madeira - H = 2,10 m e D = 0,10 m","un",20.411200000000001]
["M1639","Mourão de madeira - H = 2,20 m e D = 0,15 m","un",48.112099999999998]
["M1640","Nonel iniciador - C = 300,0 m","un",322.44589999999999]
["M1642","Coroa de botões esféricos - D = 130 mm (5 1/8\")","un",3018.3135000000002]
["M1643","Coroa de botões esféricos - D = 194 mm (7 5/8\")","un",6968.9886999999999]
["M1644","Coroa de botões esféricos - D = 251 mm (9 7/8\")","un",8371.7168999999994]
["M1645","Coroa de botões esféricos - D = 305 mm (12\")","un",12459.5843]
["M1646","Coroa de botões esféricos - D = 355 mm (14\")","un",7572.3032999999996]
["M1648","Dente de corte para trado ou caçamba de perfuração","un",30.489000000000001]
["M1649","Coroa de botões esféricos linha ST68 - D = 102 mm (4\")","un",2994.5225]
["M1650","Coroa de botões esféricos para tirante autoinjetável - D = 87 mm (3 7/16\")","un",530.1694]
["M1651","Tricone para tirante autoinjetável - D = 120 mm","un",311.26080000000002]
["M1653","Coroa piloto de botões esféricos para sistema autoperfurante - D = 76,2 mm (3\")","un",1155.4691]
["M1655","Tubo de PVC ponta e bolsa para esgoto - D = 50 mm (2\")","m",9.4067000000000007]
["M1656","Tubo de PVC ponta e bolsa para esgoto - D = 75 mm (3\")","m",13.086600000000001]
["M1657","Tubo PEAD corrugado perfurado para drenagem - D = 170 mm","m",27.5366]
["M1658","Tubo PEAD corrugado perfurado para drenagem - D = 230 mm","m",37.158299999999997]
["M1662","Suporte em madeira de eucalipto tratado - seção de 8 x 8 cm","m",13.300700000000001]
["M1665","Tubo de PVC rosqueável para água fria - D = 40 mm (1 1/2\")","m",24.568300000000001]
["M1673","Tubo de PVC rosqueável para água fria - D = 100 mm (4\")","m",87.722700000000003]
["M1675","Tubo de PVC rosqueável para água fria - D = 150 mm (6\")","m",96.991900000000001]
["M1702","Duto flexível de ventilação em PVC - D = 1,20 m","m",139.93719999999999]
["M1719","Broca integral série H19 - D = 24 mm e C = 0,4 m","un",462.04939999999999]
["M1720","Geotêxtil não-tecido agulhado em poliéster - resistência à tração longitudinal de 10 kN/m","m²",5.7068000000000003]
["M1731","Haste de perfuração simples para jet grouting - D = 88,9 mm (3 1/2\") e C = 3,00 m","un",1963.1217999999999]
["M1732","Luva em aço galvanizado com rosca BSP classe leve - D = 50 mm (2\")","un",12.194100000000001]
["M1733","Manta drenante em malha de polietileno e geotêxtil de polipropileno em uma das faces","m²",43.046999999999997]
["M1735","Punho linha ST68 para perfuração - D = 80 mm (3 5/32\")","un",7737.2231000000002]
["M1736","Adesivo à base de resina poliéster bicomponente para ancoragem","kg",52.200499999999998]
["M1737","Tubo em aço-carbono para ar comprimido - D = 150 mm (6\")","m",207.31720000000001]
["M1739","Haste linha T45 para perfuratriz sobre esteiras - D = 45,0 mm (1 3/4\") e C = 3,60 m","un",4300.3119999999999]
["M1740","Punho linha T45 para perfuratriz sobre esteiras - D = 45 mm (1 3/4\")","un",2409.5731999999998]
["M1741","Luva em aço linha T45 para perfuratriz sobre esteiras - D = 45,0 mm (1 3/4\")","un",509.91719999999998]
["M1742","Coroa de botões esféricos linha T45 - D = 89 mm (3 1/2\")","un",1443.7182]
["M1747","Tubo em aço-carbono para sistema autoperfurante - D = 76,2 mm","m",132.21600000000001]
["M1748","Tubo em aço-carbono iniciador para sistema autoperfurante com anel da coroa piloto - D = 76,2 mm (3\") e C = 3 m","un",1062.0454]
["M1749","Haste linha ST68 para perfuração - D = 87,0 mm (3 7/16\") e C = 1,83 m","un",9956.6946000000007]
["M1750","Hidromonitor com bico de injeção para jet grouting - D = 88,9 mm (3 1/2\")","un",10520.932199999999]
["M1751","Válvula manchete - D = 73 mm","un",5.4817]
["M1752","Borracha para obturador mecânico","un",390]
["M1753","Disco de corte diamantado segmentado para concreto - D = 110 mm","un",36.738399999999999]
["M1754","Conjunto de lâminas de corte para trituradora de galhos e troncos","un",4407.5472]
["M1755","Pó calcário dolomítico","kg",0.129]
["M1756","Material formador de camada protetora para hidrossemeadura","kg",2.302]
["M1765","Tubo em aço-carbono schedule 40 - D = 65 mm (2 1/2\")","m",114.1592]
["M1773","Ancoragem regulável para estais de 19 cordoalhas - D = 15,7 mm","un",27633.232499999998]
["M1774","Ancoragem regulável para estais de 31 cordoalhas - D = 15,7 mm","un",44666.738100000002]
["M1775","Ancoragem regulável para estais de 37 cordoalhas - D = 15,7 mm","un",53045.7978]
["M1776","Ancoragem regulável para estais de 55 cordoalhas - D = 15,7 mm","un",77673.596600000004]
["M1777","Ancoragem regulável para estais de 61 cordoalhas - D = 15,7 mm","un",85694.336899999995]
["M1778","Ancoragem regulável para estais de 73 cordoalhas - D = 15,7 mm","un",102016.8756]
["M1779","Ancoragem regulável para estais de 91 cordoalhas - D = 15,7 mm","un",126558.33500000001]
["M1780","Ancoragem fixa para estais de 19 cordoalhas - D = 15,7 mm","un",17681.1986]
["M1781","Ancoragem fixa para estais de 31 cordoalhas - D = 15,7 mm","un",28696.340899999999]
["M1782","Ancoragem fixa para estais de 37 cordoalhas - D = 15,7 mm","un",34150.428800000002]
["M1783","Ancoragem fixa para estais de 55 cordoalhas - D = 15,7 mm","un",50349.500399999997]
["M1784","Ancoragem fixa para estais de 61 cordoalhas - D = 15,7 mm","un",55925.078300000001]
["M1785","Ancoragem fixa para estais de 73 cordoalhas - D = 15,7 mm","un",69426.935800000007]
["M1786","Ancoragem fixa para estais de 91 cordoalhas - D = 15,7 mm","un",89677.995999999999]
["M1787","Estaca de tutoramento - D = 5 cm e H = 2 m","un",9.9570000000000007]
["M1789","Ancoragem ativa para 31 cordoalhas - D = 15,2 mm","un",5768.5273999999999]
["M1790","Gás liquefeito de petróleo (GLP)","kg",8.7134]
["M1795","Gás oxigênio","m³",13.389200000000001]
["M1796","Gás acetileno","kg",59.971499999999999]
["M1797","Fita de espuma EPDM para vedação com adesivo em uma face - E = 4 mm e L = 40 mm","m",3.1297999999999999]
["M1800","Manta asfáltica não-tecido em poliéster - antirraíz - E = 3 mm","m²",41.842700000000001]
["M1811","Longarina de madeira de primeira - L = 16 cm e E = 6 cm","m",45.095100000000002]
["M1812","Estronca de madeira - D = 20 cm","m",24.75]
["M1814","Tela metálica galvanizada dobrada em L - C = 2,0 m, L = 0,5 m e H = 0,5 m","un",535.99040000000002]
["M1815","Tela metálica de dupla torção em liga de zinco e alumínio - malha de 8 x 10 cm","m²",83.297300000000007]
["M1819","Cartucho de cimento - D = 25 mm e C = 320 mm","un",3.0661999999999998]
["M1820","Cartucho de resina poliéster - D = 38 mm e C = 500 mm","un",15.1492]
["M1844","Ancoragem ativa para 8 cordoalhas - D = 15,2 mm","un",830.82929999999999]
["M1845","Ancoragem passiva aderente para 10 cordoalhas - D = 15,2 mm","un",129.1199]
["M1868","Tinta em pó à base de resina epóxi","kg",94.6875]
["M1869","Coroa de botões esféricos - D = 120 mm (4 3/4\")","un",2313.1534000000001]
["M1870","Cunha metálica para cordoalha - D = 12,7 mm","un",15.0313]
["M1874","Martelo de fundo DTH - DN = 102 mm (4\")","un",9908.9519]
["M1875","Haste de perfuração com rosca API 2 3/8\" - D = 73 mm (2 7/8\")","m",1173.4908]
["M1876","Válvula manchete - D = 32 mm","un",2.4289999999999998]
["M1877","Válvula manchete - D = 40 mm","un",3.9458000000000002]
["M1879","Tubo PEAD PE 80 PN 6 - D = 40 mm","m",11.077500000000001]
["M1880","Tubo PEAD PE 80 PN 16 - D = 20 mm","m",4.1384999999999996]
["M1907","Tubo PEAD PE 80 PN 8 - D = 32 mm","m",4.9600999999999997]
["M1909","Tubo PEAD PE 80 PN 8 - D = 40 mm","m",8.3031000000000006]
["M1911","Tubo PEAD PE 80 PN 8 - D = 50 mm","m",12.679]
["M1912","Tubo PEAD PE 80 PN 8 - D = 63 mm","m",18.427900000000001]
["M1913","Tubo PEAD PE 80 PN 8 - D = 75 mm","m",24.556899999999999]
["M1919","Tubo PEAD PE 80 PN 8 - D = 110 mm","m",81.164100000000005]
["M1922","Tubo de PVC espaguete - D = 14 mm","m",1.5306999999999999]
["M1924","Tirante de barra de aço - tensão de escoamento = 500 MPa, tensão de ruptura = 750 MPa e D = 25 mm","kg",14.8935]
["M1926","Espaçador plástico tipo disco separador para tirante com 6 cordoalhas - D = 12,7 mm","un",1.0829]
["M1927","Espaçador plástico tipo disco separador para tirante com 8 cordoalhas - D = 12,7 mm","un",1.0829]
["M1928","Espaçador plástico tipo disco separador para tirante com 10 cordoalhas - D = 12,7 mm","un",1.0829]
["M1931","Espaçador plástico tipo disco separador para tirante com 12 cordoalhas - D = 12,7 mm","un",1.0829]
["M1935","Espaçador plástico tipo centralizador carambola para tirante de barra de aço - D = 32,0 mm","un",8.4336000000000002]
["M1936","Espaçador plástico tipo centralizador carambola para tirante de barra de aço - D = 30,0 mm","un",8.4316999999999993]
["M1937","Espaçador plástico tipo centralizador carambola para tirante de barra de aço - D = 40,0 mm","un",8.4405000000000001]
["M1941","Óleo tipo A1","l",5.8868999999999998]
["M1942","Espaçador plástico tipo centralizador carambola para tirante de barra de aço - D = 47,0 mm","un",9.7550000000000008]
["M1943","Cimento asfáltico de petróleo - CAP 50/70","t","-"]
["M1944","Cimento asfáltico de petróleo - CAP 150/200","t","-"]
["M1945","Cimento asfáltico de petróleo - CAP 85/100","t","-"]
["M1946","Emulsão asfáltica - RR-1C","t","-"]
["M1947","Emulsão asfáltica - RM-1C","t","-"]
["M1948","Espaçador plástico tipo centralizador carambola para tirante de barra de aço - D = 50,0 mm","un",9.7579999999999991]
["M1949","Emulsão asfáltica - RL-1C","t","-"]
["M1950","Emulsão asfáltica com polímero - RC-1C-E","t","-"]
["M1952","Cimento asfáltico de petróleo com polímero - CAP 150/200-E","t","-"]
["M1953","Aditivo asfáltico de reciclagem para misturas a quente","t",9367.3981000000003]
["M1954","Cimento Portland CP II - 32 - a granel","kg",0.53129999999999999]
["M1955","Cimento asfáltico de petróleo com polímero - CAP 55/75-E","t","-"]
["M1956","Emulsão asfáltica com polímero - RR-2C-E","t","-"]
["M1958","Emulsão asfáltica com polímero - RM-1C-E","t","-"]
["M1959","Espaçador plástico tipo centralizador carambola para tirante de barra de aço - D = 53,0 mm","un",11.9871]
["M1960","Espaçador plástico tipo centralizador carambola para tirante de barra de aço - D = 57,0 mm","un",19.369499999999999]
["M1961","Espaçador plástico tipo centralizador carambola para tirante de barra de aço - D = 63,0 mm","un",23.6568]
["M1962","Espaçador plástico tipo centralizador carambola para tirante de barra de aço - D = 69,0 mm","un",23.660299999999999]
["M1965","Cantoneira em ferro de abas iguais - L = 63,5 mm e E = 9,53 mm","kg",10.6823]
["M1966","Defensa metálica maleável simples","un",3011.9463999999998]
["M1967","Defensa metálica maleável dupla","un",3733.1199000000001]
["M1968","Defensa metálica semimaleável simples","un",1974.0411999999999]
["M1969","Defensa metálica semimaleável dupla","un",2733.7689]
["M1970","Dente de corte para fresadora de 155 kW","un",40.096499999999999]
["M1971","Módulo de transição de defensa metálica tipo dupla onda com lâmina adicional para barreira rígida","un",6746.6728999999996]
["M1974","Dente de corte para fresadora de 455 kW","un",42.3934]
["M1976","Terminal aéreo de defensa metálica (tipo A)","un",398.80470000000003]
["M1977","Terminal de ancoragem de defensa metálica em barreira rígida (tipo D)","un",398.80470000000003]
["M1979","Luva em aço para emenda de tirantes - D = 38 mm e C = 115 mm","un",69.237499999999997]
["M1980","Luva em aço para emenda de tirantes - D = 48 mm e C = 120 mm","un",73.307699999999997]
["M1981","Luva em aço para emenda de tirantes - D = 60 mm e C = 160 mm","un",103.2928]
["M1982","Luva em aço para emenda de tirantes - D = 50 mm e C = 130 mm","un",80.338899999999995]
["M1983","Luva em aço para emenda de tirantes - D = 63 mm e C = 180 mm","un",127.6553]
["M1984","Luva em aço para emenda de tirantes - D = 73 mm e C = 180 mm","un",156.98519999999999]
["M1985","Luva em aço para emenda de tirantes - D = 73 mm e C = 200 mm","un",161.72909999999999]
["M1986","Luva em aço para emenda de tirantes - D = 82 mm e C = 200 mm","un",190.96469999999999]
["M1987","Luva em aço para emenda de tirantes - D = 89 mm e C = 210 mm","un",212.37909999999999]
["M1988","Luva em aço para emenda de tirantes - D = 97 mm e C = 210 mm","un",285.40750000000003]
["M1990","Placa de ancoragem para tirante de barra de aço - E = 16,0 mm e seção de 160 x 160 mm","un",102.49890000000001]
["M1991","Placa de ancoragem para tirante de barra de aço - E = 16,0 mm e seção de 200 x 200 mm","un",160.15649999999999]
["M1994","Placa de ancoragem para tirante de barra de aço - E = 22,0 mm e seção de 200 x 200 mm","un",224.07220000000001]
["M1996","Amortecedor retrátil tipo TAU II paralelo PCB ou similar para velocidade de projeto de 100 km/h","un",199713.8749]
["M1997","Amortecedor retrátil tipo TAU II combinado PCB ou similar para velocidade de projeto de 100 km/h e âncora traseira de 900 mm","un",233999.04560000001]
["M1998","Amortecedor retrátil tipo TAU II combinado PCB ou similar para velocidade de projeto de 100 km/h e âncora traseira de 1.060 mm","un",273116.5428]
["M1999","Amortecedor retrátil tipo TAU II combinado PCB ou similar para velocidade de projeto de 100 km/h e âncora traseira de 1.220 mm","un",286450.89199999999]
["M2000","Amortecedor retrátil tipo TAU II combinado PCB ou similar para velocidade de projeto de 100 km/h e âncora traseira de 1.370 mm","un",304596.92180000001]
["M2001","Dispositivo de ancoragem de fixação elástica Pandrol","un",14.4259]
["M2002","Amortecedor retrátil tipo TAU II combinado PCB ou similar para velocidade de projeto de 100 km/h e âncora traseira de 1.520 mm","un",318131.61589999998]
["M2003","Amortecedor retrátil tipo TAU II afunilado PCB ou similar para velocidade de projeto velocidade de 100 km/h e âncora traseira de 1.680 mm","un",293093.3063]
["M2004","Amortecedor retrátil tipo TAU II afunilado PCB ou similar para velocidade de projeto de 100 km/h e âncora traseira de 1.830 mm","un",314999.13650000002]
["M2005","Placa de ancoragem para tirante de barra de aço - E = 32,0 mm e seção de 250 x 250 mm","un",569.50049999999999]
["M2006","Placa de ancoragem para tirante de barra de aço - E = 38,0 mm e seção de 250 x 250 mm","un",599.57979999999998]
["M2007","Placa de ancoragem para tirante de barra de aço - E = 51,0 mm e seção de 300 x 300 mm","un",1152.7661000000001]
["M2008","Placa de ancoragem para tirante de barra de aço - E = 64,0 mm e seção de 350 x 350 mm","un",1961.3071]
["M2009","Placa de ancoragem para tirante com 6 cordoalhas de D = 12,7 mm","un",224.0489]
["M2010","Placa de ancoragem para tirante com 8 cordoalhas de D = 12,7 mm","un",294.70080000000002]
["M2011","Placa de ancoragem para tirante com 10 cordoalhas de D = 12,7 mm","un",359.82499999999999]
["M2012","Placa de ancoragem para tirante com 12 cordoalhas de D = 12,7 mm","un",456.57850000000002]
["M2014","Mourão de madeira - H = 2,20 m e D = 0,10 m","un",21.383199999999999]
["M2016","Amortecedor retrátil tipo TAU II afunilado PCB ou similar para velocidade de projeto de 100 km/h e âncora traseira de 1.980 mm","un",318003.5624]
["M2017","Porca em aço para ancoragem de tirantes - D = 38 mm e E = 55 mm","un",38.7712]
["M2018","Gastalho - L = 10 cm e E = 2 cm","m",3.2519999999999998]
["M2019","Porca em aço para ancoragem de tirantes - D = 38 mm e E = 60 mm","un",46.698900000000002]
["M2020","Porca em aço para ancoragem de tirantes - D = 48 mm e E = 65 mm","un",50.765999999999998]
["M2021","Amortecedor retrátil tipo TAU II afunilado PCB ou similar para velocidade de projeto de 100 km/h e âncora traseira de 2.130 mm","un",324356.86210000003]
["M2024","Cordel detonante NP 10","m",2.4552999999999998]
["M2025","Retardo de cordel","un",38.857399999999998]
["M2026","Estopim","m",2.8184999999999998]
["M2027","Tinta à base de resina acrílica estirenada para demarcação viária","l",55.8703]
["M2028","Coroa de botões cônicos - TCI tricone - D = 75 mm (2 15/16\")","un",1061.9647]
["M2029","Porca em aço para ancoragem de tirantes - D = 60 mm e E = 65 mm","un",70.573800000000006]
["M2030","Porca em aço para ancoragem de tirantes - D = 73 mm e E = 80 mm","un",120.7664]
["M2031","Porca em aço para ancoragem de tirantes - D = 73 mm e E = 100 mm","un",137.4442]
["M2032","Porca em aço para ancoragem de tirantes - D = 82 mm e E = 100 mm","un",151.50970000000001]
["M2033","Porca em aço para ancoragem de tirantes - D = 89 mm e E = 100 mm","un",190.7176]
["M2034","Solvente para tinta à base de resina acrílica","l",16.2545]
["M2035","Porca em aço para ancoragem de tirantes - D = 97 mm e E = 100 mm","un",218.66919999999999]
["M2036","Tinta à base de resina acrílica emulsionada em água para demarcação viária","l",21.802800000000001]
["M2037","Microesferas refletivas de vidro tipo I-B","kg",10.647500000000001]
["M2038","Microesferas refletivas de vidro tipo II-A","kg",11.0078]
["M2040","Massa termoplástica para aspersão","kg",11.974500000000001]
["M2041","Adesivo à base de resina poliéster","kg",38.466999999999999]
["M2042","Emulsão explosiva encartuchada","kg",14.8004]
["M2044","Tinta à base de resina acrílica emulsionada em água para pré-marcação viária","l",21.802800000000001]
["M2045","Microesferas refletivas de vidro tipo II-C","kg",10.545]
["M2046","Coroa de botões cônicos - TCI tricone - D = 121 mm (4 3/4\")","un",1530.3262]
["M2047","Tirante autoinjetável de aço - tensão de escoamento = 440 MPa, tensão de ruptura = 580 MPa, seção de 684 mm² e D = 40 mm","m",160.8169]
["M2048","Tirante autoinjetável de aço - tensão de escoamento = 470 MPa, tensão de ruptura = 600 MPa, seção de 822 mm² e D = 40 mm","m",190.5282]
["M2049","Tirante autoinjetável de aço - tensão de escoamento = 700 MPa, tensão de ruptura = 830 MPa, seção de 936 mm² e D = 40 mm","m",240.24719999999999]
["M2050","Geotêxtil não-tecido agulhado em poliéster - resistência à tração longitudinal de 9 kN/m","m²",5.3174000000000001]
["M2051","Geotêxtil não-tecido agulhado em poliéster - resistência à tração longitudinal de 14 kN/m","m²",7.2138999999999998]
["M2052","Tirante autoinjetável de aço - tensão de escoamento = 630 MPa, tensão de ruptura = 740 MPa, seção de 1.330 mm² e D = 50 mm","m",292.75569999999999]
["M2053","Tirante autoinjetável de aço - tensão de escoamento = 630 MPa, tensão de ruptura = 740 MPa, seção de 1.569 mm² e D = 50 mm","m",370.05619999999999]
["M2054","Tirante de barra de aço - tensão de escoamento = 600 MPa, tensão de ruptura = 720 MPa e D = 30 mm","m",112.9648]
["M2055","Tirante de barra de aço - tensão de escoamento = 600 MPa, tensão de ruptura = 720 MPa e D = 40 mm","m",190.94059999999999]
["M2056","Tirante de barra de aço - tensão de escoamento = 680 MPa, tensão de ruptura = 870 MPa e D = 44 mm","m",229.8124]
["M2057","Tirante de barra de aço - tensão de escoamento = 600 MPa, tensão de ruptura = 720 MPa e D = 50 mm","m",300.2002]
["M2058","Tirante de barra de aço - tensão de escoamento = 600 MPa, tensão de ruptura = 720 MPa e D = 53 mm","m",339.15030000000002]
["M2059","Tirante de barra de aço - tensão de escoamento = 600 MPa, tensão de ruptura = 720 MPa e D = 57 mm","m",381.68650000000002]
["M2060","Amortecedor retrátil tipo TAU II afunilado PCB ou similar para velocidade de projeto de 100 km/h e âncora traseira de 2.290 mm","un",331326.70909999998]
["M2061","Amortecedor retrátil tipo TAU II afunilado PCB ou similar para velocidade de projeto de 100 km/h e âncora traseira de 2.440 mm","un",334134.73300000001]
["M2062","Coroa de botões esféricos linha T38 - D = 64 mm (2 1/2\")","un",721.25909999999999]
["M2063","Tirante de barra de aço - tensão de escoamento = 600 MPa, tensão de ruptura = 720 MPa e D = 63 mm","m",475.34969999999998]
["M2064","Termoplástico pré-formado - E = 2,00 mm","m²",323.94670000000002]
["M2065","Haste linha T38 para perfuratriz sobre esteiras - D = 38,0 mm (1 1/2\") e C = 3,05 m","un",1965.1486]
["M2066","Luva em aço linha T38 para perfuratriz sobre esteiras - D = 38,0 mm (1 1/2\")","un",347.78219999999999]
["M2067","Punho linha T38 para perfuratriz sobre esteiras - D = 38 mm (1 1/2\")","un",999.84720000000004]
["M2069","Tirante de barra de aço - tensão de escoamento = 600 MPa, tensão de ruptura = 720 MPa e D = 69 mm","m",578.27710000000002]
["M2070","Haste linha R/T38 - R32 para jumbo hidráulico - D = 38 mm (1 1/2\") e C = 4,50 m","un",4168.4102000000003]
["M2071","Coroa de botões esféricos linha R32 - D = 51 mm (2\")","un",578.09450000000004]
["M2072","Luva de acoplamento linha T38 para jumbo hidráulico - D = 38,0 mm (1 1/2\")","un",246.3434]
["M2073","Punho linha T38 para jumbo hidráulico - D = 38 mm (1 1/2\")","un",1437.1736000000001]
["M2074","Cartucho de absorção de energia para amortecedor retrátil - tipo A","un",5587.7088999999996]
["M2075","Cartucho de absorção de energia para amortecedor retrátil - tipo B","un",5467.7501000000002]
["M2079","Fio de poliamida Nº 40 - E = 0,40 mm","m",8.77E-2]
["M2087","Placa de ancoragem para tirante de barra de aço - E = 25,4 mm e seção de 225 x 225 mm","un",308.33499999999998]
["M2088","Placa de ancoragem para tirante de barra de aço - E = 20,0 mm e seção de 200 x 200 mm","un",192.04849999999999]
["M2089","Porca sextavada em aço para ancoragem de tirantes - D = 50 mm e E = 85 mm","un",92.939300000000003]
["M2090","Porca em aço para ancoragem de tirantes - D = 73 mm e E = 60 mm","un",88.509399999999999]
["M2091","Porca sextavada em aço para ancoragem de tirantes - D = 50 mm e E = 50 mm","un",67.453900000000004]
["M2092","Emulsão asfáltica para imprimação","t","-"]
["M2093","Material fresado","m³","-"]
["M2094","Porca em aço para ancoragem de tirantes - D = 49 mm e E = 60 mm","un",57.656599999999997]
["M2095","Porca em aço para ancoragem de tirantes - D = 61 mm e E = 70 mm","un",84.303399999999996]
["M2096","Porca em aço para ancoragem de tirantes - D = 73 mm e E = 110 mm","un",150.69540000000001]
["M2097","Emulsão asfáltica - RR-2C","t","-"]
["M2100","Placa de ancoragem para tirante de barra de aço - E = 16,0 mm e seção de 140 x 140 mm","un",87.932299999999998]
["M2101","Porca sextavada em aço para ancoragem de tirantes - D = 50 mm e E = 41 mm","un",48.573999999999998]
["M2102","Adesivo à base de PVA","kg",12.488099999999999]
["M2103","Tirante de barra de aço - tensão de escoamento = 686 MPa, tensão de ruptura = 789 MPa e D = 19 mm","kg",13.5649]
["M2104","Tirante de barra de aço - tensão de escoamento = 686 MPa, tensão de ruptura = 789 MPa e D = 22 mm","kg",13.6868]
["M2105","Tirante de barra de aço - tensão de escoamento = 686 MPa, tensão de ruptura = 789 MPa e D = 25 mm","kg",13.932]
["M2106","Tirante de barra de aço - tensão de escoamento = 686 MPa, tensão de ruptura = 789 MPa e D = 32 mm","kg",13.9679]
["M2107","Tirante de barra de aço - tensão de escoamento = 686 MPa, tensão de ruptura = 789 MPa e D = 36 mm","kg",14.227499999999999]
["M2110","Mandíbula móvel para britador - abertura de alimentação com L = 930 mm","un",22665.9228]
["M2111","Mandíbula fixa para britador - abertura de alimentação com L = 930 mm","un",29725.5039]
["M2112","Manta do britador cônico HP200 ou similar","un",20112.160199999998]
["M2113","Revestimento do bojo interno do britador cônico HP200 ou similar","un",22498.3573]
["M2114","Cunha lateral superior para britador","un",2546.8960000000002]
["M2115","Cunha lateral inferior para britador","un",1932.8742999999999]
["M2117","Meio tubo de concreto simples - D = 0,40 m","m",48.097000000000001]
["M2118","Calha metálica semicircular corrugada e galvanizada, incluindo fixações - D = 400 mm","m",596.78]
["M2119","Mourão de madeira - H = 2,80 m e D = 0,15 m","un",61.233600000000003]
["M2128","Tinta esmalte sintético acetinado","l",27.4191]
["M2130","Eletrodo revestido E70XX","kg",32.561999999999998]
["M2135","Nonel de coluna (túnel) - C = 4,8 m","un",26.597300000000001]
["M2137","Tubo de PVC soldável para água fria - D = 50 mm (2\")","m",14.348000000000001]
["M2138","Nonel de coluna - C = 12,0 m","un",23.531099999999999]
["M2140","Coroa de diamante linha AWG","un",1173.2171000000001]
["M2141","Nonel de iniciação para fogacho - C = 6,0 m","un",16.9602]
["M2142","Nonel de coluna - C = 4,8 m","un",20.838799999999999]
["M2143","Nonel de ligação - C = 6,0 m","un",17.979099999999999]
["M2144","Nonel de coluna - C = 6,0 m","un",16.920200000000001]
["M2145","Série de brocas integrais S12","un",972.81899999999996]
["M2146","Nonel iniciador - C = 150,0 m","un",234.1842]
["M2147","Dente de corte para recicladora","un",54.048200000000001]
["M2148","Porta-dente de corte para fresadora e recicladora a frio","un",465.5412]
["M2150","Selante elástico à base de poliuretano e asfalto","kg",50.576999999999998]
["M2152","Aditivo de cura para concreto","kg",12.082000000000001]
["M2153","Coroa de diamante linha HWG","un",2077.0581999999999]
["M2156","Coroa de diamante linha NWG","un",1796.566]
["M2158","Argamassa asfáltica","kg",25.021100000000001]
["M2160","Tubo PEAD corrugado perfurado para drenagem - D = 100 mm","m",19.6906]
["M2162","Coroa de widia linha AWG","un",494.5686]
["M2163","Tubo de concreto armado PA1 - D = 0,40 m","m",137.48140000000001]
["M2164","Tubo de concreto armado PA2 - D = 0,40 m","m",151.00700000000001]
["M2165","Tubo de concreto armado PA3 - D = 0,40 m","m",160.83969999999999]
["M2166","Tubo de concreto armado PA4 - D = 0,40 m","m",215.7799]
["M2167","Tubo de concreto armado PA1 - D = 0,60 m","m",246.09]
["M2168","Tubo de concreto armado PA2 - D = 0,60 m","m",266.18060000000003]
["M2169","Tubo de concreto armado PA3 - D = 0,60 m","m",311.0342]
["M2170","Tubo de concreto armado PA4 - D = 0,60 m","m",382.37459999999999]
["M2171","Tubo de concreto armado PA1 - D = 0,80 m","m",368.93450000000001]
["M2172","Tubo de concreto armado PA2 - D = 0,80 m","m",437.51519999999999]
["M2173","Tubo de concreto armado PA3 - D = 0,80 m","m",470.94549999999998]
["M2174","Tubo de concreto armado PA4 - D = 0,80 m","m",505.5788]
["M2175","Tubo de concreto armado PA1 - D = 1,00 m","m",542.29]
["M2176","Tubo de concreto armado PA2 - D = 1,00 m","m",657.21320000000003]
["M2177","Tubo de concreto armado PA3 - D = 1,00 m","m",660.72029999999995]
["M2178","Tubo de concreto armado PA4 - D = 1,00 m","m",690.85979999999995]
["M2179","Tubo de concreto armado PA1 - D = 1,20 m","m",739.62]
["M2180","Tubo de concreto armado PA2 - D = 1,20 m","m",764.10540000000003]
["M2181","Tubo de concreto armado PA3 - D = 1,20 m","m",910.50840000000005]
["M2182","Tubo de concreto armado PA4 - D = 1,20 m","m",1021.678]
["M2183","Tubo de concreto armado PA1 - D = 1,50 m","m",1246.78]
["M2184","Tubo de concreto armado PA2 - D = 1,50 m","m",1350.2887000000001]
["M2185","Tubo de concreto armado PA3 - D = 1,50 m","m",1359.2951]
["M2186","Tubo de concreto armado PA4 - D = 1,50 m","m",1464.2302999999999]
["M2187","Tubo de concreto armado PA1 - D = 0,50 m","m",176.0488]
["M2188","Tubo de concreto armado PA2 - D = 0,50 m","m",202.21520000000001]
["M2189","Tubo de concreto armado PA3 - D = 0,50 m","m",209.01400000000001]
["M2190","Tubo de concreto armado PA4 - D = 0,50 m","m",308.90550000000002]
["M2192","Coroa de widia linha HWG","un",946.81489999999997]
["M2193","Coroa de widia linha NWG","un",895.55089999999996]
["M2197","Haste de paredes paralelas com niple linha NW","m",685.26829999999995]
["M2198","Trilho UIC60 em aço-carbono - C = 12 m","t",17225.649099999999]
["M2200","Trilho TR45 em aço-carbono - C = 12 m","t",16223.3056]
["M2202","Trilho TR57 em aço-carbono - C = 12 m","t",16223.3056]
["M2204","Trilho TR68 em aço-carbono - C = 12 m","t",16223.3056]
["M2206","Lubrificador de trilhos e de flanges de rodas","un",91636.294299999994]
["M2207","Tirefão - D = 24 mm e C = 188 mm","un",18.315300000000001]
["M2208","Tirefão - D = 22 mm e C = 155 mm","un",10.439]
["M2209","Retensor para via férrea de TR45","un",45.9163]
["M2210","Retensor para via férrea de TR57","un",47.625700000000002]
["M2211","Retensor para via férrea de TR68","un",49.516500000000001]
["M2213","Placa de apoio em aço laminado para UIC60 com fixação rígida","un",160.09010000000001]
["M2214","Grampo elástico Pandrol para fixação elástica","un",13.9734]
["M2215","Placa de apoio em aço laminado para TR45 com fixação elástica","un",81.018600000000006]
["M2216","Placa de apoio em aço laminado para TR57 com fixação elástica","un",115.8417]
["M2217","Placa de apoio em aço laminado para TR68 com fixação elástica","un",132.13509999999999]
["M2218","Placa de apoio em aço laminado para TR45 com fixação rígida","un",68.3155]
["M2219","Placa de apoio em aço laminado para TR57 com fixação rígida","un",147.875]
["M2220","Placa de apoio em aço laminado para TR68 com fixação rígida","un",157.57509999999999]
["M2221","Retensor para via férrea de UIC60","un",51.087600000000002]
["M2222","Placa de apoio em aço laminado para UIC60 com fixação elástica","un",132.49510000000001]
["M2225","Tala de junção TJ 45 não isolada com 6 furos","par",677.70399999999995]
["M2227","Tala de junção TJ 57 não isolada com 6 furos","par",828.43939999999998]
["M2229","Tala de junção TJ 68 não isolada com 6 furos","par",984.63139999999999]
["M2233","Parafuso de cabeça abaulada em aço inox com porca e arruela de pressão para tala de junção - D = 25,4 mm","un",45.2376]
["M2234","Tala de junção TJ 60 não isolada com 6 furos","par",908.43870000000004]
["M2236","AMV tipo TR45, abertura 1:8, bitola métrica","un",274762.71399999998]
["M2237","AMV tipo TR45, abertura 1:10, bitola métrica","un",301902.8088]
["M2238","AMV tipo TR45, abertura 1:12, bitola métrica","un",331757.19429999997]
["M2239","AMV tipo TR45, abertura 1:14, bitola métrica","un",364596.69640000002]
["M2240","AMV tipo TR57, abertura 1:8, bitola métrica","un",347066.1151]
["M2241","AMV tipo TR57, abertura 1:10, bitola métrica","un",381436.54960000003]
["M2242","AMV tipo TR57, abertura 1:12, bitola métrica","un",419244.14799999999]
["M2243","AMV tipo TR57, abertura 1:14, bitola métrica","un",460832.46669999999]
["M2244","AMV tipo TR57, abertura 1:20, bitola métrica","un",554007.25009999995]
["M2245","AMV tipo TR68, abertura 1:10, bitola métrica","un",454411.59179999999]
["M2246","AMV tipo TR68, abertura 1:12, bitola métrica","un",501197.31829999998]
["M2247","AMV tipo TR68, abertura 1:14, bitola métrica","un",550812.78520000004]
["M2248","AMV tipo UIC60, abertura 1:10, bitola métrica","un",401361.5735]
["M2249","AMV tipo TR68, abertura 1:20, bitola métrica","un",659967.05249999999]
["M2250","AMV tipo TR45, abertura 1:8, bitola larga","un",315412.58279999997]
["M2251","AMV tipo TR45, abertura 1:10, bitola larga","un",346617.68459999998]
["M2252","AMV tipo TR45, abertura 1:12, bitola larga","un",380943.51730000001]
["M2253","AMV tipo TR45, abertura 1:14, bitola larga","un",418701.69209999999]
["M2254","AMV tipo TR57, abertura 1:8, bitola larga","un",398586.2058]
["M2255","AMV tipo TR57, abertura 1:10, bitola larga","un",438139.7108]
["M2256","AMV tipo TR57, abertura 1:12, bitola larga","un",481617.58510000003]
["M2257","AMV tipo TR57, abertura 1:14, bitola larga","un",531123.62950000004]
["M2258","AMV tipo TR57, abertura 1:20, bitola larga","un",636340.06599999999]
["M2259","AMV tipo TR68, abertura 1:10, bitola larga","un",523753.85800000001]
["M2260","AMV tipo TR68, abertura 1:12, bitola larga","un",575625.13950000005]
["M2261","AMV tipo TR68, abertura 1:14, bitola larga","un",632683.50829999999]
["M2262","AMV tipo UIC60, abertura 1:10, bitola larga","un",461036.7917]
["M2263","AMV tipo TR68, abertura 1:20, bitola larga","un",763253.37029999995]
["M2264","AMV tipo TR45, abertura 1:8, bitola mista","un",377708.26770000003]
["M2265","AMV tipo TR45, abertura 1:10, bitola mista","un",415142.9779]
["M2266","AMV tipo TR45, abertura 1:12, bitola mista","un",456321.239]
["M2267","AMV tipo TR45, abertura 1:14, bitola mista","un",503297.62910000002]
["M2268","AMV tipo TR57, abertura 1:8, bitola mista","un",477710.2917]
["M2269","AMV tipo TR57, abertura 1:10, bitola mista","un",526825.56759999995]
["M2270","AMV tipo TR57, abertura 1:12, bitola mista","un",579004.03910000005]
["M2271","AMV tipo TR57, abertura 1:14, bitola mista","un",636400.33869999996]
["M2272","AMV tipo TR57, abertura 1:20, bitola mista","un",767713.56660000002]
["M2273","AMV tipo TR68, abertura 1:10, bitola mista","un",627529.57019999996]
["M2274","AMV tipo TR68, abertura 1:12, bitola mista","un",689778.44290000002]
["M2275","AMV tipo TR68, abertura 1:14, bitola mista","un",763293.55229999998]
["M2276","Revestimento com conector linha AW","m",292.24099999999999]
["M2277","AMV tipo TR68, abertura 1:20, bitola mista","un",913935.68290000001]
["M2281","Dormente de madeira bitola larga - C = 280 cm, L = 24 cm e H = 17 cm","un",382.97019999999998]
["M2282","Dormente de madeira bitola métrica - C = 200 cm, L = 22 cm e H = 16 cm","un",236.00399999999999]
["M2284","Revestimento com conector linha HW","m",575.23509999999999]
["M2285","Revestimento com conector linha NW","m",485.52089999999998]
["M2292","AMV tipo UIC60, abertura 1:12, bitola métrica","un",441161.59419999999]
["M2293","AMV tipo UIC60, abertura 1:14, bitola métrica","un",484941.63679999998]
["M2294","AMV tipo UIC60, abertura 1:20, bitola métrica","un",582938.25419999997]
["M2298","AMV tipo UIC60, abertura 1:10, bitola mista","un",554305.40029999998]
["M2299","AMV tipo UIC60, abertura 1:12, bitola mista","un",609231.91579999996]
["M2300","AMV tipo UIC60, abertura 1:14, bitola mista","un",669650.90209999995]
["M2301","AMV tipo UIC60, abertura 1:20, bitola mista","un",807614.24300000002]
["M2303","Sapata de widia linha NW","un",622.74570000000006]
["M2304","Broca de arraste com três asas linha NW","un",1847.0539000000001]
["M2308","Dormente de madeira para pontes - C = 300 cm, L = 25 cm e H = 20 cm","un",502.84949999999998]
["M2313","AMV tipo UIC60, abertura 1:12, bitola larga","un",508484.71720000001]
["M2314","AMV tipo UIC60, abertura 1:14, bitola larga","un",558829.08409999998]
["M2316","AMV tipo UIC60, abertura 1:20, bitola larga","un",669586.61100000003]
["M2317","Tubo de revestimento em aço-carbono schedule 40 para estaca raiz - ponteira schedule 80, D = 141,3 mm, peso 24 kg/m","m",583.80420000000004]
["M2318","Tubo de revestimento em aço-carbono schedule 40 para estaca raiz - ponteira schedule 80, D = 168,3 mm, peso 31 kg/m","m",1100.0969]
["M2319","Tubo de revestimento em aço-carbono schedule 40 para estaca raiz - ponteira schedule 80, D = 219,1 mm, peso 47 kg/m","m",1692.9444000000001]
["M2320","Tubo de revestimento em aço-carbono schedule 40 para estaca raiz - ponteira schedule 80, D = 273,0 mm, peso 67 kg/m","m",2094.136]
["M2321","Tubo de revestimento em aço-carbono schedule 40 para estaca raiz - ponteira schedule 80, D = 323,8 mm, peso 90 kg/m","m",2644.9976999999999]
["M2322","Tubo de revestimento em aço-carbono schedule 40 para estaca raiz - ponteira schedule 80, D = 406,0 mm, peso 143 kg/m","m",2809.8528999999999]
["M2325","Anel de compensação angular para tirantes de D = 30 mm","un",53.4345]
["M2326","Anel de compensação angular para tirantes de D = 32 mm","un",77.940799999999996]
["M2327","Anel de compensação angular para tirantes de D = 40 mm","un",79.445099999999996]
["M2328","Anel de compensação angular para tirantes de D = 44 mm","un",91.0398]
["M2329","Anel de compensação angular para tirantes de D = 50 mm","un",100.285]
["M2330","Anel de compensação angular para tirantes de D = 53 mm","un",109.5552]
["M2331","Anel de compensação angular para tirantes de D = 57 mm","un",120.03270000000001]
["M2332","Anel de compensação angular para tirantes de D = 63 mm","un",132.86590000000001]
["M2333","Anel de compensação angular para tirantes de D = 69 mm","un",150.3451]
["M2334","Coroa de widia linha BWG","un",740.10299999999995]
["M2352","Conjunto para solda aluminotérmica de TR45 - porção, fôrmas, acendedor, pasta de vedação e cadinho descartável","un",1177.5213000000001]
["M2353","Conjunto para solda aluminotérmica de TR57 - porção, fôrmas, acendedor, pasta de vedação e cadinho descartável","un",1177.6069]
["M2354","Conjunto para solda aluminotérmica de TR68 - porção, fôrmas, acendedor, pasta de vedação e cadinho descartável","un",1248.922]
["M2355","Conjunto para solda aluminotérmica de UIC60 - porção, fôrmas, acendedor, pasta de vedação e cadinho descartável","un",1191.3996]
["M2356","Brita padrão para lastro ferroviário","m³",127.07380000000001]
["M2358","Palmilha de borracha para dormente de concreto","un",13.907400000000001]
["M2364","Broca para furar trilho - D = 29 mm (1 1/8\")","un",976.55579999999998]
["M2365","Disco de corte abrasivo para máquina para serrar trilho - D = 350 mm","un",23.453299999999999]
["M2370","Dormentes de madeira para AMV","m³",3352.3299000000002]
["M2379","Coroa de diamante linha BWG","un",1471.8149000000001]
["M2383","Revestimento com conector linha BW","m",421.36619999999999]
["M2386","Corda de poliamida - D = 12,0 mm e capacidade de carga de 2.200 kg","m",5.2759999999999998]
["M2388","Broca de widia - D = 16 mm e C = 150 mm","un",42.604700000000001]
["M2389","Broca de widia - D = 19 mm e C = 160 mm","un",74.2804]
["M2419","Parafuso de cabeça abaulada em aço inox com porca e arruela - D = 6 mm (M6) e C = 30 mm","un",1.2402]
["M2420","Parafuso de cabeça abaulada em aço inox com porca e arruela - D = 8 mm (M8) e C = 50 mm","un",2.8077999999999999]
["M2421","Mangueira cristal trançada de PVC com pressão de trabalho de 1,50 MPa (250 psi) - D = 9,5 mm (3/8\")","m",3.8885000000000001]
["M2423","Fôrma plástica para nicho de protensão de cordoalha - D = 15,2 mm","un",2.0996000000000001]
["M2424","Fôrma plástica para nicho de protensão de cordoalha - D = 12,7 mm","un",1.0799000000000001]
["M2425","Cordoalha engraxada tipo CP 190 RB - D = 15,2 mm","kg",12.776899999999999]
["M2426","Cordoalha engraxada tipo CP 190 RB - D = 12,7 mm","kg",12.776899999999999]
["M2427","Bainha metálica para protensão - D = 35 mm","m",23.003599999999999]
["M2428","Bainha metálica para protensão - D = 30 mm","m",21.776199999999999]
["M2429","Ancoragem passiva aderente para 8 cordoalhas - D = 15,2 mm","un",100.2908]
["M2430","Ancoragem passiva aderente para 31 cordoalhas - D = 15,2 mm","un",469.15969999999999]
["M2431","Ancoragem ativa para cordoalha engraxada - D = 12,7 mm","un",70.585599999999999]
["M2432","Ancoragem ativa para cordoalha engraxada - D = 15,2 mm","un",102.005]
["M2433","Ancoragem passiva aderente para 10 cordoalhas - D = 12,7 mm","un",125.872]
["M2434","Ancoragem passiva aderente para 12 cordoalhas - D = 12,7 mm","un",148.62010000000001]
["M2435","Ancoragem passiva aderente para 12 cordoalhas - D = 15,2 mm","un",151.86789999999999]
["M2436","Ancoragem passiva aderente para 15 cordoalhas - D = 12,7 mm","un",201.15870000000001]
["M2437","Ancoragem passiva aderente para 15 cordoalhas - D = 15,2 mm","un",207.87110000000001]
["M2438","Ancoragem passiva aderente para 19 cordoalhas - D = 12,7 mm","un",249.5444]
["M2439","Ancoragem passiva aderente para 19 cordoalhas - D = 15,2 mm","un",258.07319999999999]
["M2440","Ancoragem passiva aderente para 22 cordoalhas - D = 12,7 mm","un",322.93360000000001]
["M2441","Ancoragem passiva aderente para 22 cordoalhas - D = 15,2 mm","un",302.11279999999999]
["M2442","Ancoragem passiva aderente para 27 cordoalhas - D = 12,7 mm","un",417.1062]
["M2443","Ancoragem passiva aderente para 27 cordoalhas - D = 15,2 mm","un",396.00760000000002]
["M2444","Ancoragem passiva aderente para 31 cordoalhas - D = 12,7 mm","un",480.63279999999997]
["M2445","Ancoragem passiva aderente para 4 cordoalhas - D = 12,7 mm","un",55.086399999999998]
["M2446","Ancoragem passiva aderente para 4 cordoalhas - D = 15,2 mm","un",57.227400000000003]
["M2447","Ancoragem passiva aderente para 6 cordoalhas - D = 12,7 mm","un",80.365799999999993]
["M2448","Ancoragem passiva aderente para 6 cordoalhas - D = 15,2 mm","un",81.604900000000001]
["M2449","Ancoragem passiva aderente para 7 cordoalhas - D = 12,7 mm","un",99.051699999999997]
["M2450","Ancoragem passiva aderente para 7 cordoalhas - D = 15,2 mm","un",100.2908]
["M2451","Ancoragem passiva aderente para 8 cordoalhas - D = 12,7 mm","un",99.051699999999997]
["M2452","Ancoragem passiva aderente para 9 cordoalhas - D = 12,7 mm","un",124.345]
["M2453","Ancoragem passiva aderente para 9 cordoalhas - D = 15,2 mm","un",126.3349]
["M2454","Ancoragem passiva aderente para lajes para 1 cordoalha - D = 12,7 mm","un",17.9453]
["M2455","Ancoragem passiva aderente para lajes para 1 cordoalha - D = 15,2 mm","un",23.431699999999999]
["M2456","Ancoragem passiva aderente para lajes para 2 cordoalhas - D = 12,7 mm","un",21.121500000000001]
["M2457","Ancoragem passiva aderente para lajes para 2 cordoalhas - D = 15,2 mm","un",28.4834]
["M2458","Ancoragem passiva aderente para lajes para 3 cordoalhas - D = 12,7 mm","un",40.0702]
["M2459","Ancoragem passiva aderente para lajes para 3 cordoalhas - D = 15,2 mm","un",40.0702]
["M2460","Ancoragem passiva aderente para lajes para 4 cordoalhas - D = 12,7 mm","un",47.149900000000002]
["M2461","Ancoragem passiva aderente para lajes para 4 cordoalhas - D = 15,2 mm","un",60.752899999999997]
["M2462","Mangueira cristal trançada de PVC com pressão de trabalho de 1,50 MPa (250 psi) - D = 19,0 mm (3/4\")","m",9.5230999999999995]
["M2465","Bainha metálica para protensão - D = 40 mm","m",25.3733]
["M2466","Bainha metálica para protensão - D = 45 mm","m",27.868600000000001]
["M2467","Bainha metálica para protensão - D = 50 mm","m",30.069500000000001]
["M2468","Bainha metálica para protensão - D = 55 mm","m",32.708100000000002]
["M2469","Bainha metálica para protensão - D = 60 mm","m",37.414999999999999]
["M2470","Bainha metálica para protensão - D = 65 mm","m",38.754399999999997]
["M2471","Bainha metálica para protensão - D = 70 mm","m",42.232799999999997]
["M2472","Bainha metálica para protensão - D = 75 mm","m",43.525199999999998]
["M2473","Bainha metálica para protensão - D = 80 mm","m",47.392400000000002]
["M2474","Bainha metálica para protensão - D = 85 mm","m",50.233699999999999]
["M2475","Bainha metálica para protensão - D = 90 mm","m",58.171300000000002]
["M2476","Bainha metálica para protensão - D = 95 mm","m",62.0443]
["M2477","Bainha metálica para protensão - D = 100 mm","m",63.150300000000001]
["M2478","Bainha metálica para protensão - D = 110 mm","m",70.843199999999996]
["M2479","Bainha metálica para protensão - D = 120 mm","m",75.0852]
["M2480","Bainha metálica para protensão - D = 130 mm","m",78.426500000000004]
["M2481","Bainha metálica ovalizada para protensão - seção de 19 x 36 mm","m",24.212700000000002]
["M2482","Bainha metálica ovalizada para protensão - seção de 19 x 48 mm","m",26.765599999999999]
["M2483","Bainha metálica ovalizada para protensão - seção de 19 x 62 mm","m",30.1951]
["M2484","Bainha metálica ovalizada para protensão - seção de 22 x 32 mm","m",22.361699999999999]
["M2485","Bainha metálica ovalizada para protensão - seção de 22 x 55 mm","m",28.118200000000002]
["M2486","Bainha metálica ovalizada para protensão - seção de 22 x 73 mm","m",32.787700000000001]
["M2487","Espaçador plástico tipo centralizador carambola para grampo de barra de aço - D ≤ 25,4 mm","un",0.43390000000000001]
["M2488","Cinta para elevação de cargas tipo Grab com 1 ramal, anel de suspensão e gancho - C = 3 m a 5 m, capacidade de carga de 5.000 kg, F. S. = 4:1","un",1338.0807]
["M2489","Cinta para elevação de cargas tipo Grab com 2 ramais, anel de suspensão e ganchos - C = 3 m a 5 m, capacidade de carga de 5.000 kg, F. S. = 4:1","un",2907.6594]
["M2490","Cinta para elevação de cargas tipo sling com 1 ramal - C = 2 m a 3 m, capacidade de carga de 1.000 kg, F. S. = 7:1","un",43.233199999999997]
["M2500","Chapa metálica corrugada galvanizada para tunnel liner - E = 2,2 mm e D = 1,2 m","m",4249.8553000000002]
["M2501","Chapa metálica corrugada galvanizada para tunnel liner - E = 2,2 mm e D = 1,4 m","m",4825.3733000000002]
["M2502","Chapa metálica corrugada galvanizada para tunnel liner - E = 2,2 mm e D = 1,6 m","m",5710.7655000000004]
["M2503","Chapa metálica corrugada galvanizada para tunnel liner - E = 2,2 mm e D = 1,8 m","m",6515.6984000000002]
["M2504","Chapa metálica corrugada galvanizada para tunnel liner - E = 2,2 mm e D = 2,0 m","m",7180.6715999999997]
["M2505","Chapa metálica corrugada galvanizada para tunnel liner - E = 2,2 mm e D = 2,2 m","m",7934.5236999999997]
["M2506","Chapa metálica corrugada galvanizada para tunnel liner - E = 2,2 mm e D = 2,4 m","m",8555.1008000000002]
["M2507","Chapa metálica corrugada galvanizada para tunnel liner - E = 2,2 mm e D = 2,6 m","m",9308.4447]
["M2508","Chapa metálica corrugada galvanizada para tunnel liner - E = 2,2 mm e D = 2,8 m","m",9972.9737999999998]
["M2509","Chapa metálica corrugada galvanizada para tunnel liner - E = 2,2 mm e D = 3,0 m","m",10771.175499999999]
["M2510","Chapa metálica corrugada galvanizada para tunnel liner - E = 2,7 mm e D = 3,2 m","m",13476.9157]
["M2511","Chapa metálica corrugada galvanizada para tunnel liner - E = 2,7 mm e D = 3,4 m","m",14429.925800000001]
["M2512","Chapa metálica corrugada galvanizada para tunnel liner - E = 2,7 mm e D = 3,6 m","m",15166.918299999999]
["M2513","Chapa metálica corrugada galvanizada para tunnel liner - E = 2,7 mm e D = 3,8 m","m",16033.6654]
["M2514","Chapa metálica corrugada galvanizada para tunnel liner - E = 2,7 mm e D = 4,0 m","m",16796.040700000001]
["M2515","Chapa metálica corrugada galvanizada para tunnel liner - E = 3,4 mm e D = 4,2 m","m",20953.597099999999]
["M2516","Chapa metálica corrugada galvanizada para tunnel liner - E = 3,4 mm e D = 4,4 m","m",21861.6309]
["M2517","Chapa metálica corrugada galvanizada para tunnel liner - E = 3,4 mm e D = 4,6 m","m",22934.2304]
["M2518","Chapa metálica corrugada galvanizada para tunnel liner - E = 3,9 mm e D = 4,8 m","m",26596.591199999999]
["M2519","Chapa metálica corrugada galvanizada para tunnel liner - E = 3,9 mm e D = 5,0 m","m",27830.0059]
["M2520","Chapa metálica corrugada galvanizada revestida com epóxi para tunnel liner - E = 2,2 mm e D = 1,2 m","m",4553.0254000000004]
["M2521","Chapa metálica corrugada galvanizada revestida com epóxi para tunnel liner - E = 2,2 mm e D = 1,4 m","m",5169.5879000000004]
["M2522","Chapa metálica corrugada galvanizada revestida com epóxi para tunnel liner - E = 2,2 mm e D = 1,6 m","m",6118.1548000000003]
["M2523","Chapa metálica corrugada galvanizada revestida com epóxi para tunnel liner - E = 2,2 mm e D = 1,8 m","m",6979.9206999999997]
["M2524","Chapa metálica corrugada galvanizada revestida com epóxi para tunnel liner - E = 2,2 mm e D = 2,0 m","m",7692.2597999999998]
["M2525","Chapa metálica corrugada galvanizada revestida com epóxi para tunnel liner - E = 2,2 mm e D = 2,2 m","m",8499.8094999999994]
["M2526","Chapa metálica corrugada galvanizada revestida com epóxi para tunnel liner - E = 2,2 mm e D = 2,4 m","m",9164.5866000000005]
["M2527","Chapa metálica corrugada galvanizada revestida com epóxi para tunnel liner - E = 2,2 mm e D = 2,6 m","m",9971.6180000000004]
["M2528","Chapa metálica corrugada galvanizada revestida com epóxi para tunnel liner - E = 2,2 mm e D = 2,8 m","m",10683.5231]
["M2529","Chapa metálica corrugada galvanizada revestida com epóxi para tunnel liner - E = 2,2 mm e D = 3,0 m","m",11538.567999999999]
["M2530","Chapa metálica corrugada galvanizada revestida com epóxi para tunnel liner - E = 2,7 mm e D = 3,2 m","m",14145.907999999999]
["M2531","Chapa múltipla metálica corrugada galvanizada tipo MP 100 ou similar - E = 1,60 mm e D = 0,60 m","m",1426.1460999999999]
["M2532","Chapa múltipla metálica corrugada galvanizada tipo MP 100 ou similar - E = 1,60 mm e D = 0,70 m","m",1648.9827]
["M2533","Chapa múltipla metálica corrugada galvanizada tipo MP 100 ou similar - E = 1,60 mm e D = 0,80 m","m",1871.8217999999999]
["M2534","Chapa múltipla metálica corrugada galvanizada tipo MP 100 ou similar - E = 1,60 mm e D = 0,90 m","m",2050.0936000000002]
["M2535","Chapa múltipla metálica corrugada galvanizada tipo MP 100 ou similar - E = 1,60 mm e D = 1,00 m","m",2272.9322000000002]
["M2536","Chapa múltipla metálica corrugada galvanizada tipo MP 100 ou similar - E = 1,60 mm e D = 1,10 m","m",2584.9070000000002]
["M2537","Chapa múltipla metálica corrugada galvanizada tipo MP 100 ou similar - E = 1,60 mm e D = 1,20 m","m",2763.1813000000002]
["M2538","Chapa múltipla metálica corrugada galvanizada tipo MP 100 ou similar - E = 1,60 mm e D = 1,30 m","m",2986.0162999999998]
["M2539","Chapa múltipla metálica corrugada galvanizada tipo MP 100 ou similar - E = 1,60 mm e D = 1,40 m","m",3164.2864]
["M2540","Chapa múltipla metálica corrugada galvanizada tipo MP 100 ou similar - E = 1,60 mm e D = 1,50 m","m",3387.1019999999999]
["M2541","Chapa múltipla metálica corrugada galvanizada tipo MP 100 ou similar - E = 1,60 mm e D = 1,60 m","m",3609.9567000000002]
["M2542","Chapa múltipla metálica corrugada galvanizada tipo MP 100 ou similar - E = 1,60 mm e D = 1,70 m","m",3788.2257]
["M2543","Chapa múltipla metálica corrugada galvanizada tipo MP 100 ou similar - E = 1,60 mm e D = 1,80 m","m",4011.0441999999998]
["M2544","Chapa múltipla metálica corrugada galvanizada tipo MP 100 ou similar - E = 2,00 mm e D = 1,90 m","m",4709.9439000000002]
["M2545","Chapa múltipla metálica corrugada galvanizada tipo MP 100 ou similar - E = 2,00 mm e D = 2,00 m","m",4964.5559000000003]
["M2546","Chapa múltipla metálica corrugada galvanizada tipo MP 100 ou similar - E = 2,00 mm e D = 2,10 m","m",5303.9602000000004]
["M2547","Chapa múltipla metálica corrugada galvanizada tipo MP 100 ou similar - E = 2,00 mm e D = 2,20 m","m",5431.3063000000002]
["M2548","Chapa múltipla metálica corrugada galvanizada tipo MP 100 ou similar - E = 2,00 mm e D = 2,30 m","m",5643.4521000000004]
["M2549","Chapa múltipla metálica corrugada galvanizada tipo MP 100 ou similar - E = 2,70 mm e D = 2,40 m","m",7507.7665999999999]
["M2550","Chapa múltipla metálica corrugada galvanizada tipo MP 100 ou similar - E = 3,40 mm e D = 2,50 m","m",9518.9415000000008]
["M2551","Chapa múltipla metálica corrugada galvanizada tipo MP 100 ou similar - E = 3,40 mm e D = 2,60 m","m",10060.3434]
["M2552","Chapa múltipla metálica corrugada galvanizada tipo MP 100 ou similar - E = 3,40 mm e D = 2,70 m","m",10254.115100000001]
["M2553","Chapa múltipla metálica corrugada galvanizada tipo MP 100 ou similar - E = 3,40 mm e D = 2,80 m","m",10757.2017]
["M2554","Chapa múltipla metálica corrugada galvanizada tipo MP 152 ou similar - E = 2,70 mm e D = 1,50 m","m",7097.5805]
["M2555","Chapa múltipla metálica corrugada galvanizada tipo MP 152 ou similar - E = 2,70 mm e D = 1,80 m","m",8582.0730999999996]
["M2556","Chapa múltipla metálica corrugada galvanizada tipo MP 152 ou similar - E = 2,70 mm e D = 1,90 m","m",8860.4878000000008]
["M2557","Chapa múltipla metálica corrugada galvanizada tipo MP 152 ou similar - E = 2,70 mm e D = 2,15 m","m",10066.5879]
["M2558","Chapa múltipla metálica corrugada galvanizada tipo MP 152 ou similar - E = 2,70 mm e D = 2,30 m","m",10623.3069]
["M2559","Chapa múltipla metálica corrugada galvanizada tipo MP 152 ou similar - E = 2,70 mm e D = 2,65 m","m",12432.7323]
["M2560","Chapa múltipla metálica corrugada galvanizada tipo MP 152 ou similar - E = 2,70 mm e D = 3,05 m","m",14195.161099999999]
["M2561","Chapa múltipla metálica corrugada galvanizada tipo MP 152 ou similar - E = 2,70 mm e D = 3,20 m","m",15076.817999999999]
["M2562","Chapa múltipla metálica corrugada galvanizada tipo MP 152 ou similar - E = 2,70 mm e D = 3,40 m","m",15958.502500000001]
["M2563","Chapa múltipla metálica corrugada galvanizada tipo MP 152 ou similar - E = 2,70 mm e D = 3,65 m","m",17118.442800000001]
["M2564","Chapa múltipla metálica corrugada galvanizada tipo MP 152 ou similar - E = 2,70 mm e D = 3,80 m","m",17721.418799999999]
["M2565","Chapa múltipla metálica corrugada galvanizada tipo MP 152 ou similar - E = 2,70 mm e D = 4,20 m","m",19530.856100000001]
["M2566","Chapa múltipla metálica corrugada galvanizada tipo MP 152 ou similar - E = 2,70 mm e D = 4,60 m","m",21292.741699999999]
["M2567","Chapa múltipla metálica corrugada galvanizada tipo MP 152 ou similar - E = 3,40 mm e D = 4,80 m","m",24343.370999999999]
["M2568","Chapa múltipla metálica corrugada galvanizada tipo MP 152 ou similar - E = 3,40 mm e D = 5,00 m","m",25030.7271]
["M2569","Chapa múltipla metálica corrugada galvanizada tipo MP 152 ou similar - E = 3,90 mm e D = 5,35 m","m",31588.7703]
["M2570","Chapa múltipla metálica corrugada galvanizada tipo MP 152 ou similar - E = 3,90 mm e D = 5,70 m","m",33848.584799999997]
["M2571","Chapa múltipla metálica corrugada galvanizada tipo MP 152 ou similar - E = 4,70 mm e D = 6,10 m","m",41693.9015]
["M2572","Chapa múltipla metálica corrugada galvanizada tipo MP 152 ou similar - E = 6,40 mm e D = 6,50 m","m",49925.102200000001]
["M2573","Chapa múltipla metálica corrugada galvanizada tipo MP 152 ou similar - E = 6,40 mm e D = 6,85 m","m",52856.7716]
["M2574","Chapa múltipla metálica corrugada galvanizada tipo MP 152 ou similar - E = 6,40 mm e D = 7,25 m","m",55774.684800000003]
["M2580","Parafuso de cabeça sextavada em aço galvanizado com porca e arruela de pressão - D = 7,938 mm (5/16\")","cj",0.71179999999999999]
["M2597","Concreto usinado - fck = 40 MPa (comercial)","m³","-"]
["M2598","Concreto usinado - fck = 45 MPa (comercial)","m³","-"]
["M2599","Concreto usinado - fck = 50 MPa (comercial)","m³","-"]
["M2601","Aparelho de apoio metálico esférico fixo com 4 chumbadores e capacidade de 1.000 kN","un",5171.6189000000004]
["M2602","Aparelho de apoio metálico esférico unidirecional com 4 chumbadores e capacidade de 1.500 kN","un",11682.124900000001]
["M2603","Aparelho de apoio metálico esférico fixo com 4 chumbadores e capacidade de 1.500 kN","un",7987.9922999999999]
["M2604","Aparelho de apoio metálico esférico fixo com 4 chumbadores e capacidade de 2.000 kN","un",9863]
["M2605","Aparelho de apoio metálico esférico fixo com 4 chumbadores e capacidade de 2.500 kN","un",12328.6263]
["M2606","Aparelho de apoio metálico esférico fixo com 4 chumbadores e capacidade de 3.000 kN","un",14416.753699999999]
["M2607","Aparelho de apoio metálico esférico fixo com 4 chumbadores e capacidade de 3.500 kN","un",17152.082600000002]
["M2608","Aparelho de apoio metálico esférico fixo com 4 chumbadores e capacidade de 4.000 kN","un",20002.113799999999]
["M2609","Aparelho de apoio metálico esférico unidirecional com 4 chumbadores e capacidade de 1.000 kN","un",7959.1548000000003]
["M2610","Aparelho de apoio metálico esférico unidirecional com 4 chumbadores e capacidade de 2.000 kN","un",14270.5409]
["M2611","Aparelho de apoio metálico esférico unidirecional com 4 chumbadores e capacidade de 2.500 kN","un",17172.98]
["M2612","Aparelho de apoio metálico esférico unidirecional com 4 chumbadores e capacidade de 3.000 kN","un",20744.270700000001]
["M2613","Aparelho de apoio metálico esférico unidirecional com 4 chumbadores e capacidade de 3.500 kN","un",23825.792700000002]
["M2614","Aparelho de apoio metálico esférico unidirecional com 4 chumbadores e capacidade de 4.000 kN","un",31613.2893]
["M2615","Aparelho de apoio metálico esférico fixo com 4 chumbadores e capacidade de 4.500 kN","un",37568.856299999999]
["M2616","Aparelho de apoio metálico esférico fixo com 4 chumbadores e capacidade de 5.000 kN","un",41838.726600000002]
["M2617","Aparelho de apoio metálico esférico fixo com 4 chumbadores e capacidade de 5.500 kN","un",45660.283300000003]
["M2618","Aparelho de apoio metálico esférico fixo com 4 chumbadores e capacidade de 6.000 kN","un",49808.374499999998]
["M2619","Aparelho de apoio metálico esférico fixo com 4 chumbadores e capacidade de 6.500 kN","un",55903.489800000003]
["M2620","Aparelho de apoio metálico esférico fixo com 4 chumbadores e capacidade de 7.000 kN","un",58342.688199999997]
["M2621","Aparelho de apoio metálico esférico fixo com 4 chumbadores e capacidade de 7.500 kN","un",64615.088400000001]
["M2622","Aparelho de apoio metálico esférico fixo com 4 chumbadores e capacidade de 8.000 kN","un",69049.821400000001]
["M2623","Grelha metálica para boca de lobo com capacidade de até 300 kN - C = 0,90 m e L = 0,30 m","un",557.64380000000006]
["M2624","Grelha de piso em PVC para passagem de pedestres - C = 50 cm e L = 13 cm","un",67.837599999999995]
["M2625","Marco em PVC para grelha de piso - L = 2,50 m","un",69.684600000000003]
["M2626","Grelha de piso em PVC para passagem de veículos de até 3 t - C = 50 cm e L = 13 cm","un",91.993799999999993]
["M2627","Grelha de piso em PVC para passagem de veículos de até 10 t - C = 50 cm e L = 13 cm","un",133.85900000000001]
["M2628","Grelha de piso em PVC para passagem de pedestres - C = 50 cm e L = 20 cm","un",113.9371]
["M2629","Grelha de piso em PVC para passagem de veículos de até 3 t - C = 50 cm e L = 20 cm","un",135.49870000000001]
["M2631","Grelha metálica para canaletas - C = 1,00 m e L = 0,10 m","un",67.156099999999995]
["M2632","Grelha metálica para canaletas - C = 1,00 m e L = 0,15 m","un",134.0797]
["M2633","Porta-grelha metálica - C = 1,00 m e L = 0,15 m","m",93.187700000000007]
["M2634","Grelha metálica para canaletas - C = 1,00 m e L = 0,20 m","un",290.65440000000001]
["M2635","Porta-grelha metálica - C = 1,00 m e L = 0,20 m","m",90.971000000000004]
["M2636","Porta-grelha metálica - C = 1,00 m e L = 0,10 m","m",73.947999999999993]
["M2637","Aparelho de apoio metálico esférico fixo com 4 chumbadores e capacidade de 8.500 kN","un",72191.477599999998]
["M2638","Aparelho de apoio metálico esférico fixo com 4 chumbadores e capacidade de 9.000 kN","un",77663.498900000006]
["M2639","Aparelho de apoio metálico esférico fixo com 4 chumbadores e capacidade de 9.500 kN","un",82037.623000000007]
["M2640","Aparelho de apoio metálico esférico fixo com 4 chumbadores e capacidade de 10.000 kN","un",86937.683699999994]
["M2641","Aparelho de apoio metálico esférico unidirecional com 4 chumbadores e capacidade de 4.500 kN","un",46770.807200000003]
["M2642","Aparelho de apoio metálico esférico unidirecional com 4 chumbadores e capacidade de 5.000 kN","un",51810.287199999999]
["M2643","Aparelho de apoio metálico esférico unidirecional com 4 chumbadores e capacidade de 5.500 kN","un",56274.0023]
["M2644","Aparelho de apoio metálico esférico unidirecional com 4 chumbadores e capacidade de 6.000 kN","un",59593.290099999998]
["M2645","Aparelho de apoio metálico esférico unidirecional com 4 chumbadores e capacidade de 6.500 kN","un",67614.936900000001]
["M2646","Aparelho de apoio metálico esférico unidirecional com 4 chumbadores e capacidade de 7.000 kN","un",72633.377900000007]
["M2647","Aparelho de apoio metálico esférico unidirecional com 4 chumbadores e capacidade de 7.500 kN","un",78095.432400000005]
["M2648","Fincapino de ação direta e pino com furo - D = 6,35 mm (1/4\")","un",1.9226000000000001]
["M2649","Aparelho de apoio metálico esférico unidirecional com 4 chumbadores e capacidade de 8.000 kN","un",82959.256299999994]
["M2650","Aparelho de apoio metálico esférico unidirecional com 4 chumbadores e capacidade de 8.500 kN","un",89696.926800000001]
["M2651","Chapa múltipla metálica corrugada revestida em epóxi tipo MP 100 ou similar - E = 1,60 mm e D = 0,60 m","m",1515.2626]
["M2652","Chapa múltipla metálica corrugada revestida em epóxi tipo MP 100 ou similar - E = 1,60 mm e D = 0,70 m","m",1752.0209]
["M2653","Chapa múltipla metálica corrugada revestida em epóxi tipo MP 100 ou similar - E = 1,60 mm e D = 0,80 m","m",1988.7816]
["M2654","Chapa múltipla metálica corrugada revestida em epóxi tipo MP 100 ou similar - E = 1,60 mm e D = 0,90 m","m",2178.1867999999999]
["M2655","Chapa múltipla metálica corrugada revestida em epóxi tipo MP 100 ou similar - E = 1,60 mm e D = 1,00 m","m",2414.9569999999999]
["M2656","Chapa múltipla metálica corrugada revestida em epóxi tipo MP 100 ou similar - E = 1,60 mm e D = 1,10 m","m",2746.4301]
["M2657","Chapa múltipla metálica corrugada revestida em epóxi tipo MP 100 ou similar - E = 1,60 mm e D = 1,20 m","m",2935.8377]
["M2658","Chapa múltipla metálica corrugada revestida em epóxi tipo MP 100 ou similar - E = 1,60 mm e D = 1,30 m","m",3172.5944]
["M2659","Chapa múltipla metálica corrugada revestida em epóxi tipo MP 100 ou similar - E = 1,60 mm e D = 1,40 m","m",3362.0077999999999]
["M2660","Chapa múltipla metálica corrugada revestida em epóxi tipo MP 100 ou similar - E = 1,60 mm e D = 1,50 m","m",3598.7451000000001]
["M2661","Chapa múltipla metálica corrugada revestida em epóxi tipo MP 100 ou similar - E = 1,60 mm e D = 1,60 m","m",3835.5212999999999]
["M2662","Chapa múltipla metálica corrugada revestida em epóxi tipo MP 100 ou similar - E = 1,60 mm e D = 1,70 m","m",4024.9337]
["M2663","Chapa múltipla metálica corrugada revestida em epóxi tipo MP 100 ou similar - E = 1,60 mm e D = 1,80 m","m",4261.6737999999996]
["M2664","Chapa múltipla metálica corrugada revestida em epóxi tipo MP 100 ou similar - E = 2,00 mm e D = 1,90 m","m",5010.2921999999999]
["M2665","Chapa múltipla metálica corrugada revestida em epóxi tipo MP 100 ou similar - E = 2,00 mm e D = 2,00 m","m",5281.1328000000003]
["M2666","Chapa múltipla metálica corrugada revestida em epóxi tipo MP 100 ou similar - E = 2,00 mm e D = 2,10 m","m",5642.1818000000003]
["M2667","Chapa múltipla metálica corrugada revestida em epóxi tipo MP 100 ou similar - E = 2,00 mm e D = 2,20 m","m",5777.6522999999997]
["M2668","Chapa múltipla metálica corrugada revestida em epóxi tipo MP 100 ou similar - E = 2,00 mm e D = 2,30 m","m",6003.3184000000001]
["M2669","Chapa múltipla metálica corrugada revestida em epóxi tipo MP 100 ou similar - E = 2,70 mm e D = 2,40 m","m",8175.3634000000002]
["M2670","Chapa múltipla metálica corrugada revestida em epóxi tipo MP 100 ou similar - E = 3,40 mm e D = 2,50 m","m",10360.227800000001]
["M2671","Chapa múltipla metálica corrugada revestida em epóxi tipo MP 100 ou similar - E = 3,40 mm e D = 2,60 m","m",10949.513000000001]
["M2672","Chapa múltipla metálica corrugada revestida em epóxi tipo MP 100 ou similar - E = 3,40 mm e D = 2,70 m","m",11160.3958]
["M2673","Chapa múltipla metálica corrugada revestida em epóxi tipo MP 100 ou similar - E = 3,40 mm e D = 2,80 m","m",11707.9254]
["M2674","Chapa múltipla metálica corrugada revestida em epóxi tipo MP 152 ou similar - E = 2,70 mm e D = 1,50 m","m",7352.3225000000002]
["M2675","Chapa múltipla metálica corrugada revestida em epóxi tipo MP 152 ou similar - E = 2,70 mm e D = 1,80 m","m",8890.0944]
["M2676","Chapa múltipla metálica corrugada revestida em epóxi tipo MP 152 ou similar - E = 2,70 mm e D = 1,90 m","m",9178.4989999999998]
["M2677","Chapa múltipla metálica corrugada revestida em epóxi tipo MP 152 ou similar - E = 2,70 mm e D = 2,15 m","m",10427.8886]
["M2678","Chapa múltipla metálica corrugada revestida em epóxi tipo MP 152 ou similar - E = 2,70 mm e D = 2,30 m","m",11004.597299999999]
["M2679","Chapa múltipla metálica corrugada revestida em epóxi tipo MP 152 ou similar - E = 2,70 mm e D = 2,65 m","m",12878.946900000001]
["M2680","Chapa múltipla metálica corrugada revestida em epóxi tipo MP 152 ou similar - E = 2,70 mm e D = 3,05 m","m",14704.645]
["M2681","Chapa múltipla metálica corrugada revestida em epóxi tipo MP 152 ou similar - E = 2,70 mm e D = 3,20 m","m",15617.9365]
["M2682","Chapa múltipla metálica corrugada revestida em epóxi tipo MP 152 ou similar - E = 2,70 mm e D = 3,40 m","m",16531.2556]
["M2683","Chapa múltipla metálica corrugada revestida em epóxi tipo MP 152 ou similar - E = 2,70 mm e D = 3,65 m","m",17732.820400000001]
["M2684","Chapa múltipla metálica corrugada revestida em epóxi tipo MP 152 ou similar - E = 2,70 mm e D = 3,80 m","m",18357.4512]
["M2685","Chapa múltipla metálica corrugada revestida em epóxi tipo MP 152 ou similar - E = 2,70 mm e D = 4,20 m","m",20231.812600000001]
["M2686","Chapa múltipla metálica corrugada revestida em epóxi tipo MP 152 ou similar - E = 2,70 mm e D = 4,60 m","m",22056.967499999999]
["M2687","Chapa múltipla metálica corrugada revestida em epóxi tipo MP 152 ou similar - E = 3,40 mm e D = 4,80 m","m",28119.5556]
["M2688","Chapa múltipla metálica corrugada revestida em epóxi tipo MP 152 ou similar - E = 3,40 mm e D = 5,00 m","m",28913.550800000001]
["M2689","Chapa múltipla metálica corrugada revestida em epóxi tipo MP 152 ou similar - E = 3,90 mm e D = 5,35 m","m",35354.132599999997]
["M2690","Chapa múltipla metálica corrugada revestida em epóxi tipo MP 152 ou similar - E = 3,90 mm e D = 5,70 m","m",37883.2425]
["M2691","Chapa múltipla metálica corrugada revestida em epóxi tipo MP 152 ou similar - E = 4,70 mm e D = 6,10 m","m",46828.499199999998]
["M2692","Chapa múltipla metálica corrugada revestida em epóxi tipo MP 152 ou similar - E = 6,40 mm e D = 6,50 m","m",59999.585200000001]
["M2693","Chapa múltipla metálica corrugada revestida em epóxi tipo MP 152 ou similar - E = 6,40 mm e D = 6,85 m","m",63521.540200000003]
["M2694","Chapa múltipla metálica corrugada revestida em epóxi tipo MP 152 ou similar - E = 6,40 mm e D = 7,25 m","m",67029.718900000007]
["M2695","Aparelho de apoio metálico esférico unidirecional com 4 chumbadores e capacidade de 9.000 kN","un",95197.897100000002]
["M2696","Aparelho de apoio metálico esférico unidirecional com 4 chumbadores e capacidade de 9.500 kN","un",100762.6078]
["M2697","Aparelho de apoio metálico esférico unidirecional com 4 chumbadores e capacidade de 10.000 kN","un",105894.98510000001]
["M2698","Fincapino de ação indireta e pino liso - D = 6,35 mm (1/4\")","un",0.8387]
["M2700","Corpo de BSCC pré-moldado comercial - seção de 1,5 m x 1,5 m - tipo I","m",2449.2417999999998]
["M2701","Corpo de BSCC pré-moldado comercial - seção de 1,5 m x 1,5 m - tipo II","m",2577.6849000000002]
["M2702","Corpo de BSCC pré-moldado comercial - seção de 1,5 m x 1,5 m - tipo III","m",2640.3364999999999]
["M2703","Corpo de BSCC pré-moldado comercial - seção de 1,5 m x 1,5 m - tipo IV","m",2900.4304000000002]
["M2704","Corpo de BSCC pré-moldado comercial - seção de 1,5 m x 1,5 m - tipo V","m",3378.1882999999998]
["M2705","Corpo de BSCC pré-moldado comercial - seção de 1,5 m x 1,5 m - tipo VI","m",3509.9987999999998]
["M2706","Corpo de BSCC pré-moldado comercial - seção de 1,5 m x 1,5 m - tipo VII","m",3686.4059999999999]
["M2707","Corpo de BSCC pré-moldado comercial - seção de 2,0 m x 2,0 m - tipo I","m",3517.8728999999998]
["M2708","Corpo de BSCC pré-moldado comercial - seção de 2,0 m x 2,0 m - tipo II","m",3644.4697999999999]
["M2709","Corpo de BSCC pré-moldado comercial - seção de 2,0 m x 2,0 m - tipo III","m",3691.0382]
["M2710","Corpo de BSCC pré-moldado comercial - seção de 2,0 m x 2,0 m - tipo IV","m",4261.54]
["M2711","Corpo de BSCC pré-moldado comercial - seção de 2,0 m x 2,0 m - tipo V","m",4657.9012000000002]
["M2712","Corpo de BSCC pré-moldado comercial - seção de 2,0 m x 2,0 m - tipo VI","m",4748.9956000000002]
["M2713","Corpo de BSCC pré-moldado comercial - seção de 2,0 m x 2,0 m - tipo VII","m",5173.1071000000002]
["M2714","Corpo de BSCC pré-moldado comercial - seção de 2,5 m x 2,5 m - tipo I","m",4160.0923000000003]
["M2715","Corpo de BSCC pré-moldado comercial - seção de 2,5 m x 2,5 m - tipo II","m",4567.2253000000001]
["M2716","Corpo de BSCC pré-moldado comercial - seção de 2,5 m x 2,5 m - tipo III","m",5427.9461000000001]
["M2717","Corpo de BSCC pré-moldado comercial - seção de 2,5 m x 2,5 m - tipo IV","m",5842.2340000000004]
["M2718","Corpo de BSCC pré-moldado comercial - seção de 2,5 m x 2,5 m - tipo V","m",6055.5694000000003]
["M2719","Corpo de BSCC pré-moldado comercial - seção de 2,5 m x 2,5 m - tipo VI","m",6584.4875000000002]
["M2720","Corpo de BSCC pré-moldado comercial - seção de 2,5 m x 2,5 m - tipo VII","m",6744.4508999999998]
["M2721","Corpo de BSCC pré-moldado comercial - seção de 3,0 m x 3,0 m - tipo I","m",5812.2298000000001]
["M2722","Corpo de BSCC pré-moldado comercial - seção de 3,0 m x 3,0 m - tipo II","m",6740.9793]
["M2723","Corpo de BSCC pré-moldado comercial - seção de 3,0 m x 3,0 m - tipo III","m",7275.9378999999999]
["M2724","Corpo de BSCC pré-moldado comercial - seção de 3,0 m x 3,0 m - tipo IV","m",7692.0268999999998]
["M2725","Corpo de BSCC pré-moldado comercial - seção de 3,0 m x 3,0 m - tipo V","m",7794.3689000000004]
["M2726","Corpo de BSCC pré-moldado comercial - seção de 3,0 m x 3,0 m - tipo VI","m",8039.3410999999996]
["M2727","Corpo de BSCC pré-moldado comercial - seção de 3,0 m x 3,0 m - tipo VII","m",8250.1772000000001]
["M2728","Corpo de BSCC pré-moldado comercial - seção canal de 1,5 m x 1,5 m","m",2463.8283999999999]
["M2729","Corpo de BSCC pré-moldado comercial - seção canal de 2,0 m x 1,5 m","m",2587.4558000000002]
["M2730","Corpo de BSCC pré-moldado comercial - seção canal de 2,0 m x 2,0 m - tipo I","m",3465.8631]
["M2731","Corpo de BSCC pré-moldado comercial - seção canal de 2,0 m x 2,0 m - tipo II","m",3683.8852000000002]
["M2732","Corpo de BSCC pré-moldado comercial - seção canal de 2,5 m x 1,5 m","m",3182.5589]
["M2733","Corpo de BSCC pré-moldado comercial - seção canal de 2,5 m x 2,0 m - tipo I","m",4267.6680999999999]
["M2734","Corpo de BSCC pré-moldado comercial - seção canal de 2,5 m x 2,0 m - tipo II","m",4642.7811000000002]
["M2735","Corpo de BSCC pré-moldado comercial - seção canal de 3,0 m x 1,5 m","m",3516.9706000000001]
["M2736","Corpo de BSCC pré-moldado comercial - seção canal de 3,0 m x 2,0 m - tipo I","m",4739.7514000000001]
["M2737","Corpo de BSCC pré-moldado comercial - seção canal de 3,0 m x 2,0 m - tipo II","m",5174.5508]
["M2738","Aparelho de apoio metálico esférico multidirecional com 4 chumbadores e capacidade de 1.000 kN","un",10038.4938]
["M2739","Aparelho de apoio metálico esférico multidirecional com 4 chumbadores e capacidade de 1.500 kN","un",14236.538699999999]
["M2740","Aparelho de apoio metálico esférico multidirecional com 4 chumbadores e capacidade de 2.000 kN","un",18956.8377]
["M2741","Aparelho de apoio metálico esférico multidirecional com 4 chumbadores e capacidade de 2.500 kN","un",22633.472900000001]
["M2742","Aparelho de apoio metálico esférico multidirecional com 4 chumbadores e capacidade de 3.000 kN","un",25813.770400000001]
["M2743","Aparelho de apoio metálico esférico multidirecional com 4 chumbadores e capacidade de 3.500 kN","un",30098.161400000001]
["M2744","Aparelho de apoio metálico esférico multidirecional com 4 chumbadores e capacidade de 4.000 kN","un",30438.650099999999]
["M2745","Aparelho de apoio metálico esférico multidirecional com 4 chumbadores e capacidade de 4.500 kN","un",39785.515800000001]
["M2746","Aparelho de apoio metálico esférico multidirecional com 4 chumbadores e capacidade de 5.000 kN","un",44310.601199999997]
["M2747","Aparelho de apoio metálico esférico multidirecional com 4 chumbadores e capacidade de 5.500 kN","un",47996.6901]
["M2748","Aparelho de apoio metálico esférico multidirecional com 4 chumbadores e capacidade de 6.000 kN","un",54724.359900000003]
["M2749","Aparelho de apoio metálico esférico multidirecional com 4 chumbadores e capacidade de 6.500 kN","un",59153.338799999998]
["M2750","Aparelho de apoio metálico esférico multidirecional com 4 chumbadores e capacidade de 7.000 kN","un",63707.9205]
["M2751","Aparelho de apoio metálico esférico multidirecional com 4 chumbadores e capacidade de 7.500 kN","un",68743.411500000002]
["M2752","Aparelho de apoio metálico esférico multidirecional com 4 chumbadores e capacidade de 8.000 kN","un",73253.706699999995]
["M2753","Aparelho de apoio metálico esférico multidirecional com 4 chumbadores e capacidade de 8.500 kN","un",80523.806100000002]
["M2754","Aparelho de apoio metálico esférico multidirecional com 4 chumbadores e capacidade de 9.000 kN","un",84854.024900000004]
["M2755","Aparelho de apoio metálico esférico multidirecional com 4 chumbadores e capacidade de 9.500 kN","un",90134.873099999997]
["M2756","Aparelho de apoio metálico esférico multidirecional com 4 chumbadores e capacidade de 10.000 kN","un",94660.289199999999]
["M2757","Aparelho de apoio metálico elastomérico fixo com 4 chumbadores e capacidade de 700 kN","un",7271.3269]
["M2758","Aparelho de apoio metálico elastomérico fixo com 4 chumbadores e capacidade de 1.500 kN","un",10390.043900000001]
["M2759","Aparelho de apoio metálico elastomérico fixo com 4 chumbadores e capacidade de 2.500 kN","un",16737.957699999999]
["M2760","Aparelho de apoio metálico elastomérico fixo com 4 chumbadores e capacidade de 4.000 kN","un",27070.734499999999]
["M2761","Aparelho de apoio metálico elastomérico fixo com 4 chumbadores e capacidade de 5.500 kN","un",36646.476799999997]
["M2762","Aparelho de apoio metálico elastomérico fixo com 4 chumbadores e capacidade de 7.500 kN","un",50471.023200000003]
["M2763","Aparelho de apoio metálico elastomérico fixo com 4 chumbadores e capacidade de 10.000 kN","un",68548.013200000001]
["M2764","Aparelho de apoio metálico elastomérico unidirecional com 4 chumbadores e capacidade de 700 kN","un",5066.5364]
["M2765","Aparelho de apoio metálico elastomérico unidirecional com 4 chumbadores e capacidade de 1.500 kN","un",8315.3399000000009]
["M2766","Aparelho de apoio metálico elastomérico unidirecional com 4 chumbadores e capacidade de 2.500 kN","un",11935.142599999999]
["M2767","Aparelho de apoio metálico elastomérico unidirecional com 4 chumbadores e capacidade de 4.000 kN","un",20155.2192]
["M2768","Aparelho de apoio metálico elastomérico unidirecional com 4 chumbadores e capacidade de 5.500 kN","un",26474.3982]
["M2769","Aparelho de apoio metálico elastomérico unidirecional com 4 chumbadores e capacidade de 7.500 kN","un",36764.111499999999]
["M2770","Aparelho de apoio metálico elastomérico unidirecional com 4 chumbadores e capacidade de 10.000 kN","un",48880.289100000002]
["M2771","Aparelho de apoio metálico elastomérico multidirecional com 4 chumbadores e capacidade de 700 kN","un",3915.1658000000002]
["M2772","Aparelho de apoio metálico elastomérico multidirecional com 4 chumbadores e capacidade de 1.500 kN","un",6886.7093999999997]
["M2773","Aparelho de apoio metálico elastomérico multidirecional com 4 chumbadores e capacidade de 2.500 kN","un",9827.4757000000009]
["M2774","Aparelho de apoio metálico elastomérico multidirecional com 4 chumbadores e capacidade de 4.000 kN","un",16156.506600000001]
["M2775","Aparelho de apoio metálico elastomérico multidirecional com 4 chumbadores e capacidade de 5.500 kN","un",23144.892100000001]
["M2776","Aparelho de apoio metálico elastomérico multidirecional com 4 chumbadores e capacidade de 7.500 kN","un",32823.260799999996]
["M2777","Aparelho de apoio metálico elastomérico multidirecional com 4 chumbadores e capacidade de 10.000 kN","un",44917.855300000003]
["M2780","Chapa metálica corrugada galvanizada para tunnel liner - E = 2,7 mm e D = 1,2 m","m",5113.3019000000004]
["M2781","Chapa metálica corrugada galvanizada para tunnel liner - E = 2,7 mm e D = 1,4 m","m",5763.308]
["M2782","Chapa metálica corrugada galvanizada para tunnel liner - E = 2,7 mm e D = 1,6 m","m",6716.6337999999996]
["M2783","Chapa metálica corrugada galvanizada para tunnel liner - E = 2,7 mm e D = 1,8 m","m",7669.9579000000003]
["M2784","Chapa metálica corrugada galvanizada para tunnel liner - E = 2,7 mm e D = 2,0 m","m",8450.0846000000001]
["M2785","Chapa metálica corrugada galvanizada para tunnel liner - E = 3,4 mm e D = 2,2 m","m",11012.7636]
["M2786","Chapa metálica corrugada galvanizada para tunnel liner - E = 3,4 mm e D = 2,4 m","m",11920.2868]
["M2787","Chapa metálica corrugada galvanizada para tunnel liner - E = 3,4 mm e D = 2,6 m","m",12992.8303]
["M2788","Chapa metálica corrugada galvanizada para tunnel liner - E = 3,4 mm e D = 2,8 m","m",13900.0771]
["M2789","Chapa metálica corrugada galvanizada para tunnel liner - E = 3,4 mm e D = 3,0 m","m",14972.8722]
["M2790","Chapa metálica corrugada galvanizada para tunnel liner - E = 3,4 mm e D = 3,2 m","m",15880.2904]
["M2791","Chapa metálica corrugada galvanizada para tunnel liner - E = 3,9 mm e D = 3,4 m","m",18934.646400000001]
["M2792","Chapa metálica corrugada galvanizada para tunnel liner - E = 3,9 mm e D = 3,6 m","m",19971.2559]
["M2793","Chapa metálica corrugada galvanizada para tunnel liner - E = 3,9 mm e D = 3,8 m","m",21206.678500000002]
["M2794","Chapa metálica corrugada galvanizada para tunnel liner - E = 3,9 mm e D = 4,0 m","m",22164.084200000001]
["M2795","Chapa metálica corrugada galvanizada para tunnel liner - E = 3,9 mm e D = 4,2 m","m",23359.786599999999]
["M2796","Chapa metálica corrugada galvanizada para tunnel liner - E = 3,9 mm e D = 4,4 m","m",24435.289700000001]
["M2797","Chapa metálica corrugada galvanizada para tunnel liner - E = 3,9 mm e D = 4,6 m","m",25550.944899999999]
["M2798","Chapa metálica corrugada galvanizada para tunnel liner - E = 4,7 mm e D = 4,8 m","m",30467.201000000001]
["M2799","Chapa metálica corrugada galvanizada para tunnel liner - E = 4,7 mm e D = 5,0 m","m",32396.120800000001]
["M2800","Chapa metálica corrugada galvanizada revestida com epóxi para tunnel liner - E = 2,7 mm e D = 1,2 m","m",5367.1361999999999]
["M2801","Chapa metálica corrugada galvanizada revestida com epóxi para tunnel liner - E = 2,7 mm e D = 1,4 m","m",6049.4031000000004]
["M2802","Chapa metálica corrugada galvanizada revestida com epóxi para tunnel liner - E = 2,7 mm e D = 1,6 m","m",7050.0545000000002]
["M2803","Chapa metálica corrugada galvanizada revestida com epóxi para tunnel liner - E = 2,7 mm e D = 1,8 m","m",8050.7043999999996]
["M2804","Chapa metálica corrugada galvanizada revestida com epóxi para tunnel liner - E = 2,7 mm e D = 2,0 m","m",8869.5439999999999]
["M2805","Chapa metálica corrugada galvanizada revestida com epóxi para tunnel liner - E = 3,4 mm e D = 2,2 m","m",11896.656300000001]
["M2806","Chapa metálica corrugada galvanizada revestida com epóxi para tunnel liner - E = 3,4 mm e D = 2,4 m","m",12877.0123]
["M2807","Chapa metálica corrugada galvanizada revestida com epóxi para tunnel liner - E = 3,4 mm e D = 2,6 m","m",14035.6245]
["M2808","Chapa metálica corrugada galvanizada revestida com epóxi para tunnel liner - E = 3,4 mm e D = 2,8 m","m",15015.704100000001]
["M2809","Chapa metálica corrugada galvanizada revestida com epóxi para tunnel liner - E = 3,4 mm e D = 3,0 m","m",16174.5679]
["M2810","Chapa metálica corrugada galvanizada revestida com epóxi para tunnel liner - E = 3,4 mm e D = 3,2 m","m",17154.818899999998]
["M2811","Chapa múltipla metálica corrugada galvanizada tipo MP 152 lenticular ou similar - E = 2,70 mm, H = 1,40 m e vão = 1,95 m","m",8510.2327000000005]
["M2812","Chapa múltipla metálica corrugada galvanizada tipo MP 152 lenticular ou similar - E = 2,70 mm, H = 1,50 m e vão = 2,15 m","m",9403.5894000000008]
["M2813","Chapa múltipla metálica corrugada galvanizada tipo MP 152 lenticular ou similar - E = 2,70 mm, H = 1,60 m e vão = 2,30 m","m",10030.4301]
["M2814","Chapa múltipla metálica corrugada galvanizada tipo MP 152 lenticular ou similar - E = 2,70 mm, H = 1,65 m e vão = 2,55 m","m",10641.870500000001]
["M2815","Chapa múltipla metálica corrugada galvanizada tipo MP 152 lenticular ou similar - E = 2,70 mm, H = 1,85 m e vão = 2,70 m","m",11535.0262]
["M2816","Chapa múltipla metálica corrugada galvanizada tipo MP 152 lenticular ou similar - E = 2,70 mm, H = 1,90 m e vão = 2,75 m","m",11848.508099999999]
["M2817","Chapa múltipla metálica corrugada galvanizada tipo MP 152 lenticular ou similar - E = 2,70 mm, H = 2,00 m e vão = 3,00 m","m",12459.788500000001]
["M2818","Chapa múltipla metálica corrugada galvanizada tipo MP 152 lenticular ou similar - E = 2,70 mm, H = 2,10 m e vão = 3,20 m","m",13071.0021]
["M2819","Chapa múltipla metálica corrugada galvanizada tipo MP 152 lenticular ou similar - E = 2,70 mm, H = 2,15 m e vão = 3,35 m","m",13682.0826]
["M2820","Chapa múltipla metálica corrugada galvanizada tipo MP 152 lenticular ou similar - E = 2,70 mm, H = 2,25 m e vão = 3,55 m","m",14293.462299999999]
["M2821","Chapa múltipla metálica corrugada galvanizada tipo MP 152 lenticular ou similar - E = 2,70 mm, H = 2,35 m e vão = 3,70 m","m",15186.904200000001]
["M2822","Chapa múltipla metálica corrugada galvanizada tipo MP 152 lenticular ou similar - E = 2,70 mm, H = 2,45 m e vão = 3,90 m","m",15814.089400000001]
["M2823","Chapa múltipla metálica corrugada galvanizada tipo MP 152 lenticular ou similar - E = 2,70 mm, H = 2,55 m e vão = 4,00 m","m",16425.318800000001]
["M2824","Chapa múltipla metálica corrugada galvanizada tipo MP 152 lenticular ou similar - E = 2,70 mm, H = 2,80 m e vão = 4,15 m","m",17036.0622]
["M2825","Chapa múltipla metálica corrugada galvanizada tipo MP 152 lenticular ou similar - E = 2,70 mm, H = 2,90 m e vão = 4,40 m","m",17647.8161]
["M2826","Chapa múltipla metálica corrugada galvanizada tipo MP 152 lenticular ou similar - E = 2,70 mm, H = 3,00 m e vão = 4,60 m","m",18556.9136]
["M2827","Chapa múltipla metálica corrugada galvanizada tipo MP 152 lenticular ou similar - E = 3,40 mm, H = 3,05 m e vão = 4,80 m","m",23064.8613]
["M2828","Chapa múltipla metálica corrugada galvanizada tipo MP 152 lenticular ou similar - E = 3,40 mm, H = 3,15 m e vão = 5,05 m","m",24141.499800000001]
["M2829","Chapa múltipla metálica corrugada galvanizada tipo MP 152 lenticular ou similar - E = 3,40 mm, H = 3,25 m e vão = 5,25 m","m",24900.3855]
["M2830","Chapa múltipla metálica corrugada galvanizada tipo MP 152 lenticular ou similar - E = 3,90 mm, H = 3,35 m e vão = 5,45 m","m",28500.716799999998]
["M2831","Chapa múltipla metálica corrugada galvanizada tipo MP 152 lenticular ou similar - E = 3,90 mm, H = 3,40 m e vão = 5,60 m","m",28924.068299999999]
["M2832","Chapa múltipla metálica corrugada galvanizada tipo MP 152 lenticular ou similar - E = 4,70 mm, H = 3,50 m e vão = 5,80 m","m",34727.007400000002]
["M2833","Chapa múltipla metálica corrugada galvanizada tipo MP 152 lenticular ou similar - E = 4,70 mm, H = 3,55 m e vão = 5,90 m","m",35212.423699999999]
["M2834","Chapa múltipla metálica corrugada galvanizada tipo MP 152 lenticular ou similar - E = 4,70 mm, H = 3,65 m e vão = 6,10 m","m",36566.037499999999]
["M2835","Chapa múltipla metálica corrugada galvanizada tipo MP 152 lenticular ou similar - E = 4,70 mm, H = 3,65 m e vão = 6,25 m","m",37051.918799999999]
["M2836","Chapa múltipla metálica corrugada galvanizada tipo MP 152 lenticular ou similar - E = 6,40 mm, H = 3,75 m e vão = 6,40 m","m",50786.362000000001]
["M2837","Chapa múltipla metálica corrugada galvanizada tipo MP 152 lenticular ou similar - E = 6,40 mm, H = 3,85 m e vão = 6,60 m","m",52570.027499999997]
["M2838","Chapa múltipla metálica corrugada galvanizada tipo MP 152 ou similar para passagem de gado - E = 2,70 mm, H = 2,25 m e vão = 2,20 m","m",11566.5435]
["M2839","Chapa múltipla metálica corrugada galvanizada tipo MP 152 ou similar para passagem de gado - E = 2,70 mm, H = 3,10 m e vão = 2,90 m","m",15186.904200000001]
["M2840","Chapa múltipla metálica corrugada galvanizada tipo MP 152 ou similar para passagem inferior - E = 2,70 mm, H = 3,50 m e vão = 3,70 m","m",17632.229500000001]
["M2841","Chapa múltipla metálica corrugada galvanizada tipo MP 152 ou similar para passagem inferior - E = 2,70 mm, H = 3,60 m e vão = 3,90 m","m",18541.337]
["M2842","Chapa múltipla metálica corrugada galvanizada tipo MP 152 ou similar para passagem inferior - E = 2,70 mm, H = 3,75 m e vão = 4,00 m","m",19151.9329]
["M2843","Chapa múltipla metálica corrugada galvanizada tipo MP 152 ou similar para passagem inferior - E = 2,70 mm, H = 3,90 m e vão = 4,20 m","m",19763.7202]
["M2844","Chapa múltipla metálica corrugada galvanizada tipo MP 152 ou similar para passagem inferior - E = 2,70 mm, H = 4,10 m e vão = 4,25 m","m",20374.701499999999]
["M2845","Chapa múltipla metálica corrugada galvanizada tipo MP 152 ou similar para passagem inferior - E = 2,70 mm, H = 4,25 m e vão = 4,40 m","m",21284.357400000001]
["M2846","Chapa múltipla metálica corrugada galvanizada tipo MP 152 ou similar para passagem inferior - E = 2,70 mm, H = 4,40 m e vão = 4,50 m","m",21894.601900000001]
["M2847","Chapa múltipla metálica corrugada galvanizada tipo MP 152 ou similar para passagem inferior - E = 3,40 mm, H = 4,50 m e vão = 4,70 m","m",27099.815299999998]
["M2848","Chapa múltipla metálica corrugada galvanizada tipo MP 152 ou similar para passagem inferior - E = 3,40 mm, H = 4,75 m e vão = 4,80 m","m",28478.257399999999]
["M2849","Chapa múltipla metálica corrugada galvanizada tipo MP 152 ou similar para passagem inferior - E = 3,40 mm, H = 4,85 m e vão = 5,00 m","m",29236.713800000001]
["M2850","Chapa múltipla metálica corrugada galvanizada tipo MP 152 ou similar para passagem inferior - E = 3,40 mm, H = 4,90 m e vão = 5,15 m","m",29995.452799999999]
["M2851","Chapa múltipla metálica corrugada galvanizada tipo MP 152 ou similar para passagem inferior - E = 3,40 mm, H = 5,00 m e vão = 5,25 m","m",30359.862000000001]
["M2852","Chapa múltipla metálica corrugada galvanizada tipo MP 152 ou similar para passagem inferior - E = 3,40 mm, H = 5,30 m e vão = 5,30 m","m",31755.050599999999]
["M2853","Chapa múltipla metálica corrugada galvanizada tipo MP 152 ou similar para passagem inferior - E = 3,90 mm, H = 5,25 m e vão = 5,65 m","m",36432.092100000002]
["M2854","Chapa múltipla metálica corrugada galvanizada tipo MP 152 ou similar para passagem inferior - E = 4,70 mm, H = 5,30 m e vão = 5,85 m","m",43319.0458]
["M2855","Chapa múltipla metálica corrugada galvanizada tipo MP 152 ou similar para passagem inferior - E = 4,70 mm, H = 5,45 m e vão = 6,00 m","m",44288.119899999998]
["M2856","Chapa múltipla metálica corrugada galvanizada tipo MP 152 ou similar para passagem inferior - E = 4,70 mm, H = 5,50 m e vão = 6,25 m","m",45271.642599999999]
["M2857","Chapa múltipla metálica corrugada galvanizada de arco alto tipo MP 152S ou similar - E = 4,70 mm, H = 2,77 m e vão = 6,12 m","m",26458.631300000001]
["M2858","Chapa múltipla metálica corrugada galvanizada de arco alto tipo MP 152S ou similar - E = 4,70 mm, H = 3,68 m e vão = 6,30 m","m",31045.757399999999]
["M2859","Chapa múltipla metálica corrugada galvanizada de arco alto tipo MP 152S ou similar - E = 4,70 mm, H = 3,56 m e vão = 6,55 m","m",31030.504499999999]
["M2860","Chapa múltipla metálica corrugada galvanizada de arco alto tipo MP 152S ou similar - E = 4,70 mm, H = 4,42 m e vão = 6,96 m","m",36853.787900000003]
["M2861","Chapa múltipla metálica corrugada galvanizada de arco alto tipo MP 152S ou similar - E = 4,70 mm, H = 3,61 m e vão = 6,78 m","m",32611.640800000001]
["M2862","Chapa múltipla metálica corrugada galvanizada de arco alto tipo MP 152S ou similar - E = 4,70 mm, H = 4,27 m e vão = 6,99 m","m",36727.339699999997]
["M2863","Chapa múltipla metálica corrugada galvanizada de arco alto tipo MP 152S ou similar - E = 4,70 mm, H = 3,63 m e vão = 7,01 m","m",33167.695899999999]
["M2864","Chapa múltipla metálica corrugada galvanizada de arco alto tipo MP 152S ou similar - E = 4,70 mm, H = 4,52 m e vão = 7,42 m","m",38366.433100000002]
["M2865","Chapa múltipla metálica corrugada galvanizada de arco alto tipo MP 152S ou similar - E = 4,70 mm, H = 3,68 m e vão = 7,24 m","m",33708.032399999996]
["M2866","Chapa múltipla metálica corrugada galvanizada de arco alto tipo MP 152S ou similar - E = 4,70 mm, H = 4,19 m e vão = 7,47 m","m",36442.828699999998]
["M2867","Chapa múltipla metálica corrugada galvanizada de arco alto tipo MP 152S ou similar - E = 4,70 mm, H = 4,60 m e vão = 7,85 m","m",39461.011299999998]
["M2868","Chapa múltipla metálica corrugada galvanizada de arco alto tipo MP 152S ou similar - E = 4,70 mm, H = 3,99 m e vão = 7,67 m","m",35901.9692]
["M2869","Chapa múltipla metálica corrugada galvanizada de arco alto tipo MP 152S ou similar - E = 4,70 mm, H = 4,65 m e vão = 8,08 m","m",40002.521399999998]
["M2870","Chapa múltipla metálica corrugada galvanizada de arco alto tipo MP 152S ou similar - E = 4,70 mm, H = 4,04 m e vão = 7,90 m","m",36853.787900000003]
["M2871","Chapa múltipla metálica corrugada galvanizada de arco alto tipo MP 152S ou similar - E = 4,70 mm, H = 4,70 m e vão = 8,31 m","m",40970.952799999999]
["M2872","Chapa múltipla metálica corrugada galvanizada de arco alto tipo MP 152S ou similar - E = 4,70 mm, H = 4,11 m e vão = 8,36 m","m",37951.656499999997]
["M2873","Chapa múltipla metálica corrugada galvanizada de arco alto tipo MP 152S ou similar - E = 4,70 mm, H = 5,00 m e vão = 8,97 m","m",43150.194000000003]
["M2874","Chapa múltipla metálica corrugada galvanizada de arco alto tipo MP 152S ou similar - E = 4,70 mm, H = 4,39 m e vão = 8,59 m","m",39587.459499999997]
["M2875","Chapa múltipla metálica corrugada galvanizada de arco alto tipo MP 152S ou similar - E = 4,70 mm, H = 5,49 m e vão = 9,17 m","m",45884.410900000003]
["M2876","Chapa múltipla metálica corrugada galvanizada de arco alto tipo MP 152S ou similar - E = 4,70 mm, H = 4,70 m e vão = 9,22 m","m",43023.745799999997]
["M2877","Chapa múltipla metálica corrugada galvanizada de arco alto tipo MP 152S ou similar - E = 4,70 mm, H = 5,59 m e vão = 9,63 m","m",47391.628100000002]
["M2878","Chapa múltipla metálica corrugada galvanizada de arco alto tipo MP 152S ou similar - E = 4,70 mm, H = 4,75 m e vão = 9,45 m","m",43561.153200000001]
["M2879","Chapa múltipla metálica corrugada galvanizada de arco alto tipo MP 152S ou similar - E = 4,70 mm, H = 5,41 m e vão = 9,65 m","m",46854.220699999998]
["M2880","Chapa múltipla metálica corrugada galvanizada de arco alto tipo MP 152S ou similar - E = 4,70 mm, H = 6,07 m e vão = 9,86 m","m",50957.435799999999]
["M2881","Chapa múltipla metálica corrugada galvanizada de arco alto tipo MP 152S ou similar - E = 4,70 mm, H = 5,23 m e vão = 9,68 m","m",46295.37]
["M2882","Chapa múltipla metálica corrugada galvanizada de arco alto tipo MP 152S ou similar - E = 4,70 mm, H = 6,12 m e vão = 10,08 m","m",51494.843200000003]
["M2883","Chapa múltipla metálica corrugada galvanizada de arco alto tipo MP 152S ou similar - E = 4,70 mm, H = 5,28 m e vão = 9,91 m","m",46854.220699999998]
["M2884","Chapa múltipla metálica corrugada galvanizada de arco alto tipo MP 152S ou similar - E = 4,70 mm, H = 6,17 m e vão = 10,31 m","m",52055.133900000001]
["M2885","Chapa múltipla metálica corrugada galvanizada de arco alto tipo MP 152S ou similar - E = 4,70 mm, H = 5,38 m e vão = 10,36 m","m",48345.881200000003]
["M2886","Chapa múltipla metálica corrugada galvanizada de arco alto tipo MP 152S ou similar - E = 4,70 mm, H = 6,05 m e vão = 10,54 m","m",52466.093099999998]
["M2887","Chapa múltipla metálica corrugada galvanizada de arco alto tipo MP 152S ou similar - E = 4,70 mm, H = 6,48 m e vão = 10,74 m","m",54646.770700000001]
["M2888","Chapa múltipla metálica corrugada galvanizada de arco alto tipo MP 152S ou similar - E = 4,70 mm, H = 7,12 m e vão = 11,35 m","m",58757.453800000003]
["M2889","Chapa múltipla metálica corrugada galvanizada de arco alto tipo MP 152S ou similar - E = 6,40 mm, H = 5,41 m e vão = 10,57 m","m",64739.449000000001]
["M2890","Chapa múltipla metálica corrugada galvanizada de arco alto tipo MP 152S ou similar - E = 6,40 mm, H = 6,10 m e vão = 10,77 m","m",70184.946100000001]
["M2891","Chapa múltipla metálica corrugada galvanizada de arco alto tipo MP 152S ou similar - E = 6,40 mm, H = 6,53 m e vão = 10,97 m","m",73146.6397]
["M2892","Chapa múltipla metálica corrugada galvanizada de arco alto tipo MP 152S ou similar - E = 6,40 mm, H = 7,16 m e vão = 11,58 m","m",78600.226599999995]
["M2893","Chapa múltipla metálica corrugada galvanizada tipo MP 152S ovoide ou similar - E = 4,70 mm, H = 7,82 m e vão = 7,21 m","m",62381.775300000001]
["M2894","Chapa múltipla metálica corrugada galvanizada tipo MP 152S ovoide ou similar - E = 4,70 mm, H = 7,87 m e vão = 7,31 m","m",64700.337699999996]
["M2895","Chapa múltipla metálica corrugada galvanizada tipo MP 152S ovoide ou similar - E = 4,70 mm, H = 7,90 m e vão = 7,77 m","m",65790.959799999997]
["M2896","Chapa múltipla metálica corrugada galvanizada tipo MP 152S ovoide ou similar - E = 4,70 mm, H = 8,44 m e vão = 7,57 m","m",67035.376199999999]
["M2897","Chapa múltipla metálica corrugada galvanizada tipo MP 152S ovoide ou similar - E = 4,70 mm, H = 8,23 m e vão = 8,36 m","m",70257.774900000004]
["M2898","Chapa múltipla metálica corrugada galvanizada tipo MP 152S ovoide ou similar - E = 4,70 mm, H = 8,01 m e vão = 8,13 m","m",70177.280199999994]
["M2899","Chapa múltipla metálica corrugada galvanizada tipo MP 152S ovoide ou similar - E = 4,70 mm, H = 8,48 m e vão = 8,56 m","m",70388.124100000001]
["M2900","Chapa múltipla metálica corrugada galvanizada tipo MP 152S ovoide ou similar - E = 4,70 mm, H = 9,32 m e vão = 8,71 m","m",75798.962799999994]
["M2901","Chapa múltipla metálica corrugada galvanizada tipo MP 152S ovoide ou similar - E = 4,70 mm, H = 9,04 m e vão = 9,15 m","m",76336.370200000005]
["M2902","Chapa múltipla metálica corrugada galvanizada tipo MP 152S ovoide ou similar - E = 4,70 mm, H = 9,50 m e vão = 9,15 m","m",76542.464300000007]
["M2908","Terminal absorvedor de energia de abertura com nível de contenção TL3 para defensa metálica","un",45302.7745]
["M2909","Terminal absorvedor de energia de não abertura com nível de contenção TL3 para defensa metálica","un",61658.695500000002]
["M2979","Chumbador em aço CA 25","kg",7.2126999999999999]
["M3089","Arame liso em aço galvanizado - D = 1,24 mm (18 BWG)","kg",23.999700000000001]
["M3091","Porca sextavada em aço para ancoragem de tirantes - 20 mm ≤ D ≤ 40 mm","un",33.659599999999998]
["M3093","Tela de poliamida - malha de 60 fios/cm","m²",19.1449]
["M3094","Tirante de barra de aço - tensão de escoamento = 500 MPa, tensão de ruptura = 550 MPa e D = 32 mm","m",129.19900000000001]
["M3095","Válvula manchete - D = 20 mm","un",2.3956]
["M3126","Barra chata em aço galvanizado","kg",10.8789]
["M3127","Luva para bainha metálica - D = 30 mm","un",3.7105999999999999]
["M3128","Luva para bainha metálica - D = 35 mm","un",3.7515000000000001]
["M3129","Luva para bainha metálica - D = 40 mm","un",4.1379999999999999]
["M3130","Luva para bainha metálica - D = 45 mm","un",5.2321]
["M3131","Luva para bainha metálica - D = 50 mm","un",5.5959000000000003]
["M3132","Luva para bainha metálica - D = 55 mm","un",6.3868999999999998]
["M3133","Luva para bainha metálica - D = 60 mm","un",6.7995000000000001]
["M3134","Luva para bainha metálica - D = 65 mm","un",7.3493000000000004]
["M3135","Luva para bainha metálica - D = 70 mm","un",7.3771000000000004]
["M3136","Luva para bainha metálica - D = 75 mm","un",8.2690000000000001]
["M3137","Luva para bainha metálica - D = 80 mm","un",8.5280000000000005]
["M3138","Luva para bainha metálica - D = 85 mm","un",8.7982999999999993]
["M3139","Luva para bainha metálica - D = 90 mm","un",9.7146000000000008]
["M3140","Luva para bainha metálica - D = 95 mm","un",10.234500000000001]
["M3141","Luva para bainha metálica - D = 100 mm","un",10.717700000000001]
["M3142","Luva para bainha metálica - D = 110 mm","un",11.8423]
["M3143","Luva para bainha metálica - D = 120 mm","un",12.9626]
["M3144","Luva para bainha metálica - D = 130 mm","un",14.957100000000001]
["M3145","Luva para bainha metálica ovalizada de 19 x 36 mm","un",8.9520999999999997]
["M3146","Luva para bainha metálica ovalizada de 19 x 48 mm","un",9.5297000000000001]
["M3147","Luva para bainha metálica ovalizada de 19 x 62 mm","un",9.9669000000000008]
["M3148","Luva para bainha metálica ovalizada de 22 x 32 mm","un",10.597899999999999]
["M3149","Luva para bainha metálica ovalizada de 22 x 55 mm","un",10.9153]
["M3150","Luva para bainha metálica ovalizada de 22 x 73 mm","un",11.6175]
["M3153","Tinta em pó à base de resina poliéster","kg",67.997500000000002]
["M3170","Apoio de neoprene não fretado - C = 100 mm, L = 100 mm e E = 20 mm","un",24.6128]
["M3171","Porca sextavada em aço galvanizado para parafuso - D = 9,525 mm (3/8\")","un",0.33019999999999999]
["M3172","Porca sextavada em aço galvanizado para parafuso - D = 12 mm (M12)","un",0.64649999999999996]
["M3173","Parafuso de cabeça sextavada em aço galvanizado, classe 8.8 - D = 12 mm (M12) e C = 30 mm","un",2.0798999999999999]
["M3174","Ligação tipo barra chata em aço galvanizado para contenção - L = 45 mm e E = 4 mm","kg",17.531400000000001]
["M3177","Fita metálica SAE 1010/1020 para solo reforçado - L = 50 mm e E = 4 mm","kg",19.193999999999999]
["M3178","Material para aterro reforçado com fitas metálicas","m³","-"]
["M3179","Tubo PEAD PE 100 PN 5 para estais - D = 140 mm","m",186.43020000000001]
["M3180","Tubo PEAD PE 100 PN 5 para estais - D = 160 mm","m",226.8518]
["M3181","Tubo PEAD PE 100 PN 5 para estais - D = 180 mm","m",272.24630000000002]
["M3182","Tubo PEAD PE 100 PN 5 para estais - D = 200 mm","m",317.76369999999997]
["M3183","Tubo PEAD PE 100 PN 5 para estais - D = 225 mm","m",363.41399999999999]
["M3184","Tubo PEAD PE 100 PN 5 para estais - D = 250 mm","m",409.04399999999998]
["M3185","Tubo PEAD PE 100 PN 5 para estais - D = 280 mm","m",435.58170000000001]
["M3186","Tubo PEAD PE 100 PN 5 para estais - D = 315 mm","m",471.39640000000003]
["M3187","Tubo antivandalismo em aço galvanizado para estais de 12 cordoalhas - D = 15,7 mm","m",1933.7129]
["M3188","Tubo antivandalismo em aço galvanizado para estais de 19 cordoalhas - D = 15,7 mm","m",2211.5425]
["M3189","Tubo antivandalismo em aço galvanizado para estais de 22 cordoalhas - D = 15,7 mm","m",2400.6819]
["M3190","Tubo antivandalismo em aço galvanizado para estais de 31 cordoalhas - D = 15,7 mm","m",2874.8040000000001]
["M3191","Tubo antivandalismo em aço galvanizado para estais de 37 cordoalhas - D = 15,7 mm","m",2876.6592000000001]
["M3192","Tubo antivandalismo em aço galvanizado para estais de 43 cordoalhas - D = 15,7 mm","m",3595.7278000000001]
["M3193","Tubo antivandalismo em aço galvanizado para estais de 55 cordoalhas - D = 15,7 mm","m",3599.7289999999998]
["M3194","Tubo antivandalismo em aço galvanizado para estais de 61 cordoalhas - D = 15,7 mm","m",3599.7289999999998]
["M3195","Tubo antivandalismo em aço galvanizado para estais de 73 cordoalhas - D = 15,7 mm","m",4154.3495000000003]
["M3196","Tubo antivandalismo em aço galvanizado para estais de 85 cordoalhas - D = 15,7 mm","m",4705.9994999999999]
["M3197","Tubo antivandalismo em aço galvanizado para estais de 91 cordoalhas - D = 15,7 mm","m",4710.0309999999999]
["M3198","Tubo fôrma lado fixo em aço galvanizado para estais de 12 cordoalhas - D = 15,7 mm","m",2140.7109999999998]
["M3199","Tubo fôrma lado fixo em aço galvanizado para estais de 19 cordoalhas - D = 15,7 mm","m",2436.2489999999998]
["M3200","Tubo fôrma lado fixo em aço galvanizado para estais de 22 cordoalhas - D = 15,7 mm","m",3051.0929000000001]
["M3201","Tubo fôrma lado fixo em aço galvanizado para estais de 31 cordoalhas - D = 15,7 mm","m",4138.3209999999999]
["M3202","Tubo fôrma lado fixo em aço galvanizado para estais de 37 cordoalhas - D = 15,7 mm","m",4384.7093000000004]
["M3203","Tubo fôrma lado fixo em aço galvanizado para estais de 43 cordoalhas - D = 15,7 mm","m",5787.2150000000001]
["M3204","Tubo fôrma lado fixo em aço galvanizado para estais de 55 cordoalhas - D = 15,7 mm","m",7306.7465000000002]
["M3205","Tubo fôrma lado fixo em aço galvanizado para estais de 61 cordoalhas - D = 15,7 mm","m",7306.7465000000002]
["M3206","Tubo fôrma lado fixo em aço galvanizado para estais de 73 cordoalhas - D = 15,7 mm","m",8533.8736000000008]
["M3207","Tubo fôrma lado fixo em aço galvanizado para estais de 85 cordoalhas - D = 15,7 mm","m",9744.9961000000003]
["M3208","Tubo fôrma lado fixo em aço galvanizado para estais de 91 cordoalhas - D = 15,7 mm","m",9773.0041000000001]
["M3209","Tubo fôrma lado regulável em aço galvanizado para estais de 12 cordoalhas - D = 15,7 mm","m",1858.5077000000001]
["M3210","Tubo fôrma lado regulável em aço galvanizado para estais de 19 cordoalhas - D = 15,7 mm","m",2120.3040000000001]
["M3211","Tubo fôrma lado regulável em aço galvanizado para estais de 22 cordoalhas - D = 15,7 mm","m",2693.2377000000001]
["M3212","Tubo fôrma lado regulável em aço galvanizado para estais de 31 cordoalhas - D = 15,7 mm","m",3601.7159999999999]
["M3213","Tubo fôrma lado regulável em aço galvanizado para estais de 37 cordoalhas - D = 15,7 mm","m",3818.0142999999998]
["M3214","Tubo fôrma lado regulável em aço galvanizado para estais de 43 cordoalhas - D = 15,7 mm","m",5037.4724999999999]
["M3215","Tubo fôrma lado regulável em aço galvanizado para estais de 55 cordoalhas - D = 15,7 mm","m",6358.9115000000002]
["M3216","Tubo fôrma lado regulável em aço galvanizado para estais de 61 cordoalhas - D = 15,7 mm","m",6358.9115000000002]
["M3217","Tubo fôrma lado regulável em aço galvanizado para estais de 73 cordoalhas - D = 15,7 mm","m",7428.0661]
["M3218","Tubo fôrma lado regulável em aço galvanizado para estais de 85 cordoalhas - D = 15,7 mm","m",8481.2160999999996]
["M3219","Tubo fôrma lado regulável em aço galvanizado para estais de 91 cordoalhas - D = 15,7 mm","m",8509.2240999999995]
["M3220","Coroa de botões esféricos - Ring bit - D = 104 mm (4 3/32\")","un",977.88879999999995]
["M3225","Película retrorrefletiva tipo III + SI (sinal impresso com película de sobreposição tipo V)","m²",436.21620000000001]
["M3227","Tubo de revestimento em aço-carbono schedule 40 - DN = 101,6 mm (4\")","m",217.05009999999999]
["M3228","Cimento asfáltico de petróleo com borracha - CAP 50/70 com 15% de borracha de pneu","t","-"]
["M3229","Película retrorrefletiva tipo I + SI (sinal impresso com película de sobreposição tipo V)","m²",349.0976]
["M3230","Chapa de poliéster reforçada com fibra de vidro - E = 2,0 mm","m²",106.8383]
["M3231","Chapa de alumínio composto (ACM) - E = 3,0 mm","m²",144.1628]
["M3232","Película retrorrefletiva tipo X + SI (sinal impresso com película de sobreposição tipo V)","m²",534.32960000000003]
["M3233","Fita adesiva estrutural dupla-face - E = 2 mm e L = 25 mm","m",8.8351000000000006]
["M3235","Película retrorrefletiva tipo I","m²",149.2604]
["M3236","Película retrorrefletiva tipo III + SI","m²",501.66269999999997]
["M3237","Película retrorrefletiva tipo III","m²",253.35249999999999]
["M3238","Película não retrorrefletiva tipo IV","m²",172.53309999999999]
["M3239","Película retrorrefletiva tipo X","m²",417.536]
["M3240","Duto flexível de ventilação de poliéster aluminizado sem isolamento - D = 200 mm","m",19.420100000000001]
["M3241","Cabo de cobre flexível antichama isolado em HEPR - tensão de 0,6/1,0 kV e seção de 2 x 6 mm²","m",17.837]
["M3242","Cabo de cobre flexível antichama isolado em HEPR - tensão de 0,6/1,0 kV e seção de 4 x 6 mm²","m",31.787800000000001]
["M3245","Tinta plástica à base de resina metacrílica aplicada a frio por aspersão (spray)","kg",56.976500000000001]
["M3270","Ancoragem fixa para estais de 12 cordoalhas - D = 15,7 mm","un",13054.4468]
["M3271","Ancoragem fixa para estais de 22 cordoalhas - D = 15,7 mm","un",18596.668399999999]
["M3272","Ancoragem fixa para estais de 43 cordoalhas - D = 15,7 mm","un",39581.775500000003]
["M3273","Ancoragem fixa para estais de 85 cordoalhas - D = 15,7 mm","un",77432.768700000001]
["M3274","Ancoragem regulável para estais de 12 cordoalhas - D = 15,7 mm","un",18932.6888]
["M3275","Ancoragem regulável para estais de 22 cordoalhas - D = 15,7 mm","un",30613.481299999999]
["M3276","Ancoragem regulável para estais de 43 cordoalhas - D = 15,7 mm","un",61332.989000000001]
["M3277","Ancoragem regulável para estais de 85 cordoalhas - D = 15,7 mm","un",118843.0083]
["M3278","Tubo PEAD PE 100 PN 5 para estais - D = 110 mm","m",166.0284]
["M3279","Arruela lisa em aço zincado branco para parafuso - D = 9,525 mm (3/8\")","un",0.1817]
["M3280","Viga de madeira - E = 5 cm e L = 11 cm","m",23.65]
["M3353","Purgador plástico","un",1.1032999999999999]
["M3360","Chumbador de expansão controlada por torque em aço zincado para concreto - D = 8,0 mm","un",2.6341000000000001]
["M3361","Corrente de elo soldado em aço SAE 1010/1020 com acabamento polido - E = 25,00 mm (1\")","m",361.82260000000002]
["M3362","Corrente de elo soldado em aço SAE 1010/1020 com acabamento polido - E = 12,50 mm (1/2\")","m",93.976100000000002]
["M3363","Corrente de elo soldado em aço SAE 1010/1020 com acabamento polido - E = 19,00 mm (3/4\")","m",237.572]
["M3364","Lanterna de sinalização náutica com acessórios de fixação - alcance 2 mn","un",3958.221]
["M3365","Lanterna de sinalização náutica com acessórios de fixação - alcance 3 mn","un",4614.6274999999996]
["M3366","Lanterna de sinalização náutica com acessórios de fixação - alcance 4 mn","un",7088.0254999999997]
["M3367","Lanterna de sinalização náutica com acessórios de fixação - alcance 6 mn","un",8719.7311000000009]
["M3368","Lanterna de sinalização náutica com acessórios de fixação - alcance 8 mn","un",9792.4688000000006]
["M3369","Manilha âncora em aço forjado com porca e cupilha - DN = 16,0 mm (5/8\")","un",52.570099999999996]
["M3370","Manilha reta em aço forjado com porca e cupilha - DN = 38,1 mm (1 1/2\")","un",566.81730000000005]
["M3371","Manilha reta em aço forjado com porca e cupilha - DN = 25,4 mm (1\")","un",134.75049999999999]
["M3372","Suporte polimérico ecológico maciço colapsível para placa de sinalização - seção de 10 x 10 cm","m",418.74759999999998]
["M3501","Placa de ancoragem para tirante de barra de aço - E = 12,7 mm e seção de 160 x 160 mm","un",81.976500000000001]
["M3502","Mistura betuminosa","m³","-"]
["M3503","Material de base","m³","-"]
["M3504","Concreto","m³","-"]
["M3505","Material demolido - concreto simples","m³","-"]
["M3506","Material demolido - madeira","m³","-"]
["M3507","Revestimento asfáltico","m³","-"]
["M3508","Camada granular (base ou sub-base)","m³","-"]
["M3509","Material demolido - remendo profundo","m³","-"]
["M3510","Material demolido - alvenaria","m³","-"]
["M3511","Acessórios e materiais metálicos","t","-"]
["M3512","Material demolido - concreto armado","m³","-"]
["M3513","Material de 3ª categoria","m³","-"]
["M3514","Solo","m³","-"]
["M3515","Grãos, agregados e solos derramados na pista","t","-"]
["M3516","Veículos de pequeno porte incendiados em rodovia","un","-"]
["M3518","Tinta à base de resina epóxi bicomponente","l",59.832500000000003]
["M3519","Tinta à base de resina epóxi poliamida bicomponente para fundo preparador de pintura","l",102.5912]
["M3520","Tinta anticorrosiva à base de resina epóxi poliamida bicomponente","l",93.113699999999994]
["M3521","Guincho manual com capacidade de tração de 100 kN com cabo de aço","un",155829.15150000001]
["M3522","Guincho manual com capacidade de tração de 200 kN com cabo de aço","un",217088.81039999999]
["M3523","Pneu reaproveitado","un",51.745600000000003]
["M3524","Sapatilha em aço inox - D = 13 mm (1/2\")","un",17.011700000000001]
["M3525","Molinete manual com capacidade de tração de 70 kN","un",247757.3181]
["M3526","Ânodo de sacrifício em liga de zinco - peso = 20 kg","un",1650.8905999999999]
["M3527","Cabo de aço - D = 42,00 mm (1 5/8\")","m",308.9828]
["M3528","Terminal soquete fechado em aço galvanizado compatível com cabo de aço de D = 42 mm","un",4773.2779]
["M3529","Manilha reta em aço forjado com porca e cupilha - D = 57,2 mm (2 1/4\")","un",1733.0866000000001]
["M3530","Tubo mecânico em aço-carbono","kg",35.817700000000002]
["M3718","Material combustível removido","t","-"]
["M3719","Blocos de rocha ou matacões","m³","-"]
["M3720","Material asfáltico removido","t","-"]
["M3721","Estrutura de pórtico metálico removida","un","-"]
["M3722","Estrutura de semipórtico duplo metálico removida","un","-"]
["M3723","Estrutura de semipórtico metálico removida","un","-"]
["M3727","Mangueira para hidrojateamento com pressão de trabalho de até 17,5 MPa (2.538 psi) - D = 25 mm (1\")","m",152.553]
["M3728","Mangueira para sistema de sucção a vácuo com vazão de entrada de até 3,6 m³/h (60 l/min) - D = 72,5 mm (3\")","m",150.77699999999999]
["M3729","Detritos removidos de bueiros","m³","-"]
["M3730","Material triturado - galhos e troncos","m³","-"]
["M3772","Canal monobloco com corpo e grelha em concreto polímero com efeito autolimpante - carga de controle de 400 kN - C = 100,0 cm, L = 15,0 cm e H = 23,0 cm","m",368.27449999999999]
["M3773","Canal monobloco com corpo e grelha em concreto polímero com efeito autolimpante - carga de controle de 400 kN - C = 100,0 cm, L = 25,0 cm e H = 32,0 cm","m",684.94780000000003]
["M3774","Canal monobloco com corpo e grelha em concreto polímero com efeito autolimpante - carga de controle de 900 kN - C = 100,0 cm, L = 16,0 cm e H = 26,5 cm","m",706.33270000000005]
["M3775","Canal monobloco com corpo e grelha em concreto polímero com efeito autolimpante - carga de controle de 900 kN - C = 100,0 cm, L = 21,0 cm e H = 28,0 cm","m",714.89480000000003]
["M3776","Canal monobloco com corpo e grelha em concreto polímero com efeito autolimpante - carga de controle de 900 kN - C = 100,0 cm, L = 21,0 cm e H = 38,0 cm","m",737.10440000000006]
["M3777","Canal monobloco com corpo e grelha em concreto polímero com efeito autolimpante - carga de controle de 900 kN - C = 100,0 cm, L = 21,0 cm e H = 48,0 cm","m",925.74739999999997]
["M3778","Canal monobloco com corpo e grelha em concreto polímero com efeito autolimpante - carga de controle de 900 kN - C = 100,0 cm, L = 26,0 cm e H = 33,0 cm","m",1004.0067]
["M3779","Canal monobloco com corpo e grelha em concreto polímero com efeito autolimpante - carga de controle de 900 kN - C = 100,0 cm, L = 26,0 cm e H = 53,0 cm","m",1201.201]
["M3780","Canal monobloco com corpo e grelha em concreto polímero com efeito autolimpante - carga de controle de 900 kN - C = 200,0 cm, L = 40,0 cm e H = 59,5 cm","m",4460.1980000000003]
["M3781","Canal em polietileno e polipropileno com efeito autolimpante e grelha de encaixe em poliamida reforçada - carga de controle de 250 kN - C = 100,0 cm, L = 16,0 cm e H = 12,2 cm","m",259.18209999999999]
["M3782","Canal em polietileno e polipropileno com efeito autolimpante e grelha de encaixe em poliamida reforçada - carga de controle de 250 kN - C = 100,0 cm, L = 16,0 cm e H = 17,2 cm","m",277.42219999999998]
["M3783","Canal em polietileno e polipropileno com efeito autolimpante e grelha de encaixe em poliamida reforçada - carga de controle de 250 kN - C = 100,0 cm, L = 16,0 cm e H = 5,5 cm","m",240.74809999999999]
["M3784","Canal em polietileno e polipropileno com efeito autolimpante e grelha de encaixe em ferro fundido dúctil - carga de controle de 400 kN - C = 100,0 cm, L = 14,7 cm e H = 15,7 cm","m",402.51530000000002]
["M3785","Canal em polietileno e polipropileno com efeito autolimpante e grelha de encaixe em ferro fundido dúctil - carga de controle de 400 kN - C = 100,0 cm, L = 24,7 cm e H = 20,8 cm","m",908.63810000000001]
["M3786","Canal em polietileno e polipropileno com efeito autolimpante e grelha de encaixe em ferro fundido dúctil - carga de controle de 400 kN - C = 100,0 cm, L = 34,9 cm e H = 25,8 cm","m",1827.2416000000001]
["M3787","Canal em polietileno e polipropileno com efeito autolimpante e grelha de encaixe em ferro fundido dúctil - carga de controle de 600 kN - C = 100,0 cm, L = 16,0 cm e H = 12,2 cm","m",514.46019999999999]
["M3788","Canal em polietileno e polipropileno com efeito autolimpante e grelha de encaixe em ferro fundido dúctil - carga de controle de 600 kN - C = 100,0 cm, L = 21,2 cm e H = 18,0 cm","m",631.89660000000003]
["M3789","Canal em polietileno e polipropileno com efeito autolimpante e grelha de encaixe em ferro fundido dúctil - carga de controle de 600 kN - C = 100,0 cm, L = 26,2 cm e H = 17,2 cm","m",809.55050000000006]
["M3790","Canal em polietileno e polipropileno com efeito autolimpante e abertura de captação em ferro fundido dúctil - carga de controle de 900 kN - C = 100,0 cm, L = 21,0 cm e H = 57,9 cm","m",694.64239999999995]
["M3791","Canal em polietileno e polipropileno com efeito autolimpante e abertura de captação em ferro fundido dúctil - carga de controle de 900 kN - C = 100,0 cm, L = 25,2 cm e H = 57,8 cm","m",1132.3517999999999]
["M3792","Canal em polietileno e polipropileno com efeito autolimpante e abertura de captação em ferro fundido dúctil - carga de controle de 900 kN - C = 100,0 cm, L = 42,0 cm e H = 95,0 cm","m",1427.7456]
["M3793","Canal em polietileno e polipropileno com efeito autolimpante e abertura de captação em ferro fundido dúctil - carga de controle de 900 kN - C = 114,2 cm, L = 78,0 cm e H = 106,0 cm","m",1910.9527]
["M3795","Custo equivalente da construção civil para construção do Estaleiro Padrão","m²",1896.47]
["M3801","Animais de grande porte mortos em rodovia","t","-"]
["M3802","Animais de pequeno porte mortos em rodovia","t","-"]
["M3803","Emborrachados de pneus espalhados em rodovia","t","-"]
["M3804","Espécimes arbóreos de até 20 m tombados na pista","t","-"]
["M3805","Espécimes arbóreos de 20 a 40 m tombados na pista","t","-"]
["M3806","Sucatas derramadas em rodovia","t","-"]
["M3807","Veículos de grande porte incendiados em rodovia","un","-"]
["M3808","Veículos de médio porte incendiados em rodovia","un","-"]
["M3809","Veículos de grande porte tombados em rodovia","un","-"]
["M3810","Veículos de médio porte tombados em rodovia","un","-"]
["M3811","Veículos de pequeno porte tombados em rodovia","un","-"]
["M3813","Vidros, caixas e engradados derramados na pista","t","-"]
["M3821","Tacha refletiva em plástico injetado bidirecional com um pino - tipo I","un",21.638400000000001]
["M3822","Tacha refletiva em plástico injetado bidirecional com um pino - tipo II","un",29.060600000000001]
["M3823","Tacha refletiva em plástico injetado bidirecional com um pino - tipo III","un",29.060600000000001]
["M3824","Tacha refletiva em plástico injetado bidirecional com um pino - tipo IV","un",25.901199999999999]
["M3825","Tacha refletiva em plástico injetado bidirecional sem pino - tipo I","un",21.2376]
["M3826","Tacha refletiva em plástico injetado bidirecional sem pino - tipo II","un",24.0456]
["M3827","Tacha refletiva em plástico injetado bidirecional sem pino - tipo III","un",24.0456]
["M3828","Tacha refletiva em plástico injetado bidirecional sem pino - tipo IV","un",29.702500000000001]
["M3829","Tacha refletiva em plástico injetado monodirecional com um pino - tipo I","un",17.5261]
["M3830","Tacha refletiva em plástico injetado monodirecional com um pino - tipo II","un",21.889099999999999]
["M3831","Tacha refletiva em plástico injetado monodirecional com um pino - tipo III","un",22.761700000000001]
["M3832","Tacha refletiva em plástico injetado monodirecional com um pino - tipo IV","un",29.160900000000002]
["M3833","Tacha refletiva em plástico injetado monodirecional sem pino - tipo I","un",16.252800000000001]
["M3834","Tacha refletiva em plástico injetado monodirecional sem pino - tipo II","un",21.307400000000001]
["M3835","Tacha refletiva em plástico injetado monodirecional sem pino - tipo III","un",21.889099999999999]
["M3836","Tacha refletiva em plástico injetado monodirecional sem pino - tipo IV","un",28.5791]
["M3837","Tacha refletiva em resina sintética bidirecional com um pino - tipo I","un",33.998600000000003]
["M3838","Tacha refletiva em resina sintética bidirecional com um pino - tipo II","un",43.226199999999999]
["M3839","Tacha refletiva em resina sintética bidirecional com um pino - tipo III","un",47.890099999999997]
["M3840","Tacha refletiva em resina sintética bidirecional com um pino - tipo IV","un",48.036099999999998]
["M3841","Tacha refletiva em resina sintética bidirecional sem pino - tipo I","un",33.396799999999999]
["M3842","Tacha refletiva em resina sintética bidirecional sem pino - tipo II","un",42.674500000000002]
["M3843","Tacha refletiva em resina sintética bidirecional sem pino - tipo III","un",47.238199999999999]
["M3844","Tacha refletiva em resina sintética bidirecional sem pino - tipo IV","un",53.596400000000003]
["M3845","Tacha refletiva em resina sintética monodirecional com um pino - tipo I","un",30.648499999999999]
["M3846","Tacha refletiva em resina sintética monodirecional com um pino - tipo II","un",37.759799999999998]
["M3847","Tacha refletiva em resina sintética monodirecional com um pino - tipo III","un",42.022599999999997]
["M3848","Tacha refletiva em resina sintética monodirecional com um pino - tipo IV","un",46.481400000000001]
["M3851","Tacha refletiva em resina sintética monodirecional sem pino - tipo I","un",29.946400000000001]
["M3852","Tacha refletiva em resina sintética monodirecional sem pino - tipo II","un",37.047699999999999]
["M3853","Tacha refletiva em resina sintética monodirecional sem pino - tipo III","un",41.220199999999998]
["M3854","Tacha refletiva em resina sintética monodirecional sem pino - tipo IV","un",52.844200000000001]
["M3855","Tacha refletiva metálica bidirecional com dois pinos - tipo II","un",26.103999999999999]
["M3856","Tacha refletiva metálica bidirecional com dois pinos - tipo III","un",21.1191]
["M3857","Tacha refletiva metálica bidirecional com dois pinos - tipo IV","un",64.986800000000002]
["M3858","Tacha refletiva metálica bidirecional com um pino - tipo II","un",23.405899999999999]
["M3859","Tacha refletiva metálica bidirecional com um pino - tipo III","un",17.759399999999999]
["M3860","Tacha refletiva metálica bidirecional com um pino - tipo IV","un",63.432099999999998]
["M3861","Tacha refletiva metálica monodirecional com dois pinos - tipo II","un",20.938600000000001]
["M3862","Tacha refletiva metálica monodirecional com dois pinos - tipo III","un",17.718900000000001]
["M3863","Tacha refletiva metálica monodirecional com dois pinos - tipo IV","un",55.709000000000003]
["M3864","Tacha refletiva metálica monodirecional com um pino - tipo II","un",17.297699999999999]
["M3865","Tacha refletiva metálica monodirecional com um pino - tipo III","un",14.659800000000001]
["M3866","Tacha refletiva metálica monodirecional com um pino - tipo IV","un",54.204500000000003]
["M3867","Tachão refletivo em plástico injetado bidirecional","un",72.107699999999994]
["M3868","Tachão refletivo em plástico injetado monodirecional","un",70.653300000000002]
["M3869","Tachão refletivo em resina sintética bidirecional","un",61.517000000000003]
["M3870","Tachão refletivo em resina sintética monodirecional","un",59.9724]
["M3900","Emulsão asfáltica com polímero - RR-1C-E","t","-"]
["M3901","Reservatório metálico tipo taça - capacidade de 5.000 l","un",18581.295099999999]
["M3902","Reservatório metálico tipo taça - capacidade de 10.000 l","un",25178.664100000002]
["M3903","Reservatório metálico tipo taça - capacidade de 20.000 l","un",41494.116199999997]
["M3904","Reservatório metálico tipo taça - capacidade de 30.000 l","un",54047.443899999998]
["M3905","AMV tipo TR37, abertura 1:8, bitola métrica","un","-"]
["M3906","AMV tipo TR37, abertura 1:10, bitola métrica","un","-"]
["M3907","AMV tipo TR37, abertura 1:12, bitola métrica","un","-"]
["M3908","AMV tipo TR37, abertura 1:14, bitola métrica","un","-"]
["M3909","Bico para corte a plasma manual - 65A","un",62.205199999999998]
["M3910","Bico para corte a plasma manual - 45A","un",60.248899999999999]
["M3911","Bocal para corte a plasma manual - 45A/65A","un",150.5599]
["M3912","Capa de retenção para corte a plasma manual - 45A/65A","un",271.68700000000001]
["M3913","Eletrodo para corte a plasma manual - 45A/65A","un",76.086200000000005]
["M3914","Distribuidor de gás para corte a plasma manual - 45A/65A","un",173.0463]
["M3915","Parafuso de cabeça sextavada em aço inox - D = 12,7 mm (1/2\") e C = 38,1 mm (1.1/2\")","un",4.5568]
["M3916","Porca sextavada em aço inox para parafuso - D = 12,7 mm (1/2\")","un",1.5122]
["M3917","Arruela lisa em aço inox - D = 12,7 mm (1/2\")","un",0.79100000000000004]
["M3918","Disco de corte com 80 dentes multimaterial - D = 250 mm","un",324.44330000000002]
["M3919","Lixa d'água Nº 360","un",1.2912999999999999]
["M3920","Diluente para tinta epóxi bicomponente ou tricomponente","l",58.581299999999999]
["M3921","Tinta à base de resina epóxi óxido de ferro","l",145.64590000000001]
["M3922","Diluente para esmalte poliuretano de dois componentes","l",85.793400000000005]
["M3923","Tinta esmalte poliuretano bicomponente","l",188.8854]
["M3924","Catalisador para tinta fosfatizante","l",57.978099999999998]
["M3925","Tinta fosfatizante para fundo preparador de pintura","l",61.268799999999999]
["M3926","Luva em aço galvanizado com rosca BSP classe leve - D = 12,5 mm (1/2\")","un",3.3]
["M3927","Plug tipo bujão em aço galvanizado com rosca BSP - D = 15 mm (1/2\")","un",3.8332000000000002]
["M3928","Tubo em aço-carbono - E = 3,35 mm e D = 80 mm (3\")","m",49.442900000000002]
["M3929","Tubo em aço-carbono - E = 3,00 mm e D = 150 mm (6\")","m",168.77]
["M3931","Cantoneira em alumínio de abas iguais - L = 38,1 mm e E = 4,76 mm","kg",34.555199999999999]
["M3932","Parafuso de cabeça sextavada em aço inox - D = 8 mm (M8) e C = 20 mm","un",1.7605999999999999]
["M3933","Porca sextavada em aço inox para parafuso - D = 8 mm (M8)","un",0.5474]
["M3934","Arruela lisa em aço inox para parafuso - D = 8,4 mm (M8)","un",0.20910000000000001]
["M3935","Arruela de pressão em aço inox para parafuso - D = 8,1 mm (M8)","un",0.28570000000000001]
["M3936","Parafuso de cabeça sextavada em aço inox - D = 12,7 mm (1/2\") e C = 19,05 mm (3/4\")","un",5.6226000000000003]
["M3939","Barra redonda em aço SAE 1020 - D = 25,4 mm (1\")","m",43.572099999999999]
["M3947","Tubo em aço - E = 3,00 mm e seção de 40 x 40 mm","m",26.491499999999998]
["M3949","Desmoldante para fôrmas metálicas","l",17.3109]
["M4413","Arame E70S6 para solda MIG/MAG - D = 0,9 mm","kg",23.4711]

{"sheet":"Pessoal Sicro","index":20,"n_rows":106,"n_cols":7,"rows_kept":106,"cut":false,"hidden":false,"merged":[[0,0,1,0],[0,1,1,5],[0,6,1,6],[2,0,2,6],[3,0,3,6]]}
["CGCIT","SISTEMA DE CUSTOS REFERENCIAIS DE OBRAS - SICRO",{"$nulls":4},"DNIT"]
[]
["Minas Gerais - Abril/2024"]
["Sem desoneração"]
["Código","Descrição","Unidade","Salário (R$)","Encargos Totais","Custo (R$)","Periculosidade/\nInsalubridade"]
["P9801","Ajudante","h",7.6148999999999996,1.9403680000000001,22.390599999999999,0]
["P9802","Ajudante especializado","h",9.1379000000000001,1.887831,26.3887,0]
["P9803","Almoxarife","mês",2921.6,1.155146,6296.4745000000003,0]
["P9804","Apontador","mês",1725.6266000000001,1.447727,4223.8627999999999,0]
["P9805","Armador","h",12.27,1.6272949999999999,32.236899999999999,0]
["P9806","Auxiliar administrativo","mês",1789.3426999999999,1.404941,4303.2636000000002,0]
["P9807","Bombeiro hidráulico","h",12.9252,1.6578170000000001,34.352800000000002,0]
["P9808","Carpinteiro","h",9.0200999999999993,1.8190470000000001,25.428000000000001,0]
["P9809","Encarregado administrativo","mês",4637.7157999999999,0.98839900000000003,9221.6293999999998,0]
["P9810","Eletricista","h",10.059799999999999,1.7914380000000001,28.081299999999999,0]
["P9811","Encarregado especializado","mês",4325.5698000000002,1.0384770000000001,8817.5745000000006,0]
["P9812","Engenheiro","mês",13560.491400000001,0.84733599999999998,25050.783899999999,0]
["P9814","Operacional","mês",1570.3441,1.489277,3909.0214000000001,0]
["P9815","Jardineiro","h",9.6300000000000008,1.748993,26.472799999999999,0]
["P9819","Engenheiro supervisor","mês",13560.491400000001,0.84733599999999998,25050.783899999999,0]
["P9821","Pedreiro","h",9.1226000000000003,1.80589,25.597000000000001,0]
["P9822","Pintor","h",12.27,1.6307179999999999,32.2789,0]
["P9823","Serralheiro","h",12.27,1.6217010000000001,32.168199999999999,0]
["P9824","Servente","h",6.75,2.0442840000000002,20.5489,0]
["P9825","Soldador","h",16.41,1.4997959999999999,41.021599999999999,0]
["P9826","Chefe setor de finanças","mês",12637.007100000001,0.84624999999999995,23331.0743,0]
["P9827","Vigia","mês",1485,1.76938,4558.0291999999999,0.3]
["P9830","Montador","h",13.28,1.644204,35.115000000000002,0]
["P9833","Auxiliar de laboratório","mês",2699.4,1.1834210000000001,5893.9265999999998,0]
["P9837","Oceanógrafo","mês",5313.4665999999997,0.96730700000000003,10453.219999999999,0]
["P9840","Encarregado geral","mês",6490.2187999999996,0.95200099999999999,12668.913500000001,0]
["P9842","Faxineiro","mês",2118.6,1.3041510000000001,4881.5743000000002,0]
["P9843","Operador de equipamento leve","h",8.4253999999999998,1.842962,23.952999999999999,0]
["P9845","Operador de equipamento pesado","h",13.0791,1.5820000000000001,33.770200000000003,0]
["P9846","Operador de equipamento especial","h",17.569800000000001,1.452002,43.081099999999999,0]
["P9847","Perfurador de tubulão","h",7.6148999999999996,1.9352480000000001,22.351600000000001,0]
["P9848","Desenhista","mês",4673.4912999999997,0.99227799999999999,9310.8938999999991,0]
["P9849","Condutor maquinista fluvial","mês",2497.4353999999998,1.203174,5502.2847000000002,0]
["P9850","Copeiro","mês",2118.6,1.2849390000000001,4840.8716999999997,0]
["P9851","Médico do trabalho","mês",9683.7414000000008,0.87336899999999995,18141.2209,0]
["P9852","Blaster","h",11.0884,2.0097589999999999,36.6999,0.3]
["P9853","Pré-marcador","h",7.6148999999999996,1.914077,22.1904,0]
["P9854","Recepcionista","mês",2118.6,1.263682,4795.8365999999996,0]
["P9855","Marinheiro de máquinas","mês",2228.6950000000002,1.253325,5021.9741000000004,0]
["P9856","Marinheiro de convés","h",9.8879999999999999,1.7087289999999999,26.783899999999999,0]
["P9857","Marinheiro de convés - mensalista","mês",2175.3665999999998,1.2649189999999999,4927.0290999999997,0]
["P9858","Laboratorista","mês",2862.1068,1.1607810000000001,6184.3859000000002,0]
["P9859","Trabalhador de via","h",6.75,2.0547080000000002,20.619199999999999,0]
["P9861","Selecionador de material pétreo","h",7.6148999999999996,1.923632,22.263100000000001,0]
["P9864","Engenheiro de segurança do trabalho","mês",12257.0041,0.85380299999999998,22722.070899999999,0]
["P9866","Motorista de caminhão","h",10.3492,1.6912419999999999,27.8522,0]
["P9867","Técnico especializado - mensalista","mês",3799.3186000000001,1.07043,7866.2232000000004,0]
["P9869","Encarregado de obras de artes especiais","mês",4325.5698000000002,1.0384770000000001,8817.5745000000006,0]
["P9870","Motorista de veículo leve","h",10.0025,1.702202,27.028700000000001,0]
["P9871","Motorista de veículo especial","h",12.2201,1.602514,31.802900000000001,0]
["P9875","Encarregado de turma","mês",2599.4526999999998,1.2106440000000001,5746.4645,0]
["P9876","Técnico de segurança do trabalho","mês",3570.8110000000001,1.0875220000000001,7454.1464999999998,0]
["P9878","Secretária","mês",2855.4441999999999,1.123073,6062.3163999999997,0]
["P9880","Piloto fluvial","mês",3456.53,1.073971,7168.7429000000002,0]
["P9882","Técnico especializado","h",17.269600000000001,1.462459,42.525599999999997,0]
["P9883","Chefe do setor administrativo","mês",4637.8743999999997,0.98839100000000002,9221.9076999999997,0]
["P9884","Encarregado de terraplenagem","mês",4325.5698000000002,1.0384770000000001,8817.5745000000006,0]
["P9885","Frentista de túnel","h",7.6148999999999996,1.988305,22.755600000000001,0]
["P9889","Técnico da qualidade","mês",3966.7456999999999,1.055253,8152.6660000000002,0]
["P9892","Auxiliar de blaster","h",9.7646999999999995,2.0888110000000002,33.090699999999998,0.3]
["P9893","Encarregado de pavimentação","mês",4325.5698000000002,1.0384770000000001,8817.5745000000006,0]
["P9896","Porteiro","mês",2118.6,1.299531,4871.7862999999998,0]
["P9897","Técnico de meio ambiente","mês",3587.864,1.086519,7486.1463999999996,0]
["P9900","Comprador","mês",4279.5427,1.0300800000000001,8687.8140000000003,0]
["P9901","Encarregado de superestrutura ferroviária","mês",4325.5698000000002,1.0384770000000001,8817.5745000000006,0]
["P9903","Auxiliar técnico","mês",2145.6260000000002,1.2864899999999999,4905.9522999999999,0]
["P9907","Comandante de longo curso","mês",11259.305700000001,0.85216000000000003,20854.035599999999,0]
["P9908","Imediato","mês",8904.6059999999998,0.87814300000000001,16724.1234,0]
["P9909","Oficial de náutica","mês",2834.3490999999999,1.1487700000000001,6090.3643000000002,0]
["P9910","Oficial de máquinas","mês",2921.1264999999999,1.1330519999999999,6230.9147000000003,0]
["P9913","Draguista","mês",3595.3388,1.0616129999999999,7412.1971999999996,0]
["P9915","Maquinista","h",12.754899999999999,1.569933,32.779200000000003,0]
["P9916","Encarregado de conservação rodoviária","mês",4325.5698000000002,1.0384770000000001,8817.5745000000006,0]
["P9920","Mestre fluvial","mês",4677.0464000000002,0.99044500000000002,9309.4035999999996,0]
["P9921","Mergulhador raso autônomo de emergência","h",9.9237000000000002,2.4632299999999998,36.935299999999998,0.25869999999999999]
["P9922","Mergulhador raso dependente de emergência","h",9.9207999999999998,2.539431,38.090200000000003,0.3]
["P9924","Mergulhador raso dependente","h",9.9207999999999998,3.8559169999999998,51.150799999999997,0.3]
["P9925","Mergulhador raso autônomo","h",9.9237000000000002,3.4892300000000001,47.116999999999997,0.25869999999999999]
["P9926","Mergulhador raso auxiliar de superfície","h",9.9237000000000002,2.2370320000000001,34.6905,0.25869999999999999]
["P9927","Frentista de túnel com periculosidade","h",7.6148999999999996,2.3217590000000001,27.5793,0.3]
["P9930","Eletricista com periculosidade","h",10.059799999999999,2.1240139999999998,34.444800000000001,0.3]
["P9931","Operador de equipamento de mergulho","h",18.011800000000001,1.8009949999999999,53.017600000000002,0.14249999999999999]
["P9932","Operador de equipamento pesado com periculosidade","h",13.0791,1.915268,42.052799999999998,0.3]
["P9933","Supervisor de mergulho raso","mês",3962.5981000000002,1.3261419999999999,9782.2360000000008,0.14249999999999999]
["P9934","Motorista de veículo especial com periculosidade","h",12.2201,1.936021,39.544499999999999,0.3]
["P9938","Operador de equipamento leve com periculosidade","h",8.4253999999999998,2.1762299999999999,29.288599999999999,0.3]
["P9939","Operador de equipamento leve com insalubridade","h",8.4253999999999998,2.3238080000000001,30.5716,0.30470000000000003]
["P9942","Marinheiro de convés com periculosidade","h",9.8879999999999999,2.0371389999999998,32.997599999999998,0.3]
["P9944","Operador de equipamento especial com periculosidade","h",17.569800000000001,1.7852699999999999,54.207500000000003,0.3]
["P9946","Engenheiro auxiliar","mês",12002,0.85754699999999995,22294.278999999999,0]
["P9947","Técnico florestal","mês",3587.864,1.086519,7486.1463999999996,0]
["P9948","Motorista de veículo leve - mensalista","mês",2200.5605,1.2681659999999999,4991.2365,0]
["P9949","Topógrafo","mês",3072.0871999999999,1.144676,6588.6315999999997,0]
["P9950","Auxiliar de topografia","mês",2699.4,1.1951210000000001,5925.5096000000003,0]
["P9951","Médico de câmara hiperbárica","mês",9683.7414000000008,1.016305,20089.938300000002,5.8299999999999998E-2]
["P9952","Pedreiro - mensalista","mês",2006.9652000000001,1.364233,4744.9332999999997,0]
["P9953","Eletricista - mensalista","mês",2213.1626999999999,1.3431040000000001,5185.6702999999998,0]
["P9954","Servente - mensalista","mês",1485,1.5671349999999999,3812.1954000000001,0]
["P9955","Engenheiro chefe","mês",17834.615099999999,0.82848999999999995,32610.415300000001,0]
["P9956","Motorista de caminhão com periculosidade","h",10.3492,2.024756,34.408499999999997,0.3]
["P9972","Técnico de batimetria","mês",3322.76,1.108568,7006.2654000000002,0]

{"sheet":"Equipamentos","index":21,"n_rows":541,"n_cols":11,"rows_kept":541,"cut":false,"hidden":false,"merged":[[419,2,419,8],[0,1,0,9],[1,1,1,9],[382,2,382,8],[407,2,407,8],[417,2,417,8],[410,2,410,8],[413,2,413,8],[415,2,415,8],[385,2,385,8],[389,2,389,8],[392,2,392,8],[395,2,395,8],[404,2,404,8],[399,2,399,8],[472,2,472,8],[475,2,475,8],[478,2,478,8],[481,2,481,8],[434,2,434,8],[445,2,445,8],[448,2,448,8],[451,2,451,8],[454,2,454,8],[457,2,457,8],[460,2,460,8],[463,2,463,8],[466,2,466,8],[469,2,469,8],[422,2,422,8],[425,2,425,8],[429,2,429,8],[439,2,439,8],[442,2,442,8],[484,2,484,8],[488,2,488,8],[491,2,491,8],[494,2,494,8],[497,2,497,8],[532,2,532,8],[535,2,535,8],[538,2,538,8],[500,2,500,8],[503,2,503,8],[514,2,514,8],[517,2,517,8],[529,2,529,8],[524,2,524,8],[506,2,506,8],[509,2,509,8],[521,2,521,8]]}
["CGCIT","SISTEMA DE CUSTOS REFERENCIAIS DE OBRAS - SICRO",{"$nulls":8},"DNIT"]
[null,"Minas Gerais - Abril/2024"]
["Código","Descrição","Valor de Aquisição (R$)","Depreciação (R$/h)","Oportunidade de Capital (R$/h)","Seguros e Impostos (R$/h)","Manutenção (R$/h)","Operação (R$/h)","Mão de Obra de Operação (R$/h)","Custo Produtivo (R$/h)","Custo Improdutivo (R$/h)"]
["E9001","Conjunto vibratório para tubos de concreto com encaixe PB e 3 jogos de fôrmas - D = 0,60 m - 2,20 kW",66191.5628,8.8254999999999999,2.0419999999999998,0,6.6192000000000002,0,0,17.486699999999999,10.8675]
["E9002","Conjunto vibratório para tubos de concreto com encaixe PB e 3 jogos de fôrmas - D = 0,80 m - 2,20 kW",82316.4087,10.9755,2.5394999999999999,0,8.2316000000000003,0,0,21.746600000000001,13.515000000000001]
["E9003","Conjunto vibratório para tubos de concreto com encaixe PB e 3 jogos de fôrmas - D = 1,00 m - 2,20 kW",101711.7289,13.5616,3.1377999999999999,0,10.171200000000001,0,0,26.8706,16.699400000000001]
["E9004","Conjunto vibratório para tubos de concreto com encaixe PB e 3 jogos de fôrmas - D = 1,20 m - 2,20 kW",107821.1162,14.376099999999999,3.3262999999999998,0,10.7821,0,0,28.484500000000001,17.702400000000001]
["E9005","Conjunto vibratório para tubos de concreto com encaixe PB e 3 jogos de fôrmas - D = 1,50 m - 2,20 kW",112403.0254,14.9871,3.4676,0,11.2403,0,0,29.695,18.454699999999999]
["E9006","Equipamento para sondagem manual",3003.1424999999999,0.51049999999999995,0.11119999999999999,0,0.30030000000000001,0,0,0.92200000000000004,0.62170000000000003]
["E9007","Bomba de pistão triplex com capacidade de 7,80 m³/h (130 l/min) - 8,20 kW",156823.7604,12.5459,2.9028,0,10.9777,8.3193000000000001,0,34.745699999999999,15.448700000000001]
["E9008","Transportador manual de tubos de concreto com capacidade de 1 t",1529.3345999999999,1.3764000000000001,9.4399999999999998E-2,0,0.76470000000000005,0,0,2.2355,1.4708000000000001]
["E9009","Embarcação rebocadora - 268 kW",580569.67909999995,7.5594999999999999,3.3685999999999998,0,16.7989,271.89749999999998,135.46729999999999,435.09179999999998,146.3954]
["E9010","Balança plataforma digital à bateria, com mesa de 75 x 75 cm e capacidade de 500 kg",4426.6617999999999,0.66400000000000003,9.0999999999999998E-2,0,0.36890000000000001,0,0,1.1238999999999999,0.755]
["E9011","Carro manual modelo plataforma de 200 x 80 cm com capacidade de 800 kg",1763.2189000000001,0.31740000000000002,6.5299999999999997E-2,0,0.17630000000000001,0,0,0.55900000000000005,0.38269999999999998]
["E9014","Deflectômetro de impacto (FWD) instalado em picape com reboque e faixa de carga de 7 a 120 kN - 147 kW",2141825.9416999999,171.34610000000001,39.645200000000003,0,107.0913,0,31.802900000000001,349.88549999999998,242.79419999999999]
["E9015","Elevador de obra com capacidade de 1.000 kg - 9 kW",65864.444099999993,5.2691999999999997,1.2192000000000001,0,4.6105,0,23.952999999999999,35.051900000000003,30.441400000000002]
["E9016","Usina misturadora móvel de reciclagem a frio com sistema de espuma de asfalto - 129,40 kW",10053183.943,586.4357,180.91540000000001,0,753.98879999999997,96.733999999999995,43.081099999999999,1661.155,810.43219999999997]
["E9017","Escavadeira hidráulica sobre esteira com capacidade de 0,4 m³ - 64 kW",706829.17839999998,49.478000000000002,13.083399999999999,0,49.478000000000002,44.426299999999998,33.770200000000003,190.23589999999999,96.331599999999995]
["E9020","Recicladora a frio - 455 kW",4989145.9780000001,291.0335,89.783799999999999,0,415.76220000000001,485.91269999999997,43.081099999999999,1325.5733,423.89839999999998]
["E9021","Grupo gerador - 456 kVA",327947.40370000002,16.397400000000001,5.7812000000000001,0,11.712400000000001,370.3082,0,404.19920000000002,22.178599999999999]
["E9022","Pórtico metálico rolante com capacidade de 25 t - 30 kW",932315.245,41.9542,15.819100000000001,0,32.631,0,23.952999999999999,114.3573,81.726299999999995]
["E9023","Guindaste móvel sobre esteiras com dragline com capacidade de 1,9 a 2,3 m³ - 270 kW",3504403.0817,122.6541,59.460999999999999,0,175.22020000000001,72.085999999999999,43.081099999999999,472.50240000000002,225.1962]
["E9024","Misturador de nata cimento - 1,50 kW",6913.1031999999996,0.55300000000000005,0.128,0,0.4839,0,23.952999999999999,25.117899999999999,24.634]
["E9025","Conjunto bomba e macaco hidráulico para protensão com capacidade de 7.000 kN - 15 kW",100670.2136,5.7526000000000002,1.7746999999999999,0,5.7526000000000002,0,43.081099999999999,56.360999999999997,50.608400000000003]
["E9026","Bomba para injeção de nata de cimento com capacidade de 2 MPa - 2,20 kW",31486.378000000001,2.5188999999999999,0.58279999999999998,0,2.2040000000000002,0,0,5.3056999999999999,3.1017000000000001]
["E9028","Bomba de alta pressão para hidrojateamento com capacidade de 18 MPa - 5,20 kW",4505.2864,0.3604,8.3400000000000002E-2,0,0.40550000000000003,9.0150000000000006,23.952999999999999,33.817300000000003,24.396799999999999]
["E9029","Conjunto bomba e macaco hidráulico para protensão com capacidade de 8.000 kN - 20 kW",128006.0337,7.3146000000000004,2.2566000000000002,0,7.3146000000000004,0,43.081099999999999,59.966900000000003,52.652299999999997]
["E9030","Bomba de protensão com leitura digital para tensionamento de estais - 3 kW",13841.9715,0.79100000000000004,0.24399999999999999,0,0.79100000000000004,0,0,1.8260000000000001,1.0349999999999999]
["E9031","Elevador de cremalheira com cabine simples, com capacidade de 1.500 kg e altura de até 100 m - 15 kW",332636.55089999997,26.610900000000001,6.1570999999999998,0,23.284600000000001,0,23.952999999999999,80.005600000000001,56.720999999999997]
["E9032","Equipamento para regulagem final de estais com até 37 cordoalhas - D = 15,7 mm - 20 kW",74641.244500000001,4.2652000000000001,1.3158000000000001,0,4.2652000000000001,0,43.081099999999999,52.927300000000002,48.662100000000002]
["E9033","Equipamento para regulagem final de estais de 38 a 55 cordoalhas - D = 15,7 mm - 30 kW",106630.3492,6.0932000000000004,1.8796999999999999,0,6.0932000000000004,0,43.081099999999999,57.147199999999998,51.054000000000002]
["E9034","Equipamento para regulagem final de estais de 56 a 73 cordoalhas - D = 15,7 mm - 40 kW",159945.5239,9.1396999999999995,2.8195999999999999,0,9.1396999999999995,0,43.081099999999999,64.180099999999996,55.040399999999998]
["E9035","Equipamento para regulagem final de estais de 74 a 91 cordoalhas - D = 15,7 mm - 50 kW",213260.6985,12.186299999999999,3.7595000000000001,0,12.186299999999999,0,43.081099999999999,71.213200000000001,59.026899999999998]
["E9036","Grua fixa para alturas de 60 a 102 m, com alcance de 60 m com capacidade de 1.500 kg na ponta da lança - 37 kW",3214869.372,160.74350000000001,56.6736,0,183.70679999999999,0,43.081099999999999,444.20499999999998,260.4982]
["E9038","Macaco hidráulico monocordoalha para tensionamento de estais - 3 kW",17408.896100000002,0.99480000000000002,0.30690000000000001,0,0.99480000000000002,0,43.081099999999999,45.377600000000001,44.382800000000003]
["E9039","Máquina de solda por termofusão para tubos PEAD com gerador de 4 kW",117490.2124,6.7137000000000002,2.0712000000000002,0,6.7137000000000002,4.0582000000000003,43.081099999999999,62.637900000000002,51.866]
["E9040","Serra mármore - 1,45 kW",458.37569999999999,4.1300000000000003E-2,8.5000000000000006E-3,0,2.29E-2,0,0,7.2700000000000001E-2,4.9799999999999997E-2]
["E9042","Trator sobre esteiras com lâmina - 97 kW",1308813.5207,50.898299999999999,22.4316,0,72.7119,72.513099999999994,33.770200000000003,252.32509999999999,107.1001]
["E9043","Embarcação de alumínio com comprimento de 6 m e motor de popa - 18,60 kW",25080.6672,0.39190000000000003,0.14779999999999999,0,0.43540000000000001,36.852600000000002,39.282899999999998,77.110600000000005,39.822600000000001]
["E9044","Central de concreto com capacidade de 150 m³/h - dosadora e misturadora",2315863.6941999998,132.33510000000001,40.825400000000002,0,115.7932,0,43.081099999999999,332.03480000000002,216.24160000000001]
["E9045","Conjunto bomba e macaco hidráulico para elevação com capacidade de 496 kN",60100.066899999998,4.8079999999999998,1.1125,0,4.8079999999999998,5.7061999999999999,43.081099999999999,59.515799999999999,49.001600000000003]
["E9046","Conjunto bomba e macaco hidráulico para elevação com capacidade de 929 kN",72967.359700000001,5.8373999999999997,1.3506,0,5.8373999999999997,5.7061999999999999,43.081099999999999,61.8127,50.269100000000002]
["E9047","Conjunto bomba e macaco hidráulico para elevação com capacidade de 1.390 kN",103616.3864,8.2893000000000008,1.9178999999999999,0,8.2893000000000008,5.7061999999999999,43.081099999999999,67.283799999999999,53.2883]
["E9048","Conjunto bomba e macaco hidráulico para elevação com capacidade de 1.859 kN",120280.246,9.6224000000000007,2.2263999999999999,0,9.6224000000000007,5.7061999999999999,43.081099999999999,70.258499999999998,54.929900000000004]
["E9049","Bomba de alta pressão para hidrojateamento com capacidade de 250 MPa - 72 kW",696547.30909999995,55.723799999999997,12.8931,0,62.689300000000003,57.668799999999997,23.952999999999999,212.928,92.569900000000004]
["E9050","Guindaste móvel sobre pneus com 2 eixos com capacidade de 18 t - 97 kW",2812576.4961999999,140.62880000000001,49.581699999999998,0,180.80850000000001,25.897500000000001,31.802900000000001,428.71940000000001,222.01339999999999]
["E9051","Máquina levantadora e posicionadora de via - 7,40 kW",758416.41579999996,60.673299999999998,14.0383,0,53.089100000000002,10.263199999999999,23.952999999999999,162.01689999999999,98.664599999999993]
["E9052","Empilhadeira a diesel com capacidade de 10 t - 82 kW",727031.87679999997,58.162599999999998,13.4574,0,50.892200000000003,65.678299999999993,23.952999999999999,212.14349999999999,95.572999999999993]
["E9053","Perfuratriz hidráulica montada em flutuante - 32 kW",352717.85470000003,11.022399999999999,2.2669000000000001,0,9.7977000000000007,17.087,29.288599999999999,69.462599999999995,42.5779]
["E9054","Equipamento sobre forma-trilho para execução e acabamento de pavimento de concreto - 13,40 kW",1344613.5758,107.56910000000001,24.8888,0,67.230699999999999,18.584800000000001,23.952999999999999,242.22640000000001,156.4109]
["E9055","Guincho pneumático com capacidade de 2,5 t",524162.67330000002,47.174599999999998,9.7022999999999993,0,26.208100000000002,0,0,83.084999999999994,56.876899999999999]
["E9056","Plataforma autoelevatória de 12 x 24 m com capacidade de 150 t",841147.24710000004,6.5715000000000003,4.7304000000000004,0,14.603300000000001,0,102.6951,128.6003,113.997]
["E9057","Batelão sem propulsão com capacidade de 66 m³",224935.5128,1.7573000000000001,1.2649999999999999,0,2.9287999999999998,0,26.783899999999999,32.734999999999999,29.8062]
["E9058","Plataforma flutuante de 12 x 24 x 1,8 m com capacidade de 150 t",672743.8504,5.2557999999999998,3.7833000000000001,0,8.7597000000000005,0,26.783899999999999,44.582700000000003,35.823]
["E9059","Plataforma autoelevatória de 12 x 24 m montada na obra com capacidade de 150 t",841147.24710000004,6.5715000000000003,4.7304000000000004,0,14.603300000000001,0,102.6951,128.6003,113.997]
["E9060","Perfuratriz pneumática rotopercussiva montada em flutuante com pressão de 0,70 MPa e capacidade de 2.500 gpm",32255.966100000001,1.008,0.20730000000000001,0,0.89600000000000002,0,58.577199999999998,60.688499999999998,59.792499999999997]
["E9061","Lixadeira elétrica manual angular - 2 kW",1381.8136,0.1105,2.5600000000000001E-2,0,6.9099999999999995E-2,0,0,0.20519999999999999,0.1361]
["E9062","Soprador de ar quente manual - 1,60 kW",4563.5123000000003,0.60850000000000004,9.3899999999999997E-2,0,0.38030000000000003,0,0,1.0827,0.70240000000000002]
["E9063","Equipamento de estabilização dinâmica da via - 300 kW",24247945.637200002,969.91780000000006,411.42700000000002,0,969.91780000000006,192.22919999999999,43.081099999999999,2586.5729000000001,1424.4259]
["E9064","Transportador manual gerica com capacidade de 180 l",937.59289999999999,0.93759999999999999,5.7799999999999997E-2,0,0.46879999999999999,0,0,1.4641999999999999,0.99539999999999995]
["E9065","Carro controle ferroviário - 186 kW",29526139.705899999,1181.0455999999999,500.98480000000001,0,1033.4149,119.18210000000001,43.081099999999999,2877.7085000000002,1725.1115]
["E9066","Grupo gerador - 14 kVA",67878.486399999994,3.3938999999999999,1.1966000000000001,0,2.4241999999999999,11.16,0,18.174700000000001,4.5904999999999996]
["E9067","Veículo ferroviário para capina química com capacidade de 12.000 l - 115 kW",1664232.0026,66.569299999999998,28.2379,0,41.605800000000002,73.687899999999999,23.952999999999999,234.0539,118.7602]
["E9068","Perfuratriz hidráulica rotopercussiva para CCPH - 123 kW",3489712.8250000002,232.64750000000001,62.8003,0,232.64750000000001,98.517499999999998,33.770200000000003,660.38300000000004,329.21800000000002]
["E9069","Vibrador de imersão para concreto - 4,10 kW",3863.6867000000002,0.61819999999999997,0.14299999999999999,0,0.38640000000000002,7.1079999999999997,0,8.2555999999999994,0.76119999999999999]
["E9070","Ponte rolante com capacidade de 5 t e vão de até 15 m - 10 kW",306282.60369999998,12.251300000000001,5.1969000000000003,0,7.6570999999999998,0,23.952999999999999,49.058300000000003,41.401200000000003]
["E9071","Transportador manual carrinho de mão com capacidade de 80 l",445.44260000000003,0.44540000000000002,2.75E-2,0,0.22270000000000001,0,0,0.6956,0.47289999999999999]
["E9072","Martelo hidráulico vibratório com unidade hidráulica - 486 kW",2859350.8125999998,190.6234,51.456400000000002,0,166.7955,389.26409999999998,43.081099999999999,841.22050000000002,285.16090000000003]
["E9073","Bomba de concreto rebocável com capacidade de 30 m³/h - 74 kW",457936.20370000001,36.634900000000002,8.4763999999999999,0,36.634900000000002,75.0762,23.952999999999999,180.77539999999999,69.064300000000003]
["E9074","Tanque de estocagem de asfalto com agitadores de 60.000 l",816000,34,11.8001,0,21.25,0,0,67.0501,45.8001]
["E9075","Trado cavadeira de 12\"",126.10769999999999,6.3100000000000003E-2,5.7999999999999996E-3,0,3.15E-2,0,0,0.1004,6.8900000000000003E-2]
["E9076","Equipamento para pintura eletrostática com cabine dupla de 7,00 kW e estufa de 80.000 kCal",163164.0882,10.489100000000001,2.8763000000000001,0,5.8273000000000001,0,23.952999999999999,43.145699999999998,37.318399999999997]
["E9077","Perfuratriz de circulação reversa tipo Wirth ou similar com unidade hidráulica (Power Pack) - 273 kW",4218875.7581000002,281.25839999999999,75.922200000000004,0,281.25839999999999,145.77379999999999,33.770200000000003,817.98299999999995,390.95080000000002]
["E9078","Treliça lançadeira com capacidade de carga de 100 a 120 t e vão máximo de 45 m - 110 kW",3510500,93.613299999999995,57.759399999999999,0,58.508299999999998,0,43.081099999999999,252.96209999999999,194.4538]
["E9079","Bomba submersível com capacidade de 360 m³/h - 23 kW",179172.34239999999,14.3338,3.3165,0,12.5421,0,0,30.192399999999999,17.650300000000001]
["E9080","Carrelone com capacidade máxima de 70 t",1766402.0123999999,79.488100000000003,29.971399999999999,0,44.1601,0,23.952999999999999,177.57259999999999,133.41249999999999]
["E9081","Fischietti simples com capacidade de 70 t",95285,4.2877999999999998,1.6167,0,2.3820999999999999,0,23.952999999999999,32.239600000000003,29.857500000000002]
["E9083","Vagão fechado FLT com capacidade de 99 t",800000,12.666700000000001,12.751300000000001,0,6.6666999999999996,0,0,32.084699999999998,25.417999999999999]
["E9084","Vagão tanque convencional TCT com capacidade de 97 t e 103.000 l",1195000,18.9208,19.0473,0,9.9582999999999995,0,0,47.926400000000001,37.9681]
["E9085","Vagão gôndola GDE com capacidade de 93,5 t / 29 m³",620000,9.8167000000000009,9.8823000000000008,0,5.1666999999999996,0,0,24.8657,19.699000000000002]
["E9086","Bomba de concreto rebocável com capacidade de 41 m³/h - 74 kW",508086.20370000001,40.646900000000002,9.4047000000000001,0,40.646900000000002,75.0762,23.952999999999999,189.7277,74.004599999999996]
["E9089","Roçadeira costal - 1,40 kW",2838.49,0.42580000000000001,5.8400000000000001E-2,0,0.33119999999999999,7.6280999999999999,0,8.4435000000000002,0.48420000000000002]
["E9093","Veículo leve - 53 kW (sem motorista)",70423.931100000002,4.2253999999999996,1.3035000000000001,0.5282,4.2253999999999996,23.627199999999998,0,33.909700000000001,6.0571000000000002]
["E9094","Guindaste móvel sobre pneus com 6 eixos com capacidade máxima de 350 t - 450 kW",16332169.2082,816.60850000000005,287.9128,116.6584,1049.9251999999999,120.1433,31.802900000000001,2423.0511000000001,1252.9826]
["E9095","Guindaste móvel sobre pneus com 8 eixos com capacidade máxima de 500 t - 500 kW",28660408.102600001,1433.0204000000001,505.24209999999999,204.71719999999999,1842.4548,133.49250000000001,31.802900000000001,4150.7299000000003,2174.7826]
["E9096","Minicarregadeira de pneus - 45,50 kW",401277.11989999999,28.089400000000001,7.4276,0,28.089400000000001,60.739100000000001,33.770200000000003,158.1157,69.287199999999999]
["E9101","Removedora de faixas de sinalização viária - 9,69 kW",49302.561800000003,3.9441999999999999,0.91259999999999997,0,3.4512,16.799099999999999,0,25.107099999999999,4.8567999999999998]
["E9102","Extrusora para sarjeta de concreto - 10,44 kW",73158.970700000005,5.8526999999999996,1.3542000000000001,0,5.1211000000000002,8.3620000000000001,23.952999999999999,44.643000000000001,31.1599]
["E9103","Extrusora para meio-fio de concreto - 10,44 kW",62715.850899999998,5.0172999999999996,1.1609,0,4.3901000000000003,8.3620000000000001,23.952999999999999,42.883299999999998,30.1312]
["E9105","Embarcação empurradora multipropósito - 2 x 186 kW",4997303.2631000001,65.069100000000006,28.9955,0,144.59790000000001,377.41,135.46729999999999,751.53980000000001,229.53190000000001]
["E9106","Balsa de convés com capacidade de 200 t",1925857.5748000001,15.0458,10.830399999999999,0,25.0763,0,26.783899999999999,77.736400000000003,52.6601]
["E9107","Compactador manual com soquete vibratório - 2,24 kW",9897.94,0.65990000000000004,0.17810000000000001,0,0.65990000000000004,3.8834,0,5.3813000000000004,0.83799999999999997]
["E9108","Soldadora de trilho por caldeamento na via - 400 kW",9036682.1547999997,144.58690000000001,144.9665,0,180.7336,256.30560000000003,86.162199999999999,812.75480000000005,375.71559999999999]
["E9110","Escavadeira hidráulica sobre esteiras para rocha com caçamba com capacidade de 1,56 m³ - 118 kW",1058002.3377,105.8002,20.982500000000002,0,105.8002,119.7161,33.770200000000003,386.06920000000002,160.55289999999999]
["E9111","Jateador abrasivo úmido com capacidade de 350 kg de abrasivo",245830.73300000001,22.1248,4.5503,0,22.1248,0,23.952999999999999,72.752899999999997,50.628100000000003]
["E9112","Sinalizador direcional móvel com sistema fotovoltaico de energia e montado em chassi sobre pneus",21428.9002,1.9286000000000001,0.39660000000000001,0,1.0713999999999999,0,0,3.3965999999999998,2.3252000000000002]
["E9113","Painel de Mensagem Variável - PMV móvel, com sistema fotovoltaico de energia e montado em chassi sobre pneus",147006.20370000001,13.230600000000001,2.7210999999999999,0,7.3502999999999998,0,0,23.302,15.951700000000001]
["E9116","Semáforo móvel com 3 lentes e bateria - D = 200 mm",7517.0016999999998,0.67649999999999999,0.1391,0,0.37590000000000001,0,0,1.1915,0.81559999999999999]
["E9117","Carregadeira de pneus para rocha com capacidade de 2,50 m³ - 105 kW",976809.22690000001,97.680899999999994,19.372199999999999,0,97.680899999999994,106.527,33.770200000000003,355.03120000000001,150.82329999999999]
["E9118","Cortadora de pavimento com disco diamantado de 450 a 1.500 mm - 55,40 kW",485922.61910000001,38.873800000000003,8.9944000000000006,0,38.873800000000003,44.372900000000001,23.952999999999999,155.06790000000001,71.821200000000005]
["E9119","Minicarregadeira sobre pneus com valetadeira - 55,40 kW",603072.8639,42.2151,11.1629,0,42.2151,73.954800000000006,33.770200000000003,203.31809999999999,87.148200000000003]
["E9120","Equipamento de cravação sobre esteira para geodreno com haste para profundidade de até 20 m - 258 kW",3254368.7192000002,227.8058,60.238399999999999,0,227.8058,179.09350000000001,23.952999999999999,718.89649999999995,311.99720000000002]
["E9122","Perfuratriz tipo Bottom Feed para coluna de brita - 194 kW",4500134.6489000004,300.00900000000001,80.983699999999999,0,300.00900000000001,103.5902,33.770200000000003,818.36210000000005,414.7629]
["E9125","Veículo tipo van furgão com capacidade de 1,54 t - 93 kW",233051.04800000001,11.6526,4.1939000000000002,1.6993,11.6526,24.829599999999999,27.028700000000001,81.056700000000006,44.5745]
["E9126","Draga backhoe com capacidade de 7 m³ - 1.000 kW",82197311.584399998,924.71979999999996,665.64409999999998,0,2054.9328,1014.543,67.400899999999993,4727.2406000000001,1657.7647999999999]
["E9127","Escavadeira hidráulica com martelo hidráulico de 520 kg - 75 kW",1100605.9674,125.7835,21.827400000000001,0,157.2294,52.062100000000001,33.770200000000003,390.67259999999999,181.3811]
["E9134","Miniônibus com capacidade para 30 passageiros - 111 kW",616773.83640000003,26.433199999999999,10.8728,4.4055,39.649700000000003,112.6143,27.8522,221.82769999999999,69.563699999999997]
["E9141","Rebarbador hidráulico com bomba manual com capacidade de força de 9.000 kgf",93329.616299999994,7.4664000000000001,1.7275,0,4.6665000000000001,0,0,13.8604,9.1938999999999993]
["E9144","Pórtico metálico rolante com talha com capacidade de 5 t - 10 kW",286750.87449999998,11.47,4.8654000000000002,0,7.1688000000000001,0,23.952999999999999,47.4572,40.288400000000003]
["E9148","Macaco de protensão de fios com bomba - 3,72 kW",101447.3164,5.7969999999999997,1.7884,0,5.7969999999999997,0,43.081099999999999,56.463500000000003,50.666499999999999]
["E9149","Máquina de aplicação e extração de grampo elástico tipo Pandrol - 6,70 kW",264423.00589999999,21.1538,4.8944999999999999,0,21.1538,9.2924000000000007,0,56.494500000000002,26.048300000000001]
["E9151","Britador de mandíbulas móvel sobre esteiras, sem peneira, com capacidade de 140 m³/h - 170 kW",2939438.5797999999,167.96789999999999,51.818100000000001,0,167.96789999999999,163.3948,43.081099999999999,594.22979999999995,262.86709999999999]
["E9152","Ferramenta de fixação à pólvora de ação direta",1013.1638,8.6099999999999996E-2,1.8800000000000001E-2,0,8.1100000000000005E-2,0,0,0.186,0.10489999999999999]
["E9153","Ferramenta de fixação à pólvora e sistema à pistão",937.39599999999996,7.9699999999999993E-2,1.7399999999999999E-2,0,7.4999999999999997E-2,0,0,0.1721,9.7100000000000006E-2]
["E9154","Equipamento para selagem com material asfáltico rebocável com capacidade de 370 l - 35 kW",466965.04979999998,30.019200000000001,8.2318999999999996,0,10.006399999999999,28.0334,23.952999999999999,100.2439,62.204099999999997]
["E9155","Caldeira de asfalto rebocável com capacidade de 600 l - 5,20 kW",130630.7739,8.3977000000000004,2.3028,0,2.7991999999999999,3.8873000000000002,0,17.387,10.7005]
["E9156","Soprador de ar costal - 2,6 kW",2329.9839999999999,0.37280000000000002,8.6300000000000002E-2,0,0.32619999999999999,4.5075000000000003,0,5.2927999999999997,0.45910000000000001]
["E9157","Locomotiva diesel-elétrica CC - bitola métrica - 2.237 kW",8250000,132,132.34649999999999,0,165,1433.3891000000001,32.779200000000003,1895.5147999999999,297.12569999999999]
["E9158","Locomotiva diesel-elétrica CC - bitola larga - 2.237 kW",8250000,132,132.34649999999999,0,165,1433.3891000000001,32.779200000000003,1895.5147999999999,297.12569999999999]
["E9159","Vagão plataforma PNE com capacidade de 82 t - bitola métrica",736000,11.6533,11.731199999999999,0,6.1333000000000002,0,0,29.517800000000001,23.384499999999999]
["E9160","Vagão plataforma PNT com capacidade de 98 t - bitola larga",842000,13.3317,13.4208,0,7.0167000000000002,0,0,33.769199999999998,26.752500000000001]
["E9161","Vagão fechado com porta para carga e descarga de paletes FLD com capacidade de 64 t - bitola métrica",730000,11.558299999999999,11.6356,0,6.0833000000000004,0,0,29.277200000000001,23.193899999999999]
["E9162","Vagão fechado com porta para carga e descarga de paletes FLT com capacidade de 99 t - bitola larga",800000,12.666700000000001,12.751300000000001,0,6.6666999999999996,0,0,32.084699999999998,25.417999999999999]
["E9163","Vagão hopper aberto com descarga automática HNE com capacidade de 45 m³ - bitola métrica",880000,13.933299999999999,14.0265,0,7.3333000000000004,0,0,35.293100000000003,27.959800000000001]
["E9164","Vagão hopper aberto com descarga automática HNT com capacidade de 63 m³ - bitola larga",915000,14.487500000000001,14.584300000000001,0,7.625,0,0,36.696800000000003,29.0718]
["E9167","Equipamento para carga e descarga de TLS de até 250 m - 90 kW",2813415,45.014600000000002,45.132800000000003,0,56.268300000000004,57.668799999999997,43.081099999999999,247.16560000000001,133.2285]
["E9168","Carregadeira de pneus com implemento de garfo - 195 kW",1709491.9306000001,119.6644,31.642700000000001,0,119.6644,83.299300000000002,33.770200000000003,388.041,185.07730000000001]
["E9200","Carregadeira de pneus para rocha com capacidade de 2,50 m³ - 105 kW com periculosidade",976809.22690000001,97.680899999999994,19.372199999999999,0,97.680899999999994,106.527,42.052799999999998,363.31380000000001,159.10589999999999]
["E9203","Escavadeira hidráulica com martelo hidráulico de 1.700 kg - 103 kW com periculosidade",1906983.1324,217.9409,37.819600000000001,0,272.42619999999999,71.498599999999996,42.052799999999998,641.73810000000003,297.81330000000003]
["E9204","Perfuratriz sobre esteiras - 145 kW com periculosidade",1675283.3918000001,111.68559999999999,30.148099999999999,0,111.68559999999999,116.13849999999999,42.052799999999998,411.7106,183.88650000000001]
["E9205","Equipamento de corte a plasma CNC - 12.000 x 5.500 mm - 19,5 kW",1055300.9142,84.424099999999996,19.5336,0,63.318100000000001,0,0,167.2758,103.9577]
["E9206","Equipamento de solda MIG automática com acessórios - 14,6 kVA",83448.420499999993,6.6759000000000004,1.5446,0,6.6759000000000004,0,0,14.8964,8.2204999999999995]
["E9207","Máquina de solda elétrica retificadora 425 A - 18,70 kW",5743.1427999999996,0.45950000000000002,0.10630000000000001,0,0.45950000000000002,0,0,1.0253000000000001,0.56579999999999997]
["E9209","Martelete perfurador/rompedor a ar comprimido de 25 kg para rocha, com insalubridade, com capacidade de 2.040 gpm",26711.0736,2.1368999999999998,0.49440000000000001,0,2.1368999999999998,0,30.5716,35.339799999999997,33.2029]
["E9213","Jumbo eletro-hidráulico com 3 braços - 155 kW/237 kW com periculosidade",11609091.625499999,773.93939999999998,208.9153,0,967.42430000000002,173.80719999999999,54.207500000000003,2178.2937000000002,1037.0622000000001]
["E9231","Maçarico lança-chamas a gás liquefeito de petróleo (GLP)",86.171000000000006,6.8999999999999999E-3,1.6000000000000001E-3,0,6.8999999999999999E-3,0,0,1.54E-2,8.5000000000000006E-3]
["E9242","Estação transmissora de superfície para televisionamento",12113.251200000001,0.77869999999999995,0.2135,0,0.43259999999999998,0,0,1.4248000000000001,0.99219999999999997]
["E9243","Câmara hiperbárica com filtro, serpentina e reservatório de ar para mergulho raso - D = 1,80 m e H = 2,22 m.",421749.42090000003,7.3806000000000003,6.8308,0,10.543699999999999,0,53.017600000000002,77.7727,67.228999999999999]
["E9244","Estação transmissora de superfície para comunicação sem fio",38565.863499999999,2.4792000000000001,0.67989999999999995,0,1.3774,0,0,4.5365000000000002,3.1591]
["E9245","Estação transmissora de superfície para comunicação com fio",6463.8225000000002,0.41549999999999998,0.1139,0,0.23089999999999999,0,0,0.76029999999999998,0.52939999999999998]
["E9246","Painel de controle de ar com manômetros e pneufatômetros",12404.1952,0.7974,0.21870000000000001,0,0.443,0,0,1.4591000000000001,1.0161]
["E9247","Sistema de Sino aberto (sinete) para mergulho até 50 m  - 33,50 kW",550152.47730000003,14.6707,9.0518000000000001,0,14.6707,0,53.017600000000002,91.410799999999995,76.740099999999998]
["E9248","Sistema de ar comprimido para mergulho até 30 m com pressão de trabalho de 1,4 MPa - 7,46 kW",50790.222699999998,3.3860000000000001,0.91400000000000003,0,3.3860000000000001,6.7717999999999998,0,14.457800000000001,4.3]
["E9249","Sistema de ar comprimido para mergulho até 50 m com pressão de trabalho de 1,7 MPa - 16,18 kW",78694.0046,5.2462999999999997,1.4161999999999999,0,5.2462999999999997,14.6874,0,26.5962,6.6624999999999996]
["E9251","Fonte de plasma para corte manual - 65A - 15 kW",32605.943800000001,2.6084999999999998,0.60350000000000004,0,2.6084999999999998,0,0,5.8205,3.2120000000000002]
["E9252","Serra de esquadria com braço telescópico - D = 250 mm (10\") - 1,80 kW",5065.1499999999996,0.45590000000000003,9.3799999999999994E-2,0,0.25330000000000003,0,0,0.80300000000000005,0.54969999999999997]
["E9253","Rebordeadeira diâmetro máximo 3,00 m - 4,85 kW",65545.64,2.6217999999999999,1.1121000000000001,0,2.2940999999999998,0,0,6.0279999999999996,3.7339000000000002]
["E9254","Dobradeira viradeira manual comprimento máximo de dobra de até 2.000 mm",15886.329400000001,0.63549999999999995,0.26960000000000001,0,0.55600000000000005,0,0,1.4611000000000001,0.90510000000000002]
["E9255","Fonte de plasma para corte manual - 45A - 10 kW",21773.543799999999,1.7419,0.40300000000000002,0,1.7419,0,0,3.8868,2.1448999999999998]
["E9256","Equipamento para pintura com cal rebocável com dois bicos aplicadores e capacidade de 2.200 l",65434.718999999997,3.7391000000000001,1.1535,0,3.7391000000000001,0,23.952999999999999,32.584699999999998,28.845600000000001]
["E9259","Ventilador centrífugo média pressão com capacidade de 38 m³/min - 2,21 kW",17180,1.5462,0.318,0,1.0307999999999999,0,0,2.895,1.8642000000000001]
["E9260","Detector de gases com bomba elétrica para espaço confinado",4049,0.32390000000000002,7.4899999999999994E-2,0,0.20250000000000001,0,0,0.60129999999999995,0.39879999999999999]
["E9261","Equipamento de pintura com pistola airless - 0,90 kW",2439.4499999999998,0.21959999999999999,4.5199999999999997E-2,0,0.122,0,0,0.38679999999999998,0.26479999999999998]
["E9262","Escova rotativa com cerdas de aço para tratamento de superfície - 0,91 kW",19452,1.5562,0.36009999999999998,0,0.97260000000000002,0,23.952999999999999,26.841899999999999,25.869299999999999]
["E9263","Tripé com guincho para espaço confinado",9781.5300000000007,0.78249999999999997,0.18110000000000001,0,0.58689999999999998,0,0,1.5505,0.96360000000000001]
["E9264","Respirador purificador de ar motorizado",8510.0400000000009,0.68079999999999996,0.1575,0,0.42549999999999999,0,0,1.2638,0.83830000000000005]
["E9265","Respirador de adução de ar tipo linha de ar comprimido para jateamento",17371.839599999999,1.3896999999999999,0.3216,0,0.86860000000000004,0,0,2.5798999999999999,1.7113]
["E9267","Exaustor centrífugo alta pressão com capacidade de 35 m³/min - 1,47 kW",5444.14,0.49,0.1008,0,0.3266,0,0,0.91739999999999999,0.59079999999999999]
["E9501","Ventilador axial para ventilação forçada com velocidade de saída de 32,8 m/s - D = 1.000 mm - 30 kW",440742.59600000002,39.666800000000002,8.1580999999999992,0,26.444600000000001,0,0,74.269499999999994,47.8249]
["E9502","Bate-estaca de gravidade para 6 t - 119 kW",938230.53200000001,53.613199999999999,16.5397,0,40.209899999999998,82.605199999999996,33.770200000000003,226.73820000000001,103.92310000000001]
["E9503","Guilhotina hidráulica 16 x 6.100 mm - 30 kW",1280453.1899000001,51.2181,21.726099999999999,0,44.815899999999999,0,23.952999999999999,141.7131,96.897199999999998]
["E9505","Prensa dobradeira capacidade 320 t - comprimento até 3.100 mm - 30 kW",830365.85990000004,33.214599999999997,14.0892,0,29.062799999999999,0,23.952999999999999,100.31959999999999,71.256799999999998]
["E9507","Plotadora de recorte com computador e programa computacional",87472.433499999999,13.120900000000001,1.7989999999999999,0,8.7471999999999994,0,0,23.667100000000001,14.9199]
["E9510","Ventilador centrífugo baixa pressão com capacidade de 58 m³/min - 3,68 kW",13118.0506,1.1806000000000001,0.24279999999999999,0,0.78710000000000002,0,0,2.2105000000000001,1.4234]
["E9511","Carregadeira de pneus com capacidade de 3,40 m³ - 195 kW",2023391.2496,141.63740000000001,37.453000000000003,0,141.63740000000001,83.299300000000002,33.770200000000003,437.79730000000001,212.86060000000001]
["E9512","Veículo leve - 53 kW",70423.931100000002,4.2253999999999996,1.3035000000000001,0.5282,4.2253999999999996,23.627199999999998,27.028700000000001,60.938400000000001,33.085799999999999]
["E9513","Compressor de ar portátil de 160,46 l/s (340 PCM) - 81 kW",313043.2182,20.869499999999999,5.6334999999999997,0,20.869499999999999,73.527699999999996,0,120.9002,26.503]
["E9514","Distribuidor de agregados sobre pneus autopropelido - 130 kW",924224.63069999998,52.812800000000003,16.2928,0,46.211199999999998,131.89060000000001,33.770200000000003,280.9776,102.8758]
["E9515","Escavadeira hidráulica sobre esteiras com caçamba com capacidade de 1,56 m³ - 118 kW",1058002.3377,74.060199999999995,19.583600000000001,0,74.060199999999995,81.911000000000001,33.770200000000003,283.3852,127.414]
["E9516","Perfuratriz hidráulica sobre esteiras - 283 kW",4968207.4967,331.21379999999999,89.406999999999996,0,331.21379999999999,151.11349999999999,33.770200000000003,936.7183,454.39100000000002]
["E9518","Grade de 24 discos rebocável de D = 60 cm (24\")",40575.561999999998,2.6084000000000001,0.71530000000000005,0,1.4491000000000001,0,0,4.7728000000000002,3.3237000000000001]
["E9519","Betoneira com motor a gasolina com capacidade de 600 l - 10 kW",34345.662600000003,2.7477,0.63570000000000004,0,2.0607000000000002,17.336600000000001,23.952999999999999,46.733699999999999,27.336400000000001]
["E9521","Grupo gerador - 3,2 kVA",3435.4279000000001,0.17180000000000001,6.0600000000000001E-2,0,0.1227,4.1211000000000002,0,4.4762000000000004,0.2324]
["E9522","Caldeira de asfalto rebocável com capacidade de 1.500 l - 6,5 kW",173629.9369,11.161899999999999,3.0608,0,3.7206000000000001,4.8590999999999998,0,22.802399999999999,14.2227]
["E9523","Motoscraper - 304 kW",5511158.8784999996,259.34870000000001,95.010800000000003,0,291.7672,259.72300000000001,33.770200000000003,939.61990000000003,388.12970000000001]
["E9524","Motoniveladora - 93 kW",1338384.9484999999,66.919200000000004,23.593800000000002,0,86.039000000000001,74.488799999999998,33.770200000000003,284.81099999999998,124.28319999999999]
["E9525","Ponte rolante com capacidade de 15 t e vão de até 15 m - 20 kW",3369751.602,134.7901,57.176299999999998,0,84.243799999999993,0,47.905999999999999,324.11619999999999,239.8724]
["E9526","Retroescavadeira de pneus - capacidade da caçamba da pá-carregadeira de 0,76 m³ e da retroescavadeira de 0,29 m³ - 58 kW ",457732.19579999999,32.0413,8.4725999999999999,0,32.0413,40.261299999999999,33.770200000000003,146.58670000000001,74.284099999999995]
["E9527","Martelete perfurador/rompedor a ar comprimido de 25 kg para rocha com capacidade de 2.040 gpm",26711.0736,2.1368999999999998,0.49440000000000001,0,2.1368999999999998,0,23.952999999999999,28.7212,26.584299999999999]
["E9528","Empilhadeira a diesel com capacidade de 4 t - 60 kW",479795.08,38.383600000000001,8.8810000000000002,0,33.585700000000003,48.057299999999998,23.952999999999999,152.86060000000001,71.217600000000004]
["E9529","Jateador para estruturas metálicas com transportador a roletes - 22 kW",4094966.74,272.99779999999998,73.692300000000003,0,204.7483,0,23.952999999999999,575.39139999999998,370.6431]
["E9530","Rolo compactador liso vibratório autopropelido por pneus de 11 t - 97 kW",855102.05579999997,57.006799999999998,15.388299999999999,0,57.006799999999998,82.872100000000003,33.770200000000003,246.04419999999999,106.1653]
["E9532","Equipamento de solda MIG com acessórios - 14,6 kVA",80216.978700000007,6.4173999999999998,1.4847999999999999,0,6.4173999999999998,0,0,14.319599999999999,7.9021999999999997]
["E9535","Serra circular com bancada - D = 30 cm - 4 kW",6847.8836000000001,0.61629999999999996,0.1268,0,0.34239999999999998,0,23.952999999999999,25.038499999999999,24.696100000000001]
["E9536","Embarcação de transporte de pessoal e apoio logístico - 30 kW",120653.0488,1.8852,0.71079999999999999,0,2.0947,59.439599999999999,39.282899999999998,103.4132,41.878900000000002]
["E9538","Conjunto vibratório para meio tubo de concreto com encaixe PB e 3 jogos de fôrmas - D = 0,30 m - 2,20 kW",15851.732,2.1135999999999999,0.48899999999999999,0,1.5851999999999999,0,0,4.1878000000000002,2.6025999999999998]
["E9539","Equipamento de batimetria monofeixe",98075.750100000005,6.3048999999999999,1.7289000000000001,0,3.5026999999999999,0,38.392499999999998,49.929000000000002,46.426299999999998]
["E9540","Trator sobre esteiras com lâmina - 127 kW",1701948.0166,66.186899999999994,29.169499999999999,0,94.552700000000002,94.939899999999994,33.770200000000003,318.61919999999998,129.1266]
["E9541","Trator sobre esteiras com lâmina - 259 kW",4776357.7889999999,185.74719999999999,81.861500000000007,0,265.35320000000002,193.61750000000001,33.770200000000003,760.34960000000001,301.37889999999999]
["E9543","Compressor de ar respirável com capacidade de até 35 MPa e 3,58 l/s - 5,52 kW",50228.266600000003,3.3485999999999998,0.90390000000000004,0,3.3485999999999998,0,0,7.6010999999999997,4.2525000000000004]
["E9544","Vassoura mecânica rebocável com largura de 2,44 m",66959.907900000006,6.0263999999999998,1.2394000000000001,0,4.0175999999999998,0,0,11.2834,7.2657999999999996]
["E9545","Vibroacabadora de asfalto sobre esteiras - 82 kW",3646987.6293000001,182.3494,64.291200000000003,0,234.44919999999999,83.192499999999995,43.081099999999999,607.36339999999996,289.7217]
["E9547","Máquina de solda elétrica transformadora 250 A - 9,20 kW",1366.4075,0.10929999999999999,2.53E-2,0,0.10929999999999999,0,0,0.24390000000000001,0.1346]
["E9548","Bomba centrífuga com capacidade de 7,1 a 22 m³/h - 1,50 kW",2482.7871,0.1986,4.5999999999999999E-2,0,0.17380000000000001,0,0,0.41839999999999999,0.24460000000000001]
["E9551","Obturador mecânico simples com extensão de 12 m",4828.0842000000002,0.4345,8.9399999999999993E-2,0,0.2414,0,0,0.76529999999999998,0.52390000000000003]
["E9552","Nível ótico com capacidade de aumento de 32x",15446.7423,1.2357,0.28589999999999999,0,0.77229999999999999,0,0,2.2938999999999998,1.5216000000000001]
["E9553","Estação total eletrônica com alcance máximo de 3.000 m",31998.038799999998,2.8797999999999999,0.59230000000000005,0,1.5999000000000001,0,0,5.0720000000000001,3.4721000000000002]
["E9556","Compactador manual de placa vibratória - 3,00 kW",10833.2547,0.72219999999999995,0.19500000000000001,0,0.72219999999999995,5.2009999999999996,0,6.8403999999999998,0.91720000000000002]
["E9558","Tanque de estocagem de asfalto com capacidade de 30.000 l",655534.62730000005,27.3139,9.4795999999999996,0,17.071200000000001,0,0,53.864699999999999,36.793500000000002]
["E9559","Aquecedor de fluido térmico - 12 kW",681492.98990000004,30.667200000000001,9.4608000000000008,0,20.444800000000001,9.6114999999999995,0,70.184299999999993,40.128]
["E9560","Ônibus com capacidade para 80 passageiros - 175 kW",1060581.5696,45.453499999999998,18.6965,7.5755999999999997,68.180199999999999,177.54499999999999,27.8522,345.303,99.577799999999996]
["E9561","GPS geodésico de simples frequência (L1)",31554.965899999999,2.5244,0.58409999999999995,0,1.5777000000000001,0,0,4.6862000000000004,3.1084999999999998]
["E9562","GPS geodésico de dupla frequência (L1/L2)",68009.291100000002,5.4406999999999996,1.2588999999999999,0,3.4005000000000001,0,0,10.100099999999999,6.6996000000000002]
["E9563","Perfuratriz hidráulica sobre esteiras com clamshell - 220 kW",3020180.2497999999,201.34530000000001,54.350700000000003,0,201.34530000000001,117.4734,33.770200000000003,608.28489999999999,289.46620000000001]
["E9565","Trator sobre esteiras com lâmina e escarificador - 259 kW",4840216.0206000004,188.23060000000001,82.9559,0,268.90089999999998,193.61750000000001,33.770200000000003,767.4751,304.95670000000001]
["E9566","Guindaste móvel sobre esteiras com clamshell de 1,9 m³ - 220 kW",3903325.9615000002,136.6164,66.229699999999994,0,195.16630000000001,58.736699999999999,43.081099999999999,499.83019999999999,245.9272]
["E9567","Fresadora de piso de concreto - 6,7 kW",18685.497299999999,1.4947999999999999,0.34589999999999999,0,1.4947999999999999,11.615500000000001,0,14.951000000000001,1.8407]
["E9568","Furadeira de impacto de 12,5 mm - 0,80 kW",1381.1972000000001,0.1105,2.5600000000000001E-2,0,6.9099999999999995E-2,0,0,0.20519999999999999,0.1361]
["E9569","Guindaste móvel sobre esteiras com clamshell de 4,6 m³ - 403 kW",6039449.8466999996,73.396100000000004,35.581400000000002,0,104.8516,107.595,86.162199999999999,407.58629999999999,195.1397]
["E9570","Furadeira com base magnética - 1,20 kW",6002.9710999999998,0.34300000000000003,0.10580000000000001,0,0.25729999999999997,0,0,0.70609999999999995,0.44879999999999998]
["E9574","Perfuratriz sobre esteiras - 145 kW",1675283.3918000001,111.68559999999999,30.148099999999999,0,111.68559999999999,116.13849999999999,33.770200000000003,403.428,175.60390000000001]
["E9576","Escavadeira hidráulica de longo alcance sobre esteiras - 103 kW",1052354.3143,73.6648,19.479099999999999,0,73.6648,71.498599999999996,33.770200000000003,272.07749999999999,126.9141]
["E9577","Trator agrícola sobre pneus - 77 kW",322909.55949999997,21.5273,5.8109999999999999,0,18.836400000000001,74.008200000000002,23.952999999999999,144.13589999999999,51.2913]
["E9578","Conjunto vibratório para meio tubo de concreto com encaixe PB e 3 jogos de fôrmas - D = 0,40 m - 2,20 kW",17043.719499999999,2.2725,0.52580000000000005,0,1.7043999999999999,0,0,4.5026999999999999,2.7982999999999998]
["E9580","Fresadora e distribuidora com controle de greide - 287 kW",3022741.0027000001,176.32660000000001,54.396700000000003,0,251.89510000000001,275.84890000000001,43.081099999999999,801.54840000000002,273.80439999999999]
["E9581","Carregadeira de pneus para rocha com capacidade de 1,72 m³ - 113 kW",728746.20369999995,72.874600000000001,14.4526,0,72.874600000000001,114.6434,33.770200000000003,308.61540000000002,121.09739999999999]
["E9583","Distribuidor de agregados rebocável com capacidade de 1,9 m³",79510.416400000002,7.1558999999999999,1.4717,0,4.7706,0,0,13.398199999999999,8.6275999999999993]
["E9584","Carregadeira de pneus com capacidade de 1,72 m³ - 113 kW",728746.20369999995,51.0122,13.489100000000001,0,51.0122,48.270899999999997,33.770200000000003,197.55459999999999,98.271500000000003]
["E9585","Motosserra com motor a gasolina - 2,30 kW",1717.2731000000001,1.288,0.17660000000000001,0,1.288,3.9874000000000001,23.952999999999999,30.693000000000001,25.4176]
["E9586","Régua vibratória dupla com 4 m - 4,10 kW",5506.1881000000003,0.49559999999999998,0.1019,0,0.38540000000000002,7.1079999999999997,0,8.0908999999999995,0.59750000000000003]
["E9587","Serra para corte de concreto - 4 kW",13074.0677,1.0459000000000001,0.24199999999999999,0,0.91520000000000001,6.9345999999999997,0,9.1377000000000006,1.2879]
["E9588","Vibroacabadora de concreto sobre esteiras com fôrmas deslizantes - 205 kW",5710383.0674999999,285.51920000000001,100.66589999999999,0,367.09609999999998,207.9813,43.081099999999999,1004.3436,429.26620000000003]
["E9589","Máquina texturizadora e aplicadora de cura química em pavimento de concreto - 44,80 kW",1414486.425,70.724299999999999,24.935400000000001,0,70.724299999999999,35.882800000000003,33.770200000000003,236.03700000000001,129.4299]
["E9590","Central de concreto com capacidade de 40 m³/h - dosadora fixa",402891.54210000002,23.022400000000001,7.1024000000000003,0,20.144600000000001,0,43.081099999999999,93.350499999999997,73.2059]
["E9591","Serra para corte de concreto e asfalto - 10 kW",18577.6505,1.4862,0.34389999999999998,0,1.3004,17.336600000000001,0,20.467099999999999,1.8301000000000001]
["E9593","Draga hopper com capacidade de 750 m³",112978410.4038,882.64380000000006,635.35649999999998,0,1961.4306999999999,640.76400000000001,168.97909999999999,4289.1741000000002,1686.9793999999999]
["E9594","Draga hopper com capacidade de 1.000 m³",124575512.58419999,973.24620000000004,700.57510000000002,0,2162.7692999999999,768.91679999999997,195.76300000000001,4801.2704000000003,1869.5843]
["E9595","Draga hopper com capacidade de 2.000 m³",170963921.30599999,1335.6556,961.44939999999997,0,2968.1235999999999,1345.6043999999999,195.76300000000001,6806.5959999999995,2492.8679999999999]
["E9596","Draga hopper com capacidade de 3.000 m³",217352330.02790001,1698.0651,1222.3237999999999,0,3773.4780000000001,1922.2919999999999,348.3347,8964.4935999999998,3268.7235999999998]
["E9597","Draga hopper com capacidade de 4.000 m³",263740738.7498,2060.4744999999998,1483.1982,0,4578.8323,2498.9796000000001,405.2697,11026.754300000001,3948.9423999999999]
["E9598","Draga hopper com capacidade de 5.000 m³",310129147.47140002,2422.884,1744.0726,0,5384.1866,3075.6671999999999,405.2697,13032.080099999999,4572.2263000000003]
["E9599","Central de concreto com capacidade de 30 m³/h - dosadora RS",268069.72700000001,15.318300000000001,4.7256999999999998,0,13.403499999999999,0,43.081099999999999,76.528599999999997,63.125100000000003]
["E9601","Embarcação de transporte de pessoal e apoio logístico - 130 kW",474934.70250000001,7.4208999999999996,2.7980999999999998,0,8.2454000000000001,257.57159999999999,39.282899999999998,315.31889999999999,49.501899999999999]
["E9603","Embarcação empurradora multipropósito com guindaste hidráulico de 74 kN.m - 165 kW",2146604.4956999999,27.950600000000001,12.4551,0,62.112400000000001,167.39959999999999,135.46729999999999,405.38499999999999,175.87299999999999]
["E9606","Embarcação rebocadora - 2 x 268 kW",1040229.2287,13.544700000000001,6.0355999999999996,0,30.0992,544.80960000000005,135.46729999999999,729.95640000000003,155.04759999999999]
["E9607","Conjunto de britagem para rachão com capacidade de 80 m³/h - 224 kW",2249139.9297000002,128.5223,39.649099999999997,0,96.3917,0,43.081099999999999,307.64420000000001,211.2525]
["E9609","Draga de sucção para extração de areia com tubo de descarga de 150 mm - 100 kW",622317.63870000001,4.8619000000000003,3.4996999999999998,0,10.8041,80.095500000000001,40.616999999999997,139.87819999999999,48.9786]
["E9610","Compressor de ar portátil de 42,48 l/s (90 PCM) - 18,50 kW",115459.1544,7.6973000000000003,2.0777999999999999,0,7.6973000000000003,16.793399999999998,0,34.265799999999999,9.7751000000000001]
["E9611","Conjunto de britagem com capacidade de 80 m³/h - 313 kW",8084327.1564999996,461.96159999999998,142.51509999999999,0,346.47120000000001,0,43.081099999999999,994.029,647.55780000000004]
["E9612","Plataforma flutuante montada na obra de 12 x 24 x 1,8 m com capacidade de 150 t",672743.8504,5.2557999999999998,3.7833000000000001,0,8.7597000000000005,0,53.567799999999998,71.366600000000005,62.606900000000003]
["E9613","Guindaste móvel sobre esteiras com pinça com capacidade de 40 t - 186 kW",6841909.8449999997,239.46680000000001,116.09010000000001,0,342.09550000000002,49.659199999999998,43.081099999999999,790.39269999999999,398.63799999999998]
["E9614","Bomba com capacidade de 136 m³/h e câmara de vácuo - 5,60 kW",10141.277,0.81130000000000002,0.18770000000000001,0,0.70989999999999998,0,0,1.7089000000000001,0.999]
["E9615","Usina misturadora de solos com capacidade de 300 t/h - 44 kW",1495146.6229999999,85.436899999999994,26.357299999999999,0,74.757300000000001,0,33.770200000000003,220.32169999999999,145.56440000000001]
["E9617","Usina misturadora de pré-misturado a frio com capacidade de 60 t/h - 23,50 kW",231313.6685,13.2179,4.0777000000000001,0,11.5657,0,33.770200000000003,62.631500000000003,51.065800000000003]
["E9618","Batelão autopropelido com capacidade de 300 m³ - 224 kW",20667572.377500001,161.46539999999999,116.2282,0,358.81200000000001,71.765600000000006,105.31619999999999,813.5874,383.00979999999998]
["E9619","Batelão autopropelido com capacidade de 500 m³ - 373 kW",25354271.828600001,198.08019999999999,142.5848,0,440.17829999999998,119.5025,105.31619999999999,1005.662,445.9812]
["E9620","Pontão flutuante de 15 x 30 x 1,8 m com capacidade de 500 t",3320316.6878999998,25.94,18.672499999999999,0,43.2333,0,26.783899999999999,114.6297,71.3964]
["E9621","Bomba de injeção de argamassa e nata com capacidade de 1,08 m³/h (18 l/min) e misturador com tambor de 0,100 m³ - 6,20 kW",47488.241800000003,3.7991000000000001,0.879,0,3.7991000000000001,0,23.952999999999999,32.430199999999999,28.6311]
["E9622","Máquina de bancada universal para corte de chapa - 1,50 kW",103256.0328,5.9002999999999997,1.8203,0,4.4253,0,0,12.145899999999999,7.7206000000000001]
["E9623","Máquina de bancada guilhotina - 4,00 kW",125195.2754,7.1539999999999999,2.2069999999999999,0,5.3654999999999999,0,0,14.7265,9.3610000000000007]
["E9624","Draga hopper com capacidade de 10.000 m³",542071191.08060002,4234.9312,3048.4445999999998,0,9410.9581999999991,5254.2647999999999,537.36980000000005,22485.9686,7820.7456000000002]
["E9625","Draga hopper com capacidade de 15.000 m³",774013234.68959999,6046.9784,4352.8166000000001,0,13437.729799999999,7561.0151999999998,564.88890000000004,31963.428899999999,10964.6839]
["E9626","Draga hopper com capacidade de 20.000 m³",1005955278.2986,7859.0255999999999,5657.1886000000004,0,17464.501400000001,9931.8420000000006,591.67280000000005,41504.2304,14107.887000000001]
["E9627","Embarcação hotel com capacidade para 15 pessoas - 199 kW",2339880.9506000001,24.373799999999999,10.8612,0,54.163899999999998,201.89410000000001,56.935000000000002,348.22800000000001,92.17]
["E9628","Fábrica de pré-moldado de concreto para balizador - 2,20 kW",13953.9377,1.8605,0.43049999999999999,0,1.3954,0,0,3.6863999999999999,2.2909999999999999]
["E9629","Compressor de ar portátil de 185,95 l/s (394 PCM) - 81,50 kW",313316.74089999998,20.887799999999999,5.6383999999999999,0,20.887799999999999,73.981499999999997,0,121.3955,26.526199999999999]
["E9630","Bomba submersível com capacidade de 75 m³/h - 3,6 kW",5359.6363000000001,0.42880000000000001,9.9199999999999997E-2,0,0.37519999999999998,0,0,0.9032,0.52800000000000002]
["E9631","Bomba para concreto projetado via seca com capacidade de 6 m³/h - 7,5 kW",245280.85029999999,19.622499999999999,4.5400999999999998,0,17.169699999999999,0,43.081099999999999,84.413399999999996,67.243700000000004]
["E9632","Conjunto vibratório para tubos de concreto com encaixe PB e 3 jogos de fôrmas - D = 0,20 m - 2,20 kW",48677.392899999999,6.4903000000000004,1.5017,0,4.8677000000000001,0,0,12.8597,7.992]
["E9633","Conjunto vibratório para tubos de concreto com encaixe PB e 3 jogos de fôrmas - D = 0,30 m - 2,20 kW",56322.553899999999,7.5096999999999996,1.7376,0,5.6322999999999999,0,0,14.8796,9.2472999999999992]
["E9634","Conjunto vibratório para tubos de concreto com encaixe PB e 3 jogos de fôrmas - D = 0,40 m - 2,20 kW",62282.491300000002,8.3042999999999996,1.9214,0,6.2282000000000002,0,0,16.453900000000001,10.2257]
["E9635","Draga de sucção e recalque com potência da bomba de 294 kW e cortador de 30 kW",4204093.2977,32.844499999999996,23.642600000000002,0,72.987700000000004,235.48079999999999,67.400899999999993,432.35649999999998,123.88800000000001]
["E9636","Draga de sucção e recalque com potência da bomba de 483 kW e cortador de 55 kW",7081844.3680999996,55.326900000000002,39.8262,0,122.9487,386.86130000000003,67.400899999999993,672.36400000000003,162.554]
["E9637","Draga de sucção e recalque com potência da bomba de 746 kW e cortador de 110 kW",13321767.752699999,104.0763,74.917599999999993,0,231.2807,597.51239999999996,94.184799999999996,1101.9718,273.17869999999999]
["E9638","Draga de sucção e recalque com potência da bomba de 1.350 kW e cortador de 170 kW",20360000.050999999,159.0625,114.49850000000001,0,353.47219999999999,1081.2892999999999,94.184799999999996,1802.5073,367.74579999999997]
["E9639","Embarcação hotel com capacidade para 30 pessoas - 2 x 112 kW",3734416.2053,38.900199999999998,17.334299999999999,0,86.444800000000001,227.2576,135.46729999999999,505.4042,191.70179999999999]
["E9640","Compressor de ar portátil de 33,51 l/s (71 PCM) - 14 kW",98121.650500000003,6.5414000000000003,1.7658,0,6.5414000000000003,12.708500000000001,0,27.557099999999998,8.3071999999999999]
["E9641","Compressor de ar portátil de 75,04 l/s (159 PCM) - 33 kW",147113.75159999999,9.8076000000000008,2.6474000000000002,0,9.8076000000000008,29.9557,0,52.218299999999999,12.455]
["E9642","Perfuratriz hidráulica sobre esteiras para estaca raiz - 56 kW",1459276.3267000001,97.2851,26.260899999999999,0,97.2851,29.9023,33.770200000000003,284.50360000000001,157.31620000000001]
["E9643","Equipamento para pintura a ar comprimido de pistola com caneca com capacidade de 1.000 ml e compressor de 1,50 kW",2866.1064999999999,0.25790000000000002,5.3100000000000001E-2,0,0.14330000000000001,0,0,0.45429999999999998,0.311]
["E9646","Compressor de ar portátil de 58,52 l/s (124 PCM) - 27 kW",130226.3548,8.6818000000000008,2.3435000000000001,0,8.6818000000000008,24.5092,0,44.216299999999997,11.0253]
["E9647","Compactador manual com soquete vibratório - 4,10 kW",12198.8791,0.81330000000000002,0.2195,0,0.81330000000000002,7.1079999999999997,0,8.9541000000000004,1.0327999999999999]
["E9648","Compressor de ar portátil de 422,86 l/s (896 PCM) - 213 kW",690070.67070000002,46.0047,12.4184,0,46.0047,193.35050000000001,0,297.7783,58.423099999999998]
["E9649","Compressor de ar portátil de 94,39 l/s (200 PCM) - 36 kW",159123.19380000001,10.6082,2.8635999999999999,0,10.6082,32.679000000000002,0,56.759,13.4718]
["E9651","Guindaste móvel sobre esteiras com Hammer Grab - 186 kW",3672181.9394999999,128.5264,62.307699999999997,0,183.60910000000001,49.659199999999998,43.081099999999999,467.18349999999998,233.9152]
["E9652","Compressor de ar portátil de 540,85 l/s (1.146 PCM) - 331,10 kW",893789.85369999998,59.585999999999999,16.084499999999998,0,59.585999999999999,300.5557,0,435.81220000000002,75.670500000000004]
["E9653","Guindaste móvel sobre esteiras com trado para escavação em solos - 186 kW",5336310.2044000002,186.77090000000001,90.543800000000005,0,266.81549999999999,49.659199999999998,43.081099999999999,636.87049999999999,320.39580000000001]
["E9654","Guindaste móvel sobre esteiras com trado com bits escavação em rocha - 186 kW",5336310.2044000002,186.77090000000001,90.543800000000005,0,266.81549999999999,49.659199999999998,43.081099999999999,636.87049999999999,320.39580000000001]
["E9656","Guindaste móvel sobre esteiras com caçamba para escavação em solos - 186 kW",5319611.2364999996,186.18639999999999,90.260499999999993,0,265.98059999999998,49.659199999999998,43.081099999999999,635.16780000000006,319.52800000000002]
["E9657","Guindaste móvel sobre esteiras com caçamba para escavação em rocha - 186 kW",5319611.2364999996,186.18639999999999,90.260499999999993,0,265.98059999999998,49.659199999999998,43.081099999999999,635.16780000000006,319.52800000000002]
["E9660","Guindaste móvel sobre esteiras com capacidade de 40 t - 186 kW",3363959.3626999999,117.73860000000001,57.078000000000003,0,168.19800000000001,49.659199999999998,43.081099999999999,435.75490000000002,217.89769999999999]
["E9661","Compressor de ar portátil de 89,67 l/s (190 PCM) - 36 kW",156227.04579999999,10.415100000000001,2.8113999999999999,0,10.415100000000001,32.679000000000002,0,56.320599999999999,13.2265]
["E9662","Equipamento para solda e corte com oxiacetileno",5957.7407999999996,0.47660000000000002,0.1103,0,0.47660000000000002,0,0,1.0634999999999999,0.58689999999999998]
["E9664","Guindaste móvel sobre esteiras com capacidade de 80 t - 212 kW",5765732.4225000003,201.8006,97.830100000000002,0,288.28660000000002,56.6008,43.081099999999999,687.5992,342.71179999999998]
["E9668","Mesa vibratória - 2,20 kW",13066.824199999999,1.7422,0.40310000000000001,0,1.3067,0,0,3.452,2.1453000000000002]
["E9671","Compressor de ar portátil de 363,87 l/s (771 PCM) - 158,13 kW",540603.46369999996,36.040199999999999,9.7286000000000001,0,36.040199999999999,143.54230000000001,0,225.35130000000001,45.768799999999999]
["E9673","Equipamento de batimetria multifeixe",1905836.8424,61.259,16.7986,0,68.065600000000003,0,76.784999999999997,222.90819999999999,154.8426]
["E9674","Equipamento de medição de descarga líquida com ADCP",391306.84240000002,12.5777,3.4491000000000001,0,13.975199999999999,0,76.784999999999997,106.78700000000001,92.811800000000005]
["E9675","Martelete perfurador/rompedor elétrico - 1,50 kW",5697.5762000000004,0.45579999999999998,0.1055,0,0.45579999999999998,0,0,1.0170999999999999,0.56130000000000002]
["E9676","Embarcação de transporte de pessoal e apoio logístico - 90 kW",497049.74339999998,7.7664,2.9283999999999999,0,8.6293000000000006,178.31880000000001,39.282899999999998,236.92580000000001,49.977699999999999]
["E9677","Martelete perfurador/rompedor a ar comprimido de 10 kg com capacidade de 1.800 gpm",20599.473000000002,1.6479999999999999,0.38129999999999997,0,1.6479999999999999,0,23.952999999999999,27.630299999999998,25.982299999999999]
["E9678","Fresadora a frio - 455 kW",5731986.835,334.36590000000001,103.1519,0,477.66559999999998,437.32139999999998,43.081099999999999,1395.5859,480.59890000000001]
["E9681","Rolo compactador liso tandem vibratório autopropelido de 10,4 t - 82 kW",845887.72809999995,56.392499999999998,15.2225,0,56.392499999999998,118.221,33.770200000000003,279.99869999999999,105.3852]
["E9682","Rolo compactador liso tandem vibratório autopropelido de 1,6 t - 18 kW",259250.21290000001,17.283300000000001,4.6654,0,17.283300000000001,25.950900000000001,33.770200000000003,98.953100000000006,55.718899999999998]
["E9683","Martelete perfurador/rompedor elétrico - 0,90 kW",5351.4461000000001,0.42809999999999998,9.9099999999999994E-2,0,0.42809999999999998,0,0,0.95530000000000004,0.5272]
["E9684","Veículo leve picape 4 x 4 com capacidade de 1,10 t - 147 kW",272809.47080000001,16.368600000000001,5.0496999999999996,2.0461,16.368600000000001,39.2468,27.028700000000001,106.10850000000001,50.493099999999998]
["E9685","Rolo compactador pé de carneiro vibratório autopropelido por pneus de 11,6 t - 82 kW",745309.73490000004,49.6873,13.4125,0,49.6873,70.056899999999999,33.770200000000003,216.61420000000001,96.87]
["E9689","Usina de asfalto a quente gravimétrica com capacidade de 100/140 t/h - 260 kW",9052544.3269999996,452.62720000000002,159.58340000000001,0,581.94929999999999,0,43.081099999999999,1237.241,655.29169999999999]
["E9691","Guincho tracionador de cordoalhas - 7,50 kW",389106.62319999997,31.128499999999999,7.2023999999999999,0,19.455300000000001,0,23.952999999999999,81.739199999999997,62.283900000000003]
["E9692","Caldeira para aquecimento e injeção de cera - 1 kW",109561.6308,7.0431999999999997,1.9314,0,2.3477000000000001,0,23.952999999999999,35.275300000000001,32.927599999999998]
["E9694","Misturador de argamassa de alta turbulência com capacidade de 220 l - 13 kW",28000.094300000001,2.2400000000000002,0.51829999999999998,0,1.96,0,23.952999999999999,28.671299999999999,26.711300000000001]
["E9697","Minicarregadeira de pneus com vassoura de 1,68 m - 45,50 kW",420467.90090000001,29.4328,7.7828999999999997,0,29.4328,60.739100000000001,33.770200000000003,161.15780000000001,70.985900000000001]
["E9699","Trituradora de galhos e troncos rebocável com capacidade de até 350 mm de diâmetro com guincho - 96,94 kW",395082.14889999997,44.4467,13.7118,0,49.385300000000001,77.644599999999997,23.952999999999999,209.1414,82.111500000000007]
["E9700","Fresadora a frio - 155 kW",3412874.6907000002,199.08439999999999,61.417499999999997,0,284.40620000000001,148.9776,43.081099999999999,736.96680000000003,303.58300000000003]
["E9701","Jateador pressurizado multiabrasivo com capacidade de 280 l",24258.799999999999,2.1833,0.44900000000000001,0,2.1833,0,23.952999999999999,28.768599999999999,26.5853]
["E9703","Fábrica de pré-moldado de concreto para mourão - 2,20 kW",13953.9377,1.8605,0.43049999999999999,0,1.3954,0,0,3.6863999999999999,2.2909999999999999]
["E9704","Batelão sem propulsão montado na obra com capacidade de 66 m³",224935.5128,1.7573000000000001,1.2649999999999999,0,2.9287999999999998,0,26.783899999999999,32.734999999999999,29.8062]
["E9705","Misturador de lama bentonítica - 4 kW",16044.3343,1.2835000000000001,0.29699999999999999,0,1.1231,0,23.952999999999999,26.656600000000001,25.5335]
["E9706","Martelete perfurador/rompedor a ar comprimido de 28 kg para concreto com capacidade de 1.230 gpm",26150.2585,2.0920000000000001,0.48399999999999999,0,2.0920000000000001,0,23.952999999999999,28.620999999999999,26.529]
["E9707","Desarenador - 15 kW",12655.1139,1.0124,0.23419999999999999,0,1.0124,0,23.952999999999999,26.212,25.1996]
["E9708","Microtrator com roçadeira - 10 kW",49610.422100000003,3.3073999999999999,0.89280000000000004,0,2.8938999999999999,8.0096000000000007,23.952999999999999,39.056699999999999,28.153199999999998]
["E9710","Socadora automática de linha - 253 kW",30713281.8858,1228.5313000000001,521.12760000000003,0,1228.5313000000001,162.11330000000001,86.162199999999999,3226.4657000000002,1835.8210999999999]
["E9712","Reguladora e distribuidora de lastro - 300 kW",15376437.843699999,615.0575,260.8997,0,615.0575,192.22919999999999,86.162199999999999,1769.4060999999999,962.11940000000004]
["E9714","Bate-estaca com martelo hidráulico - 450 kW",3259564.3410999998,186.26079999999999,57.461500000000001,0,139.69560000000001,312.3725,33.770200000000003,729.56060000000002,277.49250000000001]
["E9716","Conjunto bomba e macaco hidráulico para protensão com capacidade de 590 kN - 3,70 kW",15107.1479,0.86329999999999996,0.26629999999999998,0,0.86329999999999996,0,43.081099999999999,45.073999999999998,44.210700000000003]
["E9717","Máquina policorte - 2,20 kW",924.65110000000004,8.3199999999999996E-2,1.7100000000000001E-2,0,4.6199999999999998E-2,0,0,0.14649999999999999,0.1003]
["E9718","Pórtico duplo de descarga e posicionamento de dormente - 89 kW",10089985.587300001,403.5994,171.20179999999999,0,302.69959999999998,57.027999999999999,86.162199999999999,1020.691,660.96339999999998]
["E9719","Talha manual com capacidade de 3 t",7622.8,0.3049,0.1293,0,0.19059999999999999,0,0,0.62480000000000002,0.43419999999999997]
["E9720","Conjunto bomba e macaco hidráulico para protensão com capacidade de 250 kN - 3,70 kW",11940.305200000001,0.68230000000000002,0.21049999999999999,0,0.68230000000000002,0,43.081099999999999,44.656199999999998,43.9739]
["E9721","Conjunto bomba e macaco hidráulico para protensão com capacidade de 1.150 kN - 5 kW",24843.9493,1.4197,0.438,0,1.4197,0,43.081099999999999,46.358499999999999,44.938800000000001]
["E9722","Conjunto bomba e macaco hidráulico para protensão com capacidade de 2.000 kN - 5 kW",39624.489800000003,2.2643,0.69850000000000001,0,2.2643,0,43.081099999999999,48.308199999999999,46.043900000000001]
["E9723","Conjunto bomba e macaco hidráulico para protensão com capacidade de 2.500 kN - 7 kW",46792.144899999999,2.6738,0.82489999999999997,0,2.6738,0,43.081099999999999,49.253599999999999,46.579799999999999]
["E9724","Conjunto bomba e macaco hidráulico para protensão com capacidade de 4.000 kN - 10 kW",50039.145400000001,2.8593999999999999,0.8821,0,2.8593999999999999,0,43.081099999999999,49.682000000000002,46.822600000000001]
["E9725","Conjunto bomba e macaco hidráulico para protensão com capacidade de 5.400 kN - 10 kW",53512.368900000001,3.0577999999999999,0.94330000000000003,0,3.0577999999999999,0,43.081099999999999,50.14,47.0822]
["E9726","Bate-estaca Strauss - 15 kW",123551.7124,7.0601000000000003,2.1779999999999999,0,5.2950999999999997,10.4124,33.770200000000003,58.715800000000002,43.008299999999998]
["E9727","Posicionadora de trilhos - 7,40 kW",550480.53940000001,31.456,9.7042000000000002,0,27.524000000000001,4.7416999999999998,0,73.425899999999999,41.160200000000003]
["E9728","Tirefonadora/parafusadora portátil - 3,10 kW",51307.648399999998,4.1045999999999996,0.94969999999999999,0,4.1045999999999996,4.2995000000000001,0,13.458399999999999,5.0542999999999996]
["E9729","Equipamento para pintura eletrostática com cabine simples de 5,50 kW e estufa de 2x120.000 kCal",138610.3132,10.5608,2.8508,0,10.5608,0,0,23.9724,13.4116]
["E9730","Grupo vibrador com gerador - 2,80 kW",80331.228199999998,4.0166000000000004,1.4160999999999999,0,2.8690000000000002,3.8834,0,12.1851,5.4326999999999996]
["E9731","Máquina de furar dormente portátil - 1,50 kW",78465.025099999999,6.2771999999999997,1.4523999999999999,0,6.2771999999999997,2.0804,0,16.087199999999999,7.7295999999999996]
["E9732","Máquina para furar dormente - 6,70 kW",79700.2454,6.3760000000000003,1.4753000000000001,0,6.3760000000000003,9.2924000000000007,0,23.5197,7.8513000000000002]
["E9733","Máquina tirefonadora e parafusadora - 6,70 kW",83666.682400000005,6.6932999999999998,1.5487,0,6.6932999999999998,9.2924000000000007,0,24.227699999999999,8.2420000000000009]
["E9734","Bomba projetora de argamassa com capacidade de 2 m³/h - 5,50 kW",175768.93340000001,14.061500000000001,3.2534999999999998,0,12.303800000000001,0,23.952999999999999,53.571800000000003,41.268000000000001]
["E9735","Máquina para serrar trilho - 5,00 kW",25281.564600000002,2.0225,0.46800000000000003,0,2.0225,6.9345999999999997,0,11.4476,2.4904999999999999]
["E9736","Máquina para furar trilho - 1,20 kW",37397.639300000003,2.9918,0.69220000000000004,0,2.9918,1.6642999999999999,0,8.3400999999999996,3.6840000000000002]
["E9737","Conjunto para pré-aquecimento de trilho em solda aluminotérmica",4051.5371,0.3241,7.4999999999999997E-2,0,0.3241,0,0,0.72319999999999995,0.39910000000000001]
["E9738","Máquina de esmerilhar topo e lateral de boleto - 5,20 kW",86591.831000000006,6.9272999999999998,1.6028,0,6.9272999999999998,7.2119999999999997,0,22.6694,8.5300999999999991]
["E9742","Trator agrícola sobre pneus com roçadeira articulada e capacidade de 1,12 m - 77 kW",617255.83970000001,41.150399999999998,11.108000000000001,0,36.006599999999999,74.008200000000002,23.952999999999999,186.22620000000001,76.211399999999998]
["E9745","Trator agrícola sobre pneus com roçadeira de arraste e capacidade de 1,50 m - 77 kW",346722.62170000002,23.114799999999999,6.2396000000000003,0,20.2255,74.008200000000002,23.952999999999999,147.5411,53.307400000000001]
["E9746","Conjunto bomba e prensa para luva de emenda de 25 mm",25152.396100000002,2.0122,0.46560000000000001,0,1.2576000000000001,0,23.952999999999999,27.688400000000001,26.430800000000001]
["E9747","Conjunto bomba e prensa para luva de emenda de 32 mm",26410.0069,2.1128,0.48880000000000001,0,1.3205,0,23.952999999999999,27.8751,26.554600000000001]
["E9748","Rosqueadeira para rosca cônica - 0,75 kW",5943.8238000000001,0.33960000000000001,0.1048,0,0.33960000000000001,0,23.952999999999999,24.736999999999998,24.397400000000001]
["E9749","Jateador portátil multiabrasivo com capacidade de 300 kg",7692.8550999999998,0.69240000000000002,0.1424,0,0.69240000000000002,0,23.952999999999999,25.4802,24.787800000000001]
["E9750","Bomba de injeção de argamassa com capacidade de 50 l/min",41426.5121,3.3140999999999998,0.76680000000000004,0,2.8999000000000001,0,0,6.9808000000000003,4.0808999999999997]
["E9753","Grupo gerador - 23 kVA",79974.863200000007,3.9986999999999999,1.4097999999999999,0,2.8561999999999999,18.261800000000001,0,26.526499999999999,5.4085000000000001]
["E9754","Grupo gerador - 68 kVA",110335.05039999999,5.5167999999999999,1.9450000000000001,0,3.9405000000000001,54.785299999999999,0,66.187600000000003,7.4618000000000002]
["E9755","Bomba de alta pressão para jet grouting de até 45 MPa - 150 kW",1593483.7699,127.4787,29.4954,0,127.4787,152.1815,23.952999999999999,460.58730000000003,180.9271]
["E9756","Calandra para chapas de aço até 25 mm - 22 kW",1003412.0704,40.136499999999998,17.025400000000001,0,35.119399999999999,0,23.952999999999999,116.2343,81.114900000000006]
["E9758","Vibroacabadora de asfalto sobre pneus - 82 kW",2100984.3478000001,120.0562,37.037399999999998,0,135.0633,83.192499999999995,43.081099999999999,418.43049999999999,200.1747]
["E9760","Perfuratriz manual para coroa diamantada - 1,60 kW",20013.7618,1.6011,0.3705,0,1.6011,0,0,3.5727000000000002,1.9716]
["E9761","Guincho de coluna com capacidade de 200 kg - 0,92 kW",4141.1923999999999,0.33129999999999998,7.6700000000000004E-2,0,0.2485,0,0,0.65649999999999997,0.40799999999999997]
["E9762","Rolo compactador de pneus autopropelido de 27 t - 85 kW",1053112.1109,70.207499999999996,18.951599999999999,0,70.207499999999996,59.003700000000002,33.770200000000003,252.1405,122.9293]
["E9763","Grupo gerador - 40 kVA",105589.42509999999,5.2794999999999996,1.8613999999999999,0,3.7711000000000001,32.465400000000002,0,43.377400000000002,7.1409000000000002]
["E9764","Grupo gerador - 7,2 kVA",7012.7635,0.35060000000000002,0.1236,0,0.2505,9.2726000000000006,0,9.9972999999999992,0.47420000000000001]
["E9765","Grupo gerador - 569 kVA",428546.9215,21.427299999999999,7.5547000000000004,0,15.305199999999999,461.61709999999999,0,505.90429999999998,28.981999999999999]
["E9766","Prensa hidráulica para fabricação de blocos pré-moldados - 20 kW",544051.58360000001,36.9178,9.5908999999999995,0,31.088699999999999,0,23.952999999999999,101.5504,70.461699999999993]
["E9767","Compressor de ar portátil de 9,44 l/s (20 PCM) a gasolina - 5,22 kW",11235.186,0.749,0.20219999999999999,0,0.749,9.0496999999999996,0,10.7499,0.95120000000000005]
["E9768","Compressor de ar portátil de 373,78 l/s (792 PCM) - 213,30 kW",574297.29280000005,38.286499999999997,10.335000000000001,0,38.286499999999997,193.62289999999999,0,280.53089999999997,48.621499999999997]
["E9769","Cunha hidráulica com três cilindros e acessórios com capacidade de 3.000 kN - 5,60 kW",242985.57800000001,19.438800000000001,4.4977,0,19.438800000000001,5.6814,23.952999999999999,73.009699999999995,47.889499999999998]
["E9770","Retroescavadeira de pneus com caçamba de escavação trapezoidal ou triangular com seção de corte inferior a 0,10 m² - 58 kW",457732.19579999999,32.0413,8.4725999999999999,0,32.0413,40.261299999999999,33.770200000000003,146.58670000000001,74.284099999999995]
["E9771","Retroescavadeira de pneus com caçamba de escavação trapezoidal ou triangular com seção de corte de 0,10 a 0,15 m² - 58 kW",457732.19579999999,32.0413,8.4725999999999999,0,32.0413,40.261299999999999,33.770200000000003,146.58670000000001,74.284099999999995]
["E9772","Retroescavadeira de pneus com caçamba de escavação trapezoidal ou triangular com seção de corte de 0,15 a 0,20 m² - 58 kW",457732.19579999999,32.0413,8.4725999999999999,0,32.0413,40.261299999999999,33.770200000000003,146.58670000000001,74.284099999999995]
["E9773","Retroescavadeira de pneus com caçamba de escavação trapezoidal ou triangular com seção de corte de 0,20 a 0,30 m² - 58 kW",457732.19579999999,32.0413,8.4725999999999999,0,32.0413,40.261299999999999,33.770200000000003,146.58670000000001,74.284099999999995]
["E9774","Retroescavadeira de pneus com caçamba de escavação trapezoidal ou triangular com seção de corte de 0,30 a 0,50 m² - 58 kW",457732.19579999999,32.0413,8.4725999999999999,0,32.0413,40.261299999999999,33.770200000000003,146.58670000000001,74.284099999999995]
["E9775","Escavadeira hidráulica com martelo hidráulico de 1.700 kg - 103 kW",1906983.1324,217.9409,37.819600000000001,0,272.42619999999999,71.498599999999996,33.770200000000003,633.45550000000003,289.53070000000002]
["E9776","Grupo gerador - 174 kVA",183494.83350000001,9.1746999999999996,3.2347999999999999,0,6.5533999999999999,141.0215,0,159.98439999999999,12.4095]
["E9777","Extrusora de barreira de concreto - 74 kW",4533055.4184999997,317.31389999999999,83.906899999999993,0,407.97500000000002,59.270699999999998,33.770200000000003,902.23670000000004,434.99099999999999]
["E9778","Grupo gerador - 338 kVA",254603.15090000001,12.7302,4.4882999999999997,0,9.093,273.92660000000001,0,300.23809999999997,17.218499999999999]
["E9779","Grupo gerador - 113 kVA",120401.7509,6.0201000000000002,2.1225000000000001,0,4.3000999999999996,91.308899999999994,0,103.7516,8.1425999999999998]
["E9780","Misturador automático para grauteamento com capacidade de 20 m³/h - 7 kW",252839.5018,20.2272,4.6801000000000004,0,20.2272,7.1017999999999999,23.952999999999999,76.189300000000003,48.860300000000002]
["E9781","Misturador com bomba para grauteamento tipo Flex E ou similar - 25 kW",553229.33770000003,44.258299999999998,10.2403,0,44.258299999999998,0,23.952999999999999,122.7099,78.451599999999999]
["E9782","Perfuratriz pneumática com avanço de coluna de 33,5 kg com capacidade de 2.280 gpm",39498.741999999998,3.1598999999999999,0.73109999999999997,0,3.1598999999999999,0,23.952999999999999,31.003900000000002,27.844000000000001]
["E9784","Plataforma autopropelida com alcance de 12 m com capacidade de 700 kg - 24 kW",533019.7807,35.534700000000001,9.5921000000000003,0,35.534700000000001,19.222899999999999,23.952999999999999,123.8374,69.079800000000006]
["E9785","Guindaste móvel sobre pneus com 2 eixos com capacidade máxima de 55 t - 186 kW",2142118.6387,107.10590000000001,37.762500000000003,15.300800000000001,137.70760000000001,49.659199999999998,31.802900000000001,379.33890000000002,191.97210000000001]
["E9788","Misturador de argamassa com capacidade de 0,250 m³ - 3,70 kW",20384.0206,1.6307,0.37730000000000002,0,1.6307,3.7538,23.952999999999999,31.345500000000001,25.960999999999999]
["E9789","Carro manual modelo plataforma de 150 x 80 cm com capacidade de 800 kg",1718.3621000000001,0.30930000000000002,6.3600000000000004E-2,0,0.17180000000000001,0,0,0.54469999999999996,0.37290000000000001]
["E9790","Bomba para concreto projetado via úmida com capacidade de 10 m³/h - 14,70 kW",291693.27539999998,23.3355,5.3992000000000004,0,23.3355,14.9138,43.081099999999999,110.0651,71.815799999999996]
["E9791","Bomba pneumática para injeção de resina com capacidade de 0,18 m³/h",48966.472300000001,3.9173,0.90639999999999998,0,3.4277000000000002,0,0,8.2514000000000003,4.8236999999999997]
["E9793","Robot para concreto projetado com capacidade de 30 m³/h - 70 kW - com compressor diesel",5646693.4307000004,451.7355,104.52030000000001,0,451.7355,71.018000000000001,43.081099999999999,1122.0904,599.33690000000001]
["E9795","Perfuratriz de superfície sobre pneus com martelo de topo e controle remoto via rádio - 60 kW",1437257.2135999999,95.817099999999996,25.864599999999999,0,95.817099999999996,48.057299999999998,33.770200000000003,299.3263,155.45189999999999]
["E9797","Jumbo eletro-hidráulico com 3 braços - 155 kW/237 kW",11609091.625499999,773.93939999999998,208.9153,0,967.42430000000002,173.80719999999999,43.081099999999999,2167.1673000000001,1025.9358]
["E9798","Perfuratriz hidráulica rotopercussiva - 123 kW",1542149.6768,102.81,27.752300000000002,0,102.81,98.517499999999998,33.770200000000003,365.66,164.33250000000001]
["E9013","Caminhão tanque de asfalto com capacidade de 31.000 l - 265 kW",{"$nulls":7},437.30790000000002,101.5462]
["A9335","Cavalo mecânico estradeiro 6 x 2, PBT 23.000 kg - 265 kW - condição de trabalho severa - motorista de caminhão",866442.67379999999,37.133299999999998,15.274100000000001,6.1889000000000003,55.6999,268.85390000000001,27.8522,411.00229999999999,86.448499999999996]
["A9364","Tanque isotérmico de asfalto com capacidade de 31.000 l",280198.08,11.2079,3.8898000000000001,0,11.2079,0,0,26.305599999999998,15.0977]
["E9018","Cavalo mecânico com dolly intermediário e semirreboque de 4 eixos com capacidade de 53 t - 323 kW",{"$nulls":7},521.09220000000005,165.3347]
["A9324","Cavalo mecânico estradeiro 6 x 4, PBT 23.000 kg - 323 kW - motorista de veículo especial",1046026.4608999999,44.829700000000003,18.440000000000001,7.4715999999999996,67.244600000000005,241.46119999999999,31.802900000000001,411.25,102.5442]
["A9355","Semirreboque com 4 eixos",533596,35.573099999999997,17.833200000000001,0,40.0197,0,0,93.426000000000002,53.406300000000002]
["A9382","Dolly intermediário com 2 eixos para semirreboque",93759.848199999993,6.2507000000000001,3.1335000000000002,0,7.032,0,0,16.4162,9.3841999999999999]
["E9027","Caminhão distribuidor de cimento e cal com capacidade de 17 m³ - 210 kW",{"$nulls":7},435.7842,128.89340000000001]
["A9333","Caminhão plataforma 8 x 2, PBTC 36.000 kg e distância entre eixos 4,8 m - 210 kW - motorista de caminhão",775231.59680000006,33.224200000000003,13.6662,5.5373999999999999,49.836300000000001,213.054,27.8522,343.1703,80.28]
["A9365","Distribuidor de cimento montado sobre chassi com capacidade de 17 m³",518227.59259999997,39.111499999999999,9.5018999999999991,0,44.000500000000002,0,0,92.613900000000001,48.613399999999999]
["E9037","Plataforma de inspeção sob pontes montada em caminhão com capacidade de 500 kg e alcance de 15 m - 188 kW",{"$nulls":7},653.65129999999999,272.13589999999999]
["A9334","Caminhão plataforma 8 x 2, PBT 29.000 kg e distância entre eixos 4,8 m - 188 kW - condição de trabalho severa - motorista de veículo especial",772786.1568,33.119399999999999,13.623100000000001,5.5198999999999998,49.679099999999998,190.73410000000001,31.802900000000001,324.4785,84.065299999999993]
["A9378","Plataforma telescópica para inspeção de pontes montada sobre chassi com capacidade de 500 kg",2194922.6727999998,125.4242,38.693399999999997,0,141.10220000000001,0,23.952999999999999,329.1728,188.07060000000001]
["E9041","Caminhão carroceria com guindauto com capacidade de 45 t.m - 188 kW",{"$nulls":7},392.65260000000001,133.33320000000001]
["A9313","Caminhão plataforma 6 x 2, PBT 23.000 kg e distância entre eixos 5,4 m - 188 kW - motorista de veículo especial",665422.16639999999,28.5181,11.730399999999999,4.7530000000000001,42.777099999999997,190.73410000000001,31.802900000000001,310.31560000000002,76.804400000000001]
["A9351","Carroceria de madeira com capacidade de 11 t",37211.961900000002,2.5663,0.67300000000000004,0,2.5663,0,0,5.8056000000000001,3.2393000000000001]
["A9373","Guindaste articulado montado sobre chassi com capacidade de 45 t.m",337008,23.241900000000001,6.0945999999999998,0,23.241900000000001,0,23.952999999999999,76.531400000000005,53.289499999999997]
["E9082","Bate-estaca hidráulico para defensas montado em caminhão guindauto com capacidade de 20 t.m e carroceria de 4 t - 136 kW",{"$nulls":7},343.69990000000001,146.37520000000001]
["A9323","Caminhão plataforma 4 x 2, PBT 14.300 kg e distância entre eixos 4,8 m - 136 kW - condição de trabalho severa - motorista de caminhão",499744.33630000002,21.4176,8.8097999999999992,3.5695999999999999,32.126399999999997,137.9778,27.8522,231.7534,61.6492]
["A9347","Carroceria de madeira com capacidade de 4 t",25561.254400000002,1.7627999999999999,0.46229999999999999,0,1.7627999999999999,0,0,3.9878999999999998,2.2250999999999999]
["A9372","Guindaste articulado montado sobre chassi com capacidade de 20 t.m",210128.5,14.4916,3.8001,0,14.4916,0,23.952999999999999,56.7363,42.244700000000002]
["A9379","Bate-estaca hidráulico para defensas metálicas montada sobre chassi",205615,11.6515,4.6516999999999999,0,10.966100000000001,0,23.952999999999999,51.222299999999997,40.2562]
["E9097","Caminhão de resgate de veículos leves com plataforma com capacidade de 4 t - 115 kW",{"$nulls":7},213.0044,65.146900000000002]
["A9326","Caminhão plataforma 4 x 2 PBT 9.600 kg e distância entre eixos 3,7 m - 115 kW - motorista de veículo especial",409876.50380000001,17.566099999999999,7.2255000000000003,2.9277000000000002,26.3492,116.6724,31.802900000000001,202.5438,59.522199999999998]
["A9374","Plataforma hidráulica para resgate de veículos montada sobre chassi com capacidade de 4 t",75225,4.2986000000000004,1.3261000000000001,0,4.8358999999999996,0,0,10.460599999999999,5.6246999999999998]
["E9098","Caminhão de resgate de veículos de porte médio com capacidade do guincho de 20 t - 136 kW",{"$nulls":7},291.92849999999999,106.81789999999999]
["A9306","Caminhão plataforma 4 x 2, PBT 16.000 kg e distância entre eixos 3,6 m - 136 kW - motorista de veículo especial",526231.84409999999,22.552800000000001,9.2766999999999999,3.7587999999999999,33.8292,137.9778,31.802900000000001,239.19820000000001,67.391199999999998]
["A9375","Guincho rebocador para resgate de veículos montada sobre chassi com capacidade de 20 t",206945.6299,11.8255,3.6482000000000001,0,13.303599999999999,0,23.952999999999999,52.7303,39.426699999999997]
["E9099","Caminhão de resgate de veículos pesados com dois guinchos com capacidade de 35 t - 240 kW",{"$nulls":7},493.25540000000001,157.2961]
["A9320","Caminhão plataforma 6 x 2, PBT 23.000 kg e distância entre eixos 4,8 m - 240 kW - motorista de veículo especial",841621.16339999996,36.069499999999998,14.836600000000001,6.0115999999999996,54.104199999999999,243.49029999999999,31.802900000000001,386.31509999999997,88.720600000000005]
["A9376","Guincho rebocador para resgate de veículos montada sobre chassi com capacidade de 35 t",596785,34.101999999999997,10.5205,0,38.364800000000002,0,23.952999999999999,106.94029999999999,68.575500000000005]
["E9100","Cavalo mecânico sem reboque - 210 kW",{"$nulls":7},262.40550000000002,67.618099999999998]
["A9310","Cavalo mecânico 4 x 2, PBT 16.000 kg - 210 kW - motorista de caminhão",588003.79009999998,25.200199999999999,10.3657,4.2,37.800199999999997,156.9872,27.8522,262.40550000000002,67.618099999999998]
["E9114","Painel com seta luminosa para montagem em caminhão",{"$nulls":7},5.3544,3.6654]
["A9380","Painel com seta luminosa montado sobre chassi",33779.360099999998,3.0400999999999998,0.62529999999999997,0,1.6890000000000001,0,0,5.3544,3.6654]
["E9115","Amortecedor retrátil (AMC) para montagem em caminhão",{"$nulls":7},84.403099999999995,46.136600000000001]
["A9381","Amortecedor retrátil montado em caminhão",425183.37479999999,38.266500000000001,7.8700999999999999,0,38.266500000000001,0,0,84.403099999999995,46.136600000000001]
["E9145","Caminhão basculante para concreto com capacidade de 7 m³ - 210 kW",{"$nulls":7},292.81020000000001,83.340400000000002]
["A9316","Caminhão plataforma 8 x 4, PBT 29.000 kg e distância entre eixos 4,6 m - 210 kW - motorista de caminhão",734959.15350000001,31.498200000000001,12.956300000000001,5.2496999999999998,47.247399999999999,156.9872,27.8522,281.791,77.556399999999996]
["A9340","Caçamba basculante para concreto com capacidade de 7 m³",61658.927000000003,4.6535000000000002,1.1305000000000001,0,5.2351999999999999,0,0,11.0192,5.7839999999999998]
["E9146","Caminhão silo com capacidade de 30 m³ - 265 kW",{"$nulls":7},454.03530000000001,110.45910000000001]
["A9335","Cavalo mecânico estradeiro 6 x 2, PBT 23.000 kg - 265 kW - condição de trabalho severa - motorista de caminhão",866442.67379999999,37.133299999999998,15.274100000000001,6.1889000000000003,55.6999,268.85390000000001,27.8522,411.00229999999999,86.448499999999996]
["A9357","Semirreboque silo para cimento com capacidade de 30 m³",275825,19.022400000000001,4.9882,0,19.022400000000001,0,0,43.033000000000001,24.0106]
["E9169","Cavalo mecânico com dolly pneumático de 4 eixos e mesas de giro com capacidade de 57 t - 323 kW",{"$nulls":7},551.68910000000005,182.8252]
["A9324","Cavalo mecânico estradeiro 6 x 4, PBT 23.000 kg - 323 kW - motorista de veículo especial",1046026.4608999999,44.829700000000003,18.440000000000001,7.4715999999999996,67.244600000000005,241.46119999999999,31.802900000000001,411.25,102.5442]
["A9385","Conjunto de duas mesas de giro para quinta roda ou reboque com capacidade de 100 t cada",313868.54920000001,20.924600000000002,10.489699999999999,0,23.540099999999999,0,0,54.9544,31.414300000000001]
["A9389","Dolly pneumático com capacidade de 48 t e 4 eixos",488240.07919999998,32.549300000000002,16.317399999999999,0,36.618000000000002,0,0,85.484700000000004,48.866700000000002]
["E9170","Cavalo mecânico com dois dollys pneumáticos de 3 e 4 eixos e mesas de giro com capacidade de 77 t - 323 kW",{"$nulls":7},643.47119999999995,233.7492]
["A9385","Conjunto de duas mesas de giro para quinta roda ou reboque com capacidade de 100 t cada",313868.54920000001,20.924600000000002,10.489699999999999,0,23.540099999999999,0,0,54.9544,31.414300000000001]
["A9386","Cavalo mecânico estradeiro 6 x 4, CMT 123.000 kg - 323 kW - motorista de veículo especial",1244318.0082,53.3279,21.935500000000001,8.8879999999999999,79.991900000000001,241.46119999999999,31.802900000000001,437.4074,115.9543]
["A9387","Dolly pneumático com capacidade de 28,5 t e 3 eixos",374810.56849999999,24.987400000000001,12.5265,0,28.110800000000001,0,0,65.624700000000004,37.5139]
["A9389","Dolly pneumático com capacidade de 48 t e 4 eixos",488240.07919999998,32.549300000000002,16.317399999999999,0,36.618000000000002,0,0,85.484700000000004,48.866700000000002]
["E9171","Cavalo mecânico com dois dollys pneumáticos de 4 e 5 eixos e mesas de giro com capacidade de 111 t - 440 kW",{"$nulls":7},1261.4170999999999,508.0539]
["A9325","Cavalo mecânico 8 x 8, PBT 26.000 kg - 440 kW -  motorista de veículo especial",4964624.6754000001,212.7696,87.519199999999998,35.461599999999997,319.15440000000001,328.9255,31.802900000000001,1015.6332,367.55329999999998]
["A9385","Conjunto de duas mesas de giro para quinta roda ou reboque com capacidade de 100 t cada",313868.54920000001,20.924600000000002,10.489699999999999,0,23.540099999999999,0,0,54.9544,31.414300000000001]
["A9388","Dolly pneumático com capacidade de 60 t e 5 eixos",601669.58990000002,40.1113,20.1083,0,45.1252,0,0,105.34480000000001,60.2196]
["A9389","Dolly pneumático com capacidade de 48 t e 4 eixos",488240.07919999998,32.549300000000002,16.317399999999999,0,36.618000000000002,0,0,85.484700000000004,48.866700000000002]
["E9199","Caminhão com sistema de hidrojateamento de alta pressão e vácuo para limpeza e desobstrução de bueiros com capacidade total de 15.600 l - 188 kW",{"$nulls":7},349.21899999999999,99.659800000000004]
["A9299","Equipamento com sistema de hidrojateamento de alta pressão e vácuo para limpeza e desobstrução de bueiros com diâmetro de até 1.500 mm com capacidade total de 15.600 l",401200,16.047999999999998,6.8074000000000003,0,16.047999999999998,0,0,38.903399999999998,22.855399999999999]
["A9313","Caminhão plataforma 6 x 2, PBT 23.000 kg e distância entre eixos 5,4 m - 188 kW - motorista de veículo especial",665422.16639999999,28.5181,11.730399999999999,4.7530000000000001,42.777099999999997,190.73410000000001,31.802900000000001,310.31560000000002,76.804400000000001]
["E9201","Caminhão basculante para rocha com capacidade de 12 m³ - 188 kW com periculosidade",{"$nulls":7},314.71230000000003,108.9636]
["A9327","Caminhão plataforma 8 x 2 PBT 29.000 kg e distância entre eixos 4,8 m - 188 kW - motorista de veículo especial com periculosidade",772786.1568,33.119399999999999,13.623100000000001,5.5198999999999998,49.679099999999998,140.54089999999999,39.544499999999999,282.02690000000001,91.806899999999999]
["A9343","Caçamba basculante para rocha com capacidade de 12 m³",182894.041,13.8033,3.3534000000000002,0,15.528700000000001,0,0,32.685400000000001,17.156700000000001]
["E9202","Plataforma pantográfica montada em caminhão - 115 kW com periculosidade",{"$nulls":7},309.3999,135.75890000000001]
["A9300","Caminhão plataforma 4 x 2, PBT 8.300 kg e distância entre eixos 3,7 m - 115 kW - motorista de veículo especial com periculosidade",386907.06219999999,16.581700000000001,6.8205999999999998,2.7635999999999998,24.872599999999998,116.6724,39.544499999999999,207.25540000000001,65.710400000000007]
["A9383","Plataforma pantográfica hidráulica montada sobre chassi com capacidade de 600 kg - com periculosidade",481440,32.095999999999997,8.6638999999999999,0,32.095999999999997,0,29.288599999999999,102.14449999999999,70.048500000000004]
["E9506","Caminhão basculante com capacidade de 6 m³ - 136 kW",{"$nulls":7},181.1823,69.368099999999998]
["A9307","Caminhão plataforma 4 x 2, PBT 16.000 kg e distância entre eixos 3,6 m - 136 kW - motorista de caminhão",526231.84409999999,22.552800000000001,9.2766999999999999,3.7587999999999999,33.8292,72.619900000000001,27.8522,169.8896,63.4405]
["A9338","Caçamba basculante com capacidade de 6 m³",63189,4.7690000000000001,1.1586000000000001,0,5.3651,0,0,11.2927,5.9276]
["E9508","Caminhão carroceria com capacidade de 9 t - 136 kW",{"$nulls":7},180.20490000000001,68.983999999999995]
["A9309","Caminhão plataforma 4 x 2, PBT 16.000 kg e distância entre eixos 4,8 m - 136 kW - motorista de caminhão",561723.68039999995,24.073899999999998,9.9024000000000001,4.0122999999999998,36.110799999999998,72.619900000000001,27.8522,174.57149999999999,65.840800000000002]
["A9350","Carroceria de madeira com capacidade de 9 t",36108,2.4902000000000002,0.65300000000000002,0,2.4902000000000002,0,0,5.6334,3.1432000000000002]
["E9509","Caminhão tanque distribuidor de asfalto com capacidade de 6.000 l - 7 kW/136 kW",{"$nulls":7},257.12020000000001,71.917599999999993]
["A9323","Caminhão plataforma 4 x 2, PBT 14.300 kg e distância entre eixos 4,8 m - 136 kW - condição de trabalho severa - motorista de caminhão",499744.33630000002,21.4176,8.8097999999999992,3.5695999999999999,32.126399999999997,137.9778,27.8522,231.7534,61.6492]
["A9363","Tanque espargidor de asfalto com capacidade de 6.000 l - 7 kW",190570,7.6227999999999998,2.6456,0,7.6227999999999998,7.4756,0,25.366800000000001,10.2684]
["E9520","Caminhão com caçamba térmica com capacidade de 6 m³ - 188 kW",{"$nulls":7},267.77440000000001,79.186599999999999]
["A9311","Caminhão plataforma 6 x 2, PBT 23.000 kg e distância entre eixos 4,8 m - 188 kW - motorista de caminhão",662973.94660000002,28.4132,11.6873,4.7355,42.619799999999998,140.54089999999999,27.8522,255.84889999999999,72.688199999999995]
["A9339","Caçamba térmica com capacidade de 6 m³",96481.589000000007,4.8240999999999996,1.6742999999999999,0,5.4271000000000003,0,0,11.9255,6.4984000000000002]
["E9571","Caminhão tanque com capacidade de 10.000 l - 188 kW",{"$nulls":7},322.78570000000002,82.0304]
["A9332","Caminhão plataforma 6 x 2, PBT 23.000 kg e distância entre eixos 4,8 m - 188 kW - condição de trabalho severa - motorista de caminhão",662973.94660000002,28.4132,11.6873,4.7355,42.619799999999998,190.73410000000001,27.8522,306.0421,72.688199999999995]
["A9360","Tanque para transporte de água com capacidade de 10.000 l",107321,7.4013999999999998,1.9408000000000001,0,7.4013999999999998,0,0,16.743600000000001,9.3422000000000001]
["E9575","Caminhão basculante com caçamba estanque com capacidade de 14 m³ - 210 kW",{"$nulls":7},297.42129999999997,85.760800000000003]
["A9316","Caminhão plataforma 8 x 4, PBT 29.000 kg e distância entre eixos 4,6 m - 210 kW - motorista de caminhão",734959.15350000001,31.498200000000001,12.956300000000001,5.2496999999999998,47.247399999999999,156.9872,27.8522,281.791,77.556399999999996]
["A9345","Caçamba basculante estanque com capacidade de 14 m³",87460.546799999996,6.6007999999999996,1.6035999999999999,0,7.4259000000000004,0,0,15.6303,8.2043999999999997]
["E9579","Caminhão basculante com capacidade de 10 m³ - 210 kW",{"$nulls":7},295.95170000000002,84.989400000000003]
["A9316","Caminhão plataforma 8 x 4, PBT 29.000 kg e distância entre eixos 4,6 m - 210 kW - motorista de caminhão",734959.15350000001,31.498200000000001,12.956300000000001,5.2496999999999998,47.247399999999999,156.9872,27.8522,281.791,77.556399999999996]
["A9342","Caçamba basculante com capacidade de 10 m³",79237,5.9802,1.4528000000000001,0,6.7276999999999996,0,0,14.1607,7.4329999999999998]
["E9592","Caminhão carroceria com capacidade de 15 t - 188 kW",{"$nulls":7},262.90050000000002,76.608099999999993]
["A9314","Caminhão plataforma 6 x 2, PBT 23.000 kg e distância entre eixos 5,4 m - 188 kW - motorista de caminhão",665422.16639999999,28.5181,11.730399999999999,4.7530000000000001,42.777099999999997,140.54089999999999,27.8522,256.17169999999999,72.853700000000003]
["A9352","Carroceria de madeira com capacidade de 15 t",43129,2.9744000000000002,0.78,0,2.9744000000000002,0,0,6.7287999999999997,3.7544]
["E9600","Caminhão betoneira com capacidade de 8 m³ - 188 kW",{"$nulls":7},304.7577,100.0604]
["A9317","Caminhão plataforma 8 x 2, PBT 29.000 kg e distância entre eixos 4,8 m - 188 kW - motorista de veículo especial",772786.1568,33.119399999999999,13.623100000000001,5.5198999999999998,49.679099999999998,140.54089999999999,31.802900000000001,274.28530000000001,84.065299999999993]
["A9346","Misturador de concreto para montagem em chassi de caminhão com capacidade de 8 m³",170510,12.8687,3.1263999999999998,0,14.4773,0,0,30.4724,15.995100000000001]
["E9604","Caminhão basculante para rocha com capacidade de 8 m³ - 210 kW",{"$nulls":7},296.72570000000002,85.350300000000004]
["A9315","Caminhão basculante 6 x 4, PBT 23.000 kg e distância entre eixos 3,6 m - 210 kW -  motorista de caminhão",763112.60979999998,32.704799999999999,13.4526,5.4508000000000001,49.057200000000002,156.9872,27.8522,285.50479999999999,79.460400000000007]
["A9341","Caçamba basculante para rocha com capacidade de 8 m³",62787.8,4.7386999999999997,1.1512,0,5.3310000000000004,0,0,11.2209,5.8898999999999999]
["E9605","Caminhão tanque com capacidade de 6.000 l - 136 kW",{"$nulls":7},245.83690000000001,69.507199999999997]
["A9323","Caminhão plataforma 4 x 2, PBT 14.300 kg e distância entre eixos 4,8 m - 136 kW - condição de trabalho severa - motorista de caminhão",499744.33630000002,21.4176,8.8097999999999992,3.5695999999999999,32.126399999999997,137.9778,27.8522,231.7534,61.6492]
["A9358","Tanque para transporte de água com capacidade de 6.000 l",90270,6.2255000000000003,1.6325000000000001,0,6.2255000000000003,0,0,14.083500000000001,7.8579999999999997]
["E9644","Caminhão demarcador de faixas com sistema de pintura a frio - 28 kW/115 kW",{"$nulls":7},370.4914,153.8357]
["A9302","Caminhão plataforma 4 x 2, PBT 8.300 kg e distância entre eixos 4,4 m - 115 kW - motorista de veículo especial",388824.05619999999,16.663900000000002,6.8544,2.7772999999999999,24.995799999999999,116.6724,31.802900000000001,199.76669999999999,58.098500000000001]
["A9368","Equipamento demarcador de faixas a frio montado sobre chassi com capacidade de 800 l - 28 kW",697085,52.668599999999998,19.115600000000001,0,49.570500000000003,25.417000000000002,23.952999999999999,170.72470000000001,95.737200000000001]
["E9645","Caminhão demarcador de faixas com sistema de pintura a quente - 5 kW/30,10 kW/136 kW",{"$nulls":7},557.01880000000006,245.5951]
["A9305","Caminhão plataforma 4 x 2, PBT 14.300 kg e distância entre eixos 4,8 m - 136 kW - motorista de veículo especial",499744.33630000002,21.4176,8.8097999999999992,3.5695999999999999,32.126399999999997,137.9778,31.802900000000001,235.70410000000001,65.599900000000005]
["A9328","Compressor de ar portátil de 70,79 l/s (150 PCM) sem reboque - 30,10 kW",142503.65530000001,9.5001999999999995,2.5644999999999998,0,9.5001999999999995,27.3232,0,48.888100000000001,12.0647]
["A9369","Equipamento demarcador de faixas a quente montado sobre chassi com capacidade de 500 l - 5,0 kW",1398141.5991,105.6374,38.3401,0,99.423400000000001,5.0727000000000002,23.952999999999999,272.42660000000001,167.93049999999999]
["E9663","Caminhão basculante com capacidade de 4 m³ - 136 kW",{"$nulls":7},175.53720000000001,66.447699999999998]
["A9304","Caminhão plataforma 4 x 2, PBT 14.300 kg e distância entre eixos 4,8 m - 136 kW - motorista de caminhão",499744.33630000002,21.4176,8.8097999999999992,3.5695999999999999,32.126399999999997,72.619900000000001,27.8522,166.3955,61.6492]
["A9336","Caçamba basculante com capacidade de 4 m³",51153,3.8605999999999998,0.93789999999999996,0,4.3432000000000004,0,0,9.1417000000000002,4.7984999999999998]
["E9665","Cavalo mecânico com semirreboque com capacidade de 22 t - 240 kW",{"$nulls":7},387.0539,125.7812]
["A9318","Cavalo mecânico 4 x 2, PBT 16.000 kg - 240 kW - motorista de veículo especial",840396.91020000004,36.017000000000003,14.815,6.0027999999999997,54.025500000000001,179.41390000000001,31.802900000000001,322.07709999999997,88.637699999999995]
["A9353","Semirreboque com 2 eixos",371110,24.7407,12.402799999999999,0,27.833300000000001,0,0,64.976799999999997,37.143500000000003]
["E9666","Cavalo mecânico com semirreboque com capacidade de 30 t - 265 kW",{"$nulls":7},412.2525,127.6074]
["A9321","Cavalo mecânico estradeiro 6 x 2, PBT 23.000 kg - 265 kW - motorista de caminhão",866442.67379999999,37.133299999999998,15.274100000000001,6.1889000000000003,55.6999,198.10290000000001,27.8522,340.25130000000001,86.448499999999996]
["A9354","Semirreboque com 3 eixos",411230,27.415299999999998,13.743600000000001,0,30.842300000000002,0,0,72.001199999999997,41.158900000000003]
["E9667","Caminhão basculante com capacidade de 14 m³ - 210 kW",{"$nulls":7},297.02710000000002,85.553899999999999]
["A9316","Caminhão plataforma 8 x 4, PBT 29.000 kg e distância entre eixos 4,6 m - 210 kW - motorista de caminhão",734959.15350000001,31.498200000000001,12.956300000000001,5.2496999999999998,47.247399999999999,156.9872,27.8522,281.791,77.556399999999996]
["A9344","Caçamba basculante com capacidade de 14 m³",85255,6.4343000000000004,1.5631999999999999,0,7.2385999999999999,0,0,15.2361,7.9974999999999996]
["E9669","Caminhão tanque com capacidade de 8.000 l - 136 kW",{"$nulls":7},254.6388,74.048000000000002]
["A9331","Caminhão plataforma 4 x 2, PBT 16.000 kg e distância entre eixos 4,8 m - 136 kW - condição de trabalho severa - motorista de caminhão",561723.68039999995,24.073899999999998,9.9024000000000001,4.0122999999999998,36.110799999999998,137.9778,27.8522,239.92939999999999,65.840800000000002]
["A9359","Tanque para transporte de água com capacidade de 8.000 l",94282,6.5022000000000002,1.7050000000000001,0,6.5022000000000002,0,0,14.7094,8.2072000000000003]
["E9670","Usina móvel de lama asfáltica ou microrrevestimento com cavalo mecânico com capacidade de 12 m³ - 95,6 kW/240 kW",{"$nulls":7},759.59069999999997,261.10129999999998]
["A9319","Cavalo mecânico 4 x 2, PBT 16.000 kg - 240 kW - condição de trabalho severa - motorista de veículo especial",840396.91020000004,36.017000000000003,14.815,6.0027999999999997,54.025500000000001,243.49029999999999,31.802900000000001,386.15350000000001,88.637699999999995]
["A9367","Usina de lama asfáltica ou microrrevestimento asfáltico rebocável com capacidade de 12 m³ - 95,6 kW",1538109.527,98.878500000000003,30.504000000000001,0,98.878500000000003,102.0951,43.081099999999999,373.43720000000002,172.46360000000001]
["E9672","Caminhão basculante para rocha com capacidade de 12 m³ - 188 kW",{"$nulls":7},306.97070000000002,101.22199999999999]
["A9317","Caminhão plataforma 8 x 2, PBT 29.000 kg e distância entre eixos 4,8 m - 188 kW - motorista de veículo especial",772786.1568,33.119399999999999,13.623100000000001,5.5198999999999998,49.679099999999998,140.54089999999999,31.802900000000001,274.28530000000001,84.065299999999993]
["A9343","Caçamba basculante para rocha com capacidade de 12 m³",182894.041,13.8033,3.3534000000000002,0,15.528700000000001,0,0,32.685400000000001,17.156700000000001]
["E9679","Cavalo mecânico com dois reboques hidropneumáticos de 5 e 4 eixos e mesas de giro com capacidade de 130 t - 440 kW",{"$nulls":7},1446.3832,613.78840000000002]
["A9325","Cavalo mecânico 8 x 8, PBT 26.000 kg - 440 kW -  motorista de veículo especial",4964624.6754000001,212.7696,87.519199999999998,35.461599999999997,319.15440000000001,328.9255,31.802900000000001,1015.6332,367.55329999999998]
["A9384","Reboque hidropneumático com capacidade de 166 t e 4 eixos",979787.42260000005,65.319199999999995,32.7453,0,73.484099999999998,0,0,171.54859999999999,98.064499999999995]
["A9385","Conjunto de duas mesas de giro para quinta roda ou reboque com capacidade de 100 t cada",313868.54920000001,20.924600000000002,10.489699999999999,0,23.540099999999999,0,0,54.9544,31.414300000000001]
["A9390","Reboque hidropneumático com capacidade de 117 t e 5 eixos",1166542.4838,77.769499999999994,38.986800000000002,0,87.490700000000004,0,0,204.24700000000001,116.7563]
["E9680","Caminhão tanque com capacidade de 13.000 l - 188 kW",{"$nulls":7},325.28960000000001,83.427499999999995]
["A9332","Caminhão plataforma 6 x 2, PBT 23.000 kg e distância entre eixos 4,8 m - 188 kW - condição de trabalho severa - motorista de caminhão",662973.94660000002,28.4132,11.6873,4.7355,42.619799999999998,190.73410000000001,27.8522,306.0421,72.688199999999995]
["A9361","Tanque para transporte de água com capacidade de 13.000 l",123369,8.5082000000000004,2.2311000000000001,0,8.5082000000000004,0,0,19.247499999999999,10.7393]
["E9686","Caminhão carroceria com guindauto com capacidade de 20 t.m - 136 kW",{"$nulls":7},305.07619999999997,114.52460000000001]
["A9308","Caminhão plataforma 4 x 2, PBT 16.000 kg e distância entre eixos 4,8 m - 136 kW - motorista de veículo especial",561723.68039999995,24.073899999999998,9.9024000000000001,4.0122999999999998,36.110799999999998,137.9778,31.802900000000001,243.8801,69.791499999999999]
["A9349","Carroceria de madeira com capacidade de 7 t",28585.5,1.9714,0.51700000000000002,0,1.9714,0,0,4.4598000000000004,2.4883999999999999]
["A9372","Guindaste articulado montado sobre chassi com capacidade de 20 t.m",210128.5,14.4916,3.8001,0,14.4916,0,23.952999999999999,56.7363,42.244700000000002]
["E9687","Caminhão carroceria com capacidade de 5 t - 115 kW",{"$nulls":7},147.5104,57.905500000000004]
["A9303","Caminhão plataforma 4 x 2, PBT 9.600 kg e distância entre eixos 3,7 m - 115 kW - motorista de caminhão",409876.50380000001,17.566099999999999,7.2255000000000003,2.9277000000000002,26.3492,61.406599999999997,27.8522,143.32730000000001,55.5715]
["A9348","Carroceria de madeira com capacidade de 5 t",26811.654299999998,1.8491,0.4849,0,1.8491,0,0,4.1830999999999996,2.3340000000000001]
["E9690","Caminhão carroceria com guindauto e cesto aéreo com capacidade de 10 t.m - 136 kW",{"$nulls":7},325.24349999999998,136.36529999999999]
["A9308","Caminhão plataforma 4 x 2, PBT 16.000 kg e distância entre eixos 4,8 m - 136 kW - motorista de veículo especial",561723.68039999995,24.073899999999998,9.9024000000000001,4.0122999999999998,36.110799999999998,137.9778,31.802900000000001,243.8801,69.791499999999999]
["A9329","Cesto aéreo simples isolado com capacidade para 135 kg",24327.764999999999,1.6778,0.44,0,1.6778,0,0,3.7955999999999999,2.1177999999999999]
["A9330","Guindaste articulado montado sobre chassi com capacidade de 10 t.m",154012.7763,10.621600000000001,2.7852000000000001,0,10.621600000000001,0,47.905999999999999,71.934399999999997,61.312800000000003]
["A9350","Carroceria de madeira com capacidade de 9 t",36108,2.4902000000000002,0.65300000000000002,0,2.4902000000000002,0,0,5.6334,3.1432000000000002]
["E9693","Caminhão demarcador de faixas com sistema de pintura Spray - 115 kW",{"$nulls":7},784.13919999999996,411.72039999999998]
["A9322","Caminhão plataforma 4 x 2, PBT 9.600 kg e distância entre eixos 3,7 m - 115 kW - condição de trabalho severa - motorista de caminhão",409876.50380000001,17.566099999999999,7.2255000000000003,2.9277000000000002,26.3492,116.6724,27.8522,198.59309999999999,55.5715]
["A9370","Equipamento demarcador de faixas sistema spray montado sobre chassi com capacidade 1.080 l",3225898.75,243.7346,88.461299999999994,0,229.3972,0,23.952999999999999,585.54610000000002,356.14890000000003]
["E9783","Plataforma pantográfica montada em caminhão - 115 kW",{"$nulls":7},296.3227,122.68170000000001]
["A9301","Caminhão plataforma 4 x 2, PBT 8.300 kg e distância entre eixos 3,7 m - 115 kW - motorista de veículo especial",386907.06219999999,16.581700000000001,6.8205999999999998,2.7635999999999998,24.872599999999998,116.6724,31.802900000000001,199.5138,57.968800000000002]
["A9377","Plataforma pantográfica hidráulica montada sobre chassi com capacidade de 600 kg",481440,32.095999999999997,8.6638999999999999,0,32.095999999999997,0,23.952999999999999,96.808899999999994,64.712900000000005]
["E9787","Bomba para concreto com lança montada sobre chassi com capacidade de 50 m³/h - 136 kW",{"$nulls":7},548.73099999999999,257.32920000000001]
["A9308","Caminhão plataforma 4 x 2, PBT 16.000 kg e distância entre eixos 4,8 m - 136 kW - motorista de veículo especial",561723.68039999995,24.073899999999998,9.9024000000000001,4.0122999999999998,36.110799999999998,137.9778,31.802900000000001,243.8801,69.791499999999999]
["A9371","Bomba para concreto com lança montada sobre chassi com capacidade de 50 m³/h",1466415.5767000001,117.31319999999999,27.1434,0,117.31319999999999,0,43.081099999999999,304.85090000000002,187.5377]
["E9792","Caminhão para hidrossemeadura com capacidade de 7.500 l - 136 kW",{"$nulls":7},340.84960000000001,130.29419999999999]
["A9323","Caminhão plataforma 4 x 2, PBT 14.300 kg e distância entre eixos 4,8 m - 136 kW - condição de trabalho severa - motorista de caminhão",499744.33630000002,21.4176,8.8097999999999992,3.5695999999999999,32.126399999999997,137.9778,27.8522,231.7534,61.6492]
["A9362","Tanque para hidrossemeadura com capacidade de 7.500 l",476425,35.956600000000002,8.7354000000000003,0,40.4512,0,23.952999999999999,109.0962,68.644999999999996]

{"sheet":"SINTÉTICO SICRO","index":22,"n_rows":6402,"n_cols":4,"rows_kept":6402,"cut":false,"hidden":false,"merged":[[0,1,0,2]]}
["CGCIT","SISTEMA DE CUSTOS REFERENCIAIS DE OBRAS - SICRO",null,"DNIT"]
[null,"Minas Gerais - Abril/2024"]
["Código","Descrição do Serviço","Unidade","Custo Unitário (R$)"]
[307731,"Aparelho de apoio de neoprene fretado para estruturas moldadas no local - fornecimento e instalação","dm³",126.13]
[307732,"Aparelho de apoio de neoprene fretado para estruturas pré-moldadas - fornecimento e instalação","dm³",102.57]
[308308,"Aparelho de apoio metálico elastomérico fixo com capacidade de 1.500 kN - fornecimento e instalação","un",7307.52]
[308313,"Aparelho de apoio metálico elastomérico fixo com capacidade de 10.000 kN - fornecimento e instalação","un",46600.73]
[308309,"Aparelho de apoio metálico elastomérico fixo com capacidade de 2.500 kN - fornecimento e instalação","un",11872.18]
[308310,"Aparelho de apoio metálico elastomérico fixo com capacidade de 4.000 kN - fornecimento e instalação","un",17866.439999999999]
[308311,"Aparelho de apoio metálico elastomérico fixo com capacidade de 5.500 kN - fornecimento e instalação","un",24543.5]
[308312,"Aparelho de apoio metálico elastomérico fixo com capacidade de 7.500 kN - fornecimento e instalação","un",33952.75]
[308307,"Aparelho de apoio metálico elastomérico fixo com capacidade de 700 kN - fornecimento e instalação","un",4856.8900000000003]
[308322,"Aparelho de apoio metálico elastomérico multidirecional com capacidade de 1.500 kN - fornecimento e instalação","un",5774.31]
[308327,"Aparelho de apoio metálico elastomérico multidirecional com capacidade de 10.000 kN - fornecimento e instalação","un",35832.42]
[308323,"Aparelho de apoio metálico elastomérico multidirecional com capacidade de 2.500 kN - fornecimento e instalação","un",8452.83]
[308324,"Aparelho de apoio metálico elastomérico multidirecional com capacidade de 4.000 kN - fornecimento e instalação","un",13261.98]
[308325,"Aparelho de apoio metálico elastomérico multidirecional com capacidade de 5.500 kN - fornecimento e instalação","un",18767.060000000001]
[308326,"Aparelho de apoio metálico elastomérico multidirecional com capacidade de 7.500 kN - fornecimento e instalação","un",26482.37]
[308321,"Aparelho de apoio metálico elastomérico multidirecional com capacidade de 700 kN - fornecimento e instalação","un",3963.75]
[308315,"Aparelho de apoio metálico elastomérico unidirecional com capacidade de 1.500 kN - fornecimento e instalação","un",7111.63]
[308320,"Aparelho de apoio metálico elastomérico unidirecional com capacidade de 10.000 kN - fornecimento e instalação","un",45458.06]
[308316,"Aparelho de apoio metálico elastomérico unidirecional com capacidade de 2.500 kN - fornecimento e instalação","un",10145.27]
[308317,"Aparelho de apoio metálico elastomérico unidirecional com capacidade de 4.000 kN - fornecimento e instalação","un",17623.75]
[308318,"Aparelho de apoio metálico elastomérico unidirecional com capacidade de 5.500 kN - fornecimento e instalação","un",23943.02]
[308319,"Aparelho de apoio metálico elastomérico unidirecional com capacidade de 7.500 kN - fornecimento e instalação","un",30001.24]
[308314,"Aparelho de apoio metálico elastomérico unidirecional com capacidade de 700 kN - fornecimento e instalação","un",4776.63]
[308250,"Aparelho de apoio metálico esférico fixo com capacidade de 1.000 kN - fornecimento e instalação","un",6075.01]
[308251,"Aparelho de apoio metálico esférico fixo com capacidade de 1.500 kN - fornecimento e instalação","un",9334.7800000000007]
[308268,"Aparelho de apoio metálico esférico fixo com capacidade de 10.000 kN - fornecimento e instalação","un",78753.34]
[308252,"Aparelho de apoio metálico esférico fixo com capacidade de 2.000 kN - fornecimento e instalação","un",11472.16]
[308253,"Aparelho de apoio metálico esférico fixo com capacidade de 2.500 kN - fornecimento e instalação","un",14158.25]
[308254,"Aparelho de apoio metálico esférico fixo com capacidade de 3.000 kN - fornecimento e instalação","un",15930.25]
[308255,"Aparelho de apoio metálico esférico fixo com capacidade de 3.500 kN - fornecimento e instalação","un",19545.8]
[308256,"Aparelho de apoio metálico esférico fixo com capacidade de 4.000 kN - fornecimento e instalação","un",24974.09]
[308257,"Aparelho de apoio metálico esférico fixo com capacidade de 4.500 kN - fornecimento e instalação","un",32293.83]
[308258,"Aparelho de apoio metálico esférico fixo com capacidade de 5.000 kN - fornecimento e instalação","un",35992.53]
[308259,"Aparelho de apoio metálico esférico fixo com capacidade de 5.500 kN - fornecimento e instalação","un",40819.69]
[308260,"Aparelho de apoio metálico esférico fixo com capacidade de 6.000 kN - fornecimento e instalação","un",45059.51]
[308261,"Aparelho de apoio metálico esférico fixo com capacidade de 6.500 kN - fornecimento e instalação","un",49824.94]
[308262,"Aparelho de apoio metálico esférico fixo com capacidade de 7.000 kN - fornecimento e instalação","un",54789.32]
[308263,"Aparelho de apoio metálico esférico fixo com capacidade de 7.500 kN - fornecimento e instalação","un",55712.46]
[308264,"Aparelho de apoio metálico esférico fixo com capacidade de 8.000 kN - fornecimento e instalação","un",61629.49]
[308265,"Aparelho de apoio metálico esférico fixo com capacidade de 8.500 kN - fornecimento e instalação","un",63189.49]
[308266,"Aparelho de apoio metálico esférico fixo com capacidade de 9.000 kN - fornecimento e instalação","un",70496.95]
[308267,"Aparelho de apoio metálico esférico fixo com capacidade de 9.500 kN - fornecimento e instalação","un",74581.89]
[308288,"Aparelho de apoio metálico esférico multidirecional com capacidade de 1.000 kN - fornecimento e instalação","un",8758.5400000000009]
[308289,"Aparelho de apoio metálico esférico multidirecional com capacidade de 1.500 kN - fornecimento e instalação","un",12468.33]
[308306,"Aparelho de apoio metálico esférico multidirecional com capacidade de 10.000 kN - fornecimento e instalação","un",83650.899999999994]
[308290,"Aparelho de apoio metálico esférico multidirecional com capacidade de 2.000 kN - fornecimento e instalação","un",16177.85]
[308291,"Aparelho de apoio metálico esférico multidirecional com capacidade de 2.500 kN - fornecimento e instalação","un",19642.43]
[308292,"Aparelho de apoio metálico esférico multidirecional com capacidade de 3.000 kN - fornecimento e instalação","un",22106.85]
[308293,"Aparelho de apoio metálico esférico multidirecional com capacidade de 3.500 kN - fornecimento e instalação","un",25435.63]
[308294,"Aparelho de apoio metálico esférico multidirecional com capacidade de 4.000 kN - fornecimento e instalação","un",27711.97]
[308295,"Aparelho de apoio metálico esférico multidirecional com capacidade de 4.500 kN - fornecimento e instalação","un",34052.43]
[308296,"Aparelho de apoio metálico esférico multidirecional com capacidade de 5.000 kN - fornecimento e instalação","un",37222.6]
[308297,"Aparelho de apoio metálico esférico multidirecional com capacidade de 5.500 kN - fornecimento e instalação","un",41010.89]
[308298,"Aparelho de apoio metálico esférico multidirecional com capacidade de 6.000 kN - fornecimento e instalação","un",46630.02]
[308299,"Aparelho de apoio metálico esférico multidirecional com capacidade de 6.500 kN - fornecimento e instalação","un",50388.58]
[308300,"Aparelho de apoio metálico esférico multidirecional com capacidade de 7.000 kN - fornecimento e instalação","un",54249.440000000002]
[308301,"Aparelho de apoio metálico esférico multidirecional com capacidade de 7.500 kN - fornecimento e instalação","un",58513.77]
[308302,"Aparelho de apoio metálico esférico multidirecional com capacidade de 8.000 kN - fornecimento e instalação","un",64929.93]
[308303,"Aparelho de apoio metálico esférico multidirecional com capacidade de 8.500 kN - fornecimento e instalação","un",71146.759999999995]
[308304,"Aparelho de apoio metálico esférico multidirecional com capacidade de 9.000 kN - fornecimento e instalação","un",75041.47]
[308305,"Aparelho de apoio metálico esférico multidirecional com capacidade de 9.500 kN - fornecimento e instalação","un",79668.740000000005]
[308269,"Aparelho de apoio metálico esférico unidirecional com capacidade de 1.000 kN - fornecimento e instalação","un",9230.2000000000007]
[308270,"Aparelho de apoio metálico esférico unidirecional com capacidade de 1.500 kN - fornecimento e instalação","un",12831.12]
[308287,"Aparelho de apoio metálico esférico unidirecional com capacidade de 10.000 kN - fornecimento e instalação","un",84633.79]
[308271,"Aparelho de apoio metálico esférico unidirecional com capacidade de 2.000 kN - fornecimento e instalação","un",16007.95]
[308272,"Aparelho de apoio metálico esférico unidirecional com capacidade de 2.500 kN - fornecimento e instalação","un",18574.38]
[308273,"Aparelho de apoio metálico esférico unidirecional com capacidade de 3.000 kN - fornecimento e instalação","un",22203.85]
[308274,"Aparelho de apoio metálico esférico unidirecional com capacidade de 3.500 kN - fornecimento e instalação","un",25650.78]
[308275,"Aparelho de apoio metálico esférico unidirecional com capacidade de 4.000 kN - fornecimento e instalação","un",30250.89]
[308276,"Aparelho de apoio metálico esférico unidirecional com capacidade de 4.500 kN - fornecimento e instalação","un",40239.39]
[308277,"Aparelho de apoio metálico esférico unidirecional com capacidade de 5.000 kN - fornecimento e instalação","un",44551.34]
[308278,"Aparelho de apoio metálico esférico unidirecional com capacidade de 5.500 kN - fornecimento e instalação","un",48307.1]
[308279,"Aparelho de apoio metálico esférico unidirecional com capacidade de 6.000 kN - fornecimento e instalação","un",50209.1]
[308280,"Aparelho de apoio metálico esférico unidirecional com capacidade de 6.500 kN - fornecimento e instalação","un",54286.6]
[308281,"Aparelho de apoio metálico esférico unidirecional com capacidade de 7.000 kN - fornecimento e instalação","un",58294.8]
[308282,"Aparelho de apoio metálico esférico unidirecional com capacidade de 7.500 kN - fornecimento e instalação","un",62595.41]
[308283,"Aparelho de apoio metálico esférico unidirecional com capacidade de 8.000 kN - fornecimento e instalação","un",66510.05]
[308284,"Aparelho de apoio metálico esférico unidirecional com capacidade de 8.500 kN - fornecimento e instalação","un",71772.42]
[308285,"Aparelho de apoio metálico esférico unidirecional com capacidade de 9.000 kN - fornecimento e instalação","un",76056.639999999999]
[308286,"Aparelho de apoio metálico esférico unidirecional com capacidade de 9.500 kN - fornecimento e instalação","un",80450.09]
[307733,"Junta de dilatação em elastômero e perfil VV - L = 20 mm e H = 40 mm - fornecimento e instalação","m",260.02999999999997]
[307734,"Junta de dilatação em elastômero e perfil VV - L = 25 mm e H = 50 mm - fornecimento e instalação","m",313.22000000000003]
[307735,"Junta de dilatação em elastômero e perfil VV - L = 35 mm e H = 60 mm - fornecimento e instalação","m",411.22]
[307736,"Junta de dilatação em elastômero e perfil VV - L = 40 mm e H = 70 mm - fornecimento e instalação","m",549.35]
[307737,"Junta de dilatação em elastômero e perfil VV - L = 50 mm e H = 80 mm - fornecimento e instalação","m",580.04999999999995]
[307730,"Junta de dilatação em perfil extrudado de borracha vulcanizada","m",0]
[307084,"Lábios poliméricos em junta de pavimento de concreto - L = 20 mm e H = 30 mm - confecção e assentamento","m",30.52]
[407818,"Armação em aço CA-25 - fornecimento, preparo e colocação","kg",11.26]
[407819,"Armação em aço CA-50 - fornecimento, preparo e colocação","kg",11.57]
[407820,"Armação em aço CA-60 - fornecimento, preparo e colocação","kg",12.64]
[407740,"Chumbador tipo espera em aço CA-25 para fixação de estrutura metálica em concreto - fornecimento e instalação","kg",14.55]
[408037,"Luva de emenda com rosca cônica para aço CA-50 - D = 12,5 mm - fornecimento e instalação","un",19.829999999999998]
[408038,"Luva de emenda com rosca cônica para aço CA-50 - D = 16 mm - fornecimento e instalação","un",32.03]
[408039,"Luva de emenda com rosca cônica para aço CA-50 - D = 20 mm - fornecimento e instalação","un",41.98]
[408041,"Luva de emenda com rosca cônica para aço CA-50 - D = 25 mm - fornecimento e instalação","un",56.75]
[408042,"Luva de emenda com rosca cônica para aço CA-50 - D = 32 mm - fornecimento e instalação","un",79.42]
[408031,"Luva de emenda prensada para aço CA-50 - D = 12,5 mm - fornecimento e instalação","un",20.82]
[408032,"Luva de emenda prensada para aço CA-50 - D = 16 mm - fornecimento e instalação","un",28.25]
[408033,"Luva de emenda prensada para aço CA-50 - D = 20 mm - fornecimento e instalação","un",38.409999999999997]
[408035,"Luva de emenda prensada para aço CA-50 - D = 25 mm - fornecimento e instalação","un",70.930000000000007]
[408036,"Luva de emenda prensada para aço CA-50 - D = 32 mm - fornecimento e instalação","un",142.58000000000001]
[408067,"Tela de aço eletrossoldada - fornecimento, preparo e colocação","kg",10.31]
[407743,"Treliça nervurada três barras longitudinais interligadas por duas diagonais sinusoidal - fornecimento e instalação","kg",11.25]
[607137,"Arco metálico galvanizado tipo MP 152S - arco alto - vão = 10,08 m e altura = 6,12 m - aterro rodoviário mínimo = 0,90 m e máximo = 5,00 m - areia e brita comerciais","m",60086.46]
[606785,"Arco metálico galvanizado tipo MP 152S - arco alto - vão = 10,08 m e altura = 6,12 m - aterro rodoviário mínimo = 0,90 m e máximo = 5,00 m - areia extraída e brita produzida","m",59216.82]
[607139,"Arco metálico galvanizado tipo MP 152S - arco alto - vão = 10,31 m e altura = 6,17 m - aterro rodoviário mínimo = 0,90 m e máximo = 4,90 m - areia e brita comerciais","m",60890.96]
[606787,"Arco metálico galvanizado tipo MP 152S - arco alto - vão = 10,31 m e altura = 6,17 m - aterro rodoviário mínimo = 0,90 m e máximo = 4,90 m - areia extraída e brita produzida","m",59708.73]
[607140,"Arco metálico galvanizado tipo MP 152S - arco alto - vão = 10,36 m e altura = 5,38 m - aterro rodoviário mínimo = 1,20 m e máximo = 3,60 m - areia e brita comerciais","m",55607.17]
[606788,"Arco metálico galvanizado tipo MP 152S - arco alto - vão = 10,36 m e altura = 5,38 m - aterro rodoviário mínimo = 1,20 m e máximo = 3,60 m - areia extraída e brita produzida","m",55124.07]
[607141,"Arco metálico galvanizado tipo MP 152S - arco alto - vão = 10,54 m e altura = 6,05 m - aterro rodoviário mínimo = 1,20 m e máximo = 4,20 m - areia e brita comerciais","m",61988.85]
[606789,"Arco metálico galvanizado tipo MP 152S - arco alto - vão = 10,54 m e altura = 6,05 m - aterro rodoviário mínimo = 1,20 m e máximo = 4,20 m - areia extraída e brita produzida","m",61085.06]
[607144,"Arco metálico galvanizado tipo MP 152S - arco alto - vão = 10,57 m e altura = 5,41 m - aterro rodoviário mínimo = 1,20 m e máximo = 4,10 m - areia e brita comerciais","m",72598.080000000002]
[606792,"Arco metálico galvanizado tipo MP 152S - arco alto - vão = 10,57 m e altura = 5,41 m - aterro rodoviário mínimo = 1,20 m e máximo = 4,10 m - areia extraída e brita produzida","m",71772.570000000007]
[607142,"Arco metálico galvanizado tipo MP 152S - arco alto - vão = 10,74 m e altura = 6,48 m - aterro rodoviário mínimo = 1,20 m e máximo = 4,70 m - areia e brita comerciais","m",65021.440000000002]
[606790,"Arco metálico galvanizado tipo MP 152S - arco alto - vão = 10,74 m e altura = 6,48 m - aterro rodoviário mínimo = 1,20 m e máximo = 4,70 m - areia extraída e brita produzida","m",64049.32]
[607145,"Arco metálico galvanizado tipo MP 152S - arco alto - vão = 10,77 m e altura = 6,10 m - aterro rodoviário mínimo = 1,20 m e máximo = 4,70 m - areia e brita comerciais","m",80190.38]
[606793,"Arco metálico galvanizado tipo MP 152S - arco alto - vão = 10,77 m e altura = 6,10 m - aterro rodoviário mínimo = 1,20 m e máximo = 4,70 m - areia extraída e brita produzida","m",79267.11]
[607146,"Arco metálico galvanizado tipo MP 152S - arco alto - vão = 10,97 m e altura = 6,53 m - aterro rodoviário mínimo = 1,20 m e máximo = 4,70 m - areia e brita comerciais","m",83627.81]
[606794,"Arco metálico galvanizado tipo MP 152S - arco alto - vão = 10,97 m e altura = 6,53 m - aterro rodoviário mínimo = 1,20 m e máximo = 4,70 m - areia extraída e brita produzida","m",82625.740000000005]
[607143,"Arco metálico galvanizado tipo MP 152S - arco alto - vão = 11,35 m e altura = 7,12 m - aterro rodoviário mínimo = 1,20 m e máximo = 4,70 m - areia e brita comerciais","m",70242.789999999994]
[606791,"Arco metálico galvanizado tipo MP 152S - arco alto - vão = 11,35 m e altura = 7,12 m - aterro rodoviário mínimo = 1,20 m e máximo = 4,70 m - areia extraída e brita produzida","m",69123.600000000006]
[607147,"Arco metálico galvanizado tipo MP 152S - arco alto - vão = 11,58 m e altura = 7,16 m - aterro rodoviário mínimo = 1,20 m e máximo = 6,40 m - areia e brita comerciais","m",90214.81]
[606795,"Arco metálico galvanizado tipo MP 152S - arco alto - vão = 11,58 m e altura = 7,16 m - aterro rodoviário mínimo = 1,20 m e máximo = 6,40 m - areia extraída e brita produzida","m",89060.12]
[607112,"Arco metálico galvanizado tipo MP 152S - arco alto - vão = 6,12 m e altura = 2,77 m - aterro rodoviário mínimo = 0,75 m e máximo = 5,40 m - areia e brita comerciais","m",29320.54]
[606760,"Arco metálico galvanizado tipo MP 152S - arco alto - vão = 6,12 m e altura = 2,77 m - aterro rodoviário mínimo = 0,75 m e máximo = 5,40 m - areia extraída e brita produzida","m",29017.85]
[607113,"Arco metálico galvanizado tipo MP 152S - arco alto - vão = 6,30 m e altura = 3,68 m - aterro rodoviário mínimo = 0,75 m e máximo = 7,50 m - areia e brita comerciais","m",34442.949999999997]
[606761,"Arco metálico galvanizado tipo MP 152S - arco alto - vão = 6,30 m e altura = 3,68 m - aterro rodoviário mínimo = 0,75 m e máximo = 7,50 m - areia extraída e brita produzida","m",34095.019999999997]
[606762,"Arco metálico galvanizado tipo MP 152S - arco alto - vão = 6,55 m e altura = 3,56 m - aterro rodoviário mínimo = 0,75 m e máximo = 4,9 m - areia extraída e brita produzida","m",33847.9]
[607114,"Arco metálico galvanizado tipo MP 152S - arco alto - vão = 6,55 m e altura = 3,56 m - aterro rodoviário mínimo = 0,75 m e máximo = 4,90 m - areia e brita comerciais","m",34202.410000000003]
[607116,"Arco metálico galvanizado tipo MP 152S - arco alto - vão = 6,78 m e altura = 3,61 m - aterro rodoviário mínimo = 0,75 m e máximo = 4,80 m - areia e brita comerciais","m",36137.96]
[606764,"Arco metálico galvanizado tipo MP 152S - arco alto - vão = 6,78 m e altura = 3,61 m - aterro rodoviário mínimo = 0,75 m e máximo = 4,80 m - areia extraída e brita produzida","m",35768.519999999997]
[607115,"Arco metálico galvanizado tipo MP 152S - arco alto - vão = 6,96 m e altura = 4,42 m - aterro rodoviário mínimo = 0,75 m e máximo = 8,10 m - areia e brita comerciais","m",41037.129999999997]
[606763,"Arco metálico galvanizado tipo MP 152S - arco alto - vão = 6,96 m e altura = 4,42 m - aterro rodoviário mínimo = 0,75 m e máximo = 8,10 m - areia extraída e brita produzida","m",40592.68]
[607117,"Arco metálico galvanizado tipo MP 152S - arco alto - vão = 6,99 m e altura = 4,27 m - aterro rodoviário mínimo = 0,75 m e máximo = 5,70 m - areia e brita comerciais","m",41031.129999999997]
[606765,"Arco metálico galvanizado tipo MP 152S - arco alto - vão = 6,99 m e altura = 4,27 m - aterro rodoviário mínimo = 0,75 m e máximo = 5,70 m - areia extraída e brita produzida","m",40598.89]
[607118,"Arco metálico galvanizado tipo MP 152S - arco alto - vão = 7,01 m e altura = 3,63 m - aterro rodoviário mínimo = 0,75 m e máximo = 4,60 m - areia e brita comerciais","m",36774.629999999997]
[606766,"Arco metálico galvanizado tipo MP 152S - arco alto - vão = 7,01 m e altura = 3,63 m - aterro rodoviário mínimo = 0,75 m e máximo = 4,60 m - areia extraída e brita produzida","m",36393.24]
[607120,"Arco metálico galvanizado tipo MP 152S - arco alto - vão = 7,24 m e altura = 3,68 m - aterro rodoviário mínimo = 0,90 m e máximo = 4,4 m - areia e brita comerciais","m",37449.129999999997]
[606768,"Arco metálico galvanizado tipo MP 152S - arco alto - vão = 7,24 m e altura = 3,68 m - aterro rodoviário mínimo = 0,90 m e máximo = 4,40 m - areia extraída e brita produzida","m",37047.51]
[607119,"Arco metálico galvanizado tipo MP 152S - arco alto - vão = 7,42 m e altura = 4,52 m - aterro rodoviário mínimo = 0,90 m e máximo = 6,40 m - areia e brita comerciais","m",43043.66]
[606767,"Arco metálico galvanizado tipo MP 152S - arco alto - vão = 7,42 m e altura = 4,52 m - aterro rodoviário mínimo = 0,90 m e máximo = 6,40 m - areia extraída e brita produzida","m",42553.88]
[607121,"Arco metálico galvanizado tipo MP 152S - arco alto - vão = 7,47 m e altura = 4,19 m - aterro rodoviário mínimo = 0,90 m e máximo = 4,30 m - areia e brita comerciais","m",40548.339999999997]
[606769,"Arco metálico galvanizado tipo MP 152S - arco alto - vão = 7,47 m e altura = 4,19 m - aterro rodoviário mínimo = 0,90 m e máximo = 4,30 m - areia extraída e brita produzida","m",40090.449999999997]
[607123,"Arco metálico galvanizado tipo MP 152S - arco alto - vão = 7,67 m e altura = 3,99 m - aterro rodoviário mínimo = 0,90 m e máximo = 4,10 m - areia e brita comerciais","m",40009.74]
[606771,"Arco metálico galvanizado tipo MP 152S - arco alto - vão = 7,67 m e altura = 3,99 m - aterro rodoviário mínimo = 0,90 m e máximo = 4,10 m - areia extraída e brita produzida","m",39553.56]
[607122,"Arco metálico galvanizado tipo MP 152S - arco alto - vão = 7,85 m e altura = 4,60 m - aterro rodoviário mínimo = 0,90 m e máximo = 6,00 m - areia e brita comerciais","m",44390.77]
[606770,"Arco metálico galvanizado tipo MP 152S - arco alto - vão = 7,85 m e altura = 4,60 m - aterro rodoviário mínimo = 0,90 m e máximo = 6,00 m - areia extraída e brita produzida","m",43864.66]
[607125,"Arco metálico galvanizado tipo MP 152S - arco alto - vão = 7,90 m e altura = 4,04 m - aterro rodoviário mínimo = 0,90 m e máximo = 4,00 m - areia e brita comerciais","m",41367.72]
[606773,"Arco metálico galvanizado tipo MP 152S - arco alto - vão = 7,90 m e altura = 4,04 m - aterro rodoviário mínimo = 0,90 m e máximo = 4,00 m - areia extraída e brita produzida","m",40887.74]
[607124,"Arco metálico galvanizado tipo MP 152S - arco alto - vão = 8,08 m e altura = 4,65 m - aterro rodoviário mínimo = 0,90 m e máximo = 5,80 m - areia e brita comerciais","m",45056.959999999999]
[606772,"Arco metálico galvanizado tipo MP 152S - arco alto - vão = 8,08 m e altura = 4,65 m - aterro rodoviário mínimo = 0,90 m e máximo = 5,80 m - areia extraída e brita produzida","m",44514.01]
[607126,"Arco metálico galvanizado tipo MP 152S - arco alto - vão = 8,31 m e altura = 4,70 m - aterro rodoviário mínimo = 0,90 m e máximo = 5,60 m - areia e brita comerciais","m",46311.91]
[606774,"Arco metálico galvanizado tipo MP 152S - arco alto - vão = 8,31 m e altura = 4,70 m - aterro rodoviário mínimo = 0,90 m e máximo = 5,60 m - areia extraída e brita produzida","m",45742.81]
[607127,"Arco metálico galvanizado tipo MP 152S - arco alto - vão = 8,36 m e altura = 4,11 m - aterro rodoviário mínimo = 0,90 m e máximo = 3,70 m - areia e brita comerciais","m",42645.53]
[606775,"Arco metálico galvanizado tipo MP 152S - arco alto - vão = 8,36 m e altura = 4,11 m - aterro rodoviário mínimo = 0,90 m e máximo = 3,70 m - areia extraída e brita produzida","m",42136.71]
[607129,"Arco metálico galvanizado tipo MP 152S - arco alto - vão = 8,59 m e altura = 4,39 m - aterro rodoviário mínimo = 0,90 m e máximo = 3,60 m - areia e brita comerciais","m",44629.58]
[606777,"Arco metálico galvanizado tipo MP 152S - arco alto - vão = 8,59 m e altura = 4,39 m - aterro rodoviário mínimo = 0,90 m e máximo = 3,60 m - areia extraída e brita produzida","m",44072.34]
[607128,"Arco metálico galvanizado tipo MP 152S - arco alto - vão = 8,97 m e altura = 5,00 m - aterro rodoviário mínimo = 0,90 m e máximo = 5,80 m - areia e brita comerciais","m",49083.87]
[606776,"Arco metálico galvanizado tipo MP 152S - arco alto - vão = 8,97 m e altura = 5,00 m - aterro rodoviário mínimo = 0,90 m e máximo = 5,80 m - areia extraída e brita produzida","m",48432.78]
[607130,"Arco metálico galvanizado tipo MP 152S - arco alto - vão = 9,17 m e altura = 5,49 m - aterro rodoviário mínimo = 0,90 m e máximo = 5,60 m - areia e brita comerciais","m",52306.62]
[606778,"Arco metálico galvanizado tipo MP 152S - arco alto - vão = 9,17 m e altura = 5,49 m - aterro rodoviário mínimo = 0,90 m e máximo = 5,60 m - areia extraída e brita produzida","m",51590.96]
[607131,"Arco metálico galvanizado tipo MP 152S - arco alto - vão = 9,22 m e altura = 4,70 m - aterro rodoviário mínimo = 0,90 m e máximo = 4,10 m - areia e brita comerciais","m",49097.120000000003]
[606779,"Arco metálico galvanizado tipo MP 152S - arco alto - vão = 9,22 m e altura = 4,70 m - aterro rodoviário mínimo = 0,90 m e máximo = 4,10 m - areia extraída e brita produzida","m",48464]
[607133,"Arco metálico galvanizado tipo MP 152S - arco alto - vão = 9,45 m e altura = 4,75 m - aterro rodoviário mínimo = 0,90 m e máximo = 4,00 m - areia e brita comerciais","m",49846.46]
[606781,"Arco metálico galvanizado tipo MP 152S - arco alto - vão = 9,45 m e altura = 4,75 m - aterro rodoviário mínimo = 0,90 m e máximo = 4,00 m - areia extraída e brita produzida","m",49194.3]
[607132,"Arco metálico galvanizado tipo MP 152S - arco alto - vão = 9,63 m e altura = 5,59 m - aterro rodoviário mínimo = 0,90 m e máximo = 5,30 m - areia e brita comerciais","m",54340.44]
[606780,"Arco metálico galvanizado tipo MP 152S - arco alto - vão = 9,63 m e altura = 5,59 m - aterro rodoviário mínimo = 0,90 m e máximo = 5,30 m - areia extraída e brita produzida","m",53574.62]
[607134,"Arco metálico galvanizado tipo MP 152S - arco alto - vão = 9,65 m e altura = 5,41 m - aterro rodoviário mínimo = 0,90 m e máximo = 4,70 m - areia e brita comerciais","m",53804.37]
[606782,"Arco metálico galvanizado tipo MP 152S - arco alto - vão = 9,65 m e altura = 5,41 m - aterro rodoviário mínimo = 0,90 m e máximo = 4,70 m - areia extraída e brita produzida","m",53056.05]
[607136,"Arco metálico galvanizado tipo MP 152S - arco alto - vão = 9,68 m e altura = 5,23 m - aterro rodoviário mínimo = 0,90 m e máximo = 3,90 m - areia e brita comerciais","m",53091.24]
[606784,"Arco metálico galvanizado tipo MP 152S - arco alto - vão = 9,68 m e altura = 5,23 m - aterro rodoviário mínimo = 0,90 m e máximo = 3,90 m - areia extraída e brita produzida","m",52366.83]
[607135,"Arco metálico galvanizado tipo MP 152S - arco alto - vão = 9,86 m e altura = 6,07 m - aterro rodoviário mínimo = 0,90 m e máximo = 5,20 m - areia e brita comerciais","m",59224.58]
[606783,"Arco metálico galvanizado tipo MP 152S - arco alto - vão = 9,86 m e altura = 6,07 m - aterro rodoviário mínimo = 0,90 m e máximo = 5,20 m - areia extraída e brita produzida","m",58384.800000000003]
[607138,"Arco metálico galvanizado tipo MP 152S - arco alto - vão = 9,91 m e altura = 5,28 m - aterro rodoviário mínimo = 0,90 m e máximo = 3,80 m - areia e brita comerciais","m",53998.47]
[606786,"Arco metálico galvanizado tipo MP 152S - arco alto - vão = 9,91 m e altura = 5,28 m - aterro rodoviário mínimo = 0,90 m e máximo = 3,80 m - areia extraída e brita produzida","m",53226.76]
[606842,"Arco metálico galvanizado tipo MP 152S - ovoide - vão = 7,21 m e altura = 7,82 m - aterro rodoviário mínimo = 0,75 m e máximo = 6,70 m - areia e brita comerciais","m",67293.87]
[606832,"Arco metálico galvanizado tipo MP 152S - ovoide - vão = 7,21 m e altura = 7,82 m - aterro rodoviário mínimo = 0,75 m e máximo = 6,70 m - areia extraída e brita produzida","m",66848.09]
[606843,"Arco metálico galvanizado tipo MP 152S - ovoide - vão = 7,31 m e altura = 7,87 m - aterro rodoviário mínimo = 0,90 m e máximo = 6,80 m - areia e brita comerciais","m",69926.899999999994]
[606833,"Arco metálico galvanizado tipo MP 152S - ovoide - vão = 7,31 m e altura = 7,87 m - aterro rodoviário mínimo = 0,90 m e máximo = 6,80 m - areia extraída e brita produzida","m",69458.84]
[606845,"Arco metálico galvanizado tipo MP 152S - ovoide - vão = 7,57 m e altura = 8,44 m - aterro rodoviário mínimo = 0,90 m e máximo = 5,60 m - areia e brita comerciais","m",72504.429999999993]
[606835,"Arco metálico galvanizado tipo MP 152S - ovoide - vão = 7,57 m e altura = 8,44 m - aterro rodoviário mínimo = 0,90 m e máximo = 5,60 m - areia extraída e brita produzida","m",72037.62]
[606844,"Arco metálico galvanizado tipo MP 152S - ovoide - vão = 7,77 m e altura = 7,90 m - aterro rodoviário mínimo = 0,90 m e máximo = 6,80 m - areia e brita comerciais","m",71024.73]
[606834,"Arco metálico galvanizado tipo MP 152S - ovoide - vão = 7,77 m e altura = 7,90 m - aterro rodoviário mínimo = 0,90 m e máximo = 6,80 m - areia extraída e brita produzida","m",70544.3]
[606847,"Arco metálico galvanizado tipo MP 152S - ovoide - vão = 8,13 m e altura = 8,01 m - aterro rodoviário mínimo = 0,90 m e máximo = 3,50 m - areia e brita comerciais","m",75833.87]
[606837,"Arco metálico galvanizado tipo MP 152S - ovoide - vão = 8,13 m e altura = 8,01 m - aterro rodoviário mínimo = 0,90 m e máximo = 3,50 m - areia extraída e brita produzida","m",75309.240000000005]
[606846,"Arco metálico galvanizado tipo MP 152S - ovoide - vão = 8,36 m e altura = 8,23 m - aterro rodoviário mínimo = 0,90 m e máximo = 4,30 m - areia e brita comerciais","m",76511.350000000006]
[606836,"Arco metálico galvanizado tipo MP 152S - ovoide - vão = 8,36 m e altura = 8,23 m - aterro rodoviário mínimo = 0,90 m e máximo = 4,30 m - areia extraída e brita produzida","m",75980.84]
[606848,"Arco metálico galvanizado tipo MP 152S - ovoide - vão = 8,56 m e altura = 8,48 m - aterro rodoviário mínimo = 0,90 m e máximo = 5,30 m - areia e brita comerciais","m",76513.88]
[606838,"Arco metálico galvanizado tipo MP 152S - ovoide - vão = 8,56 m e altura = 8,48 m - aterro rodoviário mínimo = 0,90 m e máximo = 5,30 m - areia extraída e brita produzida","m",75962.3]
[606849,"Arco metálico galvanizado tipo MP 152S - ovoide - vão = 8,71 m e altura = 9,32 m - aterro rodoviário mínimo = 0,90 m e máximo = 6,00 m - areia e brita comerciais","m",82761.039999999994]
[606839,"Arco metálico galvanizado tipo MP 152S - ovoide - vão = 8,71 m e altura = 9,32 m - aterro rodoviário mínimo = 0,90 m e máximo = 6,00 m - areia extraída e brita produzida","m",82222.62]
[606850,"Arco metálico galvanizado tipo MP 152S - ovoide - vão = 9,15 m e altura = 9,04 m - aterro rodoviário mínimo = 0,90 m e máximo = 4,70 m - areia e brita comerciais","m",83461.78]
[606840,"Arco metálico galvanizado tipo MP 152S - ovoide - vão = 9,15 m e altura = 9,04 m - aterro rodoviário mínimo = 0,90 m e máximo = 4,70 m - areia extraída e brita produzida","m",82873.53]
[606851,"Arco metálico galvanizado tipo MP 152S - ovoide - vão = 9,15 m e altura = 9,50 m - aterro rodoviário mínimo = 0,90 m e máximo = 5,70 m - areia e brita comerciais","m",84159.5]
[606841,"Arco metálico galvanizado tipo MP 152S - ovoide - vão = 9,15 m e altura = 9,50 m - aterro rodoviário mínimo = 0,90 m e máximo = 5,70 m - areia extraída e brita produzida","m",83595.88]
[605604,"Argamassa de solo-cimento com 10% de cimento e material de jazida - preparo e injeção em tunnel liner","m³",290.11]
[605695,"Bueiro metálico com chapas múltiplas MP 100 com revestimento em epóxi - D = 0,60 m - brita comercial","m",1610.04]
[605607,"Bueiro metálico com chapas múltiplas MP 100 com revestimento em epóxi - D = 0,60 m - brita produzida","m",1573.82]
[605696,"Bueiro metálico com chapas múltiplas MP 100 com revestimento em epóxi - D = 0,70 m - brita comercial","m",1852.45]
[605608,"Bueiro metálico com chapas múltiplas MP 100 com revestimento em epóxi - D = 0,70 m - brita produzida","m",1813.96]
[605697,"Bueiro metálico com chapas múltiplas MP 100 com revestimento em epóxi - D = 0,80 m - brita comercial","m",2094.89]
[605609,"Bueiro metálico com chapas múltiplas MP 100 com revestimento em epóxi - D = 0,80 m - brita produzida","m",2054.14]
[605698,"Bueiro metálico com chapas múltiplas MP 100 com revestimento em epóxi - D = 0,90 m - brita comercial","m",2290.17]
[605610,"Bueiro metálico com chapas múltiplas MP 100 com revestimento em epóxi - D = 0,90 m - brita produzida","m",2247.15]
[605699,"Bueiro metálico com chapas múltiplas MP 100 com revestimento em epóxi - D = 1,00 m - brita comercial","m",2532.54]
[605611,"Bueiro metálico com chapas múltiplas MP 100 com revestimento em epóxi - D = 1,00 m - brita produzida","m",2487.2600000000002]
[605700,"Bueiro metálico com chapas múltiplas MP 100 com revestimento em epóxi - D = 1,10 m - brita comercial","m",2869.39]
[605612,"Bueiro metálico com chapas múltiplas MP 100 com revestimento em epóxi - D = 1,10 m - brita produzida","m",2821.85]
[605701,"Bueiro metálico com chapas múltiplas MP 100 com revestimento em epóxi - D = 1,20 m - brita comercial","m",3064.63]
[605613,"Bueiro metálico com chapas múltiplas MP 100 com revestimento em epóxi - D = 1,20 m - brita produzida","m",3014.82]
[605702,"Bueiro metálico com chapas múltiplas MP 100 com revestimento em epóxi - D = 1,30 m - brita comercial","m",3352.95]
[605614,"Bueiro metálico com chapas múltiplas MP 100 com revestimento em epóxi - D = 1,30 m - brita produzida","m",3274.84]
[605703,"Bueiro metálico com chapas múltiplas MP 100 com revestimento em epóxi - D = 1,40 m - brita comercial","m",3552.88]
[605615,"Bueiro metálico com chapas múltiplas MP 100 com revestimento em epóxi - D = 1,40 m - brita produzida","m",3471.38]
[605704,"Bueiro metálico com chapas múltiplas MP 100 com revestimento em epóxi - D = 1,50 m - brita comercial","m",3800.68]
[605616,"Bueiro metálico com chapas múltiplas MP 100 com revestimento em epóxi - D = 1,50 m - brita produzida","m",3715.78]
[605705,"Bueiro metálico com chapas múltiplas MP 100 com revestimento em epóxi - D = 1,60 m - brita comercial","m",4052.34]
[605617,"Bueiro metálico com chapas múltiplas MP 100 com revestimento em epóxi - D = 1,60 m - brita produzida","m",3964.04]
[605706,"Bueiro metálico com chapas múltiplas MP 100 com revestimento em epóxi - D = 1,70 m - brita comercial","m",4258.24]
[605618,"Bueiro metálico com chapas múltiplas MP 100 com revestimento em epóxi - D = 1,70 m - brita produzida","m",4166.55]
[605707,"Bueiro metálico com chapas múltiplas MP 100 com revestimento em epóxi - D = 1,80 m - brita comercial","m",4717.2700000000004]
[605619,"Bueiro metálico com chapas múltiplas MP 100 com revestimento em epóxi - D = 1,80 m - brita produzida","m",4622.1899999999996]
[605708,"Bueiro metálico com chapas múltiplas MP 100 com revestimento em epóxi - D = 1,90 m - brita comercial","m",5525.54]
[605620,"Bueiro metálico com chapas múltiplas MP 100 com revestimento em epóxi - D = 1,90 m - brita produzida","m",5427.06]
[605709,"Bueiro metálico com chapas múltiplas MP 100 com revestimento em epóxi - D = 2,00 m - brita comercial","m",5788.56]
[605621,"Bueiro metálico com chapas múltiplas MP 100 com revestimento em epóxi - D = 2,00 m - brita produzida","m",5686.68]
[605710,"Bueiro metálico com chapas múltiplas MP 100 com revestimento em epóxi - D = 2,10 m - brita comercial","m",6215.36]
[605622,"Bueiro metálico com chapas múltiplas MP 100 com revestimento em epóxi - D = 2,10 m - brita produzida","m",6110.08]
[605711,"Bueiro metálico com chapas múltiplas MP 100 com revestimento em epóxi - D = 2,20 m - brita comercial","m",6423.66]
[605623,"Bueiro metálico com chapas múltiplas MP 100 com revestimento em epóxi - D = 2,20 m - brita produzida","m",6314.99]
[605712,"Bueiro metálico com chapas múltiplas MP 100 com revestimento em epóxi - D = 2,30 m - brita comercial","m",6761.44]
[605624,"Bueiro metálico com chapas múltiplas MP 100 com revestimento em epóxi - D = 2,30 m - brita produzida","m",6649.38]
[605713,"Bueiro metálico com chapas múltiplas MP 100 com revestimento em epóxi - D = 2,40 m - brita comercial","m",9056.7800000000007]
[605625,"Bueiro metálico com chapas múltiplas MP 100 com revestimento em epóxi - D = 2,40 m - brita produzida","m",8941.32]
[605714,"Bueiro metálico com chapas múltiplas MP 100 com revestimento em epóxi - D = 2,50 m - brita comercial","m",11392.84]
[605626,"Bueiro metálico com chapas múltiplas MP 100 com revestimento em epóxi - D = 2,50 m - brita produzida","m",11273.98]
[605715,"Bueiro metálico com chapas múltiplas MP 100 com revestimento em epóxi - D = 2,60 m - brita comercial","m",12162.23]
[605627,"Bueiro metálico com chapas múltiplas MP 100 com revestimento em epóxi - D = 2,60 m - brita produzida","m",12039.97]
[605716,"Bueiro metálico com chapas múltiplas MP 100 com revestimento em epóxi - D = 2,70 m - brita comercial","m",12611.84]
[605628,"Bueiro metálico com chapas múltiplas MP 100 com revestimento em epóxi - D = 2,70 m - brita produzida","m",12486.19]
[605717,"Bueiro metálico com chapas múltiplas MP 100 com revestimento em epóxi - D = 2,80 m - brita comercial","m",13433.96]
[605629,"Bueiro metálico com chapas múltiplas MP 100 com revestimento em epóxi - D = 2,80 m - brita produzida","m",13304.91]
[605651,"Bueiro metálico com chapas múltiplas MP 100 galvanizadas - D = 0,60 m - brita comercial","m",1520.93]
[605460,"Bueiro metálico com chapas múltiplas MP 100 galvanizadas - D = 0,60 m - brita produzida","m",1484.7]
[605652,"Bueiro metálico com chapas múltiplas MP 100 galvanizadas - D = 0,70 m - brita comercial","m",1749.41]
[605461,"Bueiro metálico com chapas múltiplas MP 100 galvanizadas - D = 0,70 m - brita produzida","m",1710.93]
[605653,"Bueiro metálico com chapas múltiplas MP 100 galvanizadas - D = 0,80 m - brita comercial","m",1977.93]
[605462,"Bueiro metálico com chapas múltiplas MP 100 galvanizadas - D = 0,80 m - brita produzida","m",1937.18]
[605654,"Bueiro metálico com chapas múltiplas MP 100 galvanizadas - D = 0,90 m - brita comercial","m",2162.08]
[605463,"Bueiro metálico com chapas múltiplas MP 100 galvanizadas - D = 0,90 m - brita produzida","m",2119.06]
[605655,"Bueiro metálico com chapas múltiplas MP 100 galvanizadas - D = 1,00 m - brita comercial","m",2390.52]
[605464,"Bueiro metálico com chapas múltiplas MP 100 galvanizadas - D = 1,00 m - brita produzida","m",2345.2399999999998]
[605656,"Bueiro metálico com chapas múltiplas MP 100 galvanizadas - D = 1,10 m - brita comercial","m",2707.87]
[605465,"Bueiro metálico com chapas múltiplas MP 100 galvanizadas - D = 1,10 m - brita produzida","m",2660.32]
[605657,"Bueiro metálico com chapas múltiplas MP 100 galvanizadas - D = 1,20 m - brita comercial","m",2891.97]
[605466,"Bueiro metálico com chapas múltiplas MP 100 galvanizadas - D = 1,20 m - brita produzida","m",2842.16]
[605658,"Bueiro metálico com chapas múltiplas MP 100 galvanizadas - D = 1,30 m - brita comercial","m",3166.37]
[605467,"Bueiro metálico com chapas múltiplas MP 100 galvanizadas - D = 1,30 m - brita produzida","m",3088.26]
[605659,"Bueiro metálico com chapas múltiplas MP 100 galvanizadas - D = 1,40 m - brita comercial","m",3355.16]
[605468,"Bueiro metálico com chapas múltiplas MP 100 galvanizadas - D = 1,40 m - brita produzida","m",3273.66]
[605660,"Bueiro metálico com chapas múltiplas MP 100 galvanizadas - D = 1,50 m - brita comercial","m",3589.04]
[605469,"Bueiro metálico com chapas múltiplas MP 100 galvanizadas - D = 1,50 m - brita produzida","m",3504.14]
[605661,"Bueiro metálico com chapas múltiplas MP 100 galvanizadas - D = 1,60 m - brita comercial","m",3826.77]
[605470,"Bueiro metálico com chapas múltiplas MP 100 galvanizadas - D = 1,60 m - brita produzida","m",3738.48]
[605662,"Bueiro metálico com chapas múltiplas MP 100 galvanizadas - D = 1,70 m - brita comercial","m",4021.54]
[605471,"Bueiro metálico com chapas múltiplas MP 100 galvanizadas - D = 1,70 m - brita produzida","m",3929.84]
[605663,"Bueiro metálico com chapas múltiplas MP 100 galvanizadas - D = 1,80 m - brita comercial","m",4466.6499999999996]
[605472,"Bueiro metálico com chapas múltiplas MP 100 galvanizadas - D = 1,80 m - brita produzida","m",4371.5600000000004]
[605664,"Bueiro metálico com chapas múltiplas MP 100 galvanizadas - D = 1,90 m - brita comercial","m",5225.2]
[605473,"Bueiro metálico com chapas múltiplas MP 100 galvanizadas - D = 1,90 m - brita produzida","m",5126.71]
[605665,"Bueiro metálico com chapas múltiplas MP 100 galvanizadas - D = 2,00 m - brita comercial","m",5471.99]
[605474,"Bueiro metálico com chapas múltiplas MP 100 galvanizadas - D = 2,00 m - brita produzida","m",5370.11]
[605666,"Bueiro metálico com chapas múltiplas MP 100 galvanizadas - D = 2,10 m - brita comercial","m",5877.14]
[605475,"Bueiro metálico com chapas múltiplas MP 100 galvanizadas - D = 2,10 m - brita produzida","m",5771.86]
[605667,"Bueiro metálico com chapas múltiplas MP 100 galvanizadas - D = 2,20 m - brita comercial","m",6077.32]
[605476,"Bueiro metálico com chapas múltiplas MP 100 galvanizadas - D = 2,20 m - brita produzida","m",5968.65]
[605668,"Bueiro metálico com chapas múltiplas MP 100 galvanizadas - D = 2,30 m - brita comercial","m",6401.58]
[605477,"Bueiro metálico com chapas múltiplas MP 100 galvanizadas - D = 2,30 m - brita produzida","m",6289.51]
[605669,"Bueiro metálico com chapas múltiplas MP 100 galvanizadas - D = 2,40 m - brita comercial","m",8389.18]
[605478,"Bueiro metálico com chapas múltiplas MP 100 galvanizadas - D = 2,40 m - brita produzida","m",8273.7199999999993]
[605670,"Bueiro metálico com chapas múltiplas MP 100 galvanizadas - D = 2,50 m - brita comercial","m",10551.55]
[605479,"Bueiro metálico com chapas múltiplas MP 100 galvanizadas - D = 2,50 m - brita produzida","m",10432.69]
[605671,"Bueiro metálico com chapas múltiplas MP 100 galvanizadas - D = 2,60 m - brita comercial","m",11273.06]
[605480,"Bueiro metálico com chapas múltiplas MP 100 galvanizadas - D = 2,60 m - brita produzida","m",11150.8]
[605672,"Bueiro metálico com chapas múltiplas MP 100 galvanizadas - D = 2,70 m - brita comercial","m",11705.56]
[605481,"Bueiro metálico com chapas múltiplas MP 100 galvanizadas - D = 2,70 m - brita produzida","m",11579.91]
[605673,"Bueiro metálico com chapas múltiplas MP 100 galvanizadas - D = 2,80 m - brita comercial","m",12483.24]
[605482,"Bueiro metálico com chapas múltiplas MP 100 galvanizadas - D = 2,80 m - brita produzida","m",12354.19]
[605718,"Bueiro metálico com chapas múltiplas MP 152 com revestimento em epóxi - D = 1,50 m - brita comercial","m",7543.9]
[605630,"Bueiro metálico com chapas múltiplas MP 152 com revestimento em epóxi - D = 1,50 m - brita produzida","m",7459]
[605719,"Bueiro metálico com chapas múltiplas MP 152 com revestimento em epóxi - D = 1,80 m - brita comercial","m",9335]
[605631,"Bueiro metálico com chapas múltiplas MP 152 com revestimento em epóxi - D = 1,80 m - brita produzida","m",9239.91]
[605720,"Bueiro metálico com chapas múltiplas MP 152 com revestimento em epóxi - D = 1,90 m - brita comercial","m",9632.7900000000009]
[605632,"Bueiro metálico com chapas múltiplas MP 152 com revestimento em epóxi - D = 1,90 m - brita produzida","m",9534.31]
[605721,"Bueiro metálico com chapas múltiplas MP 152 com revestimento em epóxi - D = 2,15 m - brita comercial","m",10913.52]
[605633,"Bueiro metálico com chapas múltiplas MP 152 com revestimento em epóxi - D = 2,15 m - brita produzida","m",10806.55]
[605722,"Bueiro metálico com chapas múltiplas MP 152 com revestimento em epóxi - D = 2,30 m - brita comercial","m",11561.61]
[605634,"Bueiro metálico com chapas múltiplas MP 152 com revestimento em epóxi - D = 2,30 m - brita produzida","m",11449.54]
[605723,"Bueiro metálico com chapas múltiplas MP 152 com revestimento em epóxi - D = 2,65 m - brita comercial","m",13525.03]
[605635,"Bueiro metálico com chapas múltiplas MP 152 com revestimento em epóxi - D = 2,65 m - brita produzida","m",13401.07]
[605724,"Bueiro metálico com chapas múltiplas MP 152 com revestimento em epóxi - D = 3,05 m - brita comercial","m",15454.1]
[605636,"Bueiro metálico com chapas múltiplas MP 152 com revestimento em epóxi - D = 3,05 m - brita produzida","m",15282.6]
[605725,"Bueiro metálico com chapas múltiplas MP 152 com revestimento em epóxi - D = 3,20 m - brita comercial","m",16404.22]
[605637,"Bueiro metálico com chapas múltiplas MP 152 com revestimento em epóxi - D = 3,20 m - brita produzida","m",16227.63]
[605726,"Bueiro metálico com chapas múltiplas MP 152 com revestimento em epóxi - D = 3,40 m - brita comercial","m",17361.28]
[605638,"Bueiro metálico com chapas múltiplas MP 152 com revestimento em epóxi - D = 3,40 m - brita produzida","m",17177.89]
[605727,"Bueiro metálico com chapas múltiplas MP 152 com revestimento em epóxi - D = 3,65 m - brita comercial","m",18606.52]
[605639,"Bueiro metálico com chapas múltiplas MP 152 com revestimento em epóxi - D = 3,65 m - brita produzida","m",18414.650000000001]
[605728,"Bueiro metálico com chapas múltiplas MP 152 com revestimento em epóxi - D = 3,80 m - brita comercial","m",19301.189999999999]
[605640,"Bueiro metálico com chapas múltiplas MP 152 com revestimento em epóxi - D = 3,80 m - brita produzida","m",19104.22]
[605729,"Bueiro metálico com chapas múltiplas MP 152 com revestimento em epóxi - D = 4,20 m - brita comercial","m",21198.43]
[605641,"Bueiro metálico com chapas múltiplas MP 152 com revestimento em epóxi - D = 4,20 m - brita produzida","m",20987.88]
[605730,"Bueiro metálico com chapas múltiplas MP 152 com revestimento em epóxi - D = 4,60 m - brita comercial","m",23155.119999999999]
[605642,"Bueiro metálico com chapas múltiplas MP 152 com revestimento em epóxi - D = 4,60 m - brita produzida","m",22930.98]
[605731,"Bueiro metálico com chapas múltiplas MP 152 com revestimento em epóxi - D = 4,80 m - brita comercial","m",29326.98]
[605643,"Bueiro metálico com chapas múltiplas MP 152 com revestimento em epóxi - D = 4,80 m - brita produzida","m",29096.06]
[605732,"Bueiro metálico com chapas múltiplas MP 152 com revestimento em epóxi - D = 5,00 m - brita comercial","m",30336.400000000001]
[605644,"Bueiro metálico com chapas múltiplas MP 152 com revestimento em epóxi - D = 5,00 m - brita produzida","m",30059.06]
[605733,"Bueiro metálico com chapas múltiplas MP 152 com revestimento em epóxi - D = 5,35 m - brita comercial","m",36929.75]
[605645,"Bueiro metálico com chapas múltiplas MP 152 com revestimento em epóxi - D = 5,35 m - brita produzida","m",36638.550000000003]
[605734,"Bueiro metálico com chapas múltiplas MP 152 com revestimento em epóxi - D = 5,70 m - brita comercial","m",39671.89]
[605646,"Bueiro metálico com chapas múltiplas MP 152 com revestimento em epóxi - D = 5,70 m - brita produzida","m",39366.82]
[605735,"Bueiro metálico com chapas múltiplas MP 152 com revestimento em epóxi - D = 6,10 m - brita comercial","m",48891.34]
[605647,"Bueiro metálico com chapas múltiplas MP 152 com revestimento em epóxi - D = 6,10 m - brita produzida","m",48570.42]
[605736,"Bueiro metálico com chapas múltiplas MP 152 com revestimento em epóxi - D = 6,50 m - brita comercial","m",62359.81]
[605648,"Bueiro metálico com chapas múltiplas MP 152 com revestimento em epóxi - D = 6,50 m - brita produzida","m",62023.040000000001]
[605737,"Bueiro metálico com chapas múltiplas MP 152 com revestimento em epóxi - D = 6,85 m - brita comercial","m",66298.02]
[605649,"Bueiro metálico com chapas múltiplas MP 152 com revestimento em epóxi - D = 6,85 m - brita produzida","m",65947.39]
[605738,"Bueiro metálico com chapas múltiplas MP 152 com revestimento em epóxi - D = 7,25 m - brita comercial","m",70302.69]
[605650,"Bueiro metálico com chapas múltiplas MP 152 com revestimento em epóxi - D = 7,25 m - brita produzida","m",69936.2]
[605674,"Bueiro metálico com chapas múltiplas MP 152 galvanizadas - D = 1,50 m - brita comercial","m",7289.16]
[605483,"Bueiro metálico com chapas múltiplas MP 152 galvanizadas - D = 1,50 m - brita produzida","m",7204.26]
[605675,"Bueiro metálico com chapas múltiplas MP 152 galvanizadas - D = 1,80 m - brita comercial","m",9026.98]
[605484,"Bueiro metálico com chapas múltiplas MP 152 galvanizadas - D = 1,80 m - brita produzida","m",8931.89]
[605676,"Bueiro metálico com chapas múltiplas MP 152 galvanizadas - D = 1,90 m - brita comercial","m",9314.7800000000007]
[605485,"Bueiro metálico com chapas múltiplas MP 152 galvanizadas - D = 1,90 m - brita produzida","m",9216.2900000000009]
[605677,"Bueiro metálico com chapas múltiplas MP 152 galvanizadas - D = 2,15 m - brita comercial","m",10552.22]
[605486,"Bueiro metálico com chapas múltiplas MP 152 galvanizadas - D = 2,15 m - brita produzida","m",10445.25]
[605678,"Bueiro metálico com chapas múltiplas MP 152 galvanizadas - D = 2,30 m - brita comercial","m",11180.32]
[605487,"Bueiro metálico com chapas múltiplas MP 152 galvanizadas - D = 2,30 m - brita produzida","m",11068.25]
[605679,"Bueiro metálico com chapas múltiplas MP 152 galvanizadas - D = 2,65 m - brita comercial","m",13078.81]
[605488,"Bueiro metálico com chapas múltiplas MP 152 galvanizadas - D = 2,65 m - brita produzida","m",12954.86]
[605680,"Bueiro metálico com chapas múltiplas MP 152 galvanizadas - D = 3,05 m - brita comercial","m",14944.62]
[605489,"Bueiro metálico com chapas múltiplas MP 152 galvanizadas - D = 3,05 m - brita produzida","m",14773.12]
[605681,"Bueiro metálico com chapas múltiplas MP 152 galvanizadas - D = 3,20 m - brita comercial","m",15863.1]
[605490,"Bueiro metálico com chapas múltiplas MP 152 galvanizadas - D = 3,20 m - brita produzida","m",15686.51]
[605682,"Bueiro metálico com chapas múltiplas MP 152 galvanizadas - D = 3,40 m - brita comercial","m",16788.53]
[605491,"Bueiro metálico com chapas múltiplas MP 152 galvanizadas - D = 3,40 m - brita produzida","m",16605.14]
[605683,"Bueiro metálico com chapas múltiplas MP 152 galvanizadas - D = 3,65 m - brita comercial","m",17992.14]
[605492,"Bueiro metálico com chapas múltiplas MP 152 galvanizadas - D = 3,65 m - brita produzida","m",17800.27]
[605684,"Bueiro metálico com chapas múltiplas MP 152 galvanizadas - D = 3,80 m - brita comercial","m",18665.16]
[605493,"Bueiro metálico com chapas múltiplas MP 152 galvanizadas - D = 3,80 m - brita produzida","m",18468.189999999999]
[605685,"Bueiro metálico com chapas múltiplas MP 152 galvanizadas - D = 4,20 m - brita comercial","m",20497.47]
[605494,"Bueiro metálico com chapas múltiplas MP 152 galvanizadas - D = 4,20 m - brita produzida","m",20286.919999999998]
[605686,"Bueiro metálico com chapas múltiplas MP 152 galvanizadas - D = 4,60 m - brita comercial","m",22390.89]
[605495,"Bueiro metálico com chapas múltiplas MP 152 galvanizadas - D = 4,60 m - brita produzida","m",22166.75]
[605687,"Bueiro metálico com chapas múltiplas MP 152 galvanizadas - D = 4,80 m - brita comercial","m",25550.799999999999]
[605496,"Bueiro metálico com chapas múltiplas MP 152 galvanizadas - D = 4,80 m - brita produzida","m",25319.87]
[605688,"Bueiro metálico com chapas múltiplas MP 152 galvanizadas - D = 5,00 m - brita comercial","m",26453.58]
[605497,"Bueiro metálico com chapas múltiplas MP 152 galvanizadas - D = 5,00 m - brita produzida","m",26176.240000000002]
[605689,"Bueiro metálico com chapas múltiplas MP 152 galvanizadas - D = 5,35 m - brita comercial","m",33164.39]
[605498,"Bueiro metálico com chapas múltiplas MP 152 galvanizadas - D = 5,35 m - brita produzida","m",32873.18]
[605690,"Bueiro metálico com chapas múltiplas MP 152 galvanizadas - D = 5,70 m - brita comercial","m",35637.24]
[605499,"Bueiro metálico com chapas múltiplas MP 152 galvanizadas - D = 5,70 m - brita produzida","m",35332.160000000003]
[605691,"Bueiro metálico com chapas múltiplas MP 152 galvanizadas - D = 6,10 m - brita comercial","m",43756.75]
[605500,"Bueiro metálico com chapas múltiplas MP 152 galvanizadas - D = 6,10 m - brita produzida","m",43435.82]
[605692,"Bueiro metálico com chapas múltiplas MP 152 galvanizadas - D = 6,50 m - brita comercial","m",52285.33]
[605501,"Bueiro metálico com chapas múltiplas MP 152 galvanizadas - D = 6,50 m - brita produzida","m",51948.56]
[605693,"Bueiro metálico com chapas múltiplas MP 152 galvanizadas - D = 6,85 m - brita comercial","m",55633.26]
[605502,"Bueiro metálico com chapas múltiplas MP 152 galvanizadas - D = 6,85 m - brita produzida","m",55282.62]
[605694,"Bueiro metálico com chapas múltiplas MP 152 galvanizadas - D = 7,25 m - brita comercial","m",59047.66]
[605503,"Bueiro metálico com chapas múltiplas MP 152 galvanizadas - D = 7,25 m - brita produzida","m",58681.17]
[606433,"Bueiro metálico com chapas múltiplas MP 152 galvanizadas - lenticular - vão = 1,95 m e altura = 1,40 m - aterro rodoviário mínimo = 0,60 m e máximo = 8,40 m - brita comercial","m",8783.39]
[606343,"Bueiro metálico com chapas múltiplas MP 152 galvanizadas - lenticular - vão = 1,95 m e altura = 1,40 m - aterro rodoviário mínimo = 0,60 m e máximo = 8,40 m - brita produzida","m",8683.2000000000007]
[606434,"Bueiro metálico com chapas múltiplas MP 152 galvanizadas - lenticular - vão = 2,15 m e altura = 1,50 m - aterro rodoviário mínimo = 0,60 m e máximo = 7,50 m - brita comercial","m",9711]
[606344,"Bueiro metálico com chapas múltiplas MP 152 galvanizadas - lenticular - vão = 2,15 m e altura = 1,50 m - aterro rodoviário mínimo = 0,60 m e máximo = 7,50 m - brita produzida","m",9604.02]
[606435,"Bueiro metálico com chapas múltiplas MP 152 galvanizadas - lenticular - vão = 2,30 m e altura = 1,60 m - aterro rodoviário mínimo = 0,60 m e máximo = 7,20 m - brita comercial","m",10606.57]
[606345,"Bueiro metálico com chapas múltiplas MP 152 galvanizadas - lenticular - vão = 2,30 m e altura = 1,60 m - aterro rodoviário mínimo = 0,60 m e máximo = 7,20 m - brita produzida","m",10494.5]
[606436,"Bueiro metálico com chapas múltiplas MP 152 galvanizadas - lenticular - vão = 2,55 m e altura = 1,65 m - aterro rodoviário mínimo = 0,60 m e máximo = 6,50 m - brita comercial","m",11277.01]
[606346,"Bueiro metálico com chapas múltiplas MP 152 galvanizadas - lenticular - vão = 2,55 m e altura = 1,65 m - aterro rodoviário mínimo = 0,60 m e máximo = 6,50 m - brita produzida","m",11156.45]
[606437,"Bueiro metálico com chapas múltiplas MP 152 galvanizadas - lenticular - vão = 2,70 m e altura = 1,85 m - aterro rodoviário mínimo = 0,60 m e máximo = 6,60 m - brita comercial","m",12204.11]
[606347,"Bueiro metálico com chapas múltiplas MP 152 galvanizadas - lenticular - vão = 2,70 m e altura = 1,85 m - aterro rodoviário mínimo = 0,60 m e máximo = 6,60 m - brita produzida","m",12078.45]
[606438,"Bueiro metálico com chapas múltiplas MP 152 galvanizadas - lenticular - vão = 2,75 m e altura = 1,90 m - aterro rodoviário mínimo = 0,60 m e máximo = 6,50 m - brita comercial","m",12529.36]
[606348,"Bueiro metálico com chapas múltiplas MP 152 galvanizadas - lenticular - vão = 2,75 m e altura = 1,90 m - aterro rodoviário mínimo = 0,60 m e máximo = 6,50 m - brita produzida","m",12402.01]
[606439,"Bueiro metálico com chapas múltiplas MP 152 galvanizadas - lenticular - vão = 3,00 m e altura = 2,00 m - aterro rodoviário mínimo = 0,60 m e máximo = 6,00 m - brita comercial","m",13218.36]
[606349,"Bueiro metálico com chapas múltiplas MP 152 galvanizadas - lenticular - vão = 3,00 m e altura = 2,00 m - aterro rodoviário mínimo = 0,60 m e máximo = 6,00 m - brita produzida","m",13048.56]
[606440,"Bueiro metálico com chapas múltiplas MP 152 galvanizadas - lenticular - vão = 3,20 m e altura = 2,10 m - aterro rodoviário mínimo = 0,60 m e máximo = 5,60 m - brita comercial","m",13823.29]
[606350,"Bueiro metálico com chapas múltiplas MP 152 galvanizadas - lenticular - vão = 3,20 m e altura = 2,10 m - aterro rodoviário mínimo = 0,60 m e máximo = 5,60 m - brita produzida","m",13646.7]
[606441,"Bueiro metálico com chapas múltiplas MP 152 galvanizadas - lenticular - vão = 3,35 m e altura = 2,15 m - aterro rodoviário mínimo = 0,60 m e máximo = 5,30 m - brita comercial","m",14480.39]
[606351,"Bueiro metálico com chapas múltiplas MP 152 galvanizadas - lenticular - vão = 3,35 m e altura = 2,15 m - aterro rodoviário mínimo = 0,60 m e máximo = 5,30 m - brita produzida","m",14298.7]
[606442,"Bueiro metálico com chapas múltiplas MP 152 galvanizadas - lenticular - vão = 3,55 m e altura = 2,25 m - aterro rodoviário mínimo = 0,60 m e máximo = 5,00 m - brita comercial","m",15111.71]
[606352,"Bueiro metálico com chapas múltiplas MP 152 galvanizadas - lenticular - vão = 3,55 m e altura = 2,25 m - aterro rodoviário mínimo = 0,60 m e máximo = 5,00 m - brita produzida","m",14923.24]
[606443,"Bueiro metálico com chapas múltiplas MP 152 galvanizadas - lenticular - vão = 3,70 m e altura = 2,35 m - aterro rodoviário mínimo = 0,60 m e máximo = 4,90 m - brita comercial","m",16021.92]
[606353,"Bueiro metálico com chapas múltiplas MP 152 galvanizadas - lenticular - vão = 3,70 m e altura = 2,35 m - aterro rodoviário mínimo = 0,60 m e máximo = 4,90 m - brita produzida","m",15828.35]
[606444,"Bueiro metálico com chapas múltiplas MP 152 galvanizadas - lenticular - vão = 3,90 m e altura = 2,45 m - aterro rodoviário mínimo = 0,60 m e máximo = 4,60 m - brita comercial","m",16715.98]
[606354,"Bueiro metálico com chapas múltiplas MP 152 galvanizadas - lenticular - vão = 3,90 m e altura = 2,45 m - aterro rodoviário mínimo = 0,60 m e máximo = 4,60 m - brita produzida","m",16515.62]
[606445,"Bueiro metálico com chapas múltiplas MP 152 galvanizadas - lenticular - vão = 4,00 m e altura = 2,55 m - aterro rodoviário mínimo = 0,60 m e máximo = 4,50 m - brita comercial","m",17367.080000000002]
[606355,"Bueiro metálico com chapas múltiplas MP 152 galvanizadas - lenticular - vão = 4,00 m e altura = 2,55 m - aterro rodoviário mínimo = 0,60 m e máximo = 4,50 m - brita produzida","m",17163.32]
[606446,"Bueiro metálico com chapas múltiplas MP 152 galvanizadas - lenticular - vão = 4,15 m e altura = 2,80 m - aterro rodoviário mínimo = 0,60 m e máximo = 6,80 m - brita comercial","m",18000.240000000002]
[606356,"Bueiro metálico com chapas múltiplas MP 152 galvanizadas - lenticular - vão = 4,15 m e altura = 2,80 m - aterro rodoviário mínimo = 0,60 m e máximo = 6,80 m - brita produzida","m",17791.39]
[606447,"Bueiro metálico com chapas múltiplas MP 152 galvanizadas - lenticular - vão = 4,40 m e altura = 2,90 m - aterro rodoviário mínimo = 0,60 m e máximo = 6,40 m - brita comercial","m",18707.75]
[606357,"Bueiro metálico com chapas múltiplas MP 152 galvanizadas - lenticular - vão = 4,40 m e altura = 2,90 m - aterro rodoviário mínimo = 0,60 m e máximo = 6,40 m - brita produzida","m",18454.18]
[606448,"Bueiro metálico com chapas múltiplas MP 152 galvanizadas - lenticular - vão = 4,60 m e altura = 3,00 m - aterro rodoviário mínimo = 0,60 m e máximo = 6,10 m - brita comercial","m",19680.72]
[606358,"Bueiro metálico com chapas múltiplas MP 152 galvanizadas - lenticular - vão = 4,60 m e altura = 3,00 m - aterro rodoviário mínimo = 0,60 m e máximo = 6,10 m - brita produzida","m",19419.22]
[606449,"Bueiro metálico com chapas múltiplas MP 152 galvanizadas - lenticular - vão = 4,80 m e altura = 3,05 m - aterro rodoviário mínimo = 0,60 m e máximo = 5,80 m - brita comercial","m",24242.94]
[606359,"Bueiro metálico com chapas múltiplas MP 152 galvanizadas - lenticular - vão = 4,80 m e altura = 3,05 m - aterro rodoviário mínimo = 0,60 m e máximo = 5,80 m - brita produzida","m",23973.52]
[606450,"Bueiro metálico com chapas múltiplas MP 152 galvanizadas - lenticular - vão = 5,05 m e altura = 3,15 m - aterro rodoviário mínimo = 0,90 m e máximo = 5,50 m - brita comercial","m",25204.240000000002]
[606360,"Bueiro metálico com chapas múltiplas MP 152 galvanizadas - lenticular - vão = 5,05 m e altura = 3,15 m - aterro rodoviário mínimo = 0,90 m e máximo = 5,50 m - brita produzida","m",24924.91]
[606451,"Bueiro metálico com chapas múltiplas MP 152 galvanizadas - lenticular - vão = 5,25 m e altura = 3,25 m - aterro rodoviário mínimo = 0,90 m e máximo = 5,30 m - brita comercial","m",26014.12]
[606361,"Bueiro metálico com chapas múltiplas MP 152 galvanizadas - lenticular - vão = 5,25 m e altura = 3,25 m - aterro rodoviário mínimo = 0,90 m e máximo = 5,30 m - brita produzida","m",25726.880000000001]
[606452,"Bueiro metálico com chapas múltiplas MP 152 galvanizadas - lenticular - vão = 5,45 m e altura = 3,35 m - aterro rodoviário mínimo = 0,90 m e máximo = 5,10 m - brita comercial","m",29629.34]
[606362,"Bueiro metálico com chapas múltiplas MP 152 galvanizadas - lenticular - vão = 5,45 m e altura = 3,35 m - aterro rodoviário mínimo = 0,90 m e máximo = 5,10 m - brita produzida","m",29334.17]
[606453,"Bueiro metálico com chapas múltiplas MP 152 galvanizadas - lenticular - vão = 5,60 m e altura = 3,40 m - aterro rodoviário mínimo = 0,90 m e máximo = 4,90 m - brita comercial","m",30088.080000000002]
[606363,"Bueiro metálico com chapas múltiplas MP 152 galvanizadas - lenticular - vão = 5,60 m e altura = 3,40 m - aterro rodoviário mínimo = 0,90 m e máximo = 4,90 m - brita produzida","m",29786.97]
[606454,"Bueiro metálico com chapas múltiplas MP 152 galvanizadas - lenticular - vão = 5,80 m e altura = 3,50 m - aterro rodoviário mínimo = 0,90 m e máximo = 4,70 m - brita comercial","m",35900.51]
[606364,"Bueiro metálico com chapas múltiplas MP 152 galvanizadas - lenticular - vão = 5,80 m e altura = 3,50 m - aterro rodoviário mínimo = 0,90 m e máximo = 4,70 m - brita produzida","m",35591.480000000003]
[606455,"Bueiro metálico com chapas múltiplas MP 152 galvanizadas - lenticular - vão = 5,90 m e altura = 3,55 m - aterro rodoviário mínimo = 0,90 m e máximo = 4,70 m - brita comercial","m",36477.949999999997]
[606365,"Bueiro metálico com chapas múltiplas MP 152 galvanizadas - lenticular - vão = 5,90 m e altura = 3,55 m - aterro rodoviário mínimo = 0,90 m e máximo = 4,70 m - brita produzida","m",36164.949999999997]
[606456,"Bueiro metálico com chapas múltiplas MP 152 galvanizadas - lenticular - vão = 6,10 m e altura = 3,65 m - aterro rodoviário mínimo = 0,90 m e máximo = 4,50 m - brita comercial","m",37875.07]
[606366,"Bueiro metálico com chapas múltiplas MP 152 galvanizadas - lenticular - vão = 6,10 m e altura = 3,65 m - aterro rodoviário mínimo = 0,90 m e máximo = 4,50 m - brita produzida","m",37554.15]
[606457,"Bueiro metálico com chapas múltiplas MP 152 galvanizadas - lenticular - vão = 6,25 m e altura = 3,65 m - aterro rodoviário mínimo = 0,90 m e máximo = 4,30 m - brita comercial","m",38485.61]
[606367,"Bueiro metálico com chapas múltiplas MP 152 galvanizadas - lenticular - vão = 6,25 m e altura = 3,65 m - aterro rodoviário mínimo = 0,90 m e máximo = 4,30 m - brita produzida","m",38158.74]
[606458,"Bueiro metálico com chapas múltiplas MP 152 galvanizadas - lenticular - vão = 6,40 m e altura = 3,75 m - aterro rodoviário mínimo = 0,90 m e máximo = 4,30 m - brita comercial","m",52269.26]
[606368,"Bueiro metálico com chapas múltiplas MP 152 galvanizadas - lenticular - vão = 6,40 m e altura = 3,75 m - aterro rodoviário mínimo = 0,90 m e máximo = 4,30 m - brita produzida","m",51936.45]
[606459,"Bueiro metálico com chapas múltiplas MP 152 galvanizadas - lenticular - vão = 6,60 m e altura = 3,85 m - aterro rodoviário mínimo = 0,90 m e máximo = 4,10 m - brita comercial","m",54398.19]
[606369,"Bueiro metálico com chapas múltiplas MP 152 galvanizadas - lenticular - vão = 6,60 m e altura = 3,85 m - aterro rodoviário mínimo = 0,90 m e máximo = 4,10 m - brita produzida","m",54057.46]
[606479,"Bueiro metálico com chapas múltiplas MP 152 galvanizadas - passagem de gado - vão = 2,20 m e altura = 2,25 m -aterro rodoviário mínimo = 0,30 m e máximo = 8,90 m - brita comercial","m",12321.22]
[606460,"Bueiro metálico com chapas múltiplas MP 152 galvanizadas - passagem de gado - vão = 2,20 m e altura = 2,25 m -aterro rodoviário mínimo = 0,30 m e máximo = 8,90 m - brita produzida","m",12194.44]
[606480,"Bueiro metálico com chapas múltiplas MP 152 galvanizadas - passagem de gado - vão = 2,90 m e altura = 3,10 m - aterro rodoviário mínimo = 0,60 m e máximo = 11,40 m - brita comercial","m",16054.74]
[606461,"Bueiro metálico com chapas múltiplas MP 152 galvanizadas - passagem de gado - vão = 2,90 m e altura = 3,10 m - aterro rodoviário mínimo = 0,60 m e máximo = 11,40 m - brita produzida","m",15900.22]
[606481,"Bueiro metálico com chapas múltiplas MP 152 galvanizadas - passagem inferior - vão = 3,70 m e altura = 3,50 m - aterro rodoviário mínimo = 0,60 m e máximo = 10,30 m - brita comercial","m",18695.48]
[606462,"Bueiro metálico com chapas múltiplas MP 152 galvanizadas - passagem inferior - vão = 3,70 m e altura = 3,50 m - aterro rodoviário mínimo = 0,60 m e máximo = 10,30 m - brita produzida","m",18469.650000000001]
[606482,"Bueiro metálico com chapas múltiplas MP 152 galvanizadas - passagem inferior - vão = 3,90 m e altura = 3,60 m - aterro rodoviário mínimo = 0,60 m e máximo = 9,80 m - brita comercial","m",19667.41]
[606463,"Bueiro metálico com chapas múltiplas MP 152 galvanizadas - passagem inferior - vão = 3,90 m e altura = 3,60 m - aterro rodoviário mínimo = 0,60 m e máximo = 9,80 m - brita produzida","m",19433.66]
[606483,"Bueiro metálico com chapas múltiplas MP 152 galvanizadas - passagem inferior - vão = 4,00 m e altura = 3,75 m - aterro rodoviário mínimo = 0,60 m e máximo = 9,50 m - brita comercial","m",20160.03]
[606464,"Bueiro metálico com chapas múltiplas MP 152 galvanizadas - passagem inferior - vão = 4,00 m e altura = 3,75 m - aterro rodoviário mínimo = 0,60 m e máximo = 9,50 m - brita produzida","m",19922.310000000001]
[606484,"Bueiro metálico com chapas múltiplas MP 152 galvanizadas - passagem inferior - vão = 4,20 m e altura = 3,90 m - aterro rodoviário mínimo = 0,60 m e máximo = 9,10 m - brita comercial","m",20853.740000000002]
[606465,"Bueiro metálico com chapas múltiplas MP 152 galvanizadas - passagem inferior - vão = 4,20 m e altura = 3,90 m - aterro rodoviário mínimo = 0,60 m e máximo = 9,10 m - brita produzida","m",20608.099999999999]
[606485,"Bueiro metálico com chapas múltiplas MP 152 galvanizadas - passagem inferior - vão = 4,25 m e altura = 4,10 m - aterro rodoviário mínimo = 0,60 m e máximo = 8,90 m - brita comercial","m",21519]
[606466,"Bueiro metálico com chapas múltiplas MP 152 galvanizadas - passagem inferior - vão = 4,25 m e altura = 4,10 m - aterro rodoviário mínimo = 0,60 m e máximo = 8,90 m - brita produzida","m",21271.38]
[606486,"Bueiro metálico com chapas múltiplas MP 152 galvanizadas - passagem inferior - vão = 4,40 m e altura = 4,25 m - aterro rodoviário mínimo = 0,60 m e máximo = 8,60 m - brita comercial","m",22458.41]
[606467,"Bueiro metálico com chapas múltiplas MP 152 galvanizadas - passagem inferior - vão = 4,40 m e altura = 4,25 m - aterro rodoviário mínimo = 0,60 m e máximo = 8,60 m - brita produzida","m",22204.84]
[606487,"Bueiro metálico com chapas múltiplas MP 152 galvanizadas - passagem inferior - vão = 4,50 m e altura = 4,40 m - aterro rodoviário mínimo = 0,60 m e máximo = 8,40 m - brita comercial","m",23111.42]
[606468,"Bueiro metálico com chapas múltiplas MP 152 galvanizadas - passagem inferior - vão = 4,50 m e altura = 4,40 m - aterro rodoviário mínimo = 0,60 m e máximo = 8,40 m - brita produzida","m",22853.89]
[606488,"Bueiro metálico com chapas múltiplas MP 152 galvanizadas - passagem inferior - vão = 4,70 m e altura = 4,50 m - aterro rodoviário mínimo = 0,60 m e máximo = 8,90 m - brita comercial","m",28536.69]
[606469,"Bueiro metálico com chapas múltiplas MP 152 galvanizadas - passagem inferior - vão = 4,70 m e altura = 4,50 m - aterro rodoviário mínimo = 0,60 m e máximo = 8,90 m - brita produzida","m",28271.24]
[606489,"Bueiro metálico com chapas múltiplas MP 152 galvanizadas - passagem inferior - vão = 4,80 m e altura = 4,75 m - aterro rodoviário mínimo = 0,90 m e máximo = 9,00 m - brita comercial","m",30108.26]
[606470,"Bueiro metálico com chapas múltiplas MP 152 galvanizadas - passagem inferior - vão = 4,80 m e altura = 4,75 m - aterro rodoviário mínimo = 0,90 m e máximo = 9,00 m - brita produzida","m",29838.84]
[606490,"Bueiro metálico com chapas múltiplas MP 152 galvanizadas - passagem inferior - vão = 5,00 m e altura = 4,85 m - aterro rodoviário mínimo = 0,90 m e máximo = 8,60 m - brita comercial","m",30990.63]
[606471,"Bueiro metálico com chapas múltiplas MP 152 galvanizadas - passagem inferior - vão = 5,00 m e altura = 4,85 m - aterro rodoviário mínimo = 0,90 m e máximo = 8,60 m - brita produzida","m",30713.29]
[606491,"Bueiro metálico com chapas múltiplas MP 152 galvanizadas - passagem inferior - vão = 5,15 m e altura = 4,90 m - aterro rodoviário mínimo = 0,90 m e máximo = 8,50 m - brita comercial","m",31855.18]
[606472,"Bueiro metálico com chapas múltiplas MP 152 galvanizadas - passagem inferior - vão = 5,15 m e altura = 4,90 m - aterro rodoviário mínimo = 0,90 m e máximo = 8,50 m - brita produzida","m",31571.9]
[606492,"Bueiro metálico com chapas múltiplas MP 152 galvanizadas - passagem inferior - vão = 5,25 m e altura = 5,00 m - aterro rodoviário mínimo = 0,90 m e máximo = 8,40 m - brita comercial","m",32512.52]
[606473,"Bueiro metálico com chapas múltiplas MP 152 galvanizadas - passagem inferior - vão = 5,25 m e altura = 5,00 m - aterro rodoviário mínimo = 0,90 m e máximo = 8,40 m - brita produzida","m",32225.27]
[606493,"Bueiro metálico com chapas múltiplas MP 152 galvanizadas - passagem inferior - vão = 5,30 m e altura = 5,30 m - aterro rodoviário mínimo = 0,90 m e máximo = 9,60 m - brita comercial","m",34261.9]
[606474,"Bueiro metálico com chapas múltiplas MP 152 galvanizadas - passagem inferior - vão = 5,30 m e altura = 5,30 m - aterro rodoviário mínimo = 0,90 m e máximo = 9,60 m - brita produzida","m",33972.67]
[606494,"Bueiro metálico com chapas múltiplas MP 152 galvanizadas - passagem inferior - vão = 5,65 m e altura = 5,25 m - aterro rodoviário mínimo = 0,90 m e máximo = 9,00 m - brita comercial","m",39566.94]
[606475,"Bueiro metálico com chapas múltiplas MP 152 galvanizadas - passagem inferior - vão = 5,65 m e altura = 5,25 m - aterro rodoviário mínimo = 0,90 m e máximo = 9,00 m - brita produzida","m",39263.85]
[606495,"Bueiro metálico com chapas múltiplas MP 152 galvanizadas - passagem inferior - vão = 5,85 m e altura = 5,30 m - aterro rodoviário mínimo = 0,90 m e máximo = 8,40 m - brita comercial","m",46564.52]
[606476,"Bueiro metálico com chapas múltiplas MP 152 galvanizadas - passagem inferior - vão = 5,85 m e altura = 5,30 m - aterro rodoviário mínimo = 0,90 m e máximo = 8,40 m - brita produzida","m",46253.5]
[606496,"Bueiro metálico com chapas múltiplas MP 152 galvanizadas - passagem inferior - vão = 6,00 m e altura = 5,45 m - aterro rodoviário mínimo = 0,90 m e máximo = 8,30 m - brita comercial","m",47671.6]
[606477,"Bueiro metálico com chapas múltiplas MP 152 galvanizadas - passagem inferior - vão = 6,00 m e altura = 5,45 m - aterro rodoviário mínimo = 0,90 m e máximo = 8,30 m - brita produzida","m",47354.64]
[606497,"Bueiro metálico com chapas múltiplas MP 152 galvanizadas - passagem inferior - vão = 6,25 m e altura = 5,50 m - aterro rodoviário mínimo = 0,90 m e máximo = 7,90 m - brita comercial","m",48968.05]
[606478,"Bueiro metálico com chapas múltiplas MP 152 galvanizadas - passagem inferior - vão = 6,25 m e altura = 5,50 m - aterro rodoviário mínimo = 0,90 m e máximo = 7,90 m - brita produzida","m",48641.18]
[605835,"Bueiro metálico sem interrupção de tráfego - D = 1,20 m - chapa com epóxi - escavado em material de 1ª categoria - aterro ferroviário máximo = 12,90 m","m",7100.11]
[605571,"Bueiro metálico sem interrupção de tráfego - D = 1,20 m - chapa com epóxi - escavado em material de 1ª categoria - aterro rodoviário máximo = 9,00 m","m",6290.56]
[605850,"Bueiro metálico sem interrupção de tráfego - D = 1,20 m - chapa com epóxi - escavado em material de 2ª categoria - aterro ferroviário máximo = 12,90 m","m",7560.81]
[605582,"Bueiro metálico sem interrupção de tráfego - D = 1,20 m - chapa com epóxi - escavado em material de 2ª categoria - aterro rodoviário máximo = 9,00 m","m",6751.26]
[605889,"Bueiro metálico sem interrupção de tráfego - D = 1,20 m - chapa com epóxi - escavado em material de 3ª categoria - aterro ferroviário máximo = 12,90 m","m",8334.6299999999992]
[605593,"Bueiro metálico sem interrupção de tráfego - D = 1,20 m - chapa com epóxi - escavado em material de 3ª categoria - aterro rodoviário máximo = 9,00 m","m",7525.08]
[605739,"Bueiro metálico sem interrupção de tráfego - D = 1,20 m - chapa galvanizada - escavado em material de 1ª categoria - aterro ferroviário máximo = 12,90 m","m",6846.78]
[605504,"Bueiro metálico sem interrupção de tráfego - D = 1,20 m - chapa galvanizada - escavado em material de 1ª categoria - aterro rodoviário máximo = 9,00 m","m",5987.99]
[605781,"Bueiro metálico sem interrupção de tráfego - D = 1,20 m - chapa galvanizada - escavado em material de 2ª categoria - aterro ferroviário máximo = 12,90 m","m",7307.48]
[605524,"Bueiro metálico sem interrupção de tráfego - D = 1,20 m - chapa galvanizada - escavado em material de 2ª categoria - aterro rodoviário máximo = 9,00 m","m",6448.7]
[605815,"Bueiro metálico sem interrupção de tráfego - D = 1,20 m - chapa galvanizada - escavado em material de 3ª categoria - aterro ferroviário máximo = 12,90 m","m",8081.3]
[605544,"Bueiro metálico sem interrupção de tráfego - D = 1,20 m - chapa galvanizada - escavado em material de 3ª categoria - aterro rodoviário máximo = 9,00 m","m",7222.51]
[605836,"Bueiro metálico sem interrupção de tráfego - D = 1,40 m - chapa com epóxi - escavado em material de 1ª categoria - aterro ferroviário máximo = 11,00 m","m",8039.78]
[605572,"Bueiro metálico sem interrupção de tráfego - D = 1,40 m - chapa com epóxi - escavado em material de 1ª categoria - aterro rodoviário máximo = 7,70 m","m",7164.92]
[605851,"Bueiro metálico sem interrupção de tráfego - D = 1,40 m - chapa com epóxi - escavado em material de 2ª categoria - aterro ferroviário máximo = 11,00 m","m",8641.52]
[605583,"Bueiro metálico sem interrupção de tráfego - D = 1,40 m - chapa com epóxi - escavado em material de 2ª categoria - aterro rodoviário máximo = 7,70 m","m",7766.66]
[605890,"Bueiro metálico sem interrupção de tráfego - D = 1,40 m - chapa com epóxi - escavado em material de 3ª categoria - aterro ferroviário máximo = 11,00 m","m",9652.2099999999991]
[605594,"Bueiro metálico sem interrupção de tráfego - D = 1,40 m - chapa com epóxi - escavado em material de 3ª categoria - aterro rodoviário máximo = 7,70 m","m",8777.35]
[605740,"Bueiro metálico sem interrupção de tráfego - D = 1,40 m - chapa galvanizada - escavado em material de 1ª categoria - aterro ferroviário máximo = 11,00 m","m",7754.25]
[605505,"Bueiro metálico sem interrupção de tráfego - D = 1,40 m - chapa galvanizada - escavado em material de 1ª categoria - aterro rodoviário máximo = 7,70 m","m",6821.39]
[605782,"Bueiro metálico sem interrupção de tráfego - D = 1,40 m - chapa galvanizada - escavado em material de 2ª categoria - aterro ferroviário máximo = 11,00 m","m",8355.99]
[605525,"Bueiro metálico sem interrupção de tráfego - D = 1,40 m - chapa galvanizada - escavado em material de 2ª categoria - aterro rodoviário máximo = 7,70 m","m",7423.13]
[605816,"Bueiro metálico sem interrupção de tráfego - D = 1,40 m - chapa galvanizada - escavado em material de 3ª categoria - aterro ferroviário máximo = 11,00 m","m",9366.69]
[605545,"Bueiro metálico sem interrupção de tráfego - D = 1,40 m - chapa galvanizada - escavado em material de 3ª categoria - aterro rodoviário máximo = 7,70 m","m",8433.83]
[605837,"Bueiro metálico sem interrupção de tráfego - D = 1,60 m - chapa com epóxi - escavado em material de 1ª categoria - aterro ferroviário máximo = 9,60 m","m",9572.58]
[605573,"Bueiro metálico sem interrupção de tráfego - D = 1,60 m - chapa com epóxi - escavado em material de 1ª categoria - aterro rodoviário máximo = 6,70 m","m",8646]
[605852,"Bueiro metálico sem interrupção de tráfego - D = 1,60 m - chapa com epóxi - escavado em material de 2ª categoria - aterro ferroviário máximo = 9,60 m","m",10334.16]
[605584,"Bueiro metálico sem interrupção de tráfego - D = 1,60 m - chapa com epóxi - escavado em material de 2ª categoria - aterro rodoviário máximo = 6,70 m","m",9407.58]
[605891,"Bueiro metálico sem interrupção de tráfego - D = 1,60 m - chapa com epóxi - escavado em material de 3ª categoria - aterro ferroviário máximo = 9,60 m","m",11613.32]
[605595,"Bueiro metálico sem interrupção de tráfego - D = 1,60 m - chapa com epóxi - escavado em material de 3ª categoria - aterro rodoviário máximo = 6,70 m","m",10686.74]
[605741,"Bueiro metálico sem interrupção de tráfego - D = 1,60 m - chapa galvanizada - escavado em material de 1ª categoria - aterro ferroviário máximo = 9,60 m","m",9239.83]
[605506,"Bueiro metálico sem interrupção de tráfego - D = 1,60 m - chapa galvanizada - escavado em material de 1ª categoria - aterro rodoviário máximo = 6,70 m","m",8239.43]
[605783,"Bueiro metálico sem interrupção de tráfego - D = 1,60 m - chapa galvanizada - escavado em material de 2ª categoria - aterro ferroviário máximo = 9,60 m","m",10001.4]
[605526,"Bueiro metálico sem interrupção de tráfego - D = 1,60 m - chapa galvanizada - escavado em material de 2ª categoria - aterro rodoviário máximo = 6,70 m","m",9001]
[605817,"Bueiro metálico sem interrupção de tráfego - D = 1,60 m - chapa galvanizada - escavado em material de 3ª categoria - aterro ferroviário máximo = 9,60 m","m",11280.57]
[605546,"Bueiro metálico sem interrupção de tráfego - D = 1,60 m - chapa galvanizada - escavado em material de 3ª categoria - aterro rodoviário máximo = 6,70 m","m",10280.16]
[605838,"Bueiro metálico sem interrupção de tráfego - D = 1,80 m - chapa com epóxi - escavado em material de 1ª categoria - aterro ferroviário máximo = 8,00 m","m",10891.63]
[605574,"Bueiro metálico sem interrupção de tráfego - D = 1,80 m - chapa com epóxi - escavado em material de 1ª categoria - aterro rodoviário máximo = 6,00 m","m",9822]
[605853,"Bueiro metálico sem interrupção de tráfego - D = 1,80 m - chapa com epóxi - escavado em material de 2ª categoria - aterro ferroviário máximo = 8,00 m","m",11831.84]
[605585,"Bueiro metálico sem interrupção de tráfego - D = 1,80 m - chapa com epóxi - escavado em material de 2ª categoria - aterro rodoviário máximo = 6,00 m","m",10762.22]
[605892,"Bueiro metálico sem interrupção de tráfego - D = 1,80 m - chapa com epóxi - escavado em material de 3ª categoria - aterro ferroviário máximo = 8,00 m","m",13411.06]
[605596,"Bueiro metálico sem interrupção de tráfego - D = 1,80 m - chapa com epóxi - escavado em material de 3ª categoria - aterro rodoviário máximo = 6,00 m","m",12341.43]
[605742,"Bueiro metálico sem interrupção de tráfego - D = 1,80 m - chapa galvanizada - escavado em material de 1ª categoria - aterro ferroviário máximo = 8,00 m","m",10511.64]
[605507,"Bueiro metálico sem interrupção de tráfego - D = 1,80 m - chapa galvanizada - escavado em material de 1ª categoria - aterro rodoviário máximo = 6,00 m","m",9358.7099999999991]
[605784,"Bueiro metálico sem interrupção de tráfego - D = 1,80 m - chapa galvanizada - escavado em material de 2ª categoria - aterro ferroviário máximo = 8,00 m","m",11451.86]
[605527,"Bueiro metálico sem interrupção de tráfego - D = 1,80 m - chapa galvanizada - escavado em material de 2ª categoria - aterro rodoviário máximo = 6,00 m","m",10298.92]
[605818,"Bueiro metálico sem interrupção de tráfego - D = 1,80 m - chapa galvanizada - escavado em material de 3ª categoria - aterro ferroviário máximo = 8,00 m","m",13031.07]
[605547,"Bueiro metálico sem interrupção de tráfego - D = 1,80 m - chapa galvanizada - escavado em material de 3ª categoria - aterro rodoviário máximo = 6,00 m","m",11878.13]
[605839,"Bueiro metálico sem interrupção de tráfego - D = 2,00 m - chapa com epóxi - escavado em material de 1ª categoria - aterro ferroviário máximo = 6,90 m","m",12261.8]
[605575,"Bueiro metálico sem interrupção de tráfego - D = 2,00 m - chapa com epóxi - escavado em material de 1ª categoria - aterro rodoviário máximo = 5,40 m","m",11085.79]
[605854,"Bueiro metálico sem interrupção de tráfego - D = 2,00 m - chapa com epóxi - escavado em material de 2ª categoria - aterro ferroviário máximo = 6,90 m","m",13399.46]
[605586,"Bueiro metálico sem interrupção de tráfego - D = 2,00 m - chapa com epóxi - escavado em material de 2ª categoria - aterro rodoviário máximo = 5,40 m","m",12223.45]
[605893,"Bueiro metálico sem interrupção de tráfego - D = 2,00 m - chapa com epóxi - escavado em material de 3ª categoria - aterro ferroviário máximo = 6,90 m","m",15310.31]
[605597,"Bueiro metálico sem interrupção de tráfego - D = 2,00 m - chapa com epóxi - escavado em material de 3ª categoria - aterro rodoviário máximo = 5,40 m","m",14134.3]
[605743,"Bueiro metálico sem interrupção de tráfego - D = 2,00 m - chapa galvanizada - escavado em material de 1ª categoria - aterro ferroviário máximo = 6,90 m","m",11843.18]
[605508,"Bueiro metálico sem interrupção de tráfego - D = 2,00 m - chapa galvanizada - escavado em material de 1ª categoria - aterro rodoviário máximo = 5,40 m","m",10575.22]
[605785,"Bueiro metálico sem interrupção de tráfego - D = 2,00 m - chapa galvanizada - escavado em material de 2ª categoria - aterro ferroviário máximo = 6,90 m","m",12980.84]
[605528,"Bueiro metálico sem interrupção de tráfego - D = 2,00 m - chapa galvanizada - escavado em material de 2ª categoria - aterro rodoviário máximo = 5,40 m","m",11712.88]
[605819,"Bueiro metálico sem interrupção de tráfego - D = 2,00 m - chapa galvanizada - escavado em material de 3ª categoria - aterro ferroviário máximo = 6,90 m","m",14891.69]
[605548,"Bueiro metálico sem interrupção de tráfego - D = 2,00 m - chapa galvanizada - escavado em material de 3ª categoria - aterro rodoviário máximo = 5,40 m","m",13623.73]
[605840,"Bueiro metálico sem interrupção de tráfego - D = 2,20 m - chapa com epóxi - escavado em material de 1ª categoria - aterro ferroviário máximo = 7,90 m","m",15897.58]
[605576,"Bueiro metálico sem interrupção de tráfego - D = 2,20 m - chapa com epóxi - escavado em material de 1ª categoria - aterro rodoviário máximo = 4,90 m","m",12513.05]
[605855,"Bueiro metálico sem interrupção de tráfego - D = 2,20 m - chapa com epóxi - escavado em material de 2ª categoria - aterro ferroviário máximo = 7,90 m","m",17251.490000000002]
[605587,"Bueiro metálico sem interrupção de tráfego - D = 2,20 m - chapa com epóxi - escavado em material de 2ª categoria - aterro rodoviário máximo = 4,90 m","m",13866.96]
[605898,"Bueiro metálico sem interrupção de tráfego - D = 2,20 m - chapa com epóxi - escavado em material de 3ª categoria - aterro ferroviário máximo = 7,90 m","m",19525.560000000001]
[605598,"Bueiro metálico sem interrupção de tráfego - D = 2,20 m - chapa com epóxi - escavado em material de 3ª categoria - aterro rodoviário máximo = 4,90 m","m",16141.02]
[605744,"Bueiro metálico sem interrupção de tráfego - D = 2,20 m - chapa galvanizada - escavado em material de 1ª categoria - aterro ferroviário máximo = 7,90 m","m",15015.45]
[605509,"Bueiro metálico sem interrupção de tráfego - D = 2,20 m - chapa galvanizada - escavado em material de 1ª categoria - aterro rodoviário máximo = 4,90 m","m",11948.89]
[605787,"Bueiro metálico sem interrupção de tráfego - D = 2,20 m - chapa galvanizada - escavado em material de 2ª categoria - aterro ferroviário máximo = 7,90 m","m",16369.36]
[605529,"Bueiro metálico sem interrupção de tráfego - D = 2,20 m - chapa galvanizada - escavado em material de 2ª categoria - aterro rodoviário máximo = 4,90 m","m",13302.8]
[605820,"Bueiro metálico sem interrupção de tráfego - D = 2,20 m - chapa galvanizada - escavado em material de 3ª categoria - aterro ferroviário máximo = 7,90 m","m",18643.43]
[605549,"Bueiro metálico sem interrupção de tráfego - D = 2,20 m - chapa galvanizada - escavado em material de 3ª categoria - aterro rodoviário máximo = 4,90 m","m",15576.86]
[605841,"Bueiro metálico sem interrupção de tráfego - D = 2,40 m - chapa com epóxi - escavado em material de 1ª categoria - aterro ferroviário máximo = 7,00 m","m",17392.650000000001]
[605577,"Bueiro metálico sem interrupção de tráfego - D = 2,40 m - chapa com epóxi - escavado em material de 1ª categoria - aterro rodoviário máximo = 4,50 m","m",13693.82]
[605856,"Bueiro metálico sem interrupção de tráfego - D = 2,40 m - chapa com epóxi - escavado em material de 2ª categoria - aterro ferroviário máximo = 7,00 m","m",18981.61]
[605588,"Bueiro metálico sem interrupção de tráfego - D = 2,40 m - chapa com epóxi - escavado em material de 2ª categoria - aterro rodoviário máximo = 4,50 m","m",15282.78]
[605899,"Bueiro metálico sem interrupção de tráfego - D = 2,40 m - chapa com epóxi - escavado em material de 3ª categoria - aterro ferroviário máximo = 7,00 m","m",21650.48]
[605599,"Bueiro metálico sem interrupção de tráfego - D = 2,40 m - chapa com epóxi - escavado em material de 3ª categoria - aterro rodoviário máximo = 4,50 m","m",17951.650000000001]
[605745,"Bueiro metálico sem interrupção de tráfego - D = 2,40 m - chapa galvanizada - escavado em material de 1ª categoria - aterro ferroviário máximo = 7,00 m","m",16437.830000000002]
[605510,"Bueiro metálico sem interrupção de tráfego - D = 2,40 m - chapa galvanizada - escavado em material de 1ª categoria - aterro rodoviário máximo = 4,50 m","m",13085.55]
[605788,"Bueiro metálico sem interrupção de tráfego - D = 2,40 m - chapa galvanizada - escavado em material de 2ª categoria - aterro ferroviário máximo = 7,00 m","m",18026.79]
[605530,"Bueiro metálico sem interrupção de tráfego - D = 2,40 m - chapa galvanizada - escavado em material de 2ª categoria - aterro rodoviário máximo = 4,50 m","m",14674.51]
[605821,"Bueiro metálico sem interrupção de tráfego - D = 2,40 m - chapa galvanizada - escavado em material de 3ª categoria - aterro ferroviário máximo = 7,00 m","m",20695.669999999998]
[605550,"Bueiro metálico sem interrupção de tráfego - D = 2,40 m - chapa galvanizada - escavado em material de 3ª categoria - aterro rodoviário máximo = 4,50 m","m",17343.38]
[605842,"Bueiro metálico sem interrupção de tráfego - D = 2,60 m - chapa com epóxi - escavado em material de 1ª categoria - aterro ferroviário máximo = 6,40 m","m",19207.810000000001]
[605578,"Bueiro metálico sem interrupção de tráfego - D = 2,60 m - chapa com epóxi - escavado em material de 1ª categoria - aterro rodoviário máximo = 4,10 m","m",15158.93]
[605857,"Bueiro metálico sem interrupção de tráfego - D = 2,60 m - chapa com epóxi - escavado em material de 2ª categoria - aterro ferroviário máximo = 6,40 m","m",21050.63]
[605589,"Bueiro metálico sem interrupção de tráfego - D = 2,60 m - chapa com epóxi - escavado em material de 2ª categoria - aterro rodoviário máximo = 4,10 m","m",17001.75]
[605900,"Bueiro metálico sem interrupção de tráfego - D = 2,60 m - chapa com epóxi - escavado em material de 3ª categoria - aterro ferroviário máximo = 6,40 m","m",24145.89]
[605600,"Bueiro metálico sem interrupção de tráfego - D = 2,60 m - chapa com epóxi - escavado em material de 3ª categoria - aterro rodoviário máximo = 4,10 m","m",20097.009999999998]
[605746,"Bueiro metálico sem interrupção de tráfego - D = 2,60 m - chapa galvanizada - escavado em material de 1ª categoria - aterro ferroviário máximo = 6,40 m","m",18167.099999999999]
[605511,"Bueiro metálico sem interrupção de tráfego - D = 2,60 m - chapa galvanizada - escavado em material de 1ª categoria - aterro rodoviário máximo = 4,10 m","m",14497.08]
[605789,"Bueiro metálico sem interrupção de tráfego - D = 2,60 m - chapa galvanizada - escavado em material de 2ª categoria - aterro ferroviário máximo = 6,40 m","m",20009.919999999998]
[605531,"Bueiro metálico sem interrupção de tráfego - D = 2,60 m - chapa galvanizada - escavado em material de 2ª categoria - aterro rodoviário máximo = 4,10 m","m",16339.9]
[605822,"Bueiro metálico sem interrupção de tráfego - D = 2,60 m - chapa galvanizada - escavado em material de 3ª categoria - aterro ferroviário máximo = 6,40 m","m",23105.18]
[605551,"Bueiro metálico sem interrupção de tráfego - D = 2,60 m - chapa galvanizada - escavado em material de 3ª categoria - aterro rodoviário máximo = 4,10 m","m",19435.16]
[605843,"Bueiro metálico sem interrupção de tráfego - D = 2,80 m - chapa com epóxi - escavado em material de 1ª categoria - aterro ferroviário máximo = 5,50 m","m",20667.53]
[605579,"Bueiro metálico sem interrupção de tráfego - D = 2,80 m - chapa com epóxi - escavado em material de 1ª categoria - aterro rodoviário máximo = 3,80 m","m",16351.54]
[605858,"Bueiro metálico sem interrupção de tráfego - D = 2,80 m - chapa com epóxi - escavado em material de 2ª categoria - aterro ferroviário máximo = 5,50 m","m",22783.01]
[605590,"Bueiro metálico sem interrupção de tráfego - D = 2,80 m - chapa com epóxi - escavado em material de 2ª categoria - aterro rodoviário máximo = 3,80 m","m",18467.02]
[605901,"Bueiro metálico sem interrupção de tráfego - D = 2,80 m - chapa com epóxi - escavado em material de 3ª categoria - aterro ferroviário máximo = 5,50 m","m",26336.240000000002]
[605601,"Bueiro metálico sem interrupção de tráfego - D = 2,80 m - chapa com epóxi - escavado em material de 3ª categoria - aterro rodoviário máximo = 3,80 m","m",22020.25]
[605747,"Bueiro metálico sem interrupção de tráfego - D = 2,80 m - chapa galvanizada - escavado em material de 1ª categoria - aterro ferroviário máximo = 5,50 m","m",19554.13]
[605512,"Bueiro metálico sem interrupção de tráfego - D = 2,80 m - chapa galvanizada - escavado em material de 1ª categoria - aterro rodoviário máximo = 3,80 m","m",15642.41]
[605790,"Bueiro metálico sem interrupção de tráfego - D = 2,80 m - chapa galvanizada - escavado em material de 2ª categoria - aterro ferroviário máximo = 5,50 m","m",21669.61]
[605532,"Bueiro metálico sem interrupção de tráfego - D = 2,80 m - chapa galvanizada - escavado em material de 2ª categoria - aterro rodoviário máximo = 3,80 m","m",17757.89]
[605823,"Bueiro metálico sem interrupção de tráfego - D = 2,80 m - chapa galvanizada - escavado em material de 3ª categoria - aterro ferroviário máximo = 5,50 m","m",25222.84]
[605552,"Bueiro metálico sem interrupção de tráfego - D = 2,80 m - chapa galvanizada - escavado em material de 3ª categoria - aterro rodoviário máximo = 3,80 m","m",21311.119999999999]
[605844,"Bueiro metálico sem interrupção de tráfego - D = 3,00 m - chapa com epóxi - escavado em material de 1ª categoria - aterro ferroviário máximo = 4,70 m","m",22547.35]
[605580,"Bueiro metálico sem interrupção de tráfego - D = 3,00 m - chapa com epóxi - escavado em material de 1ª categoria - aterro rodoviário máximo = 3,60 m","m",17928.63]
[605887,"Bueiro metálico sem interrupção de tráfego - D = 3,00 m - chapa com epóxi - escavado em material de 2ª categoria - aterro ferroviário máximo = 4,70 m","m",24954.3]
[605591,"Bueiro metálico sem interrupção de tráfego - D = 3,00 m - chapa com epóxi - escavado em material de 2ª categoria - aterro rodoviário máximo = 3,60 m","m",20335.580000000002]
[605902,"Bueiro metálico sem interrupção de tráfego - D = 3,00 m - chapa com epóxi - escavado em material de 3ª categoria - aterro ferroviário máximo = 4,70 m","m",28997.09]
[605602,"Bueiro metálico sem interrupção de tráfego - D = 3,00 m - chapa com epóxi - escavado em material de 3ª categoria - aterro rodoviário máximo = 3,60 m","m",24378.37]
[605748,"Bueiro metálico sem interrupção de tráfego - D = 3,00 m - chapa galvanizada - escavado em material de 1ª categoria - aterro ferroviário máximo = 4,70 m","m",21348.05]
[605513,"Bueiro metálico sem interrupção de tráfego - D = 3,00 m - chapa galvanizada - escavado em material de 1ª categoria - aterro rodoviário máximo = 3,60 m","m",17162.77]
[605804,"Bueiro metálico sem interrupção de tráfego - D = 3,00 m - chapa galvanizada - escavado em material de 2ª categoria - aterro ferroviário máximo = 4,70 m","m",23755]
[605533,"Bueiro metálico sem interrupção de tráfego - D = 3,00 m - chapa galvanizada - escavado em material de 2ª categoria - aterro rodoviário máximo = 3,60 m","m",19569.72]
[605824,"Bueiro metálico sem interrupção de tráfego - D = 3,00 m - chapa galvanizada - escavado em material de 3ª categoria - aterro ferroviário máximo = 4,70 m","m",27797.79]
[605553,"Bueiro metálico sem interrupção de tráfego - D = 3,00 m - chapa galvanizada - escavado em material de 3ª categoria - aterro rodoviário máximo = 3,60 m","m",23612.51]
[605845,"Bueiro metálico sem interrupção de tráfego - D = 3,20 m - chapa com epóxi - escavado em material de 1ª categoria - aterro ferroviário máximo = 4,00 m","m",24452.46]
[605581,"Bueiro metálico sem interrupção de tráfego - D = 3,20 m - chapa com epóxi - escavado em material de 1ª categoria - aterro rodoviário máximo = 4,80 m","m",21459.7]
[605888,"Bueiro metálico sem interrupção de tráfego - D = 3,20 m - chapa com epóxi - escavado em material de 2ª categoria - aterro ferroviário máximo = 4,00 m","m",27169.68]
[605592,"Bueiro metálico sem interrupção de tráfego - D = 3,20 m - chapa com epóxi - escavado em material de 2ª categoria - aterro rodoviário máximo = 4,80 m","m",24176.92]
[605903,"Bueiro metálico sem interrupção de tráfego - D = 3,20 m - chapa com epóxi - escavado em material de 3ª categoria - aterro ferroviário máximo = 4,00 m","m",31733.61]
[605603,"Bueiro metálico sem interrupção de tráfego - D = 3,20 m - chapa com epóxi - escavado em material de 3ª categoria - aterro rodoviário máximo = 4,80 m","m",28740.85]
[605771,"Bueiro metálico sem interrupção de tráfego - D = 3,20 m - chapa galvanizada - escavado em material de 1ª categoria - aterro ferroviário máximo = 4,00 m","m",23180.48]
[605514,"Bueiro metálico sem interrupção de tráfego - D = 3,20 m - chapa galvanizada - escavado em material de 1ª categoria - aterro rodoviário máximo = 4,80 m","m",20792.04]
[605805,"Bueiro metálico sem interrupção de tráfego - D = 3,20 m - chapa galvanizada - escavado em material de 2ª categoria - aterro ferroviário máximo = 4,00 m","m",25897.7]
[605534,"Bueiro metálico sem interrupção de tráfego - D = 3,20 m - chapa galvanizada - escavado em material de 2ª categoria - aterro rodoviário máximo = 4,80 m","m",23509.26]
[605825,"Bueiro metálico sem interrupção de tráfego - D = 3,20 m - chapa galvanizada - escavado em material de 3ª categoria - aterro ferroviário máximo = 4,00 m","m",30461.62]
[605554,"Bueiro metálico sem interrupção de tráfego - D = 3,20 m - chapa galvanizada - escavado em material de 3ª categoria - aterro rodoviário máximo = 4,80 m","m",28073.19]
[605772,"Bueiro metálico sem interrupção de tráfego - D = 3,40 m - chapa galvanizada - escavado em material de 1ª categoria - aterro ferroviário máximo = 7,00 m","m",27085.73]
[605515,"Bueiro metálico sem interrupção de tráfego - D = 3,40 m - chapa galvanizada - escavado em material de 1ª categoria - aterro rodoviário máximo = 4,50 m","m",22609.58]
[605806,"Bueiro metálico sem interrupção de tráfego - D = 3,40 m - chapa galvanizada - escavado em material de 2ª categoria - aterro ferroviário máximo = 7,00 m","m",30132.03]
[605535,"Bueiro metálico sem interrupção de tráfego - D = 3,40 m - chapa galvanizada - escavado em material de 2ª categoria - aterro rodoviário máximo = 4,50 m","m",25655.87]
[605826,"Bueiro metálico sem interrupção de tráfego - D = 3,40 m - chapa galvanizada - escavado em material de 3ª categoria - aterro ferroviário máximo = 7,00 m","m",35248.68]
[605555,"Bueiro metálico sem interrupção de tráfego - D = 3,40 m - chapa galvanizada - escavado em material de 3ª categoria - aterro rodoviário máximo = 4,50 m","m",30772.53]
[605773,"Bueiro metálico sem interrupção de tráfego - D = 3,60 m - chapa galvanizada - escavado em material de 1ª categoria - aterro ferroviário máximo = 6,60 m","m",28742.81]
[605516,"Bueiro metálico sem interrupção de tráfego - D = 3,60 m - chapa galvanizada - escavado em material de 1ª categoria - aterro rodoviário máximo = 4,30 m","m",23968.78]
[605807,"Bueiro metálico sem interrupção de tráfego - D = 3,60 m - chapa galvanizada - escavado em material de 2ª categoria - aterro ferroviário máximo = 6,60 m","m",32136.98]
[605536,"Bueiro metálico sem interrupção de tráfego - D = 3,60 m - chapa galvanizada - escavado em material de 2ª categoria - aterro rodoviário máximo = 4,30 m","m",27362.959999999999]
[605827,"Bueiro metálico sem interrupção de tráfego - D = 3,60 m - chapa galvanizada - escavado em material de 3ª categoria - aterro ferroviário máximo = 6,60 m","m",37837.94]
[605556,"Bueiro metálico sem interrupção de tráfego - D = 3,60 m - chapa galvanizada - escavado em material de 3ª categoria - aterro rodoviário máximo = 4,30 m","m",33063.919999999998]
[605774,"Bueiro metálico sem interrupção de tráfego - D = 3,80 m - chapa galvanizada - escavado em material de 1ª categoria - aterro ferroviário máximo = 6,20 m","m",30910.48]
[605517,"Bueiro metálico sem interrupção de tráfego - D = 3,80 m - chapa galvanizada - escavado em material de 1ª categoria - aterro rodoviário máximo = 4,00 m","m",25769.78]
[605808,"Bueiro metálico sem interrupção de tráfego - D = 3,80 m - chapa galvanizada - escavado em material de 2ª categoria - aterro ferroviário máximo = 6,20 m","m",34671.339999999997]
[605537,"Bueiro metálico sem interrupção de tráfego - D = 3,80 m - chapa galvanizada - escavado em material de 2ª categoria - aterro rodoviário máximo = 4,00 m","m",29530.639999999999]
[605828,"Bueiro metálico sem interrupção de tráfego - D = 3,80 m - chapa galvanizada - escavado em material de 3ª categoria - aterro ferroviário máximo = 6,20 m","m",40988.19]
[605557,"Bueiro metálico sem interrupção de tráfego - D = 3,80 m - chapa galvanizada - escavado em material de 3ª categoria - aterro rodoviário máximo = 4,00 m","m",35847.49]
[605775,"Bueiro metálico sem interrupção de tráfego - D = 4,00 m - chapa galvanizada - escavado em material de 1ª categoria - aterro ferroviário máximo = 5,10 m","m",32537.53]
[605518,"Bueiro metálico sem interrupção de tráfego - D = 4,00 m - chapa galvanizada - escavado em material de 1ª categoria - aterro rodoviário máximo = 3,10 m","m",27187.78]
[605809,"Bueiro metálico sem interrupção de tráfego - D = 4,00 m - chapa galvanizada - escavado em material de 2ª categoria - aterro ferroviário máximo = 5,10 m","m",36683.879999999997]
[605538,"Bueiro metálico sem interrupção de tráfego - D = 4,00 m - chapa galvanizada - escavado em material de 2ª categoria - aterro rodoviário máximo = 3,10 m","m",31334.13]
[605829,"Bueiro metálico sem interrupção de tráfego - D = 4,00 m - chapa galvanizada - escavado em material de 3ª categoria - aterro ferroviário máximo = 5,10 m","m",43648.21]
[605558,"Bueiro metálico sem interrupção de tráfego - D = 4,00 m - chapa galvanizada - escavado em material de 3ª categoria - aterro rodoviário máximo = 3,10 m","m",38298.46]
[605776,"Bueiro metálico sem interrupção de tráfego - D = 4,20 m - chapa galvanizada - escavado em material de 1ª categoria - aterro ferroviário máximo = 4,80 m","m",34685.410000000003]
[605519,"Bueiro metálico sem interrupção de tráfego - D = 4,20 m - chapa galvanizada - escavado em material de 1ª categoria - aterro rodoviário máximo = 4,40 m","m",32294.92]
[605810,"Bueiro metálico sem interrupção de tráfego - D = 4,20 m - chapa galvanizada - escavado em material de 2ª categoria - aterro ferroviário máximo = 4,80 m","m",39236.050000000003]
[605539,"Bueiro metálico sem interrupção de tráfego - D = 4,20 m - chapa galvanizada - escavado em material de 2ª categoria - aterro rodoviário máximo = 4,40 m","m",36845.56]
[605830,"Bueiro metálico sem interrupção de tráfego - D = 4,20 m - chapa galvanizada - escavado em material de 3ª categoria - aterro ferroviário máximo = 4,80 m","m",46879.45]
[605559,"Bueiro metálico sem interrupção de tráfego - D = 4,20 m - chapa galvanizada - escavado em material de 3ª categoria - aterro rodoviário máximo = 4,40 m","m",44488.959999999999]
[605777,"Bueiro metálico sem interrupção de tráfego - D = 4,40 m - chapa galvanizada - escavado em material de 1ª categoria - aterro ferroviário máximo = 4,20 m","m",37015.760000000002]
[605520,"Bueiro metálico sem interrupção de tráfego - D = 4,40 m - chapa galvanizada - escavado em material de 1ª categoria - aterro rodoviário máximo = 4,20 m","m",34457.97]
[605811,"Bueiro metálico sem interrupção de tráfego - D = 4,40 m - chapa galvanizada - escavado em material de 2ª categoria - aterro ferroviário máximo = 4,20 m","m",41989.5]
[605540,"Bueiro metálico sem interrupção de tráfego - D = 4,40 m - chapa galvanizada - escavado em material de 2ª categoria - aterro rodoviário máximo = 4,20 m","m",39431.71]
[605831,"Bueiro metálico sem interrupção de tráfego - D = 4,40 m - chapa galvanizada - escavado em material de 3ª categoria - aterro ferroviário máximo = 4,20 m","m",50343.54]
[605560,"Bueiro metálico sem interrupção de tráfego - D = 4,40 m - chapa galvanizada - escavado em material de 3ª categoria - aterro rodoviário máximo = 4,20 m","m",47785.75]
[605778,"Bueiro metálico sem interrupção de tráfego - D = 4,60 m - chapa galvanizada - escavado em material de 1ª categoria - aterro ferroviário máximo = 4,00 m","m",39231.39]
[605521,"Bueiro metálico sem interrupção de tráfego - D = 4,60 m - chapa galvanizada - escavado em material de 1ª categoria - aterro rodoviário máximo = 4,00 m","m",36630.51]
[605812,"Bueiro metálico sem interrupção de tráfego - D = 4,60 m - chapa galvanizada - escavado em material de 2ª categoria - aterro ferroviário máximo = 4,00 m","m",44647.03]
[605541,"Bueiro metálico sem interrupção de tráfego - D = 4,60 m - chapa galvanizada - escavado em material de 2ª categoria - aterro rodoviário máximo = 4,00 m","m",42046.14]
[605832,"Bueiro metálico sem interrupção de tráfego - D = 4,60 m - chapa galvanizada - escavado em material de 3ª categoria - aterro ferroviário máximo = 4,00 m","m",53743.3]
[605561,"Bueiro metálico sem interrupção de tráfego - D = 4,60 m - chapa galvanizada - escavado em material de 3ª categoria - aterro rodoviário máximo = 4,00 m","m",51142.41]
[605779,"Bueiro metálico sem interrupção de tráfego - D = 4,80 m - chapa galvanizada - escavado em material de 1ª categoria - aterro ferroviário máximo = 5,10 m","m",45416.45]
[605522,"Bueiro metálico sem interrupção de tráfego - D = 4,80 m - chapa galvanizada - escavado em material de 1ª categoria - aterro rodoviário máximo = 5,50 m","m",41090.699999999997]
[605813,"Bueiro metálico sem interrupção de tráfego - D = 4,80 m - chapa galvanizada - escavado em material de 2ª categoria - aterro ferroviário máximo = 5,10 m","m",51292.79]
[605542,"Bueiro metálico sem interrupção de tráfego - D = 4,80 m - chapa galvanizada - escavado em material de 2ª categoria - aterro rodoviário máximo = 5,50 m","m",46967.040000000001]
[605833,"Bueiro metálico sem interrupção de tráfego - D = 4,80 m - chapa galvanizada - escavado em material de 3ª categoria - aterro ferroviário máximo = 5,10 m","m",61162.879999999997]
[605562,"Bueiro metálico sem interrupção de tráfego - D = 4,80 m - chapa galvanizada - escavado em material de 3ª categoria - aterro rodoviário máximo = 5,50 m","m",56837.120000000003]
[605780,"Bueiro metálico sem interrupção de tráfego - D = 5,00 m - chapa galvanizada - escavado em material de 1ª categoria - aterro ferroviário máximo = 4,80 m","m",48036.28]
[605523,"Bueiro metálico sem interrupção de tráfego - D = 5,00 m - chapa galvanizada - escavado em material de 1ª categoria - aterro rodoviário máximo = 5,30 m","m",43493.04]
[605814,"Bueiro metálico sem interrupção de tráfego - D = 5,00 m - chapa galvanizada - escavado em material de 2ª categoria - aterro ferroviário máximo = 4,80 m","m",54392.14]
[605543,"Bueiro metálico sem interrupção de tráfego - D = 5,00 m - chapa galvanizada - escavado em material de 2ª categoria - aterro rodoviário máximo = 5,30 m","m",49848.9]
[605834,"Bueiro metálico sem interrupção de tráfego - D = 5,00 m - chapa galvanizada - escavado em material de 3ª categoria - aterro ferroviário máximo = 4,80 m","m",65067.63]
[605563,"Bueiro metálico sem interrupção de tráfego - D = 5,00 m - chapa galvanizada - escavado em material de 3ª categoria - aterro rodoviário máximo = 5,30 m","m",60524.39]
[605606,"Sistema de escoramento telescópico regulável para tunnel liner","m³",14.28]
[705314,"Boca de BDCC 1,50 x 1,50 m - esconsidade 0° - areia e brita comerciais","un",13075.87]
[705312,"Boca de BDCC 1,50 x 1,50 m - esconsidade 0° - areia extraída e brita produzida","un",11521.19]
[705316,"Boca de BDCC 1,50 x 1,50 m - esconsidade 15° - areia e brita comerciais","un",14327.46]
[705315,"Boca de BDCC 1,50 x 1,50 m - esconsidade 15° - areia extraída e brita produzida","un",12651.47]
[705318,"Boca de BDCC 1,50 x 1,50 m - esconsidade 30° - areia e brita comerciais","un",15326.1]
[705317,"Boca de BDCC 1,50 x 1,50 m - esconsidade 30° - areia extraída e brita produzida","un",13437.16]
[705320,"Boca de BDCC 1,50 x 1,50 m - esconsidade 45° - areia e brita comerciais","un",19210.73]
[705319,"Boca de BDCC 1,50 x 1,50 m - esconsidade 45° - areia extraída e brita produzida","un",16898.97]
[705322,"Boca de BDCC 2,00 x 2,00 m - esconsidade 0° - areia e brita comerciais","un",20328.12]
[705321,"Boca de BDCC 2,00 x 2,00 m - esconsidade 0° - areia extraída e brita produzida","un",17715.099999999999]
[705324,"Boca de BDCC 2,00 x 2,00 m - esconsidade 15° - areia e brita comerciais","un",22286.84]
[705323,"Boca de BDCC 2,00 x 2,00 m - esconsidade 15° - areia extraída e brita produzida","un",19488.580000000002]
[705326,"Boca de BDCC 2,00 x 2,00 m - esconsidade 30° - areia e brita comerciais","un",23956.73]
[705325,"Boca de BDCC 2,00 x 2,00 m - esconsidade 30° - areia extraída e brita produzida","un",20893.599999999999]
[705328,"Boca de BDCC 2,00 x 2,00 m - esconsidade 45° - areia e brita comerciais","un",30392.48]
[705327,"Boca de BDCC 2,00 x 2,00 m - esconsidade 45° - areia extraída e brita produzida","un",26592.32]
[705330,"Boca de BDCC 2,50 x 2,50 m - esconsidade 0° - areia e brita comerciais","un",28484.81]
[705329,"Boca de BDCC 2,50 x 2,50 m - esconsidade 0° - areia extraída e brita produzida","un",24683.03]
[705332,"Boca de BDCC 2,50 x 2,50 m - esconsidade 15° - areia e brita comerciais","un",30722.29]
[705331,"Boca de BDCC 2,50 x 2,50 m - esconsidade 15° - areia extraída e brita produzida","un",26847.3]
[705334,"Boca de BDCC 2,50 x 2,50 m - esconsidade 30° - areia e brita comerciais","un",32580.36]
[705333,"Boca de BDCC 2,50 x 2,50 m - esconsidade 30° - areia extraída e brita produzida","un",28741.21]
[705336,"Boca de BDCC 2,50 x 2,50 m - esconsidade 45° - areia e brita comerciais","un",43935.96]
[705335,"Boca de BDCC 2,50 x 2,50 m - esconsidade 45° - areia extraída e brita produzida","un",38584.559999999998]
[705338,"Boca de BDCC 3,00 x 3,00 m - esconsidade 0° - areia e brita comerciais","un",41198.5]
[705337,"Boca de BDCC 3,00 x 3,00 m - esconsidade 0° - areia extraída e brita produzida","un",35658.89]
[705340,"Boca de BDCC 3,00 x 3,00 m - esconsidade 15° - areia e brita comerciais","un",44278.83]
[705339,"Boca de BDCC 3,00 x 3,00 m - esconsidade 15° - areia extraída e brita produzida","un",38684.26]
[705342,"Boca de BDCC 3,00 x 3,00 m - esconsidade 30° - areia e brita comerciais","un",50210.2]
[705341,"Boca de BDCC 3,00 x 3,00 m - esconsidade 30° - areia extraída e brita produzida","un",43987.77]
[705344,"Boca de BDCC 3,00 x 3,00 m - esconsidade 45° - areia e brita comerciais","un",63549.33]
[705343,"Boca de BDCC 3,00 x 3,00 m - esconsidade 45° - areia extraída e brita produzida","un",55926.95]
[705225,"Boca de BSCC 1,50 x 1,50 m - esconsidade 0° - areia e brita comerciais","un",11231.86]
[705224,"Boca de BSCC 1,50 x 1,50 m - esconsidade 0° - areia extraída e brita produzida","un",9798.18]
[705227,"Boca de BSCC 1,50 x 1,50 m - esconsidade 15° - areia e brita comerciais","un",11551.86]
[705226,"Boca de BSCC 1,50 x 1,50 m - esconsidade 15° - areia extraída e brita produzida","un",10240.049999999999]
[705229,"Boca de BSCC 1,50 x 1,50 m - esconsidade 30° - areia e brita comerciais","un",12483.54]
[705228,"Boca de BSCC 1,50 x 1,50 m - esconsidade 30° - areia extraída e brita produzida","un",10969.17]
[705231,"Boca de BSCC 1,50 x 1,50 m - esconsidade 45° - areia e brita comerciais","un",15516.03]
[705230,"Boca de BSCC 1,50 x 1,50 m - esconsidade 45° - areia extraída e brita produzida","un",13743.16]
[705233,"Boca de BSCC 2,00 x 2,00 m - esconsidade 0° - areia e brita comerciais","un",17523.009999999998]
[705232,"Boca de BSCC 2,00 x 2,00 m - esconsidade 0° - areia extraída e brita produzida","un",15242.4]
[705235,"Boca de BSCC 2,00 x 2,00 m - esconsidade 15° - areia e brita comerciais","un",17919.37]
[705234,"Boca de BSCC 2,00 x 2,00 m - esconsidade 15° - areia extraída e brita produzida","un",15795.23]
[705237,"Boca de BSCC 2,00 x 2,00 m - esconsidade 30° - areia e brita comerciais","un",19426.669999999998]
[705236,"Boca de BSCC 2,00 x 2,00 m - esconsidade 30° - areia extraída e brita produzida","un",17042.73]
[705239,"Boca de BSCC 2,00 x 2,00 m - esconsidade 45° - areia e brita comerciais","un",24794.31]
[705238,"Boca de BSCC 2,00 x 2,00 m - esconsidade 45° - areia extraída e brita produzida","un",21813.77]
[705241,"Boca de BSCC 2,50 x 2,50 m - esconsidade 0° - areia e brita comerciais","un",23709.16]
[705240,"Boca de BSCC 2,50 x 2,50 m - esconsidade 0° - areia extraída e brita produzida","un",20576.48]
[705243,"Boca de BSCC 2,50 x 2,50 m - esconsidade 15° - areia e brita comerciais","un",25059.200000000001]
[705242,"Boca de BSCC 2,50 x 2,50 m - esconsidade 15° - areia extraída e brita produzida","un",21924.06]
[705245,"Boca de BSCC 2,50 x 2,50 m - esconsidade 30° - areia e brita comerciais","un",27738.1]
[705244,"Boca de BSCC 2,50 x 2,50 m - esconsidade 30° - areia extraída e brita produzida","un",24393.37]
[705247,"Boca de BSCC 2,50 x 2,50 m - esconsidade 45° - areia e brita comerciais","un",35095.99]
[705246,"Boca de BSCC 2,50 x 2,50 m - esconsidade 45° - areia extraída e brita produzida","un",30998.12]
[705249,"Boca de BSCC 3,00 x 3,00 m - esconsidade 0° - areia e brita comerciais","un",33727.19]
[705248,"Boca de BSCC 3,00 x 3,00 m - esconsidade 0° - areia extraída e brita produzida","un",29183.59]
[705251,"Boca de BSCC 3,00 x 3,00 m - esconsidade 15° - areia e brita comerciais","un",35600.230000000003]
[705250,"Boca de BSCC 3,00 x 3,00 m - esconsidade 15° - areia extraída e brita produzida","un",31052.03]
[705253,"Boca de BSCC 3,00 x 3,00 m - esconsidade 30° - areia e brita comerciais","un",38936]
[705252,"Boca de BSCC 3,00 x 3,00 m - esconsidade 30° - areia extraída e brita produzida","un",33989.31]
[705255,"Boca de BSCC 3,00 x 3,00 m - esconsidade 45° - areia e brita comerciais","un",49164.51]
[705254,"Boca de BSCC 3,00 x 3,00 m - esconsidade 45° - areia extraída e brita produzida","un",43183.14]
[705403,"Boca de BTCC 1,50 x 1,50 m - esconsidade 0° - areia e brita comerciais","un",16416.23]
[705402,"Boca de BTCC 1,50 x 1,50 m - esconsidade 0° - areia extraída e brita produzida","un",14333.9]
[705405,"Boca de BTCC 1,50 x 1,50 m - esconsidade 15° - areia e brita comerciais","un",17697.919999999998]
[705404,"Boca de BTCC 1,50 x 1,50 m - esconsidade 15° - areia extraída e brita produzida","un",15591.86]
[705407,"Boca de BTCC 1,50 x 1,50 m - esconsidade 30° - areia e brita comerciais","un",18585.919999999998]
[705406,"Boca de BTCC 1,50 x 1,50 m - esconsidade 30° - areia extraída e brita produzida","un",16240.1]
[705409,"Boca de BTCC 1,50 x 1,50 m - esconsidade 45° - areia e brita comerciais","un",23391.83]
[705408,"Boca de BTCC 1,50 x 1,50 m - esconsidade 45° - areia extraída e brita produzida","un",20502.05]
[705411,"Boca de BTCC 2,00 x 2,00 m - esconsidade 0° - areia e brita comerciais","un",24992.74]
[705410,"Boca de BTCC 2,00 x 2,00 m - esconsidade 0° - areia extraída e brita produzida","un",21635.73]
[705413,"Boca de BTCC 2,00 x 2,00 m - esconsidade 15° - areia e brita comerciais","un",26801.75]
[705412,"Boca de BTCC 2,00 x 2,00 m - esconsidade 15° - areia extraída e brita produzida","un",23441.07]
[705415,"Boca de BTCC 2,00 x 2,00 m - esconsidade 30° - areia e brita comerciais","un",29548.69]
[705414,"Boca de BTCC 2,00 x 2,00 m - esconsidade 30° - areia extraída e brita produzida","un",25761.91]
[705417,"Boca de BTCC 2,00 x 2,00 m - esconsidade 45° - areia e brita comerciais","un",37390.239999999998]
[705416,"Boca de BTCC 2,00 x 2,00 m - esconsidade 45° - areia extraída e brita produzida","un",32729.27]
[705419,"Boca de BTCC 2,50 x 2,50 m - esconsidade 0° - areia e brita comerciais","un",35378.39]
[705418,"Boca de BTCC 2,50 x 2,50 m - esconsidade 0° - areia extraída e brita produzida","un",30686.93]
[705421,"Boca de BTCC 2,50 x 2,50 m - esconsidade 15° - areia e brita comerciais","un",37949.120000000003]
[705420,"Boca de BTCC 2,50 x 2,50 m - esconsidade 15° - areia extraída e brita produzida","un",33235.29]
[705423,"Boca de BTCC 2,50 x 2,50 m - esconsidade 30° - areia e brita comerciais","un",43164.639999999999]
[705422,"Boca de BTCC 2,50 x 2,50 m - esconsidade 30° - areia extraída e brita produzida","un",37890.36]
[705425,"Boca de BTCC 2,50 x 2,50 m - esconsidade 45° - areia e brita comerciais","un",54588.59]
[705424,"Boca de BTCC 2,50 x 2,50 m - esconsidade 45° - areia extraída e brita produzida","un",48116.68]
[705427,"Boca de BTCC 3,00 x 3,00 m - esconsidade 0° - areia e brita comerciais","un",50072.3]
[705426,"Boca de BTCC 3,00 x 3,00 m - esconsidade 0° - areia extraída e brita produzida","un",43286.8]
[705429,"Boca de BTCC 3,00 x 3,00 m - esconsidade 15° - areia e brita comerciais","un",51689.65]
[705428,"Boca de BTCC 3,00 x 3,00 m - esconsidade 15° - areia extraída e brita produzida","un",45013.68]
[705431,"Boca de BTCC 3,00 x 3,00 m - esconsidade 30° - areia e brita comerciais","un",62026.64]
[705430,"Boca de BTCC 3,00 x 3,00 m - esconsidade 30° - areia extraída e brita produzida","un",54576.43]
[705433,"Boca de BTCC 3,00 x 3,00 m - esconsidade 45° - areia e brita comerciais","un",78588.11]
[705432,"Boca de BTCC 3,00 x 3,00 m - esconsidade 45° - areia extraída e brita produzida","un",69360.350000000006]
[705257,"Corpo de BDCC 1,50 x 1,50 m - moldado no local - altura do aterro 0,00 a 1,00 m - areia e brita comerciais","m",3855.27]
[705256,"Corpo de BDCC 1,50 x 1,50 m - moldado no local - altura do aterro 0,00 a 1,00 m - areia extraída e brita produzida","m",3432.43]
[705259,"Corpo de BDCC 1,50 x 1,50 m - moldado no local - altura do aterro 1,00 a 2,50 m - areia e brita comerciais","m",3378.64]
[705258,"Corpo de BDCC 1,50 x 1,50 m - moldado no local - altura do aterro 1,00 a 2,50 m - areia extraída e brita produzida","m",2955.8]
[705267,"Corpo de BDCC 1,50 x 1,50 m - moldado no local - altura do aterro 10,00 a 12,50 m - areia e brita comerciais","m",4855.67]
[705266,"Corpo de BDCC 1,50 x 1,50 m - moldado no local - altura do aterro 10,00 a 12,50 m - areia extraída e brita produzida","m",4296.22]
[705269,"Corpo de BDCC 1,50 x 1,50 m - moldado no local - altura do aterro 12,50 a 15,00 m - areia e brita comerciais","m",5088.62]
[705268,"Corpo de BDCC 1,50 x 1,50 m - moldado no local - altura do aterro 12,50 a 15,00 m - areia extraída e brita produzida","m",4529.17]
[705261,"Corpo de BDCC 1,50 x 1,50 m - moldado no local - altura do aterro 2,50 a 5,00 m - areia e brita comerciais","m",3600.3]
[705260,"Corpo de BDCC 1,50 x 1,50 m - moldado no local - altura do aterro 2,50 a 5,00 m - areia extraída e brita produzida","m",3177.46]
[705263,"Corpo de BDCC 1,50 x 1,50 m - moldado no local - altura do aterro 5,00 a 7,50 m - areia e brita comerciais","m",4038.4]
[705262,"Corpo de BDCC 1,50 x 1,50 m - moldado no local - altura do aterro 5,00 a 7,50 m - areia extraída e brita produzida","m",3615.56]
[705265,"Corpo de BDCC 1,50 x 1,50 m - moldado no local - altura do aterro 7,50 a 10,00 m - areia e brita comerciais","m",4414.9399999999996]
[705264,"Corpo de BDCC 1,50 x 1,50 m - moldado no local - altura do aterro 7,50 a 10,00 m - areia extraída e brita produzida","m",3992.1]
[705271,"Corpo de BDCC 2,00 x 2,00 m - moldado no local - altura do aterro 0,00 a 1,00 m - areia e brita comerciais","m",5510.59]
[705270,"Corpo de BDCC 2,00 x 2,00 m - moldado no local - altura do aterro 0,00 a 1,00 m - areia extraída e brita produzida","m",4963.8599999999997]
[705273,"Corpo de BDCC 2,00 x 2,00 m - moldado no local - altura do aterro 1,00 a 2,50 m - areia e brita comerciais","m",4927.1099999999997]
[705272,"Corpo de BDCC 2,00 x 2,00 m - moldado no local - altura do aterro 1,00 a 2,50 m - areia extraída e brita produzida","m",4380.37]
[705281,"Corpo de BDCC 2,00 x 2,00 m - moldado no local - altura do aterro 10,00 a 12,50 m - areia e brita comerciais","m",7617.04]
[705280,"Corpo de BDCC 2,00 x 2,00 m - moldado no local - altura do aterro 10,00 a 12,50 m - areia extraída e brita produzida","m",6736.21]
[705283,"Corpo de BDCC 2,00 x 2,00 m - moldado no local - altura do aterro 12,50 a 15,00 m - areia e brita comerciais","m",7799.61]
[705282,"Corpo de BDCC 2,00 x 2,00 m - moldado no local - altura do aterro 12,50 a 15,00 m - areia extraída e brita produzida","m",6918.78]
[705275,"Corpo de BDCC 2,00 x 2,00 m - moldado no local - altura do aterro 2,50 a 5,00 m - areia e brita comerciais","m",5500.82]
[705274,"Corpo de BDCC 2,00 x 2,00 m - moldado no local - altura do aterro 2,50 a 5,00 m - areia extraída e brita produzida","m",4954.08]
[705277,"Corpo de BDCC 2,00 x 2,00 m - moldado no local - altura do aterro 5,00 a 7,50 m - areia e brita comerciais","m",6224.37]
[705276,"Corpo de BDCC 2,00 x 2,00 m - moldado no local - altura do aterro 5,00 a 7,50 m - areia extraída e brita produzida","m",5509.62]
[705279,"Corpo de BDCC 2,00 x 2,00 m - moldado no local - altura do aterro 7,50 a 10,00 m - areia e brita comerciais","m",7027.51]
[705278,"Corpo de BDCC 2,00 x 2,00 m - moldado no local - altura do aterro 7,50 a 10,00 m - areia extraída e brita produzida","m",6312.77]
[705285,"Corpo de BDCC 2,50 x 2,50 m - moldado no local - altura do aterro 0,00 a 1,00 m - areia e brita comerciais","m",7077.14]
[705284,"Corpo de BDCC 2,50 x 2,50 m - moldado no local - altura do aterro 0,00 a 1,00 m - areia extraída e brita produzida","m",6389.88]
[705287,"Corpo de BDCC 2,50 x 2,50 m - moldado no local - altura do aterro 1,00 a 2,50 m - areia e brita comerciais","m",6500.3]
[705286,"Corpo de BDCC 2,50 x 2,50 m - moldado no local - altura do aterro 1,00 a 2,50 m - areia extraída e brita produzida","m",5813.05]
[705295,"Corpo de BDCC 2,50 x 2,50 m - moldado no local - altura do aterro 10,00 a 12,50 m - areia e brita comerciais","m",9938.23]
[705294,"Corpo de BDCC 2,50 x 2,50 m - moldado no local - altura do aterro 10,00 a 12,50 m - areia extraída e brita produzida","m",8878.09]
[705297,"Corpo de BDCC 2,50 x 2,50 m - moldado no local - altura do aterro 12,50 a 15,00 m - areia e brita comerciais","m",10693.72]
[705296,"Corpo de BDCC 2,50 x 2,50 m - moldado no local - altura do aterro 12,50 a 15,00 m - areia extraída e brita produzida","m",9633.59]
[705289,"Corpo de BDCC 2,50 x 2,50 m - moldado no local - altura do aterro 2,50 a 5,00 m - areia e brita comerciais","m",7376.51]
[705288,"Corpo de BDCC 2,50 x 2,50 m - moldado no local - altura do aterro 2,50 a 5,00 m - areia extraída e brita produzida","m",6506.47]
[705291,"Corpo de BDCC 2,50 x 2,50 m - moldado no local - altura do aterro 5,00 a 7,50 m - areia e brita comerciais","m",8343.26]
[705290,"Corpo de BDCC 2,50 x 2,50 m - moldado no local - altura do aterro 5,00 a 7,50 m - areia extraída e brita produzida","m",7473.23]
[705293,"Corpo de BDCC 2,50 x 2,50 m - moldado no local - altura do aterro 7,50 a 10,00 m - areia e brita comerciais","m",9049.74]
[705292,"Corpo de BDCC 2,50 x 2,50 m - moldado no local - altura do aterro 7,50 a 10,00 m - areia extraída e brita produzida","m",7989.61]
[705299,"Corpo de BDCC 3,00 x 3,00 m - moldado no local - altura do aterro 0,00 a 1,00 m - areia e brita comerciais","m",9152.8700000000008]
[705298,"Corpo de BDCC 3,00 x 3,00 m - moldado no local - altura do aterro 0,00 a 1,00 m - areia extraída e brita produzida","m",8127.54]
[705301,"Corpo de BDCC 3,00 x 3,00 m - moldado no local - altura do aterro 1,00 a 2,50 m - areia e brita comerciais","m",8603.36]
[705300,"Corpo de BDCC 3,00 x 3,00 m - moldado no local - altura do aterro 1,00 a 2,50 m - areia extraída e brita produzida","m",7578.03]
[705309,"Corpo de BDCC 3,00 x 3,00 m - moldado no local - altura do aterro 10,00 a 12,50 m - areia e brita comerciais","m",13810.39]
[705308,"Corpo de BDCC 3,00 x 3,00 m - moldado no local - altura do aterro 10,00 a 12,50 m - areia extraída e brita produzida","m",12277.34]
[705311,"Corpo de BDCC 3,00 x 3,00 m - moldado no local - altura do aterro 12,50 a 15,00 m - areia e brita comerciais","m",13724.05]
[705310,"Corpo de BDCC 3,00 x 3,00 m - moldado no local - altura do aterro 12,50 a 15,00 m - areia extraída e brita produzida","m",12191.01]
[705303,"Corpo de BDCC 3,00 x 3,00 m - moldado no local - altura do aterro 2,50 a 5,00 m - areia e brita comerciais","m",9313.9500000000007]
[705302,"Corpo de BDCC 3,00 x 3,00 m - moldado no local - altura do aterro 2,50 a 5,00 m - areia extraída e brita produzida","m",8065.27]
[705305,"Corpo de BDCC 3,00 x 3,00 m - moldado no local - altura do aterro 5,00 a 7,50 m - areia e brita comerciais","m",11219.49]
[705304,"Corpo de BDCC 3,00 x 3,00 m - moldado no local - altura do aterro 5,00 a 7,50 m - areia extraída e brita produzida","m",9970.81]
[705307,"Corpo de BDCC 3,00 x 3,00 m - moldado no local - altura do aterro 7,50 a 10,00 m - areia e brita comerciais","m",12437.79]
[705306,"Corpo de BDCC 3,00 x 3,00 m - moldado no local - altura do aterro 7,50 a 10,00 m - areia extraída e brita produzida","m",10904.75]
[705169,"Corpo de BSCC 1,50 x 1,50 m - moldado no local - altura do aterro 0,00 a 1,00 m - areia e brita comerciais","m",2305.88]
[705168,"Corpo de BSCC 1,50 x 1,50 m - moldado no local - altura do aterro 0,00 a 1,00 m - areia extraída e brita produzida","m",2068.84]
[705171,"Corpo de BSCC 1,50 x 1,50 m - moldado no local - altura do aterro 1,00 a 2,50 m - areia e brita comerciais","m",2052.62]
[705170,"Corpo de BSCC 1,50 x 1,50 m - moldado no local - altura do aterro 1,00 a 2,50 m - areia extraída e brita produzida","m",1815.59]
[705179,"Corpo de BSCC 1,50 x 1,50 m - moldado no local - altura do aterro 10,00 a 12,50 m - areia e brita comerciais","m",2903.56]
[705178,"Corpo de BSCC 1,50 x 1,50 m - moldado no local - altura do aterro 10,00 a 12,50 m - areia extraída e brita produzida","m",2590.87]
[705181,"Corpo de BSCC 1,50 x 1,50 m - moldado no local - altura do aterro 12,50 a 15,00 m - areia e brita comerciais","m",3027.87]
[705180,"Corpo de BSCC 1,50 x 1,50 m - moldado no local - altura do aterro 12,50 a 15,00 m - areia extraída e brita produzida","m",2715.17]
[705173,"Corpo de BSCC 1,50 x 1,50 m - moldado no local - altura do aterro 2,50 a 5,00 m - areia e brita comerciais","m",2229.25]
[705172,"Corpo de BSCC 1,50 x 1,50 m - moldado no local - altura do aterro 2,50 a 5,00 m - areia extraída e brita produzida","m",1992.21]
[705175,"Corpo de BSCC 1,50 x 1,50 m - moldado no local - altura do aterro 5,00 a 7,50 m - areia e brita comerciais","m",2472.5500000000002]
[705174,"Corpo de BSCC 1,50 x 1,50 m - moldado no local - altura do aterro 5,00 a 7,50 m - areia extraída e brita produzida","m",2235.52]
[705177,"Corpo de BSCC 1,50 x 1,50 m - moldado no local - altura do aterro 7,50 a 10,00 m - areia e brita comerciais","m",2800.49]
[705176,"Corpo de BSCC 1,50 x 1,50 m - moldado no local - altura do aterro 7,50 a 10,00 m - areia extraída e brita produzida","m",2487.8000000000002]
[705183,"Corpo de BSCC 2,00 x 2,00 m - moldado no local - altura do aterro 0,00 a 1,00 m - areia e brita comerciais","m",3207.8]
[705182,"Corpo de BSCC 2,00 x 2,00 m - moldado no local - altura do aterro 0,00 a 1,00 m - areia extraída e brita produzida","m",2903.18]
[705185,"Corpo de BSCC 2,00 x 2,00 m - moldado no local - altura do aterro 1,00 a 2,50 m - areia e brita comerciais","m",2914.26]
[705184,"Corpo de BSCC 2,00 x 2,00 m - moldado no local - altura do aterro 1,00 a 2,50 m - areia extraída e brita produzida","m",2609.64]
[705193,"Corpo de BSCC 2,00 x 2,00 m - moldado no local - altura do aterro 10,00 a 12,50 m - areia e brita comerciais","m",4427.9799999999996]
[705192,"Corpo de BSCC 2,00 x 2,00 m - moldado no local - altura do aterro 10,00 a 12,50 m - areia extraída e brita produzida","m",3936.95]
[705195,"Corpo de BSCC 2,00 x 2,00 m - moldado no local - altura do aterro 12,50 a 15,00 m - areia e brita comerciais","m",4725.96]
[705194,"Corpo de BSCC 2,00 x 2,00 m - moldado no local - altura do aterro 12,50 a 15,00 m - areia extraída e brita produzida","m",4234.93]
[705187,"Corpo de BSCC 2,00 x 2,00 m - moldado no local - altura do aterro 2,50 a 5,00 m - areia e brita comerciais","m",3327.26]
[705186,"Corpo de BSCC 2,00 x 2,00 m - moldado no local - altura do aterro 2,50 a 5,00 m - areia extraída e brita produzida","m",2928.51]
[705189,"Corpo de BSCC 2,00 x 2,00 m - moldado no local - altura do aterro 5,00 a 7,50 m - areia e brita comerciais","m",3714.41]
[705188,"Corpo de BSCC 2,00 x 2,00 m - moldado no local - altura do aterro 5,00 a 7,50 m - areia extraída e brita produzida","m",3315.65]
[705191,"Corpo de BSCC 2,00 x 2,00 m - moldado no local - altura do aterro 7,50 a 10,00 m - areia e brita comerciais","m",4090.16]
[705190,"Corpo de BSCC 2,00 x 2,00 m - moldado no local - altura do aterro 7,50 a 10,00 m - areia extraída e brita produzida","m",3599.13]
[705197,"Corpo de BSCC 2,50 x 2,50 m - moldado no local - altura do aterro 0,00 a 1,00 m - areia e brita comerciais","m",4401.24]
[705196,"Corpo de BSCC 2,50 x 2,50 m - moldado no local - altura do aterro 0,00 a 1,00 m - areia extraída e brita produzida","m",3914.78]
[705199,"Corpo de BSCC 2,50 x 2,50 m - moldado no local - altura do aterro 1,00 a 2,50 m - areia e brita comerciais","m",4179.18]
[705198,"Corpo de BSCC 2,50 x 2,50 m - moldado no local - altura do aterro 1,00 a 2,50 m - areia extraída e brita produzida","m",3692.72]
[705207,"Corpo de BSCC 2,50 x 2,50 m - moldado no local - altura do aterro 10,00 a 12,50 m - areia e brita comerciais","m",6273.19]
[705206,"Corpo de BSCC 2,50 x 2,50 m - moldado no local - altura do aterro 10,00 a 12,50 m - areia extraída e brita produzida","m",5548.61]
[705209,"Corpo de BSCC 2,50 x 2,50 m - moldado no local - altura do aterro 12,50 a 15,00 m - areia e brita comerciais","m",7123.46]
[705208,"Corpo de BSCC 2,50 x 2,50 m - moldado no local - altura do aterro 12,50 a 15,00 m - areia extraída e brita produzida","m",6278.9]
[705201,"Corpo de BSCC 2,50 x 2,50 m - moldado no local - altura do aterro 2,50 a 5,00 m - areia e brita comerciais","m",4762.83]
[705200,"Corpo de BSCC 2,50 x 2,50 m - moldado no local - altura do aterro 2,50 a 5,00 m - areia extraída e brita produzida","m",4276.37]
[705203,"Corpo de BSCC 2,50 x 2,50 m - moldado no local - altura do aterro 5,00 a 7,50 m - areia e brita comerciais","m",5257.6]
[705202,"Corpo de BSCC 2,50 x 2,50 m - moldado no local - altura do aterro 5,00 a 7,50 m - areia extraída e brita produzida","m",4660.3999999999996]
[705205,"Corpo de BSCC 2,50 x 2,50 m - moldado no local - altura do aterro 7,50 a 10,00 m - areia e brita comerciais","m",5725.36]
[705204,"Corpo de BSCC 2,50 x 2,50 m - moldado no local - altura do aterro 7,50 a 10,00 m - areia extraída e brita produzida","m",5128.1499999999996]
[705211,"Corpo de BSCC 3,00 x 3,00 m - moldado no local - altura do aterro 0,00 a 1,00 m - areia e brita comerciais","m",5650.64]
[705210,"Corpo de BSCC 3,00 x 3,00 m - moldado no local - altura do aterro 0,00 a 1,00 m - areia extraída e brita produzida","m",4948.91]
[705213,"Corpo de BSCC 3,00 x 3,00 m - moldado no local - altura do aterro 1,00 a 2,50 m - areia e brita comerciais","m",5583.84]
[705212,"Corpo de BSCC 3,00 x 3,00 m - moldado no local - altura do aterro 1,00 a 2,50 m - areia extraída e brita produzida","m",4882.1000000000004]
[705221,"Corpo de BSCC 3,00 x 3,00 m - moldado no local - altura do aterro 10,00 a 12,50 m - areia e brita comerciais","m",8616.9599999999991]
[705220,"Corpo de BSCC 3,00 x 3,00 m - moldado no local - altura do aterro 10,00 a 12,50 m - areia extraída e brita produzida","m",7630.93]
[705223,"Corpo de BSCC 3,00 x 3,00 m - moldado no local - altura do aterro 12,50 a 15,00 m - areia e brita comerciais","m",9337.3700000000008]
[705222,"Corpo de BSCC 3,00 x 3,00 m - moldado no local - altura do aterro 12,50 a 15,00 m - areia extraída e brita produzida","m",8201.7999999999993]
[705215,"Corpo de BSCC 3,00 x 3,00 m - moldado no local - altura do aterro 2,50 a 5,00 m - areia e brita comerciais","m",6615.64]
[705214,"Corpo de BSCC 3,00 x 3,00 m - moldado no local - altura do aterro 2,50 a 5,00 m - areia extraída e brita produzida","m",5766.22]
[705217,"Corpo de BSCC 3,00 x 3,00 m - moldado no local - altura do aterro 5,00 a 7,50 m - areia e brita comerciais","m",7306.21]
[705216,"Corpo de BSCC 3,00 x 3,00 m - moldado no local - altura do aterro 5,00 a 7,50 m - areia extraída e brita produzida","m",6456.79]
[705219,"Corpo de BSCC 3,00 x 3,00 m - moldado no local - altura do aterro 7,50 a 10,00 m - areia e brita comerciais","m",7978.08]
[705218,"Corpo de BSCC 3,00 x 3,00 m - moldado no local - altura do aterro 7,50 a 10,00 m - areia extraída e brita produzida","m",6992.05]
[705346,"Corpo de BTCC 1,50 x 1,50 m - moldado no local - altura do aterro 0,00 a 1,00 m - areia e brita comerciais","m",5311.07]
[705345,"Corpo de BTCC 1,50 x 1,50 m - moldado no local - altura do aterro 0,00 a 1,00 m - areia extraída e brita produzida","m",4702.5600000000004]
[705348,"Corpo de BTCC 1,50 x 1,50 m - moldado no local - altura do aterro 1,00 a 2,50 m - areia e brita comerciais","m",4797.72]
[705347,"Corpo de BTCC 1,50 x 1,50 m - moldado no local - altura do aterro 1,00 a 2,50 m - areia extraída e brita produzida","m",4189.21]
[705356,"Corpo de BTCC 1,50 x 1,50 m - moldado no local - altura do aterro 10,00 a 12,50 m - areia e brita comerciais","m",7067.23]
[705355,"Corpo de BTCC 1,50 x 1,50 m - moldado no local - altura do aterro 10,00 a 12,50 m - areia extraída e brita produzida","m",6257.54]
[705358,"Corpo de BTCC 1,50 x 1,50 m - moldado no local - altura do aterro 12,50 a 15,00 m - areia e brita comerciais","m",7171.3]
[705357,"Corpo de BTCC 1,50 x 1,50 m - moldado no local - altura do aterro 12,50 a 15,00 m - areia extraída e brita produzida","m",6361.61]
[705350,"Corpo de BTCC 1,50 x 1,50 m - moldado no local - altura do aterro 2,50 a 5,00 m - areia e brita comerciais","m",5217.3]
[705349,"Corpo de BTCC 1,50 x 1,50 m - moldado no local - altura do aterro 2,50 a 5,00 m - areia extraída e brita produzida","m",4608.78]
[705352,"Corpo de BTCC 1,50 x 1,50 m - moldado no local - altura do aterro 5,00 a 7,50 m - areia e brita comerciais","m",5575.65]
[705351,"Corpo de BTCC 1,50 x 1,50 m - moldado no local - altura do aterro 5,00 a 7,50 m - areia extraída e brita produzida","m",4967.1400000000003]
[705354,"Corpo de BTCC 1,50 x 1,50 m - moldado no local - altura do aterro 7,50 a 10,00 m - areia e brita comerciais","m",6117.36]
[705353,"Corpo de BTCC 1,50 x 1,50 m - moldado no local - altura do aterro 7,50 a 10,00 m - areia extraída e brita produzida","m",5508.85]
[705360,"Corpo de BTCC 2,00 x 2,00 m - moldado no local - altura do aterro 0,00 a 1,00 m - areia e brita comerciais","m",7594.13]
[705359,"Corpo de BTCC 2,00 x 2,00 m - moldado no local - altura do aterro 0,00 a 1,00 m - areia extraída e brita produzida","m",6808.91]
[705362,"Corpo de BTCC 2,00 x 2,00 m - moldado no local - altura do aterro 1,00 a 2,50 m - areia e brita comerciais","m",6931.7]
[705361,"Corpo de BTCC 2,00 x 2,00 m - moldado no local - altura do aterro 1,00 a 2,50 m - areia extraída e brita produzida","m",6146.48]
[705370,"Corpo de BTCC 2,00 x 2,00 m - moldado no local - altura do aterro 10,00 a 12,50 m - areia e brita comerciais","m",10391.85]
[705369,"Corpo de BTCC 2,00 x 2,00 m - moldado no local - altura do aterro 10,00 a 12,50 m - areia extraída e brita produzida","m",9137.77]
[705372,"Corpo de BTCC 2,00 x 2,00 m - moldado no local - altura do aterro 12,50 a 15,00 m - areia e brita comerciais","m",11040.54]
[705371,"Corpo de BTCC 2,00 x 2,00 m - moldado no local - altura do aterro 12,50 a 15,00 m - areia extraída e brita produzida","m",9786.4699999999993]
[705364,"Corpo de BTCC 2,00 x 2,00 m - moldado no local - altura do aterro 2,50 a 5,00 m - areia e brita comerciais","m",7817.73]
[705363,"Corpo de BTCC 2,00 x 2,00 m - moldado no local - altura do aterro 2,50 a 5,00 m - areia extraída e brita produzida","m",7032.51]
[705366,"Corpo de BTCC 2,00 x 2,00 m - moldado no local - altura do aterro 5,00 a 7,50 m - areia e brita comerciais","m",8607.44]
[705365,"Corpo de BTCC 2,00 x 2,00 m - moldado no local - altura do aterro 5,00 a 7,50 m - areia extraída e brita produzida","m",7574.86]
[705368,"Corpo de BTCC 2,00 x 2,00 m - moldado no local - altura do aterro 7,50 a 10,00 m - areia e brita comerciais","m",9609.56]
[705367,"Corpo de BTCC 2,00 x 2,00 m - moldado no local - altura do aterro 7,50 a 10,00 m - areia extraída e brita produzida","m",8576.99]
[705374,"Corpo de BTCC 2,50 x 2,50 m - moldado no local - altura do aterro 0,00 a 1,00 m - areia e brita comerciais","m",10012.02]
[705373,"Corpo de BTCC 2,50 x 2,50 m - moldado no local - altura do aterro 0,00 a 1,00 m - areia extraída e brita produzida","m",9015.2000000000007]
[705376,"Corpo de BTCC 2,50 x 2,50 m - moldado no local - altura do aterro 1,00 a 2,50 m - areia e brita comerciais","m",9005.85]
[705375,"Corpo de BTCC 2,50 x 2,50 m - moldado no local - altura do aterro 1,00 a 2,50 m - areia extraída e brita produzida","m",8009.03]
[705384,"Corpo de BTCC 2,50 x 2,50 m - moldado no local - altura do aterro 10,00 a 12,50 m - areia e brita comerciais","m",13701.07]
[705383,"Corpo de BTCC 2,50 x 2,50 m - moldado no local - altura do aterro 10,00 a 12,50 m - areia extraída e brita produzida","m",12176.29]
[705386,"Corpo de BTCC 2,50 x 2,50 m - moldado no local - altura do aterro 12,50 a 15,00 m - areia e brita comerciais","m",14731.03]
[705385,"Corpo de BTCC 2,50 x 2,50 m - moldado no local - altura do aterro 12,50 a 15,00 m - areia extraída e brita produzida","m",13206.25]
[705378,"Corpo de BTCC 2,50 x 2,50 m - moldado no local - altura do aterro 2,50 a 5,00 m - areia e brita comerciais","m",10283.99]
[705377,"Corpo de BTCC 2,50 x 2,50 m - moldado no local - altura do aterro 2,50 a 5,00 m - areia extraída e brita produzida","m",9026.8799999999992]
[705380,"Corpo de BTCC 2,50 x 2,50 m - moldado no local - altura do aterro 5,00 a 7,50 m - areia e brita comerciais","m",11612.53]
[705379,"Corpo de BTCC 2,50 x 2,50 m - moldado no local - altura do aterro 5,00 a 7,50 m - areia extraída e brita produzida","m",10355.43]
[705382,"Corpo de BTCC 2,50 x 2,50 m - moldado no local - altura do aterro 7,50 a 10,00 m - areia e brita comerciais","m",12846.04]
[705381,"Corpo de BTCC 2,50 x 2,50 m - moldado no local - altura do aterro 7,50 a 10,00 m - areia extraída e brita produzida","m",11321.26]
[705388,"Corpo de BTCC 3,00 x 3,00 m - moldado no local - altura do aterro 0,00 a 1,00 m - areia e brita comerciais","m",12659.07]
[705387,"Corpo de BTCC 3,00 x 3,00 m - moldado no local - altura do aterro 0,00 a 1,00 m - areia extraída e brita produzida","m",11179.08]
[705390,"Corpo de BTCC 3,00 x 3,00 m - moldado no local - altura do aterro 1,00 a 2,50 m - areia e brita comerciais","m",11947.28]
[705389,"Corpo de BTCC 3,00 x 3,00 m - moldado no local - altura do aterro 1,00 a 2,50 m - areia extraída e brita produzida","m",10467.290000000001]
[705399,"Corpo de BTCC 3,00 x 3,00 m - moldado no local - altura do aterro 10,00 a 12,50 m - areia e brita comerciais","m",18435.12]
[705398,"Corpo de BTCC 3,00 x 3,00 m - moldado no local - altura do aterro 10,00 a 12,50 m - areia extraída e brita produzida","m",16216.61]
[705401,"Corpo de BTCC 3,00 x 3,00 m - moldado no local - altura do aterro 12,50 a 15,00 m - areia e brita comerciais","m",19829.98]
[705400,"Corpo de BTCC 3,00 x 3,00 m - moldado no local - altura do aterro 12,50 a 15,00 m - areia extraída e brita produzida","m",17611.47]
[705392,"Corpo de BTCC 3,00 x 3,00 m - moldado no local - altura do aterro 2,50 a 5,00 m - areia e brita comerciais","m",13671.61]
[705391,"Corpo de BTCC 3,00 x 3,00 m - moldado no local - altura do aterro 2,50 a 5,00 m - areia extraída e brita produzida","m",11877.77]
[705395,"Corpo de BTCC 3,00 x 3,00 m - moldado no local - altura do aterro 5,00 a 7,50 m - areia e brita comerciais","m",15522.02]
[705394,"Corpo de BTCC 3,00 x 3,00 m - moldado no local - altura do aterro 5,00 a 7,50 m - areia extraída e brita produzida","m",13728.18]
[705397,"Corpo de BTCC 3,00 x 3,00 m - moldado no local - altura do aterro 7,50 a 10,00 m - areia e brita comerciais","m",17103.490000000002]
[705396,"Corpo de BTCC 3,00 x 3,00 m - moldado no local - altura do aterro 7,50 a 10,00 m - areia extraída e brita produzida","m",14884.98]
[804213,"Boca de BDTC D = 0,80 m - esconsidade 0° - areia e brita comerciais - alas retas","un",1545.22]
[804212,"Boca de BDTC D = 0,80 m - esconsidade 0° - areia extraída e brita produzida - alas retas","un",1183.76]
[804217,"Boca de BDTC D = 0,80 m - esconsidade 10° - areia e brita comerciais - alas retas","un",1553.53]
[804216,"Boca de BDTC D = 0,80 m - esconsidade 10° - areia extraída e brita produzida - alas retas","un",1191.33]
[804219,"Boca de BDTC D = 0,80 m - esconsidade 15° - areia e brita comerciais - alas retas","un",1563.94]
[804218,"Boca de BDTC D = 0,80 m - esconsidade 15° - areia extraída e brita produzida - alas retas","un",1201.01]
[804221,"Boca de BDTC D = 0,80 m - esconsidade 20° - areia e brita comerciais - alas retas","un",1580.77]
[804220,"Boca de BDTC D = 0,80 m - esconsidade 20° - areia extraída e brita produzida - alas retas","un",1216.54]
[804223,"Boca de BDTC D = 0,80 m - esconsidade 25° - areia e brita comerciais - alas retas","un",1602.8]
[804222,"Boca de BDTC D = 0,80 m - esconsidade 25° - areia extraída e brita produzida - alas retas","un",1236.9100000000001]
[804225,"Boca de BDTC D = 0,80 m - esconsidade 30° - areia e brita comerciais - alas retas","un",1631.66]
[804224,"Boca de BDTC D = 0,80 m - esconsidade 30° - areia extraída e brita produzida - alas retas","un",1263.92]
[804227,"Boca de BDTC D = 0,80 m - esconsidade 35° - areia e brita comerciais - alas retas","un",1670.65]
[804226,"Boca de BDTC D = 0,80 m - esconsidade 35° - areia extraída e brita produzida - alas retas","un",1300.69]
[804229,"Boca de BDTC D = 0,80 m - esconsidade 40° - areia e brita comerciais - alas retas","un",1721.4]
[804228,"Boca de BDTC D = 0,80 m - esconsidade 40° - areia extraída e brita produzida - alas retas","un",1349.04]
[804231,"Boca de BDTC D = 0,80 m - esconsidade 45° - areia e brita comerciais - alas retas","un",1790.72]
[804230,"Boca de BDTC D = 0,80 m - esconsidade 45° - areia extraída e brita produzida - alas retas","un",1415.6]
[804215,"Boca de BDTC D = 0,80 m - esconsidade 5° - areia e brita comerciais - alas retas","un",1547.12]
[804214,"Boca de BDTC D = 0,80 m - esconsidade 5° - areia extraída e brita produzida - alas retas","un",1185.48]
[804417,"Boca de BDTC D = 1,00 m - esconsidade 0° - areia e brita comerciais - alas esconsas","un",4000.31]
[804233,"Boca de BDTC D = 1,00 m - esconsidade 0° - areia e brita comerciais - alas retas","un",2306.98]
[804416,"Boca de BDTC D = 1,00 m - esconsidade 0° - areia extraída e brita produzida - alas esconsas","un",3057.23]
[804232,"Boca de BDTC D = 1,00 m - esconsidade 0° - areia extraída e brita produzida - alas retas","un",1746.05]
[804237,"Boca de BDTC D = 1,00 m - esconsidade 10° - areia e brita comerciais - alas retas","un",2319.58]
[804236,"Boca de BDTC D = 1,00 m - esconsidade 10° - areia extraída e brita produzida - alas retas","un",1757.35]
[804419,"Boca de BDTC D = 1,00 m - esconsidade 15° - areia e brita comerciais - alas esconsas","un",4185.32]
[804239,"Boca de BDTC D = 1,00 m - esconsidade 15° - areia e brita comerciais - alas retas","un",2335.98]
[804418,"Boca de BDTC D = 1,00 m - esconsidade 15° - areia extraída e brita produzida - alas esconsas","un",3197.18]
[804238,"Boca de BDTC D = 1,00 m - esconsidade 15° - areia extraída e brita produzida - alas retas","un",1772.09]
[804241,"Boca de BDTC D = 1,00 m - esconsidade 20° - areia e brita comerciais - alas retas","un",2359.4899999999998]
[804240,"Boca de BDTC D = 1,00 m - esconsidade 20° - areia extraída e brita produzida - alas retas","un",1793.39]
[804243,"Boca de BDTC D = 1,00 m - esconsidade 25° - areia e brita comerciais - alas retas","un",2391.52]
[804242,"Boca de BDTC D = 1,00 m - esconsidade 25° - areia extraída e brita produzida - alas retas","un",1822.64]
[804421,"Boca de BDTC D = 1,00 m - esconsidade 30° - areia e brita comerciais - alas esconsas","un",4671.72]
[804245,"Boca de BDTC D = 1,00 m - esconsidade 30° - areia e brita comerciais - alas retas","un",2434.66]
[804420,"Boca de BDTC D = 1,00 m - esconsidade 30° - areia extraída e brita produzida - alas esconsas","un",3565.92]
[804244,"Boca de BDTC D = 1,00 m - esconsidade 30° - areia extraída e brita produzida - alas retas","un",1862.28]
[804247,"Boca de BDTC D = 1,00 m - esconsidade 35° - areia e brita comerciais - alas retas","un",2490.7600000000002]
[804246,"Boca de BDTC D = 1,00 m - esconsidade 35° - areia extraída e brita produzida - alas retas","un",1914.5]
[804249,"Boca de BDTC D = 1,00 m - esconsidade 40° - areia e brita comerciais - alas retas","un",2565.7199999999998]
[804248,"Boca de BDTC D = 1,00 m - esconsidade 40° - areia extraída e brita produzida - alas retas","un",1984.84]
[804423,"Boca de BDTC D = 1,00 m - esconsidade 45° - areia e brita comerciais - alas esconsas","un",5789.07]
[804251,"Boca de BDTC D = 1,00 m - esconsidade 45° - areia e brita comerciais - alas retas","un",2665.11]
[804422,"Boca de BDTC D = 1,00 m - esconsidade 45° - areia extraída e brita produzida - alas esconsas","un",4409.3599999999997]
[804250,"Boca de BDTC D = 1,00 m - esconsidade 45° - areia extraída e brita produzida - alas retas","un",2079.42]
[804235,"Boca de BDTC D = 1,00 m - esconsidade 5° - areia e brita comerciais - alas retas","un",2310.08]
[804234,"Boca de BDTC D = 1,00 m - esconsidade 5° - areia extraída e brita produzida - alas retas","un",1748.77]
[804425,"Boca de BDTC D = 1,20 m - esconsidade 0° - areia e brita comerciais - alas esconsas","un",5841.45]
[804253,"Boca de BDTC D = 1,20 m - esconsidade 0° - areia e brita comerciais - alas retas","un",3222.73]
[804424,"Boca de BDTC D = 1,20 m - esconsidade 0° - areia extraída e brita produzida - alas esconsas","un",4384.3599999999997]
[804252,"Boca de BDTC D = 1,20 m - esconsidade 0° - areia extraída e brita produzida - alas retas","un",2408.5700000000002]
[804257,"Boca de BDTC D = 1,20 m - esconsidade 10° - areia e brita comerciais - alas retas","un",3241.59]
[804256,"Boca de BDTC D = 1,20 m - esconsidade 10° - areia extraída e brita produzida - alas retas","un",2424.85]
[804427,"Boca de BDTC D = 1,20 m - esconsidade 15° - areia e brita comerciais - alas esconsas","un",6125.88]
[804259,"Boca de BDTC D = 1,20 m - esconsidade 15° - areia e brita comerciais - alas retas","un",3265.46]
[804426,"Boca de BDTC D = 1,20 m - esconsidade 15° - areia extraída e brita produzida - alas esconsas","un",4594.8999999999996]
[804258,"Boca de BDTC D = 1,20 m - esconsidade 15° - areia extraída e brita produzida - alas retas","un",2445.5700000000002]
[804261,"Boca de BDTC D = 1,20 m - esconsidade 20° - areia e brita comerciais - alas retas","un",3300.51]
[804260,"Boca de BDTC D = 1,20 m - esconsidade 20° - areia extraída e brita produzida - alas retas","un",2476.1999999999998]
[804263,"Boca de BDTC D = 1,20 m - esconsidade 25° - areia e brita comerciais - alas retas","un",3348.17]
[804262,"Boca de BDTC D = 1,20 m - esconsidade 25° - areia extraída e brita produzida - alas retas","un",2518.12]
[804429,"Boca de BDTC D = 1,20 m - esconsidade 30° - areia e brita comerciais - alas esconsas","un",6840.61]
[804265,"Boca de BDTC D = 1,20 m - esconsidade 30° - areia e brita comerciais - alas retas","un",3411.45]
[804428,"Boca de BDTC D = 1,20 m - esconsidade 30° - areia extraída e brita produzida - alas esconsas","un",5125.67]
[804264,"Boca de BDTC D = 1,20 m - esconsidade 30° - areia extraída e brita produzida - alas retas","un",2574.5700000000002]
[804267,"Boca de BDTC D = 1,20 m - esconsidade 35° - areia e brita comerciais - alas retas","un",3491.97]
[804266,"Boca de BDTC D = 1,20 m - esconsidade 35° - areia extraída e brita produzida - alas retas","un",2647.34]
[804269,"Boca de BDTC D = 1,20 m - esconsidade 40° - areia e brita comerciais - alas retas","un",3598.47]
[804268,"Boca de BDTC D = 1,20 m - esconsidade 40° - areia extraída e brita produzida - alas retas","un",2744.78]
[804431,"Boca de BDTC D = 1,20 m - esconsidade 45° - areia e brita comerciais - alas esconsas","un",8490.43]
[804271,"Boca de BDTC D = 1,20 m - esconsidade 45° - areia e brita comerciais - alas retas","un",3739.8]
[804430,"Boca de BDTC D = 1,20 m - esconsidade 45° - areia extraída e brita produzida - alas esconsas","un",6346.61]
[804270,"Boca de BDTC D = 1,20 m - esconsidade 45° - areia extraída e brita produzida - alas retas","un",2876.14]
[804255,"Boca de BDTC D = 1,20 m - esconsidade 5° - areia e brita comerciais - alas retas","un",3227.52]
[804254,"Boca de BDTC D = 1,20 m - esconsidade 5° - areia extraída e brita produzida - alas retas","un",2412.62]
[804433,"Boca de BDTC D = 1,50 m - esconsidade 0° - areia e brita comerciais - alas esconsas","un",10427.18]
[804273,"Boca de BDTC D = 1,50 m - esconsidade 0° - areia e brita comerciais - alas retas","un",5558.67]
[804432,"Boca de BDTC D = 1,50 m - esconsidade 0° - areia extraída e brita produzida - alas esconsas","un",7631.19]
[804272,"Boca de BDTC D = 1,50 m - esconsidade 0° - areia extraída e brita produzida - alas retas","un",4102.3100000000004]
[804277,"Boca de BDTC D = 1,50 m - esconsidade 10° - areia e brita comerciais - alas retas","un",5587.39]
[804276,"Boca de BDTC D = 1,50 m - esconsidade 10° - areia extraída e brita produzida - alas retas","un",4126.59]
[804435,"Boca de BDTC D = 1,50 m - esconsidade 15° - areia e brita comerciais - alas esconsas","un",10945.92]
[804279,"Boca de BDTC D = 1,50 m - esconsidade 15° - areia e brita comerciais - alas retas","un",5623.29]
[804434,"Boca de BDTC D = 1,50 m - esconsidade 15° - areia extraída e brita produzida - alas esconsas","un",8006.97]
[804278,"Boca de BDTC D = 1,50 m - esconsidade 15° - areia extraída e brita produzida - alas retas","un",4156.95]
[804281,"Boca de BDTC D = 1,50 m - esconsidade 20° - areia e brita comerciais - alas retas","un",5675.87]
[804280,"Boca de BDTC D = 1,50 m - esconsidade 20° - areia extraída e brita produzida - alas retas","un",4201.97]
[804283,"Boca de BDTC D = 1,50 m - esconsidade 25° - areia e brita comerciais - alas retas","un",5747.25]
[804282,"Boca de BDTC D = 1,50 m - esconsidade 25° - areia extraída e brita produzida - alas retas","un",4263.74]
[804437,"Boca de BDTC D = 1,50 m - esconsidade 30° - areia e brita comerciais - alas esconsas","un",12263.74]
[804285,"Boca de BDTC D = 1,50 m - esconsidade 30° - areia e brita comerciais - alas retas","un",5840.73]
[804436,"Boca de BDTC D = 1,50 m - esconsidade 30° - areia extraída e brita produzida - alas esconsas","un",8962.0499999999993]
[804284,"Boca de BDTC D = 1,50 m - esconsidade 30° - areia extraída e brita produzida - alas retas","un",4345.3999999999996]
[804287,"Boca de BDTC D = 1,50 m - esconsidade 35° - areia e brita comerciais - alas retas","un",5961.16]
[804286,"Boca de BDTC D = 1,50 m - esconsidade 35° - areia extraída e brita produzida - alas retas","un",4452.3500000000004]
[804289,"Boca de BDTC D = 1,50 m - esconsidade 40° - areia e brita comerciais - alas retas","un",6117.99]
[804288,"Boca de BDTC D = 1,50 m - esconsidade 40° - areia extraída e brita produzida - alas retas","un",4593.66]
[804439,"Boca de BDTC D = 1,50 m - esconsidade 45° - areia e brita comerciais - alas esconsas","un",15287.05]
[804291,"Boca de BDTC D = 1,50 m - esconsidade 45° - areia e brita comerciais - alas retas","un",6323.8]
[804438,"Boca de BDTC D = 1,50 m - esconsidade 45° - areia extraída e brita produzida - alas esconsas","un",11145.7]
[804290,"Boca de BDTC D = 1,50 m - esconsidade 45° - areia extraída e brita produzida - alas retas","un",4782.4799999999996]
[804275,"Boca de BDTC D = 1,50 m - esconsidade 5° - areia e brita comerciais - alas retas","un",5565.85]
[804274,"Boca de BDTC D = 1,50 m - esconsidade 5° - areia extraída e brita produzida - alas retas","un",4108.38]
[804061,"Boca de BSTC D = 0,40 m - esconsidade 0° - areia e brita comerciais - alas retas","un",369.66]
[804060,"Boca de BSTC D = 0,40 m - esconsidade 0° - areia extraída e brita produzida - alas retas","un",291.52999999999997]
[804065,"Boca de BSTC D = 0,40 m - esconsidade 10° - areia e brita comerciais - alas retas","un",371.07]
[804064,"Boca de BSTC D = 0,40 m - esconsidade 10° - areia extraída e brita produzida - alas retas","un",292.94]
[804067,"Boca de BSTC D = 0,40 m - esconsidade 15° - areia e brita comerciais - alas retas","un",372.48]
[804066,"Boca de BSTC D = 0,40 m - esconsidade 15° - areia extraída e brita produzida - alas retas","un",294.35000000000002]
[804069,"Boca de BSTC D = 0,40 m - esconsidade 20° - areia e brita comerciais - alas retas","un",375.08]
[804068,"Boca de BSTC D = 0,40 m - esconsidade 20° - areia extraída e brita produzida - alas retas","un",296.77]
[804071,"Boca de BSTC D = 0,40 m - esconsidade 25° - areia e brita comerciais - alas retas","un",378.6]
[804070,"Boca de BSTC D = 0,40 m - esconsidade 25° - areia extraída e brita produzida - alas retas","un",300.29000000000002]
[804073,"Boca de BSTC D = 0,40 m - esconsidade 30° - areia e brita comerciais - alas retas","un",383.32]
[804072,"Boca de BSTC D = 0,40 m - esconsidade 30° - areia extraída e brita produzida - alas retas","un",304.82]
[804075,"Boca de BSTC D = 0,40 m - esconsidade 35° - areia e brita comerciais - alas retas","un",389.65]
[804074,"Boca de BSTC D = 0,40 m - esconsidade 35° - areia extraída e brita produzida - alas retas","un",311.14999999999998]
[804077,"Boca de BSTC D = 0,40 m - esconsidade 40° - areia e brita comerciais - alas retas","un",397.89]
[804076,"Boca de BSTC D = 0,40 m - esconsidade 40° - areia extraída e brita produzida - alas retas","un",319.2]
[804079,"Boca de BSTC D = 0,40 m - esconsidade 45° - areia e brita comerciais - alas retas","un",410.34]
[804078,"Boca de BSTC D = 0,40 m - esconsidade 45° - areia extraída e brita produzida - alas retas","un",331.48]
[804063,"Boca de BSTC D = 0,40 m - esconsidade 5° - areia e brita comerciais - alas retas","un",370.37]
[804062,"Boca de BSTC D = 0,40 m - esconsidade 5° - areia extraída e brita produzida - alas retas","un",292.24]
[804377,"Boca de BSTC D = 0,60 m - esconsidade 0° - areia e brita comerciais - alas esconsas","un",1092.6300000000001]
[804081,"Boca de BSTC D = 0,60 m - esconsidade 0° - areia e brita comerciais - alas retas","un",752.86]
[804376,"Boca de BSTC D = 0,60 m - esconsidade 0° - areia extraída e brita produzida - alas esconsas","un",879.67]
[804080,"Boca de BSTC D = 0,60 m - esconsidade 0° - areia extraída e brita produzida - alas retas","un",580.72]
[804085,"Boca de BSTC D = 0,60 m - esconsidade 10° - areia e brita comerciais - alas retas","un",755.46]
[804084,"Boca de BSTC D = 0,60 m - esconsidade 10° - areia extraída e brita produzida - alas retas","un",583.14]
[804379,"Boca de BSTC D = 0,60 m - esconsidade 15° - areia e brita comerciais - alas esconsas","un",939.57]
[804087,"Boca de BSTC D = 0,60 m - esconsidade 15° - areia e brita comerciais - alas retas","un",758.28]
[804378,"Boca de BSTC D = 0,60 m - esconsidade 15° - areia extraída e brita produzida - alas esconsas","un",714.61]
[804086,"Boca de BSTC D = 0,60 m - esconsidade 15° - areia extraída e brita produzida - alas retas","un",585.95000000000005]
[804089,"Boca de BSTC D = 0,60 m - esconsidade 20° - areia e brita comerciais - alas retas","un",762.99]
[804088,"Boca de BSTC D = 0,60 m - esconsidade 20° - areia extraída e brita produzida - alas retas","un",590.48]
[804091,"Boca de BSTC D = 0,60 m - esconsidade 25° - areia e brita comerciais - alas retas","un",769.12]
[804090,"Boca de BSTC D = 0,60 m - esconsidade 25° - areia extraída e brita produzida - alas retas","un",596.41999999999996]
[804381,"Boca de BSTC D = 0,60 m - esconsidade 30° - areia e brita comerciais - alas esconsas","un",1293.2]
[804093,"Boca de BSTC D = 0,60 m - esconsidade 30° - areia e brita comerciais - alas retas","un",777.84]
[804380,"Boca de BSTC D = 0,60 m - esconsidade 30° - areia extraída e brita produzida - alas esconsas","un",1038.31]
[804092,"Boca de BSTC D = 0,60 m - esconsidade 30° - areia extraída e brita produzida - alas retas","un",604.78]
[804095,"Boca de BSTC D = 0,60 m - esconsidade 35° - areia e brita comerciais - alas retas","un",789.6]
[804094,"Boca de BSTC D = 0,60 m - esconsidade 35° - areia extraída e brita produzida - alas retas","un",616.35]
[804097,"Boca de BSTC D = 0,60 m - esconsidade 40° - areia e brita comerciais - alas retas","un",804.66]
[804096,"Boca de BSTC D = 0,60 m - esconsidade 40° - areia extraída e brita produzida - alas retas","un",631.04]
[804383,"Boca de BSTC D = 0,60 m - esconsidade 45° - areia e brita comerciais - alas esconsas","un",1600.42]
[804099,"Boca de BSTC D = 0,60 m - esconsidade 45° - areia e brita comerciais - alas retas","un",826.06]
[804382,"Boca de BSTC D = 0,60 m - esconsidade 45° - areia extraída e brita produzida - alas esconsas","un",1282.3599999999999]
[804098,"Boca de BSTC D = 0,60 m - esconsidade 45° - areia extraída e brita produzida - alas retas","un",652.07000000000005]
[804083,"Boca de BSTC D = 0,60 m - esconsidade 5° - areia e brita comerciais - alas retas","un",753.56]
[804082,"Boca de BSTC D = 0,60 m - esconsidade 5° - areia extraída e brita produzida - alas retas","un",581.41999999999996]
[804385,"Boca de BSTC D = 0,80 m - esconsidade 0° - areia e brita comerciais - alas esconsas","un",1840.93]
[804101,"Boca de BSTC D = 0,80 m - esconsidade 0° - areia e brita comerciais - alas retas","un",1278.68]
[804384,"Boca de BSTC D = 0,80 m - esconsidade 0° - areia extraída e brita produzida - alas esconsas","un",1445.67]
[804100,"Boca de BSTC D = 0,80 m - esconsidade 0° - areia extraída e brita produzida - alas retas","un",979.66]
[804105,"Boca de BSTC D = 0,80 m - esconsidade 10° - areia e brita comerciais - alas retas","un",1282.7]
[804104,"Boca de BSTC D = 0,80 m - esconsidade 10° - areia extraída e brita produzida - alas retas","un",983.48]
[804387,"Boca de BSTC D = 0,80 m - esconsidade 15° - areia e brita comerciais - alas esconsas","un",1940.47]
[804107,"Boca de BSTC D = 0,80 m - esconsidade 15° - areia e brita comerciais - alas retas","un",1288.1199999999999]
[804386,"Boca de BSTC D = 0,80 m - esconsidade 15° - areia extraída e brita produzida - alas esconsas","un",1522.68]
[804106,"Boca de BSTC D = 0,80 m - esconsidade 15° - areia extraída e brita produzida - alas retas","un",988.72]
[804109,"Boca de BSTC D = 0,80 m - esconsidade 20° - areia e brita comerciais - alas retas","un",1296.3499999999999]
[804108,"Boca de BSTC D = 0,80 m - esconsidade 20° - areia extraída e brita produzida - alas retas","un",996.77]
[804111,"Boca de BSTC D = 0,80 m - esconsidade 25° - areia e brita comerciais - alas retas","un",1307.19]
[804110,"Boca de BSTC D = 0,80 m - esconsidade 25° - areia extraída e brita produzida - alas retas","un",1007.24]
[804389,"Boca de BSTC D = 0,80 m - esconsidade 30° - areia e brita comerciais - alas esconsas","un",2168.5]
[804113,"Boca de BSTC D = 0,80 m - esconsidade 30° - areia e brita comerciais - alas retas","un",1322.04]
[804388,"Boca de BSTC D = 0,80 m - esconsidade 30° - areia extraída e brita produzida - alas esconsas","un",1699.55]
[804112,"Boca de BSTC D = 0,80 m - esconsidade 30° - areia extraída e brita produzida - alas retas","un",1021.53]
[804115,"Boca de BSTC D = 0,80 m - esconsidade 35° - areia e brita comerciais - alas retas","un",1342.52]
[804114,"Boca de BSTC D = 0,80 m - esconsidade 35° - areia extraída e brita produzida - alas retas","un",1041.46]
[804117,"Boca de BSTC D = 0,80 m - esconsidade 40° - areia e brita comerciais - alas retas","un",1369.34]
[804116,"Boca de BSTC D = 0,80 m - esconsidade 40° - areia extraída e brita produzida - alas retas","un",1067.72]
[804391,"Boca de BSTC D = 0,80 m - esconsidade 45° - areia e brita comerciais - alas esconsas","un",2695.3]
[804119,"Boca de BSTC D = 0,80 m - esconsidade 45° - areia e brita comerciais - alas retas","un",1406.01]
[804390,"Boca de BSTC D = 0,80 m - esconsidade 45° - areia extraída e brita produzida - alas esconsas","un",2106.48]
[804118,"Boca de BSTC D = 0,80 m - esconsidade 45° - areia extraída e brita produzida - alas retas","un",1103.8399999999999]
[804103,"Boca de BSTC D = 0,80 m - esconsidade 5° - areia e brita comerciais - alas retas","un",1280.0899999999999]
[804102,"Boca de BSTC D = 0,80 m - esconsidade 5° - areia extraída e brita produzida - alas retas","un",981.06]
[804393,"Boca de BSTC D = 1,00 m - esconsidade 0° - areia e brita comerciais - alas esconsas","un",2861.7]
[804121,"Boca de BSTC D = 1,00 m - esconsidade 0° - areia e brita comerciais - alas retas","un",1920.4]
[804392,"Boca de BSTC D = 1,00 m - esconsidade 0° - areia extraída e brita produzida - alas esconsas","un",2202.87]
[804120,"Boca de BSTC D = 1,00 m - esconsidade 0° - areia extraída e brita produzida - alas retas","un",1456.07]
[804125,"Boca de BSTC D = 1,00 m - esconsidade 10° - areia e brita comerciais - alas retas","un",1925.82]
[804124,"Boca de BSTC D = 1,00 m - esconsidade 10° - areia extraída e brita produzida - alas retas","un",1461.3]
[804395,"Boca de BSTC D = 1,00 m - esconsidade 15° - areia e brita comerciais - alas esconsas","un",3006.72]
[804127,"Boca de BSTC D = 1,00 m - esconsidade 15° - areia e brita comerciais - alas retas","un",1933.85]
[804394,"Boca de BSTC D = 1,00 m - esconsidade 15° - areia extraída e brita produzida - alas esconsas","un",2312.81]
[804126,"Boca de BSTC D = 1,00 m - esconsidade 15° - areia extraída e brita produzida - alas retas","un",1468.96]
[804129,"Boca de BSTC D = 1,00 m - esconsidade 20° - areia e brita comerciais - alas retas","un",1945.18]
[804128,"Boca de BSTC D = 1,00 m - esconsidade 20° - areia extraída e brita produzida - alas retas","un",1479.74]
[804131,"Boca de BSTC D = 1,00 m - esconsidade 25° - areia e brita comerciais - alas retas","un",1960.73]
[804130,"Boca de BSTC D = 1,00 m - esconsidade 25° - areia extraída e brita produzida - alas retas","un",1494.74]
[804397,"Boca de BSTC D = 1,00 m - esconsidade 30° - areia e brita comerciais - alas esconsas","un",3352.81]
[804133,"Boca de BSTC D = 1,00 m - esconsidade 30° - areia e brita comerciais - alas retas","un",1982.41]
[804396,"Boca de BSTC D = 1,00 m - esconsidade 30° - areia extraída e brita produzida - alas esconsas","un",2576.15]
[804132,"Boca de BSTC D = 1,00 m - esconsidade 30° - areia extraída e brita produzida - alas retas","un",1515.67]
[804135,"Boca de BSTC D = 1,00 m - esconsidade 35° - areia e brita comerciais - alas retas","un",2010.42]
[804134,"Boca de BSTC D = 1,00 m - esconsidade 35° - areia extraída e brita produzida - alas retas","un",1542.95]
[804137,"Boca de BSTC D = 1,00 m - esconsidade 40° - areia e brita comerciais - alas retas","un",1979.11]
[804136,"Boca de BSTC D = 1,00 m - esconsidade 40° - areia extraída e brita produzida - alas retas","un",1510.71]
[804399,"Boca de BSTC D = 1,00 m - esconsidade 45° - areia e brita comerciais - alas esconsas","un",4178.34]
[804139,"Boca de BSTC D = 1,00 m - esconsidade 45° - areia e brita comerciais - alas retas","un",2102.41]
[804398,"Boca de BSTC D = 1,00 m - esconsidade 45° - areia extraída e brita produzida - alas esconsas","un",3200.72]
[804138,"Boca de BSTC D = 1,00 m - esconsidade 45° - areia extraída e brita produzida - alas retas","un",1632.91]
[804123,"Boca de BSTC D = 1,00 m - esconsidade 5° - areia e brita comerciais - alas retas","un",1921.11]
[804122,"Boca de BSTC D = 1,00 m - esconsidade 5° - areia extraída e brita produzida - alas retas","un",1456.77]
[804401,"Boca de BSTC D = 1,20 m - esconsidade 0° - areia e brita comerciais - alas esconsas","un",4167.2]
[804141,"Boca de BSTC D = 1,20 m - esconsidade 0° - areia e brita comerciais - alas retas","un",2680.63]
[804400,"Boca de BSTC D = 1,20 m - esconsidade 0° - areia extraída e brita produzida - alas esconsas","un",3150.24]
[804140,"Boca de BSTC D = 1,20 m - esconsidade 0° - areia extraída e brita produzida - alas retas","un",2008.69]
[804145,"Boca de BSTC D = 1,20 m - esconsidade 10° - areia e brita comerciais - alas retas","un",2689.64]
[804144,"Boca de BSTC D = 1,20 m - esconsidade 10° - areia extraída e brita produzida - alas retas","un",2016.96]
[804403,"Boca de BSTC D = 1,20 m - esconsidade 15° - areia e brita comerciais - alas esconsas","un",4390.45]
[804147,"Boca de BSTC D = 1,20 m - esconsidade 15° - areia e brita comerciais - alas retas","un",2700.76]
[804402,"Boca de BSTC D = 1,20 m - esconsidade 15° - areia extraída e brita produzida - alas esconsas","un",3315.68]
[804146,"Boca de BSTC D = 1,20 m - esconsidade 15° - areia extraída e brita produzida - alas retas","un",2027.34]
[804149,"Boca de BSTC D = 1,20 m - esconsidade 20° - areia e brita comerciais - alas retas","un",2717.58]
[804148,"Boca de BSTC D = 1,20 m - esconsidade 20° - areia extraída e brita produzida - alas retas","un",2042.87]
[804151,"Boca de BSTC D = 1,20 m - esconsidade 25° - areia e brita comerciais - alas retas","un",2740.52]
[804150,"Boca de BSTC D = 1,20 m - esconsidade 25° - areia extraída e brita produzida - alas retas","un",2064.34]
[804405,"Boca de BSTC D = 1,20 m - esconsidade 30° - areia e brita comerciais - alas esconsas","un",4910.6499999999996]
[804153,"Boca de BSTC D = 1,20 m - esconsidade 30° - areia e brita comerciais - alas retas","un",2771.49]
[804404,"Boca de BSTC D = 1,20 m - esconsidade 30° - areia extraída e brita produzida - alas esconsas","un",3703.45]
[804152,"Boca de BSTC D = 1,20 m - esconsidade 30° - areia extraída e brita produzida - alas retas","un",2093.46]
[804155,"Boca de BSTC D = 1,20 m - esconsidade 35° - areia e brita comerciais - alas retas","un",2811.4]
[804154,"Boca de BSTC D = 1,20 m - esconsidade 35° - areia extraída e brita produzida - alas retas","un",2131.34]
[804157,"Boca de BSTC D = 1,20 m - esconsidade 40° - areia e brita comerciais - alas retas","un",2866.37]
[804156,"Boca de BSTC D = 1,20 m - esconsidade 40° - areia extraída e brita produzida - alas retas","un",2183.91]
[804407,"Boca de BSTC D = 1,20 m - esconsidade 45° - areia e brita comerciais - alas esconsas","un",6127.84]
[804159,"Boca de BSTC D = 1,20 m - esconsidade 45° - areia e brita comerciais - alas retas","un",2939.43]
[804406,"Boca de BSTC D = 1,20 m - esconsidade 45° - areia extraída e brita produzida - alas esconsas","un",4605.3599999999997]
[804158,"Boca de BSTC D = 1,20 m - esconsidade 45° - areia extraída e brita produzida - alas retas","un",2254.38]
[804143,"Boca de BSTC D = 1,20 m - esconsidade 5° - areia e brita comerciais - alas retas","un",2683.23]
[804142,"Boca de BSTC D = 1,20 m - esconsidade 5° - areia extraída e brita produzida - alas retas","un",2011.11]
[804409,"Boca de BSTC D = 1,50 m - esconsidade 0° - areia e brita comerciais - alas esconsas","un",7618.31]
[804161,"Boca de BSTC D = 1,50 m - esconsidade 0° - areia e brita comerciais - alas retas","un",4632.43]
[804408,"Boca de BSTC D = 1,50 m - esconsidade 0° - areia extraída e brita produzida - alas esconsas","un",5621.7]
[804160,"Boca de BSTC D = 1,50 m - esconsidade 0° - areia extraída e brita produzida - alas retas","un",3434.28]
[804165,"Boca de BSTC D = 1,50 m - esconsidade 10° - areia e brita comerciais - alas retas","un",4644.74]
[804164,"Boca de BSTC D = 1,50 m - esconsidade 10° - areia extraída e brita produzida - alas retas","un",3445.67]
[804411,"Boca de BSTC D = 1,50 m - esconsidade 15° - areia e brita comerciais - alas esconsas","un",8037.7]
[804167,"Boca de BSTC D = 1,50 m - esconsidade 15° - areia e brita comerciais - alas retas","un",4660.8599999999997]
[804410,"Boca de BSTC D = 1,50 m - esconsidade 15° - areia extraída e brita produzida - alas esconsas","un",5926.4]
[804166,"Boca de BSTC D = 1,50 m - esconsidade 15° - areia extraída e brita produzida - alas retas","un",3460.5]
[804169,"Boca de BSTC D = 1,50 m - esconsidade 20° - areia e brita comerciais - alas retas","un",4684.3]
[804168,"Boca de BSTC D = 1,50 m - esconsidade 20° - areia extraída e brita produzida - alas retas","un",3482.27]
[804171,"Boca de BSTC D = 1,50 m - esconsidade 25° - areia e brita comerciais - alas retas","un",4716.26]
[804170,"Boca de BSTC D = 1,50 m - esconsidade 25° - areia extraída e brita produzida - alas retas","un",3512.01]
[804413,"Boca de BSTC D = 1,50 m - esconsidade 30° - areia e brita comerciais - alas esconsas","un",9013.43]
[804173,"Boca de BSTC D = 1,50 m - esconsidade 30° - areia e brita comerciais - alas retas","un",4759.05]
[804412,"Boca de BSTC D = 1,50 m - esconsidade 30° - areia extraída e brita produzida - alas esconsas","un",6636.71]
[804172,"Boca de BSTC D = 1,50 m - esconsidade 30° - areia extraída e brita produzida - alas retas","un",3552.22]
[804175,"Boca de BSTC D = 1,50 m - esconsidade 35° - areia e brita comerciais - alas retas","un",4816.2]
[804174,"Boca de BSTC D = 1,50 m - esconsidade 35° - areia extraída e brita produzida - alas retas","un",3606.42]
[804177,"Boca de BSTC D = 1,50 m - esconsidade 40° - areia e brita comerciais - alas retas","un",4892.43]
[804176,"Boca de BSTC D = 1,50 m - esconsidade 40° - areia extraída e brita produzida - alas retas","un",3679.13]
[804415,"Boca de BSTC D = 1,50 m - esconsidade 45° - areia e brita comerciais - alas esconsas","un",11315.29]
[804179,"Boca de BSTC D = 1,50 m - esconsidade 45° - areia e brita comerciais - alas retas","un",4996.38]
[804414,"Boca de BSTC D = 1,50 m - esconsidade 45° - areia extraída e brita produzida - alas esconsas","un",8304.1299999999992]
[804178,"Boca de BSTC D = 1,50 m - esconsidade 45° - areia extraída e brita produzida - alas retas","un",3779.21]
[804163,"Boca de BSTC D = 1,50 m - esconsidade 5° - areia e brita comerciais - alas retas","un",4635.7299999999996]
[804162,"Boca de BSTC D = 1,50 m - esconsidade 5° - areia extraída e brita produzida - alas retas","un",3437.4]
[804441,"Boca de BTTC D = 1,00 m - esconsidade 0° - areia e brita comerciais - alas esconsas","un",5138.92]
[804317,"Boca de BTTC D = 1,00 m - esconsidade 0° - areia e brita comerciais - alas retas","un",2817.27]
[804440,"Boca de BTTC D = 1,00 m - esconsidade 0° - areia extraída e brita produzida - alas esconsas","un",3911.59]
[804316,"Boca de BTTC D = 1,00 m - esconsidade 0° - areia extraída e brita produzida - alas retas","un",2113.38]
[804321,"Boca de BTTC D = 1,00 m - esconsidade 10° - areia e brita comerciais - alas retas","un",2835.86]
[804320,"Boca de BTTC D = 1,00 m - esconsidade 10° - areia extraída e brita produzida - alas retas","un",2129.75]
[804443,"Boca de BTTC D = 1,00 m - esconsidade 15° - areia e brita comerciais - alas esconsas","un",5363.43]
[804323,"Boca de BTTC D = 1,00 m - esconsidade 15° - areia e brita comerciais - alas retas","un",2860.63]
[804442,"Boca de BTTC D = 1,00 m - esconsidade 15° - areia extraída e brita produzida - alas esconsas","un",4081.24]
[804322,"Boca de BTTC D = 1,00 m - esconsidade 15° - areia extraída e brita produzida - alas retas","un",2151.5700000000002]
[804325,"Boca de BTTC D = 1,00 m - esconsidade 20° - areia e brita comerciais - alas retas","un",2896.32]
[804324,"Boca de BTTC D = 1,00 m - esconsidade 20° - areia extraída e brita produzida - alas retas","un",2183.38]
[804327,"Boca de BTTC D = 1,00 m - esconsidade 25° - areia e brita comerciais - alas retas","un",2945.31]
[804326,"Boca de BTTC D = 1,00 m - esconsidade 25° - areia extraída e brita produzida - alas retas","un",2227.1999999999998]
[804445,"Boca de BTTC D = 1,00 m - esconsidade 30° - areia e brita comerciais - alas esconsas","un",5987.04]
[804329,"Boca de BTTC D = 1,00 m - esconsidade 30° - areia e brita comerciais - alas retas","un",3010.14]
[804444,"Boca de BTTC D = 1,00 m - esconsidade 30° - areia extraída e brita produzida - alas esconsas","un",4552.66]
[804328,"Boca de BTTC D = 1,00 m - esconsidade 30° - areia extraída e brita produzida - alas retas","un",2285.9299999999998]
[804331,"Boca de BTTC D = 1,00 m - esconsidade 35° - areia e brita comerciais - alas retas","un",3093.62]
[804330,"Boca de BTTC D = 1,00 m - esconsidade 35° - areia extraída e brita produzida - alas retas","un",2362.39]
[804333,"Boca de BTTC D = 1,00 m - esconsidade 40° - areia e brita comerciais - alas retas","un",3204.69]
[804332,"Boca de BTTC D = 1,00 m - esconsidade 40° - areia extraída e brita produzida - alas retas","un",2465.33]
[804447,"Boca de BTTC D = 1,00 m - esconsidade 45° - areia e brita comerciais - alas esconsas","un",7410.49]
[804335,"Boca de BTTC D = 1,00 m - esconsidade 45° - areia e brita comerciais - alas retas","un",3350.81]
[804446,"Boca de BTTC D = 1,00 m - esconsidade 45° - areia extraída e brita produzida - alas esconsas","un",5627.58]
[804334,"Boca de BTTC D = 1,00 m - esconsidade 45° - areia extraída e brita produzida - alas retas","un",2602.59]
[804319,"Boca de BTTC D = 1,00 m - esconsidade 5° - areia e brita comerciais - alas retas","un",2821.57]
[804318,"Boca de BTTC D = 1,00 m - esconsidade 5° - areia extraída e brita produzida - alas retas","un",2117.12]
[804449,"Boca de BTTC D = 1,20 m - esconsidade 0° - areia e brita comerciais - alas esconsas","un",7515.01]
[804337,"Boca de BTTC D = 1,20 m - esconsidade 0° - areia e brita comerciais - alas retas","un",3881.95]
[804448,"Boca de BTTC D = 1,20 m - esconsidade 0° - areia extraída e brita produzida - alas esconsas","un",5617.77]
[804336,"Boca de BTTC D = 1,20 m - esconsidade 0° - areia extraída e brita produzida - alas retas","un",2866.65]
[804341,"Boca de BTTC D = 1,20 m - esconsidade 10° - areia e brita comerciais - alas retas","un",3910.67]
[804340,"Boca de BTTC D = 1,20 m - esconsidade 10° - areia extraída e brita produzida - alas retas","un",2890.94]
[804451,"Boca de BTTC D = 1,20 m - esconsidade 15° - areia e brita comerciais - alas esconsas","un",7861.32]
[804343,"Boca de BTTC D = 1,20 m - esconsidade 15° - areia e brita comerciais - alas retas","un",3947.27]
[804450,"Boca de BTTC D = 1,20 m - esconsidade 15° - areia extraída e brita produzida - alas esconsas","un",5874.13]
[804342,"Boca de BTTC D = 1,20 m - esconsidade 15° - areia extraída e brita produzida - alas retas","un",2922]
[804345,"Boca de BTTC D = 1,20 m - esconsidade 20° - areia e brita comerciais - alas retas","un",4000.56]
[804344,"Boca de BTTC D = 1,20 m - esconsidade 20° - areia extraída e brita produzida - alas retas","un",2967.72]
[804347,"Boca de BTTC D = 1,20 m - esconsidade 25° - areia e brita comerciais - alas retas","un",4073.13]
[804346,"Boca de BTTC D = 1,20 m - esconsidade 25° - areia extraída e brita produzida - alas retas","un",3030.5]
[804453,"Boca de BTTC D = 1,20 m - esconsidade 30° - areia e brita comerciais - alas esconsas","un",8768.11]
[804349,"Boca de BTTC D = 1,20 m - esconsidade 30° - areia e brita comerciais - alas retas","un",4168.0200000000004]
[804452,"Boca de BTTC D = 1,20 m - esconsidade 30° - areia extraída e brita produzida - alas esconsas","un",6544.5]
[804348,"Boca de BTTC D = 1,20 m - esconsidade 30° - areia extraída e brita produzida - alas retas","un",3113.57]
[804351,"Boca de BTTC D = 1,20 m - esconsidade 35° - areia e brita comerciais - alas retas","un",4289.6499999999996]
[804350,"Boca de BTTC D = 1,20 m - esconsidade 35° - areia extraída e brita produzida - alas retas","un",3221.53]
[804353,"Boca de BTTC D = 1,20 m - esconsidade 40° - areia e brita comerciais - alas retas","un",4448.59]
[804352,"Boca de BTTC D = 1,20 m - esconsidade 40° - areia extraída e brita produzida - alas retas","un",3364.96]
[804455,"Boca de BTTC D = 1,20 m - esconsidade 45° - areia e brita comerciais - alas esconsas","un",10861.04]
[804355,"Boca de BTTC D = 1,20 m - esconsidade 45° - areia e brita comerciais - alas retas","un",4656.8]
[804454,"Boca de BTTC D = 1,20 m - esconsidade 45° - areia extraída e brita produzida - alas esconsas","un",8093.68]
[804354,"Boca de BTTC D = 1,20 m - esconsidade 45° - areia extraída e brita produzida - alas retas","un",3555.8]
[804339,"Boca de BTTC D = 1,20 m - esconsidade 5° - areia e brita comerciais - alas retas","un",3889.13]
[804338,"Boca de BTTC D = 1,20 m - esconsidade 5° - areia extraída e brita produzida - alas retas","un",2872.72]
[804457,"Boca de BTTC D = 1,50 m - esconsidade 0° - areia e brita comerciais - alas esconsas","un",13283.93]
[804357,"Boca de BTTC D = 1,50 m - esconsidade 0° - areia e brita comerciais - alas retas","un",6587.77]
[804456,"Boca de BTTC D = 1,50 m - esconsidade 0° - areia extraída e brita produzida - alas esconsas","un",9679.32]
[804356,"Boca de BTTC D = 1,50 m - esconsidade 0° - areia extraída e brita produzida - alas retas","un",4790.08]
[804361,"Boca de BTTC D = 1,50 m - esconsidade 10° - areia e brita comerciais - alas retas","un",6632.4]
[804360,"Boca de BTTC D = 1,50 m - esconsidade 10° - areia extraída e brita produzida - alas retas","un",4826.95]
[804459,"Boca de BTTC D = 1,50 m - esconsidade 15° - areia e brita comerciais - alas esconsas","un",13904.19]
[804363,"Boca de BTTC D = 1,50 m - esconsidade 15° - areia e brita comerciais - alas retas","un",6689.49]
[804458,"Boca de BTTC D = 1,50 m - esconsidade 15° - areia extraída e brita produzida - alas esconsas","un",10127.81]
[804362,"Boca de BTTC D = 1,50 m - esconsidade 15° - areia extraída e brita produzida - alas retas","un",4874.25]
[804365,"Boca de BTTC D = 1,50 m - esconsidade 20° - areia e brita comerciais - alas retas","un",6771.71]
[804364,"Boca de BTTC D = 1,50 m - esconsidade 20° - areia extraída e brita produzida - alas retas","un",4942.8100000000004]
[804367,"Boca de BTTC D = 1,50 m - esconsidade 25° - areia e brita comerciais - alas retas","un",6882.79]
[804366,"Boca de BTTC D = 1,50 m - esconsidade 25° - areia extraída e brita produzida - alas retas","un",5036.53]
[804461,"Boca de BTTC D = 1,50 m - esconsidade 30° - areia e brita comerciais - alas esconsas","un",15551.16]
[804369,"Boca de BTTC D = 1,50 m - esconsidade 30° - areia e brita comerciais - alas retas","un",7026.95]
[804460,"Boca de BTTC D = 1,50 m - esconsidade 30° - areia extraída e brita produzida - alas esconsas","un",11318.76]
[804371,"Boca de BTTC D = 1,50 m - esconsidade 35° - areia e brita comerciais - alas retas","un",7211.66]
[804370,"Boca de BTTC D = 1,50 m - esconsidade 35° - areia extraída e brita produzida - alas retas","un",5319.96]
[804373,"Boca de BTTC D = 1,50 m - esconsidade 40° - areia e brita comerciais - alas retas","un",7448.38]
[804372,"Boca de BTTC D = 1,50 m - esconsidade 40° - areia extraída e brita produzida - alas retas","un",5529.17]
[804463,"Boca de BTTC D = 1,50 m - esconsidade 45° - areia e brita comerciais - alas esconsas","un",19328.14]
[804375,"Boca de BTTC D = 1,50 m - esconsidade 45° - areia e brita comerciais - alas retas","un",7757.53]
[804462,"Boca de BTTC D = 1,50 m - esconsidade 45° - areia extraída e brita produzida - alas esconsas","un",14042.77]
[804374,"Boca de BTTC D = 1,50 m - esconsidade 45° - areia extraída e brita produzida - alas retas","un",5807.65]
[804359,"Boca de BTTC D = 1,50 m - esconsidade 5° - areia e brita comerciais - alas retas","un",6599.03]
[804358,"Boca de BTTC D = 1,50 m - esconsidade 5° - areia extraída e brita produzida - alas retas","un",4799.5]
[804368,"Boca de BTTC D = 1,50 m esconsidade 30° - areia extraída e brita produzida - alas retas","un",5159.6400000000003]
[804465,"Confecção de tubos de concreto armado D = 0,60 m PA1 - areia e brita comerciais","m",129.25]
[804464,"Confecção de tubos de concreto armado D = 0,60 m PA1 - areia extraída e brita produzida","m",104.33]
[804475,"Confecção de tubos de concreto armado D = 0,60 m PA2 - areia e brita comerciais","m",141.83000000000001]
[804474,"Confecção de tubos de concreto armado D = 0,60 m PA2 - areia extraída e brita produzida","m",116.93]
[804485,"Confecção de tubos de concreto armado D = 0,60 m PA3 - areia e brita comerciais","m",204.71]
[804484,"Confecção de tubos de concreto armado D = 0,60 m PA3 - areia extraída e brita produzida","m",179.93]
[804495,"Confecção de tubos de concreto armado D = 0,60 m PA4 - areia e brita comerciais","m",254.9]
[804494,"Confecção de tubos de concreto armado D = 0,60 m PA4 - areia extraída e brita produzida","m",225.52]
[804467,"Confecção de tubos de concreto armado D = 0,80 m PA1 - areia e brita comerciais","m",197.04]
[804466,"Confecção de tubos de concreto armado D = 0,80 m PA1 - areia extraída e brita produzida","m",157.35]
[804477,"Confecção de tubos de concreto armado D = 0,80 m PA2 - areia e brita comerciais","m",247.35]
[804476,"Confecção de tubos de concreto armado D = 0,80 m PA2 - areia extraída e brita produzida","m",207.76]
[804487,"Confecção de tubos de concreto armado D = 0,80 m PA3 - areia e brita comerciais","m",348.43]
[804486,"Confecção de tubos de concreto armado D = 0,80 m PA3 - areia extraída e brita produzida","m",304.11]
[804497,"Confecção de tubos de concreto armado D = 0,80 m PA4 - areia e brita comerciais","m",411.27]
[804496,"Confecção de tubos de concreto armado D = 0,80 m PA4 - areia extraída e brita produzida","m",357.62]
[804469,"Confecção de tubos de concreto armado D = 1,00 m PA1 - areia e brita comerciais","m",342.29]
[804468,"Confecção de tubos de concreto armado D = 1,00 m PA1 - areia extraída e brita produzida","m",287.88]
[804479,"Confecção de tubos de concreto armado D = 1,00 m PA2 - areia e brita comerciais","m",392.6]
[804478,"Confecção de tubos de concreto armado D = 1,00 m PA2 - areia extraída e brita produzida","m",338.28]
[804489,"Confecção de tubos de concreto armado D = 1,00 m PA3 - areia e brita comerciais","m",495.85]
[804488,"Confecção de tubos de concreto armado D = 1,00 m PA3 - areia extraída e brita produzida","m",426.52]
[804499,"Confecção de tubos de concreto armado D = 1,00 m PA4 - areia e brita comerciais","m",627.74]
[804498,"Confecção de tubos de concreto armado D = 1,00 m PA4 - areia extraída e brita produzida","m",546.89]
[804471,"Confecção de tubos de concreto armado D = 1,20 m PA1 - areia e brita comerciais","m",466.21]
[804470,"Confecção de tubos de concreto armado D = 1,20 m PA1 - areia extraída e brita produzida","m",386.98]
[804481,"Confecção de tubos de concreto armado D = 1,20 m PA2 - areia e brita comerciais","m",579.4]
[804480,"Confecção de tubos de concreto armado D = 1,20 m PA2 - areia extraída e brita produzida","m",500.39]
[804491,"Confecção de tubos de concreto armado D = 1,20 m PA3 - areia e brita comerciais","m",763.94]
[804490,"Confecção de tubos de concreto armado D = 1,20 m PA3 - areia extraída e brita produzida","m",658.4]
[804501,"Confecção de tubos de concreto armado D = 1,20 m PA4 - areia e brita comerciais","m",915.33]
[804500,"Confecção de tubos de concreto armado D = 1,20 m PA4 - areia extraída e brita produzida","m",795.69]
[804473,"Confecção de tubos de concreto armado D = 1,50 m PA1 - areia e brita comerciais","m",750.79]
[804472,"Confecção de tubos de concreto armado D = 1,50 m PA1 - areia extraída e brita produzida","m",627.04]
[804483,"Confecção de tubos de concreto armado D = 1,50 m PA2 - areia e brita comerciais","m",926.87]
[804482,"Confecção de tubos de concreto armado D = 1,50 m PA2 - areia extraída e brita produzida","m",803.45]
[804493,"Confecção de tubos de concreto armado D = 1,50 m PA3 - areia e brita comerciais","m",1223.07]
[804492,"Confecção de tubos de concreto armado D = 1,50 m PA3 - areia extraída e brita produzida","m",1059.7]
[804503,"Confecção de tubos de concreto armado D = 1,50 m PA4 - areia e brita comerciais","m",1452.64]
[804502,"Confecção de tubos de concreto armado D = 1,50 m PA4 - areia extraída e brita produzida","m",1283.77]
[804180,"Corpo de BDTC D = 0,80 m PA1 - areia extraída e brita e pedra de mão produzidas","m",1144.7]
[804181,"Corpo de BDTC D = 0,80 m PA1 - areia, brita e pedra de mão comerciais","m",1263.0999999999999]
[804182,"Corpo de BDTC D = 0,80 m PA2 - areia extraída e brita e pedra de mão produzidas","m",1244.8499999999999]
[804183,"Corpo de BDTC D = 0,80 m PA2 - areia, brita e pedra de mão comerciais","m",1363.24]
[804184,"Corpo de BDTC D = 0,80 m PA3 - areia extraída e brita e pedra de mão produzidas","m",1284.8]
[804185,"Corpo de BDTC D = 0,80 m PA3 - areia, brita e pedra de mão comerciais","m",1403.2]
[804186,"Corpo de BDTC D = 0,80 m PA4 - areia extraída e brita e pedra de mão produzidas","m",1294.05]
[804187,"Corpo de BDTC D = 0,80 m PA4 - areia, brita e pedra de mão comerciais","m",1412.45]
[804188,"Corpo de BDTC D = 1,00 m PA1 - areia extraída e brita e pedra de mão produzidas","m",1593.75]
[804189,"Corpo de BDTC D = 1,00 m PA1 - areia, brita e pedra de mão comerciais","m",1752.12]
[804190,"Corpo de BDTC D = 1,00 m PA2 - areia extraída e brita e pedra de mão produzidas","m",1647.69]
[804191,"Corpo de BDTC D = 1,00 m PA2 - areia, brita e pedra de mão comerciais","m",1806.06]
[804192,"Corpo de BDTC D = 1,00 m PA3 - areia extraída e brita e pedra de mão produzidas","m",1737.13]
[804193,"Corpo de BDTC D = 1,00 m PA3 - areia, brita e pedra de mão comerciais","m",1895.49]
[804194,"Corpo de BDTC D = 1,00 m PA4 - areia extraída e brita e pedra de mão produzidas","m",1763.25]
[804195,"Corpo de BDTC D = 1,00 m PA4 - areia, brita e pedra de mão comerciais","m",1921.62]
[804196,"Corpo de BDTC D = 1,20 m PA1 - areia extraída e brita e pedra de mão produzidas","m",2217.65]
[804197,"Corpo de BDTC D = 1,20 m PA1 - areia, brita e pedra de mão comerciais","m",2419.46]
[804198,"Corpo de BDTC D = 1,20 m PA2 - areia extraída e brita e pedra de mão produzidas","m",2233.85]
[804199,"Corpo de BDTC D = 1,20 m PA2 - areia, brita e pedra de mão comerciais","m",2435.66]
[804200,"Corpo de BDTC D = 1,20 m PA3 - areia extraída e brita e pedra de mão produzidas","m",2634.3]
[804201,"Corpo de BDTC D = 1,20 m PA3 - areia, brita e pedra de mão comerciais","m",2836.11]
[804202,"Corpo de BDTC D = 1,20 m PA4 - areia extraída e brita e pedra de mão produzidas","m",2941.98]
[804203,"Corpo de BDTC D = 1,20 m PA4 - areia, brita e pedra de mão comerciais","m",3143.79]
[804204,"Corpo de BDTC D = 1,50 m PA1 - areia extraída e brita e pedra de mão produzidas","m",3078.83]
[804205,"Corpo de BDTC D = 1,50 m PA1 - areia, brita e pedra de mão comerciais","m",3339.33]
[804206,"Corpo de BDTC D = 1,50 m PA2 - areia extraída e brita e pedra de mão produzidas","m",3308.68]
[804207,"Corpo de BDTC D = 1,50 m PA2 - areia, brita e pedra de mão comerciais","m",3569.18]
[804208,"Corpo de BDTC D = 1,50 m PA3 - areia extraída e brita e pedra de mão produzidas","m",3672.69]
[804209,"Corpo de BDTC D = 1,50 m PA3 - areia, brita e pedra de mão comerciais","m",3933.19]
[804210,"Corpo de BDTC D = 1,50 m PA4 - areia extraída e brita e pedra de mão produzidas","m",3710.83]
[804211,"Corpo de BDTC D = 1,50 m PA4 - areia, brita e pedra de mão comerciais","m",3971.33]
[804012,"Corpo de BSTC D = 0,40 m PA1 - areia extraída e brita e pedra de mão produzidas","m",234.86]
[804013,"Corpo de BSTC D = 0,40 m PA1 - areia, brita e pedra de mão comerciais","m",263.69]
[804014,"Corpo de BSTC D = 0,40 m PA2 - areia extraída e brita e pedra de mão produzidas","m",241.46]
[804015,"Corpo de BSTC D = 0,40 m PA2 - areia, brita e pedra de mão comerciais","m",270.29000000000002]
[804016,"Corpo de BSTC D = 0,40 m PA3 - areia extraída e brita e pedra de mão produzidas","m",279.72000000000003]
[804017,"Corpo de BSTC D = 0,40 m PA3 - areia, brita e pedra de mão comerciais","m",308.55]
[804018,"Corpo de BSTC D = 0,40 m PA4 - areia extraída e brita e pedra de mão produzidas","m",290.88]
[804019,"Corpo de BSTC D = 0,40 m PA4 - areia, brita e pedra de mão comerciais","m",319.70999999999998]
[804020,"Corpo de BSTC D = 0,60 m PA1 - areia extraída e brita e pedra de mão produzidas","m",369.97]
[804021,"Corpo de BSTC D = 0,60 m PA1 - areia, brita e pedra de mão comerciais","m",413.27]
[804022,"Corpo de BSTC D = 0,60 m PA2 - areia extraída e brita e pedra de mão produzidas","m",393.02]
[804023,"Corpo de BSTC D = 0,60 m PA2 - areia, brita e pedra de mão comerciais","m",436.32]
[804024,"Corpo de BSTC D = 0,60 m PA3 - areia extraída e brita e pedra de mão produzidas","m",419.85]
[804025,"Corpo de BSTC D = 0,60 m PA3 - areia, brita e pedra de mão comerciais","m",463.14]
[804026,"Corpo de BSTC D = 0,60 m PA4 - areia extraída e brita e pedra de mão produzidas","m",584.29999999999995]
[804027,"Corpo de BSTC D = 0,60 m PA4 - areia, brita e pedra de mão comerciais","m",627.6]
[804028,"Corpo de BSTC D = 0,80 m PA1 - areia extraída e brita e pedra de mão produzidas","m",596.98]
[804029,"Corpo de BSTC D = 0,80 m PA1 - areia, brita e pedra de mão comerciais","m",656.18]
[804030,"Corpo de BSTC D = 0,80 m PA2 - areia extraída e brita e pedra de mão produzidas","m",647.05999999999995]
[804031,"Corpo de BSTC D = 0,80 m PA2 - areia, brita e pedra de mão comerciais","m",706.25]
[804032,"Corpo de BSTC D = 0,80 m PA3 - areia extraída e brita e pedra de mão produzidas","m",667.03]
[804033,"Corpo de BSTC D = 0,80 m PA3 - areia, brita e pedra de mão comerciais","m",726.23]
[804034,"Corpo de BSTC D = 0,80 m PA4 - areia extraída e brita e pedra de mão produzidas","m",671.66]
[804035,"Corpo de BSTC D = 0,80 m PA4 - areia, brita e pedra de mão comerciais","m",730.85]
[804036,"Corpo de BSTC D = 1,00 m PA1 - areia extraída e brita e pedra de mão produzidas","m",822.54]
[804037,"Corpo de BSTC D = 1,00 m PA1 - areia, brita e pedra de mão comerciais","m",899.83]
[804038,"Corpo de BSTC D = 1,00 m PA2 - areia extraída e brita e pedra de mão produzidas","m",849.51]
[804039,"Corpo de BSTC D = 1,00 m PA2 - areia, brita e pedra de mão comerciais","m",926.8]
[804040,"Corpo de BSTC D = 1,00 m PA3 - areia extraída e brita e pedra de mão produzidas","m",894.22]
[804041,"Corpo de BSTC D = 1,00 m PA3 - areia, brita e pedra de mão comerciais","m",971.52]
[804042,"Corpo de BSTC D = 1,00 m PA4 - areia extraída e brita e pedra de mão produzidas","m",907.29]
[804043,"Corpo de BSTC D = 1,00 m PA4 - areia, brita e pedra de mão comerciais","m",984.58]
[804044,"Corpo de BSTC D = 1,20 m PA1 - areia extraída e brita e pedra de mão produzidas","m",1134.76]
[804045,"Corpo de BSTC D = 1,20 m PA1 - areia, brita e pedra de mão comerciais","m",1231.32]
[804046,"Corpo de BSTC D = 1,20 m PA2 - areia extraída e brita e pedra de mão produzidas","m",1142.8699999999999]
[804047,"Corpo de BSTC D = 1,20 m PA2 - areia, brita e pedra de mão comerciais","m",1239.43]
[804048,"Corpo de BSTC D = 1,20 m PA3 - areia extraída e brita e pedra de mão produzidas","m",1343.09]
[804049,"Corpo de BSTC D = 1,20 m PA3 - areia, brita e pedra de mão comerciais","m",1439.65]
[804050,"Corpo de BSTC D = 1,20 m PA4 - areia extraída e brita e pedra de mão produzidas","m",1496.93]
[804051,"Corpo de BSTC D = 1,20 m PA4 - areia, brita e pedra de mão comerciais","m",1593.49]
[804052,"Corpo de BSTC D = 1,50 m PA1 - areia extraída e brita e pedra de mão produzidas","m",1568.37]
[804053,"Corpo de BSTC D = 1,50 m PA1 - areia, brita e pedra de mão comerciais","m",1693.9]
[804054,"Corpo de BSTC D = 1,50 m PA2 - areia extraída e brita e pedra de mão produzidas","m",1683.3]
[804055,"Corpo de BSTC D = 1,50 m PA2 - areia, brita e pedra de mão comerciais","m",1808.82]
[804056,"Corpo de BSTC D = 1,50 m PA3 - areia extraída e brita e pedra de mão produzidas","m",1865.3]
[804057,"Corpo de BSTC D = 1,50 m PA3 - areia, brita e pedra de mão comerciais","m",1990.83]
[804058,"Corpo de BSTC D = 1,50 m PA4 - areia extraída e brita e pedra de mão produzidas","m",1884.37]
[804059,"Corpo de BSTC D = 1,50 m PA4 - areia, brita e pedra de mão comerciais","m",2009.9]
[804292,"Corpo de BTTC D = 1,00 m PA1 - areia extraída e brita e pedra de mão produzidas","m",2364.9699999999998]
[804293,"Corpo de BTTC D = 1,00 m PA1 - areia, brita e pedra de mão comerciais","m",2604.41]
[804294,"Corpo de BTTC D = 1,00 m PA2 - areia extraída e brita e pedra de mão produzidas","m",2445.88]
[804295,"Corpo de BTTC D = 1,00 m PA2 - areia, brita e pedra de mão comerciais","m",2685.32]
[804296,"Corpo de BTTC D = 1,00 m PA3 - areia extraída e brita e pedra de mão produzidas","m",2580.0300000000002]
[804297,"Corpo de BTTC D = 1,00 m PA3 - areia, brita e pedra de mão comerciais","m",2819.47]
[804298,"Corpo de BTTC D = 1,00 m PA4 - areia extraída e brita e pedra de mão produzidas","m",2619.2199999999998]
[804299,"Corpo de BTTC D = 1,00 m PA4 - areia, brita e pedra de mão comerciais","m",2858.66]
[804300,"Corpo de BTTC D = 1,20 m PA1 - areia extraída e brita e pedra de mão produzidas","m",3300.29]
[804301,"Corpo de BTTC D = 1,20 m PA1 - areia, brita e pedra de mão comerciais","m",3607.17]
[804302,"Corpo de BTTC D = 1,20 m PA2 - areia extraída e brita e pedra de mão produzidas","m",3324.6]
[804303,"Corpo de BTTC D = 1,20 m PA2 - areia, brita e pedra de mão comerciais","m",3631.47]
[804304,"Corpo de BTTC D = 1,20 m PA3 - areia extraída e brita e pedra de mão produzidas","m",3925.27]
[804305,"Corpo de BTTC D = 1,20 m PA3 - areia, brita e pedra de mão comerciais","m",4232.1400000000003]
[804306,"Corpo de BTTC D = 1,20 m PA4 - areia extraída e brita e pedra de mão produzidas","m",4386.78]
[804307,"Corpo de BTTC D = 1,20 m PA4 - areia, brita e pedra de mão comerciais","m",4693.66]
[804308,"Corpo de BTTC D = 1,50 m PA1 - areia extraída e brita e pedra de mão produzidas","m",4589.54]
[804309,"Corpo de BTTC D = 1,50 m PA1 - areia, brita e pedra de mão comerciais","m",4985.2]
[804310,"Corpo de BTTC D = 1,50 m PA2 - areia extraída e brita e pedra de mão produzidas","m",4934.3100000000004]
[804311,"Corpo de BTTC D = 1,50 m PA2 - areia, brita e pedra de mão comerciais","m",5329.97]
[804312,"Corpo de BTTC D = 1,50 m PA3 - areia extraída e brita e pedra de mão produzidas","m",5480.33]
[804313,"Corpo de BTTC D = 1,50 m PA3 - areia, brita e pedra de mão comerciais","m",5875.99]
[804314,"Corpo de BTTC D = 1,50 m PA4 - areia extraída e brita e pedra de mão produzidas","m",5537.54]
[804315,"Corpo de BTTC D = 1,50 m PA4 - areia, brita e pedra de mão comerciais","m",5933.2]
[805446,"Dentes para bueiros duplos D = 0,80 m - areia extraída e brita e pedra de mão produzidas","un",38.4]
[805447,"Dentes para bueiros duplos D = 0,80 m - areia, brita e pedra de mão comerciais","un",56.54]
[805448,"Dentes para bueiros duplos D = 1,00 m - areia extraída e brita e pedra de mão produzidas","un",46.02]
[805449,"Dentes para bueiros duplos D = 1,00 m - areia, brita e pedra de mão comerciais","un",67.760000000000005]
[805450,"Dentes para bueiros duplos D = 1,20 m - areia extraída e brita e pedra de mão produzidas","un",53.4]
[805451,"Dentes para bueiros duplos D = 1,20 m - areia, brita e pedra de mão comerciais","un",78.540000000000006]
[805452,"Dentes para bueiros duplos D = 1,50 m - areia extraída e brita e pedra de mão produzidas","un",62.53]
[805453,"Dentes para bueiros duplos D = 1,50 m - areia, brita e pedra de mão comerciais","un",92.39]
[805434,"Dentes para bueiros simples D = 0,40 m - areia extraída e brita e pedra de mão produzidas","un",13.01]
[805435,"Dentes para bueiros simples D = 0,40 m - areia, brita e pedra de mão comerciais","un",18.489999999999998]
[805436,"Dentes para bueiros simples D = 0,60 m - areia extraída e brita e pedra de mão produzidas","un",15.26]
[805437,"Dentes para bueiros simples D = 0,60 m - areia, brita e pedra de mão comerciais","un",22.44]
[805438,"Dentes para bueiros simples D = 0,80 m - areia extraída e brita e pedra de mão produzidas","un",20.64]
[805439,"Dentes para bueiros simples D = 0,80 m - areia, brita e pedra de mão comerciais","un",29.71]
[805440,"Dentes para bueiros simples D = 1,00 m - areia extraída e brita e pedra de mão produzidas","un",23.14]
[805441,"Dentes para bueiros simples D = 1,00 m - areia, brita e pedra de mão comerciais","un",34.1]
[805442,"Dentes para bueiros simples D = 1,20 m - areia extraída e brita e pedra de mão produzidas","un",28.02]
[805443,"Dentes para bueiros simples D = 1,20 m - areia, brita e pedra de mão comerciais","un",40.5]
[805444,"Dentes para bueiros simples D = 1,50 m - areia extraída e brita e pedra de mão produzidas","un",31.26]
[805445,"Dentes para bueiros simples D = 1,50 m - areia, brita e pedra de mão comerciais","un",46.19]
[805454,"Dentes para bueiros triplos D = 1,00 m - areia extraída e brita e pedra de mão produzidas","un",69.16]
[805455,"Dentes para bueiros triplos D = 1,00 m - areia, brita e pedra de mão comerciais","un",101.85]
[805456,"Dentes para bueiros triplos D = 1,20 m - areia extraída e brita e pedra de mão produzidas","un",78.540000000000006]
[805457,"Dentes para bueiros triplos D = 1,20 m - areia, brita e pedra de mão comerciais","un",116.14]
[805458,"Dentes para bueiros triplos D = 1,50 m - areia extraída e brita e pedra de mão produzidas","un",94.04]
[805459,"Dentes para bueiros triplos D = 1,50 m - areia, brita e pedra de mão comerciais","un",139.02000000000001]
[909620,"Alvenaria de blocos de concreto 19 x 19 x 39 cm com espessura de 20 cm com argamassa traço 1:0,5:3,5 - areia comercial","m²",117.5]
[909621,"Alvenaria de blocos de concreto 19 x 19 x 39 cm com espessura de 20 cm com argamassa traço 1:0,5:3,5 - areia extraída","m²",115.48]
[903802,"Bacia de contenção para tanque de emulsão de 30.000 l - inclusive demolição","un",14852.16]
[919113,"Canaleta perfil cartola 50 x 70 x 3 mm - aba 20 mm","m",145.66999999999999]
[903788,"Chapisco com argamassa de cimento e areia 1:3 - aplicação manual","m²",4.25]
[919247,"Cobertura em chapas zincadas com espessura de 0,43 mm - utilização 2 vezes","m²",36.799999999999997]
[919016,"Depósito de óleo para oficina - inclusive demolição","un",7483.63]
[919078,"Dique de contenção para usina de asfalto a quente - inclusive demolição","un",36841.269999999997]
[903789,"Emboço com argamassa de cimento, cal hidratada e areia 1:2:8 com espessura de 2 cm - aplicação manual","m²",31.47]
[919250,"Fornecimento e instalação de extintor de espuma 10 l","un",582.17999999999995]
[903807,"Instalação da central de britagem com capacidade de 80 m³/h","un",105724.01]
[903806,"Instalação da central de concreto com capacidade de 150 m³/h","un",177576.91]
[903804,"Instalação da central de concreto com capacidade de 30 m³/h","un",66042.27]
[903805,"Instalação da central de concreto com capacidade de 40 m³/h","un",76516.63]
[903810,"Instalação da usina de asfalto a quente capacidade de 120 t/h","un",189306.2]
[903809,"Instalação da usina de pré-misturado a frio com capacidade de 60 t/h","un",120718.92]
[903808,"Instalação da usina misturadora de solos com capacidade de 300 t/h","un",110801.75]
[903845,"Lastro de brita comercial - espalhamento mecânico","m³",166.6]
[919009,"Montagem e desmontagem da central de britagem com capacidade de 80 m³/h - inclusive construção de aterro, construção e demolição de rampa e bases","un",62838.080000000002]
[919007,"Montagem e desmontagem da central de concreto com capacidade de 150 m³/h - inclusive construção e demolição de bases, rampas e depósitos de agregados","un",117059.8]
[919011,"Montagem e desmontagem da central de concreto com capacidade de 30 m³/h - inclusive construção e demolição de bases, rampas e depósitos de agregados","un",33074.6]
[919246,"Montagem e desmontagem da central de concreto com capacidade de 40 m³/h - inclusive construção e demolição de bases, rampas e depósitos de agregados","un",45412.86]
[919013,"Montagem e desmontagem da usina de asfalto a quente com capacidade de 120 t/h - inclusive construção e demolição de bases, rampas, depósitos de agregados e dique de contenção","un",128000.93]
[919008,"Montagem e desmontagem da usina de pré-misturado a frio com capacidade de 60 t/h - inclusive construção e demolição de bases, rampas, depósitos de agregados e bacia de contenção","un",91707.32]
[919012,"Montagem e desmontagem da usina misturadora de solos com capacidade de 300 t/h - inclusive construção e demolição de bases, rampas e depósitos de agregados","un",59324.49]
[903848,"Muro em alvenaria de blocos de concreto com espessura de 0,20 m h = 1,0 m","m",164.87]
[919002,"Posto de combustível - com reaproveitamento de 2 vezes do tanque/bomba/cobertura - inclusive demolição","un",37980.379999999997]
[919210,"Rampa de lavagem - inclusive demolição","un",21833.16]
[909612,"Rampa para acesso do misturador de agregados para centrais de 30 m³ e 40 m³ - inclusive demolição","un",12517.92]
[909613,"Rampa para acesso do misturador de agregados para central de 150 m³ - inclusive demolição","un",20609.61]
[909614,"Rampa para acesso do misturador de agregados para central de britagem - inclusive demolição","un",45563.11]
[909616,"Rampa para acesso do misturador de agregados para PMF - inclusive demolição","un",35814.400000000001]
[909617,"Rampa para acesso do misturador de agregados para usina de asfalto a quente - inclusive demolição","un",21141.759999999998]
[909615,"Rampa para acesso do misturador de agregados para usina de solos - inclusive demolição","un",16251.65]
[903860,"Selador acrílico - camada de fundo com aplicação manual","m²",2.91]
[919101,"Sistema separador água e óleo, inclusive demolição","un",1777.42]
[903818,"Tinta látex - duas camadas com aplicação manual","m²",15.42]
[1100657,"Adensamento de concreto por vibrador de imersão","m³",3.2]
[1108055,"Argamassa autoadensável para reparos e grauteamento - confecção em misturador e lançamento manual","m³",3449.87]
[1109665,"Argamassa de cimento e areia 1:1 - confecção em betoneira e lançamento manual - areia comercial","m³",775.95]
[1109664,"Argamassa de cimento e areia 1:1 - confecção em betoneira e lançamento manual - areia extraída","m³",696.66]
[1109667,"Argamassa de cimento e areia 1:2 - confecção em betoneira e lançamento manual - areia comercial","m³",615.15]
[1109666,"Argamassa de cimento e areia 1:2 - confecção em betoneira e lançamento manual - areia extraída","m³",477.74]
[1109669,"Argamassa de cimento e areia 1:3 - confecção em betoneira e lançamento manual - areia comercial","m³",535.61]
[1109668,"Argamassa de cimento e areia 1:3 - confecção em betoneira e lançamento manual - areia extraída","m³",370.77]
[1108060,"Argamassa de cimento e areia 1:3 com 8% de microssílica - confecção em betoneira e lançamento manual - areia comercial","m³",609.94000000000005]
[1109626,"Argamassa de cimento e areia 1:3 com 8% de microssílica - confecção em betoneira e lançamento manual - areia extraída","m³",449.68]
[1109671,"Argamassa de cimento e areia 1:4 - confecção em betoneira e lançamento manual - areia comercial","m³",496.42]
[1109670,"Argamassa de cimento e areia 1:4 - confecção em betoneira e lançamento manual - areia extraída","m³",315.62]
[1109672,"Argamassa de cimento e areia com aditivo aglutinante 1:8 - confecção em betoneira e lançamento manual - areia comercial","m³",419.79]
[1109624,"Argamassa de cimento e areia com aditivo aglutinante 1:8 - confecção em betoneira e lançamento manual - areia extraída","m³",211.46]
[1109622,"Argamassa de cimento, cal hidratada e areia 1:0,5:3,5 - confecção em betoneira e lançamento manual - areia comercial","m³",481.36]
[1109623,"Argamassa de cimento, cal hidratada e areia 1:0,5:3,5 - confecção em betoneira e lançamento manual - areia extraída","m³",346.66]
[1109697,"Argamassa de cimento, cal hidratada e areia 1:0,5:8 - confecção em betoneira e lançamento manual - areia comercial","m³",381.9]
[1109698,"Argamassa de cimento, cal hidratada e areia 1:0,5:8 - confecção em betoneira e lançamento manual - areia extraída","m³",211.31]
[1109679,"Argamassa de cimento, cal hidratada e areia 1:1:6 - confecção em betoneira e lançamento manual - areia comercial","m³",428.08]
[1109625,"Argamassa de cimento, cal hidratada e areia 1:1:6 - confecção em betoneira e lançamento manual - areia extraída","m³",273.33999999999997]
[1109678,"Argamassa de cimento, cal hidratada e areia 1:2:10 - confecção em betoneira e lançamento manual - areia comercial","m³",399.28]
[1109694,"Argamassa de cimento, cal hidratada e areia 1:2:10 - confecção em betoneira e lançamento manual - areia extraída","m³",233.39]
[1109673,"Argamassa de cimento, cal hidratada e areia 1:2:6 - confecção em betoneira e lançamento manual - areia comercial","m³",460.93]
[1109690,"Argamassa de cimento, cal hidratada e areia 1:2:6 - confecção em betoneira e lançamento manual - areia extraída","m³",316.44]
[1109674,"Argamassa de cimento, cal hidratada e areia 1:2:7 - confecção em betoneira e lançamento manual - areia comercial","m³",440.18]
[1109691,"Argamassa de cimento, cal hidratada e areia 1:2:7 - confecção em betoneira e lançamento manual - areia extraída","m³",288.48]
[1109675,"Argamassa de cimento, cal hidratada e areia 1:2:8 - confecção em betoneira e lançamento manual - areia comercial","m³",423.63]
[1109692,"Argamassa de cimento, cal hidratada e areia 1:2:8 - confecção em betoneira e lançamento manual - areia extraída","m³",266.20999999999998]
[1109676,"Argamassa de cimento, cal hidratada e areia 1:2:9 - confecção em betoneira e lançamento manual - areia comercial","m³",410.24]
[1109693,"Argamassa de cimento, cal hidratada e areia 1:2:9 - confecção em betoneira e lançamento manual - areia extraída","m³",248.19]
[1109680,"Argamassa para reparos e grauteamento - confecção em misturador e lançamento manual","m³",3394.68]
[1107748,"Argamassa polimérica de alto desempenho projetada para reparos superficiais e reforços estruturais - confecção em misturador e lançamento projetado","m³",10676.33]
[1110000,"Concreto","m³",0]
[1106059,"Concreto autoadensável com silicato de alumínio fck = 20 MPa - confecção em betoneira e lançamento manual - areia e brita comerciais","m³",609.82000000000005]
[1106060,"Concreto autoadensável com silicato de alumínio fck = 20 MPa - confecção em betoneira e lançamento manual - areia extraída e brita produzida","m³",429.96]
[1100658,"Concreto autoadensável com silicato de alumínio fck = 20 MPa - confecção em central dosadora de 30 m³/h - areia e brita comerciais","m³",534.19000000000005]
[1106159,"Concreto autoadensável com silicato de alumínio fck = 25 MPa - confecção em central dosadora de 30 m³/h - areia e brita comerciais","m³",564.29999999999995]
[1107902,"Concreto autoadensável com silicato de alumínio fck = 30 MPa - confecção em central dosadora de 30 m³/h - areia e brita comerciais","m³",597.91]
[1107906,"Concreto autoadensável com silicato de alumínio fck = 35 MPa - confecção em central dosadora de 30 m³/h - areia e brita comerciais","m³",635.47]
[1107910,"Concreto autoadensável com silicato de alumínio fck = 40 MPa - confecção em central dosadora de 30 m³/h - areia e brita comerciais","m³",677.46]
[1107911,"Concreto autoadensável com silicato de alumínio fck = 45 MPa - confecção em central dosadora de 30 m³/h - areia e brita comerciais","m³",724.38]
[1107912,"Concreto autoadensável com silicato de alumínio fck = 50 MPa - confecção em central dosadora de 30 m³/h - areia e brita comerciais","m³",791.84]
[1106164,"Concreto ciclópico fck = 20 MPa - confecção em betoneira e lançamento manual - areia extraída, brita e pedra de mão produzidas","m³",249.3]
[1106165,"Concreto ciclópico fck = 20 MPa - confecção em betoneira e lançamento manual - areia, brita e pedra de mão comerciais","m³",438.27]
[1106156,"Concreto com 10% de microssílica fck = 45 MPa - confecção em central dosadora de 30 m³/h - areia e brita comerciais","m³",585.82000000000005]
[1107932,"Concreto com 10% de microssílica fck = 50 MPa - confecção em central dosadora de 30 m³/h - areia e brita comerciais","m³",621.11]
[1108111,"Concreto com 8% de microssílica fck = 25 MPa - confecção em central dosadora de 30 m³/h - areia e brita comerciais","m³",485.28]
[1108112,"Concreto com 8% de microssílica fck = 30 MPa - confecção em central dosadora de 30 m³/h - areia e brita comerciais","m³",495.98]
[1108113,"Concreto com 8% de microssílica fck = 35 MPa - confecção em central dosadora de 30 m³/h - areia e brita comerciais","m³",520.71]
[1108114,"Concreto com 8% de microssílica fck = 40 MPa - confecção em central dosadora de 30 m³/h - areia e brita comerciais","m³",548.30999999999995]
[1108061,"Concreto com látex SBR fck = 25 MPa - confecção em betoneira e lançamento manual - areia e brita comerciais","m³",925.71]
[1108064,"Concreto com látex SBR fck = 30 MPa - confecção em betoneira e lançamento manual - areia e brita comerciais","m³",995.96]
[1107888,"Concreto fck = 15 MPa - confecção em betoneira e lançamento manual - areia e brita comerciais","m³",475.53]
[1107889,"Concreto fck = 15 MPa - confecção em betoneira e lançamento manual - areia extraída e brita produzida","m³",288.08]
[1107892,"Concreto fck = 20 MPa - confecção em betoneira e lançamento manual - areia e brita comerciais","m³",492.89]
[1107891,"Concreto fck = 20 MPa - confecção em betoneira e lançamento manual - areia extraída e brita produzida","m³",308.19]
[1107928,"Concreto fck = 20 MPa - confecção em central dosadora de 30 m³/h - areia e brita comerciais","m³",435.46]
[1107929,"Concreto fck = 20 MPa - confecção em central dosadora de 30 m³/h - areia extraída e brita produzida","m³",250.07]
[1106109,"Concreto fck = 20 MPa - confecção em central dosadora de 40 m³/h - areia e brita comerciais","m³",420.3]
[1106117,"Concreto fck = 20 MPa - confecção em central dosadora de 40 m³/h - areia extraída e brita produzida","m³",234.9]
[1107896,"Concreto fck = 25 MPa - confecção em betoneira e lançamento manual - areia e brita comerciais","m³",512.36]
[1107895,"Concreto fck = 25 MPa - confecção em betoneira e lançamento manual - areia extraída e brita produzida","m³",330.73]
[1119528,"Concreto fck = 25 MPa - confecção em central dosadora de 30 m³/h - areia e brita comerciais","m³",448.45]
[1106135,"Concreto fck = 25 MPa - confecção em central dosadora de 30 m³/h - areia extraída e brita produzida","m³",265.17]
[1106136,"Concreto fck = 25 MPa - confecção em central dosadora de 40 m³/h - areia e brita comerciais","m³",432.36]
[1106137,"Concreto fck = 25 MPa - confecção em central dosadora de 40 m³/h - areia extraída e brita produzida","m³",249.09]
[1116127,"Concreto fck = 25 MPa para pré-moldados (mourões) - confecção em betoneira e lançamento manual - areia e brita comerciais","m³",528.37]
[1116126,"Concreto fck = 25 MPa para pré-moldados (mourões) - confecção em betoneira e lançamento manual - areia extraída e brita produzida","m³",356]
[1107900,"Concreto fck = 30 MPa - confecção em betoneira e lançamento manual - areia e brita comerciais","m³",534.04]
[1107899,"Concreto fck = 30 MPa - confecção em betoneira e lançamento manual - areia extraída e brita produzida","m³",355.85]
[1107890,"Concreto fck = 30 MPa - confecção em central dosadora de 30 m³/h - areia e brita comerciais","m³",465.38]
[1106138,"Concreto fck = 30 MPa - confecção em central dosadora de 30 m³/h - areia extraída e brita produzida","m³",284.89]
[1106139,"Concreto fck = 30 MPa - confecção em central dosadora de 40 m³/h - areia e brita comerciais","m³",448.17]
[1106140,"Concreto fck = 30 MPa - confecção em central dosadora de 40 m³/h - areia extraída e brita produzida","m³",267.67]
[1107904,"Concreto fck = 35 MPa - confecção em betoneira e lançamento manual - areia e brita comerciais","m³",558.30999999999995]
[1107903,"Concreto fck = 35 MPa - confecção em betoneira e lançamento manual - areia extraída e brita produzida","m³",383.97]
[1107908,"Concreto fck = 40 MPa - confecção em betoneira e lançamento manual - areia e brita comerciais","m³",585.35]
[1107907,"Concreto fck = 40 MPa - confecção em betoneira e lançamento manual - areia extraída e brita produzida","m³",415.31]
[1107871,"Concreto fctm,k = 4,5 MPa - confecção em central dosadora de 30 m³/h - areia e brita comerciais","m³",496.32]
[1107870,"Concreto fctm,k = 4,5 MPa - confecção em central dosadora de 30 m³/h - areia extraída e brita produzida","m³",319.49]
[1106057,"Concreto magro - confecção em betoneira e lançamento manual - areia e brita comerciais","m³",478.6]
[1106058,"Concreto magro - confecção em betoneira e lançamento manual - areia extraída e brita produzida","m³",300.97000000000003]
[1106380,"Concreto para bombeamento fck = 25 MPa - confecção em central dosadora de 30 m³/h - areia e brita comerciais","m³",470.97]
[1106378,"Concreto para bombeamento fck = 25 MPa - confecção em central dosadora de 30 m³/h - areia extraída e brita produzida","m³",296.67]
[1116263,"Concreto para bombeamento fck = 25 MPa - confecção em central dosadora de 40 m³/h - areia e brita comerciais","m³",452.97]
[1116267,"Concreto para bombeamento fck = 25 MPa - confecção em central dosadora de 40 m³/h - areia extraída e brita produzida","m³",278.67]
[1106280,"Concreto para bombeamento fck = 30 MPa - confecção em central dosadora de 30 m³/h - areia e brita comerciais","m³",490.9]
[1106289,"Concreto para bombeamento fck = 30 MPa - confecção em central dosadora de 30 m³/h - areia extraída e brita produzida","m³",319.83999999999997]
[1116264,"Concreto para bombeamento fck = 30 MPa - confecção em central dosadora de 40 m³/h - areia e brita comerciais","m³",471.58]
[1116268,"Concreto para bombeamento fck = 30 MPa - confecção em central dosadora de 40 m³/h - areia extraída e brita produzida","m³",300.52]
[1106281,"Concreto para bombeamento fck = 35 MPa - confecção em central dosadora de 30 m³/h - areia e brita comerciais","m³",516.59]
[1106382,"Concreto para bombeamento fck = 35 MPa - confecção em central dosadora de 30 m³/h - areia extraída e brita produzida","m³",349.68]
[1116265,"Concreto para bombeamento fck = 35 MPa - confecção em central dosadora de 40 m³/h - areia e brita comerciais","m³",495.49]
[1116269,"Concreto para bombeamento fck = 35 MPa - confecção em central dosadora de 40 m³/h - areia extraída e brita produzida","m³",328.58]
[1106282,"Concreto para bombeamento fck = 40 MPa - confecção em central dosadora de 30 m³/h - areia e brita comerciais","m³",545.25]
[1106384,"Concreto para bombeamento fck = 40 MPa - confecção em central dosadora de 30 m³/h - areia extraída e brita produzida","m³",382.99]
[1116266,"Concreto para bombeamento fck = 40 MPa - confecção em central dosadora de 40 m³/h - areia e brita comerciais","m³",522.21]
[1116270,"Concreto para bombeamento fck = 40 MPa - confecção em central dosadora de 40 m³/h - areia extraída e brita produzida","m³",359.95]
[1107868,"Concreto para sub-base adensado por vibração fck = 7,5 MPa - confecção em central dosadora de 30 m³/h - areia e brita comerciais","m³",392.38]
[1107869,"Concreto para sub-base adensado por vibração fck = 7,5 MPa - confecção em central dosadora de 30 m³/h - areia extraída e brita produzida","m³",199.92]
[1103853,"Concreto poroso para tubos de drenagem fck = 25 MPa - confecção em betoneira e lançamento manual - areia e brita comerciais","m³",449.32]
[1103852,"Concreto poroso para tubos de drenagem fck = 25 MPa - confecção em betoneira e lançamento manual - areia extraída e brita produzida","m³",341.72]
[1106284,"Concreto submerso fck = 20 MPa - confecção em central dosadora de 30 m³/h - areia e brita comerciais","m³",482.45]
[1108116,"Concreto submerso fck = 25 MPa - confecção em central dosadora de 30 m³/h - areia e brita comerciais","m³",489.06]
[1108118,"Concreto submerso fck = 30 MPa - confecção em central dosadora de 30 m³/h - areia e brita comerciais","m³",516.05999999999995]
[1106158,"Concreto submerso fck = 35 MPa - confecção em central dosadora de 30 m³/h - areia e brita comerciais","m³",544.28]
[1108120,"Concreto submerso fck = 40 MPa - confecção em central dosadora de 30 m³/h - areia e brita comerciais","m³",575.82000000000005]
[1106050,"Lançamento livre de concreto usinado por meio de caminhão betoneira - confecção em central dosadora de 30 m³/h","m³",45.89]
[1106051,"Lançamento livre de concreto usinado por meio de caminhão betoneira - confecção em central dosadora de 40 m³/h","m³",38.36]
[1106061,"Lançamento manual de concreto usinado - confecção em central dosadora de 30 m³/h","m³",52.95]
[1106087,"Lançamento manual de concreto usinado - confecção em central dosadora de 40 m³/h","m³",45.65]
[1107860,"Lançamento mecânico de concreto com bomba lança sobre chassi com capacidade de 50 m³/h - confecção em central dosadora de 40 m³/h","m³",53.76]
[1106088,"Lançamento mecânico de concreto com bomba rebocável com capacidade de 30 m³/h - confecção em central dosadora de 30 m³/h","m³",56.45]
[1106128,"Lançamento mecânico de concreto com bomba rebocável com capacidade de 41 m³/h - confecção em central dosadora de 40 m³/h","m³",46.48]
[1108056,"Microconcreto autoadensável para reparos e grauteamento - confecção em misturador e lançamento manual","m³",2995.23]
[1108059,"Microconcreto para reparos e grauteamento - confecção em misturador e lançamento manual","m³",3085.82]
[1207700,"Concreto fck = 20 MPa para projeção via seca - confecção em betoneira - areia e brita comerciais","m³",598.80999999999995]
[1207701,"Concreto fck = 25 MPa para projeção via seca - confecção em betoneira - areia e brita comerciais","m³",632.79999999999995]
[1207702,"Concreto fck = 30 MPa para projeção via seca - confecção em betoneira - areia e brita comerciais","m³",670.84]
[1207708,"Concreto fck = 30 MPa para projeção via úmida - confecção em central dosadora de 30 m³/h - areia e brita comerciais","m³",614.51]
[1207703,"Concreto fck = 40 MPa para projeção via seca - confecção em betoneira - areia e brita comerciais","m³",760.94]
[1207709,"Concreto fck = 40 MPa para projeção via úmida - confecção em central dosadora de 30 m³/h - areia e brita comerciais","m³",697.17]
[1207710,"Concreto projetado via seca fck = 20 MPa aplicado em pisos","m³",907]
[1207711,"Concreto projetado via seca fck = 20 MPa aplicado em superfícies inclinadas e verticais","m³",1130.1600000000001]
[1207713,"Concreto projetado via seca fck = 20 MPa aplicado em teto","m³",1706.18]
[1207714,"Concreto projetado via seca fck = 25 MPa aplicado em pisos","m³",946.99]
[1207715,"Concreto projetado via seca fck = 25 MPa aplicado em superfícies inclinadas e verticais","m³",1178.72]
[1207717,"Concreto projetado via seca fck = 25 MPa aplicado em teto","m³",1774.16]
[1207718,"Concreto projetado via seca fck = 30 MPa aplicado em pisos","m³",991.74]
[1207719,"Concreto projetado via seca fck = 30 MPa aplicado em superfícies inclinadas e verticais","m³",1233.06]
[1207721,"Concreto projetado via seca fck = 30 MPa aplicado em teto","m³",1850.24]
[1207722,"Concreto projetado via seca fck = 40 MPa aplicado em pisos","m³",1097.74]
[1207723,"Concreto projetado via seca fck = 40 MPa aplicado em superfícies inclinadas e verticais","m³",1361.78]
[1207725,"Concreto projetado via seca fck = 40 MPa via seca aplicado em teto","m³",2030.44]
[1207728,"Concreto projetado via úmida fck = 30 MPa aplicado em túneis classe I com seção de 20 a 40 m²","m³",887.74]
[1207727,"Concreto projetado via úmida fck = 30 MPa aplicado em túneis classe I com seção de 40 a 60 m²","m³",869.63]
[1207726,"Concreto projetado via úmida fck = 30 MPa aplicado em túneis classe I com seção de 60 a 90 m²","m³",855.16]
[1208329,"Concreto projetado via úmida fck = 30 MPa aplicado em túneis classe I com seção superior a 90 m²","m³",838.49]
[1207685,"Concreto projetado via úmida fck = 30 MPa aplicado em túneis classe II com seção de 20 a 40 m²","m³",931.56]
[1207684,"Concreto projetado via úmida fck = 30 MPa aplicado em túneis classe II com seção de 40 a 60 m²","m³",907.65]
[1207683,"Concreto projetado via úmida fck = 30 MPa aplicado em túneis classe II com seção de 60 a 90 m²","m³",889.42]
[1208337,"Concreto projetado via úmida fck = 30 MPa aplicado em túneis classe II com seção superior a 90 m²","m³",870.04]
[1207691,"Concreto projetado via úmida fck = 30 MPa aplicado em túneis classe III com seção de 20 a 40 m²","m³",983.94]
[1207690,"Concreto projetado via úmida fck = 30 MPa aplicado em túneis classe III com seção de 40 a 60 m²","m³",951.37]
[1207689,"Concreto projetado via úmida fck = 30 MPa aplicado em túneis classe III com seção de 60 a 90 m²","m³",923.99]
[1208345,"Concreto projetado via úmida fck = 30 MPa aplicado em túneis classe III com seção superior a 90 m²","m³",901.42]
[1207697,"Concreto projetado via úmida fck = 30 MPa aplicado em túneis classe IV com seção de 20 a 40 m²","m³",1049.29]
[1207696,"Concreto projetado via úmida fck = 30 MPa aplicado em túneis classe IV com seção de 40 a 60 m²","m³",1002.75]
[1207695,"Concreto projetado via úmida fck = 30 MPa aplicado em túneis classe IV com seção de 60 a 90 m²","m³",971.08]
[1208353,"Concreto projetado via úmida fck = 30 MPa aplicado em túneis classe IV com seção superior a 90 m²","m³",939.25]
[1207663,"Concreto projetado via úmida fck = 30 MPa aplicado em túneis classe V com seção de 20 a 40 m²","m³",1194.81]
[1207662,"Concreto projetado via úmida fck = 30 MPa aplicado em túneis classe V com seção de 40 a 60 m²","m³",1166.48]
[1207661,"Concreto projetado via úmida fck = 30 MPa aplicado em túneis classe V com seção de 60 a 90 m²","m³",1143.82]
[1208361,"Concreto projetado via úmida fck = 30 MPa aplicado em túneis classe V com seção superior a 90 m²","m³",1109.82]
[1207669,"Concreto projetado via úmida fck = 30 MPa aplicado em túneis classe VI com seção de 20 a 40 m²","m³",1323.93]
[1207668,"Concreto projetado via úmida fck = 30 MPa aplicado em túneis classe VI com seção de 40 a 60 m²","m³",1288.77]
[1207667,"Concreto projetado via úmida fck = 30 MPa aplicado em túneis classe VI com seção de 60 a 90 m²","m³",1236.01]
[1208369,"Concreto projetado via úmida fck = 30 MPa aplicado em túneis classe VI com seção superior a 90 m²","m³",1183.26]
[1207682,"Concreto projetado via úmida fck = 40 MPa aplicado em túneis classe I com seção de 20 a 40 m²","m³",984.98]
[1207681,"Concreto projetado via úmida fck = 40 MPa aplicado em túneis classe I com seção de 40 a 60 m²","m³",966.88]
[1207729,"Concreto projetado via úmida fck = 40 MPa aplicado em túneis classe I com seção de 60 a 90 m²","m³",952.4]
[1208333,"Concreto projetado via úmida fck = 40 MPa aplicado em túneis classe I com seção superior a 90 m²","m³",935.73]
[1207688,"Concreto projetado via úmida fck = 40 MPa aplicado em túneis classe II com seção de 20 a 40 m²","m³",1031.76]
[1207687,"Concreto projetado via úmida fck = 40 MPa aplicado em túneis classe II com seção de 40 a 60 m²","m³",1007.84]
[1207686,"Concreto projetado via úmida fck = 40 MPa aplicado em túneis classe II com seção de 60 a 90 m²","m³",989.61]
[1208341,"Concreto projetado via úmida fck = 40 MPa aplicado em túneis classe II com seção superior a 90 m²","m³",970.23]
[1207694,"Concreto projetado via úmida fck = 40 MPa aplicado em túneis classe III com seção de 20 a 40 m²","m³",1087.26]
[1207693,"Concreto projetado via úmida fck = 40 MPa aplicado em túneis classe III com seção de 40 a 60 m²","m³",1054.7]
[1207692,"Concreto projetado via úmida fck = 40 MPa aplicado em túneis classe III com seção de 60 a 90 m²","m³",1027.31]
[1208349,"Concreto projetado via úmida fck = 40 MPa aplicado em túneis classe III com seção superior a 90 m²","m³",1004.75]
[1207660,"Concreto projetado via úmida fck = 40 MPa aplicado em túneis classe IV com seção de 20 a 40 m²","m³",1155.95]
[1207699,"Concreto projetado via úmida fck = 40 MPa aplicado em túneis classe IV com seção de 40 a 60 m²","m³",1109.4000000000001]
[1207698,"Concreto projetado via úmida fck = 40 MPa aplicado em túneis classe IV com seção de 60 a 90 m²","m³",1077.74]
[1208357,"Concreto projetado via úmida fck = 40 MPa aplicado em túneis classe IV com seção superior a 90 m²","m³",1045.9100000000001]
[1207666,"Concreto projetado via úmida fck = 40 MPa aplicado em túneis classe V com seção de 20 a 40 m²","m³",1305.03]
[1207665,"Concreto projetado via úmida fck = 40 MPa aplicado em túneis classe V com seção de 40 a 60 m²","m³",1276.7]
[1207664,"Concreto projetado via úmida fck = 40 MPa aplicado em túneis classe V com seção de 60 a 90 m²","m³",1254.03]
[1208365,"Concreto projetado via úmida fck = 40 MPa aplicado em túneis classe V com seção superior a 90 m²","m³",1220.04]
[1207672,"Concreto projetado via úmida fck = 40 MPa aplicado em túneis classe VI com seção de 20 a 40 m²","m³",1437.95]
[1207671,"Concreto projetado via úmida fck = 40 MPa aplicado em túneis classe VI com seção de 40 a 60 m²","m³",1402.78]
[1207670,"Concreto projetado via úmida fck = 40 MPa aplicado em túneis classe VI com seção de 60 a 90 m²","m³",1350.03]
[1208373,"Concreto projetado via úmida fck = 40 MPa aplicado em túneis classe VI com seção superior a 90 m²","m³",1297.27]
[1400976,"Corte a plasma CNC em chapa com espessura de 6,3 a 10 mm","m",4.76]
[1400970,"Corte a plasma manual em chapa de aço-carbono com espessura de 4 a 8 mm","m",2.27]
[1400971,"Corte a plasma manual em chapa de aço-carbono com espessura de 9 a 25 mm","m",9.93]
[1400972,"Corte a plasma manual em chapa de alumínio com espessura de 1,5 mm","m",2.2200000000000002]
[1416201,"Corte de barras de aço CA-50 com maçarico oxiacetileno","cm²",0.2]
[1400969,"Corte de cantoneira de alumínio","un",0.15]
[1400975,"Corte de chapa de aço com guilhotina hidráulica","m",4.03]
[1416141,"Corte de chapas de aço com espessura de 12,5 mm com maçarico oxiacetileno","m",3.3]
[1416142,"Corte de chapas de aço com espessura de 16 mm com maçarico oxiacetileno","m",5.04]
[1400973,"Corte de chapas de aço com espessura de 3 mm com maçarico oxiacetileno","m",1.47]
[1400974,"Corte de chapas de aço com espessura de 5 mm com maçarico oxiacetileno","m",1.7]
[1416139,"Corte de chapas de aço com espessura de 6,3 mm com maçarico oxiacetileno","m",1.89]
[1416202,"Corte de chapas de aço com espessura de 8 mm com maçarico oxiacetileno","m",2.17]
[1416140,"Corte de chapas de aço com espessura de 9,5 mm com maçarico oxiacetileno","m",2.4700000000000002]
[1419543,"Corte de perfil metálico com máquina policorte com espessura de até 1/8\"","un",0.19]
[1408173,"Corte de perfis metálicos com maçarico oxiacetileno","cm²",0.05]
[1407063,"Corte de trilho TR45 com utilização de equipamento leve","un",7.47]
[1407064,"Corte de trilho TR57 com utilização de equipamento leve","un",7.7]
[1407065,"Corte de trilho TR68 com utilização de equipamento leve","un",7.88]
[1407066,"Corte de trilho UIC60 com utilização de equipamento leve","un",7.76]
[1400977,"Dobramento de chapas metálicas com espessuras de 6,3 a 10 mm","m",3.35]
[1407067,"Furação de trilho TR45 com utilização de equipamento leve","un",2.41]
[1407068,"Furação de trilho TR57 com utilização de equipamento leve","un",2.71]
[1407069,"Furação de trilho TR68 com utilização de equipamento leve","un",2.94]
[1407070,"Furação de trilho UIC60 com utilização de equipamento leve","un",2.8]
[1416257,"Solda com maçarico oxiacetileno de chapas de aço de 12,5 mm","m",236.36]
[1416253,"Solda com maçarico oxiacetileno de chapas de aço de 16 mm","m",530.13]
[1416254,"Solda com maçarico oxiacetileno de chapas de aço de 6,3 mm","m",46.91]
[1416255,"Solda com maçarico oxiacetileno de chapas de aço de 8 mm","m",81.2]
[1416256,"Solda com maçarico oxiacetileno de chapas de aço de 9,5 mm","m",124]
[1408028,"Solda elétrica manual de perfis metálicos e chapas de aço com eletrodo E70XX para beneficiamento de aço naval","kg",220.27]
[1408027,"Solda tipo MIG/MAG automatizada","kg",118.93]
[1400978,"Solda tipo MIG/MAG manual","kg",197.16]
[1513941,"Contenção em areia-cimento ensacada com mistura de areia com 8% de cimento - confecção e assentamento","m³",525.39]
[1513940,"Contenção em solo-cimento ensacado com mistura de solo de jazida com 8% de cimento - confecção e assentamento","m³",332.42]
[1505879,"Enrocamento de pedra arrumada manualmente - pedra de mão comercial - fornecimento e assentamento","m³",304.41000000000003]
[1505878,"Enrocamento de pedra arrumada manualmente - pedra de mão produzida - confecção e assentamento","m³",168.25]
[1505877,"Enrocamento de pedra espalhada e compactada mecanicamente - pedra de mão comercial - fornecimento e assentamento","m³",207.54]
[1505860,"Enrocamento de pedra jogada - pedra de mão comercial - fornecimento e assentamento","m³",204.88]
[1505859,"Enrocamento de pedra jogada - pedra de mão produzida - confecção e assentamento","m³",91.42]
[1516204,"Fabricação de blocos segmentais de face pré-moldados - C = 40 cm, L = 40 cm e H = 20 cm - massa de 25 kg","un",6.19]
[1516312,"Geocélula em PEAD, paredes perfuradas, soldadas - altura de 100 mm e 1.206 cm² de área de célula - fornecimento e instalação","m²",40.78]
[1516304,"Geocélula em PEAD, paredes perfuradas, soldadas - altura de 100 mm e 289 cm² de área de célula - fornecimento e instalação","m²",52.24]
[1516308,"Geocélula em PEAD, paredes perfuradas, soldadas - altura de 100 mm e 460 cm² de área de célula - fornecimento e instalação","m²",42.87]
[1516313,"Geocélula em PEAD, paredes perfuradas, soldadas - altura de 150 mm e 1.206 cm² de área de célula - fornecimento e instalação","m²",48.55]
[1516305,"Geocélula em PEAD, paredes perfuradas, soldadas - altura de 150 mm e 289 cm² de área de célula - fornecimento e instalação","m²",62.78]
[1516309,"Geocélula em PEAD, paredes perfuradas, soldadas - altura de 150 mm e 460 cm² de área de célula - fornecimento e instalação","m²",51.44]
[1516314,"Geocélula em PEAD, paredes perfuradas, soldadas - altura de 200 mm e 1.206 cm² de área de célula - fornecimento e instalação","m²",56.71]
[1516306,"Geocélula em PEAD, paredes perfuradas, soldadas - altura de 200 mm e 289 cm² de área de célula - fornecimento e instalação","m²",73.569999999999993]
[1516310,"Geocélula em PEAD, paredes perfuradas, soldadas - altura de 200 mm e 460 cm² de área de célula - fornecimento e instalação","m²",59.99]
[1516311,"Geocélula em PEAD, paredes perfuradas, soldadas - altura de 75 mm e 1.206 cm² de área de célula - fornecimento e instalação","m²",31.32]
[1516303,"Geocélula em PEAD, paredes perfuradas, soldadas - altura de 75 mm e 289 cm² de área de célula - fornecimento e instalação","m²",41.76]
[1516307,"Geocélula em PEAD, paredes perfuradas, soldadas - altura de 75 mm e 460 cm² de área de célula - fornecimento e instalação","m²",34.630000000000003]
[1516298,"Geogrelha unidirecional com resistência à tração de 100 kN/m - fornecimento e instalação","m²",28.08]
[1516299,"Geogrelha unidirecional com resistência à tração de 150 kN/m - fornecimento e instalação","m²",30.13]
[1516300,"Geogrelha unidirecional com resistência à tração de 200 kN/m - fornecimento e instalação","m²",39.93]
[1516301,"Geogrelha unidirecional com resistência à tração de 300 kN/m - fornecimento e instalação","m²",59.6]
[1516302,"Geogrelha unidirecional com resistência à tração de 400 kN/m - fornecimento e instalação","m²",79.14]
[1516296,"Geogrelha unidirecional com resistência à tração de 50 kN/m - fornecimento e instalação","m²",20.8]
[1516297,"Geogrelha unidirecional com resistência à tração de 90 kN/m - fornecimento e instalação","m²",27.1]
[1505847,"Muro em blocos segmentais de face pré-moldados - C = 40 cm, L = 40 cm, e H = 20 cm com altura de 4 a 6 m - confecção e assentamento","m²",189.61]
[1505848,"Muro em blocos segmentais de face pré-moldados - C = 40 cm, L = 40 cm, e H = 20 cm com altura de 6 a 8 m - confecção e assentamento","m²",185]
[1505849,"Muro em blocos segmentais de face pré-moldados - C = 40 cm, L = 40 cm, e H = 20 cm com altura de 8 a 10 m - confecção e assentamento","m²",182.44]
[1505930,"Muro em blocos segmentais de face pré-moldados - C = 40 cm, L = 40 cm, e H = 20 cm com altura de até 4 m - confecção e assentamento","m²",213.83]
[1506055,"Pedra argamassada com cimento e areia 1:3 - areia e pedra de mão comercial - fornecimento e assentamento","m³",465.69]
[1506056,"Pedra argamassada com cimento e areia 1:3 - areia extraída e pedra de mão produzida - confecção e assentamento","m³",277.51]
[1513943,"Proteção de taludes rochosos com telas metálicas - resistência longitudinal à tração de 121 kN/m - fornecimento e posicionamento - inclusive cabos de aço, grampos e clipes de junção","m²",181.1]
[1516318,"Tela metálica dobrada em L para muro em solo reforçado - C = 200 cm, L = 40 cm e H = 40 cm - fornecimento e instalação","m²",606.65]
[1516317,"Tela metálica dobrada em L para muro em solo reforçado - C = 200 cm, L = 50 cm e H = 50 cm - fornecimento e instalação","m²",522.09]
[1600965,"Abertura em muro de alvenaria de pedra argamassada com martelete","m³",95.97]
[1600408,"Apicoamento manual de concreto","m²",17.600000000000001]
[1600990,"Demolição de concreto armado com martelete e corte oxiacetileno","m³",738.19]
[1600989,"Demolição de concreto simples com martelete","m³",390.18]
[1600438,"Demolição manual de concreto armado","m³",559.1]
[1600436,"Demolição manual de concreto simples","m³",382.7]
[1600895,"Demolição manual de construções provisórias de madeira - sem reaproveitamento","m²",13.32]
[1600897,"Demolição manual de construções provisórias de madeira, sem fechamento lateral e sem pavimentação","m²",3.59]
[1619004,"Demolição mecânica de alvenaria com carregadeira de pneus","m³",7.32]
[1600896,"Demolição mecânica de alvenaria com escavadeira hidráulica","m²",15.51]
[1619003,"Demolição mecânica de concreto armado com escavadeira hidráulica","m³",66.61]
[1619006,"Demolição mecânica de concreto simples com escavadeira hidráulica","m³",49.58]
[1600414,"Fresagem de piso de concreto","m²",1.08]
[1608148,"Perfuração em concreto com coroa diamantada - D = 100 mm","m",270.37]
[1608021,"Perfuração em concreto com coroa diamantada - D = 16 mm","m",77.180000000000007]
[1608024,"Perfuração em concreto com coroa diamantada - D = 20 mm","m",80.27]
[1608026,"Perfuração em concreto com coroa diamantada - D = 25 mm","m",94.43]
[1608142,"Perfuração em concreto com coroa diamantada - D = 32 mm","m",111.92]
[1608143,"Perfuração em concreto com coroa diamantada - D = 38 mm","m",115.26]
[1608144,"Perfuração em concreto com coroa diamantada - D = 44 mm","m",124.75]
[1608145,"Perfuração em concreto com coroa diamantada - D = 50 mm","m",130.22999999999999]
[1608146,"Perfuração em concreto com coroa diamantada - D = 63 mm","m",148.07]
[1608147,"Perfuração em concreto com coroa diamantada - D = 75 mm","m",201.16]
[1608019,"Perfuração em concreto com martelete elétrico - D = 10 mm","m",18.21]
[1608020,"Perfuração em concreto com martelete elétrico - D = 13,0 mm","m",28.69]
[1608025,"Perfuração em concreto com martelete elétrico - D = 14 mm","m",35.01]
[1600966,"Remoção de cerca com mourões de concreto","m",0.72]
[1600898,"Remoção de painel publicitário, tipo outdoor, com estrutura e suportes em madeira","m²",11.39]
[1600441,"Remoção de paralelepípedos","m²",3.82]
[1600404,"Remoção de tubos de concreto com diâmetro de 0,40 m a 1,00 m em valas e bueiros","m",9.68]
[1600405,"Remoção de tubos de concreto com diâmetro de 1,20 m a 1,50 m em valas e bueiros","m",10.74]
[1716605,"Derrocagem subaquática de material de 3ª categoria - carga e limpeza - plataforma com clamshell - flutuante e batelão rebocado de 100 t montado na obra - DMT até 200 m","m³",111.07]
[1716610,"Derrocagem subaquática de material de 3ª categoria - carga e limpeza - plataforma com clamshell - flutuante e batelão rebocado de 100 t montado na obra - DMT de 1.000 a 1200 m","m³",115.38]
[1716611,"Derrocagem subaquática de material de 3ª categoria - carga e limpeza - plataforma com clamshell - flutuante e batelão rebocado de 100 t montado na obra - DMT de 1.200 a 1.400 m","m³",115.92]
[1716612,"Derrocagem subaquática de material de 3ª categoria - carga e limpeza - plataforma com clamshell - flutuante e batelão rebocado de 100 t montado na obra - DMT de 1.400 a 1.600 m","m³",116.46]
[1716613,"Derrocagem subaquática de material de 3ª categoria - carga e limpeza - plataforma com clamshell - flutuante e batelão rebocado de 100 t montado na obra - DMT de 1.600 a 1.800 m","m³",117]
[1716614,"Derrocagem subaquática de material de 3ª categoria - carga e limpeza - plataforma com clamshell - flutuante e batelão rebocado de 100 t montado na obra - DMT de 1.800 a 2.000 m","m³",118.08]
[1716615,"Derrocagem subaquática de material de 3ª categoria - carga e limpeza - plataforma com clamshell - flutuante e batelão rebocado de 100 t montado na obra - DMT de 2.000 a 2.500 m","m³",119.15]
[1716616,"Derrocagem subaquática de material de 3ª categoria - carga e limpeza - plataforma com clamshell - flutuante e batelão rebocado de 100 t montado na obra - DMT de 2.500 a 3.000 m","m³",120.77]
[1716606,"Derrocagem subaquática de material de 3ª categoria - carga e limpeza - plataforma com clamshell - flutuante e batelão rebocado de 100 t montado na obra - DMT de 200 a 400 m","m³",112.69]
[1716617,"Derrocagem subaquática de material de 3ª categoria - carga e limpeza - plataforma com clamshell - flutuante e batelão rebocado de 100 t montado na obra - DMT de 3.000 m","m³",121.85]
[1716607,"Derrocagem subaquática de material de 3ª categoria - carga e limpeza - plataforma com clamshell - flutuante e batelão rebocado de 100 t montado na obra - DMT de 400 a 600 m","m³",113.23]
[1716608,"Derrocagem subaquática de material de 3ª categoria - carga e limpeza - plataforma com clamshell - flutuante e batelão rebocado de 100 t montado na obra - DMT de 600 a 800 m","m³",114.3]
[1716609,"Derrocagem subaquática de material de 3ª categoria - carga e limpeza - plataforma com clamshell - flutuante e batelão rebocado de 100 t montado na obra - DMT de 800 a 1.000 m","m³",114.84]
[1716604,"Derrocagem subaquática de material de 3ª categoria - carga e limpeza - plataforma com clamshell - flutuante montado na obra - sem transporte","m³",63.13]
[1716623,"Derrocagem subaquática de material de 3ª categoria - carga e limpeza - plataforma flutuante com clamshell - sem transporte","m³",61.88]
[1716624,"Derrocagem subaquática de material de 3ª categoria - carga e limpeza - plataforma flutuante com clamshell e batelão rebocado de 100 t - DMT até 200 m","m³",109.82]
[1716629,"Derrocagem subaquática de material de 3ª categoria - carga e limpeza - plataforma flutuante com clamshell e batelão rebocado de 100 t - DMT de 1.000 a 1.200 m","m³",114.13]
[1716630,"Derrocagem subaquática de material de 3ª categoria - carga e limpeza - plataforma flutuante com clamshell e batelão rebocado de 100 t - DMT de 1.200 a 1.400 m","m³",114.67]
[1716631,"Derrocagem subaquática de material de 3ª categoria - carga e limpeza - plataforma flutuante com clamshell e batelão rebocado de 100 t - DMT de 1.400 a 1.600 m","m³",115.21]
[1716632,"Derrocagem subaquática de material de 3ª categoria - carga e limpeza - plataforma flutuante com clamshell e batelão rebocado de 100 t - DMT de 1.600 a 1.800 m","m³",115.75]
[1716633,"Derrocagem subaquática de material de 3ª categoria - carga e limpeza - plataforma flutuante com clamshell e batelão rebocado de 100 t - DMT de 1.800 a 2.000 m","m³",116.83]
[1716634,"Derrocagem subaquática de material de 3ª categoria - carga e limpeza - plataforma flutuante com clamshell e batelão rebocado de 100 t - DMT de 2.000 a 2.500 m","m³",117.91]
[1716635,"Derrocagem subaquática de material de 3ª categoria - carga e limpeza - plataforma flutuante com clamshell e batelão rebocado de 100 t - DMT de 2.500 a 3.000 m","m³",119.52]
[1716625,"Derrocagem subaquática de material de 3ª categoria - carga e limpeza - plataforma flutuante com clamshell e batelão rebocado de 100 t - DMT de 200 a 400 m","m³",111.44]
[1716636,"Derrocagem subaquática de material de 3ª categoria - carga e limpeza - plataforma flutuante com clamshell e batelão rebocado de 100 t - DMT de 3.000 m","m³",120.6]
[1716626,"Derrocagem subaquática de material de 3ª categoria - carga e limpeza - plataforma flutuante com clamshell e batelão rebocado de 100 t - DMT de 400 a 600 m","m³",111.98]
[1716627,"Derrocagem subaquática de material de 3ª categoria - carga e limpeza - plataforma flutuante com clamshell e batelão rebocado de 100 t - DMT de 600 a 800 m","m³",113.06]
[1716628,"Derrocagem subaquática de material de 3ª categoria - carga e limpeza - plataforma flutuante com clamshell e batelão rebocado de 100 t - DMT de 800 a 1.000 m","m³",113.6]
[1716640,"Derrocagem subaquática de material de 3ª categoria - carga e limpeza com draga backhoe de 7 m³ - sem transporte","m³",30.59]
[1716641,"Derrocagem subaquática de material de 3ª categoria - carga e limpeza com draga backhoe de 7 m³ - transporte com batelão autopropelido de 300 m³ - DMT até 200 m","m³",39.39]
[1716646,"Derrocagem subaquática de material de 3ª categoria - carga e limpeza com draga backhoe de 7 m³ - transporte com batelão autopropelido de 300 m³ - DMT de 1.000 a 1.200 m","m³",39.950000000000003]
[1716647,"Derrocagem subaquática de material de 3ª categoria - carga e limpeza com draga backhoe de 7 m³ - transporte com batelão autopropelido de 300 m³ - DMT de 1.200 a 1.400 m","m³",40]
[1716648,"Derrocagem subaquática de material de 3ª categoria - carga e limpeza com draga backhoe de 7 m³ - transporte com batelão autopropelido de 300 m³ - DMT de 1.400 a 1.600 m","m³",40.11]
[1716649,"Derrocagem subaquática de material de 3ª categoria - carga e limpeza com draga backhoe de 7 m³ - transporte com batelão autopropelido de 300 m³ - DMT de 1.600 a 1.800 m","m³",40.17]
[1716650,"Derrocagem subaquática de material de 3ª categoria - carga e limpeza com draga backhoe de 7 m³ - transporte com batelão autopropelido de 300 m³ - DMT de 1.800 a 2.000 m","m³",40.28]
[1716651,"Derrocagem subaquática de material de 3ª categoria - carga e limpeza com draga backhoe de 7 m³ - transporte com batelão autopropelido de 300 m³ - DMT de 2.000 a 2.500 m","m³",40.39]
[1716652,"Derrocagem subaquática de material de 3ª categoria - carga e limpeza com draga backhoe de 7 m³ - transporte com batelão autopropelido de 300 m³ - DMT de 2.500 a 3.000 m","m³",40.61]
[1716642,"Derrocagem subaquática de material de 3ª categoria - carga e limpeza com draga backhoe de 7 m³ - transporte com batelão autopropelido de 300 m³ - DMT de 200 a 400 m","m³",39.56]
[1716653,"Derrocagem subaquática de material de 3ª categoria - carga e limpeza com draga backhoe de 7 m³ - transporte com batelão autopropelido de 300 m³ - DMT de 3.000 m","m³",40.78]
[1716643,"Derrocagem subaquática de material de 3ª categoria - carga e limpeza com draga backhoe de 7 m³ - transporte com batelão autopropelido de 300 m³ - DMT de 400 a 600 m","m³",39.67]
[1716644,"Derrocagem subaquática de material de 3ª categoria - carga e limpeza com draga backhoe de 7 m³ - transporte com batelão autopropelido de 300 m³ - DMT de 600 a 800 m","m³",39.78]
[1716645,"Derrocagem subaquática de material de 3ª categoria - carga e limpeza com draga backhoe de 7 m³ - transporte com batelão autopropelido de 300 m³ - DMT de 800 a 1.000 m","m³",39.83]
[1716622,"Derrocagem subaquática de material de 3ª categoria - malha de 1,5 m² - perfuração e detonação - plataforma autoelevatória com três torres de perfuração","m³",86.8]
[1716603,"Derrocagem subaquática de material de 3ª categoria - malha de 1,5 m² - perfuração e detonação - plataforma autoelevatória montada na obra com três torres de perfuração","m³",86.8]
[1716620,"Derrocagem subaquática de material de 3ª categoria - malha de 1,5 m² - perfuração e detonação - plataforma flutuante com duas torres de perfuração","m³",118.69]
[1716621,"Derrocagem subaquática de material de 3ª categoria - malha de 1,5 m² - perfuração e detonação - plataforma flutuante com três torres de perfuração","m³",93.39]
[1716619,"Derrocagem subaquática de material de 3ª categoria - malha de 1,5 m² - perfuração e detonação - plataforma flutuante com uma torre de perfuração","m³",194.66]
[1716601,"Derrocagem subaquática de material de 3ª categoria - malha de 1,5 m² - perfuração e detonação - plataforma montada na obra com duas torres de perfuração","m³",120.36]
[1716602,"Derrocagem subaquática de material de 3ª categoria - malha de 1,5 m² - perfuração e detonação - plataforma montada na obra com três torres de perfuração","m³",94.51]
[1716600,"Derrocagem subaquática de material de 3ª categoria - malha de 1,5 m² - perfuração e detonação - plataforma montada na obra com uma torre de perfuração","m³",198]
[1716655,"Derrocagem subaquática de material de 3ª categoria - malha de 2,5 m² - perfuração e detonação - plataforma com duas torres de perfuração","m³",69.83]
[1716639,"Derrocagem subaquática de material de 3ª categoria - malha de 4,0 m² - perfuração e detonação - plataforma com duas torres de perfuração","m³",49.23]
[1801636,"Levantamento batimétrico monofeixe longitudinal","km",19.170000000000002]
[1801637,"Levantamento batimétrico monofeixe transversal","km",25.56]
[1817720,"Levantamento batimétrico multifeixe","km",94.32]
[1817723,"Levantamento hidrométrico com ADCP em rios com velocidade de corrente acima de 1,5 m/s","km",46.9]
[1817721,"Levantamento hidrométrico com ADCP em rios com velocidade de corrente de 0,5 a 1,0 m/s","km",140.69999999999999]
[1817722,"Levantamento hidrométrico com ADCP em rios com velocidade de corrente de 1,0 a 1,5 m/s","km",70.349999999999994]
[1917483,"Dragagem de areia fina com draga de sucção e recalque - bomba de 1.350 kW e cortador de 170 kW - distância de recalque de 1.100 a 1.300 m","m³",4.49]
[1917484,"Dragagem de areia fina com draga de sucção e recalque - bomba de 1.350 kW e cortador de 170 kW - distância de recalque de 1.300 a 1.500 m","m³",4.67]
[1917485,"Dragagem de areia fina com draga de sucção e recalque - bomba de 1.350 kW e cortador de 170 kW - distância de recalque de 1.500 a 1.700 m","m³",5.21]
[1917486,"Dragagem de areia fina com draga de sucção e recalque - bomba de 1.350 kW e cortador de 170 kW - distância de recalque de 1.700 a 1.900 m","m³",5.42]
[1917487,"Dragagem de areia fina com draga de sucção e recalque - bomba de 1.350 kW e cortador de 170 kW - distância de recalque de 1.900 a 2.100 m","m³",5.71]
[1917528,"Dragagem de areia fina com draga de sucção e recalque - bomba de 1.350 kW e cortador de 170 kW - distância de recalque de 10.100 a 10.300 m","m³",29.82]
[1917529,"Dragagem de areia fina com draga de sucção e recalque - bomba de 1.350 kW e cortador de 170 kW - distância de recalque de 10.300 a 10.500 m","m³",30.79]
[1917530,"Dragagem de areia fina com draga de sucção e recalque - bomba de 1.350 kW e cortador de 170 kW - distância de recalque de 10.500 a 10.700 m","m³",32.4]
[1917531,"Dragagem de areia fina com draga de sucção e recalque - bomba de 1.350 kW e cortador de 170 kW - distância de recalque de 10.700 a 10.900 m","m³",34.049999999999997]
[1917532,"Dragagem de areia fina com draga de sucção e recalque - bomba de 1.350 kW e cortador de 170 kW - distância de recalque de 10.900 a 11.100 m","m³",35.92]
[1917533,"Dragagem de areia fina com draga de sucção e recalque - bomba de 1.350 kW e cortador de 170 kW - distância de recalque de 11.100 a 11.300 m","m³",36.92]
[1917534,"Dragagem de areia fina com draga de sucção e recalque - bomba de 1.350 kW e cortador de 170 kW - distância de recalque de 11.300 a 11.500 m","m³",37.97]
[1917535,"Dragagem de areia fina com draga de sucção e recalque - bomba de 1.350 kW e cortador de 170 kW - distância de recalque de 11.500 a 11.700 m","m³",39.39]
[1917536,"Dragagem de areia fina com draga de sucção e recalque - bomba de 1.350 kW e cortador de 170 kW - distância de recalque de 11.700 a 11.900 m","m³",40.58]
[1917537,"Dragagem de areia fina com draga de sucção e recalque - bomba de 1.350 kW e cortador de 170 kW - distância de recalque de 11.900 a 12.100 m","m³",41.8]
[1917488,"Dragagem de areia fina com draga de sucção e recalque - bomba de 1.350 kW e cortador de 170 kW - distância de recalque de 2.100 a 2.300 m","m³",5.93]
[1917489,"Dragagem de areia fina com draga de sucção e recalque - bomba de 1.350 kW e cortador de 170 kW - distância de recalque de 2.300 a 2.500 m","m³",6.22]
[1917490,"Dragagem de areia fina com draga de sucção e recalque - bomba de 1.350 kW e cortador de 170 kW - distância de recalque de 2.500 a 2.700 m","m³",6.71]
[1917491,"Dragagem de areia fina com draga de sucção e recalque - bomba de 1.350 kW e cortador de 170 kW - distância de recalque de 2.700 a 2.900 m","m³",7.02]
[1917492,"Dragagem de areia fina com draga de sucção e recalque - bomba de 1.350 kW e cortador de 170 kW - distância de recalque de 2.900 a 3.100 m","m³",7.26]
[1917493,"Dragagem de areia fina com draga de sucção e recalque - bomba de 1.350 kW e cortador de 170 kW - distância de recalque de 3.100 a 3.300 m","m³",7.58]
[1917494,"Dragagem de areia fina com draga de sucção e recalque - bomba de 1.350 kW e cortador de 170 kW - distância de recalque de 3.300 a 3.500 m","m³",7.91]
[1917495,"Dragagem de areia fina com draga de sucção e recalque - bomba de 1.350 kW e cortador de 170 kW - distância de recalque de 3.500 a 3.700 m","m³",8.4600000000000009]
[1917496,"Dragagem de areia fina com draga de sucção e recalque - bomba de 1.350 kW e cortador de 170 kW - distância de recalque de 3.700 a 3.900 m","m³",8.77]
[1917497,"Dragagem de areia fina com draga de sucção e recalque - bomba de 1.350 kW e cortador de 170 kW - distância de recalque de 3.900 a 4.100 m","m³",9.08]
[1917498,"Dragagem de areia fina com draga de sucção e recalque - bomba de 1.350 kW e cortador de 170 kW - distância de recalque de 4.100 a 4.300 m","m³",9.41]
[1917499,"Dragagem de areia fina com draga de sucção e recalque - bomba de 1.350 kW e cortador de 170 kW - distância de recalque de 4.300 a 4.500 m","m³",9.66]
[1917500,"Dragagem de areia fina com draga de sucção e recalque - bomba de 1.350 kW e cortador de 170 kW - distância de recalque de 4.500 a 4.700 m","m³",10.27]
[1917501,"Dragagem de areia fina com draga de sucção e recalque - bomba de 1.350 kW e cortador de 170 kW - distância de recalque de 4.700 a 4.900 m","m³",10.6]
[1917502,"Dragagem de areia fina com draga de sucção e recalque - bomba de 1.350 kW e cortador de 170 kW - distância de recalque de 4.900 a 5.100 m","m³",10.93]
[1917503,"Dragagem de areia fina com draga de sucção e recalque - bomba de 1.350 kW e cortador de 170 kW - distância de recalque de 5.100 a 5.300 m","m³",11.27]
[1917504,"Dragagem de areia fina com draga de sucção e recalque - bomba de 1.350 kW e cortador de 170 kW - distância de recalque de 5.300 a 5.500 m","m³",11.61]
[1917505,"Dragagem de areia fina com draga de sucção e recalque - bomba de 1.350 kW e cortador de 170 kW - distância de recalque de 5.500 a 5.700 m","m³",12.24]
[1917506,"Dragagem de areia fina com draga de sucção e recalque - bomba de 1.350 kW e cortador de 170 kW - distância de recalque de 5.700 a 5.900 m","m³",12.58]
[1917507,"Dragagem de areia fina com draga de sucção e recalque - bomba de 1.350 kW e cortador de 170 kW - distância de recalque de 5.900 a 6.100 m","m³",12.93]
[1917480,"Dragagem de areia fina com draga de sucção e recalque - bomba de 1.350 kW e cortador de 170 kW - distância de recalque de 500 a 700 m","m³",3.9]
[1917508,"Dragagem de areia fina com draga de sucção e recalque - bomba de 1.350 kW e cortador de 170 kW - distância de recalque de 6.100 a 6.300 m","m³",13.29]
[1917509,"Dragagem de areia fina com draga de sucção e recalque - bomba de 1.350 kW e cortador de 170 kW - distância de recalque de 6.300 a 6.500 m","m³",13.73]
[1917510,"Dragagem de areia fina com draga de sucção e recalque - bomba de 1.350 kW e cortador de 170 kW - distância de recalque de 6.500 a 6.700 m","m³",14.39]
[1917511,"Dragagem de areia fina com draga de sucção e recalque - bomba de 1.350 kW e cortador de 170 kW - distância de recalque de 6.700 a 6.900 m","m³",14.77]
[1917512,"Dragagem de areia fina com draga de sucção e recalque - bomba de 1.350 kW e cortador de 170 kW - distância de recalque de 6.900 a 7.100 m","m³",15.25]
[1917513,"Dragagem de areia fina com draga de sucção e recalque - bomba de 1.350 kW e cortador de 170 kW - distância de recalque de 7.100 a 7.300 m","m³",15.68]
[1917514,"Dragagem de areia fina com draga de sucção e recalque - bomba de 1.350 kW e cortador de 170 kW - distância de recalque de 7.300 a 7.500 m","m³",16.2]
[1917515,"Dragagem de areia fina com draga de sucção e recalque - bomba de 1.350 kW e cortador de 170 kW - distância de recalque de 7.500 a 7.700 m","m³",17.02]
[1917516,"Dragagem de areia fina com draga de sucção e recalque - bomba de 1.350 kW e cortador de 170 kW - distância de recalque de 7.700 a 7.900 m","m³",17.57]
[1917517,"Dragagem de areia fina com draga de sucção e recalque - bomba de 1.350 kW e cortador de 170 kW - distância de recalque de 7.900 a 8.100 m","m³",18.34]
[1917481,"Dragagem de areia fina com draga de sucção e recalque - bomba de 1.350 kW e cortador de 170 kW - distância de recalque de 700 a 900 m","m³",4.07]
[1917518,"Dragagem de areia fina com draga de sucção e recalque - bomba de 1.350 kW e cortador de 170 kW - distância de recalque de 8.100 a 8.300 m","m³",19.079999999999998]
[1917519,"Dragagem de areia fina com draga de sucção e recalque - bomba de 1.350 kW e cortador de 170 kW - distância de recalque de 8.300 a 8.500 m","m³",20.02]
[1917520,"Dragagem de areia fina com draga de sucção e recalque - bomba de 1.350 kW e cortador de 170 kW - distância de recalque de 8.500 a 8.700 m","m³",21.14]
[1917521,"Dragagem de areia fina com draga de sucção e recalque - bomba de 1.350 kW e cortador de 170 kW - distância de recalque de 8.700 a 8.900 m","m³",22.04]
[1917522,"Dragagem de areia fina com draga de sucção e recalque - bomba de 1.350 kW e cortador de 170 kW - distância de recalque de 8.900 a 9.100 m","m³",23.03]
[1917523,"Dragagem de areia fina com draga de sucção e recalque - bomba de 1.350 kW e cortador de 170 kW - distância de recalque de 9.100 a 9.300 m","m³",24.04]
[1917524,"Dragagem de areia fina com draga de sucção e recalque - bomba de 1.350 kW e cortador de 170 kW - distância de recalque de 9.300 a 9.500 m","m³",25.12]
[1917525,"Dragagem de areia fina com draga de sucção e recalque - bomba de 1.350 kW e cortador de 170 kW - distância de recalque de 9.500 a 9.700 m","m³",26.48]
[1917526,"Dragagem de areia fina com draga de sucção e recalque - bomba de 1.350 kW e cortador de 170 kW - distância de recalque de 9.700 a 9.900 m","m³",27.49]
[1917527,"Dragagem de areia fina com draga de sucção e recalque - bomba de 1.350 kW e cortador de 170 kW - distância de recalque de 9.900 a 10.100 m","m³",28.48]
[1917482,"Dragagem de areia fina com draga de sucção e recalque - bomba de 1.350 kW e cortador de 170 kW - distância de recalque de 900 a 1.100 m","m³",4.24]
[1917737,"Dragagem de areia fina com draga de sucção e recalque - bomba de 1.350 kW e cortador de 170 kW - distância de recalque de até 500 m","m³",3.87]
[1917220,"Dragagem de areia fina com draga de sucção e recalque - bomba de 294 kW e cortador de 30 kW - distância de recalque de 1.100 a 1.300 m","m³",6.49]
[1917221,"Dragagem de areia fina com draga de sucção e recalque - bomba de 294 kW e cortador de 30 kW - distância de recalque de 1.300 a 1.500 m","m³",6.95]
[1917222,"Dragagem de areia fina com draga de sucção e recalque - bomba de 294 kW e cortador de 30 kW - distância de recalque de 1.500 a 1.700 m","m³",7.52]
[1917223,"Dragagem de areia fina com draga de sucção e recalque - bomba de 294 kW e cortador de 30 kW - distância de recalque de 1.700 a 1.900 m","m³",7.87]
[1917224,"Dragagem de areia fina com draga de sucção e recalque - bomba de 294 kW e cortador de 30 kW - distância de recalque de 1.900 a 2.100 m","m³",8.24]
[1917225,"Dragagem de areia fina com draga de sucção e recalque - bomba de 294 kW e cortador de 30 kW - distância de recalque de 2.100 a 2.300 m","m³",8.67]
[1917226,"Dragagem de areia fina com draga de sucção e recalque - bomba de 294 kW e cortador de 30 kW - distância de recalque de 2.300 a 2.500 m","m³",9.08]
[1917227,"Dragagem de areia fina com draga de sucção e recalque - bomba de 294 kW e cortador de 30 kW - distância de recalque de 2.500 a 2.700 m","m³",9.68]
[1917228,"Dragagem de areia fina com draga de sucção e recalque - bomba de 294 kW e cortador de 30 kW - distância de recalque de 2.700 a 2.900 m","m³",10.18]
[1917229,"Dragagem de areia fina com draga de sucção e recalque - bomba de 294 kW e cortador de 30 kW - distância de recalque de 2.900 a 3.100 m","m³",10.6]
[1917230,"Dragagem de areia fina com draga de sucção e recalque - bomba de 294 kW e cortador de 30 kW - distância de recalque de 3.100 a 3.300 m","m³",11.08]
[1917231,"Dragagem de areia fina com draga de sucção e recalque - bomba de 294 kW e cortador de 30 kW - distância de recalque de 3.300 a 3.500 m","m³",11.59]
[1917232,"Dragagem de areia fina com draga de sucção e recalque - bomba de 294 kW e cortador de 30 kW - distância de recalque de 3.500 a 3.700 m","m³",12.29]
[1917233,"Dragagem de areia fina com draga de sucção e recalque - bomba de 294 kW e cortador de 30 kW - distância de recalque de 3.700 a 3.900 m","m³",12.82]
[1917234,"Dragagem de areia fina com draga de sucção e recalque - bomba de 294 kW e cortador de 30 kW - distância de recalque de 3.900 a 4.100 m","m³",13.44]
[1917217,"Dragagem de areia fina com draga de sucção e recalque - bomba de 294 kW e cortador de 30 kW - distância de recalque de 500 a 700 m","m³",5.29]
[1917218,"Dragagem de areia fina com draga de sucção e recalque - bomba de 294 kW e cortador de 30 kW - distância de recalque de 700 a 900 m","m³",5.51]
[1917219,"Dragagem de areia fina com draga de sucção e recalque - bomba de 294 kW e cortador de 30 kW - distância de recalque de 900 a 1.100 m","m³",5.95]
[1917724,"Dragagem de areia fina com draga de sucção e recalque - bomba de 294 kW e cortador de 30 kW - distância de recalque de até 500 m","m³",5.17]
[1917274,"Dragagem de areia fina com draga de sucção e recalque - bomba de 483 kW e cortador de 55 kW - distância de recalque de 1.100 a 1.300 m","m³",4.79]
[1917275,"Dragagem de areia fina com draga de sucção e recalque - bomba de 483 kW e cortador de 55 kW - distância de recalque de 1.300 a 1.500 m","m³",5.0999999999999996]
[1917276,"Dragagem de areia fina com draga de sucção e recalque - bomba de 483 kW e cortador de 55 kW - distância de recalque de 1.500 a 1.700 m","m³",5.64]
[1917277,"Dragagem de areia fina com draga de sucção e recalque - bomba de 483 kW e cortador de 55 kW - distância de recalque de 1.700 a 1.900 m","m³",6.04]
[1917278,"Dragagem de areia fina com draga de sucção e recalque - bomba de 483 kW e cortador de 55 kW - distância de recalque de 1.900 a 2.100 m","m³",6.24]
[1917279,"Dragagem de areia fina com draga de sucção e recalque - bomba de 483 kW e cortador de 55 kW - distância de recalque de 2.100 a 2.300 m","m³",6.64]
[1917280,"Dragagem de areia fina com draga de sucção e recalque - bomba de 483 kW e cortador de 55 kW - distância de recalque de 2.300 a 2.500 m","m³",7.02]
[1917281,"Dragagem de areia fina com draga de sucção e recalque - bomba de 483 kW e cortador de 55 kW - distância de recalque de 2.500 a 2.700 m","m³",7.58]
[1917282,"Dragagem de areia fina com draga de sucção e recalque - bomba de 483 kW e cortador de 55 kW - distância de recalque de 2.700 a 2.900 m","m³",7.96]
[1917283,"Dragagem de areia fina com draga de sucção e recalque - bomba de 483 kW e cortador de 55 kW - distância de recalque de 2.900 a 3.100 m","m³",8.36]
[1917284,"Dragagem de areia fina com draga de sucção e recalque - bomba de 483 kW e cortador de 55 kW - distância de recalque de 3.100 a 3.300 m","m³",8.6999999999999993]
[1917285,"Dragagem de areia fina com draga de sucção e recalque - bomba de 483 kW e cortador de 55 kW - distância de recalque de 3.300 a 3.500 m","m³",9.11]
[1917286,"Dragagem de areia fina com draga de sucção e recalque - bomba de 483 kW e cortador de 55 kW - distância de recalque de 3.500 a 3.700 m","m³",9.81]
[1917287,"Dragagem de areia fina com draga de sucção e recalque - bomba de 483 kW e cortador de 55 kW - distância de recalque de 3.700 a 3.900 m","m³",10.24]
[1917288,"Dragagem de areia fina com draga de sucção e recalque - bomba de 483 kW e cortador de 55 kW - distância de recalque de 3.900 a 4.100 m","m³",10.7]
[1917289,"Dragagem de areia fina com draga de sucção e recalque - bomba de 483 kW e cortador de 55 kW - distância de recalque de 4.100 a 4.300 m","m³",11.2]
[1917290,"Dragagem de areia fina com draga de sucção e recalque - bomba de 483 kW e cortador de 55 kW - distância de recalque de 4.300 a 4.500 m","m³",11.73]
[1917291,"Dragagem de areia fina com draga de sucção e recalque - bomba de 483 kW e cortador de 55 kW - distância de recalque de 4.500 a 4.700 m","m³",12.5]
[1917292,"Dragagem de areia fina com draga de sucção e recalque - bomba de 483 kW e cortador de 55 kW - distância de recalque de 4.700 a 4.900 m","m³",13.07]
[1917293,"Dragagem de areia fina com draga de sucção e recalque - bomba de 483 kW e cortador de 55 kW - distância de recalque de 4.900 a 5.100 m","m³",13.67]
[1917294,"Dragagem de areia fina com draga de sucção e recalque - bomba de 483 kW e cortador de 55 kW - distância de recalque de 5.100 a 5.300 m","m³",14.47]
[1917295,"Dragagem de areia fina com draga de sucção e recalque - bomba de 483 kW e cortador de 55 kW - distância de recalque de 5.300 a 5.500 m","m³",15.25]
[1917296,"Dragagem de areia fina com draga de sucção e recalque - bomba de 483 kW e cortador de 55 kW - distância de recalque de 5.500 a 5.700 m","m³",16.37]
[1917297,"Dragagem de areia fina com draga de sucção e recalque - bomba de 483 kW e cortador de 55 kW - distância de recalque de 5.700 a 5.900 m","m³",17.39]
[1917298,"Dragagem de areia fina com draga de sucção e recalque - bomba de 483 kW e cortador de 55 kW - distância de recalque de 5.900 a 6.100 m","m³",18.489999999999998]
[1917271,"Dragagem de areia fina com draga de sucção e recalque - bomba de 483 kW e cortador de 55 kW - distância de recalque de 500 a 700 m","m³",4.0199999999999996]
[1917299,"Dragagem de areia fina com draga de sucção e recalque - bomba de 483 kW e cortador de 55 kW - distância de recalque de 6.100 a 6.300 m","m³",19.809999999999999]
[1917300,"Dragagem de areia fina com draga de sucção e recalque - bomba de 483 kW e cortador de 55 kW - distância de recalque de 6.300 a 6.500 m","m³",21.24]
[1917301,"Dragagem de areia fina com draga de sucção e recalque - bomba de 483 kW e cortador de 55 kW - distância de recalque de 6.500 a 6.700 m","m³",23.16]
[1917302,"Dragagem de areia fina com draga de sucção e recalque - bomba de 483 kW e cortador de 55 kW - distância de recalque de 6.700 a 6.900 m","m³",24.96]
[1917303,"Dragagem de areia fina com draga de sucção e recalque - bomba de 483 kW e cortador de 55 kW - distância de recalque de 6.900 a 7.100 m","m³",26.66]
[1917304,"Dragagem de areia fina com draga de sucção e recalque - bomba de 483 kW e cortador de 55 kW - distância de recalque de 7.100 a 7.300 m","m³",28.33]
[1917305,"Dragagem de areia fina com draga de sucção e recalque - bomba de 483 kW e cortador de 55 kW - distância de recalque de 7.300 a 7.500 m","m³",30.18]
[1917306,"Dragagem de areia fina com draga de sucção e recalque - bomba de 483 kW e cortador de 55 kW - distância de recalque de 7.500 a 7.700 m","m³",32.46]
[1917307,"Dragagem de areia fina com draga de sucção e recalque - bomba de 483 kW e cortador de 55 kW - distância de recalque de 7.700 a 7.900 m","m³",34.15]
[1917272,"Dragagem de areia fina com draga de sucção e recalque - bomba de 483 kW e cortador de 55 kW - distância de recalque de 700 a 900 m","m³",4.2300000000000004]
[1917273,"Dragagem de areia fina com draga de sucção e recalque - bomba de 483 kW e cortador de 55 kW - distância de recalque de 900 a 1.100 m","m³",4.45]
[1917729,"Dragagem de areia fina com draga de sucção e recalque - bomba de 483 kW e cortador de 55 kW - distância de recalque de até 500 m","m³",3.96]
[1917367,"Dragagem de areia fina com draga de sucção e recalque - bomba de 746 kW e cortador de 110 kW - distância de recalque de 1.100 a 1.300 m","m³",4.49]
[1917368,"Dragagem de areia fina com draga de sucção e recalque - bomba de 746 kW e cortador de 110 kW - distância de recalque de 1.300 a 1.500 m","m³",4.8]
[1917369,"Dragagem de areia fina com draga de sucção e recalque - bomba de 746 kW e cortador de 110 kW - distância de recalque de 1.500 a 1.700 m","m³",5.28]
[1917370,"Dragagem de areia fina com draga de sucção e recalque - bomba de 746 kW e cortador de 110 kW - distância de recalque de 1.700 a 1.900 m","m³",5.57]
[1917371,"Dragagem de areia fina com draga de sucção e recalque - bomba de 746 kW e cortador de 110 kW - distância de recalque de 1.900 a 2.100 m","m³",5.85]
[1917372,"Dragagem de areia fina com draga de sucção e recalque - bomba de 746 kW e cortador de 110 kW - distância de recalque de 2.100 a 2.300 m","m³",6.12]
[1917373,"Dragagem de areia fina com draga de sucção e recalque - bomba de 746 kW e cortador de 110 kW - distância de recalque de 2.300 a 2.500 m","m³",6.34]
[1917374,"Dragagem de areia fina com draga de sucção e recalque - bomba de 746 kW e cortador de 110 kW - distância de recalque de 2.500 a 2.700 m","m³",6.89]
[1917375,"Dragagem de areia fina com draga de sucção e recalque - bomba de 746 kW e cortador de 110 kW - distância de recalque de 2.700 a 2.900 m","m³",7.14]
[1917376,"Dragagem de areia fina com draga de sucção e recalque - bomba de 746 kW e cortador de 110 kW - distância de recalque de 2.900 a 3.100 m","m³",7.4]
[1917377,"Dragagem de areia fina com draga de sucção e recalque - bomba de 746 kW e cortador de 110 kW - distância de recalque de 3.100 a 3.300 m","m³",7.67]
[1917378,"Dragagem de areia fina com draga de sucção e recalque - bomba de 746 kW e cortador de 110 kW - distância de recalque de 3.300 a 3.500 m","m³",7.94]
[1917379,"Dragagem de areia fina com draga de sucção e recalque - bomba de 746 kW e cortador de 110 kW - distância de recalque de 3.500 a 3.700 m","m³",8.5]
[1917380,"Dragagem de areia fina com draga de sucção e recalque - bomba de 746 kW e cortador de 110 kW - distância de recalque de 3.700 a 3.900 m","m³",8.82]
[1917381,"Dragagem de areia fina com draga de sucção e recalque - bomba de 746 kW e cortador de 110 kW - distância de recalque de 3.900 a 4.100 m","m³",9.15]
[1917382,"Dragagem de areia fina com draga de sucção e recalque - bomba de 746 kW e cortador de 110 kW - distância de recalque de 4.100 a 4.300 m","m³",9.56]
[1917383,"Dragagem de areia fina com draga de sucção e recalque - bomba de 746 kW e cortador de 110 kW - distância de recalque de 4.300 a 4.500 m","m³",9.92]
[1917384,"Dragagem de areia fina com draga de sucção e recalque - bomba de 746 kW e cortador de 110 kW - distância de recalque de 4.500 a 4.700 m","m³",10.54]
[1917385,"Dragagem de areia fina com draga de sucção e recalque - bomba de 746 kW e cortador de 110 kW - distância de recalque de 4.700 a 4.900 m","m³",10.99]
[1917386,"Dragagem de areia fina com draga de sucção e recalque - bomba de 746 kW e cortador de 110 kW - distância de recalque de 4.900 a 5.100 m","m³",11.46]
[1917387,"Dragagem de areia fina com draga de sucção e recalque - bomba de 746 kW e cortador de 110 kW - distância de recalque de 5.100 a 5.300 m","m³",11.95]
[1917388,"Dragagem de areia fina com draga de sucção e recalque - bomba de 746 kW e cortador de 110 kW - distância de recalque de 5.300 a 5.500 m","m³",12.46]
[1917389,"Dragagem de areia fina com draga de sucção e recalque - bomba de 746 kW e cortador de 110 kW - distância de recalque de 5.500 a 5.700 m","m³",13.24]
[1917390,"Dragagem de areia fina com draga de sucção e recalque - bomba de 746 kW e cortador de 110 kW - distância de recalque de 5.700 a 5.900 m","m³",13.94]
[1917391,"Dragagem de areia fina com draga de sucção e recalque - bomba de 746 kW e cortador de 110 kW - distância de recalque de 5.900 a 6.100 m","m³",14.68]
[1917364,"Dragagem de areia fina com draga de sucção e recalque - bomba de 746 kW e cortador de 110 kW - distância de recalque de 500 a 700 m","m³",3.58]
[1917392,"Dragagem de areia fina com draga de sucção e recalque - bomba de 746 kW e cortador de 110 kW - distância de recalque de 6.100 a 6.300 m","m³",15.61]
[1917393,"Dragagem de areia fina com draga de sucção e recalque - bomba de 746 kW e cortador de 110 kW - distância de recalque de 6.300 a 6.500 m","m³",16.59]
[1917394,"Dragagem de areia fina com draga de sucção e recalque - bomba de 746 kW e cortador de 110 kW - distância de recalque de 6.500 a 6.700 m","m³",17.98]
[1917395,"Dragagem de areia fina com draga de sucção e recalque - bomba de 746 kW e cortador de 110 kW - distância de recalque de 6.700 a 6.900 m","m³",18.95]
[1917396,"Dragagem de areia fina com draga de sucção e recalque - bomba de 746 kW e cortador de 110 kW - distância de recalque de 6.900 a 7.100 m","m³",20.059999999999999]
[1917397,"Dragagem de areia fina com draga de sucção e recalque - bomba de 746 kW e cortador de 110 kW - distância de recalque de 7.100 a 7.300 m","m³",21.33]
[1917398,"Dragagem de areia fina com draga de sucção e recalque - bomba de 746 kW e cortador de 110 kW - distância de recalque de 7.300 a 7.500 m","m³",22.45]
[1917399,"Dragagem de areia fina com draga de sucção e recalque - bomba de 746 kW e cortador de 110 kW - distância de recalque de 7.500 a 7.700 m","m³",24.04]
[1917400,"Dragagem de areia fina com draga de sucção e recalque - bomba de 746 kW e cortador de 110 kW - distância de recalque de 7.700 a 7.900 m","m³",25.48]
[1917401,"Dragagem de areia fina com draga de sucção e recalque - bomba de 746 kW e cortador de 110 kW - distância de recalque de 7.900 a 8.100 m","m³",26.79]
[1917365,"Dragagem de areia fina com draga de sucção e recalque - bomba de 746 kW e cortador de 110 kW - distância de recalque de 700 a 900 m","m³",3.93]
[1917402,"Dragagem de areia fina com draga de sucção e recalque - bomba de 746 kW e cortador de 110 kW - distância de recalque de 8.100 a 8.300 m","m³",28.33]
[1917403,"Dragagem de areia fina com draga de sucção e recalque - bomba de 746 kW e cortador de 110 kW - distância de recalque de 8.300 a 8.500 m","m³",30.05]
[1917404,"Dragagem de areia fina com draga de sucção e recalque - bomba de 746 kW e cortador de 110 kW - distância de recalque de 8.500 a 8.700 m","m³",31.83]
[1917405,"Dragagem de areia fina com draga de sucção e recalque - bomba de 746 kW e cortador de 110 kW - distância de recalque de 8.700 a 8.900 m","m³",33.520000000000003]
[1917406,"Dragagem de areia fina com draga de sucção e recalque - bomba de 746 kW e cortador de 110 kW - distância de recalque de 8.900 a 9.100 m","m³",35.4]
[1917407,"Dragagem de areia fina com draga de sucção e recalque - bomba de 746 kW e cortador de 110 kW - distância de recalque de 9.100 a 9.300 m","m³",37.549999999999997]
[1917408,"Dragagem de areia fina com draga de sucção e recalque - bomba de 746 kW e cortador de 110 kW - distância de recalque de 9.300 a 9.500 m","m³",39.93]
[1917409,"Dragagem de areia fina com draga de sucção e recalque - bomba de 746 kW e cortador de 110 kW - distância de recalque de 9.500 a 9.700 m","m³",41.85]
[1917410,"Dragagem de areia fina com draga de sucção e recalque - bomba de 746 kW e cortador de 110 kW - distância de recalque de 9.700 a 9.900 m","m³",43.59]
[1917411,"Dragagem de areia fina com draga de sucção e recalque - bomba de 746 kW e cortador de 110 kW - distância de recalque de 9.900 a 10.100 m","m³",45.55]
[1917366,"Dragagem de areia fina com draga de sucção e recalque - bomba de 746 kW e cortador de 110 kW - distância de recalque de 900 a 1.100 m","m³",4.17]
[1917732,"Dragagem de areia fina com draga de sucção e recalque - bomba de 746 kW e cortador de 110 kW - distância de recalque de até 500 m","m³",3.35]
[1917043,"Dragagem de areia fina com draga hopper - capacidade da cisterna de 1.000 m³ - DMT de 1.500 a 1.800 m","m³",12.2]
[1917044,"Dragagem de areia fina com draga hopper - capacidade da cisterna de 1.000 m³ - DMT de 1.800 a 2.100 m","m³",12.41]
[1917045,"Dragagem de areia fina com draga hopper - capacidade da cisterna de 1.000 m³ - DMT de 2.100 a 2.400 m","m³",12.63]
[1917046,"Dragagem de areia fina com draga hopper - capacidade da cisterna de 1.000 m³ - DMT de 2.400 a 2.700 m","m³",12.86]
[1917047,"Dragagem de areia fina com draga hopper - capacidade da cisterna de 1.000 m³ - DMT de 2.700 a 3.000 m","m³",13.1]
[1917048,"Dragagem de areia fina com draga hopper - capacidade da cisterna de 1.000 m³ - DMT de 3.000 m","m³",13.23]
[1901518,"Dragagem de areia fina com draga hopper - capacidade da cisterna de 10.000 m³ - DMT de 1.500 a 1.800 m","m³",8.27]
[1901519,"Dragagem de areia fina com draga hopper - capacidade da cisterna de 10.000 m³ - DMT de 1.800 a 2.100 m","m³",8.33]
[1901520,"Dragagem de areia fina com draga hopper - capacidade da cisterna de 10.000 m³ - DMT de 2.100 a 2.400 m","m³",8.39]
[1901521,"Dragagem de areia fina com draga hopper - capacidade da cisterna de 10.000 m³ - DMT de 2.400 a 2.700 m","m³",8.4600000000000009]
[1901522,"Dragagem de areia fina com draga hopper - capacidade da cisterna de 10.000 m³ - DMT de 2.700 a 3.000 m","m³",8.5299999999999994]
[1901517,"Dragagem de areia fina com draga hopper - capacidade da cisterna de 10.000 m³ - DMT de 3.000 m","m³",8.57]
[1901523,"Dragagem de areia fina com draga hopper - capacidade da cisterna de 15.000 m³ - DMT de 1.500 a 1.800 m","m³",10.99]
[1901524,"Dragagem de areia fina com draga hopper - capacidade da cisterna de 15.000 m³ - DMT de 1.800 a 2.100 m","m³",11.05]
[1901525,"Dragagem de areia fina com draga hopper - capacidade da cisterna de 15.000 m³ - DMT de 2.100 a 2.400 m","m³",11.11]
[1901526,"Dragagem de areia fina com draga hopper - capacidade da cisterna de 15.000 m³ - DMT de 2.400 a 2.700 m","m³",11.17]
[1901527,"Dragagem de areia fina com draga hopper - capacidade da cisterna de 15.000 m³ - DMT de 2.700 a 3.000 m","m³",11.24]
[1901528,"Dragagem de areia fina com draga hopper - capacidade da cisterna de 15.000 m³ - DMT de 3.000 m","m³",11.28]
[1917079,"Dragagem de areia fina com draga hopper - capacidade da cisterna de 2.000 m³ - DMT de 1.500 a 1.800 m","m³",8.6300000000000008]
[1917080,"Dragagem de areia fina com draga hopper - capacidade da cisterna de 2.000 m³ - DMT de 1.800 a 2.100 m","m³",8.77]
[1917081,"Dragagem de areia fina com draga hopper - capacidade da cisterna de 2.000 m³ - DMT de 2.100 a 2.400 m","m³",8.9]
[1917082,"Dragagem de areia fina com draga hopper - capacidade da cisterna de 2.000 m³ - DMT de 2.400 a 2.700 m","m³",9.0399999999999991]
[1917083,"Dragagem de areia fina com draga hopper - capacidade da cisterna de 2.000 m³ - DMT de 2.700 a 3.000 m","m³",9.19]
[1917084,"Dragagem de areia fina com draga hopper - capacidade da cisterna de 2.000 m³ - DMT de 3.000 m","m³",9.27]
[1901529,"Dragagem de areia fina com draga hopper - capacidade da cisterna de 20.000 m³ - DMT de 1.500 a 1.800 m","m³",13.77]
[1901530,"Dragagem de areia fina com draga hopper - capacidade da cisterna de 20.000 m³ - DMT de 1.800 a 2.100 m","m³",13.83]
[1901531,"Dragagem de areia fina com draga hopper - capacidade da cisterna de 20.000 m³ - DMT de 2.100 a 2.400 m","m³",13.89]
[1901532,"Dragagem de areia fina com draga hopper - capacidade da cisterna de 20.000 m³ - DMT de 2.400 a 2.700 m","m³",13.95]
[1901533,"Dragagem de areia fina com draga hopper - capacidade da cisterna de 20.000 m³ - DMT de 2.700 a 3.000 m","m³",14.02]
[1901534,"Dragagem de areia fina com draga hopper - capacidade da cisterna de 20.000 m³ - DMT de 3.000 m","m³",14.05]
[1917115,"Dragagem de areia fina com draga hopper - capacidade da cisterna de 3.000 m³ - DMT de 1.500 a 1.800 m","m³",8.2899999999999991]
[1917116,"Dragagem de areia fina com draga hopper - capacidade da cisterna de 3.000 m³ - DMT de 1.800 a 2.100 m","m³",8.4]
[1917117,"Dragagem de areia fina com draga hopper - capacidade da cisterna de 3.000 m³ - DMT de 2.100 a 2.400 m","m³",8.51]
[1917118,"Dragagem de areia fina com draga hopper - capacidade da cisterna de 3.000 m³ - DMT de 2.400 a 2.700 m","m³",8.6300000000000008]
[1917119,"Dragagem de areia fina com draga hopper - capacidade da cisterna de 3.000 m³ - DMT de 2.700 a 3.000 m","m³",8.75]
[1917120,"Dragagem de areia fina com draga hopper - capacidade da cisterna de 3.000 m³ - DMT de 3.000 m","m³",8.82]
[1917151,"Dragagem de areia fina com draga hopper - capacidade da cisterna de 4.000 m³ - DMT de 1.500 a 1.800 m","m³",7.91]
[1917152,"Dragagem de areia fina com draga hopper - capacidade da cisterna de 4.000 m³ - DMT de 1.800 a 2.100 m","m³",8.01]
[1917153,"Dragagem de areia fina com draga hopper - capacidade da cisterna de 4.000 m³ - DMT de 2.100 a 2.400 m","m³",8.11]
[1917154,"Dragagem de areia fina com draga hopper - capacidade da cisterna de 4.000 m³ - DMT de 2.400 a 2.700 m","m³",8.2100000000000009]
[1917155,"Dragagem de areia fina com draga hopper - capacidade da cisterna de 4.000 m³ - DMT de 2.700 a 3.000 m","m³",8.32]
[1917156,"Dragagem de areia fina com draga hopper - capacidade da cisterna de 4.000 m³ - DMT de 3.000 m","m³",8.3800000000000008]
[1917187,"Dragagem de areia fina com draga hopper - capacidade da cisterna de 5.000 m³ - DMT de 1.500 a 1.800 m","m³",8.81]
[1917188,"Dragagem de areia fina com draga hopper - capacidade da cisterna de 5.000 m³ - DMT de 1.800 a 2.100 m","m³",8.9]
[1917189,"Dragagem de areia fina com draga hopper - capacidade da cisterna de 5.000 m³ - DMT de 2.100 a 2.400 m","m³",8.98]
[1917190,"Dragagem de areia fina com draga hopper - capacidade da cisterna de 5.000 m³ - DMT de 2.400 a 2.700 m","m³",9.08]
[1917191,"Dragagem de areia fina com draga hopper - capacidade da cisterna de 5.000 m³ - DMT de 2.700 a 3.000 m","m³",9.17]
[1917192,"Dragagem de areia fina com draga hopper - capacidade da cisterna de 5.000 m³ - DMT de 3.000 m","m³",9.2200000000000006]
[1917007,"Dragagem de areia fina com draga hopper - capacidade da cisterna de 750 m³ - DMT de 1.500 a 1.800 m","m³",16.57]
[1917008,"Dragagem de areia fina com draga hopper - capacidade da cisterna de 750 m³ - DMT de 1.800 a 2.100 m","m³",16.87]
[1917009,"Dragagem de areia fina com draga hopper - capacidade da cisterna de 750 m³ - DMT de 2.100 a 2.400 m","m³",17.18]
[1917010,"Dragagem de areia fina com draga hopper - capacidade da cisterna de 750 m³ - DMT de 2.400 a 2.700 m","m³",17.510000000000002]
[1917011,"Dragagem de areia fina com draga hopper - capacidade da cisterna de 750 m³ - DMT de 2.700 a 3.000 m","m³",17.850000000000001]
[1917012,"Dragagem de areia fina com draga hopper - capacidade da cisterna de 750 m³ - DMT de 3.000 m","m³",18.03]
[1917578,"Dragagem de areia grossa com draga de sucção e recalque - bomba de 1.350 kW e cortador de 170 kW - distância de recalque de 1.100 a 1.300 m","m³",6.37]
[1917579,"Dragagem de areia grossa com draga de sucção e recalque - bomba de 1.350 kW e cortador de 170 kW - distância de recalque de 1.300 a 1.500 m","m³",6.82]
[1917580,"Dragagem de areia grossa com draga de sucção e recalque - bomba de 1.350 kW e cortador de 170 kW - distância de recalque de 1.500 a 1.700 m","m³",7.2]
[1917581,"Dragagem de areia grossa com draga de sucção e recalque - bomba de 1.350 kW e cortador de 170 kW - distância de recalque de 1.700 a 1.900 m","m³",7.64]
[1917582,"Dragagem de areia grossa com draga de sucção e recalque - bomba de 1.350 kW e cortador de 170 kW - distância de recalque de 1.900 a 2.100 m","m³",8.3000000000000007]
[1917583,"Dragagem de areia grossa com draga de sucção e recalque - bomba de 1.350 kW e cortador de 170 kW - distância de recalque de 2.100 a 2.300 m","m³",8.7899999999999991]
[1917584,"Dragagem de areia grossa com draga de sucção e recalque - bomba de 1.350 kW e cortador de 170 kW - distância de recalque de 2.300 a 2.500 m","m³",9.2100000000000009]
[1917585,"Dragagem de areia grossa com draga de sucção e recalque - bomba de 1.350 kW e cortador de 170 kW - distância de recalque de 2.500 a 2.700 m","m³",9.84]
[1917586,"Dragagem de areia grossa com draga de sucção e recalque - bomba de 1.350 kW e cortador de 170 kW - distância de recalque de 2.700 a 2.900 m","m³",10.78]
[1917587,"Dragagem de areia grossa com draga de sucção e recalque - bomba de 1.350 kW e cortador de 170 kW - distância de recalque de 2.900 a 3.100 m","m³",11.48]
[1917588,"Dragagem de areia grossa com draga de sucção e recalque - bomba de 1.350 kW e cortador de 170 kW - distância de recalque de 3.100 a 3.300 m","m³",12.26]
[1917589,"Dragagem de areia grossa com draga de sucção e recalque - bomba de 1.350 kW e cortador de 170 kW - distância de recalque de 3.300 a 3.500 m","m³",13.79]
[1917590,"Dragagem de areia grossa com draga de sucção e recalque - bomba de 1.350 kW e cortador de 170 kW - distância de recalque de 3.500 a 3.700 m","m³",15.96]
[1917591,"Dragagem de areia grossa com draga de sucção e recalque - bomba de 1.350 kW e cortador de 170 kW - distância de recalque de 3.700 a 3.900 m","m³",17.87]
[1917592,"Dragagem de areia grossa com draga de sucção e recalque - bomba de 1.350 kW e cortador de 170 kW - distância de recalque de 3.900 a 4.100 m","m³",20.29]
[1917593,"Dragagem de areia grossa com draga de sucção e recalque - bomba de 1.350 kW e cortador de 170 kW - distância de recalque de 4.100 a 4.300 m","m³",22.8]
[1917594,"Dragagem de areia grossa com draga de sucção e recalque - bomba de 1.350 kW e cortador de 170 kW - distância de recalque de 4.300 a 4.500 m","m³",25.89]
[1917595,"Dragagem de areia grossa com draga de sucção e recalque - bomba de 1.350 kW e cortador de 170 kW - distância de recalque de 4.500 a 4.700 m","m³",29.16]
[1917596,"Dragagem de areia grossa com draga de sucção e recalque - bomba de 1.350 kW e cortador de 170 kW - distância de recalque de 4.700 a 4.900 m","m³",32.130000000000003]
[1917597,"Dragagem de areia grossa com draga de sucção e recalque - bomba de 1.350 kW e cortador de 170 kW - distância de recalque de 4.900 a 5.100 m","m³",36.229999999999997]
[1917598,"Dragagem de areia grossa com draga de sucção e recalque - bomba de 1.350 kW e cortador de 170 kW - distância de recalque de 5.100 a 5.300 m","m³",40.03]
[1917599,"Dragagem de areia grossa com draga de sucção e recalque - bomba de 1.350 kW e cortador de 170 kW - distância de recalque de 5.300 a 5.500 m","m³",44.33]
[1917600,"Dragagem de areia grossa com draga de sucção e recalque - bomba de 1.350 kW e cortador de 170 kW - distância de recalque de 5.500 a 5.700 m","m³",49.85]
[1917601,"Dragagem de areia grossa com draga de sucção e recalque - bomba de 1.350 kW e cortador de 170 kW - distância de recalque de 5.700 a 5.900 m","m³",52.37]
[1917575,"Dragagem de areia grossa com draga de sucção e recalque - bomba de 1.350 kW e cortador de 170 kW - distância de recalque de 500 a 700 m","m³",4.9000000000000004]
[1917576,"Dragagem de areia grossa com draga de sucção e recalque - bomba de 1.350 kW e cortador de 170 kW - distância de recalque de 700 a 900 m","m³",5.26]
[1917577,"Dragagem de areia grossa com draga de sucção e recalque - bomba de 1.350 kW e cortador de 170 kW - distância de recalque de 900 a 1.100 m","m³",5.7]
[1917739,"Dragagem de areia grossa com draga de sucção e recalque - bomba de 1.350 kW e cortador de 170 kW - distância de recalque de até 500 m","m³",4.82]
[1917253,"Dragagem de areia grossa com draga de sucção e recalque - bomba de 294 kW e cortador de 30 kW - distância de recalque de 1.100 a 1.300 m","m³",7.76]
[1917254,"Dragagem de areia grossa com draga de sucção e recalque - bomba de 294 kW e cortador de 30 kW - distância de recalque de 1.300 a 1.500 m","m³",8.32]
[1917255,"Dragagem de areia grossa com draga de sucção e recalque - bomba de 294 kW e cortador de 30 kW - distância de recalque de 1.500 a 1.700 m","m³",9.0299999999999994]
[1917256,"Dragagem de areia grossa com draga de sucção e recalque - bomba de 294 kW e cortador de 30 kW - distância de recalque de 1.700 a 1.900 m","m³",9.77]
[1917257,"Dragagem de areia grossa com draga de sucção e recalque - bomba de 294 kW e cortador de 30 kW - distância de recalque de 1.900 a 2.100 m","m³",10.79]
[1917258,"Dragagem de areia grossa com draga de sucção e recalque - bomba de 294 kW e cortador de 30 kW - distância de recalque de 2.100 a 2.300 m","m³",11.81]
[1917259,"Dragagem de areia grossa com draga de sucção e recalque - bomba de 294 kW e cortador de 30 kW - distância de recalque de 2.300 a 2.500 m","m³",14.73]
[1917250,"Dragagem de areia grossa com draga de sucção e recalque - bomba de 294 kW e cortador de 30 kW - distância de recalque de 500 a 700 m","m³",5.81]
[1917251,"Dragagem de areia grossa com draga de sucção e recalque - bomba de 294 kW e cortador de 30 kW - distância de recalque de 700 a 900 m","m³",6.15]
[1917252,"Dragagem de areia grossa com draga de sucção e recalque - bomba de 294 kW e cortador de 30 kW - distância de recalque de 900 a 1.100 m","m³",6.89]
[1917726,"Dragagem de areia grossa com draga de sucção e recalque - bomba de 294 kW e cortador de 30 kW - distância de recalque de até 500 m","m³",5.67]
[1917335,"Dragagem de areia grossa com draga de sucção e recalque - bomba de 483 kW e cortador de 55 kW - distância de recalque de 1.100 a 1.300 m","m³",5.71]
[1917336,"Dragagem de areia grossa com draga de sucção e recalque - bomba de 483 kW e cortador de 55 kW - distância de recalque de 1.300 a 1.500 m","m³",6.51]
[1917337,"Dragagem de areia grossa com draga de sucção e recalque - bomba de 483 kW e cortador de 55 kW - distância de recalque de 1.500 a 1.700 m","m³",7.1]
[1917338,"Dragagem de areia grossa com draga de sucção e recalque - bomba de 483 kW e cortador de 55 kW - distância de recalque de 1.700 a 1.900 m","m³",7.85]
[1917339,"Dragagem de areia grossa com draga de sucção e recalque - bomba de 483 kW e cortador de 55 kW - distância de recalque de 1.900 a 2.100 m","m³",8.76]
[1917340,"Dragagem de areia grossa com draga de sucção e recalque - bomba de 483 kW e cortador de 55 kW - distância de recalque de 2.100 a 2.300 m","m³",10.19]
[1917341,"Dragagem de areia grossa com draga de sucção e recalque - bomba de 483 kW e cortador de 55 kW - distância de recalque de 2.300 a 2.500 m","m³",12.97]
[1917342,"Dragagem de areia grossa com draga de sucção e recalque - bomba de 483 kW e cortador de 55 kW - distância de recalque de 2.500 a 2.700 m","m³",16.100000000000001]
[1917343,"Dragagem de areia grossa com draga de sucção e recalque - bomba de 483 kW e cortador de 55 kW - distância de recalque de 2.700 a 2.900 m","m³",20.09]
[1917344,"Dragagem de areia grossa com draga de sucção e recalque - bomba de 483 kW e cortador de 55 kW - distância de recalque de 2.900 a 3.100 m","m³",24.31]
[1917345,"Dragagem de areia grossa com draga de sucção e recalque - bomba de 483 kW e cortador de 55 kW - distância de recalque de 3.100 a 3.300 m","m³",30.27]
[1917346,"Dragagem de areia grossa com draga de sucção e recalque - bomba de 483 kW e cortador de 55 kW - distância de recalque de 3.300 a 3.500 m","m³",36.119999999999997]
[1917347,"Dragagem de areia grossa com draga de sucção e recalque - bomba de 483 kW e cortador de 55 kW - distância de recalque de 3.500 a 3.700 m","m³",47.69]
[1917332,"Dragagem de areia grossa com draga de sucção e recalque - bomba de 483 kW e cortador de 55 kW - distância de recalque de 500 a 700 m","m³",4.6500000000000004]
[1917333,"Dragagem de areia grossa com draga de sucção e recalque - bomba de 483 kW e cortador de 55 kW - distância de recalque de 700 a 900 m","m³",4.96]
[1917334,"Dragagem de areia grossa com draga de sucção e recalque - bomba de 483 kW e cortador de 55 kW - distância de recalque de 900 a 1.100 m","m³",5.28]
[1917331,"Dragagem de areia grossa com draga de sucção e recalque - bomba de 483 kW e cortador de 55 kW - distância de recalque de até 500 m","m³",4.2300000000000004]
[1917443,"Dragagem de areia grossa com draga de sucção e recalque - bomba de 746 kW e cortador de 110 kW - distância de recalque de 1.100 a 1.300 m","m³",6.32]
[1917444,"Dragagem de areia grossa com draga de sucção e recalque - bomba de 746 kW e cortador de 110 kW - distância de recalque de 1.300 a 1.500 m","m³",6.83]
[1917445,"Dragagem de areia grossa com draga de sucção e recalque - bomba de 746 kW e cortador de 110 kW - distância de recalque de 1.500 a 1.700 m","m³",7.4]
[1917446,"Dragagem de areia grossa com draga de sucção e recalque - bomba de 746 kW e cortador de 110 kW - distância de recalque de 1.700 a 1.900 m","m³",7.99]
[1917447,"Dragagem de areia grossa com draga de sucção e recalque - bomba de 746 kW e cortador de 110 kW - distância de recalque de 1.900 a 2.100 m","m³",8.9]
[1917448,"Dragagem de areia grossa com draga de sucção e recalque - bomba de 746 kW e cortador de 110 kW - distância de recalque de 2.100 a 2.300 m","m³",9.65]
[1917449,"Dragagem de areia grossa com draga de sucção e recalque - bomba de 746 kW e cortador de 110 kW - distância de recalque de 2.300 a 2.500 m","m³",10.63]
[1917450,"Dragagem de areia grossa com draga de sucção e recalque - bomba de 746 kW e cortador de 110 kW - distância de recalque de 2.500 a 2.700 m","m³",11.82]
[1917451,"Dragagem de areia grossa com draga de sucção e recalque - bomba de 746 kW e cortador de 110 kW - distância de recalque de 2.700 a 2.900 m","m³",14.43]
[1917452,"Dragagem de areia grossa com draga de sucção e recalque - bomba de 746 kW e cortador de 110 kW - distância de recalque de 2.900 a 3.100 m","m³",16.98]
[1917453,"Dragagem de areia grossa com draga de sucção e recalque - bomba de 746 kW e cortador de 110 kW - distância de recalque de 3.100 a 3.300 m","m³",20.05]
[1917454,"Dragagem de areia grossa com draga de sucção e recalque - bomba de 746 kW e cortador de 110 kW - distância de recalque de 3.300 a 3.500 m","m³",23.42]
[1917455,"Dragagem de areia grossa com draga de sucção e recalque - bomba de 746 kW e cortador de 110 kW - distância de recalque de 3.500 a 3.700 m","m³",27.76]
[1917456,"Dragagem de areia grossa com draga de sucção e recalque - bomba de 746 kW e cortador de 110 kW - distância de recalque de 3.700 a 3.900 m","m³",32.43]
[1917457,"Dragagem de areia grossa com draga de sucção e recalque - bomba de 746 kW e cortador de 110 kW - distância de recalque de 3.900 a 4.100 m","m³",36.61]
[1917458,"Dragagem de areia grossa com draga de sucção e recalque - bomba de 746 kW e cortador de 110 kW - distância de recalque de 4.100 a 4.300 m","m³",42.16]
[1917459,"Dragagem de areia grossa com draga de sucção e recalque - bomba de 746 kW e cortador de 110 kW - distância de recalque de 4.300 a 4.500 m","m³",44.43]
[1917440,"Dragagem de areia grossa com draga de sucção e recalque - bomba de 746 kW e cortador de 110 kW - distância de recalque de 500 a 700 m","m³",4.37]
[1917441,"Dragagem de areia grossa com draga de sucção e recalque - bomba de 746 kW e cortador de 110 kW - distância de recalque de 700 a 900 m","m³",4.95]
[1917442,"Dragagem de areia grossa com draga de sucção e recalque - bomba de 746 kW e cortador de 110 kW - distância de recalque de 900 a 1.100 m","m³",5.51]
[1917734,"Dragagem de areia grossa com draga de sucção e recalque - bomba de 746 kW e cortador de 110 kW - distância de recalque de até 500 m","m³",4.0599999999999996]
[1917055,"Dragagem de areia grossa com draga hopper - capacidade da cisterna de 1.000 m³ - DMT de 1.500 a 1.800 m","m³",11.11]
[1917056,"Dragagem de areia grossa com draga hopper - capacidade da cisterna de 1.000 m³ - DMT de 1.800 a 2.100 m","m³",11.32]
[1917057,"Dragagem de areia grossa com draga hopper - capacidade da cisterna de 1.000 m³ - DMT de 2.100 a 2.400 m","m³",11.53]
[1917058,"Dragagem de areia grossa com draga hopper - capacidade da cisterna de 1.000 m³ - DMT de 2.400 a 2.700 m","m³",11.75]
[1917059,"Dragagem de areia grossa com draga hopper - capacidade da cisterna de 1.000 m³ - DMT de 2.700 a 3.000 m","m³",11.99]
[1917060,"Dragagem de areia grossa com draga hopper - capacidade da cisterna de 1.000 m³ - DMT de 3.000 m","m³",12.12]
[1901536,"Dragagem de areia grossa com draga hopper - capacidade da cisterna de 10.000 m³ - DMT de 1.500 a 1.800 m","m³",7.43]
[1901537,"Dragagem de areia grossa com draga hopper - capacidade da cisterna de 10.000 m³ - DMT de 1.800 a 2.100 m","m³",7.49]
[1901538,"Dragagem de areia grossa com draga hopper - capacidade da cisterna de 10.000 m³ - DMT de 2.100 a 2.400 m","m³",7.55]
[1901539,"Dragagem de areia grossa com draga hopper - capacidade da cisterna de 10.000 m³ - DMT de 2.400 a 2.700 m","m³",7.62]
[1901540,"Dragagem de areia grossa com draga hopper - capacidade da cisterna de 10.000 m³ - DMT de 2.700 a 3.000 m","m³",7.69]
[1901535,"Dragagem de areia grossa com draga hopper - capacidade da cisterna de 10.000 m³ - DMT de 3.000 m","m³",7.72]
[1901542,"Dragagem de areia grossa com draga hopper - capacidade da cisterna de 15.000 m³ - DMT de 1.500 a 1.800 m","m³",9.81]
[1901543,"Dragagem de areia grossa com draga hopper - capacidade da cisterna de 15.000 m³ - DMT de 1.800 a 2.100 m","m³",9.8699999999999992]
[1901544,"Dragagem de areia grossa com draga hopper - capacidade da cisterna de 15.000 m³ - DMT de 2.100 a 2.400 m","m³",9.93]
[1901545,"Dragagem de areia grossa com draga hopper - capacidade da cisterna de 15.000 m³ - DMT de 2.400 a 2.700 m","m³",9.99]
[1901546,"Dragagem de areia grossa com draga hopper - capacidade da cisterna de 15.000 m³ - DMT de 2.700 a 3.000 m","m³",10.06]
[1901541,"Dragagem de areia grossa com draga hopper - capacidade da cisterna de 15.000 m³ - DMT de 3.000 m","m³",10.09]
[1917091,"Dragagem de areia grossa com draga hopper - capacidade da cisterna de 2.000 m³ - DMT de 1.500 a 1.800 m","m³",7.85]
[1917092,"Dragagem de areia grossa com draga hopper - capacidade da cisterna de 2.000 m³ - DMT de 1.800 a 2.100 m","m³",7.98]
[1917093,"Dragagem de areia grossa com draga hopper - capacidade da cisterna de 2.000 m³ - DMT de 2.100 a 2.400 m","m³",8.1199999999999992]
[1917094,"Dragagem de areia grossa com draga hopper - capacidade da cisterna de 2.000 m³ - DMT de 2.400 a 2.700 m","m³",8.25]
[1917095,"Dragagem de areia grossa com draga hopper - capacidade da cisterna de 2.000 m³ - DMT de 2.700 a 3.000 m","m³",8.4]
[1917096,"Dragagem de areia grossa com draga hopper - capacidade da cisterna de 2.000 m³ - DMT de 3.000 m","m³",8.48]
[1901548,"Dragagem de areia grossa com draga hopper - capacidade da cisterna de 20.000 m³ - DMT de 1.500 a 1.800 m","m³",12.26]
[1901549,"Dragagem de areia grossa com draga hopper - capacidade da cisterna de 20.000 m³ - DMT de 1.800 a 2.100 m","m³",12.31]
[1901550,"Dragagem de areia grossa com draga hopper - capacidade da cisterna de 20.000 m³ - DMT de 2.100 a 2.400 m","m³",12.37]
[1901551,"Dragagem de areia grossa com draga hopper - capacidade da cisterna de 20.000 m³ - DMT de 2.400 a 2.700 m","m³",12.43]
[1901552,"Dragagem de areia grossa com draga hopper - capacidade da cisterna de 20.000 m³ - DMT de 2.700 a 3.000 m","m³",12.5]
[1901547,"Dragagem de areia grossa com draga hopper - capacidade da cisterna de 20.000 m³ - DMT de 3.000 m","m³",12.53]
[1917127,"Dragagem de areia grossa com draga hopper - capacidade da cisterna de 3.000 m³ - DMT de 1.500 a 1.800 m","m³",7.52]
[1917128,"Dragagem de areia grossa com draga hopper - capacidade da cisterna de 3.000 m³ - DMT de 1.800 a 2.100 m","m³",7.62]
[1917129,"Dragagem de areia grossa com draga hopper - capacidade da cisterna de 3.000 m³ - DMT de 2.100 a 2.400 m","m³",7.73]
[1917130,"Dragagem de areia grossa com draga hopper - capacidade da cisterna de 3.000 m³ - DMT de 2.400 a 2.700 m","m³",7.84]
[1917131,"Dragagem de areia grossa com draga hopper - capacidade da cisterna de 3.000 m³ - DMT de 2.700 a 3.000 m","m³",7.96]
[1917132,"Dragagem de areia grossa com draga hopper - capacidade da cisterna de 3.000 m³ - DMT de 3.000 m","m³",8.0299999999999994]
[1917163,"Dragagem de areia grossa com draga hopper - capacidade da cisterna de 4.000 m³ - DMT de 1.500 a 1.800 m","m³",7.16]
[1917164,"Dragagem de areia grossa com draga hopper - capacidade da cisterna de 4.000 m³ - DMT de 1.800 a 2.100 m","m³",7.26]
[1917165,"Dragagem de areia grossa com draga hopper - capacidade da cisterna de 4.000 m³ - DMT de 2.100 a 2.400 m","m³",7.35]
[1917166,"Dragagem de areia grossa com draga hopper - capacidade da cisterna de 4.000 m³ - DMT de 2.400 a 2.700 m","m³",7.45]
[1917167,"Dragagem de areia grossa com draga hopper - capacidade da cisterna de 4.000 m³ - DMT de 2.700 a 3.000 m","m³",7.56]
[1917168,"Dragagem de areia grossa com draga hopper - capacidade da cisterna de 4.000 m³ - DMT de 3.000 m","m³",7.61]
[1917199,"Dragagem de areia grossa com draga hopper - capacidade da cisterna de 5.000 m³ - DMT de 1.500 a 1.800 m","m³",7.94]
[1917200,"Dragagem de areia grossa com draga hopper - capacidade da cisterna de 5.000 m³ - DMT de 1.800 a 2.100 m","m³",8.02]
[1917201,"Dragagem de areia grossa com draga hopper - capacidade da cisterna de 5.000 m³ - DMT de 2.100 a 2.400 m","m³",8.11]
[1917202,"Dragagem de areia grossa com draga hopper - capacidade da cisterna de 5.000 m³ - DMT de 2.400 a 2.700 m","m³",8.1999999999999993]
[1917203,"Dragagem de areia grossa com draga hopper - capacidade da cisterna de 5.000 m³ - DMT de 2.700 a 3.000 m","m³",8.2899999999999991]
[1917204,"Dragagem de areia grossa com draga hopper - capacidade da cisterna de 5.000 m³ - DMT de 3.000 m","m³",8.34]
[1917019,"Dragagem de areia grossa com draga hopper - capacidade da cisterna de 750 m³ - DMT de 1.500 a 1.800 m","m³",15.07]
[1917020,"Dragagem de areia grossa com draga hopper - capacidade da cisterna de 750 m³ - DMT de 1.800 a 2.100 m","m³",15.36]
[1917021,"Dragagem de areia grossa com draga hopper - capacidade da cisterna de 750 m³ - DMT de 2.100 a 2.400 m","m³",15.66]
[1917022,"Dragagem de areia grossa com draga hopper - capacidade da cisterna de 750 m³ - DMT de 2.400 a 2.700 m","m³",15.98]
[1917023,"Dragagem de areia grossa com draga hopper - capacidade da cisterna de 750 m³ - DMT de 2.700 a 3.000 m","m³",16.32]
[1917024,"Dragagem de areia grossa com draga hopper - capacidade da cisterna de 750 m³ - DMT de 3.000 m","m³",16.5]
[1917541,"Dragagem de areia média com draga de sucção e recalque - bomba de 1.350 kW e cortador de 170 kW - distância de recalque de 1.100 a 1.300 m","m³",5.39]
[1917542,"Dragagem de areia média com draga de sucção e recalque - bomba de 1.350 kW e cortador de 170 kW - distância de recalque de 1.300 a 1.500 m","m³",6.05]
[1917543,"Dragagem de areia média com draga de sucção e recalque - bomba de 1.350 kW e cortador de 170 kW - distância de recalque de 1.500 a 1.700 m","m³",6.35]
[1917544,"Dragagem de areia média com draga de sucção e recalque - bomba de 1.350 kW e cortador de 170 kW - distância de recalque de 1.700 a 1.900 m","m³",6.66]
[1917545,"Dragagem de areia média com draga de sucção e recalque - bomba de 1.350 kW e cortador de 170 kW - distância de recalque de 1.900 a 2.100 m","m³",7.06]
[1917546,"Dragagem de areia média com draga de sucção e recalque - bomba de 1.350 kW e cortador de 170 kW - distância de recalque de 2.100 a 2.300 m","m³",7.4]
[1917547,"Dragagem de areia média com draga de sucção e recalque - bomba de 1.350 kW e cortador de 170 kW - distância de recalque de 2.300 a 2.500 m","m³",8.09]
[1917548,"Dragagem de areia média com draga de sucção e recalque - bomba de 1.350 kW e cortador de 170 kW - distância de recalque de 2.500 a 2.700 m","m³",8.51]
[1917549,"Dragagem de areia média com draga de sucção e recalque - bomba de 1.350 kW e cortador de 170 kW - distância de recalque de 2.700 a 2.900 m","m³",8.94]
[1917550,"Dragagem de areia média com draga de sucção e recalque - bomba de 1.350 kW e cortador de 170 kW - distância de recalque de 2.900 a 3.100 m","m³",9.41]
[1917551,"Dragagem de areia média com draga de sucção e recalque - bomba de 1.350 kW e cortador de 170 kW - distância de recalque de 3.100 a 3.300 m","m³",10.18]
[1917552,"Dragagem de areia média com draga de sucção e recalque - bomba de 1.350 kW e cortador de 170 kW - distância de recalque de 3.300 a 3.500 m","m³",10.69]
[1917553,"Dragagem de areia média com draga de sucção e recalque - bomba de 1.350 kW e cortador de 170 kW - distância de recalque de 3.500 a 3.700 m","m³",10.55]
[1917554,"Dragagem de areia média com draga de sucção e recalque - bomba de 1.350 kW e cortador de 170 kW - distância de recalque de 3.700 a 3.900 m","m³",11.65]
[1917555,"Dragagem de areia média com draga de sucção e recalque - bomba de 1.350 kW e cortador de 170 kW - distância de recalque de 3.900 a 4.100 m","m³",12.19]
[1917556,"Dragagem de areia média com draga de sucção e recalque - bomba de 1.350 kW e cortador de 170 kW - distância de recalque de 4.100 a 4.300 m","m³",13.11]
[1917557,"Dragagem de areia média com draga de sucção e recalque - bomba de 1.350 kW e cortador de 170 kW - distância de recalque de 4.300 a 4.500 m","m³",13.7]
[1917558,"Dragagem de areia média com draga de sucção e recalque - bomba de 1.350 kW e cortador de 170 kW - distância de recalque de 4.500 a 4.700 m","m³",14.56]
[1917559,"Dragagem de areia média com draga de sucção e recalque - bomba de 1.350 kW e cortador de 170 kW - distância de recalque de 4.700 a 4.900 m","m³",15.98]
[1917560,"Dragagem de areia média com draga de sucção e recalque - bomba de 1.350 kW e cortador de 170 kW - distância de recalque de 4.900 a 5.100 m","m³",17.809999999999999]
[1917561,"Dragagem de areia média com draga de sucção e recalque - bomba de 1.350 kW e cortador de 170 kW - distância de recalque de 5.100 a 5.300 m","m³",19.579999999999998]
[1917562,"Dragagem de areia média com draga de sucção e recalque - bomba de 1.350 kW e cortador de 170 kW - distância de recalque de 5.300 a 5.500 m","m³",21.61]
[1917563,"Dragagem de areia média com draga de sucção e recalque - bomba de 1.350 kW e cortador de 170 kW - distância de recalque de 5.500 a 5.700 m","m³",23.47]
[1917564,"Dragagem de areia média com draga de sucção e recalque - bomba de 1.350 kW e cortador de 170 kW - distância de recalque de 5.700 a 5.900 m","m³",25.47]
[1917565,"Dragagem de areia média com draga de sucção e recalque - bomba de 1.350 kW e cortador de 170 kW - distância de recalque de 5.900 a 6.100 m","m³",28.18]
[1917538,"Dragagem de areia média com draga de sucção e recalque - bomba de 1.350 kW e cortador de 170 kW - distância de recalque de 500 a 700 m","m³",4.4400000000000004]
[1917566,"Dragagem de areia média com draga de sucção e recalque - bomba de 1.350 kW e cortador de 170 kW - distância de recalque de 6.100 a 6.300 m","m³",30.87]
[1917567,"Dragagem de areia média com draga de sucção e recalque - bomba de 1.350 kW e cortador de 170 kW - distância de recalque de 6.300 a 6.500 m","m³",33.72]
[1917568,"Dragagem de areia média com draga de sucção e recalque - bomba de 1.350 kW e cortador de 170 kW - distância de recalque de 6.500 a 6.700 m","m³",36.46]
[1917569,"Dragagem de areia média com draga de sucção e recalque - bomba de 1.350 kW e cortador de 170 kW - distância de recalque de 6.700 a 6.900 m","m³",39.880000000000003]
[1917570,"Dragagem de areia média com draga de sucção e recalque - bomba de 1.350 kW e cortador de 170 kW - distância de recalque de 6.900 a 7.100 m","m³",43]
[1917571,"Dragagem de areia média com draga de sucção e recalque - bomba de 1.350 kW e cortador de 170 kW - distância de recalque de 7.100 a 7.300 m","m³",46.69]
[1917572,"Dragagem de areia média com draga de sucção e recalque - bomba de 1.350 kW e cortador de 170 kW - distância de recalque de 7.300 a 7.500 m","m³",50.81]
[1917573,"Dragagem de areia média com draga de sucção e recalque - bomba de 1.350 kW e cortador de 170 kW - distância de recalque de 7.500 a 7.700 m","m³",55.29]
[1917574,"Dragagem de areia média com draga de sucção e recalque - bomba de 1.350 kW e cortador de 170 kW - distância de recalque de 7.700 a 7.900 m","m³",59.44]
[1917539,"Dragagem de areia média com draga de sucção e recalque - bomba de 1.350 kW e cortador de 170 kW - distância de recalque de 700 a 900 m","m³",4.7300000000000004]
[1917540,"Dragagem de areia média com draga de sucção e recalque - bomba de 1.350 kW e cortador de 170 kW - distância de recalque de 900 a 1.100 m","m³",5.0999999999999996]
[1917738,"Dragagem de areia média com draga de sucção e recalque - bomba de 1.350 kW e cortador de 170 kW - distância de recalque de até 500 m","m³",4.37]
[1917238,"Dragagem de areia média com draga de sucção e recalque - bomba de 294 kW e cortador de 30 kW - distância de recalque de 1.100 a 1.300 m","m³",6.9]
[1917239,"Dragagem de areia média com draga de sucção e recalque - bomba de 294 kW e cortador de 30 kW - distância de recalque de 1.300 a 1.500 m","m³",7.58]
[1917240,"Dragagem de areia média com draga de sucção e recalque - bomba de 294 kW e cortador de 30 kW - distância de recalque de 1.500 a 1.700 m","m³",8.1]
[1917241,"Dragagem de areia média com draga de sucção e recalque - bomba de 294 kW e cortador de 30 kW - distância de recalque de 1.700 a 1.900 m","m³",8.59]
[1917242,"Dragagem de areia média com draga de sucção e recalque - bomba de 294 kW e cortador de 30 kW - distância de recalque de 1.900 a 2.100 m","m³",9.06]
[1917243,"Dragagem de areia média com draga de sucção e recalque - bomba de 294 kW e cortador de 30 kW - distância de recalque de 2.100 a 2.300 m","m³",9.5]
[1917244,"Dragagem de areia média com draga de sucção e recalque - bomba de 294 kW e cortador de 30 kW - distância de recalque de 2.300 a 2.500 m","m³",10.14]
[1917245,"Dragagem de areia média com draga de sucção e recalque - bomba de 294 kW e cortador de 30 kW - distância de recalque de 2.500 a 2.700 m","m³",10.68]
[1917246,"Dragagem de areia média com draga de sucção e recalque - bomba de 294 kW e cortador de 30 kW - distância de recalque de 2.700 a 2.900 m","m³",11.25]
[1917247,"Dragagem de areia média com draga de sucção e recalque - bomba de 294 kW e cortador de 30 kW - distância de recalque de 2.900 a 3.100 m","m³",12.2]
[1917248,"Dragagem de areia média com draga de sucção e recalque - bomba de 294 kW e cortador de 30 kW - distância de recalque de 3.100 a 3.300 m","m³",13.97]
[1917249,"Dragagem de areia média com draga de sucção e recalque - bomba de 294 kW e cortador de 30 kW - distância de recalque de 3.300 a 3.500 m","m³",16.75]
[1917235,"Dragagem de areia média com draga de sucção e recalque - bomba de 294 kW e cortador de 30 kW - distância de recalque de 500 a 700 m","m³",5.47]
[1917236,"Dragagem de areia média com draga de sucção e recalque - bomba de 294 kW e cortador de 30 kW - distância de recalque de 700 a 900 m","m³",5.85]
[1917237,"Dragagem de areia média com draga de sucção e recalque - bomba de 294 kW e cortador de 30 kW - distância de recalque de 900 a 1.100 m","m³",6.32]
[1917725,"Dragagem de areia média com draga de sucção e recalque - bomba de 294 kW e cortador de 30 kW - distância de recalque de até 500 m","m³",5.33]
[1917311,"Dragagem de areia média com draga de sucção e recalque - bomba de 483 kW e cortador de 55 kW - distância de recalque de 1.100 a 1.300 m","m³",5.43]
[1917312,"Dragagem de areia média com draga de sucção e recalque - bomba de 483 kW e cortador de 55 kW - distância de recalque de 1.300 a 1.500 m","m³",6.15]
[1917313,"Dragagem de areia média com draga de sucção e recalque - bomba de 483 kW e cortador de 55 kW - distância de recalque de 1.500 a 1.700 m","m³",6.61]
[1917314,"Dragagem de areia média com draga de sucção e recalque - bomba de 483 kW e cortador de 55 kW - distância de recalque de 1.700 a 1.900 m","m³",7.05]
[1917315,"Dragagem de areia média com draga de sucção e recalque - bomba de 483 kW e cortador de 55 kW - distância de recalque de 1.900 a 2.100 m","m³",7.58]
[1917316,"Dragagem de areia média com draga de sucção e recalque - bomba de 483 kW e cortador de 55 kW - distância de recalque de 2.100 a 2.300 m","m³",8.1]
[1917317,"Dragagem de areia média com draga de sucção e recalque - bomba de 483 kW e cortador de 55 kW - distância de recalque de 2.300 a 2.500 m","m³",8.94]
[1917318,"Dragagem de areia média com draga de sucção e recalque - bomba de 483 kW e cortador de 55 kW - distância de recalque de 2.500 a 2.700 m","m³",9.66]
[1917319,"Dragagem de areia média com draga de sucção e recalque - bomba de 483 kW e cortador de 55 kW - distância de recalque de 2.700 a 2.900 m","m³",10.33]
[1917320,"Dragagem de areia média com draga de sucção e recalque - bomba de 483 kW e cortador de 55 kW - distância de recalque de 2.900 a 3.100 m","m³",11.06]
[1917321,"Dragagem de areia média com draga de sucção e recalque - bomba de 483 kW e cortador de 55 kW - distância de recalque de 3.100 a 3.300 m","m³",13.53]
[1917322,"Dragagem de areia média com draga de sucção e recalque - bomba de 483 kW e cortador de 55 kW - distância de recalque de 3.300 a 3.500 m","m³",15.65]
[1917323,"Dragagem de areia média com draga de sucção e recalque - bomba de 483 kW e cortador de 55 kW - distância de recalque de 3.500 a 3.700 m","m³",18.38]
[1917324,"Dragagem de areia média com draga de sucção e recalque - bomba de 483 kW e cortador de 55 kW - distância de recalque de 3.700 a 3.900 m","m³",21.25]
[1917325,"Dragagem de areia média com draga de sucção e recalque - bomba de 483 kW e cortador de 55 kW - distância de recalque de 3.900 a 4.100 m","m³",24.65]
[1917326,"Dragagem de areia média com draga de sucção e recalque - bomba de 483 kW e cortador de 55 kW - distância de recalque de 4.100 a 4.300 m","m³",29.28]
[1917327,"Dragagem de areia média com draga de sucção e recalque - bomba de 483 kW e cortador de 55 kW - distância de recalque de 4.300 a 4.500 m","m³",33.97]
[1917328,"Dragagem de areia média com draga de sucção e recalque - bomba de 483 kW e cortador de 55 kW - distância de recalque de 4.500 a 4.700 m","m³",39.35]
[1917329,"Dragagem de areia média com draga de sucção e recalque - bomba de 483 kW e cortador de 55 kW - distância de recalque de 4.700 a 4.900 m","m³",43.06]
[1917330,"Dragagem de areia média com draga de sucção e recalque - bomba de 483 kW e cortador de 55 kW - distância de recalque de 4.900 a 5.100 m","m³",47.65]
[1917308,"Dragagem de areia média com draga de sucção e recalque - bomba de 483 kW e cortador de 55 kW - distância de recalque de 500 a 700 m","m³",4.43]
[1917309,"Dragagem de areia média com draga de sucção e recalque - bomba de 483 kW e cortador de 55 kW - distância de recalque de 700 a 900 m","m³",4.72]
[1917310,"Dragagem de areia média com draga de sucção e recalque - bomba de 483 kW e cortador de 55 kW - distância de recalque de 900 a 1.100 m","m³",5.0199999999999996]
[1917730,"Dragagem de areia média com draga de sucção e recalque - bomba de 483 kW e cortador de 55 kW - distância de recalque de até 500 m","m³",4.38]
[1917415,"Dragagem de areia média com draga de sucção e recalque - bomba de 746 kW e cortador de 110 kW - distância de recalque de 1.100 a 1.300 m","m³",5.36]
[1917416,"Dragagem de areia média com draga de sucção e recalque - bomba de 746 kW e cortador de 110 kW - distância de recalque de 1.300 a 1.500 m","m³",6.03]
[1917417,"Dragagem de areia média com draga de sucção e recalque - bomba de 746 kW e cortador de 110 kW - distância de recalque de 1.500 a 1.700 m","m³",6.47]
[1917418,"Dragagem de areia média com draga de sucção e recalque - bomba de 746 kW e cortador de 110 kW - distância de recalque de 1.700 a 1.900 m","m³",6.88]
[1917419,"Dragagem de areia média com draga de sucção e recalque - bomba de 746 kW e cortador de 110 kW - distância de recalque de 1.900 a 2.100 m","m³",7.24]
[1917420,"Dragagem de areia média com draga de sucção e recalque - bomba de 746 kW e cortador de 110 kW - distância de recalque de 2.100 a 2.300 m","m³",7.67]
[1917421,"Dragagem de areia média com draga de sucção e recalque - bomba de 746 kW e cortador de 110 kW - distância de recalque de 2.300 a 2.500 m","m³",8.3800000000000008]
[1917422,"Dragagem de areia média com draga de sucção e recalque - bomba de 746 kW e cortador de 110 kW - distância de recalque de 2.500 a 2.700 m","m³",8.7899999999999991]
[1917423,"Dragagem de areia média com draga de sucção e recalque - bomba de 746 kW e cortador de 110 kW - distância de recalque de 2.700 a 2.900 m","m³",9.2100000000000009]
[1917424,"Dragagem de areia média com draga de sucção e recalque - bomba de 746 kW e cortador de 110 kW - distância de recalque de 2.900 a 3.100 m","m³",9.64]
[1917425,"Dragagem de areia média com draga de sucção e recalque - bomba de 746 kW e cortador de 110 kW - distância de recalque de 3.100 a 3.300 m","m³",10.51]
[1917426,"Dragagem de areia média com draga de sucção e recalque - bomba de 746 kW e cortador de 110 kW - distância de recalque de 3.300 a 3.500 m","m³",11.39]
[1917427,"Dragagem de areia média com draga de sucção e recalque - bomba de 746 kW e cortador de 110 kW - distância de recalque de 3.500 a 3.700 m","m³",12.98]
[1917428,"Dragagem de areia média com draga de sucção e recalque - bomba de 746 kW e cortador de 110 kW - distância de recalque de 3.700 a 3.900 m","m³",14.83]
[1917429,"Dragagem de areia média com draga de sucção e recalque - bomba de 746 kW e cortador de 110 kW - distância de recalque de 3.900 a 4.100 m","m³",16.77]
[1917430,"Dragagem de areia média com draga de sucção e recalque - bomba de 746 kW e cortador de 110 kW - distância de recalque de 4.100 a 4.300 m","m³",19.38]
[1917431,"Dragagem de areia média com draga de sucção e recalque - bomba de 746 kW e cortador de 110 kW - distância de recalque de 4.300 a 4.500 m","m³",21.66]
[1917432,"Dragagem de areia média com draga de sucção e recalque - bomba de 746 kW e cortador de 110 kW - distância de recalque de 4.500 a 4.700 m","m³",24.6]
[1917433,"Dragagem de areia média com draga de sucção e recalque - bomba de 746 kW e cortador de 110 kW - distância de recalque de 4.700 a 4.900 m","m³",27.63]
[1917434,"Dragagem de areia média com draga de sucção e recalque - bomba de 746 kW e cortador de 110 kW - distância de recalque de 4.900 a 5.100 m","m³",31.24]
[1917435,"Dragagem de areia média com draga de sucção e recalque - bomba de 746 kW e cortador de 110 kW - distância de recalque de 5.100 a 5.300 m","m³",35.54]
[1917436,"Dragagem de areia média com draga de sucção e recalque - bomba de 746 kW e cortador de 110 kW - distância de recalque de 5.300 a 5.500 m","m³",39.43]
[1917437,"Dragagem de areia média com draga de sucção e recalque - bomba de 746 kW e cortador de 110 kW - distância de recalque de 5.500 a 5.700 m","m³",44.42]
[1917438,"Dragagem de areia média com draga de sucção e recalque - bomba de 746 kW e cortador de 110 kW - distância de recalque de 5.700 a 5.900 m","m³",47.91]
[1917439,"Dragagem de areia média com draga de sucção e recalque - bomba de 746 kW e cortador de 110 kW - distância de recalque de 5.900 a 6.100 m","m³",51.04]
[1917412,"Dragagem de areia média com draga de sucção e recalque - bomba de 746 kW e cortador de 110 kW - distância de recalque de 500 a 700 m","m³",4.0199999999999996]
[1917413,"Dragagem de areia média com draga de sucção e recalque - bomba de 746 kW e cortador de 110 kW - distância de recalque de 700 a 900 m","m³",4.51]
[1917414,"Dragagem de areia média com draga de sucção e recalque - bomba de 746 kW e cortador de 110 kW - distância de recalque de 900 a 1.100 m","m³",4.99]
[1917733,"Dragagem de areia média com draga de sucção e recalque - bomba de 746 kW e cortador de 110 kW - distância de recalque de até 500 m","m³",3.76]
[1917049,"Dragagem de areia média com draga hopper - capacidade da cisterna de 1.000 m³ - DMT de 1.500 a 1.800 m","m³",11.48]
[1917050,"Dragagem de areia média com draga hopper - capacidade da cisterna de 1.000 m³ - DMT de 1.800 a 2.100 m","m³",11.69]
[1917051,"Dragagem de areia média com draga hopper - capacidade da cisterna de 1.000 m³ - DMT de 2.100 a 2.400 m","m³",11.91]
[1917052,"Dragagem de areia média com draga hopper - capacidade da cisterna de 1.000 m³ - DMT de 2.400 a 2.700 m","m³",12.13]
[1917053,"Dragagem de areia média com draga hopper - capacidade da cisterna de 1.000 m³ - DMT de 2.700 a 3.000 m","m³",12.37]
[1917054,"Dragagem de areia média com draga hopper - capacidade da cisterna de 1.000 m³ - DMT de 3.000 m","m³",12.5]
[1901553,"Dragagem de areia média com draga hopper - capacidade da cisterna de 10.000 m³ - DMT de 1.500 a 1.800 m","m³",7.71]
[1901554,"Dragagem de areia média com draga hopper - capacidade da cisterna de 10.000 m³ - DMT de 1.800 a 2.100 m","m³",7.77]
[1901555,"Dragagem de areia média com draga hopper - capacidade da cisterna de 10.000 m³ - DMT de 2.100 a 2.400 m","m³",7.84]
[1901556,"Dragagem de areia média com draga hopper - capacidade da cisterna de 10.000 m³ - DMT de 2.400 a 2.700 m","m³",7.9]
[1901557,"Dragagem de areia média com draga hopper - capacidade da cisterna de 10.000 m³ - DMT de 2.700 a 3.000 m","m³",7.97]
[1901558,"Dragagem de areia média com draga hopper - capacidade da cisterna de 10.000 m³ - DMT de 3.000 m","m³",8.01]
[1901560,"Dragagem de areia média com draga hopper - capacidade da cisterna de 15.000 m³ - DMT de 1.500 a 1.800 m","m³",10.210000000000001]
[1901561,"Dragagem de areia média com draga hopper - capacidade da cisterna de 15.000 m³ - DMT de 1.800 a 2.100 m","m³",10.27]
[1901562,"Dragagem de areia média com draga hopper - capacidade da cisterna de 15.000 m³ - DMT de 2.100 a 2.400 m","m³",10.33]
[1901563,"Dragagem de areia média com draga hopper - capacidade da cisterna de 15.000 m³ - DMT de 2.400 a 2.700 m","m³",10.39]
[1901564,"Dragagem de areia média com draga hopper - capacidade da cisterna de 15.000 m³ - DMT de 2.700 a 3.000 m","m³",10.46]
[1901559,"Dragagem de areia média com draga hopper - capacidade da cisterna de 15.000 m³ - DMT de 3.000 m","m³",10.49]
[1917085,"Dragagem de areia média com draga hopper - capacidade da cisterna de 2.000 m³ - DMT de 1.500 a 1.800 m","m³",8.1199999999999992]
[1917086,"Dragagem de areia média com draga hopper - capacidade da cisterna de 2.000 m³ - DMT de 1.800 a 2.100 m","m³",8.25]
[1917087,"Dragagem de areia média com draga hopper - capacidade da cisterna de 2.000 m³ - DMT de 2.100 a 2.400 m","m³",8.3800000000000008]
[1917088,"Dragagem de areia média com draga hopper - capacidade da cisterna de 2.000 m³ - DMT de 2.400 a 2.700 m","m³",8.52]
[1917089,"Dragagem de areia média com draga hopper - capacidade da cisterna de 2.000 m³ - DMT de 2.700 a 3.000 m","m³",8.67]
[1917090,"Dragagem de areia média com draga hopper - capacidade da cisterna de 2.000 m³ - DMT de 3.000 m","m³",8.75]
[1901566,"Dragagem de areia média com draga hopper - capacidade da cisterna de 20.000 m³ - DMT de 1.500 a 1.800 m","m³",12.77]
[1901567,"Dragagem de areia média com draga hopper - capacidade da cisterna de 20.000 m³ - DMT de 1.800 a 2.100 m","m³",12.82]
[1901568,"Dragagem de areia média com draga hopper - capacidade da cisterna de 20.000 m³ - DMT de 2.100 a 2.400 m","m³",12.88]
[1901569,"Dragagem de areia média com draga hopper - capacidade da cisterna de 20.000 m³ - DMT de 2.400 a 2.700 m","m³",12.94]
[1901570,"Dragagem de areia média com draga hopper - capacidade da cisterna de 20.000 m³ - DMT de 2.700 a 3.000 m","m³",13.01]
[1901565,"Dragagem de areia média com draga hopper - capacidade da cisterna de 20.000 m³ - DMT de 3.000 m","m³",13.04]
[1917121,"Dragagem de areia média com draga hopper - capacidade da cisterna de 3.000 m³ - DMT de 1.500 a 1.800 m","m³",7.78]
[1917122,"Dragagem de areia média com draga hopper - capacidade da cisterna de 3.000 m³ - DMT de 1.800 a 2.100 m","m³",7.89]
[1917123,"Dragagem de areia média com draga hopper - capacidade da cisterna de 3.000 m³ - DMT de 2.100 a 2.400 m","m³",8]
[1917124,"Dragagem de areia média com draga hopper - capacidade da cisterna de 3.000 m³ - DMT de 2.400 a 2.700 m","m³",8.11]
[1917125,"Dragagem de areia média com draga hopper - capacidade da cisterna de 3.000 m³ - DMT de 2.700 a 3.000 m","m³",8.23]
[1917126,"Dragagem de areia média com draga hopper - capacidade da cisterna de 3.000 m³ - DMT de 3.000 m","m³",8.3000000000000007]
[1917157,"Dragagem de areia média com draga hopper - capacidade da cisterna de 4.000 m³ - DMT de 1.500 a 1.800 m","m³",7.42]
[1917158,"Dragagem de areia média com draga hopper - capacidade da cisterna de 4.000 m³ - DMT de 1.800 a 2.100 m","m³",7.51]
[1917159,"Dragagem de areia média com draga hopper - capacidade da cisterna de 4.000 m³ - DMT de 2.100 a 2.400 m","m³",7.61]
[1917160,"Dragagem de areia média com draga hopper - capacidade da cisterna de 4.000 m³ - DMT de 2.400 a 2.700 m","m³",7.71]
[1917161,"Dragagem de areia média com draga hopper - capacidade da cisterna de 4.000 m³ - DMT de 2.700 a 3.000 m","m³",7.82]
[1917162,"Dragagem de areia média com draga hopper - capacidade da cisterna de 4.000 m³ - DMT de 3.000 m","m³",7.87]
[1917193,"Dragagem de areia média com draga hopper - capacidade da cisterna de 5.000 m³ - DMT de 1.500 a 1.800 m","m³",8.24]
[1917194,"Dragagem de areia média com draga hopper - capacidade da cisterna de 5.000 m³ - DMT de 1.800 a 2.100 m","m³",8.32]
[1917195,"Dragagem de areia média com draga hopper - capacidade da cisterna de 5.000 m³ - DMT de 2.100 a 2.400 m","m³",8.4]
[1917196,"Dragagem de areia média com draga hopper - capacidade da cisterna de 5.000 m³ - DMT de 2.400 a 2.700 m","m³",8.49]
[1917197,"Dragagem de areia média com draga hopper - capacidade da cisterna de 5.000 m³ - DMT de 2.700 a 3.000 m","m³",8.59]
[1917198,"Dragagem de areia média com draga hopper - capacidade da cisterna de 5.000 m³ - DMT de 3.000 m","m³",8.64]
[1917013,"Dragagem de areia média com draga hopper - capacidade da cisterna de 750 m³ - DMT de 1.500 a 1.800 m","m³",15.58]
[1917014,"Dragagem de areia média com draga hopper - capacidade da cisterna de 750 m³ - DMT de 1.800 a 2.100 m","m³",15.88]
[1917015,"Dragagem de areia média com draga hopper - capacidade da cisterna de 750 m³ - DMT de 2.100 a 2.400 m","m³",16.18]
[1917016,"Dragagem de areia média com draga hopper - capacidade da cisterna de 750 m³ - DMT de 2.400 a 2.700 m","m³",16.5]
[1917017,"Dragagem de areia média com draga hopper - capacidade da cisterna de 750 m³ - DMT de 2.700 a 3.000 m","m³",16.84]
[1917018,"Dragagem de areia média com draga hopper - capacidade da cisterna de 750 m³ - DMT de 3.000 m","m³",17.02]
[1917623,"Dragagem de cascalho com draga de sucção e recalque - bomba de 1.350 kW e cortador de 170 kW - distância de recalque de 1.100 a 1.300 m","m³",18.5]
[1917624,"Dragagem de cascalho com draga de sucção e recalque - bomba de 1.350 kW e cortador de 170 kW - distância de recalque de 1.300 a 1.500 m","m³",23.29]
[1917625,"Dragagem de cascalho com draga de sucção e recalque - bomba de 1.350 kW e cortador de 170 kW - distância de recalque de 1.500 a 1.700 m","m³",29.19]
[1917626,"Dragagem de cascalho com draga de sucção e recalque - bomba de 1.350 kW e cortador de 170 kW - distância de recalque de 1.700 a 1.900 m","m³",35.659999999999997]
[1917627,"Dragagem de cascalho com draga de sucção e recalque - bomba de 1.350 kW e cortador de 170 kW - distância de recalque de 1.900 a 2.100 m","m³",42.84]
[1917628,"Dragagem de cascalho com draga de sucção e recalque - bomba de 1.350 kW e cortador de 170 kW - distância de recalque de 2.100 a 2.300 m","m³",50.11]
[1917620,"Dragagem de cascalho com draga de sucção e recalque - bomba de 1.350 kW e cortador de 170 kW - distância de recalque de 500 a 700 m","m³",8.67]
[1917621,"Dragagem de cascalho com draga de sucção e recalque - bomba de 1.350 kW e cortador de 170 kW - distância de recalque de 700 a 900 m","m³",10.11]
[1917622,"Dragagem de cascalho com draga de sucção e recalque - bomba de 1.350 kW e cortador de 170 kW - distância de recalque de 900 a 1.100 m","m³",12.63]
[1917741,"Dragagem de cascalho com draga de sucção e recalque - bomba de 1.350 kW e cortador de 170 kW - distância de recalque de até 500 m","m³",8.0399999999999991]
[1917269,"Dragagem de cascalho com draga de sucção e recalque - bomba de 294 kW e cortador de 30 kW - distância de recalque de 1.100 a 1.300 m","m³",22.63]
[1917270,"Dragagem de cascalho com draga de sucção e recalque - bomba de 294 kW e cortador de 30 kW - distância de recalque de 1.300 a 1.500 m","m³",30.52]
[1917266,"Dragagem de cascalho com draga de sucção e recalque - bomba de 294 kW e cortador de 30 kW - distância de recalque de 500 a 700 m","m³",7.42]
[1917267,"Dragagem de cascalho com draga de sucção e recalque - bomba de 294 kW e cortador de 30 kW - distância de recalque de 700 a 900 m","m³",10.76]
[1917268,"Dragagem de cascalho com draga de sucção e recalque - bomba de 294 kW e cortador de 30 kW - distância de recalque de 900 a 1.100 m","m³",16.420000000000002]
[1917728,"Dragagem de cascalho com draga de sucção e recalque - bomba de 294 kW e cortador de 30 kW - distância de recalque de até 500 m","m³",6.84]
[1917358,"Dragagem de cascalho com draga de sucção e recalque - bomba de 483 kW e cortador de 55 kW - distância de recalque até 500 m","m³",6.92]
[1917362,"Dragagem de cascalho com draga de sucção e recalque - bomba de 483 kW e cortador de 55 kW - distância de recalque de 1.100 a 1.300 m","m³",33.19]
[1917363,"Dragagem de cascalho com draga de sucção e recalque - bomba de 483 kW e cortador de 55 kW - distância de recalque de 1.300 a 1.500 m","m³",40.46]
[1917359,"Dragagem de cascalho com draga de sucção e recalque - bomba de 483 kW e cortador de 55 kW - distância de recalque de 500 a 700 m","m³",9.75]
[1917360,"Dragagem de cascalho com draga de sucção e recalque - bomba de 483 kW e cortador de 55 kW - distância de recalque de 700 a 900 m","m³",15.91]
[1917361,"Dragagem de cascalho com draga de sucção e recalque - bomba de 483 kW e cortador de 55 kW - distância de recalque de 900 a 1.100 m","m³",23.81]
[1917476,"Dragagem de cascalho com draga de sucção e recalque - bomba de 746 kW e cortador de 110 kW - distância de recalque de 1.100 a 1.300 m","m³",24.6]
[1917477,"Dragagem de cascalho com draga de sucção e recalque - bomba de 746 kW e cortador de 110 kW - distância de recalque de 1.300 a 1.500 m","m³",31.66]
[1917478,"Dragagem de cascalho com draga de sucção e recalque - bomba de 746 kW e cortador de 110 kW - distância de recalque de 1.500 a 1.700 m","m³",40.659999999999997]
[1917479,"Dragagem de cascalho com draga de sucção e recalque - bomba de 746 kW e cortador de 110 kW - distância de recalque de 1.700 a 1.900 m","m³",44.26]
[1917473,"Dragagem de cascalho com draga de sucção e recalque - bomba de 746 kW e cortador de 110 kW - distância de recalque de 500 a 700 m","m³",11.25]
[1917474,"Dragagem de cascalho com draga de sucção e recalque - bomba de 746 kW e cortador de 110 kW - distância de recalque de 700 a 900 m","m³",14.47]
[1917475,"Dragagem de cascalho com draga de sucção e recalque - bomba de 746 kW e cortador de 110 kW - distância de recalque de 900 a 1.100 m","m³",18.559999999999999]
[1917736,"Dragagem de cascalho com draga de sucção e recalque - bomba de 746 kW e cortador de 110 kW - distância de recalque de até 500 m","m³",8.15]
[1917067,"Dragagem de cascalho com draga hopper - capacidade da cisterna de 1.000 m³ - DMT de 1.500 a 1.800 m","m³",10.73]
[1917068,"Dragagem de cascalho com draga hopper - capacidade da cisterna de 1.000 m³ - DMT de 1.800 a 2.100 m","m³",10.94]
[1917069,"Dragagem de cascalho com draga hopper - capacidade da cisterna de 1.000 m³ - DMT de 2.100 a 2.400 m","m³",11.16]
[1917070,"Dragagem de cascalho com draga hopper - capacidade da cisterna de 1.000 m³ - DMT de 2.400 a 2.700 m","m³",11.39]
[1917071,"Dragagem de cascalho com draga hopper - capacidade da cisterna de 1.000 m³ - DMT de 2.700 a 3.000 m","m³",11.64]
[1917072,"Dragagem de cascalho com draga hopper - capacidade da cisterna de 1.000 m³ - DMT de 3.000 m","m³",11.76]
[1901572,"Dragagem de cascalho com draga hopper - capacidade da cisterna de 10.000 m³ - DMT de 1.500 a 1.800 m","m³",7.06]
[1901573,"Dragagem de cascalho com draga hopper - capacidade da cisterna de 10.000 m³ - DMT de 1.800 a 2.100 m","m³",7.12]
[1901574,"Dragagem de cascalho com draga hopper - capacidade da cisterna de 10.000 m³ - DMT de 2.100 a 2.400 m","m³",7.18]
[1901575,"Dragagem de cascalho com draga hopper - capacidade da cisterna de 10.000 m³ - DMT de 2.400 a 2.700 m","m³",7.25]
[1901576,"Dragagem de cascalho com draga hopper - capacidade da cisterna de 10.000 m³ - DMT de 2.700 a 3.000 m","m³",7.33]
[1901571,"Dragagem de cascalho com draga hopper - capacidade da cisterna de 10.000 m³ - DMT de 3.000 m","m³",7.36]
[1901578,"Dragagem de cascalho com draga hopper - capacidade da cisterna de 15.000 m³ - DMT de 1.500 a 1.800 m","m³",9.26]
[1901579,"Dragagem de cascalho com draga hopper - capacidade da cisterna de 15.000 m³ - DMT de 1.800 a 2.100 m","m³",9.32]
[1901580,"Dragagem de cascalho com draga hopper - capacidade da cisterna de 15.000 m³ - DMT de 2.100 a 2.400 m","m³",9.3800000000000008]
[1901581,"Dragagem de cascalho com draga hopper - capacidade da cisterna de 15.000 m³ - DMT de 2.400 a 2.700 m","m³",9.4499999999999993]
[1901582,"Dragagem de cascalho com draga hopper - capacidade da cisterna de 15.000 m³ - DMT de 2.700 a 3.000 m","m³",9.51]
[1901577,"Dragagem de cascalho com draga hopper - capacidade da cisterna de 15.000 m³ - DMT de 3.000 m","m³",9.5500000000000007]
[1917103,"Dragagem de cascalho com draga hopper - capacidade da cisterna de 2.000 m³ - DMT de 1.500 a 1.800 m","m³",7.57]
[1917104,"Dragagem de cascalho com draga hopper - capacidade da cisterna de 2.000 m³ - DMT de 1.800 a 2.100 m","m³",7.7]
[1917105,"Dragagem de cascalho com draga hopper - capacidade da cisterna de 2.000 m³ - DMT de 2.100 a 2.400 m","m³",7.84]
[1917106,"Dragagem de cascalho com draga hopper - capacidade da cisterna de 2.000 m³ - DMT de 2.400 a 2.700 m","m³",7.98]
[1917107,"Dragagem de cascalho com draga hopper - capacidade da cisterna de 2.000 m³ - DMT de 2.700 a 3.000 m","m³",8.1300000000000008]
[1917108,"Dragagem de cascalho com draga hopper - capacidade da cisterna de 2.000 m³ - DMT de 3.000 m","m³",8.2100000000000009]
[1901583,"Dragagem de cascalho com draga hopper - capacidade da cisterna de 20.000 m³ - DMT de 1.500 a 1.800 m","m³",11.52]
[1901584,"Dragagem de cascalho com draga hopper - capacidade da cisterna de 20.000 m³ - DMT de 1.800 a 2.100 m","m³",11.58]
[1901585,"Dragagem de cascalho com draga hopper - capacidade da cisterna de 20.000 m³ - DMT de 2.100 a 2.400 m","m³",11.64]
[1901586,"Dragagem de cascalho com draga hopper - capacidade da cisterna de 20.000 m³ - DMT de 2.400 a 2.700 m","m³",11.7]
[1901587,"Dragagem de cascalho com draga hopper - capacidade da cisterna de 20.000 m³ - DMT de 2.700 a 3.000 m","m³",11.77]
[1901588,"Dragagem de cascalho com draga hopper - capacidade da cisterna de 20.000 m³ - DMT de 3.000 m","m³",11.81]
[1917139,"Dragagem de cascalho com draga hopper - capacidade da cisterna de 3.000 m³ - DMT de 1.500 a 1.800 m","m³",7.21]
[1917140,"Dragagem de cascalho com draga hopper - capacidade da cisterna de 3.000 m³ - DMT de 1.800 a 2.100 m","m³",7.32]
[1917141,"Dragagem de cascalho com draga hopper - capacidade da cisterna de 3.000 m³ - DMT de 2.100 a 2.400 m","m³",7.43]
[1917142,"Dragagem de cascalho com draga hopper - capacidade da cisterna de 3.000 m³ - DMT de 2.400 a 2.700 m","m³",7.55]
[1917143,"Dragagem de cascalho com draga hopper - capacidade da cisterna de 3.000 m³ - DMT de 2.700 a 3.000 m","m³",7.68]
[1917144,"Dragagem de cascalho com draga hopper - capacidade da cisterna de 3.000 m³ - DMT de 3.000 m","m³",7.74]
[1917175,"Dragagem de cascalho com draga hopper - capacidade da cisterna de 4.000 m³ - DMT de 1.500 a 1.800 m","m³",6.86]
[1917176,"Dragagem de cascalho com draga hopper - capacidade da cisterna de 4.000 m³ - DMT de 1.800 a 2.100 m","m³",6.96]
[1917177,"Dragagem de cascalho com draga hopper - capacidade da cisterna de 4.000 m³ - DMT de 2.100 a 2.400 m","m³",7.06]
[1917178,"Dragagem de cascalho com draga hopper - capacidade da cisterna de 4.000 m³ - DMT de 2.400 a 2.700 m","m³",7.16]
[1917179,"Dragagem de cascalho com draga hopper - capacidade da cisterna de 4.000 m³ - DMT de 2.700 a 3.000 m","m³",7.27]
[1917180,"Dragagem de cascalho com draga hopper - capacidade da cisterna de 4.000 m³ - DMT de 3.000 m","m³",7.33]
[1917211,"Dragagem de cascalho com draga hopper - capacidade da cisterna de 5.000 m³ - DMT de 1.500 a 1.800 m","m³",7.57]
[1917212,"Dragagem de cascalho com draga hopper - capacidade da cisterna de 5.000 m³ - DMT de 1.800 a 2.100 m","m³",7.65]
[1917213,"Dragagem de cascalho com draga hopper - capacidade da cisterna de 5.000 m³ - DMT de 2.100 a 2.400 m","m³",7.74]
[1917214,"Dragagem de cascalho com draga hopper - capacidade da cisterna de 5.000 m³ - DMT de 2.400 a 2.700 m","m³",7.83]
[1917215,"Dragagem de cascalho com draga hopper - capacidade da cisterna de 5.000 m³ - DMT de 2.700 a 3.000 m","m³",7.93]
[1917216,"Dragagem de cascalho com draga hopper - capacidade da cisterna de 5.000 m³ - DMT de 3.000 m","m³",7.98]
[1917031,"Dragagem de cascalho com draga hopper - capacidade da cisterna de 750 m³ - DMT de 1.500 a 1.800 m","m³",14.51]
[1917032,"Dragagem de cascalho com draga hopper - capacidade da cisterna de 750 m³ - DMT de 1.800 a 2.100 m","m³",14.82]
[1917033,"Dragagem de cascalho com draga hopper - capacidade da cisterna de 750 m³ - DMT de 2.100 a 2.400 m","m³",15.13]
[1917034,"Dragagem de cascalho com draga hopper - capacidade da cisterna de 750 m³ - DMT de 2.400 a 2.700 m","m³",15.46]
[1917035,"Dragagem de cascalho com draga hopper - capacidade da cisterna de 750 m³ - DMT de 2.700 a 3.000 m","m³",15.81]
[1917036,"Dragagem de cascalho com draga hopper - capacidade da cisterna de 750 m³ - DMT de 3.000 m","m³",15.99]
[1917605,"Dragagem de cascalho fino com draga de sucção e recalque - bomba de 1.350 kW e cortador de 170 kW - distância de recalque de 1.100 a 1.300 m","m³",8.2200000000000006]
[1917606,"Dragagem de cascalho fino com draga de sucção e recalque - bomba de 1.350 kW e cortador de 170 kW - distância de recalque de 1.300 a 1.500 m","m³",8.8699999999999992]
[1917607,"Dragagem de cascalho fino com draga de sucção e recalque - bomba de 1.350 kW e cortador de 170 kW - distância de recalque de 1.500 a 1.700 m","m³",9.52]
[1917608,"Dragagem de cascalho fino com draga de sucção e recalque - bomba de 1.350 kW e cortador de 170 kW - distância de recalque de 1.700 a 1.900 m","m³",10.63]
[1917609,"Dragagem de cascalho fino com draga de sucção e recalque - bomba de 1.350 kW e cortador de 170 kW - distância de recalque de 1.900 a 2.100 m","m³",12.11]
[1917610,"Dragagem de cascalho fino com draga de sucção e recalque - bomba de 1.350 kW e cortador de 170 kW - distância de recalque de 2.100 a 2.300 m","m³",14.32]
[1917611,"Dragagem de cascalho fino com draga de sucção e recalque - bomba de 1.350 kW e cortador de 170 kW - distância de recalque de 2.300 a 2.500 m","m³",16.8]
[1917612,"Dragagem de cascalho fino com draga de sucção e recalque - bomba de 1.350 kW e cortador de 170 kW - distância de recalque de 2.500 a 2.700 m","m³",19.739999999999998]
[1917613,"Dragagem de cascalho fino com draga de sucção e recalque - bomba de 1.350 kW e cortador de 170 kW - distância de recalque de 2.700 a 2.900 m","m³",22.98]
[1917614,"Dragagem de cascalho fino com draga de sucção e recalque - bomba de 1.350 kW e cortador de 170 kW - distância de recalque de 2.900 a 3.100 m","m³",26.55]
[1917615,"Dragagem de cascalho fino com draga de sucção e recalque - bomba de 1.350 kW e cortador de 170 kW - distância de recalque de 3.100 a 3.300 m","m³",30.6]
[1917616,"Dragagem de cascalho fino com draga de sucção e recalque - bomba de 1.350 kW e cortador de 170 kW - distância de recalque de 3.300 a 3.500 m","m³",35.450000000000003]
[1917617,"Dragagem de cascalho fino com draga de sucção e recalque - bomba de 1.350 kW e cortador de 170 kW - distância de recalque de 3.500 a 3.700 m","m³",39.729999999999997]
[1917618,"Dragagem de cascalho fino com draga de sucção e recalque - bomba de 1.350 kW e cortador de 170 kW - distância de recalque de 3.700 a 3.900 m","m³",45.29]
[1917619,"Dragagem de cascalho fino com draga de sucção e recalque - bomba de 1.350 kW e cortador de 170 kW - distância de recalque de 3.900 a 4.100 m","m³",49.13]
[1917602,"Dragagem de cascalho fino com draga de sucção e recalque - bomba de 1.350 kW e cortador de 170 kW - distância de recalque de 500 a 700 m","m³",5.99]
[1917603,"Dragagem de cascalho fino com draga de sucção e recalque - bomba de 1.350 kW e cortador de 170 kW - distância de recalque de 700 a 900 m","m³",6.68]
[1917604,"Dragagem de cascalho fino com draga de sucção e recalque - bomba de 1.350 kW e cortador de 170 kW - distância de recalque de 900 a 1.100 m","m³",7.27]
[1917740,"Dragagem de cascalho fino com draga de sucção e recalque - bomba de 1.350 kW e cortador de 170 kW - distância de recalque de até 500 m","m³",5.77]
[1917263,"Dragagem de cascalho fino com draga de sucção e recalque - bomba de 294 kW e cortador de 30 kW - distância de recalque de 1.100 a 1.300 m","m³",10.47]
[1917264,"Dragagem de cascalho fino com draga de sucção e recalque - bomba de 294 kW e cortador de 30 kW - distância de recalque de 1.300 a 1.500 m","m³",12.98]
[1917265,"Dragagem de cascalho fino com draga de sucção e recalque - bomba de 294 kW e cortador de 30 kW - distância de recalque de 1.500 a 1.700 m","m³",16.82]
[1917260,"Dragagem de cascalho fino com draga de sucção e recalque - bomba de 294 kW e cortador de 30 kW - distância de recalque de 500 a 700 m","m³",6.35]
[1917261,"Dragagem de cascalho fino com draga de sucção e recalque - bomba de 294 kW e cortador de 30 kW - distância de recalque de 700 a 900 m","m³",7.08]
[1917262,"Dragagem de cascalho fino com draga de sucção e recalque - bomba de 294 kW e cortador de 30 kW - distância de recalque de 900 a 1.100 m","m³",8.3800000000000008]
[1917727,"Dragagem de cascalho fino com draga de sucção e recalque - bomba de 294 kW e cortador de 30 kW - distância de recalque de até 500 m","m³",6.15]
[1917351,"Dragagem de cascalho fino com draga de sucção e recalque - bomba de 483 kW e cortador de 55 kW - distância de recalque de 1.100 a 1.300 m","m³",9.14]
[1917352,"Dragagem de cascalho fino com draga de sucção e recalque - bomba de 483 kW e cortador de 55 kW - distância de recalque de 1.300 a 1.500 m","m³",12.06]
[1917353,"Dragagem de cascalho fino com draga de sucção e recalque - bomba de 483 kW e cortador de 55 kW - distância de recalque de 1.500 a 1.700 m","m³",15.49]
[1917354,"Dragagem de cascalho fino com draga de sucção e recalque - bomba de 483 kW e cortador de 55 kW - distância de recalque de 1.700 a 1.900 m","m³",20.13]
[1917355,"Dragagem de cascalho fino com draga de sucção e recalque - bomba de 483 kW e cortador de 55 kW - distância de recalque de 1.900 a 2.100 m","m³",25.93]
[1917356,"Dragagem de cascalho fino com draga de sucção e recalque - bomba de 483 kW e cortador de 55 kW - distância de recalque de 2.100 a 2.300 m","m³",31.78]
[1917357,"Dragagem de cascalho fino com draga de sucção e recalque - bomba de 483 kW e cortador de 55 kW - distância de recalque de 2.300 a 2.500 m","m³",36.32]
[1917348,"Dragagem de cascalho fino com draga de sucção e recalque - bomba de 483 kW e cortador de 55 kW - distância de recalque de 500 a 700 m","m³",5.52]
[1917349,"Dragagem de cascalho fino com draga de sucção e recalque - bomba de 483 kW e cortador de 55 kW - distância de recalque de 700 a 900 m","m³",5.98]
[1917350,"Dragagem de cascalho fino com draga de sucção e recalque - bomba de 483 kW e cortador de 55 kW - distância de recalque de 900 a 1.100 m","m³",6.81]
[1917731,"Dragagem de cascalho fino com draga de sucção e recalque - bomba de 483 kW e cortador de 55 kW - distância de recalque de até 500 m","m³",5.41]
[1917463,"Dragagem de cascalho fino com draga de sucção e recalque - bomba de 746 kW e cortador de 110 kW - distância de recalque de 1.100 a 1.300 m","m³",9.25]
[1917464,"Dragagem de cascalho fino com draga de sucção e recalque - bomba de 746 kW e cortador de 110 kW - distância de recalque de 1.300 a 1.500 m","m³",10.7]
[1917465,"Dragagem de cascalho fino com draga de sucção e recalque - bomba de 746 kW e cortador de 110 kW - distância de recalque de 1.500 a 1.700 m","m³",12.33]
[1917466,"Dragagem de cascalho fino com draga de sucção e recalque - bomba de 746 kW e cortador de 110 kW - distância de recalque de 1.700 a 1.900 m","m³",14.68]
[1917467,"Dragagem de cascalho fino com draga de sucção e recalque - bomba de 746 kW e cortador de 110 kW - distância de recalque de 1.900 a 2.100 m","m³",18.16]
[1917468,"Dragagem de cascalho fino com draga de sucção e recalque - bomba de 746 kW e cortador de 110 kW - distância de recalque de 2.100 a 2.300 m","m³",22.13]
[1917469,"Dragagem de cascalho fino com draga de sucção e recalque - bomba de 746 kW e cortador de 110 kW - distância de recalque de 2.300 a 2.500 m","m³",26.51]
[1917470,"Dragagem de cascalho fino com draga de sucção e recalque - bomba de 746 kW e cortador de 110 kW - distância de recalque de 2.500 a 2.700 m","m³",31.64]
[1917471,"Dragagem de cascalho fino com draga de sucção e recalque - bomba de 746 kW e cortador de 110 kW - distância de recalque de 2.700 a 2.900 m","m³",37.69]
[1917472,"Dragagem de cascalho fino com draga de sucção e recalque - bomba de 746 kW e cortador de 110 kW - distância de recalque de 2.900 a 3.100 m","m³",40.340000000000003]
[1917460,"Dragagem de cascalho fino com draga de sucção e recalque - bomba de 746 kW e cortador de 110 kW - distância de recalque de 500 a 700 m","m³",5.35]
[1917461,"Dragagem de cascalho fino com draga de sucção e recalque - bomba de 746 kW e cortador de 110 kW - distância de recalque de 700 a 900 m","m³",6.35]
[1917462,"Dragagem de cascalho fino com draga de sucção e recalque - bomba de 746 kW e cortador de 110 kW - distância de recalque de 900 a 1.100 m","m³",7.56]
[1917735,"Dragagem de cascalho fino com draga de sucção e recalque - bomba de 746 kW e cortador de 110 kW - distância de recalque de até 500 m","m³",4.78]
[1917061,"Dragagem de cascalho fino com draga hopper - capacidade da cisterna de 1.000 m³ - DMT de 1.500 a 1.800 m","m³",10.85]
[1917062,"Dragagem de cascalho fino com draga hopper - capacidade da cisterna de 1.000 m³ - DMT de 1.800 a 2.100 m","m³",11.06]
[1917063,"Dragagem de cascalho fino com draga hopper - capacidade da cisterna de 1.000 m³ - DMT de 2.100 a 2.400 m","m³",11.27]
[1917064,"Dragagem de cascalho fino com draga hopper - capacidade da cisterna de 1.000 m³ - DMT de 2.400 a 2.700 m","m³",11.5]
[1917065,"Dragagem de cascalho fino com draga hopper - capacidade da cisterna de 1.000 m³ - DMT de 2.700 a 3.000 m","m³",11.74]
[1917066,"Dragagem de cascalho fino com draga hopper - capacidade da cisterna de 1.000 m³ - DMT de 3.000 m","m³",11.87]
[1901590,"Dragagem de cascalho fino com draga hopper - capacidade da cisterna de 10.000 m³ - DMT de 1.500 a 1.800 m","m³",7.19]
[1901591,"Dragagem de cascalho fino com draga hopper - capacidade da cisterna de 10.000 m³ - DMT de 1.800 a 2.100 m","m³",7.25]
[1901592,"Dragagem de cascalho fino com draga hopper - capacidade da cisterna de 10.000 m³ - DMT de 2.100 a 2.400 m","m³",7.31]
[1901593,"Dragagem de cascalho fino com draga hopper - capacidade da cisterna de 10.000 m³ - DMT de 2.400 a 2.700 m","m³",7.38]
[1901594,"Dragagem de cascalho fino com draga hopper - capacidade da cisterna de 10.000 m³ - DMT de 2.700 a 3.000 m","m³",7.45]
[1901589,"Dragagem de cascalho fino com draga hopper - capacidade da cisterna de 10.000 m³ - DMT de 3.000 m","m³",7.49]
[1901596,"Dragagem de cascalho fino com draga hopper - capacidade da cisterna de 15.000 m³ - DMT de 1.500 a 1.800 m","m³",9.4600000000000009]
[1901597,"Dragagem de cascalho fino com draga hopper - capacidade da cisterna de 15.000 m³ - DMT de 1.800 a 2.100 m","m³",9.52]
[1901598,"Dragagem de cascalho fino com draga hopper - capacidade da cisterna de 15.000 m³ - DMT de 2.100 a 2.400 m","m³",9.58]
[1901599,"Dragagem de cascalho fino com draga hopper - capacidade da cisterna de 15.000 m³ - DMT de 2.400 a 2.700 m","m³",9.64]
[1901600,"Dragagem de cascalho fino com draga hopper - capacidade da cisterna de 15.000 m³ - DMT de 2.700 a 3.000 m","m³",9.7100000000000009]
[1901595,"Dragagem de cascalho fino com draga hopper - capacidade da cisterna de 15.000 m³ - DMT de 3.000 m","m³",9.74]
[1917097,"Dragagem de cascalho fino com draga hopper - capacidade da cisterna de 2.000 m³ - DMT de 1.500 a 1.800 m","m³",7.66]
[1917098,"Dragagem de cascalho fino com draga hopper - capacidade da cisterna de 2.000 m³ - DMT de 1.800 a 2.100 m","m³",7.79]
[1917099,"Dragagem de cascalho fino com draga hopper - capacidade da cisterna de 2.000 m³ - DMT de 2.100 a 2.400 m","m³",7.93]
[1917100,"Dragagem de cascalho fino com draga hopper - capacidade da cisterna de 2.000 m³ - DMT de 2.400 a 2.700 m","m³",8.07]
[1917101,"Dragagem de cascalho fino com draga hopper - capacidade da cisterna de 2.000 m³ - DMT de 2.700 a 3.000 m","m³",8.2200000000000006]
[1917102,"Dragagem de cascalho fino com draga hopper - capacidade da cisterna de 2.000 m³ - DMT de 3.000 m","m³",8.2899999999999991]
[1901601,"Dragagem de cascalho fino com draga hopper - capacidade da cisterna de 20.000 m³ - DMT de 1.500 a 1.800 m","m³",11.79]
[1901602,"Dragagem de cascalho fino com draga hopper - capacidade da cisterna de 20.000 m³ - DMT de 1.800 a 2.100 m","m³",11.85]
[1901603,"Dragagem de cascalho fino com draga hopper - capacidade da cisterna de 20.000 m³ - DMT de 2.100 a 2.400 m","m³",11.91]
[1901604,"Dragagem de cascalho fino com draga hopper - capacidade da cisterna de 20.000 m³ - DMT de 2.400 a 2.700 m","m³",11.97]
[1901605,"Dragagem de cascalho fino com draga hopper - capacidade da cisterna de 20.000 m³ - DMT de 2.700 a 3.000 m","m³",12.03]
[1901606,"Dragagem de cascalho fino com draga hopper - capacidade da cisterna de 20.000 m³ - DMT de 3.000 m","m³",12.07]
[1917133,"Dragagem de cascalho fino com draga hopper - capacidade da cisterna de 3.000 m³ - DMT de 1.500 a 1.800 m","m³",7.31]
[1917134,"Dragagem de cascalho fino com draga hopper - capacidade da cisterna de 3.000 m³ - DMT de 1.800 a 2.100 m","m³",7.42]
[1917135,"Dragagem de cascalho fino com draga hopper - capacidade da cisterna de 3.000 m³ - DMT de 2.100 a 2.400 m","m³",7.53]
[1917136,"Dragagem de cascalho fino com draga hopper - capacidade da cisterna de 3.000 m³ - DMT de 2.400 a 2.700 m","m³",7.65]
[1917137,"Dragagem de cascalho fino com draga hopper - capacidade da cisterna de 3.000 m³ - DMT de 2.700 a 3.000 m","m³",7.77]
[1917138,"Dragagem de cascalho fino com draga hopper - capacidade da cisterna de 3.000 m³ - DMT de 3.000 m","m³",7.83]
[1917169,"Dragagem de cascalho fino com draga hopper - capacidade da cisterna de 4.000 m³ - DMT de 1.500 a 1.800 m","m³",6.96]
[1917170,"Dragagem de cascalho fino com draga hopper - capacidade da cisterna de 4.000 m³ - DMT de 1.800 a 2.100 m","m³",7.06]
[1917171,"Dragagem de cascalho fino com draga hopper - capacidade da cisterna de 4.000 m³ - DMT de 2.100 a 2.400 m","m³",7.16]
[1917172,"Dragagem de cascalho fino com draga hopper - capacidade da cisterna de 4.000 m³ - DMT de 2.400 a 2.700 m","m³",7.26]
[1917173,"Dragagem de cascalho fino com draga hopper - capacidade da cisterna de 4.000 m³ - DMT de 2.700 a 3.000 m","m³",7.36]
[1917174,"Dragagem de cascalho fino com draga hopper - capacidade da cisterna de 4.000 m³ - DMT de 3.000 m","m³",7.42]
[1917205,"Dragagem de cascalho fino com draga hopper - capacidade da cisterna de 5.000 m³ - DMT de 1.500 a 1.800 m","m³",7.7]
[1917206,"Dragagem de cascalho fino com draga hopper - capacidade da cisterna de 5.000 m³ - DMT de 1.800 a 2.100 m","m³",7.78]
[1917207,"Dragagem de cascalho fino com draga hopper - capacidade da cisterna de 5.000 m³ - DMT de 2.100 a 2.400 m","m³",7.87]
[1917208,"Dragagem de cascalho fino com draga hopper - capacidade da cisterna de 5.000 m³ - DMT de 2.400 a 2.700 m","m³",7.96]
[1917209,"Dragagem de cascalho fino com draga hopper - capacidade da cisterna de 5.000 m³ - DMT de 2.700 a 3.000 m","m³",8.0500000000000007]
[1917210,"Dragagem de cascalho fino com draga hopper - capacidade da cisterna de 5.000 m³ - DMT de 3.000 m","m³",8.1]
[1917025,"Dragagem de cascalho fino com draga hopper - capacidade da cisterna de 750 m³ - DMT de 1.500 a 1.800 m","m³",14.69]
[1917026,"Dragagem de cascalho fino com draga hopper - capacidade da cisterna de 750 m³ - DMT de 1.800 a 2.100 m","m³",14.99]
[1917027,"Dragagem de cascalho fino com draga hopper - capacidade da cisterna de 750 m³ - DMT de 2.100 a 2.400 m","m³",15.3]
[1917028,"Dragagem de cascalho fino com draga hopper - capacidade da cisterna de 750 m³ - DMT de 2.400 a 2.700 m","m³",15.62]
[1917029,"Dragagem de cascalho fino com draga hopper - capacidade da cisterna de 750 m³ - DMT de 2.700 a 3.000 m","m³",15.96]
[1917030,"Dragagem de cascalho fino com draga hopper - capacidade da cisterna de 750 m³ - DMT de 3.000 m","m³",16.14]
[1917629,"Dragagem de material de 1ª categoria com clamshell sobre pontão flutuante - capacidade da caçamba de 4,6 m³ - transporte com batelão sem propulsão com capacidade de 100 t - DMT 0 a 300 m","m³",13.59]
[1917633,"Dragagem de material de 1ª categoria com clamshell sobre pontão flutuante - capacidade da caçamba de 4,6 m³ - transporte com batelão sem propulsão com capacidade de 100 t - DMT 1.200 a 1.500 m","m³",15.25]
[1917634,"Dragagem de material de 1ª categoria com clamshell sobre pontão flutuante - capacidade da caçamba de 4,6 m³ - transporte com batelão sem propulsão com capacidade de 100 t - DMT 1.500 a 1.800 m","m³",15.56]
[1917635,"Dragagem de material de 1ª categoria com clamshell sobre pontão flutuante - capacidade da caçamba de 4,6 m³ - transporte com batelão sem propulsão com capacidade de 100 t - DMT 1.800 a 2.100 m","m³",15.86]
[1917636,"Dragagem de material de 1ª categoria com clamshell sobre pontão flutuante - capacidade da caçamba de 4,6 m³ - transporte com batelão sem propulsão com capacidade de 100 t - DMT 2.100 a 2.400 m","m³",17.73]
[1917637,"Dragagem de material de 1ª categoria com clamshell sobre pontão flutuante - capacidade da caçamba de 4,6 m³ - transporte com batelão sem propulsão com capacidade de 100 t - DMT 2.400 a 2.700 m","m³",18.13]
[1917638,"Dragagem de material de 1ª categoria com clamshell sobre pontão flutuante - capacidade da caçamba de 4,6 m³ - transporte com batelão sem propulsão com capacidade de 100 t - DMT 2.700 a 3.000 m","m³",18.53]
[1917630,"Dragagem de material de 1ª categoria com clamshell sobre pontão flutuante - capacidade da caçamba de 4,6 m³ - transporte com batelão sem propulsão com capacidade de 100 t - DMT 300 a 600 m","m³",14.12]
[1917631,"Dragagem de material de 1ª categoria com clamshell sobre pontão flutuante - capacidade da caçamba de 4,6 m³ - transporte com batelão sem propulsão com capacidade de 100 t - DMT 600 a 900 m","m³",14.57]
[1917632,"Dragagem de material de 1ª categoria com clamshell sobre pontão flutuante - capacidade da caçamba de 4,6 m³ - transporte com batelão sem propulsão com capacidade de 100 t - DMT 900 a 1.200 m","m³",14.88]
[1917639,"Dragagem de material de 1ª categoria com clamshell sobre pontão flutuante - capacidade da caçamba de 4,6 m³ - transporte com batelão sem propulsão com capacidade de 100 t - DMT de 3.000 m","m³",18.739999999999998]
[1917646,"Dragagem de material de 1ª categoria com dragline - caçamba de 2,1 m³ - caminho de serviço em leito natural - DMT 1.000 a 1.200 m - com caminhão de 14 m³ e carregadeira","m³",18.68]
[1917647,"Dragagem de material de 1ª categoria com dragline - caçamba de 2,1 m³ - caminho de serviço em leito natural - DMT 1.200 a 1.400 m - com caminhão de 14 m³ e carregadeira","m³",18.97]
[1917648,"Dragagem de material de 1ª categoria com dragline - caçamba de 2,1 m³ - caminho de serviço em leito natural - DMT 1.400 a 1.600 m - com caminhão de 14 m³ e carregadeira","m³",19.18]
[1917649,"Dragagem de material de 1ª categoria com dragline - caçamba de 2,1 m³ - caminho de serviço em leito natural - DMT 1.600 a 1.800 m - com caminhão de 14 m³ e carregadeira","m³",19.47]
[1917650,"Dragagem de material de 1ª categoria com dragline - caçamba de 2,1 m³ - caminho de serviço em leito natural - DMT 1.800 a 2.000 m - com caminhão de 14 m³ e carregadeira","m³",19.760000000000002]
[1917651,"Dragagem de material de 1ª categoria com dragline - caçamba de 2,1 m³ - caminho de serviço em leito natural - DMT 2.000 a 2.500 m - com caminhão de 14 m³ e carregadeira","m³",20.2]
[1917652,"Dragagem de material de 1ª categoria com dragline - caçamba de 2,1 m³ - caminho de serviço em leito natural - DMT 2.500 a 3.000 m - com caminhão de 14 m³ e carregadeira","m³",22.42]
[1917642,"Dragagem de material de 1ª categoria com dragline - caçamba de 2,1 m³ - caminho de serviço em leito natural - DMT 200 a 400 m - com caminhão de 14 m³ e carregadeira","m³",17.45]
[1917643,"Dragagem de material de 1ª categoria com dragline - caçamba de 2,1 m³ - caminho de serviço em leito natural - DMT 400 a 600 m - com caminhão de 14 m³ e carregadeira","m³",17.809999999999999]
[1917641,"Dragagem de material de 1ª categoria com dragline - caçamba de 2,1 m³ - caminho de serviço em leito natural - DMT 50 a 200 m - com caminhão de 14 m³ e carregadeira","m³",15.59]
[1917644,"Dragagem de material de 1ª categoria com dragline - caçamba de 2,1 m³ - caminho de serviço em leito natural - DMT 600 a 800 m - com caminhão de 14 m³ e carregadeira","m³",18.170000000000002]
[1917645,"Dragagem de material de 1ª categoria com dragline - caçamba de 2,1 m³ - caminho de serviço em leito natural - DMT 800 a 1.000 m - com caminhão de 14 m³ e carregadeira","m³",18.39]
[1917653,"Dragagem de material de 1ª categoria com dragline - caçamba de 2,1 m³ - caminho de serviço em leito natural - DMT de 3.000 m - com caminhão de 14 m³ e carregadeira","m³",22.74]
[1917659,"Dragagem de material de 1ª categoria com dragline - caçamba de 2,1 m³ - caminho de serviço em revestimento primário - DMT 1.000 a 1.200 m - com caminhão de 14 m³ e carregadeira","m³",17.88]
[1917660,"Dragagem de material de 1ª categoria com dragline - caçamba de 2,1 m³ - caminho de serviço em revestimento primário - DMT 1.200 a 1.400 m - com caminhão de 14 m³ e carregadeira","m³",18.03]
[1917661,"Dragagem de material de 1ª categoria com dragline - caçamba de 2,1 m³ - caminho de serviço em revestimento primário - DMT 1.400 a 1.600 m - com caminhão de 14 m³ e carregadeira","m³",18.170000000000002]
[1917662,"Dragagem de material de 1ª categoria com dragline - caçamba de 2,1 m³ - caminho de serviço em revestimento primário - DMT 1.600 a 1.800 m - com caminhão de 14 m³ e carregadeira","m³",18.32]
[1917663,"Dragagem de material de 1ª categoria com dragline - caçamba de 2,1 m³ - caminho de serviço em revestimento primário - DMT 1.800 a 2.000 m - com caminhão de 14 m³ e carregadeira","m³",18.53]
[1917664,"Dragagem de material de 1ª categoria com dragline - caçamba de 2,1 m³ - caminho de serviço em revestimento primário - DMT 2.000 a 2.500 m - com caminhão de 14 m³ e carregadeira","m³",18.82]
[1917665,"Dragagem de material de 1ª categoria com dragline - caçamba de 2,1 m³ - caminho de serviço em revestimento primário - DMT 2.500 a 3.000 m - com caminhão de 14 m³ e carregadeira","m³",19.260000000000002]
[1917655,"Dragagem de material de 1ª categoria com dragline - caçamba de 2,1 m³ - caminho de serviço em revestimento primário - DMT 200 a 400 m - com caminhão de 14 m³ e carregadeira","m³",15.59]
[1917656,"Dragagem de material de 1ª categoria com dragline - caçamba de 2,1 m³ - caminho de serviço em revestimento primário - DMT 400 a 600 m - com caminhão de 14 m³ e carregadeira","m³",17.3]
[1917654,"Dragagem de material de 1ª categoria com dragline - caçamba de 2,1 m³ - caminho de serviço em revestimento primário - DMT 50 a 200 m - com caminhão de 14 m³ e carregadeira","m³",15.33]
[1917657,"Dragagem de material de 1ª categoria com dragline - caçamba de 2,1 m³ - caminho de serviço em revestimento primário - DMT 600 a 800 m - com caminhão de 14 m³ e carregadeira","m³",17.52]
[1917658,"Dragagem de material de 1ª categoria com dragline - caçamba de 2,1 m³ - caminho de serviço em revestimento primário - DMT 800 a 1.000 m - com caminhão de 14 m³ e carregadeira","m³",17.670000000000002]
[1917666,"Dragagem de material de 1ª categoria com dragline - caçamba de 2,1 m³ - caminho de serviço em revestimento primário - DMT de 3.000 m - com caminhão de 14 m³ e carregadeira","m³",19.54]
[1917672,"Dragagem de material de 1ª categoria com dragline - caçamba de 2,1 m³ - caminho de serviço pavimentado - DMT 1.000 a 1.200 m - com caminhão de 14 m³ e carregadeira","m³",17.809999999999999]
[1917673,"Dragagem de material de 1ª categoria com dragline - caçamba de 2,1 m³ - caminho de serviço pavimentado - DMT 1.200 a 1.400 m - com caminhão de 14 m³ e carregadeira","m³",18.03]
[1917674,"Dragagem de material de 1ª categoria com dragline - caçamba de 2,1 m³ - caminho de serviço pavimentado - DMT 1.400 a 1.600 m - com caminhão de 14 m³ e carregadeira","m³",18.170000000000002]
[1917675,"Dragagem de material de 1ª categoria com dragline - caçamba de 2,1 m³ - caminho de serviço pavimentado - DMT 1.600 a 1.800 m - com caminhão de 14 m³ e carregadeira","m³",18.32]
[1917676,"Dragagem de material de 1ª categoria com dragline - caçamba de 2,1 m³ - caminho de serviço pavimentado - DMT 1.800 a 2.000 m - com caminhão de 14 m³ e carregadeira","m³",18.46]
[1917677,"Dragagem de material de 1ª categoria com dragline - caçamba de 2,1 m³ - caminho de serviço pavimentado - DMT 2.000 a 2.500 m - com caminhão de 14 m³ e carregadeira","m³",18.75]
[1917678,"Dragagem de material de 1ª categoria com dragline - caçamba de 2,1 m³ - caminho de serviço pavimentado - DMT 2.500 a 3.000 m - com caminhão de 14 m³ e carregadeira","m³",19.18]
[1917668,"Dragagem de material de 1ª categoria com dragline - caçamba de 2,1 m³ - caminho de serviço pavimentado - DMT 200 a 400 m - com caminhão de 14 m³ e carregadeira","m³",17.16]
[1917669,"Dragagem de material de 1ª categoria com dragline - caçamba de 2,1 m³ - caminho de serviço pavimentado - DMT 400 a 600 m - com caminhão de 14 m³ e carregadeira","m³",17.3]
[1917667,"Dragagem de material de 1ª categoria com dragline - caçamba de 2,1 m³ - caminho de serviço pavimentado - DMT 50 a 200 m - com caminhão de 14 m³ e carregadeira","m³",15.41]
[1917670,"Dragagem de material de 1ª categoria com dragline - caçamba de 2,1 m³ - caminho de serviço pavimentado - DMT 600 a 800 m - com caminhão de 14 m³ e carregadeira","m³",17.52]
[1917671,"Dragagem de material de 1ª categoria com dragline - caçamba de 2,1 m³ - caminho de serviço pavimentado - DMT 800 a 1.000 m - com caminhão de 14 m³ e carregadeira","m³",17.670000000000002]
[1917679,"Dragagem de material de 1ª categoria com dragline - caçamba de 2,1 m³ - caminho de serviço pavimentado - DMT de 3.000 m - com caminhão de 14 m³ e carregadeira","m³",19.399999999999999]
[1917640,"Dragagem de material de 1ª categoria com dragline - caçamba de 2,1 m³ - DMT até 50 m","m³",8.07]
[1917686,"Dragagem de material de 1ª categoria com escavadeira hidráulica - capacidade de caçamba de 1,56 m³ - caminho de serviço em leito natural - DMT 1.000 a 1.200 m","m³",10.23]
[1917687,"Dragagem de material de 1ª categoria com escavadeira hidráulica - capacidade de caçamba de 1,56 m³ - caminho de serviço em leito natural - DMT 1.200 a 1.400 m","m³",10.51]
[1917688,"Dragagem de material de 1ª categoria com escavadeira hidráulica - capacidade de caçamba de 1,56 m³ - caminho de serviço em leito natural - DMT 1.400 a 1.600 m","m³",11.5]
[1917689,"Dragagem de material de 1ª categoria com escavadeira hidráulica - capacidade de caçamba de 1,56 m³ - caminho de serviço em leito natural - DMT 1.600 a 1.800 m","m³",11.81]
[1917690,"Dragagem de material de 1ª categoria com escavadeira hidráulica - capacidade de caçamba de 1,56 m³ - caminho de serviço em leito natural - DMT 1.800 a 2.000 m","m³",12.03]
[1917691,"Dragagem de material de 1ª categoria com escavadeira hidráulica - capacidade de caçamba de 1,56 m³ - caminho de serviço em leito natural - DMT 2.000 a 2.500 m","m³",12.49]
[1917692,"Dragagem de material de 1ª categoria com escavadeira hidráulica - capacidade de caçamba de 1,56 m³ - caminho de serviço em leito natural - DMT 2.500 a 3.000 m","m³",14.03]
[1917682,"Dragagem de material de 1ª categoria com escavadeira hidráulica - capacidade de caçamba de 1,56 m³ - caminho de serviço em leito natural - DMT 200 a 400 m","m³",9.0299999999999994]
[1917693,"Dragagem de material de 1ª categoria com escavadeira hidráulica - capacidade de caçamba de 1,56 m³ - caminho de serviço em leito natural - DMT 3.000 m","m³",14.41]
[1917683,"Dragagem de material de 1ª categoria com escavadeira hidráulica - capacidade de caçamba de 1,56 m³ - caminho de serviço em leito natural - DMT 400 a 600 m","m³",9.3699999999999992]
[1917681,"Dragagem de material de 1ª categoria com escavadeira hidráulica - capacidade de caçamba de 1,56 m³ - caminho de serviço em leito natural - DMT 50 a 200 m","m³",7.81]
[1917684,"Dragagem de material de 1ª categoria com escavadeira hidráulica - capacidade de caçamba de 1,56 m³ - caminho de serviço em leito natural - DMT 600 a 800 m","m³",9.66]
[1917685,"Dragagem de material de 1ª categoria com escavadeira hidráulica - capacidade de caçamba de 1,56 m³ - caminho de serviço em leito natural - DMT 800 a 1.000 m","m³",9.94]
[1917699,"Dragagem de material de 1ª categoria com escavadeira hidráulica - capacidade de caçamba de 1,56 m³ - caminho de serviço em revestimento primário - DMT 1.000 a 1.200 m","m³",9.3699999999999992]
[1917700,"Dragagem de material de 1ª categoria com escavadeira hidráulica - capacidade de caçamba de 1,56 m³ - caminho de serviço em revestimento primário - DMT 1.200 a 1.400 m","m³",9.5399999999999991]
[1917701,"Dragagem de material de 1ª categoria com escavadeira hidráulica - capacidade de caçamba de 1,56 m³ - caminho de serviço em revestimento primário - DMT 1.400 a 1.600 m","m³",9.7100000000000009]
[1917702,"Dragagem de material de 1ª categoria com escavadeira hidráulica - capacidade de caçamba de 1,56 m³ - caminho de serviço em revestimento primário - DMT 1.600 a 1.800 m","m³",9.8800000000000008]
[1917703,"Dragagem de material de 1ª categoria com escavadeira hidráulica - capacidade de caçamba de 1,56 m³ - caminho de serviço em revestimento primário - DMT 1.800 a 2.000 m","m³",10.06]
[1917704,"Dragagem de material de 1ª categoria com escavadeira hidráulica - capacidade de caçamba de 1,56 m³ - caminho de serviço em revestimento primário - DMT 2.000 a 2.500 m","m³",10.34]
[1917705,"Dragagem de material de 1ª categoria com escavadeira hidráulica - capacidade de caçamba de 1,56 m³ - caminho de serviço em revestimento primário - DMT 2.500 a 3.000 m","m³",11.58]
[1917695,"Dragagem de material de 1ª categoria com escavadeira hidráulica - capacidade de caçamba de 1,56 m³ - caminho de serviço em revestimento primário - DMT 200 a 400 m","m³",7.81]
[1917706,"Dragagem de material de 1ª categoria com escavadeira hidráulica - capacidade de caçamba de 1,56 m³ - caminho de serviço em revestimento primário - DMT 3.000 m","m³",11.88]
[1917696,"Dragagem de material de 1ª categoria com escavadeira hidráulica - capacidade de caçamba de 1,56 m³ - caminho de serviço em revestimento primário - DMT 400 a 600 m","m³",8.81]
[1917694,"Dragagem de material de 1ª categoria com escavadeira hidráulica - capacidade de caçamba de 1,56 m³ - caminho de serviço em revestimento primário - DMT 50 a 200 m","m³",7.55]
[1917697,"Dragagem de material de 1ª categoria com escavadeira hidráulica - capacidade de caçamba de 1,56 m³ - caminho de serviço em revestimento primário - DMT 600 a 800 m","m³",9.0299999999999994]
[1917698,"Dragagem de material de 1ª categoria com escavadeira hidráulica - capacidade de caçamba de 1,56 m³ - caminho de serviço em revestimento primário - DMT 800 a 1.000 m","m³",9.1999999999999993]
[1917712,"Dragagem de material de 1ª categoria com escavadeira hidráulica - capacidade de caçamba de 1,56 m³ - caminho de serviço pavimentado - DMT 1.000 a 1.200 m","m³",9.3699999999999992]
[1917713,"Dragagem de material de 1ª categoria com escavadeira hidráulica - capacidade de caçamba de 1,56 m³ - caminho de serviço pavimentado - DMT 1.200 a 1.400 m","m³",9.5399999999999991]
[1917714,"Dragagem de material de 1ª categoria com escavadeira hidráulica - capacidade de caçamba de 1,56 m³ - caminho de serviço pavimentado - DMT 1.400 a 1.600 m","m³",9.7100000000000009]
[1917715,"Dragagem de material de 1ª categoria com escavadeira hidráulica - capacidade de caçamba de 1,56 m³ - caminho de serviço pavimentado - DMT 1.600 a 1.800 m","m³",9.83]
[1917716,"Dragagem de material de 1ª categoria com escavadeira hidráulica - capacidade de caçamba de 1,56 m³ - caminho de serviço pavimentado - DMT 1.800 a 2.000 m","m³",10]
[1917717,"Dragagem de material de 1ª categoria com escavadeira hidráulica - capacidade de caçamba de 1,56 m³ - caminho de serviço pavimentado - DMT 2.000 a 2.500 m","m³",10.28]
[1917718,"Dragagem de material de 1ª categoria com escavadeira hidráulica - capacidade de caçamba de 1,56 m³ - caminho de serviço pavimentado - DMT 2.500 a 3.000 m","m³",11.43]
[1917708,"Dragagem de material de 1ª categoria com escavadeira hidráulica - capacidade de caçamba de 1,56 m³ - caminho de serviço pavimentado - DMT 200 a 400 m","m³",8.64]
[1917719,"Dragagem de material de 1ª categoria com escavadeira hidráulica - capacidade de caçamba de 1,56 m³ - caminho de serviço pavimentado - DMT 3.000 m","m³",11.73]
[1917709,"Dragagem de material de 1ª categoria com escavadeira hidráulica - capacidade de caçamba de 1,56 m³ - caminho de serviço pavimentado - DMT 400 a 600 m","m³",8.86]
[1917707,"Dragagem de material de 1ª categoria com escavadeira hidráulica - capacidade de caçamba de 1,56 m³ - caminho de serviço pavimentado - DMT 50 a 200 m","m³",7.66]
[1917710,"Dragagem de material de 1ª categoria com escavadeira hidráulica - capacidade de caçamba de 1,56 m³ - caminho de serviço pavimentado - DMT 600 a 800 m","m³",9.0299999999999994]
[1917711,"Dragagem de material de 1ª categoria com escavadeira hidráulica - capacidade de caçamba de 1,56 m³ - caminho de serviço pavimentado - DMT 800 a 1.000 m","m³",9.1999999999999993]
[1917680,"Dragagem de material de 1ª categoria com escavadeira hidráulica - capacidade de caçamba de 1,56 m³ - DMT 0 a 50 m","m³",2.5299999999999998]
[1901607,"Dragagem de material de 1ª categoria com escavadeira hidráulica sobre pontão flutuante - capacidade da caçamba de 1,56 m³ - transporte com batelão sem propulsão com capacidade de 100 t - DMT 0 a 300 m","m³",14.1]
[1901611,"Dragagem de material de 1ª categoria com escavadeira hidráulica sobre pontão flutuante - capacidade da caçamba de 1,56 m³ - transporte com batelão sem propulsão com capacidade de 100 t - DMT 1.200 a 1.500 m","m³",17.75]
[1901612,"Dragagem de material de 1ª categoria com escavadeira hidráulica sobre pontão flutuante - capacidade da caçamba de 1,56 m³ - transporte com batelão sem propulsão com capacidade de 100 t - DMT 1.500 a 1.800 m","m³",18.170000000000002]
[1901613,"Dragagem de material de 1ª categoria com escavadeira hidráulica sobre pontão flutuante - capacidade da caçamba de 1,56 m³ - transporte com batelão sem propulsão com capacidade de 100 t - DMT 1.800 a 2.100 m","m³",18.48]
[1901614,"Dragagem de material de 1ª categoria com escavadeira hidráulica sobre pontão flutuante - capacidade da caçamba de 1,56 m³ - transporte com batelão sem propulsão com capacidade de 100 t - DMT 2.100 a 2.400 m","m³",18.79]
[1901615,"Dragagem de material de 1ª categoria com escavadeira hidráulica sobre pontão flutuante - capacidade da caçamba de 1,56 m³ - transporte com batelão sem propulsão com capacidade de 100 t - DMT 2.400 a 2.700 m","m³",19.2]
[1901616,"Dragagem de material de 1ª categoria com escavadeira hidráulica sobre pontão flutuante - capacidade da caçamba de 1,56 m³ - transporte com batelão sem propulsão com capacidade de 100 t - DMT 2.700 a 3.000 m","m³",19.52]
[1901608,"Dragagem de material de 1ª categoria com escavadeira hidráulica sobre pontão flutuante - capacidade da caçamba de 1,56 m³ - transporte com batelão sem propulsão com capacidade de 100 t - DMT 300 a 600 m","m³",14.58]
[1901609,"Dragagem de material de 1ª categoria com escavadeira hidráulica sobre pontão flutuante - capacidade da caçamba de 1,56 m³ - transporte com batelão sem propulsão com capacidade de 100 t - DMT 600 a 900 m","m³",15]
[1901610,"Dragagem de material de 1ª categoria com escavadeira hidráulica sobre pontão flutuante - capacidade da caçamba de 1,56 m³ - transporte com batelão sem propulsão com capacidade de 100 t - DMT 900 a 1.200 m","m³",17.440000000000001]
[1901617,"Dragagem de material de 1ª categoria com escavadeira hidráulica sobre pontão flutuante - capacidade da caçamba de 1,56 m³ - transporte com batelão sem propulsão com capacidade de 100 t - DMT de 3.000 m","m³",19.72]
[1917037,"Dragagem de silte com draga hopper - capacidade da cisterna de 1.000 m³ - DMT de 1.500 a 1.800 m","m³",18.05]
[1917038,"Dragagem de silte com draga hopper - capacidade da cisterna de 1.000 m³ - DMT de 1.800 a 2.100 m","m³",18.66]
[1917039,"Dragagem de silte com draga hopper - capacidade da cisterna de 1.000 m³ - DMT de 2.100 a 2.400 m","m³",19.29]
[1917040,"Dragagem de silte com draga hopper - capacidade da cisterna de 1.000 m³ - DMT de 2.400 a 2.700 m","m³",19.940000000000001]
[1917041,"Dragagem de silte com draga hopper - capacidade da cisterna de 1.000 m³ - DMT de 2.700 a 3.000 m","m³",20.63]
[1917042,"Dragagem de silte com draga hopper - capacidade da cisterna de 1.000 m³ - DMT de 3.000 m","m³",21]
[1901619,"Dragagem de silte com draga hopper - capacidade da cisterna de 10.000 m³ - DMT de 1.500 a 1.800 m","m³",9.94]
[1901620,"Dragagem de silte com draga hopper - capacidade da cisterna de 10.000 m³ - DMT de 1.800 a 2.100 m","m³",10.119999999999999]
[1901621,"Dragagem de silte com draga hopper - capacidade da cisterna de 10.000 m³ - DMT de 2.100 a 2.400 m","m³",10.31]
[1901622,"Dragagem de silte com draga hopper - capacidade da cisterna de 10.000 m³ - DMT de 2.400 a 2.700 m","m³",10.5]
[1901623,"Dragagem de silte com draga hopper - capacidade da cisterna de 10.000 m³ - DMT de 2.700 a 3.000 m","m³",10.71]
[1901618,"Dragagem de silte com draga hopper - capacidade da cisterna de 10.000 m³ - DMT de 3.000 m","m³",10.82]
[1901625,"Dragagem de silte com draga hopper - capacidade da cisterna de 15.000 m³ - DMT de 1.500 a 1.800 m","m³",11.95]
[1901626,"Dragagem de silte com draga hopper - capacidade da cisterna de 15.000 m³ - DMT de 1.800 a 2.100 m","m³",12.12]
[1901627,"Dragagem de silte com draga hopper - capacidade da cisterna de 15.000 m³ - DMT de 2.100 a 2.400 m","m³",12.29]
[1901628,"Dragagem de silte com draga hopper - capacidade da cisterna de 15.000 m³ - DMT de 2.400 a 2.700 m","m³",12.48]
[1901629,"Dragagem de silte com draga hopper - capacidade da cisterna de 15.000 m³ - DMT de 2.700 a 3.000 m","m³",12.67]
[1901624,"Dragagem de silte com draga hopper - capacidade da cisterna de 15.000 m³ - DMT de 3.000 m","m³",12.78]
[1917073,"Dragagem de silte com draga hopper - capacidade da cisterna de 2.000 m³ - DMT de 1.500 a 1.800 m","m³",12.51]
[1917074,"Dragagem de silte com draga hopper - capacidade da cisterna de 2.000 m³ - DMT de 1.800 a 2.100 m","m³",12.89]
[1917075,"Dragagem de silte com draga hopper - capacidade da cisterna de 2.000 m³ - DMT de 2.100 a 2.400 m","m³",13.28]
[1917076,"Dragagem de silte com draga hopper - capacidade da cisterna de 2.000 m³ - DMT de 2.400 a 2.700 m","m³",13.69]
[1917077,"Dragagem de silte com draga hopper - capacidade da cisterna de 2.000 m³ - DMT de 2.700 a 3.000 m","m³",14.12]
[1917078,"Dragagem de silte com draga hopper - capacidade da cisterna de 2.000 m³ - DMT de 3.000 m","m³",14.35]
[1901631,"Dragagem de silte com draga hopper - capacidade da cisterna de 20.000 m³ - DMT de 1.500 a 1.800 m","m³",14.09]
[1901632,"Dragagem de silte com draga hopper - capacidade da cisterna de 20.000 m³ - DMT de 1.800 a 2.100 m","m³",14.26]
[1901633,"Dragagem de silte com draga hopper - capacidade da cisterna de 20.000 m³ - DMT de 2.100 a 2.400 m","m³",14.43]
[1901634,"Dragagem de silte com draga hopper - capacidade da cisterna de 20.000 m³ - DMT de 2.400 a 2.700 m","m³",14.61]
[1901635,"Dragagem de silte com draga hopper - capacidade da cisterna de 20.000 m³ - DMT de 2.700 a 3.000 m","m³",14.8]
[1901630,"Dragagem de silte com draga hopper - capacidade da cisterna de 20.000 m³ - DMT de 3.000 m","m³",14.9]
[1917109,"Dragagem de silte com draga hopper - capacidade da cisterna de 3.000 m³ - DMT de 1.500 a 1.800 m","m³",11.43]
[1917110,"Dragagem de silte com draga hopper - capacidade da cisterna de 3.000 m³ - DMT de 1.800 a 2.100 m","m³",11.74]
[1917111,"Dragagem de silte com draga hopper - capacidade da cisterna de 3.000 m³ - DMT de 2.100 a 2.400 m","m³",12.06]
[1917112,"Dragagem de silte com draga hopper - capacidade da cisterna de 3.000 m³ - DMT de 2.400 a 2.700 m","m³",12.39]
[1917113,"Dragagem de silte com draga hopper - capacidade da cisterna de 3.000 m³ - DMT de 2.700 a 3.000 m","m³",12.75]
[1917114,"Dragagem de silte com draga hopper - capacidade da cisterna de 3.000 m³ - DMT de 3.000 m","m³",12.94]
[1917145,"Dragagem de silte com draga hopper - capacidade da cisterna de 4.000 m³ - DMT de 1.500 a 1.800 m","m³",10.69]
[1917146,"Dragagem de silte com draga hopper - capacidade da cisterna de 4.000 m³ - DMT de 1.800 a 2.100 m","m³",10.97]
[1917147,"Dragagem de silte com draga hopper - capacidade da cisterna de 4.000 m³ - DMT de 2.100 a 2.400 m","m³",11.25]
[1917148,"Dragagem de silte com draga hopper - capacidade da cisterna de 4.000 m³ - DMT de 2.400 a 2.700 m","m³",11.54]
[1917149,"Dragagem de silte com draga hopper - capacidade da cisterna de 4.000 m³ - DMT de 2.700 a 3.000 m","m³",11.85]
[1917150,"Dragagem de silte com draga hopper - capacidade da cisterna de 4.000 m³ - DMT de 3.000 m","m³",12.02]
[1917181,"Dragagem de silte com draga hopper - capacidade da cisterna de 5.000 m³ - DMT de 1.500 a 1.800 m","m³",11.09]
[1917182,"Dragagem de silte com draga hopper - capacidade da cisterna de 5.000 m³ - DMT de 1.800 a 2.100 m","m³",11.34]
[1917183,"Dragagem de silte com draga hopper - capacidade da cisterna de 5.000 m³ - DMT de 2.100 a 2.400 m","m³",11.59]
[1917184,"Dragagem de silte com draga hopper - capacidade da cisterna de 5.000 m³ - DMT de 2.400 a 2.700 m","m³",11.85]
[1917185,"Dragagem de silte com draga hopper - capacidade da cisterna de 5.000 m³ - DMT de 2.700 a 3.000 m","m³",12.13]
[1917186,"Dragagem de silte com draga hopper - capacidade da cisterna de 5.000 m³ - DMT de 3.000 m","m³",12.27]
[1917001,"Dragagem de silte com draga hopper - capacidade da cisterna de 750 m³ - DMT de 1.500 a 1.800 m","m³",23.88]
[1917002,"Dragagem de silte com draga hopper - capacidade da cisterna de 750 m³ - DMT de 1.800 a 2.100 m","m³",24.75]
[1917003,"Dragagem de silte com draga hopper - capacidade da cisterna de 750 m³ - DMT de 2.100 a 2.400 m","m³",25.64]
[1917004,"Dragagem de silte com draga hopper - capacidade da cisterna de 750 m³ - DMT de 2.400 a 2.700 m","m³",26.57]
[1917005,"Dragagem de silte com draga hopper - capacidade da cisterna de 750 m³ - DMT de 2.700 a 3.000 m","m³",27.56]
[1917006,"Dragagem de silte com draga hopper - capacidade da cisterna de 750 m³ - DMT de 3.000 m","m³",28.09]
[2009619,"Alvenaria de blocos de concreto 19 x 19 x 39 cm com espessura de 20 cm - areia comercial","m²",116.01]
[2009618,"Alvenaria de blocos de concreto 19 x 19 x 39 cm com espessura de 20 cm - areia extraída","m²",113.45]
[2003866,"Aplicação de geotêxtil não-tecido agulhado com resistência à tração longitudinal de 14 kN/m","m²",7.69]
[2003867,"Aplicação de geotêxtil não-tecido agulhado com resistência à tração longitudinal de 31 kN/m","m²",16.809999999999999]
[2003622,"Boca de lobo combinada - chapéu e grelha simples - BLC 01 - areia e brita comerciais","un",2373.3000000000002]
[2003621,"Boca de lobo combinada - chapéu e grelha simples - BLC 01 - areia extraída e brita produzida","un",2233.92]
[2003624,"Boca de lobo combinada - chapéu e grelha simples - BLC 02 - areia e brita comerciais","un",2755.07]
[2003623,"Boca de lobo combinada - chapéu e grelha simples - BLC 02 - areia extraída e brita produzida","un",2599.62]
[2003634,"Boca de lobo dupla - grelha de concreto - BLDG 01 - areia e brita comerciais","un",1724.31]
[2003633,"Boca de lobo dupla - grelha de concreto - BLDG 01 - areia extraída e brita produzida","un",1584.93]
[2003636,"Boca de lobo dupla - grelha de concreto - BLDG 02 - areia e brita comerciais","un",2106.09]
[2003635,"Boca de lobo dupla - grelha de concreto - BLDG 02 - areia extraída e brita produzida","un",1950.63]
[2003638,"Boca de lobo dupla - grelha de concreto - BLDG 03 - areia e brita comerciais","un",2493.21]
[2003637,"Boca de lobo dupla - grelha de concreto - BLDG 03 - areia extraída e brita produzida","un",2320.0300000000002]
[2003640,"Boca de lobo dupla - grelha de concreto - BLDG 04 - areia e brita comerciais","un",2874.98]
[2003639,"Boca de lobo dupla - grelha de concreto - BLDG 04 - areia extraída e brita produzida","un",2685.73]
[2003618,"Boca de lobo simples - BLS 01 - areia e brita comerciais","un",965.17]
[2003617,"Boca de lobo simples - BLS 01 - areia extraída e brita produzida","un",888.45]
[2003620,"Boca de lobo simples - BLS 02 - areia e brita comerciais","un",1198.18]
[2003619,"Boca de lobo simples - BLS 02 - areia extraída e brita produzida","un",1111.73]
[2003626,"Boca de lobo simples - grelha de concreto - BLSG 01 - areia e brita comerciais","un",895.77]
[2003625,"Boca de lobo simples - grelha de concreto - BLSG 01 - areia extraída e brita produzida","un",819.05]
[2003628,"Boca de lobo simples - grelha de concreto - BLSG 02 - areia e brita comerciais","un",1128.78]
[2003627,"Boca de lobo simples - grelha de concreto - BLSG 02 - areia extraída e brita produzida","un",1042.33]
[2003630,"Boca de lobo simples - grelha de concreto - BLSG 03 - areia e brita comerciais","un",1361.78]
[2003629,"Boca de lobo simples - grelha de concreto - BLSG 03 - areia extraída e brita produzida","un",1265.5999999999999]
[2003632,"Boca de lobo simples - grelha de concreto - BLSG 04 - areia e brita comerciais","un",1594.79]
[2003631,"Boca de lobo simples - grelha de concreto - BLSG 04 - areia extraída e brita produzida","un",1488.88]
[2003599,"Boca de saída para dreno longitudinal profundo - BSD 01 - tubo de concreto perfurado - areia e brita comerciais","un",200.76]
[2003598,"Boca de saída para dreno longitudinal profundo - BSD 01 - tubo de concreto perfurado - areia extraída e brita produzida","un",171.95]
[2003919,"Boca de saída para dreno longitudinal profundo - BSD 01 - tubo de PEAD - areia e brita comerciais","un",200.76]
[2003918,"Boca de saída para dreno longitudinal profundo - BSD 01 - tubo de PEAD - areia extraída e brita produzida","un",171.95]
[2003601,"Boca de saída para dreno longitudinal profundo - BSD 02 - tubo de concreto perfurado - areia e brita comerciais","un",252.57]
[2003600,"Boca de saída para dreno longitudinal profundo - BSD 02 - tubo de concreto perfurado - areia extraída e brita produzida","un",214.89]
[2003921,"Boca de saída para dreno longitudinal profundo - BSD 02 - tubo de PEAD - areia e brita comerciais","un",252.57]
[2003920,"Boca de saída para dreno longitudinal profundo - BSD 02 - tubo de PEAD - areia extraída e brita produzida","un",214.89]
[2003616,"Boca de saída para dreno sub-horizontal em material de 1ª categoria - BSD 04 - areia e brita comerciais","un",22.09]
[2003615,"Boca de saída para dreno sub-horizontal em material de 1ª categoria - BSD 04 - areia extraída e brita produzida","un",18.03]
[2003927,"Boca de saída para dreno sub-horizontal em material de 2ª categoria - BSD 04 - areia e brita comerciais","un",22.92]
[2003926,"Boca de saída para dreno sub-horizontal em material de 2ª categoria - BSD 04 - areia extraída e brita produzida","un",18.86]
[2003613,"Boca de saída para dreno subsuperficial - BSD 03 - areia e brita comerciais","un",142.33000000000001]
[2003612,"Boca de saída para dreno subsuperficial - BSD 03 - areia extraída e brita produzida","un",124.6]
[2003477,"Caixa coletora de sarjeta - CCS 01 - com grelha de concreto - TCC 01 - areia e brita comerciais","un",3737.5]
[2003476,"Caixa coletora de sarjeta - CCS 01 - com grelha de concreto - TCC 01 - areia extraída e brita produzida","un",3314.45]
[2003517,"Caixa coletora de sarjeta - CCS 01 - com grelha de ferro - TCC 02 - areia e brita comerciais","un",4049.61]
[2003516,"Caixa coletora de sarjeta - CCS 01 - com grelha de ferro - TCC 02 - areia extraída e brita produzida","un",3643.27]
[2003479,"Caixa coletora de sarjeta - CCS 02 - com grelha de concreto - TCC 01 - areia e brita comerciais","un",3688.21]
[2003478,"Caixa coletora de sarjeta - CCS 02 - com grelha de concreto - TCC 01 - areia extraída e brita produzida","un",3283.63]
[2003519,"Caixa coletora de sarjeta - CCS 02 - com grelha de ferro - TCC 02 - areia e brita comerciais","un",4000.32]
[2003518,"Caixa coletora de sarjeta - CCS 02 - com grelha de ferro - TCC 02 - areia extraída e brita produzida","un",3612.45]
[2003481,"Caixa coletora de sarjeta - CCS 03 - com grelha de concreto - TCC 01 - areia e brita comerciais","un",3638.92]
[2003480,"Caixa coletora de sarjeta - CCS 03 - com grelha de concreto - TCC 01 - areia extraída e brita produzida","un",3252.81]
[2003521,"Caixa coletora de sarjeta - CCS 03 - com grelha de ferro - TCC 02 - areia e brita comerciais","un",3951.03]
[2003520,"Caixa coletora de sarjeta - CCS 03 - com grelha de ferro - TCC 02 - areia extraída e brita produzida","un",3581.63]
[2003483,"Caixa coletora de sarjeta - CCS 04 - com grelha de concreto - TCC 01 - areia e brita comerciais","un",3589.63]
[2003482,"Caixa coletora de sarjeta - CCS 04 - com grelha de concreto - TCC 01 - areia extraída e brita produzida","un",3221.99]
[2003523,"Caixa coletora de sarjeta - CCS 04 - com grelha de ferro - TCC 02 - areia e brita comerciais","un",3901.74]
[2003522,"Caixa coletora de sarjeta - CCS 04 - com grelha de ferro - TCC 02 - areia extraída e brita produzida","un",3550.81]
[2003485,"Caixa coletora de sarjeta - CCS 05 - com grelha de concreto - TCC 01 - areia e brita comerciais","un",4821.41]
[2003484,"Caixa coletora de sarjeta - CCS 05 - com grelha de concreto - TCC 01 - areia extraída e brita produzida","un",4296.78]
[2003525,"Caixa coletora de sarjeta - CCS 05 - com grelha de ferro - TCC 02 - areia e brita comerciais","un",5133.53]
[2003524,"Caixa coletora de sarjeta - CCS 05 - com grelha de ferro - TCC 02 - areia extraída e brita produzida","un",4625.6000000000004]
[2003487,"Caixa coletora de sarjeta - CCS 06 - com grelha de concreto - TCC 01 - areia e brita comerciais","un",4772.12]
[2003486,"Caixa coletora de sarjeta - CCS 06 - com grelha de concreto - TCC 01 - areia extraída e brita produzida","un",4265.96]
[2003527,"Caixa coletora de sarjeta - CCS 06 - com grelha de ferro - TCC 02 - areia e brita comerciais","un",5084.24]
[2003526,"Caixa coletora de sarjeta - CCS 06 - com grelha de ferro - TCC 02 - areia extraída e brita produzida","un",4594.78]
[2003489,"Caixa coletora de sarjeta - CCS 07 - com grelha de concreto - TCC 01 - areia e brita comerciais","un",4722.83]
[2003488,"Caixa coletora de sarjeta - CCS 07 - com grelha de concreto - TCC 01 - areia extraída e brita produzida","un",4235.1400000000003]
[2003529,"Caixa coletora de sarjeta - CCS 07 - com grelha de ferro - TCC 02 - areia e brita comerciais","un",5034.95]
[2003528,"Caixa coletora de sarjeta - CCS 07 - com grelha de ferro - TCC 02 - areia extraída e brita produzida","un",4563.96]
[2003491,"Caixa coletora de sarjeta - CCS 08 - com grelha de concreto - TCC 01 - areia e brita comerciais","un",4673.55]
[2003490,"Caixa coletora de sarjeta - CCS 08 - com grelha de concreto - TCC 01 - areia extraída e brita produzida","un",4204.32]
[2003531,"Caixa coletora de sarjeta - CCS 08 - com grelha de ferro - TCC 02 - areia e brita comerciais","un",4985.66]
[2003530,"Caixa coletora de sarjeta - CCS 08 - com grelha de ferro - TCC 02 - areia extraída e brita produzida","un",4533.1400000000003]
[2003493,"Caixa coletora de sarjeta - CCS 09 - com grelha de concreto - TCC 01 - areia e brita comerciais","un",5747.98]
[2003492,"Caixa coletora de sarjeta - CCS 09 - com grelha de concreto - TCC 01 - areia extraída e brita produzida","un",5121.76]
[2003533,"Caixa coletora de sarjeta - CCS 09 - com grelha de ferro - TCC 02 - areia e brita comerciais","un",6060.09]
[2003532,"Caixa coletora de sarjeta - CCS 09 - com grelha de ferro - TCC 02 - areia extraída e brita produzida","un",5450.58]
[2003495,"Caixa coletora de sarjeta - CCS 10 - com grelha de concreto - TCC 01 - areia e brita comerciais","un",5698.69]
[2003494,"Caixa coletora de sarjeta - CCS 10 - com grelha de concreto - TCC 01 - areia extraída e brita produzida","un",5090.9399999999996]
[2003535,"Caixa coletora de sarjeta - CCS 10 - com grelha de ferro - TCC 02 - areia e brita comerciais","un",6010.8]
[2003534,"Caixa coletora de sarjeta - CCS 10 - com grelha de ferro - TCC 02 - areia extraída e brita produzida","un",5419.76]
[2003497,"Caixa coletora de sarjeta - CCS 11 - com grelha de concreto - TCC 01 - areia e brita comerciais","un",5649.4]
[2003496,"Caixa coletora de sarjeta - CCS 11 - com grelha de concreto - TCC 01 - areia extraída e brita produzida","un",5060.12]
[2003537,"Caixa coletora de sarjeta - CCS 11 - com grelha de ferro - TCC 02 - areia e brita comerciais","un",5961.51]
[2003536,"Caixa coletora de sarjeta - CCS 11 - com grelha de ferro - TCC 02 - areia extraída e brita produzida","un",5388.94]
[2003499,"Caixa coletora de sarjeta - CCS 12 - com grelha de concreto - TCC 01 - areia e brita comerciais","un",5600.11]
[2003498,"Caixa coletora de sarjeta - CCS 12 - com grelha de concreto - TCC 01 - areia extraída e brita produzida","un",5029.3]
[2003539,"Caixa coletora de sarjeta - CCS 12 - com grelha de ferro - TCC 02 - areia e brita comerciais","un",5862.93]
[2003538,"Caixa coletora de sarjeta - CCS 12 - com grelha de ferro - TCC 02 - areia extraída e brita produzida","un",5327.3]
[2003501,"Caixa coletora de sarjeta - CCS 13 - com grelha de concreto - TCC 01 - areia e brita comerciais","un",6884.11]
[2003500,"Caixa coletora de sarjeta - CCS 13 - com grelha de concreto - TCC 01 - areia extraída e brita produzida","un",6156.3]
[2003541,"Caixa coletora de sarjeta - CCS 13 - com grelha de ferro - TCC 02 - areia e brita comerciais","un",7196.22]
[2003540,"Caixa coletora de sarjeta - CCS 13 - com grelha de ferro - TCC 02 - areia extraída e brita produzida","un",6485.13]
[2003503,"Caixa coletora de sarjeta - CCS 14 - com grelha de concreto - TCC 01 - areia e brita comerciais","un",6834.82]
[2003502,"Caixa coletora de sarjeta - CCS 14 - com grelha de concreto - TCC 01 - areia extraída e brita produzida","un",6125.49]
[2003543,"Caixa coletora de sarjeta - CCS 14 - com grelha de ferro - TCC 02 - areia e brita comerciais","un",7146.93]
[2003542,"Caixa coletora de sarjeta - CCS 14 - com grelha de ferro - TCC 02 - areia extraída e brita produzida","un",6454.31]
[2003505,"Caixa coletora de sarjeta - CCS 15 - com grelha de concreto - TCC 01 - areia e brita comerciais","un",6785.53]
[2003504,"Caixa coletora de sarjeta - CCS 15 - com grelha de concreto - TCC 01 - areia extraída e brita produzida","un",6094.67]
[2003545,"Caixa coletora de sarjeta - CCS 15 - com grelha de ferro - TCC 02 - areia e brita comerciais","un",7097.64]
[2003544,"Caixa coletora de sarjeta - CCS 15 - com grelha de ferro - TCC 02 - areia extraída e brita produzida","un",6423.49]
[2003507,"Caixa coletora de sarjeta - CCS 16 - com grelha de concreto - TCC 01 - areia e brita comerciais","un",6736.24]
[2003506,"Caixa coletora de sarjeta - CCS 16 - com grelha de concreto - TCC 01 - areia extraída e brita produzida","un",6063.85]
[2003547,"Caixa coletora de sarjeta - CCS 16 - com grelha de ferro - TCC 02 - areia e brita comerciais","un",7048.36]
[2003546,"Caixa coletora de sarjeta - CCS 16 - com grelha de ferro - TCC 02 - areia extraída e brita produzida","un",6392.67]
[2003509,"Caixa coletora de sarjeta - CCS 17 - com grelha de concreto - TCC 01 - areia e brita comerciais","un",7852.59]
[2003508,"Caixa coletora de sarjeta - CCS 17 - com grelha de concreto - TCC 01 - areia extraída e brita produzida","un",7023.2]
[2003549,"Caixa coletora de sarjeta - CCS 17 - com grelha de ferro - TCC 02 - areia e brita comerciais","un",8164.71]
[2003548,"Caixa coletora de sarjeta - CCS 17 - com grelha de ferro - TCC 02 - areia extraída e brita produzida","un",7352.03]
[2003511,"Caixa coletora de sarjeta - CCS 18 - com grelha de concreto - TCC 01 - areia e brita comerciais","un",7803.3]
[2003510,"Caixa coletora de sarjeta - CCS 18 - com grelha de concreto - TCC 01 - areia extraída e brita produzida","un",6992.38]
[2003551,"Caixa coletora de sarjeta - CCS 18 - com grelha de ferro - TCC 02 - areia e brita comerciais","un",8115.42]
[2003550,"Caixa coletora de sarjeta - CCS 18 - com grelha de ferro - TCC 02 - areia extraída e brita produzida","un",7321.21]
[2003513,"Caixa coletora de sarjeta - CCS 19 - com grelha de concreto - TCC 01 - areia e brita comerciais","un",7754.02]
[2003512,"Caixa coletora de sarjeta - CCS 19 - com grelha de concreto - TCC 01 - areia extraída e brita produzida","un",6961.57]
[2003553,"Caixa coletora de sarjeta - CCS 19 - com grelha de ferro - TCC 02 - areia e brita comerciais","un",8066.13]
[2003552,"Caixa coletora de sarjeta - CCS 19 - com grelha de ferro - TCC 02 - areia extraída e brita produzida","un",7290.39]
[2003515,"Caixa coletora de sarjeta - CCS 20 - com grelha de concreto - TCC 01 - areia e brita comerciais","un",7704.73]
[2003514,"Caixa coletora de sarjeta - CCS 20 - com grelha de concreto - TCC 01 - areia extraída e brita produzida","un",6930.75]
[2003555,"Caixa coletora de sarjeta - CCS 20 - com grelha de ferro - TCC 02 - areia e brita comerciais","un",8016.84]
[2003554,"Caixa coletora de sarjeta - CCS 20 - com grelha de ferro - TCC 02 - areia extraída e brita produzida","un",7259.57]
[2003728,"Caixa coletora de talvegue - CCT 01 - areia e brita comerciais","un",3483.05]
[2003727,"Caixa coletora de talvegue - CCT 01 - areia extraída e brita produzida","un",3065.62]
[2003730,"Caixa coletora de talvegue - CCT 02 - areia e brita comerciais","un",3433.76]
[2003729,"Caixa coletora de talvegue - CCT 02 - areia extraída e brita produzida","un",3034.8]
[2003732,"Caixa coletora de talvegue - CCT 03 - areia e brita comerciais","un",3389.4]
[2003731,"Caixa coletora de talvegue - CCT 03 - areia extraída e brita produzida","un",3007.07]
[2003734,"Caixa coletora de talvegue - CCT 04 - areia e brita comerciais","un",3335.18]
[2003733,"Caixa coletora de talvegue - CCT 04 - areia extraída e brita produzida","un",2973.17]
[2003736,"Caixa coletora de talvegue - CCT 05 - areia e brita comerciais","un",4566.96]
[2003735,"Caixa coletora de talvegue - CCT 05 - areia extraída e brita produzida","un",4047.95]
[2003738,"Caixa coletora de talvegue - CCT 06 - areia e brita comerciais","un",4517.67]
[2003737,"Caixa coletora de talvegue - CCT 06 - areia extraída e brita produzida","un",4017.13]
[2003740,"Caixa coletora de talvegue - CCT 07 - areia e brita comerciais","un",4473.3100000000004]
[2003739,"Caixa coletora de talvegue - CCT 07 - areia extraída e brita produzida","un",3989.4]
[2003742,"Caixa coletora de talvegue - CCT 08 - areia e brita comerciais","un",4616.25]
[2003741,"Caixa coletora de talvegue - CCT 08 - areia extraída e brita produzida","un",4078.77]
[2003744,"Caixa coletora de talvegue - CCT 09 - areia e brita comerciais","un",5493.52]
[2003743,"Caixa coletora de talvegue - CCT 09 - areia extraída e brita produzida","un",4872.93]
[2003746,"Caixa coletora de talvegue - CCT 10 - areia e brita comerciais","un",5444.23]
[2003745,"Caixa coletora de talvegue - CCT 10 - areia extraída e brita produzida","un",4842.1099999999997]
[2003748,"Caixa coletora de talvegue - CCT 11 - areia e brita comerciais","un",5399.87]
[2003747,"Caixa coletora de talvegue - CCT 11 - areia extraída e brita produzida","un",4814.37]
[2003750,"Caixa coletora de talvegue - CCT 12 - areia e brita comerciais","un",5345.66]
[2003749,"Caixa coletora de talvegue - CCT 12 - areia extraída e brita produzida","un",4780.47]
[2003752,"Caixa coletora de talvegue - CCT 13 - areia e brita comerciais","un",6629.66]
[2003751,"Caixa coletora de talvegue - CCT 13 - areia extraída e brita produzida","un",5907.48]
[2003754,"Caixa coletora de talvegue - CCT 14 - areia e brita comerciais","un",6580.37]
[2003753,"Caixa coletora de talvegue - CCT 14 - areia extraída e brita produzida","un",5876.66]
[2003756,"Caixa coletora de talvegue - CCT 15 - areia e brita comerciais","un",6536.01]
[2003755,"Caixa coletora de talvegue - CCT 15 - areia extraída e brita produzida","un",5848.92]
[2003758,"Caixa coletora de talvegue - CCT 16 - areia e brita comerciais","un",6481.79]
[2003757,"Caixa coletora de talvegue - CCT 16 - areia extraída e brita produzida","un",5815.02]
[2003760,"Caixa coletora de talvegue - CCT 17 - areia e brita comerciais","un",6513.78]
[2003759,"Caixa coletora de talvegue - CCT 17 - areia extraída e brita produzida","un",6096.36]
[2003762,"Caixa coletora de talvegue - CCT 18 - areia e brita comerciais","un",7548.85]
[2003761,"Caixa coletora de talvegue - CCT 18 - areia extraída e brita produzida","un",6743.56]
[2003764,"Caixa coletora de talvegue - CCT 19 - areia e brita comerciais","un",7504.49]
[2003763,"Caixa coletora de talvegue - CCT 19 - areia extraída e brita produzida","un",6715.82]
[2003766,"Caixa coletora de talvegue - CCT 20 - areia e brita comerciais","un",7450.27]
[2003765,"Caixa coletora de talvegue - CCT 20 - areia extraída e brita produzida","un",6681.92]
[2003642,"Caixa de ligação e passagem - CLP 01 - areia e brita comerciais","un",1586.43]
[2003641,"Caixa de ligação e passagem - CLP 01 - areia extraída e brita produzida","un",1326.01]
[2003644,"Caixa de ligação e passagem - CLP 02 - areia e brita comerciais","un",1556.86]
[2003643,"Caixa de ligação e passagem - CLP 02 - areia extraída e brita produzida","un",1307.51]
[2003646,"Caixa de ligação e passagem - CLP 03 - areia e brita comerciais","un",2137.7199999999998]
[2003645,"Caixa de ligação e passagem - CLP 03 - areia extraída e brita produzida","un",1779.4]
[2003648,"Caixa de ligação e passagem - CLP 04 - areia e brita comerciais","un",2751.49]
[2003647,"Caixa de ligação e passagem - CLP 04 - areia extraída e brita produzida","un",2300.8200000000002]
[2003650,"Caixa de ligação e passagem - CLP 05 - areia e brita comerciais","un",3271.44]
[2003649,"Caixa de ligação e passagem - CLP 05 - areia extraída e brita produzida","un",2750.59]
[2003652,"Caixa de ligação e passagem - CLP 06 - areia e brita comerciais","un",4186.95]
[2003651,"Caixa de ligação e passagem - CLP 06 - areia extraída e brita produzida","un",3557.12]
[2003654,"Caixa de ligação e passagem - CLP 07 - areia e brita comerciais","un",1895.46]
[2003653,"Caixa de ligação e passagem - CLP 07 - areia extraída e brita produzida","un",1585.17]
[2003656,"Caixa de ligação e passagem - CLP 08 - areia e brita comerciais","un",1860.96]
[2003655,"Caixa de ligação e passagem - CLP 08 - areia extraída e brita produzida","un",1563.59]
[2003658,"Caixa de ligação e passagem - CLP 09 - areia e brita comerciais","un",2493.92]
[2003657,"Caixa de ligação e passagem - CLP 09 - areia extraída e brita produzida","un",2074.65]
[2003660,"Caixa de ligação e passagem - CLP 10 - areia e brita comerciais","un",3131.62]
[2003659,"Caixa de ligação e passagem - CLP 10 - areia extraída e brita produzida","un",2616.31]
[2003662,"Caixa de ligação e passagem - CLP 11 - areia e brita comerciais","un",3680.44]
[2003661,"Caixa de ligação e passagem - CLP 11 - areia extraída e brita produzida","un",3089.4]
[2003664,"Caixa de ligação e passagem - CLP 12 - areia e brita comerciais","un",4538.24]
[2003663,"Caixa de ligação e passagem - CLP 12 - areia extraída e brita produzida","un",3832.69]
[2003666,"Caixa de ligação e passagem - CLP 13 - areia e brita comerciais","un",2209.42]
[2003665,"Caixa de ligação e passagem - CLP 13 - areia extraída e brita produzida","un",1847.41]
[2003668,"Caixa de ligação e passagem - CLP 14 - areia e brita comerciais","un",2179.85]
[2003667,"Caixa de ligação e passagem - CLP 14 - areia extraída e brita produzida","un",1828.92]
[2003670,"Caixa de ligação e passagem - CLP 15 - areia e brita comerciais","un",2864.9]
[2003669,"Caixa de ligação e passagem - CLP 15 - areia extraída e brita produzida","un",2379.14]
[2003672,"Caixa de ligação e passagem - CLP 16 - areia e brita comerciais","un",3536.4]
[2003671,"Caixa de ligação e passagem - CLP 16 - areia extraída e brita produzida","un",2947.2]
[2003674,"Caixa de ligação e passagem - CLP 17 - areia e brita comerciais","un",4109.1499999999996]
[2003673,"Caixa de ligação e passagem - CLP 17 - areia extraída e brita produzida","un",3440.53]
[2003676,"Caixa de ligação e passagem - CLP 18 - areia e brita comerciais","un",5012.71]
[2003675,"Caixa de ligação e passagem - CLP 18 - areia extraída e brita produzida","un",4220.3500000000004]
[2003854,"Camada drenante para proteção de muros de contenção - areia comercial","m³",171.97]
[2003855,"Camada drenante para proteção de muros de contenção - areia extraída","m³",16.59]
[2003856,"Camada drenante para proteção de muros de contenção - brita comercial","m³",190.51]
[2003857,"Camada drenante para proteção de muros de contenção - brita produzida","m³",67.42]
[2019782,"Canal em polietileno e polipropileno com efeito autolimpante e abertura de captação em ferro fundido dúctil - carga de controle de 900 kN - 100,0 x 21,0 x 57,9 cm - fornecimento e instalação em pavimento de asfalto","m",1177.97]
[2019783,"Canal em polietileno e polipropileno com efeito autolimpante e abertura de captação em ferro fundido dúctil - carga de controle de 900 kN - 100,0 x 25,2 x 66,5 cm - fornecimento e instalação em pavimento de asfalto","m",1836.44]
[2019784,"Canal em polietileno e polipropileno com efeito autolimpante e abertura de captação em ferro fundido dúctil - carga de controle de 900 kN - 100,0 x 42,0 x 95,0 cm - fornecimento e instalação em pavimento de asfalto","m",2370.7399999999998]
[2019785,"Canal em polietileno e polipropileno com efeito autolimpante e abertura de captação em ferro fundido dúctil - carga de controle de 900 kN - 114,2 x 78,0 x 106,0 cm - fornecimento e instalação em pavimento de asfalto","m",3152.11]
[2019776,"Canal em polietileno e polipropileno com efeito autolimpante e grelha de encaixe em ferro fundido dúctil - carga de controle de 400 kN - 100,0 x 14,7 x 18,6 cm - fornecimento e instalação em pavimento de asfalto","m",531.73]
[2019777,"Canal em polietileno e polipropileno com efeito autolimpante e grelha de encaixe em ferro fundido dúctil - carga de controle de 400 kN - 100,0 x 24,7 x 23,6 cm - fornecimento e instalação em pavimento de asfalto","m",1371.56]
[2019778,"Canal em polietileno e polipropileno com efeito autolimpante e grelha de encaixe em ferro fundido dúctil - carga de controle de 400 kN - 100,0 x 34,9 x 29,4 cm - fornecimento e instalação em pavimento de asfalto","m",2283.9899999999998]
[2019779,"Canal em polietileno e polipropileno com efeito autolimpante e grelha de encaixe em ferro fundido dúctil - carga de controle de 600 kN - 100,0 x 16,0 x 15,0 cm - fornecimento e instalação em pavimento de asfalto","m",812.64]
[2019780,"Canal em polietileno e polipropileno com efeito autolimpante e grelha de encaixe em ferro fundido dúctil - carga de controle de 600 kN - 100,0 x 21,2 x 21,0 cm - fornecimento e instalação em pavimento de asfalto","m",992.04]
[2019781,"Canal em polietileno e polipropileno com efeito autolimpante e grelha de encaixe em ferro fundido dúctil - carga de controle de 600 kN - 100,0 x 26,2 x 20,0 cm - fornecimento e instalação em pavimento de asfalto","m",1247.93]
[2019773,"Canal em polietileno e polipropileno com efeito autolimpante e grelha de encaixe em poliamida reforçada - carga de controle de 250 kN - 100,0 x 16,0 x 15,0 cm - fornecimento e instalação em pavimento de asfalto","m",355.49]
[2019774,"Canal em polietileno e polipropileno com efeito autolimpante e grelha de encaixe em poliamida reforçada - carga de controle de 250 kN - 100,0 x 16,0 x 20,0 cm - fornecimento e instalação em pavimento de asfalto","m",380.73]
[2019775,"Canal em polietileno e polipropileno com efeito autolimpante e grelha de encaixe em poliamida reforçada - carga de controle de 250 kN - 100,0 x 16,0 x 7,5 cm - fornecimento e instalação em pavimento de asfalto","m",329.5]
[2019755,"Canal monobloco com corpo e grelha em concreto polímero com efeito autolimpante - carga de controle de 400 kN - 100,0 x 15,0 x 23,0 cm - fornecimento e instalação em pavimento de asfalto","m",430.16]
[2019764,"Canal monobloco com corpo e grelha em concreto polímero com efeito autolimpante - carga de controle de 400 kN - 100,0 x 15,0 x 23,0 cm - fornecimento e instalação em pavimento de concreto","m",452.32]
[2019756,"Canal monobloco com corpo e grelha em concreto polímero com efeito autolimpante - carga de controle de 400 kN - 100,0 x 25,0 x 32,0 cm - fornecimento e instalação em pavimento de asfalto","m",769.86]
[2019765,"Canal monobloco com corpo e grelha em concreto polímero com efeito autolimpante - carga de controle de 400 kN - 100,0 x 25,0 x 32,0 cm - fornecimento e instalação em pavimento de concreto","m",792.01]
[2019757,"Canal monobloco com corpo e grelha em concreto polímero com efeito autolimpante - carga de controle de 900 kN - 100,0 x 16,0 x 26,5 cm - fornecimento e instalação em pavimento de asfalto","m",804.97]
[2019766,"Canal monobloco com corpo e grelha em concreto polímero com efeito autolimpante - carga de controle de 900 kN - 100,0 x 16,0 x 26,5 cm - fornecimento e instalação em pavimento de concreto","m",864.87]
[2019758,"Canal monobloco com corpo e grelha em concreto polímero com efeito autolimpante - carga de controle de 900 kN - 100,0 x 21,0 x 28,0 cm - fornecimento e instalação em pavimento de asfalto","m",722.76]
[2019767,"Canal monobloco com corpo e grelha em concreto polímero com efeito autolimpante - carga de controle de 900 kN - 100,0 x 21,0 x 28,0 cm - fornecimento e instalação em pavimento de concreto","m",783.18]
[2019759,"Canal monobloco com corpo e grelha em concreto polímero com efeito autolimpante - carga de controle de 900 kN - 100,0 x 21,0 x 38,0 cm - fornecimento e instalação em pavimento de asfalto","m",790.02]
[2019768,"Canal monobloco com corpo e grelha em concreto polímero com efeito autolimpante - carga de controle de 900 kN - 100,0 x 21,0 x 38,0 cm - fornecimento e instalação em pavimento de concreto","m",860.68]
[2019760,"Canal monobloco com corpo e grelha em concreto polímero com efeito autolimpante - carga de controle de 900 kN - 100,0 x 21,0 x 48,0 cm - fornecimento e instalação em pavimento de asfalto","m",1240.97]
[2019769,"Canal monobloco com corpo e grelha em concreto polímero com efeito autolimpante - carga de controle de 900 kN - 100,0 x 21,0 x 48,0 cm - fornecimento e instalação em pavimento de concreto","m",1321.88]
[2019761,"Canal monobloco com corpo e grelha em concreto polímero com efeito autolimpante - carga de controle de 900 kN - 100,0 x 26,0 x 33,0 cm - fornecimento e instalação em pavimento de asfalto","m",950.03]
[2019770,"Canal monobloco com corpo e grelha em concreto polímero com efeito autolimpante - carga de controle de 900 kN - 100,0 x 26,0 x 33,0 cm - fornecimento e instalação em pavimento de concreto","m",1015.57]
[2019762,"Canal monobloco com corpo e grelha em concreto polímero com efeito autolimpante - carga de controle de 900 kN - 100,0 x 26,0 x 53,0 cm - fornecimento e instalação em pavimento de asfalto","m",1122.54]
[2019771,"Canal monobloco com corpo e grelha em concreto polímero com efeito autolimpante - carga de controle de 900 kN - 100,0 x 26,0 x 53,0 cm - fornecimento e instalação em pavimento de concreto","m",1208.57]
[2019763,"Canal monobloco com corpo e grelha em concreto polímero com efeito autolimpante - carga de controle de 900 kN - 200,0 x 40,0 x 59,5 cm - fornecimento e instalação em pavimento de asfalto","m",4522.75]
[2019772,"Canal monobloco com corpo e grelha em concreto polímero com efeito autolimpante - carga de controle de 900 kN - 200,0 x 40,0 x 59,5 cm - fornecimento e instalação em pavimento de concreto","m",4607.24]
[2003811,"Canaleta de concreto - CAU 01 - seção de 20 x 20 cm - espessura de 10 cm - apoiada em toda a extensão","m",129.93]
[2003812,"Canaleta de concreto - CAU 02 - seção de 25 x 25 cm - espessura de 10 cm - apoiada em toda a extensão","m",153.83000000000001]
[2003813,"Canaleta de concreto - CAU 03 - seção de 30 x 30 cm - espessura de 10 cm - apoiada em toda a extensão","m",183.58]
[2003814,"Canaleta de concreto - CAU 04 - seção de 35 x 35 cm - espessura de 10 cm - apoiada em toda a extensão","m",209.43]
[2003815,"Canaleta de concreto - CAU 05 - seção de 40 x 40 cm - espessura de 10 cm - apoiada em toda a extensão","m",235.28]
[2003816,"Canaleta de concreto - CAU 06 - seção de 50 x 50 cm - espessura de 10 cm - apoiada em toda a extensão","m",290.87]
[2003817,"Canaleta de concreto - CAU 07 - seção de 60 x 60 cm - espessura de 10 cm - apoiada em toda a extensão","m",340.62]
[2003799,"Canaleta meia cana D = 0,30 m assente sobre lastro de areia - areia e brita comerciais - fornecimento e instalação","m",60.27]
[2003798,"Canaleta meia cana D = 0,30 m assente sobre lastro de areia - areia extraída e brita produzida - fornecimento e instalação","m",48.42]
[2003801,"Canaleta meia cana D = 0,40 m assente sobre lastro de areia - areia e brita comerciais - fornecimento e instalação","m",76.83]
[2003800,"Canaleta meia cana D = 0,40 m assente sobre lastro de areia - areia extraída e brita produzida - fornecimento e instalação","m",60.18]
[2003714,"Chaminé dos poços de visita - CPV 01 - areia e brita comerciais","un",1485.62]
[2003713,"Chaminé dos poços de visita - CPV 01 - areia extraída e brita produzida","un",1430.58]
[2003716,"Chaminé dos poços de visita - CPV 02 - areia e brita comerciais","un",1734.62]
[2003715,"Chaminé dos poços de visita - CPV 02 - areia extraída e brita produzida","un",1670.43]
[2003718,"Chaminé dos poços de visita - CPV 03 - areia e brita comerciais","un",1977.1]
[2003717,"Chaminé dos poços de visita - CPV 03 - areia extraída e brita produzida","un",1905.44]
[2003720,"Chaminé dos poços de visita - CPV 04 - areia e brita comerciais","un",2226.06]
[2003719,"Chaminé dos poços de visita - CPV 04 - areia extraída e brita produzida","un",2145.2600000000002]
[2003722,"Chaminé dos poços de visita - CPV 05 - areia e brita comerciais","un",2468.54]
[2003721,"Chaminé dos poços de visita - CPV 05 - areia extraída e brita produzida","un",2380.27]
[2003724,"Chaminé dos poços de visita - CPV 06 - areia e brita comerciais","un",2717.54]
[2003723,"Chaminé dos poços de visita - CPV 06 - areia extraída e brita produzida","un",2620.12]
[2003726,"Chaminé dos poços de visita - CPV 07 - areia e brita comerciais","un",2960.02]
[2003725,"Chaminé dos poços de visita - CPV 07 - areia extraída e brita produzida","un",2855.13]
[2003859,"Colchão drenante com espalhamento e compactação mecânicos - brita produzida","m³",64.400000000000006]
[2003861,"Coluna drenante D = 20 cm - areia comercial","m",25.34]
[2003862,"Coluna drenante D = 20 cm - areia extraída","m",20.9]
[2003405,"Descida d'água de aterros em degraus - DAD 01 - areia e brita comerciais","m",220.97]
[2003404,"Descida d'água de aterros em degraus - DAD 01 - areia extraída e brita produzida","m",172.95]
[2003407,"Descida d'água de aterros em degraus - DAD 02 - areia e brita comerciais","m",275.57]
[2003406,"Descida d'água de aterros em degraus - DAD 02 - areia extraída e brita produzida","m",227.55]
[2003409,"Descida d'água de aterros em degraus - DAD 03 - areia e brita comerciais","m",470.86]
[2003408,"Descida d'água de aterros em degraus - DAD 03 - areia extraída e brita produzida","m",361.89]
[2003411,"Descida d'água de aterros em degraus - DAD 04 - areia e brita comerciais","m",622.04]
[2003410,"Descida d'água de aterros em degraus - DAD 04 - areia extraída e brita produzida","m",513.05999999999995]
[2003413,"Descida d'água de aterros em degraus - DAD 05 - areia e brita comerciais","m",658.6]
[2003412,"Descida d'água de aterros em degraus - DAD 05 - areia extraída e brita produzida","m",507.15]
[2003415,"Descida d'água de aterros em degraus - DAD 06 - areia e brita comerciais","m",839.73]
[2003414,"Descida d'água de aterros em degraus - DAD 06 - areia extraída e brita produzida","m",688.28]
[2003417,"Descida d'água de aterros em degraus - DAD 07 - areia e brita comerciais","m",857.16]
[2003416,"Descida d'água de aterros em degraus - DAD 07 - areia extraída e brita produzida","m",659.54]
[2003419,"Descida d'água de aterros em degraus - DAD 08 - areia e brita comerciais","m",1069.3900000000001]
[2003418,"Descida d'água de aterros em degraus - DAD 08 - areia extraída e brita produzida","m",871.76]
[2003421,"Descida d'água de aterros em degraus - DAD 09 - areia e brita comerciais","m",1079.95]
[2003420,"Descida d'água de aterros em degraus - DAD 09 - areia extraída e brita produzida","m",832.45]
[2003423,"Descida d'água de aterros em degraus - DAD 10 - areia e brita comerciais","m",1316.7]
[2003422,"Descida d'água de aterros em degraus - DAD 10 - areia extraída e brita produzida","m",1069.2]
[2003425,"Descida d'água de aterros em degraus - DAD 11 - areia e brita comerciais","m",1404.85]
[2003424,"Descida d'água de aterros em degraus - DAD 11 - areia extraída e brita produzida","m",1083.47]
[2003427,"Descida d'água de aterros em degraus - DAD 12 - areia e brita comerciais","m",1718.07]
[2003426,"Descida d'água de aterros em degraus - DAD 12 - areia extraída e brita produzida","m",1396.69]
[2003429,"Descida d'água de aterros em degraus - DAD 13 - areia e brita comerciais","m",1774.87]
[2003428,"Descida d'água de aterros em degraus - DAD 13 - areia extraída e brita produzida","m",1353.75]
[2003431,"Descida d'água de aterros em degraus - DAD 14 - areia e brita comerciais","m",2065.08]
[2003430,"Descida d'água de aterros em degraus - DAD 14 - areia extraída e brita produzida","m",1643.97]
[2003433,"Descida d'água de aterros em degraus - DAD 15 - areia e brita comerciais","m",2287.16]
[2003432,"Descida d'água de aterros em degraus - DAD 15 - areia extraída e brita produzida","m",1747.83]
[2003435,"Descida d'água de aterros em degraus - DAD 16 - areia e brita comerciais","m",2626.54]
[2003434,"Descida d'água de aterros em degraus - DAD 16 - areia extraída e brita produzida","m",2087.2199999999998]
[2003437,"Descida d'água de aterros em degraus - DAD 17 - areia e brita comerciais","m",3096.5]
[2003436,"Descida d'água de aterros em degraus - DAD 17 - areia extraída e brita produzida","m",2370.63]
[2003439,"Descida d'água de aterros em degraus - DAD 18 - areia e brita comerciais","m",3521.46]
[2003438,"Descida d'água de aterros em degraus - DAD 18 - areia extraída e brita produzida","m",2795.59]
[2003389,"Descida d'água de aterros tipo rápido - DAR 01 - areia e brita comerciais","m",256.5]
[2003388,"Descida d'água de aterros tipo rápido - DAR 01 - areia extraída e brita produzida","m",224.17]
[2003391,"Descida d'água de aterros tipo rápido - DAR 02 - areia e brita comerciais","m",158.44999999999999]
[2003390,"Descida d'água de aterros tipo rápido - DAR 02 - areia extraída e brita produzida","m",133.13999999999999]
[2003393,"Descida d'água de aterros tipo rápido - DAR 03 - areia e brita comerciais","m",224.24]
[2003392,"Descida d'água de aterros tipo rápido - DAR 03 - areia extraída e brita produzida","m",198.94]
[2003395,"Descida d'água de aterros tipo rápido - DAR 04 - areia e brita comerciais","m",682.86]
[2003394,"Descida d'água de aterros tipo rápido - DAR 04 - areia extraída e brita produzida","m",679.16]
[2003397,"Descida d'água de cortes em degraus - DCD 01 - areia e brita comerciais","m",510.59]
[2003396,"Descida d'água de cortes em degraus - DCD 01 - areia extraída e brita produzida","m",445.95]
[2003399,"Descida d'água de cortes em degraus - DCD 02 - areia e brita comerciais","m",644.20000000000005]
[2003398,"Descida d'água de cortes em degraus - DCD 02 - areia extraída e brita produzida","m",579.54999999999995]
[2003401,"Descida d'água de cortes em degraus - DCD 03 - areia e brita comerciais","m",579.47]
[2003400,"Descida d'água de cortes em degraus - DCD 03 - areia extraída e brita produzida","m",501.9]
[2003403,"Descida d'água de cortes em degraus - DCD 04 - areia e brita comerciais","m",720.28]
[2003402,"Descida d'água de cortes em degraus - DCD 04 - areia extraída e brita produzida","m",642.71]
[2003448,"Dissipador de energia - DEB 01 - areia extraída e brita e pedra de mão produzidas","un",363.25]
[2003449,"Dissipador de energia - DEB 01 - areia, brita e pedra de mão comerciais","un",464.65]
[2003450,"Dissipador de energia - DEB 02 - areia extraída e brita e pedra de mão produzidas","un",372.85]
[2003451,"Dissipador de energia - DEB 02 - areia, brita e pedra de mão comerciais","un",479.07]
[2003452,"Dissipador de energia - DEB 03 - areia extraída e brita e pedra de mão produzidas","un",1140.73]
[2003453,"Dissipador de energia - DEB 03 - areia, brita e pedra de mão comerciais","un",1461.08]
[2003454,"Dissipador de energia - DEB 04 - areia extraída e brita e pedra de mão produzidas","un",1602.81]
[2003455,"Dissipador de energia - DEB 04 - areia, brita e pedra de mão comerciais","un",2100.79]
[2003456,"Dissipador de energia - DEB 05 - areia extraída e brita e pedra de mão produzidas","un",2133.86]
[2003457,"Dissipador de energia - DEB 05 - areia, brita e pedra de mão comerciais","un",2847.1]
[2003458,"Dissipador de energia - DEB 06 - areia extraída e brita e pedra de mão produzidas","un",2700.9]
[2003459,"Dissipador de energia - DEB 06 - areia, brita e pedra de mão comerciais","un",3652.54]
[2003460,"Dissipador de energia - DEB 07 - areia extraída e brita e pedra de mão produzidas","un",3792.05]
[2003461,"Dissipador de energia - DEB 07 - areia, brita e pedra de mão comerciais","un",5234.68]
[2003462,"Dissipador de energia - DEB 08 - areia extraída e brita e pedra de mão produzidas","un",2733.17]
[2003463,"Dissipador de energia - DEB 08 - areia, brita e pedra de mão comerciais","un",3713.91]
[2003464,"Dissipador de energia - DEB 09 - areia extraída e brita e pedra de mão produzidas","un",3501.09]
[2003465,"Dissipador de energia - DEB 09 - areia, brita e pedra de mão comerciais","un",4822.32]
[2003466,"Dissipador de energia - DEB 10 - areia extraída e brita e pedra de mão produzidas","un",4876.16]
[2003467,"Dissipador de energia - DEB 10 - areia, brita e pedra de mão comerciais","un",6833.34]
[2003468,"Dissipador de energia - DEB 11 - areia extraída e brita e pedra de mão produzidas","un",3336.28]
[2003469,"Dissipador de energia - DEB 11 - areia, brita e pedra de mão comerciais","un",4587.5]
[2003470,"Dissipador de energia - DEB 12 - areia extraída e brita e pedra de mão produzidas","un",4301.3]
[2003471,"Dissipador de energia - DEB 12 - areia, brita e pedra de mão comerciais","un",5993.25]
[2003472,"Dissipador de energia - DEB 13 - areia extraída e brita e pedra de mão produzidas","un",6314.49]
[2003473,"Dissipador de energia - DEB 13 - areia, brita e pedra de mão comerciais","un",8954.6200000000008]
[2003475,"Dissipador de energia - DED 01 - areia e brita comerciais","un",528.66999999999996]
[2003474,"Dissipador de energia - DED 01 - areia extraída e brita produzida","un",460.33]
[2003441,"Dissipador de energia - DES 01 - areia e pedra de mão comerciais","un",237.37]
[2003440,"Dissipador de energia - DES 01 - areia extraída e pedra de mão produzida","un",147.05000000000001]
[2003443,"Dissipador de energia - DES 02 - areia e pedra de mão comerciais","un",281.8]
[2003442,"Dissipador de energia - DES 02 - areia extraída e pedra de mão produzida","un",174.54]
[2003445,"Dissipador de energia - DES 03 - areia e pedra de mão comerciais","un",336.38]
[2003444,"Dissipador de energia - DES 03 - areia extraída e pedra de mão produzida","un",208.42]
[2003447,"Dissipador de energia - DES 04 - areia e pedra de mão comerciais","un",415.09]
[2003446,"Dissipador de energia - DES 04 - areia extraída e pedra de mão produzida","un",257.01]
[2004516,"Dreno de pavimento em microvala com geocomposto drenante H = 0,40 m - inclusive corte, enchimento com areia e selo asfáltico","m",31.6]
[2004517,"Dreno de pavimento em microvala com geocomposto drenante H = 0,60 m - inclusive corte, enchimento com areia e selo asfáltico","m",65.040000000000006]
[2007971,"Dreno de PVC D = 100 mm para OAE - fornecimento e instalação","m",93.99]
[2008091,"Dreno de PVC D = 150 mm para OAE - fornecimento e instalação","m",88.43]
[2006408,"Dreno de PVC D = 75 mm para OAE - fornecimento e instalação","m",69.73]
[2015642,"Dreno em tubo de aço galvanizado D = 100 mm em OAE - fornecimento e instalação","m",150.01]
[2015641,"Dreno em tubo de aço galvanizado D = 80 mm em OAE - fornecimento e instalação","m",136.83000000000001]
[2004509,"Dreno longitudinal de pavimento H = 0,40 m - com geocomposto drenante","m",33.299999999999997]
[2004510,"Dreno longitudinal de pavimento H = 0,60 m - com geocomposto drenante","m",40.19]
[2004511,"Dreno longitudinal de pavimento H = 1,00 m - com geocomposto drenante","m",53.95]
[2004512,"Dreno longitudinal de pavimento H = 1,50 m - com geocomposto drenante","m",71.14]
[2003843,"Dreno longitudinal profundo em tubo de concreto D = 0,40 m em vala de H = 1,10 m e L = 1,00 m com brita envolta em geotêxtil","m",365.33]
[2003915,"Dreno longitudinal profundo para corte em rocha - DPR 01 - tubo de concreto perfurado e brita comercial","m",113.3]
[2003914,"Dreno longitudinal profundo para corte em rocha - DPR 01 - tubo de concreto perfurado e brita produzida","m",93.72]
[2003589,"Dreno longitudinal profundo para corte em rocha - DPR 01 - tubo PEAD e brita comercial","m",114.25]
[2003588,"Dreno longitudinal profundo para corte em rocha - DPR 01 - tubo PEAD e brita produzida","m",98.87]
[2003917,"Dreno longitudinal profundo para corte em rocha - DPR 02 - tubo de concreto perfurado e brita comercial","m",127.3]
[2003916,"Dreno longitudinal profundo para corte em rocha - DPR 02 - tubo de concreto perfurado e brita produzida","m",107.72]
[2003591,"Dreno longitudinal profundo para corte em rocha - DPR 02 - tubo PEAD e brita comercial","m",128.25]
[2003590,"Dreno longitudinal profundo para corte em rocha - DPR 02 - tubo PEAD e brita produzida","m",112.87]
[2003593,"Dreno longitudinal profundo para corte em rocha - DPR 03 - brita comercial","m",87.97]
[2003592,"Dreno longitudinal profundo para corte em rocha - DPR 03 - brita produzida","m",66]
[2003595,"Dreno longitudinal profundo para corte em rocha - DPR 04 - brita comercial","m",73.97]
[2003594,"Dreno longitudinal profundo para corte em rocha - DPR 04 - brita produzida","m",52]
[2003597,"Dreno longitudinal profundo para corte em rocha - DPR 05 - tubo de concreto poroso e areia comercial","m",112.67]
[2003596,"Dreno longitudinal profundo para corte em rocha - DPR 05 - tubo de concreto poroso e areia extraída","m",87.55]
[2003572,"Dreno longitudinal profundo para corte em solo - DPS 01 - tubo PEAD e areia comercial","m",145.72999999999999]
[2003580,"Dreno longitudinal profundo para corte em solo - DPS 01 - tubo PEAD e areia extraída","m",62.81]
[2003573,"Dreno longitudinal profundo para corte em solo - DPS 02 - tubo PEAD e areia comercial","m",156.9]
[2003581,"Dreno longitudinal profundo para corte em solo - DPS 02 - tubo PEAD e areia extraída","m",61.03]
[2003561,"Dreno longitudinal profundo para corte em solo - DPS 03 - tubo de concreto perfurado, areia e brita comerciais - madeira com utilização de 5 vezes","m",225.23]
[2003560,"Dreno longitudinal profundo para corte em solo - DPS 03 - tubo de concreto perfurado, areia extraída e brita produzida - madeira com utilização de 5 vezes","m",110.96]
[2003574,"Dreno longitudinal profundo para corte em solo - DPS 03 - tubo PEAD, areia e brita comerciais - madeira com utilização de 5 vezes","m",191.94]
[2003582,"Dreno longitudinal profundo para corte em solo - DPS 03 - tubo PEAD, areia extraída e brita produzida - madeira com utilização de 5 vezes","m",107.8]
[2003563,"Dreno longitudinal profundo para corte em solo - DPS 04 - tubo de concreto perfurado, areia e brita comerciais - madeira com utilização de 5 vezes","m",241.81]
[2003562,"Dreno longitudinal profundo para corte em solo - DPS 04 - tubo de concreto perfurado, areia extraída e brita produzida - madeira com utilização de 5 vezes","m",108.11]
[2003575,"Dreno longitudinal profundo para corte em solo - DPS 04 - tubo PEAD, areia e brita comerciais - madeira com utilização de 5 vezes","m",203.55]
[2003583,"Dreno longitudinal profundo para corte em solo - DPS 04 - tubo PEAD, areia extraída e brita produzida - madeira com utilização de 5 vezes","m",105.81]
[2003565,"Dreno longitudinal profundo para corte em solo - DPS 05 - dreno cego - brita comercial","m",149.79]
[2003564,"Dreno longitudinal profundo para corte em solo - DPS 05 - dreno cego - brita produzida","m",81.680000000000007]
[2003567,"Dreno longitudinal profundo para corte em solo - DPS 06 - dreno cego - brita comercial","m",171.31]
[2003566,"Dreno longitudinal profundo para corte em solo - DPS 06 - dreno cego - brita produzida","m",88.92]
[2003569,"Dreno longitudinal profundo para corte em solo - DPS 07 - tubo de concreto perfurado e brita comercial","m",188.91]
[2003568,"Dreno longitudinal profundo para corte em solo - DPS 07 - tubo de concreto perfurado e brita produzida","m",123.19]
[2003578,"Dreno longitudinal profundo para corte em solo - DPS 07 - tubo PEAD e brita comercial","m",175.08]
[2003586,"Dreno longitudinal profundo para corte em solo - DPS 07 - tubo PEAD e brita produzida","m",121.02]
[2003571,"Dreno longitudinal profundo para corte em solo - DPS 08 - tubo de concreto perfurado e brita comercial","m",210.43]
[2003570,"Dreno longitudinal profundo para corte em solo - DPS 08 - tubo de concreto perfurado e brita produzida","m",130.43]
[2003579,"Dreno longitudinal profundo para corte em solo - DPS 08 - tubo PEAD e brita comercial","m",192.63]
[2003587,"Dreno longitudinal profundo para corte em solo - DPS 08 - tubo PEAD e brita produzida","m",127.58]
[2004506,"Dreno profundo H = 1,0 m - com geocomposto drenante - inclusive escavação e reaterro","m",60.52]
[2004507,"Dreno profundo H = 1,5 m - com geocomposto drenante - inclusive escavação e reaterro","m",81.069999999999993]
[2003614,"Dreno sub-horizontal - DSH 01 - material de 1ª categoria","m",125.75]
[2003865,"Dreno sub-horizontal - DSH 01 - material de 2ª categoria","m",140.08000000000001]
[2003923,"Dreno subsuperficial - DSS 01 - tubo de concreto perfurado e areia comercial","m",64.680000000000007]
[2003922,"Dreno subsuperficial - DSS 01 - tubo de concreto perfurado e areia extraída","m",34.57]
[2003605,"Dreno subsuperficial - DSS 01 - tubo PEAD e areia comercial","m",50.25]
[2003604,"Dreno subsuperficial - DSS 01 - tubo PEAD e areia extraída","m",24.35]
[2003607,"Dreno subsuperficial - DSS 02 - brita comercial","m",45.14]
[2003606,"Dreno subsuperficial - DSS 02 - brita produzida","m",27.56]
[2003609,"Dreno subsuperficial - DSS 03 - brita comercial","m",30.09]
[2003608,"Dreno subsuperficial - DSS 03 - brita produzida","m",12.51]
[2003925,"Dreno subsuperficial - DSS 04 - tubo de concreto perfurado e brita comercial","m",80.849999999999994]
[2003924,"Dreno subsuperficial - DSS 04 - tubo de concreto perfurado e brita produzida","m",59.07]
[2003611,"Dreno subsuperficial - DSS 04 - tubo PEAD e brita comercial","m",66.430000000000007]
[2003610,"Dreno subsuperficial - DSS 04 - tubo PEAD e brita produzida","m",48.85]
[2003820,"Dreno tipo barbacã - DRB 01 - D = 75 mm em estrutura de contenção de encosta - excluso o tubo de drenagem","un",18.8]
[2003821,"Dreno tipo barbacã - DRB 02 - D = 50 mm em estrutura de contenção de encosta - excluso o tubo de drenagem","un",16.38]
[2003842,"Enchimento de junta de concreto com argamassa asfáltica de densidade 1.700 kg/m³ - espessura de 1 cm","kg",66.209999999999994]
[2003385,"Entrada para descida d'água - EDA 01 - areia e brita comerciais","un",61.26]
[2003384,"Entrada para descida d'água - EDA 01 - areia extraída e brita produzida","un",40.94]
[2003387,"Entrada para descida d'água - EDA 02 - areia e brita comerciais","un",76.040000000000006]
[2003386,"Entrada para descida d'água - EDA 02 - areia extraída e brita produzida","un",50.18]
[2003335,"Entrada para descida d'água - EDA 03 - areia e brita comerciais","un",1868.5]
[2003334,"Entrada para descida d'água - EDA 03 - areia extraída e brita produzida","un",1497.07]
[2003336,"Entrada para descida d'água - EDA 04 - areia e brita comerciais","un",1604.55]
[2003337,"Entrada para descida d'água - EDA 04 - areia extraída e brita produzida","un",1235.1500000000001]
[2003819,"Envelope de brita para tubos com diâmetro externo de 75 a 110 mm - L = 15 cm e H = 15 cm","m",6.9]
[2004504,"Escavação mecânica de vala para drenagem com valetadeira em material de 1ª categoria","m³",16.63]
[2004519,"Escavação mecânica de vala trapezoidal ou triangular em material de 1ª categoria para drenagem superficial com retroescavadeira - 0,10 m² ≤ seção < 0,15 m²","m³",25.94]
[2004520,"Escavação mecânica de vala trapezoidal ou triangular em material de 1ª categoria para drenagem superficial com retroescavadeira - 0,15 m² ≤ seção < 0,20 m²","m³",21.4]
[2004521,"Escavação mecânica de vala trapezoidal ou triangular em material de 1ª categoria para drenagem superficial com retroescavadeira - 0,20 m² ≤ seção < 0,30 m²","m³",14.64]
[2004522,"Escavação mecânica de vala trapezoidal ou triangular em material de 1ª categoria para drenagem superficial com retroescavadeira - 0,30 m² ≤ seção < 0,50 m²","m³",10.7]
[2004518,"Escavação mecânica de vala trapezoidal ou triangular em material de 1ª categoria para drenagem superficial com retroescavadeira - seção < 0,10 m²","m³",45.06]
[2003864,"Esgotamento de água com bomba submersa","h",12.9]
[2003863,"Esgotamento de dreno horizontal profundo a vácuo","h",22.3]
[2004508,"Geodreno vertical para tratamento de solos moles","m",13.23]
[2003316,"Grelha de concreto 54 x 100 cm para boca-de-lobo - areia e brita comerciais - sobrecarga do trem tipo TB 45","un",101.91]
[2003317,"Grelha de concreto 54 x 100 cm para boca-de-lobo - areia extraída e brita produzida - sobrecarga do trem tipo TB 45","un",95.15]
[2003767,"Lastro de areia comercial - espalhamento manual","m³",155.78]
[2003844,"Lastro de areia comercial - espalhamento mecânico","m³",153.05000000000001]
[2003576,"Lastro de areia extraída - espalhamento manual","m³",14.53]
[2003858,"Lastro de areia extraída - espalhamento mecânico","m³",11.79]
[2003850,"Lastro de brita comercial compactado com soquete vibratório - espalhamento manual","m³",184.69]
[2003849,"Lastro de brita produzida compactado com soquete vibratório - espalhamento manual","m³",71.489999999999995]
[2003868,"Lastro de pedra de mão ou rachão - espalhamento manual","m³",169.8]
[2003369,"Meio-fio de concreto - MFC 01 - areia e brita comerciais - fôrma de madeira","m",113.6]
[2003368,"Meio-fio de concreto - MFC 01 - areia extraída e brita produzida - fôrma de madeira","m",94.67]
[2003939,"Meio-fio de concreto - MFC 01 moldado no local com extrusora e concreto usinado - areia e brita comerciais","m",77.680000000000007]
[2003940,"Meio-fio de concreto - MFC 01 moldado no local com extrusora e concreto usinado - areia extraída e brita produzida","m",58.68]
[2003371,"Meio-fio de concreto - MFC 02 - areia e brita comerciais - fôrma de madeira","m",84.63]
[2003370,"Meio-fio de concreto - MFC 02 - areia extraída e brita produzida - fôrma de madeira","m",68.64]
[2003941,"Meio-fio de concreto - MFC 02 moldado no local com extrusora e concreto usinado - areia e brita comerciais","m",66.27]
[2003942,"Meio-fio de concreto - MFC 02 moldado no local com extrusora e concreto usinado - areia extraída e brita produzida","m",50.21]
[2003373,"Meio-fio de concreto - MFC 03 - areia e brita comerciais - fôrma de madeira","m",64.430000000000007]
[2003372,"Meio-fio de concreto - MFC 03 - areia extraída e brita produzida - fôrma de madeira","m",56.67]
[2003943,"Meio-fio de concreto - MFC 03 moldado no local com extrusora e concreto usinado - areia e brita comerciais","m",31.41]
[2003944,"Meio-fio de concreto - MFC 03 moldado no local com extrusora e concreto usinado - areia extraída e brita produzida","m",23.63]
[2003375,"Meio-fio de concreto - MFC 04 - areia e brita comerciais - fôrma de madeira","m",41.83]
[2003374,"Meio-fio de concreto - MFC 04 - areia extraída e brita produzida - fôrma de madeira","m",36.130000000000003]
[2003945,"Meio-fio de concreto - MFC 04 moldado no local com extrusora e concreto usinado - areia e brita comerciais","m",23.45]
[2003946,"Meio-fio de concreto - MFC 04 moldado no local com extrusora e concreto usinado - areia extraída e brita produzida","m",17.72]
[2003377,"Meio-fio de concreto - MFC 05 - areia e brita comerciais - fôrma de madeira","m",55.74]
[2003376,"Meio-fio de concreto - MFC 05 - areia extraída e brita produzida - fôrma de madeira","m",49.57]
[2003947,"Meio-fio de concreto - MFC 05 moldado no local com extrusora e concreto usinado - areia e brita comerciais","m",24.73]
[2003948,"Meio-fio de concreto - MFC 05 moldado no local com extrusora e concreto usinado - areia extraída e brita produzida","m",18.54]
[2003379,"Meio-fio de concreto - MFC 06 - areia e brita comerciais - fôrma de madeira","m",32.44]
[2003378,"Meio-fio de concreto - MFC 06 - areia extraída e brita produzida - fôrma de madeira","m",28.28]
[2003949,"Meio-fio de concreto - MFC 06 moldado no local com extrusora e concreto usinado - areia e brita comerciais","m",16.91]
[2003950,"Meio-fio de concreto - MFC 06 moldado no local com extrusora e concreto usinado - areia extraída e brita produzida","m",12.74]
[2003381,"Meio-fio de concreto - MFC 07 - areia e brita comerciais - fôrma de madeira","m",54.51]
[2003380,"Meio-fio de concreto - MFC 07 - areia extraída e brita produzida - fôrma de madeira","m",47.38]
[2003951,"Meio-fio de concreto - MFC 07 moldado no local com extrusora e concreto usinado - areia e brita comerciais","m",28.82]
[2003952,"Meio-fio de concreto - MFC 07 moldado no local com extrusora e concreto usinado - areia extraída e brita produzida","m",21.66]
[2003383,"Meio-fio de concreto - MFC 08 - areia e brita comerciais - fôrma de madeira","m",92.51]
[2003382,"Meio-fio de concreto - MFC 08 - areia extraída e brita produzida - fôrma de madeira","m",79.19]
[2003953,"Meio-fio de concreto - MFC 08 moldado no local com extrusora e concreto usinado - areia e brita comerciais","m",52.65]
[2003954,"Meio-fio de concreto - MFC 08 moldado no local com extrusora e concreto usinado - areia extraída e brita produzida","m",39.28]
[2004514,"Microvala para dreno de pavimento com geocomposto drenante H = 0,4 m","m",15.09]
[2004515,"Microvala para dreno de pavimento com geocomposto drenante H = 0,6 m","m",39.630000000000003]
[2005759,"Perfuração para dreno sub-horizontal em material de 1ª categoria com D = 75 mm (linha NW)","m",50.33]
[2005764,"Perfuração para dreno sub-horizontal em material de 2ª categoria com D = 75 mm (linha NW)","m",64.66]
[2003678,"Poço de visita - PVI 01 - areia e brita comerciais","un",2131.73]
[2003677,"Poço de visita - PVI 01 - areia extraída e brita produzida","un",1810.35]
[2003680,"Poço de visita - PVI 02 - areia e brita comerciais","un",2097.23]
[2003679,"Poço de visita - PVI 02 - areia extraída e brita produzida","un",1788.78]
[2003682,"Poço de visita - PVI 03 - areia e brita comerciais","un",2416.83]
[2003681,"Poço de visita - PVI 03 - areia extraída e brita produzida","un",2032.65]
[2003684,"Poço de visita - PVI 04 - areia e brita comerciais","un",2894.09]
[2003683,"Poço de visita - PVI 04 - areia extraída e brita produzida","un",2436.0300000000002]
[2003686,"Poço de visita - PVI 05 - areia e brita comerciais","un",3411.68]
[2003685,"Poço de visita - PVI 05 - areia extraída e brita produzida","un",2877.89]
[2003688,"Poço de visita - PVI 06 - areia e brita comerciais","un",4249.3100000000004]
[2003687,"Poço de visita - PVI 06 - areia extraída e brita produzida","un",3602.86]
[2003690,"Poço de visita - PVI 07 - areia e brita comerciais","un",2471.73]
[2003689,"Poço de visita - PVI 07 - areia extraída e brita produzida","un",2096.79]
[2003692,"Poço de visita - PVI 08 - areia e brita comerciais","un",2442.16]
[2003691,"Poço de visita - PVI 08 - areia extraída e brita produzida","un",2078.3000000000002]
[2003694,"Poço de visita - PVI 09 - areia e brita comerciais","un",2785]
[2003693,"Poço de visita - PVI 09 - areia extraída e brita produzida","un",2338.02]
[2003696,"Poço de visita - PVI 10 - areia e brita comerciais","un",3136.98]
[2003695,"Poço de visita - PVI 10 - areia extraída e brita produzida","un",2612.4299999999998]
[2003698,"Poço de visita - PVI 11 - areia e brita comerciais","un",3820.67]
[2003697,"Poço de visita - PVI 11 - areia extraída e brita produzida","un",3216.7]
[2003700,"Poço de visita - PVI 12 - areia e brita comerciais","un",4699.1400000000003]
[2003699,"Poço de visita - PVI 12 - areia extraída e brita produzida","un",3975.11]
[2003702,"Poço de visita - PVI 13 - areia e brita comerciais","un",2831.45]
[2003701,"Poço de visita - PVI 13 - areia extraída e brita produzida","un",2395.56]
[2003704,"Poço de visita - PVI 14 - areia e brita comerciais","un",2801.87]
[2003703,"Poço de visita - PVI 14 - areia extraída e brita produzida","un",2377.06]
[2003706,"Poço de visita - PVI 15 - areia e brita comerciais","un",3172.88]
[2003705,"Poço de visita - PVI 15 - areia extraída e brita produzida","un",2655.72]
[2003708,"Poço de visita - PVI 16 - areia e brita comerciais","un",3683.92]
[2003707,"Poço de visita - PVI 16 - areia extraída e brita produzida","un",3085.5]
[2003710,"Poço de visita - PVI 17 - areia e brita comerciais","un",4249.38]
[2003709,"Poço de visita - PVI 17 - areia extraída e brita produzida","un",3567.84]
[2003712,"Poço de visita - PVI 18 - areia e brita comerciais","un",5168.68]
[2003711,"Poço de visita - PVI 18 - areia extraída e brita produzida","un",4359.6899999999996]
[2004505,"Reaterro e compactação em vala de dreno com geocomposto","m³",17.91]
[2003353,"Sarjeta trapezoidal de canteiro central de concreto - SZCC 100-25 - areia e brita comerciais","m",84.77]
[2003352,"Sarjeta trapezoidal de canteiro central de concreto - SZCC 100-25 - areia extraída e brita produzida","m",59.1]
[2003979,"Sarjeta trapezoidal de canteiro central de concreto - SZCC 100-25 moldada no local com extrusora e concreto usinado - areia e brita comerciais","m",97.57]
[2003980,"Sarjeta trapezoidal de canteiro central de concreto - SZCC 100-25 moldada no local com extrusora e concreto usinado - areia extraída e brita produzida","m",71.8]
[2003355,"Sarjeta trapezoidal de canteiro central de concreto - SZCC 140-35 - areia e brita comerciais","m",114.1]
[2003354,"Sarjeta trapezoidal de canteiro central de concreto - SZCC 140-35 - areia extraída e brita produzida","m",79.5]
[2003981,"Sarjeta trapezoidal de canteiro central de concreto - SZCC 140-35 moldada no local com extrusora e concreto usinado - areia e brita comerciais","m",131.47]
[2003982,"Sarjeta trapezoidal de canteiro central de concreto - SZCC 140-35 moldada no local com extrusora e concreto usinado - areia extraída e brita produzida","m",96.75]
[2003345,"Sarjeta trapezoidal de concreto - SZC 60-20 - escavação mecânica - areia e brita comerciais","m",66.7]
[2003344,"Sarjeta trapezoidal de concreto - SZC 60-20 - escavação mecânica - areia extraída e brita produzida","m",49.17]
[2003973,"Sarjeta trapezoidal de concreto - SZC 60-20 moldada no local com extrusora e concreto usinado - escavação mecânica - areia e brita comerciais","m",75.58]
[2003974,"Sarjeta trapezoidal de concreto - SZC 60-20 moldada no local com extrusora e concreto usinado - escavação mecânica - areia extraída e brita produzida","m",57.99]
[2003343,"Sarjeta trapezoidal de concreto - SZC 90-30 - escavação mecânica - areia e brita comerciais","m",91.19]
[2003342,"Sarjeta trapezoidal de concreto - SZC 90-30 - escavação mecânica - areia extraída e brita produzida","m",66.61]
[2003971,"Sarjeta trapezoidal de concreto - SZC 90-30 moldada no local com extrusora e concreto usinado - escavação mecânica - areia e brita comerciais","m",103.78]
[2003972,"Sarjeta trapezoidal de concreto - SZC 90-30 moldada no local com extrusora e concreto usinado - escavação mecânica - areia extraída e brita produzida","m",79.099999999999994]
[2003347,"Sarjeta trapezoidal de grama - SZG 60-20 - escavação mecânica","m",14.09]
[2003346,"Sarjeta trapezoidal de grama - SZG 90-30 - escavação mecânica","m",19.579999999999998]
[2003933,"Sarjeta trapezoidal sem revestimento - SZT 60-20 - escavação mecânica","m",7.14]
[2003932,"Sarjeta trapezoidal sem revestimento - SZT 90-30 - escavação mecânica","m",9.16]
[2003349,"Sarjeta triangular de canteiro central de concreto - STCC 100-25 - areia e brita comerciais","m",64.95]
[2003348,"Sarjeta triangular de canteiro central de concreto - STCC 100-25 - areia extraída e brita produzida","m",45.48]
[2003975,"Sarjeta triangular de canteiro central de concreto - STCC 100-25 moldada no local com extrusora e concreto usinado - areia e brita comerciais","m",73.989999999999995]
[2003976,"Sarjeta triangular de canteiro central de concreto - STCC 100-25 moldada no local com extrusora e concreto usinado - areia extraída e brita produzida","m",54.45]
[2003351,"Sarjeta triangular de canteiro central de concreto - STCC 140-35 - areia e brita comerciais","m",86.87]
[2003350,"Sarjeta triangular de canteiro central de concreto - STCC 140-35 - areia extraída e brita produzida","m",60.79]
[2003977,"Sarjeta triangular de canteiro central de concreto - STCC 140-35 moldada no local com extrusora e concreto usinado - areia e brita comerciais","m",99.11]
[2003978,"Sarjeta triangular de canteiro central de concreto - STCC 140-35 moldada no local com extrusora e concreto usinado - areia extraída e brita produzida","m",72.94]
[2003291,"Sarjeta triangular de canteiro central de grama - STCG 100-25 - escavação mecânica","m",10.14]
[2003292,"Sarjeta triangular de canteiro central de grama - STCG 140-35 - escavação mecânica","m",14.2]
[2003293,"Sarjeta triangular de canteiro central de grama - STCG 200-25 - escavação mecânica","m",18.7]
[2003294,"Sarjeta triangular de canteiro central de grama - STCG 300-37,5 - escavação mecânica","m",28.05]
[2003257,"Sarjeta triangular de concreto - STC 100-20 - escavação mecânica - areia e brita comerciais","m",68.06]
[2003258,"Sarjeta triangular de concreto - STC 100-20 - escavação mecânica - areia extraída e brita produzida","m",50.58]
[2003259,"Sarjeta triangular de concreto - STC 100-20 moldada no local com extrusora e concreto usinado - escavação mecânica - areia e brita comerciais","m",76.38]
[2003260,"Sarjeta triangular de concreto - STC 100-20 moldada no local com extrusora e concreto usinado - escavação mecânica - areia extraída e brita produzida","m",58.84]
[2003281,"Sarjeta triangular de concreto - STC 100-21 - escavação mecânica - areia e brita comerciais","m",68.31]
[2003282,"Sarjeta triangular de concreto - STC 100-21 - escavação mecânica - areia extraída e brita produzida","m",50.43]
[2003283,"Sarjeta triangular de concreto - STC 100-21 moldada no local com extrusora e concreto usinado - escavação mecânica - areia e brita comerciais","m",76.83]
[2003284,"Sarjeta triangular de concreto - STC 100-21 moldada no local com extrusora e concreto usinado - escavação mecânica - areia extraída e brita produzida","m",58.89]
[2003327,"Sarjeta triangular de concreto - STC 108-25 - escavação mecânica - areia e brita comerciais","m",96.08]
[2003326,"Sarjeta triangular de concreto - STC 108-25 - escavação mecânica - areia extraída e brita produzida","m",75.819999999999993]
[2003963,"Sarjeta triangular de concreto - STC 108-25 moldada no local com extrusora e concreto usinado - escavação mecânica - areia e brita comerciais","m",87.28]
[2003964,"Sarjeta triangular de concreto - STC 108-25 moldada no local com extrusora e concreto usinado - escavação mecânica - areia extraída e brita produzida","m",66.94]
[2003319,"Sarjeta triangular de concreto - STC 125-25 - escavação mecânica - areia e brita comerciais","m",82.76]
[2003318,"Sarjeta triangular de concreto - STC 125-25 - escavação mecânica - areia extraída e brita produzida","m",61.19]
[2003955,"Sarjeta triangular de concreto - STC 125-25 moldada no local com extrusora e concreto usinado - escavação mecânica - areia e brita comerciais","m",93.08]
[2003956,"Sarjeta triangular de concreto - STC 125-25 moldada no local com extrusora e concreto usinado - escavação mecânica - areia extraída e brita produzida","m",71.430000000000007]
[2003277,"Sarjeta triangular de concreto - STC 125-27 - escavação mecânica - areia e brita comerciais","m",85.19]
[2003278,"Sarjeta triangular de concreto - STC 125-27 - escavação mecânica - areia extraída e brita produzida","m",63]
[2003279,"Sarjeta triangular de concreto - STC 125-27 moldada no local com extrusora e concreto usinado - escavação mecânica - areia e brita comerciais","m",95.8]
[2003280,"Sarjeta triangular de concreto - STC 125-27 moldada no local com extrusora e concreto usinado - escavação mecânica - areia extraída e brita produzida","m",73.540000000000006]
[2003253,"Sarjeta triangular de concreto - STC 150-30 - escavação mecânica - areia e brita comerciais","m",97.47]
[2003254,"Sarjeta triangular de concreto - STC 150-30 - escavação mecânica - areia extraída e brita produzida","m",71.819999999999993]
[2003255,"Sarjeta triangular de concreto - STC 150-30 moldada no local com extrusora e concreto usinado - escavação mecânica - areia e brita comerciais","m",109.77]
[2003256,"Sarjeta triangular de concreto - STC 150-30 moldada no local com extrusora e concreto usinado - escavação mecânica - areia extraída e brita produzida","m",84.02]
[2003273,"Sarjeta triangular de concreto - STC 150-32 - escavação mecânica - areia e brita comerciais","m",100.06]
[2003274,"Sarjeta triangular de concreto - STC 150-32 - escavação mecânica - areia extraída e brita produzida","m",73.739999999999995]
[2003275,"Sarjeta triangular de concreto - STC 150-32 moldada no local com extrusora e concreto usinado - escavação mecânica - areia e brita comerciais","m",112.69]
[2003276,"Sarjeta triangular de concreto - STC 150-32 moldada no local com extrusora e concreto usinado - escavação mecânica - areia extraída e brita produzida","m",86.27]
[2003269,"Sarjeta triangular de concreto - STC 73-15 - escavação mecânica - areia e brita comerciais","m",64.55]
[2003270,"Sarjeta triangular de concreto - STC 73-15 - escavação mecânica - areia extraída e brita produzida","m",51.1]
[2003271,"Sarjeta triangular de concreto - STC 73-15 moldada no local com extrusora e concreto usinado - escavação mecânica - areia e brita comerciais","m",58.96]
[2003272,"Sarjeta triangular de concreto - STC 73-15 moldada no local com extrusora e concreto usinado - escavação mecânica - areia extraída e brita produzida","m",45.46]
[2003261,"Sarjeta triangular de concreto - STC 80-15 - escavação mecânica - areia e brita comerciais","m",55.17]
[2003262,"Sarjeta triangular de concreto - STC 80-15 - escavação mecânica - areia extraída e brita produzida","m",41.08]
[2003263,"Sarjeta triangular de concreto - STC 80-15 moldada no local com extrusora e concreto usinado - escavação mecânica - areia e brita comerciais","m",61.85]
[2003264,"Sarjeta triangular de concreto - STC 80-15 moldada no local com extrusora e concreto usinado - escavação mecânica - areia extraída e brita produzida","m",47.71]
[2003285,"Sarjeta triangular de concreto - STC 80-17 - escavação mecânica - areia e brita comerciais","m",56.96]
[2003286,"Sarjeta triangular de concreto - STC 80-17 - escavação mecânica - areia extraída e brita produzida","m",42.44]
[2003287,"Sarjeta triangular de concreto - STC 80-17 moldada no local com extrusora e concreto usinado - escavação mecânica - areia e brita comerciais","m",63.85]
[2003288,"Sarjeta triangular de concreto - STC 80-17 moldada no local com extrusora e concreto usinado - escavação mecânica - areia extraída e brita produzida","m",49.28]
[2003265,"Sarjeta triangular de concreto - STC 88-20 - escavação mecânica - areia e brita comerciais","m",79.290000000000006]
[2003266,"Sarjeta triangular de concreto - STC 88-20 - escavação mecânica - areia extraída e brita produzida","m",62.8]
[2003267,"Sarjeta triangular de concreto - STC 88-20 moldada no local com extrusora e concreto usinado - escavação mecânica - areia e brita comerciais","m",71.98]
[2003268,"Sarjeta triangular de concreto - STC 88-20 moldada no local com extrusora e concreto usinado - escavação mecânica - areia extraída e brita produzida","m",55.43]
[2003289,"Sarjeta triangular de grama - STG 100-20 - escavação mecânica","m",17.760000000000002]
[2003338,"Sarjeta triangular de grama - STG 125-25 - escavação mecânica","m",22.3]
[2003290,"Sarjeta triangular de grama - STG 80-15 - escavação mecânica","m",14.74]
[2003300,"Sarjeta triangular sem revestimento - STT 100-20 - escavação mecânica","m",7.71]
[2003299,"Sarjeta triangular sem revestimento - STT 125-25 - escavação mecânica","m",9.74]
[2003301,"Sarjeta triangular sem revestimento - STT 80-15 - escavação mecânica","m",6.77]
[2004513,"Selo asfáltico de microvala para dreno de pavimento com geocomposto","m",0.12]
[2003357,"Transposição de segmentos de sarjeta - TSS 01 - areia e brita comerciais","m",216.71]
[2003356,"Transposição de segmentos de sarjeta - TSS 01 - areia extraída e brita produzida","m",155.21]
[2003359,"Transposição de segmentos de sarjeta - TSS 02 - areia e brita comerciais","m",265.16000000000003]
[2003358,"Transposição de segmentos de sarjeta - TSS 02 - areia extraída e brita produzida","m",189.49]
[2003361,"Transposição de segmentos de sarjeta - TSS 03 - areia e brita comerciais","m",513.88]
[2003360,"Transposição de segmentos de sarjeta - TSS 03 - areia extraída e brita produzida","m",453.45]
[2003363,"Transposição de segmentos de sarjeta - TSS 04 - areia e brita comerciais","m",442.86]
[2003362,"Transposição de segmentos de sarjeta - TSS 04 - areia extraída e brita produzida","m",387.88]
[2003365,"Transposição de segmentos de sarjeta - TSS 05 - areia e brita comerciais","m",395.48]
[2003364,"Transposição de segmentos de sarjeta - TSS 05 - areia extraída e brita produzida","m",344.13]
[2003367,"Transposição de segmentos de sarjeta - TSS 06 - areia e brita comerciais","m",371.73]
[2003366,"Transposição de segmentos de sarjeta - TSS 06 - areia extraída e brita produzida","m",322.19]
[2003869,"Tubo de concreto PA1 comercial para drenagem - D = 0,50 m - fornecimento e instalação","m",209.66]
[2003822,"Tubo de concreto PA1 comercial para drenagem - D = 0,60 m - fornecimento e instalação","m",260.95]
[2003826,"Tubo de concreto PA1 comercial para drenagem - D = 0,80 m - fornecimento e instalação","m",446.8]
[2003830,"Tubo de concreto PA1 comercial para drenagem - D = 1,00 m - fornecimento e instalação","m",628.59]
[2003834,"Tubo de concreto PA1 comercial para drenagem - D = 1,20 m - fornecimento e instalação","m",897.03]
[2003838,"Tubo de concreto PA1 comercial para drenagem - D = 1,50 m - fornecimento e instalação","m",1268.81]
[2003768,"Tubo de concreto PA1 produzido na obra para drenagem - D = 0,60 m - areia e brita comerciais - fornecimento e instalação","m",178.82]
[2003873,"Tubo de concreto PA1 produzido na obra para drenagem - D = 0,60 m - areia extraída e brita produzida - fornecimento e instalação","m",153.19]
[2003772,"Tubo de concreto PA1 produzido na obra para drenagem - D = 0,80 m - areia e brita comerciais - fornecimento e instalação","m",263.01]
[2003877,"Tubo de concreto PA1 produzido na obra para drenagem - D = 0,80 m - areia extraída e brita produzida - fornecimento e instalação","m",222.41]
[2003776,"Tubo de concreto PA1 produzido na obra para drenagem - D = 1,00 m - areia e brita comerciais - fornecimento e instalação","m",425.01]
[2003881,"Tubo de concreto PA1 produzido na obra para drenagem - D = 1,00 m - areia extraída e brita produzida - fornecimento e instalação","m",369.38]
[2003780,"Tubo de concreto PA1 produzido na obra para drenagem - D = 1,20 m - areia e brita comerciais - fornecimento e instalação","m",567.45000000000005]
[2003885,"Tubo de concreto PA1 produzido na obra para drenagem - D = 1,20 m - areia extraída e brita produzida - fornecimento e instalação","m",486.16]
[2003784,"Tubo de concreto PA1 produzido na obra para drenagem - D = 1,50 m - areia e brita comerciais - fornecimento e instalação","m",880.3]
[2003889,"Tubo de concreto PA1 produzido na obra para drenagem - D = 1,50 m - areia extraída e brita produzida - fornecimento e instalação","m",753.06]
[2003870,"Tubo de concreto PA2 comercial para drenagem - D = 0,50 m - fornecimento e instalação","m",225.75]
[2003823,"Tubo de concreto PA2 comercial para drenagem - D = 0,60 m - fornecimento e instalação","m",284]
[2003827,"Tubo de concreto PA2 comercial para drenagem - D = 0,80 m - fornecimento e instalação","m",496.87]
[2003831,"Tubo de concreto PA2 comercial para drenagem - D = 1,00 m - fornecimento e instalação","m",655.56]
[2003835,"Tubo de concreto PA2 comercial para drenagem - D = 1,20 m - fornecimento e instalação","m",905.13]
[2003839,"Tubo de concreto PA2 comercial para drenagem - D = 1,50 m - fornecimento e instalação","m",1383.73]
[2003769,"Tubo de concreto PA2 produzido na obra para drenagem - D = 0,60 m - areia e brita comerciais - fornecimento e instalação","m",191.4]
[2003874,"Tubo de concreto PA2 produzido na obra para drenagem - D = 0,60 m - areia extraída e brita produzida - fornecimento e instalação","m",165.79]
[2003773,"Tubo de concreto PA2 produzido na obra para drenagem - D = 0,80 m - areia e brita comerciais - fornecimento e instalação","m",313.32]
[2003878,"Tubo de concreto PA2 produzido na obra para drenagem - D = 0,80 m - areia extraída e brita produzida - fornecimento e instalação","m",272.82]
[2003777,"Tubo de concreto PA2 produzido na obra para drenagem - D = 1,00 m - areia e brita comerciais - fornecimento e instalação","m",475.32]
[2003882,"Tubo de concreto PA2 produzido na obra para drenagem - D = 1,00 m - areia extraída e brita produzida - fornecimento e instalação","m",419.78]
[2003781,"Tubo de concreto PA2 produzido na obra para drenagem - D = 1,20 m - areia e brita comerciais - fornecimento e instalação","m",680.64]
[2003886,"Tubo de concreto PA2 produzido na obra para drenagem - D = 1,20 m - areia extraída e brita produzida - fornecimento e instalação","m",599.57000000000005]
[2003785,"Tubo de concreto PA2 produzido na obra para drenagem - D = 1,50 m - areia e brita comerciais - fornecimento e instalação","m",1056.3800000000001]
[2003890,"Tubo de concreto PA2 produzido na obra para drenagem - D = 1,50 m - areia extraída e brita produzida - fornecimento e instalação","m",929.47]
[2003871,"Tubo de concreto PA3 comercial para drenagem - D = 0,50 m - fornecimento e instalação","m",231.4]
[2003824,"Tubo de concreto PA3 comercial para drenagem - D = 0,60 m - fornecimento e instalação","m",310.83]
[2003828,"Tubo de concreto PA3 comercial para drenagem - D = 0,80 m - fornecimento e instalação","m",517.16]
[2003832,"Tubo de concreto PA3 comercial para drenagem - D = 1,00 m - fornecimento e instalação","m",701.38]
[2003836,"Tubo de concreto PA3 comercial para drenagem - D = 1,20 m - fornecimento e instalação","m",1107.74]
[2003840,"Tubo de concreto PA3 comercial para drenagem - D = 1,50 m - fornecimento e instalação","m",1570.14]
[2003770,"Tubo de concreto PA3 produzido na obra para drenagem - D = 0,60 m - areia e brita comerciais - fornecimento e instalação","m",254.28]
[2003875,"Tubo de concreto PA3 produzido na obra para drenagem - D = 0,60 m - areia extraída e brita produzida - fornecimento e instalação","m",228.79]
[2003774,"Tubo de concreto PA3 produzido na obra para drenagem - D = 0,80 m - areia e brita comerciais - fornecimento e instalação","m",414.72]
[2003879,"Tubo de concreto PA3 produzido na obra para drenagem - D = 0,80 m - areia extraída e brita produzida - fornecimento e instalação","m",369.39]
[2003778,"Tubo de concreto PA3 produzido na obra para drenagem - D = 1,00 m - areia e brita comerciais - fornecimento e instalação","m",579.66999999999996]
[2003883,"Tubo de concreto PA3 produzido na obra para drenagem - D = 1,00 m - areia extraída e brita produzida - fornecimento e instalação","m",508.79]
[2003782,"Tubo de concreto PA3 produzido na obra para drenagem - D = 1,20 m - areia e brita comerciais - fornecimento e instalação","m",867.56]
[2003887,"Tubo de concreto PA3 produzido na obra para drenagem - D = 1,20 m - areia extraída e brita produzida - fornecimento e instalação","m",759.22]
[2003786,"Tubo de concreto PA3 produzido na obra para drenagem - D = 1,50 m - areia e brita comerciais - fornecimento e instalação","m",1356.97]
[2003891,"Tubo de concreto PA3 produzido na obra para drenagem - D = 1,50 m - areia extraída e brita produzida - fornecimento e instalação","m",1188.76]
[2003872,"Tubo de concreto PA4 comercial para drenagem - D = 0,50 m - fornecimento e instalação","m",370.72]
[2003825,"Tubo de concreto PA4 comercial para drenagem - D = 0,60 m - fornecimento e instalação","m",476.22]
[2003829,"Tubo de concreto PA4 comercial para drenagem - D = 0,80 m - fornecimento e instalação","m",522.48]
[2003833,"Tubo de concreto PA4 comercial para drenagem - D = 1,00 m - fornecimento e instalação","m",715.48]
[2003837,"Tubo de concreto PA4 comercial para drenagem - D = 1,20 m - fornecimento e instalação","m",1263.1099999999999]
[2003841,"Tubo de concreto PA4 comercial para drenagem - D = 1,50 m - fornecimento e instalação","m",1589.95]
[2003771,"Tubo de concreto PA4 produzido na obra para drenagem - D = 0,60 m - areia e brita comerciais - fornecimento e instalação","m",305.41000000000003]
[2003876,"Tubo de concreto PA4 produzido na obra para drenagem - D = 0,60 m - areia extraída e brita produzida - fornecimento e instalação","m",275.02999999999997]
[2003775,"Tubo de concreto PA4 produzido na obra para drenagem - D = 0,80 m - areia e brita comerciais - fornecimento e instalação","m",478.25]
[2003880,"Tubo de concreto PA4 produzido na obra para drenagem - D = 0,80 m - areia extraída e brita produzida - fornecimento e instalação","m",423.38]
[2003779,"Tubo de concreto PA4 produzido na obra para drenagem - D = 1,00 m - areia e brita comerciais - fornecimento e instalação","m",712.6]
[2003884,"Tubo de concreto PA4 produzido na obra para drenagem - D = 1,00 m - areia extraída e brita produzida - fornecimento e instalação","m",629.88]
[2003783,"Tubo de concreto PA4 produzido na obra para drenagem - D = 1,20 m - areia e brita comerciais - fornecimento e instalação","m",1020.48]
[2003888,"Tubo de concreto PA4 produzido na obra para drenagem - D = 1,20 m - areia extraída e brita produzida - fornecimento e instalação","m",897.57]
[2003787,"Tubo de concreto PA4 produzido na obra para drenagem - D = 1,50 m - areia e brita comerciais - fornecimento e instalação","m",1587.28]
[2003892,"Tubo de concreto PA4 produzido na obra para drenagem - D = 1,50 m - areia extraída e brita produzida - fornecimento e instalação","m",1413.34]
[2003851,"Tubo de concreto perfurado produzido na obra para drenagem - D = 0,40 m - fornecimento e instalação","m",92.02]
[2003935,"Tubo de PVC para dreno tipo barbacã - D = 50 mm - fornecimento e instalação","m",9.67]
[2003934,"Tubo de PVC para dreno tipo barbacã - D = 75 mm - fornecimento e instalação","m",14.04]
[2003990,"Tubo PEAD para drenagem - D = 1.000 mm - fornecimento e instalação","m",1350.67]
[2003991,"Tubo PEAD para drenagem - D = 1.050 mm - fornecimento e instalação","m",1319.71]
[2003992,"Tubo PEAD para drenagem - D = 1.200 mm - fornecimento e instalação","m",1823.48]
[2003993,"Tubo PEAD para drenagem - D = 1.500 mm - fornecimento e instalação","m",2093.87]
[2003983,"Tubo PEAD para drenagem - D = 400 mm - fornecimento e instalação","m",214.96]
[2003984,"Tubo PEAD para drenagem - D = 450 mm - fornecimento e instalação","m",260.32]
[2003985,"Tubo PEAD para drenagem - D = 500 mm - fornecimento e instalação","m",355.33]
[2003986,"Tubo PEAD para drenagem - D = 600 mm - fornecimento e instalação","m",517.71]
[2003987,"Tubo PEAD para drenagem - D = 750 mm - fornecimento e instalação","m",690.15]
[2003988,"Tubo PEAD para drenagem - D = 800 mm - fornecimento e instalação","m",761.8]
[2003989,"Tubo PEAD para drenagem - D = 900 mm - fornecimento e instalação","m",992.98]
[2003298,"Valeta de proteção de aterro sem revestimento - VPAT 120-30 - escavação mecânica","m",12.39]
[2003297,"Valeta de proteção de aterro sem revestimento - VPAT 160-30 - escavação mecânica","m",15.23]
[2003315,"Valeta de proteção de aterros com revestimento de concreto - VPAC 120-30 - escavação mecânica - areia e brita comerciais","m",109.08]
[2003314,"Valeta de proteção de aterros com revestimento de concreto - VPAC 120-30 - escavação mecânica - areia extraída e brita produzida","m",85.51]
[2003313,"Valeta de proteção de aterros com revestimento de concreto - VPAC 160-30 - escavação mecânica - areia e brita comerciais","m",135.44]
[2003312,"Valeta de proteção de aterros com revestimento de concreto - VPAC 160-30 - escavação mecânica - areia extraída e brita produzida","m",105.96]
[2003311,"Valeta de proteção de aterros com revestimento vegetal - VPAG 120-30 - escavação mecânica","m",38.659999999999997]
[2003310,"Valeta de proteção de aterros com revestimento vegetal - VPAG 160-30 - escavação mecânica","m",48.76]
[2003296,"Valeta de proteção de corte sem revestimento - VPCT 120-30 - escavação mecânica","m",12.39]
[2003295,"Valeta de proteção de corte sem revestimento - VPCT 160-30 - escavação mecânica","m",15.23]
[2003309,"Valeta de proteção de cortes com revestimento de concreto - VPCC 120-30 - escavação mecânica - areia e brita comerciais","m",109.08]
[2003308,"Valeta de proteção de cortes com revestimento de concreto - VPCC 120-30 - escavação mecânica - areia extraída e brita produzida","m",85.51]
[2003307,"Valeta de proteção de cortes com revestimento de concreto - VPCC 160-30 - escavação mecânica - areia e brita comerciais","m",135.44]
[2003306,"Valeta de proteção de cortes com revestimento de concreto - VPCC 160-30 - escavação mecânica - areia extraída e brita produzida","m",105.96]
[2003305,"Valeta de proteção de cortes com revestimento vegetal - VPCG 120-30 - escavação mecânica","m",38.659999999999997]
[2003304,"Valeta de proteção de cortes com revestimento vegetal - VPCG 160-30 - escavação mecânica","m",48.76]
[2105846,"Escoramento com estacas de perfis metálicos W 250 x 38,5 kg/m, espaçadas em 1,5 m, intercaladas com prancha de madeira com espessura de 5 cm e ficha de 0 a 0,2 H - sem reaproveitamento - fornecimento e instalação","m²",494.34]
[2105929,"Escoramento com estacas de perfis metálicos W 250 x 38,5 kg/m, espaçadas em 1,5 m, intercaladas com prancha de madeira com espessura de 5 cm e ficha de 0,20 a 0,4 H - sem reaproveitamento - fornecimento e instalação","m²",556.94000000000005]
[2105933,"Escoramento com estacas de perfis metálicos W 250 x 38,5 kg/m, espaçadas em 1,5 m, intercaladas com prancha de madeira com espessura de 5 cm e ficha de 0,40 a 0,6 H - sem reaproveitamento - fornecimento e instalação","m²",619.54]
[2106293,"Escoramento com perfis metálicos W 150 x 18,0 kg/m a cada metro e chapas de aço - estroncas a cada 2 m não incluídas - profundidade de até 10 m - aço com utilização de 20 vezes - fornecimento, instalação e retirada","m²",206.31]
[2108165,"Escoramento com pontaletes D = 10 cm - utilização de 1 vez - confecção, instalação e retirada","m³",32.61]
[2108166,"Escoramento com pontaletes D = 10 cm - utilização de 2 vezes - confecção, instalação e retirada","m³",23.08]
[2108167,"Escoramento com pontaletes D = 10 cm - utilização de 3 vezes - confecção, instalação e retirada","m³",20.72]
[2108168,"Escoramento com pontaletes D = 10 cm - utilização de 5 vezes - confecção, instalação e retirada","m³",20.29]
[2108169,"Escoramento com pontaletes D = 15 cm - utilização de 1 vez - confecção e instalação","m³",48.24]
[2108170,"Escoramento com pontaletes D = 15 cm - utilização de 2 vezes - confecção, instalação e retirada","m³",35.11]
[2108171,"Escoramento com pontaletes D = 15 cm - utilização de 3 vezes - confecção, instalação e retirada","m³",32.409999999999997]
[2108172,"Escoramento com pontaletes D = 15 cm - utilização de 5 vezes - confecção, instalação e retirada","m³",33.090000000000003]
[2106292,"Escoramento contínuo de valas com tábuas de 2,5 x 30 cm e longarinas de 6 x 16 cm - estroncas a cada metro não incluídas - profundidade de até 4 m - madeira com utilização de 3 vezes - confecção, instalação e retirada","m²",142.63999999999999]
[2106291,"Escoramento contínuo de valas com tábuas de 2,5 x 30 cm e longarinas de 6 x 16 cm - estroncas a cada metro não incluídas - profundidade de até 4 m - madeira sem reaproveitamento - confecção e instalação","m²",204.42]
[2106235,"Escoramento metálico com quadro tubular contraventado - capacidade de carga até 3,8 t/m² - quadro de 1,0 x 1,0 x 1,25 m - utilização de 50 vezes - fornecimento, instalação e retirada","m³",3.17]
[2106232,"Escoramento metálico tubular galvanizado para formas com capacidade de 2.100 a 750 kg por unidade - regulável de 3,0 a 4,5 m - utilização de 20 vezes - fornecimento, instalação e retirada","un",15.02]
[2106233,"Escoramento metálico tubular galvanizado para formas com capacidade de 3.200 a 1.600 kg por unidade - regulável de 1,8 a 3,0 m - utilização de 20 vezes - fornecimento, instalação e retirada","un",11.47]
[2105605,"Escoramento para corpo de bueiros celulares - utilização de 3 vezes - confecção, instalação e retirada","m³",54.17]
[2106298,"Estroncas em perfil metálico W 150 x 18,0 kg/m - utilização de 20 vezes","m",35.03]
[2106295,"Estroncas para valas com D = 15 cm - madeira com utilização de 3 vezes","m",17.91]
[2106294,"Estroncas para valas com D = 15 cm - madeira sem reaproveitamento","m",23.53]
[2106297,"Estroncas para valas com D = 20 cm - madeira com utilização de 3 vezes","m",28.83]
[2106296,"Estroncas para valas com D = 20 cm - madeira sem reaproveitamento","m",46.94]
[2306731,"Apoio náutico para a colocação da armação em camisa metálica","kg",0.64]
[2306728,"Apoio náutico para a escavação com perfuratriz tipo Wirth em rocha com média dureza e média abrasão - resistência à compressão menor que 80 MPa - D = 600 a 1.800 mm","m",1584.54]
[2306729,"Apoio náutico para a escavação com perfuratriz tipo Wirth em rocha de alta dureza e alta abrasão - resistência à compressão acima de 80 MPa - D = 600 a 1.800 mm","m",1930.46]
[2306727,"Apoio náutico para a escavação com perfuratriz tipo Wirth em solo D = 600 a 1.800 mm","m",370.78]
[2306730,"Apoio náutico para a execução da concretagem de camisas metálicas","m³",125.34]
[2306726,"Apoio náutico para a execução da cravação de camisa metálica D = 600 a 1.800 mm","m",242.33]
[2306076,"Armação de estaca escavada ou estaca barrete em aço CA-50 com apoio de guindaste - fornecimento, preparo e colocação","kg",11.26]
[2306247,"Arrasamento de estacas de concreto com seção de até 900 cm²","m³",226.71]
[2306248,"Arrasamento de estacas de concreto com seção superior à 900 cm²","m³",528.99]
[2306279,"Berço para pré-moldagem de estacas protendidas com capacidade de 19 m³, inclusive formas metálicas - utilização de 100 vezes","m³",78.63]
[2306651,"Camisa metálica com espessura de 12,5 mm D = 1.400 mm - cravada com martelo vibratório - sem escavação - cravação","m",6754.41]
[2306678,"Camisa metálica com espessura de 12,5 mm D = 1.400 mm - para passagem de lâmina d'água - posicionamento","m",6508.21]
[2306652,"Camisa metálica com espessura de 12,5 mm D = 1.500 mm - cravada com martelo vibratório - sem escavação - cravação","m",6809.67]
[2306679,"Camisa metálica com espessura de 12,5 mm D = 1.500 mm - para passagem de lâmina d'água - posicionamento","m",6554.35]
[2306653,"Camisa metálica com espessura de 12,5 mm D = 1.600 mm - cravada com martelo vibratório - sem escavação - cravação","m",6867.17]
[2306680,"Camisa metálica com espessura de 12,5 mm D = 1.600 mm - para passagem de lâmina d'água - posicionamento","m",6602.02]
[2306654,"Camisa metálica com espessura de 12,5 mm D = 1.700 mm - cravada com martelo vibratório - sem escavação - cravação","m",6924.04]
[2306681,"Camisa metálica com espessura de 12,5 mm D = 1.700 mm - para passagem de lâmina d'água - posicionamento","m",6648.29]
[2306655,"Camisa metálica com espessura de 12,5 mm D = 1.800 mm - cravada com martelo vibratório - sem escavação - cravação","m",6981.94]
[2306682,"Camisa metálica com espessura de 12,5 mm D = 1.800 mm - para passagem de lâmina d'água - posicionamento","m",6694.7]
[2306656,"Camisa metálica com espessura de 16 mm D = 1.500 mm - cravada com martelo vibratório - sem escavação - cravação","m",9457.91]
[2306683,"Camisa metálica com espessura de 16 mm D = 1.500 mm - para passagem de lâmina d'água - posicionamento","m",9202.58]
[2306657,"Camisa metálica com espessura de 16 mm D = 1.600 mm - cravada com martelo vibratório - sem escavação - cravação","m",9568.18]
[2306684,"Camisa metálica com espessura de 16 mm D = 1.600 mm - para passagem de lâmina d'água - posicionamento","m",9303.0300000000007]
[2306658,"Camisa metálica com espessura de 16 mm D = 1.700 mm - cravada com martelo vibratório - sem escavação - cravação","m",9676.17]
[2306685,"Camisa metálica com espessura de 16 mm D = 1.700 mm - para passagem de lâmina d'água - posicionamento","m",9400.41]
[2306659,"Camisa metálica com espessura de 16 mm D = 1.800 mm - cravada com martelo vibratório - sem escavação - cravação","m",9788.26]
[2306686,"Camisa metálica com espessura de 16 mm D = 1.800 mm - para passagem de lâmina d'água - posicionamento","m",9501.01]
[2306637,"Camisa metálica com espessura de 6,3 mm D = 1.000 mm - cravada com martelo vibratório - sem escavação - cravação","m",2305.5100000000002]
[2306664,"Camisa metálica com espessura de 6,3 mm D = 1.000 mm - para passagem de lâmina d'água - posicionamento","m",2090.0700000000002]
[2306732,"Camisa metálica com espessura de 6,3 mm D = 400 mm - cravada com martelo vibratório - sem escavação - cravação","m",950.27]
[2306733,"Camisa metálica com espessura de 6,3 mm D = 400 mm - para passagem de lâmina d'água - posicionamento","m",768.85]
[2306734,"Camisa metálica com espessura de 6,3 mm D = 500 mm - cravada com martelo vibratório - sem escavação - cravação","m",1145.54]
[2306735,"Camisa metálica com espessura de 6,3 mm D = 500 mm - para passagem de lâmina d'água - posicionamento","m",959.22]
[2306633,"Camisa metálica com espessura de 6,3 mm D = 600 mm - cravada com martelo vibratório - sem escavação - cravação","m",1296.58]
[2306660,"Camisa metálica com espessura de 6,3 mm D = 600 mm - para passagem de lâmina d'água - posicionamento","m",1105.0899999999999]
[2306634,"Camisa metálica com espessura de 6,3 mm D = 700 mm - cravada com martelo vibratório - sem escavação - cravação","m",1501.73]
[2306661,"Camisa metálica com espessura de 6,3 mm D = 700 mm - para passagem de lâmina d'água - posicionamento","m",1304.77]
[2306635,"Camisa metálica com espessura de 6,3 mm D = 800 mm - cravada com martelo vibratório - sem escavação - cravação","m",1800.27]
[2306662,"Camisa metálica com espessura de 6,3 mm D = 800 mm - para passagem de lâmina d'água - posicionamento","m",1597.51]
[2306636,"Camisa metálica com espessura de 6,3 mm D = 900 mm - cravada com martelo vibratório - sem escavação - cravação","m",1819.32]
[2306663,"Camisa metálica com espessura de 6,3 mm D = 900 mm - para passagem de lâmina d'água - posicionamento","m",1610.41]
[2306641,"Camisa metálica com espessura de 8 mm D = 1.000 mm - cravada com martelo vibratório - sem escavação - cravação","m",2907.08]
[2306668,"Camisa metálica com espessura de 8 mm D = 1.000 mm - para passagem de lâmina d'água - posicionamento","m",2691.65]
[2306642,"Camisa metálica com espessura de 8 mm D = 1.100 mm - cravada com martelo vibratório - sem escavação - cravação","m",2933.16]
[2306669,"Camisa metálica com espessura de 8 mm D = 1.100 mm - para passagem de lâmina d'água - posicionamento","m",2710.78]
[2306643,"Camisa metálica com espessura de 8 mm D = 1.200 mm - cravada com martelo vibratório - sem escavação - cravação","m",2959.38]
[2306670,"Camisa metálica com espessura de 8 mm D = 1.200 mm - para passagem de lâmina d'água - posicionamento","m",2729.59]
[2306638,"Camisa metálica com espessura de 8 mm D = 700 mm - cravada com martelo vibratório - sem escavação - cravação","m",1883.14]
[2306665,"Camisa metálica com espessura de 8 mm D = 700 mm - para passagem de lâmina d'água - posicionamento","m",1686.17]
[2306639,"Camisa metálica com espessura de 8 mm D = 800 mm - cravada com martelo vibratório - sem escavação - cravação","m",2263.4899999999998]
[2306666,"Camisa metálica com espessura de 8 mm D = 800 mm - para passagem de lâmina d'água - posicionamento","m",2060.73]
[2306640,"Camisa metálica com espessura de 8 mm D = 900 mm - cravada com martelo vibratório - sem escavação - cravação","m",2288.6799999999998]
[2306667,"Camisa metálica com espessura de 8 mm D = 900 mm - para passagem de lâmina d'água - posicionamento","m",2079.7800000000002]
[2306645,"Camisa metálica com espessura de 9,5 mm D = 1.000 mm - cravada com martelo vibratório - sem escavação - cravação","m",3473.57]
[2306672,"Camisa metálica com espessura de 9,5 mm D = 1.000 mm - para passagem de lâmina d'água - posicionamento","m",3258.14]
[2306646,"Camisa metálica com espessura de 9,5 mm D = 1.100 mm - cravada com martelo vibratório - sem escavação - cravação","m",3507.5]
[2306673,"Camisa metálica com espessura de 9,5 mm D = 1.100 mm - para passagem de lâmina d'água - posicionamento","m",3285.12]
[2306647,"Camisa metálica com espessura de 9,5 mm D = 1.200 mm - cravada com martelo vibratório - sem escavação - cravação","m",3541.21]
[2306674,"Camisa metálica com espessura de 9,5 mm D = 1.200 mm - para passagem de lâmina d'água - posicionamento","m",3311.42]
[2306648,"Camisa metálica com espessura de 9,5 mm D = 1.300 mm - cravada com martelo vibratório - sem escavação - cravação","m",4984.2]
[2306675,"Camisa metálica com espessura de 9,5 mm D = 1.300 mm - para passagem de lâmina d'água - posicionamento","m",4746.49]
[2306649,"Camisa metálica com espessura de 9,5 mm D = 1.400 mm - cravada com martelo vibratório - sem escavação - cravação","m",5019.87]
[2306676,"Camisa metálica com espessura de 9,5 mm D = 1.400 mm - para passagem de lâmina d'água - posicionamento","m",4773.67]
[2306650,"Camisa metálica com espessura de 9,5 mm D = 1.500 mm - cravada com martelo vibratório - sem escavação - cravação","m",5055.38]
[2306677,"Camisa metálica com espessura de 9,5 mm D = 1.500 mm - para passagem de lâmina d'água - posicionamento","m",4800.0600000000004]
[2306644,"Camisa metálica com espessura de 9,5 mm D = 900 mm - cravada com martelo vibratório - sem escavação - cravação","m",2736.43]
[2306671,"Camisa metálica com espessura de 9,5 mm D = 900 mm - para passagem de lâmina d'água - posicionamento","m",2527.52]
[2306141,"Coluna de brita D = 50 cm executada com perfuratriz tipo bottom feed - brita comercial - confecção e cravação","m",73.599999999999994]
[2306145,"Coluna de brita D = 50 cm executada com perfuratriz tipo bottom feed - brita produzida - confecção e cravação","m",50.31]
[2306142,"Coluna de brita D = 60 cm executada com perfuratriz tipo bottom feed - brita comercial - confecção e cravação","m",92.63]
[2306146,"Coluna de brita D = 60 cm executada com perfuratriz tipo bottom feed - brita produzida - confecção e cravação","m",59.1]
[2306143,"Coluna de brita D = 70 cm executada com perfuratriz tipo bottom feed - brita comercial - confecção e cravação","m",114.83]
[2306147,"Coluna de brita D = 70 cm executada com perfuratriz tipo bottom feed - brita produzida - confecção e cravação","m",69.19]
[2306144,"Coluna de brita D = 80 cm executada com perfuratriz tipo bottom feed - brita comercial - confecção e cravação","m",141.03]
[2306148,"Coluna de brita D = 80 cm executada com perfuratriz tipo bottom feed - brita produzida - confecção e cravação","m",81.42]
[2306624,"Confecção de camisa metálica em aço ASTM A36 com espessura de 12,5 mm - D = 1.400 mm","m",6468.49]
[2306625,"Confecção de camisa metálica em aço ASTM A36 com espessura de 12,5 mm - D = 1.500 mm","m",6512.6]
[2306626,"Confecção de camisa metálica em aço ASTM A36 com espessura de 12,5 mm - D = 1.600 mm","m",6558.14]
[2306627,"Confecção de camisa metálica em aço ASTM A36 com espessura de 12,5 mm - D = 1.700 mm","m",6602.24]
[2306628,"Confecção de camisa metálica em aço ASTM A36 com espessura de 12,5 mm - D = 1.800 mm","m",6646.41]
[2306629,"Confecção de camisa metálica em aço ASTM A36 com espessura de 16 mm - D = 1.500 mm","m",9152.57]
[2306630,"Confecção de camisa metálica em aço ASTM A36 com espessura de 16 mm - D = 1.600 mm","m",9250.34]
[2306631,"Confecção de camisa metálica em aço ASTM A36 com espessura de 16 mm - D = 1.700 mm","m",9345.0300000000007]
[2306632,"Confecção de camisa metálica em aço ASTM A36 com espessura de 16 mm - D = 1.800 mm","m",9442.7999999999993]
[2306610,"Confecção de camisa metálica em aço ASTM A36 com espessura de 6,3 mm - D = 1.000 mm","m",2065.85]
[2306604,"Confecção de camisa metálica em aço ASTM A36 com espessura de 6,3 mm - D = 400 mm","m",750.5]
[2306605,"Confecção de camisa metálica em aço ASTM A36 com espessura de 6,3 mm - D = 500 mm","m",939.96]
[2306606,"Confecção de camisa metálica em aço ASTM A36 com espessura de 6,3 mm - D = 600 mm","m",1084.9000000000001]
[2306607,"Confecção de camisa metálica em aço ASTM A36 com espessura de 6,3 mm - D = 700 mm","m",1283.6099999999999]
[2306608,"Confecção de camisa metálica em aço ASTM A36 com espessura de 6,3 mm - D = 800 mm","m",1575.37]
[2306609,"Confecção de camisa metálica em aço ASTM A36 com espessura de 6,3 mm - D = 900 mm","m",1587.24]
[2306614,"Confecção de camisa metálica em aço ASTM A36 com espessura de 8 mm - D = 1.000 mm","m",2665.55]
[2306615,"Confecção de camisa metálica em aço ASTM A36 com espessura de 8 mm - D = 1.100 mm","m",2683.39]
[2306616,"Confecção de camisa metálica em aço ASTM A36 com espessura de 8 mm - D = 1.200 mm","m",2700.89]
[2306611,"Confecção de camisa metálica em aço ASTM A36 com espessura de 8 mm - D = 700 mm","m",1663.69]
[2306612,"Confecção de camisa metálica em aço ASTM A36 com espessura de 8 mm - D = 800 mm","m",2037.08]
[2306613,"Confecção de camisa metálica em aço ASTM A36 com espessura de 8 mm - D = 900 mm","m",2054.91]
[2306618,"Confecção de camisa metálica em aço ASTM A36 com espessura de 9,5 mm - D = 1.000 mm","m",3230.23]
[2306619,"Confecção de camisa metálica em aço ASTM A36 com espessura de 9,5 mm - D = 1.100 mm","m",3255.74]
[2306620,"Confecção de camisa metálica em aço ASTM A36 com espessura de 9,5 mm - D = 1.200 mm","m",3280.55]
[2306621,"Confecção de camisa metálica em aço ASTM A36 com espessura de 9,5 mm - D = 1.300 mm","m",4714.09]
[2306622,"Confecção de camisa metálica em aço ASTM A36 com espessura de 9,5 mm - D = 1.400 mm","m",4739.66]
[2306623,"Confecção de camisa metálica em aço ASTM A36 com espessura de 9,5 mm - D = 1.500 mm","m",4764.41]
[2306617,"Confecção de camisa metálica em aço ASTM A36 com espessura de 9,5 mm - D = 900 mm","m",2501.02]
[2306014,"Contraventamento de grupo de estacas submersas em aço ASTM A36 - confecção e instalação","kg",11.89]
[2306700,"Escavação com perfuratriz tipo Wirth em rocha com média dureza e média abrasão - resistência à compressão menor que 80 MPa - D = 1.000 mm","m",2043.34]
[2306703,"Escavação com perfuratriz tipo Wirth em rocha com média dureza e média abrasão - resistência à compressão menor que 80 MPa - D = 1.100 mm","m",2114.64]
[2306706,"Escavação com perfuratriz tipo Wirth em rocha com média dureza e média abrasão - resistência à compressão menor que 80 MPa - D = 1.200 mm","m",2227.2800000000002]
[2306709,"Escavação com perfuratriz tipo Wirth em rocha com média dureza e média abrasão - resistência à compressão menor que 80 MPa - D = 1.300 mm","m",2393.83]
[2306712,"Escavação com perfuratriz tipo Wirth em rocha com média dureza e média abrasão - resistência à compressão menor que 80 MPa - D = 1.400 mm","m",2477.31]
[2306715,"Escavação com perfuratriz tipo Wirth em rocha com média dureza e média abrasão - resistência à compressão menor que 80 MPa - D = 1.500 mm","m",2584.3200000000002]
[2306718,"Escavação com perfuratriz tipo Wirth em rocha com média dureza e média abrasão - resistência à compressão menor que 80 MPa - D = 1.600 mm","m",2749.1]
[2306721,"Escavação com perfuratriz tipo Wirth em rocha com média dureza e média abrasão - resistência à compressão menor que 80 MPa - D = 1.700 mm","m",2827.46]
[2306724,"Escavação com perfuratriz tipo Wirth em rocha com média dureza e média abrasão - resistência à compressão menor que 80 MPa - D = 1.800 mm","m",2976.24]
[2306688,"Escavação com perfuratriz tipo Wirth em rocha com média dureza e média abrasão - resistência à compressão menor que 80 MPa - D = 600 mm","m",1626.54]
[2306691,"Escavação com perfuratriz tipo Wirth em rocha com média dureza e média abrasão - resistência à compressão menor que 80 MPa - D = 700 mm","m",1714.51]
[2306694,"Escavação com perfuratriz tipo Wirth em rocha com média dureza e média abrasão - resistência à compressão menor que 80 MPa - D = 800 mm","m",1836.65]
[2306697,"Escavação com perfuratriz tipo Wirth em rocha com média dureza e média abrasão - resistência à compressão menor que 80 MPa - D = 900 mm","m",1920.84]
[2306701,"Escavação com perfuratriz tipo Wirth em rocha de alta dureza e alta abrasão - resistência à compressão acima de 80 MPa - D = 1.000 mm","m",3809.29]
[2306704,"Escavação com perfuratriz tipo Wirth em rocha de alta dureza e alta abrasão - resistência à compressão acima de 80 MPa - D = 1.100 mm","m",4037.63]
[2306707,"Escavação com perfuratriz tipo Wirth em rocha de alta dureza e alta abrasão - resistência à compressão acima de 80 MPa - D = 1.200 mm","m",4199.41]
[2306710,"Escavação com perfuratriz tipo Wirth em rocha de alta dureza e alta abrasão - resistência à compressão acima de 80 MPa - D = 1.300 mm","m",4406.3599999999997]
[2306713,"Escavação com perfuratriz tipo Wirth em rocha de alta dureza e alta abrasão - resistência à compressão acima de 80 MPa - D = 1.400 mm","m",4523.97]
[2306716,"Escavação com perfuratriz tipo Wirth em rocha de alta dureza e alta abrasão - resistência à compressão acima de 80 MPa - D = 1.500 mm","m",4783.18]
[2306719,"Escavação com perfuratriz tipo Wirth em rocha de alta dureza e alta abrasão - resistência à compressão acima de 80 MPa - D = 1.600 mm","m",5189.29]
[2306722,"Escavação com perfuratriz tipo Wirth em rocha de alta dureza e alta abrasão - resistência à compressão acima de 80 MPa - D = 1.700 mm","m",5420.82]
[2306725,"Escavação com perfuratriz tipo Wirth em rocha de alta dureza e alta abrasão - resistência à compressão acima de 80 MPa - D = 1.800 mm","m",5672.93]
[2306689,"Escavação com perfuratriz tipo Wirth em rocha de alta dureza e alta abrasão - resistência à compressão acima de 80 MPa - D = 600 mm","m",3023.25]
[2306692,"Escavação com perfuratriz tipo Wirth em rocha de alta dureza e alta abrasão - resistência à compressão acima de 80 MPa - D = 700 mm","m",3180.41]
[2306695,"Escavação com perfuratriz tipo Wirth em rocha de alta dureza e alta abrasão - resistência à compressão acima de 80 MPa - D = 800 mm","m",3342.36]
[2306698,"Escavação com perfuratriz tipo Wirth em rocha de alta dureza e alta abrasão - resistência à compressão acima de 80 MPa - D = 900 mm","m",3535.84]
[2306699,"Escavação com perfuratriz tipo Wirth em solo - D = 1.000 mm","m",319.57]
[2306702,"Escavação com perfuratriz tipo Wirth em solo - D = 1.100 mm","m",330.31]
[2306705,"Escavação com perfuratriz tipo Wirth em solo - D = 1.200 mm","m",347.85]
[2306708,"Escavação com perfuratriz tipo Wirth em solo - D = 1.300 mm","m",360.62]
[2306711,"Escavação com perfuratriz tipo Wirth em solo - D = 1.400 mm","m",374.35]
[2306714,"Escavação com perfuratriz tipo Wirth em solo - D = 1.500 mm","m",389.18]
[2306717,"Escavação com perfuratriz tipo Wirth em solo - D = 1.600 mm","m",406.27]
[2306720,"Escavação com perfuratriz tipo Wirth em solo - D = 1.700 mm","m",423.8]
[2306723,"Escavação com perfuratriz tipo Wirth em solo - D = 1.800 mm","m",433.14]
[2306687,"Escavação com perfuratriz tipo Wirth em solo - D = 600 mm","m",266.04000000000002]
[2306690,"Escavação com perfuratriz tipo Wirth em solo - D = 700 mm","m",278.27999999999997]
[2306693,"Escavação com perfuratriz tipo Wirth em solo - D = 800 mm","m",290.63]
[2306696,"Escavação com perfuratriz tipo Wirth em solo - D = 900 mm","m",304.12]
[2306239,"Estaca barrete escavada com uso de fluido estabilizante - confecção","m³",239.92]
[2306090,"Estaca broca manual D = 25 cm - confecção","m",40.24]
[2306091,"Estaca broca manual D = 30 cm - confecção","m",53.65]
[2306072,"Estaca circular tipo estacão escavada com uso de fluido estabilizante - confecção","m³",741.39]
[2306133,"Estaca duplo perfil metálico W 250 x 17,9 - com emenda - fornecimento e cravação","m",467.97]
[2306114,"Estaca duplo trilho TR 25 - com emenda - fornecimento e cravação","m",286.33999999999997]
[2306115,"Estaca duplo trilho TR 37 - com emenda - fornecimento e cravação","m",416.83]
[2306116,"Estaca duplo trilho TR 45 - com emenda - fornecimento e cravação","m",496.59]
[2306118,"Estaca duplo trilho TR 57 - com emenda - fornecimento e cravação","m",623.87]
[2306122,"Estaca duplo trilho TR 68 - com emenda - fornecimento e cravação","m",739.01]
[2306078,"Estaca Franki com fuste apiloado D = 35 cm - confecção","m",123.8]
[2306080,"Estaca Franki com fuste apiloado D = 40 cm - confecção","m",135.06]
[2306082,"Estaca Franki com fuste apiloado D = 45 cm - confecção","m",148.56]
[2306084,"Estaca Franki com fuste apiloado D = 52 cm - confecção","m",172.74]
[2306086,"Estaca Franki com fuste apiloado D = 60 cm - confecção","m",212.23]
[2309088,"Estaca Franki com fuste apiloado D = 70 cm - confecção","m",297.12]
[2306074,"Estaca hélice contínua - confecção","m³",192]
[2306095,"Estaca hélice de deslocamento - confecção","m³",230.21]
[2306132,"Estaca perfil metálico W 150 x 22,5 (H) - fornecimento e cravação","m",301.27999999999997]
[2306015,"Estaca prancha metálica - fornecimento e cravação até 12 metros","kg",15.32]
[2306019,"Estaca prancha metálica com apoio de flutuante - fornecimento e cravação de 12 metros","kg",15.9]
[2306018,"Estaca prancha metálica com apoio de flutuante e utilização de 10 vezes - fornecimento, cravação até 12 metros","kg",2.7]
[2306016,"Estaca prancha metálica com utilização de 10 vezes - fornecimento, cravação até 12 metros","kg",1.83]
[2305999,"Estaca pré-moldada de concreto armado centrifugado com compressão admissível de 100 t - sem emenda - fornecimento e cravação","m",336.68]
[2306000,"Estaca pré-moldada de concreto armado centrifugado com compressão admissível de 125 t - sem emenda - fornecimento e cravação","m",399.91]
[2306001,"Estaca pré-moldada de concreto armado centrifugado com compressão admissível de 170 t - sem emenda - fornecimento e cravação","m",590.77]
[2306002,"Estaca pré-moldada de concreto armado centrifugado com compressão admissível de 230 t - sem emenda - fornecimento e cravação","m",728.82]
[2306003,"Estaca pré-moldada de concreto armado centrifugado com compressão admissível de 300 t - sem emenda - fornecimento e cravação","m",912.68]
[2305997,"Estaca pré-moldada de concreto armado centrifugado com compressão admissível de 55 t - sem emenda - fornecimento e cravação","m",226.95]
[2305998,"Estaca pré-moldada de concreto armado centrifugado com compressão admissível de 80 t - sem emenda - fornecimento e cravação","m",285.75]
[2306101,"Estaca pré-moldada de concreto protendido 15 x 15 cm - produzida - sem emenda - cravação","m",69.16]
[2306102,"Estaca pré-moldada de concreto protendido 17 x 17 cm - produzida - sem emenda - cravação","m",73.62]
[2306103,"Estaca pré-moldada de concreto protendido 20 x 20 cm - produzida - sem emenda - cravação","m",82.78]
[2306104,"Estaca pré-moldada de concreto protendido 21 x 21 cm - produzida - sem emenda - cravação","m",88.08]
[2306105,"Estaca pré-moldada de concreto protendido 23 x 23 cm - produzida - sem emenda - cravação","m",93.52]
[2306106,"Estaca pré-moldada de concreto protendido 25 x 25 cm - produzida - sem emenda - cravação","m",101.8]
[2306107,"Estaca pré-moldada de concreto protendido 26 x 26 cm - produzida - sem emenda - cravação","m",104.74]
[2306269,"Estaca pré-moldada de concreto protendido 30 x 30 cm - produzida - sem emenda - cravação","m",117.82]
[2306270,"Estaca pré-moldada de concreto protendido 33 x 33 cm - produzida - sem emenda - cravação","m",131.97999999999999]
[2306271,"Estaca pré-moldada de concreto protendido 35 x 35 cm - produzida - sem emenda - cravação","m",145.13999999999999]
[2306272,"Estaca pré-moldada de concreto protendido 38 x 38 cm - produzida - sem emenda - cravação","m",153.47999999999999]
[2306273,"Estaca pré-moldada de concreto protendido 40 x 40 cm - produzida - sem emenda - cravação","m",171.97]
[2306274,"Estaca pré-moldada de concreto protendido 42 x 42 cm - produzida - sem emenda - cravação","m",184.57]
[2306275,"Estaca pré-moldada de concreto protendido 45 x 45 cm - produzida - sem emenda - cravação","m",213.44]
[2306100,"Estaca pré-moldada de concreto protendido com compressão admissível de 100 t - comercial - sem emenda - fornecimento e cravação","m",354.89]
[2306004,"Estaca pré-moldada de concreto protendido com compressão admissível de 25 t - comercial - sem emenda - fornecimento e cravação","m",126.82]
[2306097,"Estaca pré-moldada de concreto protendido com compressão admissível de 35 t - comercial - sem emenda - fornecimento e cravação","m",159.22999999999999]
[2306098,"Estaca pré-moldada de concreto protendido com compressão admissível de 60 t - comercial - sem emenda - fornecimento e cravação","m",174.83]
[2306007,"Estaca pré-moldada de concreto protendido com compressão admissível de 75 t - comercial - sem emenda - fornecimento e cravação","m",253.09]
[2306067,"Estaca raiz perfurada na rocha com D = 16 cm - confecção","m",463.46]
[2306068,"Estaca raiz perfurada na rocha com D = 20 cm - confecção","m",584.71]
[2306069,"Estaca raiz perfurada na rocha com D = 25 cm - confecção","m",792.32]
[2306070,"Estaca raiz perfurada na rocha com D = 31 cm - confecção","m",1247.23]
[2306071,"Estaca raiz perfurada na rocha com D = 40 cm - confecção","m",1877.26]
[2306181,"Estaca raiz perfurada na rocha com D = 45 cm - confecção","m",1892.33]
[2306062,"Estaca raiz perfurada no solo com D = 16 cm - confecção","m",82.46]
[2306063,"Estaca raiz perfurada no solo com D = 20 cm - confecção","m",99.99]
[2306064,"Estaca raiz perfurada no solo com D = 25 cm - confecção","m",124.2]
[2306065,"Estaca raiz perfurada no solo com D = 31 cm - confecção","m",161.85]
[2306066,"Estaca raiz perfurada no solo com D = 40 cm - confecção","m",229.64]
[2306180,"Estaca raiz perfurada no solo com D = 45 cm - confecção","m",260.60000000000002]
[2306009,"Estaca Strauss D = 25 cm - confecção","m",16.02]
[2306010,"Estaca Strauss D = 32 cm - confecção","m",19.96]
[2306011,"Estaca Strauss D = 38 cm - confecção","m",22.74]
[2306012,"Estaca Strauss D = 45 cm - confecção","m",26.62]
[2306108,"Estaca trilho TR 25 - fornecimento e cravação","m",152.85]
[2306110,"Estaca trilho TR 37 - fornecimento e cravação","m",218.27]
[2306111,"Estaca trilho TR 45 - fornecimento e cravação","m",257.7]
[2306112,"Estaca trilho TR 57 - fornecimento e cravação","m",321.06]
[2306113,"Estaca trilho TR 68 - fornecimento e cravação","m",378.41]
[2306123,"Estaca triplo trilho TR 25 - com emenda - fornecimento e cravação","m",418.3]
[2306124,"Estaca triplo trilho TR 37 - com emenda - fornecimento e cravação","m",613.44000000000005]
[2306125,"Estaca triplo trilho TR 45 - com emenda - fornecimento e cravação","m",732.66]
[2306126,"Estaca triplo trilho TR 57 - com emenda - fornecimento e cravação","m",923]
[2306127,"Estaca triplo trilho TR 68 - com emenda - fornecimento e cravação","m",1095.08]
[2306300,"Fabricação de estaca pré-moldada de concreto protendida seção 15 x 15 cm","m",31.95]
[2306301,"Fabricação de estaca pré-moldada de concreto protendida seção 17 x 17 cm","m",34.51]
[2306302,"Fabricação de estaca pré-moldada de concreto protendida seção 20 x 20 cm","m",41.43]
[2306303,"Fabricação de estaca pré-moldada de concreto protendida seção 21 x 21 cm","m",45.16]
[2306304,"Fabricação de estaca pré-moldada de concreto protendida seção 23 x 23 cm","m",48.25]
[2306305,"Fabricação de estaca pré-moldada de concreto protendida seção 25 x 25 cm","m",54.27]
[2306306,"Fabricação de estaca pré-moldada de concreto protendida seção 26 x 26 cm","m",55.61]
[2306307,"Fabricação de estaca pré-moldada de concreto protendida seção 30 x 30 cm","m",64.61]
[2306308,"Fabricação de estaca pré-moldada de concreto protendida seção 33 x 33 cm","m",73.23]
[2306309,"Fabricação de estaca pré-moldada de concreto protendida seção 35 x 35 cm","m",83.01]
[2306310,"Fabricação de estaca pré-moldada de concreto protendida seção 38 x 38 cm","m",87.87]
[2306311,"Fabricação de estaca pré-moldada de concreto protendida seção 40 x 40 cm","m",101.27]
[2306312,"Fabricação de estaca pré-moldada de concreto protendida seção 42 x 42 cm","m",109.95]
[2306313,"Fabricação de estaca pré-moldada de concreto protendida seção 45 x 45 cm","m",132.76]
[2306013,"Gabarito de cravação de estacas submersas em aço ASTM A36 - confecção e instalação","kg",11.8]
[2306243,"Muro guia para estaca barrete com duas cortinas de 10 x 110 cm","m",539.55999999999995]
[2408149,"Estrutura em perfil de aço ASTM A36 corte, solda e montagem - fornecimento e instalação","kg",15.29]
[2407972,"Fornecimento e aplicação de adesivo estrutural à base de resina epóxi","kg",68.540000000000006]
[2407973,"Hidrojateamento em superfície de aço grau WJ-2","m²",29.32]
[2408075,"Jateamento abrasivo em chapa de aço por esteira contínua","m²",5.51]
[2408069,"Jateamento de chapa de aço com o uso de granalhas de aço grau Sa 2","m²",5.33]
[2419790,"Jateamento de chapa de aço com o uso de granalhas de aço grau Sa 2 1/2","m²",9.6300000000000008]
[2407976,"Jateamento de chapa de aço com o uso de granalhas de aço grau Sa 2 1/2 - em espaço confinado","m²",10.92]
[2408068,"Jateamento de chapa de aço com o uso de granalhas de aço grau Sa 3","m²",15]
[2419705,"Pintura com epóxi de dois componentes com pistola a ar comprimido, uma demão, espessura de 120 µm","m²",10.26]
[2419704,"Pintura com primer epóxi de dois componentes com pistola a ar comprimido, uma demão, espessura de 70 µm","m²",13.46]
[2407981,"Pintura com selante epóxi vinílico com pistola airless, uma demão, espessura de 80 µm","m²",18.190000000000001]
[2407982,"Pintura com tinta anti-incrustante com pistola airless, uma demão, espessura de 125 µm","m²",40.61]
[2419703,"Pintura com tinta anticorrosiva à base de epóxi poliamida de dois componentes com pistola a ar comprimido, uma demão, espessura de 150 µm","m²",15.22]
[2408080,"Pintura de acabamento com esmalte epóxi com pistola a ar comprimido, uma demão, espessura de 40 µm","m²",7.76]
[2408078,"Pintura de acabamento com esmalte sintético com pistola a ar comprimido, uma demão, espessura de 30 µm","m²",2.94]
[2407979,"Pintura de acabamento com tinta de poliuretano acrílico de dois componentes com pistola airless, uma demão, espessura de 70 µm","m²",14.73]
[2407980,"Pintura de acabamento com tinta de poliuretano acrílico de dois componentes com pistola airless, uma demão, espessura de 70 µm - em espaço confinado","m²",14.77]
[2408077,"Pintura de fundo com tinta alquídica com pistola a ar comprimido, uma demão, espessura de 30 µm","m²",6.55]
[2407983,"Pintura de fundo com tinta anticorrosiva à base de epóxi poliamida de dois componentes com pistola airless, uma demão, espessura de 100 µm - em espaço confinado","m²",8.1999999999999993]
[2407977,"Pintura de fundo com tinta anticorrosiva à base de epóxi poliamida de dois componentes com pistola airless, uma demão, espessura de 160 µm","m²",15.94]
[2407978,"Pintura de fundo com tinta anticorrosiva à base de epóxi poliamida de dois componentes com pistola airless, uma demão, espessura de 160 µm - em espaço confinado","m²",15.98]
[2408079,"Pintura de fundo com tinta epóxi com pistola a ar comprimido, uma demão, espessura de 120 µm","m²",41.11]
[2408076,"Pintura shop primer em chapa de aço por esteira contínua","m²",9.9700000000000006]
[2408057,"Solda elétrica de perfis metálicos e chapas de aço com eletrodo E60XX","kg",103.49]
[2408058,"Solda elétrica de perfis metálicos e chapas de aço com eletrodo E70XX","kg",68.55]
[2407974,"Tratamento de superfície de aço com ferramenta mecânica grau SP-11","m²",347.58]
[2407975,"Tratamento de superfície de aço com ferramenta mecânica grau SP-11 - em espaço confinado","m²",354.5]
[2419789,"Tratamento em chapa de aço por esteira contínua","m²",8.3800000000000008]
[2607183,"Alinhamento manual da grade do AMV para qualquer abertura e qualquer bitola","un",309.29000000000002]
[2607226,"Assentamento dos materiais metálicos do AMV 1:10, TR 45, bitola larga","un",347214.66]
[2607209,"Assentamento dos materiais metálicos do AMV 1:10, TR 45, bitola métrica","un",302161.26]
[2607161,"Assentamento dos materiais metálicos do AMV 1:10, TR 45, bitola mista","un",416589.52]
[2607148,"Assentamento dos materiais metálicos do AMV 1:10, TR 57, bitola larga","un",439237.49]
[2607213,"Assentamento dos materiais metálicos do AMV 1:10, TR 57, bitola métrica","un",382105.41]
[2607165,"Assentamento dos materiais metálicos do AMV 1:10, TR 57, bitola mista","un",528359.07999999996]
[2607152,"Assentamento dos materiais metálicos do AMV 1:10, TR 68, bitola larga","un",524061.98]
[2607217,"Assentamento dos materiais metálicos do AMV 1:10, TR 68, bitola métrica","un",455360.19]
[2607169,"Assentamento dos materiais metálicos do AMV 1:10, TR 68, bitola mista","un",629508.31000000006]
[2607156,"Assentamento dos materiais metálicos do AMV 1:10, UIC 60, bitola larga","un",462354.54]
[2607221,"Assentamento dos materiais metálicos do AMV 1:10, UIC 60, bitola métrica","un",402137.79]
[2607173,"Assentamento dos materiais metálicos do AMV 1:10, UIC 60, bitola mista","un",556020.99]
[2607227,"Assentamento dos materiais metálicos do AMV 1:12, TR 45, bitola larga","un",381861.87]
[2607210,"Assentamento dos materiais metálicos do AMV 1:12, TR 45, bitola métrica","un",332269.46999999997]
[2607162,"Assentamento dos materiais metálicos do AMV 1:12, TR 45, bitola mista","un",458256.94]
[2607149,"Assentamento dos materiais metálicos do AMV 1:12, TR 57, bitola larga","un",483122.37]
[2607214,"Assentamento dos materiais metálicos do AMV 1:12, TR 57, bitola métrica","un",420234.47]
[2607166,"Assentamento dos materiais metálicos do AMV 1:12, TR 57, bitola mista","un",581157.21]
[2607153,"Assentamento dos materiais metálicos do AMV 1:12, TR 68, bitola larga","un",576297.28]
[2607218,"Assentamento dos materiais metálicos do AMV 1:12, TR 68, bitola métrica","un",501869.48]
[2607170,"Assentamento dos materiais metálicos do AMV 1:12, TR 68, bitola mista","un",692451.81]
[2607157,"Assentamento dos materiais metálicos do AMV 1:12, UIC 60, bitola larga","un",509609.46]
[2607222,"Assentamento dos materiais metálicos do AMV 1:12, UIC 60, bitola métrica","un",442276.99]
[2607174,"Assentamento dos materiais metálicos do AMV 1:12, UIC 60, bitola mista","un",611599.43000000005]
[2607228,"Assentamento dos materiais metálicos do AMV 1:14, TR 45, bitola larga","un",419946.81]
[2607211,"Assentamento dos materiais metálicos do AMV 1:14, TR 45, bitola métrica","un",365368.14]
[2607163,"Assentamento dos materiais metálicos do AMV 1:14, TR 45, bitola mista","un",505087.49]
[2607150,"Assentamento dos materiais metálicos do AMV 1:14, TR 57, bitola larga","un",532466.98]
[2607215,"Assentamento dos materiais metálicos do AMV 1:14, TR 57, bitola métrica","un",462151.07]
[2607167,"Assentamento dos materiais metálicos do AMV 1:14, TR 57, bitola mista","un",639180.11]
[2607154,"Assentamento dos materiais metálicos do AMV 1:14, TR 68, bitola larga","un",633727.88]
[2607219,"Assentamento dos materiais metálicos do AMV 1:14, TR 68, bitola métrica","un",551857.25]
[2607171,"Assentamento dos materiais metálicos do AMV 1:14, TR 68, bitola mista","un",764748.56]
[2607158,"Assentamento dos materiais metálicos do AMV 1:14, UIC 60, bitola larga","un",560408.59]
[2607223,"Assentamento dos materiais metálicos do AMV 1:14, UIC 60, bitola métrica","un",486403.47]
[2607175,"Assentamento dos materiais metálicos do AMV 1:14, UIC 60, bitola mista","un",672678.37]
[2607151,"Assentamento dos materiais metálicos do AMV 1:20, TR 57, bitola larga","un",638799.56000000006]
[2607216,"Assentamento dos materiais metálicos do AMV 1:20, TR 57, bitola métrica","un",555609.87]
[2607168,"Assentamento dos materiais metálicos do AMV 1:20, TR 57, bitola mista","un",770389.06]
[2607155,"Assentamento dos materiais metálicos do AMV 1:20, TR 68, bitola larga","un",763420.66]
[2607220,"Assentamento dos materiais metálicos do AMV 1:20, TR 68, bitola métrica","un",662056.32999999996]
[2607172,"Assentamento dos materiais metálicos do AMV 1:20, TR 68, bitola mista","un",917425.54]
[2607159,"Assentamento dos materiais metálicos do AMV 1:20, UIC 60, bitola larga","un",672466.38]
[2607224,"Assentamento dos materiais metálicos do AMV 1:20, UIC 60, bitola métrica","un",584735.4]
[2607176,"Assentamento dos materiais metálicos do AMV 1:20, UIC 60, bitola mista","un",810632.8]
[2607225,"Assentamento dos materiais metálicos do AMV 1:8, TR 45, bitola larga","un",315693.15999999997]
[2607208,"Assentamento dos materiais metálicos do AMV 1:8, TR 45, bitola métrica","un",274772.40999999997]
[2607160,"Assentamento dos materiais metálicos do AMV 1:8, TR 45, bitola mista","un",378670.79]
[2607229,"Assentamento dos materiais metálicos do AMV 1:8, TR 57, bitola larga","un",399283.14]
[2607212,"Assentamento dos materiais metálicos do AMV 1:8, TR 57, bitola métrica","un",347419.85]
[2607164,"Assentamento dos materiais metálicos do AMV 1:8, TR 57, bitola mista","un",479271.31]
[2607207,"Lançamento manual de lastro em AMV com descarga da brita por caminhão","m³",195.58]
[2607206,"Lançamento mecânico de lastro em AMV com descarga da brita por caminhão e espalhamento com carregadeira de pneus","m³",191.22]
[2607344,"Nivelamento de AMV com socaria com grupo vibrador e levante de até 10 cm, abertura 1:10, bitola larga, dormente de madeira ou concreto","un",224.82]
[2607339,"Nivelamento de AMV com socaria com grupo vibrador e levante de até 10 cm, abertura 1:10, bitola métrica, dormente de madeira ou concreto","un",154.44999999999999]
[2607349,"Nivelamento de AMV com socaria com grupo vibrador e levante de até 10 cm, abertura 1:10, bitola mista, dormente de madeira ou concreto","un",343.26]
[2607345,"Nivelamento de AMV com socaria com grupo vibrador e levante de até 10 cm, abertura 1:12, bitola larga, dormente de madeira ou concreto","un",256.52999999999997]
[2607340,"Nivelamento de AMV com socaria com grupo vibrador e levante de até 10 cm, abertura 1:12, bitola métrica, dormente de madeira ou concreto","un",176.34]
[2607350,"Nivelamento de AMV com socaria com grupo vibrador e levante de até 10 cm, abertura 1:12, bitola mista, dormente de madeira ou concreto","un",392.09]
[2607346,"Nivelamento de AMV com socaria com grupo vibrador e levante de até 10 cm, abertura 1:14, bitola larga, dormente de madeira ou concreto","un",297.95999999999998]
[2607341,"Nivelamento de AMV com socaria com grupo vibrador e levante de até 10 cm, abertura 1:14, bitola métrica, dormente de madeira ou concreto","un",208.03]
[2607351,"Nivelamento de AMV com socaria com grupo vibrador e levante de até 10 cm, abertura 1:14, bitola mista, dormente de madeira ou concreto","un",455.45]
[2607347,"Nivelamento de AMV com socaria com grupo vibrador e levante de até 10 cm, abertura 1:20, bitola larga, dormente de madeira ou concreto","un",393.12]
[2607342,"Nivelamento de AMV com socaria com grupo vibrador e levante de até 10 cm, abertura 1:20, bitola métrica, dormente de madeira ou concreto","un",256.52999999999997]
[2607352,"Nivelamento de AMV com socaria com grupo vibrador e levante de até 10 cm, abertura 1:20, bitola mista, dormente de madeira ou concreto","un",599.25]
[2607343,"Nivelamento de AMV com socaria com grupo vibrador e levante de até 10 cm, abertura 1:8, bitola larga, dormente de madeira","un",180.5]
[2607338,"Nivelamento de AMV com socaria com grupo vibrador e levante de até 10 cm, abertura 1:8, bitola métrica, dormente de madeira","un",132.07]
[2607348,"Nivelamento de AMV com socaria com grupo vibrador e levante de até 10 cm, abertura 1:8, bitola mista, dormente de madeira","un",275.77]
[2607329,"Nivelamento de AMV com socaria manual e levante de até 10 cm, abertura 1:10, bitola larga, dormente de madeira ou concreto","un",514.24]
[2607324,"Nivelamento de AMV com socaria manual e levante de até 10 cm, abertura 1:10, bitola métrica, dormente de madeira ou concreto","un",351.08]
[2607334,"Nivelamento de AMV com socaria manual e levante de até 10 cm, abertura 1:10, bitola mista, dormente de madeira ou concreto","un",745.58]
[2607330,"Nivelamento de AMV com socaria manual e levante de até 10 cm, abertura 1:12, bitola larga, dormente de madeira ou concreto","un",588.02]
[2607325,"Nivelamento de AMV com socaria manual e levante de até 10 cm, abertura 1:12, bitola métrica, dormente de madeira ou concreto","un",403.19]
[2607335,"Nivelamento de AMV com socaria manual e levante de até 10 cm, abertura 1:12, bitola mista, dormente de madeira ou concreto","un",851.96]
[2607331,"Nivelamento de AMV com socaria manual e levante de até 10 cm, abertura 1:14, bitola larga, dormente de madeira ou concreto","un",683.6]
[2607326,"Nivelamento de AMV com socaria manual e levante de até 10 cm, abertura 1:14, bitola métrica, dormente de madeira ou concreto","un",476.97]
[2607336,"Nivelamento de AMV com socaria manual e levante de até 10 cm, abertura 1:14, bitola mista, dormente de madeira ou concreto","un",991.02]
[2607332,"Nivelamento de AMV com socaria manual e levante de até 10 cm, abertura 1:20, bitola larga, dormente de madeira ou concreto","un",905.01]
[2607327,"Nivelamento de AMV com socaria manual e levante de até 10 cm, abertura 1:20, bitola métrica, dormente de madeira ou concreto","un",588.02]
[2607337,"Nivelamento de AMV com socaria manual e levante de até 10 cm, abertura 1:20, bitola mista, dormente de madeira ou concreto","un",1310.26]
[2607328,"Nivelamento de AMV com socaria manual e levante de até 10 cm, abertura 1:8, bitola larga, dormente de madeira","un",412.51]
[2607323,"Nivelamento de AMV com socaria manual e levante de até 10 cm, abertura 1:8, bitola métrica, dormente de madeira","un",301.39999999999998]
[2607333,"Nivelamento de AMV com socaria manual e levante de até 10 cm, abertura 1:8, bitola mista, dormente de madeira","un",597.28]
[2607106,"Posicionamento de jogo de dormentes de concreto para AMV 1:10, bitola larga","jg",90599.81]
[2607102,"Posicionamento de jogo de dormentes de concreto para AMV 1:10, bitola métrica","jg",44610.54]
[2607261,"Posicionamento de jogo de dormentes de concreto para AMV 1:10, bitola mista","jg",90599.81]
[2607107,"Posicionamento de jogo de dormentes de concreto para AMV 1:12, bitola larga","jg",103404.41]
[2607103,"Posicionamento de jogo de dormentes de concreto para AMV 1:12, bitola métrica","jg",50771.81]
[2607262,"Posicionamento de jogo de dormentes de concreto para AMV 1:12, bitola mista","jg",103404.41]
[2607108,"Posicionamento de jogo de dormentes de concreto para AMV 1:14, bitola larga","jg",120453.82]
[2607104,"Posicionamento de jogo de dormentes de concreto para AMV 1:14, bitola métrica","jg",59990.2]
[2607263,"Posicionamento de jogo de dormentes de concreto para AMV 1:14, bitola mista","jg",120453.82]
[2607109,"Posicionamento de jogo de dormentes de concreto para AMV 1:20, bitola larga","jg",158820.79]
[2607105,"Posicionamento de jogo de dormentes de concreto para AMV 1:20, bitola métrica","jg",74605.59]
[2607264,"Posicionamento de jogo de dormentes de concreto para AMV 1:20, bitola mista","jg",158820.79]
[2607093,"Posicionamento de jogo de dormentes de madeira para AMV 1:10, bitola larga","jg",42090.720000000001]
[2607088,"Posicionamento de jogo de dormentes de madeira para AMV 1:10, bitola métrica","jg",17393.310000000001]
[2607098,"Posicionamento de jogo de dormentes de madeira para AMV 1:10, bitola mista","jg",42417.66]
[2607094,"Posicionamento de jogo de dormentes de madeira para AMV 1:12, bitola larga","jg",47443.360000000001]
[2607089,"Posicionamento de jogo de dormentes de madeira para AMV 1:12, bitola métrica","jg",19913.009999999998]
[2607099,"Posicionamento de jogo de dormentes de madeira para AMV 1:12, bitola mista","jg",47815.82]
[2607095,"Posicionamento de jogo de dormentes de madeira para AMV 1:14, bitola larga","jg",55730.78]
[2607090,"Posicionamento de jogo de dormentes de madeira para AMV 1:14, bitola métrica","jg",24246.42]
[2607260,"Posicionamento de jogo de dormentes de madeira para AMV 1:14, bitola mista","jg",56163.360000000001]
[2607096,"Posicionamento de jogo de dormentes de madeira para AMV 1:20, bitola larga","jg",73467.89]
[2607091,"Posicionamento de jogo de dormentes de madeira para AMV 1:20, bitola métrica","jg",30461.25]
[2607101,"Posicionamento de jogo de dormentes de madeira para AMV 1:20, bitola mista","jg",74038.03]
[2607092,"Posicionamento de jogo de dormentes de madeira para AMV 1:8, bitola larga","jg",33493.1]
[2607087,"Posicionamento de jogo de dormentes de madeira para AMV 1:8, bitola métrica","jg",14518.31]
[2607097,"Posicionamento de jogo de dormentes de madeira para AMV 1:8, bitola mista","jg",33754.85]
[2607198,"Regularização manual do lastro do AMV para qualquer abertura e qualquer bitola","un",311.39]
[2809170,"Demolição de AMV 1:10 TR 37, em bitola métrica, dormente de madeira, com separação e empilhamento","un",1920.47]
[2809183,"Demolição de AMV 1:10 TR 45, em bitola larga, dormente de madeira, com separação e empilhamento","un",2780.98]
[2809174,"Demolição de AMV 1:10 TR 45, em bitola métrica, dormente de madeira, com separação e empilhamento","un",2016.74]
[2809196,"Demolição de AMV 1:10 TR 45, em bitola mista, dormente de madeira, com separação e empilhamento","un",2923.02]
[2809187,"Demolição de AMV 1:10 TR 57, em bitola larga, dormente de madeira, com separação e empilhamento","un",2925.57]
[2809178,"Demolição de AMV 1:10 TR 57, em bitola métrica, dormente de madeira, com separação e empilhamento","un",2160.9899999999998]
[2809200,"Demolição de AMV 1:10 TR 57, em bitola mista, dormente de madeira, com separação e empilhamento","un",3073.65]
[2809191,"Demolição de AMV 1:10 TR 68, em bitola larga, dormente de madeira, com separação e empilhamento","un",3058.17]
[2809204,"Demolição de AMV 1:10 TR 68, em bitola mista, dormente de madeira, com separação e empilhamento","un",3211.54]
[2809171,"Demolição de AMV 1:12 TR 37, em bitola métrica, dormente de madeira, com separação e empilhamento","un",2167.52]
[2809184,"Demolição de AMV 1:12 TR 45, em bitola larga, dormente de madeira, com separação e empilhamento","un",3136.67]
[2809175,"Demolição de AMV 1:12 TR 45, em bitola métrica, dormente de madeira, com separação e empilhamento","un",2273.41]
[2809197,"Demolição de AMV 1:12 TR 45, em bitola mista, dormente de madeira, com separação e empilhamento","un",3293.38]
[2809188,"Demolição de AMV 1:12 TR 57, em bitola larga, dormente de madeira, com separação e empilhamento","un",3295.71]
[2809179,"Demolição de AMV 1:12 TR 57, em bitola métrica, dormente de madeira, com separação e empilhamento","un",2432.09]
[2809201,"Demolição de AMV 1:12 TR 57, em bitola mista, dormente de madeira, com separação e empilhamento","un",3459.06]
[2809192,"Demolição de AMV 1:12 TR 68, em bitola larga, dormente de madeira, com separação e empilhamento","un",3441.57]
[2809205,"Demolição de AMV 1:12 TR 68, em bitola mista, dormente de madeira, com separação e empilhamento","un",3610.74]
[2809172,"Demolição de AMV 1:14 TR 37, em bitola métrica, dormente de madeira, com separação e empilhamento","un",2533.41]
[2809185,"Demolição de AMV 1:14 TR 45, em bitola larga, dormente de madeira, com separação e empilhamento","un",3610.63]
[2809176,"Demolição de AMV 1:14 TR 45, em bitola métrica, dormente de madeira, com separação e empilhamento","un",2649.89]
[2809198,"Demolição de AMV 1:14 TR 45, em bitola mista, dormente de madeira, com separação e empilhamento","un",3786]
[2809189,"Demolição de AMV 1:14 TR 57, em bitola larga, dormente de madeira, com separação e empilhamento","un",3785.58]
[2809180,"Demolição de AMV 1:14 TR 57, em bitola métrica, dormente de madeira, com separação e empilhamento","un",2824.44]
[2809202,"Demolição de AMV 1:14 TR 57, em bitola mista, dormente de madeira, com separação e empilhamento","un",3968.25]
[2809193,"Demolição de AMV 1:14 TR 68, em bitola larga, dormente de madeira, com separação e empilhamento","un",3946.02]
[2809206,"Demolição de AMV 1:14 TR 68, em bitola mista, dormente de madeira, com separação e empilhamento","un",4135.1000000000004]
[2809190,"Demolição de AMV 1:20 TR 57, em bitola larga, dormente de madeira, com separação e empilhamento","un",4900.9399999999996]
[2809181,"Demolição de AMV 1:20 TR 57, em bitola métrica, dormente de madeira, com separação e empilhamento","un",3471.39]
[2809203,"Demolição de AMV 1:20 TR 57, em bitola mista, dormente de madeira, com separação e empilhamento","un",5122.08]
[2809194,"Demolição de AMV 1:20 TR 68, em bitola larga, dormente de madeira, com separação e empilhamento","un",5093.4799999999996]
[2809207,"Demolição de AMV 1:20 TR 68, em bitola mista, dormente de madeira, com separação e empilhamento","un",5322.29]
[2809169,"Demolição de AMV 1:8 TR 37, em bitola métrica, dormente de madeira, com separação e empilhamento","un",1651.92]
[2809182,"Demolição de AMV 1:8 TR 45, em bitola larga, dormente de madeira, com separação e empilhamento","un",2291.37]
[2809173,"Demolição de AMV 1:8 TR 45, em bitola métrica, dormente de madeira, com separação e empilhamento","un",1739.43]
[2809195,"Demolição de AMV 1:8 TR 45, em bitola mista, dormente de madeira, com separação e empilhamento","un",2397.83]
[2809186,"Demolição de AMV 1:8 TR 57, em bitola larga, dormente de madeira, com separação e empilhamento","un",2422.8200000000002]
[2809177,"Demolição de AMV 1:8 TR 57, em bitola métrica, dormente de madeira, com separação e empilhamento","un",1870.57]
[2809199,"Demolição de AMV 1:8 TR 57, em bitola mista, dormente de madeira, com separação e empilhamento","un",2534.77]
[2809219,"Demolição de via, bitola larga, 1.667 dormentes de madeira/km, trilho TR 45, barra com 12 m de comprimento, com separação e empilhamento","km",23020.03]
[2809220,"Demolição de via, bitola larga, 1.667 dormentes de madeira/km, trilho TR 57, barra com 12 m de comprimento, com separação e empilhamento","km",24524.61]
[2809221,"Demolição de via, bitola larga, 1.667 dormentes de madeira/km, trilho TR 68, barra com 12 m de comprimento, com separação e empilhamento","km",25258.07]
[2809163,"Demolição de via, bitola larga, 1.750 dormentes de madeira/km, trilho TR 45, barra com 12 m de comprimento, com separação e empilhamento","km",24035.78]
[2809164,"Demolição de via, bitola larga, 1.750 dormentes de madeira/km, trilho TR 57, barra com 12 m de comprimento, com separação e empilhamento","km",25595.7]
[2809165,"Demolição de via, bitola larga, 1.750 dormentes de madeira/km, trilho TR 68, barra com 12 m de comprimento, com separação e empilhamento","km",26349.82]
[2809216,"Demolição de via, bitola métrica, 1.667 dormentes de madeira/km, trilho TR 37, barra com 12 m de comprimento, com separação e empilhamento","km",21399.37]
[2809217,"Demolição de via, bitola métrica, 1.667 dormentes de madeira/km, trilho TR 45, barra com 12 m de comprimento, com separação e empilhamento","km",21787.02]
[2809218,"Demolição de via, bitola métrica, 1.667 dormentes de madeira/km, trilho TR 57, barra com 12 m de comprimento, com separação e empilhamento","km",23283.599999999999]
[2809160,"Demolição de via, bitola métrica, 1.750 dormentes de madeira/km, trilho TR 37, barra com 12 m de comprimento, com separação e empilhamento","km",22351.88]
[2809161,"Demolição de via, bitola métrica, 1.750 dormentes de madeira/km, trilho TR 45, barra com 12 m de comprimento, com separação e empilhamento","km",22742.34]
[2809162,"Demolição de via, bitola métrica, 1.750 dormentes de madeira/km, trilho TR 57, barra com 12 m de comprimento, com separação e empilhamento","km",24294.11]
[2809222,"Demolição de via, bitola mista, 1.667 dormentes de madeira/km, trilho TR 45, barra com 12 m de comprimento, com separação e empilhamento","km",21020]
[2809223,"Demolição de via, bitola mista, 1.667 dormentes de madeira/km, trilho TR 57, barra com 12 m de comprimento, com separação e empilhamento","km",26930.73]
[2809224,"Demolição de via, bitola mista, 1.667 dormentes de madeira/km, trilho TR 68, barra com 12 m de comprimento, com separação e empilhamento","km",28030.92]
[2809166,"Demolição de via, bitola mista, 1.750 dormentes de madeira/km, trilho TR 45, barra com 12 m de comprimento, com separação e empilhamento","km",21873.439999999999]
[2809167,"Demolição de via, bitola mista, 1.750 dormentes de madeira/km, trilho TR 57, barra com 12 m de comprimento, com separação e empilhamento","km",28073.23]
[2809168,"Demolição de via, bitola mista, 1.750 dormentes de madeira/km, trilho TR 68, barra com 12 m de comprimento, com separação e empilhamento","km",29204.41]
[2809158,"Retirada manual de dormente de madeira, bitola larga ou mista, com separação e empilhamento","un",10.47]
[2809159,"Retirada manual de dormente de madeira, bitola métrica, com separação e empilhamento","un",7.87]
[2909152,"Aferição da geometria da via com carro controle","km",117.28]
[2909153,"Capina química da plataforma ferroviária","km",158.47999999999999]
[2909151,"Estabilização dinâmica da via","km",62.33]
[2909145,"Nivelamento de junta com socaria manual da via","un",10.31]
[2909379,"Nivelamento de via com grupo gerador/vibrador e levante de até 10 cm - bitola métrica ou larga com dormente de madeira ou concreto e taxa de dormentação de 1.667 un/km","km",5752.49]
[2909381,"Nivelamento de via com grupo gerador/vibrador e levante de até 10 cm - bitola métrica ou larga com dormente de madeira ou concreto e taxa de dormentação de 1.750 un/km","km",6019.46]
[2909388,"Nivelamento de via com grupo gerador/vibrador e levante de até 10 cm - bitola métrica ou larga com dormente de madeira ou concreto e taxa de dormentação de 1.850 un/km","km",6341.93]
[2909380,"Nivelamento de via com grupo gerador/vibrador e levante de até 10 cm - bitola mista com dormente de madeira ou concreto e taxa de dormentação de 1.667 un/km","km",8431.5400000000009]
[2909382,"Nivelamento de via com grupo gerador/vibrador e levante de até 10 cm - bitola mista com dormente de madeira ou concreto e taxa de dormentação de 1.750 un/km","km",8831.09]
[2909387,"Nivelamento de via com grupo gerador/vibrador e levante de até 10 cm - bitola mista com dormente de madeira ou concreto e taxa de dormentação de 1.850 un/km","km",9316.83]
[2909375,"Nivelamento de via com socaria manual e levante de até 10 cm - bitola métrica ou larga com dormente de madeira ou concreto e taxa de dormentação de 1.667 un/km","km",9199.52]
[2909377,"Nivelamento de via com socaria manual e levante de até 10 cm - bitola métrica ou larga com dormente de madeira ou concreto e taxa de dormentação de 1.750 un/km","km",9629.14]
[2909386,"Nivelamento de via com socaria manual e levante de até 10 cm - bitola métrica ou larga com dormente de madeira ou concreto e taxa de dormentação de 1.850 un/km","km",10147.24]
[2909376,"Nivelamento de via com socaria manual e levante de até 10 cm - bitola mista com dormente de madeira ou concreto e taxa de dormentação de 1.667 un/km","km",13511.93]
[2909378,"Nivelamento de via com socaria manual e levante de até 10 cm - bitola mista com dormente de madeira ou concreto e taxa de dormentação de 1.750 un/km","km",14161.54]
[2909385,"Nivelamento de via com socaria manual e levante de até 10 cm - bitola mista com dormente de madeira ou concreto e taxa de dormentação de 1.850 un/km","km",14934.23]
[2909383,"Nivelamento e alinhamento de via com socadora automática e levante de até 10 cm - qualquer bitola ou dormente e taxa de dormentação de 1.667 un/km","km",5469.14]
[2909384,"Nivelamento e alinhamento de via com socadora automática e levante de até 10 cm - qualquer bitola ou dormente e taxa de dormentação de 1.750 un/km","km",5741.48]
[2909148,"Regularização do lastro com reguladora de lastro","km",436.3]
[2909389,"Regularização manual do lastro em via corrida, bitola larga, com qualquer tipo de dormente","km",3346.19]
[2909390,"Regularização manual do lastro em via corrida, bitola métrica, com qualquer tipo de dormente","km",2356.48]
[2909391,"Regularização manual do lastro em via corrida, bitola mista, com qualquer tipo de dormente","km",4015.68]
[3009336,"Alívio de tensão, com martelo de bronze, em TLS com 120 de comprimento de TR45, taxa de dormentação de 1.667 un/km, para qualquer bitola e fixação elástica","un",93.31]
[3009337,"Alívio de tensão, com martelo de bronze, em TLS com 120 de comprimento de TR45, taxa de dormentação de 1.750 un/km, para qualquer bitola e fixação elástica","un",95.79]
[3009340,"Alívio de tensão, com martelo de bronze, em TLS com 120 de comprimento de TR57, taxa de dormentação de 1.667 un/km, para qualquer bitola e fixação elástica","un",178.43]
[3009341,"Alívio de tensão, com martelo de bronze, em TLS com 120 de comprimento de TR57, taxa de dormentação de 1.750 un/km, para qualquer bitola e fixação elástica","un",183.38]
[3009344,"Alívio de tensão, com martelo de bronze, em TLS com 120 de comprimento de TR68, taxa de dormentação de 1.667 un/km, para qualquer bitola e fixação elástica","un",93.72]
[3009345,"Alívio de tensão, com martelo de bronze, em TLS com 120 de comprimento de TR68, taxa de dormentação de 1.750 un/km, para qualquer bitola e fixação elástica","un",96.2]
[3009348,"Alívio de tensão, com martelo de bronze, em TLS com 120 de comprimento de UIC60, taxa de dormentação de 1.667 un/km, para qualquer bitola e fixação elástica","un",178.49]
[3009349,"Alívio de tensão, com martelo de bronze, em TLS com 120 de comprimento de UIC60, taxa de dormentação de 1.750 un/km, para qualquer bitola e fixação elástica","un",183.44]
[3009338,"Alívio de tensão, com martelo de bronze, em TLS com 240 de comprimento de TR45, taxa de dormentação de 1.667 un/km, para qualquer bitola e fixação elástica","un",93.31]
[3009339,"Alívio de tensão, com martelo de bronze, em TLS com 240 de comprimento de TR45, taxa de dormentação de 1.750 un/km, para qualquer bitola e fixação elástica","un",95.79]
[3009342,"Alívio de tensão, com martelo de bronze, em TLS com 240 de comprimento de TR57, taxa de dormentação de 1.667 un/km, para qualquer bitola e fixação elástica","un",178.43]
[3009343,"Alívio de tensão, com martelo de bronze, em TLS com 240 de comprimento de TR57, taxa de dormentação de 1.750 un/km, para qualquer bitola e fixação elástica","un",183.38]
[3009346,"Alívio de tensão, com martelo de bronze, em TLS com 240 de comprimento de TR68, taxa de dormentação de 1.667 un/km, para qualquer bitola e fixação elástica","un",93.72]
[3009347,"Alívio de tensão, com martelo de bronze, em TLS com 240 de comprimento de TR68, taxa de dormentação de 1.750 un/km, para qualquer bitola e fixação elástica","un",96.2]
[3009350,"Alívio de tensão, com martelo de bronze, em TLS com 240 de comprimento de UIC60, taxa de dormentação de 1.667 un/km, para qualquer bitola e fixação elástica","un",178.49]
[3009351,"Alívio de tensão, com martelo de bronze, em TLS com 240 de comprimento de UIC60, taxa de dormentação de 1.750 un/km, para qualquer bitola e fixação elástica","un",183.44]
[3009080,"Colocação manual de grampo elástico Pandrol","un",0.14000000000000001]
[3009075,"Colocação manual de retensor para trilho TR45","un",49.75]
[3009076,"Colocação manual de retensor para trilho TR57","un",51.49]
[3009077,"Colocação manual de retensor para trilho TR68","un",53.89]
[3009078,"Colocação manual de retensor para trilho UIC60","un",55.76]
[3009087,"Colocação mecanizada de grampo elástico Pandrol","un",0.09]
[3009085,"Contratrilho TR45, comprimento de 12 m, sobre dormente de madeira, taxa de dormentação de 1.750 un/km, tala de junção de 6 furos e fixação rígida - posicionamento e assentamento manual","m",1681.17]
[3009086,"Contratrilho TR57, comprimento de 12 m, sobre dormente de madeira, taxa de dormentação de 1.750 un/km, tala de junção de 6 furos e fixação rígida - posicionamento e assentamento manual","m",2103.0500000000002]
[3009089,"Contratrilho TR68, comprimento de 12 m, sobre dormente de madeira, taxa de dormentação de 1.750 un/km, tala de junção de 6 furos e fixação rígida - posicionamento e assentamento manual","m",2473.9899999999998]
[3009090,"Contratrilho UIC60, comprimento de 12 m, sobre dormente de madeira, taxa de dormentação de 1.750 un/km, tala de junção de 6 furos e fixação rígida - posicionamento e assentamento manual","m",2213.5]
[3009004,"Dormente de concreto monobloco protendido bitola larga - confecção","un",397.93]
[3009002,"Dormente de concreto monobloco protendido bitola métrica - confecção","un",301.51]
[3009006,"Dormente de concreto monobloco protendido bitola mista - confecção","un",545.79]
[3009335,"Dormente de concreto monobloco protendido para AMV bitola larga ou mista - confecção","un",1041.44]
[3009334,"Dormente de concreto monobloco protendido para AMV bitola métrica - confecção","un",742.91]
[3009280,"Dormente de concreto monobloco, bitola larga, taxa de dormentação de 1.667 un/km, fixação elástica Pandrol - posicionamento mecanizado com carregadeira","km",686002.11]
[3009281,"Dormente de concreto monobloco, bitola larga, taxa de dormentação de 1.667 un/km, fixação elástica Pandrol - posicionamento mecanizado com pórtico","km",678363.92]
[3009061,"Dormente de concreto monobloco, bitola larga, taxa de dormentação de 1.750 un/km, fixação elástica Pandrol - posicionamento mecanizado com carregadeira","km",720159.18]
[3009062,"Dormente de concreto monobloco, bitola larga, taxa de dormentação de 1.750 un/km, fixação elástica Pandrol - posicionamento mecanizado com pórtico","km",712139.64]
[3009278,"Dormente de concreto monobloco, bitola métrica, taxa de dormentação de 1.667 un/km, fixação elástica Pandrol - posicionamento mecanizado com carregadeira","km",520491.85]
[3009279,"Dormente de concreto monobloco, bitola métrica, taxa de dormentação de 1.667 un/km, fixação elástica Pandrol - posicionamento mecanizado com pórtico","km",515002.28]
[3009059,"Dormente de concreto monobloco, bitola métrica, taxa de dormentação de 1.750 un/km, fixação elástica Pandrol - posicionamento mecanizado com carregadeira","km",546408.15]
[3009060,"Dormente de concreto monobloco, bitola métrica, taxa de dormentação de 1.750 un/km, fixação elástica Pandrol - posicionamento mecanizado com pórtico","km",540644.21]
[3009282,"Dormente de concreto monobloco, bitola mista, taxa de dormentação de 1.667 un/km, fixação elástica Pandrol - posicionamento mecanizado com carregadeira","km",932481.4]
[3009283,"Dormente de concreto monobloco, bitola mista, taxa de dormentação de 1.667 un/km, fixação elástica Pandrol - posicionamento mecanizado com pórtico","km",924845.21]
[3009063,"Dormente de concreto monobloco, bitola mista, taxa de dormentação de 1.750 un/km, fixação elástica Pandrol - posicionamento mecanizado com carregadeira","km",978910.68]
[3009064,"Dormente de concreto monobloco, bitola mista, taxa de dormentação de 1.750 un/km, fixação elástica Pandrol - posicionamento mecanizado com pórtico","km",970893.24]
[3009081,"Dormente de madeira para ponte, bitola métrica ou larga, para TR45, fixação rígida - posicionamento e assentamento mecanizado","un",764.4]
[3009082,"Dormente de madeira para ponte, bitola métrica ou larga, para TR57, fixação rígida - posicionamento e assentamento mecanizado","un",918.94]
[3009083,"Dormente de madeira para ponte, bitola métrica ou larga, para TR68, fixação rígida - posicionamento e assentamento mecanizado","un",933.96]
[3009084,"Dormente de madeira para ponte, bitola métrica ou larga, para UIC60, fixação rígida - posicionamento e assentamento mecanizado","un",939.09]
[3009070,"Dormente de madeira, bitola larga ou mista - posicionamento manual","un",364.75]
[3009285,"Dormente de madeira, bitola larga ou mista, taxa de dormentação de 1.667 un/km - posicionamento mecanizado com carregadeira","km",589254.1]
[3009072,"Dormente de madeira, bitola larga ou mista, taxa de dormentação de 1.750 un/km - posicionamento mecanizado com carregadeira","km",618594.06999999995]
[3009069,"Dormente de madeira, bitola métrica - posicionamento manual","un",228.7]
[3009284,"Dormente de madeira, bitola métrica, taxa de dormentação de 1.667 un/km - posicionamento mecanizado com carregadeira","km",367040.03]
[3009071,"Dormente de madeira, bitola métrica, taxa de dormentação de 1.750 un/km - posicionamento mecanizado com carregadeira","km",385315.95]
[3009091,"Lançamento de lastro, 10 cm de altura, primeiro levante, descarga de pedra britada de caminhões","m³",205.46]
[3009058,"Lubrificador de trilhos e de flanges de rodas","un",91758.66]
[3009229,"Posicionamento mecanizado de trilhos","km",172.69]
[3009132,"Pré-alinhamento manual da grade com dormente de madeira","km",1237.1500000000001]
[3009133,"Pré-alinhamento mecanizado da grade","km",1498.49]
[3009321,"Solda aluminotérmica para TR45 com cadinho descartável, executada no campo, para formação de trilho longo soldado (TLS)","un",1429.45]
[3009322,"Solda aluminotérmica para TR57 com cadinho descartável, executada no campo, para formação de trilho longo soldado (TLS)","un",1438.38]
[3009323,"Solda aluminotérmica para TR68 com cadinho descartável, executada no campo, para formação de trilho longo soldado (TLS)","un",1519.54]
[3009324,"Solda aluminotérmica para UIC60 com cadinho descartável, executada no campo, para formação de trilho longo soldado (TLS)","un",1455.33]
[3009096,"Solda elétrica por caldeamento para qualquer perfil de trilho, comprimento de 12 m, em estaleiro para formação de trilho longo soldado","un",257.02]
[3009330,"Solda elétrica por caldeamento para trilho TR45, comprimento de até 24 m, em via com dormente de concreto para formação de barra ou trilho longo soldado","un",209.54]
[3009326,"Solda elétrica por caldeamento para trilho TR45, comprimento de até 24 m, em via com dormente de madeira para formação de barra ou trilho longo soldado","un",215.38]
[3009234,"Trilho TR45, comprimento de 12 m, sobre dormente de concreto, bitola métrica ou larga, taxa de dormentação de 1.667 un/km, tala de junção de 6 furos e fixação elástica Pandrol - posicionamento e assentamento manual","km",1743053.54]
[3009022,"Trilho TR45, comprimento de 12 m, sobre dormente de concreto, bitola métrica ou larga, taxa de dormentação de 1.750 un/km, tala de junção de 6 furos e fixação elástica Pandrol - posicionamento e assentamento manual","km",1750027.14]
[3009230,"Trilho TR45, comprimento de 12 m, sobre dormente de concreto, bitola mista, taxa de dormentação de 1.667 un/km, tala de junção de 6 furos e fixação elástica Pandrol - posicionamento e assentamento manual","km",2614735.08]
[3009018,"Trilho TR45, comprimento de 12 m, sobre dormente de concreto, bitola mista, taxa de dormentação de 1.750 un/km, tala de junção de 6 furos e fixação elástica Pandrol - posicionamento e assentamento manual","km",2625195.48]
[3009288,"Trilho TR45, comprimento de 12 m, sobre dormente de madeira, bitola métrica ou larga, taxa de dormentação de 1.667 un/km, tala de junção de 6 furos e fixação rígida - posicionamento e assentamento manual","km",2108591.16]
[3009013,"Trilho TR45, comprimento de 12 m, sobre dormente de madeira, bitola métrica ou larga, taxa de dormentação de 1.750 un/km, tala de junção de 6 furos e fixação rígida - posicionamento e assentamento manual","km",2133560.4700000002]
[3009292,"Trilho TR45, comprimento de 12 m, sobre dormente de madeira, bitola mista, taxa de dormentação de 1.667 un/km, tala de junção de 6 furos e fixação rígida - posicionamento e assentamento manual","km",3162889.3]
[3009225,"Trilho TR45, comprimento de 12 m, sobre dormente de madeira, bitola mista, taxa de dormentação de 1.750 un/km, tala de junção de 6 furos e fixação rígida - posicionamento e assentamento manual","km",3200343.44]
[3009100,"Trilho TR45, comprimento de 120 m (TLS), formado por trilhos curtos de 12 m soldados por caldeamento - confecção em estaleiro","un",88986.19]
[3009238,"Trilho TR45, comprimento de 120 m (TLS), sobre dormente de concreto, bitola métrica ou larga, taxa de dormentação de 1.667 un/km, tala de junção de 6 furos e fixação elástica Pandrol - posicionamento e assentamento mecanizado","km",1642089.71]
[3009304,"Trilho TR45, comprimento de 120 m (TLS), sobre dormente de concreto, bitola mista, taxa de dormentação de 1.667 un/km, tala de junção de 6 furos e fixação elástica Pandrol - posicionamento e assentamento mecanizado","km",2463047.85]
[3009030,"Trilho TR45, comprimento de 120 m (TLS), sobre dormente de concreto, bitola mista, taxa de dormentação de 1.750 un/km, tala de junção de 6 furos e fixação elástica Pandrol - posicionamento e assentamento mecanizado","km",2473500.6800000002]
[3009254,"Trilho TR45, comprimento de 120 m (TLS), sobre dormente de madeira, bitola métrica ou larga, taxa de dormentação de 1.667 un/km, tala de junção de 6 furos e fixação elástica Pandrol - posicionamento e assentamento mecanizado","km",2129063.08]
[3009262,"Trilho TR45, comprimento de 120 m (TLS), sobre dormente de madeira, bitola métrica ou larga, taxa de dormentação de 1.667 un/km, tala de junção de 6 furos e fixação rígida - posicionamento e assentamento mecanizado","km",2006217.87]
[3009034,"Trilho TR45, comprimento de 120 m (TLS), sobre dormente de madeira, bitola métrica ou larga, taxa de dormentação de 1.750 un/km, tala de junção de 6 furos e fixação elástica Pandrol - posicionamento e assentamento mecanizado","km",2160546.2999999998]
[3009042,"Trilho TR45, comprimento de 120 m (TLS), sobre dormente de madeira, bitola métrica ou larga, taxa de dormentação de 1.750 un/km, tala de junção de 6 furos e fixação rígida - posicionamento e assentamento mecanizado","km",2031584.47]
[3009270,"Trilho TR45, comprimento de 120 m (TLS), sobre dormente de madeira, bitola mista, taxa de dormentação de 1.667 un/km, tala de junção de 6 furos e fixação elástica Pandrol - posicionamento e assentamento mecanizado","km",3194255.13]
[3009050,"Trilho TR45, comprimento de 120 m (TLS), sobre dormente de madeira, bitola mista, taxa de dormentação de 1.750 un/km, tala de junção de 6 furos e fixação elástica Pandrol - posicionamento e assentamento mecanizado","km",3241517.59]
[3009101,"Trilho TR45, comprimento de 240 m (TLS), formado por trilhos curtos de 12 m soldados por caldeamento - confecção em estaleiro","un",178229.4]
[3009246,"Trilho TR45, comprimento de 240 m (TLS), sobre dormente de concreto, bitola métrica ou larga, taxa de dormentação de 1.667 un/km, tala de junção de 6 furos e fixação elástica Pandrol - posicionamento e assentamento mecanizado","km",1636871.83]
[3009208,"Trilho TR45, comprimento de 240 m (TLS), sobre dormente de concreto, bitola métrica ou larga, taxa de dormentação de 1.750 un/km, tala de junção de 6 furos e fixação elástica Pandrol - posicionamento e assentamento mecanizado","km",1643840.58]
[3009308,"Trilho TR45, comprimento de 240 m (TLS), sobre dormente de concreto, bitola mista, taxa de dormentação de 1.667 un/km, tala de junção de 6 furos e fixação elástica Pandrol - posicionamento e assentamento mecanizado","km",2455222.2999999998]
[3009212,"Trilho TR45, comprimento de 240 m (TLS), sobre dormente de concreto, bitola mista, taxa de dormentação de 1.750 un/km, tala de junção de 6 furos e fixação elástica Pandrol - posicionamento e assentamento mecanizado","km",2465675.42]
[3009258,"Trilho TR45, comprimento de 240 m (TLS), sobre dormente de madeira, bitola métrica ou larga, taxa de dormentação de 1.667 un/km, tala de junção de 6 furos e fixação elástica Pandrol - posicionamento e assentamento mecanizado","km",2123901.94]
[3009266,"Trilho TR45, comprimento de 240 m (TLS), sobre dormente de madeira, bitola métrica ou larga, taxa de dormentação de 1.667 un/km, tala de junção de 6 furos e fixação rígida - posicionamento e assentamento mecanizado","km",2001056.73]
[3009038,"Trilho TR45, comprimento de 240 m (TLS), sobre dormente de madeira, bitola métrica ou larga, taxa de dormentação de 1.750 un/km, tala de junção de 6 furos e fixação elástica Pandrol - posicionamento e assentamento mecanizado","km",2155385.15]
[3009046,"Trilho TR45, comprimento de 240 m (TLS), sobre dormente de madeira, bitola métrica ou larga, taxa de dormentação de 1.750 un/km, tala de junção de 6 furos e fixação rígida - posicionamento e assentamento mecanizado","km",2026423.32]
[3009274,"Trilho TR45, comprimento de 240 m (TLS), sobre dormente de madeira, bitola mista, taxa de dormentação de 1.667 un/km, tala de junção de 6 furos e fixação elástica Pandrol - posicionamento e assentamento mecanizado","km",3186514.75]
[3009054,"Trilho TR45, comprimento de 240 m (TLS), sobre dormente de madeira, bitola mista, taxa de dormentação de 1.750 un/km, tala de junção de 6 furos e fixação elástica Pandrol - posicionamento e assentamento mecanizado","km",3233777.22]
[3009235,"Trilho TR57, comprimento de 12 m, sobre dormente de concreto, bitola métrica ou larga, taxa de dormentação de 1.667 un/km, tala de junção de 6 furos e fixação elástica Pandrol - posicionamento e assentamento manual","km",2165354.2799999998]
[3009023,"Trilho TR57, comprimento de 12 m, sobre dormente de concreto, bitola métrica ou larga, taxa de dormentação de 1.750 un/km, tala de junção de 6 furos e fixação elástica Pandrol - posicionamento e assentamento manual","km",2172121.69]
[3009231,"Trilho TR57, comprimento de 12 m, sobre dormente de concreto, bitola mista, taxa de dormentação de 1.667 un/km, tala de junção de 6 furos e fixação elástica Pandrol - posicionamento e assentamento manual","km",3246296.69]
[3009019,"Trilho TR57, comprimento de 12 m, sobre dormente de concreto, bitola mista, taxa de dormentação de 1.750 un/km, tala de junção de 6 furos e fixação elástica Pandrol - posicionamento e assentamento manual","km",3258801.26]
[3009289,"Trilho TR57, comprimento de 12 m, sobre dormente de madeira, bitola métrica ou larga, taxa de dormentação de 1.667 un/km, tala de junção de 6 furos e fixação rígida - posicionamento e assentamento manual","km",2788244.42]
[3009014,"Trilho TR57, comprimento de 12 m, sobre dormente de madeira, bitola métrica ou larga, taxa de dormentação de 1.750 un/km, tala de junção de 6 furos e fixação rígida - posicionamento e assentamento manual","km",2826313.94]
[3009293,"Trilho TR57, comprimento de 12 m, sobre dormente de madeira, bitola mista, taxa de dormentação de 1.667 un/km, tala de junção de 6 furos e fixação rígida - posicionamento e assentamento manual","km",4182369.28]
[3009226,"Trilho TR57, comprimento de 12 m, sobre dormente de madeira, bitola mista, taxa de dormentação de 1.750 un/km, tala de junção de 6 furos e fixação rígida - posicionamento e assentamento manual","km",4239473.84]
[3009102,"Trilho TR57, comprimento de 120 m (TLS), formado por trilhos curtos de 12 m soldados por caldeamento - confecção em estaleiro","un",112790.2]
[3009297,"Trilho TR57, comprimento de 120 m (TLS), sobre dormente de concreto, bitola métrica ou larga, taxa de dormentação de 1.667 un/km, tala de junção de 6 furos e fixação elástica Pandrol - posicionamento e assentamento mecanizado","km",2041238]
[3009027,"Trilho TR57, comprimento de 120 m (TLS), sobre dormente de concreto, bitola métrica ou larga, taxa de dormentação de 1.750 un/km, tala de junção de 6 furos e fixação elástica Pandrol - posicionamento e assentamento mecanizado","km",2048206.66]
[3009305,"Trilho TR57, comprimento de 120 m (TLS), sobre dormente de concreto, bitola mista, taxa de dormentação de 1.667 un/km, tala de junção de 6 furos e fixação elástica Pandrol - posicionamento e assentamento mecanizado","km",3061770.17]
[3009031,"Trilho TR57, comprimento de 120 m (TLS), sobre dormente de concreto, bitola mista, taxa de dormentação de 1.750 un/km, tala de junção de 6 furos e fixação elástica Pandrol - posicionamento e assentamento mecanizado","km",3072223]
[3009255,"Trilho TR57, comprimento de 120 m (TLS), sobre dormente de madeira, bitola métrica ou larga, taxa de dormentação de 1.667 un/km, tala de junção de 6 furos e fixação elástica Pandrol - posicionamento e assentamento mecanizado","km",2652776.14]
[3009263,"Trilho TR57, comprimento de 120 m (TLS), sobre dormente de madeira, bitola métrica ou larga, taxa de dormentação de 1.667 un/km, tala de junção de 6 furos e fixação rígida - posicionamento e assentamento mecanizado","km",2662985.7400000002]
[3009035,"Trilho TR57, comprimento de 120 m (TLS), sobre dormente de madeira, bitola métrica ou larga, taxa de dormentação de 1.750 un/km, tala de junção de 6 furos e fixação elástica Pandrol - posicionamento e assentamento mecanizado","km",2690461.44]
[3009043,"Trilho TR57, comprimento de 120 m (TLS), sobre dormente de madeira, bitola métrica ou larga, taxa de dormentação de 1.750 un/km, tala de junção de 6 furos e fixação rígida - posicionamento e assentamento mecanizado","km",2701179.23]
[3009271,"Trilho TR57, comprimento de 120 m (TLS), sobre dormente de madeira, bitola mista, taxa de dormentação de 1.667 un/km, tala de junção de 6 furos e fixação elástica Pandrol - posicionamento e assentamento mecanizado","km",3979824.6]
[3009051,"Trilho TR57, comprimento de 120 m (TLS), sobre dormente de madeira, bitola mista, taxa de dormentação de 1.750 un/km, tala de junção de 6 furos e fixação elástica Pandrol - posicionamento e assentamento mecanizado","km",4036390.19]
[3009103,"Trilho TR57, comprimento de 240 m (TLS), formado por trilhos curtos de 12 m soldados por caldeamento - confecção em estaleiro","un",225837.42]
[3009247,"Trilho TR57, comprimento de 240 m (TLS), sobre dormente de concreto, bitola métrica ou larga, taxa de dormentação de 1.667 un/km, tala de junção de 6 furos e fixação elástica Pandrol - posicionamento e assentamento mecanizado","km",2034813.57]
[3009209,"Trilho TR57, comprimento de 240 m (TLS), sobre dormente de concreto, bitola métrica ou larga, taxa de dormentação de 1.750 un/km, tala de junção de 6 furos e fixação elástica Pandrol - posicionamento e assentamento mecanizado","km",2041782.32]
[3009309,"Trilho TR57, comprimento de 240 m (TLS), sobre dormente de concreto, bitola mista, taxa de dormentação de 1.667 un/km, tala de junção de 6 furos e fixação elástica Pandrol - posicionamento e assentamento mecanizado","km",3052135.14]
[3009213,"Trilho TR57, comprimento de 240 m (TLS), sobre dormente de concreto, bitola mista, taxa de dormentação de 1.750 un/km, tala de junção de 6 furos e fixação elástica Pandrol - posicionamento e assentamento mecanizado","km",3062588.26]
[3009259,"Trilho TR57, comprimento de 240 m (TLS), sobre dormente de madeira, bitola métrica ou larga, taxa de dormentação de 1.667 un/km, tala de junção de 6 furos e fixação elástica Pandrol - posicionamento e assentamento mecanizado","km",2646408.44]
[3009267,"Trilho TR57, comprimento de 240 m (TLS), sobre dormente de madeira, bitola métrica ou larga, taxa de dormentação de 1.667 un/km, tala de junção de 6 furos e fixação rígida - posicionamento e assentamento mecanizado","km",2656618.04]
[3009039,"Trilho TR57, comprimento de 240 m (TLS), sobre dormente de madeira, bitola métrica ou larga, taxa de dormentação de 1.750 un/km, tala de junção de 6 furos e fixação elástica Pandrol - posicionamento e assentamento mecanizado","km",2684093.7400000002]
[3009047,"Trilho TR57, comprimento de 240 m (TLS), sobre dormente de madeira, bitola métrica ou larga, taxa de dormentação de 1.750 un/km, tala de junção de 6 furos e fixação rígida - posicionamento e assentamento mecanizado","km",2694811.52]
[3009275,"Trilho TR57, comprimento de 240 m (TLS), sobre dormente de madeira, bitola mista, taxa de dormentação de 1.667 un/km, tala de junção de 6 furos e fixação elástica Pandrol - posicionamento e assentamento mecanizado","km",3970274.74]
[3009055,"Trilho TR57, comprimento de 240 m (TLS), sobre dormente de madeira, bitola mista, taxa de dormentação de 1.750 un/km, tala de junção de 6 furos e fixação elástica Pandrol - posicionamento e assentamento mecanizado","km",4026840.33]
[3009236,"Trilho TR68, comprimento de 12 m, sobre dormente de concreto, bitola métrica ou larga, taxa de dormentação de 1.667 un/km, tala de junção de 6 furos e fixação elástica Pandrol - posicionamento e assentamento manual","km",2537720.64]
[3009024,"Trilho TR68, comprimento de 12 m, sobre dormente de concreto, bitola métrica ou larga, taxa de dormentação de 1.750 un/km, tala de junção de 6 furos e fixação elástica Pandrol - posicionamento e assentamento manual","km",2542959.38]
[3009232,"Trilho TR68, comprimento de 12 m, sobre dormente de concreto, bitola mista, taxa de dormentação de 1.667 un/km, tala de junção de 6 furos e fixação elástica Pandrol - posicionamento e assentamento manual","km",3802759.42]
[3009020,"Trilho TR68, comprimento de 12 m, sobre dormente de concreto, bitola mista, taxa de dormentação de 1.750 un/km, tala de junção de 6 furos e fixação elástica Pandrol - posicionamento e assentamento manual","km",3812858.98]
[3009290,"Trilho TR68, comprimento de 12 m, sobre dormente de madeira, bitola métrica ou larga, taxa de dormentação de 1.667 un/km, tala de junção de 6 furos e fixação rígida - posicionamento e assentamento manual","km",3184123.28]
[3009015,"Trilho TR68, comprimento de 12 m, sobre dormente de madeira, bitola métrica ou larga, taxa de dormentação de 1.750 un/km, tala de junção de 6 furos e fixação rígida - posicionamento e assentamento manual","km",3223439.6]
[3009294,"Trilho TR68, comprimento de 12 m, sobre dormente de madeira, bitola mista, taxa de dormentação de 1.667 un/km, tala de junção de 6 furos e fixação rígida - posicionamento e assentamento manual","km",4776187.58]
[3009227,"Trilho TR68, comprimento de 12 m, sobre dormente de madeira, bitola mista, taxa de dormentação de 1.750 un/km, tala de junção de 6 furos e fixação rígida - posicionamento e assentamento manual","km",4835162.33]
[3009104,"Trilho TR68, comprimento de 120 m (TLS), formado por trilhos curtos de 12 m soldados por caldeamento - confecção em estaleiro","un",133487.65]
[3009240,"Trilho TR68, comprimento de 120 m (TLS), sobre dormente de concreto, bitola métrica ou larga, taxa de dormentação de 1.667 un/km, tala de junção de 6 furos e fixação elástica Pandrol - posicionamento e assentamento mecanizado","km",2388698.54]
[3009028,"Trilho TR68, comprimento de 120 m (TLS), sobre dormente de concreto, bitola métrica ou larga, taxa de dormentação de 1.750 un/km, tala de junção de 6 furos e fixação elástica Pandrol - posicionamento e assentamento mecanizado","km",2395667.2000000002]
[3009306,"Trilho TR68, comprimento de 120 m (TLS), sobre dormente de concreto, bitola mista, taxa de dormentação de 1.667 un/km, tala de junção de 6 furos e fixação elástica Pandrol - posicionamento e assentamento mecanizado","km",3582960.88]
[3009032,"Trilho TR68, comprimento de 120 m (TLS), sobre dormente de concreto, bitola mista, taxa de dormentação de 1.750 un/km, tala de junção de 6 furos e fixação elástica Pandrol - posicionamento e assentamento mecanizado","km",3593413.7]
[3009256,"Trilho TR68, comprimento de 120 m (TLS), sobre dormente de madeira, bitola métrica ou larga, taxa de dormentação de 1.667 un/km, tala de junção de 6 furos e fixação elástica Pandrol - posicionamento e assentamento mecanizado","km",3026750.04]
[3009264,"Trilho TR68, comprimento de 120 m (TLS), sobre dormente de madeira, bitola métrica ou larga, taxa de dormentação de 1.667 un/km, tala de junção de 6 furos e fixação rígida - posicionamento e assentamento mecanizado","km",3035487.46]
[3009036,"Trilho TR68, comprimento de 120 m (TLS), sobre dormente de madeira, bitola métrica ou larga, taxa de dormentação de 1.750 un/km, tala de junção de 6 furos e fixação elástica Pandrol - posicionamento e assentamento mecanizado","km",3065755.44]
[3009044,"Trilho TR68, comprimento de 120 m (TLS), sobre dormente de madeira, bitola métrica ou larga, taxa de dormentação de 1.750 un/km, tala de junção de 6 furos e fixação rígida - posicionamento e assentamento mecanizado","km",3074927.74]
[3009272,"Trilho TR68, comprimento de 120 m (TLS), sobre dormente de madeira, bitola mista, taxa de dormentação de 1.667 un/km, tala de junção de 6 furos e fixação elástica Pandrol - posicionamento e assentamento mecanizado","km",4540785.3499999996]
[3009052,"Trilho TR68, comprimento de 120 m (TLS), sobre dormente de madeira, bitola mista, taxa de dormentação de 1.750 un/km, tala de junção de 6 furos e fixação elástica Pandrol - posicionamento e assentamento mecanizado","km",4599331.0999999996]
[3009105,"Trilho TR68, comprimento de 240 m (TLS), formado por trilhos curtos de 12 m soldados por caldeamento - confecção em estaleiro","un",267232.32]
[3009248,"Trilho TR68, comprimento de 240 m (TLS), sobre dormente de concreto, bitola métrica ou larga, taxa de dormentação de 1.667 un/km, tala de junção de 6 furos e fixação elástica Pandrol - posicionamento e assentamento mecanizado","km",2381026.84]
[3009210,"Trilho TR68, comprimento de 240 m (TLS), sobre dormente de concreto, bitola métrica ou larga, taxa de dormentação de 1.750 un/km, tala de junção de 6 furos e fixação elástica Pandrol - posicionamento e assentamento mecanizado","km",2387995.59]
[3009310,"Trilho TR68, comprimento de 240 m (TLS), sobre dormente de concreto, bitola mista, taxa de dormentação de 1.667 un/km, tala de junção de 6 furos e fixação elástica Pandrol - posicionamento e assentamento mecanizado","km",3571455.26]
[3009214,"Trilho TR68, comprimento de 240 m (TLS), sobre dormente de concreto, bitola mista, taxa de dormentação de 1.750 un/km, tala de junção de 6 furos e fixação elástica Pandrol - posicionamento e assentamento mecanizado","km",3581908.38]
[3009260,"Trilho TR68, comprimento de 240 m (TLS), sobre dormente de madeira, bitola métrica ou larga, taxa de dormentação de 1.667 un/km, tala de junção de 6 furos e fixação elástica Pandrol - posicionamento e assentamento mecanizado","km",3019135.08]
[3009268,"Trilho TR68, comprimento de 240 m (TLS), sobre dormente de madeira, bitola métrica ou larga, taxa de dormentação de 1.667 un/km, tala de junção de 6 furos e fixação rígida - posicionamento e assentamento mecanizado","km",3027872.49]
[3009040,"Trilho TR68, comprimento de 240 m (TLS), sobre dormente de madeira, bitola métrica ou larga, taxa de dormentação de 1.750 un/km, tala de junção de 6 furos e fixação elástica Pandrol - posicionamento e assentamento mecanizado","km",3058140.48]
[3009048,"Trilho TR68, comprimento de 240 m (TLS), sobre dormente de madeira, bitola métrica ou larga, taxa de dormentação de 1.750 un/km, tala de junção de 6 furos e fixação rígida - posicionamento e assentamento mecanizado","km",3067312.77]
[3009276,"Trilho TR68, comprimento de 240 m (TLS), sobre dormente de madeira, bitola mista, taxa de dormentação de 1.667 un/km, tala de junção de 6 furos e fixação elástica Pandrol - posicionamento e assentamento mecanizado","km",4529364.9000000004]
[3009056,"Trilho TR68, comprimento de 240 m (TLS), sobre dormente de madeira, bitola mista, taxa de dormentação de 1.750 un/km, tala de junção de 6 furos e fixação elástica Pandrol - posicionamento e assentamento mecanizado","km",4587910.6500000004]
[3009237,"Trilho UIC60, comprimento de 12 m, sobre dormente de concreto, bitola métrica ou larga, taxa de dormentação de 1.667 un/km, tala de junção de 6 furos e fixação elástica Pandrol - posicionamento e assentamento manual","km",2277276.4]
[3009025,"Trilho UIC60, comprimento de 12 m, sobre dormente de concreto, bitola métrica ou larga, taxa de dormentação de 1.750 un/km, tala de junção de 6 furos e fixação elástica Pandrol - posicionamento e assentamento manual","km",2282618.23]
[3009319,"Trilho UIC60, comprimento de 12 m, sobre dormente de concreto, bitola mista, taxa de dormentação de 1.667 un/km, tala de junção de 6 furos e fixação elástica Pandrol - posicionamento e assentamento manual","km",3414085.68]
[3009021,"Trilho UIC60, comprimento de 12 m, sobre dormente de concreto, bitola mista, taxa de dormentação de 1.750 un/km, tala de junção de 6 furos e fixação elástica Pandrol - posicionamento e assentamento manual","km",3422398.81]
[3009291,"Trilho UIC60, comprimento de 12 m, sobre dormente de madeira, bitola métrica ou larga, taxa de dormentação de 1.667 un/km, tala de junção de 6 furos e fixação rígida - posicionamento e assentamento manual","km",2932223.35]
[3009016,"Trilho UIC60, comprimento de 12 m, sobre dormente de madeira, bitola métrica ou larga, taxa de dormentação de 1.750 un/km, tala de junção de 6 furos e fixação rígida - posicionamento e assentamento manual","km",2971965.09]
[3009295,"Trilho UIC60, comprimento de 12 m, sobre dormente de madeira, bitola mista, taxa de dormentação de 1.667 un/km, tala de junção de 6 furos e fixação rígida - posicionamento e assentamento manual","km",4398337.67]
[3009228,"Trilho UIC60, comprimento de 12 m, sobre dormente de madeira, bitola mista, taxa de dormentação de 1.750 un/km, tala de junção de 6 furos e fixação rígida - posicionamento e assentamento manual","km",4457950.5599999996]
[3009106,"Trilho UIC60, comprimento de 120 m (TLS), formado por trilhos curtos de 12 m soldados por caldeamento - confecção em estaleiro","un",118620.7]
[3009299,"Trilho UIC60, comprimento de 120 m (TLS), sobre dormente de concreto, bitola métrica ou larga, taxa de dormentação de 1.667 un/km, tala de junção de 6 furos e fixação elástica Pandrol - posicionamento e assentamento mecanizado","km",2139695.48]
[3009029,"Trilho UIC60, comprimento de 120 m (TLS), sobre dormente de concreto, bitola métrica ou larga, taxa de dormentação de 1.750 un/km, tala de junção de 6 furos e fixação elástica Pandrol - posicionamento e assentamento mecanizado","km",2146664.14]
[3009245,"Trilho UIC60, comprimento de 120 m (TLS), sobre dormente de concreto, bitola mista, taxa de dormentação de 1.667 un/km, tala de junção de 6 furos e fixação elástica Pandrol - posicionamento e assentamento mecanizado","km",3209456.35]
[3009033,"Trilho UIC60, comprimento de 120 m (TLS), sobre dormente de concreto, bitola mista, taxa de dormentação de 1.750 un/km, tala de junção de 6 furos e fixação elástica Pandrol - posicionamento e assentamento mecanizado","km",3219909.18]
[3009257,"Trilho UIC60, comprimento de 120 m (TLS), sobre dormente de madeira, bitola métrica ou larga, taxa de dormentação de 1.667 un/km, tala de junção de 6 furos e fixação elástica Pandrol - posicionamento e assentamento mecanizado","km",2783088.63]
[3009265,"Trilho UIC60, comprimento de 120 m (TLS), sobre dormente de madeira, bitola métrica ou larga, taxa de dormentação de 1.667 un/km, tala de junção de 6 furos e fixação rígida - posicionamento e assentamento mecanizado","km",2795028.7]
[3009037,"Trilho UIC60, comprimento de 120 m (TLS), sobre dormente de madeira, bitola métrica ou larga, taxa de dormentação de 1.750 un/km, tala de junção de 6 furos e fixação elástica Pandrol - posicionamento e assentamento mecanizado","km",2822359.99]
[3009045,"Trilho UIC60, comprimento de 120 m (TLS), sobre dormente de madeira, bitola métrica ou larga, taxa de dormentação de 1.750 un/km, tala de junção de 6 furos e fixação rígida - posicionamento e assentamento mecanizado","km",2834894.4]
[3009273,"Trilho UIC60, comprimento de 120 m (TLS), sobre dormente de madeira, bitola mista, taxa de dormentação de 1.667 un/km, tala de junção de 6 furos e fixação elástica Pandrol - posicionamento e assentamento mecanizado","km",4175293.3]
[3009053,"Trilho UIC60, comprimento de 120 m (TLS), sobre dormente de madeira, bitola mista, taxa de dormentação de 1.750 un/km, tala de junção de 6 furos e fixação elástica Pandrol - posicionamento e assentamento mecanizado","km",4234237.99]
[3009107,"Trilho UIC60, comprimento de 240 m (TLS), formado por trilhos curtos de 12 m soldados por caldeamento - confecção em estaleiro","un",237498.42]
[3009249,"Trilho UIC60, comprimento de 240 m (TLS), sobre dormente de concreto, bitola métrica ou larga, taxa de dormentação de 1.667 un/km, tala de junção de 6 furos e fixação elástica Pandrol - posicionamento e assentamento mecanizado","km",2132634.12]
[3009211,"Trilho UIC60, comprimento de 240 m (TLS), sobre dormente de concreto, bitola métrica ou larga, taxa de dormentação de 1.750 un/km, tala de junção de 6 furos e fixação elástica Pandrol - posicionamento e assentamento mecanizado","km",2139602.87]
[3009253,"Trilho UIC60, comprimento de 240 m (TLS), sobre dormente de concreto, bitola mista, taxa de dormentação de 1.667 un/km, tala de junção de 6 furos e fixação elástica Pandrol - posicionamento e assentamento mecanizado","km",3198866.03]
[3009215,"Trilho UIC60, comprimento de 240 m (TLS), sobre dormente de concreto, bitola mista, taxa de dormentação de 1.750 un/km, tala de junção de 6 furos e fixação elástica Pandrol - posicionamento e assentamento mecanizado","km",3209319.15]
[3009261,"Trilho UIC60, comprimento de 240 m (TLS), sobre dormente de madeira, bitola métrica ou larga, taxa de dormentação de 1.667 un/km, tala de junção de 6 furos e fixação elástica Pandrol - posicionamento e assentamento mecanizado","km",2776084.01]
[3009269,"Trilho UIC60, comprimento de 240 m (TLS), sobre dormente de madeira, bitola métrica ou larga, taxa de dormentação de 1.667 un/km, tala de junção de 6 furos e fixação rígida - posicionamento e assentamento mecanizado","km",2788024.08]
[3009041,"Trilho UIC60, comprimento de 240 m (TLS), sobre dormente de madeira, bitola métrica ou larga, taxa de dormentação de 1.750 un/km, tala de junção de 6 furos e fixação elástica Pandrol - posicionamento e assentamento mecanizado","km",2815355.37]
[3009049,"Trilho UIC60, comprimento de 240 m (TLS), sobre dormente de madeira, bitola métrica ou larga, taxa de dormentação de 1.750 un/km, tala de junção de 6 furos e fixação rígida - posicionamento e assentamento mecanizado","km",2827889.78]
[3009277,"Trilho UIC60, comprimento de 240 m (TLS), sobre dormente de madeira, bitola mista, taxa de dormentação de 1.667 un/km, tala de junção de 6 furos e fixação elástica Pandrol - posicionamento e assentamento mecanizado","km",4164788.15]
[3009057,"Trilho UIC60, comprimento de 240 m (TLS), sobre dormente de madeira, bitola mista, taxa de dormentação de 1.750 un/km, tala de junção de 6 furos e fixação elástica Pandrol - posicionamento e assentamento mecanizado","km",4223732.84]
[3108073,"Confecção de fôrma metálica em chapa 1/8\" para poita trapezoidal","m²",327.02]
[3107965,"Confecção de forma metálica em chapa 3/16\" para poita trapezoidal","m²",529.85]
[3105941,"Fôrma em chapa metálica 1/8\" para cabeça de tirantes - utilização de 50 vezes - confecção, instalação e retirada","m²",28.46]
[3108150,"Fôrma metálica curva em chapa 3/16\" reforçada com nervuras de 40 mm x 3/16\" dispostas em grelhas de 40 x 60 cm - utilização de 100 vezes - confecção, instalação e retirada","m²",19.64]
[3108071,"Fôrma metálica em chapa 1/8\" para poita trapezoidal - utilização de 50 vezes - montagem, instalação e retirada","m²",13.43]
[3107967,"Fôrma metálica em chapa 1/8\" reforçada com nervuras de 40 mm x 1/8\" dispostas em grelhas de 40 x 60 cm - utilização de 100 vezes - confecção, instalação e retirada","m²",10.79]
[3107966,"Fôrma metálica em chapa 3/16\" para poita trapezoidal - utilização de 50 vezes - montagem, instalação e retirada","m²",26.64]
[3108072,"Fôrma metálica em chapa 3/16\" reforçada com nervuras de 40 mm x 3/16\" dispostas em grelhas de 40 x 60 cm - utilização de 100 vezes - confecção, instalação e retirada","m²",15.93]
[3117750,"Fôrma metálica para aduelas de bueiros celulares de concreto pré-moldados - utilização de 100 vezes - confecção, instalação e retirada","m²",18.809999999999999]
[3117749,"Fôrma metálica para guarda-corpo de concreto - utilização de 50 vezes - confecção","m²",13.3]
[3106551,"Fôrma metálica para tetrápode - utilização de 100 vezes - confecção, instalação e retirada","m²",11.84]
[3106427,"Fôrma metálica para viga de concreto pré-moldada protendida para OAE - utilização de 20 vezes - confecção, instalação e retirada","m²",40.29]
[3106552,"Fôrma metálica para Xbloc - utilização de 100 vezes - confecção, instalação e retirada","m²",11.08]
[3107969,"Fôrmas curvas de compensado plastificado 10 mm - uso geral - utilização de 2 vezes - confecção, instalação e retirada","m²",112.85]
[3107970,"Fôrmas curvas de compensado resinado 10 mm - uso geral - utilização de 2 vezes - confecção, instalação e retirada","m²",107.72]
[3108007,"Fôrmas de compensado plastificado 10 mm - uso geral - utilização de 1 vez - confecção, instalação e retirada","m²",128.78]
[3108008,"Fôrmas de compensado plastificado 10 mm - uso geral - utilização de 2 vezes - confecção, instalação e retirada","m²",85.63]
[3108009,"Fôrmas de compensado plastificado 10 mm - uso geral - utilização de 3 vezes - confecção, instalação e retirada","m²",72.63]
[3108011,"Fôrmas de compensado plastificado 12 mm - uso geral - utilização de 1 vez - confecção, instalação e retirada","m²",139.94]
[3108012,"Fôrmas de compensado plastificado 12 mm - uso geral - utilização de 2 vezes - confecção, instalação e retirada","m²",91.48]
[3108013,"Fôrmas de compensado plastificado 12 mm - uso geral - utilização de 3 vezes - confecção, instalação e retirada","m²",76.73]
[3108015,"Fôrmas de compensado plastificado 14 mm - uso geral - utilização de 1 vez - confecção, instalação e retirada","m²",148.16999999999999]
[3108016,"Fôrmas de compensado plastificado 14 mm - uso geral - utilização de 2 vezes - confecção, instalação e retirada","m²",95.81]
[3108017,"Fôrmas de compensado plastificado 14 mm - uso geral - utilização de 3 vezes - confecção, instalação e retirada","m²",79.760000000000005]
[3107995,"Fôrmas de compensado resinado 10 mm - uso geral - utilização de 1 vez - confecção, instalação e retirada","m²",119.76]
[3107996,"Fôrmas de compensado resinado 10 mm - uso geral - utilização de 2 vezes - confecção, instalação e retirada","m²",80.930000000000007]
[3107997,"Fôrmas de compensado resinado 10 mm - uso geral - utilização de 3 vezes - confecção, instalação e retirada","m²",69.38]
[3107999,"Fôrmas de compensado resinado 12 mm - uso geral - utilização de 1 vez - confecção, instalação e retirada","m²",124.34]
[3108000,"Fôrmas de compensado resinado 12 mm - uso geral - utilização de 2 vezes - confecção, instalação e retirada","m²",83.33]
[3108001,"Fôrmas de compensado resinado 12 mm - uso geral - utilização de 3 vezes - confecção, instalação e retirada","m²",71.06]
[3108003,"Fôrmas de compensado resinado 14 mm - uso geral - utilização de 1 vez - confecção, instalação e retirada","m²",131.22]
[3108004,"Fôrmas de compensado resinado 14 mm - uso geral - utilização de 2 vezes - confecção, instalação e retirada","m²",86.95]
[3108005,"Fôrmas de compensado resinado 14 mm - uso geral - utilização de 3 vezes - confecção, instalação e retirada","m²",73.59]
[3106119,"Fôrmas de tábuas de pinho - utilização de 1 vez - confecção, instalação e retirada","m²",143.24]
[3106120,"Fôrmas de tábuas de pinho - utilização de 2 vezes - confecção, instalação e retirada","m²",100.72]
[3106121,"Fôrmas de tábuas de pinho - utilização de 3 vezes - confecção, instalação e retirada","m²",88.22]
[3103302,"Fôrmas de tábuas de pinho para dispositivos de drenagem - utilização de 3 vezes - confecção, instalação e retirada","m²",70.38]
[3103303,"Fôrmas de tábuas de pinho para drenos - utilização de 5 vezes - confecção, instalação e retirada","m²",36.630000000000003]
[3106759,"Fôrmas de tábuas de pinho para elementos estruturais dos arcos metálicos - utilização de 3 vezes - confecção, instalação e retirada","m²",104.58]
[3108023,"Guia de madeira de 2,5 x 10,0 cm - confecção e instalação","m",5]
[3108018,"Guia de madeira de 2,5 x 7,0 cm - confecção e instalação","m",3.64]
[3108022,"Guia de madeira de 2,5 x 8,0 cm - confecção e instalação","m",4.0999999999999996]
[3205864,"Gabião caixa 2 x 1 x 0,50 m - Zn/Al + PVC - D = 2,4 mm - pedra de mão comercial - fornecimento e assentamento","m³",1038.21]
[3205863,"Gabião caixa 2 x 1 x 0,50 m - Zn/Al + PVC - D = 2,4 mm - pedra de mão produzida - confecção e assentamento","m³",907.73]
[3205868,"Gabião caixa 2 x 1 x 0,50 m Zn/Al - D = 2,7 mm - pedra de mão comercial - fornecimento e assentamento","m³",884.87]
[3205867,"Gabião caixa 2 x 1 x 0,50 m Zn/Al - D = 2,7 mm - pedra de mão produzida - confecção e assentamento","m³",754.39]
[3205866,"Gabião caixa 2 x 1 x 1,00 m - Zn/Al + PVC - D = 2,4 mm - pedra de mão comercial - fornecimento e assentamento","m³",803.44]
[3205865,"Gabião caixa 2 x 1 x 1,00 m - Zn/Al + PVC - D = 2,4 mm - pedra de mão produzida - confecção e assentamento","m³",672.96]
[3205870,"Gabião caixa 2 x 1 x 1,00 m Zn/Al - D = 2,7 mm - pedra de mão comercial - fornecimento e assentamento","m³",770.6]
[3205869,"Gabião caixa 2 x 1 x 1,00 m Zn/Al - D = 2,7 mm - pedra de mão produzida - confecção e assentamento","m³",640.12]
[3205872,"Gabião colchão espessura 0,17 m - Zn/Al + PVC - D = 2,0 mm - pedra de mão comercial - fornecimento e assentamento","m²",264.85000000000002]
[3205871,"Gabião colchão espessura 0,17 m - Zn/Al + PVC - D = 2,0 mm - pedra de mão produzida - confecção e assentamento","m²",242.66]
[3205874,"Gabião colchão espessura 0,23 m - Zn/Al + PVC - D = 2,0 mm - pedra de mão comercial - fornecimento e assentamento","m²",295.18]
[3205873,"Gabião colchão espessura 0,23 m - Zn/Al + PVC - D = 2,0 mm - pedra de mão produzida - confecção e assentamento","m²",265.17]
[3205876,"Gabião colchão espessura 0,30 m - Zn/Al + PVC - D = 2,0 mm - pedra de mão comercial - fornecimento e assentamento","m²",335.13]
[3205875,"Gabião colchão espessura 0,30 m - Zn/Al + PVC - D = 2,0 mm - pedra de mão produzida - confecção e assentamento","m²",295.98]
[3205862,"Gabião saco - diâmetro = 0,65 m - Zn/Al + PVC - D = 2,4 mm - pedra de mão comercial - fornecimento e assentamento","m³",843.25]
[3205861,"Gabião saco - diâmetro = 0,65 m - Zn/Al + PVC - D = 2,4 mm - pedra de mão produzida - confecção e assentamento","m³",712.76]
[3606579,"Carga, transporte e descarga de material pétreo para molhes com o uso de batelões e escavadeira hidráulica - DMT de 0 a 300 m","m³",20.77]
[3606583,"Carga, transporte e descarga de material pétreo para molhes com o uso de batelões e escavadeira hidráulica - DMT de 1.200 a 1.500 m","m³",21.54]
[3606584,"Carga, transporte e descarga de material pétreo para molhes com o uso de batelões e escavadeira hidráulica - DMT de 1.500 a 1.800 m","m³",21.66]
[3606585,"Carga, transporte e descarga de material pétreo para molhes com o uso de batelões e escavadeira hidráulica - DMT de 1.800 a 2.100 m","m³",21.77]
[3606586,"Carga, transporte e descarga de material pétreo para molhes com o uso de batelões e escavadeira hidráulica - DMT de 2.100 a 2.400 m","m³",21.99]
[3606587,"Carga, transporte e descarga de material pétreo para molhes com o uso de batelões e escavadeira hidráulica - DMT de 2.400 a 2.700 m","m³",22.21]
[3606588,"Carga, transporte e descarga de material pétreo para molhes com o uso de batelões e escavadeira hidráulica - DMT de 2.700 a 3.000 m","m³",22.32]
[3606589,"Carga, transporte e descarga de material pétreo para molhes com o uso de batelões e escavadeira hidráulica - DMT de 3.000 m","m³",22.43]
[3606580,"Carga, transporte e descarga de material pétreo para molhes com o uso de batelões e escavadeira hidráulica - DMT de 300 a 600 m","m³",20.99]
[3606581,"Carga, transporte e descarga de material pétreo para molhes com o uso de batelões e escavadeira hidráulica - DMT de 600 a 900 m","m³",21.21]
[3606582,"Carga, transporte e descarga de material pétreo para molhes com o uso de batelões e escavadeira hidráulica - DMT de 900 a 1.200 m","m³",21.32]
[3606527,"Escavação, carga e transporte de material pétreo para a subcarapaça - caminho de serviço em leito natural - DMT de 1.000 a 1.200 m - com caminhão basculante de 8 m³","m³",49.54]
[3606528,"Escavação, carga e transporte de material pétreo para a subcarapaça - caminho de serviço em leito natural - DMT de 1.200 a 1.400 m - com caminhão basculante de 8 m³","m³",50.3]
[3606529,"Escavação, carga e transporte de material pétreo para a subcarapaça - caminho de serviço em leito natural - DMT de 1.400 a 1.600 m - com caminhão basculante de 8 m³","m³",50.92]
[3606530,"Escavação, carga e transporte de material pétreo para a subcarapaça - caminho de serviço em leito natural - DMT de 1.600 a 1.800 m - com caminhão basculante de 8 m³","m³",51.69]
[3606531,"Escavação, carga e transporte de material pétreo para a subcarapaça - caminho de serviço em leito natural - DMT de 1.800 a 2.000 m - com caminhão basculante de 8 m³","m³",52.46]
[3606532,"Escavação, carga e transporte de material pétreo para a subcarapaça - caminho de serviço em leito natural - DMT de 2.000 a 2.500 m - com caminhão basculante de 8 m³","m³",53.69]
[3606533,"Escavação, carga e transporte de material pétreo para a subcarapaça - caminho de serviço em leito natural - DMT de 2.500 a 3.000 m - com caminhão basculante de 8 m³","m³",57.76]
[3606534,"Escavação, carga e transporte de material pétreo para a subcarapaça - caminho de serviço em leito natural - DMT de 3.000 m - com caminhão basculante de 8 m³","m³",58.78]
[3606535,"Escavação, carga e transporte de material pétreo para a subcarapaça - caminho de serviço em revestimento primário - DMT de 1.000 a 1.200 m - com caminhão basculante de 8 m³","m³",45.21]
[3606536,"Escavação, carga e transporte de material pétreo para a subcarapaça - caminho de serviço em revestimento primário - DMT de 1.200 a 1.400 m - com caminhão basculante de 8 m³","m³",45.62]
[3606537,"Escavação, carga e transporte de material pétreo para a subcarapaça - caminho de serviço em revestimento primário - DMT de 1.400 a 1.600 m - com caminhão basculante de 8 m³","m³",46.13]
[3606538,"Escavação, carga e transporte de material pétreo para a subcarapaça - caminho de serviço em revestimento primário - DMT de 1.600 a 1.800 m - com caminhão basculante de 8 m³","m³",46.54]
[3606539,"Escavação, carga e transporte de material pétreo para a subcarapaça - caminho de serviço em revestimento primário - DMT de 1.800 a 2.000 m - com caminhão basculante de 8 m³","m³",47.06]
[3606540,"Escavação, carga e transporte de material pétreo para a subcarapaça - caminho de serviço em revestimento primário - DMT de 2.000 a 2.500 m - com caminhão basculante de 8 m³","m³",49.84]
[3606541,"Escavação, carga e transporte de material pétreo para a subcarapaça - caminho de serviço em revestimento primário - DMT de 2.500 a 3.000 m - com caminhão basculante de 8 m³","m³",51.23]
[3606542,"Escavação, carga e transporte de material pétreo para a subcarapaça - caminho de serviço em revestimento primário - DMT de 3.000 m - com caminhão basculante de 8 m³","m³",51.84]
[3606543,"Escavação, carga e transporte de material pétreo para a subcarapaça - caminho de serviço pavimentado - DMT de 1.000 a 1.200 m - com caminhão basculante de 8 m³","m³",44.49]
[3606544,"Escavação, carga e transporte de material pétreo para a subcarapaça - caminho de serviço pavimentado - DMT de 1.200 a 1.400 m - com caminhão basculante de 8 m³","m³",44.8]
[3606545,"Escavação, carga e transporte de material pétreo para a subcarapaça - caminho de serviço pavimentado - DMT de 1.400 a 1.600 m - com caminhão basculante de 8 m³","m³",45.21]
[3606546,"Escavação, carga e transporte de material pétreo para a subcarapaça - caminho de serviço pavimentado - DMT de 1.600 a 1.800 m - com caminhão basculante de 8 m³","m³",45.62]
[3606547,"Escavação, carga e transporte de material pétreo para a subcarapaça - caminho de serviço pavimentado - DMT de 1.800 a 2.000 m - com caminhão basculante de 8 m³","m³",45.93]
[3606548,"Escavação, carga e transporte de material pétreo para a subcarapaça - caminho de serviço pavimentado - DMT de 2.000 a 2.500 m - com caminhão basculante de 8 m³","m³",46.65]
[3606549,"Escavação, carga e transporte de material pétreo para a subcarapaça - caminho de serviço pavimentado - DMT de 2.500 a 3.000 m - com caminhão basculante de 8 m³","m³",49.69]
[3606550,"Escavação, carga e transporte de material pétreo para a subcarapaça - caminho de serviço pavimentado - DMT de 3.000 m - com caminhão basculante de 8 m³","m³",50.3]
[3606500,"Escavação, carga e transporte de material pétreo para o núcleo - caminho de serviço em leito natural - DMT de 1.000 a 1.200 m - com caminhão basculante de 8 m³","m³",46.04]
[3606501,"Escavação, carga e transporte de material pétreo para o núcleo - caminho de serviço em leito natural - DMT de 1.200 a 1.400 m - com caminhão basculante de 8 m³","m³",46.81]
[3606502,"Escavação, carga e transporte de material pétreo para o núcleo - caminho de serviço em leito natural - DMT de 1.400 a 1.600 m - com caminhão basculante de 8 m³","m³",47.42]
[3606503,"Escavação, carga e transporte de material pétreo para o núcleo - caminho de serviço em leito natural - DMT de 1.600 a 1.800 m - com caminhão basculante de 8 m³","m³",48.19]
[3606504,"Escavação, carga e transporte de material pétreo para o núcleo - caminho de serviço em leito natural - DMT de 1.800 a 2.000 m - com caminhão basculante de 8 m³","m³",48.96]
[3606505,"Escavação, carga e transporte de material pétreo para o núcleo - caminho de serviço em leito natural - DMT de 2.000 a 2.500 m - com caminhão basculante de 8 m³","m³",50.19]
[3606506,"Escavação, carga e transporte de material pétreo para o núcleo - caminho de serviço em leito natural - DMT de 2.500 a 3.000 m - com caminhão basculante de 8 m³","m³",54.16]
[3606507,"Escavação, carga e transporte de material pétreo para o núcleo - caminho de serviço em leito natural - DMT de 3.000 m - com caminhão basculante de 8 m³","m³",55.39]
[3606509,"Escavação, carga e transporte de material pétreo para o núcleo - caminho de serviço em revestimento primário - DMT de 1.000 a 1.200 m - com caminhão basculante de 8 m³","m³",41.71]
[3606510,"Escavação, carga e transporte de material pétreo para o núcleo - caminho de serviço em revestimento primário - DMT de 1.200 a 1.400 m - com caminhão basculante de 8 m³","m³",42.22]
[3606511,"Escavação, carga e transporte de material pétreo para o núcleo - caminho de serviço em revestimento primário - DMT de 1.400 a 1.600 m - com caminhão basculante de 8 m³","m³",42.63]
[3606512,"Escavação, carga e transporte de material pétreo para o núcleo - caminho de serviço em revestimento primário - DMT de 1.600 a 1.800 m - com caminhão basculante de 8 m³","m³",43.04]
[3606513,"Escavação, carga e transporte de material pétreo para o núcleo - caminho de serviço em revestimento primário - DMT de 1.800 a 2.000 m - com caminhão basculante de 8 m³","m³",45.58]
[3606514,"Escavação, carga e transporte de material pétreo para o núcleo - caminho de serviço em revestimento primário - DMT de 2.000 a 2.500 m - com caminhão basculante de 8 m³","m³",46.5]
[3606515,"Escavação, carga e transporte de material pétreo para o núcleo - caminho de serviço em revestimento primário - DMT de 2.500 a 3.000 m - com caminhão basculante de 8 m³","m³",47.73]
[3606516,"Escavação, carga e transporte de material pétreo para o núcleo - caminho de serviço em revestimento primário - DMT de 3.000 m - com caminhão basculante de 8 m³","m³",48.34]
[3606518,"Escavação, carga e transporte de material pétreo para o núcleo - caminho de serviço pavimentado - DMT de 1.000 a 1.200 m - com caminhão basculante de 8 m³","m³",40.99]
[3606519,"Escavação, carga e transporte de material pétreo para o núcleo - caminho de serviço pavimentado - DMT de 1.200 a 1.400 m - com caminhão basculante de 8 m³","m³",41.4]
[3606520,"Escavação, carga e transporte de material pétreo para o núcleo - caminho de serviço pavimentado - DMT de 1.400 a 1.600 m - com caminhão basculante de 8 m³","m³",41.71]
[3606521,"Escavação, carga e transporte de material pétreo para o núcleo - caminho de serviço pavimentado - DMT de 1.600 a 1.800 m - com caminhão basculante de 8 m³","m³",42.12]
[3606522,"Escavação, carga e transporte de material pétreo para o núcleo - caminho de serviço pavimentado - DMT de 1.800 a 2.000 m - com caminhão basculante de 8 m³","m³",42.43]
[3606523,"Escavação, carga e transporte de material pétreo para o núcleo - caminho de serviço pavimentado - DMT de 2.000 a 2.500 m - com caminhão basculante de 8 m³","m³",43.15]
[3606524,"Escavação, carga e transporte de material pétreo para o núcleo - caminho de serviço pavimentado - DMT de 2.500 a 3.000 m - com caminhão basculante de 8 m³","m³",46.34]
[3606525,"Escavação, carga e transporte de material pétreo para o núcleo - caminho de serviço pavimentado - DMT de 3.000 m - com caminhão basculante de 8 m³","m³",46.81]
[3606577,"Espalhamento e conformação de material pétreo para núcleo","m³",11.13]
[3606576,"Espalhamento e conformação de material pétreo para subcarapaça","m³",4.1900000000000004]
[3606561,"Fabricação de tetrápode de 10 t - concreto fck = 20 MPa - areia e brita comerciais","un",2320.8200000000002]
[3606556,"Fabricação de tetrápode de 10 t - concreto fck = 20 MPa - areia extraída e brita produzida","un",1548.36]
[3606562,"Fabricação de tetrápode de 11 t - concreto fck = 20 MPa - areia e brita comerciais","un",2539.5]
[3606557,"Fabricação de tetrápode de 11 t - concreto fck = 20 MPa - areia extraída e brita produzida","un",1689.8]
[3606563,"Fabricação de tetrápode de 12 t - concreto fck = 20 MPa - areia e brita comerciais","un",2766.1]
[3606558,"Fabricação de tetrápode de 12 t - concreto fck = 20 MPa - areia extraída e brita produzida","un",1839.15]
[3606559,"Fabricação de tetrápode de 8 t - concreto fck = 20 MPa - areia e brita comerciais","un",1858.92]
[3606554,"Fabricação de tetrápode de 8 t - concreto fck = 20 MPa - areia extraída e brita produzida","un",1240.96]
[3606560,"Fabricação de tetrápode de 9 t - concreto fck = 20 MPa - areia e brita comerciais","un",2078.5100000000002]
[3606555,"Fabricação de tetrápode de 9 t - concreto fck = 20 MPa - areia extraída e brita produzida","un",1383.3]
[3606571,"Fabricação de Xbloc de 10 t - concreto fck = 20 MPa - areia e brita comerciais","un",2297.87]
[3606566,"Fabricação de Xbloc de 10 t - concreto fck = 20 MPa - areia extraída e brita produzida","un",1525.41]
[3606572,"Fabricação de Xbloc de 11 t - concreto fck = 20 MPa - areia e brita comerciais","un",2519.5700000000002]
[3606567,"Fabricação de Xbloc de 11 t - concreto fck = 20 MPa - areia extraída e brita produzida","un",1669.87]
[3606573,"Fabricação de Xbloc de 12 t - concreto fck = 20 MPa - areia e brita comerciais","un",2740.82]
[3606568,"Fabricação de Xbloc de 12 t - concreto fck = 20 MPa - areia extraída e brita produzida","un",1813.87]
[3606569,"Fabricação de Xbloc de 8 t - concreto fck = 20 MPa - areia e brita comerciais","un",1852.8]
[3606564,"Fabricação de Xbloc de 8 t - concreto fck = 20 MPa - areia extraída e brita produzida","un",1234.8399999999999]
[3606570,"Fabricação de Xbloc de 9 t - concreto fck = 20 MPa - areia e brita comerciais","un",2075.64]
[3606565,"Fabricação de Xbloc de 9 t - concreto fck = 20 MPa - areia extraída e brita produzida","un",1380.42]
[3606578,"Lançamento de blocos artificias de concreto","un",111.95]
[3606575,"Seleção de material pétreo para a carapaça e subcarapaça","m³",1.71]
[3606574,"Seleção de material pétreo para o núcleo","m³",0.86]
[3713603,"Ancoragem de defensa maleável dupla - fornecimento e implantação","m",1020.47]
[3713601,"Ancoragem de defensa maleável simples - fornecimento e implantação","m",823.57]
[3713607,"Ancoragem de defensa semimaleável dupla - fornecimento e implantação","m",770.97]
[3713605,"Ancoragem de defensa semimaleável simples - fornecimento e implantação","m",550.12]
[3719530,"Barreira dupla de concreto, armada, pré-moldada (perfil New Jersey) - L > 3,00 m e H = 1.070 mm","m",295.58999999999997]
[3713828,"Barreira dupla de concreto, armada, pré-moldada (perfil New Jersey) - L > 3,00 m e H = 810 mm","m",220.98]
[3713875,"Barreira dupla de concreto, não armada, moldada no local (perfil F) - H = 810 + 100 mm","m",65.03]
[3713619,"Barreira dupla de concreto, não armada, moldada no local (perfil New Jersey) - H = 810 + 100 mm","m",65.48]
[3713876,"Barreira dupla de concreto, não armada, moldada no local, com extrusora (perfil F) - H = 810 + 100 mm","m",84.54]
[3713827,"Barreira dupla de concreto, não armada, moldada no local, com extrusora (perfil New Jersey) - H = 810 + 100 mm","m",83.09]
[3713904,"Barreira simples de concreto, armada, pré-moldada (perfil New Jersey) - L > 3,00 m e H = 1.070 mm","m",256.06]
[3719529,"Barreira simples de concreto, armada, pré-moldada (perfil New Jersey) - L > 3,00 m e H = 810 mm","m",187.22]
[3713878,"Barreira simples de concreto, não armada, moldada no local (perfil F) - H = 810 + 100 mm","m",64.62]
[3713617,"Barreira simples de concreto, não armada, moldada no local (perfil New Jersey) - H = 810 + 100 mm","m",64.84]
[3713879,"Barreira simples de concreto, não armada, moldada no local, com extrusora (perfil F) - H = 810 + 100 mm","m",75.77]
[3713826,"Barreira simples de concreto, não armada, moldada no local, com extrusora (perfil New Jersey) - H = 810 + 100 mm","m",72.239999999999995]
[3713610,"Cerca com 4 fios de arame farpado e mourão de concreto de seção quadrada de 11 cm a cada 2,5 m e esticador de 15 cm a cada 50 m - areia e brita comerciais","m",32.43]
[3713609,"Cerca com 4 fios de arame farpado e mourão de concreto de seção quadrada de 11 cm a cada 2,5 m e esticador de 15 cm a cada 50 m - areia extraída e brita produzida","m",30.42]
[3713612,"Cerca com 4 fios de arame farpado e mourão de concreto de seção triangular de 11 cm a cada 2,5 m e esticador de 15 cm a cada 50 m - areia e brita comerciais","m",26.34]
[3713611,"Cerca com 4 fios de arame farpado e mourão de concreto de seção triangular de 11 cm a cada 2,5 m e esticador de 15 cm a cada 50 m - areia extraída e brita produzida","m",25.47]
[3713608,"Cerca com 4 fios de arame farpado e mourão de madeira a cada 2,5 m e esticador a cada 50 m","m",21.26]
[3713613,"Cerca com 4 fios de arame liso galvanizado e mourão de madeira a cada 2,5 m e esticador a cada 50 m","m",19.46]
[3713822,"Confecção de barreira dupla de concreto, armada, pré-moldada (perfil New Jersey) - L > 3,00 m e H = 1.070 mm","m",288.69]
[3713824,"Confecção de barreira dupla de concreto, armada, pré-moldada (perfil New Jersey) - L > 3,00 m e H = 810 mm","m",214.08]
[3713825,"Confecção de barreira simples de concreto, armada, pré-moldada (perfil New Jersey) - L > 3,00 m e H = 1.070 mm","m",249.16]
[3713823,"Confecção de barreira simples de concreto, armada, pré-moldada (perfil New Jersey) - L > 3,00 m e H = 810 mm","m",180.32]
[3713602,"Defensa maleável dupla - fornecimento e implantação","m",942.05]
[3713600,"Defensa maleável simples - fornecimento e implantação","m",758.65]
[3713606,"Defensa semimaleável dupla - fornecimento e implantação","m",692.55]
[3713604,"Defensa semimaleável simples - fornecimento e implantação","m",496.4]
[3716129,"Fabricação de mourão de concreto esticador - seção quadrada de 15 cm - areia e brita comerciais","un",50.12]
[3716128,"Fabricação de mourão de concreto esticador - seção quadrada de 15 cm - areia extraída e brita produzida","un",41.59]
[3716133,"Fabricação de mourão de concreto esticador - seção triangular de 15 cm - areia e brita comercias","un",29.18]
[3716132,"Fabricação de mourão de concreto esticador - seção triangular de 15 cm - areia extraída e brita produzida","un",25.49]
[3716131,"Fabricação de mourão de concreto suporte - seção quadrada de 11 cm - areia e brita comerciais","un",32.24]
[3716130,"Fabricação de mourão de concreto suporte - seção quadrada de 11 cm - areia extraída e brita produzida","un",27.87]
[3716135,"Fabricação de mourão de concreto suporte - seção triangular de 11 cm - areia e brita comerciais","un",19.98]
[3716134,"Fabricação de mourão de concreto suporte - seção triangular de 11 cm - areia extraída e brita produzida","un",18.079999999999998]
[3713698,"Fornecimento e implantação de amortecedor retrátil (v <= 100 km/h) tipo TAU II afunilado - fixado em barreira de concreto, com largura de âncora traseira de 1.830 mm","un",316120.98]
[3713699,"Fornecimento e implantação de amortecedor retrátil (v <= 100 km/h) tipo TAU II afunilado - fixado em barreira de concreto, com largura de âncora traseira de 1.980 mm","un",324802.83]
[3713700,"Fornecimento e implantação de amortecedor retrátil (v <= 100 km/h) tipo TAU II afunilado - fixado em barreira de concreto, com largura de âncora traseira de 2.130 mm","un",331125.49]
[3713701,"Fornecimento e implantação de amortecedor retrátil (v <= 100 km/h) tipo TAU II afunilado - fixado em barreira de concreto, com largura de âncora traseira de 2.290 mm","un",345376.18]
[3713702,"Fornecimento e implantação de amortecedor retrátil (v <= 100 km/h) tipo TAU II afunilado - fixado em barreira de concreto, com largura de âncora traseira de 2.440 mm","un",364385.27]
[3713693,"Fornecimento e implantação de amortecedor retrátil (v <= 100 km/h) tipo TAU II combinado - fixado em barreira de concreto, com largura de âncora traseira de 1.060 mm","un",274223.8]
[3713694,"Fornecimento e implantação de amortecedor retrátil (v <= 100 km/h) tipo TAU II combinado - fixado em barreira de concreto, com largura de âncora traseira de 1.220 mm","un",287963.08]
[3713695,"Fornecimento e implantação de amortecedor retrátil (v <= 100 km/h) tipo TAU II combinado - fixado em barreira de concreto, com largura de âncora traseira de 1.370 mm","un",305712.27]
[3713696,"Fornecimento e implantação de amortecedor retrátil (v <= 100 km/h) tipo TAU II combinado - fixado em barreira de concreto, com largura de âncora traseira de 1.520 mm","un",319228.58]
[3713697,"Fornecimento e implantação de amortecedor retrátil (v <= 100 km/h) tipo TAU II combinado - fixado em barreira de concreto, com largura de âncora traseira de 1.680 mm","un",304963.65999999997]
[3713692,"Fornecimento e implantação de amortecedor retrátil (v <= 100 km/h) tipo TAU II combinado - fixado em barreira de concreto, com largura de âncora traseira de 900 mm","un",235116.06]
[3713691,"Fornecimento e implantação de amortecedor retrátil (v <= 100 km/h) tipo TAU II paralelo - fixado em barreira de concreto, com largura de âncora traseira de até 700 mm","un",209287.12]
[3713873,"Módulo de transição de defensa metálica para barreira rígida - fornecimento e implantação","un",6836.43]
[3713705,"Remoção de defensa metálica","m",22.85]
[3713902,"Terminal absorvedor de energia de abertura com nível de contenção TL3 para defensa metálica - fornecimento e implantação","un",45629.32]
[3713903,"Terminal absorvedor de energia de não abertura com nível de contenção TL3 para defensa metálica - fornecimento e implantação","un",61985.24]
[3713689,"Terminal aéreo de defensa metálica - tipo A - fornecimento e implantação","un",394.82]
[3713690,"Terminal de ancoragem de defensa metálica em barreira New Jersey - fornecimento e implantação","un",492.02]
[3713897,"Terminal de ancoragem para barreira dupla de concreto, moldada no local (perfil F) - H = 810 + 250 mm","m",282.85000000000002]
[3713893,"Terminal de ancoragem para barreira dupla de concreto, moldada no local (perfil New Jersey) - H = 810 + 250 mm","m",287.27]
[3713898,"Terminal de ancoragem para barreira dupla de concreto, moldada no local, com extrusora (perfil F) - H = 810 + 250 mm","m",297.49]
[3713894,"Terminal de ancoragem para barreira dupla de concreto, moldada no local, com extrusora (perfil New Jersey) - H = 810 + 250 mm","m",299.52]
[3713895,"Terminal de ancoragem para barreira simples de concreto, moldada no local (perfil F) - H = 810 + 250 mm","m",260.63]
[3713891,"Terminal de ancoragem para barreira simples de concreto, moldada no local (perfil New Jersey) - H = 810 + 250 mm","m",259.44]
[3713896,"Terminal de ancoragem para barreira simples de concreto, moldada no local, com extrusora (perfil F) - H = 810 + 250 mm","m",269.2]
[3713892,"Terminal de ancoragem para barreira simples de concreto, moldada no local, com extrusora (perfil New Jersey) - H = 810 + 250 mm","m",264.31]
[3806412,"Abertura de janela em estrutura de concreto existente para inspeção com espessura até 0,20 m e seção 0,49 m²","un",60.99]
[3806413,"Apicoamento mecanizado de concreto","m²",21.41]
[3807863,"Chumbador de expansão controlada por torque para concreto D = 12,5 mm - fornecimento e instalação","un",10.95]
[3807864,"Chumbador de expansão controlada por torque para concreto D = 16 mm - fornecimento e instalação","un",12.94]
[3807865,"Chumbador de expansão controlada por torque para concreto D = 20 mm - fornecimento e instalação","un",19.440000000000001]
[3807861,"Chumbador de expansão controlada por torque para concreto D = 6,3 mm - fornecimento e instalação","un",2.97]
[3807862,"Chumbador de expansão controlada por torque para concreto D = 8 mm - fornecimento e instalação","un",4.42]
[3807752,"Corte linear em superfície de concreto para fixação de barras de aço de 10 mm - L = 12 mm e H = 12 mm","m",8.31]
[3807753,"Corte linear em superfície de concreto para fixação de barras de aço de 12,5 mm - L = 15 mm e H = 15 mm","m",11.94]
[3807750,"Corte linear em superfície de concreto para fixação de barras de aço de 6,3 mm - L = 8 mm e H = 8 mm","m",4.87]
[3807751,"Corte linear em superfície de concreto para fixação de barras de aço de 8 mm - L = 10 mm e H = 10 mm","m",6.38]
[3806415,"Demolição controlada de concreto com martelete","m³",633.03]
[3806416,"Elevação de estruturas até 496 kN para substituição de aparelho de apoio com a utilização de macaco hidráulico","un",77.430000000000007]
[3806419,"Elevação de estruturas de 1.390 a 1.859 kN para substituição de aparelho de apoio com a utilização de macaco hidráulico","un",103.52]
[3806417,"Elevação de estruturas de 496 a 929 kN para substituição de aparelho de apoio com a utilização de macaco hidráulico","un",86.75]
[3806418,"Elevação de estruturas de 929 a 1.390 kN para substituição de aparelho de apoio com a utilização de macaco hidráulico","un",102.46]
[3808207,"Escada tubular multidirecional em aço galvanizado - utilização de 100 vezes - fornecimento, instalação e retirada","m",170.85]
[3806400,"Fabricação de superestrutura metálica para passarela PL-15 - exceto piso de concreto","un",154956.95000000001]
[3806399,"Fabricação de superestrutura metálica para passarela PL-20 - exceto piso de concreto","un",219824.57]
[3806387,"Fabricação de superestrutura metálica para passarela PL-25 - exceto piso de concreto","un",275670.48]
[3806397,"Fabricação de superestrutura metálica para passarela PL-30 - exceto piso de concreto","un",367930.77]
[3806396,"Fabricação de superestrutura metálica para passarela PL-35 - exceto piso de concreto","un",423402.77]
[3816118,"Guarda-corpo de concreto - fabricação - areia e brita comerciais","m",95.06]
[3816117,"Guarda-corpo de concreto - fabricação - areia extraída e brita produzida","m",85.01]
[3806386,"Guarda-corpo e corrimão metálico para passarelas para pedestres - fornecimento e instalação","m",678.51]
[3816196,"Injeção de nata de cimento","m³",1005.52]
[3806426,"Lançamento de pré-laje com utilização de guindauto","t",62.21]
[3806401,"Lançamento de superestrutura de passarela metálica de 12 a 24 t com utilização de guindaste","un",14298.91]
[3806423,"Lançamento de viga pré-moldada de 1.000 a 1.250 kN com utilização de guindaste","un",10100.790000000001]
[3806421,"Lançamento de viga pré-moldada de 500 a 750 kN com utilização de guindaste","un",4750.17]
[3806422,"Lançamento de viga pré-moldada de 750 a 1.000 kN com utilização de guindaste","un",9090.73]
[3806425,"Lançamento de viga pré-moldada de 980 a 1.225 kN com utilização de treliça lançadeira","un",3413.73]
[3806424,"Lançamento de viga pré-moldada de 980 a 1.225 kN com utilização de treliça lançadeira e carrelone","un",5513.17]
[3806420,"Lançamento de viga pré-moldada de até 500 kN com utilização de guindaste","un",4156.41]
[3806405,"Limpeza de aparelhos de apoio em obras de arte especiais - exclusa a plataforma","un",133.02000000000001]
[3806404,"Limpeza de material retido em fundações submersas de obras de arte especiais","m³",125.44]
[3806406,"Limpeza em junta de dilatação","m",5.74]
[3806403,"Limpeza em superfície de concreto com jateamento abrasivo com uso de granalhas de aço","m²",8.34]
[3806402,"Limpeza em superfície de concreto com jateamento d'água sob pressão","m²",2.2999999999999998]
[3806407,"Pingadeira de elastômero perfil 40 x 40 mm com aba inclinada e fixada com adesivo estrutural e pinos - fornecimento e instalação - exclusa a plataforma","m",181.4]
[3808043,"Pintura manual com nata de cimento - 3 demãos","m²",4.12]
[3806431,"Placa de aço de apoio para protensão externa em reforço de viga de OAE - confecção e instalação","un",5695.27]
[3806432,"Placa de aço de desvio para protensão externa em reforço de viga de OAE - confecção e instalação","un",2978.67]
[3806429,"Plataforma de trabalho em aço tubular apoiada no solo - altura de 4 a 6 m - utilização de 100 vezes - fornecimento, instalação e retirada","m³",18.68]
[3806430,"Plataforma de trabalho em aço tubular apoiada no solo - altura de 6 a 8 m - utilização de 100 vezes - fornecimento, instalação e retirada","m³",11.86]
[3806428,"Plataforma de trabalho em aço tubular apoiada no solo - altura de até 4 m - utilização de 100 vezes - fornecimento, instalação e retirada","m³",43.86]
[3816198,"Plataforma de trabalho em madeira apoiada no solo - altura de 6 a 12 m - utilização de 5 vezes - confecção, instalação e retirada","m³",60.23]
[3816197,"Plataforma de trabalho em madeira apoiada no solo - altura de até 6 m - utilização de 5 vezes - confecção, instalação e retirada","m³",54.92]
[3806410,"Plataforma de trabalho suspensa sob tabuleiro de pontes com treliças metálicas e tábuas - utilização de 100 vezes - confecção, instalação e retirada","m²",62.72]
[3806411,"Plataforma mecanizada de inspeção sob pontes com capacidade de 500 kg e alcance de 15 m","h",653.65]
[3815644,"Recomposição de dreno em tubo de aço galvanizado D = 100 mm em OAE - fornecimento e instalação","un",99.41]
[3815643,"Recomposição de dreno em tubo de aço galvanizado D = 80 mm em OAE - fornecimento e instalação","un",92.47]
[3815706,"Recomposição de guarda-corpo com agregados comerciais - instalação","m",127.11]
[3815597,"Recomposição de guarda-corpo com agregados produzidos - instalação","m",117.06]
[3815600,"Recuperação de guarda-corpo metálico em ambiente agressivo","m²",66.260000000000005]
[3815601,"Recuperação de guarda-corpo metálico em ambiente muito agressivo","m²",61]
[3815599,"Recuperação de guarda-corpo metálico em ambiente pouco agressivo","m²",26.7]
[3806414,"Remoção de concreto com jateamento d'água sob alta pressão","m³",584.52]
[3806409,"Restauração de berços de apoio para junta de dilatação - fornecimento e instalação","m",59.78]
[3815602,"Substituição de junta de dilatação e lábios poliméricos - fornecimento e instalação","m",30.52]
[4011444,"Areia asfalto a quente - faixa A - areia comercial","t",217.22]
[4011443,"Areia asfalto a quente - faixa A - areia extraída","t",134.71]
[4011446,"Areia asfalto a quente - faixa B - areia comercial","t",205.15]
[4011445,"Areia asfalto a quente - faixa B - areia extraída","t",120.83]
[4011448,"Areia asfalto a quente com asfalto polímero - faixa A - areia comercial","t",208.37]
[4011447,"Areia asfalto a quente com asfalto polímero - faixa A - areia extraída","t",121.68]
[4011450,"Areia asfalto a quente com asfalto polímero - faixa B - areia comercial","t",215.16]
[4011449,"Areia asfalto a quente com asfalto polímero - faixa B - areia extraída","t",130.01]
[4011452,"Areia asfalto a quente com asfalto polímero - faixa C - areia comercial","t",219.57]
[4011451,"Areia asfalto a quente com asfalto polímero - faixa C - areia extraída","t",135.52000000000001]
[4011219,"Base de solo estabilizado granulometricamente sem mistura com material de jazida","m³",12.14]
[4011291,"Base de solo melhorado com 3% de cimento e mistura em usina com material de jazida","m³",63.76]
[4011287,"Base de solo melhorado com 3% de cimento e mistura na pista com material de jazida","m³",53.7]
[4011305,"Base de solo-cal com 7% de cal e mistura na pista com material de jazida","m³",101.85]
[4011313,"Base de solo-cimento com 7% de cimento e mistura em usina com material de jazida","m³",113.88]
[4011297,"Base de solo-cimento com 7% de cimento e mistura na pista com material de jazida","m³",107.13]
[4011221,"Base estabilizada granulometricamente com mistura de solos na pista com material de jazida","m³",12.94]
[4011226,"Base estabilizada granulometricamente com mistura solo areia (70% - 30%) em usina com material de jazida e areia extraída","m³",31.15]
[4011240,"Base estabilizada granulometricamente com mistura solo brita (70% - 30%) com 3% de cimento em usina com material de jazida e brita comercial","m³",132.53]
[4011239,"Base estabilizada granulometricamente com mistura solo brita (70% - 30%) com 3% de cimento em usina com material de jazida